{"text_format":"1","workbook":"xlsx","n_sheets":12,"sheets":["Welcome","Cover","Maschinen","Arbeitsverfahren","Planung","GrenzUG","AKh","Diesel","Maschine-Detail","AV-Detail","SelAss","intMsgBox"],"not_rendered":{"charts":17,"images":7,"macros":1,"external_links":1,"defined_names":192,"comments":2,"pivot_tables":0},"unopened":[],"bounds":{"document_bytes":16777216,"sheet_cells":100000,"rows_first":2000,"rows_last":500,"rows_between":2000,"halvings":0,"cell_chars":16384,"cell_head_chars":4096},"cells_cut":0,"cells_raw":0,"read":"whole","date_system":"1900"}

{"sheet":"Welcome","index":0,"n_rows":64,"n_cols":2,"rows_kept":64,"cut":false,"hidden":true,"merged":[]}
[]
[null,"Herzlich Willkommen bei: DL-Planer"]
[null,"▪ Deckungsbeitragsrechnung ▪ Vollkostenrechnung ▪ Betriebsplanung ▪"]
[]
[null,"Wenn dieses Blatt nicht innerhalb weniger Sekunden automatisch verschwindet haben Sie offensichtlich die"]
[null,"Makro-Funktion in Excel nicht aktiviert. Diese Makro-Funktion sollten Sie aber auf jeden Fall aktivieren, denn sonst"]
[null,"funktioniert in dieser Datei erst mal nichts."]
[null,"Dazu gehen Sie (je nachdem mit welcher Excel-Version Sie arbeiten) wie folgt vor:"]
[]
[null,"Excel 2007/2010/2013:"]
[null,"Wenn Sie beim Öffnen der Datei unterhalb der"]
[null,"Symbolleisten eine Sicherheitswarnung sehen "]
[null,"(z.B. \"Makros wurden deaktiviert\" oder \"Einige "]
[null,"Inhalte wurden deaktiviert...\") "]
[null,"dann klicken Sie:"]
[null,"bei Excel 2010/2013: auf die Schaltfläche \"Inhalte aktivieren\"."]
[null,"bei Excel 2007: zunächst auf die Schaltfläche \"Optionen\" und im folgenden Dialogfeld auf \"Diesen Inhalt aktivieren\""]
[]
[null,"Excel 2000, XP, 2003:"]
[null,"Wenn Sie beim Öffnen der Datei eine Meldung sehen die etwa lautet \"Makros aktivieren?\""]
[null,"dann klicken Sie [JA] !"]
[]
[]
[null,"Falls eine solche Meldung gar nicht erst erscheint"]
[null,"müssen Sie die Sicherheitseinstellungen in Excel zunächst grundlegend ändern (nur einmalig erforderlich!):"]
[]
[null,"Excel 2013:"]
[null,"1. Klicken Sie im Excel-Menü auf Datei"]
[null,"    und dann auf Optionen > Trus Center > Einstellungen für das"]
[null,"    Trust Center > Makroeinstellungen"]
[null,"2. Wählen Sie \"Alle Makros aktivieren\""]
[]
[null,"Nun müssen Sie diese Datei allerdings nochmal schließen und neu öffnen."]
[null,"Die Makros sind nun automatsich aktiviert!."]
[]
[]
[null,"Excel 2010:"]
[null,"1. Klicken Sie im Excel-Menü auf Datei"]
[null,"    und dann auf Optionen > Sicherheitscenter > Einstellungen für das"]
[null,"    Sicherheitscenter > Einstellungen für Makros"]
[null,"2. Wählen Sie \"Alle Makros aktivieren\""]
[]
[null,"Nun müssen Sie diese Datei allerdings nochmal schließen und neu öffnen."]
[null,"Die Makros sind nun automatsich aktiviert!."]
[]
[]
[null,"Excel 2007:"]
[null,"1. Klicken Sie auf die Microsoft Office-Schaltfläche"]
[null,"    und dann auf Excel-Optionen > Vertrauensstellungscenter > Einstellungen für das"]
[null,"    Vertrauensstellungscenter"]
[null,"2. Wählen Sie \"Alle Makros aktivieren\""]
[]
[null,"Nun müssen Sie diese Datei allerdings nochmal schließen und neu öffnen."]
[null,"Die Makros sind nun automatsich aktiviert!."]
[]
[]
[null,"Excel 2000, XP, 2003:"]
[null,"Wählen Sie im Menü Extras > Makro > Sicherheit: Niedrig"]
[null,"Nun müssen Sie diese Datei allerdings nochmal schließen und neu öffnen."]
[null,"Die Makros sind nun automatsich aktiviert!."]
[]
[]
[null,"Sollten Sie tatsächlich gar  nicht klarkommen hilft vielleicht eine kurze eMail an"]
[null,"die Landmaschinenschule Triesdorf."]

{"sheet":"Cover","index":1,"n_rows":27,"n_cols":11,"rows_kept":27,"cut":false,"hidden":false,"merged":[]}
[]
[]
[]
[]
[]
[null,null,null,null,null,null,null,null,null,null,"Liz. 150507-01"]
[]
[null,"▪ Deckungsbeitragsrechnung ▪ Vollkostenrechnung ▪ Betriebsplanung ▪"]
[null,"▪ für Agrar-Dienstleister ▪"]
[]
[null,"Fachzentrum für Energie & Landtechnik, 91746 Weidenbach-Triesdorf"]
[null,"LMS@Triesdorf.de  |  09826-182002"]
[]
[null,"Anwendungshilfen (Makros)"]
[null,"Um die Anwendung des Systems zu erleichtern, stehen im System Schaltflächen für spezielle Funktionen"]
[null,"zur Verfügung:  z.B. Auswählen codierter Listeneinträge per Maus (Schlepper, Geräte, Arbeitsverfahren)."]
[null,"Zeilen einfügen/entfernen erfolgt per Rechts-Maus-Klick."]
[]
[null,"Grundeistellungen"]
[null,"Währungseinheit:",null,null,null,null,"€"]
[null,"Standard-Wert für den Bedarf an Umlaufvermögen:",null,null,null,null,0.1,"der variablen Kosten"]
[]
[null,"Haftungsausschluss"]
[null,"Dieses Betriebsplanungssystem wurde mit größter Sorgfalt erstellt. "]
[null,"Gleichwohl können wir für die Fehlerfreiheit des Programms keine Gewähr übernehmen. "]
[null,"Die Haftung der Autoren und der Vertreiber - gleich aus welchem Rechtsgrund - ist auf Vorsatz und grobe"]
[null,"Fahrlässigkeit begrenzt."]

{"sheet":"Maschinen","index":2,"n_rows":110,"n_cols":99,"rows_kept":110,"cut":false,"hidden":false,"merged":[]}
[null,null,null,null,null,"Preise:",null,null,null,"Diesel:",0.95,{"$f":"Curr&\"/l\"","v":"€/l"},"Öl:",2.9,{"$f":"Curr&\"/l\"","v":"€/l"},"Ölverbr.:",0.01,"des Dieselverbrauchs",null,null,null,null,null,"Hier Maschinenauslastung wählen:"]
[null,"Maschinenliste ",null,"Ein-","Anzahl verfügb Masch.",null,null,null,null,null,"Variable Kosten",null,null,null,null,null,null,"Feste Kosten: alle Angaben für jeweils EINE Maschine!",null,null,null,null,null,null,null,null,null,null,null,null,"Masch.-",null,"Auslastung (tatsächl. Einsatz): Berechnung gemäß folg. Optionen:",null,null,null,null,null,null,null,null,null,null,"Einsatz-Kapazität der Maschinen in den Halbmonaten (in den Einheiten des jeweiligen Arbeitsverfahrens)",null,null,null,null,null,null,null,null,null,null,null,null,null,null,null,null,null,null,null,null,null,null,null,null,null,null,null,null,null,null,null,null,null,null,null,null,null,null,null,null,null,null,null,null,null,null,null,null,null,null,null,null,null,"ZoomFakt",85]
[null,"(eigene, geliehene sowie Sub-Dienstleistungen)",null,"heit","in den Planvarianten*)",null,null,null,null,null,"Rep.-","Hilfsmitt.,","Fremd-","Diesel",null,"Motoröl-","Var.Ko","Ansch.-","Rest-","Sonst.","Normative",null,"Afa","AfA-","Auslastung",null,"Kosten",null,null,"Festko.","kosten",null,"A: Pauschal",null,"B: Individuell",null,"C: Einsatz gemäß Planungs-Blatt",null,null,null,null,null,null,"für jeweils EINE Maschine (wird intern multipliziert mit der Anzahl der Maschinen)"]
[null,"Code","Bezeichnung",null,0,1,2,3,4,5,"kost.","Material","mechan.","Verbr.","Kosten","Kosten","insges.","preis","wert","FestKo","Nutz.-dauer",null,"je Jahr","Schw.",{"$f":"INDEX(PlanList,AuslastPlanSel)","v":"Plan 0"},null,"AfA","ZA f.AV","Sonstige","insges.","insges.",null,"Wert:",0.8,"(Manuelle Eingabe)",null,"Plan 0","Plan 1","Plan 2","Plan 3","Plan 4","Plan 5",null,"Jan",null,"Feb",null,"Mrz",null,"Apr",null,"Mai",null,"Jun",null,"Jul",null,"Aug",null,"Sep",null,"Okt",null,"Nov",null,"Dez"]
[null,null,null,null,"Nichts eingetragen: Anzahl = 1",null,null,null,null,null,{"$f":"Curr&\"/Einh\"","v":"€/Einh"},{"$f":"Curr&\"/Einh\"","v":"€/Einh"},{"$f":"Curr&\"/Einh\"","v":"€/Einh"},"l/Einh.",{"$f":"Curr&\"/Einh\"","v":"€/Einh"},{"$f":"Curr&\"/Einh\"","v":"€/Einh"},{"$f":"Curr&\"/Einh.\"","v":"€/Einh."},{"$f":"Curr","v":"€"},{"$f":"Curr","v":"€"},{"$f":"Curr&\"/a\"","v":"€/a"},"Jahre","Einh.",{"$f":"Curr&\"/a\"","v":"€/a"},"Einh/J","Einh/J","%",{"$f":"Curr&\"/Einh\"","v":"€/Einh"},{"$f":"Curr&\"/Einh\"","v":"€/Einh"},{"$f":"Curr&\"/Einh\"","v":"€/Einh"},{"$f":"Curr&\"/Einh.\"","v":"€/Einh."},{"$f":"Curr&\"/Einh\"","v":"€/Einh"},null,"Einh/J","%","Einh/J","%","Einh/J","Einh/J","Einh/J","Einh/J","Einh/J","Einh/J",null,"01a","01b","02a","02b","03a","03b","04a","04b","05a","05b","06a","06b","07a","07b","08a","08b","09a","09b","10a","10b","11a","11b","12a","12b"]
[null,"Sp.",{"$f":"CELL(\"Col\",C6)-CELL(\"Col\",$B6)+1","v":2},3,{"$f":"CELL(\"Col\",E6)-CELL(\"Col\",$B6)+1","v":4},5,6,7,8,9,10,11,{"$f":"CELL(\"Col\",M6)-CELL(\"Col\",$B6)+1","v":12},{"$f":"CELL(\"Col\",N6)-CELL(\"Col\",$B6)+1","v":13},{"$f":"CELL(\"Col\",O6)-CELL(\"Col\",$B6)+1","v":14},{"$f":"CELL(\"Col\",P6)-CELL(\"Col\",$B6)+1","v":15},16,17,18,19,20,21,22,23,24,25,26,27,28,29,30,null,{"$f":"CELL(\"Col\",AG6)-CELL(\"Col\",$B6)+1","v":32},33,34,35,36,37,38,39,40,41,null,{"$f":"CELL(\"Col\",AR6)-CELL(\"Col\",$B6)+1","v":43},44,45,46,47,48,49,50,51,52,53,54,55,56,57,58,59,60,61,62,63,64,65,66]
[null,"Code","Schlepper","Einheit","Anz0","Anz1","Anz2","Anz3","Anz4","Anz5","ReparKosten","Sonst VK","Verrechungspreis","Kraftst-Verbrauch","Kraftst-Kosten","Ölkosten","VarKo gesamt","Anschaff","Restwert","Sonst FK / J","NuDau J","NuDau Einh","AfAJahr","Afa-Schwelle","Einsatz","Auslastung","AfA","ZA für AV","Sonst FK","Kestko Gesamt","Ges Kosten",null,"PauschEins","Pausch%","ManEins","Man%","Auslast0","Auslast1","Auslast2","Auslast3","Auslast4","Auslast5",null,"01a","01b","02a","02b","03a","03b","04a","04b","05a","05b","06a","06b","07a","07b","08a","08b","09a","09b","10a","10b","11a","11b","12a","12b"]
[null,null,"Lader, Hof-Tracs, etc",null,null,null,null,null,null,null,null,null,null,null,{"$f":"N8*PreisDiesel","v":0},{"$f":"N8*AnteilOel*PreisOel","v":0},{"$f":"SUM(K8:P8)","v":0},null,null,null,null,null,{"$f":"IF(U8=0,0,(R8-S8)/U8)","v":0},{"$f":"IF(U8=0,0,V8/U8)","v":0},{"$f":"INDEX(AG8:AP8,AuslastSel)","v":0},{"$f":"IF(X8=0,0,Y8/X8)","v":0},{"$f":"IF(OR(U8=0,X8=0,Z8=0),0,IF(Z8>1,(R8-S8)/V8,((R8-S8)/U8)/Y8))","v":0},{"$f":"IF(OR(X8=0,Z8=0),0,((R8+S8)/2*Interest)/Y8)","v":0},{"$f":"IF(Y8=0,0,T8/Y8)","v":0},{"$f":"SUM(AA8:AC8)","v":0},{"$f":"AD8+Q8","v":0},null,{"$f":"$X8*AH8","v":0},{"$f":"IF($X8=0,0,AuslastPauschTr)","v":0},null,{"$f":"IF($X8=0,0,AI8/$X8)","v":0},{"$f":"(SUMPRODUCT((Planung!$AS$8:$AS$42=$B8)*(Planung!$AV$8:$AV$42)*(Planung!$B$8:$B$42))+SUMPRODUCT((Planung!$BA$8:$BA$42=$B8)*(Planung!$BD$8:$BD$42)*(Planung!$B$8:$B$42))+SUMPRODUCT((Planung!$BI$8:$BI$42=$B8)*(Planung!$BL$8:$BL$42)*(Planung!$B$8:$B$42))+SUMPRODUCT((Planung!$BQ$8:$BQ$42=$B8)*(Planung!$BT$8:$BT$42)*(Planung!$B$8:$B$42)))/IF(E8=0,1,E8)","v":0},{"$f":"(SUMPRODUCT((Planung!$AS$79:$AS$114=$B8)*(Planung!$AV$79:$AV$114)*(Planung!$B$79:$B$114))+SUMPRODUCT((Planung!$BA$79:$BA$114=$B8)*(Planung!$BD$79:$BD$114)*(Planung!$B$79:$B$114))+SUMPRODUCT((Planung!$BI$79:$BI$114=$B8)*(Planung!$BL$79:$BL$114)*(Planung!$B$79:$B$114))+SUMPRODUCT((Planung!$BQ$79:$BQ$114=$B8)*(Planung!$BT$79:$BT$114)*(Planung!$B$79:$B$114)))/IF(F8=0,1,F8)","v":0},{"$f":"(SUMPRODUCT((Planung!$AS$151:$AS$185=$B8)*(Planung!$AV$151:$AV$185)*(Planung!$B$151:$B$185))+SUMPRODUCT((Planung!$BA$151:$BA$185=$B8)*(Planung!$BD$151:$BD$185)*(Planung!$B$151:$B$185))+SUMPRODUCT((Planung!$BI$151:$BI$185=$B8)*(Planung!$BL$151:$BL$185)*(Planung!$B$151:$B$185))+SUMPRODUCT((Planung!$BQ$151:$BQ$185=$B8)*(Planung!$BT$151:$BT$185)*(Planung!$B$151:$B$185)))/IF(G8=0,1,G8)","v":0},{"$f":"(SUMPRODUCT((Planung!$AS$223:$AS$255=$B8)*(Planung!$AV$223:$AV$255)*(Planung!$B$223:$B$255))+SUMPRODUCT((Planung!$BA$223:$BA$255=$B8)*(Planung!$BD$223:$BD$255)*(Planung!$B$223:$B$255))+SUMPRODUCT((Planung!$BI$223:$BI$255=$B8)*(Planung!$BL$223:$BL$255)*(Planung!$B$223:$B$255))+SUMPRODUCT((Planung!$BQ$223:$BQ$255=$B8)*(Planung!$BT$223:$BT$255)*(Planung!$B$223:$B$255)))/IF(G8=0,1,G8)","v":0},{"$f":"(SUMPRODUCT((Planung!$AS$293:$AS$326=$B8)*(Planung!$AV$293:$AV$326)*(Planung!$B$293:$B$326))+SUMPRODUCT((Planung!$BA$293:$BA$326=$B8)*(Planung!$BD$293:$BD$326)*(Planung!$B$293:$B$326))+SUMPRODUCT((Planung!$BI$293:$BI$326=$B8)*(Planung!$BL$293:$BL$326)*(Planung!$B$293:$B$326))+SUMPRODUCT((Planung!$BQ$293:$BQ$326=$B8)*(Planung!$BT$293:$BT$326)*(Planung!$B$293:$B$326)))/IF(G8=0,1,G8)","v":0},{"$f":"(SUMPRODUCT((Planung!$AS$364:$AS$384=$B8)*(Planung!$AV$364:$AV$384)*(Planung!$B$364:$B$384))+SUMPRODUCT((Planung!$BA$364:$BA$384=$B8)*(Planung!$BD$364:$BD$384)*(Planung!$B$364:$B$384))+SUMPRODUCT((Planung!$BI$364:$BI$384=$B8)*(Planung!$BL$364:$BL$384)*(Planung!$B$364:$B$384))+SUMPRODUCT((Planung!$BQ$364:$BQ$384=$B8)*(Planung!$BT$364:$BT$384)*(Planung!$B$364:$B$384)))/IF(G8=0,1,G8)","v":0}]
[null,11111,null,null,null,null,null,null,null,null,null,null,null,null,{"$f":"N9*PreisDiesel","v":0},{"$f":"N9*AnteilOel*PreisOel","v":0},{"$f":"K9+L9+M9+O9+P9","v":0},null,null,null,null,null,{"$f":"IF(U9=0,0,(R9-S9)/U9)","v":0},0,0,{"$f":"IF(X9=0,0,Y9/X9)","v":0},{"$f":"IF(OR(U9=0,X9=0,Z9=0),0,IF(Z9>1,(R9-S9)/V9,((R9-S9)/U9)/Y9))","v":0},0,0,{"$f":"SUM(AA9:AC9)","v":0},0,null,{"$f":"$X9*AH9","v":0},0,null,0,{"$f":"(SUMPRODUCT((Planung!$AS$8:$AS$42=$B9)*(Planung!$AV$8:$AV$42)*(Planung!$B$8:$B$42))+SUMPRODUCT((Planung!$BA$8:$BA$42=$B9)*(Planung!$BD$8:$BD$42)*(Planung!$B$8:$B$42))+SUMPRODUCT((Planung!$BI$8:$BI$42=$B9)*(Planung!$BL$8:$BL$42)*(Planung!$B$8:$B$42))+SUMPRODUCT((Planung!$BQ$8:$BQ$42=$B9)*(Planung!$BT$8:$BT$42)*(Planung!$B$8:$B$42)))/IF(E9=0,1,E9)","v":0},{"$f":"(SUMPRODUCT((Planung!$AS$79:$AS$114=$B9)*(Planung!$AV$79:$AV$114)*(Planung!$B$79:$B$114))+SUMPRODUCT((Planung!$BA$79:$BA$114=$B9)*(Planung!$BD$79:$BD$114)*(Planung!$B$79:$B$114))+SUMPRODUCT((Planung!$BI$79:$BI$114=$B9)*(Planung!$BL$79:$BL$114)*(Planung!$B$79:$B$114))+SUMPRODUCT((Planung!$BQ$79:$BQ$114=$B9)*(Planung!$BT$79:$BT$114)*(Planung!$B$79:$B$114)))/IF(F9=0,1,F9)","v":0},{"$f":"(SUMPRODUCT((Planung!$AS$151:$AS$185=$B9)*(Planung!$AV$151:$AV$185)*(Planung!$B$151:$B$185))+SUMPRODUCT((Planung!$BA$151:$BA$185=$B9)*(Planung!$BD$151:$BD$185)*(Planung!$B$151:$B$185))+SUMPRODUCT((Planung!$BI$151:$BI$185=$B9)*(Planung!$BL$151:$BL$185)*(Planung!$B$151:$B$185))+SUMPRODUCT((Planung!$BQ$151:$BQ$185=$B9)*(Planung!$BT$151:$BT$185)*(Planung!$B$151:$B$185)))/IF(G9=0,1,G9)","v":0},{"$f":"(SUMPRODUCT((Planung!$AS$223:$AS$255=$B9)*(Planung!$AV$223:$AV$255)*(Planung!$B$223:$B$255))+SUMPRODUCT((Planung!$BA$223:$BA$255=$B9)*(Planung!$BD$223:$BD$255)*(Planung!$B$223:$B$255))+SUMPRODUCT((Planung!$BI$223:$BI$255=$B9)*(Planung!$BL$223:$BL$255)*(Planung!$B$223:$B$255))+SUMPRODUCT((Planung!$BQ$223:$BQ$255=$B9)*(Planung!$BT$223:$BT$255)*(Planung!$B$223:$B$255)))/IF(G9=0,1,G9)","v":0},{"$f":"(SUMPRODUCT((Planung!$AS$293:$AS$326=$B9)*(Planung!$AV$293:$AV$326)*(Planung!$B$293:$B$326))+SUMPRODUCT((Planung!$BA$293:$BA$326=$B9)*(Planung!$BD$293:$BD$326)*(Planung!$B$293:$B$326))+SUMPRODUCT((Planung!$BI$293:$BI$326=$B9)*(Planung!$BL$293:$BL$326)*(Planung!$B$293:$B$326))+SUMPRODUCT((Planung!$BQ$293:$BQ$326=$B9)*(Planung!$BT$293:$BT$326)*(Planung!$B$293:$B$326)))/IF(G9=0,1,G9)","v":0},{"$f":"(SUMPRODUCT((Planung!$AS$364:$AS$384=$B9)*(Planung!$AV$364:$AV$384)*(Planung!$B$364:$B$384))+SUMPRODUCT((Planung!$BA$364:$BA$384=$B9)*(Planung!$BD$364:$BD$384)*(Planung!$B$364:$B$384))+SUMPRODUCT((Planung!$BI$364:$BI$384=$B9)*(Planung!$BL$364:$BL$384)*(Planung!$B$364:$B$384))+SUMPRODUCT((Planung!$BQ$364:$BQ$384=$B9)*(Planung!$BT$364:$BT$384)*(Planung!$B$364:$B$384)))/IF(G9=0,1,G9)","v":0}]
[null,11112,null,null,null,null,null,null,null,null,null,null,null,null,0,0,{"$f":"K10+L10+M10+O10+P10","v":0},null,null,null,null,null,{"$f":"IF(U10=0,0,(R10-S10)/U10)","v":0},0,0,0,0,0,0,0,0,null,0,0,null,0,{"$f":"(SUMPRODUCT((Planung!$AS$8:$AS$42=$B10)*(Planung!$AV$8:$AV$42)*(Planung!$B$8:$B$42))+SUMPRODUCT((Planung!$BA$8:$BA$42=$B10)*(Planung!$BD$8:$BD$42)*(Planung!$B$8:$B$42))+SUMPRODUCT((Planung!$BI$8:$BI$42=$B10)*(Planung!$BL$8:$BL$42)*(Planung!$B$8:$B$42))+SUMPRODUCT((Planung!$BQ$8:$BQ$42=$B10)*(Planung!$BT$8:$BT$42)*(Planung!$B$8:$B$42)))/IF(E10=0,1,E10)","v":0},{"$f":"(SUMPRODUCT((Planung!$AS$79:$AS$114=$B10)*(Planung!$AV$79:$AV$114)*(Planung!$B$79:$B$114))+SUMPRODUCT((Planung!$BA$79:$BA$114=$B10)*(Planung!$BD$79:$BD$114)*(Planung!$B$79:$B$114))+SUMPRODUCT((Planung!$BI$79:$BI$114=$B10)*(Planung!$BL$79:$BL$114)*(Planung!$B$79:$B$114))+SUMPRODUCT((Planung!$BQ$79:$BQ$114=$B10)*(Planung!$BT$79:$BT$114)*(Planung!$B$79:$B$114)))/IF(F10=0,1,F10)","v":0},{"$f":"(SUMPRODUCT((Planung!$AS$151:$AS$185=$B10)*(Planung!$AV$151:$AV$185)*(Planung!$B$151:$B$185))+SUMPRODUCT((Planung!$BA$151:$BA$185=$B10)*(Planung!$BD$151:$BD$185)*(Planung!$B$151:$B$185))+SUMPRODUCT((Planung!$BI$151:$BI$185=$B10)*(Planung!$BL$151:$BL$185)*(Planung!$B$151:$B$185))+SUMPRODUCT((Planung!$BQ$151:$BQ$185=$B10)*(Planung!$BT$151:$BT$185)*(Planung!$B$151:$B$185)))/IF(G10=0,1,G10)","v":0},{"$f":"(SUMPRODUCT((Planung!$AS$223:$AS$255=$B10)*(Planung!$AV$223:$AV$255)*(Planung!$B$223:$B$255))+SUMPRODUCT((Planung!$BA$223:$BA$255=$B10)*(Planung!$BD$223:$BD$255)*(Planung!$B$223:$B$255))+SUMPRODUCT((Planung!$BI$223:$BI$255=$B10)*(Planung!$BL$223:$BL$255)*(Planung!$B$223:$B$255))+SUMPRODUCT((Planung!$BQ$223:$BQ$255=$B10)*(Planung!$BT$223:$BT$255)*(Planung!$B$223:$B$255)))/IF(G10=0,1,G10)","v":0},{"$f":"(SUMPRODUCT((Planung!$AS$293:$AS$326=$B10)*(Planung!$AV$293:$AV$326)*(Planung!$B$293:$B$326))+SUMPRODUCT((Planung!$BA$293:$BA$326=$B10)*(Planung!$BD$293:$BD$326)*(Planung!$B$293:$B$326))+SUMPRODUCT((Planung!$BI$293:$BI$326=$B10)*(Planung!$BL$293:$BL$326)*(Planung!$B$293:$B$326))+SUMPRODUCT((Planung!$BQ$293:$BQ$326=$B10)*(Planung!$BT$293:$BT$326)*(Planung!$B$293:$B$326)))/IF(G10=0,1,G10)","v":0},{"$f":"(SUMPRODUCT((Planung!$AS$364:$AS$384=$B10)*(Planung!$AV$364:$AV$384)*(Planung!$B$364:$B$384))+SUMPRODUCT((Planung!$BA$364:$BA$384=$B10)*(Planung!$BD$364:$BD$384)*(Planung!$B$364:$B$384))+SUMPRODUCT((Planung!$BI$364:$BI$384=$B10)*(Planung!$BL$364:$BL$384)*(Planung!$B$364:$B$384))+SUMPRODUCT((Planung!$BQ$364:$BQ$384=$B10)*(Planung!$BT$364:$BT$384)*(Planung!$B$364:$B$384)))/IF(G10=0,1,G10)","v":0}]
[null,11115,null,null,null,null,null,null,null,null,null,null,null,null,0,0,0,null,{"$f":"R11*0.2","v":0},null,null,null,0,0,0,0,0,0,0,0,0,null,0,0,null,0,{"$f":"(SUMPRODUCT((Planung!$AS$8:$AS$42=$B11)*(Planung!$AV$8:$AV$42)*(Planung!$B$8:$B$42))+SUMPRODUCT((Planung!$BA$8:$BA$42=$B11)*(Planung!$BD$8:$BD$42)*(Planung!$B$8:$B$42))+SUMPRODUCT((Planung!$BI$8:$BI$42=$B11)*(Planung!$BL$8:$BL$42)*(Planung!$B$8:$B$42))+SUMPRODUCT((Planung!$BQ$8:$BQ$42=$B11)*(Planung!$BT$8:$BT$42)*(Planung!$B$8:$B$42)))/IF(E11=0,1,E11)","v":0},{"$f":"(SUMPRODUCT((Planung!$AS$79:$AS$114=$B11)*(Planung!$AV$79:$AV$114)*(Planung!$B$79:$B$114))+SUMPRODUCT((Planung!$BA$79:$BA$114=$B11)*(Planung!$BD$79:$BD$114)*(Planung!$B$79:$B$114))+SUMPRODUCT((Planung!$BI$79:$BI$114=$B11)*(Planung!$BL$79:$BL$114)*(Planung!$B$79:$B$114))+SUMPRODUCT((Planung!$BQ$79:$BQ$114=$B11)*(Planung!$BT$79:$BT$114)*(Planung!$B$79:$B$114)))/IF(F11=0,1,F11)","v":0},{"$f":"(SUMPRODUCT((Planung!$AS$151:$AS$185=$B11)*(Planung!$AV$151:$AV$185)*(Planung!$B$151:$B$185))+SUMPRODUCT((Planung!$BA$151:$BA$185=$B11)*(Planung!$BD$151:$BD$185)*(Planung!$B$151:$B$185))+SUMPRODUCT((Planung!$BI$151:$BI$185=$B11)*(Planung!$BL$151:$BL$185)*(Planung!$B$151:$B$185))+SUMPRODUCT((Planung!$BQ$151:$BQ$185=$B11)*(Planung!$BT$151:$BT$185)*(Planung!$B$151:$B$185)))/IF(G11=0,1,G11)","v":0},{"$f":"(SUMPRODUCT((Planung!$AS$223:$AS$255=$B11)*(Planung!$AV$223:$AV$255)*(Planung!$B$223:$B$255))+SUMPRODUCT((Planung!$BA$223:$BA$255=$B11)*(Planung!$BD$223:$BD$255)*(Planung!$B$223:$B$255))+SUMPRODUCT((Planung!$BI$223:$BI$255=$B11)*(Planung!$BL$223:$BL$255)*(Planung!$B$223:$B$255))+SUMPRODUCT((Planung!$BQ$223:$BQ$255=$B11)*(Planung!$BT$223:$BT$255)*(Planung!$B$223:$B$255)))/IF(G11=0,1,G11)","v":0},{"$f":"(SUMPRODUCT((Planung!$AS$293:$AS$326=$B11)*(Planung!$AV$293:$AV$326)*(Planung!$B$293:$B$326))+SUMPRODUCT((Planung!$BA$293:$BA$326=$B11)*(Planung!$BD$293:$BD$326)*(Planung!$B$293:$B$326))+SUMPRODUCT((Planung!$BI$293:$BI$326=$B11)*(Planung!$BL$293:$BL$326)*(Planung!$B$293:$B$326))+SUMPRODUCT((Planung!$BQ$293:$BQ$326=$B11)*(Planung!$BT$293:$BT$326)*(Planung!$B$293:$B$326)))/IF(G11=0,1,G11)","v":0},{"$f":"(SUMPRODUCT((Planung!$AS$364:$AS$384=$B11)*(Planung!$AV$364:$AV$384)*(Planung!$B$364:$B$384))+SUMPRODUCT((Planung!$BA$364:$BA$384=$B11)*(Planung!$BD$364:$BD$384)*(Planung!$B$364:$B$384))+SUMPRODUCT((Planung!$BI$364:$BI$384=$B11)*(Planung!$BL$364:$BL$384)*(Planung!$B$364:$B$384))+SUMPRODUCT((Planung!$BQ$364:$BQ$384=$B11)*(Planung!$BT$364:$BT$384)*(Planung!$B$364:$B$384)))/IF(G11=0,1,G11)","v":0}]
[null,null,"Traktoren",null,null,null,null,null,null,null,null,null,null,null,0,0,0,null,{"$f":"R12*0.2","v":0},null,null,null,0,0,0,0,0,0,0,0,0,null,0,0,null,0,{"$f":"(SUMPRODUCT((Planung!$AS$8:$AS$42=$B12)*(Planung!$AV$8:$AV$42)*(Planung!$B$8:$B$42))+SUMPRODUCT((Planung!$BA$8:$BA$42=$B12)*(Planung!$BD$8:$BD$42)*(Planung!$B$8:$B$42))+SUMPRODUCT((Planung!$BI$8:$BI$42=$B12)*(Planung!$BL$8:$BL$42)*(Planung!$B$8:$B$42))+SUMPRODUCT((Planung!$BQ$8:$BQ$42=$B12)*(Planung!$BT$8:$BT$42)*(Planung!$B$8:$B$42)))/IF(E12=0,1,E12)","v":0},{"$f":"(SUMPRODUCT((Planung!$AS$79:$AS$114=$B12)*(Planung!$AV$79:$AV$114)*(Planung!$B$79:$B$114))+SUMPRODUCT((Planung!$BA$79:$BA$114=$B12)*(Planung!$BD$79:$BD$114)*(Planung!$B$79:$B$114))+SUMPRODUCT((Planung!$BI$79:$BI$114=$B12)*(Planung!$BL$79:$BL$114)*(Planung!$B$79:$B$114))+SUMPRODUCT((Planung!$BQ$79:$BQ$114=$B12)*(Planung!$BT$79:$BT$114)*(Planung!$B$79:$B$114)))/IF(F12=0,1,F12)","v":0},{"$f":"(SUMPRODUCT((Planung!$AS$151:$AS$185=$B12)*(Planung!$AV$151:$AV$185)*(Planung!$B$151:$B$185))+SUMPRODUCT((Planung!$BA$151:$BA$185=$B12)*(Planung!$BD$151:$BD$185)*(Planung!$B$151:$B$185))+SUMPRODUCT((Planung!$BI$151:$BI$185=$B12)*(Planung!$BL$151:$BL$185)*(Planung!$B$151:$B$185))+SUMPRODUCT((Planung!$BQ$151:$BQ$185=$B12)*(Planung!$BT$151:$BT$185)*(Planung!$B$151:$B$185)))/IF(G12=0,1,G12)","v":0},{"$f":"(SUMPRODUCT((Planung!$AS$223:$AS$255=$B12)*(Planung!$AV$223:$AV$255)*(Planung!$B$223:$B$255))+SUMPRODUCT((Planung!$BA$223:$BA$255=$B12)*(Planung!$BD$223:$BD$255)*(Planung!$B$223:$B$255))+SUMPRODUCT((Planung!$BI$223:$BI$255=$B12)*(Planung!$BL$223:$BL$255)*(Planung!$B$223:$B$255))+SUMPRODUCT((Planung!$BQ$223:$BQ$255=$B12)*(Planung!$BT$223:$BT$255)*(Planung!$B$223:$B$255)))/IF(G12=0,1,G12)","v":0},{"$f":"(SUMPRODUCT((Planung!$AS$293:$AS$326=$B12)*(Planung!$AV$293:$AV$326)*(Planung!$B$293:$B$326))+SUMPRODUCT((Planung!$BA$293:$BA$326=$B12)*(Planung!$BD$293:$BD$326)*(Planung!$B$293:$B$326))+SUMPRODUCT((Planung!$BI$293:$BI$326=$B12)*(Planung!$BL$293:$BL$326)*(Planung!$B$293:$B$326))+SUMPRODUCT((Planung!$BQ$293:$BQ$326=$B12)*(Planung!$BT$293:$BT$326)*(Planung!$B$293:$B$326)))/IF(G12=0,1,G12)","v":0},{"$f":"(SUMPRODUCT((Planung!$AS$364:$AS$384=$B12)*(Planung!$AV$364:$AV$384)*(Planung!$B$364:$B$384))+SUMPRODUCT((Planung!$BA$364:$BA$384=$B12)*(Planung!$BD$364:$BD$384)*(Planung!$B$364:$B$384))+SUMPRODUCT((Planung!$BI$364:$BI$384=$B12)*(Planung!$BL$364:$BL$384)*(Planung!$B$364:$B$384))+SUMPRODUCT((Planung!$BQ$364:$BQ$384=$B12)*(Planung!$BT$364:$BT$384)*(Planung!$B$364:$B$384)))/IF(G12=0,1,G12)","v":0}]
[null,11211,null,null,null,null,null,null,null,null,null,null,null,null,0,0,0,null,null,null,null,null,0,0,0,0,0,0,0,0,0,null,0,0,null,0,{"$f":"(SUMPRODUCT((Planung!$AS$8:$AS$42=$B13)*(Planung!$AV$8:$AV$42)*(Planung!$B$8:$B$42))+SUMPRODUCT((Planung!$BA$8:$BA$42=$B13)*(Planung!$BD$8:$BD$42)*(Planung!$B$8:$B$42))+SUMPRODUCT((Planung!$BI$8:$BI$42=$B13)*(Planung!$BL$8:$BL$42)*(Planung!$B$8:$B$42))+SUMPRODUCT((Planung!$BQ$8:$BQ$42=$B13)*(Planung!$BT$8:$BT$42)*(Planung!$B$8:$B$42)))/IF(E13=0,1,E13)","v":0},{"$f":"(SUMPRODUCT((Planung!$AS$79:$AS$114=$B13)*(Planung!$AV$79:$AV$114)*(Planung!$B$79:$B$114))+SUMPRODUCT((Planung!$BA$79:$BA$114=$B13)*(Planung!$BD$79:$BD$114)*(Planung!$B$79:$B$114))+SUMPRODUCT((Planung!$BI$79:$BI$114=$B13)*(Planung!$BL$79:$BL$114)*(Planung!$B$79:$B$114))+SUMPRODUCT((Planung!$BQ$79:$BQ$114=$B13)*(Planung!$BT$79:$BT$114)*(Planung!$B$79:$B$114)))/IF(F13=0,1,F13)","v":0},{"$f":"(SUMPRODUCT((Planung!$AS$151:$AS$185=$B13)*(Planung!$AV$151:$AV$185)*(Planung!$B$151:$B$185))+SUMPRODUCT((Planung!$BA$151:$BA$185=$B13)*(Planung!$BD$151:$BD$185)*(Planung!$B$151:$B$185))+SUMPRODUCT((Planung!$BI$151:$BI$185=$B13)*(Planung!$BL$151:$BL$185)*(Planung!$B$151:$B$185))+SUMPRODUCT((Planung!$BQ$151:$BQ$185=$B13)*(Planung!$BT$151:$BT$185)*(Planung!$B$151:$B$185)))/IF(G13=0,1,G13)","v":0},{"$f":"(SUMPRODUCT((Planung!$AS$223:$AS$255=$B13)*(Planung!$AV$223:$AV$255)*(Planung!$B$223:$B$255))+SUMPRODUCT((Planung!$BA$223:$BA$255=$B13)*(Planung!$BD$223:$BD$255)*(Planung!$B$223:$B$255))+SUMPRODUCT((Planung!$BI$223:$BI$255=$B13)*(Planung!$BL$223:$BL$255)*(Planung!$B$223:$B$255))+SUMPRODUCT((Planung!$BQ$223:$BQ$255=$B13)*(Planung!$BT$223:$BT$255)*(Planung!$B$223:$B$255)))/IF(G13=0,1,G13)","v":0},{"$f":"(SUMPRODUCT((Planung!$AS$293:$AS$326=$B13)*(Planung!$AV$293:$AV$326)*(Planung!$B$293:$B$326))+SUMPRODUCT((Planung!$BA$293:$BA$326=$B13)*(Planung!$BD$293:$BD$326)*(Planung!$B$293:$B$326))+SUMPRODUCT((Planung!$BI$293:$BI$326=$B13)*(Planung!$BL$293:$BL$326)*(Planung!$B$293:$B$326))+SUMPRODUCT((Planung!$BQ$293:$BQ$326=$B13)*(Planung!$BT$293:$BT$326)*(Planung!$B$293:$B$326)))/IF(G13=0,1,G13)","v":0},{"$f":"(SUMPRODUCT((Planung!$AS$364:$AS$384=$B13)*(Planung!$AV$364:$AV$384)*(Planung!$B$364:$B$384))+SUMPRODUCT((Planung!$BA$364:$BA$384=$B13)*(Planung!$BD$364:$BD$384)*(Planung!$B$364:$B$384))+SUMPRODUCT((Planung!$BI$364:$BI$384=$B13)*(Planung!$BL$364:$BL$384)*(Planung!$B$364:$B$384))+SUMPRODUCT((Planung!$BQ$364:$BQ$384=$B13)*(Planung!$BT$364:$BT$384)*(Planung!$B$364:$B$384)))/IF(G13=0,1,G13)","v":0}]
[null,11212,null,null,null,null,null,null,null,null,null,null,null,null,0,0,0,null,null,null,null,null,0,0,0,0,0,0,0,0,0,null,0,0,null,0,{"$f":"(SUMPRODUCT((Planung!$AS$8:$AS$42=$B14)*(Planung!$AV$8:$AV$42)*(Planung!$B$8:$B$42))+SUMPRODUCT((Planung!$BA$8:$BA$42=$B14)*(Planung!$BD$8:$BD$42)*(Planung!$B$8:$B$42))+SUMPRODUCT((Planung!$BI$8:$BI$42=$B14)*(Planung!$BL$8:$BL$42)*(Planung!$B$8:$B$42))+SUMPRODUCT((Planung!$BQ$8:$BQ$42=$B14)*(Planung!$BT$8:$BT$42)*(Planung!$B$8:$B$42)))/IF(E14=0,1,E14)","v":0},{"$f":"(SUMPRODUCT((Planung!$AS$79:$AS$114=$B14)*(Planung!$AV$79:$AV$114)*(Planung!$B$79:$B$114))+SUMPRODUCT((Planung!$BA$79:$BA$114=$B14)*(Planung!$BD$79:$BD$114)*(Planung!$B$79:$B$114))+SUMPRODUCT((Planung!$BI$79:$BI$114=$B14)*(Planung!$BL$79:$BL$114)*(Planung!$B$79:$B$114))+SUMPRODUCT((Planung!$BQ$79:$BQ$114=$B14)*(Planung!$BT$79:$BT$114)*(Planung!$B$79:$B$114)))/IF(F14=0,1,F14)","v":0},{"$f":"(SUMPRODUCT((Planung!$AS$151:$AS$185=$B14)*(Planung!$AV$151:$AV$185)*(Planung!$B$151:$B$185))+SUMPRODUCT((Planung!$BA$151:$BA$185=$B14)*(Planung!$BD$151:$BD$185)*(Planung!$B$151:$B$185))+SUMPRODUCT((Planung!$BI$151:$BI$185=$B14)*(Planung!$BL$151:$BL$185)*(Planung!$B$151:$B$185))+SUMPRODUCT((Planung!$BQ$151:$BQ$185=$B14)*(Planung!$BT$151:$BT$185)*(Planung!$B$151:$B$185)))/IF(G14=0,1,G14)","v":0},{"$f":"(SUMPRODUCT((Planung!$AS$223:$AS$255=$B14)*(Planung!$AV$223:$AV$255)*(Planung!$B$223:$B$255))+SUMPRODUCT((Planung!$BA$223:$BA$255=$B14)*(Planung!$BD$223:$BD$255)*(Planung!$B$223:$B$255))+SUMPRODUCT((Planung!$BI$223:$BI$255=$B14)*(Planung!$BL$223:$BL$255)*(Planung!$B$223:$B$255))+SUMPRODUCT((Planung!$BQ$223:$BQ$255=$B14)*(Planung!$BT$223:$BT$255)*(Planung!$B$223:$B$255)))/IF(G14=0,1,G14)","v":0},{"$f":"(SUMPRODUCT((Planung!$AS$293:$AS$326=$B14)*(Planung!$AV$293:$AV$326)*(Planung!$B$293:$B$326))+SUMPRODUCT((Planung!$BA$293:$BA$326=$B14)*(Planung!$BD$293:$BD$326)*(Planung!$B$293:$B$326))+SUMPRODUCT((Planung!$BI$293:$BI$326=$B14)*(Planung!$BL$293:$BL$326)*(Planung!$B$293:$B$326))+SUMPRODUCT((Planung!$BQ$293:$BQ$326=$B14)*(Planung!$BT$293:$BT$326)*(Planung!$B$293:$B$326)))/IF(G14=0,1,G14)","v":0},{"$f":"(SUMPRODUCT((Planung!$AS$364:$AS$384=$B14)*(Planung!$AV$364:$AV$384)*(Planung!$B$364:$B$384))+SUMPRODUCT((Planung!$BA$364:$BA$384=$B14)*(Planung!$BD$364:$BD$384)*(Planung!$B$364:$B$384))+SUMPRODUCT((Planung!$BI$364:$BI$384=$B14)*(Planung!$BL$364:$BL$384)*(Planung!$B$364:$B$384))+SUMPRODUCT((Planung!$BQ$364:$BQ$384=$B14)*(Planung!$BT$364:$BT$384)*(Planung!$B$364:$B$384)))/IF(G14=0,1,G14)","v":0}]
[null,11221,"*S1 Allradschlepper 67kW/91PS Schaltgetriebe","h",1,1,0,1,1,1,6.5,null,null,7.8,7.4099999999999993,{"$f":"N15*AnteilOel*PreisOel","v":0.22619999999999998},{"$f":"K15+L15+M15+O15+P15","v":14.136200000000001},50000,10000,275,12,10000,{"$f":"IF(U15=0,0,(R15-S15)/U15)","v":3333.3333333333335},833.33333333333337,0,{"$f":"IF(X15=0,0,Y15/X15)","v":0},{"$f":"IF(OR(U15=0,X15=0,Z15=0),0,IF(Z15>1,(R15-S15)/V15,((R15-S15)/U15)/Y15))","v":0},{"$f":"IF(OR(X15=0,Z15=0),0,((R15+S15)/2*Interest)/Y15)","v":0},0,{"$f":"SUM(AA15:AC15)","v":0},14.136200000000001,null,{"$f":"$X15*AH15","v":666.66666666666674},0.8,600,0.72,{"$f":"(SUMPRODUCT((Planung!$AS$8:$AS$42=$B15)*(Planung!$AV$8:$AV$42)*(Planung!$B$8:$B$42))+SUMPRODUCT((Planung!$BA$8:$BA$42=$B15)*(Planung!$BD$8:$BD$42)*(Planung!$B$8:$B$42))+SUMPRODUCT((Planung!$BI$8:$BI$42=$B15)*(Planung!$BL$8:$BL$42)*(Planung!$B$8:$B$42))+SUMPRODUCT((Planung!$BQ$8:$BQ$42=$B15)*(Planung!$BT$8:$BT$42)*(Planung!$B$8:$B$42)))/IF(E15=0,1,E15)","v":0},{"$f":"(SUMPRODUCT((Planung!$AS$79:$AS$114=$B15)*(Planung!$AV$79:$AV$114)*(Planung!$B$79:$B$114))+SUMPRODUCT((Planung!$BA$79:$BA$114=$B15)*(Planung!$BD$79:$BD$114)*(Planung!$B$79:$B$114))+SUMPRODUCT((Planung!$BI$79:$BI$114=$B15)*(Planung!$BL$79:$BL$114)*(Planung!$B$79:$B$114))+SUMPRODUCT((Planung!$BQ$79:$BQ$114=$B15)*(Planung!$BT$79:$BT$114)*(Planung!$B$79:$B$114)))/IF(F15=0,1,F15)","v":0},{"$f":"(SUMPRODUCT((Planung!$AS$151:$AS$185=$B15)*(Planung!$AV$151:$AV$185)*(Planung!$B$151:$B$185))+SUMPRODUCT((Planung!$BA$151:$BA$185=$B15)*(Planung!$BD$151:$BD$185)*(Planung!$B$151:$B$185))+SUMPRODUCT((Planung!$BI$151:$BI$185=$B15)*(Planung!$BL$151:$BL$185)*(Planung!$B$151:$B$185))+SUMPRODUCT((Planung!$BQ$151:$BQ$185=$B15)*(Planung!$BT$151:$BT$185)*(Planung!$B$151:$B$185)))/IF(G15=0,1,G15)","v":0},{"$f":"(SUMPRODUCT((Planung!$AS$223:$AS$255=$B15)*(Planung!$AV$223:$AV$255)*(Planung!$B$223:$B$255))+SUMPRODUCT((Planung!$BA$223:$BA$255=$B15)*(Planung!$BD$223:$BD$255)*(Planung!$B$223:$B$255))+SUMPRODUCT((Planung!$BI$223:$BI$255=$B15)*(Planung!$BL$223:$BL$255)*(Planung!$B$223:$B$255))+SUMPRODUCT((Planung!$BQ$223:$BQ$255=$B15)*(Planung!$BT$223:$BT$255)*(Planung!$B$223:$B$255)))/IF(G15=0,1,G15)","v":0},{"$f":"(SUMPRODUCT((Planung!$AS$293:$AS$326=$B15)*(Planung!$AV$293:$AV$326)*(Planung!$B$293:$B$326))+SUMPRODUCT((Planung!$BA$293:$BA$326=$B15)*(Planung!$BD$293:$BD$326)*(Planung!$B$293:$B$326))+SUMPRODUCT((Planung!$BI$293:$BI$326=$B15)*(Planung!$BL$293:$BL$326)*(Planung!$B$293:$B$326))+SUMPRODUCT((Planung!$BQ$293:$BQ$326=$B15)*(Planung!$BT$293:$BT$326)*(Planung!$B$293:$B$326)))/IF(G15=0,1,G15)","v":0},{"$f":"(SUMPRODUCT((Planung!$AS$364:$AS$384=$B15)*(Planung!$AV$364:$AV$384)*(Planung!$B$364:$B$384))+SUMPRODUCT((Planung!$BA$364:$BA$384=$B15)*(Planung!$BD$364:$BD$384)*(Planung!$B$364:$B$384))+SUMPRODUCT((Planung!$BI$364:$BI$384=$B15)*(Planung!$BL$364:$BL$384)*(Planung!$B$364:$B$384))+SUMPRODUCT((Planung!$BQ$364:$BQ$384=$B15)*(Planung!$BT$364:$BT$384)*(Planung!$B$364:$B$384)))/IF(G15=0,1,G15)","v":0},null,{"$f":"15*8","v":120},{"$f":"15*8","v":120},{"$f":"15*8","v":120},{"$f":"15*8","v":120},{"$f":"15*15","v":225},{"$f":"15*15","v":225},{"$f":"15*15","v":225},{"$f":"15*15","v":225},{"$f":"15*15","v":225},{"$f":"15*18","v":270},{"$f":"15*18","v":270},270,270,270,270,270,270,270,{"$f":"15*15","v":225},{"$f":"15*10","v":150},{"$f":"15*10","v":150},{"$f":"15*10","v":150},{"$f":"15*10","v":150},{"$f":"15*10","v":150}]
[null,11220,"*S2 Allradschlepper 102kW/139PS stufenlos","h",1,1,1,1,1,0,7.4,null,null,12.4,11.78,{"$f":"N16*AnteilOel*PreisOel","v":0.35960000000000003},19.5396,115000,23000,430,12,10000,{"$f":"IF(U16=0,0,(R16-S16)/U16)","v":7666.666666666667},833.33333333333337,0,{"$f":"IF(X16=0,0,Y16/X16)","v":0},{"$f":"IF(OR(U16=0,X16=0,Z16=0),0,IF(Z16>1,(R16-S16)/V16,((R16-S16)/U16)/Y16))","v":0},0,0,{"$f":"SUM(AA16:AC16)","v":0},19.5396,null,{"$f":"$X16*AH16","v":666.66666666666674},0.8,600,0.72,{"$f":"(SUMPRODUCT((Planung!$AS$8:$AS$42=$B16)*(Planung!$AV$8:$AV$42)*(Planung!$B$8:$B$42))+SUMPRODUCT((Planung!$BA$8:$BA$42=$B16)*(Planung!$BD$8:$BD$42)*(Planung!$B$8:$B$42))+SUMPRODUCT((Planung!$BI$8:$BI$42=$B16)*(Planung!$BL$8:$BL$42)*(Planung!$B$8:$B$42))+SUMPRODUCT((Planung!$BQ$8:$BQ$42=$B16)*(Planung!$BT$8:$BT$42)*(Planung!$B$8:$B$42)))/IF(E16=0,1,E16)","v":0},{"$f":"(SUMPRODUCT((Planung!$AS$79:$AS$114=$B16)*(Planung!$AV$79:$AV$114)*(Planung!$B$79:$B$114))+SUMPRODUCT((Planung!$BA$79:$BA$114=$B16)*(Planung!$BD$79:$BD$114)*(Planung!$B$79:$B$114))+SUMPRODUCT((Planung!$BI$79:$BI$114=$B16)*(Planung!$BL$79:$BL$114)*(Planung!$B$79:$B$114))+SUMPRODUCT((Planung!$BQ$79:$BQ$114=$B16)*(Planung!$BT$79:$BT$114)*(Planung!$B$79:$B$114)))/IF(F16=0,1,F16)","v":0},{"$f":"(SUMPRODUCT((Planung!$AS$151:$AS$185=$B16)*(Planung!$AV$151:$AV$185)*(Planung!$B$151:$B$185))+SUMPRODUCT((Planung!$BA$151:$BA$185=$B16)*(Planung!$BD$151:$BD$185)*(Planung!$B$151:$B$185))+SUMPRODUCT((Planung!$BI$151:$BI$185=$B16)*(Planung!$BL$151:$BL$185)*(Planung!$B$151:$B$185))+SUMPRODUCT((Planung!$BQ$151:$BQ$185=$B16)*(Planung!$BT$151:$BT$185)*(Planung!$B$151:$B$185)))/IF(G16=0,1,G16)","v":0},{"$f":"(SUMPRODUCT((Planung!$AS$223:$AS$255=$B16)*(Planung!$AV$223:$AV$255)*(Planung!$B$223:$B$255))+SUMPRODUCT((Planung!$BA$223:$BA$255=$B16)*(Planung!$BD$223:$BD$255)*(Planung!$B$223:$B$255))+SUMPRODUCT((Planung!$BI$223:$BI$255=$B16)*(Planung!$BL$223:$BL$255)*(Planung!$B$223:$B$255))+SUMPRODUCT((Planung!$BQ$223:$BQ$255=$B16)*(Planung!$BT$223:$BT$255)*(Planung!$B$223:$B$255)))/IF(G16=0,1,G16)","v":0},{"$f":"(SUMPRODUCT((Planung!$AS$293:$AS$326=$B16)*(Planung!$AV$293:$AV$326)*(Planung!$B$293:$B$326))+SUMPRODUCT((Planung!$BA$293:$BA$326=$B16)*(Planung!$BD$293:$BD$326)*(Planung!$B$293:$B$326))+SUMPRODUCT((Planung!$BI$293:$BI$326=$B16)*(Planung!$BL$293:$BL$326)*(Planung!$B$293:$B$326))+SUMPRODUCT((Planung!$BQ$293:$BQ$326=$B16)*(Planung!$BT$293:$BT$326)*(Planung!$B$293:$B$326)))/IF(G16=0,1,G16)","v":0},{"$f":"(SUMPRODUCT((Planung!$AS$364:$AS$384=$B16)*(Planung!$AV$364:$AV$384)*(Planung!$B$364:$B$384))+SUMPRODUCT((Planung!$BA$364:$BA$384=$B16)*(Planung!$BD$364:$BD$384)*(Planung!$B$364:$B$384))+SUMPRODUCT((Planung!$BI$364:$BI$384=$B16)*(Planung!$BL$364:$BL$384)*(Planung!$B$364:$B$384))+SUMPRODUCT((Planung!$BQ$364:$BQ$384=$B16)*(Planung!$BT$364:$BT$384)*(Planung!$B$364:$B$384)))/IF(G16=0,1,G16)","v":0},null,{"$f":"15*8","v":120},120,120,120,{"$f":"15*15","v":225},225,225,225,225,{"$f":"15*18","v":270},270,270,270,270,270,270,270,270,{"$f":"15*15","v":225},{"$f":"15*10","v":150},150,150,150,150]
[null,11219,"*S3 Allradschlepper 140kW stufenlos","h",1,1,1,1,1,1,8.1999999999999993,null,null,16,15.2,{"$f":"N17*AnteilOel*PreisOel","v":0.46399999999999997},23.863999999999997,152000,30400,430,12,10000,{"$f":"IF(U17=0,0,(R17-S17)/U17)","v":10133.333333333334},833.33333333333337,0,{"$f":"IF(X17=0,0,Y17/X17)","v":0},{"$f":"IF(OR(U17=0,X17=0,Z17=0),0,IF(Z17>1,(R17-S17)/V17,((R17-S17)/U17)/Y17))","v":0},0,0,{"$f":"SUM(AA17:AC17)","v":0},23.863999999999997,null,{"$f":"$X17*AH17","v":666.66666666666674},0.8,600,0.72,{"$f":"(SUMPRODUCT((Planung!$AS$8:$AS$42=$B17)*(Planung!$AV$8:$AV$42)*(Planung!$B$8:$B$42))+SUMPRODUCT((Planung!$BA$8:$BA$42=$B17)*(Planung!$BD$8:$BD$42)*(Planung!$B$8:$B$42))+SUMPRODUCT((Planung!$BI$8:$BI$42=$B17)*(Planung!$BL$8:$BL$42)*(Planung!$B$8:$B$42))+SUMPRODUCT((Planung!$BQ$8:$BQ$42=$B17)*(Planung!$BT$8:$BT$42)*(Planung!$B$8:$B$42)))/IF(E17=0,1,E17)","v":0},{"$f":"(SUMPRODUCT((Planung!$AS$79:$AS$114=$B17)*(Planung!$AV$79:$AV$114)*(Planung!$B$79:$B$114))+SUMPRODUCT((Planung!$BA$79:$BA$114=$B17)*(Planung!$BD$79:$BD$114)*(Planung!$B$79:$B$114))+SUMPRODUCT((Planung!$BI$79:$BI$114=$B17)*(Planung!$BL$79:$BL$114)*(Planung!$B$79:$B$114))+SUMPRODUCT((Planung!$BQ$79:$BQ$114=$B17)*(Planung!$BT$79:$BT$114)*(Planung!$B$79:$B$114)))/IF(F17=0,1,F17)","v":0},{"$f":"(SUMPRODUCT((Planung!$AS$151:$AS$185=$B17)*(Planung!$AV$151:$AV$185)*(Planung!$B$151:$B$185))+SUMPRODUCT((Planung!$BA$151:$BA$185=$B17)*(Planung!$BD$151:$BD$185)*(Planung!$B$151:$B$185))+SUMPRODUCT((Planung!$BI$151:$BI$185=$B17)*(Planung!$BL$151:$BL$185)*(Planung!$B$151:$B$185))+SUMPRODUCT((Planung!$BQ$151:$BQ$185=$B17)*(Planung!$BT$151:$BT$185)*(Planung!$B$151:$B$185)))/IF(G17=0,1,G17)","v":0},{"$f":"(SUMPRODUCT((Planung!$AS$223:$AS$255=$B17)*(Planung!$AV$223:$AV$255)*(Planung!$B$223:$B$255))+SUMPRODUCT((Planung!$BA$223:$BA$255=$B17)*(Planung!$BD$223:$BD$255)*(Planung!$B$223:$B$255))+SUMPRODUCT((Planung!$BI$223:$BI$255=$B17)*(Planung!$BL$223:$BL$255)*(Planung!$B$223:$B$255))+SUMPRODUCT((Planung!$BQ$223:$BQ$255=$B17)*(Planung!$BT$223:$BT$255)*(Planung!$B$223:$B$255)))/IF(G17=0,1,G17)","v":0},{"$f":"(SUMPRODUCT((Planung!$AS$293:$AS$326=$B17)*(Planung!$AV$293:$AV$326)*(Planung!$B$293:$B$326))+SUMPRODUCT((Planung!$BA$293:$BA$326=$B17)*(Planung!$BD$293:$BD$326)*(Planung!$B$293:$B$326))+SUMPRODUCT((Planung!$BI$293:$BI$326=$B17)*(Planung!$BL$293:$BL$326)*(Planung!$B$293:$B$326))+SUMPRODUCT((Planung!$BQ$293:$BQ$326=$B17)*(Planung!$BT$293:$BT$326)*(Planung!$B$293:$B$326)))/IF(G17=0,1,G17)","v":0},{"$f":"(SUMPRODUCT((Planung!$AS$364:$AS$384=$B17)*(Planung!$AV$364:$AV$384)*(Planung!$B$364:$B$384))+SUMPRODUCT((Planung!$BA$364:$BA$384=$B17)*(Planung!$BD$364:$BD$384)*(Planung!$B$364:$B$384))+SUMPRODUCT((Planung!$BI$364:$BI$384=$B17)*(Planung!$BL$364:$BL$384)*(Planung!$B$364:$B$384))+SUMPRODUCT((Planung!$BQ$364:$BQ$384=$B17)*(Planung!$BT$364:$BT$384)*(Planung!$B$364:$B$384)))/IF(G17=0,1,G17)","v":0},null,120,120,120,120,225,225,225,225,225,{"$f":"15*18","v":270},270,270,270,270,270,270,270,270,{"$f":"15*15","v":225},150,150,150,150,150]
[null,11214,"*S4 Allradschlepper 200 kW stufenlos","h",1,1,1,1,1,1,9.5,null,null,22,20.9,0.63800000000000001,31.038,216000,43200,430,12,10000,14400,833.33333333333337,0,0,0,0,0,0,31.038,null,666.66666666666674,0.8,600,0.72,{"$f":"(SUMPRODUCT((Planung!$AS$8:$AS$42=$B18)*(Planung!$AV$8:$AV$42)*(Planung!$B$8:$B$42))+SUMPRODUCT((Planung!$BA$8:$BA$42=$B18)*(Planung!$BD$8:$BD$42)*(Planung!$B$8:$B$42))+SUMPRODUCT((Planung!$BI$8:$BI$42=$B18)*(Planung!$BL$8:$BL$42)*(Planung!$B$8:$B$42))+SUMPRODUCT((Planung!$BQ$8:$BQ$42=$B18)*(Planung!$BT$8:$BT$42)*(Planung!$B$8:$B$42)))/IF(E18=0,1,E18)","v":0},{"$f":"(SUMPRODUCT((Planung!$AS$79:$AS$114=$B18)*(Planung!$AV$79:$AV$114)*(Planung!$B$79:$B$114))+SUMPRODUCT((Planung!$BA$79:$BA$114=$B18)*(Planung!$BD$79:$BD$114)*(Planung!$B$79:$B$114))+SUMPRODUCT((Planung!$BI$79:$BI$114=$B18)*(Planung!$BL$79:$BL$114)*(Planung!$B$79:$B$114))+SUMPRODUCT((Planung!$BQ$79:$BQ$114=$B18)*(Planung!$BT$79:$BT$114)*(Planung!$B$79:$B$114)))/IF(F18=0,1,F18)","v":0},{"$f":"(SUMPRODUCT((Planung!$AS$151:$AS$185=$B18)*(Planung!$AV$151:$AV$185)*(Planung!$B$151:$B$185))+SUMPRODUCT((Planung!$BA$151:$BA$185=$B18)*(Planung!$BD$151:$BD$185)*(Planung!$B$151:$B$185))+SUMPRODUCT((Planung!$BI$151:$BI$185=$B18)*(Planung!$BL$151:$BL$185)*(Planung!$B$151:$B$185))+SUMPRODUCT((Planung!$BQ$151:$BQ$185=$B18)*(Planung!$BT$151:$BT$185)*(Planung!$B$151:$B$185)))/IF(G18=0,1,G18)","v":0},{"$f":"(SUMPRODUCT((Planung!$AS$223:$AS$255=$B18)*(Planung!$AV$223:$AV$255)*(Planung!$B$223:$B$255))+SUMPRODUCT((Planung!$BA$223:$BA$255=$B18)*(Planung!$BD$223:$BD$255)*(Planung!$B$223:$B$255))+SUMPRODUCT((Planung!$BI$223:$BI$255=$B18)*(Planung!$BL$223:$BL$255)*(Planung!$B$223:$B$255))+SUMPRODUCT((Planung!$BQ$223:$BQ$255=$B18)*(Planung!$BT$223:$BT$255)*(Planung!$B$223:$B$255)))/IF(G18=0,1,G18)","v":0},{"$f":"(SUMPRODUCT((Planung!$AS$293:$AS$326=$B18)*(Planung!$AV$293:$AV$326)*(Planung!$B$293:$B$326))+SUMPRODUCT((Planung!$BA$293:$BA$326=$B18)*(Planung!$BD$293:$BD$326)*(Planung!$B$293:$B$326))+SUMPRODUCT((Planung!$BI$293:$BI$326=$B18)*(Planung!$BL$293:$BL$326)*(Planung!$B$293:$B$326))+SUMPRODUCT((Planung!$BQ$293:$BQ$326=$B18)*(Planung!$BT$293:$BT$326)*(Planung!$B$293:$B$326)))/IF(G18=0,1,G18)","v":0},{"$f":"(SUMPRODUCT((Planung!$AS$364:$AS$384=$B18)*(Planung!$AV$364:$AV$384)*(Planung!$B$364:$B$384))+SUMPRODUCT((Planung!$BA$364:$BA$384=$B18)*(Planung!$BD$364:$BD$384)*(Planung!$B$364:$B$384))+SUMPRODUCT((Planung!$BI$364:$BI$384=$B18)*(Planung!$BL$364:$BL$384)*(Planung!$B$364:$B$384))+SUMPRODUCT((Planung!$BQ$364:$BQ$384=$B18)*(Planung!$BT$364:$BT$384)*(Planung!$B$364:$B$384)))/IF(G18=0,1,G18)","v":0},null,120,120,120,120,225,225,225,225,225,{"$f":"15*18","v":270},270,270,270,270,270,270,270,270,{"$f":"15*15","v":225},150,150,150,150,150]
[null,11215,null,null,null,null,null,null,null,null,null,null,null,null,{"$f":"N19*PreisDiesel","v":0},{"$f":"N19*AnteilOel*PreisOel","v":0},0,null,null,null,null,null,0,{"$f":"IF(U19=0,0,V19/U19)","v":0},{"$f":"INDEX(AG19:AP19,AuslastSel)","v":0},{"$f":"IF(X19=0,0,Y19/X19)","v":0},{"$f":"IF(OR(U19=0,X19=0,Z19=0),0,IF(Z19>1,(R19-S19)/V19,((R19-S19)/U19)/Y19))","v":0},{"$f":"IF(OR(X19=0,Z19=0),0,((R19+S19)/2*Interest)/Y19)","v":0},{"$f":"IF(Y19=0,0,T19/Y19)","v":0},{"$f":"SUM(AA19:AC19)","v":0},{"$f":"AD19+Q19","v":0},null,{"$f":"$X19*AH19","v":0},0,null,{"$f":"IF($X19=0,0,AI19/$X19)","v":0},{"$f":"(SUMPRODUCT((Planung!$AS$8:$AS$42=$B19)*(Planung!$AV$8:$AV$42)*(Planung!$B$8:$B$42))+SUMPRODUCT((Planung!$BA$8:$BA$42=$B19)*(Planung!$BD$8:$BD$42)*(Planung!$B$8:$B$42))+SUMPRODUCT((Planung!$BI$8:$BI$42=$B19)*(Planung!$BL$8:$BL$42)*(Planung!$B$8:$B$42))+SUMPRODUCT((Planung!$BQ$8:$BQ$42=$B19)*(Planung!$BT$8:$BT$42)*(Planung!$B$8:$B$42)))/IF(E19=0,1,E19)","v":0},{"$f":"(SUMPRODUCT((Planung!$AS$79:$AS$114=$B19)*(Planung!$AV$79:$AV$114)*(Planung!$B$79:$B$114))+SUMPRODUCT((Planung!$BA$79:$BA$114=$B19)*(Planung!$BD$79:$BD$114)*(Planung!$B$79:$B$114))+SUMPRODUCT((Planung!$BI$79:$BI$114=$B19)*(Planung!$BL$79:$BL$114)*(Planung!$B$79:$B$114))+SUMPRODUCT((Planung!$BQ$79:$BQ$114=$B19)*(Planung!$BT$79:$BT$114)*(Planung!$B$79:$B$114)))/IF(F19=0,1,F19)","v":0},{"$f":"(SUMPRODUCT((Planung!$AS$151:$AS$185=$B19)*(Planung!$AV$151:$AV$185)*(Planung!$B$151:$B$185))+SUMPRODUCT((Planung!$BA$151:$BA$185=$B19)*(Planung!$BD$151:$BD$185)*(Planung!$B$151:$B$185))+SUMPRODUCT((Planung!$BI$151:$BI$185=$B19)*(Planung!$BL$151:$BL$185)*(Planung!$B$151:$B$185))+SUMPRODUCT((Planung!$BQ$151:$BQ$185=$B19)*(Planung!$BT$151:$BT$185)*(Planung!$B$151:$B$185)))/IF(G19=0,1,G19)","v":0},{"$f":"(SUMPRODUCT((Planung!$AS$223:$AS$255=$B19)*(Planung!$AV$223:$AV$255)*(Planung!$B$223:$B$255))+SUMPRODUCT((Planung!$BA$223:$BA$255=$B19)*(Planung!$BD$223:$BD$255)*(Planung!$B$223:$B$255))+SUMPRODUCT((Planung!$BI$223:$BI$255=$B19)*(Planung!$BL$223:$BL$255)*(Planung!$B$223:$B$255))+SUMPRODUCT((Planung!$BQ$223:$BQ$255=$B19)*(Planung!$BT$223:$BT$255)*(Planung!$B$223:$B$255)))/IF(G19=0,1,G19)","v":0},{"$f":"(SUMPRODUCT((Planung!$AS$293:$AS$326=$B19)*(Planung!$AV$293:$AV$326)*(Planung!$B$293:$B$326))+SUMPRODUCT((Planung!$BA$293:$BA$326=$B19)*(Planung!$BD$293:$BD$326)*(Planung!$B$293:$B$326))+SUMPRODUCT((Planung!$BI$293:$BI$326=$B19)*(Planung!$BL$293:$BL$326)*(Planung!$B$293:$B$326))+SUMPRODUCT((Planung!$BQ$293:$BQ$326=$B19)*(Planung!$BT$293:$BT$326)*(Planung!$B$293:$B$326)))/IF(G19=0,1,G19)","v":0},{"$f":"(SUMPRODUCT((Planung!$AS$364:$AS$384=$B19)*(Planung!$AV$364:$AV$384)*(Planung!$B$364:$B$384))+SUMPRODUCT((Planung!$BA$364:$BA$384=$B19)*(Planung!$BD$364:$BD$384)*(Planung!$B$364:$B$384))+SUMPRODUCT((Planung!$BI$364:$BI$384=$B19)*(Planung!$BL$364:$BL$384)*(Planung!$B$364:$B$384))+SUMPRODUCT((Planung!$BQ$364:$BQ$384=$B19)*(Planung!$BT$364:$BT$384)*(Planung!$B$364:$B$384)))/IF(G19=0,1,G19)","v":0}]
[null,11218,null,null,null,null,null,null,null,null,null,null,null,null,0,0,0,null,null,null,null,null,0,0,0,0,0,0,0,0,0,null,0,0,null,0,{"$f":"(SUMPRODUCT((Planung!$AS$8:$AS$42=$B20)*(Planung!$AV$8:$AV$42)*(Planung!$B$8:$B$42))+SUMPRODUCT((Planung!$BA$8:$BA$42=$B20)*(Planung!$BD$8:$BD$42)*(Planung!$B$8:$B$42))+SUMPRODUCT((Planung!$BI$8:$BI$42=$B20)*(Planung!$BL$8:$BL$42)*(Planung!$B$8:$B$42))+SUMPRODUCT((Planung!$BQ$8:$BQ$42=$B20)*(Planung!$BT$8:$BT$42)*(Planung!$B$8:$B$42)))/IF(E20=0,1,E20)","v":0},{"$f":"(SUMPRODUCT((Planung!$AS$79:$AS$114=$B20)*(Planung!$AV$79:$AV$114)*(Planung!$B$79:$B$114))+SUMPRODUCT((Planung!$BA$79:$BA$114=$B20)*(Planung!$BD$79:$BD$114)*(Planung!$B$79:$B$114))+SUMPRODUCT((Planung!$BI$79:$BI$114=$B20)*(Planung!$BL$79:$BL$114)*(Planung!$B$79:$B$114))+SUMPRODUCT((Planung!$BQ$79:$BQ$114=$B20)*(Planung!$BT$79:$BT$114)*(Planung!$B$79:$B$114)))/IF(F20=0,1,F20)","v":0},{"$f":"(SUMPRODUCT((Planung!$AS$151:$AS$185=$B20)*(Planung!$AV$151:$AV$185)*(Planung!$B$151:$B$185))+SUMPRODUCT((Planung!$BA$151:$BA$185=$B20)*(Planung!$BD$151:$BD$185)*(Planung!$B$151:$B$185))+SUMPRODUCT((Planung!$BI$151:$BI$185=$B20)*(Planung!$BL$151:$BL$185)*(Planung!$B$151:$B$185))+SUMPRODUCT((Planung!$BQ$151:$BQ$185=$B20)*(Planung!$BT$151:$BT$185)*(Planung!$B$151:$B$185)))/IF(G20=0,1,G20)","v":0},{"$f":"(SUMPRODUCT((Planung!$AS$223:$AS$255=$B20)*(Planung!$AV$223:$AV$255)*(Planung!$B$223:$B$255))+SUMPRODUCT((Planung!$BA$223:$BA$255=$B20)*(Planung!$BD$223:$BD$255)*(Planung!$B$223:$B$255))+SUMPRODUCT((Planung!$BI$223:$BI$255=$B20)*(Planung!$BL$223:$BL$255)*(Planung!$B$223:$B$255))+SUMPRODUCT((Planung!$BQ$223:$BQ$255=$B20)*(Planung!$BT$223:$BT$255)*(Planung!$B$223:$B$255)))/IF(G20=0,1,G20)","v":0},{"$f":"(SUMPRODUCT((Planung!$AS$293:$AS$326=$B20)*(Planung!$AV$293:$AV$326)*(Planung!$B$293:$B$326))+SUMPRODUCT((Planung!$BA$293:$BA$326=$B20)*(Planung!$BD$293:$BD$326)*(Planung!$B$293:$B$326))+SUMPRODUCT((Planung!$BI$293:$BI$326=$B20)*(Planung!$BL$293:$BL$326)*(Planung!$B$293:$B$326))+SUMPRODUCT((Planung!$BQ$293:$BQ$326=$B20)*(Planung!$BT$293:$BT$326)*(Planung!$B$293:$B$326)))/IF(G20=0,1,G20)","v":0},{"$f":"(SUMPRODUCT((Planung!$AS$364:$AS$384=$B20)*(Planung!$AV$364:$AV$384)*(Planung!$B$364:$B$384))+SUMPRODUCT((Planung!$BA$364:$BA$384=$B20)*(Planung!$BD$364:$BD$384)*(Planung!$B$364:$B$384))+SUMPRODUCT((Planung!$BI$364:$BI$384=$B20)*(Planung!$BL$364:$BL$384)*(Planung!$B$364:$B$384))+SUMPRODUCT((Planung!$BQ$364:$BQ$384=$B20)*(Planung!$BT$364:$BT$384)*(Planung!$B$364:$B$384)))/IF(G20=0,1,G20)","v":0}]
[null,null,"SELBSTFAHRER & ZUBEHÖR",null,null,null,null,null,null,null,null,null,null,null,0,0,0,null,{"$f":"R21*0.2","v":0},null,null,null,0,0,0,0,0,0,0,0,0,null,0,0,null,0,{"$f":"(SUMPRODUCT((Planung!$AS$8:$AS$42=$B21)*(Planung!$AV$8:$AV$42)*(Planung!$B$8:$B$42))+SUMPRODUCT((Planung!$BA$8:$BA$42=$B21)*(Planung!$BD$8:$BD$42)*(Planung!$B$8:$B$42))+SUMPRODUCT((Planung!$BI$8:$BI$42=$B21)*(Planung!$BL$8:$BL$42)*(Planung!$B$8:$B$42))+SUMPRODUCT((Planung!$BQ$8:$BQ$42=$B21)*(Planung!$BT$8:$BT$42)*(Planung!$B$8:$B$42)))/IF(E21=0,1,E21)","v":0},{"$f":"(SUMPRODUCT((Planung!$AS$79:$AS$114=$B21)*(Planung!$AV$79:$AV$114)*(Planung!$B$79:$B$114))+SUMPRODUCT((Planung!$BA$79:$BA$114=$B21)*(Planung!$BD$79:$BD$114)*(Planung!$B$79:$B$114))+SUMPRODUCT((Planung!$BI$79:$BI$114=$B21)*(Planung!$BL$79:$BL$114)*(Planung!$B$79:$B$114))+SUMPRODUCT((Planung!$BQ$79:$BQ$114=$B21)*(Planung!$BT$79:$BT$114)*(Planung!$B$79:$B$114)))/IF(F21=0,1,F21)","v":0},{"$f":"(SUMPRODUCT((Planung!$AS$151:$AS$185=$B21)*(Planung!$AV$151:$AV$185)*(Planung!$B$151:$B$185))+SUMPRODUCT((Planung!$BA$151:$BA$185=$B21)*(Planung!$BD$151:$BD$185)*(Planung!$B$151:$B$185))+SUMPRODUCT((Planung!$BI$151:$BI$185=$B21)*(Planung!$BL$151:$BL$185)*(Planung!$B$151:$B$185))+SUMPRODUCT((Planung!$BQ$151:$BQ$185=$B21)*(Planung!$BT$151:$BT$185)*(Planung!$B$151:$B$185)))/IF(G21=0,1,G21)","v":0},{"$f":"(SUMPRODUCT((Planung!$AS$223:$AS$255=$B21)*(Planung!$AV$223:$AV$255)*(Planung!$B$223:$B$255))+SUMPRODUCT((Planung!$BA$223:$BA$255=$B21)*(Planung!$BD$223:$BD$255)*(Planung!$B$223:$B$255))+SUMPRODUCT((Planung!$BI$223:$BI$255=$B21)*(Planung!$BL$223:$BL$255)*(Planung!$B$223:$B$255))+SUMPRODUCT((Planung!$BQ$223:$BQ$255=$B21)*(Planung!$BT$223:$BT$255)*(Planung!$B$223:$B$255)))/IF(G21=0,1,G21)","v":0},{"$f":"(SUMPRODUCT((Planung!$AS$293:$AS$326=$B21)*(Planung!$AV$293:$AV$326)*(Planung!$B$293:$B$326))+SUMPRODUCT((Planung!$BA$293:$BA$326=$B21)*(Planung!$BD$293:$BD$326)*(Planung!$B$293:$B$326))+SUMPRODUCT((Planung!$BI$293:$BI$326=$B21)*(Planung!$BL$293:$BL$326)*(Planung!$B$293:$B$326))+SUMPRODUCT((Planung!$BQ$293:$BQ$326=$B21)*(Planung!$BT$293:$BT$326)*(Planung!$B$293:$B$326)))/IF(G21=0,1,G21)","v":0},{"$f":"(SUMPRODUCT((Planung!$AS$364:$AS$384=$B21)*(Planung!$AV$364:$AV$384)*(Planung!$B$364:$B$384))+SUMPRODUCT((Planung!$BA$364:$BA$384=$B21)*(Planung!$BD$364:$BD$384)*(Planung!$B$364:$B$384))+SUMPRODUCT((Planung!$BI$364:$BI$384=$B21)*(Planung!$BL$364:$BL$384)*(Planung!$B$364:$B$384))+SUMPRODUCT((Planung!$BQ$364:$BQ$384=$B21)*(Planung!$BT$364:$BT$384)*(Planung!$B$364:$B$384)))/IF(G21=0,1,G21)","v":0}]
[null,11311,null,null,null,null,null,null,null,null,null,null,null,null,0,0,0,null,null,null,null,null,0,0,0,0,0,0,0,0,0,null,0,0,null,0,{"$f":"(SUMPRODUCT((Planung!$AS$8:$AS$42=$B22)*(Planung!$AV$8:$AV$42)*(Planung!$B$8:$B$42))+SUMPRODUCT((Planung!$BA$8:$BA$42=$B22)*(Planung!$BD$8:$BD$42)*(Planung!$B$8:$B$42))+SUMPRODUCT((Planung!$BI$8:$BI$42=$B22)*(Planung!$BL$8:$BL$42)*(Planung!$B$8:$B$42))+SUMPRODUCT((Planung!$BQ$8:$BQ$42=$B22)*(Planung!$BT$8:$BT$42)*(Planung!$B$8:$B$42)))/IF(E22=0,1,E22)","v":0},{"$f":"(SUMPRODUCT((Planung!$AS$79:$AS$114=$B22)*(Planung!$AV$79:$AV$114)*(Planung!$B$79:$B$114))+SUMPRODUCT((Planung!$BA$79:$BA$114=$B22)*(Planung!$BD$79:$BD$114)*(Planung!$B$79:$B$114))+SUMPRODUCT((Planung!$BI$79:$BI$114=$B22)*(Planung!$BL$79:$BL$114)*(Planung!$B$79:$B$114))+SUMPRODUCT((Planung!$BQ$79:$BQ$114=$B22)*(Planung!$BT$79:$BT$114)*(Planung!$B$79:$B$114)))/IF(F22=0,1,F22)","v":0},{"$f":"(SUMPRODUCT((Planung!$AS$151:$AS$185=$B22)*(Planung!$AV$151:$AV$185)*(Planung!$B$151:$B$185))+SUMPRODUCT((Planung!$BA$151:$BA$185=$B22)*(Planung!$BD$151:$BD$185)*(Planung!$B$151:$B$185))+SUMPRODUCT((Planung!$BI$151:$BI$185=$B22)*(Planung!$BL$151:$BL$185)*(Planung!$B$151:$B$185))+SUMPRODUCT((Planung!$BQ$151:$BQ$185=$B22)*(Planung!$BT$151:$BT$185)*(Planung!$B$151:$B$185)))/IF(G22=0,1,G22)","v":0},{"$f":"(SUMPRODUCT((Planung!$AS$223:$AS$255=$B22)*(Planung!$AV$223:$AV$255)*(Planung!$B$223:$B$255))+SUMPRODUCT((Planung!$BA$223:$BA$255=$B22)*(Planung!$BD$223:$BD$255)*(Planung!$B$223:$B$255))+SUMPRODUCT((Planung!$BI$223:$BI$255=$B22)*(Planung!$BL$223:$BL$255)*(Planung!$B$223:$B$255))+SUMPRODUCT((Planung!$BQ$223:$BQ$255=$B22)*(Planung!$BT$223:$BT$255)*(Planung!$B$223:$B$255)))/IF(G22=0,1,G22)","v":0},{"$f":"(SUMPRODUCT((Planung!$AS$293:$AS$326=$B22)*(Planung!$AV$293:$AV$326)*(Planung!$B$293:$B$326))+SUMPRODUCT((Planung!$BA$293:$BA$326=$B22)*(Planung!$BD$293:$BD$326)*(Planung!$B$293:$B$326))+SUMPRODUCT((Planung!$BI$293:$BI$326=$B22)*(Planung!$BL$293:$BL$326)*(Planung!$B$293:$B$326))+SUMPRODUCT((Planung!$BQ$293:$BQ$326=$B22)*(Planung!$BT$293:$BT$326)*(Planung!$B$293:$B$326)))/IF(G22=0,1,G22)","v":0},{"$f":"(SUMPRODUCT((Planung!$AS$364:$AS$384=$B22)*(Planung!$AV$364:$AV$384)*(Planung!$B$364:$B$384))+SUMPRODUCT((Planung!$BA$364:$BA$384=$B22)*(Planung!$BD$364:$BD$384)*(Planung!$B$364:$B$384))+SUMPRODUCT((Planung!$BI$364:$BI$384=$B22)*(Planung!$BL$364:$BL$384)*(Planung!$B$364:$B$384))+SUMPRODUCT((Planung!$BQ$364:$BQ$384=$B22)*(Planung!$BT$364:$BT$384)*(Planung!$B$364:$B$384)))/IF(G22=0,1,G22)","v":0}]
[null,11327,null,null,null,null,null,null,null,null,null,null,null,null,{"$f":"N23*PreisDiesel","v":0},{"$f":"N23*AnteilOel*PreisOel","v":0},{"$f":"K23+L23+M23+O23+P23","v":0},null,null,null,null,null,{"$f":"IF(U23=0,0,(R23-S23)/U23)","v":0},{"$f":"IF(U23=0,0,V23/U23)","v":0},{"$f":"INDEX(AG23:AP23,AuslastSel)","v":0},{"$f":"IF(X23=0,0,Y23/X23)","v":0},{"$f":"IF(OR(U23=0,X23=0,Z23=0),0,IF(Z23>1,(R23-S23)/V23,((R23-S23)/U23)/Y23))","v":0},{"$f":"IF(OR(X23=0,Z23=0),0,((R23+S23)/2*Interest)/Y23)","v":0},{"$f":"IF(Y23=0,0,T23/Y23)","v":0},{"$f":"SUM(AA23:AC23)","v":0},{"$f":"AD23+Q23","v":0},null,{"$f":"$X23*AH23","v":0},0,null,{"$f":"IF($X23=0,0,AI23/$X23)","v":0},{"$f":"(SUMPRODUCT((Planung!$AS$8:$AS$42=$B23)*(Planung!$AV$8:$AV$42)*(Planung!$B$8:$B$42))+SUMPRODUCT((Planung!$BA$8:$BA$42=$B23)*(Planung!$BD$8:$BD$42)*(Planung!$B$8:$B$42))+SUMPRODUCT((Planung!$BI$8:$BI$42=$B23)*(Planung!$BL$8:$BL$42)*(Planung!$B$8:$B$42))+SUMPRODUCT((Planung!$BQ$8:$BQ$42=$B23)*(Planung!$BT$8:$BT$42)*(Planung!$B$8:$B$42)))/IF(E23=0,1,E23)","v":0},{"$f":"(SUMPRODUCT((Planung!$AS$79:$AS$114=$B23)*(Planung!$AV$79:$AV$114)*(Planung!$B$79:$B$114))+SUMPRODUCT((Planung!$BA$79:$BA$114=$B23)*(Planung!$BD$79:$BD$114)*(Planung!$B$79:$B$114))+SUMPRODUCT((Planung!$BI$79:$BI$114=$B23)*(Planung!$BL$79:$BL$114)*(Planung!$B$79:$B$114))+SUMPRODUCT((Planung!$BQ$79:$BQ$114=$B23)*(Planung!$BT$79:$BT$114)*(Planung!$B$79:$B$114)))/IF(F23=0,1,F23)","v":0},{"$f":"(SUMPRODUCT((Planung!$AS$151:$AS$185=$B23)*(Planung!$AV$151:$AV$185)*(Planung!$B$151:$B$185))+SUMPRODUCT((Planung!$BA$151:$BA$185=$B23)*(Planung!$BD$151:$BD$185)*(Planung!$B$151:$B$185))+SUMPRODUCT((Planung!$BI$151:$BI$185=$B23)*(Planung!$BL$151:$BL$185)*(Planung!$B$151:$B$185))+SUMPRODUCT((Planung!$BQ$151:$BQ$185=$B23)*(Planung!$BT$151:$BT$185)*(Planung!$B$151:$B$185)))/IF(G23=0,1,G23)","v":0},{"$f":"(SUMPRODUCT((Planung!$AS$223:$AS$255=$B23)*(Planung!$AV$223:$AV$255)*(Planung!$B$223:$B$255))+SUMPRODUCT((Planung!$BA$223:$BA$255=$B23)*(Planung!$BD$223:$BD$255)*(Planung!$B$223:$B$255))+SUMPRODUCT((Planung!$BI$223:$BI$255=$B23)*(Planung!$BL$223:$BL$255)*(Planung!$B$223:$B$255))+SUMPRODUCT((Planung!$BQ$223:$BQ$255=$B23)*(Planung!$BT$223:$BT$255)*(Planung!$B$223:$B$255)))/IF(G23=0,1,G23)","v":0},{"$f":"(SUMPRODUCT((Planung!$AS$293:$AS$326=$B23)*(Planung!$AV$293:$AV$326)*(Planung!$B$293:$B$326))+SUMPRODUCT((Planung!$BA$293:$BA$326=$B23)*(Planung!$BD$293:$BD$326)*(Planung!$B$293:$B$326))+SUMPRODUCT((Planung!$BI$293:$BI$326=$B23)*(Planung!$BL$293:$BL$326)*(Planung!$B$293:$B$326))+SUMPRODUCT((Planung!$BQ$293:$BQ$326=$B23)*(Planung!$BT$293:$BT$326)*(Planung!$B$293:$B$326)))/IF(G23=0,1,G23)","v":0},{"$f":"(SUMPRODUCT((Planung!$AS$364:$AS$384=$B23)*(Planung!$AV$364:$AV$384)*(Planung!$B$364:$B$384))+SUMPRODUCT((Planung!$BA$364:$BA$384=$B23)*(Planung!$BD$364:$BD$384)*(Planung!$B$364:$B$384))+SUMPRODUCT((Planung!$BI$364:$BI$384=$B23)*(Planung!$BL$364:$BL$384)*(Planung!$B$364:$B$384))+SUMPRODUCT((Planung!$BQ$364:$BQ$384=$B23)*(Planung!$BT$364:$BT$384)*(Planung!$B$364:$B$384)))/IF(G23=0,1,G23)","v":0}]
[null,11312,null,null,null,null,null,null,null,null,null,null,null,null,0,0,0,null,null,null,null,null,0,0,0,0,0,0,0,0,0,null,0,0,null,0,{"$f":"(SUMPRODUCT((Planung!$AS$8:$AS$42=$B24)*(Planung!$AV$8:$AV$42)*(Planung!$B$8:$B$42))+SUMPRODUCT((Planung!$BA$8:$BA$42=$B24)*(Planung!$BD$8:$BD$42)*(Planung!$B$8:$B$42))+SUMPRODUCT((Planung!$BI$8:$BI$42=$B24)*(Planung!$BL$8:$BL$42)*(Planung!$B$8:$B$42))+SUMPRODUCT((Planung!$BQ$8:$BQ$42=$B24)*(Planung!$BT$8:$BT$42)*(Planung!$B$8:$B$42)))/IF(E24=0,1,E24)","v":0},{"$f":"(SUMPRODUCT((Planung!$AS$79:$AS$114=$B24)*(Planung!$AV$79:$AV$114)*(Planung!$B$79:$B$114))+SUMPRODUCT((Planung!$BA$79:$BA$114=$B24)*(Planung!$BD$79:$BD$114)*(Planung!$B$79:$B$114))+SUMPRODUCT((Planung!$BI$79:$BI$114=$B24)*(Planung!$BL$79:$BL$114)*(Planung!$B$79:$B$114))+SUMPRODUCT((Planung!$BQ$79:$BQ$114=$B24)*(Planung!$BT$79:$BT$114)*(Planung!$B$79:$B$114)))/IF(F24=0,1,F24)","v":0},{"$f":"(SUMPRODUCT((Planung!$AS$151:$AS$185=$B24)*(Planung!$AV$151:$AV$185)*(Planung!$B$151:$B$185))+SUMPRODUCT((Planung!$BA$151:$BA$185=$B24)*(Planung!$BD$151:$BD$185)*(Planung!$B$151:$B$185))+SUMPRODUCT((Planung!$BI$151:$BI$185=$B24)*(Planung!$BL$151:$BL$185)*(Planung!$B$151:$B$185))+SUMPRODUCT((Planung!$BQ$151:$BQ$185=$B24)*(Planung!$BT$151:$BT$185)*(Planung!$B$151:$B$185)))/IF(G24=0,1,G24)","v":0},{"$f":"(SUMPRODUCT((Planung!$AS$223:$AS$255=$B24)*(Planung!$AV$223:$AV$255)*(Planung!$B$223:$B$255))+SUMPRODUCT((Planung!$BA$223:$BA$255=$B24)*(Planung!$BD$223:$BD$255)*(Planung!$B$223:$B$255))+SUMPRODUCT((Planung!$BI$223:$BI$255=$B24)*(Planung!$BL$223:$BL$255)*(Planung!$B$223:$B$255))+SUMPRODUCT((Planung!$BQ$223:$BQ$255=$B24)*(Planung!$BT$223:$BT$255)*(Planung!$B$223:$B$255)))/IF(G24=0,1,G24)","v":0},{"$f":"(SUMPRODUCT((Planung!$AS$293:$AS$326=$B24)*(Planung!$AV$293:$AV$326)*(Planung!$B$293:$B$326))+SUMPRODUCT((Planung!$BA$293:$BA$326=$B24)*(Planung!$BD$293:$BD$326)*(Planung!$B$293:$B$326))+SUMPRODUCT((Planung!$BI$293:$BI$326=$B24)*(Planung!$BL$293:$BL$326)*(Planung!$B$293:$B$326))+SUMPRODUCT((Planung!$BQ$293:$BQ$326=$B24)*(Planung!$BT$293:$BT$326)*(Planung!$B$293:$B$326)))/IF(G24=0,1,G24)","v":0},{"$f":"(SUMPRODUCT((Planung!$AS$364:$AS$384=$B24)*(Planung!$AV$364:$AV$384)*(Planung!$B$364:$B$384))+SUMPRODUCT((Planung!$BA$364:$BA$384=$B24)*(Planung!$BD$364:$BD$384)*(Planung!$B$364:$B$384))+SUMPRODUCT((Planung!$BI$364:$BI$384=$B24)*(Planung!$BL$364:$BL$384)*(Planung!$B$364:$B$384))+SUMPRODUCT((Planung!$BQ$364:$BQ$384=$B24)*(Planung!$BT$364:$BT$384)*(Planung!$B$364:$B$384)))/IF(G24=0,1,G24)","v":0}]
[null,11325,null,null,null,null,null,null,null,null,null,null,null,null,{"$f":"N25*PreisDiesel","v":0},{"$f":"N25*AnteilOel*PreisOel","v":0},{"$f":"K25+L25+M25+O25+P25","v":0},null,null,null,null,null,{"$f":"IF(U25=0,0,(R25-S25)/U25)","v":0},{"$f":"IF(U25=0,0,V25/U25)","v":0},{"$f":"INDEX(AG25:AP25,AuslastSel)","v":0},{"$f":"IF(X25=0,0,Y25/X25)","v":0},{"$f":"IF(OR(U25=0,X25=0,Z25=0),0,IF(Z25>1,(R25-S25)/V25,((R25-S25)/U25)/Y25))","v":0},{"$f":"IF(OR(X25=0,Z25=0),0,((R25+S25)/2*Interest)/Y25)","v":0},{"$f":"IF(Y25=0,0,T25/Y25)","v":0},{"$f":"SUM(AA25:AC25)","v":0},{"$f":"AD25+Q25","v":0},null,{"$f":"$X25*AH25","v":0},0,null,{"$f":"IF($X25=0,0,AI25/$X25)","v":0},{"$f":"(SUMPRODUCT((Planung!$AS$8:$AS$42=$B25)*(Planung!$AV$8:$AV$42)*(Planung!$B$8:$B$42))+SUMPRODUCT((Planung!$BA$8:$BA$42=$B25)*(Planung!$BD$8:$BD$42)*(Planung!$B$8:$B$42))+SUMPRODUCT((Planung!$BI$8:$BI$42=$B25)*(Planung!$BL$8:$BL$42)*(Planung!$B$8:$B$42))+SUMPRODUCT((Planung!$BQ$8:$BQ$42=$B25)*(Planung!$BT$8:$BT$42)*(Planung!$B$8:$B$42)))/IF(E25=0,1,E25)","v":0},{"$f":"(SUMPRODUCT((Planung!$AS$79:$AS$114=$B25)*(Planung!$AV$79:$AV$114)*(Planung!$B$79:$B$114))+SUMPRODUCT((Planung!$BA$79:$BA$114=$B25)*(Planung!$BD$79:$BD$114)*(Planung!$B$79:$B$114))+SUMPRODUCT((Planung!$BI$79:$BI$114=$B25)*(Planung!$BL$79:$BL$114)*(Planung!$B$79:$B$114))+SUMPRODUCT((Planung!$BQ$79:$BQ$114=$B25)*(Planung!$BT$79:$BT$114)*(Planung!$B$79:$B$114)))/IF(F25=0,1,F25)","v":0},{"$f":"(SUMPRODUCT((Planung!$AS$151:$AS$185=$B25)*(Planung!$AV$151:$AV$185)*(Planung!$B$151:$B$185))+SUMPRODUCT((Planung!$BA$151:$BA$185=$B25)*(Planung!$BD$151:$BD$185)*(Planung!$B$151:$B$185))+SUMPRODUCT((Planung!$BI$151:$BI$185=$B25)*(Planung!$BL$151:$BL$185)*(Planung!$B$151:$B$185))+SUMPRODUCT((Planung!$BQ$151:$BQ$185=$B25)*(Planung!$BT$151:$BT$185)*(Planung!$B$151:$B$185)))/IF(G25=0,1,G25)","v":0},{"$f":"(SUMPRODUCT((Planung!$AS$223:$AS$255=$B25)*(Planung!$AV$223:$AV$255)*(Planung!$B$223:$B$255))+SUMPRODUCT((Planung!$BA$223:$BA$255=$B25)*(Planung!$BD$223:$BD$255)*(Planung!$B$223:$B$255))+SUMPRODUCT((Planung!$BI$223:$BI$255=$B25)*(Planung!$BL$223:$BL$255)*(Planung!$B$223:$B$255))+SUMPRODUCT((Planung!$BQ$223:$BQ$255=$B25)*(Planung!$BT$223:$BT$255)*(Planung!$B$223:$B$255)))/IF(G25=0,1,G25)","v":0},{"$f":"(SUMPRODUCT((Planung!$AS$293:$AS$326=$B25)*(Planung!$AV$293:$AV$326)*(Planung!$B$293:$B$326))+SUMPRODUCT((Planung!$BA$293:$BA$326=$B25)*(Planung!$BD$293:$BD$326)*(Planung!$B$293:$B$326))+SUMPRODUCT((Planung!$BI$293:$BI$326=$B25)*(Planung!$BL$293:$BL$326)*(Planung!$B$293:$B$326))+SUMPRODUCT((Planung!$BQ$293:$BQ$326=$B25)*(Planung!$BT$293:$BT$326)*(Planung!$B$293:$B$326)))/IF(G25=0,1,G25)","v":0},{"$f":"(SUMPRODUCT((Planung!$AS$364:$AS$384=$B25)*(Planung!$AV$364:$AV$384)*(Planung!$B$364:$B$384))+SUMPRODUCT((Planung!$BA$364:$BA$384=$B25)*(Planung!$BD$364:$BD$384)*(Planung!$B$364:$B$384))+SUMPRODUCT((Planung!$BI$364:$BI$384=$B25)*(Planung!$BL$364:$BL$384)*(Planung!$B$364:$B$384))+SUMPRODUCT((Planung!$BQ$364:$BQ$384=$B25)*(Planung!$BT$364:$BT$384)*(Planung!$B$364:$B$384)))/IF(G25=0,1,G25)","v":0}]
[null,11326,null,null,null,null,null,null,null,null,null,null,null,null,{"$f":"N26*PreisDiesel","v":0},{"$f":"N26*AnteilOel*PreisOel","v":0},{"$f":"K26+L26+M26+O26+P26","v":0},null,null,null,null,null,{"$f":"IF(U26=0,0,(R26-S26)/U26)","v":0},{"$f":"IF(U26=0,0,V26/U26)","v":0},{"$f":"INDEX(AG26:AP26,AuslastSel)","v":0},{"$f":"IF(X26=0,0,Y26/X26)","v":0},{"$f":"IF(OR(U26=0,X26=0,Z26=0),0,IF(Z26>1,(R26-S26)/V26,((R26-S26)/U26)/Y26))","v":0},{"$f":"IF(OR(X26=0,Z26=0),0,((R26+S26)/2*Interest)/Y26)","v":0},{"$f":"IF(Y26=0,0,T26/Y26)","v":0},{"$f":"SUM(AA26:AC26)","v":0},{"$f":"AD26+Q26","v":0},null,{"$f":"$X26*AH26","v":0},0,null,{"$f":"IF($X26=0,0,AI26/$X26)","v":0},{"$f":"(SUMPRODUCT((Planung!$AS$8:$AS$42=$B26)*(Planung!$AV$8:$AV$42)*(Planung!$B$8:$B$42))+SUMPRODUCT((Planung!$BA$8:$BA$42=$B26)*(Planung!$BD$8:$BD$42)*(Planung!$B$8:$B$42))+SUMPRODUCT((Planung!$BI$8:$BI$42=$B26)*(Planung!$BL$8:$BL$42)*(Planung!$B$8:$B$42))+SUMPRODUCT((Planung!$BQ$8:$BQ$42=$B26)*(Planung!$BT$8:$BT$42)*(Planung!$B$8:$B$42)))/IF(E26=0,1,E26)","v":0},{"$f":"(SUMPRODUCT((Planung!$AS$79:$AS$114=$B26)*(Planung!$AV$79:$AV$114)*(Planung!$B$79:$B$114))+SUMPRODUCT((Planung!$BA$79:$BA$114=$B26)*(Planung!$BD$79:$BD$114)*(Planung!$B$79:$B$114))+SUMPRODUCT((Planung!$BI$79:$BI$114=$B26)*(Planung!$BL$79:$BL$114)*(Planung!$B$79:$B$114))+SUMPRODUCT((Planung!$BQ$79:$BQ$114=$B26)*(Planung!$BT$79:$BT$114)*(Planung!$B$79:$B$114)))/IF(F26=0,1,F26)","v":0},{"$f":"(SUMPRODUCT((Planung!$AS$151:$AS$185=$B26)*(Planung!$AV$151:$AV$185)*(Planung!$B$151:$B$185))+SUMPRODUCT((Planung!$BA$151:$BA$185=$B26)*(Planung!$BD$151:$BD$185)*(Planung!$B$151:$B$185))+SUMPRODUCT((Planung!$BI$151:$BI$185=$B26)*(Planung!$BL$151:$BL$185)*(Planung!$B$151:$B$185))+SUMPRODUCT((Planung!$BQ$151:$BQ$185=$B26)*(Planung!$BT$151:$BT$185)*(Planung!$B$151:$B$185)))/IF(G26=0,1,G26)","v":0},{"$f":"(SUMPRODUCT((Planung!$AS$223:$AS$255=$B26)*(Planung!$AV$223:$AV$255)*(Planung!$B$223:$B$255))+SUMPRODUCT((Planung!$BA$223:$BA$255=$B26)*(Planung!$BD$223:$BD$255)*(Planung!$B$223:$B$255))+SUMPRODUCT((Planung!$BI$223:$BI$255=$B26)*(Planung!$BL$223:$BL$255)*(Planung!$B$223:$B$255))+SUMPRODUCT((Planung!$BQ$223:$BQ$255=$B26)*(Planung!$BT$223:$BT$255)*(Planung!$B$223:$B$255)))/IF(G26=0,1,G26)","v":0},{"$f":"(SUMPRODUCT((Planung!$AS$293:$AS$326=$B26)*(Planung!$AV$293:$AV$326)*(Planung!$B$293:$B$326))+SUMPRODUCT((Planung!$BA$293:$BA$326=$B26)*(Planung!$BD$293:$BD$326)*(Planung!$B$293:$B$326))+SUMPRODUCT((Planung!$BI$293:$BI$326=$B26)*(Planung!$BL$293:$BL$326)*(Planung!$B$293:$B$326))+SUMPRODUCT((Planung!$BQ$293:$BQ$326=$B26)*(Planung!$BT$293:$BT$326)*(Planung!$B$293:$B$326)))/IF(G26=0,1,G26)","v":0},{"$f":"(SUMPRODUCT((Planung!$AS$364:$AS$384=$B26)*(Planung!$AV$364:$AV$384)*(Planung!$B$364:$B$384))+SUMPRODUCT((Planung!$BA$364:$BA$384=$B26)*(Planung!$BD$364:$BD$384)*(Planung!$B$364:$B$384))+SUMPRODUCT((Planung!$BI$364:$BI$384=$B26)*(Planung!$BL$364:$BL$384)*(Planung!$B$364:$B$384))+SUMPRODUCT((Planung!$BQ$364:$BQ$384=$B26)*(Planung!$BT$364:$BT$384)*(Planung!$B$364:$B$384)))/IF(G26=0,1,G26)","v":0}]
[null,11324,null,null,null,null,null,null,null,null,null,null,null,null,{"$f":"N27*PreisDiesel","v":0},{"$f":"N27*AnteilOel*PreisOel","v":0},{"$f":"K27+L27+M27+O27+P27","v":0},null,null,null,null,null,{"$f":"IF(U27=0,0,(R27-S27)/U27)","v":0},{"$f":"IF(U27=0,0,V27/U27)","v":0},{"$f":"INDEX(AG27:AP27,AuslastSel)","v":0},{"$f":"IF(X27=0,0,Y27/X27)","v":0},{"$f":"IF(OR(U27=0,X27=0,Z27=0),0,IF(Z27>1,(R27-S27)/V27,((R27-S27)/U27)/Y27))","v":0},{"$f":"IF(OR(X27=0,Z27=0),0,((R27+S27)/2*Interest)/Y27)","v":0},{"$f":"IF(Y27=0,0,T27/Y27)","v":0},{"$f":"SUM(AA27:AC27)","v":0},{"$f":"AD27+Q27","v":0},null,{"$f":"$X27*AH27","v":0},0,null,{"$f":"IF($X27=0,0,AI27/$X27)","v":0},{"$f":"(SUMPRODUCT((Planung!$AS$8:$AS$42=$B27)*(Planung!$AV$8:$AV$42)*(Planung!$B$8:$B$42))+SUMPRODUCT((Planung!$BA$8:$BA$42=$B27)*(Planung!$BD$8:$BD$42)*(Planung!$B$8:$B$42))+SUMPRODUCT((Planung!$BI$8:$BI$42=$B27)*(Planung!$BL$8:$BL$42)*(Planung!$B$8:$B$42))+SUMPRODUCT((Planung!$BQ$8:$BQ$42=$B27)*(Planung!$BT$8:$BT$42)*(Planung!$B$8:$B$42)))/IF(E27=0,1,E27)","v":0},{"$f":"(SUMPRODUCT((Planung!$AS$79:$AS$114=$B27)*(Planung!$AV$79:$AV$114)*(Planung!$B$79:$B$114))+SUMPRODUCT((Planung!$BA$79:$BA$114=$B27)*(Planung!$BD$79:$BD$114)*(Planung!$B$79:$B$114))+SUMPRODUCT((Planung!$BI$79:$BI$114=$B27)*(Planung!$BL$79:$BL$114)*(Planung!$B$79:$B$114))+SUMPRODUCT((Planung!$BQ$79:$BQ$114=$B27)*(Planung!$BT$79:$BT$114)*(Planung!$B$79:$B$114)))/IF(F27=0,1,F27)","v":0},{"$f":"(SUMPRODUCT((Planung!$AS$151:$AS$185=$B27)*(Planung!$AV$151:$AV$185)*(Planung!$B$151:$B$185))+SUMPRODUCT((Planung!$BA$151:$BA$185=$B27)*(Planung!$BD$151:$BD$185)*(Planung!$B$151:$B$185))+SUMPRODUCT((Planung!$BI$151:$BI$185=$B27)*(Planung!$BL$151:$BL$185)*(Planung!$B$151:$B$185))+SUMPRODUCT((Planung!$BQ$151:$BQ$185=$B27)*(Planung!$BT$151:$BT$185)*(Planung!$B$151:$B$185)))/IF(G27=0,1,G27)","v":0},{"$f":"(SUMPRODUCT((Planung!$AS$223:$AS$255=$B27)*(Planung!$AV$223:$AV$255)*(Planung!$B$223:$B$255))+SUMPRODUCT((Planung!$BA$223:$BA$255=$B27)*(Planung!$BD$223:$BD$255)*(Planung!$B$223:$B$255))+SUMPRODUCT((Planung!$BI$223:$BI$255=$B27)*(Planung!$BL$223:$BL$255)*(Planung!$B$223:$B$255))+SUMPRODUCT((Planung!$BQ$223:$BQ$255=$B27)*(Planung!$BT$223:$BT$255)*(Planung!$B$223:$B$255)))/IF(G27=0,1,G27)","v":0},{"$f":"(SUMPRODUCT((Planung!$AS$293:$AS$326=$B27)*(Planung!$AV$293:$AV$326)*(Planung!$B$293:$B$326))+SUMPRODUCT((Planung!$BA$293:$BA$326=$B27)*(Planung!$BD$293:$BD$326)*(Planung!$B$293:$B$326))+SUMPRODUCT((Planung!$BI$293:$BI$326=$B27)*(Planung!$BL$293:$BL$326)*(Planung!$B$293:$B$326))+SUMPRODUCT((Planung!$BQ$293:$BQ$326=$B27)*(Planung!$BT$293:$BT$326)*(Planung!$B$293:$B$326)))/IF(G27=0,1,G27)","v":0},{"$f":"(SUMPRODUCT((Planung!$AS$364:$AS$384=$B27)*(Planung!$AV$364:$AV$384)*(Planung!$B$364:$B$384))+SUMPRODUCT((Planung!$BA$364:$BA$384=$B27)*(Planung!$BD$364:$BD$384)*(Planung!$B$364:$B$384))+SUMPRODUCT((Planung!$BI$364:$BI$384=$B27)*(Planung!$BL$364:$BL$384)*(Planung!$B$364:$B$384))+SUMPRODUCT((Planung!$BQ$364:$BQ$384=$B27)*(Planung!$BT$364:$BT$384)*(Planung!$B$364:$B$384)))/IF(G27=0,1,G27)","v":0}]
[null,11313,null,null,null,null,null,null,null,null,null,null,null,null,0,0,0,null,null,null,null,null,0,0,0,0,0,0,0,{"$f":"SUM(AA28:AC28)","v":0},0,null,0,0,null,0,{"$f":"(SUMPRODUCT((Planung!$AS$8:$AS$42=$B28)*(Planung!$AV$8:$AV$42)*(Planung!$B$8:$B$42))+SUMPRODUCT((Planung!$BA$8:$BA$42=$B28)*(Planung!$BD$8:$BD$42)*(Planung!$B$8:$B$42))+SUMPRODUCT((Planung!$BI$8:$BI$42=$B28)*(Planung!$BL$8:$BL$42)*(Planung!$B$8:$B$42))+SUMPRODUCT((Planung!$BQ$8:$BQ$42=$B28)*(Planung!$BT$8:$BT$42)*(Planung!$B$8:$B$42)))/IF(E28=0,1,E28)","v":0},{"$f":"(SUMPRODUCT((Planung!$AS$79:$AS$114=$B28)*(Planung!$AV$79:$AV$114)*(Planung!$B$79:$B$114))+SUMPRODUCT((Planung!$BA$79:$BA$114=$B28)*(Planung!$BD$79:$BD$114)*(Planung!$B$79:$B$114))+SUMPRODUCT((Planung!$BI$79:$BI$114=$B28)*(Planung!$BL$79:$BL$114)*(Planung!$B$79:$B$114))+SUMPRODUCT((Planung!$BQ$79:$BQ$114=$B28)*(Planung!$BT$79:$BT$114)*(Planung!$B$79:$B$114)))/IF(F28=0,1,F28)","v":0},{"$f":"(SUMPRODUCT((Planung!$AS$151:$AS$185=$B28)*(Planung!$AV$151:$AV$185)*(Planung!$B$151:$B$185))+SUMPRODUCT((Planung!$BA$151:$BA$185=$B28)*(Planung!$BD$151:$BD$185)*(Planung!$B$151:$B$185))+SUMPRODUCT((Planung!$BI$151:$BI$185=$B28)*(Planung!$BL$151:$BL$185)*(Planung!$B$151:$B$185))+SUMPRODUCT((Planung!$BQ$151:$BQ$185=$B28)*(Planung!$BT$151:$BT$185)*(Planung!$B$151:$B$185)))/IF(G28=0,1,G28)","v":0},{"$f":"(SUMPRODUCT((Planung!$AS$223:$AS$255=$B28)*(Planung!$AV$223:$AV$255)*(Planung!$B$223:$B$255))+SUMPRODUCT((Planung!$BA$223:$BA$255=$B28)*(Planung!$BD$223:$BD$255)*(Planung!$B$223:$B$255))+SUMPRODUCT((Planung!$BI$223:$BI$255=$B28)*(Planung!$BL$223:$BL$255)*(Planung!$B$223:$B$255))+SUMPRODUCT((Planung!$BQ$223:$BQ$255=$B28)*(Planung!$BT$223:$BT$255)*(Planung!$B$223:$B$255)))/IF(G28=0,1,G28)","v":0},{"$f":"(SUMPRODUCT((Planung!$AS$293:$AS$326=$B28)*(Planung!$AV$293:$AV$326)*(Planung!$B$293:$B$326))+SUMPRODUCT((Planung!$BA$293:$BA$326=$B28)*(Planung!$BD$293:$BD$326)*(Planung!$B$293:$B$326))+SUMPRODUCT((Planung!$BI$293:$BI$326=$B28)*(Planung!$BL$293:$BL$326)*(Planung!$B$293:$B$326))+SUMPRODUCT((Planung!$BQ$293:$BQ$326=$B28)*(Planung!$BT$293:$BT$326)*(Planung!$B$293:$B$326)))/IF(G28=0,1,G28)","v":0},{"$f":"(SUMPRODUCT((Planung!$AS$364:$AS$384=$B28)*(Planung!$AV$364:$AV$384)*(Planung!$B$364:$B$384))+SUMPRODUCT((Planung!$BA$364:$BA$384=$B28)*(Planung!$BD$364:$BD$384)*(Planung!$B$364:$B$384))+SUMPRODUCT((Planung!$BI$364:$BI$384=$B28)*(Planung!$BL$364:$BL$384)*(Planung!$B$364:$B$384))+SUMPRODUCT((Planung!$BQ$364:$BQ$384=$B28)*(Planung!$BT$364:$BT$384)*(Planung!$B$364:$B$384)))/IF(G28=0,1,G28)","v":0}]
[null,11314,null,null,null,null,null,null,null,null,null,null,null,null,0,0,0,null,null,null,null,null,0,0,0,0,0,0,0,0,0,null,0,0,null,0,{"$f":"(SUMPRODUCT((Planung!$AS$8:$AS$42=$B29)*(Planung!$AV$8:$AV$42)*(Planung!$B$8:$B$42))+SUMPRODUCT((Planung!$BA$8:$BA$42=$B29)*(Planung!$BD$8:$BD$42)*(Planung!$B$8:$B$42))+SUMPRODUCT((Planung!$BI$8:$BI$42=$B29)*(Planung!$BL$8:$BL$42)*(Planung!$B$8:$B$42))+SUMPRODUCT((Planung!$BQ$8:$BQ$42=$B29)*(Planung!$BT$8:$BT$42)*(Planung!$B$8:$B$42)))/IF(E29=0,1,E29)","v":0},{"$f":"(SUMPRODUCT((Planung!$AS$79:$AS$114=$B29)*(Planung!$AV$79:$AV$114)*(Planung!$B$79:$B$114))+SUMPRODUCT((Planung!$BA$79:$BA$114=$B29)*(Planung!$BD$79:$BD$114)*(Planung!$B$79:$B$114))+SUMPRODUCT((Planung!$BI$79:$BI$114=$B29)*(Planung!$BL$79:$BL$114)*(Planung!$B$79:$B$114))+SUMPRODUCT((Planung!$BQ$79:$BQ$114=$B29)*(Planung!$BT$79:$BT$114)*(Planung!$B$79:$B$114)))/IF(F29=0,1,F29)","v":0},{"$f":"(SUMPRODUCT((Planung!$AS$151:$AS$185=$B29)*(Planung!$AV$151:$AV$185)*(Planung!$B$151:$B$185))+SUMPRODUCT((Planung!$BA$151:$BA$185=$B29)*(Planung!$BD$151:$BD$185)*(Planung!$B$151:$B$185))+SUMPRODUCT((Planung!$BI$151:$BI$185=$B29)*(Planung!$BL$151:$BL$185)*(Planung!$B$151:$B$185))+SUMPRODUCT((Planung!$BQ$151:$BQ$185=$B29)*(Planung!$BT$151:$BT$185)*(Planung!$B$151:$B$185)))/IF(G29=0,1,G29)","v":0},{"$f":"(SUMPRODUCT((Planung!$AS$223:$AS$255=$B29)*(Planung!$AV$223:$AV$255)*(Planung!$B$223:$B$255))+SUMPRODUCT((Planung!$BA$223:$BA$255=$B29)*(Planung!$BD$223:$BD$255)*(Planung!$B$223:$B$255))+SUMPRODUCT((Planung!$BI$223:$BI$255=$B29)*(Planung!$BL$223:$BL$255)*(Planung!$B$223:$B$255))+SUMPRODUCT((Planung!$BQ$223:$BQ$255=$B29)*(Planung!$BT$223:$BT$255)*(Planung!$B$223:$B$255)))/IF(G29=0,1,G29)","v":0},{"$f":"(SUMPRODUCT((Planung!$AS$293:$AS$326=$B29)*(Planung!$AV$293:$AV$326)*(Planung!$B$293:$B$326))+SUMPRODUCT((Planung!$BA$293:$BA$326=$B29)*(Planung!$BD$293:$BD$326)*(Planung!$B$293:$B$326))+SUMPRODUCT((Planung!$BI$293:$BI$326=$B29)*(Planung!$BL$293:$BL$326)*(Planung!$B$293:$B$326))+SUMPRODUCT((Planung!$BQ$293:$BQ$326=$B29)*(Planung!$BT$293:$BT$326)*(Planung!$B$293:$B$326)))/IF(G29=0,1,G29)","v":0},{"$f":"(SUMPRODUCT((Planung!$AS$364:$AS$384=$B29)*(Planung!$AV$364:$AV$384)*(Planung!$B$364:$B$384))+SUMPRODUCT((Planung!$BA$364:$BA$384=$B29)*(Planung!$BD$364:$BD$384)*(Planung!$B$364:$B$384))+SUMPRODUCT((Planung!$BI$364:$BI$384=$B29)*(Planung!$BL$364:$BL$384)*(Planung!$B$364:$B$384))+SUMPRODUCT((Planung!$BQ$364:$BQ$384=$B29)*(Planung!$BT$364:$BT$384)*(Planung!$B$364:$B$384)))/IF(G29=0,1,G29)","v":0}]
[null,11316,null,null,null,null,null,null,null,null,null,null,null,null,{"$f":"N30*PreisDiesel","v":0},{"$f":"N30*AnteilOel*PreisOel","v":0},0,null,null,null,null,null,{"$f":"IF(U30=0,0,(R30-S30)/U30)","v":0},{"$f":"IF(U30=0,0,V30/U30)","v":0},{"$f":"INDEX(AG30:AP30,AuslastSel)","v":0},{"$f":"IF(X30=0,0,Y30/X30)","v":0},{"$f":"IF(OR(U30=0,X30=0,Z30=0),0,IF(Z30>1,(R30-S30)/V30,((R30-S30)/U30)/Y30))","v":0},{"$f":"IF(OR(X30=0,Z30=0),0,((R30+S30)/2*Interest)/Y30)","v":0},{"$f":"IF(Y30=0,0,T30/Y30)","v":0},{"$f":"SUM(AA30:AC30)","v":0},{"$f":"AD30+Q30","v":0},null,{"$f":"$X30*AH30","v":0},0,null,{"$f":"IF($X30=0,0,AI30/$X30)","v":0},{"$f":"(SUMPRODUCT((Planung!$AS$8:$AS$42=$B30)*(Planung!$AV$8:$AV$42)*(Planung!$B$8:$B$42))+SUMPRODUCT((Planung!$BA$8:$BA$42=$B30)*(Planung!$BD$8:$BD$42)*(Planung!$B$8:$B$42))+SUMPRODUCT((Planung!$BI$8:$BI$42=$B30)*(Planung!$BL$8:$BL$42)*(Planung!$B$8:$B$42))+SUMPRODUCT((Planung!$BQ$8:$BQ$42=$B30)*(Planung!$BT$8:$BT$42)*(Planung!$B$8:$B$42)))/IF(E30=0,1,E30)","v":0},{"$f":"(SUMPRODUCT((Planung!$AS$79:$AS$114=$B30)*(Planung!$AV$79:$AV$114)*(Planung!$B$79:$B$114))+SUMPRODUCT((Planung!$BA$79:$BA$114=$B30)*(Planung!$BD$79:$BD$114)*(Planung!$B$79:$B$114))+SUMPRODUCT((Planung!$BI$79:$BI$114=$B30)*(Planung!$BL$79:$BL$114)*(Planung!$B$79:$B$114))+SUMPRODUCT((Planung!$BQ$79:$BQ$114=$B30)*(Planung!$BT$79:$BT$114)*(Planung!$B$79:$B$114)))/IF(F30=0,1,F30)","v":0},{"$f":"(SUMPRODUCT((Planung!$AS$151:$AS$185=$B30)*(Planung!$AV$151:$AV$185)*(Planung!$B$151:$B$185))+SUMPRODUCT((Planung!$BA$151:$BA$185=$B30)*(Planung!$BD$151:$BD$185)*(Planung!$B$151:$B$185))+SUMPRODUCT((Planung!$BI$151:$BI$185=$B30)*(Planung!$BL$151:$BL$185)*(Planung!$B$151:$B$185))+SUMPRODUCT((Planung!$BQ$151:$BQ$185=$B30)*(Planung!$BT$151:$BT$185)*(Planung!$B$151:$B$185)))/IF(G30=0,1,G30)","v":0},{"$f":"(SUMPRODUCT((Planung!$AS$223:$AS$255=$B30)*(Planung!$AV$223:$AV$255)*(Planung!$B$223:$B$255))+SUMPRODUCT((Planung!$BA$223:$BA$255=$B30)*(Planung!$BD$223:$BD$255)*(Planung!$B$223:$B$255))+SUMPRODUCT((Planung!$BI$223:$BI$255=$B30)*(Planung!$BL$223:$BL$255)*(Planung!$B$223:$B$255))+SUMPRODUCT((Planung!$BQ$223:$BQ$255=$B30)*(Planung!$BT$223:$BT$255)*(Planung!$B$223:$B$255)))/IF(G30=0,1,G30)","v":0},{"$f":"(SUMPRODUCT((Planung!$AS$293:$AS$326=$B30)*(Planung!$AV$293:$AV$326)*(Planung!$B$293:$B$326))+SUMPRODUCT((Planung!$BA$293:$BA$326=$B30)*(Planung!$BD$293:$BD$326)*(Planung!$B$293:$B$326))+SUMPRODUCT((Planung!$BI$293:$BI$326=$B30)*(Planung!$BL$293:$BL$326)*(Planung!$B$293:$B$326))+SUMPRODUCT((Planung!$BQ$293:$BQ$326=$B30)*(Planung!$BT$293:$BT$326)*(Planung!$B$293:$B$326)))/IF(G30=0,1,G30)","v":0},{"$f":"(SUMPRODUCT((Planung!$AS$364:$AS$384=$B30)*(Planung!$AV$364:$AV$384)*(Planung!$B$364:$B$384))+SUMPRODUCT((Planung!$BA$364:$BA$384=$B30)*(Planung!$BD$364:$BD$384)*(Planung!$B$364:$B$384))+SUMPRODUCT((Planung!$BI$364:$BI$384=$B30)*(Planung!$BL$364:$BL$384)*(Planung!$B$364:$B$384))+SUMPRODUCT((Planung!$BQ$364:$BQ$384=$B30)*(Planung!$BT$364:$BT$384)*(Planung!$B$364:$B$384)))/IF(G30=0,1,G30)","v":0}]
[null,11315,"*Feldhäcksler 400kW","h",2,2,2,2,2,2,32,null,null,58,55.099999999999994,1.6819999999999999,88.781999999999996,280000,56000,100,10,3000,22400,300,0,0,0,0,0,0,88.781999999999996,null,240,0.8,null,0,{"$f":"(SUMPRODUCT((Planung!$AS$8:$AS$42=$B31)*(Planung!$AV$8:$AV$42)*(Planung!$B$8:$B$42))+SUMPRODUCT((Planung!$BA$8:$BA$42=$B31)*(Planung!$BD$8:$BD$42)*(Planung!$B$8:$B$42))+SUMPRODUCT((Planung!$BI$8:$BI$42=$B31)*(Planung!$BL$8:$BL$42)*(Planung!$B$8:$B$42))+SUMPRODUCT((Planung!$BQ$8:$BQ$42=$B31)*(Planung!$BT$8:$BT$42)*(Planung!$B$8:$B$42)))/IF(E31=0,1,E31)","v":0},{"$f":"(SUMPRODUCT((Planung!$AS$79:$AS$114=$B31)*(Planung!$AV$79:$AV$114)*(Planung!$B$79:$B$114))+SUMPRODUCT((Planung!$BA$79:$BA$114=$B31)*(Planung!$BD$79:$BD$114)*(Planung!$B$79:$B$114))+SUMPRODUCT((Planung!$BI$79:$BI$114=$B31)*(Planung!$BL$79:$BL$114)*(Planung!$B$79:$B$114))+SUMPRODUCT((Planung!$BQ$79:$BQ$114=$B31)*(Planung!$BT$79:$BT$114)*(Planung!$B$79:$B$114)))/IF(F31=0,1,F31)","v":0},{"$f":"(SUMPRODUCT((Planung!$AS$151:$AS$185=$B31)*(Planung!$AV$151:$AV$185)*(Planung!$B$151:$B$185))+SUMPRODUCT((Planung!$BA$151:$BA$185=$B31)*(Planung!$BD$151:$BD$185)*(Planung!$B$151:$B$185))+SUMPRODUCT((Planung!$BI$151:$BI$185=$B31)*(Planung!$BL$151:$BL$185)*(Planung!$B$151:$B$185))+SUMPRODUCT((Planung!$BQ$151:$BQ$185=$B31)*(Planung!$BT$151:$BT$185)*(Planung!$B$151:$B$185)))/IF(G31=0,1,G31)","v":0},{"$f":"(SUMPRODUCT((Planung!$AS$223:$AS$255=$B31)*(Planung!$AV$223:$AV$255)*(Planung!$B$223:$B$255))+SUMPRODUCT((Planung!$BA$223:$BA$255=$B31)*(Planung!$BD$223:$BD$255)*(Planung!$B$223:$B$255))+SUMPRODUCT((Planung!$BI$223:$BI$255=$B31)*(Planung!$BL$223:$BL$255)*(Planung!$B$223:$B$255))+SUMPRODUCT((Planung!$BQ$223:$BQ$255=$B31)*(Planung!$BT$223:$BT$255)*(Planung!$B$223:$B$255)))/IF(G31=0,1,G31)","v":0},{"$f":"(SUMPRODUCT((Planung!$AS$293:$AS$326=$B31)*(Planung!$AV$293:$AV$326)*(Planung!$B$293:$B$326))+SUMPRODUCT((Planung!$BA$293:$BA$326=$B31)*(Planung!$BD$293:$BD$326)*(Planung!$B$293:$B$326))+SUMPRODUCT((Planung!$BI$293:$BI$326=$B31)*(Planung!$BL$293:$BL$326)*(Planung!$B$293:$B$326))+SUMPRODUCT((Planung!$BQ$293:$BQ$326=$B31)*(Planung!$BT$293:$BT$326)*(Planung!$B$293:$B$326)))/IF(G31=0,1,G31)","v":0},{"$f":"(SUMPRODUCT((Planung!$AS$364:$AS$384=$B31)*(Planung!$AV$364:$AV$384)*(Planung!$B$364:$B$384))+SUMPRODUCT((Planung!$BA$364:$BA$384=$B31)*(Planung!$BD$364:$BD$384)*(Planung!$B$364:$B$384))+SUMPRODUCT((Planung!$BI$364:$BI$384=$B31)*(Planung!$BL$364:$BL$384)*(Planung!$B$364:$B$384))+SUMPRODUCT((Planung!$BQ$364:$BQ$384=$B31)*(Planung!$BT$364:$BT$384)*(Planung!$B$364:$B$384)))/IF(G31=0,1,G31)","v":0},null,null,null,null,null,null,null,null,{"$f":"5*18","v":90},{"$f":"5*18","v":90},{"$f":"7*18","v":126},126,126,126,126,126,126,{"$f":"11*18","v":198},{"$f":"11*18","v":198},{"$f":"11*18","v":198},{"$f":"11*18","v":198}]
[null,11320,"*Feldhäcksler Straßenfahrt","h",null,null,null,null,null,null,10,null,null,25,{"$f":"N32*PreisDiesel","v":23.75},{"$f":"N32*AnteilOel*PreisOel","v":0.72499999999999998},34.475000000000001,null,null,null,null,null,{"$f":"IF(U32=0,0,(R32-S32)/U32)","v":0},{"$f":"IF(U32=0,0,V32/U32)","v":0},{"$f":"INDEX(AG32:AP32,AuslastSel)","v":0},{"$f":"IF(X32=0,0,Y32/X32)","v":0},{"$f":"IF(OR(U32=0,X32=0,Z32=0),0,IF(Z32>1,(R32-S32)/V32,((R32-S32)/U32)/Y32))","v":0},{"$f":"IF(OR(X32=0,Z32=0),0,((R32+S32)/2*Interest)/Y32)","v":0},{"$f":"IF(Y32=0,0,T32/Y32)","v":0},{"$f":"SUM(AA32:AC32)","v":0},{"$f":"AD32+Q32","v":34.475000000000001},null,{"$f":"$X32*AH32","v":0},0,null,{"$f":"IF($X32=0,0,AI32/$X32)","v":0},{"$f":"(SUMPRODUCT((Planung!$AS$8:$AS$42=$B32)*(Planung!$AV$8:$AV$42)*(Planung!$B$8:$B$42))+SUMPRODUCT((Planung!$BA$8:$BA$42=$B32)*(Planung!$BD$8:$BD$42)*(Planung!$B$8:$B$42))+SUMPRODUCT((Planung!$BI$8:$BI$42=$B32)*(Planung!$BL$8:$BL$42)*(Planung!$B$8:$B$42))+SUMPRODUCT((Planung!$BQ$8:$BQ$42=$B32)*(Planung!$BT$8:$BT$42)*(Planung!$B$8:$B$42)))/IF(E32=0,1,E32)","v":0},{"$f":"(SUMPRODUCT((Planung!$AS$79:$AS$114=$B32)*(Planung!$AV$79:$AV$114)*(Planung!$B$79:$B$114))+SUMPRODUCT((Planung!$BA$79:$BA$114=$B32)*(Planung!$BD$79:$BD$114)*(Planung!$B$79:$B$114))+SUMPRODUCT((Planung!$BI$79:$BI$114=$B32)*(Planung!$BL$79:$BL$114)*(Planung!$B$79:$B$114))+SUMPRODUCT((Planung!$BQ$79:$BQ$114=$B32)*(Planung!$BT$79:$BT$114)*(Planung!$B$79:$B$114)))/IF(F32=0,1,F32)","v":0},{"$f":"(SUMPRODUCT((Planung!$AS$151:$AS$185=$B32)*(Planung!$AV$151:$AV$185)*(Planung!$B$151:$B$185))+SUMPRODUCT((Planung!$BA$151:$BA$185=$B32)*(Planung!$BD$151:$BD$185)*(Planung!$B$151:$B$185))+SUMPRODUCT((Planung!$BI$151:$BI$185=$B32)*(Planung!$BL$151:$BL$185)*(Planung!$B$151:$B$185))+SUMPRODUCT((Planung!$BQ$151:$BQ$185=$B32)*(Planung!$BT$151:$BT$185)*(Planung!$B$151:$B$185)))/IF(G32=0,1,G32)","v":0},{"$f":"(SUMPRODUCT((Planung!$AS$223:$AS$255=$B32)*(Planung!$AV$223:$AV$255)*(Planung!$B$223:$B$255))+SUMPRODUCT((Planung!$BA$223:$BA$255=$B32)*(Planung!$BD$223:$BD$255)*(Planung!$B$223:$B$255))+SUMPRODUCT((Planung!$BI$223:$BI$255=$B32)*(Planung!$BL$223:$BL$255)*(Planung!$B$223:$B$255))+SUMPRODUCT((Planung!$BQ$223:$BQ$255=$B32)*(Planung!$BT$223:$BT$255)*(Planung!$B$223:$B$255)))/IF(G32=0,1,G32)","v":0},{"$f":"(SUMPRODUCT((Planung!$AS$293:$AS$326=$B32)*(Planung!$AV$293:$AV$326)*(Planung!$B$293:$B$326))+SUMPRODUCT((Planung!$BA$293:$BA$326=$B32)*(Planung!$BD$293:$BD$326)*(Planung!$B$293:$B$326))+SUMPRODUCT((Planung!$BI$293:$BI$326=$B32)*(Planung!$BL$293:$BL$326)*(Planung!$B$293:$B$326))+SUMPRODUCT((Planung!$BQ$293:$BQ$326=$B32)*(Planung!$BT$293:$BT$326)*(Planung!$B$293:$B$326)))/IF(G32=0,1,G32)","v":0},{"$f":"(SUMPRODUCT((Planung!$AS$364:$AS$384=$B32)*(Planung!$AV$364:$AV$384)*(Planung!$B$364:$B$384))+SUMPRODUCT((Planung!$BA$364:$BA$384=$B32)*(Planung!$BD$364:$BD$384)*(Planung!$B$364:$B$384))+SUMPRODUCT((Planung!$BI$364:$BI$384=$B32)*(Planung!$BL$364:$BL$384)*(Planung!$B$364:$B$384))+SUMPRODUCT((Planung!$BQ$364:$BQ$384=$B32)*(Planung!$BT$364:$BT$384)*(Planung!$B$364:$B$384)))/IF(G32=0,1,G32)","v":0}]
[null,11317,"*Maisgebiss 8-reihig","ha",1,1,1,1,1,1,10,null,null,null,0,0,10,65000,13000,null,8,2500,6500,312.5,0,0,0,0,0,0,10,null,250,0.8,null,0,{"$f":"(SUMPRODUCT((Planung!$AS$8:$AS$42=$B33)*(Planung!$AV$8:$AV$42)*(Planung!$B$8:$B$42))+SUMPRODUCT((Planung!$BA$8:$BA$42=$B33)*(Planung!$BD$8:$BD$42)*(Planung!$B$8:$B$42))+SUMPRODUCT((Planung!$BI$8:$BI$42=$B33)*(Planung!$BL$8:$BL$42)*(Planung!$B$8:$B$42))+SUMPRODUCT((Planung!$BQ$8:$BQ$42=$B33)*(Planung!$BT$8:$BT$42)*(Planung!$B$8:$B$42)))/IF(E33=0,1,E33)","v":0},{"$f":"(SUMPRODUCT((Planung!$AS$79:$AS$114=$B33)*(Planung!$AV$79:$AV$114)*(Planung!$B$79:$B$114))+SUMPRODUCT((Planung!$BA$79:$BA$114=$B33)*(Planung!$BD$79:$BD$114)*(Planung!$B$79:$B$114))+SUMPRODUCT((Planung!$BI$79:$BI$114=$B33)*(Planung!$BL$79:$BL$114)*(Planung!$B$79:$B$114))+SUMPRODUCT((Planung!$BQ$79:$BQ$114=$B33)*(Planung!$BT$79:$BT$114)*(Planung!$B$79:$B$114)))/IF(F33=0,1,F33)","v":0},{"$f":"(SUMPRODUCT((Planung!$AS$151:$AS$185=$B33)*(Planung!$AV$151:$AV$185)*(Planung!$B$151:$B$185))+SUMPRODUCT((Planung!$BA$151:$BA$185=$B33)*(Planung!$BD$151:$BD$185)*(Planung!$B$151:$B$185))+SUMPRODUCT((Planung!$BI$151:$BI$185=$B33)*(Planung!$BL$151:$BL$185)*(Planung!$B$151:$B$185))+SUMPRODUCT((Planung!$BQ$151:$BQ$185=$B33)*(Planung!$BT$151:$BT$185)*(Planung!$B$151:$B$185)))/IF(G33=0,1,G33)","v":0},{"$f":"(SUMPRODUCT((Planung!$AS$223:$AS$255=$B33)*(Planung!$AV$223:$AV$255)*(Planung!$B$223:$B$255))+SUMPRODUCT((Planung!$BA$223:$BA$255=$B33)*(Planung!$BD$223:$BD$255)*(Planung!$B$223:$B$255))+SUMPRODUCT((Planung!$BI$223:$BI$255=$B33)*(Planung!$BL$223:$BL$255)*(Planung!$B$223:$B$255))+SUMPRODUCT((Planung!$BQ$223:$BQ$255=$B33)*(Planung!$BT$223:$BT$255)*(Planung!$B$223:$B$255)))/IF(G33=0,1,G33)","v":0},{"$f":"(SUMPRODUCT((Planung!$AS$293:$AS$326=$B33)*(Planung!$AV$293:$AV$326)*(Planung!$B$293:$B$326))+SUMPRODUCT((Planung!$BA$293:$BA$326=$B33)*(Planung!$BD$293:$BD$326)*(Planung!$B$293:$B$326))+SUMPRODUCT((Planung!$BI$293:$BI$326=$B33)*(Planung!$BL$293:$BL$326)*(Planung!$B$293:$B$326))+SUMPRODUCT((Planung!$BQ$293:$BQ$326=$B33)*(Planung!$BT$293:$BT$326)*(Planung!$B$293:$B$326)))/IF(G33=0,1,G33)","v":0},{"$f":"(SUMPRODUCT((Planung!$AS$364:$AS$384=$B33)*(Planung!$AV$364:$AV$384)*(Planung!$B$364:$B$384))+SUMPRODUCT((Planung!$BA$364:$BA$384=$B33)*(Planung!$BD$364:$BD$384)*(Planung!$B$364:$B$384))+SUMPRODUCT((Planung!$BI$364:$BI$384=$B33)*(Planung!$BL$364:$BL$384)*(Planung!$B$364:$B$384))+SUMPRODUCT((Planung!$BQ$364:$BQ$384=$B33)*(Planung!$BT$364:$BT$384)*(Planung!$B$364:$B$384)))/IF(G33=0,1,G33)","v":0}]
[null,11318,"*Maisgebiss 6-reihig","ha",1,1,1,1,1,1,10,null,null,null,0,0,10,50000,10000,null,8,1900,5000,237.5,0,0,0,0,0,0,10,null,190,0.8,null,0,{"$f":"(SUMPRODUCT((Planung!$AS$8:$AS$42=$B34)*(Planung!$AV$8:$AV$42)*(Planung!$B$8:$B$42))+SUMPRODUCT((Planung!$BA$8:$BA$42=$B34)*(Planung!$BD$8:$BD$42)*(Planung!$B$8:$B$42))+SUMPRODUCT((Planung!$BI$8:$BI$42=$B34)*(Planung!$BL$8:$BL$42)*(Planung!$B$8:$B$42))+SUMPRODUCT((Planung!$BQ$8:$BQ$42=$B34)*(Planung!$BT$8:$BT$42)*(Planung!$B$8:$B$42)))/IF(E34=0,1,E34)","v":0},{"$f":"(SUMPRODUCT((Planung!$AS$79:$AS$114=$B34)*(Planung!$AV$79:$AV$114)*(Planung!$B$79:$B$114))+SUMPRODUCT((Planung!$BA$79:$BA$114=$B34)*(Planung!$BD$79:$BD$114)*(Planung!$B$79:$B$114))+SUMPRODUCT((Planung!$BI$79:$BI$114=$B34)*(Planung!$BL$79:$BL$114)*(Planung!$B$79:$B$114))+SUMPRODUCT((Planung!$BQ$79:$BQ$114=$B34)*(Planung!$BT$79:$BT$114)*(Planung!$B$79:$B$114)))/IF(F34=0,1,F34)","v":0},{"$f":"(SUMPRODUCT((Planung!$AS$151:$AS$185=$B34)*(Planung!$AV$151:$AV$185)*(Planung!$B$151:$B$185))+SUMPRODUCT((Planung!$BA$151:$BA$185=$B34)*(Planung!$BD$151:$BD$185)*(Planung!$B$151:$B$185))+SUMPRODUCT((Planung!$BI$151:$BI$185=$B34)*(Planung!$BL$151:$BL$185)*(Planung!$B$151:$B$185))+SUMPRODUCT((Planung!$BQ$151:$BQ$185=$B34)*(Planung!$BT$151:$BT$185)*(Planung!$B$151:$B$185)))/IF(G34=0,1,G34)","v":0},{"$f":"(SUMPRODUCT((Planung!$AS$223:$AS$255=$B34)*(Planung!$AV$223:$AV$255)*(Planung!$B$223:$B$255))+SUMPRODUCT((Planung!$BA$223:$BA$255=$B34)*(Planung!$BD$223:$BD$255)*(Planung!$B$223:$B$255))+SUMPRODUCT((Planung!$BI$223:$BI$255=$B34)*(Planung!$BL$223:$BL$255)*(Planung!$B$223:$B$255))+SUMPRODUCT((Planung!$BQ$223:$BQ$255=$B34)*(Planung!$BT$223:$BT$255)*(Planung!$B$223:$B$255)))/IF(G34=0,1,G34)","v":0},{"$f":"(SUMPRODUCT((Planung!$AS$293:$AS$326=$B34)*(Planung!$AV$293:$AV$326)*(Planung!$B$293:$B$326))+SUMPRODUCT((Planung!$BA$293:$BA$326=$B34)*(Planung!$BD$293:$BD$326)*(Planung!$B$293:$B$326))+SUMPRODUCT((Planung!$BI$293:$BI$326=$B34)*(Planung!$BL$293:$BL$326)*(Planung!$B$293:$B$326))+SUMPRODUCT((Planung!$BQ$293:$BQ$326=$B34)*(Planung!$BT$293:$BT$326)*(Planung!$B$293:$B$326)))/IF(G34=0,1,G34)","v":0},{"$f":"(SUMPRODUCT((Planung!$AS$364:$AS$384=$B34)*(Planung!$AV$364:$AV$384)*(Planung!$B$364:$B$384))+SUMPRODUCT((Planung!$BA$364:$BA$384=$B34)*(Planung!$BD$364:$BD$384)*(Planung!$B$364:$B$384))+SUMPRODUCT((Planung!$BI$364:$BI$384=$B34)*(Planung!$BL$364:$BL$384)*(Planung!$B$364:$B$384))+SUMPRODUCT((Planung!$BQ$364:$BQ$384=$B34)*(Planung!$BT$364:$BT$384)*(Planung!$B$364:$B$384)))/IF(G34=0,1,G34)","v":0}]
[null,11323,"*Pickup 3m","h",1,1,1,1,1,1,2,null,null,null,0,{"$f":"N35*AnteilOel*PreisOel","v":0},2,18500,3700,null,8,2000,{"$f":"IF(U35=0,0,(R35-S35)/U35)","v":1850},250,0,{"$f":"IF(X35=0,0,Y35/X35)","v":0},{"$f":"IF(OR(U35=0,X35=0,Z35=0),0,IF(Z35>1,(R35-S35)/V35,((R35-S35)/U35)/Y35))","v":0},0,0,{"$f":"SUM(AA35:AC35)","v":0},2,null,{"$f":"$X35*AH35","v":200},0.8,null,0,{"$f":"(SUMPRODUCT((Planung!$AS$8:$AS$42=$B35)*(Planung!$AV$8:$AV$42)*(Planung!$B$8:$B$42))+SUMPRODUCT((Planung!$BA$8:$BA$42=$B35)*(Planung!$BD$8:$BD$42)*(Planung!$B$8:$B$42))+SUMPRODUCT((Planung!$BI$8:$BI$42=$B35)*(Planung!$BL$8:$BL$42)*(Planung!$B$8:$B$42))+SUMPRODUCT((Planung!$BQ$8:$BQ$42=$B35)*(Planung!$BT$8:$BT$42)*(Planung!$B$8:$B$42)))/IF(E35=0,1,E35)","v":0},{"$f":"(SUMPRODUCT((Planung!$AS$79:$AS$114=$B35)*(Planung!$AV$79:$AV$114)*(Planung!$B$79:$B$114))+SUMPRODUCT((Planung!$BA$79:$BA$114=$B35)*(Planung!$BD$79:$BD$114)*(Planung!$B$79:$B$114))+SUMPRODUCT((Planung!$BI$79:$BI$114=$B35)*(Planung!$BL$79:$BL$114)*(Planung!$B$79:$B$114))+SUMPRODUCT((Planung!$BQ$79:$BQ$114=$B35)*(Planung!$BT$79:$BT$114)*(Planung!$B$79:$B$114)))/IF(F35=0,1,F35)","v":0},{"$f":"(SUMPRODUCT((Planung!$AS$151:$AS$185=$B35)*(Planung!$AV$151:$AV$185)*(Planung!$B$151:$B$185))+SUMPRODUCT((Planung!$BA$151:$BA$185=$B35)*(Planung!$BD$151:$BD$185)*(Planung!$B$151:$B$185))+SUMPRODUCT((Planung!$BI$151:$BI$185=$B35)*(Planung!$BL$151:$BL$185)*(Planung!$B$151:$B$185))+SUMPRODUCT((Planung!$BQ$151:$BQ$185=$B35)*(Planung!$BT$151:$BT$185)*(Planung!$B$151:$B$185)))/IF(G35=0,1,G35)","v":0},{"$f":"(SUMPRODUCT((Planung!$AS$223:$AS$255=$B35)*(Planung!$AV$223:$AV$255)*(Planung!$B$223:$B$255))+SUMPRODUCT((Planung!$BA$223:$BA$255=$B35)*(Planung!$BD$223:$BD$255)*(Planung!$B$223:$B$255))+SUMPRODUCT((Planung!$BI$223:$BI$255=$B35)*(Planung!$BL$223:$BL$255)*(Planung!$B$223:$B$255))+SUMPRODUCT((Planung!$BQ$223:$BQ$255=$B35)*(Planung!$BT$223:$BT$255)*(Planung!$B$223:$B$255)))/IF(G35=0,1,G35)","v":0},{"$f":"(SUMPRODUCT((Planung!$AS$293:$AS$326=$B35)*(Planung!$AV$293:$AV$326)*(Planung!$B$293:$B$326))+SUMPRODUCT((Planung!$BA$293:$BA$326=$B35)*(Planung!$BD$293:$BD$326)*(Planung!$B$293:$B$326))+SUMPRODUCT((Planung!$BI$293:$BI$326=$B35)*(Planung!$BL$293:$BL$326)*(Planung!$B$293:$B$326))+SUMPRODUCT((Planung!$BQ$293:$BQ$326=$B35)*(Planung!$BT$293:$BT$326)*(Planung!$B$293:$B$326)))/IF(G35=0,1,G35)","v":0},{"$f":"(SUMPRODUCT((Planung!$AS$364:$AS$384=$B35)*(Planung!$AV$364:$AV$384)*(Planung!$B$364:$B$384))+SUMPRODUCT((Planung!$BA$364:$BA$384=$B35)*(Planung!$BD$364:$BD$384)*(Planung!$B$364:$B$384))+SUMPRODUCT((Planung!$BI$364:$BI$384=$B35)*(Planung!$BL$364:$BL$384)*(Planung!$B$364:$B$384))+SUMPRODUCT((Planung!$BQ$364:$BQ$384=$B35)*(Planung!$BT$364:$BT$384)*(Planung!$B$364:$B$384)))/IF(G35=0,1,G35)","v":0}]
[null,11322,null,null,null,null,null,null,null,null,null,null,null,null,0,{"$f":"N36*AnteilOel*PreisOel","v":0},0,null,null,null,null,null,{"$f":"IF(U36=0,0,(R36-S36)/U36)","v":0},0,0,{"$f":"IF(X36=0,0,Y36/X36)","v":0},{"$f":"IF(OR(U36=0,X36=0,Z36=0),0,IF(Z36>1,(R36-S36)/V36,((R36-S36)/U36)/Y36))","v":0},0,0,{"$f":"SUM(AA36:AC36)","v":0},0,null,{"$f":"$X36*AH36","v":0},0,null,0,{"$f":"(SUMPRODUCT((Planung!$AS$8:$AS$42=$B36)*(Planung!$AV$8:$AV$42)*(Planung!$B$8:$B$42))+SUMPRODUCT((Planung!$BA$8:$BA$42=$B36)*(Planung!$BD$8:$BD$42)*(Planung!$B$8:$B$42))+SUMPRODUCT((Planung!$BI$8:$BI$42=$B36)*(Planung!$BL$8:$BL$42)*(Planung!$B$8:$B$42))+SUMPRODUCT((Planung!$BQ$8:$BQ$42=$B36)*(Planung!$BT$8:$BT$42)*(Planung!$B$8:$B$42)))/IF(E36=0,1,E36)","v":0},{"$f":"(SUMPRODUCT((Planung!$AS$79:$AS$114=$B36)*(Planung!$AV$79:$AV$114)*(Planung!$B$79:$B$114))+SUMPRODUCT((Planung!$BA$79:$BA$114=$B36)*(Planung!$BD$79:$BD$114)*(Planung!$B$79:$B$114))+SUMPRODUCT((Planung!$BI$79:$BI$114=$B36)*(Planung!$BL$79:$BL$114)*(Planung!$B$79:$B$114))+SUMPRODUCT((Planung!$BQ$79:$BQ$114=$B36)*(Planung!$BT$79:$BT$114)*(Planung!$B$79:$B$114)))/IF(F36=0,1,F36)","v":0},{"$f":"(SUMPRODUCT((Planung!$AS$151:$AS$185=$B36)*(Planung!$AV$151:$AV$185)*(Planung!$B$151:$B$185))+SUMPRODUCT((Planung!$BA$151:$BA$185=$B36)*(Planung!$BD$151:$BD$185)*(Planung!$B$151:$B$185))+SUMPRODUCT((Planung!$BI$151:$BI$185=$B36)*(Planung!$BL$151:$BL$185)*(Planung!$B$151:$B$185))+SUMPRODUCT((Planung!$BQ$151:$BQ$185=$B36)*(Planung!$BT$151:$BT$185)*(Planung!$B$151:$B$185)))/IF(G36=0,1,G36)","v":0},{"$f":"(SUMPRODUCT((Planung!$AS$223:$AS$255=$B36)*(Planung!$AV$223:$AV$255)*(Planung!$B$223:$B$255))+SUMPRODUCT((Planung!$BA$223:$BA$255=$B36)*(Planung!$BD$223:$BD$255)*(Planung!$B$223:$B$255))+SUMPRODUCT((Planung!$BI$223:$BI$255=$B36)*(Planung!$BL$223:$BL$255)*(Planung!$B$223:$B$255))+SUMPRODUCT((Planung!$BQ$223:$BQ$255=$B36)*(Planung!$BT$223:$BT$255)*(Planung!$B$223:$B$255)))/IF(G36=0,1,G36)","v":0},{"$f":"(SUMPRODUCT((Planung!$AS$293:$AS$326=$B36)*(Planung!$AV$293:$AV$326)*(Planung!$B$293:$B$326))+SUMPRODUCT((Planung!$BA$293:$BA$326=$B36)*(Planung!$BD$293:$BD$326)*(Planung!$B$293:$B$326))+SUMPRODUCT((Planung!$BI$293:$BI$326=$B36)*(Planung!$BL$293:$BL$326)*(Planung!$B$293:$B$326))+SUMPRODUCT((Planung!$BQ$293:$BQ$326=$B36)*(Planung!$BT$293:$BT$326)*(Planung!$B$293:$B$326)))/IF(G36=0,1,G36)","v":0},{"$f":"(SUMPRODUCT((Planung!$AS$364:$AS$384=$B36)*(Planung!$AV$364:$AV$384)*(Planung!$B$364:$B$384))+SUMPRODUCT((Planung!$BA$364:$BA$384=$B36)*(Planung!$BD$364:$BD$384)*(Planung!$B$364:$B$384))+SUMPRODUCT((Planung!$BI$364:$BI$384=$B36)*(Planung!$BL$364:$BL$384)*(Planung!$B$364:$B$384))+SUMPRODUCT((Planung!$BQ$364:$BQ$384=$B36)*(Planung!$BT$364:$BT$384)*(Planung!$B$364:$B$384)))/IF(G36=0,1,G36)","v":0}]
[null,11319,"*LKW (Sattelschlepper)","h",2,2,2,2,2,2,7,null,null,null,0,0,7,60000,12000,null,10,10000,4800,1000,{"$f":"INDEX(AG37:AP37,AuslastSel)","v":0},0,0,{"$f":"IF(OR(X37=0,Z37=0),0,((R37+S37)/2*Interest)/Y37)","v":0},0,0,7,null,800,0.8,null,0,{"$f":"(SUMPRODUCT((Planung!$AS$8:$AS$42=$B37)*(Planung!$AV$8:$AV$42)*(Planung!$B$8:$B$42))+SUMPRODUCT((Planung!$BA$8:$BA$42=$B37)*(Planung!$BD$8:$BD$42)*(Planung!$B$8:$B$42))+SUMPRODUCT((Planung!$BI$8:$BI$42=$B37)*(Planung!$BL$8:$BL$42)*(Planung!$B$8:$B$42))+SUMPRODUCT((Planung!$BQ$8:$BQ$42=$B37)*(Planung!$BT$8:$BT$42)*(Planung!$B$8:$B$42)))/IF(E37=0,1,E37)","v":0},{"$f":"(SUMPRODUCT((Planung!$AS$79:$AS$114=$B37)*(Planung!$AV$79:$AV$114)*(Planung!$B$79:$B$114))+SUMPRODUCT((Planung!$BA$79:$BA$114=$B37)*(Planung!$BD$79:$BD$114)*(Planung!$B$79:$B$114))+SUMPRODUCT((Planung!$BI$79:$BI$114=$B37)*(Planung!$BL$79:$BL$114)*(Planung!$B$79:$B$114))+SUMPRODUCT((Planung!$BQ$79:$BQ$114=$B37)*(Planung!$BT$79:$BT$114)*(Planung!$B$79:$B$114)))/IF(F37=0,1,F37)","v":0},{"$f":"(SUMPRODUCT((Planung!$AS$151:$AS$185=$B37)*(Planung!$AV$151:$AV$185)*(Planung!$B$151:$B$185))+SUMPRODUCT((Planung!$BA$151:$BA$185=$B37)*(Planung!$BD$151:$BD$185)*(Planung!$B$151:$B$185))+SUMPRODUCT((Planung!$BI$151:$BI$185=$B37)*(Planung!$BL$151:$BL$185)*(Planung!$B$151:$B$185))+SUMPRODUCT((Planung!$BQ$151:$BQ$185=$B37)*(Planung!$BT$151:$BT$185)*(Planung!$B$151:$B$185)))/IF(G37=0,1,G37)","v":0},{"$f":"(SUMPRODUCT((Planung!$AS$223:$AS$255=$B37)*(Planung!$AV$223:$AV$255)*(Planung!$B$223:$B$255))+SUMPRODUCT((Planung!$BA$223:$BA$255=$B37)*(Planung!$BD$223:$BD$255)*(Planung!$B$223:$B$255))+SUMPRODUCT((Planung!$BI$223:$BI$255=$B37)*(Planung!$BL$223:$BL$255)*(Planung!$B$223:$B$255))+SUMPRODUCT((Planung!$BQ$223:$BQ$255=$B37)*(Planung!$BT$223:$BT$255)*(Planung!$B$223:$B$255)))/IF(G37=0,1,G37)","v":0},{"$f":"(SUMPRODUCT((Planung!$AS$293:$AS$326=$B37)*(Planung!$AV$293:$AV$326)*(Planung!$B$293:$B$326))+SUMPRODUCT((Planung!$BA$293:$BA$326=$B37)*(Planung!$BD$293:$BD$326)*(Planung!$B$293:$B$326))+SUMPRODUCT((Planung!$BI$293:$BI$326=$B37)*(Planung!$BL$293:$BL$326)*(Planung!$B$293:$B$326))+SUMPRODUCT((Planung!$BQ$293:$BQ$326=$B37)*(Planung!$BT$293:$BT$326)*(Planung!$B$293:$B$326)))/IF(G37=0,1,G37)","v":0},{"$f":"(SUMPRODUCT((Planung!$AS$364:$AS$384=$B37)*(Planung!$AV$364:$AV$384)*(Planung!$B$364:$B$384))+SUMPRODUCT((Planung!$BA$364:$BA$384=$B37)*(Planung!$BD$364:$BD$384)*(Planung!$B$364:$B$384))+SUMPRODUCT((Planung!$BI$364:$BI$384=$B37)*(Planung!$BL$364:$BL$384)*(Planung!$B$364:$B$384))+SUMPRODUCT((Planung!$BQ$364:$BQ$384=$B37)*(Planung!$BT$364:$BT$384)*(Planung!$B$364:$B$384)))/IF(G37=0,1,G37)","v":0},null,{"$f":"10*16","v":160},{"$f":"10*16","v":160},160,160,160,160,160,160,160,160,160,160,160,160,160,160,160,160,160,160,160,160,160,160]
[null,11328,null,null,null,null,null,null,null,null,null,null,null,null,0,{"$f":"N38*AnteilOel*PreisOel","v":0},0,null,null,null,null,null,{"$f":"IF(U38=0,0,(R38-S38)/U38)","v":0},{"$f":"IF(U38=0,0,V38/U38)","v":0},0,{"$f":"IF(X38=0,0,Y38/X38)","v":0},{"$f":"IF(OR(U38=0,X38=0,Z38=0),0,IF(Z38>1,(R38-S38)/V38,((R38-S38)/U38)/Y38))","v":0},0,{"$f":"IF(Y38=0,0,T38/Y38)","v":0},{"$f":"SUM(AA38:AC38)","v":0},{"$f":"AD38+Q38","v":0},null,{"$f":"$X38*AH38","v":0},0,null,0,{"$f":"(SUMPRODUCT((Planung!$AS$8:$AS$42=$B38)*(Planung!$AV$8:$AV$42)*(Planung!$B$8:$B$42))+SUMPRODUCT((Planung!$BA$8:$BA$42=$B38)*(Planung!$BD$8:$BD$42)*(Planung!$B$8:$B$42))+SUMPRODUCT((Planung!$BI$8:$BI$42=$B38)*(Planung!$BL$8:$BL$42)*(Planung!$B$8:$B$42))+SUMPRODUCT((Planung!$BQ$8:$BQ$42=$B38)*(Planung!$BT$8:$BT$42)*(Planung!$B$8:$B$42)))/IF(E38=0,1,E38)","v":0},{"$f":"(SUMPRODUCT((Planung!$AS$79:$AS$114=$B38)*(Planung!$AV$79:$AV$114)*(Planung!$B$79:$B$114))+SUMPRODUCT((Planung!$BA$79:$BA$114=$B38)*(Planung!$BD$79:$BD$114)*(Planung!$B$79:$B$114))+SUMPRODUCT((Planung!$BI$79:$BI$114=$B38)*(Planung!$BL$79:$BL$114)*(Planung!$B$79:$B$114))+SUMPRODUCT((Planung!$BQ$79:$BQ$114=$B38)*(Planung!$BT$79:$BT$114)*(Planung!$B$79:$B$114)))/IF(F38=0,1,F38)","v":0},{"$f":"(SUMPRODUCT((Planung!$AS$151:$AS$185=$B38)*(Planung!$AV$151:$AV$185)*(Planung!$B$151:$B$185))+SUMPRODUCT((Planung!$BA$151:$BA$185=$B38)*(Planung!$BD$151:$BD$185)*(Planung!$B$151:$B$185))+SUMPRODUCT((Planung!$BI$151:$BI$185=$B38)*(Planung!$BL$151:$BL$185)*(Planung!$B$151:$B$185))+SUMPRODUCT((Planung!$BQ$151:$BQ$185=$B38)*(Planung!$BT$151:$BT$185)*(Planung!$B$151:$B$185)))/IF(G38=0,1,G38)","v":0},{"$f":"(SUMPRODUCT((Planung!$AS$223:$AS$255=$B38)*(Planung!$AV$223:$AV$255)*(Planung!$B$223:$B$255))+SUMPRODUCT((Planung!$BA$223:$BA$255=$B38)*(Planung!$BD$223:$BD$255)*(Planung!$B$223:$B$255))+SUMPRODUCT((Planung!$BI$223:$BI$255=$B38)*(Planung!$BL$223:$BL$255)*(Planung!$B$223:$B$255))+SUMPRODUCT((Planung!$BQ$223:$BQ$255=$B38)*(Planung!$BT$223:$BT$255)*(Planung!$B$223:$B$255)))/IF(G38=0,1,G38)","v":0},{"$f":"(SUMPRODUCT((Planung!$AS$293:$AS$326=$B38)*(Planung!$AV$293:$AV$326)*(Planung!$B$293:$B$326))+SUMPRODUCT((Planung!$BA$293:$BA$326=$B38)*(Planung!$BD$293:$BD$326)*(Planung!$B$293:$B$326))+SUMPRODUCT((Planung!$BI$293:$BI$326=$B38)*(Planung!$BL$293:$BL$326)*(Planung!$B$293:$B$326))+SUMPRODUCT((Planung!$BQ$293:$BQ$326=$B38)*(Planung!$BT$293:$BT$326)*(Planung!$B$293:$B$326)))/IF(G38=0,1,G38)","v":0},{"$f":"(SUMPRODUCT((Planung!$AS$364:$AS$384=$B38)*(Planung!$AV$364:$AV$384)*(Planung!$B$364:$B$384))+SUMPRODUCT((Planung!$BA$364:$BA$384=$B38)*(Planung!$BD$364:$BD$384)*(Planung!$B$364:$B$384))+SUMPRODUCT((Planung!$BI$364:$BI$384=$B38)*(Planung!$BL$364:$BL$384)*(Planung!$B$364:$B$384))+SUMPRODUCT((Planung!$BQ$364:$BQ$384=$B38)*(Planung!$BT$364:$BT$384)*(Planung!$B$364:$B$384)))/IF(G38=0,1,G38)","v":0}]
[null,11321,null,null,null,null,null,null,null,null,null,null,null,null,0,0,0,null,{"$f":"R39*0.2","v":0},null,null,null,0,0,0,0,0,0,0,0,0,null,0,0,null,0,{"$f":"(SUMPRODUCT((Planung!$AS$8:$AS$42=$B39)*(Planung!$AV$8:$AV$42)*(Planung!$B$8:$B$42))+SUMPRODUCT((Planung!$BA$8:$BA$42=$B39)*(Planung!$BD$8:$BD$42)*(Planung!$B$8:$B$42))+SUMPRODUCT((Planung!$BI$8:$BI$42=$B39)*(Planung!$BL$8:$BL$42)*(Planung!$B$8:$B$42))+SUMPRODUCT((Planung!$BQ$8:$BQ$42=$B39)*(Planung!$BT$8:$BT$42)*(Planung!$B$8:$B$42)))/IF(E39=0,1,E39)","v":0},{"$f":"(SUMPRODUCT((Planung!$AS$79:$AS$114=$B39)*(Planung!$AV$79:$AV$114)*(Planung!$B$79:$B$114))+SUMPRODUCT((Planung!$BA$79:$BA$114=$B39)*(Planung!$BD$79:$BD$114)*(Planung!$B$79:$B$114))+SUMPRODUCT((Planung!$BI$79:$BI$114=$B39)*(Planung!$BL$79:$BL$114)*(Planung!$B$79:$B$114))+SUMPRODUCT((Planung!$BQ$79:$BQ$114=$B39)*(Planung!$BT$79:$BT$114)*(Planung!$B$79:$B$114)))/IF(F39=0,1,F39)","v":0},{"$f":"(SUMPRODUCT((Planung!$AS$151:$AS$185=$B39)*(Planung!$AV$151:$AV$185)*(Planung!$B$151:$B$185))+SUMPRODUCT((Planung!$BA$151:$BA$185=$B39)*(Planung!$BD$151:$BD$185)*(Planung!$B$151:$B$185))+SUMPRODUCT((Planung!$BI$151:$BI$185=$B39)*(Planung!$BL$151:$BL$185)*(Planung!$B$151:$B$185))+SUMPRODUCT((Planung!$BQ$151:$BQ$185=$B39)*(Planung!$BT$151:$BT$185)*(Planung!$B$151:$B$185)))/IF(G39=0,1,G39)","v":0},{"$f":"(SUMPRODUCT((Planung!$AS$223:$AS$255=$B39)*(Planung!$AV$223:$AV$255)*(Planung!$B$223:$B$255))+SUMPRODUCT((Planung!$BA$223:$BA$255=$B39)*(Planung!$BD$223:$BD$255)*(Planung!$B$223:$B$255))+SUMPRODUCT((Planung!$BI$223:$BI$255=$B39)*(Planung!$BL$223:$BL$255)*(Planung!$B$223:$B$255))+SUMPRODUCT((Planung!$BQ$223:$BQ$255=$B39)*(Planung!$BT$223:$BT$255)*(Planung!$B$223:$B$255)))/IF(G39=0,1,G39)","v":0},{"$f":"(SUMPRODUCT((Planung!$AS$293:$AS$326=$B39)*(Planung!$AV$293:$AV$326)*(Planung!$B$293:$B$326))+SUMPRODUCT((Planung!$BA$293:$BA$326=$B39)*(Planung!$BD$293:$BD$326)*(Planung!$B$293:$B$326))+SUMPRODUCT((Planung!$BI$293:$BI$326=$B39)*(Planung!$BL$293:$BL$326)*(Planung!$B$293:$B$326))+SUMPRODUCT((Planung!$BQ$293:$BQ$326=$B39)*(Planung!$BT$293:$BT$326)*(Planung!$B$293:$B$326)))/IF(G39=0,1,G39)","v":0},{"$f":"(SUMPRODUCT((Planung!$AS$364:$AS$384=$B39)*(Planung!$AV$364:$AV$384)*(Planung!$B$364:$B$384))+SUMPRODUCT((Planung!$BA$364:$BA$384=$B39)*(Planung!$BD$364:$BD$384)*(Planung!$B$364:$B$384))+SUMPRODUCT((Planung!$BI$364:$BI$384=$B39)*(Planung!$BL$364:$BL$384)*(Planung!$B$364:$B$384))+SUMPRODUCT((Planung!$BQ$364:$BQ$384=$B39)*(Planung!$BT$364:$BT$384)*(Planung!$B$364:$B$384)))/IF(G39=0,1,G39)","v":0}]
[null,null,"TRANSPORT, UMSCHLAG",null,null,null,null,null,null,null,null,null,null,null,0,0,0,null,{"$f":"R40*0.2","v":0},null,null,null,0,0,0,0,0,0,0,0,0,null,0,0,null,0,{"$f":"(SUMPRODUCT((Planung!$AS$8:$AS$42=$B40)*(Planung!$AV$8:$AV$42)*(Planung!$B$8:$B$42))+SUMPRODUCT((Planung!$BA$8:$BA$42=$B40)*(Planung!$BD$8:$BD$42)*(Planung!$B$8:$B$42))+SUMPRODUCT((Planung!$BI$8:$BI$42=$B40)*(Planung!$BL$8:$BL$42)*(Planung!$B$8:$B$42))+SUMPRODUCT((Planung!$BQ$8:$BQ$42=$B40)*(Planung!$BT$8:$BT$42)*(Planung!$B$8:$B$42)))/IF(E40=0,1,E40)","v":0},{"$f":"(SUMPRODUCT((Planung!$AS$79:$AS$114=$B40)*(Planung!$AV$79:$AV$114)*(Planung!$B$79:$B$114))+SUMPRODUCT((Planung!$BA$79:$BA$114=$B40)*(Planung!$BD$79:$BD$114)*(Planung!$B$79:$B$114))+SUMPRODUCT((Planung!$BI$79:$BI$114=$B40)*(Planung!$BL$79:$BL$114)*(Planung!$B$79:$B$114))+SUMPRODUCT((Planung!$BQ$79:$BQ$114=$B40)*(Planung!$BT$79:$BT$114)*(Planung!$B$79:$B$114)))/IF(F40=0,1,F40)","v":0},{"$f":"(SUMPRODUCT((Planung!$AS$151:$AS$185=$B40)*(Planung!$AV$151:$AV$185)*(Planung!$B$151:$B$185))+SUMPRODUCT((Planung!$BA$151:$BA$185=$B40)*(Planung!$BD$151:$BD$185)*(Planung!$B$151:$B$185))+SUMPRODUCT((Planung!$BI$151:$BI$185=$B40)*(Planung!$BL$151:$BL$185)*(Planung!$B$151:$B$185))+SUMPRODUCT((Planung!$BQ$151:$BQ$185=$B40)*(Planung!$BT$151:$BT$185)*(Planung!$B$151:$B$185)))/IF(G40=0,1,G40)","v":0},{"$f":"(SUMPRODUCT((Planung!$AS$223:$AS$255=$B40)*(Planung!$AV$223:$AV$255)*(Planung!$B$223:$B$255))+SUMPRODUCT((Planung!$BA$223:$BA$255=$B40)*(Planung!$BD$223:$BD$255)*(Planung!$B$223:$B$255))+SUMPRODUCT((Planung!$BI$223:$BI$255=$B40)*(Planung!$BL$223:$BL$255)*(Planung!$B$223:$B$255))+SUMPRODUCT((Planung!$BQ$223:$BQ$255=$B40)*(Planung!$BT$223:$BT$255)*(Planung!$B$223:$B$255)))/IF(G40=0,1,G40)","v":0},{"$f":"(SUMPRODUCT((Planung!$AS$293:$AS$326=$B40)*(Planung!$AV$293:$AV$326)*(Planung!$B$293:$B$326))+SUMPRODUCT((Planung!$BA$293:$BA$326=$B40)*(Planung!$BD$293:$BD$326)*(Planung!$B$293:$B$326))+SUMPRODUCT((Planung!$BI$293:$BI$326=$B40)*(Planung!$BL$293:$BL$326)*(Planung!$B$293:$B$326))+SUMPRODUCT((Planung!$BQ$293:$BQ$326=$B40)*(Planung!$BT$293:$BT$326)*(Planung!$B$293:$B$326)))/IF(G40=0,1,G40)","v":0},{"$f":"(SUMPRODUCT((Planung!$AS$364:$AS$384=$B40)*(Planung!$AV$364:$AV$384)*(Planung!$B$364:$B$384))+SUMPRODUCT((Planung!$BA$364:$BA$384=$B40)*(Planung!$BD$364:$BD$384)*(Planung!$B$364:$B$384))+SUMPRODUCT((Planung!$BI$364:$BI$384=$B40)*(Planung!$BL$364:$BL$384)*(Planung!$B$364:$B$384))+SUMPRODUCT((Planung!$BQ$364:$BQ$384=$B40)*(Planung!$BT$364:$BT$384)*(Planung!$B$364:$B$384)))/IF(G40=0,1,G40)","v":0}]
[null,11411,null,null,null,null,null,null,null,null,null,null,null,null,0,0,0,null,null,null,null,null,0,0,0,0,0,0,0,0,0,null,0,0,null,0,{"$f":"(SUMPRODUCT((Planung!$AS$8:$AS$42=$B41)*(Planung!$AV$8:$AV$42)*(Planung!$B$8:$B$42))+SUMPRODUCT((Planung!$BA$8:$BA$42=$B41)*(Planung!$BD$8:$BD$42)*(Planung!$B$8:$B$42))+SUMPRODUCT((Planung!$BI$8:$BI$42=$B41)*(Planung!$BL$8:$BL$42)*(Planung!$B$8:$B$42))+SUMPRODUCT((Planung!$BQ$8:$BQ$42=$B41)*(Planung!$BT$8:$BT$42)*(Planung!$B$8:$B$42)))/IF(E41=0,1,E41)","v":0},{"$f":"(SUMPRODUCT((Planung!$AS$79:$AS$114=$B41)*(Planung!$AV$79:$AV$114)*(Planung!$B$79:$B$114))+SUMPRODUCT((Planung!$BA$79:$BA$114=$B41)*(Planung!$BD$79:$BD$114)*(Planung!$B$79:$B$114))+SUMPRODUCT((Planung!$BI$79:$BI$114=$B41)*(Planung!$BL$79:$BL$114)*(Planung!$B$79:$B$114))+SUMPRODUCT((Planung!$BQ$79:$BQ$114=$B41)*(Planung!$BT$79:$BT$114)*(Planung!$B$79:$B$114)))/IF(F41=0,1,F41)","v":0},{"$f":"(SUMPRODUCT((Planung!$AS$151:$AS$185=$B41)*(Planung!$AV$151:$AV$185)*(Planung!$B$151:$B$185))+SUMPRODUCT((Planung!$BA$151:$BA$185=$B41)*(Planung!$BD$151:$BD$185)*(Planung!$B$151:$B$185))+SUMPRODUCT((Planung!$BI$151:$BI$185=$B41)*(Planung!$BL$151:$BL$185)*(Planung!$B$151:$B$185))+SUMPRODUCT((Planung!$BQ$151:$BQ$185=$B41)*(Planung!$BT$151:$BT$185)*(Planung!$B$151:$B$185)))/IF(G41=0,1,G41)","v":0},{"$f":"(SUMPRODUCT((Planung!$AS$223:$AS$255=$B41)*(Planung!$AV$223:$AV$255)*(Planung!$B$223:$B$255))+SUMPRODUCT((Planung!$BA$223:$BA$255=$B41)*(Planung!$BD$223:$BD$255)*(Planung!$B$223:$B$255))+SUMPRODUCT((Planung!$BI$223:$BI$255=$B41)*(Planung!$BL$223:$BL$255)*(Planung!$B$223:$B$255))+SUMPRODUCT((Planung!$BQ$223:$BQ$255=$B41)*(Planung!$BT$223:$BT$255)*(Planung!$B$223:$B$255)))/IF(G41=0,1,G41)","v":0},{"$f":"(SUMPRODUCT((Planung!$AS$293:$AS$326=$B41)*(Planung!$AV$293:$AV$326)*(Planung!$B$293:$B$326))+SUMPRODUCT((Planung!$BA$293:$BA$326=$B41)*(Planung!$BD$293:$BD$326)*(Planung!$B$293:$B$326))+SUMPRODUCT((Planung!$BI$293:$BI$326=$B41)*(Planung!$BL$293:$BL$326)*(Planung!$B$293:$B$326))+SUMPRODUCT((Planung!$BQ$293:$BQ$326=$B41)*(Planung!$BT$293:$BT$326)*(Planung!$B$293:$B$326)))/IF(G41=0,1,G41)","v":0},{"$f":"(SUMPRODUCT((Planung!$AS$364:$AS$384=$B41)*(Planung!$AV$364:$AV$384)*(Planung!$B$364:$B$384))+SUMPRODUCT((Planung!$BA$364:$BA$384=$B41)*(Planung!$BD$364:$BD$384)*(Planung!$B$364:$B$384))+SUMPRODUCT((Planung!$BI$364:$BI$384=$B41)*(Planung!$BL$364:$BL$384)*(Planung!$B$364:$B$384))+SUMPRODUCT((Planung!$BQ$364:$BQ$384=$B41)*(Planung!$BT$364:$BT$384)*(Planung!$B$364:$B$384)))/IF(G41=0,1,G41)","v":0}]
[null,11419,"*W1 Häckseltransportwagen 33m³","t",2,2,2,2,2,2,0.2,null,null,null,0,{"$f":"N42*AnteilOel*PreisOel","v":0},0.2,39000,7800,null,10,100000,{"$f":"IF(U42=0,0,(R42-S42)/U42)","v":3120},10000,0,{"$f":"IF(X42=0,0,Y42/X42)","v":0},{"$f":"IF(OR(U42=0,X42=0,Z42=0),0,IF(Z42>1,(R42-S42)/V42,((R42-S42)/U42)/Y42))","v":0},0,0,{"$f":"SUM(AA42:AC42)","v":0},0.2,null,{"$f":"$X42*AH42","v":8000},0.8,200,0.02,{"$f":"(SUMPRODUCT((Planung!$AS$8:$AS$42=$B42)*(Planung!$AV$8:$AV$42)*(Planung!$B$8:$B$42))+SUMPRODUCT((Planung!$BA$8:$BA$42=$B42)*(Planung!$BD$8:$BD$42)*(Planung!$B$8:$B$42))+SUMPRODUCT((Planung!$BI$8:$BI$42=$B42)*(Planung!$BL$8:$BL$42)*(Planung!$B$8:$B$42))+SUMPRODUCT((Planung!$BQ$8:$BQ$42=$B42)*(Planung!$BT$8:$BT$42)*(Planung!$B$8:$B$42)))/IF(E42=0,1,E42)","v":0},{"$f":"(SUMPRODUCT((Planung!$AS$79:$AS$114=$B42)*(Planung!$AV$79:$AV$114)*(Planung!$B$79:$B$114))+SUMPRODUCT((Planung!$BA$79:$BA$114=$B42)*(Planung!$BD$79:$BD$114)*(Planung!$B$79:$B$114))+SUMPRODUCT((Planung!$BI$79:$BI$114=$B42)*(Planung!$BL$79:$BL$114)*(Planung!$B$79:$B$114))+SUMPRODUCT((Planung!$BQ$79:$BQ$114=$B42)*(Planung!$BT$79:$BT$114)*(Planung!$B$79:$B$114)))/IF(F42=0,1,F42)","v":0},{"$f":"(SUMPRODUCT((Planung!$AS$151:$AS$185=$B42)*(Planung!$AV$151:$AV$185)*(Planung!$B$151:$B$185))+SUMPRODUCT((Planung!$BA$151:$BA$185=$B42)*(Planung!$BD$151:$BD$185)*(Planung!$B$151:$B$185))+SUMPRODUCT((Planung!$BI$151:$BI$185=$B42)*(Planung!$BL$151:$BL$185)*(Planung!$B$151:$B$185))+SUMPRODUCT((Planung!$BQ$151:$BQ$185=$B42)*(Planung!$BT$151:$BT$185)*(Planung!$B$151:$B$185)))/IF(G42=0,1,G42)","v":0},{"$f":"(SUMPRODUCT((Planung!$AS$223:$AS$255=$B42)*(Planung!$AV$223:$AV$255)*(Planung!$B$223:$B$255))+SUMPRODUCT((Planung!$BA$223:$BA$255=$B42)*(Planung!$BD$223:$BD$255)*(Planung!$B$223:$B$255))+SUMPRODUCT((Planung!$BI$223:$BI$255=$B42)*(Planung!$BL$223:$BL$255)*(Planung!$B$223:$B$255))+SUMPRODUCT((Planung!$BQ$223:$BQ$255=$B42)*(Planung!$BT$223:$BT$255)*(Planung!$B$223:$B$255)))/IF(G42=0,1,G42)","v":0},{"$f":"(SUMPRODUCT((Planung!$AS$293:$AS$326=$B42)*(Planung!$AV$293:$AV$326)*(Planung!$B$293:$B$326))+SUMPRODUCT((Planung!$BA$293:$BA$326=$B42)*(Planung!$BD$293:$BD$326)*(Planung!$B$293:$B$326))+SUMPRODUCT((Planung!$BI$293:$BI$326=$B42)*(Planung!$BL$293:$BL$326)*(Planung!$B$293:$B$326))+SUMPRODUCT((Planung!$BQ$293:$BQ$326=$B42)*(Planung!$BT$293:$BT$326)*(Planung!$B$293:$B$326)))/IF(G42=0,1,G42)","v":0},{"$f":"(SUMPRODUCT((Planung!$AS$364:$AS$384=$B42)*(Planung!$AV$364:$AV$384)*(Planung!$B$364:$B$384))+SUMPRODUCT((Planung!$BA$364:$BA$384=$B42)*(Planung!$BD$364:$BD$384)*(Planung!$B$364:$B$384))+SUMPRODUCT((Planung!$BI$364:$BI$384=$B42)*(Planung!$BL$364:$BL$384)*(Planung!$B$364:$B$384))+SUMPRODUCT((Planung!$BQ$364:$BQ$384=$B42)*(Planung!$BT$364:$BT$384)*(Planung!$B$364:$B$384)))/IF(G42=0,1,G42)","v":0}]
[null,11420,null,null,null,null,null,null,null,null,null,null,null,null,{"$f":"N43*PreisDiesel","v":0},{"$f":"N43*AnteilOel*PreisOel","v":0},0,null,null,null,null,null,{"$f":"IF(U43=0,0,(R43-S43)/U43)","v":0},{"$f":"IF(U43=0,0,V43/U43)","v":0},{"$f":"INDEX(AG43:AP43,AuslastSel)","v":0},{"$f":"IF(X43=0,0,Y43/X43)","v":0},{"$f":"IF(OR(U43=0,X43=0,Z43=0),0,IF(Z43>1,(R43-S43)/V43,((R43-S43)/U43)/Y43))","v":0},{"$f":"IF(OR(X43=0,Z43=0),0,((R43+S43)/2*Interest)/Y43)","v":0},{"$f":"IF(Y43=0,0,T43/Y43)","v":0},{"$f":"SUM(AA43:AC43)","v":0},{"$f":"AD43+Q43","v":0},null,{"$f":"$X43*AH43","v":0},0,null,{"$f":"IF($X43=0,0,AI43/$X43)","v":0},{"$f":"(SUMPRODUCT((Planung!$AS$8:$AS$42=$B43)*(Planung!$AV$8:$AV$42)*(Planung!$B$8:$B$42))+SUMPRODUCT((Planung!$BA$8:$BA$42=$B43)*(Planung!$BD$8:$BD$42)*(Planung!$B$8:$B$42))+SUMPRODUCT((Planung!$BI$8:$BI$42=$B43)*(Planung!$BL$8:$BL$42)*(Planung!$B$8:$B$42))+SUMPRODUCT((Planung!$BQ$8:$BQ$42=$B43)*(Planung!$BT$8:$BT$42)*(Planung!$B$8:$B$42)))/IF(E43=0,1,E43)","v":0},{"$f":"(SUMPRODUCT((Planung!$AS$79:$AS$114=$B43)*(Planung!$AV$79:$AV$114)*(Planung!$B$79:$B$114))+SUMPRODUCT((Planung!$BA$79:$BA$114=$B43)*(Planung!$BD$79:$BD$114)*(Planung!$B$79:$B$114))+SUMPRODUCT((Planung!$BI$79:$BI$114=$B43)*(Planung!$BL$79:$BL$114)*(Planung!$B$79:$B$114))+SUMPRODUCT((Planung!$BQ$79:$BQ$114=$B43)*(Planung!$BT$79:$BT$114)*(Planung!$B$79:$B$114)))/IF(F43=0,1,F43)","v":0},{"$f":"(SUMPRODUCT((Planung!$AS$151:$AS$185=$B43)*(Planung!$AV$151:$AV$185)*(Planung!$B$151:$B$185))+SUMPRODUCT((Planung!$BA$151:$BA$185=$B43)*(Planung!$BD$151:$BD$185)*(Planung!$B$151:$B$185))+SUMPRODUCT((Planung!$BI$151:$BI$185=$B43)*(Planung!$BL$151:$BL$185)*(Planung!$B$151:$B$185))+SUMPRODUCT((Planung!$BQ$151:$BQ$185=$B43)*(Planung!$BT$151:$BT$185)*(Planung!$B$151:$B$185)))/IF(G43=0,1,G43)","v":0},{"$f":"(SUMPRODUCT((Planung!$AS$223:$AS$255=$B43)*(Planung!$AV$223:$AV$255)*(Planung!$B$223:$B$255))+SUMPRODUCT((Planung!$BA$223:$BA$255=$B43)*(Planung!$BD$223:$BD$255)*(Planung!$B$223:$B$255))+SUMPRODUCT((Planung!$BI$223:$BI$255=$B43)*(Planung!$BL$223:$BL$255)*(Planung!$B$223:$B$255))+SUMPRODUCT((Planung!$BQ$223:$BQ$255=$B43)*(Planung!$BT$223:$BT$255)*(Planung!$B$223:$B$255)))/IF(G43=0,1,G43)","v":0},{"$f":"(SUMPRODUCT((Planung!$AS$293:$AS$326=$B43)*(Planung!$AV$293:$AV$326)*(Planung!$B$293:$B$326))+SUMPRODUCT((Planung!$BA$293:$BA$326=$B43)*(Planung!$BD$293:$BD$326)*(Planung!$B$293:$B$326))+SUMPRODUCT((Planung!$BI$293:$BI$326=$B43)*(Planung!$BL$293:$BL$326)*(Planung!$B$293:$B$326))+SUMPRODUCT((Planung!$BQ$293:$BQ$326=$B43)*(Planung!$BT$293:$BT$326)*(Planung!$B$293:$B$326)))/IF(G43=0,1,G43)","v":0},{"$f":"(SUMPRODUCT((Planung!$AS$364:$AS$384=$B43)*(Planung!$AV$364:$AV$384)*(Planung!$B$364:$B$384))+SUMPRODUCT((Planung!$BA$364:$BA$384=$B43)*(Planung!$BD$364:$BD$384)*(Planung!$B$364:$B$384))+SUMPRODUCT((Planung!$BI$364:$BI$384=$B43)*(Planung!$BL$364:$BL$384)*(Planung!$B$364:$B$384))+SUMPRODUCT((Planung!$BQ$364:$BQ$384=$B43)*(Planung!$BT$364:$BT$384)*(Planung!$B$364:$B$384)))/IF(G43=0,1,G43)","v":0}]
[null,11425,null,null,null,null,null,null,null,null,null,null,null,null,0,{"$f":"N44*AnteilOel*PreisOel","v":0},0,null,null,null,null,null,{"$f":"IF(U44=0,0,(R44-S44)/U44)","v":0},0,0,{"$f":"IF(X44=0,0,Y44/X44)","v":0},{"$f":"IF(OR(U44=0,X44=0,Z44=0),0,IF(Z44>1,(R44-S44)/V44,((R44-S44)/U44)/Y44))","v":0},0,0,{"$f":"SUM(AA44:AC44)","v":0},0,null,{"$f":"$X44*AH44","v":0},0,null,0,{"$f":"(SUMPRODUCT((Planung!$AS$8:$AS$42=$B44)*(Planung!$AV$8:$AV$42)*(Planung!$B$8:$B$42))+SUMPRODUCT((Planung!$BA$8:$BA$42=$B44)*(Planung!$BD$8:$BD$42)*(Planung!$B$8:$B$42))+SUMPRODUCT((Planung!$BI$8:$BI$42=$B44)*(Planung!$BL$8:$BL$42)*(Planung!$B$8:$B$42))+SUMPRODUCT((Planung!$BQ$8:$BQ$42=$B44)*(Planung!$BT$8:$BT$42)*(Planung!$B$8:$B$42)))/IF(E44=0,1,E44)","v":0},{"$f":"(SUMPRODUCT((Planung!$AS$79:$AS$114=$B44)*(Planung!$AV$79:$AV$114)*(Planung!$B$79:$B$114))+SUMPRODUCT((Planung!$BA$79:$BA$114=$B44)*(Planung!$BD$79:$BD$114)*(Planung!$B$79:$B$114))+SUMPRODUCT((Planung!$BI$79:$BI$114=$B44)*(Planung!$BL$79:$BL$114)*(Planung!$B$79:$B$114))+SUMPRODUCT((Planung!$BQ$79:$BQ$114=$B44)*(Planung!$BT$79:$BT$114)*(Planung!$B$79:$B$114)))/IF(F44=0,1,F44)","v":0},{"$f":"(SUMPRODUCT((Planung!$AS$151:$AS$185=$B44)*(Planung!$AV$151:$AV$185)*(Planung!$B$151:$B$185))+SUMPRODUCT((Planung!$BA$151:$BA$185=$B44)*(Planung!$BD$151:$BD$185)*(Planung!$B$151:$B$185))+SUMPRODUCT((Planung!$BI$151:$BI$185=$B44)*(Planung!$BL$151:$BL$185)*(Planung!$B$151:$B$185))+SUMPRODUCT((Planung!$BQ$151:$BQ$185=$B44)*(Planung!$BT$151:$BT$185)*(Planung!$B$151:$B$185)))/IF(G44=0,1,G44)","v":0},{"$f":"(SUMPRODUCT((Planung!$AS$223:$AS$255=$B44)*(Planung!$AV$223:$AV$255)*(Planung!$B$223:$B$255))+SUMPRODUCT((Planung!$BA$223:$BA$255=$B44)*(Planung!$BD$223:$BD$255)*(Planung!$B$223:$B$255))+SUMPRODUCT((Planung!$BI$223:$BI$255=$B44)*(Planung!$BL$223:$BL$255)*(Planung!$B$223:$B$255))+SUMPRODUCT((Planung!$BQ$223:$BQ$255=$B44)*(Planung!$BT$223:$BT$255)*(Planung!$B$223:$B$255)))/IF(G44=0,1,G44)","v":0},{"$f":"(SUMPRODUCT((Planung!$AS$293:$AS$326=$B44)*(Planung!$AV$293:$AV$326)*(Planung!$B$293:$B$326))+SUMPRODUCT((Planung!$BA$293:$BA$326=$B44)*(Planung!$BD$293:$BD$326)*(Planung!$B$293:$B$326))+SUMPRODUCT((Planung!$BI$293:$BI$326=$B44)*(Planung!$BL$293:$BL$326)*(Planung!$B$293:$B$326))+SUMPRODUCT((Planung!$BQ$293:$BQ$326=$B44)*(Planung!$BT$293:$BT$326)*(Planung!$B$293:$B$326)))/IF(G44=0,1,G44)","v":0},{"$f":"(SUMPRODUCT((Planung!$AS$364:$AS$384=$B44)*(Planung!$AV$364:$AV$384)*(Planung!$B$364:$B$384))+SUMPRODUCT((Planung!$BA$364:$BA$384=$B44)*(Planung!$BD$364:$BD$384)*(Planung!$B$364:$B$384))+SUMPRODUCT((Planung!$BI$364:$BI$384=$B44)*(Planung!$BL$364:$BL$384)*(Planung!$B$364:$B$384))+SUMPRODUCT((Planung!$BQ$364:$BQ$384=$B44)*(Planung!$BT$364:$BT$384)*(Planung!$B$364:$B$384)))/IF(G44=0,1,G44)","v":0}]
[null,11426,null,null,null,null,null,null,null,null,null,null,null,null,{"$f":"N45*PreisDiesel","v":0},{"$f":"N45*AnteilOel*PreisOel","v":0},0,null,null,null,null,null,{"$f":"IF(U45=0,0,(R45-S45)/U45)","v":0},{"$f":"IF(U45=0,0,V45/U45)","v":0},{"$f":"INDEX(AG45:AP45,AuslastSel)","v":0},{"$f":"IF(X45=0,0,Y45/X45)","v":0},{"$f":"IF(OR(U45=0,X45=0,Z45=0),0,IF(Z45>1,(R45-S45)/V45,((R45-S45)/U45)/Y45))","v":0},{"$f":"IF(OR(X45=0,Z45=0),0,((R45+S45)/2*Interest)/Y45)","v":0},{"$f":"IF(Y45=0,0,T45/Y45)","v":0},{"$f":"SUM(AA45:AC45)","v":0},{"$f":"AD45+Q45","v":0},null,{"$f":"$X45*AH45","v":0},0,null,{"$f":"IF($X45=0,0,AI45/$X45)","v":0},{"$f":"(SUMPRODUCT((Planung!$AS$8:$AS$42=$B45)*(Planung!$AV$8:$AV$42)*(Planung!$B$8:$B$42))+SUMPRODUCT((Planung!$BA$8:$BA$42=$B45)*(Planung!$BD$8:$BD$42)*(Planung!$B$8:$B$42))+SUMPRODUCT((Planung!$BI$8:$BI$42=$B45)*(Planung!$BL$8:$BL$42)*(Planung!$B$8:$B$42))+SUMPRODUCT((Planung!$BQ$8:$BQ$42=$B45)*(Planung!$BT$8:$BT$42)*(Planung!$B$8:$B$42)))/IF(E45=0,1,E45)","v":0},{"$f":"(SUMPRODUCT((Planung!$AS$79:$AS$114=$B45)*(Planung!$AV$79:$AV$114)*(Planung!$B$79:$B$114))+SUMPRODUCT((Planung!$BA$79:$BA$114=$B45)*(Planung!$BD$79:$BD$114)*(Planung!$B$79:$B$114))+SUMPRODUCT((Planung!$BI$79:$BI$114=$B45)*(Planung!$BL$79:$BL$114)*(Planung!$B$79:$B$114))+SUMPRODUCT((Planung!$BQ$79:$BQ$114=$B45)*(Planung!$BT$79:$BT$114)*(Planung!$B$79:$B$114)))/IF(F45=0,1,F45)","v":0},{"$f":"(SUMPRODUCT((Planung!$AS$151:$AS$185=$B45)*(Planung!$AV$151:$AV$185)*(Planung!$B$151:$B$185))+SUMPRODUCT((Planung!$BA$151:$BA$185=$B45)*(Planung!$BD$151:$BD$185)*(Planung!$B$151:$B$185))+SUMPRODUCT((Planung!$BI$151:$BI$185=$B45)*(Planung!$BL$151:$BL$185)*(Planung!$B$151:$B$185))+SUMPRODUCT((Planung!$BQ$151:$BQ$185=$B45)*(Planung!$BT$151:$BT$185)*(Planung!$B$151:$B$185)))/IF(G45=0,1,G45)","v":0},{"$f":"(SUMPRODUCT((Planung!$AS$223:$AS$255=$B45)*(Planung!$AV$223:$AV$255)*(Planung!$B$223:$B$255))+SUMPRODUCT((Planung!$BA$223:$BA$255=$B45)*(Planung!$BD$223:$BD$255)*(Planung!$B$223:$B$255))+SUMPRODUCT((Planung!$BI$223:$BI$255=$B45)*(Planung!$BL$223:$BL$255)*(Planung!$B$223:$B$255))+SUMPRODUCT((Planung!$BQ$223:$BQ$255=$B45)*(Planung!$BT$223:$BT$255)*(Planung!$B$223:$B$255)))/IF(G45=0,1,G45)","v":0},{"$f":"(SUMPRODUCT((Planung!$AS$293:$AS$326=$B45)*(Planung!$AV$293:$AV$326)*(Planung!$B$293:$B$326))+SUMPRODUCT((Planung!$BA$293:$BA$326=$B45)*(Planung!$BD$293:$BD$326)*(Planung!$B$293:$B$326))+SUMPRODUCT((Planung!$BI$293:$BI$326=$B45)*(Planung!$BL$293:$BL$326)*(Planung!$B$293:$B$326))+SUMPRODUCT((Planung!$BQ$293:$BQ$326=$B45)*(Planung!$BT$293:$BT$326)*(Planung!$B$293:$B$326)))/IF(G45=0,1,G45)","v":0},{"$f":"(SUMPRODUCT((Planung!$AS$364:$AS$384=$B45)*(Planung!$AV$364:$AV$384)*(Planung!$B$364:$B$384))+SUMPRODUCT((Planung!$BA$364:$BA$384=$B45)*(Planung!$BD$364:$BD$384)*(Planung!$B$364:$B$384))+SUMPRODUCT((Planung!$BI$364:$BI$384=$B45)*(Planung!$BL$364:$BL$384)*(Planung!$B$364:$B$384))+SUMPRODUCT((Planung!$BQ$364:$BQ$384=$B45)*(Planung!$BT$364:$BT$384)*(Planung!$B$364:$B$384)))/IF(G45=0,1,G45)","v":0}]
[null,11415,null,null,null,null,null,null,null,null,null,null,null,null,0,0,0,null,null,null,null,null,0,0,{"$f":"INDEX(AG46:AP46,AuslastSel)","v":0},0,0,{"$f":"IF(OR(X46=0,Z46=0),0,((R46+S46)/2*Interest)/Y46)","v":0},0,0,{"$f":"AD46+Q46","v":0},null,0,0,null,0,{"$f":"(SUMPRODUCT((Planung!$AS$8:$AS$42=$B46)*(Planung!$AV$8:$AV$42)*(Planung!$B$8:$B$42))+SUMPRODUCT((Planung!$BA$8:$BA$42=$B46)*(Planung!$BD$8:$BD$42)*(Planung!$B$8:$B$42))+SUMPRODUCT((Planung!$BI$8:$BI$42=$B46)*(Planung!$BL$8:$BL$42)*(Planung!$B$8:$B$42))+SUMPRODUCT((Planung!$BQ$8:$BQ$42=$B46)*(Planung!$BT$8:$BT$42)*(Planung!$B$8:$B$42)))/IF(E46=0,1,E46)","v":0},{"$f":"(SUMPRODUCT((Planung!$AS$79:$AS$114=$B46)*(Planung!$AV$79:$AV$114)*(Planung!$B$79:$B$114))+SUMPRODUCT((Planung!$BA$79:$BA$114=$B46)*(Planung!$BD$79:$BD$114)*(Planung!$B$79:$B$114))+SUMPRODUCT((Planung!$BI$79:$BI$114=$B46)*(Planung!$BL$79:$BL$114)*(Planung!$B$79:$B$114))+SUMPRODUCT((Planung!$BQ$79:$BQ$114=$B46)*(Planung!$BT$79:$BT$114)*(Planung!$B$79:$B$114)))/IF(F46=0,1,F46)","v":0},{"$f":"(SUMPRODUCT((Planung!$AS$151:$AS$185=$B46)*(Planung!$AV$151:$AV$185)*(Planung!$B$151:$B$185))+SUMPRODUCT((Planung!$BA$151:$BA$185=$B46)*(Planung!$BD$151:$BD$185)*(Planung!$B$151:$B$185))+SUMPRODUCT((Planung!$BI$151:$BI$185=$B46)*(Planung!$BL$151:$BL$185)*(Planung!$B$151:$B$185))+SUMPRODUCT((Planung!$BQ$151:$BQ$185=$B46)*(Planung!$BT$151:$BT$185)*(Planung!$B$151:$B$185)))/IF(G46=0,1,G46)","v":0},{"$f":"(SUMPRODUCT((Planung!$AS$223:$AS$255=$B46)*(Planung!$AV$223:$AV$255)*(Planung!$B$223:$B$255))+SUMPRODUCT((Planung!$BA$223:$BA$255=$B46)*(Planung!$BD$223:$BD$255)*(Planung!$B$223:$B$255))+SUMPRODUCT((Planung!$BI$223:$BI$255=$B46)*(Planung!$BL$223:$BL$255)*(Planung!$B$223:$B$255))+SUMPRODUCT((Planung!$BQ$223:$BQ$255=$B46)*(Planung!$BT$223:$BT$255)*(Planung!$B$223:$B$255)))/IF(G46=0,1,G46)","v":0},{"$f":"(SUMPRODUCT((Planung!$AS$293:$AS$326=$B46)*(Planung!$AV$293:$AV$326)*(Planung!$B$293:$B$326))+SUMPRODUCT((Planung!$BA$293:$BA$326=$B46)*(Planung!$BD$293:$BD$326)*(Planung!$B$293:$B$326))+SUMPRODUCT((Planung!$BI$293:$BI$326=$B46)*(Planung!$BL$293:$BL$326)*(Planung!$B$293:$B$326))+SUMPRODUCT((Planung!$BQ$293:$BQ$326=$B46)*(Planung!$BT$293:$BT$326)*(Planung!$B$293:$B$326)))/IF(G46=0,1,G46)","v":0},{"$f":"(SUMPRODUCT((Planung!$AS$364:$AS$384=$B46)*(Planung!$AV$364:$AV$384)*(Planung!$B$364:$B$384))+SUMPRODUCT((Planung!$BA$364:$BA$384=$B46)*(Planung!$BD$364:$BD$384)*(Planung!$B$364:$B$384))+SUMPRODUCT((Planung!$BI$364:$BI$384=$B46)*(Planung!$BL$364:$BL$384)*(Planung!$B$364:$B$384))+SUMPRODUCT((Planung!$BQ$364:$BQ$384=$B46)*(Planung!$BT$364:$BT$384)*(Planung!$B$364:$B$384)))/IF(G46=0,1,G46)","v":0}]
[null,11418,null,null,null,null,null,null,null,null,null,null,null,null,{"$f":"N47*PreisDiesel","v":0},{"$f":"N47*AnteilOel*PreisOel","v":0},0,null,null,null,null,null,{"$f":"IF(U47=0,0,(R47-S47)/U47)","v":0},{"$f":"IF(U47=0,0,V47/U47)","v":0},{"$f":"INDEX(AG47:AP47,AuslastSel)","v":0},{"$f":"IF(X47=0,0,Y47/X47)","v":0},{"$f":"IF(OR(U47=0,X47=0,Z47=0),0,IF(Z47>1,(R47-S47)/V47,((R47-S47)/U47)/Y47))","v":0},{"$f":"IF(OR(X47=0,Z47=0),0,((R47+S47)/2*Interest)/Y47)","v":0},{"$f":"IF(Y47=0,0,T47/Y47)","v":0},{"$f":"SUM(AA47:AC47)","v":0},{"$f":"AD47+Q47","v":0},null,{"$f":"$X47*AH47","v":0},0,null,{"$f":"IF($X47=0,0,AI47/$X47)","v":0},{"$f":"(SUMPRODUCT((Planung!$AS$8:$AS$42=$B47)*(Planung!$AV$8:$AV$42)*(Planung!$B$8:$B$42))+SUMPRODUCT((Planung!$BA$8:$BA$42=$B47)*(Planung!$BD$8:$BD$42)*(Planung!$B$8:$B$42))+SUMPRODUCT((Planung!$BI$8:$BI$42=$B47)*(Planung!$BL$8:$BL$42)*(Planung!$B$8:$B$42))+SUMPRODUCT((Planung!$BQ$8:$BQ$42=$B47)*(Planung!$BT$8:$BT$42)*(Planung!$B$8:$B$42)))/IF(E47=0,1,E47)","v":0},{"$f":"(SUMPRODUCT((Planung!$AS$79:$AS$114=$B47)*(Planung!$AV$79:$AV$114)*(Planung!$B$79:$B$114))+SUMPRODUCT((Planung!$BA$79:$BA$114=$B47)*(Planung!$BD$79:$BD$114)*(Planung!$B$79:$B$114))+SUMPRODUCT((Planung!$BI$79:$BI$114=$B47)*(Planung!$BL$79:$BL$114)*(Planung!$B$79:$B$114))+SUMPRODUCT((Planung!$BQ$79:$BQ$114=$B47)*(Planung!$BT$79:$BT$114)*(Planung!$B$79:$B$114)))/IF(F47=0,1,F47)","v":0},{"$f":"(SUMPRODUCT((Planung!$AS$151:$AS$185=$B47)*(Planung!$AV$151:$AV$185)*(Planung!$B$151:$B$185))+SUMPRODUCT((Planung!$BA$151:$BA$185=$B47)*(Planung!$BD$151:$BD$185)*(Planung!$B$151:$B$185))+SUMPRODUCT((Planung!$BI$151:$BI$185=$B47)*(Planung!$BL$151:$BL$185)*(Planung!$B$151:$B$185))+SUMPRODUCT((Planung!$BQ$151:$BQ$185=$B47)*(Planung!$BT$151:$BT$185)*(Planung!$B$151:$B$185)))/IF(G47=0,1,G47)","v":0},{"$f":"(SUMPRODUCT((Planung!$AS$223:$AS$255=$B47)*(Planung!$AV$223:$AV$255)*(Planung!$B$223:$B$255))+SUMPRODUCT((Planung!$BA$223:$BA$255=$B47)*(Planung!$BD$223:$BD$255)*(Planung!$B$223:$B$255))+SUMPRODUCT((Planung!$BI$223:$BI$255=$B47)*(Planung!$BL$223:$BL$255)*(Planung!$B$223:$B$255))+SUMPRODUCT((Planung!$BQ$223:$BQ$255=$B47)*(Planung!$BT$223:$BT$255)*(Planung!$B$223:$B$255)))/IF(G47=0,1,G47)","v":0},{"$f":"(SUMPRODUCT((Planung!$AS$293:$AS$326=$B47)*(Planung!$AV$293:$AV$326)*(Planung!$B$293:$B$326))+SUMPRODUCT((Planung!$BA$293:$BA$326=$B47)*(Planung!$BD$293:$BD$326)*(Planung!$B$293:$B$326))+SUMPRODUCT((Planung!$BI$293:$BI$326=$B47)*(Planung!$BL$293:$BL$326)*(Planung!$B$293:$B$326))+SUMPRODUCT((Planung!$BQ$293:$BQ$326=$B47)*(Planung!$BT$293:$BT$326)*(Planung!$B$293:$B$326)))/IF(G47=0,1,G47)","v":0},{"$f":"(SUMPRODUCT((Planung!$AS$364:$AS$384=$B47)*(Planung!$AV$364:$AV$384)*(Planung!$B$364:$B$384))+SUMPRODUCT((Planung!$BA$364:$BA$384=$B47)*(Planung!$BD$364:$BD$384)*(Planung!$B$364:$B$384))+SUMPRODUCT((Planung!$BI$364:$BI$384=$B47)*(Planung!$BL$364:$BL$384)*(Planung!$B$364:$B$384))+SUMPRODUCT((Planung!$BQ$364:$BQ$384=$B47)*(Planung!$BT$364:$BT$384)*(Planung!$B$364:$B$384)))/IF(G47=0,1,G47)","v":0}]
[null,11417,null,null,null,null,null,null,null,null,null,null,null,null,{"$f":"N48*PreisDiesel","v":0},{"$f":"N48*AnteilOel*PreisOel","v":0},0,null,null,null,null,null,{"$f":"IF(U48=0,0,(R48-S48)/U48)","v":0},{"$f":"IF(U48=0,0,V48/U48)","v":0},{"$f":"INDEX(AG48:AP48,AuslastSel)","v":0},{"$f":"IF(X48=0,0,Y48/X48)","v":0},{"$f":"IF(OR(U48=0,X48=0,Z48=0),0,IF(Z48>1,(R48-S48)/V48,((R48-S48)/U48)/Y48))","v":0},{"$f":"IF(OR(X48=0,Z48=0),0,((R48+S48)/2*Interest)/Y48)","v":0},{"$f":"IF(Y48=0,0,T48/Y48)","v":0},{"$f":"SUM(AA48:AC48)","v":0},{"$f":"AD48+Q48","v":0},null,{"$f":"$X48*AH48","v":0},0,null,{"$f":"IF($X48=0,0,AI48/$X48)","v":0},{"$f":"(SUMPRODUCT((Planung!$AS$8:$AS$42=$B48)*(Planung!$AV$8:$AV$42)*(Planung!$B$8:$B$42))+SUMPRODUCT((Planung!$BA$8:$BA$42=$B48)*(Planung!$BD$8:$BD$42)*(Planung!$B$8:$B$42))+SUMPRODUCT((Planung!$BI$8:$BI$42=$B48)*(Planung!$BL$8:$BL$42)*(Planung!$B$8:$B$42))+SUMPRODUCT((Planung!$BQ$8:$BQ$42=$B48)*(Planung!$BT$8:$BT$42)*(Planung!$B$8:$B$42)))/IF(E48=0,1,E48)","v":0},{"$f":"(SUMPRODUCT((Planung!$AS$79:$AS$114=$B48)*(Planung!$AV$79:$AV$114)*(Planung!$B$79:$B$114))+SUMPRODUCT((Planung!$BA$79:$BA$114=$B48)*(Planung!$BD$79:$BD$114)*(Planung!$B$79:$B$114))+SUMPRODUCT((Planung!$BI$79:$BI$114=$B48)*(Planung!$BL$79:$BL$114)*(Planung!$B$79:$B$114))+SUMPRODUCT((Planung!$BQ$79:$BQ$114=$B48)*(Planung!$BT$79:$BT$114)*(Planung!$B$79:$B$114)))/IF(F48=0,1,F48)","v":0},{"$f":"(SUMPRODUCT((Planung!$AS$151:$AS$185=$B48)*(Planung!$AV$151:$AV$185)*(Planung!$B$151:$B$185))+SUMPRODUCT((Planung!$BA$151:$BA$185=$B48)*(Planung!$BD$151:$BD$185)*(Planung!$B$151:$B$185))+SUMPRODUCT((Planung!$BI$151:$BI$185=$B48)*(Planung!$BL$151:$BL$185)*(Planung!$B$151:$B$185))+SUMPRODUCT((Planung!$BQ$151:$BQ$185=$B48)*(Planung!$BT$151:$BT$185)*(Planung!$B$151:$B$185)))/IF(G48=0,1,G48)","v":0},{"$f":"(SUMPRODUCT((Planung!$AS$223:$AS$255=$B48)*(Planung!$AV$223:$AV$255)*(Planung!$B$223:$B$255))+SUMPRODUCT((Planung!$BA$223:$BA$255=$B48)*(Planung!$BD$223:$BD$255)*(Planung!$B$223:$B$255))+SUMPRODUCT((Planung!$BI$223:$BI$255=$B48)*(Planung!$BL$223:$BL$255)*(Planung!$B$223:$B$255))+SUMPRODUCT((Planung!$BQ$223:$BQ$255=$B48)*(Planung!$BT$223:$BT$255)*(Planung!$B$223:$B$255)))/IF(G48=0,1,G48)","v":0},{"$f":"(SUMPRODUCT((Planung!$AS$293:$AS$326=$B48)*(Planung!$AV$293:$AV$326)*(Planung!$B$293:$B$326))+SUMPRODUCT((Planung!$BA$293:$BA$326=$B48)*(Planung!$BD$293:$BD$326)*(Planung!$B$293:$B$326))+SUMPRODUCT((Planung!$BI$293:$BI$326=$B48)*(Planung!$BL$293:$BL$326)*(Planung!$B$293:$B$326))+SUMPRODUCT((Planung!$BQ$293:$BQ$326=$B48)*(Planung!$BT$293:$BT$326)*(Planung!$B$293:$B$326)))/IF(G48=0,1,G48)","v":0},{"$f":"(SUMPRODUCT((Planung!$AS$364:$AS$384=$B48)*(Planung!$AV$364:$AV$384)*(Planung!$B$364:$B$384))+SUMPRODUCT((Planung!$BA$364:$BA$384=$B48)*(Planung!$BD$364:$BD$384)*(Planung!$B$364:$B$384))+SUMPRODUCT((Planung!$BI$364:$BI$384=$B48)*(Planung!$BL$364:$BL$384)*(Planung!$B$364:$B$384))+SUMPRODUCT((Planung!$BQ$364:$BQ$384=$B48)*(Planung!$BT$364:$BT$384)*(Planung!$B$364:$B$384)))/IF(G48=0,1,G48)","v":0}]
[null,11416,null,null,null,null,null,null,null,null,null,null,null,null,{"$f":"N49*PreisDiesel","v":0},{"$f":"N49*AnteilOel*PreisOel","v":0},0,null,null,null,null,null,{"$f":"IF(U49=0,0,(R49-S49)/U49)","v":0},{"$f":"IF(U49=0,0,V49/U49)","v":0},{"$f":"INDEX(AG49:AP49,AuslastSel)","v":0},{"$f":"IF(X49=0,0,Y49/X49)","v":0},{"$f":"IF(OR(U49=0,X49=0,Z49=0),0,IF(Z49>1,(R49-S49)/V49,((R49-S49)/U49)/Y49))","v":0},{"$f":"IF(OR(X49=0,Z49=0),0,((R49+S49)/2*Interest)/Y49)","v":0},{"$f":"IF(Y49=0,0,T49/Y49)","v":0},{"$f":"SUM(AA49:AC49)","v":0},{"$f":"AD49+Q49","v":0},null,{"$f":"$X49*AH49","v":0},0,null,{"$f":"IF($X49=0,0,AI49/$X49)","v":0},{"$f":"(SUMPRODUCT((Planung!$AS$8:$AS$42=$B49)*(Planung!$AV$8:$AV$42)*(Planung!$B$8:$B$42))+SUMPRODUCT((Planung!$BA$8:$BA$42=$B49)*(Planung!$BD$8:$BD$42)*(Planung!$B$8:$B$42))+SUMPRODUCT((Planung!$BI$8:$BI$42=$B49)*(Planung!$BL$8:$BL$42)*(Planung!$B$8:$B$42))+SUMPRODUCT((Planung!$BQ$8:$BQ$42=$B49)*(Planung!$BT$8:$BT$42)*(Planung!$B$8:$B$42)))/IF(E49=0,1,E49)","v":0},{"$f":"(SUMPRODUCT((Planung!$AS$79:$AS$114=$B49)*(Planung!$AV$79:$AV$114)*(Planung!$B$79:$B$114))+SUMPRODUCT((Planung!$BA$79:$BA$114=$B49)*(Planung!$BD$79:$BD$114)*(Planung!$B$79:$B$114))+SUMPRODUCT((Planung!$BI$79:$BI$114=$B49)*(Planung!$BL$79:$BL$114)*(Planung!$B$79:$B$114))+SUMPRODUCT((Planung!$BQ$79:$BQ$114=$B49)*(Planung!$BT$79:$BT$114)*(Planung!$B$79:$B$114)))/IF(F49=0,1,F49)","v":0},{"$f":"(SUMPRODUCT((Planung!$AS$151:$AS$185=$B49)*(Planung!$AV$151:$AV$185)*(Planung!$B$151:$B$185))+SUMPRODUCT((Planung!$BA$151:$BA$185=$B49)*(Planung!$BD$151:$BD$185)*(Planung!$B$151:$B$185))+SUMPRODUCT((Planung!$BI$151:$BI$185=$B49)*(Planung!$BL$151:$BL$185)*(Planung!$B$151:$B$185))+SUMPRODUCT((Planung!$BQ$151:$BQ$185=$B49)*(Planung!$BT$151:$BT$185)*(Planung!$B$151:$B$185)))/IF(G49=0,1,G49)","v":0},{"$f":"(SUMPRODUCT((Planung!$AS$223:$AS$255=$B49)*(Planung!$AV$223:$AV$255)*(Planung!$B$223:$B$255))+SUMPRODUCT((Planung!$BA$223:$BA$255=$B49)*(Planung!$BD$223:$BD$255)*(Planung!$B$223:$B$255))+SUMPRODUCT((Planung!$BI$223:$BI$255=$B49)*(Planung!$BL$223:$BL$255)*(Planung!$B$223:$B$255))+SUMPRODUCT((Planung!$BQ$223:$BQ$255=$B49)*(Planung!$BT$223:$BT$255)*(Planung!$B$223:$B$255)))/IF(G49=0,1,G49)","v":0},{"$f":"(SUMPRODUCT((Planung!$AS$293:$AS$326=$B49)*(Planung!$AV$293:$AV$326)*(Planung!$B$293:$B$326))+SUMPRODUCT((Planung!$BA$293:$BA$326=$B49)*(Planung!$BD$293:$BD$326)*(Planung!$B$293:$B$326))+SUMPRODUCT((Planung!$BI$293:$BI$326=$B49)*(Planung!$BL$293:$BL$326)*(Planung!$B$293:$B$326))+SUMPRODUCT((Planung!$BQ$293:$BQ$326=$B49)*(Planung!$BT$293:$BT$326)*(Planung!$B$293:$B$326)))/IF(G49=0,1,G49)","v":0},{"$f":"(SUMPRODUCT((Planung!$AS$364:$AS$384=$B49)*(Planung!$AV$364:$AV$384)*(Planung!$B$364:$B$384))+SUMPRODUCT((Planung!$BA$364:$BA$384=$B49)*(Planung!$BD$364:$BD$384)*(Planung!$B$364:$B$384))+SUMPRODUCT((Planung!$BI$364:$BI$384=$B49)*(Planung!$BL$364:$BL$384)*(Planung!$B$364:$B$384))+SUMPRODUCT((Planung!$BQ$364:$BQ$384=$B49)*(Planung!$BT$364:$BT$384)*(Planung!$B$364:$B$384)))/IF(G49=0,1,G49)","v":0}]
[null,null,"BODENBEARBEITUNG",null,null,null,null,null,null,null,null,null,null,null,0,0,0,null,null,null,null,null,0,0,0,0,0,0,0,0,0,null,0,0,null,0,{"$f":"(SUMPRODUCT((Planung!$AS$8:$AS$42=$B50)*(Planung!$AV$8:$AV$42)*(Planung!$B$8:$B$42))+SUMPRODUCT((Planung!$BA$8:$BA$42=$B50)*(Planung!$BD$8:$BD$42)*(Planung!$B$8:$B$42))+SUMPRODUCT((Planung!$BI$8:$BI$42=$B50)*(Planung!$BL$8:$BL$42)*(Planung!$B$8:$B$42))+SUMPRODUCT((Planung!$BQ$8:$BQ$42=$B50)*(Planung!$BT$8:$BT$42)*(Planung!$B$8:$B$42)))/IF(E50=0,1,E50)","v":0},{"$f":"(SUMPRODUCT((Planung!$AS$79:$AS$114=$B50)*(Planung!$AV$79:$AV$114)*(Planung!$B$79:$B$114))+SUMPRODUCT((Planung!$BA$79:$BA$114=$B50)*(Planung!$BD$79:$BD$114)*(Planung!$B$79:$B$114))+SUMPRODUCT((Planung!$BI$79:$BI$114=$B50)*(Planung!$BL$79:$BL$114)*(Planung!$B$79:$B$114))+SUMPRODUCT((Planung!$BQ$79:$BQ$114=$B50)*(Planung!$BT$79:$BT$114)*(Planung!$B$79:$B$114)))/IF(F50=0,1,F50)","v":0},{"$f":"(SUMPRODUCT((Planung!$AS$151:$AS$185=$B50)*(Planung!$AV$151:$AV$185)*(Planung!$B$151:$B$185))+SUMPRODUCT((Planung!$BA$151:$BA$185=$B50)*(Planung!$BD$151:$BD$185)*(Planung!$B$151:$B$185))+SUMPRODUCT((Planung!$BI$151:$BI$185=$B50)*(Planung!$BL$151:$BL$185)*(Planung!$B$151:$B$185))+SUMPRODUCT((Planung!$BQ$151:$BQ$185=$B50)*(Planung!$BT$151:$BT$185)*(Planung!$B$151:$B$185)))/IF(G50=0,1,G50)","v":0},{"$f":"(SUMPRODUCT((Planung!$AS$223:$AS$255=$B50)*(Planung!$AV$223:$AV$255)*(Planung!$B$223:$B$255))+SUMPRODUCT((Planung!$BA$223:$BA$255=$B50)*(Planung!$BD$223:$BD$255)*(Planung!$B$223:$B$255))+SUMPRODUCT((Planung!$BI$223:$BI$255=$B50)*(Planung!$BL$223:$BL$255)*(Planung!$B$223:$B$255))+SUMPRODUCT((Planung!$BQ$223:$BQ$255=$B50)*(Planung!$BT$223:$BT$255)*(Planung!$B$223:$B$255)))/IF(G50=0,1,G50)","v":0},{"$f":"(SUMPRODUCT((Planung!$AS$293:$AS$326=$B50)*(Planung!$AV$293:$AV$326)*(Planung!$B$293:$B$326))+SUMPRODUCT((Planung!$BA$293:$BA$326=$B50)*(Planung!$BD$293:$BD$326)*(Planung!$B$293:$B$326))+SUMPRODUCT((Planung!$BI$293:$BI$326=$B50)*(Planung!$BL$293:$BL$326)*(Planung!$B$293:$B$326))+SUMPRODUCT((Planung!$BQ$293:$BQ$326=$B50)*(Planung!$BT$293:$BT$326)*(Planung!$B$293:$B$326)))/IF(G50=0,1,G50)","v":0},{"$f":"(SUMPRODUCT((Planung!$AS$364:$AS$384=$B50)*(Planung!$AV$364:$AV$384)*(Planung!$B$364:$B$384))+SUMPRODUCT((Planung!$BA$364:$BA$384=$B50)*(Planung!$BD$364:$BD$384)*(Planung!$B$364:$B$384))+SUMPRODUCT((Planung!$BI$364:$BI$384=$B50)*(Planung!$BL$364:$BL$384)*(Planung!$B$364:$B$384))+SUMPRODUCT((Planung!$BQ$364:$BQ$384=$B50)*(Planung!$BT$364:$BT$384)*(Planung!$B$364:$B$384)))/IF(G50=0,1,G50)","v":0}]
[null,11511,"*Drehpflug 7Schare, 2,4m, Steinsicherung","ha",1,1,1,1,1,1,12,null,null,null,0,0,12,45000,9000,null,14,3600,2571.4285714285716,257.14285714285717,0,0,0,0,0,0,12,null,205.71428571428575,0.8,210,0.81666666666666654,{"$f":"(SUMPRODUCT((Planung!$AS$8:$AS$42=$B51)*(Planung!$AV$8:$AV$42)*(Planung!$B$8:$B$42))+SUMPRODUCT((Planung!$BA$8:$BA$42=$B51)*(Planung!$BD$8:$BD$42)*(Planung!$B$8:$B$42))+SUMPRODUCT((Planung!$BI$8:$BI$42=$B51)*(Planung!$BL$8:$BL$42)*(Planung!$B$8:$B$42))+SUMPRODUCT((Planung!$BQ$8:$BQ$42=$B51)*(Planung!$BT$8:$BT$42)*(Planung!$B$8:$B$42)))/IF(E51=0,1,E51)","v":0},{"$f":"(SUMPRODUCT((Planung!$AS$79:$AS$114=$B51)*(Planung!$AV$79:$AV$114)*(Planung!$B$79:$B$114))+SUMPRODUCT((Planung!$BA$79:$BA$114=$B51)*(Planung!$BD$79:$BD$114)*(Planung!$B$79:$B$114))+SUMPRODUCT((Planung!$BI$79:$BI$114=$B51)*(Planung!$BL$79:$BL$114)*(Planung!$B$79:$B$114))+SUMPRODUCT((Planung!$BQ$79:$BQ$114=$B51)*(Planung!$BT$79:$BT$114)*(Planung!$B$79:$B$114)))/IF(F51=0,1,F51)","v":0},{"$f":"(SUMPRODUCT((Planung!$AS$151:$AS$185=$B51)*(Planung!$AV$151:$AV$185)*(Planung!$B$151:$B$185))+SUMPRODUCT((Planung!$BA$151:$BA$185=$B51)*(Planung!$BD$151:$BD$185)*(Planung!$B$151:$B$185))+SUMPRODUCT((Planung!$BI$151:$BI$185=$B51)*(Planung!$BL$151:$BL$185)*(Planung!$B$151:$B$185))+SUMPRODUCT((Planung!$BQ$151:$BQ$185=$B51)*(Planung!$BT$151:$BT$185)*(Planung!$B$151:$B$185)))/IF(G51=0,1,G51)","v":0},{"$f":"(SUMPRODUCT((Planung!$AS$223:$AS$255=$B51)*(Planung!$AV$223:$AV$255)*(Planung!$B$223:$B$255))+SUMPRODUCT((Planung!$BA$223:$BA$255=$B51)*(Planung!$BD$223:$BD$255)*(Planung!$B$223:$B$255))+SUMPRODUCT((Planung!$BI$223:$BI$255=$B51)*(Planung!$BL$223:$BL$255)*(Planung!$B$223:$B$255))+SUMPRODUCT((Planung!$BQ$223:$BQ$255=$B51)*(Planung!$BT$223:$BT$255)*(Planung!$B$223:$B$255)))/IF(G51=0,1,G51)","v":0},{"$f":"(SUMPRODUCT((Planung!$AS$293:$AS$326=$B51)*(Planung!$AV$293:$AV$326)*(Planung!$B$293:$B$326))+SUMPRODUCT((Planung!$BA$293:$BA$326=$B51)*(Planung!$BD$293:$BD$326)*(Planung!$B$293:$B$326))+SUMPRODUCT((Planung!$BI$293:$BI$326=$B51)*(Planung!$BL$293:$BL$326)*(Planung!$B$293:$B$326))+SUMPRODUCT((Planung!$BQ$293:$BQ$326=$B51)*(Planung!$BT$293:$BT$326)*(Planung!$B$293:$B$326)))/IF(G51=0,1,G51)","v":0},{"$f":"(SUMPRODUCT((Planung!$AS$364:$AS$384=$B51)*(Planung!$AV$364:$AV$384)*(Planung!$B$364:$B$384))+SUMPRODUCT((Planung!$BA$364:$BA$384=$B51)*(Planung!$BD$364:$BD$384)*(Planung!$B$364:$B$384))+SUMPRODUCT((Planung!$BI$364:$BI$384=$B51)*(Planung!$BL$364:$BL$384)*(Planung!$B$364:$B$384))+SUMPRODUCT((Planung!$BQ$364:$BQ$384=$B51)*(Planung!$BT$364:$BT$384)*(Planung!$B$364:$B$384)))/IF(G51=0,1,G51)","v":0}]
[null,11513,"*Grubber 4balkig, 4,5m","ha",1,1,1,1,1,1,3.5,null,null,null,{"$f":"N52*PreisDiesel","v":0},{"$f":"N52*AnteilOel*PreisOel","v":0},{"$f":"K52+L52+M52+O52+P52","v":3.5},15500,3100,null,14,2250,{"$f":"IF(U52=0,0,(R52-S52)/U52)","v":885.71428571428567},{"$f":"IF(U52=0,0,V52/U52)","v":160.71428571428572},{"$f":"INDEX(AG52:AP52,AuslastSel)","v":0},{"$f":"IF(X52=0,0,Y52/X52)","v":0},{"$f":"IF(OR(U52=0,X52=0,Z52=0),0,IF(Z52>1,(R52-S52)/V52,((R52-S52)/U52)/Y52))","v":0},{"$f":"IF(OR(X52=0,Z52=0),0,((R52+S52)/2*Interest)/Y52)","v":0},{"$f":"IF(Y52=0,0,T52/Y52)","v":0},{"$f":"SUM(AA52:AC52)","v":0},{"$f":"AD52+Q52","v":3.5},null,{"$f":"$X52*AH52","v":128.57142857142858},0.8,130,{"$f":"IF($X52=0,0,AI52/$X52)","v":0.80888888888888888},{"$f":"(SUMPRODUCT((Planung!$AS$8:$AS$42=$B52)*(Planung!$AV$8:$AV$42)*(Planung!$B$8:$B$42))+SUMPRODUCT((Planung!$BA$8:$BA$42=$B52)*(Planung!$BD$8:$BD$42)*(Planung!$B$8:$B$42))+SUMPRODUCT((Planung!$BI$8:$BI$42=$B52)*(Planung!$BL$8:$BL$42)*(Planung!$B$8:$B$42))+SUMPRODUCT((Planung!$BQ$8:$BQ$42=$B52)*(Planung!$BT$8:$BT$42)*(Planung!$B$8:$B$42)))/IF(E52=0,1,E52)","v":0},{"$f":"(SUMPRODUCT((Planung!$AS$79:$AS$114=$B52)*(Planung!$AV$79:$AV$114)*(Planung!$B$79:$B$114))+SUMPRODUCT((Planung!$BA$79:$BA$114=$B52)*(Planung!$BD$79:$BD$114)*(Planung!$B$79:$B$114))+SUMPRODUCT((Planung!$BI$79:$BI$114=$B52)*(Planung!$BL$79:$BL$114)*(Planung!$B$79:$B$114))+SUMPRODUCT((Planung!$BQ$79:$BQ$114=$B52)*(Planung!$BT$79:$BT$114)*(Planung!$B$79:$B$114)))/IF(F52=0,1,F52)","v":0},{"$f":"(SUMPRODUCT((Planung!$AS$151:$AS$185=$B52)*(Planung!$AV$151:$AV$185)*(Planung!$B$151:$B$185))+SUMPRODUCT((Planung!$BA$151:$BA$185=$B52)*(Planung!$BD$151:$BD$185)*(Planung!$B$151:$B$185))+SUMPRODUCT((Planung!$BI$151:$BI$185=$B52)*(Planung!$BL$151:$BL$185)*(Planung!$B$151:$B$185))+SUMPRODUCT((Planung!$BQ$151:$BQ$185=$B52)*(Planung!$BT$151:$BT$185)*(Planung!$B$151:$B$185)))/IF(G52=0,1,G52)","v":0},{"$f":"(SUMPRODUCT((Planung!$AS$223:$AS$255=$B52)*(Planung!$AV$223:$AV$255)*(Planung!$B$223:$B$255))+SUMPRODUCT((Planung!$BA$223:$BA$255=$B52)*(Planung!$BD$223:$BD$255)*(Planung!$B$223:$B$255))+SUMPRODUCT((Planung!$BI$223:$BI$255=$B52)*(Planung!$BL$223:$BL$255)*(Planung!$B$223:$B$255))+SUMPRODUCT((Planung!$BQ$223:$BQ$255=$B52)*(Planung!$BT$223:$BT$255)*(Planung!$B$223:$B$255)))/IF(G52=0,1,G52)","v":0},{"$f":"(SUMPRODUCT((Planung!$AS$293:$AS$326=$B52)*(Planung!$AV$293:$AV$326)*(Planung!$B$293:$B$326))+SUMPRODUCT((Planung!$BA$293:$BA$326=$B52)*(Planung!$BD$293:$BD$326)*(Planung!$B$293:$B$326))+SUMPRODUCT((Planung!$BI$293:$BI$326=$B52)*(Planung!$BL$293:$BL$326)*(Planung!$B$293:$B$326))+SUMPRODUCT((Planung!$BQ$293:$BQ$326=$B52)*(Planung!$BT$293:$BT$326)*(Planung!$B$293:$B$326)))/IF(G52=0,1,G52)","v":0},{"$f":"(SUMPRODUCT((Planung!$AS$364:$AS$384=$B52)*(Planung!$AV$364:$AV$384)*(Planung!$B$364:$B$384))+SUMPRODUCT((Planung!$BA$364:$BA$384=$B52)*(Planung!$BD$364:$BD$384)*(Planung!$B$364:$B$384))+SUMPRODUCT((Planung!$BI$364:$BI$384=$B52)*(Planung!$BL$364:$BL$384)*(Planung!$B$364:$B$384))+SUMPRODUCT((Planung!$BQ$364:$BQ$384=$B52)*(Planung!$BT$364:$BT$384)*(Planung!$B$364:$B$384)))/IF(G52=0,1,G52)","v":0}]
[null,11512,"*Schwergrubber 4,5m","ha",1,1,1,1,1,1,6,null,null,null,0,0,6,16000,3200,null,14,5400,914.28571428571433,385.71428571428572,0,0,0,0,0,0,6,null,308.57142857142861,0.8,200,0.51851851851851849,{"$f":"(SUMPRODUCT((Planung!$AS$8:$AS$42=$B53)*(Planung!$AV$8:$AV$42)*(Planung!$B$8:$B$42))+SUMPRODUCT((Planung!$BA$8:$BA$42=$B53)*(Planung!$BD$8:$BD$42)*(Planung!$B$8:$B$42))+SUMPRODUCT((Planung!$BI$8:$BI$42=$B53)*(Planung!$BL$8:$BL$42)*(Planung!$B$8:$B$42))+SUMPRODUCT((Planung!$BQ$8:$BQ$42=$B53)*(Planung!$BT$8:$BT$42)*(Planung!$B$8:$B$42)))/IF(E53=0,1,E53)","v":0},{"$f":"(SUMPRODUCT((Planung!$AS$79:$AS$114=$B53)*(Planung!$AV$79:$AV$114)*(Planung!$B$79:$B$114))+SUMPRODUCT((Planung!$BA$79:$BA$114=$B53)*(Planung!$BD$79:$BD$114)*(Planung!$B$79:$B$114))+SUMPRODUCT((Planung!$BI$79:$BI$114=$B53)*(Planung!$BL$79:$BL$114)*(Planung!$B$79:$B$114))+SUMPRODUCT((Planung!$BQ$79:$BQ$114=$B53)*(Planung!$BT$79:$BT$114)*(Planung!$B$79:$B$114)))/IF(F53=0,1,F53)","v":0},{"$f":"(SUMPRODUCT((Planung!$AS$151:$AS$185=$B53)*(Planung!$AV$151:$AV$185)*(Planung!$B$151:$B$185))+SUMPRODUCT((Planung!$BA$151:$BA$185=$B53)*(Planung!$BD$151:$BD$185)*(Planung!$B$151:$B$185))+SUMPRODUCT((Planung!$BI$151:$BI$185=$B53)*(Planung!$BL$151:$BL$185)*(Planung!$B$151:$B$185))+SUMPRODUCT((Planung!$BQ$151:$BQ$185=$B53)*(Planung!$BT$151:$BT$185)*(Planung!$B$151:$B$185)))/IF(G53=0,1,G53)","v":0},{"$f":"(SUMPRODUCT((Planung!$AS$223:$AS$255=$B53)*(Planung!$AV$223:$AV$255)*(Planung!$B$223:$B$255))+SUMPRODUCT((Planung!$BA$223:$BA$255=$B53)*(Planung!$BD$223:$BD$255)*(Planung!$B$223:$B$255))+SUMPRODUCT((Planung!$BI$223:$BI$255=$B53)*(Planung!$BL$223:$BL$255)*(Planung!$B$223:$B$255))+SUMPRODUCT((Planung!$BQ$223:$BQ$255=$B53)*(Planung!$BT$223:$BT$255)*(Planung!$B$223:$B$255)))/IF(G53=0,1,G53)","v":0},{"$f":"(SUMPRODUCT((Planung!$AS$293:$AS$326=$B53)*(Planung!$AV$293:$AV$326)*(Planung!$B$293:$B$326))+SUMPRODUCT((Planung!$BA$293:$BA$326=$B53)*(Planung!$BD$293:$BD$326)*(Planung!$B$293:$B$326))+SUMPRODUCT((Planung!$BI$293:$BI$326=$B53)*(Planung!$BL$293:$BL$326)*(Planung!$B$293:$B$326))+SUMPRODUCT((Planung!$BQ$293:$BQ$326=$B53)*(Planung!$BT$293:$BT$326)*(Planung!$B$293:$B$326)))/IF(G53=0,1,G53)","v":0},{"$f":"(SUMPRODUCT((Planung!$AS$364:$AS$384=$B53)*(Planung!$AV$364:$AV$384)*(Planung!$B$364:$B$384))+SUMPRODUCT((Planung!$BA$364:$BA$384=$B53)*(Planung!$BD$364:$BD$384)*(Planung!$B$364:$B$384))+SUMPRODUCT((Planung!$BI$364:$BI$384=$B53)*(Planung!$BL$364:$BL$384)*(Planung!$B$364:$B$384))+SUMPRODUCT((Planung!$BQ$364:$BQ$384=$B53)*(Planung!$BT$364:$BT$384)*(Planung!$B$364:$B$384)))/IF(G53=0,1,G53)","v":0}]
[null,11514,"*Saatbeetkombination 6m","ha",1,1,1,1,1,1,4,null,null,null,0,0,4,13000,2600,null,14,3000,742.85714285714289,214.28571428571428,0,0,0,0,0,0,4,null,171.42857142857144,0.8,null,0,{"$f":"(SUMPRODUCT((Planung!$AS$8:$AS$42=$B54)*(Planung!$AV$8:$AV$42)*(Planung!$B$8:$B$42))+SUMPRODUCT((Planung!$BA$8:$BA$42=$B54)*(Planung!$BD$8:$BD$42)*(Planung!$B$8:$B$42))+SUMPRODUCT((Planung!$BI$8:$BI$42=$B54)*(Planung!$BL$8:$BL$42)*(Planung!$B$8:$B$42))+SUMPRODUCT((Planung!$BQ$8:$BQ$42=$B54)*(Planung!$BT$8:$BT$42)*(Planung!$B$8:$B$42)))/IF(E54=0,1,E54)","v":0},{"$f":"(SUMPRODUCT((Planung!$AS$79:$AS$114=$B54)*(Planung!$AV$79:$AV$114)*(Planung!$B$79:$B$114))+SUMPRODUCT((Planung!$BA$79:$BA$114=$B54)*(Planung!$BD$79:$BD$114)*(Planung!$B$79:$B$114))+SUMPRODUCT((Planung!$BI$79:$BI$114=$B54)*(Planung!$BL$79:$BL$114)*(Planung!$B$79:$B$114))+SUMPRODUCT((Planung!$BQ$79:$BQ$114=$B54)*(Planung!$BT$79:$BT$114)*(Planung!$B$79:$B$114)))/IF(F54=0,1,F54)","v":0},{"$f":"(SUMPRODUCT((Planung!$AS$151:$AS$185=$B54)*(Planung!$AV$151:$AV$185)*(Planung!$B$151:$B$185))+SUMPRODUCT((Planung!$BA$151:$BA$185=$B54)*(Planung!$BD$151:$BD$185)*(Planung!$B$151:$B$185))+SUMPRODUCT((Planung!$BI$151:$BI$185=$B54)*(Planung!$BL$151:$BL$185)*(Planung!$B$151:$B$185))+SUMPRODUCT((Planung!$BQ$151:$BQ$185=$B54)*(Planung!$BT$151:$BT$185)*(Planung!$B$151:$B$185)))/IF(G54=0,1,G54)","v":0},{"$f":"(SUMPRODUCT((Planung!$AS$223:$AS$255=$B54)*(Planung!$AV$223:$AV$255)*(Planung!$B$223:$B$255))+SUMPRODUCT((Planung!$BA$223:$BA$255=$B54)*(Planung!$BD$223:$BD$255)*(Planung!$B$223:$B$255))+SUMPRODUCT((Planung!$BI$223:$BI$255=$B54)*(Planung!$BL$223:$BL$255)*(Planung!$B$223:$B$255))+SUMPRODUCT((Planung!$BQ$223:$BQ$255=$B54)*(Planung!$BT$223:$BT$255)*(Planung!$B$223:$B$255)))/IF(G54=0,1,G54)","v":0},{"$f":"(SUMPRODUCT((Planung!$AS$293:$AS$326=$B54)*(Planung!$AV$293:$AV$326)*(Planung!$B$293:$B$326))+SUMPRODUCT((Planung!$BA$293:$BA$326=$B54)*(Planung!$BD$293:$BD$326)*(Planung!$B$293:$B$326))+SUMPRODUCT((Planung!$BI$293:$BI$326=$B54)*(Planung!$BL$293:$BL$326)*(Planung!$B$293:$B$326))+SUMPRODUCT((Planung!$BQ$293:$BQ$326=$B54)*(Planung!$BT$293:$BT$326)*(Planung!$B$293:$B$326)))/IF(G54=0,1,G54)","v":0},{"$f":"(SUMPRODUCT((Planung!$AS$364:$AS$384=$B54)*(Planung!$AV$364:$AV$384)*(Planung!$B$364:$B$384))+SUMPRODUCT((Planung!$BA$364:$BA$384=$B54)*(Planung!$BD$364:$BD$384)*(Planung!$B$364:$B$384))+SUMPRODUCT((Planung!$BI$364:$BI$384=$B54)*(Planung!$BL$364:$BL$384)*(Planung!$B$364:$B$384))+SUMPRODUCT((Planung!$BQ$364:$BQ$384=$B54)*(Planung!$BT$364:$BT$384)*(Planung!$B$364:$B$384)))/IF(G54=0,1,G54)","v":0}]
[null,11515,null,null,null,null,null,null,null,null,null,null,null,null,0,0,0,null,null,null,null,null,0,0,0,0,0,0,0,0,0,null,0,0,null,0,{"$f":"(SUMPRODUCT((Planung!$AS$8:$AS$42=$B55)*(Planung!$AV$8:$AV$42)*(Planung!$B$8:$B$42))+SUMPRODUCT((Planung!$BA$8:$BA$42=$B55)*(Planung!$BD$8:$BD$42)*(Planung!$B$8:$B$42))+SUMPRODUCT((Planung!$BI$8:$BI$42=$B55)*(Planung!$BL$8:$BL$42)*(Planung!$B$8:$B$42))+SUMPRODUCT((Planung!$BQ$8:$BQ$42=$B55)*(Planung!$BT$8:$BT$42)*(Planung!$B$8:$B$42)))/IF(E55=0,1,E55)","v":0},{"$f":"(SUMPRODUCT((Planung!$AS$79:$AS$114=$B55)*(Planung!$AV$79:$AV$114)*(Planung!$B$79:$B$114))+SUMPRODUCT((Planung!$BA$79:$BA$114=$B55)*(Planung!$BD$79:$BD$114)*(Planung!$B$79:$B$114))+SUMPRODUCT((Planung!$BI$79:$BI$114=$B55)*(Planung!$BL$79:$BL$114)*(Planung!$B$79:$B$114))+SUMPRODUCT((Planung!$BQ$79:$BQ$114=$B55)*(Planung!$BT$79:$BT$114)*(Planung!$B$79:$B$114)))/IF(F55=0,1,F55)","v":0},{"$f":"(SUMPRODUCT((Planung!$AS$151:$AS$185=$B55)*(Planung!$AV$151:$AV$185)*(Planung!$B$151:$B$185))+SUMPRODUCT((Planung!$BA$151:$BA$185=$B55)*(Planung!$BD$151:$BD$185)*(Planung!$B$151:$B$185))+SUMPRODUCT((Planung!$BI$151:$BI$185=$B55)*(Planung!$BL$151:$BL$185)*(Planung!$B$151:$B$185))+SUMPRODUCT((Planung!$BQ$151:$BQ$185=$B55)*(Planung!$BT$151:$BT$185)*(Planung!$B$151:$B$185)))/IF(G55=0,1,G55)","v":0},{"$f":"(SUMPRODUCT((Planung!$AS$223:$AS$255=$B55)*(Planung!$AV$223:$AV$255)*(Planung!$B$223:$B$255))+SUMPRODUCT((Planung!$BA$223:$BA$255=$B55)*(Planung!$BD$223:$BD$255)*(Planung!$B$223:$B$255))+SUMPRODUCT((Planung!$BI$223:$BI$255=$B55)*(Planung!$BL$223:$BL$255)*(Planung!$B$223:$B$255))+SUMPRODUCT((Planung!$BQ$223:$BQ$255=$B55)*(Planung!$BT$223:$BT$255)*(Planung!$B$223:$B$255)))/IF(G55=0,1,G55)","v":0},{"$f":"(SUMPRODUCT((Planung!$AS$293:$AS$326=$B55)*(Planung!$AV$293:$AV$326)*(Planung!$B$293:$B$326))+SUMPRODUCT((Planung!$BA$293:$BA$326=$B55)*(Planung!$BD$293:$BD$326)*(Planung!$B$293:$B$326))+SUMPRODUCT((Planung!$BI$293:$BI$326=$B55)*(Planung!$BL$293:$BL$326)*(Planung!$B$293:$B$326))+SUMPRODUCT((Planung!$BQ$293:$BQ$326=$B55)*(Planung!$BT$293:$BT$326)*(Planung!$B$293:$B$326)))/IF(G55=0,1,G55)","v":0},{"$f":"(SUMPRODUCT((Planung!$AS$364:$AS$384=$B55)*(Planung!$AV$364:$AV$384)*(Planung!$B$364:$B$384))+SUMPRODUCT((Planung!$BA$364:$BA$384=$B55)*(Planung!$BD$364:$BD$384)*(Planung!$B$364:$B$384))+SUMPRODUCT((Planung!$BI$364:$BI$384=$B55)*(Planung!$BL$364:$BL$384)*(Planung!$B$364:$B$384))+SUMPRODUCT((Planung!$BQ$364:$BQ$384=$B55)*(Planung!$BT$364:$BT$384)*(Planung!$B$364:$B$384)))/IF(G55=0,1,G55)","v":0}]
[null,null,"BESTELLUNG",null,null,null,null,null,null,null,null,null,null,null,0,0,0,null,null,null,null,null,0,0,0,0,0,0,0,0,0,null,0,0,null,0,{"$f":"(SUMPRODUCT((Planung!$AS$8:$AS$42=$B56)*(Planung!$AV$8:$AV$42)*(Planung!$B$8:$B$42))+SUMPRODUCT((Planung!$BA$8:$BA$42=$B56)*(Planung!$BD$8:$BD$42)*(Planung!$B$8:$B$42))+SUMPRODUCT((Planung!$BI$8:$BI$42=$B56)*(Planung!$BL$8:$BL$42)*(Planung!$B$8:$B$42))+SUMPRODUCT((Planung!$BQ$8:$BQ$42=$B56)*(Planung!$BT$8:$BT$42)*(Planung!$B$8:$B$42)))/IF(E56=0,1,E56)","v":0},{"$f":"(SUMPRODUCT((Planung!$AS$79:$AS$114=$B56)*(Planung!$AV$79:$AV$114)*(Planung!$B$79:$B$114))+SUMPRODUCT((Planung!$BA$79:$BA$114=$B56)*(Planung!$BD$79:$BD$114)*(Planung!$B$79:$B$114))+SUMPRODUCT((Planung!$BI$79:$BI$114=$B56)*(Planung!$BL$79:$BL$114)*(Planung!$B$79:$B$114))+SUMPRODUCT((Planung!$BQ$79:$BQ$114=$B56)*(Planung!$BT$79:$BT$114)*(Planung!$B$79:$B$114)))/IF(F56=0,1,F56)","v":0},{"$f":"(SUMPRODUCT((Planung!$AS$151:$AS$185=$B56)*(Planung!$AV$151:$AV$185)*(Planung!$B$151:$B$185))+SUMPRODUCT((Planung!$BA$151:$BA$185=$B56)*(Planung!$BD$151:$BD$185)*(Planung!$B$151:$B$185))+SUMPRODUCT((Planung!$BI$151:$BI$185=$B56)*(Planung!$BL$151:$BL$185)*(Planung!$B$151:$B$185))+SUMPRODUCT((Planung!$BQ$151:$BQ$185=$B56)*(Planung!$BT$151:$BT$185)*(Planung!$B$151:$B$185)))/IF(G56=0,1,G56)","v":0},{"$f":"(SUMPRODUCT((Planung!$AS$223:$AS$255=$B56)*(Planung!$AV$223:$AV$255)*(Planung!$B$223:$B$255))+SUMPRODUCT((Planung!$BA$223:$BA$255=$B56)*(Planung!$BD$223:$BD$255)*(Planung!$B$223:$B$255))+SUMPRODUCT((Planung!$BI$223:$BI$255=$B56)*(Planung!$BL$223:$BL$255)*(Planung!$B$223:$B$255))+SUMPRODUCT((Planung!$BQ$223:$BQ$255=$B56)*(Planung!$BT$223:$BT$255)*(Planung!$B$223:$B$255)))/IF(G56=0,1,G56)","v":0},{"$f":"(SUMPRODUCT((Planung!$AS$293:$AS$326=$B56)*(Planung!$AV$293:$AV$326)*(Planung!$B$293:$B$326))+SUMPRODUCT((Planung!$BA$293:$BA$326=$B56)*(Planung!$BD$293:$BD$326)*(Planung!$B$293:$B$326))+SUMPRODUCT((Planung!$BI$293:$BI$326=$B56)*(Planung!$BL$293:$BL$326)*(Planung!$B$293:$B$326))+SUMPRODUCT((Planung!$BQ$293:$BQ$326=$B56)*(Planung!$BT$293:$BT$326)*(Planung!$B$293:$B$326)))/IF(G56=0,1,G56)","v":0},{"$f":"(SUMPRODUCT((Planung!$AS$364:$AS$384=$B56)*(Planung!$AV$364:$AV$384)*(Planung!$B$364:$B$384))+SUMPRODUCT((Planung!$BA$364:$BA$384=$B56)*(Planung!$BD$364:$BD$384)*(Planung!$B$364:$B$384))+SUMPRODUCT((Planung!$BI$364:$BI$384=$B56)*(Planung!$BL$364:$BL$384)*(Planung!$B$364:$B$384))+SUMPRODUCT((Planung!$BQ$364:$BQ$384=$B56)*(Planung!$BT$364:$BT$384)*(Planung!$B$364:$B$384)))/IF(G56=0,1,G56)","v":0}]
[null,11612,null,null,null,null,null,null,null,null,null,null,null,null,0,0,0,null,null,null,null,null,0,{"$f":"IF(U57=0,0,V57/U57)","v":0},0,0,0,0,{"$f":"IF(Y57=0,0,T57/Y57)","v":0},0,{"$f":"AD57+Q57","v":0},null,0,0,null,0,{"$f":"(SUMPRODUCT((Planung!$AS$8:$AS$42=$B57)*(Planung!$AV$8:$AV$42)*(Planung!$B$8:$B$42))+SUMPRODUCT((Planung!$BA$8:$BA$42=$B57)*(Planung!$BD$8:$BD$42)*(Planung!$B$8:$B$42))+SUMPRODUCT((Planung!$BI$8:$BI$42=$B57)*(Planung!$BL$8:$BL$42)*(Planung!$B$8:$B$42))+SUMPRODUCT((Planung!$BQ$8:$BQ$42=$B57)*(Planung!$BT$8:$BT$42)*(Planung!$B$8:$B$42)))/IF(E57=0,1,E57)","v":0},{"$f":"(SUMPRODUCT((Planung!$AS$79:$AS$114=$B57)*(Planung!$AV$79:$AV$114)*(Planung!$B$79:$B$114))+SUMPRODUCT((Planung!$BA$79:$BA$114=$B57)*(Planung!$BD$79:$BD$114)*(Planung!$B$79:$B$114))+SUMPRODUCT((Planung!$BI$79:$BI$114=$B57)*(Planung!$BL$79:$BL$114)*(Planung!$B$79:$B$114))+SUMPRODUCT((Planung!$BQ$79:$BQ$114=$B57)*(Planung!$BT$79:$BT$114)*(Planung!$B$79:$B$114)))/IF(F57=0,1,F57)","v":0},{"$f":"(SUMPRODUCT((Planung!$AS$151:$AS$185=$B57)*(Planung!$AV$151:$AV$185)*(Planung!$B$151:$B$185))+SUMPRODUCT((Planung!$BA$151:$BA$185=$B57)*(Planung!$BD$151:$BD$185)*(Planung!$B$151:$B$185))+SUMPRODUCT((Planung!$BI$151:$BI$185=$B57)*(Planung!$BL$151:$BL$185)*(Planung!$B$151:$B$185))+SUMPRODUCT((Planung!$BQ$151:$BQ$185=$B57)*(Planung!$BT$151:$BT$185)*(Planung!$B$151:$B$185)))/IF(G57=0,1,G57)","v":0},{"$f":"(SUMPRODUCT((Planung!$AS$223:$AS$255=$B57)*(Planung!$AV$223:$AV$255)*(Planung!$B$223:$B$255))+SUMPRODUCT((Planung!$BA$223:$BA$255=$B57)*(Planung!$BD$223:$BD$255)*(Planung!$B$223:$B$255))+SUMPRODUCT((Planung!$BI$223:$BI$255=$B57)*(Planung!$BL$223:$BL$255)*(Planung!$B$223:$B$255))+SUMPRODUCT((Planung!$BQ$223:$BQ$255=$B57)*(Planung!$BT$223:$BT$255)*(Planung!$B$223:$B$255)))/IF(G57=0,1,G57)","v":0},{"$f":"(SUMPRODUCT((Planung!$AS$293:$AS$326=$B57)*(Planung!$AV$293:$AV$326)*(Planung!$B$293:$B$326))+SUMPRODUCT((Planung!$BA$293:$BA$326=$B57)*(Planung!$BD$293:$BD$326)*(Planung!$B$293:$B$326))+SUMPRODUCT((Planung!$BI$293:$BI$326=$B57)*(Planung!$BL$293:$BL$326)*(Planung!$B$293:$B$326))+SUMPRODUCT((Planung!$BQ$293:$BQ$326=$B57)*(Planung!$BT$293:$BT$326)*(Planung!$B$293:$B$326)))/IF(G57=0,1,G57)","v":0},{"$f":"(SUMPRODUCT((Planung!$AS$364:$AS$384=$B57)*(Planung!$AV$364:$AV$384)*(Planung!$B$364:$B$384))+SUMPRODUCT((Planung!$BA$364:$BA$384=$B57)*(Planung!$BD$364:$BD$384)*(Planung!$B$364:$B$384))+SUMPRODUCT((Planung!$BI$364:$BI$384=$B57)*(Planung!$BL$364:$BL$384)*(Planung!$B$364:$B$384))+SUMPRODUCT((Planung!$BQ$364:$BQ$384=$B57)*(Planung!$BT$364:$BT$384)*(Planung!$B$364:$B$384)))/IF(G57=0,1,G57)","v":0}]
[null,11613,null,null,null,null,null,null,null,null,null,null,null,null,{"$f":"N58*PreisDiesel","v":0},{"$f":"N58*AnteilOel*PreisOel","v":0},0,null,null,null,null,null,{"$f":"IF(U58=0,0,(R58-S58)/U58)","v":0},{"$f":"IF(U58=0,0,V58/U58)","v":0},{"$f":"INDEX(AG58:AP58,AuslastSel)","v":0},{"$f":"IF(X58=0,0,Y58/X58)","v":0},{"$f":"IF(OR(U58=0,X58=0,Z58=0),0,IF(Z58>1,(R58-S58)/V58,((R58-S58)/U58)/Y58))","v":0},{"$f":"IF(OR(X58=0,Z58=0),0,((R58+S58)/2*Interest)/Y58)","v":0},{"$f":"IF(Y58=0,0,T58/Y58)","v":0},{"$f":"SUM(AA58:AC58)","v":0},{"$f":"AD58+Q58","v":0},null,{"$f":"$X58*AH58","v":0},0,null,{"$f":"IF($X58=0,0,AI58/$X58)","v":0},{"$f":"(SUMPRODUCT((Planung!$AS$8:$AS$42=$B58)*(Planung!$AV$8:$AV$42)*(Planung!$B$8:$B$42))+SUMPRODUCT((Planung!$BA$8:$BA$42=$B58)*(Planung!$BD$8:$BD$42)*(Planung!$B$8:$B$42))+SUMPRODUCT((Planung!$BI$8:$BI$42=$B58)*(Planung!$BL$8:$BL$42)*(Planung!$B$8:$B$42))+SUMPRODUCT((Planung!$BQ$8:$BQ$42=$B58)*(Planung!$BT$8:$BT$42)*(Planung!$B$8:$B$42)))/IF(E58=0,1,E58)","v":0},{"$f":"(SUMPRODUCT((Planung!$AS$79:$AS$114=$B58)*(Planung!$AV$79:$AV$114)*(Planung!$B$79:$B$114))+SUMPRODUCT((Planung!$BA$79:$BA$114=$B58)*(Planung!$BD$79:$BD$114)*(Planung!$B$79:$B$114))+SUMPRODUCT((Planung!$BI$79:$BI$114=$B58)*(Planung!$BL$79:$BL$114)*(Planung!$B$79:$B$114))+SUMPRODUCT((Planung!$BQ$79:$BQ$114=$B58)*(Planung!$BT$79:$BT$114)*(Planung!$B$79:$B$114)))/IF(F58=0,1,F58)","v":0},{"$f":"(SUMPRODUCT((Planung!$AS$151:$AS$185=$B58)*(Planung!$AV$151:$AV$185)*(Planung!$B$151:$B$185))+SUMPRODUCT((Planung!$BA$151:$BA$185=$B58)*(Planung!$BD$151:$BD$185)*(Planung!$B$151:$B$185))+SUMPRODUCT((Planung!$BI$151:$BI$185=$B58)*(Planung!$BL$151:$BL$185)*(Planung!$B$151:$B$185))+SUMPRODUCT((Planung!$BQ$151:$BQ$185=$B58)*(Planung!$BT$151:$BT$185)*(Planung!$B$151:$B$185)))/IF(G58=0,1,G58)","v":0},{"$f":"(SUMPRODUCT((Planung!$AS$223:$AS$255=$B58)*(Planung!$AV$223:$AV$255)*(Planung!$B$223:$B$255))+SUMPRODUCT((Planung!$BA$223:$BA$255=$B58)*(Planung!$BD$223:$BD$255)*(Planung!$B$223:$B$255))+SUMPRODUCT((Planung!$BI$223:$BI$255=$B58)*(Planung!$BL$223:$BL$255)*(Planung!$B$223:$B$255))+SUMPRODUCT((Planung!$BQ$223:$BQ$255=$B58)*(Planung!$BT$223:$BT$255)*(Planung!$B$223:$B$255)))/IF(G58=0,1,G58)","v":0},{"$f":"(SUMPRODUCT((Planung!$AS$293:$AS$326=$B58)*(Planung!$AV$293:$AV$326)*(Planung!$B$293:$B$326))+SUMPRODUCT((Planung!$BA$293:$BA$326=$B58)*(Planung!$BD$293:$BD$326)*(Planung!$B$293:$B$326))+SUMPRODUCT((Planung!$BI$293:$BI$326=$B58)*(Planung!$BL$293:$BL$326)*(Planung!$B$293:$B$326))+SUMPRODUCT((Planung!$BQ$293:$BQ$326=$B58)*(Planung!$BT$293:$BT$326)*(Planung!$B$293:$B$326)))/IF(G58=0,1,G58)","v":0},{"$f":"(SUMPRODUCT((Planung!$AS$364:$AS$384=$B58)*(Planung!$AV$364:$AV$384)*(Planung!$B$364:$B$384))+SUMPRODUCT((Planung!$BA$364:$BA$384=$B58)*(Planung!$BD$364:$BD$384)*(Planung!$B$364:$B$384))+SUMPRODUCT((Planung!$BI$364:$BI$384=$B58)*(Planung!$BL$364:$BL$384)*(Planung!$B$364:$B$384))+SUMPRODUCT((Planung!$BQ$364:$BQ$384=$B58)*(Planung!$BT$364:$BT$384)*(Planung!$B$364:$B$384)))/IF(G58=0,1,G58)","v":0}]
[null,11614,"*Drillsaat mit 4m Bestellkombination passiv","ha",1,1,1,1,1,1,8,null,null,null,{"$f":"N59*PreisDiesel","v":0},{"$f":"N59*AnteilOel*PreisOel","v":0},{"$f":"K59+L59+M59+O59+P59","v":8},70000,14000,null,10,3500,{"$f":"IF(U59=0,0,(R59-S59)/U59)","v":5600},{"$f":"IF(U59=0,0,V59/U59)","v":350},{"$f":"INDEX(AG59:AP59,AuslastSel)","v":0},{"$f":"IF(X59=0,0,Y59/X59)","v":0},{"$f":"IF(OR(U59=0,X59=0,Z59=0),0,IF(Z59>1,(R59-S59)/V59,((R59-S59)/U59)/Y59))","v":0},{"$f":"IF(OR(X59=0,Z59=0),0,((R59+S59)/2*Interest)/Y59)","v":0},{"$f":"IF(Y59=0,0,T59/Y59)","v":0},{"$f":"SUM(AA59:AC59)","v":0},{"$f":"AD59+Q59","v":8},null,{"$f":"$X59*AH59","v":280},0.8,250,{"$f":"IF($X59=0,0,AI59/$X59)","v":0.7142857142857143},{"$f":"(SUMPRODUCT((Planung!$AS$8:$AS$42=$B59)*(Planung!$AV$8:$AV$42)*(Planung!$B$8:$B$42))+SUMPRODUCT((Planung!$BA$8:$BA$42=$B59)*(Planung!$BD$8:$BD$42)*(Planung!$B$8:$B$42))+SUMPRODUCT((Planung!$BI$8:$BI$42=$B59)*(Planung!$BL$8:$BL$42)*(Planung!$B$8:$B$42))+SUMPRODUCT((Planung!$BQ$8:$BQ$42=$B59)*(Planung!$BT$8:$BT$42)*(Planung!$B$8:$B$42)))/IF(E59=0,1,E59)","v":0},{"$f":"(SUMPRODUCT((Planung!$AS$79:$AS$114=$B59)*(Planung!$AV$79:$AV$114)*(Planung!$B$79:$B$114))+SUMPRODUCT((Planung!$BA$79:$BA$114=$B59)*(Planung!$BD$79:$BD$114)*(Planung!$B$79:$B$114))+SUMPRODUCT((Planung!$BI$79:$BI$114=$B59)*(Planung!$BL$79:$BL$114)*(Planung!$B$79:$B$114))+SUMPRODUCT((Planung!$BQ$79:$BQ$114=$B59)*(Planung!$BT$79:$BT$114)*(Planung!$B$79:$B$114)))/IF(F59=0,1,F59)","v":0},{"$f":"(SUMPRODUCT((Planung!$AS$151:$AS$185=$B59)*(Planung!$AV$151:$AV$185)*(Planung!$B$151:$B$185))+SUMPRODUCT((Planung!$BA$151:$BA$185=$B59)*(Planung!$BD$151:$BD$185)*(Planung!$B$151:$B$185))+SUMPRODUCT((Planung!$BI$151:$BI$185=$B59)*(Planung!$BL$151:$BL$185)*(Planung!$B$151:$B$185))+SUMPRODUCT((Planung!$BQ$151:$BQ$185=$B59)*(Planung!$BT$151:$BT$185)*(Planung!$B$151:$B$185)))/IF(G59=0,1,G59)","v":0},{"$f":"(SUMPRODUCT((Planung!$AS$223:$AS$255=$B59)*(Planung!$AV$223:$AV$255)*(Planung!$B$223:$B$255))+SUMPRODUCT((Planung!$BA$223:$BA$255=$B59)*(Planung!$BD$223:$BD$255)*(Planung!$B$223:$B$255))+SUMPRODUCT((Planung!$BI$223:$BI$255=$B59)*(Planung!$BL$223:$BL$255)*(Planung!$B$223:$B$255))+SUMPRODUCT((Planung!$BQ$223:$BQ$255=$B59)*(Planung!$BT$223:$BT$255)*(Planung!$B$223:$B$255)))/IF(G59=0,1,G59)","v":0},{"$f":"(SUMPRODUCT((Planung!$AS$293:$AS$326=$B59)*(Planung!$AV$293:$AV$326)*(Planung!$B$293:$B$326))+SUMPRODUCT((Planung!$BA$293:$BA$326=$B59)*(Planung!$BD$293:$BD$326)*(Planung!$B$293:$B$326))+SUMPRODUCT((Planung!$BI$293:$BI$326=$B59)*(Planung!$BL$293:$BL$326)*(Planung!$B$293:$B$326))+SUMPRODUCT((Planung!$BQ$293:$BQ$326=$B59)*(Planung!$BT$293:$BT$326)*(Planung!$B$293:$B$326)))/IF(G59=0,1,G59)","v":0},{"$f":"(SUMPRODUCT((Planung!$AS$364:$AS$384=$B59)*(Planung!$AV$364:$AV$384)*(Planung!$B$364:$B$384))+SUMPRODUCT((Planung!$BA$364:$BA$384=$B59)*(Planung!$BD$364:$BD$384)*(Planung!$B$364:$B$384))+SUMPRODUCT((Planung!$BI$364:$BI$384=$B59)*(Planung!$BL$364:$BL$384)*(Planung!$B$364:$B$384))+SUMPRODUCT((Planung!$BQ$364:$BQ$384=$B59)*(Planung!$BT$364:$BT$384)*(Planung!$B$364:$B$384)))/IF(G59=0,1,G59)","v":0}]
[null,11617,"*EK 8reihig Mais","ha",1,1,1,1,1,1,8,null,null,null,{"$f":"N60*PreisDiesel","v":0},{"$f":"N60*AnteilOel*PreisOel","v":0},{"$f":"K60+L60+M60+O60+P60","v":8},37500,7500,null,8,1500,{"$f":"IF(U60=0,0,(R60-S60)/U60)","v":3750},{"$f":"IF(U60=0,0,V60/U60)","v":187.5},{"$f":"INDEX(AG60:AP60,AuslastSel)","v":0},{"$f":"IF(X60=0,0,Y60/X60)","v":0},{"$f":"IF(OR(U60=0,X60=0,Z60=0),0,IF(Z60>1,(R60-S60)/V60,((R60-S60)/U60)/Y60))","v":0},{"$f":"IF(OR(X60=0,Z60=0),0,((R60+S60)/2*Interest)/Y60)","v":0},{"$f":"IF(Y60=0,0,T60/Y60)","v":0},{"$f":"SUM(AA60:AC60)","v":0},{"$f":"AD60+Q60","v":8},null,{"$f":"$X60*AH60","v":150},0.8,130,{"$f":"IF($X60=0,0,AI60/$X60)","v":0.69333333333333336},{"$f":"(SUMPRODUCT((Planung!$AS$8:$AS$42=$B60)*(Planung!$AV$8:$AV$42)*(Planung!$B$8:$B$42))+SUMPRODUCT((Planung!$BA$8:$BA$42=$B60)*(Planung!$BD$8:$BD$42)*(Planung!$B$8:$B$42))+SUMPRODUCT((Planung!$BI$8:$BI$42=$B60)*(Planung!$BL$8:$BL$42)*(Planung!$B$8:$B$42))+SUMPRODUCT((Planung!$BQ$8:$BQ$42=$B60)*(Planung!$BT$8:$BT$42)*(Planung!$B$8:$B$42)))/IF(E60=0,1,E60)","v":0},{"$f":"(SUMPRODUCT((Planung!$AS$79:$AS$114=$B60)*(Planung!$AV$79:$AV$114)*(Planung!$B$79:$B$114))+SUMPRODUCT((Planung!$BA$79:$BA$114=$B60)*(Planung!$BD$79:$BD$114)*(Planung!$B$79:$B$114))+SUMPRODUCT((Planung!$BI$79:$BI$114=$B60)*(Planung!$BL$79:$BL$114)*(Planung!$B$79:$B$114))+SUMPRODUCT((Planung!$BQ$79:$BQ$114=$B60)*(Planung!$BT$79:$BT$114)*(Planung!$B$79:$B$114)))/IF(F60=0,1,F60)","v":0},{"$f":"(SUMPRODUCT((Planung!$AS$151:$AS$185=$B60)*(Planung!$AV$151:$AV$185)*(Planung!$B$151:$B$185))+SUMPRODUCT((Planung!$BA$151:$BA$185=$B60)*(Planung!$BD$151:$BD$185)*(Planung!$B$151:$B$185))+SUMPRODUCT((Planung!$BI$151:$BI$185=$B60)*(Planung!$BL$151:$BL$185)*(Planung!$B$151:$B$185))+SUMPRODUCT((Planung!$BQ$151:$BQ$185=$B60)*(Planung!$BT$151:$BT$185)*(Planung!$B$151:$B$185)))/IF(G60=0,1,G60)","v":0},{"$f":"(SUMPRODUCT((Planung!$AS$223:$AS$255=$B60)*(Planung!$AV$223:$AV$255)*(Planung!$B$223:$B$255))+SUMPRODUCT((Planung!$BA$223:$BA$255=$B60)*(Planung!$BD$223:$BD$255)*(Planung!$B$223:$B$255))+SUMPRODUCT((Planung!$BI$223:$BI$255=$B60)*(Planung!$BL$223:$BL$255)*(Planung!$B$223:$B$255))+SUMPRODUCT((Planung!$BQ$223:$BQ$255=$B60)*(Planung!$BT$223:$BT$255)*(Planung!$B$223:$B$255)))/IF(G60=0,1,G60)","v":0},{"$f":"(SUMPRODUCT((Planung!$AS$293:$AS$326=$B60)*(Planung!$AV$293:$AV$326)*(Planung!$B$293:$B$326))+SUMPRODUCT((Planung!$BA$293:$BA$326=$B60)*(Planung!$BD$293:$BD$326)*(Planung!$B$293:$B$326))+SUMPRODUCT((Planung!$BI$293:$BI$326=$B60)*(Planung!$BL$293:$BL$326)*(Planung!$B$293:$B$326))+SUMPRODUCT((Planung!$BQ$293:$BQ$326=$B60)*(Planung!$BT$293:$BT$326)*(Planung!$B$293:$B$326)))/IF(G60=0,1,G60)","v":0},{"$f":"(SUMPRODUCT((Planung!$AS$364:$AS$384=$B60)*(Planung!$AV$364:$AV$384)*(Planung!$B$364:$B$384))+SUMPRODUCT((Planung!$BA$364:$BA$384=$B60)*(Planung!$BD$364:$BD$384)*(Planung!$B$364:$B$384))+SUMPRODUCT((Planung!$BI$364:$BI$384=$B60)*(Planung!$BL$364:$BL$384)*(Planung!$B$364:$B$384))+SUMPRODUCT((Planung!$BQ$364:$BQ$384=$B60)*(Planung!$BT$364:$BT$384)*(Planung!$B$364:$B$384)))/IF(G60=0,1,G60)","v":0}]
[null,11616,null,null,null,null,null,null,null,null,null,null,null,null,{"$f":"N61*PreisDiesel","v":0},{"$f":"N61*AnteilOel*PreisOel","v":0},{"$f":"K61+L61+M61+O61+P61","v":0},null,null,null,null,null,{"$f":"IF(U61=0,0,(R61-S61)/U61)","v":0},{"$f":"IF(U61=0,0,V61/U61)","v":0},{"$f":"INDEX(AG61:AP61,AuslastSel)","v":0},{"$f":"IF(X61=0,0,Y61/X61)","v":0},{"$f":"IF(OR(U61=0,X61=0,Z61=0),0,IF(Z61>1,(R61-S61)/V61,((R61-S61)/U61)/Y61))","v":0},{"$f":"IF(OR(X61=0,Z61=0),0,((R61+S61)/2*Interest)/Y61)","v":0},{"$f":"IF(Y61=0,0,T61/Y61)","v":0},{"$f":"SUM(AA61:AC61)","v":0},{"$f":"AD61+Q61","v":0},null,{"$f":"$X61*AH61","v":0},0,null,{"$f":"IF($X61=0,0,AI61/$X61)","v":0},{"$f":"(SUMPRODUCT((Planung!$AS$8:$AS$42=$B61)*(Planung!$AV$8:$AV$42)*(Planung!$B$8:$B$42))+SUMPRODUCT((Planung!$BA$8:$BA$42=$B61)*(Planung!$BD$8:$BD$42)*(Planung!$B$8:$B$42))+SUMPRODUCT((Planung!$BI$8:$BI$42=$B61)*(Planung!$BL$8:$BL$42)*(Planung!$B$8:$B$42))+SUMPRODUCT((Planung!$BQ$8:$BQ$42=$B61)*(Planung!$BT$8:$BT$42)*(Planung!$B$8:$B$42)))/IF(E61=0,1,E61)","v":0},{"$f":"(SUMPRODUCT((Planung!$AS$79:$AS$114=$B61)*(Planung!$AV$79:$AV$114)*(Planung!$B$79:$B$114))+SUMPRODUCT((Planung!$BA$79:$BA$114=$B61)*(Planung!$BD$79:$BD$114)*(Planung!$B$79:$B$114))+SUMPRODUCT((Planung!$BI$79:$BI$114=$B61)*(Planung!$BL$79:$BL$114)*(Planung!$B$79:$B$114))+SUMPRODUCT((Planung!$BQ$79:$BQ$114=$B61)*(Planung!$BT$79:$BT$114)*(Planung!$B$79:$B$114)))/IF(F61=0,1,F61)","v":0},{"$f":"(SUMPRODUCT((Planung!$AS$151:$AS$185=$B61)*(Planung!$AV$151:$AV$185)*(Planung!$B$151:$B$185))+SUMPRODUCT((Planung!$BA$151:$BA$185=$B61)*(Planung!$BD$151:$BD$185)*(Planung!$B$151:$B$185))+SUMPRODUCT((Planung!$BI$151:$BI$185=$B61)*(Planung!$BL$151:$BL$185)*(Planung!$B$151:$B$185))+SUMPRODUCT((Planung!$BQ$151:$BQ$185=$B61)*(Planung!$BT$151:$BT$185)*(Planung!$B$151:$B$185)))/IF(G61=0,1,G61)","v":0},{"$f":"(SUMPRODUCT((Planung!$AS$223:$AS$255=$B61)*(Planung!$AV$223:$AV$255)*(Planung!$B$223:$B$255))+SUMPRODUCT((Planung!$BA$223:$BA$255=$B61)*(Planung!$BD$223:$BD$255)*(Planung!$B$223:$B$255))+SUMPRODUCT((Planung!$BI$223:$BI$255=$B61)*(Planung!$BL$223:$BL$255)*(Planung!$B$223:$B$255))+SUMPRODUCT((Planung!$BQ$223:$BQ$255=$B61)*(Planung!$BT$223:$BT$255)*(Planung!$B$223:$B$255)))/IF(G61=0,1,G61)","v":0},{"$f":"(SUMPRODUCT((Planung!$AS$293:$AS$326=$B61)*(Planung!$AV$293:$AV$326)*(Planung!$B$293:$B$326))+SUMPRODUCT((Planung!$BA$293:$BA$326=$B61)*(Planung!$BD$293:$BD$326)*(Planung!$B$293:$B$326))+SUMPRODUCT((Planung!$BI$293:$BI$326=$B61)*(Planung!$BL$293:$BL$326)*(Planung!$B$293:$B$326))+SUMPRODUCT((Planung!$BQ$293:$BQ$326=$B61)*(Planung!$BT$293:$BT$326)*(Planung!$B$293:$B$326)))/IF(G61=0,1,G61)","v":0},{"$f":"(SUMPRODUCT((Planung!$AS$364:$AS$384=$B61)*(Planung!$AV$364:$AV$384)*(Planung!$B$364:$B$384))+SUMPRODUCT((Planung!$BA$364:$BA$384=$B61)*(Planung!$BD$364:$BD$384)*(Planung!$B$364:$B$384))+SUMPRODUCT((Planung!$BI$364:$BI$384=$B61)*(Planung!$BL$364:$BL$384)*(Planung!$B$364:$B$384))+SUMPRODUCT((Planung!$BQ$364:$BQ$384=$B61)*(Planung!$BT$364:$BT$384)*(Planung!$B$364:$B$384)))/IF(G61=0,1,G61)","v":0}]
[null,11615,null,null,null,null,null,null,null,null,null,null,null,null,0,0,0,null,null,null,null,null,0,0,0,0,0,0,0,0,0,null,0,0,null,0,{"$f":"(SUMPRODUCT((Planung!$AS$8:$AS$42=$B62)*(Planung!$AV$8:$AV$42)*(Planung!$B$8:$B$42))+SUMPRODUCT((Planung!$BA$8:$BA$42=$B62)*(Planung!$BD$8:$BD$42)*(Planung!$B$8:$B$42))+SUMPRODUCT((Planung!$BI$8:$BI$42=$B62)*(Planung!$BL$8:$BL$42)*(Planung!$B$8:$B$42))+SUMPRODUCT((Planung!$BQ$8:$BQ$42=$B62)*(Planung!$BT$8:$BT$42)*(Planung!$B$8:$B$42)))/IF(E62=0,1,E62)","v":0},{"$f":"(SUMPRODUCT((Planung!$AS$79:$AS$114=$B62)*(Planung!$AV$79:$AV$114)*(Planung!$B$79:$B$114))+SUMPRODUCT((Planung!$BA$79:$BA$114=$B62)*(Planung!$BD$79:$BD$114)*(Planung!$B$79:$B$114))+SUMPRODUCT((Planung!$BI$79:$BI$114=$B62)*(Planung!$BL$79:$BL$114)*(Planung!$B$79:$B$114))+SUMPRODUCT((Planung!$BQ$79:$BQ$114=$B62)*(Planung!$BT$79:$BT$114)*(Planung!$B$79:$B$114)))/IF(F62=0,1,F62)","v":0},{"$f":"(SUMPRODUCT((Planung!$AS$151:$AS$185=$B62)*(Planung!$AV$151:$AV$185)*(Planung!$B$151:$B$185))+SUMPRODUCT((Planung!$BA$151:$BA$185=$B62)*(Planung!$BD$151:$BD$185)*(Planung!$B$151:$B$185))+SUMPRODUCT((Planung!$BI$151:$BI$185=$B62)*(Planung!$BL$151:$BL$185)*(Planung!$B$151:$B$185))+SUMPRODUCT((Planung!$BQ$151:$BQ$185=$B62)*(Planung!$BT$151:$BT$185)*(Planung!$B$151:$B$185)))/IF(G62=0,1,G62)","v":0},{"$f":"(SUMPRODUCT((Planung!$AS$223:$AS$255=$B62)*(Planung!$AV$223:$AV$255)*(Planung!$B$223:$B$255))+SUMPRODUCT((Planung!$BA$223:$BA$255=$B62)*(Planung!$BD$223:$BD$255)*(Planung!$B$223:$B$255))+SUMPRODUCT((Planung!$BI$223:$BI$255=$B62)*(Planung!$BL$223:$BL$255)*(Planung!$B$223:$B$255))+SUMPRODUCT((Planung!$BQ$223:$BQ$255=$B62)*(Planung!$BT$223:$BT$255)*(Planung!$B$223:$B$255)))/IF(G62=0,1,G62)","v":0},{"$f":"(SUMPRODUCT((Planung!$AS$293:$AS$326=$B62)*(Planung!$AV$293:$AV$326)*(Planung!$B$293:$B$326))+SUMPRODUCT((Planung!$BA$293:$BA$326=$B62)*(Planung!$BD$293:$BD$326)*(Planung!$B$293:$B$326))+SUMPRODUCT((Planung!$BI$293:$BI$326=$B62)*(Planung!$BL$293:$BL$326)*(Planung!$B$293:$B$326))+SUMPRODUCT((Planung!$BQ$293:$BQ$326=$B62)*(Planung!$BT$293:$BT$326)*(Planung!$B$293:$B$326)))/IF(G62=0,1,G62)","v":0},{"$f":"(SUMPRODUCT((Planung!$AS$364:$AS$384=$B62)*(Planung!$AV$364:$AV$384)*(Planung!$B$364:$B$384))+SUMPRODUCT((Planung!$BA$364:$BA$384=$B62)*(Planung!$BD$364:$BD$384)*(Planung!$B$364:$B$384))+SUMPRODUCT((Planung!$BI$364:$BI$384=$B62)*(Planung!$BL$364:$BL$384)*(Planung!$B$364:$B$384))+SUMPRODUCT((Planung!$BQ$364:$BQ$384=$B62)*(Planung!$BT$364:$BT$384)*(Planung!$B$364:$B$384)))/IF(G62=0,1,G62)","v":0}]
[null,null,"DÜNGUNG",null,null,null,null,null,null,null,null,null,null,null,0,0,0,null,{"$f":"R63*0.2","v":0},null,null,null,0,0,0,0,0,0,0,0,0,null,0,0,null,0,{"$f":"(SUMPRODUCT((Planung!$AS$8:$AS$42=$B63)*(Planung!$AV$8:$AV$42)*(Planung!$B$8:$B$42))+SUMPRODUCT((Planung!$BA$8:$BA$42=$B63)*(Planung!$BD$8:$BD$42)*(Planung!$B$8:$B$42))+SUMPRODUCT((Planung!$BI$8:$BI$42=$B63)*(Planung!$BL$8:$BL$42)*(Planung!$B$8:$B$42))+SUMPRODUCT((Planung!$BQ$8:$BQ$42=$B63)*(Planung!$BT$8:$BT$42)*(Planung!$B$8:$B$42)))/IF(E63=0,1,E63)","v":0},{"$f":"(SUMPRODUCT((Planung!$AS$79:$AS$114=$B63)*(Planung!$AV$79:$AV$114)*(Planung!$B$79:$B$114))+SUMPRODUCT((Planung!$BA$79:$BA$114=$B63)*(Planung!$BD$79:$BD$114)*(Planung!$B$79:$B$114))+SUMPRODUCT((Planung!$BI$79:$BI$114=$B63)*(Planung!$BL$79:$BL$114)*(Planung!$B$79:$B$114))+SUMPRODUCT((Planung!$BQ$79:$BQ$114=$B63)*(Planung!$BT$79:$BT$114)*(Planung!$B$79:$B$114)))/IF(F63=0,1,F63)","v":0},{"$f":"(SUMPRODUCT((Planung!$AS$151:$AS$185=$B63)*(Planung!$AV$151:$AV$185)*(Planung!$B$151:$B$185))+SUMPRODUCT((Planung!$BA$151:$BA$185=$B63)*(Planung!$BD$151:$BD$185)*(Planung!$B$151:$B$185))+SUMPRODUCT((Planung!$BI$151:$BI$185=$B63)*(Planung!$BL$151:$BL$185)*(Planung!$B$151:$B$185))+SUMPRODUCT((Planung!$BQ$151:$BQ$185=$B63)*(Planung!$BT$151:$BT$185)*(Planung!$B$151:$B$185)))/IF(G63=0,1,G63)","v":0},{"$f":"(SUMPRODUCT((Planung!$AS$223:$AS$255=$B63)*(Planung!$AV$223:$AV$255)*(Planung!$B$223:$B$255))+SUMPRODUCT((Planung!$BA$223:$BA$255=$B63)*(Planung!$BD$223:$BD$255)*(Planung!$B$223:$B$255))+SUMPRODUCT((Planung!$BI$223:$BI$255=$B63)*(Planung!$BL$223:$BL$255)*(Planung!$B$223:$B$255))+SUMPRODUCT((Planung!$BQ$223:$BQ$255=$B63)*(Planung!$BT$223:$BT$255)*(Planung!$B$223:$B$255)))/IF(G63=0,1,G63)","v":0},{"$f":"(SUMPRODUCT((Planung!$AS$293:$AS$326=$B63)*(Planung!$AV$293:$AV$326)*(Planung!$B$293:$B$326))+SUMPRODUCT((Planung!$BA$293:$BA$326=$B63)*(Planung!$BD$293:$BD$326)*(Planung!$B$293:$B$326))+SUMPRODUCT((Planung!$BI$293:$BI$326=$B63)*(Planung!$BL$293:$BL$326)*(Planung!$B$293:$B$326))+SUMPRODUCT((Planung!$BQ$293:$BQ$326=$B63)*(Planung!$BT$293:$BT$326)*(Planung!$B$293:$B$326)))/IF(G63=0,1,G63)","v":0},{"$f":"(SUMPRODUCT((Planung!$AS$364:$AS$384=$B63)*(Planung!$AV$364:$AV$384)*(Planung!$B$364:$B$384))+SUMPRODUCT((Planung!$BA$364:$BA$384=$B63)*(Planung!$BD$364:$BD$384)*(Planung!$B$364:$B$384))+SUMPRODUCT((Planung!$BI$364:$BI$384=$B63)*(Planung!$BL$364:$BL$384)*(Planung!$B$364:$B$384))+SUMPRODUCT((Planung!$BQ$364:$BQ$384=$B63)*(Planung!$BT$364:$BT$384)*(Planung!$B$364:$B$384)))/IF(G63=0,1,G63)","v":0}]
[null,11713,null,null,null,null,null,null,null,null,null,null,null,null,0,0,0,null,null,null,null,null,0,0,0,0,0,0,0,0,0,null,0,0,null,0,{"$f":"(SUMPRODUCT((Planung!$AS$8:$AS$42=$B64)*(Planung!$AV$8:$AV$42)*(Planung!$B$8:$B$42))+SUMPRODUCT((Planung!$BA$8:$BA$42=$B64)*(Planung!$BD$8:$BD$42)*(Planung!$B$8:$B$42))+SUMPRODUCT((Planung!$BI$8:$BI$42=$B64)*(Planung!$BL$8:$BL$42)*(Planung!$B$8:$B$42))+SUMPRODUCT((Planung!$BQ$8:$BQ$42=$B64)*(Planung!$BT$8:$BT$42)*(Planung!$B$8:$B$42)))/IF(E64=0,1,E64)","v":0},{"$f":"(SUMPRODUCT((Planung!$AS$79:$AS$114=$B64)*(Planung!$AV$79:$AV$114)*(Planung!$B$79:$B$114))+SUMPRODUCT((Planung!$BA$79:$BA$114=$B64)*(Planung!$BD$79:$BD$114)*(Planung!$B$79:$B$114))+SUMPRODUCT((Planung!$BI$79:$BI$114=$B64)*(Planung!$BL$79:$BL$114)*(Planung!$B$79:$B$114))+SUMPRODUCT((Planung!$BQ$79:$BQ$114=$B64)*(Planung!$BT$79:$BT$114)*(Planung!$B$79:$B$114)))/IF(F64=0,1,F64)","v":0},{"$f":"(SUMPRODUCT((Planung!$AS$151:$AS$185=$B64)*(Planung!$AV$151:$AV$185)*(Planung!$B$151:$B$185))+SUMPRODUCT((Planung!$BA$151:$BA$185=$B64)*(Planung!$BD$151:$BD$185)*(Planung!$B$151:$B$185))+SUMPRODUCT((Planung!$BI$151:$BI$185=$B64)*(Planung!$BL$151:$BL$185)*(Planung!$B$151:$B$185))+SUMPRODUCT((Planung!$BQ$151:$BQ$185=$B64)*(Planung!$BT$151:$BT$185)*(Planung!$B$151:$B$185)))/IF(G64=0,1,G64)","v":0},{"$f":"(SUMPRODUCT((Planung!$AS$223:$AS$255=$B64)*(Planung!$AV$223:$AV$255)*(Planung!$B$223:$B$255))+SUMPRODUCT((Planung!$BA$223:$BA$255=$B64)*(Planung!$BD$223:$BD$255)*(Planung!$B$223:$B$255))+SUMPRODUCT((Planung!$BI$223:$BI$255=$B64)*(Planung!$BL$223:$BL$255)*(Planung!$B$223:$B$255))+SUMPRODUCT((Planung!$BQ$223:$BQ$255=$B64)*(Planung!$BT$223:$BT$255)*(Planung!$B$223:$B$255)))/IF(G64=0,1,G64)","v":0},{"$f":"(SUMPRODUCT((Planung!$AS$293:$AS$326=$B64)*(Planung!$AV$293:$AV$326)*(Planung!$B$293:$B$326))+SUMPRODUCT((Planung!$BA$293:$BA$326=$B64)*(Planung!$BD$293:$BD$326)*(Planung!$B$293:$B$326))+SUMPRODUCT((Planung!$BI$293:$BI$326=$B64)*(Planung!$BL$293:$BL$326)*(Planung!$B$293:$B$326))+SUMPRODUCT((Planung!$BQ$293:$BQ$326=$B64)*(Planung!$BT$293:$BT$326)*(Planung!$B$293:$B$326)))/IF(G64=0,1,G64)","v":0},{"$f":"(SUMPRODUCT((Planung!$AS$364:$AS$384=$B64)*(Planung!$AV$364:$AV$384)*(Planung!$B$364:$B$384))+SUMPRODUCT((Planung!$BA$364:$BA$384=$B64)*(Planung!$BD$364:$BD$384)*(Planung!$B$364:$B$384))+SUMPRODUCT((Planung!$BI$364:$BI$384=$B64)*(Planung!$BL$364:$BL$384)*(Planung!$B$364:$B$384))+SUMPRODUCT((Planung!$BQ$364:$BQ$384=$B64)*(Planung!$BT$364:$BT$384)*(Planung!$B$364:$B$384)))/IF(G64=0,1,G64)","v":0}]
[null,11716,"*Düngerstreuer angeh. 8m³","t",1,1,1,1,1,1,0.25,null,null,null,{"$f":"N65*PreisDiesel","v":0},{"$f":"N65*AnteilOel*PreisOel","v":0},{"$f":"K65+L65+M65+O65+P65","v":0.25},48000,9600,null,10,22500,{"$f":"IF(U65=0,0,(R65-S65)/U65)","v":3840},{"$f":"IF(U65=0,0,V65/U65)","v":2250},{"$f":"INDEX(AG65:AP65,AuslastSel)","v":0},{"$f":"IF(X65=0,0,Y65/X65)","v":0},{"$f":"IF(OR(U65=0,X65=0,Z65=0),0,IF(Z65>1,(R65-S65)/V65,((R65-S65)/U65)/Y65))","v":0},{"$f":"IF(OR(X65=0,Z65=0),0,((R65+S65)/2*Interest)/Y65)","v":0},{"$f":"IF(Y65=0,0,T65/Y65)","v":0},{"$f":"SUM(AA65:AC65)","v":0},{"$f":"AD65+Q65","v":0.25},null,{"$f":"$X65*AH65","v":1800},0.8,200,{"$f":"IF($X65=0,0,AI65/$X65)","v":8.8888888888888892E-2},{"$f":"(SUMPRODUCT((Planung!$AS$8:$AS$42=$B65)*(Planung!$AV$8:$AV$42)*(Planung!$B$8:$B$42))+SUMPRODUCT((Planung!$BA$8:$BA$42=$B65)*(Planung!$BD$8:$BD$42)*(Planung!$B$8:$B$42))+SUMPRODUCT((Planung!$BI$8:$BI$42=$B65)*(Planung!$BL$8:$BL$42)*(Planung!$B$8:$B$42))+SUMPRODUCT((Planung!$BQ$8:$BQ$42=$B65)*(Planung!$BT$8:$BT$42)*(Planung!$B$8:$B$42)))/IF(E65=0,1,E65)","v":0},{"$f":"(SUMPRODUCT((Planung!$AS$79:$AS$114=$B65)*(Planung!$AV$79:$AV$114)*(Planung!$B$79:$B$114))+SUMPRODUCT((Planung!$BA$79:$BA$114=$B65)*(Planung!$BD$79:$BD$114)*(Planung!$B$79:$B$114))+SUMPRODUCT((Planung!$BI$79:$BI$114=$B65)*(Planung!$BL$79:$BL$114)*(Planung!$B$79:$B$114))+SUMPRODUCT((Planung!$BQ$79:$BQ$114=$B65)*(Planung!$BT$79:$BT$114)*(Planung!$B$79:$B$114)))/IF(F65=0,1,F65)","v":0},{"$f":"(SUMPRODUCT((Planung!$AS$151:$AS$185=$B65)*(Planung!$AV$151:$AV$185)*(Planung!$B$151:$B$185))+SUMPRODUCT((Planung!$BA$151:$BA$185=$B65)*(Planung!$BD$151:$BD$185)*(Planung!$B$151:$B$185))+SUMPRODUCT((Planung!$BI$151:$BI$185=$B65)*(Planung!$BL$151:$BL$185)*(Planung!$B$151:$B$185))+SUMPRODUCT((Planung!$BQ$151:$BQ$185=$B65)*(Planung!$BT$151:$BT$185)*(Planung!$B$151:$B$185)))/IF(G65=0,1,G65)","v":0},{"$f":"(SUMPRODUCT((Planung!$AS$223:$AS$255=$B65)*(Planung!$AV$223:$AV$255)*(Planung!$B$223:$B$255))+SUMPRODUCT((Planung!$BA$223:$BA$255=$B65)*(Planung!$BD$223:$BD$255)*(Planung!$B$223:$B$255))+SUMPRODUCT((Planung!$BI$223:$BI$255=$B65)*(Planung!$BL$223:$BL$255)*(Planung!$B$223:$B$255))+SUMPRODUCT((Planung!$BQ$223:$BQ$255=$B65)*(Planung!$BT$223:$BT$255)*(Planung!$B$223:$B$255)))/IF(G65=0,1,G65)","v":0},{"$f":"(SUMPRODUCT((Planung!$AS$293:$AS$326=$B65)*(Planung!$AV$293:$AV$326)*(Planung!$B$293:$B$326))+SUMPRODUCT((Planung!$BA$293:$BA$326=$B65)*(Planung!$BD$293:$BD$326)*(Planung!$B$293:$B$326))+SUMPRODUCT((Planung!$BI$293:$BI$326=$B65)*(Planung!$BL$293:$BL$326)*(Planung!$B$293:$B$326))+SUMPRODUCT((Planung!$BQ$293:$BQ$326=$B65)*(Planung!$BT$293:$BT$326)*(Planung!$B$293:$B$326)))/IF(G65=0,1,G65)","v":0},{"$f":"(SUMPRODUCT((Planung!$AS$364:$AS$384=$B65)*(Planung!$AV$364:$AV$384)*(Planung!$B$364:$B$384))+SUMPRODUCT((Planung!$BA$364:$BA$384=$B65)*(Planung!$BD$364:$BD$384)*(Planung!$B$364:$B$384))+SUMPRODUCT((Planung!$BI$364:$BI$384=$B65)*(Planung!$BL$364:$BL$384)*(Planung!$B$364:$B$384))+SUMPRODUCT((Planung!$BQ$364:$BQ$384=$B65)*(Planung!$BT$364:$BT$384)*(Planung!$B$364:$B$384)))/IF(G65=0,1,G65)","v":0}]
[null,11714,"*Gülleausbringfass 15m³","m³",1,1,1,1,1,1,0.4,null,null,null,{"$f":"N66*PreisDiesel","v":0},{"$f":"N66*AnteilOel*PreisOel","v":0},{"$f":"K66+L66+M66+O66+P66","v":0.4},45000,9000,null,10,150000,{"$f":"IF(U66=0,0,(R66-S66)/U66)","v":3600},{"$f":"IF(U66=0,0,V66/U66)","v":15000},{"$f":"INDEX(AG66:AP66,AuslastSel)","v":0},{"$f":"IF(X66=0,0,Y66/X66)","v":0},{"$f":"IF(OR(U66=0,X66=0,Z66=0),0,IF(Z66>1,(R66-S66)/V66,((R66-S66)/U66)/Y66))","v":0},{"$f":"IF(OR(X66=0,Z66=0),0,((R66+S66)/2*Interest)/Y66)","v":0},{"$f":"IF(Y66=0,0,T66/Y66)","v":0},{"$f":"SUM(AA66:AC66)","v":0},{"$f":"AD66+Q66","v":0.4},null,{"$f":"$X66*AH66","v":12000},0.8,null,{"$f":"IF($X66=0,0,AI66/$X66)","v":0},{"$f":"(SUMPRODUCT((Planung!$AS$8:$AS$42=$B66)*(Planung!$AV$8:$AV$42)*(Planung!$B$8:$B$42))+SUMPRODUCT((Planung!$BA$8:$BA$42=$B66)*(Planung!$BD$8:$BD$42)*(Planung!$B$8:$B$42))+SUMPRODUCT((Planung!$BI$8:$BI$42=$B66)*(Planung!$BL$8:$BL$42)*(Planung!$B$8:$B$42))+SUMPRODUCT((Planung!$BQ$8:$BQ$42=$B66)*(Planung!$BT$8:$BT$42)*(Planung!$B$8:$B$42)))/IF(E66=0,1,E66)","v":0},{"$f":"(SUMPRODUCT((Planung!$AS$79:$AS$114=$B66)*(Planung!$AV$79:$AV$114)*(Planung!$B$79:$B$114))+SUMPRODUCT((Planung!$BA$79:$BA$114=$B66)*(Planung!$BD$79:$BD$114)*(Planung!$B$79:$B$114))+SUMPRODUCT((Planung!$BI$79:$BI$114=$B66)*(Planung!$BL$79:$BL$114)*(Planung!$B$79:$B$114))+SUMPRODUCT((Planung!$BQ$79:$BQ$114=$B66)*(Planung!$BT$79:$BT$114)*(Planung!$B$79:$B$114)))/IF(F66=0,1,F66)","v":0},{"$f":"(SUMPRODUCT((Planung!$AS$151:$AS$185=$B66)*(Planung!$AV$151:$AV$185)*(Planung!$B$151:$B$185))+SUMPRODUCT((Planung!$BA$151:$BA$185=$B66)*(Planung!$BD$151:$BD$185)*(Planung!$B$151:$B$185))+SUMPRODUCT((Planung!$BI$151:$BI$185=$B66)*(Planung!$BL$151:$BL$185)*(Planung!$B$151:$B$185))+SUMPRODUCT((Planung!$BQ$151:$BQ$185=$B66)*(Planung!$BT$151:$BT$185)*(Planung!$B$151:$B$185)))/IF(G66=0,1,G66)","v":0},{"$f":"(SUMPRODUCT((Planung!$AS$223:$AS$255=$B66)*(Planung!$AV$223:$AV$255)*(Planung!$B$223:$B$255))+SUMPRODUCT((Planung!$BA$223:$BA$255=$B66)*(Planung!$BD$223:$BD$255)*(Planung!$B$223:$B$255))+SUMPRODUCT((Planung!$BI$223:$BI$255=$B66)*(Planung!$BL$223:$BL$255)*(Planung!$B$223:$B$255))+SUMPRODUCT((Planung!$BQ$223:$BQ$255=$B66)*(Planung!$BT$223:$BT$255)*(Planung!$B$223:$B$255)))/IF(G66=0,1,G66)","v":0},{"$f":"(SUMPRODUCT((Planung!$AS$293:$AS$326=$B66)*(Planung!$AV$293:$AV$326)*(Planung!$B$293:$B$326))+SUMPRODUCT((Planung!$BA$293:$BA$326=$B66)*(Planung!$BD$293:$BD$326)*(Planung!$B$293:$B$326))+SUMPRODUCT((Planung!$BI$293:$BI$326=$B66)*(Planung!$BL$293:$BL$326)*(Planung!$B$293:$B$326))+SUMPRODUCT((Planung!$BQ$293:$BQ$326=$B66)*(Planung!$BT$293:$BT$326)*(Planung!$B$293:$B$326)))/IF(G66=0,1,G66)","v":0},{"$f":"(SUMPRODUCT((Planung!$AS$364:$AS$384=$B66)*(Planung!$AV$364:$AV$384)*(Planung!$B$364:$B$384))+SUMPRODUCT((Planung!$BA$364:$BA$384=$B66)*(Planung!$BD$364:$BD$384)*(Planung!$B$364:$B$384))+SUMPRODUCT((Planung!$BI$364:$BI$384=$B66)*(Planung!$BL$364:$BL$384)*(Planung!$B$364:$B$384))+SUMPRODUCT((Planung!$BQ$364:$BQ$384=$B66)*(Planung!$BT$364:$BT$384)*(Planung!$B$364:$B$384)))/IF(G66=0,1,G66)","v":0}]
[null,11715,"*Schleppschuhverteiler 18m","ha",1,1,1,1,1,1,3,null,null,null,{"$f":"N67*PreisDiesel","v":0},{"$f":"N67*AnteilOel*PreisOel","v":0},{"$f":"K67+L67+M67+O67+P67","v":3},42000,8400,null,10,12000,{"$f":"IF(U67=0,0,(R67-S67)/U67)","v":3360},{"$f":"IF(U67=0,0,V67/U67)","v":1200},{"$f":"INDEX(AG67:AP67,AuslastSel)","v":0},{"$f":"IF(X67=0,0,Y67/X67)","v":0},{"$f":"IF(OR(U67=0,X67=0,Z67=0),0,IF(Z67>1,(R67-S67)/V67,((R67-S67)/U67)/Y67))","v":0},{"$f":"IF(OR(X67=0,Z67=0),0,((R67+S67)/2*Interest)/Y67)","v":0},{"$f":"IF(Y67=0,0,T67/Y67)","v":0},{"$f":"SUM(AA67:AC67)","v":0},{"$f":"AD67+Q67","v":3},null,{"$f":"$X67*AH67","v":960},0.8,null,{"$f":"IF($X67=0,0,AI67/$X67)","v":0},{"$f":"(SUMPRODUCT((Planung!$AS$8:$AS$42=$B67)*(Planung!$AV$8:$AV$42)*(Planung!$B$8:$B$42))+SUMPRODUCT((Planung!$BA$8:$BA$42=$B67)*(Planung!$BD$8:$BD$42)*(Planung!$B$8:$B$42))+SUMPRODUCT((Planung!$BI$8:$BI$42=$B67)*(Planung!$BL$8:$BL$42)*(Planung!$B$8:$B$42))+SUMPRODUCT((Planung!$BQ$8:$BQ$42=$B67)*(Planung!$BT$8:$BT$42)*(Planung!$B$8:$B$42)))/IF(E67=0,1,E67)","v":0},{"$f":"(SUMPRODUCT((Planung!$AS$79:$AS$114=$B67)*(Planung!$AV$79:$AV$114)*(Planung!$B$79:$B$114))+SUMPRODUCT((Planung!$BA$79:$BA$114=$B67)*(Planung!$BD$79:$BD$114)*(Planung!$B$79:$B$114))+SUMPRODUCT((Planung!$BI$79:$BI$114=$B67)*(Planung!$BL$79:$BL$114)*(Planung!$B$79:$B$114))+SUMPRODUCT((Planung!$BQ$79:$BQ$114=$B67)*(Planung!$BT$79:$BT$114)*(Planung!$B$79:$B$114)))/IF(F67=0,1,F67)","v":0},{"$f":"(SUMPRODUCT((Planung!$AS$151:$AS$185=$B67)*(Planung!$AV$151:$AV$185)*(Planung!$B$151:$B$185))+SUMPRODUCT((Planung!$BA$151:$BA$185=$B67)*(Planung!$BD$151:$BD$185)*(Planung!$B$151:$B$185))+SUMPRODUCT((Planung!$BI$151:$BI$185=$B67)*(Planung!$BL$151:$BL$185)*(Planung!$B$151:$B$185))+SUMPRODUCT((Planung!$BQ$151:$BQ$185=$B67)*(Planung!$BT$151:$BT$185)*(Planung!$B$151:$B$185)))/IF(G67=0,1,G67)","v":0},{"$f":"(SUMPRODUCT((Planung!$AS$223:$AS$255=$B67)*(Planung!$AV$223:$AV$255)*(Planung!$B$223:$B$255))+SUMPRODUCT((Planung!$BA$223:$BA$255=$B67)*(Planung!$BD$223:$BD$255)*(Planung!$B$223:$B$255))+SUMPRODUCT((Planung!$BI$223:$BI$255=$B67)*(Planung!$BL$223:$BL$255)*(Planung!$B$223:$B$255))+SUMPRODUCT((Planung!$BQ$223:$BQ$255=$B67)*(Planung!$BT$223:$BT$255)*(Planung!$B$223:$B$255)))/IF(G67=0,1,G67)","v":0},{"$f":"(SUMPRODUCT((Planung!$AS$293:$AS$326=$B67)*(Planung!$AV$293:$AV$326)*(Planung!$B$293:$B$326))+SUMPRODUCT((Planung!$BA$293:$BA$326=$B67)*(Planung!$BD$293:$BD$326)*(Planung!$B$293:$B$326))+SUMPRODUCT((Planung!$BI$293:$BI$326=$B67)*(Planung!$BL$293:$BL$326)*(Planung!$B$293:$B$326))+SUMPRODUCT((Planung!$BQ$293:$BQ$326=$B67)*(Planung!$BT$293:$BT$326)*(Planung!$B$293:$B$326)))/IF(G67=0,1,G67)","v":0},{"$f":"(SUMPRODUCT((Planung!$AS$364:$AS$384=$B67)*(Planung!$AV$364:$AV$384)*(Planung!$B$364:$B$384))+SUMPRODUCT((Planung!$BA$364:$BA$384=$B67)*(Planung!$BD$364:$BD$384)*(Planung!$B$364:$B$384))+SUMPRODUCT((Planung!$BI$364:$BI$384=$B67)*(Planung!$BL$364:$BL$384)*(Planung!$B$364:$B$384))+SUMPRODUCT((Planung!$BQ$364:$BQ$384=$B67)*(Planung!$BT$364:$BT$384)*(Planung!$B$364:$B$384)))/IF(G67=0,1,G67)","v":0}]
[null,11718,null,null,null,null,null,null,null,null,null,null,null,null,0,0,0,null,null,null,null,null,0,0,0,0,0,0,0,0,0,null,0,0,null,0,{"$f":"(SUMPRODUCT((Planung!$AS$8:$AS$42=$B68)*(Planung!$AV$8:$AV$42)*(Planung!$B$8:$B$42))+SUMPRODUCT((Planung!$BA$8:$BA$42=$B68)*(Planung!$BD$8:$BD$42)*(Planung!$B$8:$B$42))+SUMPRODUCT((Planung!$BI$8:$BI$42=$B68)*(Planung!$BL$8:$BL$42)*(Planung!$B$8:$B$42))+SUMPRODUCT((Planung!$BQ$8:$BQ$42=$B68)*(Planung!$BT$8:$BT$42)*(Planung!$B$8:$B$42)))/IF(E68=0,1,E68)","v":0},{"$f":"(SUMPRODUCT((Planung!$AS$79:$AS$114=$B68)*(Planung!$AV$79:$AV$114)*(Planung!$B$79:$B$114))+SUMPRODUCT((Planung!$BA$79:$BA$114=$B68)*(Planung!$BD$79:$BD$114)*(Planung!$B$79:$B$114))+SUMPRODUCT((Planung!$BI$79:$BI$114=$B68)*(Planung!$BL$79:$BL$114)*(Planung!$B$79:$B$114))+SUMPRODUCT((Planung!$BQ$79:$BQ$114=$B68)*(Planung!$BT$79:$BT$114)*(Planung!$B$79:$B$114)))/IF(F68=0,1,F68)","v":0},{"$f":"(SUMPRODUCT((Planung!$AS$151:$AS$185=$B68)*(Planung!$AV$151:$AV$185)*(Planung!$B$151:$B$185))+SUMPRODUCT((Planung!$BA$151:$BA$185=$B68)*(Planung!$BD$151:$BD$185)*(Planung!$B$151:$B$185))+SUMPRODUCT((Planung!$BI$151:$BI$185=$B68)*(Planung!$BL$151:$BL$185)*(Planung!$B$151:$B$185))+SUMPRODUCT((Planung!$BQ$151:$BQ$185=$B68)*(Planung!$BT$151:$BT$185)*(Planung!$B$151:$B$185)))/IF(G68=0,1,G68)","v":0},{"$f":"(SUMPRODUCT((Planung!$AS$223:$AS$255=$B68)*(Planung!$AV$223:$AV$255)*(Planung!$B$223:$B$255))+SUMPRODUCT((Planung!$BA$223:$BA$255=$B68)*(Planung!$BD$223:$BD$255)*(Planung!$B$223:$B$255))+SUMPRODUCT((Planung!$BI$223:$BI$255=$B68)*(Planung!$BL$223:$BL$255)*(Planung!$B$223:$B$255))+SUMPRODUCT((Planung!$BQ$223:$BQ$255=$B68)*(Planung!$BT$223:$BT$255)*(Planung!$B$223:$B$255)))/IF(G68=0,1,G68)","v":0},{"$f":"(SUMPRODUCT((Planung!$AS$293:$AS$326=$B68)*(Planung!$AV$293:$AV$326)*(Planung!$B$293:$B$326))+SUMPRODUCT((Planung!$BA$293:$BA$326=$B68)*(Planung!$BD$293:$BD$326)*(Planung!$B$293:$B$326))+SUMPRODUCT((Planung!$BI$293:$BI$326=$B68)*(Planung!$BL$293:$BL$326)*(Planung!$B$293:$B$326))+SUMPRODUCT((Planung!$BQ$293:$BQ$326=$B68)*(Planung!$BT$293:$BT$326)*(Planung!$B$293:$B$326)))/IF(G68=0,1,G68)","v":0},{"$f":"(SUMPRODUCT((Planung!$AS$364:$AS$384=$B68)*(Planung!$AV$364:$AV$384)*(Planung!$B$364:$B$384))+SUMPRODUCT((Planung!$BA$364:$BA$384=$B68)*(Planung!$BD$364:$BD$384)*(Planung!$B$364:$B$384))+SUMPRODUCT((Planung!$BI$364:$BI$384=$B68)*(Planung!$BL$364:$BL$384)*(Planung!$B$364:$B$384))+SUMPRODUCT((Planung!$BQ$364:$BQ$384=$B68)*(Planung!$BT$364:$BT$384)*(Planung!$B$364:$B$384)))/IF(G68=0,1,G68)","v":0}]
[null,null,"PS & PFLEGE",null,null,null,null,null,null,null,null,null,null,null,0,0,0,null,null,null,null,null,0,0,0,0,0,0,0,0,0,null,0,0,null,0,{"$f":"(SUMPRODUCT((Planung!$AS$8:$AS$42=$B69)*(Planung!$AV$8:$AV$42)*(Planung!$B$8:$B$42))+SUMPRODUCT((Planung!$BA$8:$BA$42=$B69)*(Planung!$BD$8:$BD$42)*(Planung!$B$8:$B$42))+SUMPRODUCT((Planung!$BI$8:$BI$42=$B69)*(Planung!$BL$8:$BL$42)*(Planung!$B$8:$B$42))+SUMPRODUCT((Planung!$BQ$8:$BQ$42=$B69)*(Planung!$BT$8:$BT$42)*(Planung!$B$8:$B$42)))/IF(E69=0,1,E69)","v":0},{"$f":"(SUMPRODUCT((Planung!$AS$79:$AS$114=$B69)*(Planung!$AV$79:$AV$114)*(Planung!$B$79:$B$114))+SUMPRODUCT((Planung!$BA$79:$BA$114=$B69)*(Planung!$BD$79:$BD$114)*(Planung!$B$79:$B$114))+SUMPRODUCT((Planung!$BI$79:$BI$114=$B69)*(Planung!$BL$79:$BL$114)*(Planung!$B$79:$B$114))+SUMPRODUCT((Planung!$BQ$79:$BQ$114=$B69)*(Planung!$BT$79:$BT$114)*(Planung!$B$79:$B$114)))/IF(F69=0,1,F69)","v":0},{"$f":"(SUMPRODUCT((Planung!$AS$151:$AS$185=$B69)*(Planung!$AV$151:$AV$185)*(Planung!$B$151:$B$185))+SUMPRODUCT((Planung!$BA$151:$BA$185=$B69)*(Planung!$BD$151:$BD$185)*(Planung!$B$151:$B$185))+SUMPRODUCT((Planung!$BI$151:$BI$185=$B69)*(Planung!$BL$151:$BL$185)*(Planung!$B$151:$B$185))+SUMPRODUCT((Planung!$BQ$151:$BQ$185=$B69)*(Planung!$BT$151:$BT$185)*(Planung!$B$151:$B$185)))/IF(G69=0,1,G69)","v":0},{"$f":"(SUMPRODUCT((Planung!$AS$223:$AS$255=$B69)*(Planung!$AV$223:$AV$255)*(Planung!$B$223:$B$255))+SUMPRODUCT((Planung!$BA$223:$BA$255=$B69)*(Planung!$BD$223:$BD$255)*(Planung!$B$223:$B$255))+SUMPRODUCT((Planung!$BI$223:$BI$255=$B69)*(Planung!$BL$223:$BL$255)*(Planung!$B$223:$B$255))+SUMPRODUCT((Planung!$BQ$223:$BQ$255=$B69)*(Planung!$BT$223:$BT$255)*(Planung!$B$223:$B$255)))/IF(G69=0,1,G69)","v":0},{"$f":"(SUMPRODUCT((Planung!$AS$293:$AS$326=$B69)*(Planung!$AV$293:$AV$326)*(Planung!$B$293:$B$326))+SUMPRODUCT((Planung!$BA$293:$BA$326=$B69)*(Planung!$BD$293:$BD$326)*(Planung!$B$293:$B$326))+SUMPRODUCT((Planung!$BI$293:$BI$326=$B69)*(Planung!$BL$293:$BL$326)*(Planung!$B$293:$B$326))+SUMPRODUCT((Planung!$BQ$293:$BQ$326=$B69)*(Planung!$BT$293:$BT$326)*(Planung!$B$293:$B$326)))/IF(G69=0,1,G69)","v":0},{"$f":"(SUMPRODUCT((Planung!$AS$364:$AS$384=$B69)*(Planung!$AV$364:$AV$384)*(Planung!$B$364:$B$384))+SUMPRODUCT((Planung!$BA$364:$BA$384=$B69)*(Planung!$BD$364:$BD$384)*(Planung!$B$364:$B$384))+SUMPRODUCT((Planung!$BI$364:$BI$384=$B69)*(Planung!$BL$364:$BL$384)*(Planung!$B$364:$B$384))+SUMPRODUCT((Planung!$BQ$364:$BQ$384=$B69)*(Planung!$BT$364:$BT$384)*(Planung!$B$364:$B$384)))/IF(G69=0,1,G69)","v":0}]
[null,11821,null,null,null,null,null,null,null,null,null,null,null,null,{"$f":"N70*PreisDiesel","v":0},{"$f":"N70*AnteilOel*PreisOel","v":0},0,null,null,null,null,null,{"$f":"IF(U70=0,0,(R70-S70)/U70)","v":0},{"$f":"IF(U70=0,0,V70/U70)","v":0},{"$f":"INDEX(AG70:AP70,AuslastSel)","v":0},{"$f":"IF(X70=0,0,Y70/X70)","v":0},{"$f":"IF(OR(U70=0,X70=0,Z70=0),0,IF(Z70>1,(R70-S70)/V70,((R70-S70)/U70)/Y70))","v":0},{"$f":"IF(OR(X70=0,Z70=0),0,((R70+S70)/2*Interest)/Y70)","v":0},{"$f":"IF(Y70=0,0,T70/Y70)","v":0},{"$f":"SUM(AA70:AC70)","v":0},{"$f":"AD70+Q70","v":0},null,{"$f":"$X70*AH70","v":0},0,null,{"$f":"IF($X70=0,0,AI70/$X70)","v":0},{"$f":"(SUMPRODUCT((Planung!$AS$8:$AS$42=$B70)*(Planung!$AV$8:$AV$42)*(Planung!$B$8:$B$42))+SUMPRODUCT((Planung!$BA$8:$BA$42=$B70)*(Planung!$BD$8:$BD$42)*(Planung!$B$8:$B$42))+SUMPRODUCT((Planung!$BI$8:$BI$42=$B70)*(Planung!$BL$8:$BL$42)*(Planung!$B$8:$B$42))+SUMPRODUCT((Planung!$BQ$8:$BQ$42=$B70)*(Planung!$BT$8:$BT$42)*(Planung!$B$8:$B$42)))/IF(E70=0,1,E70)","v":0},{"$f":"(SUMPRODUCT((Planung!$AS$79:$AS$114=$B70)*(Planung!$AV$79:$AV$114)*(Planung!$B$79:$B$114))+SUMPRODUCT((Planung!$BA$79:$BA$114=$B70)*(Planung!$BD$79:$BD$114)*(Planung!$B$79:$B$114))+SUMPRODUCT((Planung!$BI$79:$BI$114=$B70)*(Planung!$BL$79:$BL$114)*(Planung!$B$79:$B$114))+SUMPRODUCT((Planung!$BQ$79:$BQ$114=$B70)*(Planung!$BT$79:$BT$114)*(Planung!$B$79:$B$114)))/IF(F70=0,1,F70)","v":0},{"$f":"(SUMPRODUCT((Planung!$AS$151:$AS$185=$B70)*(Planung!$AV$151:$AV$185)*(Planung!$B$151:$B$185))+SUMPRODUCT((Planung!$BA$151:$BA$185=$B70)*(Planung!$BD$151:$BD$185)*(Planung!$B$151:$B$185))+SUMPRODUCT((Planung!$BI$151:$BI$185=$B70)*(Planung!$BL$151:$BL$185)*(Planung!$B$151:$B$185))+SUMPRODUCT((Planung!$BQ$151:$BQ$185=$B70)*(Planung!$BT$151:$BT$185)*(Planung!$B$151:$B$185)))/IF(G70=0,1,G70)","v":0},{"$f":"(SUMPRODUCT((Planung!$AS$223:$AS$255=$B70)*(Planung!$AV$223:$AV$255)*(Planung!$B$223:$B$255))+SUMPRODUCT((Planung!$BA$223:$BA$255=$B70)*(Planung!$BD$223:$BD$255)*(Planung!$B$223:$B$255))+SUMPRODUCT((Planung!$BI$223:$BI$255=$B70)*(Planung!$BL$223:$BL$255)*(Planung!$B$223:$B$255))+SUMPRODUCT((Planung!$BQ$223:$BQ$255=$B70)*(Planung!$BT$223:$BT$255)*(Planung!$B$223:$B$255)))/IF(G70=0,1,G70)","v":0},{"$f":"(SUMPRODUCT((Planung!$AS$293:$AS$326=$B70)*(Planung!$AV$293:$AV$326)*(Planung!$B$293:$B$326))+SUMPRODUCT((Planung!$BA$293:$BA$326=$B70)*(Planung!$BD$293:$BD$326)*(Planung!$B$293:$B$326))+SUMPRODUCT((Planung!$BI$293:$BI$326=$B70)*(Planung!$BL$293:$BL$326)*(Planung!$B$293:$B$326))+SUMPRODUCT((Planung!$BQ$293:$BQ$326=$B70)*(Planung!$BT$293:$BT$326)*(Planung!$B$293:$B$326)))/IF(G70=0,1,G70)","v":0},{"$f":"(SUMPRODUCT((Planung!$AS$364:$AS$384=$B70)*(Planung!$AV$364:$AV$384)*(Planung!$B$364:$B$384))+SUMPRODUCT((Planung!$BA$364:$BA$384=$B70)*(Planung!$BD$364:$BD$384)*(Planung!$B$364:$B$384))+SUMPRODUCT((Planung!$BI$364:$BI$384=$B70)*(Planung!$BL$364:$BL$384)*(Planung!$B$364:$B$384))+SUMPRODUCT((Planung!$BQ$364:$BQ$384=$B70)*(Planung!$BT$364:$BT$384)*(Planung!$B$364:$B$384)))/IF(G70=0,1,G70)","v":0}]
[null,null,"PS & PFLEGE",null,null,null,null,null,null,null,null,null,null,null,0,0,0,null,null,null,null,null,0,0,0,0,0,0,0,0,0,null,0,0,null,0,{"$f":"(SUMPRODUCT((Planung!$AS$8:$AS$42=$B71)*(Planung!$AV$8:$AV$42)*(Planung!$B$8:$B$42))+SUMPRODUCT((Planung!$BA$8:$BA$42=$B71)*(Planung!$BD$8:$BD$42)*(Planung!$B$8:$B$42))+SUMPRODUCT((Planung!$BI$8:$BI$42=$B71)*(Planung!$BL$8:$BL$42)*(Planung!$B$8:$B$42))+SUMPRODUCT((Planung!$BQ$8:$BQ$42=$B71)*(Planung!$BT$8:$BT$42)*(Planung!$B$8:$B$42)))/IF(E71=0,1,E71)","v":0},{"$f":"(SUMPRODUCT((Planung!$AS$79:$AS$114=$B71)*(Planung!$AV$79:$AV$114)*(Planung!$B$79:$B$114))+SUMPRODUCT((Planung!$BA$79:$BA$114=$B71)*(Planung!$BD$79:$BD$114)*(Planung!$B$79:$B$114))+SUMPRODUCT((Planung!$BI$79:$BI$114=$B71)*(Planung!$BL$79:$BL$114)*(Planung!$B$79:$B$114))+SUMPRODUCT((Planung!$BQ$79:$BQ$114=$B71)*(Planung!$BT$79:$BT$114)*(Planung!$B$79:$B$114)))/IF(F71=0,1,F71)","v":0},{"$f":"(SUMPRODUCT((Planung!$AS$151:$AS$185=$B71)*(Planung!$AV$151:$AV$185)*(Planung!$B$151:$B$185))+SUMPRODUCT((Planung!$BA$151:$BA$185=$B71)*(Planung!$BD$151:$BD$185)*(Planung!$B$151:$B$185))+SUMPRODUCT((Planung!$BI$151:$BI$185=$B71)*(Planung!$BL$151:$BL$185)*(Planung!$B$151:$B$185))+SUMPRODUCT((Planung!$BQ$151:$BQ$185=$B71)*(Planung!$BT$151:$BT$185)*(Planung!$B$151:$B$185)))/IF(G71=0,1,G71)","v":0},{"$f":"(SUMPRODUCT((Planung!$AS$223:$AS$255=$B71)*(Planung!$AV$223:$AV$255)*(Planung!$B$223:$B$255))+SUMPRODUCT((Planung!$BA$223:$BA$255=$B71)*(Planung!$BD$223:$BD$255)*(Planung!$B$223:$B$255))+SUMPRODUCT((Planung!$BI$223:$BI$255=$B71)*(Planung!$BL$223:$BL$255)*(Planung!$B$223:$B$255))+SUMPRODUCT((Planung!$BQ$223:$BQ$255=$B71)*(Planung!$BT$223:$BT$255)*(Planung!$B$223:$B$255)))/IF(G71=0,1,G71)","v":0},{"$f":"(SUMPRODUCT((Planung!$AS$293:$AS$326=$B71)*(Planung!$AV$293:$AV$326)*(Planung!$B$293:$B$326))+SUMPRODUCT((Planung!$BA$293:$BA$326=$B71)*(Planung!$BD$293:$BD$326)*(Planung!$B$293:$B$326))+SUMPRODUCT((Planung!$BI$293:$BI$326=$B71)*(Planung!$BL$293:$BL$326)*(Planung!$B$293:$B$326))+SUMPRODUCT((Planung!$BQ$293:$BQ$326=$B71)*(Planung!$BT$293:$BT$326)*(Planung!$B$293:$B$326)))/IF(G71=0,1,G71)","v":0},{"$f":"(SUMPRODUCT((Planung!$AS$364:$AS$384=$B71)*(Planung!$AV$364:$AV$384)*(Planung!$B$364:$B$384))+SUMPRODUCT((Planung!$BA$364:$BA$384=$B71)*(Planung!$BD$364:$BD$384)*(Planung!$B$364:$B$384))+SUMPRODUCT((Planung!$BI$364:$BI$384=$B71)*(Planung!$BL$364:$BL$384)*(Planung!$B$364:$B$384))+SUMPRODUCT((Planung!$BQ$364:$BQ$384=$B71)*(Planung!$BT$364:$BT$384)*(Planung!$B$364:$B$384)))/IF(G71=0,1,G71)","v":0}]
[null,11911,null,null,null,null,null,null,null,null,null,null,null,null,0,0,0,null,null,null,null,null,{"$f":"IF(U72=0,0,(R72-S72)/U72)","v":0},0,0,0,0,0,0,0,{"$f":"AD72+Q72","v":0},null,0,0,null,0,{"$f":"(SUMPRODUCT((Planung!$AS$8:$AS$42=$B72)*(Planung!$AV$8:$AV$42)*(Planung!$B$8:$B$42))+SUMPRODUCT((Planung!$BA$8:$BA$42=$B72)*(Planung!$BD$8:$BD$42)*(Planung!$B$8:$B$42))+SUMPRODUCT((Planung!$BI$8:$BI$42=$B72)*(Planung!$BL$8:$BL$42)*(Planung!$B$8:$B$42))+SUMPRODUCT((Planung!$BQ$8:$BQ$42=$B72)*(Planung!$BT$8:$BT$42)*(Planung!$B$8:$B$42)))/IF(E72=0,1,E72)","v":0},{"$f":"(SUMPRODUCT((Planung!$AS$79:$AS$114=$B72)*(Planung!$AV$79:$AV$114)*(Planung!$B$79:$B$114))+SUMPRODUCT((Planung!$BA$79:$BA$114=$B72)*(Planung!$BD$79:$BD$114)*(Planung!$B$79:$B$114))+SUMPRODUCT((Planung!$BI$79:$BI$114=$B72)*(Planung!$BL$79:$BL$114)*(Planung!$B$79:$B$114))+SUMPRODUCT((Planung!$BQ$79:$BQ$114=$B72)*(Planung!$BT$79:$BT$114)*(Planung!$B$79:$B$114)))/IF(F72=0,1,F72)","v":0},{"$f":"(SUMPRODUCT((Planung!$AS$151:$AS$185=$B72)*(Planung!$AV$151:$AV$185)*(Planung!$B$151:$B$185))+SUMPRODUCT((Planung!$BA$151:$BA$185=$B72)*(Planung!$BD$151:$BD$185)*(Planung!$B$151:$B$185))+SUMPRODUCT((Planung!$BI$151:$BI$185=$B72)*(Planung!$BL$151:$BL$185)*(Planung!$B$151:$B$185))+SUMPRODUCT((Planung!$BQ$151:$BQ$185=$B72)*(Planung!$BT$151:$BT$185)*(Planung!$B$151:$B$185)))/IF(G72=0,1,G72)","v":0},{"$f":"(SUMPRODUCT((Planung!$AS$223:$AS$255=$B72)*(Planung!$AV$223:$AV$255)*(Planung!$B$223:$B$255))+SUMPRODUCT((Planung!$BA$223:$BA$255=$B72)*(Planung!$BD$223:$BD$255)*(Planung!$B$223:$B$255))+SUMPRODUCT((Planung!$BI$223:$BI$255=$B72)*(Planung!$BL$223:$BL$255)*(Planung!$B$223:$B$255))+SUMPRODUCT((Planung!$BQ$223:$BQ$255=$B72)*(Planung!$BT$223:$BT$255)*(Planung!$B$223:$B$255)))/IF(G72=0,1,G72)","v":0},{"$f":"(SUMPRODUCT((Planung!$AS$293:$AS$326=$B72)*(Planung!$AV$293:$AV$326)*(Planung!$B$293:$B$326))+SUMPRODUCT((Planung!$BA$293:$BA$326=$B72)*(Planung!$BD$293:$BD$326)*(Planung!$B$293:$B$326))+SUMPRODUCT((Planung!$BI$293:$BI$326=$B72)*(Planung!$BL$293:$BL$326)*(Planung!$B$293:$B$326))+SUMPRODUCT((Planung!$BQ$293:$BQ$326=$B72)*(Planung!$BT$293:$BT$326)*(Planung!$B$293:$B$326)))/IF(G72=0,1,G72)","v":0},{"$f":"(SUMPRODUCT((Planung!$AS$364:$AS$384=$B72)*(Planung!$AV$364:$AV$384)*(Planung!$B$364:$B$384))+SUMPRODUCT((Planung!$BA$364:$BA$384=$B72)*(Planung!$BD$364:$BD$384)*(Planung!$B$364:$B$384))+SUMPRODUCT((Planung!$BI$364:$BI$384=$B72)*(Planung!$BL$364:$BL$384)*(Planung!$B$364:$B$384))+SUMPRODUCT((Planung!$BQ$364:$BQ$384=$B72)*(Planung!$BT$364:$BT$384)*(Planung!$B$364:$B$384)))/IF(G72=0,1,G72)","v":0}]
[null,11917,"*Anhängespritze 3000l","m³",1,1,1,1,1,1,0.15,null,null,null,0,0,0.15,35000,7000,null,10,6000,2800,600,0,0,0,0,0,0,0.15,null,480,0.8,210,0.35,{"$f":"(SUMPRODUCT((Planung!$AS$8:$AS$42=$B73)*(Planung!$AV$8:$AV$42)*(Planung!$B$8:$B$42))+SUMPRODUCT((Planung!$BA$8:$BA$42=$B73)*(Planung!$BD$8:$BD$42)*(Planung!$B$8:$B$42))+SUMPRODUCT((Planung!$BI$8:$BI$42=$B73)*(Planung!$BL$8:$BL$42)*(Planung!$B$8:$B$42))+SUMPRODUCT((Planung!$BQ$8:$BQ$42=$B73)*(Planung!$BT$8:$BT$42)*(Planung!$B$8:$B$42)))/IF(E73=0,1,E73)","v":0},{"$f":"(SUMPRODUCT((Planung!$AS$79:$AS$114=$B73)*(Planung!$AV$79:$AV$114)*(Planung!$B$79:$B$114))+SUMPRODUCT((Planung!$BA$79:$BA$114=$B73)*(Planung!$BD$79:$BD$114)*(Planung!$B$79:$B$114))+SUMPRODUCT((Planung!$BI$79:$BI$114=$B73)*(Planung!$BL$79:$BL$114)*(Planung!$B$79:$B$114))+SUMPRODUCT((Planung!$BQ$79:$BQ$114=$B73)*(Planung!$BT$79:$BT$114)*(Planung!$B$79:$B$114)))/IF(F73=0,1,F73)","v":0},{"$f":"(SUMPRODUCT((Planung!$AS$151:$AS$185=$B73)*(Planung!$AV$151:$AV$185)*(Planung!$B$151:$B$185))+SUMPRODUCT((Planung!$BA$151:$BA$185=$B73)*(Planung!$BD$151:$BD$185)*(Planung!$B$151:$B$185))+SUMPRODUCT((Planung!$BI$151:$BI$185=$B73)*(Planung!$BL$151:$BL$185)*(Planung!$B$151:$B$185))+SUMPRODUCT((Planung!$BQ$151:$BQ$185=$B73)*(Planung!$BT$151:$BT$185)*(Planung!$B$151:$B$185)))/IF(G73=0,1,G73)","v":0},{"$f":"(SUMPRODUCT((Planung!$AS$223:$AS$255=$B73)*(Planung!$AV$223:$AV$255)*(Planung!$B$223:$B$255))+SUMPRODUCT((Planung!$BA$223:$BA$255=$B73)*(Planung!$BD$223:$BD$255)*(Planung!$B$223:$B$255))+SUMPRODUCT((Planung!$BI$223:$BI$255=$B73)*(Planung!$BL$223:$BL$255)*(Planung!$B$223:$B$255))+SUMPRODUCT((Planung!$BQ$223:$BQ$255=$B73)*(Planung!$BT$223:$BT$255)*(Planung!$B$223:$B$255)))/IF(G73=0,1,G73)","v":0},{"$f":"(SUMPRODUCT((Planung!$AS$293:$AS$326=$B73)*(Planung!$AV$293:$AV$326)*(Planung!$B$293:$B$326))+SUMPRODUCT((Planung!$BA$293:$BA$326=$B73)*(Planung!$BD$293:$BD$326)*(Planung!$B$293:$B$326))+SUMPRODUCT((Planung!$BI$293:$BI$326=$B73)*(Planung!$BL$293:$BL$326)*(Planung!$B$293:$B$326))+SUMPRODUCT((Planung!$BQ$293:$BQ$326=$B73)*(Planung!$BT$293:$BT$326)*(Planung!$B$293:$B$326)))/IF(G73=0,1,G73)","v":0},{"$f":"(SUMPRODUCT((Planung!$AS$364:$AS$384=$B73)*(Planung!$AV$364:$AV$384)*(Planung!$B$364:$B$384))+SUMPRODUCT((Planung!$BA$364:$BA$384=$B73)*(Planung!$BD$364:$BD$384)*(Planung!$B$364:$B$384))+SUMPRODUCT((Planung!$BI$364:$BI$384=$B73)*(Planung!$BL$364:$BL$384)*(Planung!$B$364:$B$384))+SUMPRODUCT((Planung!$BQ$364:$BQ$384=$B73)*(Planung!$BT$364:$BT$384)*(Planung!$B$364:$B$384)))/IF(G73=0,1,G73)","v":0}]
[null,11920,"*Gestänge 21m ","ha",1,1,1,1,1,1,0.5,null,null,null,0,0,0.5,17000,3400,null,10,8400,1360,840,0,0,0,0,0,0,0.5,null,672,0.8,130,0.15476190476190477,{"$f":"(SUMPRODUCT((Planung!$AS$8:$AS$42=$B74)*(Planung!$AV$8:$AV$42)*(Planung!$B$8:$B$42))+SUMPRODUCT((Planung!$BA$8:$BA$42=$B74)*(Planung!$BD$8:$BD$42)*(Planung!$B$8:$B$42))+SUMPRODUCT((Planung!$BI$8:$BI$42=$B74)*(Planung!$BL$8:$BL$42)*(Planung!$B$8:$B$42))+SUMPRODUCT((Planung!$BQ$8:$BQ$42=$B74)*(Planung!$BT$8:$BT$42)*(Planung!$B$8:$B$42)))/IF(E74=0,1,E74)","v":0},{"$f":"(SUMPRODUCT((Planung!$AS$79:$AS$114=$B74)*(Planung!$AV$79:$AV$114)*(Planung!$B$79:$B$114))+SUMPRODUCT((Planung!$BA$79:$BA$114=$B74)*(Planung!$BD$79:$BD$114)*(Planung!$B$79:$B$114))+SUMPRODUCT((Planung!$BI$79:$BI$114=$B74)*(Planung!$BL$79:$BL$114)*(Planung!$B$79:$B$114))+SUMPRODUCT((Planung!$BQ$79:$BQ$114=$B74)*(Planung!$BT$79:$BT$114)*(Planung!$B$79:$B$114)))/IF(F74=0,1,F74)","v":0},{"$f":"(SUMPRODUCT((Planung!$AS$151:$AS$185=$B74)*(Planung!$AV$151:$AV$185)*(Planung!$B$151:$B$185))+SUMPRODUCT((Planung!$BA$151:$BA$185=$B74)*(Planung!$BD$151:$BD$185)*(Planung!$B$151:$B$185))+SUMPRODUCT((Planung!$BI$151:$BI$185=$B74)*(Planung!$BL$151:$BL$185)*(Planung!$B$151:$B$185))+SUMPRODUCT((Planung!$BQ$151:$BQ$185=$B74)*(Planung!$BT$151:$BT$185)*(Planung!$B$151:$B$185)))/IF(G74=0,1,G74)","v":0},{"$f":"(SUMPRODUCT((Planung!$AS$223:$AS$255=$B74)*(Planung!$AV$223:$AV$255)*(Planung!$B$223:$B$255))+SUMPRODUCT((Planung!$BA$223:$BA$255=$B74)*(Planung!$BD$223:$BD$255)*(Planung!$B$223:$B$255))+SUMPRODUCT((Planung!$BI$223:$BI$255=$B74)*(Planung!$BL$223:$BL$255)*(Planung!$B$223:$B$255))+SUMPRODUCT((Planung!$BQ$223:$BQ$255=$B74)*(Planung!$BT$223:$BT$255)*(Planung!$B$223:$B$255)))/IF(G74=0,1,G74)","v":0},{"$f":"(SUMPRODUCT((Planung!$AS$293:$AS$326=$B74)*(Planung!$AV$293:$AV$326)*(Planung!$B$293:$B$326))+SUMPRODUCT((Planung!$BA$293:$BA$326=$B74)*(Planung!$BD$293:$BD$326)*(Planung!$B$293:$B$326))+SUMPRODUCT((Planung!$BI$293:$BI$326=$B74)*(Planung!$BL$293:$BL$326)*(Planung!$B$293:$B$326))+SUMPRODUCT((Planung!$BQ$293:$BQ$326=$B74)*(Planung!$BT$293:$BT$326)*(Planung!$B$293:$B$326)))/IF(G74=0,1,G74)","v":0},{"$f":"(SUMPRODUCT((Planung!$AS$364:$AS$384=$B74)*(Planung!$AV$364:$AV$384)*(Planung!$B$364:$B$384))+SUMPRODUCT((Planung!$BA$364:$BA$384=$B74)*(Planung!$BD$364:$BD$384)*(Planung!$B$364:$B$384))+SUMPRODUCT((Planung!$BI$364:$BI$384=$B74)*(Planung!$BL$364:$BL$384)*(Planung!$B$364:$B$384))+SUMPRODUCT((Planung!$BQ$364:$BQ$384=$B74)*(Planung!$BT$364:$BT$384)*(Planung!$B$364:$B$384)))/IF(G74=0,1,G74)","v":0}]
[null,11919,null,null,null,null,null,null,null,null,null,null,null,null,0,0,0,null,null,null,null,null,0,0,0,0,0,0,0,0,0,null,0,0,null,0,{"$f":"(SUMPRODUCT((Planung!$AS$8:$AS$42=$B75)*(Planung!$AV$8:$AV$42)*(Planung!$B$8:$B$42))+SUMPRODUCT((Planung!$BA$8:$BA$42=$B75)*(Planung!$BD$8:$BD$42)*(Planung!$B$8:$B$42))+SUMPRODUCT((Planung!$BI$8:$BI$42=$B75)*(Planung!$BL$8:$BL$42)*(Planung!$B$8:$B$42))+SUMPRODUCT((Planung!$BQ$8:$BQ$42=$B75)*(Planung!$BT$8:$BT$42)*(Planung!$B$8:$B$42)))/IF(E75=0,1,E75)","v":0},{"$f":"(SUMPRODUCT((Planung!$AS$79:$AS$114=$B75)*(Planung!$AV$79:$AV$114)*(Planung!$B$79:$B$114))+SUMPRODUCT((Planung!$BA$79:$BA$114=$B75)*(Planung!$BD$79:$BD$114)*(Planung!$B$79:$B$114))+SUMPRODUCT((Planung!$BI$79:$BI$114=$B75)*(Planung!$BL$79:$BL$114)*(Planung!$B$79:$B$114))+SUMPRODUCT((Planung!$BQ$79:$BQ$114=$B75)*(Planung!$BT$79:$BT$114)*(Planung!$B$79:$B$114)))/IF(F75=0,1,F75)","v":0},{"$f":"(SUMPRODUCT((Planung!$AS$151:$AS$185=$B75)*(Planung!$AV$151:$AV$185)*(Planung!$B$151:$B$185))+SUMPRODUCT((Planung!$BA$151:$BA$185=$B75)*(Planung!$BD$151:$BD$185)*(Planung!$B$151:$B$185))+SUMPRODUCT((Planung!$BI$151:$BI$185=$B75)*(Planung!$BL$151:$BL$185)*(Planung!$B$151:$B$185))+SUMPRODUCT((Planung!$BQ$151:$BQ$185=$B75)*(Planung!$BT$151:$BT$185)*(Planung!$B$151:$B$185)))/IF(G75=0,1,G75)","v":0},{"$f":"(SUMPRODUCT((Planung!$AS$223:$AS$255=$B75)*(Planung!$AV$223:$AV$255)*(Planung!$B$223:$B$255))+SUMPRODUCT((Planung!$BA$223:$BA$255=$B75)*(Planung!$BD$223:$BD$255)*(Planung!$B$223:$B$255))+SUMPRODUCT((Planung!$BI$223:$BI$255=$B75)*(Planung!$BL$223:$BL$255)*(Planung!$B$223:$B$255))+SUMPRODUCT((Planung!$BQ$223:$BQ$255=$B75)*(Planung!$BT$223:$BT$255)*(Planung!$B$223:$B$255)))/IF(G75=0,1,G75)","v":0},{"$f":"(SUMPRODUCT((Planung!$AS$293:$AS$326=$B75)*(Planung!$AV$293:$AV$326)*(Planung!$B$293:$B$326))+SUMPRODUCT((Planung!$BA$293:$BA$326=$B75)*(Planung!$BD$293:$BD$326)*(Planung!$B$293:$B$326))+SUMPRODUCT((Planung!$BI$293:$BI$326=$B75)*(Planung!$BL$293:$BL$326)*(Planung!$B$293:$B$326))+SUMPRODUCT((Planung!$BQ$293:$BQ$326=$B75)*(Planung!$BT$293:$BT$326)*(Planung!$B$293:$B$326)))/IF(G75=0,1,G75)","v":0},{"$f":"(SUMPRODUCT((Planung!$AS$364:$AS$384=$B75)*(Planung!$AV$364:$AV$384)*(Planung!$B$364:$B$384))+SUMPRODUCT((Planung!$BA$364:$BA$384=$B75)*(Planung!$BD$364:$BD$384)*(Planung!$B$364:$B$384))+SUMPRODUCT((Planung!$BI$364:$BI$384=$B75)*(Planung!$BL$364:$BL$384)*(Planung!$B$364:$B$384))+SUMPRODUCT((Planung!$BQ$364:$BQ$384=$B75)*(Planung!$BT$364:$BT$384)*(Planung!$B$364:$B$384)))/IF(G75=0,1,G75)","v":0}]
[null,11916,null,null,null,null,null,null,null,null,null,null,null,null,0,0,0,null,null,null,null,null,0,0,0,0,0,0,0,0,0,null,0,0,null,0,{"$f":"(SUMPRODUCT((Planung!$AS$8:$AS$42=$B76)*(Planung!$AV$8:$AV$42)*(Planung!$B$8:$B$42))+SUMPRODUCT((Planung!$BA$8:$BA$42=$B76)*(Planung!$BD$8:$BD$42)*(Planung!$B$8:$B$42))+SUMPRODUCT((Planung!$BI$8:$BI$42=$B76)*(Planung!$BL$8:$BL$42)*(Planung!$B$8:$B$42))+SUMPRODUCT((Planung!$BQ$8:$BQ$42=$B76)*(Planung!$BT$8:$BT$42)*(Planung!$B$8:$B$42)))/IF(E76=0,1,E76)","v":0},{"$f":"(SUMPRODUCT((Planung!$AS$79:$AS$114=$B76)*(Planung!$AV$79:$AV$114)*(Planung!$B$79:$B$114))+SUMPRODUCT((Planung!$BA$79:$BA$114=$B76)*(Planung!$BD$79:$BD$114)*(Planung!$B$79:$B$114))+SUMPRODUCT((Planung!$BI$79:$BI$114=$B76)*(Planung!$BL$79:$BL$114)*(Planung!$B$79:$B$114))+SUMPRODUCT((Planung!$BQ$79:$BQ$114=$B76)*(Planung!$BT$79:$BT$114)*(Planung!$B$79:$B$114)))/IF(F76=0,1,F76)","v":0},{"$f":"(SUMPRODUCT((Planung!$AS$151:$AS$185=$B76)*(Planung!$AV$151:$AV$185)*(Planung!$B$151:$B$185))+SUMPRODUCT((Planung!$BA$151:$BA$185=$B76)*(Planung!$BD$151:$BD$185)*(Planung!$B$151:$B$185))+SUMPRODUCT((Planung!$BI$151:$BI$185=$B76)*(Planung!$BL$151:$BL$185)*(Planung!$B$151:$B$185))+SUMPRODUCT((Planung!$BQ$151:$BQ$185=$B76)*(Planung!$BT$151:$BT$185)*(Planung!$B$151:$B$185)))/IF(G76=0,1,G76)","v":0},{"$f":"(SUMPRODUCT((Planung!$AS$223:$AS$255=$B76)*(Planung!$AV$223:$AV$255)*(Planung!$B$223:$B$255))+SUMPRODUCT((Planung!$BA$223:$BA$255=$B76)*(Planung!$BD$223:$BD$255)*(Planung!$B$223:$B$255))+SUMPRODUCT((Planung!$BI$223:$BI$255=$B76)*(Planung!$BL$223:$BL$255)*(Planung!$B$223:$B$255))+SUMPRODUCT((Planung!$BQ$223:$BQ$255=$B76)*(Planung!$BT$223:$BT$255)*(Planung!$B$223:$B$255)))/IF(G76=0,1,G76)","v":0},{"$f":"(SUMPRODUCT((Planung!$AS$293:$AS$326=$B76)*(Planung!$AV$293:$AV$326)*(Planung!$B$293:$B$326))+SUMPRODUCT((Planung!$BA$293:$BA$326=$B76)*(Planung!$BD$293:$BD$326)*(Planung!$B$293:$B$326))+SUMPRODUCT((Planung!$BI$293:$BI$326=$B76)*(Planung!$BL$293:$BL$326)*(Planung!$B$293:$B$326))+SUMPRODUCT((Planung!$BQ$293:$BQ$326=$B76)*(Planung!$BT$293:$BT$326)*(Planung!$B$293:$B$326)))/IF(G76=0,1,G76)","v":0},{"$f":"(SUMPRODUCT((Planung!$AS$364:$AS$384=$B76)*(Planung!$AV$364:$AV$384)*(Planung!$B$364:$B$384))+SUMPRODUCT((Planung!$BA$364:$BA$384=$B76)*(Planung!$BD$364:$BD$384)*(Planung!$B$364:$B$384))+SUMPRODUCT((Planung!$BI$364:$BI$384=$B76)*(Planung!$BL$364:$BL$384)*(Planung!$B$364:$B$384))+SUMPRODUCT((Planung!$BQ$364:$BQ$384=$B76)*(Planung!$BT$364:$BT$384)*(Planung!$B$364:$B$384)))/IF(G76=0,1,G76)","v":0}]
[null,11913,null,null,null,null,null,null,null,null,null,null,null,null,0,0,0,null,null,null,null,null,0,0,0,0,0,0,0,0,0,null,0,0,null,0,{"$f":"(SUMPRODUCT((Planung!$AS$8:$AS$42=$B77)*(Planung!$AV$8:$AV$42)*(Planung!$B$8:$B$42))+SUMPRODUCT((Planung!$BA$8:$BA$42=$B77)*(Planung!$BD$8:$BD$42)*(Planung!$B$8:$B$42))+SUMPRODUCT((Planung!$BI$8:$BI$42=$B77)*(Planung!$BL$8:$BL$42)*(Planung!$B$8:$B$42))+SUMPRODUCT((Planung!$BQ$8:$BQ$42=$B77)*(Planung!$BT$8:$BT$42)*(Planung!$B$8:$B$42)))/IF(E77=0,1,E77)","v":0},{"$f":"(SUMPRODUCT((Planung!$AS$79:$AS$114=$B77)*(Planung!$AV$79:$AV$114)*(Planung!$B$79:$B$114))+SUMPRODUCT((Planung!$BA$79:$BA$114=$B77)*(Planung!$BD$79:$BD$114)*(Planung!$B$79:$B$114))+SUMPRODUCT((Planung!$BI$79:$BI$114=$B77)*(Planung!$BL$79:$BL$114)*(Planung!$B$79:$B$114))+SUMPRODUCT((Planung!$BQ$79:$BQ$114=$B77)*(Planung!$BT$79:$BT$114)*(Planung!$B$79:$B$114)))/IF(F77=0,1,F77)","v":0},{"$f":"(SUMPRODUCT((Planung!$AS$151:$AS$185=$B77)*(Planung!$AV$151:$AV$185)*(Planung!$B$151:$B$185))+SUMPRODUCT((Planung!$BA$151:$BA$185=$B77)*(Planung!$BD$151:$BD$185)*(Planung!$B$151:$B$185))+SUMPRODUCT((Planung!$BI$151:$BI$185=$B77)*(Planung!$BL$151:$BL$185)*(Planung!$B$151:$B$185))+SUMPRODUCT((Planung!$BQ$151:$BQ$185=$B77)*(Planung!$BT$151:$BT$185)*(Planung!$B$151:$B$185)))/IF(G77=0,1,G77)","v":0},{"$f":"(SUMPRODUCT((Planung!$AS$223:$AS$255=$B77)*(Planung!$AV$223:$AV$255)*(Planung!$B$223:$B$255))+SUMPRODUCT((Planung!$BA$223:$BA$255=$B77)*(Planung!$BD$223:$BD$255)*(Planung!$B$223:$B$255))+SUMPRODUCT((Planung!$BI$223:$BI$255=$B77)*(Planung!$BL$223:$BL$255)*(Planung!$B$223:$B$255))+SUMPRODUCT((Planung!$BQ$223:$BQ$255=$B77)*(Planung!$BT$223:$BT$255)*(Planung!$B$223:$B$255)))/IF(G77=0,1,G77)","v":0},{"$f":"(SUMPRODUCT((Planung!$AS$293:$AS$326=$B77)*(Planung!$AV$293:$AV$326)*(Planung!$B$293:$B$326))+SUMPRODUCT((Planung!$BA$293:$BA$326=$B77)*(Planung!$BD$293:$BD$326)*(Planung!$B$293:$B$326))+SUMPRODUCT((Planung!$BI$293:$BI$326=$B77)*(Planung!$BL$293:$BL$326)*(Planung!$B$293:$B$326))+SUMPRODUCT((Planung!$BQ$293:$BQ$326=$B77)*(Planung!$BT$293:$BT$326)*(Planung!$B$293:$B$326)))/IF(G77=0,1,G77)","v":0},{"$f":"(SUMPRODUCT((Planung!$AS$364:$AS$384=$B77)*(Planung!$AV$364:$AV$384)*(Planung!$B$364:$B$384))+SUMPRODUCT((Planung!$BA$364:$BA$384=$B77)*(Planung!$BD$364:$BD$384)*(Planung!$B$364:$B$384))+SUMPRODUCT((Planung!$BI$364:$BI$384=$B77)*(Planung!$BL$364:$BL$384)*(Planung!$B$364:$B$384))+SUMPRODUCT((Planung!$BQ$364:$BQ$384=$B77)*(Planung!$BT$364:$BT$384)*(Planung!$B$364:$B$384)))/IF(G77=0,1,G77)","v":0}]
[null,11915,null,null,null,null,null,null,null,null,null,null,null,null,0,0,0,null,null,null,null,null,0,0,0,0,0,0,0,0,0,null,0,0,null,0,{"$f":"(SUMPRODUCT((Planung!$AS$8:$AS$42=$B78)*(Planung!$AV$8:$AV$42)*(Planung!$B$8:$B$42))+SUMPRODUCT((Planung!$BA$8:$BA$42=$B78)*(Planung!$BD$8:$BD$42)*(Planung!$B$8:$B$42))+SUMPRODUCT((Planung!$BI$8:$BI$42=$B78)*(Planung!$BL$8:$BL$42)*(Planung!$B$8:$B$42))+SUMPRODUCT((Planung!$BQ$8:$BQ$42=$B78)*(Planung!$BT$8:$BT$42)*(Planung!$B$8:$B$42)))/IF(E78=0,1,E78)","v":0},{"$f":"(SUMPRODUCT((Planung!$AS$79:$AS$114=$B78)*(Planung!$AV$79:$AV$114)*(Planung!$B$79:$B$114))+SUMPRODUCT((Planung!$BA$79:$BA$114=$B78)*(Planung!$BD$79:$BD$114)*(Planung!$B$79:$B$114))+SUMPRODUCT((Planung!$BI$79:$BI$114=$B78)*(Planung!$BL$79:$BL$114)*(Planung!$B$79:$B$114))+SUMPRODUCT((Planung!$BQ$79:$BQ$114=$B78)*(Planung!$BT$79:$BT$114)*(Planung!$B$79:$B$114)))/IF(F78=0,1,F78)","v":0},{"$f":"(SUMPRODUCT((Planung!$AS$151:$AS$185=$B78)*(Planung!$AV$151:$AV$185)*(Planung!$B$151:$B$185))+SUMPRODUCT((Planung!$BA$151:$BA$185=$B78)*(Planung!$BD$151:$BD$185)*(Planung!$B$151:$B$185))+SUMPRODUCT((Planung!$BI$151:$BI$185=$B78)*(Planung!$BL$151:$BL$185)*(Planung!$B$151:$B$185))+SUMPRODUCT((Planung!$BQ$151:$BQ$185=$B78)*(Planung!$BT$151:$BT$185)*(Planung!$B$151:$B$185)))/IF(G78=0,1,G78)","v":0},{"$f":"(SUMPRODUCT((Planung!$AS$223:$AS$255=$B78)*(Planung!$AV$223:$AV$255)*(Planung!$B$223:$B$255))+SUMPRODUCT((Planung!$BA$223:$BA$255=$B78)*(Planung!$BD$223:$BD$255)*(Planung!$B$223:$B$255))+SUMPRODUCT((Planung!$BI$223:$BI$255=$B78)*(Planung!$BL$223:$BL$255)*(Planung!$B$223:$B$255))+SUMPRODUCT((Planung!$BQ$223:$BQ$255=$B78)*(Planung!$BT$223:$BT$255)*(Planung!$B$223:$B$255)))/IF(G78=0,1,G78)","v":0},{"$f":"(SUMPRODUCT((Planung!$AS$293:$AS$326=$B78)*(Planung!$AV$293:$AV$326)*(Planung!$B$293:$B$326))+SUMPRODUCT((Planung!$BA$293:$BA$326=$B78)*(Planung!$BD$293:$BD$326)*(Planung!$B$293:$B$326))+SUMPRODUCT((Planung!$BI$293:$BI$326=$B78)*(Planung!$BL$293:$BL$326)*(Planung!$B$293:$B$326))+SUMPRODUCT((Planung!$BQ$293:$BQ$326=$B78)*(Planung!$BT$293:$BT$326)*(Planung!$B$293:$B$326)))/IF(G78=0,1,G78)","v":0},{"$f":"(SUMPRODUCT((Planung!$AS$364:$AS$384=$B78)*(Planung!$AV$364:$AV$384)*(Planung!$B$364:$B$384))+SUMPRODUCT((Planung!$BA$364:$BA$384=$B78)*(Planung!$BD$364:$BD$384)*(Planung!$B$364:$B$384))+SUMPRODUCT((Planung!$BI$364:$BI$384=$B78)*(Planung!$BL$364:$BL$384)*(Planung!$B$364:$B$384))+SUMPRODUCT((Planung!$BQ$364:$BQ$384=$B78)*(Planung!$BT$364:$BT$384)*(Planung!$B$364:$B$384)))/IF(G78=0,1,G78)","v":0}]
[null,11921,null,null,null,null,null,null,null,null,null,null,null,null,0,0,0,null,null,null,null,null,0,0,0,0,0,0,0,0,0,null,0,0,null,0,{"$f":"(SUMPRODUCT((Planung!$AS$8:$AS$42=$B79)*(Planung!$AV$8:$AV$42)*(Planung!$B$8:$B$42))+SUMPRODUCT((Planung!$BA$8:$BA$42=$B79)*(Planung!$BD$8:$BD$42)*(Planung!$B$8:$B$42))+SUMPRODUCT((Planung!$BI$8:$BI$42=$B79)*(Planung!$BL$8:$BL$42)*(Planung!$B$8:$B$42))+SUMPRODUCT((Planung!$BQ$8:$BQ$42=$B79)*(Planung!$BT$8:$BT$42)*(Planung!$B$8:$B$42)))/IF(E79=0,1,E79)","v":0},{"$f":"(SUMPRODUCT((Planung!$AS$79:$AS$114=$B79)*(Planung!$AV$79:$AV$114)*(Planung!$B$79:$B$114))+SUMPRODUCT((Planung!$BA$79:$BA$114=$B79)*(Planung!$BD$79:$BD$114)*(Planung!$B$79:$B$114))+SUMPRODUCT((Planung!$BI$79:$BI$114=$B79)*(Planung!$BL$79:$BL$114)*(Planung!$B$79:$B$114))+SUMPRODUCT((Planung!$BQ$79:$BQ$114=$B79)*(Planung!$BT$79:$BT$114)*(Planung!$B$79:$B$114)))/IF(F79=0,1,F79)","v":0},{"$f":"(SUMPRODUCT((Planung!$AS$151:$AS$185=$B79)*(Planung!$AV$151:$AV$185)*(Planung!$B$151:$B$185))+SUMPRODUCT((Planung!$BA$151:$BA$185=$B79)*(Planung!$BD$151:$BD$185)*(Planung!$B$151:$B$185))+SUMPRODUCT((Planung!$BI$151:$BI$185=$B79)*(Planung!$BL$151:$BL$185)*(Planung!$B$151:$B$185))+SUMPRODUCT((Planung!$BQ$151:$BQ$185=$B79)*(Planung!$BT$151:$BT$185)*(Planung!$B$151:$B$185)))/IF(G79=0,1,G79)","v":0},{"$f":"(SUMPRODUCT((Planung!$AS$223:$AS$255=$B79)*(Planung!$AV$223:$AV$255)*(Planung!$B$223:$B$255))+SUMPRODUCT((Planung!$BA$223:$BA$255=$B79)*(Planung!$BD$223:$BD$255)*(Planung!$B$223:$B$255))+SUMPRODUCT((Planung!$BI$223:$BI$255=$B79)*(Planung!$BL$223:$BL$255)*(Planung!$B$223:$B$255))+SUMPRODUCT((Planung!$BQ$223:$BQ$255=$B79)*(Planung!$BT$223:$BT$255)*(Planung!$B$223:$B$255)))/IF(G79=0,1,G79)","v":0},{"$f":"(SUMPRODUCT((Planung!$AS$293:$AS$326=$B79)*(Planung!$AV$293:$AV$326)*(Planung!$B$293:$B$326))+SUMPRODUCT((Planung!$BA$293:$BA$326=$B79)*(Planung!$BD$293:$BD$326)*(Planung!$B$293:$B$326))+SUMPRODUCT((Planung!$BI$293:$BI$326=$B79)*(Planung!$BL$293:$BL$326)*(Planung!$B$293:$B$326))+SUMPRODUCT((Planung!$BQ$293:$BQ$326=$B79)*(Planung!$BT$293:$BT$326)*(Planung!$B$293:$B$326)))/IF(G79=0,1,G79)","v":0},{"$f":"(SUMPRODUCT((Planung!$AS$364:$AS$384=$B79)*(Planung!$AV$364:$AV$384)*(Planung!$B$364:$B$384))+SUMPRODUCT((Planung!$BA$364:$BA$384=$B79)*(Planung!$BD$364:$BD$384)*(Planung!$B$364:$B$384))+SUMPRODUCT((Planung!$BI$364:$BI$384=$B79)*(Planung!$BL$364:$BL$384)*(Planung!$B$364:$B$384))+SUMPRODUCT((Planung!$BQ$364:$BQ$384=$B79)*(Planung!$BT$364:$BT$384)*(Planung!$B$364:$B$384)))/IF(G79=0,1,G79)","v":0}]
[null,11918,null,null,null,null,null,null,null,null,null,null,null,null,0,0,0,null,null,null,null,null,0,0,0,0,0,0,0,0,0,null,0,0,null,0,{"$f":"(SUMPRODUCT((Planung!$AS$8:$AS$42=$B80)*(Planung!$AV$8:$AV$42)*(Planung!$B$8:$B$42))+SUMPRODUCT((Planung!$BA$8:$BA$42=$B80)*(Planung!$BD$8:$BD$42)*(Planung!$B$8:$B$42))+SUMPRODUCT((Planung!$BI$8:$BI$42=$B80)*(Planung!$BL$8:$BL$42)*(Planung!$B$8:$B$42))+SUMPRODUCT((Planung!$BQ$8:$BQ$42=$B80)*(Planung!$BT$8:$BT$42)*(Planung!$B$8:$B$42)))/IF(E80=0,1,E80)","v":0},{"$f":"(SUMPRODUCT((Planung!$AS$79:$AS$114=$B80)*(Planung!$AV$79:$AV$114)*(Planung!$B$79:$B$114))+SUMPRODUCT((Planung!$BA$79:$BA$114=$B80)*(Planung!$BD$79:$BD$114)*(Planung!$B$79:$B$114))+SUMPRODUCT((Planung!$BI$79:$BI$114=$B80)*(Planung!$BL$79:$BL$114)*(Planung!$B$79:$B$114))+SUMPRODUCT((Planung!$BQ$79:$BQ$114=$B80)*(Planung!$BT$79:$BT$114)*(Planung!$B$79:$B$114)))/IF(F80=0,1,F80)","v":0},{"$f":"(SUMPRODUCT((Planung!$AS$151:$AS$185=$B80)*(Planung!$AV$151:$AV$185)*(Planung!$B$151:$B$185))+SUMPRODUCT((Planung!$BA$151:$BA$185=$B80)*(Planung!$BD$151:$BD$185)*(Planung!$B$151:$B$185))+SUMPRODUCT((Planung!$BI$151:$BI$185=$B80)*(Planung!$BL$151:$BL$185)*(Planung!$B$151:$B$185))+SUMPRODUCT((Planung!$BQ$151:$BQ$185=$B80)*(Planung!$BT$151:$BT$185)*(Planung!$B$151:$B$185)))/IF(G80=0,1,G80)","v":0},{"$f":"(SUMPRODUCT((Planung!$AS$223:$AS$255=$B80)*(Planung!$AV$223:$AV$255)*(Planung!$B$223:$B$255))+SUMPRODUCT((Planung!$BA$223:$BA$255=$B80)*(Planung!$BD$223:$BD$255)*(Planung!$B$223:$B$255))+SUMPRODUCT((Planung!$BI$223:$BI$255=$B80)*(Planung!$BL$223:$BL$255)*(Planung!$B$223:$B$255))+SUMPRODUCT((Planung!$BQ$223:$BQ$255=$B80)*(Planung!$BT$223:$BT$255)*(Planung!$B$223:$B$255)))/IF(G80=0,1,G80)","v":0},{"$f":"(SUMPRODUCT((Planung!$AS$293:$AS$326=$B80)*(Planung!$AV$293:$AV$326)*(Planung!$B$293:$B$326))+SUMPRODUCT((Planung!$BA$293:$BA$326=$B80)*(Planung!$BD$293:$BD$326)*(Planung!$B$293:$B$326))+SUMPRODUCT((Planung!$BI$293:$BI$326=$B80)*(Planung!$BL$293:$BL$326)*(Planung!$B$293:$B$326))+SUMPRODUCT((Planung!$BQ$293:$BQ$326=$B80)*(Planung!$BT$293:$BT$326)*(Planung!$B$293:$B$326)))/IF(G80=0,1,G80)","v":0},{"$f":"(SUMPRODUCT((Planung!$AS$364:$AS$384=$B80)*(Planung!$AV$364:$AV$384)*(Planung!$B$364:$B$384))+SUMPRODUCT((Planung!$BA$364:$BA$384=$B80)*(Planung!$BD$364:$BD$384)*(Planung!$B$364:$B$384))+SUMPRODUCT((Planung!$BI$364:$BI$384=$B80)*(Planung!$BL$364:$BL$384)*(Planung!$B$364:$B$384))+SUMPRODUCT((Planung!$BQ$364:$BQ$384=$B80)*(Planung!$BT$364:$BT$384)*(Planung!$B$364:$B$384)))/IF(G80=0,1,G80)","v":0}]
[null,null,"FUTTERWERBUNG",null,null,null,null,null,null,null,null,null,null,null,0,0,0,null,null,null,null,null,0,0,0,0,0,0,0,0,0,null,0,0,null,0,{"$f":"(SUMPRODUCT((Planung!$AS$8:$AS$42=$B81)*(Planung!$AV$8:$AV$42)*(Planung!$B$8:$B$42))+SUMPRODUCT((Planung!$BA$8:$BA$42=$B81)*(Planung!$BD$8:$BD$42)*(Planung!$B$8:$B$42))+SUMPRODUCT((Planung!$BI$8:$BI$42=$B81)*(Planung!$BL$8:$BL$42)*(Planung!$B$8:$B$42))+SUMPRODUCT((Planung!$BQ$8:$BQ$42=$B81)*(Planung!$BT$8:$BT$42)*(Planung!$B$8:$B$42)))/IF(E81=0,1,E81)","v":0},{"$f":"(SUMPRODUCT((Planung!$AS$79:$AS$114=$B81)*(Planung!$AV$79:$AV$114)*(Planung!$B$79:$B$114))+SUMPRODUCT((Planung!$BA$79:$BA$114=$B81)*(Planung!$BD$79:$BD$114)*(Planung!$B$79:$B$114))+SUMPRODUCT((Planung!$BI$79:$BI$114=$B81)*(Planung!$BL$79:$BL$114)*(Planung!$B$79:$B$114))+SUMPRODUCT((Planung!$BQ$79:$BQ$114=$B81)*(Planung!$BT$79:$BT$114)*(Planung!$B$79:$B$114)))/IF(F81=0,1,F81)","v":0},{"$f":"(SUMPRODUCT((Planung!$AS$151:$AS$185=$B81)*(Planung!$AV$151:$AV$185)*(Planung!$B$151:$B$185))+SUMPRODUCT((Planung!$BA$151:$BA$185=$B81)*(Planung!$BD$151:$BD$185)*(Planung!$B$151:$B$185))+SUMPRODUCT((Planung!$BI$151:$BI$185=$B81)*(Planung!$BL$151:$BL$185)*(Planung!$B$151:$B$185))+SUMPRODUCT((Planung!$BQ$151:$BQ$185=$B81)*(Planung!$BT$151:$BT$185)*(Planung!$B$151:$B$185)))/IF(G81=0,1,G81)","v":0},{"$f":"(SUMPRODUCT((Planung!$AS$223:$AS$255=$B81)*(Planung!$AV$223:$AV$255)*(Planung!$B$223:$B$255))+SUMPRODUCT((Planung!$BA$223:$BA$255=$B81)*(Planung!$BD$223:$BD$255)*(Planung!$B$223:$B$255))+SUMPRODUCT((Planung!$BI$223:$BI$255=$B81)*(Planung!$BL$223:$BL$255)*(Planung!$B$223:$B$255))+SUMPRODUCT((Planung!$BQ$223:$BQ$255=$B81)*(Planung!$BT$223:$BT$255)*(Planung!$B$223:$B$255)))/IF(G81=0,1,G81)","v":0},{"$f":"(SUMPRODUCT((Planung!$AS$293:$AS$326=$B81)*(Planung!$AV$293:$AV$326)*(Planung!$B$293:$B$326))+SUMPRODUCT((Planung!$BA$293:$BA$326=$B81)*(Planung!$BD$293:$BD$326)*(Planung!$B$293:$B$326))+SUMPRODUCT((Planung!$BI$293:$BI$326=$B81)*(Planung!$BL$293:$BL$326)*(Planung!$B$293:$B$326))+SUMPRODUCT((Planung!$BQ$293:$BQ$326=$B81)*(Planung!$BT$293:$BT$326)*(Planung!$B$293:$B$326)))/IF(G81=0,1,G81)","v":0},{"$f":"(SUMPRODUCT((Planung!$AS$364:$AS$384=$B81)*(Planung!$AV$364:$AV$384)*(Planung!$B$364:$B$384))+SUMPRODUCT((Planung!$BA$364:$BA$384=$B81)*(Planung!$BD$364:$BD$384)*(Planung!$B$364:$B$384))+SUMPRODUCT((Planung!$BI$364:$BI$384=$B81)*(Planung!$BL$364:$BL$384)*(Planung!$B$364:$B$384))+SUMPRODUCT((Planung!$BQ$364:$BQ$384=$B81)*(Planung!$BT$364:$BT$384)*(Planung!$B$364:$B$384)))/IF(G81=0,1,G81)","v":0}]
[null,12111,null,null,null,null,null,null,null,null,null,null,null,null,0,0,0,null,null,null,null,null,0,0,0,0,0,0,0,0,0,null,0,0,null,0,{"$f":"(SUMPRODUCT((Planung!$AS$8:$AS$42=$B82)*(Planung!$AV$8:$AV$42)*(Planung!$B$8:$B$42))+SUMPRODUCT((Planung!$BA$8:$BA$42=$B82)*(Planung!$BD$8:$BD$42)*(Planung!$B$8:$B$42))+SUMPRODUCT((Planung!$BI$8:$BI$42=$B82)*(Planung!$BL$8:$BL$42)*(Planung!$B$8:$B$42))+SUMPRODUCT((Planung!$BQ$8:$BQ$42=$B82)*(Planung!$BT$8:$BT$42)*(Planung!$B$8:$B$42)))/IF(E82=0,1,E82)","v":0},{"$f":"(SUMPRODUCT((Planung!$AS$79:$AS$114=$B82)*(Planung!$AV$79:$AV$114)*(Planung!$B$79:$B$114))+SUMPRODUCT((Planung!$BA$79:$BA$114=$B82)*(Planung!$BD$79:$BD$114)*(Planung!$B$79:$B$114))+SUMPRODUCT((Planung!$BI$79:$BI$114=$B82)*(Planung!$BL$79:$BL$114)*(Planung!$B$79:$B$114))+SUMPRODUCT((Planung!$BQ$79:$BQ$114=$B82)*(Planung!$BT$79:$BT$114)*(Planung!$B$79:$B$114)))/IF(F82=0,1,F82)","v":0},{"$f":"(SUMPRODUCT((Planung!$AS$151:$AS$185=$B82)*(Planung!$AV$151:$AV$185)*(Planung!$B$151:$B$185))+SUMPRODUCT((Planung!$BA$151:$BA$185=$B82)*(Planung!$BD$151:$BD$185)*(Planung!$B$151:$B$185))+SUMPRODUCT((Planung!$BI$151:$BI$185=$B82)*(Planung!$BL$151:$BL$185)*(Planung!$B$151:$B$185))+SUMPRODUCT((Planung!$BQ$151:$BQ$185=$B82)*(Planung!$BT$151:$BT$185)*(Planung!$B$151:$B$185)))/IF(G82=0,1,G82)","v":0},{"$f":"(SUMPRODUCT((Planung!$AS$223:$AS$255=$B82)*(Planung!$AV$223:$AV$255)*(Planung!$B$223:$B$255))+SUMPRODUCT((Planung!$BA$223:$BA$255=$B82)*(Planung!$BD$223:$BD$255)*(Planung!$B$223:$B$255))+SUMPRODUCT((Planung!$BI$223:$BI$255=$B82)*(Planung!$BL$223:$BL$255)*(Planung!$B$223:$B$255))+SUMPRODUCT((Planung!$BQ$223:$BQ$255=$B82)*(Planung!$BT$223:$BT$255)*(Planung!$B$223:$B$255)))/IF(G82=0,1,G82)","v":0},{"$f":"(SUMPRODUCT((Planung!$AS$293:$AS$326=$B82)*(Planung!$AV$293:$AV$326)*(Planung!$B$293:$B$326))+SUMPRODUCT((Planung!$BA$293:$BA$326=$B82)*(Planung!$BD$293:$BD$326)*(Planung!$B$293:$B$326))+SUMPRODUCT((Planung!$BI$293:$BI$326=$B82)*(Planung!$BL$293:$BL$326)*(Planung!$B$293:$B$326))+SUMPRODUCT((Planung!$BQ$293:$BQ$326=$B82)*(Planung!$BT$293:$BT$326)*(Planung!$B$293:$B$326)))/IF(G82=0,1,G82)","v":0},{"$f":"(SUMPRODUCT((Planung!$AS$364:$AS$384=$B82)*(Planung!$AV$364:$AV$384)*(Planung!$B$364:$B$384))+SUMPRODUCT((Planung!$BA$364:$BA$384=$B82)*(Planung!$BD$364:$BD$384)*(Planung!$B$364:$B$384))+SUMPRODUCT((Planung!$BI$364:$BI$384=$B82)*(Planung!$BL$364:$BL$384)*(Planung!$B$364:$B$384))+SUMPRODUCT((Planung!$BQ$364:$BQ$384=$B82)*(Planung!$BT$364:$BT$384)*(Planung!$B$364:$B$384)))/IF(G82=0,1,G82)","v":0}]
[null,12112,"*Mähkombination 8,5m","ha",1,1,1,1,1,1,2.25,null,null,null,0,0,2.25,50000,10000,null,10,13000,4000,1300,0,0,0,0,0,0,2.25,null,1040,0.8,600,0.46153846153846156,{"$f":"(SUMPRODUCT((Planung!$AS$8:$AS$42=$B83)*(Planung!$AV$8:$AV$42)*(Planung!$B$8:$B$42))+SUMPRODUCT((Planung!$BA$8:$BA$42=$B83)*(Planung!$BD$8:$BD$42)*(Planung!$B$8:$B$42))+SUMPRODUCT((Planung!$BI$8:$BI$42=$B83)*(Planung!$BL$8:$BL$42)*(Planung!$B$8:$B$42))+SUMPRODUCT((Planung!$BQ$8:$BQ$42=$B83)*(Planung!$BT$8:$BT$42)*(Planung!$B$8:$B$42)))/IF(E83=0,1,E83)","v":0},{"$f":"(SUMPRODUCT((Planung!$AS$79:$AS$114=$B83)*(Planung!$AV$79:$AV$114)*(Planung!$B$79:$B$114))+SUMPRODUCT((Planung!$BA$79:$BA$114=$B83)*(Planung!$BD$79:$BD$114)*(Planung!$B$79:$B$114))+SUMPRODUCT((Planung!$BI$79:$BI$114=$B83)*(Planung!$BL$79:$BL$114)*(Planung!$B$79:$B$114))+SUMPRODUCT((Planung!$BQ$79:$BQ$114=$B83)*(Planung!$BT$79:$BT$114)*(Planung!$B$79:$B$114)))/IF(F83=0,1,F83)","v":0},{"$f":"(SUMPRODUCT((Planung!$AS$151:$AS$185=$B83)*(Planung!$AV$151:$AV$185)*(Planung!$B$151:$B$185))+SUMPRODUCT((Planung!$BA$151:$BA$185=$B83)*(Planung!$BD$151:$BD$185)*(Planung!$B$151:$B$185))+SUMPRODUCT((Planung!$BI$151:$BI$185=$B83)*(Planung!$BL$151:$BL$185)*(Planung!$B$151:$B$185))+SUMPRODUCT((Planung!$BQ$151:$BQ$185=$B83)*(Planung!$BT$151:$BT$185)*(Planung!$B$151:$B$185)))/IF(G83=0,1,G83)","v":0},{"$f":"(SUMPRODUCT((Planung!$AS$223:$AS$255=$B83)*(Planung!$AV$223:$AV$255)*(Planung!$B$223:$B$255))+SUMPRODUCT((Planung!$BA$223:$BA$255=$B83)*(Planung!$BD$223:$BD$255)*(Planung!$B$223:$B$255))+SUMPRODUCT((Planung!$BI$223:$BI$255=$B83)*(Planung!$BL$223:$BL$255)*(Planung!$B$223:$B$255))+SUMPRODUCT((Planung!$BQ$223:$BQ$255=$B83)*(Planung!$BT$223:$BT$255)*(Planung!$B$223:$B$255)))/IF(G83=0,1,G83)","v":0},{"$f":"(SUMPRODUCT((Planung!$AS$293:$AS$326=$B83)*(Planung!$AV$293:$AV$326)*(Planung!$B$293:$B$326))+SUMPRODUCT((Planung!$BA$293:$BA$326=$B83)*(Planung!$BD$293:$BD$326)*(Planung!$B$293:$B$326))+SUMPRODUCT((Planung!$BI$293:$BI$326=$B83)*(Planung!$BL$293:$BL$326)*(Planung!$B$293:$B$326))+SUMPRODUCT((Planung!$BQ$293:$BQ$326=$B83)*(Planung!$BT$293:$BT$326)*(Planung!$B$293:$B$326)))/IF(G83=0,1,G83)","v":0},{"$f":"(SUMPRODUCT((Planung!$AS$364:$AS$384=$B83)*(Planung!$AV$364:$AV$384)*(Planung!$B$364:$B$384))+SUMPRODUCT((Planung!$BA$364:$BA$384=$B83)*(Planung!$BD$364:$BD$384)*(Planung!$B$364:$B$384))+SUMPRODUCT((Planung!$BI$364:$BI$384=$B83)*(Planung!$BL$364:$BL$384)*(Planung!$B$364:$B$384))+SUMPRODUCT((Planung!$BQ$364:$BQ$384=$B83)*(Planung!$BT$364:$BT$384)*(Planung!$B$364:$B$384)))/IF(G83=0,1,G83)","v":0}]
[null,12115,null,null,null,null,null,null,null,null,null,null,null,null,0,0,0,null,null,null,null,null,0,0,0,0,0,0,0,0,0,null,0,0,null,0,{"$f":"(SUMPRODUCT((Planung!$AS$8:$AS$42=$B84)*(Planung!$AV$8:$AV$42)*(Planung!$B$8:$B$42))+SUMPRODUCT((Planung!$BA$8:$BA$42=$B84)*(Planung!$BD$8:$BD$42)*(Planung!$B$8:$B$42))+SUMPRODUCT((Planung!$BI$8:$BI$42=$B84)*(Planung!$BL$8:$BL$42)*(Planung!$B$8:$B$42))+SUMPRODUCT((Planung!$BQ$8:$BQ$42=$B84)*(Planung!$BT$8:$BT$42)*(Planung!$B$8:$B$42)))/IF(E84=0,1,E84)","v":0},{"$f":"(SUMPRODUCT((Planung!$AS$79:$AS$114=$B84)*(Planung!$AV$79:$AV$114)*(Planung!$B$79:$B$114))+SUMPRODUCT((Planung!$BA$79:$BA$114=$B84)*(Planung!$BD$79:$BD$114)*(Planung!$B$79:$B$114))+SUMPRODUCT((Planung!$BI$79:$BI$114=$B84)*(Planung!$BL$79:$BL$114)*(Planung!$B$79:$B$114))+SUMPRODUCT((Planung!$BQ$79:$BQ$114=$B84)*(Planung!$BT$79:$BT$114)*(Planung!$B$79:$B$114)))/IF(F84=0,1,F84)","v":0},{"$f":"(SUMPRODUCT((Planung!$AS$151:$AS$185=$B84)*(Planung!$AV$151:$AV$185)*(Planung!$B$151:$B$185))+SUMPRODUCT((Planung!$BA$151:$BA$185=$B84)*(Planung!$BD$151:$BD$185)*(Planung!$B$151:$B$185))+SUMPRODUCT((Planung!$BI$151:$BI$185=$B84)*(Planung!$BL$151:$BL$185)*(Planung!$B$151:$B$185))+SUMPRODUCT((Planung!$BQ$151:$BQ$185=$B84)*(Planung!$BT$151:$BT$185)*(Planung!$B$151:$B$185)))/IF(G84=0,1,G84)","v":0},{"$f":"(SUMPRODUCT((Planung!$AS$223:$AS$255=$B84)*(Planung!$AV$223:$AV$255)*(Planung!$B$223:$B$255))+SUMPRODUCT((Planung!$BA$223:$BA$255=$B84)*(Planung!$BD$223:$BD$255)*(Planung!$B$223:$B$255))+SUMPRODUCT((Planung!$BI$223:$BI$255=$B84)*(Planung!$BL$223:$BL$255)*(Planung!$B$223:$B$255))+SUMPRODUCT((Planung!$BQ$223:$BQ$255=$B84)*(Planung!$BT$223:$BT$255)*(Planung!$B$223:$B$255)))/IF(G84=0,1,G84)","v":0},{"$f":"(SUMPRODUCT((Planung!$AS$293:$AS$326=$B84)*(Planung!$AV$293:$AV$326)*(Planung!$B$293:$B$326))+SUMPRODUCT((Planung!$BA$293:$BA$326=$B84)*(Planung!$BD$293:$BD$326)*(Planung!$B$293:$B$326))+SUMPRODUCT((Planung!$BI$293:$BI$326=$B84)*(Planung!$BL$293:$BL$326)*(Planung!$B$293:$B$326))+SUMPRODUCT((Planung!$BQ$293:$BQ$326=$B84)*(Planung!$BT$293:$BT$326)*(Planung!$B$293:$B$326)))/IF(G84=0,1,G84)","v":0},{"$f":"(SUMPRODUCT((Planung!$AS$364:$AS$384=$B84)*(Planung!$AV$364:$AV$384)*(Planung!$B$364:$B$384))+SUMPRODUCT((Planung!$BA$364:$BA$384=$B84)*(Planung!$BD$364:$BD$384)*(Planung!$B$364:$B$384))+SUMPRODUCT((Planung!$BI$364:$BI$384=$B84)*(Planung!$BL$364:$BL$384)*(Planung!$B$364:$B$384))+SUMPRODUCT((Planung!$BQ$364:$BQ$384=$B84)*(Planung!$BT$364:$BT$384)*(Planung!$B$364:$B$384)))/IF(G84=0,1,G84)","v":0}]
[null,12116,"*Quaderballenpresse","Ballen",1,1,1,1,1,1,0.7,0.55000000000000004,null,null,0,0,{"$f":"K85+L85+M85+O85+P85","v":1.25},140000,28000,35,8,100000,14000,12500,0,0,0,0,0,0,1.25,null,10000,0.8,null,0,{"$f":"(SUMPRODUCT((Planung!$AS$8:$AS$42=$B85)*(Planung!$AV$8:$AV$42)*(Planung!$B$8:$B$42))+SUMPRODUCT((Planung!$BA$8:$BA$42=$B85)*(Planung!$BD$8:$BD$42)*(Planung!$B$8:$B$42))+SUMPRODUCT((Planung!$BI$8:$BI$42=$B85)*(Planung!$BL$8:$BL$42)*(Planung!$B$8:$B$42))+SUMPRODUCT((Planung!$BQ$8:$BQ$42=$B85)*(Planung!$BT$8:$BT$42)*(Planung!$B$8:$B$42)))/IF(E85=0,1,E85)","v":0},{"$f":"(SUMPRODUCT((Planung!$AS$79:$AS$114=$B85)*(Planung!$AV$79:$AV$114)*(Planung!$B$79:$B$114))+SUMPRODUCT((Planung!$BA$79:$BA$114=$B85)*(Planung!$BD$79:$BD$114)*(Planung!$B$79:$B$114))+SUMPRODUCT((Planung!$BI$79:$BI$114=$B85)*(Planung!$BL$79:$BL$114)*(Planung!$B$79:$B$114))+SUMPRODUCT((Planung!$BQ$79:$BQ$114=$B85)*(Planung!$BT$79:$BT$114)*(Planung!$B$79:$B$114)))/IF(F85=0,1,F85)","v":0},{"$f":"(SUMPRODUCT((Planung!$AS$151:$AS$185=$B85)*(Planung!$AV$151:$AV$185)*(Planung!$B$151:$B$185))+SUMPRODUCT((Planung!$BA$151:$BA$185=$B85)*(Planung!$BD$151:$BD$185)*(Planung!$B$151:$B$185))+SUMPRODUCT((Planung!$BI$151:$BI$185=$B85)*(Planung!$BL$151:$BL$185)*(Planung!$B$151:$B$185))+SUMPRODUCT((Planung!$BQ$151:$BQ$185=$B85)*(Planung!$BT$151:$BT$185)*(Planung!$B$151:$B$185)))/IF(G85=0,1,G85)","v":0},{"$f":"(SUMPRODUCT((Planung!$AS$223:$AS$255=$B85)*(Planung!$AV$223:$AV$255)*(Planung!$B$223:$B$255))+SUMPRODUCT((Planung!$BA$223:$BA$255=$B85)*(Planung!$BD$223:$BD$255)*(Planung!$B$223:$B$255))+SUMPRODUCT((Planung!$BI$223:$BI$255=$B85)*(Planung!$BL$223:$BL$255)*(Planung!$B$223:$B$255))+SUMPRODUCT((Planung!$BQ$223:$BQ$255=$B85)*(Planung!$BT$223:$BT$255)*(Planung!$B$223:$B$255)))/IF(G85=0,1,G85)","v":0},{"$f":"(SUMPRODUCT((Planung!$AS$293:$AS$326=$B85)*(Planung!$AV$293:$AV$326)*(Planung!$B$293:$B$326))+SUMPRODUCT((Planung!$BA$293:$BA$326=$B85)*(Planung!$BD$293:$BD$326)*(Planung!$B$293:$B$326))+SUMPRODUCT((Planung!$BI$293:$BI$326=$B85)*(Planung!$BL$293:$BL$326)*(Planung!$B$293:$B$326))+SUMPRODUCT((Planung!$BQ$293:$BQ$326=$B85)*(Planung!$BT$293:$BT$326)*(Planung!$B$293:$B$326)))/IF(G85=0,1,G85)","v":0},{"$f":"(SUMPRODUCT((Planung!$AS$364:$AS$384=$B85)*(Planung!$AV$364:$AV$384)*(Planung!$B$364:$B$384))+SUMPRODUCT((Planung!$BA$364:$BA$384=$B85)*(Planung!$BD$364:$BD$384)*(Planung!$B$364:$B$384))+SUMPRODUCT((Planung!$BI$364:$BI$384=$B85)*(Planung!$BL$364:$BL$384)*(Planung!$B$364:$B$384))+SUMPRODUCT((Planung!$BQ$364:$BQ$384=$B85)*(Planung!$BT$364:$BT$384)*(Planung!$B$364:$B$384)))/IF(G85=0,1,G85)","v":0}]
[null,12114,null,null,null,null,null,null,null,null,null,null,null,null,0,0,0,null,null,null,null,null,0,0,0,0,0,0,0,0,0,null,0,0,null,0,{"$f":"(SUMPRODUCT((Planung!$AS$8:$AS$42=$B86)*(Planung!$AV$8:$AV$42)*(Planung!$B$8:$B$42))+SUMPRODUCT((Planung!$BA$8:$BA$42=$B86)*(Planung!$BD$8:$BD$42)*(Planung!$B$8:$B$42))+SUMPRODUCT((Planung!$BI$8:$BI$42=$B86)*(Planung!$BL$8:$BL$42)*(Planung!$B$8:$B$42))+SUMPRODUCT((Planung!$BQ$8:$BQ$42=$B86)*(Planung!$BT$8:$BT$42)*(Planung!$B$8:$B$42)))/IF(E86=0,1,E86)","v":0},{"$f":"(SUMPRODUCT((Planung!$AS$79:$AS$114=$B86)*(Planung!$AV$79:$AV$114)*(Planung!$B$79:$B$114))+SUMPRODUCT((Planung!$BA$79:$BA$114=$B86)*(Planung!$BD$79:$BD$114)*(Planung!$B$79:$B$114))+SUMPRODUCT((Planung!$BI$79:$BI$114=$B86)*(Planung!$BL$79:$BL$114)*(Planung!$B$79:$B$114))+SUMPRODUCT((Planung!$BQ$79:$BQ$114=$B86)*(Planung!$BT$79:$BT$114)*(Planung!$B$79:$B$114)))/IF(F86=0,1,F86)","v":0},{"$f":"(SUMPRODUCT((Planung!$AS$151:$AS$185=$B86)*(Planung!$AV$151:$AV$185)*(Planung!$B$151:$B$185))+SUMPRODUCT((Planung!$BA$151:$BA$185=$B86)*(Planung!$BD$151:$BD$185)*(Planung!$B$151:$B$185))+SUMPRODUCT((Planung!$BI$151:$BI$185=$B86)*(Planung!$BL$151:$BL$185)*(Planung!$B$151:$B$185))+SUMPRODUCT((Planung!$BQ$151:$BQ$185=$B86)*(Planung!$BT$151:$BT$185)*(Planung!$B$151:$B$185)))/IF(G86=0,1,G86)","v":0},{"$f":"(SUMPRODUCT((Planung!$AS$223:$AS$255=$B86)*(Planung!$AV$223:$AV$255)*(Planung!$B$223:$B$255))+SUMPRODUCT((Planung!$BA$223:$BA$255=$B86)*(Planung!$BD$223:$BD$255)*(Planung!$B$223:$B$255))+SUMPRODUCT((Planung!$BI$223:$BI$255=$B86)*(Planung!$BL$223:$BL$255)*(Planung!$B$223:$B$255))+SUMPRODUCT((Planung!$BQ$223:$BQ$255=$B86)*(Planung!$BT$223:$BT$255)*(Planung!$B$223:$B$255)))/IF(G86=0,1,G86)","v":0},{"$f":"(SUMPRODUCT((Planung!$AS$293:$AS$326=$B86)*(Planung!$AV$293:$AV$326)*(Planung!$B$293:$B$326))+SUMPRODUCT((Planung!$BA$293:$BA$326=$B86)*(Planung!$BD$293:$BD$326)*(Planung!$B$293:$B$326))+SUMPRODUCT((Planung!$BI$293:$BI$326=$B86)*(Planung!$BL$293:$BL$326)*(Planung!$B$293:$B$326))+SUMPRODUCT((Planung!$BQ$293:$BQ$326=$B86)*(Planung!$BT$293:$BT$326)*(Planung!$B$293:$B$326)))/IF(G86=0,1,G86)","v":0},{"$f":"(SUMPRODUCT((Planung!$AS$364:$AS$384=$B86)*(Planung!$AV$364:$AV$384)*(Planung!$B$364:$B$384))+SUMPRODUCT((Planung!$BA$364:$BA$384=$B86)*(Planung!$BD$364:$BD$384)*(Planung!$B$364:$B$384))+SUMPRODUCT((Planung!$BI$364:$BI$384=$B86)*(Planung!$BL$364:$BL$384)*(Planung!$B$364:$B$384))+SUMPRODUCT((Planung!$BQ$364:$BQ$384=$B86)*(Planung!$BT$364:$BT$384)*(Planung!$B$364:$B$384)))/IF(G86=0,1,G86)","v":0}]
[null,12118,null,null,null,null,null,null,null,null,null,null,null,null,0,0,0,null,null,null,null,null,0,0,0,0,0,0,0,0,0,null,0,0,null,0,{"$f":"(SUMPRODUCT((Planung!$AS$8:$AS$42=$B87)*(Planung!$AV$8:$AV$42)*(Planung!$B$8:$B$42))+SUMPRODUCT((Planung!$BA$8:$BA$42=$B87)*(Planung!$BD$8:$BD$42)*(Planung!$B$8:$B$42))+SUMPRODUCT((Planung!$BI$8:$BI$42=$B87)*(Planung!$BL$8:$BL$42)*(Planung!$B$8:$B$42))+SUMPRODUCT((Planung!$BQ$8:$BQ$42=$B87)*(Planung!$BT$8:$BT$42)*(Planung!$B$8:$B$42)))/IF(E87=0,1,E87)","v":0},{"$f":"(SUMPRODUCT((Planung!$AS$79:$AS$114=$B87)*(Planung!$AV$79:$AV$114)*(Planung!$B$79:$B$114))+SUMPRODUCT((Planung!$BA$79:$BA$114=$B87)*(Planung!$BD$79:$BD$114)*(Planung!$B$79:$B$114))+SUMPRODUCT((Planung!$BI$79:$BI$114=$B87)*(Planung!$BL$79:$BL$114)*(Planung!$B$79:$B$114))+SUMPRODUCT((Planung!$BQ$79:$BQ$114=$B87)*(Planung!$BT$79:$BT$114)*(Planung!$B$79:$B$114)))/IF(F87=0,1,F87)","v":0},{"$f":"(SUMPRODUCT((Planung!$AS$151:$AS$185=$B87)*(Planung!$AV$151:$AV$185)*(Planung!$B$151:$B$185))+SUMPRODUCT((Planung!$BA$151:$BA$185=$B87)*(Planung!$BD$151:$BD$185)*(Planung!$B$151:$B$185))+SUMPRODUCT((Planung!$BI$151:$BI$185=$B87)*(Planung!$BL$151:$BL$185)*(Planung!$B$151:$B$185))+SUMPRODUCT((Planung!$BQ$151:$BQ$185=$B87)*(Planung!$BT$151:$BT$185)*(Planung!$B$151:$B$185)))/IF(G87=0,1,G87)","v":0},{"$f":"(SUMPRODUCT((Planung!$AS$223:$AS$255=$B87)*(Planung!$AV$223:$AV$255)*(Planung!$B$223:$B$255))+SUMPRODUCT((Planung!$BA$223:$BA$255=$B87)*(Planung!$BD$223:$BD$255)*(Planung!$B$223:$B$255))+SUMPRODUCT((Planung!$BI$223:$BI$255=$B87)*(Planung!$BL$223:$BL$255)*(Planung!$B$223:$B$255))+SUMPRODUCT((Planung!$BQ$223:$BQ$255=$B87)*(Planung!$BT$223:$BT$255)*(Planung!$B$223:$B$255)))/IF(G87=0,1,G87)","v":0},{"$f":"(SUMPRODUCT((Planung!$AS$293:$AS$326=$B87)*(Planung!$AV$293:$AV$326)*(Planung!$B$293:$B$326))+SUMPRODUCT((Planung!$BA$293:$BA$326=$B87)*(Planung!$BD$293:$BD$326)*(Planung!$B$293:$B$326))+SUMPRODUCT((Planung!$BI$293:$BI$326=$B87)*(Planung!$BL$293:$BL$326)*(Planung!$B$293:$B$326))+SUMPRODUCT((Planung!$BQ$293:$BQ$326=$B87)*(Planung!$BT$293:$BT$326)*(Planung!$B$293:$B$326)))/IF(G87=0,1,G87)","v":0},{"$f":"(SUMPRODUCT((Planung!$AS$364:$AS$384=$B87)*(Planung!$AV$364:$AV$384)*(Planung!$B$364:$B$384))+SUMPRODUCT((Planung!$BA$364:$BA$384=$B87)*(Planung!$BD$364:$BD$384)*(Planung!$B$364:$B$384))+SUMPRODUCT((Planung!$BI$364:$BI$384=$B87)*(Planung!$BL$364:$BL$384)*(Planung!$B$364:$B$384))+SUMPRODUCT((Planung!$BQ$364:$BQ$384=$B87)*(Planung!$BT$364:$BT$384)*(Planung!$B$364:$B$384)))/IF(G87=0,1,G87)","v":0}]
[null,12119,null,null,null,null,null,null,null,null,null,null,null,null,0,0,0,null,null,null,null,null,0,0,0,0,0,0,0,0,0,null,0,0,null,0,{"$f":"(SUMPRODUCT((Planung!$AS$8:$AS$42=$B88)*(Planung!$AV$8:$AV$42)*(Planung!$B$8:$B$42))+SUMPRODUCT((Planung!$BA$8:$BA$42=$B88)*(Planung!$BD$8:$BD$42)*(Planung!$B$8:$B$42))+SUMPRODUCT((Planung!$BI$8:$BI$42=$B88)*(Planung!$BL$8:$BL$42)*(Planung!$B$8:$B$42))+SUMPRODUCT((Planung!$BQ$8:$BQ$42=$B88)*(Planung!$BT$8:$BT$42)*(Planung!$B$8:$B$42)))/IF(E88=0,1,E88)","v":0},{"$f":"(SUMPRODUCT((Planung!$AS$79:$AS$114=$B88)*(Planung!$AV$79:$AV$114)*(Planung!$B$79:$B$114))+SUMPRODUCT((Planung!$BA$79:$BA$114=$B88)*(Planung!$BD$79:$BD$114)*(Planung!$B$79:$B$114))+SUMPRODUCT((Planung!$BI$79:$BI$114=$B88)*(Planung!$BL$79:$BL$114)*(Planung!$B$79:$B$114))+SUMPRODUCT((Planung!$BQ$79:$BQ$114=$B88)*(Planung!$BT$79:$BT$114)*(Planung!$B$79:$B$114)))/IF(F88=0,1,F88)","v":0},{"$f":"(SUMPRODUCT((Planung!$AS$151:$AS$185=$B88)*(Planung!$AV$151:$AV$185)*(Planung!$B$151:$B$185))+SUMPRODUCT((Planung!$BA$151:$BA$185=$B88)*(Planung!$BD$151:$BD$185)*(Planung!$B$151:$B$185))+SUMPRODUCT((Planung!$BI$151:$BI$185=$B88)*(Planung!$BL$151:$BL$185)*(Planung!$B$151:$B$185))+SUMPRODUCT((Planung!$BQ$151:$BQ$185=$B88)*(Planung!$BT$151:$BT$185)*(Planung!$B$151:$B$185)))/IF(G88=0,1,G88)","v":0},{"$f":"(SUMPRODUCT((Planung!$AS$223:$AS$255=$B88)*(Planung!$AV$223:$AV$255)*(Planung!$B$223:$B$255))+SUMPRODUCT((Planung!$BA$223:$BA$255=$B88)*(Planung!$BD$223:$BD$255)*(Planung!$B$223:$B$255))+SUMPRODUCT((Planung!$BI$223:$BI$255=$B88)*(Planung!$BL$223:$BL$255)*(Planung!$B$223:$B$255))+SUMPRODUCT((Planung!$BQ$223:$BQ$255=$B88)*(Planung!$BT$223:$BT$255)*(Planung!$B$223:$B$255)))/IF(G88=0,1,G88)","v":0},{"$f":"(SUMPRODUCT((Planung!$AS$293:$AS$326=$B88)*(Planung!$AV$293:$AV$326)*(Planung!$B$293:$B$326))+SUMPRODUCT((Planung!$BA$293:$BA$326=$B88)*(Planung!$BD$293:$BD$326)*(Planung!$B$293:$B$326))+SUMPRODUCT((Planung!$BI$293:$BI$326=$B88)*(Planung!$BL$293:$BL$326)*(Planung!$B$293:$B$326))+SUMPRODUCT((Planung!$BQ$293:$BQ$326=$B88)*(Planung!$BT$293:$BT$326)*(Planung!$B$293:$B$326)))/IF(G88=0,1,G88)","v":0},{"$f":"(SUMPRODUCT((Planung!$AS$364:$AS$384=$B88)*(Planung!$AV$364:$AV$384)*(Planung!$B$364:$B$384))+SUMPRODUCT((Planung!$BA$364:$BA$384=$B88)*(Planung!$BD$364:$BD$384)*(Planung!$B$364:$B$384))+SUMPRODUCT((Planung!$BI$364:$BI$384=$B88)*(Planung!$BL$364:$BL$384)*(Planung!$B$364:$B$384))+SUMPRODUCT((Planung!$BQ$364:$BQ$384=$B88)*(Planung!$BT$364:$BT$384)*(Planung!$B$364:$B$384)))/IF(G88=0,1,G88)","v":0}]
[null,null,"SONSTIGES",null,null,null,null,null,null,null,null,null,null,null,0,0,0,null,null,null,null,null,0,0,0,0,0,0,0,0,0,null,0,0,null,0,{"$f":"(SUMPRODUCT((Planung!$AS$8:$AS$42=$B89)*(Planung!$AV$8:$AV$42)*(Planung!$B$8:$B$42))+SUMPRODUCT((Planung!$BA$8:$BA$42=$B89)*(Planung!$BD$8:$BD$42)*(Planung!$B$8:$B$42))+SUMPRODUCT((Planung!$BI$8:$BI$42=$B89)*(Planung!$BL$8:$BL$42)*(Planung!$B$8:$B$42))+SUMPRODUCT((Planung!$BQ$8:$BQ$42=$B89)*(Planung!$BT$8:$BT$42)*(Planung!$B$8:$B$42)))/IF(E89=0,1,E89)","v":0},{"$f":"(SUMPRODUCT((Planung!$AS$79:$AS$114=$B89)*(Planung!$AV$79:$AV$114)*(Planung!$B$79:$B$114))+SUMPRODUCT((Planung!$BA$79:$BA$114=$B89)*(Planung!$BD$79:$BD$114)*(Planung!$B$79:$B$114))+SUMPRODUCT((Planung!$BI$79:$BI$114=$B89)*(Planung!$BL$79:$BL$114)*(Planung!$B$79:$B$114))+SUMPRODUCT((Planung!$BQ$79:$BQ$114=$B89)*(Planung!$BT$79:$BT$114)*(Planung!$B$79:$B$114)))/IF(F89=0,1,F89)","v":0},{"$f":"(SUMPRODUCT((Planung!$AS$151:$AS$185=$B89)*(Planung!$AV$151:$AV$185)*(Planung!$B$151:$B$185))+SUMPRODUCT((Planung!$BA$151:$BA$185=$B89)*(Planung!$BD$151:$BD$185)*(Planung!$B$151:$B$185))+SUMPRODUCT((Planung!$BI$151:$BI$185=$B89)*(Planung!$BL$151:$BL$185)*(Planung!$B$151:$B$185))+SUMPRODUCT((Planung!$BQ$151:$BQ$185=$B89)*(Planung!$BT$151:$BT$185)*(Planung!$B$151:$B$185)))/IF(G89=0,1,G89)","v":0},{"$f":"(SUMPRODUCT((Planung!$AS$223:$AS$255=$B89)*(Planung!$AV$223:$AV$255)*(Planung!$B$223:$B$255))+SUMPRODUCT((Planung!$BA$223:$BA$255=$B89)*(Planung!$BD$223:$BD$255)*(Planung!$B$223:$B$255))+SUMPRODUCT((Planung!$BI$223:$BI$255=$B89)*(Planung!$BL$223:$BL$255)*(Planung!$B$223:$B$255))+SUMPRODUCT((Planung!$BQ$223:$BQ$255=$B89)*(Planung!$BT$223:$BT$255)*(Planung!$B$223:$B$255)))/IF(G89=0,1,G89)","v":0},{"$f":"(SUMPRODUCT((Planung!$AS$293:$AS$326=$B89)*(Planung!$AV$293:$AV$326)*(Planung!$B$293:$B$326))+SUMPRODUCT((Planung!$BA$293:$BA$326=$B89)*(Planung!$BD$293:$BD$326)*(Planung!$B$293:$B$326))+SUMPRODUCT((Planung!$BI$293:$BI$326=$B89)*(Planung!$BL$293:$BL$326)*(Planung!$B$293:$B$326))+SUMPRODUCT((Planung!$BQ$293:$BQ$326=$B89)*(Planung!$BT$293:$BT$326)*(Planung!$B$293:$B$326)))/IF(G89=0,1,G89)","v":0},{"$f":"(SUMPRODUCT((Planung!$AS$364:$AS$384=$B89)*(Planung!$AV$364:$AV$384)*(Planung!$B$364:$B$384))+SUMPRODUCT((Planung!$BA$364:$BA$384=$B89)*(Planung!$BD$364:$BD$384)*(Planung!$B$364:$B$384))+SUMPRODUCT((Planung!$BI$364:$BI$384=$B89)*(Planung!$BL$364:$BL$384)*(Planung!$B$364:$B$384))+SUMPRODUCT((Planung!$BQ$364:$BQ$384=$B89)*(Planung!$BT$364:$BT$384)*(Planung!$B$364:$B$384)))/IF(G89=0,1,G89)","v":0}]
[null,12215,null,null,null,null,null,null,null,null,null,null,null,null,0,0,0,null,null,null,null,null,0,0,0,0,0,0,0,0,0,null,0,0,null,0,{"$f":"(SUMPRODUCT((Planung!$AS$8:$AS$42=$B90)*(Planung!$AV$8:$AV$42)*(Planung!$B$8:$B$42))+SUMPRODUCT((Planung!$BA$8:$BA$42=$B90)*(Planung!$BD$8:$BD$42)*(Planung!$B$8:$B$42))+SUMPRODUCT((Planung!$BI$8:$BI$42=$B90)*(Planung!$BL$8:$BL$42)*(Planung!$B$8:$B$42))+SUMPRODUCT((Planung!$BQ$8:$BQ$42=$B90)*(Planung!$BT$8:$BT$42)*(Planung!$B$8:$B$42)))/IF(E90=0,1,E90)","v":0},{"$f":"(SUMPRODUCT((Planung!$AS$79:$AS$114=$B90)*(Planung!$AV$79:$AV$114)*(Planung!$B$79:$B$114))+SUMPRODUCT((Planung!$BA$79:$BA$114=$B90)*(Planung!$BD$79:$BD$114)*(Planung!$B$79:$B$114))+SUMPRODUCT((Planung!$BI$79:$BI$114=$B90)*(Planung!$BL$79:$BL$114)*(Planung!$B$79:$B$114))+SUMPRODUCT((Planung!$BQ$79:$BQ$114=$B90)*(Planung!$BT$79:$BT$114)*(Planung!$B$79:$B$114)))/IF(F90=0,1,F90)","v":0},{"$f":"(SUMPRODUCT((Planung!$AS$151:$AS$185=$B90)*(Planung!$AV$151:$AV$185)*(Planung!$B$151:$B$185))+SUMPRODUCT((Planung!$BA$151:$BA$185=$B90)*(Planung!$BD$151:$BD$185)*(Planung!$B$151:$B$185))+SUMPRODUCT((Planung!$BI$151:$BI$185=$B90)*(Planung!$BL$151:$BL$185)*(Planung!$B$151:$B$185))+SUMPRODUCT((Planung!$BQ$151:$BQ$185=$B90)*(Planung!$BT$151:$BT$185)*(Planung!$B$151:$B$185)))/IF(G90=0,1,G90)","v":0},{"$f":"(SUMPRODUCT((Planung!$AS$223:$AS$255=$B90)*(Planung!$AV$223:$AV$255)*(Planung!$B$223:$B$255))+SUMPRODUCT((Planung!$BA$223:$BA$255=$B90)*(Planung!$BD$223:$BD$255)*(Planung!$B$223:$B$255))+SUMPRODUCT((Planung!$BI$223:$BI$255=$B90)*(Planung!$BL$223:$BL$255)*(Planung!$B$223:$B$255))+SUMPRODUCT((Planung!$BQ$223:$BQ$255=$B90)*(Planung!$BT$223:$BT$255)*(Planung!$B$223:$B$255)))/IF(G90=0,1,G90)","v":0},{"$f":"(SUMPRODUCT((Planung!$AS$293:$AS$326=$B90)*(Planung!$AV$293:$AV$326)*(Planung!$B$293:$B$326))+SUMPRODUCT((Planung!$BA$293:$BA$326=$B90)*(Planung!$BD$293:$BD$326)*(Planung!$B$293:$B$326))+SUMPRODUCT((Planung!$BI$293:$BI$326=$B90)*(Planung!$BL$293:$BL$326)*(Planung!$B$293:$B$326))+SUMPRODUCT((Planung!$BQ$293:$BQ$326=$B90)*(Planung!$BT$293:$BT$326)*(Planung!$B$293:$B$326)))/IF(G90=0,1,G90)","v":0},{"$f":"(SUMPRODUCT((Planung!$AS$364:$AS$384=$B90)*(Planung!$AV$364:$AV$384)*(Planung!$B$364:$B$384))+SUMPRODUCT((Planung!$BA$364:$BA$384=$B90)*(Planung!$BD$364:$BD$384)*(Planung!$B$364:$B$384))+SUMPRODUCT((Planung!$BI$364:$BI$384=$B90)*(Planung!$BL$364:$BL$384)*(Planung!$B$364:$B$384))+SUMPRODUCT((Planung!$BQ$364:$BQ$384=$B90)*(Planung!$BT$364:$BT$384)*(Planung!$B$364:$B$384)))/IF(G90=0,1,G90)","v":0}]
[null,12218,"*Holzhäcksler","h",1,1,1,1,1,1,25,null,null,null,0,0,{"$f":"K91+L91+M91+O91+P91","v":25},160000,32000,null,10,5000,{"$f":"IF(U91=0,0,(R91-S91)/U91)","v":12800},500,0,0,0,0,0,0,{"$f":"AD91+Q91","v":25},null,400,0.8,600,1.2,{"$f":"(SUMPRODUCT((Planung!$AS$8:$AS$42=$B91)*(Planung!$AV$8:$AV$42)*(Planung!$B$8:$B$42))+SUMPRODUCT((Planung!$BA$8:$BA$42=$B91)*(Planung!$BD$8:$BD$42)*(Planung!$B$8:$B$42))+SUMPRODUCT((Planung!$BI$8:$BI$42=$B91)*(Planung!$BL$8:$BL$42)*(Planung!$B$8:$B$42))+SUMPRODUCT((Planung!$BQ$8:$BQ$42=$B91)*(Planung!$BT$8:$BT$42)*(Planung!$B$8:$B$42)))/IF(E91=0,1,E91)","v":0},{"$f":"(SUMPRODUCT((Planung!$AS$79:$AS$114=$B91)*(Planung!$AV$79:$AV$114)*(Planung!$B$79:$B$114))+SUMPRODUCT((Planung!$BA$79:$BA$114=$B91)*(Planung!$BD$79:$BD$114)*(Planung!$B$79:$B$114))+SUMPRODUCT((Planung!$BI$79:$BI$114=$B91)*(Planung!$BL$79:$BL$114)*(Planung!$B$79:$B$114))+SUMPRODUCT((Planung!$BQ$79:$BQ$114=$B91)*(Planung!$BT$79:$BT$114)*(Planung!$B$79:$B$114)))/IF(F91=0,1,F91)","v":0},{"$f":"(SUMPRODUCT((Planung!$AS$151:$AS$185=$B91)*(Planung!$AV$151:$AV$185)*(Planung!$B$151:$B$185))+SUMPRODUCT((Planung!$BA$151:$BA$185=$B91)*(Planung!$BD$151:$BD$185)*(Planung!$B$151:$B$185))+SUMPRODUCT((Planung!$BI$151:$BI$185=$B91)*(Planung!$BL$151:$BL$185)*(Planung!$B$151:$B$185))+SUMPRODUCT((Planung!$BQ$151:$BQ$185=$B91)*(Planung!$BT$151:$BT$185)*(Planung!$B$151:$B$185)))/IF(G91=0,1,G91)","v":0},{"$f":"(SUMPRODUCT((Planung!$AS$223:$AS$255=$B91)*(Planung!$AV$223:$AV$255)*(Planung!$B$223:$B$255))+SUMPRODUCT((Planung!$BA$223:$BA$255=$B91)*(Planung!$BD$223:$BD$255)*(Planung!$B$223:$B$255))+SUMPRODUCT((Planung!$BI$223:$BI$255=$B91)*(Planung!$BL$223:$BL$255)*(Planung!$B$223:$B$255))+SUMPRODUCT((Planung!$BQ$223:$BQ$255=$B91)*(Planung!$BT$223:$BT$255)*(Planung!$B$223:$B$255)))/IF(G91=0,1,G91)","v":0},{"$f":"(SUMPRODUCT((Planung!$AS$293:$AS$326=$B91)*(Planung!$AV$293:$AV$326)*(Planung!$B$293:$B$326))+SUMPRODUCT((Planung!$BA$293:$BA$326=$B91)*(Planung!$BD$293:$BD$326)*(Planung!$B$293:$B$326))+SUMPRODUCT((Planung!$BI$293:$BI$326=$B91)*(Planung!$BL$293:$BL$326)*(Planung!$B$293:$B$326))+SUMPRODUCT((Planung!$BQ$293:$BQ$326=$B91)*(Planung!$BT$293:$BT$326)*(Planung!$B$293:$B$326)))/IF(G91=0,1,G91)","v":0},{"$f":"(SUMPRODUCT((Planung!$AS$364:$AS$384=$B91)*(Planung!$AV$364:$AV$384)*(Planung!$B$364:$B$384))+SUMPRODUCT((Planung!$BA$364:$BA$384=$B91)*(Planung!$BD$364:$BD$384)*(Planung!$B$364:$B$384))+SUMPRODUCT((Planung!$BI$364:$BI$384=$B91)*(Planung!$BL$364:$BL$384)*(Planung!$B$364:$B$384))+SUMPRODUCT((Planung!$BQ$364:$BQ$384=$B91)*(Planung!$BT$364:$BT$384)*(Planung!$B$364:$B$384)))/IF(G91=0,1,G91)","v":0}]
[null,12217,"*Sattelzugauflieger Heckkipper","t",1,1,1,1,1,1,0.25,null,null,null,0,0,{"$f":"K92+L92+M92+O92+P92","v":0.25},55000,11000,null,10,200000,{"$f":"IF(U92=0,0,(R92-S92)/U92)","v":4400},20000,0,0,0,0,0,0,{"$f":"AD92+Q92","v":0.25},null,16000,0.8,600,0.03,{"$f":"(SUMPRODUCT((Planung!$AS$8:$AS$42=$B92)*(Planung!$AV$8:$AV$42)*(Planung!$B$8:$B$42))+SUMPRODUCT((Planung!$BA$8:$BA$42=$B92)*(Planung!$BD$8:$BD$42)*(Planung!$B$8:$B$42))+SUMPRODUCT((Planung!$BI$8:$BI$42=$B92)*(Planung!$BL$8:$BL$42)*(Planung!$B$8:$B$42))+SUMPRODUCT((Planung!$BQ$8:$BQ$42=$B92)*(Planung!$BT$8:$BT$42)*(Planung!$B$8:$B$42)))/IF(E92=0,1,E92)","v":0},{"$f":"(SUMPRODUCT((Planung!$AS$79:$AS$114=$B92)*(Planung!$AV$79:$AV$114)*(Planung!$B$79:$B$114))+SUMPRODUCT((Planung!$BA$79:$BA$114=$B92)*(Planung!$BD$79:$BD$114)*(Planung!$B$79:$B$114))+SUMPRODUCT((Planung!$BI$79:$BI$114=$B92)*(Planung!$BL$79:$BL$114)*(Planung!$B$79:$B$114))+SUMPRODUCT((Planung!$BQ$79:$BQ$114=$B92)*(Planung!$BT$79:$BT$114)*(Planung!$B$79:$B$114)))/IF(F92=0,1,F92)","v":0},{"$f":"(SUMPRODUCT((Planung!$AS$151:$AS$185=$B92)*(Planung!$AV$151:$AV$185)*(Planung!$B$151:$B$185))+SUMPRODUCT((Planung!$BA$151:$BA$185=$B92)*(Planung!$BD$151:$BD$185)*(Planung!$B$151:$B$185))+SUMPRODUCT((Planung!$BI$151:$BI$185=$B92)*(Planung!$BL$151:$BL$185)*(Planung!$B$151:$B$185))+SUMPRODUCT((Planung!$BQ$151:$BQ$185=$B92)*(Planung!$BT$151:$BT$185)*(Planung!$B$151:$B$185)))/IF(G92=0,1,G92)","v":0},{"$f":"(SUMPRODUCT((Planung!$AS$223:$AS$255=$B92)*(Planung!$AV$223:$AV$255)*(Planung!$B$223:$B$255))+SUMPRODUCT((Planung!$BA$223:$BA$255=$B92)*(Planung!$BD$223:$BD$255)*(Planung!$B$223:$B$255))+SUMPRODUCT((Planung!$BI$223:$BI$255=$B92)*(Planung!$BL$223:$BL$255)*(Planung!$B$223:$B$255))+SUMPRODUCT((Planung!$BQ$223:$BQ$255=$B92)*(Planung!$BT$223:$BT$255)*(Planung!$B$223:$B$255)))/IF(G92=0,1,G92)","v":0},{"$f":"(SUMPRODUCT((Planung!$AS$293:$AS$326=$B92)*(Planung!$AV$293:$AV$326)*(Planung!$B$293:$B$326))+SUMPRODUCT((Planung!$BA$293:$BA$326=$B92)*(Planung!$BD$293:$BD$326)*(Planung!$B$293:$B$326))+SUMPRODUCT((Planung!$BI$293:$BI$326=$B92)*(Planung!$BL$293:$BL$326)*(Planung!$B$293:$B$326))+SUMPRODUCT((Planung!$BQ$293:$BQ$326=$B92)*(Planung!$BT$293:$BT$326)*(Planung!$B$293:$B$326)))/IF(G92=0,1,G92)","v":0},{"$f":"(SUMPRODUCT((Planung!$AS$364:$AS$384=$B92)*(Planung!$AV$364:$AV$384)*(Planung!$B$364:$B$384))+SUMPRODUCT((Planung!$BA$364:$BA$384=$B92)*(Planung!$BD$364:$BD$384)*(Planung!$B$364:$B$384))+SUMPRODUCT((Planung!$BI$364:$BI$384=$B92)*(Planung!$BL$364:$BL$384)*(Planung!$B$364:$B$384))+SUMPRODUCT((Planung!$BQ$364:$BQ$384=$B92)*(Planung!$BT$364:$BT$384)*(Planung!$B$364:$B$384)))/IF(G92=0,1,G92)","v":0}]
[null,12216,null,null,null,null,null,null,null,null,null,null,null,null,0,0,{"$f":"K93+L93+M93+O93+P93","v":0},null,null,null,null,null,{"$f":"IF(U93=0,0,(R93-S93)/U93)","v":0},0,0,0,0,0,0,0,{"$f":"AD93+Q93","v":0},null,0,0,null,0,{"$f":"(SUMPRODUCT((Planung!$AS$8:$AS$42=$B93)*(Planung!$AV$8:$AV$42)*(Planung!$B$8:$B$42))+SUMPRODUCT((Planung!$BA$8:$BA$42=$B93)*(Planung!$BD$8:$BD$42)*(Planung!$B$8:$B$42))+SUMPRODUCT((Planung!$BI$8:$BI$42=$B93)*(Planung!$BL$8:$BL$42)*(Planung!$B$8:$B$42))+SUMPRODUCT((Planung!$BQ$8:$BQ$42=$B93)*(Planung!$BT$8:$BT$42)*(Planung!$B$8:$B$42)))/IF(E93=0,1,E93)","v":0},{"$f":"(SUMPRODUCT((Planung!$AS$79:$AS$114=$B93)*(Planung!$AV$79:$AV$114)*(Planung!$B$79:$B$114))+SUMPRODUCT((Planung!$BA$79:$BA$114=$B93)*(Planung!$BD$79:$BD$114)*(Planung!$B$79:$B$114))+SUMPRODUCT((Planung!$BI$79:$BI$114=$B93)*(Planung!$BL$79:$BL$114)*(Planung!$B$79:$B$114))+SUMPRODUCT((Planung!$BQ$79:$BQ$114=$B93)*(Planung!$BT$79:$BT$114)*(Planung!$B$79:$B$114)))/IF(F93=0,1,F93)","v":0},{"$f":"(SUMPRODUCT((Planung!$AS$151:$AS$185=$B93)*(Planung!$AV$151:$AV$185)*(Planung!$B$151:$B$185))+SUMPRODUCT((Planung!$BA$151:$BA$185=$B93)*(Planung!$BD$151:$BD$185)*(Planung!$B$151:$B$185))+SUMPRODUCT((Planung!$BI$151:$BI$185=$B93)*(Planung!$BL$151:$BL$185)*(Planung!$B$151:$B$185))+SUMPRODUCT((Planung!$BQ$151:$BQ$185=$B93)*(Planung!$BT$151:$BT$185)*(Planung!$B$151:$B$185)))/IF(G93=0,1,G93)","v":0},{"$f":"(SUMPRODUCT((Planung!$AS$223:$AS$255=$B93)*(Planung!$AV$223:$AV$255)*(Planung!$B$223:$B$255))+SUMPRODUCT((Planung!$BA$223:$BA$255=$B93)*(Planung!$BD$223:$BD$255)*(Planung!$B$223:$B$255))+SUMPRODUCT((Planung!$BI$223:$BI$255=$B93)*(Planung!$BL$223:$BL$255)*(Planung!$B$223:$B$255))+SUMPRODUCT((Planung!$BQ$223:$BQ$255=$B93)*(Planung!$BT$223:$BT$255)*(Planung!$B$223:$B$255)))/IF(G93=0,1,G93)","v":0},{"$f":"(SUMPRODUCT((Planung!$AS$293:$AS$326=$B93)*(Planung!$AV$293:$AV$326)*(Planung!$B$293:$B$326))+SUMPRODUCT((Planung!$BA$293:$BA$326=$B93)*(Planung!$BD$293:$BD$326)*(Planung!$B$293:$B$326))+SUMPRODUCT((Planung!$BI$293:$BI$326=$B93)*(Planung!$BL$293:$BL$326)*(Planung!$B$293:$B$326))+SUMPRODUCT((Planung!$BQ$293:$BQ$326=$B93)*(Planung!$BT$293:$BT$326)*(Planung!$B$293:$B$326)))/IF(G93=0,1,G93)","v":0},{"$f":"(SUMPRODUCT((Planung!$AS$364:$AS$384=$B93)*(Planung!$AV$364:$AV$384)*(Planung!$B$364:$B$384))+SUMPRODUCT((Planung!$BA$364:$BA$384=$B93)*(Planung!$BD$364:$BD$384)*(Planung!$B$364:$B$384))+SUMPRODUCT((Planung!$BI$364:$BI$384=$B93)*(Planung!$BL$364:$BL$384)*(Planung!$B$364:$B$384))+SUMPRODUCT((Planung!$BQ$364:$BQ$384=$B93)*(Planung!$BT$364:$BT$384)*(Planung!$B$364:$B$384)))/IF(G93=0,1,G93)","v":0}]
[null,null,"PAUSCHALEN",null,null,null,null,null,null,null,null,null,null,null,0,0,0,null,null,null,null,null,0,0,0,0,0,0,0,0,0,null,0,0,null,0,{"$f":"(SUMPRODUCT((Planung!$AS$8:$AS$42=$B94)*(Planung!$AV$8:$AV$42)*(Planung!$B$8:$B$42))+SUMPRODUCT((Planung!$BA$8:$BA$42=$B94)*(Planung!$BD$8:$BD$42)*(Planung!$B$8:$B$42))+SUMPRODUCT((Planung!$BI$8:$BI$42=$B94)*(Planung!$BL$8:$BL$42)*(Planung!$B$8:$B$42))+SUMPRODUCT((Planung!$BQ$8:$BQ$42=$B94)*(Planung!$BT$8:$BT$42)*(Planung!$B$8:$B$42)))/IF(E94=0,1,E94)","v":0},{"$f":"(SUMPRODUCT((Planung!$AS$79:$AS$114=$B94)*(Planung!$AV$79:$AV$114)*(Planung!$B$79:$B$114))+SUMPRODUCT((Planung!$BA$79:$BA$114=$B94)*(Planung!$BD$79:$BD$114)*(Planung!$B$79:$B$114))+SUMPRODUCT((Planung!$BI$79:$BI$114=$B94)*(Planung!$BL$79:$BL$114)*(Planung!$B$79:$B$114))+SUMPRODUCT((Planung!$BQ$79:$BQ$114=$B94)*(Planung!$BT$79:$BT$114)*(Planung!$B$79:$B$114)))/IF(F94=0,1,F94)","v":0},{"$f":"(SUMPRODUCT((Planung!$AS$151:$AS$185=$B94)*(Planung!$AV$151:$AV$185)*(Planung!$B$151:$B$185))+SUMPRODUCT((Planung!$BA$151:$BA$185=$B94)*(Planung!$BD$151:$BD$185)*(Planung!$B$151:$B$185))+SUMPRODUCT((Planung!$BI$151:$BI$185=$B94)*(Planung!$BL$151:$BL$185)*(Planung!$B$151:$B$185))+SUMPRODUCT((Planung!$BQ$151:$BQ$185=$B94)*(Planung!$BT$151:$BT$185)*(Planung!$B$151:$B$185)))/IF(G94=0,1,G94)","v":0},{"$f":"(SUMPRODUCT((Planung!$AS$223:$AS$255=$B94)*(Planung!$AV$223:$AV$255)*(Planung!$B$223:$B$255))+SUMPRODUCT((Planung!$BA$223:$BA$255=$B94)*(Planung!$BD$223:$BD$255)*(Planung!$B$223:$B$255))+SUMPRODUCT((Planung!$BI$223:$BI$255=$B94)*(Planung!$BL$223:$BL$255)*(Planung!$B$223:$B$255))+SUMPRODUCT((Planung!$BQ$223:$BQ$255=$B94)*(Planung!$BT$223:$BT$255)*(Planung!$B$223:$B$255)))/IF(G94=0,1,G94)","v":0},{"$f":"(SUMPRODUCT((Planung!$AS$293:$AS$326=$B94)*(Planung!$AV$293:$AV$326)*(Planung!$B$293:$B$326))+SUMPRODUCT((Planung!$BA$293:$BA$326=$B94)*(Planung!$BD$293:$BD$326)*(Planung!$B$293:$B$326))+SUMPRODUCT((Planung!$BI$293:$BI$326=$B94)*(Planung!$BL$293:$BL$326)*(Planung!$B$293:$B$326))+SUMPRODUCT((Planung!$BQ$293:$BQ$326=$B94)*(Planung!$BT$293:$BT$326)*(Planung!$B$293:$B$326)))/IF(G94=0,1,G94)","v":0},{"$f":"(SUMPRODUCT((Planung!$AS$364:$AS$384=$B94)*(Planung!$AV$364:$AV$384)*(Planung!$B$364:$B$384))+SUMPRODUCT((Planung!$BA$364:$BA$384=$B94)*(Planung!$BD$364:$BD$384)*(Planung!$B$364:$B$384))+SUMPRODUCT((Planung!$BI$364:$BI$384=$B94)*(Planung!$BL$364:$BL$384)*(Planung!$B$364:$B$384))+SUMPRODUCT((Planung!$BQ$364:$BQ$384=$B94)*(Planung!$BT$364:$BT$384)*(Planung!$B$364:$B$384)))/IF(G94=0,1,G94)","v":0}]
[null,12311,null,null,null,null,null,null,null,null,null,null,null,null,0,0,0,null,null,null,null,null,0,0,0,0,0,0,0,0,0,null,0,0,null,0,{"$f":"(SUMPRODUCT((Planung!$AS$8:$AS$42=$B95)*(Planung!$AV$8:$AV$42)*(Planung!$B$8:$B$42))+SUMPRODUCT((Planung!$BA$8:$BA$42=$B95)*(Planung!$BD$8:$BD$42)*(Planung!$B$8:$B$42))+SUMPRODUCT((Planung!$BI$8:$BI$42=$B95)*(Planung!$BL$8:$BL$42)*(Planung!$B$8:$B$42))+SUMPRODUCT((Planung!$BQ$8:$BQ$42=$B95)*(Planung!$BT$8:$BT$42)*(Planung!$B$8:$B$42)))/IF(E95=0,1,E95)","v":0},{"$f":"(SUMPRODUCT((Planung!$AS$79:$AS$114=$B95)*(Planung!$AV$79:$AV$114)*(Planung!$B$79:$B$114))+SUMPRODUCT((Planung!$BA$79:$BA$114=$B95)*(Planung!$BD$79:$BD$114)*(Planung!$B$79:$B$114))+SUMPRODUCT((Planung!$BI$79:$BI$114=$B95)*(Planung!$BL$79:$BL$114)*(Planung!$B$79:$B$114))+SUMPRODUCT((Planung!$BQ$79:$BQ$114=$B95)*(Planung!$BT$79:$BT$114)*(Planung!$B$79:$B$114)))/IF(F95=0,1,F95)","v":0},{"$f":"(SUMPRODUCT((Planung!$AS$151:$AS$185=$B95)*(Planung!$AV$151:$AV$185)*(Planung!$B$151:$B$185))+SUMPRODUCT((Planung!$BA$151:$BA$185=$B95)*(Planung!$BD$151:$BD$185)*(Planung!$B$151:$B$185))+SUMPRODUCT((Planung!$BI$151:$BI$185=$B95)*(Planung!$BL$151:$BL$185)*(Planung!$B$151:$B$185))+SUMPRODUCT((Planung!$BQ$151:$BQ$185=$B95)*(Planung!$BT$151:$BT$185)*(Planung!$B$151:$B$185)))/IF(G95=0,1,G95)","v":0},{"$f":"(SUMPRODUCT((Planung!$AS$223:$AS$255=$B95)*(Planung!$AV$223:$AV$255)*(Planung!$B$223:$B$255))+SUMPRODUCT((Planung!$BA$223:$BA$255=$B95)*(Planung!$BD$223:$BD$255)*(Planung!$B$223:$B$255))+SUMPRODUCT((Planung!$BI$223:$BI$255=$B95)*(Planung!$BL$223:$BL$255)*(Planung!$B$223:$B$255))+SUMPRODUCT((Planung!$BQ$223:$BQ$255=$B95)*(Planung!$BT$223:$BT$255)*(Planung!$B$223:$B$255)))/IF(G95=0,1,G95)","v":0},{"$f":"(SUMPRODUCT((Planung!$AS$293:$AS$326=$B95)*(Planung!$AV$293:$AV$326)*(Planung!$B$293:$B$326))+SUMPRODUCT((Planung!$BA$293:$BA$326=$B95)*(Planung!$BD$293:$BD$326)*(Planung!$B$293:$B$326))+SUMPRODUCT((Planung!$BI$293:$BI$326=$B95)*(Planung!$BL$293:$BL$326)*(Planung!$B$293:$B$326))+SUMPRODUCT((Planung!$BQ$293:$BQ$326=$B95)*(Planung!$BT$293:$BT$326)*(Planung!$B$293:$B$326)))/IF(G95=0,1,G95)","v":0},{"$f":"(SUMPRODUCT((Planung!$AS$364:$AS$384=$B95)*(Planung!$AV$364:$AV$384)*(Planung!$B$364:$B$384))+SUMPRODUCT((Planung!$BA$364:$BA$384=$B95)*(Planung!$BD$364:$BD$384)*(Planung!$B$364:$B$384))+SUMPRODUCT((Planung!$BI$364:$BI$384=$B95)*(Planung!$BL$364:$BL$384)*(Planung!$B$364:$B$384))+SUMPRODUCT((Planung!$BQ$364:$BQ$384=$B95)*(Planung!$BT$364:$BT$384)*(Planung!$B$364:$B$384)))/IF(G95=0,1,G95)","v":0}]
[null,12317,"Pauschale: Variable Kosten","€",null,null,null,null,null,null,null,1,null,null,0,{"$f":"N96*AnteilOel*PreisOel","v":0},1,null,null,null,null,null,{"$f":"IF(U96=0,0,(R96-S96)/U96)","v":0},{"$f":"IF(U96=0,0,V96/U96)","v":0},{"$f":"INDEX(AG96:AP96,AuslastSel)","v":0},{"$f":"IF(X96=0,0,Y96/X96)","v":0},{"$f":"IF(OR(U96=0,X96=0,Z96=0),0,IF(Z96>1,(R96-S96)/V96,((R96-S96)/U96)/Y96))","v":0},{"$f":"IF(OR(X96=0,Z96=0),0,((R96+S96)/2*Interest)/Y96)","v":0},{"$f":"IF(Y96=0,0,T96/Y96)","v":0},{"$f":"SUM(AA96:AC96)","v":0},{"$f":"AD96+Q96","v":1},null,{"$f":"$X96*AH96","v":0},0,null,0,{"$f":"(SUMPRODUCT((Planung!$AS$8:$AS$42=$B96)*(Planung!$AV$8:$AV$42)*(Planung!$B$8:$B$42))+SUMPRODUCT((Planung!$BA$8:$BA$42=$B96)*(Planung!$BD$8:$BD$42)*(Planung!$B$8:$B$42))+SUMPRODUCT((Planung!$BI$8:$BI$42=$B96)*(Planung!$BL$8:$BL$42)*(Planung!$B$8:$B$42))+SUMPRODUCT((Planung!$BQ$8:$BQ$42=$B96)*(Planung!$BT$8:$BT$42)*(Planung!$B$8:$B$42)))/IF(E96=0,1,E96)","v":0},{"$f":"(SUMPRODUCT((Planung!$AS$79:$AS$114=$B96)*(Planung!$AV$79:$AV$114)*(Planung!$B$79:$B$114))+SUMPRODUCT((Planung!$BA$79:$BA$114=$B96)*(Planung!$BD$79:$BD$114)*(Planung!$B$79:$B$114))+SUMPRODUCT((Planung!$BI$79:$BI$114=$B96)*(Planung!$BL$79:$BL$114)*(Planung!$B$79:$B$114))+SUMPRODUCT((Planung!$BQ$79:$BQ$114=$B96)*(Planung!$BT$79:$BT$114)*(Planung!$B$79:$B$114)))/IF(F96=0,1,F96)","v":0},{"$f":"(SUMPRODUCT((Planung!$AS$151:$AS$185=$B96)*(Planung!$AV$151:$AV$185)*(Planung!$B$151:$B$185))+SUMPRODUCT((Planung!$BA$151:$BA$185=$B96)*(Planung!$BD$151:$BD$185)*(Planung!$B$151:$B$185))+SUMPRODUCT((Planung!$BI$151:$BI$185=$B96)*(Planung!$BL$151:$BL$185)*(Planung!$B$151:$B$185))+SUMPRODUCT((Planung!$BQ$151:$BQ$185=$B96)*(Planung!$BT$151:$BT$185)*(Planung!$B$151:$B$185)))/IF(G96=0,1,G96)","v":0},{"$f":"(SUMPRODUCT((Planung!$AS$223:$AS$255=$B96)*(Planung!$AV$223:$AV$255)*(Planung!$B$223:$B$255))+SUMPRODUCT((Planung!$BA$223:$BA$255=$B96)*(Planung!$BD$223:$BD$255)*(Planung!$B$223:$B$255))+SUMPRODUCT((Planung!$BI$223:$BI$255=$B96)*(Planung!$BL$223:$BL$255)*(Planung!$B$223:$B$255))+SUMPRODUCT((Planung!$BQ$223:$BQ$255=$B96)*(Planung!$BT$223:$BT$255)*(Planung!$B$223:$B$255)))/IF(G96=0,1,G96)","v":0},{"$f":"(SUMPRODUCT((Planung!$AS$293:$AS$326=$B96)*(Planung!$AV$293:$AV$326)*(Planung!$B$293:$B$326))+SUMPRODUCT((Planung!$BA$293:$BA$326=$B96)*(Planung!$BD$293:$BD$326)*(Planung!$B$293:$B$326))+SUMPRODUCT((Planung!$BI$293:$BI$326=$B96)*(Planung!$BL$293:$BL$326)*(Planung!$B$293:$B$326))+SUMPRODUCT((Planung!$BQ$293:$BQ$326=$B96)*(Planung!$BT$293:$BT$326)*(Planung!$B$293:$B$326)))/IF(G96=0,1,G96)","v":0},{"$f":"(SUMPRODUCT((Planung!$AS$364:$AS$384=$B96)*(Planung!$AV$364:$AV$384)*(Planung!$B$364:$B$384))+SUMPRODUCT((Planung!$BA$364:$BA$384=$B96)*(Planung!$BD$364:$BD$384)*(Planung!$B$364:$B$384))+SUMPRODUCT((Planung!$BI$364:$BI$384=$B96)*(Planung!$BL$364:$BL$384)*(Planung!$B$364:$B$384))+SUMPRODUCT((Planung!$BQ$364:$BQ$384=$B96)*(Planung!$BT$364:$BT$384)*(Planung!$B$364:$B$384)))/IF(G96=0,1,G96)","v":0}]
[null,12319,"Pauschale: Diesel","l",null,null,null,null,null,null,null,null,null,1,0.95,2.8999999999999998E-2,0.97899999999999998,null,null,null,null,null,0,0,0,0,0,0,0,0,0.97899999999999998,null,0,0,null,0,{"$f":"(SUMPRODUCT((Planung!$AS$8:$AS$42=$B97)*(Planung!$AV$8:$AV$42)*(Planung!$B$8:$B$42))+SUMPRODUCT((Planung!$BA$8:$BA$42=$B97)*(Planung!$BD$8:$BD$42)*(Planung!$B$8:$B$42))+SUMPRODUCT((Planung!$BI$8:$BI$42=$B97)*(Planung!$BL$8:$BL$42)*(Planung!$B$8:$B$42))+SUMPRODUCT((Planung!$BQ$8:$BQ$42=$B97)*(Planung!$BT$8:$BT$42)*(Planung!$B$8:$B$42)))/IF(E97=0,1,E97)","v":0},{"$f":"(SUMPRODUCT((Planung!$AS$79:$AS$114=$B97)*(Planung!$AV$79:$AV$114)*(Planung!$B$79:$B$114))+SUMPRODUCT((Planung!$BA$79:$BA$114=$B97)*(Planung!$BD$79:$BD$114)*(Planung!$B$79:$B$114))+SUMPRODUCT((Planung!$BI$79:$BI$114=$B97)*(Planung!$BL$79:$BL$114)*(Planung!$B$79:$B$114))+SUMPRODUCT((Planung!$BQ$79:$BQ$114=$B97)*(Planung!$BT$79:$BT$114)*(Planung!$B$79:$B$114)))/IF(F97=0,1,F97)","v":0},{"$f":"(SUMPRODUCT((Planung!$AS$151:$AS$185=$B97)*(Planung!$AV$151:$AV$185)*(Planung!$B$151:$B$185))+SUMPRODUCT((Planung!$BA$151:$BA$185=$B97)*(Planung!$BD$151:$BD$185)*(Planung!$B$151:$B$185))+SUMPRODUCT((Planung!$BI$151:$BI$185=$B97)*(Planung!$BL$151:$BL$185)*(Planung!$B$151:$B$185))+SUMPRODUCT((Planung!$BQ$151:$BQ$185=$B97)*(Planung!$BT$151:$BT$185)*(Planung!$B$151:$B$185)))/IF(G97=0,1,G97)","v":0},{"$f":"(SUMPRODUCT((Planung!$AS$223:$AS$255=$B97)*(Planung!$AV$223:$AV$255)*(Planung!$B$223:$B$255))+SUMPRODUCT((Planung!$BA$223:$BA$255=$B97)*(Planung!$BD$223:$BD$255)*(Planung!$B$223:$B$255))+SUMPRODUCT((Planung!$BI$223:$BI$255=$B97)*(Planung!$BL$223:$BL$255)*(Planung!$B$223:$B$255))+SUMPRODUCT((Planung!$BQ$223:$BQ$255=$B97)*(Planung!$BT$223:$BT$255)*(Planung!$B$223:$B$255)))/IF(G97=0,1,G97)","v":0},{"$f":"(SUMPRODUCT((Planung!$AS$293:$AS$326=$B97)*(Planung!$AV$293:$AV$326)*(Planung!$B$293:$B$326))+SUMPRODUCT((Planung!$BA$293:$BA$326=$B97)*(Planung!$BD$293:$BD$326)*(Planung!$B$293:$B$326))+SUMPRODUCT((Planung!$BI$293:$BI$326=$B97)*(Planung!$BL$293:$BL$326)*(Planung!$B$293:$B$326))+SUMPRODUCT((Planung!$BQ$293:$BQ$326=$B97)*(Planung!$BT$293:$BT$326)*(Planung!$B$293:$B$326)))/IF(G97=0,1,G97)","v":0},{"$f":"(SUMPRODUCT((Planung!$AS$364:$AS$384=$B97)*(Planung!$AV$364:$AV$384)*(Planung!$B$364:$B$384))+SUMPRODUCT((Planung!$BA$364:$BA$384=$B97)*(Planung!$BD$364:$BD$384)*(Planung!$B$364:$B$384))+SUMPRODUCT((Planung!$BI$364:$BI$384=$B97)*(Planung!$BL$364:$BL$384)*(Planung!$B$364:$B$384))+SUMPRODUCT((Planung!$BQ$364:$BQ$384=$B97)*(Planung!$BT$364:$BT$384)*(Planung!$B$364:$B$384)))/IF(G97=0,1,G97)","v":0}]
[null,12318,"Pauschale: Reparatur","€",null,null,null,null,null,null,1,null,null,null,0,0,1,null,null,null,null,null,{"$f":"IF(U98=0,0,(R98-S98)/U98)","v":0},0,0,0,0,0,0,0,1,null,0,0,null,0,{"$f":"(SUMPRODUCT((Planung!$AS$8:$AS$42=$B98)*(Planung!$AV$8:$AV$42)*(Planung!$B$8:$B$42))+SUMPRODUCT((Planung!$BA$8:$BA$42=$B98)*(Planung!$BD$8:$BD$42)*(Planung!$B$8:$B$42))+SUMPRODUCT((Planung!$BI$8:$BI$42=$B98)*(Planung!$BL$8:$BL$42)*(Planung!$B$8:$B$42))+SUMPRODUCT((Planung!$BQ$8:$BQ$42=$B98)*(Planung!$BT$8:$BT$42)*(Planung!$B$8:$B$42)))/IF(E98=0,1,E98)","v":0},{"$f":"(SUMPRODUCT((Planung!$AS$79:$AS$114=$B98)*(Planung!$AV$79:$AV$114)*(Planung!$B$79:$B$114))+SUMPRODUCT((Planung!$BA$79:$BA$114=$B98)*(Planung!$BD$79:$BD$114)*(Planung!$B$79:$B$114))+SUMPRODUCT((Planung!$BI$79:$BI$114=$B98)*(Planung!$BL$79:$BL$114)*(Planung!$B$79:$B$114))+SUMPRODUCT((Planung!$BQ$79:$BQ$114=$B98)*(Planung!$BT$79:$BT$114)*(Planung!$B$79:$B$114)))/IF(F98=0,1,F98)","v":0},{"$f":"(SUMPRODUCT((Planung!$AS$151:$AS$185=$B98)*(Planung!$AV$151:$AV$185)*(Planung!$B$151:$B$185))+SUMPRODUCT((Planung!$BA$151:$BA$185=$B98)*(Planung!$BD$151:$BD$185)*(Planung!$B$151:$B$185))+SUMPRODUCT((Planung!$BI$151:$BI$185=$B98)*(Planung!$BL$151:$BL$185)*(Planung!$B$151:$B$185))+SUMPRODUCT((Planung!$BQ$151:$BQ$185=$B98)*(Planung!$BT$151:$BT$185)*(Planung!$B$151:$B$185)))/IF(G98=0,1,G98)","v":0},{"$f":"(SUMPRODUCT((Planung!$AS$223:$AS$255=$B98)*(Planung!$AV$223:$AV$255)*(Planung!$B$223:$B$255))+SUMPRODUCT((Planung!$BA$223:$BA$255=$B98)*(Planung!$BD$223:$BD$255)*(Planung!$B$223:$B$255))+SUMPRODUCT((Planung!$BI$223:$BI$255=$B98)*(Planung!$BL$223:$BL$255)*(Planung!$B$223:$B$255))+SUMPRODUCT((Planung!$BQ$223:$BQ$255=$B98)*(Planung!$BT$223:$BT$255)*(Planung!$B$223:$B$255)))/IF(G98=0,1,G98)","v":0},{"$f":"(SUMPRODUCT((Planung!$AS$293:$AS$326=$B98)*(Planung!$AV$293:$AV$326)*(Planung!$B$293:$B$326))+SUMPRODUCT((Planung!$BA$293:$BA$326=$B98)*(Planung!$BD$293:$BD$326)*(Planung!$B$293:$B$326))+SUMPRODUCT((Planung!$BI$293:$BI$326=$B98)*(Planung!$BL$293:$BL$326)*(Planung!$B$293:$B$326))+SUMPRODUCT((Planung!$BQ$293:$BQ$326=$B98)*(Planung!$BT$293:$BT$326)*(Planung!$B$293:$B$326)))/IF(G98=0,1,G98)","v":0},{"$f":"(SUMPRODUCT((Planung!$AS$364:$AS$384=$B98)*(Planung!$AV$364:$AV$384)*(Planung!$B$364:$B$384))+SUMPRODUCT((Planung!$BA$364:$BA$384=$B98)*(Planung!$BD$364:$BD$384)*(Planung!$B$364:$B$384))+SUMPRODUCT((Planung!$BI$364:$BI$384=$B98)*(Planung!$BL$364:$BL$384)*(Planung!$B$364:$B$384))+SUMPRODUCT((Planung!$BQ$364:$BQ$384=$B98)*(Planung!$BT$364:$BT$384)*(Planung!$B$364:$B$384)))/IF(G98=0,1,G98)","v":0}]
[null,12322,"Pauschale: SonstVK","€",null,null,null,null,null,null,null,1,null,null,0,0,1,null,null,null,null,null,0,0,0,0,0,0,0,0,1,null,0,0,null,0,{"$f":"(SUMPRODUCT((Planung!$AS$8:$AS$42=$B99)*(Planung!$AV$8:$AV$42)*(Planung!$B$8:$B$42))+SUMPRODUCT((Planung!$BA$8:$BA$42=$B99)*(Planung!$BD$8:$BD$42)*(Planung!$B$8:$B$42))+SUMPRODUCT((Planung!$BI$8:$BI$42=$B99)*(Planung!$BL$8:$BL$42)*(Planung!$B$8:$B$42))+SUMPRODUCT((Planung!$BQ$8:$BQ$42=$B99)*(Planung!$BT$8:$BT$42)*(Planung!$B$8:$B$42)))/IF(E99=0,1,E99)","v":0},{"$f":"(SUMPRODUCT((Planung!$AS$79:$AS$114=$B99)*(Planung!$AV$79:$AV$114)*(Planung!$B$79:$B$114))+SUMPRODUCT((Planung!$BA$79:$BA$114=$B99)*(Planung!$BD$79:$BD$114)*(Planung!$B$79:$B$114))+SUMPRODUCT((Planung!$BI$79:$BI$114=$B99)*(Planung!$BL$79:$BL$114)*(Planung!$B$79:$B$114))+SUMPRODUCT((Planung!$BQ$79:$BQ$114=$B99)*(Planung!$BT$79:$BT$114)*(Planung!$B$79:$B$114)))/IF(F99=0,1,F99)","v":0},{"$f":"(SUMPRODUCT((Planung!$AS$151:$AS$185=$B99)*(Planung!$AV$151:$AV$185)*(Planung!$B$151:$B$185))+SUMPRODUCT((Planung!$BA$151:$BA$185=$B99)*(Planung!$BD$151:$BD$185)*(Planung!$B$151:$B$185))+SUMPRODUCT((Planung!$BI$151:$BI$185=$B99)*(Planung!$BL$151:$BL$185)*(Planung!$B$151:$B$185))+SUMPRODUCT((Planung!$BQ$151:$BQ$185=$B99)*(Planung!$BT$151:$BT$185)*(Planung!$B$151:$B$185)))/IF(G99=0,1,G99)","v":0},{"$f":"(SUMPRODUCT((Planung!$AS$223:$AS$255=$B99)*(Planung!$AV$223:$AV$255)*(Planung!$B$223:$B$255))+SUMPRODUCT((Planung!$BA$223:$BA$255=$B99)*(Planung!$BD$223:$BD$255)*(Planung!$B$223:$B$255))+SUMPRODUCT((Planung!$BI$223:$BI$255=$B99)*(Planung!$BL$223:$BL$255)*(Planung!$B$223:$B$255))+SUMPRODUCT((Planung!$BQ$223:$BQ$255=$B99)*(Planung!$BT$223:$BT$255)*(Planung!$B$223:$B$255)))/IF(G99=0,1,G99)","v":0},{"$f":"(SUMPRODUCT((Planung!$AS$293:$AS$326=$B99)*(Planung!$AV$293:$AV$326)*(Planung!$B$293:$B$326))+SUMPRODUCT((Planung!$BA$293:$BA$326=$B99)*(Planung!$BD$293:$BD$326)*(Planung!$B$293:$B$326))+SUMPRODUCT((Planung!$BI$293:$BI$326=$B99)*(Planung!$BL$293:$BL$326)*(Planung!$B$293:$B$326))+SUMPRODUCT((Planung!$BQ$293:$BQ$326=$B99)*(Planung!$BT$293:$BT$326)*(Planung!$B$293:$B$326)))/IF(G99=0,1,G99)","v":0},{"$f":"(SUMPRODUCT((Planung!$AS$364:$AS$384=$B99)*(Planung!$AV$364:$AV$384)*(Planung!$B$364:$B$384))+SUMPRODUCT((Planung!$BA$364:$BA$384=$B99)*(Planung!$BD$364:$BD$384)*(Planung!$B$364:$B$384))+SUMPRODUCT((Planung!$BI$364:$BI$384=$B99)*(Planung!$BL$364:$BL$384)*(Planung!$B$364:$B$384))+SUMPRODUCT((Planung!$BQ$364:$BQ$384=$B99)*(Planung!$BT$364:$BT$384)*(Planung!$B$364:$B$384)))/IF(G99=0,1,G99)","v":0}]
[null,12321,"Pauschale: VerrechnPreis","€",null,null,null,null,null,null,null,null,null,null,0,0,0,null,null,null,null,null,0,0,0,0,0,0,0,0,0,null,0,0,null,0,{"$f":"(SUMPRODUCT((Planung!$AS$8:$AS$42=$B100)*(Planung!$AV$8:$AV$42)*(Planung!$B$8:$B$42))+SUMPRODUCT((Planung!$BA$8:$BA$42=$B100)*(Planung!$BD$8:$BD$42)*(Planung!$B$8:$B$42))+SUMPRODUCT((Planung!$BI$8:$BI$42=$B100)*(Planung!$BL$8:$BL$42)*(Planung!$B$8:$B$42))+SUMPRODUCT((Planung!$BQ$8:$BQ$42=$B100)*(Planung!$BT$8:$BT$42)*(Planung!$B$8:$B$42)))/IF(E100=0,1,E100)","v":0},{"$f":"(SUMPRODUCT((Planung!$AS$79:$AS$114=$B100)*(Planung!$AV$79:$AV$114)*(Planung!$B$79:$B$114))+SUMPRODUCT((Planung!$BA$79:$BA$114=$B100)*(Planung!$BD$79:$BD$114)*(Planung!$B$79:$B$114))+SUMPRODUCT((Planung!$BI$79:$BI$114=$B100)*(Planung!$BL$79:$BL$114)*(Planung!$B$79:$B$114))+SUMPRODUCT((Planung!$BQ$79:$BQ$114=$B100)*(Planung!$BT$79:$BT$114)*(Planung!$B$79:$B$114)))/IF(F100=0,1,F100)","v":0},{"$f":"(SUMPRODUCT((Planung!$AS$151:$AS$185=$B100)*(Planung!$AV$151:$AV$185)*(Planung!$B$151:$B$185))+SUMPRODUCT((Planung!$BA$151:$BA$185=$B100)*(Planung!$BD$151:$BD$185)*(Planung!$B$151:$B$185))+SUMPRODUCT((Planung!$BI$151:$BI$185=$B100)*(Planung!$BL$151:$BL$185)*(Planung!$B$151:$B$185))+SUMPRODUCT((Planung!$BQ$151:$BQ$185=$B100)*(Planung!$BT$151:$BT$185)*(Planung!$B$151:$B$185)))/IF(G100=0,1,G100)","v":0},{"$f":"(SUMPRODUCT((Planung!$AS$223:$AS$255=$B100)*(Planung!$AV$223:$AV$255)*(Planung!$B$223:$B$255))+SUMPRODUCT((Planung!$BA$223:$BA$255=$B100)*(Planung!$BD$223:$BD$255)*(Planung!$B$223:$B$255))+SUMPRODUCT((Planung!$BI$223:$BI$255=$B100)*(Planung!$BL$223:$BL$255)*(Planung!$B$223:$B$255))+SUMPRODUCT((Planung!$BQ$223:$BQ$255=$B100)*(Planung!$BT$223:$BT$255)*(Planung!$B$223:$B$255)))/IF(G100=0,1,G100)","v":0},{"$f":"(SUMPRODUCT((Planung!$AS$293:$AS$326=$B100)*(Planung!$AV$293:$AV$326)*(Planung!$B$293:$B$326))+SUMPRODUCT((Planung!$BA$293:$BA$326=$B100)*(Planung!$BD$293:$BD$326)*(Planung!$B$293:$B$326))+SUMPRODUCT((Planung!$BI$293:$BI$326=$B100)*(Planung!$BL$293:$BL$326)*(Planung!$B$293:$B$326))+SUMPRODUCT((Planung!$BQ$293:$BQ$326=$B100)*(Planung!$BT$293:$BT$326)*(Planung!$B$293:$B$326)))/IF(G100=0,1,G100)","v":0},{"$f":"(SUMPRODUCT((Planung!$AS$364:$AS$384=$B100)*(Planung!$AV$364:$AV$384)*(Planung!$B$364:$B$384))+SUMPRODUCT((Planung!$BA$364:$BA$384=$B100)*(Planung!$BD$364:$BD$384)*(Planung!$B$364:$B$384))+SUMPRODUCT((Planung!$BI$364:$BI$384=$B100)*(Planung!$BL$364:$BL$384)*(Planung!$B$364:$B$384))+SUMPRODUCT((Planung!$BQ$364:$BQ$384=$B100)*(Planung!$BT$364:$BT$384)*(Planung!$B$364:$B$384)))/IF(G100=0,1,G100)","v":0}]
[null,12320,null,null,null,null,null,null,null,null,null,null,null,null,0,0,0,null,null,null,null,null,0,0,0,0,0,0,0,0,0,null,0,0,null,0,{"$f":"(SUMPRODUCT((Planung!$AS$8:$AS$42=$B101)*(Planung!$AV$8:$AV$42)*(Planung!$B$8:$B$42))+SUMPRODUCT((Planung!$BA$8:$BA$42=$B101)*(Planung!$BD$8:$BD$42)*(Planung!$B$8:$B$42))+SUMPRODUCT((Planung!$BI$8:$BI$42=$B101)*(Planung!$BL$8:$BL$42)*(Planung!$B$8:$B$42))+SUMPRODUCT((Planung!$BQ$8:$BQ$42=$B101)*(Planung!$BT$8:$BT$42)*(Planung!$B$8:$B$42)))/IF(E101=0,1,E101)","v":0},{"$f":"(SUMPRODUCT((Planung!$AS$79:$AS$114=$B101)*(Planung!$AV$79:$AV$114)*(Planung!$B$79:$B$114))+SUMPRODUCT((Planung!$BA$79:$BA$114=$B101)*(Planung!$BD$79:$BD$114)*(Planung!$B$79:$B$114))+SUMPRODUCT((Planung!$BI$79:$BI$114=$B101)*(Planung!$BL$79:$BL$114)*(Planung!$B$79:$B$114))+SUMPRODUCT((Planung!$BQ$79:$BQ$114=$B101)*(Planung!$BT$79:$BT$114)*(Planung!$B$79:$B$114)))/IF(F101=0,1,F101)","v":0},{"$f":"(SUMPRODUCT((Planung!$AS$151:$AS$185=$B101)*(Planung!$AV$151:$AV$185)*(Planung!$B$151:$B$185))+SUMPRODUCT((Planung!$BA$151:$BA$185=$B101)*(Planung!$BD$151:$BD$185)*(Planung!$B$151:$B$185))+SUMPRODUCT((Planung!$BI$151:$BI$185=$B101)*(Planung!$BL$151:$BL$185)*(Planung!$B$151:$B$185))+SUMPRODUCT((Planung!$BQ$151:$BQ$185=$B101)*(Planung!$BT$151:$BT$185)*(Planung!$B$151:$B$185)))/IF(G101=0,1,G101)","v":0},{"$f":"(SUMPRODUCT((Planung!$AS$223:$AS$255=$B101)*(Planung!$AV$223:$AV$255)*(Planung!$B$223:$B$255))+SUMPRODUCT((Planung!$BA$223:$BA$255=$B101)*(Planung!$BD$223:$BD$255)*(Planung!$B$223:$B$255))+SUMPRODUCT((Planung!$BI$223:$BI$255=$B101)*(Planung!$BL$223:$BL$255)*(Planung!$B$223:$B$255))+SUMPRODUCT((Planung!$BQ$223:$BQ$255=$B101)*(Planung!$BT$223:$BT$255)*(Planung!$B$223:$B$255)))/IF(G101=0,1,G101)","v":0},{"$f":"(SUMPRODUCT((Planung!$AS$293:$AS$326=$B101)*(Planung!$AV$293:$AV$326)*(Planung!$B$293:$B$326))+SUMPRODUCT((Planung!$BA$293:$BA$326=$B101)*(Planung!$BD$293:$BD$326)*(Planung!$B$293:$B$326))+SUMPRODUCT((Planung!$BI$293:$BI$326=$B101)*(Planung!$BL$293:$BL$326)*(Planung!$B$293:$B$326))+SUMPRODUCT((Planung!$BQ$293:$BQ$326=$B101)*(Planung!$BT$293:$BT$326)*(Planung!$B$293:$B$326)))/IF(G101=0,1,G101)","v":0},{"$f":"(SUMPRODUCT((Planung!$AS$364:$AS$384=$B101)*(Planung!$AV$364:$AV$384)*(Planung!$B$364:$B$384))+SUMPRODUCT((Planung!$BA$364:$BA$384=$B101)*(Planung!$BD$364:$BD$384)*(Planung!$B$364:$B$384))+SUMPRODUCT((Planung!$BI$364:$BI$384=$B101)*(Planung!$BL$364:$BL$384)*(Planung!$B$364:$B$384))+SUMPRODUCT((Planung!$BQ$364:$BQ$384=$B101)*(Planung!$BT$364:$BT$384)*(Planung!$B$364:$B$384)))/IF(G101=0,1,G101)","v":0}]
[null,12323,"Pauscheale: Invest. Ko. 8J","€",null,null,null,null,null,null,null,null,null,null,0,{"$f":"N102*AnteilOel*PreisOel","v":0},{"$f":"K102+L102+M102+O102+P102","v":0},1,null,null,8,8,{"$f":"IF(U102=0,0,(R102-S102)/U102)","v":0.125},{"$f":"IF(U102=0,0,V102/U102)","v":1},{"$f":"INDEX(AG102:AP102,AuslastSel)","v":0},{"$f":"IF(X102=0,0,Y102/X102)","v":0},{"$f":"IF(OR(U102=0,X102=0,Z102=0),0,IF(Z102>1,(R102-S102)/V102,((R102-S102)/U102)/Y102))","v":0},{"$f":"IF(OR(X102=0,Z102=0),0,((R102+S102)/2*Interest)/Y102)","v":0},{"$f":"IF(Y102=0,0,T102/Y102)","v":0},{"$f":"SUM(AA102:AC102)","v":0},{"$f":"AD102+Q102","v":0},null,{"$f":"$X102*AH102","v":0.8},0.8,1,1,{"$f":"(SUMPRODUCT((Planung!$AS$8:$AS$42=$B102)*(Planung!$AV$8:$AV$42)*(Planung!$B$8:$B$42))+SUMPRODUCT((Planung!$BA$8:$BA$42=$B102)*(Planung!$BD$8:$BD$42)*(Planung!$B$8:$B$42))+SUMPRODUCT((Planung!$BI$8:$BI$42=$B102)*(Planung!$BL$8:$BL$42)*(Planung!$B$8:$B$42))+SUMPRODUCT((Planung!$BQ$8:$BQ$42=$B102)*(Planung!$BT$8:$BT$42)*(Planung!$B$8:$B$42)))/IF(E102=0,1,E102)","v":0},{"$f":"(SUMPRODUCT((Planung!$AS$79:$AS$114=$B102)*(Planung!$AV$79:$AV$114)*(Planung!$B$79:$B$114))+SUMPRODUCT((Planung!$BA$79:$BA$114=$B102)*(Planung!$BD$79:$BD$114)*(Planung!$B$79:$B$114))+SUMPRODUCT((Planung!$BI$79:$BI$114=$B102)*(Planung!$BL$79:$BL$114)*(Planung!$B$79:$B$114))+SUMPRODUCT((Planung!$BQ$79:$BQ$114=$B102)*(Planung!$BT$79:$BT$114)*(Planung!$B$79:$B$114)))/IF(F102=0,1,F102)","v":0},{"$f":"(SUMPRODUCT((Planung!$AS$151:$AS$185=$B102)*(Planung!$AV$151:$AV$185)*(Planung!$B$151:$B$185))+SUMPRODUCT((Planung!$BA$151:$BA$185=$B102)*(Planung!$BD$151:$BD$185)*(Planung!$B$151:$B$185))+SUMPRODUCT((Planung!$BI$151:$BI$185=$B102)*(Planung!$BL$151:$BL$185)*(Planung!$B$151:$B$185))+SUMPRODUCT((Planung!$BQ$151:$BQ$185=$B102)*(Planung!$BT$151:$BT$185)*(Planung!$B$151:$B$185)))/IF(G102=0,1,G102)","v":0},{"$f":"(SUMPRODUCT((Planung!$AS$223:$AS$255=$B102)*(Planung!$AV$223:$AV$255)*(Planung!$B$223:$B$255))+SUMPRODUCT((Planung!$BA$223:$BA$255=$B102)*(Planung!$BD$223:$BD$255)*(Planung!$B$223:$B$255))+SUMPRODUCT((Planung!$BI$223:$BI$255=$B102)*(Planung!$BL$223:$BL$255)*(Planung!$B$223:$B$255))+SUMPRODUCT((Planung!$BQ$223:$BQ$255=$B102)*(Planung!$BT$223:$BT$255)*(Planung!$B$223:$B$255)))/IF(G102=0,1,G102)","v":0},{"$f":"(SUMPRODUCT((Planung!$AS$293:$AS$326=$B102)*(Planung!$AV$293:$AV$326)*(Planung!$B$293:$B$326))+SUMPRODUCT((Planung!$BA$293:$BA$326=$B102)*(Planung!$BD$293:$BD$326)*(Planung!$B$293:$B$326))+SUMPRODUCT((Planung!$BI$293:$BI$326=$B102)*(Planung!$BL$293:$BL$326)*(Planung!$B$293:$B$326))+SUMPRODUCT((Planung!$BQ$293:$BQ$326=$B102)*(Planung!$BT$293:$BT$326)*(Planung!$B$293:$B$326)))/IF(G102=0,1,G102)","v":0},{"$f":"(SUMPRODUCT((Planung!$AS$364:$AS$384=$B102)*(Planung!$AV$364:$AV$384)*(Planung!$B$364:$B$384))+SUMPRODUCT((Planung!$BA$364:$BA$384=$B102)*(Planung!$BD$364:$BD$384)*(Planung!$B$364:$B$384))+SUMPRODUCT((Planung!$BI$364:$BI$384=$B102)*(Planung!$BL$364:$BL$384)*(Planung!$B$364:$B$384))+SUMPRODUCT((Planung!$BQ$364:$BQ$384=$B102)*(Planung!$BT$364:$BT$384)*(Planung!$B$364:$B$384)))/IF(G102=0,1,G102)","v":0}]
[null,12324,"Pauscheale: Invest. Ko. 10J","€",null,null,null,null,null,null,null,null,null,null,0,{"$f":"N103*AnteilOel*PreisOel","v":0},{"$f":"K103+L103+M103+O103+P103","v":0},1,null,null,10,10,{"$f":"IF(U103=0,0,(R103-S103)/U103)","v":0.1},{"$f":"IF(U103=0,0,V103/U103)","v":1},{"$f":"INDEX(AG103:AP103,AuslastSel)","v":0},{"$f":"IF(X103=0,0,Y103/X103)","v":0},{"$f":"IF(OR(U103=0,X103=0,Z103=0),0,IF(Z103>1,(R103-S103)/V103,((R103-S103)/U103)/Y103))","v":0},{"$f":"IF(OR(X103=0,Z103=0),0,((R103+S103)/2*Interest)/Y103)","v":0},{"$f":"IF(Y103=0,0,T103/Y103)","v":0},{"$f":"SUM(AA103:AC103)","v":0},{"$f":"AD103+Q103","v":0},null,{"$f":"$X103*AH103","v":0.8},0.8,1,1,{"$f":"(SUMPRODUCT((Planung!$AS$8:$AS$42=$B103)*(Planung!$AV$8:$AV$42)*(Planung!$B$8:$B$42))+SUMPRODUCT((Planung!$BA$8:$BA$42=$B103)*(Planung!$BD$8:$BD$42)*(Planung!$B$8:$B$42))+SUMPRODUCT((Planung!$BI$8:$BI$42=$B103)*(Planung!$BL$8:$BL$42)*(Planung!$B$8:$B$42))+SUMPRODUCT((Planung!$BQ$8:$BQ$42=$B103)*(Planung!$BT$8:$BT$42)*(Planung!$B$8:$B$42)))/IF(E103=0,1,E103)","v":0},{"$f":"(SUMPRODUCT((Planung!$AS$79:$AS$114=$B103)*(Planung!$AV$79:$AV$114)*(Planung!$B$79:$B$114))+SUMPRODUCT((Planung!$BA$79:$BA$114=$B103)*(Planung!$BD$79:$BD$114)*(Planung!$B$79:$B$114))+SUMPRODUCT((Planung!$BI$79:$BI$114=$B103)*(Planung!$BL$79:$BL$114)*(Planung!$B$79:$B$114))+SUMPRODUCT((Planung!$BQ$79:$BQ$114=$B103)*(Planung!$BT$79:$BT$114)*(Planung!$B$79:$B$114)))/IF(F103=0,1,F103)","v":0},{"$f":"(SUMPRODUCT((Planung!$AS$151:$AS$185=$B103)*(Planung!$AV$151:$AV$185)*(Planung!$B$151:$B$185))+SUMPRODUCT((Planung!$BA$151:$BA$185=$B103)*(Planung!$BD$151:$BD$185)*(Planung!$B$151:$B$185))+SUMPRODUCT((Planung!$BI$151:$BI$185=$B103)*(Planung!$BL$151:$BL$185)*(Planung!$B$151:$B$185))+SUMPRODUCT((Planung!$BQ$151:$BQ$185=$B103)*(Planung!$BT$151:$BT$185)*(Planung!$B$151:$B$185)))/IF(G103=0,1,G103)","v":0},{"$f":"(SUMPRODUCT((Planung!$AS$223:$AS$255=$B103)*(Planung!$AV$223:$AV$255)*(Planung!$B$223:$B$255))+SUMPRODUCT((Planung!$BA$223:$BA$255=$B103)*(Planung!$BD$223:$BD$255)*(Planung!$B$223:$B$255))+SUMPRODUCT((Planung!$BI$223:$BI$255=$B103)*(Planung!$BL$223:$BL$255)*(Planung!$B$223:$B$255))+SUMPRODUCT((Planung!$BQ$223:$BQ$255=$B103)*(Planung!$BT$223:$BT$255)*(Planung!$B$223:$B$255)))/IF(G103=0,1,G103)","v":0},{"$f":"(SUMPRODUCT((Planung!$AS$293:$AS$326=$B103)*(Planung!$AV$293:$AV$326)*(Planung!$B$293:$B$326))+SUMPRODUCT((Planung!$BA$293:$BA$326=$B103)*(Planung!$BD$293:$BD$326)*(Planung!$B$293:$B$326))+SUMPRODUCT((Planung!$BI$293:$BI$326=$B103)*(Planung!$BL$293:$BL$326)*(Planung!$B$293:$B$326))+SUMPRODUCT((Planung!$BQ$293:$BQ$326=$B103)*(Planung!$BT$293:$BT$326)*(Planung!$B$293:$B$326)))/IF(G103=0,1,G103)","v":0},{"$f":"(SUMPRODUCT((Planung!$AS$364:$AS$384=$B103)*(Planung!$AV$364:$AV$384)*(Planung!$B$364:$B$384))+SUMPRODUCT((Planung!$BA$364:$BA$384=$B103)*(Planung!$BD$364:$BD$384)*(Planung!$B$364:$B$384))+SUMPRODUCT((Planung!$BI$364:$BI$384=$B103)*(Planung!$BL$364:$BL$384)*(Planung!$B$364:$B$384))+SUMPRODUCT((Planung!$BQ$364:$BQ$384=$B103)*(Planung!$BT$364:$BT$384)*(Planung!$B$364:$B$384)))/IF(G103=0,1,G103)","v":0}]
[null,12325,"Pauscheale: Invest. Ko. 12,5J","€",null,null,null,null,null,null,null,null,null,null,0,{"$f":"N104*AnteilOel*PreisOel","v":0},{"$f":"K104+L104+M104+O104+P104","v":0},1,null,null,12.5,12.5,{"$f":"IF(U104=0,0,(R104-S104)/U104)","v":0.08},{"$f":"IF(U104=0,0,V104/U104)","v":1},{"$f":"INDEX(AG104:AP104,AuslastSel)","v":0},{"$f":"IF(X104=0,0,Y104/X104)","v":0},{"$f":"IF(OR(U104=0,X104=0,Z104=0),0,IF(Z104>1,(R104-S104)/V104,((R104-S104)/U104)/Y104))","v":0},{"$f":"IF(OR(X104=0,Z104=0),0,((R104+S104)/2*Interest)/Y104)","v":0},{"$f":"IF(Y104=0,0,T104/Y104)","v":0},{"$f":"SUM(AA104:AC104)","v":0},{"$f":"AD104+Q104","v":0},null,{"$f":"$X104*AH104","v":0.8},0.8,1,1,{"$f":"(SUMPRODUCT((Planung!$AS$8:$AS$42=$B104)*(Planung!$AV$8:$AV$42)*(Planung!$B$8:$B$42))+SUMPRODUCT((Planung!$BA$8:$BA$42=$B104)*(Planung!$BD$8:$BD$42)*(Planung!$B$8:$B$42))+SUMPRODUCT((Planung!$BI$8:$BI$42=$B104)*(Planung!$BL$8:$BL$42)*(Planung!$B$8:$B$42))+SUMPRODUCT((Planung!$BQ$8:$BQ$42=$B104)*(Planung!$BT$8:$BT$42)*(Planung!$B$8:$B$42)))/IF(E104=0,1,E104)","v":0},{"$f":"(SUMPRODUCT((Planung!$AS$79:$AS$114=$B104)*(Planung!$AV$79:$AV$114)*(Planung!$B$79:$B$114))+SUMPRODUCT((Planung!$BA$79:$BA$114=$B104)*(Planung!$BD$79:$BD$114)*(Planung!$B$79:$B$114))+SUMPRODUCT((Planung!$BI$79:$BI$114=$B104)*(Planung!$BL$79:$BL$114)*(Planung!$B$79:$B$114))+SUMPRODUCT((Planung!$BQ$79:$BQ$114=$B104)*(Planung!$BT$79:$BT$114)*(Planung!$B$79:$B$114)))/IF(F104=0,1,F104)","v":0},{"$f":"(SUMPRODUCT((Planung!$AS$151:$AS$185=$B104)*(Planung!$AV$151:$AV$185)*(Planung!$B$151:$B$185))+SUMPRODUCT((Planung!$BA$151:$BA$185=$B104)*(Planung!$BD$151:$BD$185)*(Planung!$B$151:$B$185))+SUMPRODUCT((Planung!$BI$151:$BI$185=$B104)*(Planung!$BL$151:$BL$185)*(Planung!$B$151:$B$185))+SUMPRODUCT((Planung!$BQ$151:$BQ$185=$B104)*(Planung!$BT$151:$BT$185)*(Planung!$B$151:$B$185)))/IF(G104=0,1,G104)","v":0},{"$f":"(SUMPRODUCT((Planung!$AS$223:$AS$255=$B104)*(Planung!$AV$223:$AV$255)*(Planung!$B$223:$B$255))+SUMPRODUCT((Planung!$BA$223:$BA$255=$B104)*(Planung!$BD$223:$BD$255)*(Planung!$B$223:$B$255))+SUMPRODUCT((Planung!$BI$223:$BI$255=$B104)*(Planung!$BL$223:$BL$255)*(Planung!$B$223:$B$255))+SUMPRODUCT((Planung!$BQ$223:$BQ$255=$B104)*(Planung!$BT$223:$BT$255)*(Planung!$B$223:$B$255)))/IF(G104=0,1,G104)","v":0},{"$f":"(SUMPRODUCT((Planung!$AS$293:$AS$326=$B104)*(Planung!$AV$293:$AV$326)*(Planung!$B$293:$B$326))+SUMPRODUCT((Planung!$BA$293:$BA$326=$B104)*(Planung!$BD$293:$BD$326)*(Planung!$B$293:$B$326))+SUMPRODUCT((Planung!$BI$293:$BI$326=$B104)*(Planung!$BL$293:$BL$326)*(Planung!$B$293:$B$326))+SUMPRODUCT((Planung!$BQ$293:$BQ$326=$B104)*(Planung!$BT$293:$BT$326)*(Planung!$B$293:$B$326)))/IF(G104=0,1,G104)","v":0},{"$f":"(SUMPRODUCT((Planung!$AS$364:$AS$384=$B104)*(Planung!$AV$364:$AV$384)*(Planung!$B$364:$B$384))+SUMPRODUCT((Planung!$BA$364:$BA$384=$B104)*(Planung!$BD$364:$BD$384)*(Planung!$B$364:$B$384))+SUMPRODUCT((Planung!$BI$364:$BI$384=$B104)*(Planung!$BL$364:$BL$384)*(Planung!$B$364:$B$384))+SUMPRODUCT((Planung!$BQ$364:$BQ$384=$B104)*(Planung!$BT$364:$BT$384)*(Planung!$B$364:$B$384)))/IF(G104=0,1,G104)","v":0}]
[null,12315,"Pauscheale: Invest. Ko. 15J","€",null,null,null,null,null,null,null,null,null,null,0,{"$f":"N105*AnteilOel*PreisOel","v":0},0,1,null,null,15,15,{"$f":"IF(U105=0,0,(R105-S105)/U105)","v":6.6666666666666666E-2},{"$f":"IF(U105=0,0,V105/U105)","v":1},{"$f":"INDEX(AG105:AP105,AuslastSel)","v":0},{"$f":"IF(X105=0,0,Y105/X105)","v":0},{"$f":"IF(OR(U105=0,X105=0,Z105=0),0,IF(Z105>1,(R105-S105)/V105,((R105-S105)/U105)/Y105))","v":0},{"$f":"IF(OR(X105=0,Z105=0),0,((R105+S105)/2*Interest)/Y105)","v":0},{"$f":"IF(Y105=0,0,T105/Y105)","v":0},{"$f":"SUM(AA105:AC105)","v":0},{"$f":"AD105+Q105","v":0},null,{"$f":"$X105*AH105","v":0.8},0.8,1,1,{"$f":"(SUMPRODUCT((Planung!$AS$8:$AS$42=$B105)*(Planung!$AV$8:$AV$42)*(Planung!$B$8:$B$42))+SUMPRODUCT((Planung!$BA$8:$BA$42=$B105)*(Planung!$BD$8:$BD$42)*(Planung!$B$8:$B$42))+SUMPRODUCT((Planung!$BI$8:$BI$42=$B105)*(Planung!$BL$8:$BL$42)*(Planung!$B$8:$B$42))+SUMPRODUCT((Planung!$BQ$8:$BQ$42=$B105)*(Planung!$BT$8:$BT$42)*(Planung!$B$8:$B$42)))/IF(E105=0,1,E105)","v":0},{"$f":"(SUMPRODUCT((Planung!$AS$79:$AS$114=$B105)*(Planung!$AV$79:$AV$114)*(Planung!$B$79:$B$114))+SUMPRODUCT((Planung!$BA$79:$BA$114=$B105)*(Planung!$BD$79:$BD$114)*(Planung!$B$79:$B$114))+SUMPRODUCT((Planung!$BI$79:$BI$114=$B105)*(Planung!$BL$79:$BL$114)*(Planung!$B$79:$B$114))+SUMPRODUCT((Planung!$BQ$79:$BQ$114=$B105)*(Planung!$BT$79:$BT$114)*(Planung!$B$79:$B$114)))/IF(F105=0,1,F105)","v":0},{"$f":"(SUMPRODUCT((Planung!$AS$151:$AS$185=$B105)*(Planung!$AV$151:$AV$185)*(Planung!$B$151:$B$185))+SUMPRODUCT((Planung!$BA$151:$BA$185=$B105)*(Planung!$BD$151:$BD$185)*(Planung!$B$151:$B$185))+SUMPRODUCT((Planung!$BI$151:$BI$185=$B105)*(Planung!$BL$151:$BL$185)*(Planung!$B$151:$B$185))+SUMPRODUCT((Planung!$BQ$151:$BQ$185=$B105)*(Planung!$BT$151:$BT$185)*(Planung!$B$151:$B$185)))/IF(G105=0,1,G105)","v":0},{"$f":"(SUMPRODUCT((Planung!$AS$223:$AS$255=$B105)*(Planung!$AV$223:$AV$255)*(Planung!$B$223:$B$255))+SUMPRODUCT((Planung!$BA$223:$BA$255=$B105)*(Planung!$BD$223:$BD$255)*(Planung!$B$223:$B$255))+SUMPRODUCT((Planung!$BI$223:$BI$255=$B105)*(Planung!$BL$223:$BL$255)*(Planung!$B$223:$B$255))+SUMPRODUCT((Planung!$BQ$223:$BQ$255=$B105)*(Planung!$BT$223:$BT$255)*(Planung!$B$223:$B$255)))/IF(G105=0,1,G105)","v":0},{"$f":"(SUMPRODUCT((Planung!$AS$293:$AS$326=$B105)*(Planung!$AV$293:$AV$326)*(Planung!$B$293:$B$326))+SUMPRODUCT((Planung!$BA$293:$BA$326=$B105)*(Planung!$BD$293:$BD$326)*(Planung!$B$293:$B$326))+SUMPRODUCT((Planung!$BI$293:$BI$326=$B105)*(Planung!$BL$293:$BL$326)*(Planung!$B$293:$B$326))+SUMPRODUCT((Planung!$BQ$293:$BQ$326=$B105)*(Planung!$BT$293:$BT$326)*(Planung!$B$293:$B$326)))/IF(G105=0,1,G105)","v":0},{"$f":"(SUMPRODUCT((Planung!$AS$364:$AS$384=$B105)*(Planung!$AV$364:$AV$384)*(Planung!$B$364:$B$384))+SUMPRODUCT((Planung!$BA$364:$BA$384=$B105)*(Planung!$BD$364:$BD$384)*(Planung!$B$364:$B$384))+SUMPRODUCT((Planung!$BI$364:$BI$384=$B105)*(Planung!$BL$364:$BL$384)*(Planung!$B$364:$B$384))+SUMPRODUCT((Planung!$BQ$364:$BQ$384=$B105)*(Planung!$BT$364:$BT$384)*(Planung!$B$364:$B$384)))/IF(G105=0,1,G105)","v":0}]
[null,12316,null,null,null,null,null,null,null,null,null,null,null,null,0,{"$f":"N106*AnteilOel*PreisOel","v":0},{"$f":"K106+L106+M106+O106+P106","v":0},null,null,null,null,null,{"$f":"IF(U106=0,0,(R106-S106)/U106)","v":0},{"$f":"IF(U106=0,0,V106/U106)","v":0},{"$f":"INDEX(AG106:AP106,AuslastSel)","v":0},{"$f":"IF(X106=0,0,Y106/X106)","v":0},{"$f":"IF(OR(U106=0,X106=0,Z106=0),0,IF(Z106>1,(R106-S106)/V106,((R106-S106)/U106)/Y106))","v":0},{"$f":"IF(OR(X106=0,Z106=0),0,((R106+S106)/2*Interest)/Y106)","v":0},{"$f":"IF(Y106=0,0,T106/Y106)","v":0},{"$f":"SUM(AA106:AC106)","v":0},{"$f":"AD106+Q106","v":0},null,{"$f":"$X106*AH106","v":0},0,null,0,{"$f":"(SUMPRODUCT((Planung!$AS$8:$AS$42=$B106)*(Planung!$AV$8:$AV$42)*(Planung!$B$8:$B$42))+SUMPRODUCT((Planung!$BA$8:$BA$42=$B106)*(Planung!$BD$8:$BD$42)*(Planung!$B$8:$B$42))+SUMPRODUCT((Planung!$BI$8:$BI$42=$B106)*(Planung!$BL$8:$BL$42)*(Planung!$B$8:$B$42))+SUMPRODUCT((Planung!$BQ$8:$BQ$42=$B106)*(Planung!$BT$8:$BT$42)*(Planung!$B$8:$B$42)))/IF(E106=0,1,E106)","v":0},{"$f":"(SUMPRODUCT((Planung!$AS$79:$AS$114=$B106)*(Planung!$AV$79:$AV$114)*(Planung!$B$79:$B$114))+SUMPRODUCT((Planung!$BA$79:$BA$114=$B106)*(Planung!$BD$79:$BD$114)*(Planung!$B$79:$B$114))+SUMPRODUCT((Planung!$BI$79:$BI$114=$B106)*(Planung!$BL$79:$BL$114)*(Planung!$B$79:$B$114))+SUMPRODUCT((Planung!$BQ$79:$BQ$114=$B106)*(Planung!$BT$79:$BT$114)*(Planung!$B$79:$B$114)))/IF(F106=0,1,F106)","v":0},{"$f":"(SUMPRODUCT((Planung!$AS$151:$AS$185=$B106)*(Planung!$AV$151:$AV$185)*(Planung!$B$151:$B$185))+SUMPRODUCT((Planung!$BA$151:$BA$185=$B106)*(Planung!$BD$151:$BD$185)*(Planung!$B$151:$B$185))+SUMPRODUCT((Planung!$BI$151:$BI$185=$B106)*(Planung!$BL$151:$BL$185)*(Planung!$B$151:$B$185))+SUMPRODUCT((Planung!$BQ$151:$BQ$185=$B106)*(Planung!$BT$151:$BT$185)*(Planung!$B$151:$B$185)))/IF(G106=0,1,G106)","v":0},{"$f":"(SUMPRODUCT((Planung!$AS$223:$AS$255=$B106)*(Planung!$AV$223:$AV$255)*(Planung!$B$223:$B$255))+SUMPRODUCT((Planung!$BA$223:$BA$255=$B106)*(Planung!$BD$223:$BD$255)*(Planung!$B$223:$B$255))+SUMPRODUCT((Planung!$BI$223:$BI$255=$B106)*(Planung!$BL$223:$BL$255)*(Planung!$B$223:$B$255))+SUMPRODUCT((Planung!$BQ$223:$BQ$255=$B106)*(Planung!$BT$223:$BT$255)*(Planung!$B$223:$B$255)))/IF(G106=0,1,G106)","v":0},{"$f":"(SUMPRODUCT((Planung!$AS$293:$AS$326=$B106)*(Planung!$AV$293:$AV$326)*(Planung!$B$293:$B$326))+SUMPRODUCT((Planung!$BA$293:$BA$326=$B106)*(Planung!$BD$293:$BD$326)*(Planung!$B$293:$B$326))+SUMPRODUCT((Planung!$BI$293:$BI$326=$B106)*(Planung!$BL$293:$BL$326)*(Planung!$B$293:$B$326))+SUMPRODUCT((Planung!$BQ$293:$BQ$326=$B106)*(Planung!$BT$293:$BT$326)*(Planung!$B$293:$B$326)))/IF(G106=0,1,G106)","v":0},{"$f":"(SUMPRODUCT((Planung!$AS$364:$AS$384=$B106)*(Planung!$AV$364:$AV$384)*(Planung!$B$364:$B$384))+SUMPRODUCT((Planung!$BA$364:$BA$384=$B106)*(Planung!$BD$364:$BD$384)*(Planung!$B$364:$B$384))+SUMPRODUCT((Planung!$BI$364:$BI$384=$B106)*(Planung!$BL$364:$BL$384)*(Planung!$B$364:$B$384))+SUMPRODUCT((Planung!$BQ$364:$BQ$384=$B106)*(Planung!$BT$364:$BT$384)*(Planung!$B$364:$B$384)))/IF(G106=0,1,G106)","v":0}]
[null,null,null,null,"*) Die Angabe der Anzahl verfügbarer Maschinen ist nur nötig wenn mehr als eine Maschine vorhanden ist (keine Angabe wird gleich 1 gewertet) und ist nur wichtig, wenn"]
[null,null,null,null,"  - die festen Kosten der Maschinen berechnet werden sollen (zur korrekten Berechnung der Auslastung),"]
[null,null,null,null,"  - die Kapazitäten aller verfügbaren Maschinen berechnet werden sollen."]
[null,null,null,null,null,null,null,null,null,null,null,null,null,null,null,null,null,null,null,null,null,"AfA Maschinen laut DL-Planer",{"$f":"SUMPRODUCT(Y9:Y106,E9:E106,AA9:AA106)","v":0}]

{"sheet":"Arbeitsverfahren","index":3,"n_rows":206,"n_cols":121,"rows_kept":206,"cut":false,"hidden":false,"merged":[]}
[null,null,null,null,null,null,null,null,null,null,null,null,"Kalkulationszinsfuß für UV & AV:",0.03,null,"Lohnanspruch:",25,{"$f":"Curr&\"/AKh\"","v":"€/AKh"},null,null,null,null,null,null,"Maschine 1",null,null,null,null,null,"Maschine 2",null,null,null,null,null,"Maschine 3",null,null,null,null,null,"Maschine 4",null,null,null,null,null,"Diesel","Variable Kosten insgesamt (alle Maschinen)",null,null,null,null,null,"Feste Kosten insg. (alle Maschinen)",null,null,null,"Gesamt-","Maschine 1: Variable Kosten",null,null,null,null,null,null,"Maschine 2: Variable Kosten",null,null,null,null,null,null,"Maschine 3: Variable Kosten",null,null,null,null,null,null,"Maschine 4: Variable Kosten",null,null,null,null,null,null,"Maschine 1: Feste Kosten",null,null,null,"Maschine 2: Feste Kosten",null,null,null,"Maschine 3: Feste Kosten",null,null,null,"Maschine 4: Feste Kosten",null,null,null,null,null,null,null,null,null,null,null,null,null,null,null,null,null,null,"ZoomFakt",100]
[null,"Arbeitsverfahren",null,null,"Bemerkungen","Leistung",null,"Variable Kosten",null,null,"Deck.-","Umlaufvermögen",null,null,"AKh-Bedarf & -kosten",null,null,null,"VarKo","Deck.-","Festkost.","Gesamt-","Untern.",null,"Code","Bezeichnung","Umfang",null,"Dieselverbrauch",null,"Code","Bezeichnung","Umfang",null,"Dieselverbrauch",null,"Code","Bezeichnung","Umfang",null,"Dieselverbrauch",null,"Code","Bezeichnung","Umfang",null,"Dieselverbrauch",null,"Verbr.","Rep.-","Sonst.","Verrechn-","Diesel-","Schmier-","Var.Ko","AfA","ZA für","Sonstige","Festko.","kosten","Rep.-","Sonst.","Verrechn-","Diesel",null,"Schmier-","Var.Ko","Rep.-","Sonst.","Verrechn-","Diesel",null,"Schmier-","Var.Ko","Rep.-","Sonst.","Verrechn-","Diesel",null,"Schmier-","Var.Ko","Rep.-","Sonst.","Verrechn-","Diesel",null,"Schmier-","Var.Ko","AfA","ZA für","Sonstige","Festko.","AfA","ZA für","Sonstige","Festko.","AfA","ZA für","Sonstige","Festko.","AfA","ZA für","Sonstige","Festko."]
[null,"Code","Bezeichnung","Einheit",null,"Haupt","Neben","Material","Maschinen","insges.","beitrag","Einsatz","Betrag","Zinsanspr","Arbeit","Rüstzeit","Gesamt","Lohnanspr","II","beitrag II","(Afa,ZA,Sonst)","kosten","gewinn",null,null,null,"je Einheit",null,"je Einh. des Verf.",null,null,null,"je Einheint",null,"je Einh. des Verf.",null,null,null,"je Einheint",null,"je Einh. des Verf.",null,null,null,"je Einheint",null,"je Einh. des Verf.",null,"insges.","kost.","(Hilfsm.)","preis","Kosten","öl-Kost.","insges.",null,"AV","(Vers,etc.)","insges.",null,"kost.","(Hilfsm.)","preis","Verbrauch","Kosten","öl-Kost.","insges.","kost.","(Hilfsm.)","preis","Verbrauch","Kosten","öl-Kost.","insges.","kost.","(Hilfsm.)","preis","Verbrauch","Kosten","öl-Kost.","insges.","kost.","(Hilfsm.)","preis","Verbrauch","Kosten","öl-Kost.","insges.",null,"AV","(Vers,etc.)","insges.",null,"AV","(Vers,etc.)","insges.",null,"AV","(Vers,etc.)","insges.",null,"AV","(Vers,etc.)","insges."]
[null,null,null,null,null,{"$f":"Curr&\"/Einh.\"","v":"€/Einh."},"€/Einh.","€/Einh.","€/Einh.","€/Einh.","€/Einh.","%v.VarKo","€/Einh.","€/Einh.","AKh/Einh.","AKh/Einh.","AKh/Einh.",{"$f":"Curr&\"/Einh.\"","v":"€/Einh."},"€/Einh.","€/Einh.","€/Einh.","€/Einh.","€/Einh.",null,null,null,"des Arbeitsverf.",null,"Faktor","l/Einh.",null,null,"des Arbeitsverf.",null,"Faktor","l/Einh.",null,null,"des Arbeitsverf.",null,"Faktor","l/Einh.",null,null,"des Arbeitsverf.",null,"Faktor","l/Einh.","l/Einh.",{"$f":"Curr&\"/Einh.\"","v":"€/Einh."},{"$f":"Curr&\"/Einh.\"","v":"€/Einh."},{"$f":"Curr&\"/Einh.\"","v":"€/Einh."},{"$f":"Curr&\"/Einh\"","v":"€/Einh"},{"$f":"Curr&\"/Einh\"","v":"€/Einh"},{"$f":"Curr&\"/Einh.\"","v":"€/Einh."},"€/Einh.","€/Einh.","€/Einh.","€/Einh.","€/Einh.","€/Einh.","€/Einh.","€/Einh.","l/Einh.",{"$f":"Curr&\"/Einh\"","v":"€/Einh"},{"$f":"Curr&\"/Einh\"","v":"€/Einh"},{"$f":"Curr&\"/Einh.\"","v":"€/Einh."},{"$f":"Curr&\"/Einh.\"","v":"€/Einh."},{"$f":"Curr&\"/Einh.\"","v":"€/Einh."},{"$f":"Curr&\"/Einh.\"","v":"€/Einh."},"l/Einh.",{"$f":"Curr&\"/Einh\"","v":"€/Einh"},{"$f":"Curr&\"/Einh\"","v":"€/Einh"},{"$f":"Curr&\"/Einh.\"","v":"€/Einh."},{"$f":"Curr&\"/Einh.\"","v":"€/Einh."},{"$f":"Curr&\"/Einh.\"","v":"€/Einh."},{"$f":"Curr&\"/Einh.\"","v":"€/Einh."},"l/Einh.",{"$f":"Curr&\"/Einh\"","v":"€/Einh"},{"$f":"Curr&\"/Einh\"","v":"€/Einh"},{"$f":"Curr&\"/Einh.\"","v":"€/Einh."},{"$f":"Curr&\"/Einh.\"","v":"€/Einh."},{"$f":"Curr&\"/Einh.\"","v":"€/Einh."},{"$f":"Curr&\"/Einh.\"","v":"€/Einh."},"l/Einh.",{"$f":"Curr&\"/Einh\"","v":"€/Einh"},{"$f":"Curr&\"/Einh\"","v":"€/Einh"},{"$f":"Curr&\"/Einh.\"","v":"€/Einh."},"€/Einh.","€/Einh.","€/Einh.","€/Einh.","€/Einh.","€/Einh.","€/Einh.","€/Einh.","€/Einh.","€/Einh.","€/Einh.","€/Einh.","€/Einh.","€/Einh.","€/Einh.","€/Einh."]
[null,"Sp.",2,{"$f":"CELL(\"Col\",D5)-CELL(\"Col\",$B5)+1","v":3},4,5,6,7,8,9,10,11,12,13,14,15,16,17,18,19,20,21,22,null,{"$f":"CELL(\"Col\",Y5)-CELL(\"Col\",$B5)+1","v":24},25,26,27,28,29,30,31,32,33,34,35,36,37,38,39,40,41,42,43,44,45,46,47,48,49,50,51,52,53,54,55,{"$f":"CELL(\"Col\",BE5)-CELL(\"Col\",$B5)+1","v":56},57,58,59,60,61,62,63,64,65,66,67,68,69,70,71,72,73,74,75,76,77,78,79,80,81,82,83,84,85,86,87,{"$f":"CELL(\"Col\",CK5)-CELL(\"Col\",$B5)+1","v":88},89,90,91,92,93,94,95,96,97,98,99,100,101,102,103]
[null,"Code","Arbeitsverfahren","Einheit","Bemerkungen","HauptLeist","NebLeist","Material","varMaKo","VKges","DB","UV-Satz","UV","ZAfUV","AKhArb","AKhRüst","AKh","Lohnanspr","VarKo2","DB2","Festkost.","GesKost","UG",null,"Code","Schlepper","Umfang","Einh","Faktor","Diesel","Code","Schlepper","Umfang","Einh","Faktor","Diesel","Code","Schlepper","Umfang","Einh","Faktor","Diesel","Code","Schlepper","Umfang","Einh","Faktor","Diesel","Diesel-Verbrauch","ReparKosten","Sonst VK","Verrechungspreis","Kraftst-Kosten","Ölkosten","VarKo gesamt","AfA","ZA für AV","Sonst FK","Kestko Gesamt","Ges Kosten","ReparKosten","Sonst VK","Verrechungspreis","Kraftst-Verbrauch","Kraftst-Kosten","Ölkosten","VarKo gesamt","ReparKosten","Sonst VK","Verrechungspreis","Kraftst-Verbrauch","Kraftst-Kosten","Ölkosten","VarKo gesamt","ReparKosten","Sonst VK","Verrechungspreis","Kraftst-Verbrauch","Kraftst-Kosten","Ölkosten","VarKo gesamt","ReparKosten","Sonst VK","Verrechungspreis","Kraftst-Verbrauch","Kraftst-Kosten","Ölkosten","VarKo gesamt","AfA","ZA für AV","Sonst FK","Kestko Gesamt","AfA","ZA für AV","Sonst FK","Kestko Gesamt","AfA","ZA für AV","Sonst FK","Kestko Gesamt","AfA","ZA für AV","Sonst FK","Kestko Gesamt"]
[null,null,"TRANSPORT, UMSCHLAG",null,null,null,null,null,{"$f":"BC7","v":0},{"$f":"H7+I7","v":0},{"$f":"F7+G7-J7","v":0},null,{"$f":"(H7+I7)*L7","v":0},{"$f":"M7*Interest","v":0},null,null,{"$f":"O7+P7","v":0},{"$f":"Q7*Lohnanspruch","v":0},{"$f":"J7+N7+R7","v":0},{"$f":"K7-N7-R7","v":0},{"$f":"BG7","v":0},{"$f":"H7+I7+N7+R7+U7","v":0},{"$f":"T7-U7","v":0},null,null,null,null,null,null,null,null,null,null,null,null,null,null,null,null,null,null,null,null,null,null,null,null,null,{"$f":"BL7+BS7+BZ7+CG7","v":0},{"$f":"BI7+BP7+BW7+CD7","v":0},{"$f":"BJ7+BQ7+BX7+CE7","v":0},{"$f":"BK7+BR7+BY7+CF7","v":0},{"$f":"BM7+BT7+CA7+CH7","v":0},{"$f":"BN7+BU7+CB7+CI7","v":0},{"$f":"SUM(AX7:AZ7,BA7:BB7)","v":0},{"$f":"CK7+CO7+CS7+CW7","v":0},{"$f":"CL7+CP7+CT7+CX7","v":0},{"$f":"CM7+CQ7+CU7+CY7","v":0},{"$f":"CN7+CR7+CV7+CZ7","v":0},{"$f":"BG7+BC7","v":0},{"$f":"(IF(ISNA(VLOOKUP(Y7,ltSchlepper,Maschinen!$K$6,FALSE))=TRUE,0,VLOOKUP(Y7,ltSchlepper,Maschinen!$K$6,FALSE)*AA7))","v":0},{"$f":"(IF(ISNA(VLOOKUP(Y7,ltSchlepper,Maschinen!$L$6,FALSE))=TRUE,0,VLOOKUP(Y7,ltSchlepper,Maschinen!$L$6,FALSE)*AA7))","v":0},{"$f":"(IF(ISNA(VLOOKUP(Y7,ltSchlepper,Maschinen!$M$6,FALSE))=TRUE,0,VLOOKUP(Y7,ltSchlepper,Maschinen!$M$6,FALSE)*AA7))","v":0},{"$f":"(IF(ISNA(VLOOKUP(Y7,ltSchlepper,Maschinen!$N$6,FALSE))=TRUE,0,VLOOKUP(Y7,ltSchlepper,Maschinen!$N$6,FALSE)*AA7*IF(ISBLANK(AC7),1,AC7)))","v":0},{"$f":"(IF(ISNA(VLOOKUP(Y7,ltSchlepper,Maschinen!$O$6,FALSE))=TRUE,0,VLOOKUP(Y7,ltSchlepper,Maschinen!$O$6,FALSE)*AA7*IF(ISBLANK(AC7),1,AC7)))","v":0},{"$f":"(IF(ISNA(VLOOKUP(Y7,ltSchlepper,Maschinen!$P$6,FALSE))=TRUE,0,VLOOKUP(Y7,ltSchlepper,Maschinen!$P$6,FALSE)*AA7*IF(ISBLANK(AC7),1,AC7)))","v":0},{"$f":"SUM(BI7:BK7,BM7:BN7)","v":0},{"$f":"(IF(ISNA(VLOOKUP(AE7,ltSchlepper,Maschinen!$K$6,FALSE))=TRUE,0,VLOOKUP(AE7,ltSchlepper,Maschinen!$K$6,FALSE)*AG7))","v":0},{"$f":"(IF(ISNA(VLOOKUP(AE7,ltSchlepper,Maschinen!$L$6,FALSE))=TRUE,0,VLOOKUP(AE7,ltSchlepper,Maschinen!$L$6,FALSE)*AG7))","v":0},{"$f":"(IF(ISNA(VLOOKUP(AE7,ltSchlepper,Maschinen!$M$6,FALSE))=TRUE,0,VLOOKUP(AE7,ltSchlepper,Maschinen!$M$6,FALSE)*AG7))","v":0},{"$f":"(IF(ISNA(VLOOKUP(AE7,ltSchlepper,Maschinen!$N$6,FALSE))=TRUE,0,VLOOKUP(AE7,ltSchlepper,Maschinen!$N$6,FALSE)*AG7*IF(ISBLANK(AI7),1,AI7)))","v":0},{"$f":"(IF(ISNA(VLOOKUP(AE7,ltSchlepper,Maschinen!$O$6,FALSE))=TRUE,0,VLOOKUP(AE7,ltSchlepper,Maschinen!$O$6,FALSE)*AG7*IF(ISBLANK(AI7),1,AI7)))","v":0},{"$f":"(IF(ISNA(VLOOKUP(AE7,ltSchlepper,Maschinen!$P$6,FALSE))=TRUE,0,VLOOKUP(AE7,ltSchlepper,Maschinen!$P$6,FALSE)*AG7*IF(ISBLANK(AI7),1,AI7)))","v":0},{"$f":"SUM(BP7:BR7,BT7:BU7)","v":0},{"$f":"(IF(ISNA(VLOOKUP(AK7,ltSchlepper,Maschinen!$K$6,FALSE))=TRUE,0,VLOOKUP(AK7,ltSchlepper,Maschinen!$K$6,FALSE)*AM7))","v":0},{"$f":"(IF(ISNA(VLOOKUP(AK7,ltSchlepper,Maschinen!$L$6,FALSE))=TRUE,0,VLOOKUP(AK7,ltSchlepper,Maschinen!$L$6,FALSE)*AM7))","v":0},{"$f":"(IF(ISNA(VLOOKUP(AK7,ltSchlepper,Maschinen!$M$6,FALSE))=TRUE,0,VLOOKUP(AK7,ltSchlepper,Maschinen!$M$6,FALSE)*AM7))","v":0},{"$f":"(IF(ISNA(VLOOKUP(AK7,ltSchlepper,Maschinen!$N$6,FALSE))=TRUE,0,VLOOKUP(AK7,ltSchlepper,Maschinen!$N$6,FALSE)*AM7*IF(ISBLANK(AO7),1,AO7)))","v":0},{"$f":"(IF(ISNA(VLOOKUP(AK7,ltSchlepper,Maschinen!$O$6,FALSE))=TRUE,0,VLOOKUP(AK7,ltSchlepper,Maschinen!$O$6,FALSE)*AM7*IF(ISBLANK(AO7),1,AO7)))","v":0},{"$f":"(IF(ISNA(VLOOKUP(AK7,ltSchlepper,Maschinen!$P$6,FALSE))=TRUE,0,VLOOKUP(AK7,ltSchlepper,Maschinen!$P$6,FALSE)*AM7*IF(ISBLANK(AO7),1,AO7)))","v":0},{"$f":"SUM(BW7:BY7,CA7:CB7)","v":0},{"$f":"(IF(ISNA(VLOOKUP(AQ7,ltSchlepper,Maschinen!$K$6,FALSE))=TRUE,0,VLOOKUP(AQ7,ltSchlepper,Maschinen!$K$6,FALSE)*AS7))","v":0},{"$f":"(IF(ISNA(VLOOKUP(AQ7,ltSchlepper,Maschinen!$L$6,FALSE))=TRUE,0,VLOOKUP(AQ7,ltSchlepper,Maschinen!$L$6,FALSE)*AS7))","v":0},{"$f":"(IF(ISNA(VLOOKUP(AQ7,ltSchlepper,Maschinen!$M$6,FALSE))=TRUE,0,VLOOKUP(AQ7,ltSchlepper,Maschinen!$M$6,FALSE)*AS7))","v":0},{"$f":"(IF(ISNA(VLOOKUP(AQ7,ltSchlepper,Maschinen!$N$6,FALSE))=TRUE,0,VLOOKUP(AQ7,ltSchlepper,Maschinen!$N$6,FALSE)*AS7*IF(ISBLANK(AU7),1,AU7)))","v":0},{"$f":"(IF(ISNA(VLOOKUP(AQ7,ltSchlepper,Maschinen!$O$6,FALSE))=TRUE,0,VLOOKUP(AQ7,ltSchlepper,Maschinen!$O$6,FALSE)*AS7*IF(ISBLANK(AU7),1,AU7)))","v":0},{"$f":"(IF(ISNA(VLOOKUP(AQ7,ltSchlepper,Maschinen!$P$6,FALSE))=TRUE,0,VLOOKUP(AQ7,ltSchlepper,Maschinen!$P$6,FALSE)*AS7*IF(ISBLANK(AU7),1,AU7)))","v":0},{"$f":"SUM(CD7:CF7,CH7:CI7)","v":0},{"$f":"(IF(ISNA(VLOOKUP(Y7,ltSchlepper,Maschinen!$AA$6,FALSE))=TRUE,0,VLOOKUP(Y7,ltSchlepper,Maschinen!$AA$6,FALSE)*AA7))","v":0},{"$f":"(IF(ISNA(VLOOKUP(Y7,ltSchlepper,Maschinen!$AB$6,FALSE))=TRUE,0,VLOOKUP(Y7,ltSchlepper,Maschinen!$AB$6,FALSE)*AA7))","v":0},{"$f":"(IF(ISNA(VLOOKUP(Y7,ltSchlepper,Maschinen!$AC$6,FALSE))=TRUE,0,VLOOKUP(Y7,ltSchlepper,Maschinen!$AC$6,FALSE)*AA7))","v":0},{"$f":"SUM(CK7:CM7)","v":0},{"$f":"(IF(ISNA(VLOOKUP(AE7,ltSchlepper,Maschinen!$AA$6,FALSE))=TRUE,0,VLOOKUP(AE7,ltSchlepper,Maschinen!$AA$6,FALSE)*AG7))","v":0},{"$f":"(IF(ISNA(VLOOKUP(AE7,ltSchlepper,Maschinen!$AB$6,FALSE))=TRUE,0,VLOOKUP(AE7,ltSchlepper,Maschinen!$AB$6,FALSE)*AG7))","v":0},{"$f":"(IF(ISNA(VLOOKUP(AE7,ltSchlepper,Maschinen!$AC$6,FALSE))=TRUE,0,VLOOKUP(AE7,ltSchlepper,Maschinen!$AC$6,FALSE)*AG7))","v":0},{"$f":"SUM(CO7:CQ7)","v":0},{"$f":"(IF(ISNA(VLOOKUP(AK7,ltSchlepper,Maschinen!$AA$6,FALSE))=TRUE,0,VLOOKUP(AK7,ltSchlepper,Maschinen!$AA$6,FALSE)*AM7))","v":0},{"$f":"(IF(ISNA(VLOOKUP(AK7,ltSchlepper,Maschinen!$AB$6,FALSE))=TRUE,0,VLOOKUP(AK7,ltSchlepper,Maschinen!$AB$6,FALSE)*AM7))","v":0},{"$f":"(IF(ISNA(VLOOKUP(AK7,ltSchlepper,Maschinen!$AC$6,FALSE))=TRUE,0,VLOOKUP(AK7,ltSchlepper,Maschinen!$AC$6,FALSE)*AM7))","v":0},{"$f":"SUM(CS7:CU7)","v":0},{"$f":"(IF(ISNA(VLOOKUP(AQ7,ltSchlepper,Maschinen!$AA$6,FALSE))=TRUE,0,VLOOKUP(AQ7,ltSchlepper,Maschinen!$AA$6,FALSE)*AS7))","v":0},{"$f":"(IF(ISNA(VLOOKUP(AQ7,ltSchlepper,Maschinen!$AB$6,FALSE))=TRUE,0,VLOOKUP(AQ7,ltSchlepper,Maschinen!$AB$6,FALSE)*AS7))","v":0},{"$f":"(IF(ISNA(VLOOKUP(AQ7,ltSchlepper,Maschinen!$AC$6,FALSE))=TRUE,0,VLOOKUP(AQ7,ltSchlepper,Maschinen!$AC$6,FALSE)*AS7))","v":0},{"$f":"SUM(CW7:CY7)","v":0}]
[null,21111,"*Häckselguttransport S2 20t/h","h","Entfernung ca. 1 Fuhre pro h",65,null,null,{"$f":"BC8","v":25.96752},25.96752,39.03248,0.1,2.5967520000000004,{"$f":"M8*Interest","v":7.790256000000001E-2},1,0.05,{"$f":"O8+P8","v":1.05},26.25,{"$f":"J8+N8+R8","v":52.295422559999999},{"$f":"K8-N8-R8","v":12.704577440000001},0,{"$f":"H8+I8+N8+R8+U8","v":52.295422559999999},{"$f":"T8-U8","v":12.704577440000001},null,11220,{"$f":"IF(ISNA(VLOOKUP(Y8,ltSchlepper,2,FALSE))=TRUE,\"\",VLOOKUP(Y8,ltSchlepper,2,FALSE))","v":"*S2 Allradschlepper 102kW/139PS stufenlos"},1,{"$f":"IF(ISNA(VLOOKUP(Y8,ltSchlepper,3,FALSE))=TRUE,\"\",VLOOKUP(Y8,ltSchlepper,3,FALSE))","v":"h"},1.2,{"$f":"IF(ISNA(VLOOKUP(Y8,ltSchlepper,SchKraftstoffVerb,FALSE))=TRUE,0,VLOOKUP(Y8,ltSchlepper,SchKraftstoffVerb,FALSE)*IF(ISBLANK(AC8),1,AC8)*AA8)","v":14.879999999999999},11419,{"$f":"IF(ISNA(VLOOKUP(AE8,ltSchlepper,2,FALSE))=TRUE,\"\",VLOOKUP(AE8,ltSchlepper,2,FALSE))","v":"*W1 Häckseltransportwagen 33m³"},20,{"$f":"IF(ISNA(VLOOKUP(AE8,ltSchlepper,3,FALSE))=TRUE,\"\",VLOOKUP(AE8,ltSchlepper,3,FALSE))","v":"t"},1,{"$f":"IF(ISNA(VLOOKUP(AE8,ltSchlepper,SchKraftstoffVerb,FALSE))=TRUE,0,VLOOKUP(AE8,ltSchlepper,SchKraftstoffVerb,FALSE)*IF(ISBLANK(AI8),1,AI8)*AG8)","v":0},null,{"$f":"IF(ISNA(VLOOKUP(AK8,ltSchlepper,2,FALSE))=TRUE,\"\",VLOOKUP(AK8,ltSchlepper,2,FALSE))","v":""},null,{"$f":"IF(ISNA(VLOOKUP(AK8,ltSchlepper,3,FALSE))=TRUE,\"\",VLOOKUP(AK8,ltSchlepper,3,FALSE))","v":""},null,{"$f":"IF(ISNA(VLOOKUP(AK8,ltSchlepper,SchKraftstoffVerb,FALSE))=TRUE,0,VLOOKUP(AK8,ltSchlepper,SchKraftstoffVerb,FALSE)*IF(ISBLANK(AO8),1,AO8)*AM8)","v":0},null,{"$f":"IF(ISNA(VLOOKUP(AQ8,ltSchlepper,2,FALSE))=TRUE,\"\",VLOOKUP(AQ8,ltSchlepper,2,FALSE))","v":""},null,{"$f":"IF(ISNA(VLOOKUP(AQ8,ltSchlepper,3,FALSE))=TRUE,\"\",VLOOKUP(AQ8,ltSchlepper,3,FALSE))","v":""},null,{"$f":"IF(ISNA(VLOOKUP(AQ8,ltSchlepper,SchKraftstoffVerb,FALSE))=TRUE,0,VLOOKUP(AQ8,ltSchlepper,SchKraftstoffVerb,FALSE)*IF(ISBLANK(AU8),1,AU8)*AS8)","v":0},{"$f":"BL8+BS8+BZ8+CG8","v":14.879999999999999},{"$f":"BI8+BP8+BW8+CD8","v":11.4},0,0,{"$f":"BM8+BT8+CA8+CH8","v":14.135999999999999},0.43152000000000001,{"$f":"SUM(AX8:AZ8,BA8:BB8)","v":25.96752},{"$f":"CK8+CO8+CS8+CW8","v":0},0,0,0,{"$f":"BG8+BC8","v":25.96752},{"$f":"(IF(ISNA(VLOOKUP(Y8,ltSchlepper,Maschinen!$K$6,FALSE))=TRUE,0,VLOOKUP(Y8,ltSchlepper,Maschinen!$K$6,FALSE)*AA8))","v":7.4},{"$f":"(IF(ISNA(VLOOKUP(Y8,ltSchlepper,Maschinen!$L$6,FALSE))=TRUE,0,VLOOKUP(Y8,ltSchlepper,Maschinen!$L$6,FALSE)*AA8))","v":0},{"$f":"(IF(ISNA(VLOOKUP(Y8,ltSchlepper,Maschinen!$M$6,FALSE))=TRUE,0,VLOOKUP(Y8,ltSchlepper,Maschinen!$M$6,FALSE)*AA8))","v":0},{"$f":"(IF(ISNA(VLOOKUP(Y8,ltSchlepper,Maschinen!$N$6,FALSE))=TRUE,0,VLOOKUP(Y8,ltSchlepper,Maschinen!$N$6,FALSE)*AA8*IF(ISBLANK(AC8),1,AC8)))","v":14.879999999999999},{"$f":"(IF(ISNA(VLOOKUP(Y8,ltSchlepper,Maschinen!$O$6,FALSE))=TRUE,0,VLOOKUP(Y8,ltSchlepper,Maschinen!$O$6,FALSE)*AA8*IF(ISBLANK(AC8),1,AC8)))","v":14.135999999999999},{"$f":"(IF(ISNA(VLOOKUP(Y8,ltSchlepper,Maschinen!$P$6,FALSE))=TRUE,0,VLOOKUP(Y8,ltSchlepper,Maschinen!$P$6,FALSE)*AA8*IF(ISBLANK(AC8),1,AC8)))","v":0.43152000000000001},21.96752,{"$f":"(IF(ISNA(VLOOKUP(AE8,ltSchlepper,Maschinen!$K$6,FALSE))=TRUE,0,VLOOKUP(AE8,ltSchlepper,Maschinen!$K$6,FALSE)*AG8))","v":4},{"$f":"(IF(ISNA(VLOOKUP(AE8,ltSchlepper,Maschinen!$L$6,FALSE))=TRUE,0,VLOOKUP(AE8,ltSchlepper,Maschinen!$L$6,FALSE)*AG8))","v":0},{"$f":"(IF(ISNA(VLOOKUP(AE8,ltSchlepper,Maschinen!$M$6,FALSE))=TRUE,0,VLOOKUP(AE8,ltSchlepper,Maschinen!$M$6,FALSE)*AG8))","v":0},{"$f":"(IF(ISNA(VLOOKUP(AE8,ltSchlepper,Maschinen!$N$6,FALSE))=TRUE,0,VLOOKUP(AE8,ltSchlepper,Maschinen!$N$6,FALSE)*AG8*IF(ISBLANK(AI8),1,AI8)))","v":0},{"$f":"(IF(ISNA(VLOOKUP(AE8,ltSchlepper,Maschinen!$O$6,FALSE))=TRUE,0,VLOOKUP(AE8,ltSchlepper,Maschinen!$O$6,FALSE)*AG8*IF(ISBLANK(AI8),1,AI8)))","v":0},{"$f":"(IF(ISNA(VLOOKUP(AE8,ltSchlepper,Maschinen!$P$6,FALSE))=TRUE,0,VLOOKUP(AE8,ltSchlepper,Maschinen!$P$6,FALSE)*AG8*IF(ISBLANK(AI8),1,AI8)))","v":0},4,{"$f":"(IF(ISNA(VLOOKUP(AK8,ltSchlepper,Maschinen!$K$6,FALSE))=TRUE,0,VLOOKUP(AK8,ltSchlepper,Maschinen!$K$6,FALSE)*AM8))","v":0},{"$f":"(IF(ISNA(VLOOKUP(AK8,ltSchlepper,Maschinen!$L$6,FALSE))=TRUE,0,VLOOKUP(AK8,ltSchlepper,Maschinen!$L$6,FALSE)*AM8))","v":0},{"$f":"(IF(ISNA(VLOOKUP(AK8,ltSchlepper,Maschinen!$M$6,FALSE))=TRUE,0,VLOOKUP(AK8,ltSchlepper,Maschinen!$M$6,FALSE)*AM8))","v":0},{"$f":"(IF(ISNA(VLOOKUP(AK8,ltSchlepper,Maschinen!$N$6,FALSE))=TRUE,0,VLOOKUP(AK8,ltSchlepper,Maschinen!$N$6,FALSE)*AM8*IF(ISBLANK(AO8),1,AO8)))","v":0},{"$f":"(IF(ISNA(VLOOKUP(AK8,ltSchlepper,Maschinen!$O$6,FALSE))=TRUE,0,VLOOKUP(AK8,ltSchlepper,Maschinen!$O$6,FALSE)*AM8*IF(ISBLANK(AO8),1,AO8)))","v":0},{"$f":"(IF(ISNA(VLOOKUP(AK8,ltSchlepper,Maschinen!$P$6,FALSE))=TRUE,0,VLOOKUP(AK8,ltSchlepper,Maschinen!$P$6,FALSE)*AM8*IF(ISBLANK(AO8),1,AO8)))","v":0},{"$f":"SUM(BW8:BY8,CA8:CB8)","v":0},{"$f":"(IF(ISNA(VLOOKUP(AQ8,ltSchlepper,Maschinen!$K$6,FALSE))=TRUE,0,VLOOKUP(AQ8,ltSchlepper,Maschinen!$K$6,FALSE)*AS8))","v":0},{"$f":"(IF(ISNA(VLOOKUP(AQ8,ltSchlepper,Maschinen!$L$6,FALSE))=TRUE,0,VLOOKUP(AQ8,ltSchlepper,Maschinen!$L$6,FALSE)*AS8))","v":0},{"$f":"(IF(ISNA(VLOOKUP(AQ8,ltSchlepper,Maschinen!$M$6,FALSE))=TRUE,0,VLOOKUP(AQ8,ltSchlepper,Maschinen!$M$6,FALSE)*AS8))","v":0},{"$f":"(IF(ISNA(VLOOKUP(AQ8,ltSchlepper,Maschinen!$N$6,FALSE))=TRUE,0,VLOOKUP(AQ8,ltSchlepper,Maschinen!$N$6,FALSE)*AS8*IF(ISBLANK(AU8),1,AU8)))","v":0},{"$f":"(IF(ISNA(VLOOKUP(AQ8,ltSchlepper,Maschinen!$O$6,FALSE))=TRUE,0,VLOOKUP(AQ8,ltSchlepper,Maschinen!$O$6,FALSE)*AS8*IF(ISBLANK(AU8),1,AU8)))","v":0},{"$f":"(IF(ISNA(VLOOKUP(AQ8,ltSchlepper,Maschinen!$P$6,FALSE))=TRUE,0,VLOOKUP(AQ8,ltSchlepper,Maschinen!$P$6,FALSE)*AS8*IF(ISBLANK(AU8),1,AU8)))","v":0},{"$f":"SUM(CD8:CF8,CH8:CI8)","v":0},{"$f":"(IF(ISNA(VLOOKUP(Y8,ltSchlepper,Maschinen!$AA$6,FALSE))=TRUE,0,VLOOKUP(Y8,ltSchlepper,Maschinen!$AA$6,FALSE)*AA8))","v":0},{"$f":"(IF(ISNA(VLOOKUP(Y8,ltSchlepper,Maschinen!$AB$6,FALSE))=TRUE,0,VLOOKUP(Y8,ltSchlepper,Maschinen!$AB$6,FALSE)*AA8))","v":0},{"$f":"(IF(ISNA(VLOOKUP(Y8,ltSchlepper,Maschinen!$AC$6,FALSE))=TRUE,0,VLOOKUP(Y8,ltSchlepper,Maschinen!$AC$6,FALSE)*AA8))","v":0},0,{"$f":"(IF(ISNA(VLOOKUP(AE8,ltSchlepper,Maschinen!$AA$6,FALSE))=TRUE,0,VLOOKUP(AE8,ltSchlepper,Maschinen!$AA$6,FALSE)*AG8))","v":0},{"$f":"(IF(ISNA(VLOOKUP(AE8,ltSchlepper,Maschinen!$AB$6,FALSE))=TRUE,0,VLOOKUP(AE8,ltSchlepper,Maschinen!$AB$6,FALSE)*AG8))","v":0},{"$f":"(IF(ISNA(VLOOKUP(AE8,ltSchlepper,Maschinen!$AC$6,FALSE))=TRUE,0,VLOOKUP(AE8,ltSchlepper,Maschinen!$AC$6,FALSE)*AG8))","v":0},0,{"$f":"(IF(ISNA(VLOOKUP(AK8,ltSchlepper,Maschinen!$AA$6,FALSE))=TRUE,0,VLOOKUP(AK8,ltSchlepper,Maschinen!$AA$6,FALSE)*AM8))","v":0},{"$f":"(IF(ISNA(VLOOKUP(AK8,ltSchlepper,Maschinen!$AB$6,FALSE))=TRUE,0,VLOOKUP(AK8,ltSchlepper,Maschinen!$AB$6,FALSE)*AM8))","v":0},{"$f":"(IF(ISNA(VLOOKUP(AK8,ltSchlepper,Maschinen!$AC$6,FALSE))=TRUE,0,VLOOKUP(AK8,ltSchlepper,Maschinen!$AC$6,FALSE)*AM8))","v":0},0,{"$f":"(IF(ISNA(VLOOKUP(AQ8,ltSchlepper,Maschinen!$AA$6,FALSE))=TRUE,0,VLOOKUP(AQ8,ltSchlepper,Maschinen!$AA$6,FALSE)*AS8))","v":0},{"$f":"(IF(ISNA(VLOOKUP(AQ8,ltSchlepper,Maschinen!$AB$6,FALSE))=TRUE,0,VLOOKUP(AQ8,ltSchlepper,Maschinen!$AB$6,FALSE)*AS8))","v":0},{"$f":"(IF(ISNA(VLOOKUP(AQ8,ltSchlepper,Maschinen!$AC$6,FALSE))=TRUE,0,VLOOKUP(AQ8,ltSchlepper,Maschinen!$AC$6,FALSE)*AS8))","v":0},0]
[null,21122,"*Häckselguttransport S2 40t/h","h","Entfernung ca. 2 Fuhren pro h",65,null,null,28.75356,28.75356,{"$f":"F9+G9-J9","v":36.24644},0.1,2.875356,{"$f":"M9*Interest","v":8.6260679999999992E-2},1,0.05,1.05,{"$f":"Q9*Lohnanspruch","v":26.25},55.089820680000003,{"$f":"K9-N9-R9","v":9.9101793199999975},0,55.089820680000003,{"$f":"T9-U9","v":9.9101793199999975},null,11220,{"$f":"IF(ISNA(VLOOKUP(Y9,ltSchlepper,2,FALSE))=TRUE,\"\",VLOOKUP(Y9,ltSchlepper,2,FALSE))","v":"*S2 Allradschlepper 102kW/139PS stufenlos"},1,{"$f":"IF(ISNA(VLOOKUP(Y9,ltSchlepper,3,FALSE))=TRUE,\"\",VLOOKUP(Y9,ltSchlepper,3,FALSE))","v":"h"},1.1000000000000001,{"$f":"IF(ISNA(VLOOKUP(Y9,ltSchlepper,SchKraftstoffVerb,FALSE))=TRUE,0,VLOOKUP(Y9,ltSchlepper,SchKraftstoffVerb,FALSE)*IF(ISBLANK(AC9),1,AC9)*AA9)","v":13.640000000000002},11419,{"$f":"IF(ISNA(VLOOKUP(AE9,ltSchlepper,2,FALSE))=TRUE,\"\",VLOOKUP(AE9,ltSchlepper,2,FALSE))","v":"*W1 Häckseltransportwagen 33m³"},40,{"$f":"IF(ISNA(VLOOKUP(AE9,ltSchlepper,3,FALSE))=TRUE,\"\",VLOOKUP(AE9,ltSchlepper,3,FALSE))","v":"t"},1,{"$f":"IF(ISNA(VLOOKUP(AE9,ltSchlepper,SchKraftstoffVerb,FALSE))=TRUE,0,VLOOKUP(AE9,ltSchlepper,SchKraftstoffVerb,FALSE)*IF(ISBLANK(AI9),1,AI9)*AG9)","v":0},null,{"$f":"IF(ISNA(VLOOKUP(AK9,ltSchlepper,2,FALSE))=TRUE,\"\",VLOOKUP(AK9,ltSchlepper,2,FALSE))","v":""},null,{"$f":"IF(ISNA(VLOOKUP(AK9,ltSchlepper,3,FALSE))=TRUE,\"\",VLOOKUP(AK9,ltSchlepper,3,FALSE))","v":""},null,{"$f":"IF(ISNA(VLOOKUP(AK9,ltSchlepper,SchKraftstoffVerb,FALSE))=TRUE,0,VLOOKUP(AK9,ltSchlepper,SchKraftstoffVerb,FALSE)*IF(ISBLANK(AO9),1,AO9)*AM9)","v":0},null,{"$f":"IF(ISNA(VLOOKUP(AQ9,ltSchlepper,2,FALSE))=TRUE,\"\",VLOOKUP(AQ9,ltSchlepper,2,FALSE))","v":""},null,{"$f":"IF(ISNA(VLOOKUP(AQ9,ltSchlepper,3,FALSE))=TRUE,\"\",VLOOKUP(AQ9,ltSchlepper,3,FALSE))","v":""},null,{"$f":"IF(ISNA(VLOOKUP(AQ9,ltSchlepper,SchKraftstoffVerb,FALSE))=TRUE,0,VLOOKUP(AQ9,ltSchlepper,SchKraftstoffVerb,FALSE)*IF(ISBLANK(AU9),1,AU9)*AS9)","v":0},13.640000000000002,15.4,0,0,12.958,0.39556000000000008,28.75356,0,0,0,0,28.75356,{"$f":"(IF(ISNA(VLOOKUP(Y9,ltSchlepper,[1]Maschinen!$K$6,FALSE))=TRUE,0,VLOOKUP(Y9,ltSchlepper,[1]Maschinen!$K$6,FALSE)*AA9))","v":7.4},{"$f":"(IF(ISNA(VLOOKUP(Y9,ltSchlepper,[1]Maschinen!$L$6,FALSE))=TRUE,0,VLOOKUP(Y9,ltSchlepper,[1]Maschinen!$L$6,FALSE)*AA9))","v":0},{"$f":"(IF(ISNA(VLOOKUP(Y9,ltSchlepper,[1]Maschinen!$M$6,FALSE))=TRUE,0,VLOOKUP(Y9,ltSchlepper,[1]Maschinen!$M$6,FALSE)*AA9))","v":0},{"$f":"(IF(ISNA(VLOOKUP(Y9,ltSchlepper,[1]Maschinen!$N$6,FALSE))=TRUE,0,VLOOKUP(Y9,ltSchlepper,[1]Maschinen!$N$6,FALSE)*AA9*IF(ISBLANK(AC9),1,AC9)))","v":13.640000000000002},{"$f":"(IF(ISNA(VLOOKUP(Y9,ltSchlepper,[1]Maschinen!$O$6,FALSE))=TRUE,0,VLOOKUP(Y9,ltSchlepper,[1]Maschinen!$O$6,FALSE)*AA9*IF(ISBLANK(AC9),1,AC9)))","v":12.958},{"$f":"(IF(ISNA(VLOOKUP(Y9,ltSchlepper,[1]Maschinen!$P$6,FALSE))=TRUE,0,VLOOKUP(Y9,ltSchlepper,[1]Maschinen!$P$6,FALSE)*AA9*IF(ISBLANK(AC9),1,AC9)))","v":0.39556000000000008},20.75356,{"$f":"(IF(ISNA(VLOOKUP(AE9,ltSchlepper,[1]Maschinen!$K$6,FALSE))=TRUE,0,VLOOKUP(AE9,ltSchlepper,[1]Maschinen!$K$6,FALSE)*AG9))","v":8},{"$f":"(IF(ISNA(VLOOKUP(AE9,ltSchlepper,[1]Maschinen!$L$6,FALSE))=TRUE,0,VLOOKUP(AE9,ltSchlepper,[1]Maschinen!$L$6,FALSE)*AG9))","v":0},{"$f":"(IF(ISNA(VLOOKUP(AE9,ltSchlepper,[1]Maschinen!$M$6,FALSE))=TRUE,0,VLOOKUP(AE9,ltSchlepper,[1]Maschinen!$M$6,FALSE)*AG9))","v":0},{"$f":"(IF(ISNA(VLOOKUP(AE9,ltSchlepper,[1]Maschinen!$N$6,FALSE))=TRUE,0,VLOOKUP(AE9,ltSchlepper,[1]Maschinen!$N$6,FALSE)*AG9*IF(ISBLANK(AI9),1,AI9)))","v":0},{"$f":"(IF(ISNA(VLOOKUP(AE9,ltSchlepper,[1]Maschinen!$O$6,FALSE))=TRUE,0,VLOOKUP(AE9,ltSchlepper,[1]Maschinen!$O$6,FALSE)*AG9*IF(ISBLANK(AI9),1,AI9)))","v":0},{"$f":"(IF(ISNA(VLOOKUP(AE9,ltSchlepper,[1]Maschinen!$P$6,FALSE))=TRUE,0,VLOOKUP(AE9,ltSchlepper,[1]Maschinen!$P$6,FALSE)*AG9*IF(ISBLANK(AI9),1,AI9)))","v":0},8,{"$f":"(IF(ISNA(VLOOKUP(AK9,ltSchlepper,[1]Maschinen!$K$6,FALSE))=TRUE,0,VLOOKUP(AK9,ltSchlepper,[1]Maschinen!$K$6,FALSE)*AM9))","v":0},{"$f":"(IF(ISNA(VLOOKUP(AK9,ltSchlepper,[1]Maschinen!$L$6,FALSE))=TRUE,0,VLOOKUP(AK9,ltSchlepper,[1]Maschinen!$L$6,FALSE)*AM9))","v":0},{"$f":"(IF(ISNA(VLOOKUP(AK9,ltSchlepper,[1]Maschinen!$M$6,FALSE))=TRUE,0,VLOOKUP(AK9,ltSchlepper,[1]Maschinen!$M$6,FALSE)*AM9))","v":0},{"$f":"(IF(ISNA(VLOOKUP(AK9,ltSchlepper,[1]Maschinen!$N$6,FALSE))=TRUE,0,VLOOKUP(AK9,ltSchlepper,[1]Maschinen!$N$6,FALSE)*AM9*IF(ISBLANK(AO9),1,AO9)))","v":0},{"$f":"(IF(ISNA(VLOOKUP(AK9,ltSchlepper,[1]Maschinen!$O$6,FALSE))=TRUE,0,VLOOKUP(AK9,ltSchlepper,[1]Maschinen!$O$6,FALSE)*AM9*IF(ISBLANK(AO9),1,AO9)))","v":0},{"$f":"(IF(ISNA(VLOOKUP(AK9,ltSchlepper,[1]Maschinen!$P$6,FALSE))=TRUE,0,VLOOKUP(AK9,ltSchlepper,[1]Maschinen!$P$6,FALSE)*AM9*IF(ISBLANK(AO9),1,AO9)))","v":0},0,{"$f":"(IF(ISNA(VLOOKUP(AQ9,ltSchlepper,[1]Maschinen!$K$6,FALSE))=TRUE,0,VLOOKUP(AQ9,ltSchlepper,[1]Maschinen!$K$6,FALSE)*AS9))","v":0},{"$f":"(IF(ISNA(VLOOKUP(AQ9,ltSchlepper,[1]Maschinen!$L$6,FALSE))=TRUE,0,VLOOKUP(AQ9,ltSchlepper,[1]Maschinen!$L$6,FALSE)*AS9))","v":0},{"$f":"(IF(ISNA(VLOOKUP(AQ9,ltSchlepper,[1]Maschinen!$M$6,FALSE))=TRUE,0,VLOOKUP(AQ9,ltSchlepper,[1]Maschinen!$M$6,FALSE)*AS9))","v":0},{"$f":"(IF(ISNA(VLOOKUP(AQ9,ltSchlepper,[1]Maschinen!$N$6,FALSE))=TRUE,0,VLOOKUP(AQ9,ltSchlepper,[1]Maschinen!$N$6,FALSE)*AS9*IF(ISBLANK(AU9),1,AU9)))","v":0},{"$f":"(IF(ISNA(VLOOKUP(AQ9,ltSchlepper,[1]Maschinen!$O$6,FALSE))=TRUE,0,VLOOKUP(AQ9,ltSchlepper,[1]Maschinen!$O$6,FALSE)*AS9*IF(ISBLANK(AU9),1,AU9)))","v":0},{"$f":"(IF(ISNA(VLOOKUP(AQ9,ltSchlepper,[1]Maschinen!$P$6,FALSE))=TRUE,0,VLOOKUP(AQ9,ltSchlepper,[1]Maschinen!$P$6,FALSE)*AS9*IF(ISBLANK(AU9),1,AU9)))","v":0},0,{"$f":"(IF(ISNA(VLOOKUP(Y9,ltSchlepper,[1]Maschinen!$AA$6,FALSE))=TRUE,0,VLOOKUP(Y9,ltSchlepper,[1]Maschinen!$AA$6,FALSE)*AA9))","v":0},{"$f":"(IF(ISNA(VLOOKUP(Y9,ltSchlepper,[1]Maschinen!$AB$6,FALSE))=TRUE,0,VLOOKUP(Y9,ltSchlepper,[1]Maschinen!$AB$6,FALSE)*AA9))","v":0},{"$f":"(IF(ISNA(VLOOKUP(Y9,ltSchlepper,[1]Maschinen!$AC$6,FALSE))=TRUE,0,VLOOKUP(Y9,ltSchlepper,[1]Maschinen!$AC$6,FALSE)*AA9))","v":0},0,{"$f":"(IF(ISNA(VLOOKUP(AE9,ltSchlepper,[1]Maschinen!$AA$6,FALSE))=TRUE,0,VLOOKUP(AE9,ltSchlepper,[1]Maschinen!$AA$6,FALSE)*AG9))","v":0},{"$f":"(IF(ISNA(VLOOKUP(AE9,ltSchlepper,[1]Maschinen!$AB$6,FALSE))=TRUE,0,VLOOKUP(AE9,ltSchlepper,[1]Maschinen!$AB$6,FALSE)*AG9))","v":0},{"$f":"(IF(ISNA(VLOOKUP(AE9,ltSchlepper,[1]Maschinen!$AC$6,FALSE))=TRUE,0,VLOOKUP(AE9,ltSchlepper,[1]Maschinen!$AC$6,FALSE)*AG9))","v":0},0,{"$f":"(IF(ISNA(VLOOKUP(AK9,ltSchlepper,[1]Maschinen!$AA$6,FALSE))=TRUE,0,VLOOKUP(AK9,ltSchlepper,[1]Maschinen!$AA$6,FALSE)*AM9))","v":0},{"$f":"(IF(ISNA(VLOOKUP(AK9,ltSchlepper,[1]Maschinen!$AB$6,FALSE))=TRUE,0,VLOOKUP(AK9,ltSchlepper,[1]Maschinen!$AB$6,FALSE)*AM9))","v":0},{"$f":"(IF(ISNA(VLOOKUP(AK9,ltSchlepper,[1]Maschinen!$AC$6,FALSE))=TRUE,0,VLOOKUP(AK9,ltSchlepper,[1]Maschinen!$AC$6,FALSE)*AM9))","v":0},0,{"$f":"(IF(ISNA(VLOOKUP(AQ9,ltSchlepper,[1]Maschinen!$AA$6,FALSE))=TRUE,0,VLOOKUP(AQ9,ltSchlepper,[1]Maschinen!$AA$6,FALSE)*AS9))","v":0},{"$f":"(IF(ISNA(VLOOKUP(AQ9,ltSchlepper,[1]Maschinen!$AB$6,FALSE))=TRUE,0,VLOOKUP(AQ9,ltSchlepper,[1]Maschinen!$AB$6,FALSE)*AS9))","v":0},{"$f":"(IF(ISNA(VLOOKUP(AQ9,ltSchlepper,[1]Maschinen!$AC$6,FALSE))=TRUE,0,VLOOKUP(AQ9,ltSchlepper,[1]Maschinen!$AC$6,FALSE)*AS9))","v":0},0]
[null,21123,"*Häckselguttransport S2 60t/h","h","Entfernung ca. 3 Fuhren pro h",65,null,null,31.5396,31.5396,33.4604,0.1,3.1539600000000001,9.4618800000000003E-2,1,0.05,{"$f":"O10+P10","v":1.05},26.25,57.884218799999999,7.1157812000000007,0,57.884218799999999,7.1157812000000007,null,11220,"*S2 Allradschlepper 102kW/139PS stufenlos",1,"h",1,12.4,11419,"*W1 Häckseltransportwagen 33m³",60,"t",1,0,null,"",null,"",null,0,null,"",null,"",null,0,12.4,19.399999999999999,0,0,11.78,0.35960000000000003,31.5396,0,0,0,0,31.5396,{"$f":"(IF(ISNA(VLOOKUP(Y10,ltSchlepper,Maschinen!$K$6,FALSE))=TRUE,0,VLOOKUP(Y10,ltSchlepper,Maschinen!$K$6,FALSE)*AA10))","v":7.4},{"$f":"(IF(ISNA(VLOOKUP(Y10,ltSchlepper,Maschinen!$L$6,FALSE))=TRUE,0,VLOOKUP(Y10,ltSchlepper,Maschinen!$L$6,FALSE)*AA10))","v":0},{"$f":"(IF(ISNA(VLOOKUP(Y10,ltSchlepper,Maschinen!$M$6,FALSE))=TRUE,0,VLOOKUP(Y10,ltSchlepper,Maschinen!$M$6,FALSE)*AA10))","v":0},{"$f":"(IF(ISNA(VLOOKUP(Y10,ltSchlepper,Maschinen!$N$6,FALSE))=TRUE,0,VLOOKUP(Y10,ltSchlepper,Maschinen!$N$6,FALSE)*AA10*IF(ISBLANK(AC10),1,AC10)))","v":12.4},{"$f":"(IF(ISNA(VLOOKUP(Y10,ltSchlepper,Maschinen!$O$6,FALSE))=TRUE,0,VLOOKUP(Y10,ltSchlepper,Maschinen!$O$6,FALSE)*AA10*IF(ISBLANK(AC10),1,AC10)))","v":11.78},{"$f":"(IF(ISNA(VLOOKUP(Y10,ltSchlepper,Maschinen!$P$6,FALSE))=TRUE,0,VLOOKUP(Y10,ltSchlepper,Maschinen!$P$6,FALSE)*AA10*IF(ISBLANK(AC10),1,AC10)))","v":0.35960000000000003},19.5396,{"$f":"(IF(ISNA(VLOOKUP(AE10,ltSchlepper,Maschinen!$K$6,FALSE))=TRUE,0,VLOOKUP(AE10,ltSchlepper,Maschinen!$K$6,FALSE)*AG10))","v":12},{"$f":"(IF(ISNA(VLOOKUP(AE10,ltSchlepper,Maschinen!$L$6,FALSE))=TRUE,0,VLOOKUP(AE10,ltSchlepper,Maschinen!$L$6,FALSE)*AG10))","v":0},{"$f":"(IF(ISNA(VLOOKUP(AE10,ltSchlepper,Maschinen!$M$6,FALSE))=TRUE,0,VLOOKUP(AE10,ltSchlepper,Maschinen!$M$6,FALSE)*AG10))","v":0},{"$f":"(IF(ISNA(VLOOKUP(AE10,ltSchlepper,Maschinen!$N$6,FALSE))=TRUE,0,VLOOKUP(AE10,ltSchlepper,Maschinen!$N$6,FALSE)*AG10*IF(ISBLANK(AI10),1,AI10)))","v":0},{"$f":"(IF(ISNA(VLOOKUP(AE10,ltSchlepper,Maschinen!$O$6,FALSE))=TRUE,0,VLOOKUP(AE10,ltSchlepper,Maschinen!$O$6,FALSE)*AG10*IF(ISBLANK(AI10),1,AI10)))","v":0},{"$f":"(IF(ISNA(VLOOKUP(AE10,ltSchlepper,Maschinen!$P$6,FALSE))=TRUE,0,VLOOKUP(AE10,ltSchlepper,Maschinen!$P$6,FALSE)*AG10*IF(ISBLANK(AI10),1,AI10)))","v":0},12,{"$f":"(IF(ISNA(VLOOKUP(AK10,ltSchlepper,Maschinen!$K$6,FALSE))=TRUE,0,VLOOKUP(AK10,ltSchlepper,Maschinen!$K$6,FALSE)*AM10))","v":0},{"$f":"(IF(ISNA(VLOOKUP(AK10,ltSchlepper,Maschinen!$L$6,FALSE))=TRUE,0,VLOOKUP(AK10,ltSchlepper,Maschinen!$L$6,FALSE)*AM10))","v":0},{"$f":"(IF(ISNA(VLOOKUP(AK10,ltSchlepper,Maschinen!$M$6,FALSE))=TRUE,0,VLOOKUP(AK10,ltSchlepper,Maschinen!$M$6,FALSE)*AM10))","v":0},{"$f":"(IF(ISNA(VLOOKUP(AK10,ltSchlepper,Maschinen!$N$6,FALSE))=TRUE,0,VLOOKUP(AK10,ltSchlepper,Maschinen!$N$6,FALSE)*AM10*IF(ISBLANK(AO10),1,AO10)))","v":0},{"$f":"(IF(ISNA(VLOOKUP(AK10,ltSchlepper,Maschinen!$O$6,FALSE))=TRUE,0,VLOOKUP(AK10,ltSchlepper,Maschinen!$O$6,FALSE)*AM10*IF(ISBLANK(AO10),1,AO10)))","v":0},{"$f":"(IF(ISNA(VLOOKUP(AK10,ltSchlepper,Maschinen!$P$6,FALSE))=TRUE,0,VLOOKUP(AK10,ltSchlepper,Maschinen!$P$6,FALSE)*AM10*IF(ISBLANK(AO10),1,AO10)))","v":0},{"$f":"SUM(BW10:BY10,CA10:CB10)","v":0},{"$f":"(IF(ISNA(VLOOKUP(AQ10,ltSchlepper,Maschinen!$K$6,FALSE))=TRUE,0,VLOOKUP(AQ10,ltSchlepper,Maschinen!$K$6,FALSE)*AS10))","v":0},{"$f":"(IF(ISNA(VLOOKUP(AQ10,ltSchlepper,Maschinen!$L$6,FALSE))=TRUE,0,VLOOKUP(AQ10,ltSchlepper,Maschinen!$L$6,FALSE)*AS10))","v":0},{"$f":"(IF(ISNA(VLOOKUP(AQ10,ltSchlepper,Maschinen!$M$6,FALSE))=TRUE,0,VLOOKUP(AQ10,ltSchlepper,Maschinen!$M$6,FALSE)*AS10))","v":0},{"$f":"(IF(ISNA(VLOOKUP(AQ10,ltSchlepper,Maschinen!$N$6,FALSE))=TRUE,0,VLOOKUP(AQ10,ltSchlepper,Maschinen!$N$6,FALSE)*AS10*IF(ISBLANK(AU10),1,AU10)))","v":0},{"$f":"(IF(ISNA(VLOOKUP(AQ10,ltSchlepper,Maschinen!$O$6,FALSE))=TRUE,0,VLOOKUP(AQ10,ltSchlepper,Maschinen!$O$6,FALSE)*AS10*IF(ISBLANK(AU10),1,AU10)))","v":0},{"$f":"(IF(ISNA(VLOOKUP(AQ10,ltSchlepper,Maschinen!$P$6,FALSE))=TRUE,0,VLOOKUP(AQ10,ltSchlepper,Maschinen!$P$6,FALSE)*AS10*IF(ISBLANK(AU10),1,AU10)))","v":0},{"$f":"SUM(CD10:CF10,CH10:CI10)","v":0},{"$f":"(IF(ISNA(VLOOKUP(Y10,ltSchlepper,Maschinen!$AA$6,FALSE))=TRUE,0,VLOOKUP(Y10,ltSchlepper,Maschinen!$AA$6,FALSE)*AA10))","v":0},{"$f":"(IF(ISNA(VLOOKUP(Y10,ltSchlepper,Maschinen!$AB$6,FALSE))=TRUE,0,VLOOKUP(Y10,ltSchlepper,Maschinen!$AB$6,FALSE)*AA10))","v":0},{"$f":"(IF(ISNA(VLOOKUP(Y10,ltSchlepper,Maschinen!$AC$6,FALSE))=TRUE,0,VLOOKUP(Y10,ltSchlepper,Maschinen!$AC$6,FALSE)*AA10))","v":0},0,{"$f":"(IF(ISNA(VLOOKUP(AE10,ltSchlepper,Maschinen!$AA$6,FALSE))=TRUE,0,VLOOKUP(AE10,ltSchlepper,Maschinen!$AA$6,FALSE)*AG10))","v":0},{"$f":"(IF(ISNA(VLOOKUP(AE10,ltSchlepper,Maschinen!$AB$6,FALSE))=TRUE,0,VLOOKUP(AE10,ltSchlepper,Maschinen!$AB$6,FALSE)*AG10))","v":0},{"$f":"(IF(ISNA(VLOOKUP(AE10,ltSchlepper,Maschinen!$AC$6,FALSE))=TRUE,0,VLOOKUP(AE10,ltSchlepper,Maschinen!$AC$6,FALSE)*AG10))","v":0},0,{"$f":"(IF(ISNA(VLOOKUP(AK10,ltSchlepper,Maschinen!$AA$6,FALSE))=TRUE,0,VLOOKUP(AK10,ltSchlepper,Maschinen!$AA$6,FALSE)*AM10))","v":0},{"$f":"(IF(ISNA(VLOOKUP(AK10,ltSchlepper,Maschinen!$AB$6,FALSE))=TRUE,0,VLOOKUP(AK10,ltSchlepper,Maschinen!$AB$6,FALSE)*AM10))","v":0},{"$f":"(IF(ISNA(VLOOKUP(AK10,ltSchlepper,Maschinen!$AC$6,FALSE))=TRUE,0,VLOOKUP(AK10,ltSchlepper,Maschinen!$AC$6,FALSE)*AM10))","v":0},0,{"$f":"(IF(ISNA(VLOOKUP(AQ10,ltSchlepper,Maschinen!$AA$6,FALSE))=TRUE,0,VLOOKUP(AQ10,ltSchlepper,Maschinen!$AA$6,FALSE)*AS10))","v":0},{"$f":"(IF(ISNA(VLOOKUP(AQ10,ltSchlepper,Maschinen!$AB$6,FALSE))=TRUE,0,VLOOKUP(AQ10,ltSchlepper,Maschinen!$AB$6,FALSE)*AS10))","v":0},{"$f":"(IF(ISNA(VLOOKUP(AQ10,ltSchlepper,Maschinen!$AC$6,FALSE))=TRUE,0,VLOOKUP(AQ10,ltSchlepper,Maschinen!$AC$6,FALSE)*AS10))","v":0},0]
[null,21125,null,null,null,null,null,null,0,0,0,0.1,0,0,null,null,{"$f":"O11+P11","v":0},0,0,0,0,0,0,null,null,"",null,"",null,0,null,"",null,"",null,0,null,"",null,"",null,0,null,"",null,"",null,0,0,0,0,0,0,0,0,0,0,0,0,0,{"$f":"(IF(ISNA(VLOOKUP(Y11,ltSchlepper,Maschinen!$K$6,FALSE))=TRUE,0,VLOOKUP(Y11,ltSchlepper,Maschinen!$K$6,FALSE)*AA11))","v":0},{"$f":"(IF(ISNA(VLOOKUP(Y11,ltSchlepper,Maschinen!$L$6,FALSE))=TRUE,0,VLOOKUP(Y11,ltSchlepper,Maschinen!$L$6,FALSE)*AA11))","v":0},{"$f":"(IF(ISNA(VLOOKUP(Y11,ltSchlepper,Maschinen!$M$6,FALSE))=TRUE,0,VLOOKUP(Y11,ltSchlepper,Maschinen!$M$6,FALSE)*AA11))","v":0},{"$f":"(IF(ISNA(VLOOKUP(Y11,ltSchlepper,Maschinen!$N$6,FALSE))=TRUE,0,VLOOKUP(Y11,ltSchlepper,Maschinen!$N$6,FALSE)*AA11*IF(ISBLANK(AC11),1,AC11)))","v":0},{"$f":"(IF(ISNA(VLOOKUP(Y11,ltSchlepper,Maschinen!$O$6,FALSE))=TRUE,0,VLOOKUP(Y11,ltSchlepper,Maschinen!$O$6,FALSE)*AA11*IF(ISBLANK(AC11),1,AC11)))","v":0},{"$f":"(IF(ISNA(VLOOKUP(Y11,ltSchlepper,Maschinen!$P$6,FALSE))=TRUE,0,VLOOKUP(Y11,ltSchlepper,Maschinen!$P$6,FALSE)*AA11*IF(ISBLANK(AC11),1,AC11)))","v":0},0,{"$f":"(IF(ISNA(VLOOKUP(AE11,ltSchlepper,Maschinen!$K$6,FALSE))=TRUE,0,VLOOKUP(AE11,ltSchlepper,Maschinen!$K$6,FALSE)*AG11))","v":0},{"$f":"(IF(ISNA(VLOOKUP(AE11,ltSchlepper,Maschinen!$L$6,FALSE))=TRUE,0,VLOOKUP(AE11,ltSchlepper,Maschinen!$L$6,FALSE)*AG11))","v":0},{"$f":"(IF(ISNA(VLOOKUP(AE11,ltSchlepper,Maschinen!$M$6,FALSE))=TRUE,0,VLOOKUP(AE11,ltSchlepper,Maschinen!$M$6,FALSE)*AG11))","v":0},{"$f":"(IF(ISNA(VLOOKUP(AE11,ltSchlepper,Maschinen!$N$6,FALSE))=TRUE,0,VLOOKUP(AE11,ltSchlepper,Maschinen!$N$6,FALSE)*AG11*IF(ISBLANK(AI11),1,AI11)))","v":0},{"$f":"(IF(ISNA(VLOOKUP(AE11,ltSchlepper,Maschinen!$O$6,FALSE))=TRUE,0,VLOOKUP(AE11,ltSchlepper,Maschinen!$O$6,FALSE)*AG11*IF(ISBLANK(AI11),1,AI11)))","v":0},{"$f":"(IF(ISNA(VLOOKUP(AE11,ltSchlepper,Maschinen!$P$6,FALSE))=TRUE,0,VLOOKUP(AE11,ltSchlepper,Maschinen!$P$6,FALSE)*AG11*IF(ISBLANK(AI11),1,AI11)))","v":0},0,{"$f":"(IF(ISNA(VLOOKUP(AK11,ltSchlepper,Maschinen!$K$6,FALSE))=TRUE,0,VLOOKUP(AK11,ltSchlepper,Maschinen!$K$6,FALSE)*AM11))","v":0},{"$f":"(IF(ISNA(VLOOKUP(AK11,ltSchlepper,Maschinen!$L$6,FALSE))=TRUE,0,VLOOKUP(AK11,ltSchlepper,Maschinen!$L$6,FALSE)*AM11))","v":0},{"$f":"(IF(ISNA(VLOOKUP(AK11,ltSchlepper,Maschinen!$M$6,FALSE))=TRUE,0,VLOOKUP(AK11,ltSchlepper,Maschinen!$M$6,FALSE)*AM11))","v":0},{"$f":"(IF(ISNA(VLOOKUP(AK11,ltSchlepper,Maschinen!$N$6,FALSE))=TRUE,0,VLOOKUP(AK11,ltSchlepper,Maschinen!$N$6,FALSE)*AM11*IF(ISBLANK(AO11),1,AO11)))","v":0},{"$f":"(IF(ISNA(VLOOKUP(AK11,ltSchlepper,Maschinen!$O$6,FALSE))=TRUE,0,VLOOKUP(AK11,ltSchlepper,Maschinen!$O$6,FALSE)*AM11*IF(ISBLANK(AO11),1,AO11)))","v":0},{"$f":"(IF(ISNA(VLOOKUP(AK11,ltSchlepper,Maschinen!$P$6,FALSE))=TRUE,0,VLOOKUP(AK11,ltSchlepper,Maschinen!$P$6,FALSE)*AM11*IF(ISBLANK(AO11),1,AO11)))","v":0},{"$f":"SUM(BW11:BY11,CA11:CB11)","v":0},{"$f":"(IF(ISNA(VLOOKUP(AQ11,ltSchlepper,Maschinen!$K$6,FALSE))=TRUE,0,VLOOKUP(AQ11,ltSchlepper,Maschinen!$K$6,FALSE)*AS11))","v":0},{"$f":"(IF(ISNA(VLOOKUP(AQ11,ltSchlepper,Maschinen!$L$6,FALSE))=TRUE,0,VLOOKUP(AQ11,ltSchlepper,Maschinen!$L$6,FALSE)*AS11))","v":0},{"$f":"(IF(ISNA(VLOOKUP(AQ11,ltSchlepper,Maschinen!$M$6,FALSE))=TRUE,0,VLOOKUP(AQ11,ltSchlepper,Maschinen!$M$6,FALSE)*AS11))","v":0},{"$f":"(IF(ISNA(VLOOKUP(AQ11,ltSchlepper,Maschinen!$N$6,FALSE))=TRUE,0,VLOOKUP(AQ11,ltSchlepper,Maschinen!$N$6,FALSE)*AS11*IF(ISBLANK(AU11),1,AU11)))","v":0},{"$f":"(IF(ISNA(VLOOKUP(AQ11,ltSchlepper,Maschinen!$O$6,FALSE))=TRUE,0,VLOOKUP(AQ11,ltSchlepper,Maschinen!$O$6,FALSE)*AS11*IF(ISBLANK(AU11),1,AU11)))","v":0},{"$f":"(IF(ISNA(VLOOKUP(AQ11,ltSchlepper,Maschinen!$P$6,FALSE))=TRUE,0,VLOOKUP(AQ11,ltSchlepper,Maschinen!$P$6,FALSE)*AS11*IF(ISBLANK(AU11),1,AU11)))","v":0},{"$f":"SUM(CD11:CF11,CH11:CI11)","v":0},{"$f":"(IF(ISNA(VLOOKUP(Y11,ltSchlepper,Maschinen!$AA$6,FALSE))=TRUE,0,VLOOKUP(Y11,ltSchlepper,Maschinen!$AA$6,FALSE)*AA11))","v":0},{"$f":"(IF(ISNA(VLOOKUP(Y11,ltSchlepper,Maschinen!$AB$6,FALSE))=TRUE,0,VLOOKUP(Y11,ltSchlepper,Maschinen!$AB$6,FALSE)*AA11))","v":0},{"$f":"(IF(ISNA(VLOOKUP(Y11,ltSchlepper,Maschinen!$AC$6,FALSE))=TRUE,0,VLOOKUP(Y11,ltSchlepper,Maschinen!$AC$6,FALSE)*AA11))","v":0},0,{"$f":"(IF(ISNA(VLOOKUP(AE11,ltSchlepper,Maschinen!$AA$6,FALSE))=TRUE,0,VLOOKUP(AE11,ltSchlepper,Maschinen!$AA$6,FALSE)*AG11))","v":0},{"$f":"(IF(ISNA(VLOOKUP(AE11,ltSchlepper,Maschinen!$AB$6,FALSE))=TRUE,0,VLOOKUP(AE11,ltSchlepper,Maschinen!$AB$6,FALSE)*AG11))","v":0},{"$f":"(IF(ISNA(VLOOKUP(AE11,ltSchlepper,Maschinen!$AC$6,FALSE))=TRUE,0,VLOOKUP(AE11,ltSchlepper,Maschinen!$AC$6,FALSE)*AG11))","v":0},0,{"$f":"(IF(ISNA(VLOOKUP(AK11,ltSchlepper,Maschinen!$AA$6,FALSE))=TRUE,0,VLOOKUP(AK11,ltSchlepper,Maschinen!$AA$6,FALSE)*AM11))","v":0},{"$f":"(IF(ISNA(VLOOKUP(AK11,ltSchlepper,Maschinen!$AB$6,FALSE))=TRUE,0,VLOOKUP(AK11,ltSchlepper,Maschinen!$AB$6,FALSE)*AM11))","v":0},{"$f":"(IF(ISNA(VLOOKUP(AK11,ltSchlepper,Maschinen!$AC$6,FALSE))=TRUE,0,VLOOKUP(AK11,ltSchlepper,Maschinen!$AC$6,FALSE)*AM11))","v":0},0,{"$f":"(IF(ISNA(VLOOKUP(AQ11,ltSchlepper,Maschinen!$AA$6,FALSE))=TRUE,0,VLOOKUP(AQ11,ltSchlepper,Maschinen!$AA$6,FALSE)*AS11))","v":0},{"$f":"(IF(ISNA(VLOOKUP(AQ11,ltSchlepper,Maschinen!$AB$6,FALSE))=TRUE,0,VLOOKUP(AQ11,ltSchlepper,Maschinen!$AB$6,FALSE)*AS11))","v":0},{"$f":"(IF(ISNA(VLOOKUP(AQ11,ltSchlepper,Maschinen!$AC$6,FALSE))=TRUE,0,VLOOKUP(AQ11,ltSchlepper,Maschinen!$AC$6,FALSE)*AS11))","v":0},0]
[null,21126,null,null,null,null,null,null,0,0,0,0.1,0,0,null,null,{"$f":"O12+P12","v":0},0,0,0,0,0,0,null,null,"",null,"",null,0,null,"",null,"",null,0,null,"",null,"",null,0,null,"",null,"",null,0,0,0,0,0,0,0,0,0,0,0,0,0,{"$f":"(IF(ISNA(VLOOKUP(Y12,ltSchlepper,Maschinen!$K$6,FALSE))=TRUE,0,VLOOKUP(Y12,ltSchlepper,Maschinen!$K$6,FALSE)*AA12))","v":0},{"$f":"(IF(ISNA(VLOOKUP(Y12,ltSchlepper,Maschinen!$L$6,FALSE))=TRUE,0,VLOOKUP(Y12,ltSchlepper,Maschinen!$L$6,FALSE)*AA12))","v":0},{"$f":"(IF(ISNA(VLOOKUP(Y12,ltSchlepper,Maschinen!$M$6,FALSE))=TRUE,0,VLOOKUP(Y12,ltSchlepper,Maschinen!$M$6,FALSE)*AA12))","v":0},{"$f":"(IF(ISNA(VLOOKUP(Y12,ltSchlepper,Maschinen!$N$6,FALSE))=TRUE,0,VLOOKUP(Y12,ltSchlepper,Maschinen!$N$6,FALSE)*AA12*IF(ISBLANK(AC12),1,AC12)))","v":0},{"$f":"(IF(ISNA(VLOOKUP(Y12,ltSchlepper,Maschinen!$O$6,FALSE))=TRUE,0,VLOOKUP(Y12,ltSchlepper,Maschinen!$O$6,FALSE)*AA12*IF(ISBLANK(AC12),1,AC12)))","v":0},{"$f":"(IF(ISNA(VLOOKUP(Y12,ltSchlepper,Maschinen!$P$6,FALSE))=TRUE,0,VLOOKUP(Y12,ltSchlepper,Maschinen!$P$6,FALSE)*AA12*IF(ISBLANK(AC12),1,AC12)))","v":0},0,{"$f":"(IF(ISNA(VLOOKUP(AE12,ltSchlepper,Maschinen!$K$6,FALSE))=TRUE,0,VLOOKUP(AE12,ltSchlepper,Maschinen!$K$6,FALSE)*AG12))","v":0},{"$f":"(IF(ISNA(VLOOKUP(AE12,ltSchlepper,Maschinen!$L$6,FALSE))=TRUE,0,VLOOKUP(AE12,ltSchlepper,Maschinen!$L$6,FALSE)*AG12))","v":0},{"$f":"(IF(ISNA(VLOOKUP(AE12,ltSchlepper,Maschinen!$M$6,FALSE))=TRUE,0,VLOOKUP(AE12,ltSchlepper,Maschinen!$M$6,FALSE)*AG12))","v":0},{"$f":"(IF(ISNA(VLOOKUP(AE12,ltSchlepper,Maschinen!$N$6,FALSE))=TRUE,0,VLOOKUP(AE12,ltSchlepper,Maschinen!$N$6,FALSE)*AG12*IF(ISBLANK(AI12),1,AI12)))","v":0},{"$f":"(IF(ISNA(VLOOKUP(AE12,ltSchlepper,Maschinen!$O$6,FALSE))=TRUE,0,VLOOKUP(AE12,ltSchlepper,Maschinen!$O$6,FALSE)*AG12*IF(ISBLANK(AI12),1,AI12)))","v":0},{"$f":"(IF(ISNA(VLOOKUP(AE12,ltSchlepper,Maschinen!$P$6,FALSE))=TRUE,0,VLOOKUP(AE12,ltSchlepper,Maschinen!$P$6,FALSE)*AG12*IF(ISBLANK(AI12),1,AI12)))","v":0},0,{"$f":"(IF(ISNA(VLOOKUP(AK12,ltSchlepper,Maschinen!$K$6,FALSE))=TRUE,0,VLOOKUP(AK12,ltSchlepper,Maschinen!$K$6,FALSE)*AM12))","v":0},{"$f":"(IF(ISNA(VLOOKUP(AK12,ltSchlepper,Maschinen!$L$6,FALSE))=TRUE,0,VLOOKUP(AK12,ltSchlepper,Maschinen!$L$6,FALSE)*AM12))","v":0},{"$f":"(IF(ISNA(VLOOKUP(AK12,ltSchlepper,Maschinen!$M$6,FALSE))=TRUE,0,VLOOKUP(AK12,ltSchlepper,Maschinen!$M$6,FALSE)*AM12))","v":0},{"$f":"(IF(ISNA(VLOOKUP(AK12,ltSchlepper,Maschinen!$N$6,FALSE))=TRUE,0,VLOOKUP(AK12,ltSchlepper,Maschinen!$N$6,FALSE)*AM12*IF(ISBLANK(AO12),1,AO12)))","v":0},{"$f":"(IF(ISNA(VLOOKUP(AK12,ltSchlepper,Maschinen!$O$6,FALSE))=TRUE,0,VLOOKUP(AK12,ltSchlepper,Maschinen!$O$6,FALSE)*AM12*IF(ISBLANK(AO12),1,AO12)))","v":0},{"$f":"(IF(ISNA(VLOOKUP(AK12,ltSchlepper,Maschinen!$P$6,FALSE))=TRUE,0,VLOOKUP(AK12,ltSchlepper,Maschinen!$P$6,FALSE)*AM12*IF(ISBLANK(AO12),1,AO12)))","v":0},{"$f":"SUM(BW12:BY12,CA12:CB12)","v":0},{"$f":"(IF(ISNA(VLOOKUP(AQ12,ltSchlepper,Maschinen!$K$6,FALSE))=TRUE,0,VLOOKUP(AQ12,ltSchlepper,Maschinen!$K$6,FALSE)*AS12))","v":0},{"$f":"(IF(ISNA(VLOOKUP(AQ12,ltSchlepper,Maschinen!$L$6,FALSE))=TRUE,0,VLOOKUP(AQ12,ltSchlepper,Maschinen!$L$6,FALSE)*AS12))","v":0},{"$f":"(IF(ISNA(VLOOKUP(AQ12,ltSchlepper,Maschinen!$M$6,FALSE))=TRUE,0,VLOOKUP(AQ12,ltSchlepper,Maschinen!$M$6,FALSE)*AS12))","v":0},{"$f":"(IF(ISNA(VLOOKUP(AQ12,ltSchlepper,Maschinen!$N$6,FALSE))=TRUE,0,VLOOKUP(AQ12,ltSchlepper,Maschinen!$N$6,FALSE)*AS12*IF(ISBLANK(AU12),1,AU12)))","v":0},{"$f":"(IF(ISNA(VLOOKUP(AQ12,ltSchlepper,Maschinen!$O$6,FALSE))=TRUE,0,VLOOKUP(AQ12,ltSchlepper,Maschinen!$O$6,FALSE)*AS12*IF(ISBLANK(AU12),1,AU12)))","v":0},{"$f":"(IF(ISNA(VLOOKUP(AQ12,ltSchlepper,Maschinen!$P$6,FALSE))=TRUE,0,VLOOKUP(AQ12,ltSchlepper,Maschinen!$P$6,FALSE)*AS12*IF(ISBLANK(AU12),1,AU12)))","v":0},{"$f":"SUM(CD12:CF12,CH12:CI12)","v":0},{"$f":"(IF(ISNA(VLOOKUP(Y12,ltSchlepper,Maschinen!$AA$6,FALSE))=TRUE,0,VLOOKUP(Y12,ltSchlepper,Maschinen!$AA$6,FALSE)*AA12))","v":0},{"$f":"(IF(ISNA(VLOOKUP(Y12,ltSchlepper,Maschinen!$AB$6,FALSE))=TRUE,0,VLOOKUP(Y12,ltSchlepper,Maschinen!$AB$6,FALSE)*AA12))","v":0},{"$f":"(IF(ISNA(VLOOKUP(Y12,ltSchlepper,Maschinen!$AC$6,FALSE))=TRUE,0,VLOOKUP(Y12,ltSchlepper,Maschinen!$AC$6,FALSE)*AA12))","v":0},0,{"$f":"(IF(ISNA(VLOOKUP(AE12,ltSchlepper,Maschinen!$AA$6,FALSE))=TRUE,0,VLOOKUP(AE12,ltSchlepper,Maschinen!$AA$6,FALSE)*AG12))","v":0},{"$f":"(IF(ISNA(VLOOKUP(AE12,ltSchlepper,Maschinen!$AB$6,FALSE))=TRUE,0,VLOOKUP(AE12,ltSchlepper,Maschinen!$AB$6,FALSE)*AG12))","v":0},{"$f":"(IF(ISNA(VLOOKUP(AE12,ltSchlepper,Maschinen!$AC$6,FALSE))=TRUE,0,VLOOKUP(AE12,ltSchlepper,Maschinen!$AC$6,FALSE)*AG12))","v":0},0,{"$f":"(IF(ISNA(VLOOKUP(AK12,ltSchlepper,Maschinen!$AA$6,FALSE))=TRUE,0,VLOOKUP(AK12,ltSchlepper,Maschinen!$AA$6,FALSE)*AM12))","v":0},{"$f":"(IF(ISNA(VLOOKUP(AK12,ltSchlepper,Maschinen!$AB$6,FALSE))=TRUE,0,VLOOKUP(AK12,ltSchlepper,Maschinen!$AB$6,FALSE)*AM12))","v":0},{"$f":"(IF(ISNA(VLOOKUP(AK12,ltSchlepper,Maschinen!$AC$6,FALSE))=TRUE,0,VLOOKUP(AK12,ltSchlepper,Maschinen!$AC$6,FALSE)*AM12))","v":0},0,{"$f":"(IF(ISNA(VLOOKUP(AQ12,ltSchlepper,Maschinen!$AA$6,FALSE))=TRUE,0,VLOOKUP(AQ12,ltSchlepper,Maschinen!$AA$6,FALSE)*AS12))","v":0},{"$f":"(IF(ISNA(VLOOKUP(AQ12,ltSchlepper,Maschinen!$AB$6,FALSE))=TRUE,0,VLOOKUP(AQ12,ltSchlepper,Maschinen!$AB$6,FALSE)*AS12))","v":0},{"$f":"(IF(ISNA(VLOOKUP(AQ12,ltSchlepper,Maschinen!$AC$6,FALSE))=TRUE,0,VLOOKUP(AQ12,ltSchlepper,Maschinen!$AC$6,FALSE)*AS12))","v":0},0]
[null,21127,null,null,null,null,null,null,0,0,0,0.1,0,0,null,null,{"$f":"O13+P13","v":0},0,0,0,0,0,0,null,null,"",null,"",null,0,null,"",null,"",null,0,null,"",null,"",null,0,null,"",null,"",null,0,0,0,0,0,0,0,0,0,0,0,0,0,{"$f":"(IF(ISNA(VLOOKUP(Y13,ltSchlepper,Maschinen!$K$6,FALSE))=TRUE,0,VLOOKUP(Y13,ltSchlepper,Maschinen!$K$6,FALSE)*AA13))","v":0},{"$f":"(IF(ISNA(VLOOKUP(Y13,ltSchlepper,Maschinen!$L$6,FALSE))=TRUE,0,VLOOKUP(Y13,ltSchlepper,Maschinen!$L$6,FALSE)*AA13))","v":0},{"$f":"(IF(ISNA(VLOOKUP(Y13,ltSchlepper,Maschinen!$M$6,FALSE))=TRUE,0,VLOOKUP(Y13,ltSchlepper,Maschinen!$M$6,FALSE)*AA13))","v":0},{"$f":"(IF(ISNA(VLOOKUP(Y13,ltSchlepper,Maschinen!$N$6,FALSE))=TRUE,0,VLOOKUP(Y13,ltSchlepper,Maschinen!$N$6,FALSE)*AA13*IF(ISBLANK(AC13),1,AC13)))","v":0},{"$f":"(IF(ISNA(VLOOKUP(Y13,ltSchlepper,Maschinen!$O$6,FALSE))=TRUE,0,VLOOKUP(Y13,ltSchlepper,Maschinen!$O$6,FALSE)*AA13*IF(ISBLANK(AC13),1,AC13)))","v":0},{"$f":"(IF(ISNA(VLOOKUP(Y13,ltSchlepper,Maschinen!$P$6,FALSE))=TRUE,0,VLOOKUP(Y13,ltSchlepper,Maschinen!$P$6,FALSE)*AA13*IF(ISBLANK(AC13),1,AC13)))","v":0},0,{"$f":"(IF(ISNA(VLOOKUP(AE13,ltSchlepper,Maschinen!$K$6,FALSE))=TRUE,0,VLOOKUP(AE13,ltSchlepper,Maschinen!$K$6,FALSE)*AG13))","v":0},{"$f":"(IF(ISNA(VLOOKUP(AE13,ltSchlepper,Maschinen!$L$6,FALSE))=TRUE,0,VLOOKUP(AE13,ltSchlepper,Maschinen!$L$6,FALSE)*AG13))","v":0},{"$f":"(IF(ISNA(VLOOKUP(AE13,ltSchlepper,Maschinen!$M$6,FALSE))=TRUE,0,VLOOKUP(AE13,ltSchlepper,Maschinen!$M$6,FALSE)*AG13))","v":0},{"$f":"(IF(ISNA(VLOOKUP(AE13,ltSchlepper,Maschinen!$N$6,FALSE))=TRUE,0,VLOOKUP(AE13,ltSchlepper,Maschinen!$N$6,FALSE)*AG13*IF(ISBLANK(AI13),1,AI13)))","v":0},{"$f":"(IF(ISNA(VLOOKUP(AE13,ltSchlepper,Maschinen!$O$6,FALSE))=TRUE,0,VLOOKUP(AE13,ltSchlepper,Maschinen!$O$6,FALSE)*AG13*IF(ISBLANK(AI13),1,AI13)))","v":0},{"$f":"(IF(ISNA(VLOOKUP(AE13,ltSchlepper,Maschinen!$P$6,FALSE))=TRUE,0,VLOOKUP(AE13,ltSchlepper,Maschinen!$P$6,FALSE)*AG13*IF(ISBLANK(AI13),1,AI13)))","v":0},0,{"$f":"(IF(ISNA(VLOOKUP(AK13,ltSchlepper,Maschinen!$K$6,FALSE))=TRUE,0,VLOOKUP(AK13,ltSchlepper,Maschinen!$K$6,FALSE)*AM13))","v":0},{"$f":"(IF(ISNA(VLOOKUP(AK13,ltSchlepper,Maschinen!$L$6,FALSE))=TRUE,0,VLOOKUP(AK13,ltSchlepper,Maschinen!$L$6,FALSE)*AM13))","v":0},{"$f":"(IF(ISNA(VLOOKUP(AK13,ltSchlepper,Maschinen!$M$6,FALSE))=TRUE,0,VLOOKUP(AK13,ltSchlepper,Maschinen!$M$6,FALSE)*AM13))","v":0},{"$f":"(IF(ISNA(VLOOKUP(AK13,ltSchlepper,Maschinen!$N$6,FALSE))=TRUE,0,VLOOKUP(AK13,ltSchlepper,Maschinen!$N$6,FALSE)*AM13*IF(ISBLANK(AO13),1,AO13)))","v":0},{"$f":"(IF(ISNA(VLOOKUP(AK13,ltSchlepper,Maschinen!$O$6,FALSE))=TRUE,0,VLOOKUP(AK13,ltSchlepper,Maschinen!$O$6,FALSE)*AM13*IF(ISBLANK(AO13),1,AO13)))","v":0},{"$f":"(IF(ISNA(VLOOKUP(AK13,ltSchlepper,Maschinen!$P$6,FALSE))=TRUE,0,VLOOKUP(AK13,ltSchlepper,Maschinen!$P$6,FALSE)*AM13*IF(ISBLANK(AO13),1,AO13)))","v":0},{"$f":"SUM(BW13:BY13,CA13:CB13)","v":0},{"$f":"(IF(ISNA(VLOOKUP(AQ13,ltSchlepper,Maschinen!$K$6,FALSE))=TRUE,0,VLOOKUP(AQ13,ltSchlepper,Maschinen!$K$6,FALSE)*AS13))","v":0},{"$f":"(IF(ISNA(VLOOKUP(AQ13,ltSchlepper,Maschinen!$L$6,FALSE))=TRUE,0,VLOOKUP(AQ13,ltSchlepper,Maschinen!$L$6,FALSE)*AS13))","v":0},{"$f":"(IF(ISNA(VLOOKUP(AQ13,ltSchlepper,Maschinen!$M$6,FALSE))=TRUE,0,VLOOKUP(AQ13,ltSchlepper,Maschinen!$M$6,FALSE)*AS13))","v":0},{"$f":"(IF(ISNA(VLOOKUP(AQ13,ltSchlepper,Maschinen!$N$6,FALSE))=TRUE,0,VLOOKUP(AQ13,ltSchlepper,Maschinen!$N$6,FALSE)*AS13*IF(ISBLANK(AU13),1,AU13)))","v":0},{"$f":"(IF(ISNA(VLOOKUP(AQ13,ltSchlepper,Maschinen!$O$6,FALSE))=TRUE,0,VLOOKUP(AQ13,ltSchlepper,Maschinen!$O$6,FALSE)*AS13*IF(ISBLANK(AU13),1,AU13)))","v":0},{"$f":"(IF(ISNA(VLOOKUP(AQ13,ltSchlepper,Maschinen!$P$6,FALSE))=TRUE,0,VLOOKUP(AQ13,ltSchlepper,Maschinen!$P$6,FALSE)*AS13*IF(ISBLANK(AU13),1,AU13)))","v":0},{"$f":"SUM(CD13:CF13,CH13:CI13)","v":0},{"$f":"(IF(ISNA(VLOOKUP(Y13,ltSchlepper,Maschinen!$AA$6,FALSE))=TRUE,0,VLOOKUP(Y13,ltSchlepper,Maschinen!$AA$6,FALSE)*AA13))","v":0},{"$f":"(IF(ISNA(VLOOKUP(Y13,ltSchlepper,Maschinen!$AB$6,FALSE))=TRUE,0,VLOOKUP(Y13,ltSchlepper,Maschinen!$AB$6,FALSE)*AA13))","v":0},{"$f":"(IF(ISNA(VLOOKUP(Y13,ltSchlepper,Maschinen!$AC$6,FALSE))=TRUE,0,VLOOKUP(Y13,ltSchlepper,Maschinen!$AC$6,FALSE)*AA13))","v":0},0,{"$f":"(IF(ISNA(VLOOKUP(AE13,ltSchlepper,Maschinen!$AA$6,FALSE))=TRUE,0,VLOOKUP(AE13,ltSchlepper,Maschinen!$AA$6,FALSE)*AG13))","v":0},{"$f":"(IF(ISNA(VLOOKUP(AE13,ltSchlepper,Maschinen!$AB$6,FALSE))=TRUE,0,VLOOKUP(AE13,ltSchlepper,Maschinen!$AB$6,FALSE)*AG13))","v":0},{"$f":"(IF(ISNA(VLOOKUP(AE13,ltSchlepper,Maschinen!$AC$6,FALSE))=TRUE,0,VLOOKUP(AE13,ltSchlepper,Maschinen!$AC$6,FALSE)*AG13))","v":0},0,{"$f":"(IF(ISNA(VLOOKUP(AK13,ltSchlepper,Maschinen!$AA$6,FALSE))=TRUE,0,VLOOKUP(AK13,ltSchlepper,Maschinen!$AA$6,FALSE)*AM13))","v":0},{"$f":"(IF(ISNA(VLOOKUP(AK13,ltSchlepper,Maschinen!$AB$6,FALSE))=TRUE,0,VLOOKUP(AK13,ltSchlepper,Maschinen!$AB$6,FALSE)*AM13))","v":0},{"$f":"(IF(ISNA(VLOOKUP(AK13,ltSchlepper,Maschinen!$AC$6,FALSE))=TRUE,0,VLOOKUP(AK13,ltSchlepper,Maschinen!$AC$6,FALSE)*AM13))","v":0},0,{"$f":"(IF(ISNA(VLOOKUP(AQ13,ltSchlepper,Maschinen!$AA$6,FALSE))=TRUE,0,VLOOKUP(AQ13,ltSchlepper,Maschinen!$AA$6,FALSE)*AS13))","v":0},{"$f":"(IF(ISNA(VLOOKUP(AQ13,ltSchlepper,Maschinen!$AB$6,FALSE))=TRUE,0,VLOOKUP(AQ13,ltSchlepper,Maschinen!$AB$6,FALSE)*AS13))","v":0},{"$f":"(IF(ISNA(VLOOKUP(AQ13,ltSchlepper,Maschinen!$AC$6,FALSE))=TRUE,0,VLOOKUP(AQ13,ltSchlepper,Maschinen!$AC$6,FALSE)*AS13))","v":0},0]
[null,21128,null,null,null,null,null,null,0,0,0,0.1,0,0,null,null,{"$f":"O14+P14","v":0},0,0,0,0,0,0,null,null,"",null,"",null,0,null,"",null,"",null,0,null,"",null,"",null,0,null,"",null,"",null,0,0,0,0,0,0,0,0,0,0,0,0,0,{"$f":"(IF(ISNA(VLOOKUP(Y14,ltSchlepper,Maschinen!$K$6,FALSE))=TRUE,0,VLOOKUP(Y14,ltSchlepper,Maschinen!$K$6,FALSE)*AA14))","v":0},{"$f":"(IF(ISNA(VLOOKUP(Y14,ltSchlepper,Maschinen!$L$6,FALSE))=TRUE,0,VLOOKUP(Y14,ltSchlepper,Maschinen!$L$6,FALSE)*AA14))","v":0},{"$f":"(IF(ISNA(VLOOKUP(Y14,ltSchlepper,Maschinen!$M$6,FALSE))=TRUE,0,VLOOKUP(Y14,ltSchlepper,Maschinen!$M$6,FALSE)*AA14))","v":0},{"$f":"(IF(ISNA(VLOOKUP(Y14,ltSchlepper,Maschinen!$N$6,FALSE))=TRUE,0,VLOOKUP(Y14,ltSchlepper,Maschinen!$N$6,FALSE)*AA14*IF(ISBLANK(AC14),1,AC14)))","v":0},{"$f":"(IF(ISNA(VLOOKUP(Y14,ltSchlepper,Maschinen!$O$6,FALSE))=TRUE,0,VLOOKUP(Y14,ltSchlepper,Maschinen!$O$6,FALSE)*AA14*IF(ISBLANK(AC14),1,AC14)))","v":0},{"$f":"(IF(ISNA(VLOOKUP(Y14,ltSchlepper,Maschinen!$P$6,FALSE))=TRUE,0,VLOOKUP(Y14,ltSchlepper,Maschinen!$P$6,FALSE)*AA14*IF(ISBLANK(AC14),1,AC14)))","v":0},0,{"$f":"(IF(ISNA(VLOOKUP(AE14,ltSchlepper,Maschinen!$K$6,FALSE))=TRUE,0,VLOOKUP(AE14,ltSchlepper,Maschinen!$K$6,FALSE)*AG14))","v":0},{"$f":"(IF(ISNA(VLOOKUP(AE14,ltSchlepper,Maschinen!$L$6,FALSE))=TRUE,0,VLOOKUP(AE14,ltSchlepper,Maschinen!$L$6,FALSE)*AG14))","v":0},{"$f":"(IF(ISNA(VLOOKUP(AE14,ltSchlepper,Maschinen!$M$6,FALSE))=TRUE,0,VLOOKUP(AE14,ltSchlepper,Maschinen!$M$6,FALSE)*AG14))","v":0},{"$f":"(IF(ISNA(VLOOKUP(AE14,ltSchlepper,Maschinen!$N$6,FALSE))=TRUE,0,VLOOKUP(AE14,ltSchlepper,Maschinen!$N$6,FALSE)*AG14*IF(ISBLANK(AI14),1,AI14)))","v":0},{"$f":"(IF(ISNA(VLOOKUP(AE14,ltSchlepper,Maschinen!$O$6,FALSE))=TRUE,0,VLOOKUP(AE14,ltSchlepper,Maschinen!$O$6,FALSE)*AG14*IF(ISBLANK(AI14),1,AI14)))","v":0},{"$f":"(IF(ISNA(VLOOKUP(AE14,ltSchlepper,Maschinen!$P$6,FALSE))=TRUE,0,VLOOKUP(AE14,ltSchlepper,Maschinen!$P$6,FALSE)*AG14*IF(ISBLANK(AI14),1,AI14)))","v":0},0,{"$f":"(IF(ISNA(VLOOKUP(AK14,ltSchlepper,Maschinen!$K$6,FALSE))=TRUE,0,VLOOKUP(AK14,ltSchlepper,Maschinen!$K$6,FALSE)*AM14))","v":0},{"$f":"(IF(ISNA(VLOOKUP(AK14,ltSchlepper,Maschinen!$L$6,FALSE))=TRUE,0,VLOOKUP(AK14,ltSchlepper,Maschinen!$L$6,FALSE)*AM14))","v":0},{"$f":"(IF(ISNA(VLOOKUP(AK14,ltSchlepper,Maschinen!$M$6,FALSE))=TRUE,0,VLOOKUP(AK14,ltSchlepper,Maschinen!$M$6,FALSE)*AM14))","v":0},{"$f":"(IF(ISNA(VLOOKUP(AK14,ltSchlepper,Maschinen!$N$6,FALSE))=TRUE,0,VLOOKUP(AK14,ltSchlepper,Maschinen!$N$6,FALSE)*AM14*IF(ISBLANK(AO14),1,AO14)))","v":0},{"$f":"(IF(ISNA(VLOOKUP(AK14,ltSchlepper,Maschinen!$O$6,FALSE))=TRUE,0,VLOOKUP(AK14,ltSchlepper,Maschinen!$O$6,FALSE)*AM14*IF(ISBLANK(AO14),1,AO14)))","v":0},{"$f":"(IF(ISNA(VLOOKUP(AK14,ltSchlepper,Maschinen!$P$6,FALSE))=TRUE,0,VLOOKUP(AK14,ltSchlepper,Maschinen!$P$6,FALSE)*AM14*IF(ISBLANK(AO14),1,AO14)))","v":0},{"$f":"SUM(BW14:BY14,CA14:CB14)","v":0},{"$f":"(IF(ISNA(VLOOKUP(AQ14,ltSchlepper,Maschinen!$K$6,FALSE))=TRUE,0,VLOOKUP(AQ14,ltSchlepper,Maschinen!$K$6,FALSE)*AS14))","v":0},{"$f":"(IF(ISNA(VLOOKUP(AQ14,ltSchlepper,Maschinen!$L$6,FALSE))=TRUE,0,VLOOKUP(AQ14,ltSchlepper,Maschinen!$L$6,FALSE)*AS14))","v":0},{"$f":"(IF(ISNA(VLOOKUP(AQ14,ltSchlepper,Maschinen!$M$6,FALSE))=TRUE,0,VLOOKUP(AQ14,ltSchlepper,Maschinen!$M$6,FALSE)*AS14))","v":0},{"$f":"(IF(ISNA(VLOOKUP(AQ14,ltSchlepper,Maschinen!$N$6,FALSE))=TRUE,0,VLOOKUP(AQ14,ltSchlepper,Maschinen!$N$6,FALSE)*AS14*IF(ISBLANK(AU14),1,AU14)))","v":0},{"$f":"(IF(ISNA(VLOOKUP(AQ14,ltSchlepper,Maschinen!$O$6,FALSE))=TRUE,0,VLOOKUP(AQ14,ltSchlepper,Maschinen!$O$6,FALSE)*AS14*IF(ISBLANK(AU14),1,AU14)))","v":0},{"$f":"(IF(ISNA(VLOOKUP(AQ14,ltSchlepper,Maschinen!$P$6,FALSE))=TRUE,0,VLOOKUP(AQ14,ltSchlepper,Maschinen!$P$6,FALSE)*AS14*IF(ISBLANK(AU14),1,AU14)))","v":0},{"$f":"SUM(CD14:CF14,CH14:CI14)","v":0},{"$f":"(IF(ISNA(VLOOKUP(Y14,ltSchlepper,Maschinen!$AA$6,FALSE))=TRUE,0,VLOOKUP(Y14,ltSchlepper,Maschinen!$AA$6,FALSE)*AA14))","v":0},{"$f":"(IF(ISNA(VLOOKUP(Y14,ltSchlepper,Maschinen!$AB$6,FALSE))=TRUE,0,VLOOKUP(Y14,ltSchlepper,Maschinen!$AB$6,FALSE)*AA14))","v":0},{"$f":"(IF(ISNA(VLOOKUP(Y14,ltSchlepper,Maschinen!$AC$6,FALSE))=TRUE,0,VLOOKUP(Y14,ltSchlepper,Maschinen!$AC$6,FALSE)*AA14))","v":0},0,{"$f":"(IF(ISNA(VLOOKUP(AE14,ltSchlepper,Maschinen!$AA$6,FALSE))=TRUE,0,VLOOKUP(AE14,ltSchlepper,Maschinen!$AA$6,FALSE)*AG14))","v":0},{"$f":"(IF(ISNA(VLOOKUP(AE14,ltSchlepper,Maschinen!$AB$6,FALSE))=TRUE,0,VLOOKUP(AE14,ltSchlepper,Maschinen!$AB$6,FALSE)*AG14))","v":0},{"$f":"(IF(ISNA(VLOOKUP(AE14,ltSchlepper,Maschinen!$AC$6,FALSE))=TRUE,0,VLOOKUP(AE14,ltSchlepper,Maschinen!$AC$6,FALSE)*AG14))","v":0},0,{"$f":"(IF(ISNA(VLOOKUP(AK14,ltSchlepper,Maschinen!$AA$6,FALSE))=TRUE,0,VLOOKUP(AK14,ltSchlepper,Maschinen!$AA$6,FALSE)*AM14))","v":0},{"$f":"(IF(ISNA(VLOOKUP(AK14,ltSchlepper,Maschinen!$AB$6,FALSE))=TRUE,0,VLOOKUP(AK14,ltSchlepper,Maschinen!$AB$6,FALSE)*AM14))","v":0},{"$f":"(IF(ISNA(VLOOKUP(AK14,ltSchlepper,Maschinen!$AC$6,FALSE))=TRUE,0,VLOOKUP(AK14,ltSchlepper,Maschinen!$AC$6,FALSE)*AM14))","v":0},0,{"$f":"(IF(ISNA(VLOOKUP(AQ14,ltSchlepper,Maschinen!$AA$6,FALSE))=TRUE,0,VLOOKUP(AQ14,ltSchlepper,Maschinen!$AA$6,FALSE)*AS14))","v":0},{"$f":"(IF(ISNA(VLOOKUP(AQ14,ltSchlepper,Maschinen!$AB$6,FALSE))=TRUE,0,VLOOKUP(AQ14,ltSchlepper,Maschinen!$AB$6,FALSE)*AS14))","v":0},{"$f":"(IF(ISNA(VLOOKUP(AQ14,ltSchlepper,Maschinen!$AC$6,FALSE))=TRUE,0,VLOOKUP(AQ14,ltSchlepper,Maschinen!$AC$6,FALSE)*AS14))","v":0},0]
[null,21112,null,null,null,null,null,null,0,0,0,0.1,0,0,null,null,0,0,0,0,0,0,0,null,null,"",null,"",null,0,null,"",null,"",null,0,null,"",null,"",null,0,null,"",null,"",null,0,0,0,0,0,0,0,0,0,0,0,0,0,{"$f":"(IF(ISNA(VLOOKUP(Y15,ltSchlepper,Maschinen!$K$6,FALSE))=TRUE,0,VLOOKUP(Y15,ltSchlepper,Maschinen!$K$6,FALSE)*AA15))","v":0},{"$f":"(IF(ISNA(VLOOKUP(Y15,ltSchlepper,Maschinen!$L$6,FALSE))=TRUE,0,VLOOKUP(Y15,ltSchlepper,Maschinen!$L$6,FALSE)*AA15))","v":0},{"$f":"(IF(ISNA(VLOOKUP(Y15,ltSchlepper,Maschinen!$M$6,FALSE))=TRUE,0,VLOOKUP(Y15,ltSchlepper,Maschinen!$M$6,FALSE)*AA15))","v":0},{"$f":"(IF(ISNA(VLOOKUP(Y15,ltSchlepper,Maschinen!$N$6,FALSE))=TRUE,0,VLOOKUP(Y15,ltSchlepper,Maschinen!$N$6,FALSE)*AA15*IF(ISBLANK(AC15),1,AC15)))","v":0},{"$f":"(IF(ISNA(VLOOKUP(Y15,ltSchlepper,Maschinen!$O$6,FALSE))=TRUE,0,VLOOKUP(Y15,ltSchlepper,Maschinen!$O$6,FALSE)*AA15*IF(ISBLANK(AC15),1,AC15)))","v":0},{"$f":"(IF(ISNA(VLOOKUP(Y15,ltSchlepper,Maschinen!$P$6,FALSE))=TRUE,0,VLOOKUP(Y15,ltSchlepper,Maschinen!$P$6,FALSE)*AA15*IF(ISBLANK(AC15),1,AC15)))","v":0},0,{"$f":"(IF(ISNA(VLOOKUP(AE15,ltSchlepper,Maschinen!$K$6,FALSE))=TRUE,0,VLOOKUP(AE15,ltSchlepper,Maschinen!$K$6,FALSE)*AG15))","v":0},{"$f":"(IF(ISNA(VLOOKUP(AE15,ltSchlepper,Maschinen!$L$6,FALSE))=TRUE,0,VLOOKUP(AE15,ltSchlepper,Maschinen!$L$6,FALSE)*AG15))","v":0},{"$f":"(IF(ISNA(VLOOKUP(AE15,ltSchlepper,Maschinen!$M$6,FALSE))=TRUE,0,VLOOKUP(AE15,ltSchlepper,Maschinen!$M$6,FALSE)*AG15))","v":0},{"$f":"(IF(ISNA(VLOOKUP(AE15,ltSchlepper,Maschinen!$N$6,FALSE))=TRUE,0,VLOOKUP(AE15,ltSchlepper,Maschinen!$N$6,FALSE)*AG15*IF(ISBLANK(AI15),1,AI15)))","v":0},{"$f":"(IF(ISNA(VLOOKUP(AE15,ltSchlepper,Maschinen!$O$6,FALSE))=TRUE,0,VLOOKUP(AE15,ltSchlepper,Maschinen!$O$6,FALSE)*AG15*IF(ISBLANK(AI15),1,AI15)))","v":0},{"$f":"(IF(ISNA(VLOOKUP(AE15,ltSchlepper,Maschinen!$P$6,FALSE))=TRUE,0,VLOOKUP(AE15,ltSchlepper,Maschinen!$P$6,FALSE)*AG15*IF(ISBLANK(AI15),1,AI15)))","v":0},0,{"$f":"(IF(ISNA(VLOOKUP(AK15,ltSchlepper,Maschinen!$K$6,FALSE))=TRUE,0,VLOOKUP(AK15,ltSchlepper,Maschinen!$K$6,FALSE)*AM15))","v":0},{"$f":"(IF(ISNA(VLOOKUP(AK15,ltSchlepper,Maschinen!$L$6,FALSE))=TRUE,0,VLOOKUP(AK15,ltSchlepper,Maschinen!$L$6,FALSE)*AM15))","v":0},{"$f":"(IF(ISNA(VLOOKUP(AK15,ltSchlepper,Maschinen!$M$6,FALSE))=TRUE,0,VLOOKUP(AK15,ltSchlepper,Maschinen!$M$6,FALSE)*AM15))","v":0},{"$f":"(IF(ISNA(VLOOKUP(AK15,ltSchlepper,Maschinen!$N$6,FALSE))=TRUE,0,VLOOKUP(AK15,ltSchlepper,Maschinen!$N$6,FALSE)*AM15*IF(ISBLANK(AO15),1,AO15)))","v":0},{"$f":"(IF(ISNA(VLOOKUP(AK15,ltSchlepper,Maschinen!$O$6,FALSE))=TRUE,0,VLOOKUP(AK15,ltSchlepper,Maschinen!$O$6,FALSE)*AM15*IF(ISBLANK(AO15),1,AO15)))","v":0},{"$f":"(IF(ISNA(VLOOKUP(AK15,ltSchlepper,Maschinen!$P$6,FALSE))=TRUE,0,VLOOKUP(AK15,ltSchlepper,Maschinen!$P$6,FALSE)*AM15*IF(ISBLANK(AO15),1,AO15)))","v":0},0,{"$f":"(IF(ISNA(VLOOKUP(AQ15,ltSchlepper,Maschinen!$K$6,FALSE))=TRUE,0,VLOOKUP(AQ15,ltSchlepper,Maschinen!$K$6,FALSE)*AS15))","v":0},{"$f":"(IF(ISNA(VLOOKUP(AQ15,ltSchlepper,Maschinen!$L$6,FALSE))=TRUE,0,VLOOKUP(AQ15,ltSchlepper,Maschinen!$L$6,FALSE)*AS15))","v":0},{"$f":"(IF(ISNA(VLOOKUP(AQ15,ltSchlepper,Maschinen!$M$6,FALSE))=TRUE,0,VLOOKUP(AQ15,ltSchlepper,Maschinen!$M$6,FALSE)*AS15))","v":0},{"$f":"(IF(ISNA(VLOOKUP(AQ15,ltSchlepper,Maschinen!$N$6,FALSE))=TRUE,0,VLOOKUP(AQ15,ltSchlepper,Maschinen!$N$6,FALSE)*AS15*IF(ISBLANK(AU15),1,AU15)))","v":0},{"$f":"(IF(ISNA(VLOOKUP(AQ15,ltSchlepper,Maschinen!$O$6,FALSE))=TRUE,0,VLOOKUP(AQ15,ltSchlepper,Maschinen!$O$6,FALSE)*AS15*IF(ISBLANK(AU15),1,AU15)))","v":0},{"$f":"(IF(ISNA(VLOOKUP(AQ15,ltSchlepper,Maschinen!$P$6,FALSE))=TRUE,0,VLOOKUP(AQ15,ltSchlepper,Maschinen!$P$6,FALSE)*AS15*IF(ISBLANK(AU15),1,AU15)))","v":0},0,{"$f":"(IF(ISNA(VLOOKUP(Y15,ltSchlepper,Maschinen!$AA$6,FALSE))=TRUE,0,VLOOKUP(Y15,ltSchlepper,Maschinen!$AA$6,FALSE)*AA15))","v":0},{"$f":"(IF(ISNA(VLOOKUP(Y15,ltSchlepper,Maschinen!$AB$6,FALSE))=TRUE,0,VLOOKUP(Y15,ltSchlepper,Maschinen!$AB$6,FALSE)*AA15))","v":0},{"$f":"(IF(ISNA(VLOOKUP(Y15,ltSchlepper,Maschinen!$AC$6,FALSE))=TRUE,0,VLOOKUP(Y15,ltSchlepper,Maschinen!$AC$6,FALSE)*AA15))","v":0},0,{"$f":"(IF(ISNA(VLOOKUP(AE15,ltSchlepper,Maschinen!$AA$6,FALSE))=TRUE,0,VLOOKUP(AE15,ltSchlepper,Maschinen!$AA$6,FALSE)*AG15))","v":0},{"$f":"(IF(ISNA(VLOOKUP(AE15,ltSchlepper,Maschinen!$AB$6,FALSE))=TRUE,0,VLOOKUP(AE15,ltSchlepper,Maschinen!$AB$6,FALSE)*AG15))","v":0},{"$f":"(IF(ISNA(VLOOKUP(AE15,ltSchlepper,Maschinen!$AC$6,FALSE))=TRUE,0,VLOOKUP(AE15,ltSchlepper,Maschinen!$AC$6,FALSE)*AG15))","v":0},0,{"$f":"(IF(ISNA(VLOOKUP(AK15,ltSchlepper,Maschinen!$AA$6,FALSE))=TRUE,0,VLOOKUP(AK15,ltSchlepper,Maschinen!$AA$6,FALSE)*AM15))","v":0},{"$f":"(IF(ISNA(VLOOKUP(AK15,ltSchlepper,Maschinen!$AB$6,FALSE))=TRUE,0,VLOOKUP(AK15,ltSchlepper,Maschinen!$AB$6,FALSE)*AM15))","v":0},{"$f":"(IF(ISNA(VLOOKUP(AK15,ltSchlepper,Maschinen!$AC$6,FALSE))=TRUE,0,VLOOKUP(AK15,ltSchlepper,Maschinen!$AC$6,FALSE)*AM15))","v":0},{"$f":"SUM(CS15:CU15)","v":0},{"$f":"(IF(ISNA(VLOOKUP(AQ15,ltSchlepper,Maschinen!$AA$6,FALSE))=TRUE,0,VLOOKUP(AQ15,ltSchlepper,Maschinen!$AA$6,FALSE)*AS15))","v":0},{"$f":"(IF(ISNA(VLOOKUP(AQ15,ltSchlepper,Maschinen!$AB$6,FALSE))=TRUE,0,VLOOKUP(AQ15,ltSchlepper,Maschinen!$AB$6,FALSE)*AS15))","v":0},{"$f":"(IF(ISNA(VLOOKUP(AQ15,ltSchlepper,Maschinen!$AC$6,FALSE))=TRUE,0,VLOOKUP(AQ15,ltSchlepper,Maschinen!$AC$6,FALSE)*AS15))","v":0},{"$f":"SUM(CW15:CY15)","v":0}]
[null,21113,null,null,null,null,null,null,{"$f":"BC16","v":0},{"$f":"H16+I16","v":0},{"$f":"F16+G16-J16","v":0},0.1,{"$f":"(H16+I16)*L16","v":0},0,null,null,0,0,0,0,{"$f":"BG16","v":0},0,{"$f":"T16-U16","v":0},null,null,"",null,"",null,{"$f":"IF(ISNA(VLOOKUP(Y16,ltSchlepper,SchKraftstoffVerb,FALSE))=TRUE,0,VLOOKUP(Y16,ltSchlepper,SchKraftstoffVerb,FALSE)*IF(ISBLANK(AC16),1,AC16)*AA16)","v":0},null,"",null,"",null,{"$f":"IF(ISNA(VLOOKUP(AE16,ltSchlepper,SchKraftstoffVerb,FALSE))=TRUE,0,VLOOKUP(AE16,ltSchlepper,SchKraftstoffVerb,FALSE)*IF(ISBLANK(AI16),1,AI16)*AG16)","v":0},null,"",null,"",null,0,null,"",null,"",null,0,0,0,0,0,0,0,0,0,0,0,0,0,{"$f":"(IF(ISNA(VLOOKUP(Y16,ltSchlepper,Maschinen!$K$6,FALSE))=TRUE,0,VLOOKUP(Y16,ltSchlepper,Maschinen!$K$6,FALSE)*AA16))","v":0},{"$f":"(IF(ISNA(VLOOKUP(Y16,ltSchlepper,Maschinen!$L$6,FALSE))=TRUE,0,VLOOKUP(Y16,ltSchlepper,Maschinen!$L$6,FALSE)*AA16))","v":0},{"$f":"(IF(ISNA(VLOOKUP(Y16,ltSchlepper,Maschinen!$M$6,FALSE))=TRUE,0,VLOOKUP(Y16,ltSchlepper,Maschinen!$M$6,FALSE)*AA16))","v":0},{"$f":"(IF(ISNA(VLOOKUP(Y16,ltSchlepper,Maschinen!$N$6,FALSE))=TRUE,0,VLOOKUP(Y16,ltSchlepper,Maschinen!$N$6,FALSE)*AA16*IF(ISBLANK(AC16),1,AC16)))","v":0},{"$f":"(IF(ISNA(VLOOKUP(Y16,ltSchlepper,Maschinen!$O$6,FALSE))=TRUE,0,VLOOKUP(Y16,ltSchlepper,Maschinen!$O$6,FALSE)*AA16*IF(ISBLANK(AC16),1,AC16)))","v":0},{"$f":"(IF(ISNA(VLOOKUP(Y16,ltSchlepper,Maschinen!$P$6,FALSE))=TRUE,0,VLOOKUP(Y16,ltSchlepper,Maschinen!$P$6,FALSE)*AA16*IF(ISBLANK(AC16),1,AC16)))","v":0},{"$f":"SUM(BI16:BK16,BM16:BN16)","v":0},{"$f":"(IF(ISNA(VLOOKUP(AE16,ltSchlepper,Maschinen!$K$6,FALSE))=TRUE,0,VLOOKUP(AE16,ltSchlepper,Maschinen!$K$6,FALSE)*AG16))","v":0},{"$f":"(IF(ISNA(VLOOKUP(AE16,ltSchlepper,Maschinen!$L$6,FALSE))=TRUE,0,VLOOKUP(AE16,ltSchlepper,Maschinen!$L$6,FALSE)*AG16))","v":0},{"$f":"(IF(ISNA(VLOOKUP(AE16,ltSchlepper,Maschinen!$M$6,FALSE))=TRUE,0,VLOOKUP(AE16,ltSchlepper,Maschinen!$M$6,FALSE)*AG16))","v":0},{"$f":"(IF(ISNA(VLOOKUP(AE16,ltSchlepper,Maschinen!$N$6,FALSE))=TRUE,0,VLOOKUP(AE16,ltSchlepper,Maschinen!$N$6,FALSE)*AG16*IF(ISBLANK(AI16),1,AI16)))","v":0},{"$f":"(IF(ISNA(VLOOKUP(AE16,ltSchlepper,Maschinen!$O$6,FALSE))=TRUE,0,VLOOKUP(AE16,ltSchlepper,Maschinen!$O$6,FALSE)*AG16*IF(ISBLANK(AI16),1,AI16)))","v":0},{"$f":"(IF(ISNA(VLOOKUP(AE16,ltSchlepper,Maschinen!$P$6,FALSE))=TRUE,0,VLOOKUP(AE16,ltSchlepper,Maschinen!$P$6,FALSE)*AG16*IF(ISBLANK(AI16),1,AI16)))","v":0},{"$f":"SUM(BP16:BR16,BT16:BU16)","v":0},{"$f":"(IF(ISNA(VLOOKUP(AK16,ltSchlepper,Maschinen!$K$6,FALSE))=TRUE,0,VLOOKUP(AK16,ltSchlepper,Maschinen!$K$6,FALSE)*AM16))","v":0},{"$f":"(IF(ISNA(VLOOKUP(AK16,ltSchlepper,Maschinen!$L$6,FALSE))=TRUE,0,VLOOKUP(AK16,ltSchlepper,Maschinen!$L$6,FALSE)*AM16))","v":0},{"$f":"(IF(ISNA(VLOOKUP(AK16,ltSchlepper,Maschinen!$M$6,FALSE))=TRUE,0,VLOOKUP(AK16,ltSchlepper,Maschinen!$M$6,FALSE)*AM16))","v":0},{"$f":"(IF(ISNA(VLOOKUP(AK16,ltSchlepper,Maschinen!$N$6,FALSE))=TRUE,0,VLOOKUP(AK16,ltSchlepper,Maschinen!$N$6,FALSE)*AM16*IF(ISBLANK(AO16),1,AO16)))","v":0},{"$f":"(IF(ISNA(VLOOKUP(AK16,ltSchlepper,Maschinen!$O$6,FALSE))=TRUE,0,VLOOKUP(AK16,ltSchlepper,Maschinen!$O$6,FALSE)*AM16*IF(ISBLANK(AO16),1,AO16)))","v":0},{"$f":"(IF(ISNA(VLOOKUP(AK16,ltSchlepper,Maschinen!$P$6,FALSE))=TRUE,0,VLOOKUP(AK16,ltSchlepper,Maschinen!$P$6,FALSE)*AM16*IF(ISBLANK(AO16),1,AO16)))","v":0},0,{"$f":"(IF(ISNA(VLOOKUP(AQ16,ltSchlepper,Maschinen!$K$6,FALSE))=TRUE,0,VLOOKUP(AQ16,ltSchlepper,Maschinen!$K$6,FALSE)*AS16))","v":0},{"$f":"(IF(ISNA(VLOOKUP(AQ16,ltSchlepper,Maschinen!$L$6,FALSE))=TRUE,0,VLOOKUP(AQ16,ltSchlepper,Maschinen!$L$6,FALSE)*AS16))","v":0},{"$f":"(IF(ISNA(VLOOKUP(AQ16,ltSchlepper,Maschinen!$M$6,FALSE))=TRUE,0,VLOOKUP(AQ16,ltSchlepper,Maschinen!$M$6,FALSE)*AS16))","v":0},{"$f":"(IF(ISNA(VLOOKUP(AQ16,ltSchlepper,Maschinen!$N$6,FALSE))=TRUE,0,VLOOKUP(AQ16,ltSchlepper,Maschinen!$N$6,FALSE)*AS16*IF(ISBLANK(AU16),1,AU16)))","v":0},{"$f":"(IF(ISNA(VLOOKUP(AQ16,ltSchlepper,Maschinen!$O$6,FALSE))=TRUE,0,VLOOKUP(AQ16,ltSchlepper,Maschinen!$O$6,FALSE)*AS16*IF(ISBLANK(AU16),1,AU16)))","v":0},{"$f":"(IF(ISNA(VLOOKUP(AQ16,ltSchlepper,Maschinen!$P$6,FALSE))=TRUE,0,VLOOKUP(AQ16,ltSchlepper,Maschinen!$P$6,FALSE)*AS16*IF(ISBLANK(AU16),1,AU16)))","v":0},0,{"$f":"(IF(ISNA(VLOOKUP(Y16,ltSchlepper,Maschinen!$AA$6,FALSE))=TRUE,0,VLOOKUP(Y16,ltSchlepper,Maschinen!$AA$6,FALSE)*AA16))","v":0},{"$f":"(IF(ISNA(VLOOKUP(Y16,ltSchlepper,Maschinen!$AB$6,FALSE))=TRUE,0,VLOOKUP(Y16,ltSchlepper,Maschinen!$AB$6,FALSE)*AA16))","v":0},{"$f":"(IF(ISNA(VLOOKUP(Y16,ltSchlepper,Maschinen!$AC$6,FALSE))=TRUE,0,VLOOKUP(Y16,ltSchlepper,Maschinen!$AC$6,FALSE)*AA16))","v":0},{"$f":"SUM(CK16:CM16)","v":0},{"$f":"(IF(ISNA(VLOOKUP(AE16,ltSchlepper,Maschinen!$AA$6,FALSE))=TRUE,0,VLOOKUP(AE16,ltSchlepper,Maschinen!$AA$6,FALSE)*AG16))","v":0},{"$f":"(IF(ISNA(VLOOKUP(AE16,ltSchlepper,Maschinen!$AB$6,FALSE))=TRUE,0,VLOOKUP(AE16,ltSchlepper,Maschinen!$AB$6,FALSE)*AG16))","v":0},{"$f":"(IF(ISNA(VLOOKUP(AE16,ltSchlepper,Maschinen!$AC$6,FALSE))=TRUE,0,VLOOKUP(AE16,ltSchlepper,Maschinen!$AC$6,FALSE)*AG16))","v":0},{"$f":"SUM(CO16:CQ16)","v":0},{"$f":"(IF(ISNA(VLOOKUP(AK16,ltSchlepper,Maschinen!$AA$6,FALSE))=TRUE,0,VLOOKUP(AK16,ltSchlepper,Maschinen!$AA$6,FALSE)*AM16))","v":0},{"$f":"(IF(ISNA(VLOOKUP(AK16,ltSchlepper,Maschinen!$AB$6,FALSE))=TRUE,0,VLOOKUP(AK16,ltSchlepper,Maschinen!$AB$6,FALSE)*AM16))","v":0},{"$f":"(IF(ISNA(VLOOKUP(AK16,ltSchlepper,Maschinen!$AC$6,FALSE))=TRUE,0,VLOOKUP(AK16,ltSchlepper,Maschinen!$AC$6,FALSE)*AM16))","v":0},0,{"$f":"(IF(ISNA(VLOOKUP(AQ16,ltSchlepper,Maschinen!$AA$6,FALSE))=TRUE,0,VLOOKUP(AQ16,ltSchlepper,Maschinen!$AA$6,FALSE)*AS16))","v":0},{"$f":"(IF(ISNA(VLOOKUP(AQ16,ltSchlepper,Maschinen!$AB$6,FALSE))=TRUE,0,VLOOKUP(AQ16,ltSchlepper,Maschinen!$AB$6,FALSE)*AS16))","v":0},{"$f":"(IF(ISNA(VLOOKUP(AQ16,ltSchlepper,Maschinen!$AC$6,FALSE))=TRUE,0,VLOOKUP(AQ16,ltSchlepper,Maschinen!$AC$6,FALSE)*AS16))","v":0},0]
[null,21114,null,null,null,null,null,null,0,0,0,0.1,0,0,null,null,0,0,0,0,0,0,0,null,null,"",null,"",null,0,null,"",null,"",null,0,null,"",null,"",null,0,null,"",null,"",null,0,0,0,0,0,0,0,0,0,0,0,0,0,{"$f":"(IF(ISNA(VLOOKUP(Y17,ltSchlepper,Maschinen!$K$6,FALSE))=TRUE,0,VLOOKUP(Y17,ltSchlepper,Maschinen!$K$6,FALSE)*AA17))","v":0},{"$f":"(IF(ISNA(VLOOKUP(Y17,ltSchlepper,Maschinen!$L$6,FALSE))=TRUE,0,VLOOKUP(Y17,ltSchlepper,Maschinen!$L$6,FALSE)*AA17))","v":0},{"$f":"(IF(ISNA(VLOOKUP(Y17,ltSchlepper,Maschinen!$M$6,FALSE))=TRUE,0,VLOOKUP(Y17,ltSchlepper,Maschinen!$M$6,FALSE)*AA17))","v":0},{"$f":"(IF(ISNA(VLOOKUP(Y17,ltSchlepper,Maschinen!$N$6,FALSE))=TRUE,0,VLOOKUP(Y17,ltSchlepper,Maschinen!$N$6,FALSE)*AA17*IF(ISBLANK(AC17),1,AC17)))","v":0},{"$f":"(IF(ISNA(VLOOKUP(Y17,ltSchlepper,Maschinen!$O$6,FALSE))=TRUE,0,VLOOKUP(Y17,ltSchlepper,Maschinen!$O$6,FALSE)*AA17*IF(ISBLANK(AC17),1,AC17)))","v":0},{"$f":"(IF(ISNA(VLOOKUP(Y17,ltSchlepper,Maschinen!$P$6,FALSE))=TRUE,0,VLOOKUP(Y17,ltSchlepper,Maschinen!$P$6,FALSE)*AA17*IF(ISBLANK(AC17),1,AC17)))","v":0},0,{"$f":"(IF(ISNA(VLOOKUP(AE17,ltSchlepper,Maschinen!$K$6,FALSE))=TRUE,0,VLOOKUP(AE17,ltSchlepper,Maschinen!$K$6,FALSE)*AG17))","v":0},{"$f":"(IF(ISNA(VLOOKUP(AE17,ltSchlepper,Maschinen!$L$6,FALSE))=TRUE,0,VLOOKUP(AE17,ltSchlepper,Maschinen!$L$6,FALSE)*AG17))","v":0},{"$f":"(IF(ISNA(VLOOKUP(AE17,ltSchlepper,Maschinen!$M$6,FALSE))=TRUE,0,VLOOKUP(AE17,ltSchlepper,Maschinen!$M$6,FALSE)*AG17))","v":0},{"$f":"(IF(ISNA(VLOOKUP(AE17,ltSchlepper,Maschinen!$N$6,FALSE))=TRUE,0,VLOOKUP(AE17,ltSchlepper,Maschinen!$N$6,FALSE)*AG17*IF(ISBLANK(AI17),1,AI17)))","v":0},{"$f":"(IF(ISNA(VLOOKUP(AE17,ltSchlepper,Maschinen!$O$6,FALSE))=TRUE,0,VLOOKUP(AE17,ltSchlepper,Maschinen!$O$6,FALSE)*AG17*IF(ISBLANK(AI17),1,AI17)))","v":0},{"$f":"(IF(ISNA(VLOOKUP(AE17,ltSchlepper,Maschinen!$P$6,FALSE))=TRUE,0,VLOOKUP(AE17,ltSchlepper,Maschinen!$P$6,FALSE)*AG17*IF(ISBLANK(AI17),1,AI17)))","v":0},0,{"$f":"(IF(ISNA(VLOOKUP(AK17,ltSchlepper,Maschinen!$K$6,FALSE))=TRUE,0,VLOOKUP(AK17,ltSchlepper,Maschinen!$K$6,FALSE)*AM17))","v":0},{"$f":"(IF(ISNA(VLOOKUP(AK17,ltSchlepper,Maschinen!$L$6,FALSE))=TRUE,0,VLOOKUP(AK17,ltSchlepper,Maschinen!$L$6,FALSE)*AM17))","v":0},{"$f":"(IF(ISNA(VLOOKUP(AK17,ltSchlepper,Maschinen!$M$6,FALSE))=TRUE,0,VLOOKUP(AK17,ltSchlepper,Maschinen!$M$6,FALSE)*AM17))","v":0},{"$f":"(IF(ISNA(VLOOKUP(AK17,ltSchlepper,Maschinen!$N$6,FALSE))=TRUE,0,VLOOKUP(AK17,ltSchlepper,Maschinen!$N$6,FALSE)*AM17*IF(ISBLANK(AO17),1,AO17)))","v":0},{"$f":"(IF(ISNA(VLOOKUP(AK17,ltSchlepper,Maschinen!$O$6,FALSE))=TRUE,0,VLOOKUP(AK17,ltSchlepper,Maschinen!$O$6,FALSE)*AM17*IF(ISBLANK(AO17),1,AO17)))","v":0},{"$f":"(IF(ISNA(VLOOKUP(AK17,ltSchlepper,Maschinen!$P$6,FALSE))=TRUE,0,VLOOKUP(AK17,ltSchlepper,Maschinen!$P$6,FALSE)*AM17*IF(ISBLANK(AO17),1,AO17)))","v":0},0,{"$f":"(IF(ISNA(VLOOKUP(AQ17,ltSchlepper,Maschinen!$K$6,FALSE))=TRUE,0,VLOOKUP(AQ17,ltSchlepper,Maschinen!$K$6,FALSE)*AS17))","v":0},{"$f":"(IF(ISNA(VLOOKUP(AQ17,ltSchlepper,Maschinen!$L$6,FALSE))=TRUE,0,VLOOKUP(AQ17,ltSchlepper,Maschinen!$L$6,FALSE)*AS17))","v":0},{"$f":"(IF(ISNA(VLOOKUP(AQ17,ltSchlepper,Maschinen!$M$6,FALSE))=TRUE,0,VLOOKUP(AQ17,ltSchlepper,Maschinen!$M$6,FALSE)*AS17))","v":0},{"$f":"(IF(ISNA(VLOOKUP(AQ17,ltSchlepper,Maschinen!$N$6,FALSE))=TRUE,0,VLOOKUP(AQ17,ltSchlepper,Maschinen!$N$6,FALSE)*AS17*IF(ISBLANK(AU17),1,AU17)))","v":0},{"$f":"(IF(ISNA(VLOOKUP(AQ17,ltSchlepper,Maschinen!$O$6,FALSE))=TRUE,0,VLOOKUP(AQ17,ltSchlepper,Maschinen!$O$6,FALSE)*AS17*IF(ISBLANK(AU17),1,AU17)))","v":0},{"$f":"(IF(ISNA(VLOOKUP(AQ17,ltSchlepper,Maschinen!$P$6,FALSE))=TRUE,0,VLOOKUP(AQ17,ltSchlepper,Maschinen!$P$6,FALSE)*AS17*IF(ISBLANK(AU17),1,AU17)))","v":0},0,{"$f":"(IF(ISNA(VLOOKUP(Y17,ltSchlepper,Maschinen!$AA$6,FALSE))=TRUE,0,VLOOKUP(Y17,ltSchlepper,Maschinen!$AA$6,FALSE)*AA17))","v":0},{"$f":"(IF(ISNA(VLOOKUP(Y17,ltSchlepper,Maschinen!$AB$6,FALSE))=TRUE,0,VLOOKUP(Y17,ltSchlepper,Maschinen!$AB$6,FALSE)*AA17))","v":0},{"$f":"(IF(ISNA(VLOOKUP(Y17,ltSchlepper,Maschinen!$AC$6,FALSE))=TRUE,0,VLOOKUP(Y17,ltSchlepper,Maschinen!$AC$6,FALSE)*AA17))","v":0},0,{"$f":"(IF(ISNA(VLOOKUP(AE17,ltSchlepper,Maschinen!$AA$6,FALSE))=TRUE,0,VLOOKUP(AE17,ltSchlepper,Maschinen!$AA$6,FALSE)*AG17))","v":0},{"$f":"(IF(ISNA(VLOOKUP(AE17,ltSchlepper,Maschinen!$AB$6,FALSE))=TRUE,0,VLOOKUP(AE17,ltSchlepper,Maschinen!$AB$6,FALSE)*AG17))","v":0},{"$f":"(IF(ISNA(VLOOKUP(AE17,ltSchlepper,Maschinen!$AC$6,FALSE))=TRUE,0,VLOOKUP(AE17,ltSchlepper,Maschinen!$AC$6,FALSE)*AG17))","v":0},0,{"$f":"(IF(ISNA(VLOOKUP(AK17,ltSchlepper,Maschinen!$AA$6,FALSE))=TRUE,0,VLOOKUP(AK17,ltSchlepper,Maschinen!$AA$6,FALSE)*AM17))","v":0},{"$f":"(IF(ISNA(VLOOKUP(AK17,ltSchlepper,Maschinen!$AB$6,FALSE))=TRUE,0,VLOOKUP(AK17,ltSchlepper,Maschinen!$AB$6,FALSE)*AM17))","v":0},{"$f":"(IF(ISNA(VLOOKUP(AK17,ltSchlepper,Maschinen!$AC$6,FALSE))=TRUE,0,VLOOKUP(AK17,ltSchlepper,Maschinen!$AC$6,FALSE)*AM17))","v":0},0,{"$f":"(IF(ISNA(VLOOKUP(AQ17,ltSchlepper,Maschinen!$AA$6,FALSE))=TRUE,0,VLOOKUP(AQ17,ltSchlepper,Maschinen!$AA$6,FALSE)*AS17))","v":0},{"$f":"(IF(ISNA(VLOOKUP(AQ17,ltSchlepper,Maschinen!$AB$6,FALSE))=TRUE,0,VLOOKUP(AQ17,ltSchlepper,Maschinen!$AB$6,FALSE)*AS17))","v":0},{"$f":"(IF(ISNA(VLOOKUP(AQ17,ltSchlepper,Maschinen!$AC$6,FALSE))=TRUE,0,VLOOKUP(AQ17,ltSchlepper,Maschinen!$AC$6,FALSE)*AS17))","v":0},0]
[null,21115,null,null,null,null,null,null,0,0,0,0.1,0,0,null,null,0,0,0,0,0,0,0,null,null,"",null,"",null,0,null,"",null,"",null,0,null,"",null,"",null,0,null,"",null,"",null,0,0,0,0,0,0,0,0,0,0,0,0,0,{"$f":"(IF(ISNA(VLOOKUP(Y18,ltSchlepper,Maschinen!$K$6,FALSE))=TRUE,0,VLOOKUP(Y18,ltSchlepper,Maschinen!$K$6,FALSE)*AA18))","v":0},{"$f":"(IF(ISNA(VLOOKUP(Y18,ltSchlepper,Maschinen!$L$6,FALSE))=TRUE,0,VLOOKUP(Y18,ltSchlepper,Maschinen!$L$6,FALSE)*AA18))","v":0},{"$f":"(IF(ISNA(VLOOKUP(Y18,ltSchlepper,Maschinen!$M$6,FALSE))=TRUE,0,VLOOKUP(Y18,ltSchlepper,Maschinen!$M$6,FALSE)*AA18))","v":0},{"$f":"(IF(ISNA(VLOOKUP(Y18,ltSchlepper,Maschinen!$N$6,FALSE))=TRUE,0,VLOOKUP(Y18,ltSchlepper,Maschinen!$N$6,FALSE)*AA18*IF(ISBLANK(AC18),1,AC18)))","v":0},{"$f":"(IF(ISNA(VLOOKUP(Y18,ltSchlepper,Maschinen!$O$6,FALSE))=TRUE,0,VLOOKUP(Y18,ltSchlepper,Maschinen!$O$6,FALSE)*AA18*IF(ISBLANK(AC18),1,AC18)))","v":0},{"$f":"(IF(ISNA(VLOOKUP(Y18,ltSchlepper,Maschinen!$P$6,FALSE))=TRUE,0,VLOOKUP(Y18,ltSchlepper,Maschinen!$P$6,FALSE)*AA18*IF(ISBLANK(AC18),1,AC18)))","v":0},0,{"$f":"(IF(ISNA(VLOOKUP(AE18,ltSchlepper,Maschinen!$K$6,FALSE))=TRUE,0,VLOOKUP(AE18,ltSchlepper,Maschinen!$K$6,FALSE)*AG18))","v":0},{"$f":"(IF(ISNA(VLOOKUP(AE18,ltSchlepper,Maschinen!$L$6,FALSE))=TRUE,0,VLOOKUP(AE18,ltSchlepper,Maschinen!$L$6,FALSE)*AG18))","v":0},{"$f":"(IF(ISNA(VLOOKUP(AE18,ltSchlepper,Maschinen!$M$6,FALSE))=TRUE,0,VLOOKUP(AE18,ltSchlepper,Maschinen!$M$6,FALSE)*AG18))","v":0},{"$f":"(IF(ISNA(VLOOKUP(AE18,ltSchlepper,Maschinen!$N$6,FALSE))=TRUE,0,VLOOKUP(AE18,ltSchlepper,Maschinen!$N$6,FALSE)*AG18*IF(ISBLANK(AI18),1,AI18)))","v":0},{"$f":"(IF(ISNA(VLOOKUP(AE18,ltSchlepper,Maschinen!$O$6,FALSE))=TRUE,0,VLOOKUP(AE18,ltSchlepper,Maschinen!$O$6,FALSE)*AG18*IF(ISBLANK(AI18),1,AI18)))","v":0},{"$f":"(IF(ISNA(VLOOKUP(AE18,ltSchlepper,Maschinen!$P$6,FALSE))=TRUE,0,VLOOKUP(AE18,ltSchlepper,Maschinen!$P$6,FALSE)*AG18*IF(ISBLANK(AI18),1,AI18)))","v":0},0,{"$f":"(IF(ISNA(VLOOKUP(AK18,ltSchlepper,Maschinen!$K$6,FALSE))=TRUE,0,VLOOKUP(AK18,ltSchlepper,Maschinen!$K$6,FALSE)*AM18))","v":0},{"$f":"(IF(ISNA(VLOOKUP(AK18,ltSchlepper,Maschinen!$L$6,FALSE))=TRUE,0,VLOOKUP(AK18,ltSchlepper,Maschinen!$L$6,FALSE)*AM18))","v":0},{"$f":"(IF(ISNA(VLOOKUP(AK18,ltSchlepper,Maschinen!$M$6,FALSE))=TRUE,0,VLOOKUP(AK18,ltSchlepper,Maschinen!$M$6,FALSE)*AM18))","v":0},{"$f":"(IF(ISNA(VLOOKUP(AK18,ltSchlepper,Maschinen!$N$6,FALSE))=TRUE,0,VLOOKUP(AK18,ltSchlepper,Maschinen!$N$6,FALSE)*AM18*IF(ISBLANK(AO18),1,AO18)))","v":0},{"$f":"(IF(ISNA(VLOOKUP(AK18,ltSchlepper,Maschinen!$O$6,FALSE))=TRUE,0,VLOOKUP(AK18,ltSchlepper,Maschinen!$O$6,FALSE)*AM18*IF(ISBLANK(AO18),1,AO18)))","v":0},{"$f":"(IF(ISNA(VLOOKUP(AK18,ltSchlepper,Maschinen!$P$6,FALSE))=TRUE,0,VLOOKUP(AK18,ltSchlepper,Maschinen!$P$6,FALSE)*AM18*IF(ISBLANK(AO18),1,AO18)))","v":0},0,{"$f":"(IF(ISNA(VLOOKUP(AQ18,ltSchlepper,Maschinen!$K$6,FALSE))=TRUE,0,VLOOKUP(AQ18,ltSchlepper,Maschinen!$K$6,FALSE)*AS18))","v":0},{"$f":"(IF(ISNA(VLOOKUP(AQ18,ltSchlepper,Maschinen!$L$6,FALSE))=TRUE,0,VLOOKUP(AQ18,ltSchlepper,Maschinen!$L$6,FALSE)*AS18))","v":0},{"$f":"(IF(ISNA(VLOOKUP(AQ18,ltSchlepper,Maschinen!$M$6,FALSE))=TRUE,0,VLOOKUP(AQ18,ltSchlepper,Maschinen!$M$6,FALSE)*AS18))","v":0},{"$f":"(IF(ISNA(VLOOKUP(AQ18,ltSchlepper,Maschinen!$N$6,FALSE))=TRUE,0,VLOOKUP(AQ18,ltSchlepper,Maschinen!$N$6,FALSE)*AS18*IF(ISBLANK(AU18),1,AU18)))","v":0},{"$f":"(IF(ISNA(VLOOKUP(AQ18,ltSchlepper,Maschinen!$O$6,FALSE))=TRUE,0,VLOOKUP(AQ18,ltSchlepper,Maschinen!$O$6,FALSE)*AS18*IF(ISBLANK(AU18),1,AU18)))","v":0},{"$f":"(IF(ISNA(VLOOKUP(AQ18,ltSchlepper,Maschinen!$P$6,FALSE))=TRUE,0,VLOOKUP(AQ18,ltSchlepper,Maschinen!$P$6,FALSE)*AS18*IF(ISBLANK(AU18),1,AU18)))","v":0},0,{"$f":"(IF(ISNA(VLOOKUP(Y18,ltSchlepper,Maschinen!$AA$6,FALSE))=TRUE,0,VLOOKUP(Y18,ltSchlepper,Maschinen!$AA$6,FALSE)*AA18))","v":0},{"$f":"(IF(ISNA(VLOOKUP(Y18,ltSchlepper,Maschinen!$AB$6,FALSE))=TRUE,0,VLOOKUP(Y18,ltSchlepper,Maschinen!$AB$6,FALSE)*AA18))","v":0},{"$f":"(IF(ISNA(VLOOKUP(Y18,ltSchlepper,Maschinen!$AC$6,FALSE))=TRUE,0,VLOOKUP(Y18,ltSchlepper,Maschinen!$AC$6,FALSE)*AA18))","v":0},0,{"$f":"(IF(ISNA(VLOOKUP(AE18,ltSchlepper,Maschinen!$AA$6,FALSE))=TRUE,0,VLOOKUP(AE18,ltSchlepper,Maschinen!$AA$6,FALSE)*AG18))","v":0},{"$f":"(IF(ISNA(VLOOKUP(AE18,ltSchlepper,Maschinen!$AB$6,FALSE))=TRUE,0,VLOOKUP(AE18,ltSchlepper,Maschinen!$AB$6,FALSE)*AG18))","v":0},{"$f":"(IF(ISNA(VLOOKUP(AE18,ltSchlepper,Maschinen!$AC$6,FALSE))=TRUE,0,VLOOKUP(AE18,ltSchlepper,Maschinen!$AC$6,FALSE)*AG18))","v":0},0,{"$f":"(IF(ISNA(VLOOKUP(AK18,ltSchlepper,Maschinen!$AA$6,FALSE))=TRUE,0,VLOOKUP(AK18,ltSchlepper,Maschinen!$AA$6,FALSE)*AM18))","v":0},{"$f":"(IF(ISNA(VLOOKUP(AK18,ltSchlepper,Maschinen!$AB$6,FALSE))=TRUE,0,VLOOKUP(AK18,ltSchlepper,Maschinen!$AB$6,FALSE)*AM18))","v":0},{"$f":"(IF(ISNA(VLOOKUP(AK18,ltSchlepper,Maschinen!$AC$6,FALSE))=TRUE,0,VLOOKUP(AK18,ltSchlepper,Maschinen!$AC$6,FALSE)*AM18))","v":0},0,{"$f":"(IF(ISNA(VLOOKUP(AQ18,ltSchlepper,Maschinen!$AA$6,FALSE))=TRUE,0,VLOOKUP(AQ18,ltSchlepper,Maschinen!$AA$6,FALSE)*AS18))","v":0},{"$f":"(IF(ISNA(VLOOKUP(AQ18,ltSchlepper,Maschinen!$AB$6,FALSE))=TRUE,0,VLOOKUP(AQ18,ltSchlepper,Maschinen!$AB$6,FALSE)*AS18))","v":0},{"$f":"(IF(ISNA(VLOOKUP(AQ18,ltSchlepper,Maschinen!$AC$6,FALSE))=TRUE,0,VLOOKUP(AQ18,ltSchlepper,Maschinen!$AC$6,FALSE)*AS18))","v":0},0]
[null,21116,null,null,null,null,null,null,0,0,0,0.1,0,0,null,null,0,0,0,0,0,0,0,null,null,"",null,"",null,0,null,"",null,"",null,0,null,"",null,"",null,0,null,"",null,"",null,0,0,0,0,0,0,0,0,0,0,0,0,0,{"$f":"(IF(ISNA(VLOOKUP(Y19,ltSchlepper,Maschinen!$K$6,FALSE))=TRUE,0,VLOOKUP(Y19,ltSchlepper,Maschinen!$K$6,FALSE)*AA19))","v":0},{"$f":"(IF(ISNA(VLOOKUP(Y19,ltSchlepper,Maschinen!$L$6,FALSE))=TRUE,0,VLOOKUP(Y19,ltSchlepper,Maschinen!$L$6,FALSE)*AA19))","v":0},{"$f":"(IF(ISNA(VLOOKUP(Y19,ltSchlepper,Maschinen!$M$6,FALSE))=TRUE,0,VLOOKUP(Y19,ltSchlepper,Maschinen!$M$6,FALSE)*AA19))","v":0},{"$f":"(IF(ISNA(VLOOKUP(Y19,ltSchlepper,Maschinen!$N$6,FALSE))=TRUE,0,VLOOKUP(Y19,ltSchlepper,Maschinen!$N$6,FALSE)*AA19*IF(ISBLANK(AC19),1,AC19)))","v":0},{"$f":"(IF(ISNA(VLOOKUP(Y19,ltSchlepper,Maschinen!$O$6,FALSE))=TRUE,0,VLOOKUP(Y19,ltSchlepper,Maschinen!$O$6,FALSE)*AA19*IF(ISBLANK(AC19),1,AC19)))","v":0},{"$f":"(IF(ISNA(VLOOKUP(Y19,ltSchlepper,Maschinen!$P$6,FALSE))=TRUE,0,VLOOKUP(Y19,ltSchlepper,Maschinen!$P$6,FALSE)*AA19*IF(ISBLANK(AC19),1,AC19)))","v":0},0,{"$f":"(IF(ISNA(VLOOKUP(AE19,ltSchlepper,Maschinen!$K$6,FALSE))=TRUE,0,VLOOKUP(AE19,ltSchlepper,Maschinen!$K$6,FALSE)*AG19))","v":0},{"$f":"(IF(ISNA(VLOOKUP(AE19,ltSchlepper,Maschinen!$L$6,FALSE))=TRUE,0,VLOOKUP(AE19,ltSchlepper,Maschinen!$L$6,FALSE)*AG19))","v":0},{"$f":"(IF(ISNA(VLOOKUP(AE19,ltSchlepper,Maschinen!$M$6,FALSE))=TRUE,0,VLOOKUP(AE19,ltSchlepper,Maschinen!$M$6,FALSE)*AG19))","v":0},{"$f":"(IF(ISNA(VLOOKUP(AE19,ltSchlepper,Maschinen!$N$6,FALSE))=TRUE,0,VLOOKUP(AE19,ltSchlepper,Maschinen!$N$6,FALSE)*AG19*IF(ISBLANK(AI19),1,AI19)))","v":0},{"$f":"(IF(ISNA(VLOOKUP(AE19,ltSchlepper,Maschinen!$O$6,FALSE))=TRUE,0,VLOOKUP(AE19,ltSchlepper,Maschinen!$O$6,FALSE)*AG19*IF(ISBLANK(AI19),1,AI19)))","v":0},{"$f":"(IF(ISNA(VLOOKUP(AE19,ltSchlepper,Maschinen!$P$6,FALSE))=TRUE,0,VLOOKUP(AE19,ltSchlepper,Maschinen!$P$6,FALSE)*AG19*IF(ISBLANK(AI19),1,AI19)))","v":0},0,{"$f":"(IF(ISNA(VLOOKUP(AK19,ltSchlepper,Maschinen!$K$6,FALSE))=TRUE,0,VLOOKUP(AK19,ltSchlepper,Maschinen!$K$6,FALSE)*AM19))","v":0},{"$f":"(IF(ISNA(VLOOKUP(AK19,ltSchlepper,Maschinen!$L$6,FALSE))=TRUE,0,VLOOKUP(AK19,ltSchlepper,Maschinen!$L$6,FALSE)*AM19))","v":0},{"$f":"(IF(ISNA(VLOOKUP(AK19,ltSchlepper,Maschinen!$M$6,FALSE))=TRUE,0,VLOOKUP(AK19,ltSchlepper,Maschinen!$M$6,FALSE)*AM19))","v":0},{"$f":"(IF(ISNA(VLOOKUP(AK19,ltSchlepper,Maschinen!$N$6,FALSE))=TRUE,0,VLOOKUP(AK19,ltSchlepper,Maschinen!$N$6,FALSE)*AM19*IF(ISBLANK(AO19),1,AO19)))","v":0},{"$f":"(IF(ISNA(VLOOKUP(AK19,ltSchlepper,Maschinen!$O$6,FALSE))=TRUE,0,VLOOKUP(AK19,ltSchlepper,Maschinen!$O$6,FALSE)*AM19*IF(ISBLANK(AO19),1,AO19)))","v":0},{"$f":"(IF(ISNA(VLOOKUP(AK19,ltSchlepper,Maschinen!$P$6,FALSE))=TRUE,0,VLOOKUP(AK19,ltSchlepper,Maschinen!$P$6,FALSE)*AM19*IF(ISBLANK(AO19),1,AO19)))","v":0},0,{"$f":"(IF(ISNA(VLOOKUP(AQ19,ltSchlepper,Maschinen!$K$6,FALSE))=TRUE,0,VLOOKUP(AQ19,ltSchlepper,Maschinen!$K$6,FALSE)*AS19))","v":0},{"$f":"(IF(ISNA(VLOOKUP(AQ19,ltSchlepper,Maschinen!$L$6,FALSE))=TRUE,0,VLOOKUP(AQ19,ltSchlepper,Maschinen!$L$6,FALSE)*AS19))","v":0},{"$f":"(IF(ISNA(VLOOKUP(AQ19,ltSchlepper,Maschinen!$M$6,FALSE))=TRUE,0,VLOOKUP(AQ19,ltSchlepper,Maschinen!$M$6,FALSE)*AS19))","v":0},{"$f":"(IF(ISNA(VLOOKUP(AQ19,ltSchlepper,Maschinen!$N$6,FALSE))=TRUE,0,VLOOKUP(AQ19,ltSchlepper,Maschinen!$N$6,FALSE)*AS19*IF(ISBLANK(AU19),1,AU19)))","v":0},{"$f":"(IF(ISNA(VLOOKUP(AQ19,ltSchlepper,Maschinen!$O$6,FALSE))=TRUE,0,VLOOKUP(AQ19,ltSchlepper,Maschinen!$O$6,FALSE)*AS19*IF(ISBLANK(AU19),1,AU19)))","v":0},{"$f":"(IF(ISNA(VLOOKUP(AQ19,ltSchlepper,Maschinen!$P$6,FALSE))=TRUE,0,VLOOKUP(AQ19,ltSchlepper,Maschinen!$P$6,FALSE)*AS19*IF(ISBLANK(AU19),1,AU19)))","v":0},0,{"$f":"(IF(ISNA(VLOOKUP(Y19,ltSchlepper,Maschinen!$AA$6,FALSE))=TRUE,0,VLOOKUP(Y19,ltSchlepper,Maschinen!$AA$6,FALSE)*AA19))","v":0},{"$f":"(IF(ISNA(VLOOKUP(Y19,ltSchlepper,Maschinen!$AB$6,FALSE))=TRUE,0,VLOOKUP(Y19,ltSchlepper,Maschinen!$AB$6,FALSE)*AA19))","v":0},{"$f":"(IF(ISNA(VLOOKUP(Y19,ltSchlepper,Maschinen!$AC$6,FALSE))=TRUE,0,VLOOKUP(Y19,ltSchlepper,Maschinen!$AC$6,FALSE)*AA19))","v":0},0,{"$f":"(IF(ISNA(VLOOKUP(AE19,ltSchlepper,Maschinen!$AA$6,FALSE))=TRUE,0,VLOOKUP(AE19,ltSchlepper,Maschinen!$AA$6,FALSE)*AG19))","v":0},{"$f":"(IF(ISNA(VLOOKUP(AE19,ltSchlepper,Maschinen!$AB$6,FALSE))=TRUE,0,VLOOKUP(AE19,ltSchlepper,Maschinen!$AB$6,FALSE)*AG19))","v":0},{"$f":"(IF(ISNA(VLOOKUP(AE19,ltSchlepper,Maschinen!$AC$6,FALSE))=TRUE,0,VLOOKUP(AE19,ltSchlepper,Maschinen!$AC$6,FALSE)*AG19))","v":0},0,{"$f":"(IF(ISNA(VLOOKUP(AK19,ltSchlepper,Maschinen!$AA$6,FALSE))=TRUE,0,VLOOKUP(AK19,ltSchlepper,Maschinen!$AA$6,FALSE)*AM19))","v":0},{"$f":"(IF(ISNA(VLOOKUP(AK19,ltSchlepper,Maschinen!$AB$6,FALSE))=TRUE,0,VLOOKUP(AK19,ltSchlepper,Maschinen!$AB$6,FALSE)*AM19))","v":0},{"$f":"(IF(ISNA(VLOOKUP(AK19,ltSchlepper,Maschinen!$AC$6,FALSE))=TRUE,0,VLOOKUP(AK19,ltSchlepper,Maschinen!$AC$6,FALSE)*AM19))","v":0},0,{"$f":"(IF(ISNA(VLOOKUP(AQ19,ltSchlepper,Maschinen!$AA$6,FALSE))=TRUE,0,VLOOKUP(AQ19,ltSchlepper,Maschinen!$AA$6,FALSE)*AS19))","v":0},{"$f":"(IF(ISNA(VLOOKUP(AQ19,ltSchlepper,Maschinen!$AB$6,FALSE))=TRUE,0,VLOOKUP(AQ19,ltSchlepper,Maschinen!$AB$6,FALSE)*AS19))","v":0},{"$f":"(IF(ISNA(VLOOKUP(AQ19,ltSchlepper,Maschinen!$AC$6,FALSE))=TRUE,0,VLOOKUP(AQ19,ltSchlepper,Maschinen!$AC$6,FALSE)*AS19))","v":0},0]
[null,21117,null,null,null,null,null,null,0,0,0,0.1,0,0,null,null,0,0,0,0,0,0,0,null,null,"",null,"",null,0,null,"",null,"",null,0,null,"",null,"",null,0,null,"",null,"",null,0,0,0,0,0,0,0,0,0,0,0,0,0,{"$f":"(IF(ISNA(VLOOKUP(Y20,ltSchlepper,Maschinen!$K$6,FALSE))=TRUE,0,VLOOKUP(Y20,ltSchlepper,Maschinen!$K$6,FALSE)*AA20))","v":0},{"$f":"(IF(ISNA(VLOOKUP(Y20,ltSchlepper,Maschinen!$L$6,FALSE))=TRUE,0,VLOOKUP(Y20,ltSchlepper,Maschinen!$L$6,FALSE)*AA20))","v":0},{"$f":"(IF(ISNA(VLOOKUP(Y20,ltSchlepper,Maschinen!$M$6,FALSE))=TRUE,0,VLOOKUP(Y20,ltSchlepper,Maschinen!$M$6,FALSE)*AA20))","v":0},{"$f":"(IF(ISNA(VLOOKUP(Y20,ltSchlepper,Maschinen!$N$6,FALSE))=TRUE,0,VLOOKUP(Y20,ltSchlepper,Maschinen!$N$6,FALSE)*AA20*IF(ISBLANK(AC20),1,AC20)))","v":0},{"$f":"(IF(ISNA(VLOOKUP(Y20,ltSchlepper,Maschinen!$O$6,FALSE))=TRUE,0,VLOOKUP(Y20,ltSchlepper,Maschinen!$O$6,FALSE)*AA20*IF(ISBLANK(AC20),1,AC20)))","v":0},{"$f":"(IF(ISNA(VLOOKUP(Y20,ltSchlepper,Maschinen!$P$6,FALSE))=TRUE,0,VLOOKUP(Y20,ltSchlepper,Maschinen!$P$6,FALSE)*AA20*IF(ISBLANK(AC20),1,AC20)))","v":0},0,{"$f":"(IF(ISNA(VLOOKUP(AE20,ltSchlepper,Maschinen!$K$6,FALSE))=TRUE,0,VLOOKUP(AE20,ltSchlepper,Maschinen!$K$6,FALSE)*AG20))","v":0},{"$f":"(IF(ISNA(VLOOKUP(AE20,ltSchlepper,Maschinen!$L$6,FALSE))=TRUE,0,VLOOKUP(AE20,ltSchlepper,Maschinen!$L$6,FALSE)*AG20))","v":0},{"$f":"(IF(ISNA(VLOOKUP(AE20,ltSchlepper,Maschinen!$M$6,FALSE))=TRUE,0,VLOOKUP(AE20,ltSchlepper,Maschinen!$M$6,FALSE)*AG20))","v":0},{"$f":"(IF(ISNA(VLOOKUP(AE20,ltSchlepper,Maschinen!$N$6,FALSE))=TRUE,0,VLOOKUP(AE20,ltSchlepper,Maschinen!$N$6,FALSE)*AG20*IF(ISBLANK(AI20),1,AI20)))","v":0},{"$f":"(IF(ISNA(VLOOKUP(AE20,ltSchlepper,Maschinen!$O$6,FALSE))=TRUE,0,VLOOKUP(AE20,ltSchlepper,Maschinen!$O$6,FALSE)*AG20*IF(ISBLANK(AI20),1,AI20)))","v":0},{"$f":"(IF(ISNA(VLOOKUP(AE20,ltSchlepper,Maschinen!$P$6,FALSE))=TRUE,0,VLOOKUP(AE20,ltSchlepper,Maschinen!$P$6,FALSE)*AG20*IF(ISBLANK(AI20),1,AI20)))","v":0},0,{"$f":"(IF(ISNA(VLOOKUP(AK20,ltSchlepper,Maschinen!$K$6,FALSE))=TRUE,0,VLOOKUP(AK20,ltSchlepper,Maschinen!$K$6,FALSE)*AM20))","v":0},{"$f":"(IF(ISNA(VLOOKUP(AK20,ltSchlepper,Maschinen!$L$6,FALSE))=TRUE,0,VLOOKUP(AK20,ltSchlepper,Maschinen!$L$6,FALSE)*AM20))","v":0},{"$f":"(IF(ISNA(VLOOKUP(AK20,ltSchlepper,Maschinen!$M$6,FALSE))=TRUE,0,VLOOKUP(AK20,ltSchlepper,Maschinen!$M$6,FALSE)*AM20))","v":0},{"$f":"(IF(ISNA(VLOOKUP(AK20,ltSchlepper,Maschinen!$N$6,FALSE))=TRUE,0,VLOOKUP(AK20,ltSchlepper,Maschinen!$N$6,FALSE)*AM20*IF(ISBLANK(AO20),1,AO20)))","v":0},{"$f":"(IF(ISNA(VLOOKUP(AK20,ltSchlepper,Maschinen!$O$6,FALSE))=TRUE,0,VLOOKUP(AK20,ltSchlepper,Maschinen!$O$6,FALSE)*AM20*IF(ISBLANK(AO20),1,AO20)))","v":0},{"$f":"(IF(ISNA(VLOOKUP(AK20,ltSchlepper,Maschinen!$P$6,FALSE))=TRUE,0,VLOOKUP(AK20,ltSchlepper,Maschinen!$P$6,FALSE)*AM20*IF(ISBLANK(AO20),1,AO20)))","v":0},0,{"$f":"(IF(ISNA(VLOOKUP(AQ20,ltSchlepper,Maschinen!$K$6,FALSE))=TRUE,0,VLOOKUP(AQ20,ltSchlepper,Maschinen!$K$6,FALSE)*AS20))","v":0},{"$f":"(IF(ISNA(VLOOKUP(AQ20,ltSchlepper,Maschinen!$L$6,FALSE))=TRUE,0,VLOOKUP(AQ20,ltSchlepper,Maschinen!$L$6,FALSE)*AS20))","v":0},{"$f":"(IF(ISNA(VLOOKUP(AQ20,ltSchlepper,Maschinen!$M$6,FALSE))=TRUE,0,VLOOKUP(AQ20,ltSchlepper,Maschinen!$M$6,FALSE)*AS20))","v":0},{"$f":"(IF(ISNA(VLOOKUP(AQ20,ltSchlepper,Maschinen!$N$6,FALSE))=TRUE,0,VLOOKUP(AQ20,ltSchlepper,Maschinen!$N$6,FALSE)*AS20*IF(ISBLANK(AU20),1,AU20)))","v":0},{"$f":"(IF(ISNA(VLOOKUP(AQ20,ltSchlepper,Maschinen!$O$6,FALSE))=TRUE,0,VLOOKUP(AQ20,ltSchlepper,Maschinen!$O$6,FALSE)*AS20*IF(ISBLANK(AU20),1,AU20)))","v":0},{"$f":"(IF(ISNA(VLOOKUP(AQ20,ltSchlepper,Maschinen!$P$6,FALSE))=TRUE,0,VLOOKUP(AQ20,ltSchlepper,Maschinen!$P$6,FALSE)*AS20*IF(ISBLANK(AU20),1,AU20)))","v":0},0,{"$f":"(IF(ISNA(VLOOKUP(Y20,ltSchlepper,Maschinen!$AA$6,FALSE))=TRUE,0,VLOOKUP(Y20,ltSchlepper,Maschinen!$AA$6,FALSE)*AA20))","v":0},{"$f":"(IF(ISNA(VLOOKUP(Y20,ltSchlepper,Maschinen!$AB$6,FALSE))=TRUE,0,VLOOKUP(Y20,ltSchlepper,Maschinen!$AB$6,FALSE)*AA20))","v":0},{"$f":"(IF(ISNA(VLOOKUP(Y20,ltSchlepper,Maschinen!$AC$6,FALSE))=TRUE,0,VLOOKUP(Y20,ltSchlepper,Maschinen!$AC$6,FALSE)*AA20))","v":0},0,{"$f":"(IF(ISNA(VLOOKUP(AE20,ltSchlepper,Maschinen!$AA$6,FALSE))=TRUE,0,VLOOKUP(AE20,ltSchlepper,Maschinen!$AA$6,FALSE)*AG20))","v":0},{"$f":"(IF(ISNA(VLOOKUP(AE20,ltSchlepper,Maschinen!$AB$6,FALSE))=TRUE,0,VLOOKUP(AE20,ltSchlepper,Maschinen!$AB$6,FALSE)*AG20))","v":0},{"$f":"(IF(ISNA(VLOOKUP(AE20,ltSchlepper,Maschinen!$AC$6,FALSE))=TRUE,0,VLOOKUP(AE20,ltSchlepper,Maschinen!$AC$6,FALSE)*AG20))","v":0},0,{"$f":"(IF(ISNA(VLOOKUP(AK20,ltSchlepper,Maschinen!$AA$6,FALSE))=TRUE,0,VLOOKUP(AK20,ltSchlepper,Maschinen!$AA$6,FALSE)*AM20))","v":0},{"$f":"(IF(ISNA(VLOOKUP(AK20,ltSchlepper,Maschinen!$AB$6,FALSE))=TRUE,0,VLOOKUP(AK20,ltSchlepper,Maschinen!$AB$6,FALSE)*AM20))","v":0},{"$f":"(IF(ISNA(VLOOKUP(AK20,ltSchlepper,Maschinen!$AC$6,FALSE))=TRUE,0,VLOOKUP(AK20,ltSchlepper,Maschinen!$AC$6,FALSE)*AM20))","v":0},0,{"$f":"(IF(ISNA(VLOOKUP(AQ20,ltSchlepper,Maschinen!$AA$6,FALSE))=TRUE,0,VLOOKUP(AQ20,ltSchlepper,Maschinen!$AA$6,FALSE)*AS20))","v":0},{"$f":"(IF(ISNA(VLOOKUP(AQ20,ltSchlepper,Maschinen!$AB$6,FALSE))=TRUE,0,VLOOKUP(AQ20,ltSchlepper,Maschinen!$AB$6,FALSE)*AS20))","v":0},{"$f":"(IF(ISNA(VLOOKUP(AQ20,ltSchlepper,Maschinen!$AC$6,FALSE))=TRUE,0,VLOOKUP(AQ20,ltSchlepper,Maschinen!$AC$6,FALSE)*AS20))","v":0},0]
[null,21118,null,null,null,null,null,null,0,0,0,0.1,0,0,null,null,0,0,0,0,0,0,0,null,null,"",null,"",null,0,null,"",null,"",null,0,null,"",null,"",null,0,null,"",null,"",null,0,0,0,0,0,0,0,0,0,0,0,0,0,{"$f":"(IF(ISNA(VLOOKUP(Y21,ltSchlepper,Maschinen!$K$6,FALSE))=TRUE,0,VLOOKUP(Y21,ltSchlepper,Maschinen!$K$6,FALSE)*AA21))","v":0},{"$f":"(IF(ISNA(VLOOKUP(Y21,ltSchlepper,Maschinen!$L$6,FALSE))=TRUE,0,VLOOKUP(Y21,ltSchlepper,Maschinen!$L$6,FALSE)*AA21))","v":0},{"$f":"(IF(ISNA(VLOOKUP(Y21,ltSchlepper,Maschinen!$M$6,FALSE))=TRUE,0,VLOOKUP(Y21,ltSchlepper,Maschinen!$M$6,FALSE)*AA21))","v":0},{"$f":"(IF(ISNA(VLOOKUP(Y21,ltSchlepper,Maschinen!$N$6,FALSE))=TRUE,0,VLOOKUP(Y21,ltSchlepper,Maschinen!$N$6,FALSE)*AA21*IF(ISBLANK(AC21),1,AC21)))","v":0},{"$f":"(IF(ISNA(VLOOKUP(Y21,ltSchlepper,Maschinen!$O$6,FALSE))=TRUE,0,VLOOKUP(Y21,ltSchlepper,Maschinen!$O$6,FALSE)*AA21*IF(ISBLANK(AC21),1,AC21)))","v":0},{"$f":"(IF(ISNA(VLOOKUP(Y21,ltSchlepper,Maschinen!$P$6,FALSE))=TRUE,0,VLOOKUP(Y21,ltSchlepper,Maschinen!$P$6,FALSE)*AA21*IF(ISBLANK(AC21),1,AC21)))","v":0},0,{"$f":"(IF(ISNA(VLOOKUP(AE21,ltSchlepper,Maschinen!$K$6,FALSE))=TRUE,0,VLOOKUP(AE21,ltSchlepper,Maschinen!$K$6,FALSE)*AG21))","v":0},{"$f":"(IF(ISNA(VLOOKUP(AE21,ltSchlepper,Maschinen!$L$6,FALSE))=TRUE,0,VLOOKUP(AE21,ltSchlepper,Maschinen!$L$6,FALSE)*AG21))","v":0},{"$f":"(IF(ISNA(VLOOKUP(AE21,ltSchlepper,Maschinen!$M$6,FALSE))=TRUE,0,VLOOKUP(AE21,ltSchlepper,Maschinen!$M$6,FALSE)*AG21))","v":0},{"$f":"(IF(ISNA(VLOOKUP(AE21,ltSchlepper,Maschinen!$N$6,FALSE))=TRUE,0,VLOOKUP(AE21,ltSchlepper,Maschinen!$N$6,FALSE)*AG21*IF(ISBLANK(AI21),1,AI21)))","v":0},{"$f":"(IF(ISNA(VLOOKUP(AE21,ltSchlepper,Maschinen!$O$6,FALSE))=TRUE,0,VLOOKUP(AE21,ltSchlepper,Maschinen!$O$6,FALSE)*AG21*IF(ISBLANK(AI21),1,AI21)))","v":0},{"$f":"(IF(ISNA(VLOOKUP(AE21,ltSchlepper,Maschinen!$P$6,FALSE))=TRUE,0,VLOOKUP(AE21,ltSchlepper,Maschinen!$P$6,FALSE)*AG21*IF(ISBLANK(AI21),1,AI21)))","v":0},0,{"$f":"(IF(ISNA(VLOOKUP(AK21,ltSchlepper,Maschinen!$K$6,FALSE))=TRUE,0,VLOOKUP(AK21,ltSchlepper,Maschinen!$K$6,FALSE)*AM21))","v":0},{"$f":"(IF(ISNA(VLOOKUP(AK21,ltSchlepper,Maschinen!$L$6,FALSE))=TRUE,0,VLOOKUP(AK21,ltSchlepper,Maschinen!$L$6,FALSE)*AM21))","v":0},{"$f":"(IF(ISNA(VLOOKUP(AK21,ltSchlepper,Maschinen!$M$6,FALSE))=TRUE,0,VLOOKUP(AK21,ltSchlepper,Maschinen!$M$6,FALSE)*AM21))","v":0},{"$f":"(IF(ISNA(VLOOKUP(AK21,ltSchlepper,Maschinen!$N$6,FALSE))=TRUE,0,VLOOKUP(AK21,ltSchlepper,Maschinen!$N$6,FALSE)*AM21*IF(ISBLANK(AO21),1,AO21)))","v":0},{"$f":"(IF(ISNA(VLOOKUP(AK21,ltSchlepper,Maschinen!$O$6,FALSE))=TRUE,0,VLOOKUP(AK21,ltSchlepper,Maschinen!$O$6,FALSE)*AM21*IF(ISBLANK(AO21),1,AO21)))","v":0},{"$f":"(IF(ISNA(VLOOKUP(AK21,ltSchlepper,Maschinen!$P$6,FALSE))=TRUE,0,VLOOKUP(AK21,ltSchlepper,Maschinen!$P$6,FALSE)*AM21*IF(ISBLANK(AO21),1,AO21)))","v":0},0,{"$f":"(IF(ISNA(VLOOKUP(AQ21,ltSchlepper,Maschinen!$K$6,FALSE))=TRUE,0,VLOOKUP(AQ21,ltSchlepper,Maschinen!$K$6,FALSE)*AS21))","v":0},{"$f":"(IF(ISNA(VLOOKUP(AQ21,ltSchlepper,Maschinen!$L$6,FALSE))=TRUE,0,VLOOKUP(AQ21,ltSchlepper,Maschinen!$L$6,FALSE)*AS21))","v":0},{"$f":"(IF(ISNA(VLOOKUP(AQ21,ltSchlepper,Maschinen!$M$6,FALSE))=TRUE,0,VLOOKUP(AQ21,ltSchlepper,Maschinen!$M$6,FALSE)*AS21))","v":0},{"$f":"(IF(ISNA(VLOOKUP(AQ21,ltSchlepper,Maschinen!$N$6,FALSE))=TRUE,0,VLOOKUP(AQ21,ltSchlepper,Maschinen!$N$6,FALSE)*AS21*IF(ISBLANK(AU21),1,AU21)))","v":0},{"$f":"(IF(ISNA(VLOOKUP(AQ21,ltSchlepper,Maschinen!$O$6,FALSE))=TRUE,0,VLOOKUP(AQ21,ltSchlepper,Maschinen!$O$6,FALSE)*AS21*IF(ISBLANK(AU21),1,AU21)))","v":0},{"$f":"(IF(ISNA(VLOOKUP(AQ21,ltSchlepper,Maschinen!$P$6,FALSE))=TRUE,0,VLOOKUP(AQ21,ltSchlepper,Maschinen!$P$6,FALSE)*AS21*IF(ISBLANK(AU21),1,AU21)))","v":0},0,{"$f":"(IF(ISNA(VLOOKUP(Y21,ltSchlepper,Maschinen!$AA$6,FALSE))=TRUE,0,VLOOKUP(Y21,ltSchlepper,Maschinen!$AA$6,FALSE)*AA21))","v":0},{"$f":"(IF(ISNA(VLOOKUP(Y21,ltSchlepper,Maschinen!$AB$6,FALSE))=TRUE,0,VLOOKUP(Y21,ltSchlepper,Maschinen!$AB$6,FALSE)*AA21))","v":0},{"$f":"(IF(ISNA(VLOOKUP(Y21,ltSchlepper,Maschinen!$AC$6,FALSE))=TRUE,0,VLOOKUP(Y21,ltSchlepper,Maschinen!$AC$6,FALSE)*AA21))","v":0},0,{"$f":"(IF(ISNA(VLOOKUP(AE21,ltSchlepper,Maschinen!$AA$6,FALSE))=TRUE,0,VLOOKUP(AE21,ltSchlepper,Maschinen!$AA$6,FALSE)*AG21))","v":0},{"$f":"(IF(ISNA(VLOOKUP(AE21,ltSchlepper,Maschinen!$AB$6,FALSE))=TRUE,0,VLOOKUP(AE21,ltSchlepper,Maschinen!$AB$6,FALSE)*AG21))","v":0},{"$f":"(IF(ISNA(VLOOKUP(AE21,ltSchlepper,Maschinen!$AC$6,FALSE))=TRUE,0,VLOOKUP(AE21,ltSchlepper,Maschinen!$AC$6,FALSE)*AG21))","v":0},0,{"$f":"(IF(ISNA(VLOOKUP(AK21,ltSchlepper,Maschinen!$AA$6,FALSE))=TRUE,0,VLOOKUP(AK21,ltSchlepper,Maschinen!$AA$6,FALSE)*AM21))","v":0},{"$f":"(IF(ISNA(VLOOKUP(AK21,ltSchlepper,Maschinen!$AB$6,FALSE))=TRUE,0,VLOOKUP(AK21,ltSchlepper,Maschinen!$AB$6,FALSE)*AM21))","v":0},{"$f":"(IF(ISNA(VLOOKUP(AK21,ltSchlepper,Maschinen!$AC$6,FALSE))=TRUE,0,VLOOKUP(AK21,ltSchlepper,Maschinen!$AC$6,FALSE)*AM21))","v":0},0,{"$f":"(IF(ISNA(VLOOKUP(AQ21,ltSchlepper,Maschinen!$AA$6,FALSE))=TRUE,0,VLOOKUP(AQ21,ltSchlepper,Maschinen!$AA$6,FALSE)*AS21))","v":0},{"$f":"(IF(ISNA(VLOOKUP(AQ21,ltSchlepper,Maschinen!$AB$6,FALSE))=TRUE,0,VLOOKUP(AQ21,ltSchlepper,Maschinen!$AB$6,FALSE)*AS21))","v":0},{"$f":"(IF(ISNA(VLOOKUP(AQ21,ltSchlepper,Maschinen!$AC$6,FALSE))=TRUE,0,VLOOKUP(AQ21,ltSchlepper,Maschinen!$AC$6,FALSE)*AS21))","v":0},0]
[null,21119,null,null,null,null,null,null,0,0,0,0.1,0,0,null,null,0,0,0,0,0,0,0,null,null,"",null,"",null,0,null,"",null,"",null,0,null,"",null,"",null,0,null,"",null,"",null,0,0,0,0,0,0,0,0,0,0,0,0,0,{"$f":"(IF(ISNA(VLOOKUP(Y22,ltSchlepper,Maschinen!$K$6,FALSE))=TRUE,0,VLOOKUP(Y22,ltSchlepper,Maschinen!$K$6,FALSE)*AA22))","v":0},{"$f":"(IF(ISNA(VLOOKUP(Y22,ltSchlepper,Maschinen!$L$6,FALSE))=TRUE,0,VLOOKUP(Y22,ltSchlepper,Maschinen!$L$6,FALSE)*AA22))","v":0},{"$f":"(IF(ISNA(VLOOKUP(Y22,ltSchlepper,Maschinen!$M$6,FALSE))=TRUE,0,VLOOKUP(Y22,ltSchlepper,Maschinen!$M$6,FALSE)*AA22))","v":0},{"$f":"(IF(ISNA(VLOOKUP(Y22,ltSchlepper,Maschinen!$N$6,FALSE))=TRUE,0,VLOOKUP(Y22,ltSchlepper,Maschinen!$N$6,FALSE)*AA22*IF(ISBLANK(AC22),1,AC22)))","v":0},{"$f":"(IF(ISNA(VLOOKUP(Y22,ltSchlepper,Maschinen!$O$6,FALSE))=TRUE,0,VLOOKUP(Y22,ltSchlepper,Maschinen!$O$6,FALSE)*AA22*IF(ISBLANK(AC22),1,AC22)))","v":0},{"$f":"(IF(ISNA(VLOOKUP(Y22,ltSchlepper,Maschinen!$P$6,FALSE))=TRUE,0,VLOOKUP(Y22,ltSchlepper,Maschinen!$P$6,FALSE)*AA22*IF(ISBLANK(AC22),1,AC22)))","v":0},0,{"$f":"(IF(ISNA(VLOOKUP(AE22,ltSchlepper,Maschinen!$K$6,FALSE))=TRUE,0,VLOOKUP(AE22,ltSchlepper,Maschinen!$K$6,FALSE)*AG22))","v":0},{"$f":"(IF(ISNA(VLOOKUP(AE22,ltSchlepper,Maschinen!$L$6,FALSE))=TRUE,0,VLOOKUP(AE22,ltSchlepper,Maschinen!$L$6,FALSE)*AG22))","v":0},{"$f":"(IF(ISNA(VLOOKUP(AE22,ltSchlepper,Maschinen!$M$6,FALSE))=TRUE,0,VLOOKUP(AE22,ltSchlepper,Maschinen!$M$6,FALSE)*AG22))","v":0},{"$f":"(IF(ISNA(VLOOKUP(AE22,ltSchlepper,Maschinen!$N$6,FALSE))=TRUE,0,VLOOKUP(AE22,ltSchlepper,Maschinen!$N$6,FALSE)*AG22*IF(ISBLANK(AI22),1,AI22)))","v":0},{"$f":"(IF(ISNA(VLOOKUP(AE22,ltSchlepper,Maschinen!$O$6,FALSE))=TRUE,0,VLOOKUP(AE22,ltSchlepper,Maschinen!$O$6,FALSE)*AG22*IF(ISBLANK(AI22),1,AI22)))","v":0},{"$f":"(IF(ISNA(VLOOKUP(AE22,ltSchlepper,Maschinen!$P$6,FALSE))=TRUE,0,VLOOKUP(AE22,ltSchlepper,Maschinen!$P$6,FALSE)*AG22*IF(ISBLANK(AI22),1,AI22)))","v":0},0,{"$f":"(IF(ISNA(VLOOKUP(AK22,ltSchlepper,Maschinen!$K$6,FALSE))=TRUE,0,VLOOKUP(AK22,ltSchlepper,Maschinen!$K$6,FALSE)*AM22))","v":0},{"$f":"(IF(ISNA(VLOOKUP(AK22,ltSchlepper,Maschinen!$L$6,FALSE))=TRUE,0,VLOOKUP(AK22,ltSchlepper,Maschinen!$L$6,FALSE)*AM22))","v":0},{"$f":"(IF(ISNA(VLOOKUP(AK22,ltSchlepper,Maschinen!$M$6,FALSE))=TRUE,0,VLOOKUP(AK22,ltSchlepper,Maschinen!$M$6,FALSE)*AM22))","v":0},{"$f":"(IF(ISNA(VLOOKUP(AK22,ltSchlepper,Maschinen!$N$6,FALSE))=TRUE,0,VLOOKUP(AK22,ltSchlepper,Maschinen!$N$6,FALSE)*AM22*IF(ISBLANK(AO22),1,AO22)))","v":0},{"$f":"(IF(ISNA(VLOOKUP(AK22,ltSchlepper,Maschinen!$O$6,FALSE))=TRUE,0,VLOOKUP(AK22,ltSchlepper,Maschinen!$O$6,FALSE)*AM22*IF(ISBLANK(AO22),1,AO22)))","v":0},{"$f":"(IF(ISNA(VLOOKUP(AK22,ltSchlepper,Maschinen!$P$6,FALSE))=TRUE,0,VLOOKUP(AK22,ltSchlepper,Maschinen!$P$6,FALSE)*AM22*IF(ISBLANK(AO22),1,AO22)))","v":0},0,{"$f":"(IF(ISNA(VLOOKUP(AQ22,ltSchlepper,Maschinen!$K$6,FALSE))=TRUE,0,VLOOKUP(AQ22,ltSchlepper,Maschinen!$K$6,FALSE)*AS22))","v":0},{"$f":"(IF(ISNA(VLOOKUP(AQ22,ltSchlepper,Maschinen!$L$6,FALSE))=TRUE,0,VLOOKUP(AQ22,ltSchlepper,Maschinen!$L$6,FALSE)*AS22))","v":0},{"$f":"(IF(ISNA(VLOOKUP(AQ22,ltSchlepper,Maschinen!$M$6,FALSE))=TRUE,0,VLOOKUP(AQ22,ltSchlepper,Maschinen!$M$6,FALSE)*AS22))","v":0},{"$f":"(IF(ISNA(VLOOKUP(AQ22,ltSchlepper,Maschinen!$N$6,FALSE))=TRUE,0,VLOOKUP(AQ22,ltSchlepper,Maschinen!$N$6,FALSE)*AS22*IF(ISBLANK(AU22),1,AU22)))","v":0},{"$f":"(IF(ISNA(VLOOKUP(AQ22,ltSchlepper,Maschinen!$O$6,FALSE))=TRUE,0,VLOOKUP(AQ22,ltSchlepper,Maschinen!$O$6,FALSE)*AS22*IF(ISBLANK(AU22),1,AU22)))","v":0},{"$f":"(IF(ISNA(VLOOKUP(AQ22,ltSchlepper,Maschinen!$P$6,FALSE))=TRUE,0,VLOOKUP(AQ22,ltSchlepper,Maschinen!$P$6,FALSE)*AS22*IF(ISBLANK(AU22),1,AU22)))","v":0},0,{"$f":"(IF(ISNA(VLOOKUP(Y22,ltSchlepper,Maschinen!$AA$6,FALSE))=TRUE,0,VLOOKUP(Y22,ltSchlepper,Maschinen!$AA$6,FALSE)*AA22))","v":0},{"$f":"(IF(ISNA(VLOOKUP(Y22,ltSchlepper,Maschinen!$AB$6,FALSE))=TRUE,0,VLOOKUP(Y22,ltSchlepper,Maschinen!$AB$6,FALSE)*AA22))","v":0},{"$f":"(IF(ISNA(VLOOKUP(Y22,ltSchlepper,Maschinen!$AC$6,FALSE))=TRUE,0,VLOOKUP(Y22,ltSchlepper,Maschinen!$AC$6,FALSE)*AA22))","v":0},0,{"$f":"(IF(ISNA(VLOOKUP(AE22,ltSchlepper,Maschinen!$AA$6,FALSE))=TRUE,0,VLOOKUP(AE22,ltSchlepper,Maschinen!$AA$6,FALSE)*AG22))","v":0},{"$f":"(IF(ISNA(VLOOKUP(AE22,ltSchlepper,Maschinen!$AB$6,FALSE))=TRUE,0,VLOOKUP(AE22,ltSchlepper,Maschinen!$AB$6,FALSE)*AG22))","v":0},{"$f":"(IF(ISNA(VLOOKUP(AE22,ltSchlepper,Maschinen!$AC$6,FALSE))=TRUE,0,VLOOKUP(AE22,ltSchlepper,Maschinen!$AC$6,FALSE)*AG22))","v":0},0,{"$f":"(IF(ISNA(VLOOKUP(AK22,ltSchlepper,Maschinen!$AA$6,FALSE))=TRUE,0,VLOOKUP(AK22,ltSchlepper,Maschinen!$AA$6,FALSE)*AM22))","v":0},{"$f":"(IF(ISNA(VLOOKUP(AK22,ltSchlepper,Maschinen!$AB$6,FALSE))=TRUE,0,VLOOKUP(AK22,ltSchlepper,Maschinen!$AB$6,FALSE)*AM22))","v":0},{"$f":"(IF(ISNA(VLOOKUP(AK22,ltSchlepper,Maschinen!$AC$6,FALSE))=TRUE,0,VLOOKUP(AK22,ltSchlepper,Maschinen!$AC$6,FALSE)*AM22))","v":0},0,{"$f":"(IF(ISNA(VLOOKUP(AQ22,ltSchlepper,Maschinen!$AA$6,FALSE))=TRUE,0,VLOOKUP(AQ22,ltSchlepper,Maschinen!$AA$6,FALSE)*AS22))","v":0},{"$f":"(IF(ISNA(VLOOKUP(AQ22,ltSchlepper,Maschinen!$AB$6,FALSE))=TRUE,0,VLOOKUP(AQ22,ltSchlepper,Maschinen!$AB$6,FALSE)*AS22))","v":0},{"$f":"(IF(ISNA(VLOOKUP(AQ22,ltSchlepper,Maschinen!$AC$6,FALSE))=TRUE,0,VLOOKUP(AQ22,ltSchlepper,Maschinen!$AC$6,FALSE)*AS22))","v":0},0]
[null,21121,null,null,null,null,null,null,0,0,{"$f":"F23+G23-J23","v":0},0.1,{"$f":"(H23+I23)*L23","v":0},{"$f":"M23*Interest","v":0},null,null,{"$f":"O23+P23","v":0},{"$f":"Q23*Lohnanspruch","v":0},{"$f":"J23+N23+R23","v":0},{"$f":"K23-N23-R23","v":0},0,{"$f":"H23+I23+N23+R23+U23","v":0},0,null,null,{"$f":"IF(ISNA(VLOOKUP(Y23,ltSchlepper,2,FALSE))=TRUE,\"\",VLOOKUP(Y23,ltSchlepper,2,FALSE))","v":""},null,{"$f":"IF(ISNA(VLOOKUP(Y23,ltSchlepper,3,FALSE))=TRUE,\"\",VLOOKUP(Y23,ltSchlepper,3,FALSE))","v":""},null,{"$f":"IF(ISNA(VLOOKUP(Y23,ltSchlepper,SchKraftstoffVerb,FALSE))=TRUE,0,VLOOKUP(Y23,ltSchlepper,SchKraftstoffVerb,FALSE)*IF(ISBLANK(AC23),1,AC23)*AA23)","v":0},null,{"$f":"IF(ISNA(VLOOKUP(AE23,ltSchlepper,2,FALSE))=TRUE,\"\",VLOOKUP(AE23,ltSchlepper,2,FALSE))","v":""},null,{"$f":"IF(ISNA(VLOOKUP(AE23,ltSchlepper,3,FALSE))=TRUE,\"\",VLOOKUP(AE23,ltSchlepper,3,FALSE))","v":""},null,{"$f":"IF(ISNA(VLOOKUP(AE23,ltSchlepper,SchKraftstoffVerb,FALSE))=TRUE,0,VLOOKUP(AE23,ltSchlepper,SchKraftstoffVerb,FALSE)*IF(ISBLANK(AI23),1,AI23)*AG23)","v":0},null,{"$f":"IF(ISNA(VLOOKUP(AK23,ltSchlepper,2,FALSE))=TRUE,\"\",VLOOKUP(AK23,ltSchlepper,2,FALSE))","v":""},null,{"$f":"IF(ISNA(VLOOKUP(AK23,ltSchlepper,3,FALSE))=TRUE,\"\",VLOOKUP(AK23,ltSchlepper,3,FALSE))","v":""},null,{"$f":"IF(ISNA(VLOOKUP(AK23,ltSchlepper,SchKraftstoffVerb,FALSE))=TRUE,0,VLOOKUP(AK23,ltSchlepper,SchKraftstoffVerb,FALSE)*IF(ISBLANK(AO23),1,AO23)*AM23)","v":0},null,{"$f":"IF(ISNA(VLOOKUP(AQ23,ltSchlepper,2,FALSE))=TRUE,\"\",VLOOKUP(AQ23,ltSchlepper,2,FALSE))","v":""},null,{"$f":"IF(ISNA(VLOOKUP(AQ23,ltSchlepper,3,FALSE))=TRUE,\"\",VLOOKUP(AQ23,ltSchlepper,3,FALSE))","v":""},null,{"$f":"IF(ISNA(VLOOKUP(AQ23,ltSchlepper,SchKraftstoffVerb,FALSE))=TRUE,0,VLOOKUP(AQ23,ltSchlepper,SchKraftstoffVerb,FALSE)*IF(ISBLANK(AU23),1,AU23)*AS23)","v":0},{"$f":"BL23+BS23+BZ23+CG23","v":0},{"$f":"BI23+BP23+BW23+CD23","v":0},0,0,{"$f":"BM23+BT23+CA23+CH23","v":0},0,{"$f":"SUM(AX23:AZ23,BA23:BB23)","v":0},{"$f":"CK23+CO23+CS23+CW23","v":0},0,0,0,{"$f":"BG23+BC23","v":0},{"$f":"(IF(ISNA(VLOOKUP(Y23,ltSchlepper,Maschinen!$K$6,FALSE))=TRUE,0,VLOOKUP(Y23,ltSchlepper,Maschinen!$K$6,FALSE)*AA23))","v":0},{"$f":"(IF(ISNA(VLOOKUP(Y23,ltSchlepper,Maschinen!$L$6,FALSE))=TRUE,0,VLOOKUP(Y23,ltSchlepper,Maschinen!$L$6,FALSE)*AA23))","v":0},{"$f":"(IF(ISNA(VLOOKUP(Y23,ltSchlepper,Maschinen!$M$6,FALSE))=TRUE,0,VLOOKUP(Y23,ltSchlepper,Maschinen!$M$6,FALSE)*AA23))","v":0},{"$f":"(IF(ISNA(VLOOKUP(Y23,ltSchlepper,Maschinen!$N$6,FALSE))=TRUE,0,VLOOKUP(Y23,ltSchlepper,Maschinen!$N$6,FALSE)*AA23*IF(ISBLANK(AC23),1,AC23)))","v":0},{"$f":"(IF(ISNA(VLOOKUP(Y23,ltSchlepper,Maschinen!$O$6,FALSE))=TRUE,0,VLOOKUP(Y23,ltSchlepper,Maschinen!$O$6,FALSE)*AA23*IF(ISBLANK(AC23),1,AC23)))","v":0},{"$f":"(IF(ISNA(VLOOKUP(Y23,ltSchlepper,Maschinen!$P$6,FALSE))=TRUE,0,VLOOKUP(Y23,ltSchlepper,Maschinen!$P$6,FALSE)*AA23*IF(ISBLANK(AC23),1,AC23)))","v":0},{"$f":"SUM(BI23:BK23,BM23:BN23)","v":0},{"$f":"(IF(ISNA(VLOOKUP(AE23,ltSchlepper,Maschinen!$K$6,FALSE))=TRUE,0,VLOOKUP(AE23,ltSchlepper,Maschinen!$K$6,FALSE)*AG23))","v":0},{"$f":"(IF(ISNA(VLOOKUP(AE23,ltSchlepper,Maschinen!$L$6,FALSE))=TRUE,0,VLOOKUP(AE23,ltSchlepper,Maschinen!$L$6,FALSE)*AG23))","v":0},{"$f":"(IF(ISNA(VLOOKUP(AE23,ltSchlepper,Maschinen!$M$6,FALSE))=TRUE,0,VLOOKUP(AE23,ltSchlepper,Maschinen!$M$6,FALSE)*AG23))","v":0},{"$f":"(IF(ISNA(VLOOKUP(AE23,ltSchlepper,Maschinen!$N$6,FALSE))=TRUE,0,VLOOKUP(AE23,ltSchlepper,Maschinen!$N$6,FALSE)*AG23*IF(ISBLANK(AI23),1,AI23)))","v":0},{"$f":"(IF(ISNA(VLOOKUP(AE23,ltSchlepper,Maschinen!$O$6,FALSE))=TRUE,0,VLOOKUP(AE23,ltSchlepper,Maschinen!$O$6,FALSE)*AG23*IF(ISBLANK(AI23),1,AI23)))","v":0},{"$f":"(IF(ISNA(VLOOKUP(AE23,ltSchlepper,Maschinen!$P$6,FALSE))=TRUE,0,VLOOKUP(AE23,ltSchlepper,Maschinen!$P$6,FALSE)*AG23*IF(ISBLANK(AI23),1,AI23)))","v":0},{"$f":"SUM(BP23:BR23,BT23:BU23)","v":0},{"$f":"(IF(ISNA(VLOOKUP(AK23,ltSchlepper,Maschinen!$K$6,FALSE))=TRUE,0,VLOOKUP(AK23,ltSchlepper,Maschinen!$K$6,FALSE)*AM23))","v":0},{"$f":"(IF(ISNA(VLOOKUP(AK23,ltSchlepper,Maschinen!$L$6,FALSE))=TRUE,0,VLOOKUP(AK23,ltSchlepper,Maschinen!$L$6,FALSE)*AM23))","v":0},{"$f":"(IF(ISNA(VLOOKUP(AK23,ltSchlepper,Maschinen!$M$6,FALSE))=TRUE,0,VLOOKUP(AK23,ltSchlepper,Maschinen!$M$6,FALSE)*AM23))","v":0},{"$f":"(IF(ISNA(VLOOKUP(AK23,ltSchlepper,Maschinen!$N$6,FALSE))=TRUE,0,VLOOKUP(AK23,ltSchlepper,Maschinen!$N$6,FALSE)*AM23*IF(ISBLANK(AO23),1,AO23)))","v":0},{"$f":"(IF(ISNA(VLOOKUP(AK23,ltSchlepper,Maschinen!$O$6,FALSE))=TRUE,0,VLOOKUP(AK23,ltSchlepper,Maschinen!$O$6,FALSE)*AM23*IF(ISBLANK(AO23),1,AO23)))","v":0},{"$f":"(IF(ISNA(VLOOKUP(AK23,ltSchlepper,Maschinen!$P$6,FALSE))=TRUE,0,VLOOKUP(AK23,ltSchlepper,Maschinen!$P$6,FALSE)*AM23*IF(ISBLANK(AO23),1,AO23)))","v":0},{"$f":"SUM(BW23:BY23,CA23:CB23)","v":0},{"$f":"(IF(ISNA(VLOOKUP(AQ23,ltSchlepper,Maschinen!$K$6,FALSE))=TRUE,0,VLOOKUP(AQ23,ltSchlepper,Maschinen!$K$6,FALSE)*AS23))","v":0},{"$f":"(IF(ISNA(VLOOKUP(AQ23,ltSchlepper,Maschinen!$L$6,FALSE))=TRUE,0,VLOOKUP(AQ23,ltSchlepper,Maschinen!$L$6,FALSE)*AS23))","v":0},{"$f":"(IF(ISNA(VLOOKUP(AQ23,ltSchlepper,Maschinen!$M$6,FALSE))=TRUE,0,VLOOKUP(AQ23,ltSchlepper,Maschinen!$M$6,FALSE)*AS23))","v":0},{"$f":"(IF(ISNA(VLOOKUP(AQ23,ltSchlepper,Maschinen!$N$6,FALSE))=TRUE,0,VLOOKUP(AQ23,ltSchlepper,Maschinen!$N$6,FALSE)*AS23*IF(ISBLANK(AU23),1,AU23)))","v":0},{"$f":"(IF(ISNA(VLOOKUP(AQ23,ltSchlepper,Maschinen!$O$6,FALSE))=TRUE,0,VLOOKUP(AQ23,ltSchlepper,Maschinen!$O$6,FALSE)*AS23*IF(ISBLANK(AU23),1,AU23)))","v":0},{"$f":"(IF(ISNA(VLOOKUP(AQ23,ltSchlepper,Maschinen!$P$6,FALSE))=TRUE,0,VLOOKUP(AQ23,ltSchlepper,Maschinen!$P$6,FALSE)*AS23*IF(ISBLANK(AU23),1,AU23)))","v":0},{"$f":"SUM(CD23:CF23,CH23:CI23)","v":0},{"$f":"(IF(ISNA(VLOOKUP(Y23,ltSchlepper,Maschinen!$AA$6,FALSE))=TRUE,0,VLOOKUP(Y23,ltSchlepper,Maschinen!$AA$6,FALSE)*AA23))","v":0},{"$f":"(IF(ISNA(VLOOKUP(Y23,ltSchlepper,Maschinen!$AB$6,FALSE))=TRUE,0,VLOOKUP(Y23,ltSchlepper,Maschinen!$AB$6,FALSE)*AA23))","v":0},{"$f":"(IF(ISNA(VLOOKUP(Y23,ltSchlepper,Maschinen!$AC$6,FALSE))=TRUE,0,VLOOKUP(Y23,ltSchlepper,Maschinen!$AC$6,FALSE)*AA23))","v":0},{"$f":"SUM(CK23:CM23)","v":0},{"$f":"(IF(ISNA(VLOOKUP(AE23,ltSchlepper,Maschinen!$AA$6,FALSE))=TRUE,0,VLOOKUP(AE23,ltSchlepper,Maschinen!$AA$6,FALSE)*AG23))","v":0},{"$f":"(IF(ISNA(VLOOKUP(AE23,ltSchlepper,Maschinen!$AB$6,FALSE))=TRUE,0,VLOOKUP(AE23,ltSchlepper,Maschinen!$AB$6,FALSE)*AG23))","v":0},{"$f":"(IF(ISNA(VLOOKUP(AE23,ltSchlepper,Maschinen!$AC$6,FALSE))=TRUE,0,VLOOKUP(AE23,ltSchlepper,Maschinen!$AC$6,FALSE)*AG23))","v":0},{"$f":"SUM(CO23:CQ23)","v":0},{"$f":"(IF(ISNA(VLOOKUP(AK23,ltSchlepper,Maschinen!$AA$6,FALSE))=TRUE,0,VLOOKUP(AK23,ltSchlepper,Maschinen!$AA$6,FALSE)*AM23))","v":0},{"$f":"(IF(ISNA(VLOOKUP(AK23,ltSchlepper,Maschinen!$AB$6,FALSE))=TRUE,0,VLOOKUP(AK23,ltSchlepper,Maschinen!$AB$6,FALSE)*AM23))","v":0},{"$f":"(IF(ISNA(VLOOKUP(AK23,ltSchlepper,Maschinen!$AC$6,FALSE))=TRUE,0,VLOOKUP(AK23,ltSchlepper,Maschinen!$AC$6,FALSE)*AM23))","v":0},{"$f":"SUM(CS23:CU23)","v":0},{"$f":"(IF(ISNA(VLOOKUP(AQ23,ltSchlepper,Maschinen!$AA$6,FALSE))=TRUE,0,VLOOKUP(AQ23,ltSchlepper,Maschinen!$AA$6,FALSE)*AS23))","v":0},{"$f":"(IF(ISNA(VLOOKUP(AQ23,ltSchlepper,Maschinen!$AB$6,FALSE))=TRUE,0,VLOOKUP(AQ23,ltSchlepper,Maschinen!$AB$6,FALSE)*AS23))","v":0},{"$f":"(IF(ISNA(VLOOKUP(AQ23,ltSchlepper,Maschinen!$AC$6,FALSE))=TRUE,0,VLOOKUP(AQ23,ltSchlepper,Maschinen!$AC$6,FALSE)*AS23))","v":0},{"$f":"SUM(CW23:CY23)","v":0}]
[null,21124,null,null,null,null,null,null,0,0,{"$f":"F24+G24-J24","v":0},0.1,{"$f":"(H24+I24)*L24","v":0},{"$f":"M24*Interest","v":0},null,null,{"$f":"O24+P24","v":0},{"$f":"Q24*Lohnanspruch","v":0},{"$f":"J24+N24+R24","v":0},{"$f":"K24-N24-R24","v":0},0,{"$f":"H24+I24+N24+R24+U24","v":0},0,null,null,{"$f":"IF(ISNA(VLOOKUP(Y24,ltSchlepper,2,FALSE))=TRUE,\"\",VLOOKUP(Y24,ltSchlepper,2,FALSE))","v":""},null,{"$f":"IF(ISNA(VLOOKUP(Y24,ltSchlepper,3,FALSE))=TRUE,\"\",VLOOKUP(Y24,ltSchlepper,3,FALSE))","v":""},null,{"$f":"IF(ISNA(VLOOKUP(Y24,ltSchlepper,SchKraftstoffVerb,FALSE))=TRUE,0,VLOOKUP(Y24,ltSchlepper,SchKraftstoffVerb,FALSE)*IF(ISBLANK(AC24),1,AC24)*AA24)","v":0},null,{"$f":"IF(ISNA(VLOOKUP(AE24,ltSchlepper,2,FALSE))=TRUE,\"\",VLOOKUP(AE24,ltSchlepper,2,FALSE))","v":""},null,{"$f":"IF(ISNA(VLOOKUP(AE24,ltSchlepper,3,FALSE))=TRUE,\"\",VLOOKUP(AE24,ltSchlepper,3,FALSE))","v":""},null,{"$f":"IF(ISNA(VLOOKUP(AE24,ltSchlepper,SchKraftstoffVerb,FALSE))=TRUE,0,VLOOKUP(AE24,ltSchlepper,SchKraftstoffVerb,FALSE)*IF(ISBLANK(AI24),1,AI24)*AG24)","v":0},null,{"$f":"IF(ISNA(VLOOKUP(AK24,ltSchlepper,2,FALSE))=TRUE,\"\",VLOOKUP(AK24,ltSchlepper,2,FALSE))","v":""},null,{"$f":"IF(ISNA(VLOOKUP(AK24,ltSchlepper,3,FALSE))=TRUE,\"\",VLOOKUP(AK24,ltSchlepper,3,FALSE))","v":""},null,{"$f":"IF(ISNA(VLOOKUP(AK24,ltSchlepper,SchKraftstoffVerb,FALSE))=TRUE,0,VLOOKUP(AK24,ltSchlepper,SchKraftstoffVerb,FALSE)*IF(ISBLANK(AO24),1,AO24)*AM24)","v":0},null,{"$f":"IF(ISNA(VLOOKUP(AQ24,ltSchlepper,2,FALSE))=TRUE,\"\",VLOOKUP(AQ24,ltSchlepper,2,FALSE))","v":""},null,{"$f":"IF(ISNA(VLOOKUP(AQ24,ltSchlepper,3,FALSE))=TRUE,\"\",VLOOKUP(AQ24,ltSchlepper,3,FALSE))","v":""},null,{"$f":"IF(ISNA(VLOOKUP(AQ24,ltSchlepper,SchKraftstoffVerb,FALSE))=TRUE,0,VLOOKUP(AQ24,ltSchlepper,SchKraftstoffVerb,FALSE)*IF(ISBLANK(AU24),1,AU24)*AS24)","v":0},{"$f":"BL24+BS24+BZ24+CG24","v":0},0,0,0,0,0,{"$f":"SUM(AX24:AZ24,BA24:BB24)","v":0},0,0,0,0,{"$f":"BG24+BC24","v":0},{"$f":"(IF(ISNA(VLOOKUP(Y24,ltSchlepper,Maschinen!$K$6,FALSE))=TRUE,0,VLOOKUP(Y24,ltSchlepper,Maschinen!$K$6,FALSE)*AA24))","v":0},{"$f":"(IF(ISNA(VLOOKUP(Y24,ltSchlepper,Maschinen!$L$6,FALSE))=TRUE,0,VLOOKUP(Y24,ltSchlepper,Maschinen!$L$6,FALSE)*AA24))","v":0},{"$f":"(IF(ISNA(VLOOKUP(Y24,ltSchlepper,Maschinen!$M$6,FALSE))=TRUE,0,VLOOKUP(Y24,ltSchlepper,Maschinen!$M$6,FALSE)*AA24))","v":0},{"$f":"(IF(ISNA(VLOOKUP(Y24,ltSchlepper,Maschinen!$N$6,FALSE))=TRUE,0,VLOOKUP(Y24,ltSchlepper,Maschinen!$N$6,FALSE)*AA24*IF(ISBLANK(AC24),1,AC24)))","v":0},{"$f":"(IF(ISNA(VLOOKUP(Y24,ltSchlepper,Maschinen!$O$6,FALSE))=TRUE,0,VLOOKUP(Y24,ltSchlepper,Maschinen!$O$6,FALSE)*AA24*IF(ISBLANK(AC24),1,AC24)))","v":0},{"$f":"(IF(ISNA(VLOOKUP(Y24,ltSchlepper,Maschinen!$P$6,FALSE))=TRUE,0,VLOOKUP(Y24,ltSchlepper,Maschinen!$P$6,FALSE)*AA24*IF(ISBLANK(AC24),1,AC24)))","v":0},{"$f":"SUM(BI24:BK24,BM24:BN24)","v":0},{"$f":"(IF(ISNA(VLOOKUP(AE24,ltSchlepper,Maschinen!$K$6,FALSE))=TRUE,0,VLOOKUP(AE24,ltSchlepper,Maschinen!$K$6,FALSE)*AG24))","v":0},{"$f":"(IF(ISNA(VLOOKUP(AE24,ltSchlepper,Maschinen!$L$6,FALSE))=TRUE,0,VLOOKUP(AE24,ltSchlepper,Maschinen!$L$6,FALSE)*AG24))","v":0},{"$f":"(IF(ISNA(VLOOKUP(AE24,ltSchlepper,Maschinen!$M$6,FALSE))=TRUE,0,VLOOKUP(AE24,ltSchlepper,Maschinen!$M$6,FALSE)*AG24))","v":0},{"$f":"(IF(ISNA(VLOOKUP(AE24,ltSchlepper,Maschinen!$N$6,FALSE))=TRUE,0,VLOOKUP(AE24,ltSchlepper,Maschinen!$N$6,FALSE)*AG24*IF(ISBLANK(AI24),1,AI24)))","v":0},{"$f":"(IF(ISNA(VLOOKUP(AE24,ltSchlepper,Maschinen!$O$6,FALSE))=TRUE,0,VLOOKUP(AE24,ltSchlepper,Maschinen!$O$6,FALSE)*AG24*IF(ISBLANK(AI24),1,AI24)))","v":0},{"$f":"(IF(ISNA(VLOOKUP(AE24,ltSchlepper,Maschinen!$P$6,FALSE))=TRUE,0,VLOOKUP(AE24,ltSchlepper,Maschinen!$P$6,FALSE)*AG24*IF(ISBLANK(AI24),1,AI24)))","v":0},{"$f":"SUM(BP24:BR24,BT24:BU24)","v":0},{"$f":"(IF(ISNA(VLOOKUP(AK24,ltSchlepper,Maschinen!$K$6,FALSE))=TRUE,0,VLOOKUP(AK24,ltSchlepper,Maschinen!$K$6,FALSE)*AM24))","v":0},{"$f":"(IF(ISNA(VLOOKUP(AK24,ltSchlepper,Maschinen!$L$6,FALSE))=TRUE,0,VLOOKUP(AK24,ltSchlepper,Maschinen!$L$6,FALSE)*AM24))","v":0},{"$f":"(IF(ISNA(VLOOKUP(AK24,ltSchlepper,Maschinen!$M$6,FALSE))=TRUE,0,VLOOKUP(AK24,ltSchlepper,Maschinen!$M$6,FALSE)*AM24))","v":0},{"$f":"(IF(ISNA(VLOOKUP(AK24,ltSchlepper,Maschinen!$N$6,FALSE))=TRUE,0,VLOOKUP(AK24,ltSchlepper,Maschinen!$N$6,FALSE)*AM24*IF(ISBLANK(AO24),1,AO24)))","v":0},{"$f":"(IF(ISNA(VLOOKUP(AK24,ltSchlepper,Maschinen!$O$6,FALSE))=TRUE,0,VLOOKUP(AK24,ltSchlepper,Maschinen!$O$6,FALSE)*AM24*IF(ISBLANK(AO24),1,AO24)))","v":0},{"$f":"(IF(ISNA(VLOOKUP(AK24,ltSchlepper,Maschinen!$P$6,FALSE))=TRUE,0,VLOOKUP(AK24,ltSchlepper,Maschinen!$P$6,FALSE)*AM24*IF(ISBLANK(AO24),1,AO24)))","v":0},{"$f":"SUM(BW24:BY24,CA24:CB24)","v":0},{"$f":"(IF(ISNA(VLOOKUP(AQ24,ltSchlepper,Maschinen!$K$6,FALSE))=TRUE,0,VLOOKUP(AQ24,ltSchlepper,Maschinen!$K$6,FALSE)*AS24))","v":0},{"$f":"(IF(ISNA(VLOOKUP(AQ24,ltSchlepper,Maschinen!$L$6,FALSE))=TRUE,0,VLOOKUP(AQ24,ltSchlepper,Maschinen!$L$6,FALSE)*AS24))","v":0},{"$f":"(IF(ISNA(VLOOKUP(AQ24,ltSchlepper,Maschinen!$M$6,FALSE))=TRUE,0,VLOOKUP(AQ24,ltSchlepper,Maschinen!$M$6,FALSE)*AS24))","v":0},{"$f":"(IF(ISNA(VLOOKUP(AQ24,ltSchlepper,Maschinen!$N$6,FALSE))=TRUE,0,VLOOKUP(AQ24,ltSchlepper,Maschinen!$N$6,FALSE)*AS24*IF(ISBLANK(AU24),1,AU24)))","v":0},{"$f":"(IF(ISNA(VLOOKUP(AQ24,ltSchlepper,Maschinen!$O$6,FALSE))=TRUE,0,VLOOKUP(AQ24,ltSchlepper,Maschinen!$O$6,FALSE)*AS24*IF(ISBLANK(AU24),1,AU24)))","v":0},{"$f":"(IF(ISNA(VLOOKUP(AQ24,ltSchlepper,Maschinen!$P$6,FALSE))=TRUE,0,VLOOKUP(AQ24,ltSchlepper,Maschinen!$P$6,FALSE)*AS24*IF(ISBLANK(AU24),1,AU24)))","v":0},{"$f":"SUM(CD24:CF24,CH24:CI24)","v":0},{"$f":"(IF(ISNA(VLOOKUP(Y24,ltSchlepper,Maschinen!$AA$6,FALSE))=TRUE,0,VLOOKUP(Y24,ltSchlepper,Maschinen!$AA$6,FALSE)*AA24))","v":0},{"$f":"(IF(ISNA(VLOOKUP(Y24,ltSchlepper,Maschinen!$AB$6,FALSE))=TRUE,0,VLOOKUP(Y24,ltSchlepper,Maschinen!$AB$6,FALSE)*AA24))","v":0},{"$f":"(IF(ISNA(VLOOKUP(Y24,ltSchlepper,Maschinen!$AC$6,FALSE))=TRUE,0,VLOOKUP(Y24,ltSchlepper,Maschinen!$AC$6,FALSE)*AA24))","v":0},{"$f":"SUM(CK24:CM24)","v":0},{"$f":"(IF(ISNA(VLOOKUP(AE24,ltSchlepper,Maschinen!$AA$6,FALSE))=TRUE,0,VLOOKUP(AE24,ltSchlepper,Maschinen!$AA$6,FALSE)*AG24))","v":0},{"$f":"(IF(ISNA(VLOOKUP(AE24,ltSchlepper,Maschinen!$AB$6,FALSE))=TRUE,0,VLOOKUP(AE24,ltSchlepper,Maschinen!$AB$6,FALSE)*AG24))","v":0},{"$f":"(IF(ISNA(VLOOKUP(AE24,ltSchlepper,Maschinen!$AC$6,FALSE))=TRUE,0,VLOOKUP(AE24,ltSchlepper,Maschinen!$AC$6,FALSE)*AG24))","v":0},{"$f":"SUM(CO24:CQ24)","v":0},{"$f":"(IF(ISNA(VLOOKUP(AK24,ltSchlepper,Maschinen!$AA$6,FALSE))=TRUE,0,VLOOKUP(AK24,ltSchlepper,Maschinen!$AA$6,FALSE)*AM24))","v":0},{"$f":"(IF(ISNA(VLOOKUP(AK24,ltSchlepper,Maschinen!$AB$6,FALSE))=TRUE,0,VLOOKUP(AK24,ltSchlepper,Maschinen!$AB$6,FALSE)*AM24))","v":0},{"$f":"(IF(ISNA(VLOOKUP(AK24,ltSchlepper,Maschinen!$AC$6,FALSE))=TRUE,0,VLOOKUP(AK24,ltSchlepper,Maschinen!$AC$6,FALSE)*AM24))","v":0},{"$f":"SUM(CS24:CU24)","v":0},{"$f":"(IF(ISNA(VLOOKUP(AQ24,ltSchlepper,Maschinen!$AA$6,FALSE))=TRUE,0,VLOOKUP(AQ24,ltSchlepper,Maschinen!$AA$6,FALSE)*AS24))","v":0},{"$f":"(IF(ISNA(VLOOKUP(AQ24,ltSchlepper,Maschinen!$AB$6,FALSE))=TRUE,0,VLOOKUP(AQ24,ltSchlepper,Maschinen!$AB$6,FALSE)*AS24))","v":0},{"$f":"(IF(ISNA(VLOOKUP(AQ24,ltSchlepper,Maschinen!$AC$6,FALSE))=TRUE,0,VLOOKUP(AQ24,ltSchlepper,Maschinen!$AC$6,FALSE)*AS24))","v":0},{"$f":"SUM(CW24:CY24)","v":0}]
[null,21129,null,null,null,null,null,null,0,0,{"$f":"F25+G25-J25","v":0},0.1,{"$f":"(H25+I25)*L25","v":0},{"$f":"M25*Interest","v":0},null,null,{"$f":"O25+P25","v":0},{"$f":"Q25*Lohnanspruch","v":0},{"$f":"J25+N25+R25","v":0},{"$f":"K25-N25-R25","v":0},0,{"$f":"H25+I25+N25+R25+U25","v":0},0,null,null,{"$f":"IF(ISNA(VLOOKUP(Y25,ltSchlepper,2,FALSE))=TRUE,\"\",VLOOKUP(Y25,ltSchlepper,2,FALSE))","v":""},null,{"$f":"IF(ISNA(VLOOKUP(Y25,ltSchlepper,3,FALSE))=TRUE,\"\",VLOOKUP(Y25,ltSchlepper,3,FALSE))","v":""},null,{"$f":"IF(ISNA(VLOOKUP(Y25,ltSchlepper,SchKraftstoffVerb,FALSE))=TRUE,0,VLOOKUP(Y25,ltSchlepper,SchKraftstoffVerb,FALSE)*IF(ISBLANK(AC25),1,AC25)*AA25)","v":0},null,{"$f":"IF(ISNA(VLOOKUP(AE25,ltSchlepper,2,FALSE))=TRUE,\"\",VLOOKUP(AE25,ltSchlepper,2,FALSE))","v":""},null,{"$f":"IF(ISNA(VLOOKUP(AE25,ltSchlepper,3,FALSE))=TRUE,\"\",VLOOKUP(AE25,ltSchlepper,3,FALSE))","v":""},null,{"$f":"IF(ISNA(VLOOKUP(AE25,ltSchlepper,SchKraftstoffVerb,FALSE))=TRUE,0,VLOOKUP(AE25,ltSchlepper,SchKraftstoffVerb,FALSE)*IF(ISBLANK(AI25),1,AI25)*AG25)","v":0},null,{"$f":"IF(ISNA(VLOOKUP(AK25,ltSchlepper,2,FALSE))=TRUE,\"\",VLOOKUP(AK25,ltSchlepper,2,FALSE))","v":""},null,{"$f":"IF(ISNA(VLOOKUP(AK25,ltSchlepper,3,FALSE))=TRUE,\"\",VLOOKUP(AK25,ltSchlepper,3,FALSE))","v":""},null,{"$f":"IF(ISNA(VLOOKUP(AK25,ltSchlepper,SchKraftstoffVerb,FALSE))=TRUE,0,VLOOKUP(AK25,ltSchlepper,SchKraftstoffVerb,FALSE)*IF(ISBLANK(AO25),1,AO25)*AM25)","v":0},null,{"$f":"IF(ISNA(VLOOKUP(AQ25,ltSchlepper,2,FALSE))=TRUE,\"\",VLOOKUP(AQ25,ltSchlepper,2,FALSE))","v":""},null,{"$f":"IF(ISNA(VLOOKUP(AQ25,ltSchlepper,3,FALSE))=TRUE,\"\",VLOOKUP(AQ25,ltSchlepper,3,FALSE))","v":""},null,{"$f":"IF(ISNA(VLOOKUP(AQ25,ltSchlepper,SchKraftstoffVerb,FALSE))=TRUE,0,VLOOKUP(AQ25,ltSchlepper,SchKraftstoffVerb,FALSE)*IF(ISBLANK(AU25),1,AU25)*AS25)","v":0},{"$f":"BL25+BS25+BZ25+CG25","v":0},0,0,0,0,0,{"$f":"SUM(AX25:AZ25,BA25:BB25)","v":0},0,0,0,0,{"$f":"BG25+BC25","v":0},{"$f":"(IF(ISNA(VLOOKUP(Y25,ltSchlepper,Maschinen!$K$6,FALSE))=TRUE,0,VLOOKUP(Y25,ltSchlepper,Maschinen!$K$6,FALSE)*AA25))","v":0},{"$f":"(IF(ISNA(VLOOKUP(Y25,ltSchlepper,Maschinen!$L$6,FALSE))=TRUE,0,VLOOKUP(Y25,ltSchlepper,Maschinen!$L$6,FALSE)*AA25))","v":0},{"$f":"(IF(ISNA(VLOOKUP(Y25,ltSchlepper,Maschinen!$M$6,FALSE))=TRUE,0,VLOOKUP(Y25,ltSchlepper,Maschinen!$M$6,FALSE)*AA25))","v":0},{"$f":"(IF(ISNA(VLOOKUP(Y25,ltSchlepper,Maschinen!$N$6,FALSE))=TRUE,0,VLOOKUP(Y25,ltSchlepper,Maschinen!$N$6,FALSE)*AA25*IF(ISBLANK(AC25),1,AC25)))","v":0},{"$f":"(IF(ISNA(VLOOKUP(Y25,ltSchlepper,Maschinen!$O$6,FALSE))=TRUE,0,VLOOKUP(Y25,ltSchlepper,Maschinen!$O$6,FALSE)*AA25*IF(ISBLANK(AC25),1,AC25)))","v":0},{"$f":"(IF(ISNA(VLOOKUP(Y25,ltSchlepper,Maschinen!$P$6,FALSE))=TRUE,0,VLOOKUP(Y25,ltSchlepper,Maschinen!$P$6,FALSE)*AA25*IF(ISBLANK(AC25),1,AC25)))","v":0},{"$f":"SUM(BI25:BK25,BM25:BN25)","v":0},{"$f":"(IF(ISNA(VLOOKUP(AE25,ltSchlepper,Maschinen!$K$6,FALSE))=TRUE,0,VLOOKUP(AE25,ltSchlepper,Maschinen!$K$6,FALSE)*AG25))","v":0},{"$f":"(IF(ISNA(VLOOKUP(AE25,ltSchlepper,Maschinen!$L$6,FALSE))=TRUE,0,VLOOKUP(AE25,ltSchlepper,Maschinen!$L$6,FALSE)*AG25))","v":0},{"$f":"(IF(ISNA(VLOOKUP(AE25,ltSchlepper,Maschinen!$M$6,FALSE))=TRUE,0,VLOOKUP(AE25,ltSchlepper,Maschinen!$M$6,FALSE)*AG25))","v":0},{"$f":"(IF(ISNA(VLOOKUP(AE25,ltSchlepper,Maschinen!$N$6,FALSE))=TRUE,0,VLOOKUP(AE25,ltSchlepper,Maschinen!$N$6,FALSE)*AG25*IF(ISBLANK(AI25),1,AI25)))","v":0},{"$f":"(IF(ISNA(VLOOKUP(AE25,ltSchlepper,Maschinen!$O$6,FALSE))=TRUE,0,VLOOKUP(AE25,ltSchlepper,Maschinen!$O$6,FALSE)*AG25*IF(ISBLANK(AI25),1,AI25)))","v":0},{"$f":"(IF(ISNA(VLOOKUP(AE25,ltSchlepper,Maschinen!$P$6,FALSE))=TRUE,0,VLOOKUP(AE25,ltSchlepper,Maschinen!$P$6,FALSE)*AG25*IF(ISBLANK(AI25),1,AI25)))","v":0},{"$f":"SUM(BP25:BR25,BT25:BU25)","v":0},{"$f":"(IF(ISNA(VLOOKUP(AK25,ltSchlepper,Maschinen!$K$6,FALSE))=TRUE,0,VLOOKUP(AK25,ltSchlepper,Maschinen!$K$6,FALSE)*AM25))","v":0},{"$f":"(IF(ISNA(VLOOKUP(AK25,ltSchlepper,Maschinen!$L$6,FALSE))=TRUE,0,VLOOKUP(AK25,ltSchlepper,Maschinen!$L$6,FALSE)*AM25))","v":0},{"$f":"(IF(ISNA(VLOOKUP(AK25,ltSchlepper,Maschinen!$M$6,FALSE))=TRUE,0,VLOOKUP(AK25,ltSchlepper,Maschinen!$M$6,FALSE)*AM25))","v":0},{"$f":"(IF(ISNA(VLOOKUP(AK25,ltSchlepper,Maschinen!$N$6,FALSE))=TRUE,0,VLOOKUP(AK25,ltSchlepper,Maschinen!$N$6,FALSE)*AM25*IF(ISBLANK(AO25),1,AO25)))","v":0},{"$f":"(IF(ISNA(VLOOKUP(AK25,ltSchlepper,Maschinen!$O$6,FALSE))=TRUE,0,VLOOKUP(AK25,ltSchlepper,Maschinen!$O$6,FALSE)*AM25*IF(ISBLANK(AO25),1,AO25)))","v":0},{"$f":"(IF(ISNA(VLOOKUP(AK25,ltSchlepper,Maschinen!$P$6,FALSE))=TRUE,0,VLOOKUP(AK25,ltSchlepper,Maschinen!$P$6,FALSE)*AM25*IF(ISBLANK(AO25),1,AO25)))","v":0},{"$f":"SUM(BW25:BY25,CA25:CB25)","v":0},{"$f":"(IF(ISNA(VLOOKUP(AQ25,ltSchlepper,Maschinen!$K$6,FALSE))=TRUE,0,VLOOKUP(AQ25,ltSchlepper,Maschinen!$K$6,FALSE)*AS25))","v":0},{"$f":"(IF(ISNA(VLOOKUP(AQ25,ltSchlepper,Maschinen!$L$6,FALSE))=TRUE,0,VLOOKUP(AQ25,ltSchlepper,Maschinen!$L$6,FALSE)*AS25))","v":0},{"$f":"(IF(ISNA(VLOOKUP(AQ25,ltSchlepper,Maschinen!$M$6,FALSE))=TRUE,0,VLOOKUP(AQ25,ltSchlepper,Maschinen!$M$6,FALSE)*AS25))","v":0},{"$f":"(IF(ISNA(VLOOKUP(AQ25,ltSchlepper,Maschinen!$N$6,FALSE))=TRUE,0,VLOOKUP(AQ25,ltSchlepper,Maschinen!$N$6,FALSE)*AS25*IF(ISBLANK(AU25),1,AU25)))","v":0},{"$f":"(IF(ISNA(VLOOKUP(AQ25,ltSchlepper,Maschinen!$O$6,FALSE))=TRUE,0,VLOOKUP(AQ25,ltSchlepper,Maschinen!$O$6,FALSE)*AS25*IF(ISBLANK(AU25),1,AU25)))","v":0},{"$f":"(IF(ISNA(VLOOKUP(AQ25,ltSchlepper,Maschinen!$P$6,FALSE))=TRUE,0,VLOOKUP(AQ25,ltSchlepper,Maschinen!$P$6,FALSE)*AS25*IF(ISBLANK(AU25),1,AU25)))","v":0},{"$f":"SUM(CD25:CF25,CH25:CI25)","v":0},{"$f":"(IF(ISNA(VLOOKUP(Y25,ltSchlepper,Maschinen!$AA$6,FALSE))=TRUE,0,VLOOKUP(Y25,ltSchlepper,Maschinen!$AA$6,FALSE)*AA25))","v":0},{"$f":"(IF(ISNA(VLOOKUP(Y25,ltSchlepper,Maschinen!$AB$6,FALSE))=TRUE,0,VLOOKUP(Y25,ltSchlepper,Maschinen!$AB$6,FALSE)*AA25))","v":0},{"$f":"(IF(ISNA(VLOOKUP(Y25,ltSchlepper,Maschinen!$AC$6,FALSE))=TRUE,0,VLOOKUP(Y25,ltSchlepper,Maschinen!$AC$6,FALSE)*AA25))","v":0},{"$f":"SUM(CK25:CM25)","v":0},{"$f":"(IF(ISNA(VLOOKUP(AE25,ltSchlepper,Maschinen!$AA$6,FALSE))=TRUE,0,VLOOKUP(AE25,ltSchlepper,Maschinen!$AA$6,FALSE)*AG25))","v":0},{"$f":"(IF(ISNA(VLOOKUP(AE25,ltSchlepper,Maschinen!$AB$6,FALSE))=TRUE,0,VLOOKUP(AE25,ltSchlepper,Maschinen!$AB$6,FALSE)*AG25))","v":0},{"$f":"(IF(ISNA(VLOOKUP(AE25,ltSchlepper,Maschinen!$AC$6,FALSE))=TRUE,0,VLOOKUP(AE25,ltSchlepper,Maschinen!$AC$6,FALSE)*AG25))","v":0},{"$f":"SUM(CO25:CQ25)","v":0},{"$f":"(IF(ISNA(VLOOKUP(AK25,ltSchlepper,Maschinen!$AA$6,FALSE))=TRUE,0,VLOOKUP(AK25,ltSchlepper,Maschinen!$AA$6,FALSE)*AM25))","v":0},{"$f":"(IF(ISNA(VLOOKUP(AK25,ltSchlepper,Maschinen!$AB$6,FALSE))=TRUE,0,VLOOKUP(AK25,ltSchlepper,Maschinen!$AB$6,FALSE)*AM25))","v":0},{"$f":"(IF(ISNA(VLOOKUP(AK25,ltSchlepper,Maschinen!$AC$6,FALSE))=TRUE,0,VLOOKUP(AK25,ltSchlepper,Maschinen!$AC$6,FALSE)*AM25))","v":0},{"$f":"SUM(CS25:CU25)","v":0},{"$f":"(IF(ISNA(VLOOKUP(AQ25,ltSchlepper,Maschinen!$AA$6,FALSE))=TRUE,0,VLOOKUP(AQ25,ltSchlepper,Maschinen!$AA$6,FALSE)*AS25))","v":0},{"$f":"(IF(ISNA(VLOOKUP(AQ25,ltSchlepper,Maschinen!$AB$6,FALSE))=TRUE,0,VLOOKUP(AQ25,ltSchlepper,Maschinen!$AB$6,FALSE)*AS25))","v":0},{"$f":"(IF(ISNA(VLOOKUP(AQ25,ltSchlepper,Maschinen!$AC$6,FALSE))=TRUE,0,VLOOKUP(AQ25,ltSchlepper,Maschinen!$AC$6,FALSE)*AS25))","v":0},{"$f":"SUM(CW25:CY25)","v":0}]
[null,21120,"",null,null,null,null,null,0,0,0,0.1,0,0,null,null,0,0,0,0,0,0,0,null,null,"",null,"",null,0,null,"",null,"",null,0,null,"",null,"",null,0,null,"",null,"",null,0,0,0,0,0,0,0,0,0,0,0,0,0,{"$f":"(IF(ISNA(VLOOKUP(Y26,ltSchlepper,Maschinen!$K$6,FALSE))=TRUE,0,VLOOKUP(Y26,ltSchlepper,Maschinen!$K$6,FALSE)*AA26))","v":0},{"$f":"(IF(ISNA(VLOOKUP(Y26,ltSchlepper,Maschinen!$L$6,FALSE))=TRUE,0,VLOOKUP(Y26,ltSchlepper,Maschinen!$L$6,FALSE)*AA26))","v":0},{"$f":"(IF(ISNA(VLOOKUP(Y26,ltSchlepper,Maschinen!$M$6,FALSE))=TRUE,0,VLOOKUP(Y26,ltSchlepper,Maschinen!$M$6,FALSE)*AA26))","v":0},{"$f":"(IF(ISNA(VLOOKUP(Y26,ltSchlepper,Maschinen!$N$6,FALSE))=TRUE,0,VLOOKUP(Y26,ltSchlepper,Maschinen!$N$6,FALSE)*AA26*IF(ISBLANK(AC26),1,AC26)))","v":0},{"$f":"(IF(ISNA(VLOOKUP(Y26,ltSchlepper,Maschinen!$O$6,FALSE))=TRUE,0,VLOOKUP(Y26,ltSchlepper,Maschinen!$O$6,FALSE)*AA26*IF(ISBLANK(AC26),1,AC26)))","v":0},{"$f":"(IF(ISNA(VLOOKUP(Y26,ltSchlepper,Maschinen!$P$6,FALSE))=TRUE,0,VLOOKUP(Y26,ltSchlepper,Maschinen!$P$6,FALSE)*AA26*IF(ISBLANK(AC26),1,AC26)))","v":0},0,{"$f":"(IF(ISNA(VLOOKUP(AE26,ltSchlepper,Maschinen!$K$6,FALSE))=TRUE,0,VLOOKUP(AE26,ltSchlepper,Maschinen!$K$6,FALSE)*AG26))","v":0},{"$f":"(IF(ISNA(VLOOKUP(AE26,ltSchlepper,Maschinen!$L$6,FALSE))=TRUE,0,VLOOKUP(AE26,ltSchlepper,Maschinen!$L$6,FALSE)*AG26))","v":0},{"$f":"(IF(ISNA(VLOOKUP(AE26,ltSchlepper,Maschinen!$M$6,FALSE))=TRUE,0,VLOOKUP(AE26,ltSchlepper,Maschinen!$M$6,FALSE)*AG26))","v":0},{"$f":"(IF(ISNA(VLOOKUP(AE26,ltSchlepper,Maschinen!$N$6,FALSE))=TRUE,0,VLOOKUP(AE26,ltSchlepper,Maschinen!$N$6,FALSE)*AG26*IF(ISBLANK(AI26),1,AI26)))","v":0},{"$f":"(IF(ISNA(VLOOKUP(AE26,ltSchlepper,Maschinen!$O$6,FALSE))=TRUE,0,VLOOKUP(AE26,ltSchlepper,Maschinen!$O$6,FALSE)*AG26*IF(ISBLANK(AI26),1,AI26)))","v":0},{"$f":"(IF(ISNA(VLOOKUP(AE26,ltSchlepper,Maschinen!$P$6,FALSE))=TRUE,0,VLOOKUP(AE26,ltSchlepper,Maschinen!$P$6,FALSE)*AG26*IF(ISBLANK(AI26),1,AI26)))","v":0},0,{"$f":"(IF(ISNA(VLOOKUP(AK26,ltSchlepper,Maschinen!$K$6,FALSE))=TRUE,0,VLOOKUP(AK26,ltSchlepper,Maschinen!$K$6,FALSE)*AM26))","v":0},{"$f":"(IF(ISNA(VLOOKUP(AK26,ltSchlepper,Maschinen!$L$6,FALSE))=TRUE,0,VLOOKUP(AK26,ltSchlepper,Maschinen!$L$6,FALSE)*AM26))","v":0},{"$f":"(IF(ISNA(VLOOKUP(AK26,ltSchlepper,Maschinen!$M$6,FALSE))=TRUE,0,VLOOKUP(AK26,ltSchlepper,Maschinen!$M$6,FALSE)*AM26))","v":0},{"$f":"(IF(ISNA(VLOOKUP(AK26,ltSchlepper,Maschinen!$N$6,FALSE))=TRUE,0,VLOOKUP(AK26,ltSchlepper,Maschinen!$N$6,FALSE)*AM26*IF(ISBLANK(AO26),1,AO26)))","v":0},{"$f":"(IF(ISNA(VLOOKUP(AK26,ltSchlepper,Maschinen!$O$6,FALSE))=TRUE,0,VLOOKUP(AK26,ltSchlepper,Maschinen!$O$6,FALSE)*AM26*IF(ISBLANK(AO26),1,AO26)))","v":0},{"$f":"(IF(ISNA(VLOOKUP(AK26,ltSchlepper,Maschinen!$P$6,FALSE))=TRUE,0,VLOOKUP(AK26,ltSchlepper,Maschinen!$P$6,FALSE)*AM26*IF(ISBLANK(AO26),1,AO26)))","v":0},0,{"$f":"(IF(ISNA(VLOOKUP(AQ26,ltSchlepper,Maschinen!$K$6,FALSE))=TRUE,0,VLOOKUP(AQ26,ltSchlepper,Maschinen!$K$6,FALSE)*AS26))","v":0},{"$f":"(IF(ISNA(VLOOKUP(AQ26,ltSchlepper,Maschinen!$L$6,FALSE))=TRUE,0,VLOOKUP(AQ26,ltSchlepper,Maschinen!$L$6,FALSE)*AS26))","v":0},{"$f":"(IF(ISNA(VLOOKUP(AQ26,ltSchlepper,Maschinen!$M$6,FALSE))=TRUE,0,VLOOKUP(AQ26,ltSchlepper,Maschinen!$M$6,FALSE)*AS26))","v":0},{"$f":"(IF(ISNA(VLOOKUP(AQ26,ltSchlepper,Maschinen!$N$6,FALSE))=TRUE,0,VLOOKUP(AQ26,ltSchlepper,Maschinen!$N$6,FALSE)*AS26*IF(ISBLANK(AU26),1,AU26)))","v":0},{"$f":"(IF(ISNA(VLOOKUP(AQ26,ltSchlepper,Maschinen!$O$6,FALSE))=TRUE,0,VLOOKUP(AQ26,ltSchlepper,Maschinen!$O$6,FALSE)*AS26*IF(ISBLANK(AU26),1,AU26)))","v":0},{"$f":"(IF(ISNA(VLOOKUP(AQ26,ltSchlepper,Maschinen!$P$6,FALSE))=TRUE,0,VLOOKUP(AQ26,ltSchlepper,Maschinen!$P$6,FALSE)*AS26*IF(ISBLANK(AU26),1,AU26)))","v":0},0,{"$f":"(IF(ISNA(VLOOKUP(Y26,ltSchlepper,Maschinen!$AA$6,FALSE))=TRUE,0,VLOOKUP(Y26,ltSchlepper,Maschinen!$AA$6,FALSE)*AA26))","v":0},{"$f":"(IF(ISNA(VLOOKUP(Y26,ltSchlepper,Maschinen!$AB$6,FALSE))=TRUE,0,VLOOKUP(Y26,ltSchlepper,Maschinen!$AB$6,FALSE)*AA26))","v":0},{"$f":"(IF(ISNA(VLOOKUP(Y26,ltSchlepper,Maschinen!$AC$6,FALSE))=TRUE,0,VLOOKUP(Y26,ltSchlepper,Maschinen!$AC$6,FALSE)*AA26))","v":0},0,{"$f":"(IF(ISNA(VLOOKUP(AE26,ltSchlepper,Maschinen!$AA$6,FALSE))=TRUE,0,VLOOKUP(AE26,ltSchlepper,Maschinen!$AA$6,FALSE)*AG26))","v":0},{"$f":"(IF(ISNA(VLOOKUP(AE26,ltSchlepper,Maschinen!$AB$6,FALSE))=TRUE,0,VLOOKUP(AE26,ltSchlepper,Maschinen!$AB$6,FALSE)*AG26))","v":0},{"$f":"(IF(ISNA(VLOOKUP(AE26,ltSchlepper,Maschinen!$AC$6,FALSE))=TRUE,0,VLOOKUP(AE26,ltSchlepper,Maschinen!$AC$6,FALSE)*AG26))","v":0},0,{"$f":"(IF(ISNA(VLOOKUP(AK26,ltSchlepper,Maschinen!$AA$6,FALSE))=TRUE,0,VLOOKUP(AK26,ltSchlepper,Maschinen!$AA$6,FALSE)*AM26))","v":0},{"$f":"(IF(ISNA(VLOOKUP(AK26,ltSchlepper,Maschinen!$AB$6,FALSE))=TRUE,0,VLOOKUP(AK26,ltSchlepper,Maschinen!$AB$6,FALSE)*AM26))","v":0},{"$f":"(IF(ISNA(VLOOKUP(AK26,ltSchlepper,Maschinen!$AC$6,FALSE))=TRUE,0,VLOOKUP(AK26,ltSchlepper,Maschinen!$AC$6,FALSE)*AM26))","v":0},0,{"$f":"(IF(ISNA(VLOOKUP(AQ26,ltSchlepper,Maschinen!$AA$6,FALSE))=TRUE,0,VLOOKUP(AQ26,ltSchlepper,Maschinen!$AA$6,FALSE)*AS26))","v":0},{"$f":"(IF(ISNA(VLOOKUP(AQ26,ltSchlepper,Maschinen!$AB$6,FALSE))=TRUE,0,VLOOKUP(AQ26,ltSchlepper,Maschinen!$AB$6,FALSE)*AS26))","v":0},{"$f":"(IF(ISNA(VLOOKUP(AQ26,ltSchlepper,Maschinen!$AC$6,FALSE))=TRUE,0,VLOOKUP(AQ26,ltSchlepper,Maschinen!$AC$6,FALSE)*AS26))","v":0},0]
[null,null,"BODENBEARBEITUNG",null,null,null,null,null,0,0,0,null,0,0,null,null,0,0,0,0,0,0,0,null,null,null,null,null,null,0,null,null,null,null,null,0,null,null,null,null,null,0,null,null,null,null,null,0,0,0,0,0,0,0,0,0,0,0,0,0,{"$f":"(IF(ISNA(VLOOKUP(Y27,ltSchlepper,Maschinen!$K$6,FALSE))=TRUE,0,VLOOKUP(Y27,ltSchlepper,Maschinen!$K$6,FALSE)*AA27))","v":0},{"$f":"(IF(ISNA(VLOOKUP(Y27,ltSchlepper,Maschinen!$L$6,FALSE))=TRUE,0,VLOOKUP(Y27,ltSchlepper,Maschinen!$L$6,FALSE)*AA27))","v":0},{"$f":"(IF(ISNA(VLOOKUP(Y27,ltSchlepper,Maschinen!$M$6,FALSE))=TRUE,0,VLOOKUP(Y27,ltSchlepper,Maschinen!$M$6,FALSE)*AA27))","v":0},{"$f":"(IF(ISNA(VLOOKUP(Y27,ltSchlepper,Maschinen!$N$6,FALSE))=TRUE,0,VLOOKUP(Y27,ltSchlepper,Maschinen!$N$6,FALSE)*AA27*IF(ISBLANK(AC27),1,AC27)))","v":0},{"$f":"(IF(ISNA(VLOOKUP(Y27,ltSchlepper,Maschinen!$O$6,FALSE))=TRUE,0,VLOOKUP(Y27,ltSchlepper,Maschinen!$O$6,FALSE)*AA27*IF(ISBLANK(AC27),1,AC27)))","v":0},{"$f":"(IF(ISNA(VLOOKUP(Y27,ltSchlepper,Maschinen!$P$6,FALSE))=TRUE,0,VLOOKUP(Y27,ltSchlepper,Maschinen!$P$6,FALSE)*AA27*IF(ISBLANK(AC27),1,AC27)))","v":0},0,{"$f":"(IF(ISNA(VLOOKUP(AE27,ltSchlepper,Maschinen!$K$6,FALSE))=TRUE,0,VLOOKUP(AE27,ltSchlepper,Maschinen!$K$6,FALSE)*AG27))","v":0},{"$f":"(IF(ISNA(VLOOKUP(AE27,ltSchlepper,Maschinen!$L$6,FALSE))=TRUE,0,VLOOKUP(AE27,ltSchlepper,Maschinen!$L$6,FALSE)*AG27))","v":0},{"$f":"(IF(ISNA(VLOOKUP(AE27,ltSchlepper,Maschinen!$M$6,FALSE))=TRUE,0,VLOOKUP(AE27,ltSchlepper,Maschinen!$M$6,FALSE)*AG27))","v":0},{"$f":"(IF(ISNA(VLOOKUP(AE27,ltSchlepper,Maschinen!$N$6,FALSE))=TRUE,0,VLOOKUP(AE27,ltSchlepper,Maschinen!$N$6,FALSE)*AG27*IF(ISBLANK(AI27),1,AI27)))","v":0},{"$f":"(IF(ISNA(VLOOKUP(AE27,ltSchlepper,Maschinen!$O$6,FALSE))=TRUE,0,VLOOKUP(AE27,ltSchlepper,Maschinen!$O$6,FALSE)*AG27*IF(ISBLANK(AI27),1,AI27)))","v":0},{"$f":"(IF(ISNA(VLOOKUP(AE27,ltSchlepper,Maschinen!$P$6,FALSE))=TRUE,0,VLOOKUP(AE27,ltSchlepper,Maschinen!$P$6,FALSE)*AG27*IF(ISBLANK(AI27),1,AI27)))","v":0},0,{"$f":"(IF(ISNA(VLOOKUP(AK27,ltSchlepper,Maschinen!$K$6,FALSE))=TRUE,0,VLOOKUP(AK27,ltSchlepper,Maschinen!$K$6,FALSE)*AM27))","v":0},{"$f":"(IF(ISNA(VLOOKUP(AK27,ltSchlepper,Maschinen!$L$6,FALSE))=TRUE,0,VLOOKUP(AK27,ltSchlepper,Maschinen!$L$6,FALSE)*AM27))","v":0},{"$f":"(IF(ISNA(VLOOKUP(AK27,ltSchlepper,Maschinen!$M$6,FALSE))=TRUE,0,VLOOKUP(AK27,ltSchlepper,Maschinen!$M$6,FALSE)*AM27))","v":0},{"$f":"(IF(ISNA(VLOOKUP(AK27,ltSchlepper,Maschinen!$N$6,FALSE))=TRUE,0,VLOOKUP(AK27,ltSchlepper,Maschinen!$N$6,FALSE)*AM27*IF(ISBLANK(AO27),1,AO27)))","v":0},{"$f":"(IF(ISNA(VLOOKUP(AK27,ltSchlepper,Maschinen!$O$6,FALSE))=TRUE,0,VLOOKUP(AK27,ltSchlepper,Maschinen!$O$6,FALSE)*AM27*IF(ISBLANK(AO27),1,AO27)))","v":0},{"$f":"(IF(ISNA(VLOOKUP(AK27,ltSchlepper,Maschinen!$P$6,FALSE))=TRUE,0,VLOOKUP(AK27,ltSchlepper,Maschinen!$P$6,FALSE)*AM27*IF(ISBLANK(AO27),1,AO27)))","v":0},0,{"$f":"(IF(ISNA(VLOOKUP(AQ27,ltSchlepper,Maschinen!$K$6,FALSE))=TRUE,0,VLOOKUP(AQ27,ltSchlepper,Maschinen!$K$6,FALSE)*AS27))","v":0},{"$f":"(IF(ISNA(VLOOKUP(AQ27,ltSchlepper,Maschinen!$L$6,FALSE))=TRUE,0,VLOOKUP(AQ27,ltSchlepper,Maschinen!$L$6,FALSE)*AS27))","v":0},{"$f":"(IF(ISNA(VLOOKUP(AQ27,ltSchlepper,Maschinen!$M$6,FALSE))=TRUE,0,VLOOKUP(AQ27,ltSchlepper,Maschinen!$M$6,FALSE)*AS27))","v":0},{"$f":"(IF(ISNA(VLOOKUP(AQ27,ltSchlepper,Maschinen!$N$6,FALSE))=TRUE,0,VLOOKUP(AQ27,ltSchlepper,Maschinen!$N$6,FALSE)*AS27*IF(ISBLANK(AU27),1,AU27)))","v":0},{"$f":"(IF(ISNA(VLOOKUP(AQ27,ltSchlepper,Maschinen!$O$6,FALSE))=TRUE,0,VLOOKUP(AQ27,ltSchlepper,Maschinen!$O$6,FALSE)*AS27*IF(ISBLANK(AU27),1,AU27)))","v":0},{"$f":"(IF(ISNA(VLOOKUP(AQ27,ltSchlepper,Maschinen!$P$6,FALSE))=TRUE,0,VLOOKUP(AQ27,ltSchlepper,Maschinen!$P$6,FALSE)*AS27*IF(ISBLANK(AU27),1,AU27)))","v":0},0,{"$f":"(IF(ISNA(VLOOKUP(Y27,ltSchlepper,Maschinen!$AA$6,FALSE))=TRUE,0,VLOOKUP(Y27,ltSchlepper,Maschinen!$AA$6,FALSE)*AA27))","v":0},{"$f":"(IF(ISNA(VLOOKUP(Y27,ltSchlepper,Maschinen!$AB$6,FALSE))=TRUE,0,VLOOKUP(Y27,ltSchlepper,Maschinen!$AB$6,FALSE)*AA27))","v":0},{"$f":"(IF(ISNA(VLOOKUP(Y27,ltSchlepper,Maschinen!$AC$6,FALSE))=TRUE,0,VLOOKUP(Y27,ltSchlepper,Maschinen!$AC$6,FALSE)*AA27))","v":0},0,{"$f":"(IF(ISNA(VLOOKUP(AE27,ltSchlepper,Maschinen!$AA$6,FALSE))=TRUE,0,VLOOKUP(AE27,ltSchlepper,Maschinen!$AA$6,FALSE)*AG27))","v":0},{"$f":"(IF(ISNA(VLOOKUP(AE27,ltSchlepper,Maschinen!$AB$6,FALSE))=TRUE,0,VLOOKUP(AE27,ltSchlepper,Maschinen!$AB$6,FALSE)*AG27))","v":0},{"$f":"(IF(ISNA(VLOOKUP(AE27,ltSchlepper,Maschinen!$AC$6,FALSE))=TRUE,0,VLOOKUP(AE27,ltSchlepper,Maschinen!$AC$6,FALSE)*AG27))","v":0},0,{"$f":"(IF(ISNA(VLOOKUP(AK27,ltSchlepper,Maschinen!$AA$6,FALSE))=TRUE,0,VLOOKUP(AK27,ltSchlepper,Maschinen!$AA$6,FALSE)*AM27))","v":0},{"$f":"(IF(ISNA(VLOOKUP(AK27,ltSchlepper,Maschinen!$AB$6,FALSE))=TRUE,0,VLOOKUP(AK27,ltSchlepper,Maschinen!$AB$6,FALSE)*AM27))","v":0},{"$f":"(IF(ISNA(VLOOKUP(AK27,ltSchlepper,Maschinen!$AC$6,FALSE))=TRUE,0,VLOOKUP(AK27,ltSchlepper,Maschinen!$AC$6,FALSE)*AM27))","v":0},0,{"$f":"(IF(ISNA(VLOOKUP(AQ27,ltSchlepper,Maschinen!$AA$6,FALSE))=TRUE,0,VLOOKUP(AQ27,ltSchlepper,Maschinen!$AA$6,FALSE)*AS27))","v":0},{"$f":"(IF(ISNA(VLOOKUP(AQ27,ltSchlepper,Maschinen!$AB$6,FALSE))=TRUE,0,VLOOKUP(AQ27,ltSchlepper,Maschinen!$AB$6,FALSE)*AS27))","v":0},{"$f":"(IF(ISNA(VLOOKUP(AQ27,ltSchlepper,Maschinen!$AC$6,FALSE))=TRUE,0,VLOOKUP(AQ27,ltSchlepper,Maschinen!$AC$6,FALSE)*AS27))","v":0},0]
[null,21211,"*Pflügen 7 Schar 200kW","ha",null,85,null,null,{"$f":"BC28","v":41.999519999999997},{"$f":"H28+I28","v":41.999519999999997},{"$f":"F28+G28-J28","v":43.000480000000003},0.1,{"$f":"(H28+I28)*L28","v":4.1999519999999997},{"$f":"M28*Interest","v":0.12599855999999998},0.9,0.1,1,25,{"$f":"J28+N28+R28","v":67.125518559999989},{"$f":"K28-N28-R28","v":17.874481440000004},{"$f":"BG28","v":0},{"$f":"H28+I28+N28+R28+U28","v":67.125518559999989},17.874481440000004,null,11214,{"$f":"IF(ISNA(VLOOKUP(Y28,ltSchlepper,2,FALSE))=TRUE,\"\",VLOOKUP(Y28,ltSchlepper,2,FALSE))","v":"*S4 Allradschlepper 200 kW stufenlos"},0.8,{"$f":"IF(ISNA(VLOOKUP(Y28,ltSchlepper,3,FALSE))=TRUE,\"\",VLOOKUP(Y28,ltSchlepper,3,FALSE))","v":"h"},1.3,{"$f":"IF(ISNA(VLOOKUP(Y28,ltSchlepper,SchKraftstoffVerb,FALSE))=TRUE,0,VLOOKUP(Y28,ltSchlepper,SchKraftstoffVerb,FALSE)*IF(ISBLANK(AC28),1,AC28)*AA28)","v":22.880000000000003},11511,{"$f":"IF(ISNA(VLOOKUP(AE28,ltSchlepper,2,FALSE))=TRUE,\"\",VLOOKUP(AE28,ltSchlepper,2,FALSE))","v":"*Drehpflug 7Schare, 2,4m, Steinsicherung"},1,{"$f":"IF(ISNA(VLOOKUP(AE28,ltSchlepper,3,FALSE))=TRUE,\"\",VLOOKUP(AE28,ltSchlepper,3,FALSE))","v":"ha"},1,{"$f":"IF(ISNA(VLOOKUP(AE28,ltSchlepper,SchKraftstoffVerb,FALSE))=TRUE,0,VLOOKUP(AE28,ltSchlepper,SchKraftstoffVerb,FALSE)*IF(ISBLANK(AI28),1,AI28)*AG28)","v":0},null,{"$f":"IF(ISNA(VLOOKUP(AK28,ltSchlepper,2,FALSE))=TRUE,\"\",VLOOKUP(AK28,ltSchlepper,2,FALSE))","v":""},null,{"$f":"IF(ISNA(VLOOKUP(AK28,ltSchlepper,3,FALSE))=TRUE,\"\",VLOOKUP(AK28,ltSchlepper,3,FALSE))","v":""},null,0,null,{"$f":"IF(ISNA(VLOOKUP(AQ28,ltSchlepper,2,FALSE))=TRUE,\"\",VLOOKUP(AQ28,ltSchlepper,2,FALSE))","v":""},null,{"$f":"IF(ISNA(VLOOKUP(AQ28,ltSchlepper,3,FALSE))=TRUE,\"\",VLOOKUP(AQ28,ltSchlepper,3,FALSE))","v":""},null,0,{"$f":"BL28+BS28+BZ28+CG28","v":22.880000000000003},{"$f":"BI28+BP28+BW28+CD28","v":19.600000000000001},0,0,{"$f":"BM28+BT28+CA28+CH28","v":21.736000000000001},0.66352000000000011,{"$f":"SUM(AX28:AZ28,BA28:BB28)","v":41.999519999999997},{"$f":"CK28+CO28+CS28+CW28","v":0},0,0,0,{"$f":"BG28+BC28","v":41.999519999999997},{"$f":"(IF(ISNA(VLOOKUP(Y28,ltSchlepper,Maschinen!$K$6,FALSE))=TRUE,0,VLOOKUP(Y28,ltSchlepper,Maschinen!$K$6,FALSE)*AA28))","v":7.6000000000000005},{"$f":"(IF(ISNA(VLOOKUP(Y28,ltSchlepper,Maschinen!$L$6,FALSE))=TRUE,0,VLOOKUP(Y28,ltSchlepper,Maschinen!$L$6,FALSE)*AA28))","v":0},{"$f":"(IF(ISNA(VLOOKUP(Y28,ltSchlepper,Maschinen!$M$6,FALSE))=TRUE,0,VLOOKUP(Y28,ltSchlepper,Maschinen!$M$6,FALSE)*AA28))","v":0},{"$f":"(IF(ISNA(VLOOKUP(Y28,ltSchlepper,Maschinen!$N$6,FALSE))=TRUE,0,VLOOKUP(Y28,ltSchlepper,Maschinen!$N$6,FALSE)*AA28*IF(ISBLANK(AC28),1,AC28)))","v":22.880000000000003},{"$f":"(IF(ISNA(VLOOKUP(Y28,ltSchlepper,Maschinen!$O$6,FALSE))=TRUE,0,VLOOKUP(Y28,ltSchlepper,Maschinen!$O$6,FALSE)*AA28*IF(ISBLANK(AC28),1,AC28)))","v":21.736000000000001},{"$f":"(IF(ISNA(VLOOKUP(Y28,ltSchlepper,Maschinen!$P$6,FALSE))=TRUE,0,VLOOKUP(Y28,ltSchlepper,Maschinen!$P$6,FALSE)*AA28*IF(ISBLANK(AC28),1,AC28)))","v":0.66352000000000011},{"$f":"SUM(BI28:BK28,BM28:BN28)","v":29.999520000000004},{"$f":"(IF(ISNA(VLOOKUP(AE28,ltSchlepper,Maschinen!$K$6,FALSE))=TRUE,0,VLOOKUP(AE28,ltSchlepper,Maschinen!$K$6,FALSE)*AG28))","v":12},{"$f":"(IF(ISNA(VLOOKUP(AE28,ltSchlepper,Maschinen!$L$6,FALSE))=TRUE,0,VLOOKUP(AE28,ltSchlepper,Maschinen!$L$6,FALSE)*AG28))","v":0},{"$f":"(IF(ISNA(VLOOKUP(AE28,ltSchlepper,Maschinen!$M$6,FALSE))=TRUE,0,VLOOKUP(AE28,ltSchlepper,Maschinen!$M$6,FALSE)*AG28))","v":0},{"$f":"(IF(ISNA(VLOOKUP(AE28,ltSchlepper,Maschinen!$N$6,FALSE))=TRUE,0,VLOOKUP(AE28,ltSchlepper,Maschinen!$N$6,FALSE)*AG28*IF(ISBLANK(AI28),1,AI28)))","v":0},{"$f":"(IF(ISNA(VLOOKUP(AE28,ltSchlepper,Maschinen!$O$6,FALSE))=TRUE,0,VLOOKUP(AE28,ltSchlepper,Maschinen!$O$6,FALSE)*AG28*IF(ISBLANK(AI28),1,AI28)))","v":0},{"$f":"(IF(ISNA(VLOOKUP(AE28,ltSchlepper,Maschinen!$P$6,FALSE))=TRUE,0,VLOOKUP(AE28,ltSchlepper,Maschinen!$P$6,FALSE)*AG28*IF(ISBLANK(AI28),1,AI28)))","v":0},{"$f":"SUM(BP28:BR28,BT28:BU28)","v":12},{"$f":"(IF(ISNA(VLOOKUP(AK28,ltSchlepper,Maschinen!$K$6,FALSE))=TRUE,0,VLOOKUP(AK28,ltSchlepper,Maschinen!$K$6,FALSE)*AM28))","v":0},{"$f":"(IF(ISNA(VLOOKUP(AK28,ltSchlepper,Maschinen!$L$6,FALSE))=TRUE,0,VLOOKUP(AK28,ltSchlepper,Maschinen!$L$6,FALSE)*AM28))","v":0},{"$f":"(IF(ISNA(VLOOKUP(AK28,ltSchlepper,Maschinen!$M$6,FALSE))=TRUE,0,VLOOKUP(AK28,ltSchlepper,Maschinen!$M$6,FALSE)*AM28))","v":0},{"$f":"(IF(ISNA(VLOOKUP(AK28,ltSchlepper,Maschinen!$N$6,FALSE))=TRUE,0,VLOOKUP(AK28,ltSchlepper,Maschinen!$N$6,FALSE)*AM28*IF(ISBLANK(AO28),1,AO28)))","v":0},{"$f":"(IF(ISNA(VLOOKUP(AK28,ltSchlepper,Maschinen!$O$6,FALSE))=TRUE,0,VLOOKUP(AK28,ltSchlepper,Maschinen!$O$6,FALSE)*AM28*IF(ISBLANK(AO28),1,AO28)))","v":0},{"$f":"(IF(ISNA(VLOOKUP(AK28,ltSchlepper,Maschinen!$P$6,FALSE))=TRUE,0,VLOOKUP(AK28,ltSchlepper,Maschinen!$P$6,FALSE)*AM28*IF(ISBLANK(AO28),1,AO28)))","v":0},0,{"$f":"(IF(ISNA(VLOOKUP(AQ28,ltSchlepper,Maschinen!$K$6,FALSE))=TRUE,0,VLOOKUP(AQ28,ltSchlepper,Maschinen!$K$6,FALSE)*AS28))","v":0},{"$f":"(IF(ISNA(VLOOKUP(AQ28,ltSchlepper,Maschinen!$L$6,FALSE))=TRUE,0,VLOOKUP(AQ28,ltSchlepper,Maschinen!$L$6,FALSE)*AS28))","v":0},{"$f":"(IF(ISNA(VLOOKUP(AQ28,ltSchlepper,Maschinen!$M$6,FALSE))=TRUE,0,VLOOKUP(AQ28,ltSchlepper,Maschinen!$M$6,FALSE)*AS28))","v":0},{"$f":"(IF(ISNA(VLOOKUP(AQ28,ltSchlepper,Maschinen!$N$6,FALSE))=TRUE,0,VLOOKUP(AQ28,ltSchlepper,Maschinen!$N$6,FALSE)*AS28*IF(ISBLANK(AU28),1,AU28)))","v":0},{"$f":"(IF(ISNA(VLOOKUP(AQ28,ltSchlepper,Maschinen!$O$6,FALSE))=TRUE,0,VLOOKUP(AQ28,ltSchlepper,Maschinen!$O$6,FALSE)*AS28*IF(ISBLANK(AU28),1,AU28)))","v":0},{"$f":"(IF(ISNA(VLOOKUP(AQ28,ltSchlepper,Maschinen!$P$6,FALSE))=TRUE,0,VLOOKUP(AQ28,ltSchlepper,Maschinen!$P$6,FALSE)*AS28*IF(ISBLANK(AU28),1,AU28)))","v":0},0,{"$f":"(IF(ISNA(VLOOKUP(Y28,ltSchlepper,Maschinen!$AA$6,FALSE))=TRUE,0,VLOOKUP(Y28,ltSchlepper,Maschinen!$AA$6,FALSE)*AA28))","v":0},{"$f":"(IF(ISNA(VLOOKUP(Y28,ltSchlepper,Maschinen!$AB$6,FALSE))=TRUE,0,VLOOKUP(Y28,ltSchlepper,Maschinen!$AB$6,FALSE)*AA28))","v":0},{"$f":"(IF(ISNA(VLOOKUP(Y28,ltSchlepper,Maschinen!$AC$6,FALSE))=TRUE,0,VLOOKUP(Y28,ltSchlepper,Maschinen!$AC$6,FALSE)*AA28))","v":0},{"$f":"SUM(CK28:CM28)","v":0},{"$f":"(IF(ISNA(VLOOKUP(AE28,ltSchlepper,Maschinen!$AA$6,FALSE))=TRUE,0,VLOOKUP(AE28,ltSchlepper,Maschinen!$AA$6,FALSE)*AG28))","v":0},{"$f":"(IF(ISNA(VLOOKUP(AE28,ltSchlepper,Maschinen!$AB$6,FALSE))=TRUE,0,VLOOKUP(AE28,ltSchlepper,Maschinen!$AB$6,FALSE)*AG28))","v":0},{"$f":"(IF(ISNA(VLOOKUP(AE28,ltSchlepper,Maschinen!$AC$6,FALSE))=TRUE,0,VLOOKUP(AE28,ltSchlepper,Maschinen!$AC$6,FALSE)*AG28))","v":0},{"$f":"SUM(CO28:CQ28)","v":0},{"$f":"(IF(ISNA(VLOOKUP(AK28,ltSchlepper,Maschinen!$AA$6,FALSE))=TRUE,0,VLOOKUP(AK28,ltSchlepper,Maschinen!$AA$6,FALSE)*AM28))","v":0},{"$f":"(IF(ISNA(VLOOKUP(AK28,ltSchlepper,Maschinen!$AB$6,FALSE))=TRUE,0,VLOOKUP(AK28,ltSchlepper,Maschinen!$AB$6,FALSE)*AM28))","v":0},{"$f":"(IF(ISNA(VLOOKUP(AK28,ltSchlepper,Maschinen!$AC$6,FALSE))=TRUE,0,VLOOKUP(AK28,ltSchlepper,Maschinen!$AC$6,FALSE)*AM28))","v":0},0,{"$f":"(IF(ISNA(VLOOKUP(AQ28,ltSchlepper,Maschinen!$AA$6,FALSE))=TRUE,0,VLOOKUP(AQ28,ltSchlepper,Maschinen!$AA$6,FALSE)*AS28))","v":0},{"$f":"(IF(ISNA(VLOOKUP(AQ28,ltSchlepper,Maschinen!$AB$6,FALSE))=TRUE,0,VLOOKUP(AQ28,ltSchlepper,Maschinen!$AB$6,FALSE)*AS28))","v":0},{"$f":"(IF(ISNA(VLOOKUP(AQ28,ltSchlepper,Maschinen!$AC$6,FALSE))=TRUE,0,VLOOKUP(AQ28,ltSchlepper,Maschinen!$AC$6,FALSE)*AS28))","v":0},0]
[null,21212,"*Stoppelbearbeitung flach","ha",null,30,null,null,16.209631999999999,16.209631999999999,{"$f":"F29+G29-J29","v":13.790368000000001},0.1,1.6209632,4.8628895999999998E-2,0.56999999999999995,null,0.56999999999999995,14.249999999999998,{"$f":"J29+N29+R29","v":30.508260895999996},{"$f":"K29-N29-R29","v":-0.50826089599999769},0,{"$f":"H29+I29+N29+R29+U29","v":30.508260895999996},{"$f":"T29-U29","v":-0.50826089599999769},null,11219,"*S3 Allradschlepper 140kW stufenlos",0.56999999999999995,{"$f":"IF(ISNA(VLOOKUP(Y29,ltSchlepper,3,FALSE))=TRUE,\"\",VLOOKUP(Y29,ltSchlepper,3,FALSE))","v":"h"},0.9,8.2080000000000002,11513,"*Grubber 4balkig, 4,5m",1,{"$f":"IF(ISNA(VLOOKUP(AE29,ltSchlepper,3,FALSE))=TRUE,\"\",VLOOKUP(AE29,ltSchlepper,3,FALSE))","v":"ha"},1,0,null,"",null,"",null,0,null,"",null,"",null,0,8.2080000000000002,8.1739999999999995,0,0,7.7976000000000001,0.23803199999999994,16.209631999999999,0,0,0,0,16.209631999999999,{"$f":"(IF(ISNA(VLOOKUP(Y29,ltSchlepper,Maschinen!$K$6,FALSE))=TRUE,0,VLOOKUP(Y29,ltSchlepper,Maschinen!$K$6,FALSE)*AA29))","v":4.6739999999999995},{"$f":"(IF(ISNA(VLOOKUP(Y29,ltSchlepper,Maschinen!$L$6,FALSE))=TRUE,0,VLOOKUP(Y29,ltSchlepper,Maschinen!$L$6,FALSE)*AA29))","v":0},{"$f":"(IF(ISNA(VLOOKUP(Y29,ltSchlepper,Maschinen!$M$6,FALSE))=TRUE,0,VLOOKUP(Y29,ltSchlepper,Maschinen!$M$6,FALSE)*AA29))","v":0},{"$f":"(IF(ISNA(VLOOKUP(Y29,ltSchlepper,Maschinen!$N$6,FALSE))=TRUE,0,VLOOKUP(Y29,ltSchlepper,Maschinen!$N$6,FALSE)*AA29*IF(ISBLANK(AC29),1,AC29)))","v":8.2080000000000002},{"$f":"(IF(ISNA(VLOOKUP(Y29,ltSchlepper,Maschinen!$O$6,FALSE))=TRUE,0,VLOOKUP(Y29,ltSchlepper,Maschinen!$O$6,FALSE)*AA29*IF(ISBLANK(AC29),1,AC29)))","v":7.7976000000000001},{"$f":"(IF(ISNA(VLOOKUP(Y29,ltSchlepper,Maschinen!$P$6,FALSE))=TRUE,0,VLOOKUP(Y29,ltSchlepper,Maschinen!$P$6,FALSE)*AA29*IF(ISBLANK(AC29),1,AC29)))","v":0.23803199999999994},12.709631999999999,{"$f":"(IF(ISNA(VLOOKUP(AE29,ltSchlepper,Maschinen!$K$6,FALSE))=TRUE,0,VLOOKUP(AE29,ltSchlepper,Maschinen!$K$6,FALSE)*AG29))","v":3.5},{"$f":"(IF(ISNA(VLOOKUP(AE29,ltSchlepper,Maschinen!$L$6,FALSE))=TRUE,0,VLOOKUP(AE29,ltSchlepper,Maschinen!$L$6,FALSE)*AG29))","v":0},{"$f":"(IF(ISNA(VLOOKUP(AE29,ltSchlepper,Maschinen!$M$6,FALSE))=TRUE,0,VLOOKUP(AE29,ltSchlepper,Maschinen!$M$6,FALSE)*AG29))","v":0},{"$f":"(IF(ISNA(VLOOKUP(AE29,ltSchlepper,Maschinen!$N$6,FALSE))=TRUE,0,VLOOKUP(AE29,ltSchlepper,Maschinen!$N$6,FALSE)*AG29*IF(ISBLANK(AI29),1,AI29)))","v":0},{"$f":"(IF(ISNA(VLOOKUP(AE29,ltSchlepper,Maschinen!$O$6,FALSE))=TRUE,0,VLOOKUP(AE29,ltSchlepper,Maschinen!$O$6,FALSE)*AG29*IF(ISBLANK(AI29),1,AI29)))","v":0},{"$f":"(IF(ISNA(VLOOKUP(AE29,ltSchlepper,Maschinen!$P$6,FALSE))=TRUE,0,VLOOKUP(AE29,ltSchlepper,Maschinen!$P$6,FALSE)*AG29*IF(ISBLANK(AI29),1,AI29)))","v":0},3.5,{"$f":"(IF(ISNA(VLOOKUP(AK29,ltSchlepper,Maschinen!$K$6,FALSE))=TRUE,0,VLOOKUP(AK29,ltSchlepper,Maschinen!$K$6,FALSE)*AM29))","v":0},{"$f":"(IF(ISNA(VLOOKUP(AK29,ltSchlepper,Maschinen!$L$6,FALSE))=TRUE,0,VLOOKUP(AK29,ltSchlepper,Maschinen!$L$6,FALSE)*AM29))","v":0},{"$f":"(IF(ISNA(VLOOKUP(AK29,ltSchlepper,Maschinen!$M$6,FALSE))=TRUE,0,VLOOKUP(AK29,ltSchlepper,Maschinen!$M$6,FALSE)*AM29))","v":0},{"$f":"(IF(ISNA(VLOOKUP(AK29,ltSchlepper,Maschinen!$N$6,FALSE))=TRUE,0,VLOOKUP(AK29,ltSchlepper,Maschinen!$N$6,FALSE)*AM29*IF(ISBLANK(AO29),1,AO29)))","v":0},{"$f":"(IF(ISNA(VLOOKUP(AK29,ltSchlepper,Maschinen!$O$6,FALSE))=TRUE,0,VLOOKUP(AK29,ltSchlepper,Maschinen!$O$6,FALSE)*AM29*IF(ISBLANK(AO29),1,AO29)))","v":0},{"$f":"(IF(ISNA(VLOOKUP(AK29,ltSchlepper,Maschinen!$P$6,FALSE))=TRUE,0,VLOOKUP(AK29,ltSchlepper,Maschinen!$P$6,FALSE)*AM29*IF(ISBLANK(AO29),1,AO29)))","v":0},0,{"$f":"(IF(ISNA(VLOOKUP(AQ29,ltSchlepper,Maschinen!$K$6,FALSE))=TRUE,0,VLOOKUP(AQ29,ltSchlepper,Maschinen!$K$6,FALSE)*AS29))","v":0},{"$f":"(IF(ISNA(VLOOKUP(AQ29,ltSchlepper,Maschinen!$L$6,FALSE))=TRUE,0,VLOOKUP(AQ29,ltSchlepper,Maschinen!$L$6,FALSE)*AS29))","v":0},{"$f":"(IF(ISNA(VLOOKUP(AQ29,ltSchlepper,Maschinen!$M$6,FALSE))=TRUE,0,VLOOKUP(AQ29,ltSchlepper,Maschinen!$M$6,FALSE)*AS29))","v":0},{"$f":"(IF(ISNA(VLOOKUP(AQ29,ltSchlepper,Maschinen!$N$6,FALSE))=TRUE,0,VLOOKUP(AQ29,ltSchlepper,Maschinen!$N$6,FALSE)*AS29*IF(ISBLANK(AU29),1,AU29)))","v":0},{"$f":"(IF(ISNA(VLOOKUP(AQ29,ltSchlepper,Maschinen!$O$6,FALSE))=TRUE,0,VLOOKUP(AQ29,ltSchlepper,Maschinen!$O$6,FALSE)*AS29*IF(ISBLANK(AU29),1,AU29)))","v":0},{"$f":"(IF(ISNA(VLOOKUP(AQ29,ltSchlepper,Maschinen!$P$6,FALSE))=TRUE,0,VLOOKUP(AQ29,ltSchlepper,Maschinen!$P$6,FALSE)*AS29*IF(ISBLANK(AU29),1,AU29)))","v":0},0,{"$f":"(IF(ISNA(VLOOKUP(Y29,ltSchlepper,Maschinen!$AA$6,FALSE))=TRUE,0,VLOOKUP(Y29,ltSchlepper,Maschinen!$AA$6,FALSE)*AA29))","v":0},{"$f":"(IF(ISNA(VLOOKUP(Y29,ltSchlepper,Maschinen!$AB$6,FALSE))=TRUE,0,VLOOKUP(Y29,ltSchlepper,Maschinen!$AB$6,FALSE)*AA29))","v":0},{"$f":"(IF(ISNA(VLOOKUP(Y29,ltSchlepper,Maschinen!$AC$6,FALSE))=TRUE,0,VLOOKUP(Y29,ltSchlepper,Maschinen!$AC$6,FALSE)*AA29))","v":0},0,{"$f":"(IF(ISNA(VLOOKUP(AE29,ltSchlepper,Maschinen!$AA$6,FALSE))=TRUE,0,VLOOKUP(AE29,ltSchlepper,Maschinen!$AA$6,FALSE)*AG29))","v":0},{"$f":"(IF(ISNA(VLOOKUP(AE29,ltSchlepper,Maschinen!$AB$6,FALSE))=TRUE,0,VLOOKUP(AE29,ltSchlepper,Maschinen!$AB$6,FALSE)*AG29))","v":0},{"$f":"(IF(ISNA(VLOOKUP(AE29,ltSchlepper,Maschinen!$AC$6,FALSE))=TRUE,0,VLOOKUP(AE29,ltSchlepper,Maschinen!$AC$6,FALSE)*AG29))","v":0},0,{"$f":"(IF(ISNA(VLOOKUP(AK29,ltSchlepper,Maschinen!$AA$6,FALSE))=TRUE,0,VLOOKUP(AK29,ltSchlepper,Maschinen!$AA$6,FALSE)*AM29))","v":0},{"$f":"(IF(ISNA(VLOOKUP(AK29,ltSchlepper,Maschinen!$AB$6,FALSE))=TRUE,0,VLOOKUP(AK29,ltSchlepper,Maschinen!$AB$6,FALSE)*AM29))","v":0},{"$f":"(IF(ISNA(VLOOKUP(AK29,ltSchlepper,Maschinen!$AC$6,FALSE))=TRUE,0,VLOOKUP(AK29,ltSchlepper,Maschinen!$AC$6,FALSE)*AM29))","v":0},0,{"$f":"(IF(ISNA(VLOOKUP(AQ29,ltSchlepper,Maschinen!$AA$6,FALSE))=TRUE,0,VLOOKUP(AQ29,ltSchlepper,Maschinen!$AA$6,FALSE)*AS29))","v":0},{"$f":"(IF(ISNA(VLOOKUP(AQ29,ltSchlepper,Maschinen!$AB$6,FALSE))=TRUE,0,VLOOKUP(AQ29,ltSchlepper,Maschinen!$AB$6,FALSE)*AS29))","v":0},{"$f":"(IF(ISNA(VLOOKUP(AQ29,ltSchlepper,Maschinen!$AC$6,FALSE))=TRUE,0,VLOOKUP(AQ29,ltSchlepper,Maschinen!$AC$6,FALSE)*AS29))","v":0},0]
[null,21213,"*Stoppelbearbeitung tief","ha",null,38,null,null,19.521151999999997,19.521151999999997,18.478848000000003,0.1,1.9521151999999997,5.8563455999999986E-2,0.63,null,0.63,15.75,{"$f":"J30+N30+R30","v":35.329715456000002},{"$f":"K30-N30-R30","v":2.6702845440000011},0,{"$f":"H30+I30+N30+R30+U30","v":35.329715456000002},2.6702845440000011,null,11219,"*S3 Allradschlepper 140kW stufenlos",0.63,{"$f":"IF(ISNA(VLOOKUP(Y30,ltSchlepper,3,FALSE))=TRUE,\"\",VLOOKUP(Y30,ltSchlepper,3,FALSE))","v":"h"},1.0999999999999999,11.087999999999999,11513,"*Grubber 4balkig, 4,5m",1,{"$f":"IF(ISNA(VLOOKUP(AE30,ltSchlepper,3,FALSE))=TRUE,\"\",VLOOKUP(AE30,ltSchlepper,3,FALSE))","v":"ha"},1,0,null,"",null,"",null,0,null,"",null,"",null,0,11.087999999999999,8.6660000000000004,0,0,10.533599999999998,0.32155199999999995,19.521151999999997,0,0,0,0,19.521151999999997,{"$f":"(IF(ISNA(VLOOKUP(Y30,ltSchlepper,Maschinen!$K$6,FALSE))=TRUE,0,VLOOKUP(Y30,ltSchlepper,Maschinen!$K$6,FALSE)*AA30))","v":5.1659999999999995},{"$f":"(IF(ISNA(VLOOKUP(Y30,ltSchlepper,Maschinen!$L$6,FALSE))=TRUE,0,VLOOKUP(Y30,ltSchlepper,Maschinen!$L$6,FALSE)*AA30))","v":0},{"$f":"(IF(ISNA(VLOOKUP(Y30,ltSchlepper,Maschinen!$M$6,FALSE))=TRUE,0,VLOOKUP(Y30,ltSchlepper,Maschinen!$M$6,FALSE)*AA30))","v":0},{"$f":"(IF(ISNA(VLOOKUP(Y30,ltSchlepper,Maschinen!$N$6,FALSE))=TRUE,0,VLOOKUP(Y30,ltSchlepper,Maschinen!$N$6,FALSE)*AA30*IF(ISBLANK(AC30),1,AC30)))","v":11.087999999999999},{"$f":"(IF(ISNA(VLOOKUP(Y30,ltSchlepper,Maschinen!$O$6,FALSE))=TRUE,0,VLOOKUP(Y30,ltSchlepper,Maschinen!$O$6,FALSE)*AA30*IF(ISBLANK(AC30),1,AC30)))","v":10.533599999999998},{"$f":"(IF(ISNA(VLOOKUP(Y30,ltSchlepper,Maschinen!$P$6,FALSE))=TRUE,0,VLOOKUP(Y30,ltSchlepper,Maschinen!$P$6,FALSE)*AA30*IF(ISBLANK(AC30),1,AC30)))","v":0.32155199999999995},16.021151999999997,{"$f":"(IF(ISNA(VLOOKUP(AE30,ltSchlepper,Maschinen!$K$6,FALSE))=TRUE,0,VLOOKUP(AE30,ltSchlepper,Maschinen!$K$6,FALSE)*AG30))","v":3.5},{"$f":"(IF(ISNA(VLOOKUP(AE30,ltSchlepper,Maschinen!$L$6,FALSE))=TRUE,0,VLOOKUP(AE30,ltSchlepper,Maschinen!$L$6,FALSE)*AG30))","v":0},{"$f":"(IF(ISNA(VLOOKUP(AE30,ltSchlepper,Maschinen!$M$6,FALSE))=TRUE,0,VLOOKUP(AE30,ltSchlepper,Maschinen!$M$6,FALSE)*AG30))","v":0},{"$f":"(IF(ISNA(VLOOKUP(AE30,ltSchlepper,Maschinen!$N$6,FALSE))=TRUE,0,VLOOKUP(AE30,ltSchlepper,Maschinen!$N$6,FALSE)*AG30*IF(ISBLANK(AI30),1,AI30)))","v":0},{"$f":"(IF(ISNA(VLOOKUP(AE30,ltSchlepper,Maschinen!$O$6,FALSE))=TRUE,0,VLOOKUP(AE30,ltSchlepper,Maschinen!$O$6,FALSE)*AG30*IF(ISBLANK(AI30),1,AI30)))","v":0},{"$f":"(IF(ISNA(VLOOKUP(AE30,ltSchlepper,Maschinen!$P$6,FALSE))=TRUE,0,VLOOKUP(AE30,ltSchlepper,Maschinen!$P$6,FALSE)*AG30*IF(ISBLANK(AI30),1,AI30)))","v":0},3.5,{"$f":"(IF(ISNA(VLOOKUP(AK30,ltSchlepper,Maschinen!$K$6,FALSE))=TRUE,0,VLOOKUP(AK30,ltSchlepper,Maschinen!$K$6,FALSE)*AM30))","v":0},{"$f":"(IF(ISNA(VLOOKUP(AK30,ltSchlepper,Maschinen!$L$6,FALSE))=TRUE,0,VLOOKUP(AK30,ltSchlepper,Maschinen!$L$6,FALSE)*AM30))","v":0},{"$f":"(IF(ISNA(VLOOKUP(AK30,ltSchlepper,Maschinen!$M$6,FALSE))=TRUE,0,VLOOKUP(AK30,ltSchlepper,Maschinen!$M$6,FALSE)*AM30))","v":0},{"$f":"(IF(ISNA(VLOOKUP(AK30,ltSchlepper,Maschinen!$N$6,FALSE))=TRUE,0,VLOOKUP(AK30,ltSchlepper,Maschinen!$N$6,FALSE)*AM30*IF(ISBLANK(AO30),1,AO30)))","v":0},{"$f":"(IF(ISNA(VLOOKUP(AK30,ltSchlepper,Maschinen!$O$6,FALSE))=TRUE,0,VLOOKUP(AK30,ltSchlepper,Maschinen!$O$6,FALSE)*AM30*IF(ISBLANK(AO30),1,AO30)))","v":0},{"$f":"(IF(ISNA(VLOOKUP(AK30,ltSchlepper,Maschinen!$P$6,FALSE))=TRUE,0,VLOOKUP(AK30,ltSchlepper,Maschinen!$P$6,FALSE)*AM30*IF(ISBLANK(AO30),1,AO30)))","v":0},0,{"$f":"(IF(ISNA(VLOOKUP(AQ30,ltSchlepper,Maschinen!$K$6,FALSE))=TRUE,0,VLOOKUP(AQ30,ltSchlepper,Maschinen!$K$6,FALSE)*AS30))","v":0},{"$f":"(IF(ISNA(VLOOKUP(AQ30,ltSchlepper,Maschinen!$L$6,FALSE))=TRUE,0,VLOOKUP(AQ30,ltSchlepper,Maschinen!$L$6,FALSE)*AS30))","v":0},{"$f":"(IF(ISNA(VLOOKUP(AQ30,ltSchlepper,Maschinen!$M$6,FALSE))=TRUE,0,VLOOKUP(AQ30,ltSchlepper,Maschinen!$M$6,FALSE)*AS30))","v":0},{"$f":"(IF(ISNA(VLOOKUP(AQ30,ltSchlepper,Maschinen!$N$6,FALSE))=TRUE,0,VLOOKUP(AQ30,ltSchlepper,Maschinen!$N$6,FALSE)*AS30*IF(ISBLANK(AU30),1,AU30)))","v":0},{"$f":"(IF(ISNA(VLOOKUP(AQ30,ltSchlepper,Maschinen!$O$6,FALSE))=TRUE,0,VLOOKUP(AQ30,ltSchlepper,Maschinen!$O$6,FALSE)*AS30*IF(ISBLANK(AU30),1,AU30)))","v":0},{"$f":"(IF(ISNA(VLOOKUP(AQ30,ltSchlepper,Maschinen!$P$6,FALSE))=TRUE,0,VLOOKUP(AQ30,ltSchlepper,Maschinen!$P$6,FALSE)*AS30*IF(ISBLANK(AU30),1,AU30)))","v":0},0,{"$f":"(IF(ISNA(VLOOKUP(Y30,ltSchlepper,Maschinen!$AA$6,FALSE))=TRUE,0,VLOOKUP(Y30,ltSchlepper,Maschinen!$AA$6,FALSE)*AA30))","v":0},{"$f":"(IF(ISNA(VLOOKUP(Y30,ltSchlepper,Maschinen!$AB$6,FALSE))=TRUE,0,VLOOKUP(Y30,ltSchlepper,Maschinen!$AB$6,FALSE)*AA30))","v":0},{"$f":"(IF(ISNA(VLOOKUP(Y30,ltSchlepper,Maschinen!$AC$6,FALSE))=TRUE,0,VLOOKUP(Y30,ltSchlepper,Maschinen!$AC$6,FALSE)*AA30))","v":0},0,{"$f":"(IF(ISNA(VLOOKUP(AE30,ltSchlepper,Maschinen!$AA$6,FALSE))=TRUE,0,VLOOKUP(AE30,ltSchlepper,Maschinen!$AA$6,FALSE)*AG30))","v":0},{"$f":"(IF(ISNA(VLOOKUP(AE30,ltSchlepper,Maschinen!$AB$6,FALSE))=TRUE,0,VLOOKUP(AE30,ltSchlepper,Maschinen!$AB$6,FALSE)*AG30))","v":0},{"$f":"(IF(ISNA(VLOOKUP(AE30,ltSchlepper,Maschinen!$AC$6,FALSE))=TRUE,0,VLOOKUP(AE30,ltSchlepper,Maschinen!$AC$6,FALSE)*AG30))","v":0},0,{"$f":"(IF(ISNA(VLOOKUP(AK30,ltSchlepper,Maschinen!$AA$6,FALSE))=TRUE,0,VLOOKUP(AK30,ltSchlepper,Maschinen!$AA$6,FALSE)*AM30))","v":0},{"$f":"(IF(ISNA(VLOOKUP(AK30,ltSchlepper,Maschinen!$AB$6,FALSE))=TRUE,0,VLOOKUP(AK30,ltSchlepper,Maschinen!$AB$6,FALSE)*AM30))","v":0},{"$f":"(IF(ISNA(VLOOKUP(AK30,ltSchlepper,Maschinen!$AC$6,FALSE))=TRUE,0,VLOOKUP(AK30,ltSchlepper,Maschinen!$AC$6,FALSE)*AM30))","v":0},0,{"$f":"(IF(ISNA(VLOOKUP(AQ30,ltSchlepper,Maschinen!$AA$6,FALSE))=TRUE,0,VLOOKUP(AQ30,ltSchlepper,Maschinen!$AA$6,FALSE)*AS30))","v":0},{"$f":"(IF(ISNA(VLOOKUP(AQ30,ltSchlepper,Maschinen!$AB$6,FALSE))=TRUE,0,VLOOKUP(AQ30,ltSchlepper,Maschinen!$AB$6,FALSE)*AS30))","v":0},{"$f":"(IF(ISNA(VLOOKUP(AQ30,ltSchlepper,Maschinen!$AC$6,FALSE))=TRUE,0,VLOOKUP(AQ30,ltSchlepper,Maschinen!$AC$6,FALSE)*AS30))","v":0},0]
[null,21214,"*Grundbodenb. Grubber 4,5m","ha",null,45,null,null,24.622799999999998,24.622799999999998,20.377200000000002,0.1,2.4622799999999998,7.3868399999999987E-2,0.6,0.05,{"$f":"O31+P31","v":0.65},{"$f":"Q31*Lohnanspruch","v":16.25},{"$f":"J31+N31+R31","v":40.946668399999993},{"$f":"K31-N31-R31","v":4.0533316000000035},0,{"$f":"H31+I31+N31+R31+U31","v":40.946668399999993},4.0533316000000035,null,11214,{"$f":"IF(ISNA(VLOOKUP(Y31,ltSchlepper,2,FALSE))=TRUE,\"\",VLOOKUP(Y31,ltSchlepper,2,FALSE))","v":"*S4 Allradschlepper 200 kW stufenlos"},0.6,{"$f":"IF(ISNA(VLOOKUP(Y31,ltSchlepper,3,FALSE))=TRUE,\"\",VLOOKUP(Y31,ltSchlepper,3,FALSE))","v":"h"},1,13.2,11512,{"$f":"IF(ISNA(VLOOKUP(AE31,ltSchlepper,2,FALSE))=TRUE,\"\",VLOOKUP(AE31,ltSchlepper,2,FALSE))","v":"*Schwergrubber 4,5m"},1,{"$f":"IF(ISNA(VLOOKUP(AE31,ltSchlepper,3,FALSE))=TRUE,\"\",VLOOKUP(AE31,ltSchlepper,3,FALSE))","v":"ha"},1,0,null,{"$f":"IF(ISNA(VLOOKUP(AK31,ltSchlepper,2,FALSE))=TRUE,\"\",VLOOKUP(AK31,ltSchlepper,2,FALSE))","v":""},null,{"$f":"IF(ISNA(VLOOKUP(AK31,ltSchlepper,3,FALSE))=TRUE,\"\",VLOOKUP(AK31,ltSchlepper,3,FALSE))","v":""},null,{"$f":"IF(ISNA(VLOOKUP(AK31,ltSchlepper,SchKraftstoffVerb,FALSE))=TRUE,0,VLOOKUP(AK31,ltSchlepper,SchKraftstoffVerb,FALSE)*IF(ISBLANK(AO31),1,AO31)*AM31)","v":0},null,{"$f":"IF(ISNA(VLOOKUP(AQ31,ltSchlepper,2,FALSE))=TRUE,\"\",VLOOKUP(AQ31,ltSchlepper,2,FALSE))","v":""},null,{"$f":"IF(ISNA(VLOOKUP(AQ31,ltSchlepper,3,FALSE))=TRUE,\"\",VLOOKUP(AQ31,ltSchlepper,3,FALSE))","v":""},null,{"$f":"IF(ISNA(VLOOKUP(AQ31,ltSchlepper,SchKraftstoffVerb,FALSE))=TRUE,0,VLOOKUP(AQ31,ltSchlepper,SchKraftstoffVerb,FALSE)*IF(ISBLANK(AU31),1,AU31)*AS31)","v":0},13.2,11.7,0,0,12.54,0.38279999999999997,24.622799999999998,0,0,0,0,24.622799999999998,{"$f":"(IF(ISNA(VLOOKUP(Y31,ltSchlepper,Maschinen!$K$6,FALSE))=TRUE,0,VLOOKUP(Y31,ltSchlepper,Maschinen!$K$6,FALSE)*AA31))","v":5.7},{"$f":"(IF(ISNA(VLOOKUP(Y31,ltSchlepper,Maschinen!$L$6,FALSE))=TRUE,0,VLOOKUP(Y31,ltSchlepper,Maschinen!$L$6,FALSE)*AA31))","v":0},{"$f":"(IF(ISNA(VLOOKUP(Y31,ltSchlepper,Maschinen!$M$6,FALSE))=TRUE,0,VLOOKUP(Y31,ltSchlepper,Maschinen!$M$6,FALSE)*AA31))","v":0},{"$f":"(IF(ISNA(VLOOKUP(Y31,ltSchlepper,Maschinen!$N$6,FALSE))=TRUE,0,VLOOKUP(Y31,ltSchlepper,Maschinen!$N$6,FALSE)*AA31*IF(ISBLANK(AC31),1,AC31)))","v":13.2},{"$f":"(IF(ISNA(VLOOKUP(Y31,ltSchlepper,Maschinen!$O$6,FALSE))=TRUE,0,VLOOKUP(Y31,ltSchlepper,Maschinen!$O$6,FALSE)*AA31*IF(ISBLANK(AC31),1,AC31)))","v":12.54},{"$f":"(IF(ISNA(VLOOKUP(Y31,ltSchlepper,Maschinen!$P$6,FALSE))=TRUE,0,VLOOKUP(Y31,ltSchlepper,Maschinen!$P$6,FALSE)*AA31*IF(ISBLANK(AC31),1,AC31)))","v":0.38279999999999997},18.622799999999998,{"$f":"(IF(ISNA(VLOOKUP(AE31,ltSchlepper,Maschinen!$K$6,FALSE))=TRUE,0,VLOOKUP(AE31,ltSchlepper,Maschinen!$K$6,FALSE)*AG31))","v":6},{"$f":"(IF(ISNA(VLOOKUP(AE31,ltSchlepper,Maschinen!$L$6,FALSE))=TRUE,0,VLOOKUP(AE31,ltSchlepper,Maschinen!$L$6,FALSE)*AG31))","v":0},{"$f":"(IF(ISNA(VLOOKUP(AE31,ltSchlepper,Maschinen!$M$6,FALSE))=TRUE,0,VLOOKUP(AE31,ltSchlepper,Maschinen!$M$6,FALSE)*AG31))","v":0},{"$f":"(IF(ISNA(VLOOKUP(AE31,ltSchlepper,Maschinen!$N$6,FALSE))=TRUE,0,VLOOKUP(AE31,ltSchlepper,Maschinen!$N$6,FALSE)*AG31*IF(ISBLANK(AI31),1,AI31)))","v":0},{"$f":"(IF(ISNA(VLOOKUP(AE31,ltSchlepper,Maschinen!$O$6,FALSE))=TRUE,0,VLOOKUP(AE31,ltSchlepper,Maschinen!$O$6,FALSE)*AG31*IF(ISBLANK(AI31),1,AI31)))","v":0},{"$f":"(IF(ISNA(VLOOKUP(AE31,ltSchlepper,Maschinen!$P$6,FALSE))=TRUE,0,VLOOKUP(AE31,ltSchlepper,Maschinen!$P$6,FALSE)*AG31*IF(ISBLANK(AI31),1,AI31)))","v":0},6,{"$f":"(IF(ISNA(VLOOKUP(AK31,ltSchlepper,Maschinen!$K$6,FALSE))=TRUE,0,VLOOKUP(AK31,ltSchlepper,Maschinen!$K$6,FALSE)*AM31))","v":0},{"$f":"(IF(ISNA(VLOOKUP(AK31,ltSchlepper,Maschinen!$L$6,FALSE))=TRUE,0,VLOOKUP(AK31,ltSchlepper,Maschinen!$L$6,FALSE)*AM31))","v":0},{"$f":"(IF(ISNA(VLOOKUP(AK31,ltSchlepper,Maschinen!$M$6,FALSE))=TRUE,0,VLOOKUP(AK31,ltSchlepper,Maschinen!$M$6,FALSE)*AM31))","v":0},{"$f":"(IF(ISNA(VLOOKUP(AK31,ltSchlepper,Maschinen!$N$6,FALSE))=TRUE,0,VLOOKUP(AK31,ltSchlepper,Maschinen!$N$6,FALSE)*AM31*IF(ISBLANK(AO31),1,AO31)))","v":0},{"$f":"(IF(ISNA(VLOOKUP(AK31,ltSchlepper,Maschinen!$O$6,FALSE))=TRUE,0,VLOOKUP(AK31,ltSchlepper,Maschinen!$O$6,FALSE)*AM31*IF(ISBLANK(AO31),1,AO31)))","v":0},{"$f":"(IF(ISNA(VLOOKUP(AK31,ltSchlepper,Maschinen!$P$6,FALSE))=TRUE,0,VLOOKUP(AK31,ltSchlepper,Maschinen!$P$6,FALSE)*AM31*IF(ISBLANK(AO31),1,AO31)))","v":0},{"$f":"SUM(BW31:BY31,CA31:CB31)","v":0},{"$f":"(IF(ISNA(VLOOKUP(AQ31,ltSchlepper,Maschinen!$K$6,FALSE))=TRUE,0,VLOOKUP(AQ31,ltSchlepper,Maschinen!$K$6,FALSE)*AS31))","v":0},{"$f":"(IF(ISNA(VLOOKUP(AQ31,ltSchlepper,Maschinen!$L$6,FALSE))=TRUE,0,VLOOKUP(AQ31,ltSchlepper,Maschinen!$L$6,FALSE)*AS31))","v":0},{"$f":"(IF(ISNA(VLOOKUP(AQ31,ltSchlepper,Maschinen!$M$6,FALSE))=TRUE,0,VLOOKUP(AQ31,ltSchlepper,Maschinen!$M$6,FALSE)*AS31))","v":0},{"$f":"(IF(ISNA(VLOOKUP(AQ31,ltSchlepper,Maschinen!$N$6,FALSE))=TRUE,0,VLOOKUP(AQ31,ltSchlepper,Maschinen!$N$6,FALSE)*AS31*IF(ISBLANK(AU31),1,AU31)))","v":0},{"$f":"(IF(ISNA(VLOOKUP(AQ31,ltSchlepper,Maschinen!$O$6,FALSE))=TRUE,0,VLOOKUP(AQ31,ltSchlepper,Maschinen!$O$6,FALSE)*AS31*IF(ISBLANK(AU31),1,AU31)))","v":0},{"$f":"(IF(ISNA(VLOOKUP(AQ31,ltSchlepper,Maschinen!$P$6,FALSE))=TRUE,0,VLOOKUP(AQ31,ltSchlepper,Maschinen!$P$6,FALSE)*AS31*IF(ISBLANK(AU31),1,AU31)))","v":0},{"$f":"SUM(CD31:CF31,CH31:CI31)","v":0},{"$f":"(IF(ISNA(VLOOKUP(Y31,ltSchlepper,Maschinen!$AA$6,FALSE))=TRUE,0,VLOOKUP(Y31,ltSchlepper,Maschinen!$AA$6,FALSE)*AA31))","v":0},{"$f":"(IF(ISNA(VLOOKUP(Y31,ltSchlepper,Maschinen!$AB$6,FALSE))=TRUE,0,VLOOKUP(Y31,ltSchlepper,Maschinen!$AB$6,FALSE)*AA31))","v":0},{"$f":"(IF(ISNA(VLOOKUP(Y31,ltSchlepper,Maschinen!$AC$6,FALSE))=TRUE,0,VLOOKUP(Y31,ltSchlepper,Maschinen!$AC$6,FALSE)*AA31))","v":0},0,{"$f":"(IF(ISNA(VLOOKUP(AE31,ltSchlepper,Maschinen!$AA$6,FALSE))=TRUE,0,VLOOKUP(AE31,ltSchlepper,Maschinen!$AA$6,FALSE)*AG31))","v":0},{"$f":"(IF(ISNA(VLOOKUP(AE31,ltSchlepper,Maschinen!$AB$6,FALSE))=TRUE,0,VLOOKUP(AE31,ltSchlepper,Maschinen!$AB$6,FALSE)*AG31))","v":0},{"$f":"(IF(ISNA(VLOOKUP(AE31,ltSchlepper,Maschinen!$AC$6,FALSE))=TRUE,0,VLOOKUP(AE31,ltSchlepper,Maschinen!$AC$6,FALSE)*AG31))","v":0},0,{"$f":"(IF(ISNA(VLOOKUP(AK31,ltSchlepper,Maschinen!$AA$6,FALSE))=TRUE,0,VLOOKUP(AK31,ltSchlepper,Maschinen!$AA$6,FALSE)*AM31))","v":0},{"$f":"(IF(ISNA(VLOOKUP(AK31,ltSchlepper,Maschinen!$AB$6,FALSE))=TRUE,0,VLOOKUP(AK31,ltSchlepper,Maschinen!$AB$6,FALSE)*AM31))","v":0},{"$f":"(IF(ISNA(VLOOKUP(AK31,ltSchlepper,Maschinen!$AC$6,FALSE))=TRUE,0,VLOOKUP(AK31,ltSchlepper,Maschinen!$AC$6,FALSE)*AM31))","v":0},{"$f":"SUM(CS31:CU31)","v":0},{"$f":"(IF(ISNA(VLOOKUP(AQ31,ltSchlepper,Maschinen!$AA$6,FALSE))=TRUE,0,VLOOKUP(AQ31,ltSchlepper,Maschinen!$AA$6,FALSE)*AS31))","v":0},{"$f":"(IF(ISNA(VLOOKUP(AQ31,ltSchlepper,Maschinen!$AB$6,FALSE))=TRUE,0,VLOOKUP(AQ31,ltSchlepper,Maschinen!$AB$6,FALSE)*AS31))","v":0},{"$f":"(IF(ISNA(VLOOKUP(AQ31,ltSchlepper,Maschinen!$AC$6,FALSE))=TRUE,0,VLOOKUP(AQ31,ltSchlepper,Maschinen!$AC$6,FALSE)*AS31))","v":0},{"$f":"SUM(CW31:CY31)","v":0}]
[null,21215,"*Saatbeetbereitung / Gülleeinbringung","ha",null,55,null,null,17.125199999999996,17.125199999999996,37.874800000000008,0.1,1.7125199999999996,5.1375599999999987E-2,0.55000000000000004,0.05,0.60000000000000009,15.000000000000002,{"$f":"J32+N32+R32","v":32.1765756},{"$f":"K32-N32-R32","v":22.823424400000007},0,{"$f":"H32+I32+N32+R32+U32","v":32.1765756},22.823424400000007,null,11219,"*S3 Allradschlepper 140kW stufenlos",0.55000000000000004,{"$f":"IF(ISNA(VLOOKUP(Y32,ltSchlepper,3,FALSE))=TRUE,\"\",VLOOKUP(Y32,ltSchlepper,3,FALSE))","v":"h"},1,8.8000000000000007,11514,"*Saatbeetkombination 6m",1,"ha",1,0,null,"",null,"",null,{"$f":"IF(ISNA(VLOOKUP(AK32,ltSchlepper,SchKraftstoffVerb,FALSE))=TRUE,0,VLOOKUP(AK32,ltSchlepper,SchKraftstoffVerb,FALSE)*IF(ISBLANK(AO32),1,AO32)*AM32)","v":0},null,"",null,"",null,{"$f":"IF(ISNA(VLOOKUP(AQ32,ltSchlepper,SchKraftstoffVerb,FALSE))=TRUE,0,VLOOKUP(AQ32,ltSchlepper,SchKraftstoffVerb,FALSE)*IF(ISBLANK(AU32),1,AU32)*AS32)","v":0},8.8000000000000007,8.51,0,0,8.36,0.25519999999999998,17.125199999999996,0,0,0,0,17.125199999999996,{"$f":"(IF(ISNA(VLOOKUP(Y32,ltSchlepper,Maschinen!$K$6,FALSE))=TRUE,0,VLOOKUP(Y32,ltSchlepper,Maschinen!$K$6,FALSE)*AA32))","v":4.51},{"$f":"(IF(ISNA(VLOOKUP(Y32,ltSchlepper,Maschinen!$L$6,FALSE))=TRUE,0,VLOOKUP(Y32,ltSchlepper,Maschinen!$L$6,FALSE)*AA32))","v":0},{"$f":"(IF(ISNA(VLOOKUP(Y32,ltSchlepper,Maschinen!$M$6,FALSE))=TRUE,0,VLOOKUP(Y32,ltSchlepper,Maschinen!$M$6,FALSE)*AA32))","v":0},{"$f":"(IF(ISNA(VLOOKUP(Y32,ltSchlepper,Maschinen!$N$6,FALSE))=TRUE,0,VLOOKUP(Y32,ltSchlepper,Maschinen!$N$6,FALSE)*AA32*IF(ISBLANK(AC32),1,AC32)))","v":8.8000000000000007},{"$f":"(IF(ISNA(VLOOKUP(Y32,ltSchlepper,Maschinen!$O$6,FALSE))=TRUE,0,VLOOKUP(Y32,ltSchlepper,Maschinen!$O$6,FALSE)*AA32*IF(ISBLANK(AC32),1,AC32)))","v":8.36},{"$f":"(IF(ISNA(VLOOKUP(Y32,ltSchlepper,Maschinen!$P$6,FALSE))=TRUE,0,VLOOKUP(Y32,ltSchlepper,Maschinen!$P$6,FALSE)*AA32*IF(ISBLANK(AC32),1,AC32)))","v":0.25519999999999998},13.1252,{"$f":"(IF(ISNA(VLOOKUP(AE32,ltSchlepper,Maschinen!$K$6,FALSE))=TRUE,0,VLOOKUP(AE32,ltSchlepper,Maschinen!$K$6,FALSE)*AG32))","v":4},{"$f":"(IF(ISNA(VLOOKUP(AE32,ltSchlepper,Maschinen!$L$6,FALSE))=TRUE,0,VLOOKUP(AE32,ltSchlepper,Maschinen!$L$6,FALSE)*AG32))","v":0},{"$f":"(IF(ISNA(VLOOKUP(AE32,ltSchlepper,Maschinen!$M$6,FALSE))=TRUE,0,VLOOKUP(AE32,ltSchlepper,Maschinen!$M$6,FALSE)*AG32))","v":0},{"$f":"(IF(ISNA(VLOOKUP(AE32,ltSchlepper,Maschinen!$N$6,FALSE))=TRUE,0,VLOOKUP(AE32,ltSchlepper,Maschinen!$N$6,FALSE)*AG32*IF(ISBLANK(AI32),1,AI32)))","v":0},{"$f":"(IF(ISNA(VLOOKUP(AE32,ltSchlepper,Maschinen!$O$6,FALSE))=TRUE,0,VLOOKUP(AE32,ltSchlepper,Maschinen!$O$6,FALSE)*AG32*IF(ISBLANK(AI32),1,AI32)))","v":0},{"$f":"(IF(ISNA(VLOOKUP(AE32,ltSchlepper,Maschinen!$P$6,FALSE))=TRUE,0,VLOOKUP(AE32,ltSchlepper,Maschinen!$P$6,FALSE)*AG32*IF(ISBLANK(AI32),1,AI32)))","v":0},4,{"$f":"(IF(ISNA(VLOOKUP(AK32,ltSchlepper,Maschinen!$K$6,FALSE))=TRUE,0,VLOOKUP(AK32,ltSchlepper,Maschinen!$K$6,FALSE)*AM32))","v":0},{"$f":"(IF(ISNA(VLOOKUP(AK32,ltSchlepper,Maschinen!$L$6,FALSE))=TRUE,0,VLOOKUP(AK32,ltSchlepper,Maschinen!$L$6,FALSE)*AM32))","v":0},{"$f":"(IF(ISNA(VLOOKUP(AK32,ltSchlepper,Maschinen!$M$6,FALSE))=TRUE,0,VLOOKUP(AK32,ltSchlepper,Maschinen!$M$6,FALSE)*AM32))","v":0},{"$f":"(IF(ISNA(VLOOKUP(AK32,ltSchlepper,Maschinen!$N$6,FALSE))=TRUE,0,VLOOKUP(AK32,ltSchlepper,Maschinen!$N$6,FALSE)*AM32*IF(ISBLANK(AO32),1,AO32)))","v":0},{"$f":"(IF(ISNA(VLOOKUP(AK32,ltSchlepper,Maschinen!$O$6,FALSE))=TRUE,0,VLOOKUP(AK32,ltSchlepper,Maschinen!$O$6,FALSE)*AM32*IF(ISBLANK(AO32),1,AO32)))","v":0},{"$f":"(IF(ISNA(VLOOKUP(AK32,ltSchlepper,Maschinen!$P$6,FALSE))=TRUE,0,VLOOKUP(AK32,ltSchlepper,Maschinen!$P$6,FALSE)*AM32*IF(ISBLANK(AO32),1,AO32)))","v":0},{"$f":"SUM(BW32:BY32,CA32:CB32)","v":0},{"$f":"(IF(ISNA(VLOOKUP(AQ32,ltSchlepper,Maschinen!$K$6,FALSE))=TRUE,0,VLOOKUP(AQ32,ltSchlepper,Maschinen!$K$6,FALSE)*AS32))","v":0},{"$f":"(IF(ISNA(VLOOKUP(AQ32,ltSchlepper,Maschinen!$L$6,FALSE))=TRUE,0,VLOOKUP(AQ32,ltSchlepper,Maschinen!$L$6,FALSE)*AS32))","v":0},{"$f":"(IF(ISNA(VLOOKUP(AQ32,ltSchlepper,Maschinen!$M$6,FALSE))=TRUE,0,VLOOKUP(AQ32,ltSchlepper,Maschinen!$M$6,FALSE)*AS32))","v":0},{"$f":"(IF(ISNA(VLOOKUP(AQ32,ltSchlepper,Maschinen!$N$6,FALSE))=TRUE,0,VLOOKUP(AQ32,ltSchlepper,Maschinen!$N$6,FALSE)*AS32*IF(ISBLANK(AU32),1,AU32)))","v":0},{"$f":"(IF(ISNA(VLOOKUP(AQ32,ltSchlepper,Maschinen!$O$6,FALSE))=TRUE,0,VLOOKUP(AQ32,ltSchlepper,Maschinen!$O$6,FALSE)*AS32*IF(ISBLANK(AU32),1,AU32)))","v":0},{"$f":"(IF(ISNA(VLOOKUP(AQ32,ltSchlepper,Maschinen!$P$6,FALSE))=TRUE,0,VLOOKUP(AQ32,ltSchlepper,Maschinen!$P$6,FALSE)*AS32*IF(ISBLANK(AU32),1,AU32)))","v":0},{"$f":"SUM(CD32:CF32,CH32:CI32)","v":0},{"$f":"(IF(ISNA(VLOOKUP(Y32,ltSchlepper,Maschinen!$AA$6,FALSE))=TRUE,0,VLOOKUP(Y32,ltSchlepper,Maschinen!$AA$6,FALSE)*AA32))","v":0},{"$f":"(IF(ISNA(VLOOKUP(Y32,ltSchlepper,Maschinen!$AB$6,FALSE))=TRUE,0,VLOOKUP(Y32,ltSchlepper,Maschinen!$AB$6,FALSE)*AA32))","v":0},{"$f":"(IF(ISNA(VLOOKUP(Y32,ltSchlepper,Maschinen!$AC$6,FALSE))=TRUE,0,VLOOKUP(Y32,ltSchlepper,Maschinen!$AC$6,FALSE)*AA32))","v":0},0,{"$f":"(IF(ISNA(VLOOKUP(AE32,ltSchlepper,Maschinen!$AA$6,FALSE))=TRUE,0,VLOOKUP(AE32,ltSchlepper,Maschinen!$AA$6,FALSE)*AG32))","v":0},{"$f":"(IF(ISNA(VLOOKUP(AE32,ltSchlepper,Maschinen!$AB$6,FALSE))=TRUE,0,VLOOKUP(AE32,ltSchlepper,Maschinen!$AB$6,FALSE)*AG32))","v":0},{"$f":"(IF(ISNA(VLOOKUP(AE32,ltSchlepper,Maschinen!$AC$6,FALSE))=TRUE,0,VLOOKUP(AE32,ltSchlepper,Maschinen!$AC$6,FALSE)*AG32))","v":0},0,{"$f":"(IF(ISNA(VLOOKUP(AK32,ltSchlepper,Maschinen!$AA$6,FALSE))=TRUE,0,VLOOKUP(AK32,ltSchlepper,Maschinen!$AA$6,FALSE)*AM32))","v":0},{"$f":"(IF(ISNA(VLOOKUP(AK32,ltSchlepper,Maschinen!$AB$6,FALSE))=TRUE,0,VLOOKUP(AK32,ltSchlepper,Maschinen!$AB$6,FALSE)*AM32))","v":0},{"$f":"(IF(ISNA(VLOOKUP(AK32,ltSchlepper,Maschinen!$AC$6,FALSE))=TRUE,0,VLOOKUP(AK32,ltSchlepper,Maschinen!$AC$6,FALSE)*AM32))","v":0},0,{"$f":"(IF(ISNA(VLOOKUP(AQ32,ltSchlepper,Maschinen!$AA$6,FALSE))=TRUE,0,VLOOKUP(AQ32,ltSchlepper,Maschinen!$AA$6,FALSE)*AS32))","v":0},{"$f":"(IF(ISNA(VLOOKUP(AQ32,ltSchlepper,Maschinen!$AB$6,FALSE))=TRUE,0,VLOOKUP(AQ32,ltSchlepper,Maschinen!$AB$6,FALSE)*AS32))","v":0},{"$f":"(IF(ISNA(VLOOKUP(AQ32,ltSchlepper,Maschinen!$AC$6,FALSE))=TRUE,0,VLOOKUP(AQ32,ltSchlepper,Maschinen!$AC$6,FALSE)*AS32))","v":0},0]
[null,21216,null,null,null,null,null,null,{"$f":"BC33","v":0},0,0,0.1,{"$f":"(H33+I33)*L33","v":0},{"$f":"M33*Interest","v":0},null,null,{"$f":"O33+P33","v":0},{"$f":"Q33*Lohnanspruch","v":0},0,0,0,0,0,null,null,"",null,{"$f":"IF(ISNA(VLOOKUP(Y33,ltSchlepper,3,FALSE))=TRUE,\"\",VLOOKUP(Y33,ltSchlepper,3,FALSE))","v":""},null,0,null,"",null,{"$f":"IF(ISNA(VLOOKUP(AE33,ltSchlepper,3,FALSE))=TRUE,\"\",VLOOKUP(AE33,ltSchlepper,3,FALSE))","v":""},null,0,null,{"$f":"IF(ISNA(VLOOKUP(AK33,ltSchlepper,2,FALSE))=TRUE,\"\",VLOOKUP(AK33,ltSchlepper,2,FALSE))","v":""},null,{"$f":"IF(ISNA(VLOOKUP(AK33,ltSchlepper,3,FALSE))=TRUE,\"\",VLOOKUP(AK33,ltSchlepper,3,FALSE))","v":""},null,{"$f":"IF(ISNA(VLOOKUP(AK33,ltSchlepper,SchKraftstoffVerb,FALSE))=TRUE,0,VLOOKUP(AK33,ltSchlepper,SchKraftstoffVerb,FALSE)*IF(ISBLANK(AO33),1,AO33)*AM33)","v":0},null,{"$f":"IF(ISNA(VLOOKUP(AQ33,ltSchlepper,2,FALSE))=TRUE,\"\",VLOOKUP(AQ33,ltSchlepper,2,FALSE))","v":""},null,{"$f":"IF(ISNA(VLOOKUP(AQ33,ltSchlepper,3,FALSE))=TRUE,\"\",VLOOKUP(AQ33,ltSchlepper,3,FALSE))","v":""},null,{"$f":"IF(ISNA(VLOOKUP(AQ33,ltSchlepper,SchKraftstoffVerb,FALSE))=TRUE,0,VLOOKUP(AQ33,ltSchlepper,SchKraftstoffVerb,FALSE)*IF(ISBLANK(AU33),1,AU33)*AS33)","v":0},0,0,0,0,0,0,0,0,0,0,0,0,{"$f":"(IF(ISNA(VLOOKUP(Y33,ltSchlepper,Maschinen!$K$6,FALSE))=TRUE,0,VLOOKUP(Y33,ltSchlepper,Maschinen!$K$6,FALSE)*AA33))","v":0},{"$f":"(IF(ISNA(VLOOKUP(Y33,ltSchlepper,Maschinen!$L$6,FALSE))=TRUE,0,VLOOKUP(Y33,ltSchlepper,Maschinen!$L$6,FALSE)*AA33))","v":0},{"$f":"(IF(ISNA(VLOOKUP(Y33,ltSchlepper,Maschinen!$M$6,FALSE))=TRUE,0,VLOOKUP(Y33,ltSchlepper,Maschinen!$M$6,FALSE)*AA33))","v":0},{"$f":"(IF(ISNA(VLOOKUP(Y33,ltSchlepper,Maschinen!$N$6,FALSE))=TRUE,0,VLOOKUP(Y33,ltSchlepper,Maschinen!$N$6,FALSE)*AA33*IF(ISBLANK(AC33),1,AC33)))","v":0},{"$f":"(IF(ISNA(VLOOKUP(Y33,ltSchlepper,Maschinen!$O$6,FALSE))=TRUE,0,VLOOKUP(Y33,ltSchlepper,Maschinen!$O$6,FALSE)*AA33*IF(ISBLANK(AC33),1,AC33)))","v":0},{"$f":"(IF(ISNA(VLOOKUP(Y33,ltSchlepper,Maschinen!$P$6,FALSE))=TRUE,0,VLOOKUP(Y33,ltSchlepper,Maschinen!$P$6,FALSE)*AA33*IF(ISBLANK(AC33),1,AC33)))","v":0},0,{"$f":"(IF(ISNA(VLOOKUP(AE33,ltSchlepper,Maschinen!$K$6,FALSE))=TRUE,0,VLOOKUP(AE33,ltSchlepper,Maschinen!$K$6,FALSE)*AG33))","v":0},{"$f":"(IF(ISNA(VLOOKUP(AE33,ltSchlepper,Maschinen!$L$6,FALSE))=TRUE,0,VLOOKUP(AE33,ltSchlepper,Maschinen!$L$6,FALSE)*AG33))","v":0},{"$f":"(IF(ISNA(VLOOKUP(AE33,ltSchlepper,Maschinen!$M$6,FALSE))=TRUE,0,VLOOKUP(AE33,ltSchlepper,Maschinen!$M$6,FALSE)*AG33))","v":0},{"$f":"(IF(ISNA(VLOOKUP(AE33,ltSchlepper,Maschinen!$N$6,FALSE))=TRUE,0,VLOOKUP(AE33,ltSchlepper,Maschinen!$N$6,FALSE)*AG33*IF(ISBLANK(AI33),1,AI33)))","v":0},{"$f":"(IF(ISNA(VLOOKUP(AE33,ltSchlepper,Maschinen!$O$6,FALSE))=TRUE,0,VLOOKUP(AE33,ltSchlepper,Maschinen!$O$6,FALSE)*AG33*IF(ISBLANK(AI33),1,AI33)))","v":0},{"$f":"(IF(ISNA(VLOOKUP(AE33,ltSchlepper,Maschinen!$P$6,FALSE))=TRUE,0,VLOOKUP(AE33,ltSchlepper,Maschinen!$P$6,FALSE)*AG33*IF(ISBLANK(AI33),1,AI33)))","v":0},0,{"$f":"(IF(ISNA(VLOOKUP(AK33,ltSchlepper,Maschinen!$K$6,FALSE))=TRUE,0,VLOOKUP(AK33,ltSchlepper,Maschinen!$K$6,FALSE)*AM33))","v":0},{"$f":"(IF(ISNA(VLOOKUP(AK33,ltSchlepper,Maschinen!$L$6,FALSE))=TRUE,0,VLOOKUP(AK33,ltSchlepper,Maschinen!$L$6,FALSE)*AM33))","v":0},{"$f":"(IF(ISNA(VLOOKUP(AK33,ltSchlepper,Maschinen!$M$6,FALSE))=TRUE,0,VLOOKUP(AK33,ltSchlepper,Maschinen!$M$6,FALSE)*AM33))","v":0},{"$f":"(IF(ISNA(VLOOKUP(AK33,ltSchlepper,Maschinen!$N$6,FALSE))=TRUE,0,VLOOKUP(AK33,ltSchlepper,Maschinen!$N$6,FALSE)*AM33*IF(ISBLANK(AO33),1,AO33)))","v":0},{"$f":"(IF(ISNA(VLOOKUP(AK33,ltSchlepper,Maschinen!$O$6,FALSE))=TRUE,0,VLOOKUP(AK33,ltSchlepper,Maschinen!$O$6,FALSE)*AM33*IF(ISBLANK(AO33),1,AO33)))","v":0},{"$f":"(IF(ISNA(VLOOKUP(AK33,ltSchlepper,Maschinen!$P$6,FALSE))=TRUE,0,VLOOKUP(AK33,ltSchlepper,Maschinen!$P$6,FALSE)*AM33*IF(ISBLANK(AO33),1,AO33)))","v":0},{"$f":"SUM(BW33:BY33,CA33:CB33)","v":0},{"$f":"(IF(ISNA(VLOOKUP(AQ33,ltSchlepper,Maschinen!$K$6,FALSE))=TRUE,0,VLOOKUP(AQ33,ltSchlepper,Maschinen!$K$6,FALSE)*AS33))","v":0},{"$f":"(IF(ISNA(VLOOKUP(AQ33,ltSchlepper,Maschinen!$L$6,FALSE))=TRUE,0,VLOOKUP(AQ33,ltSchlepper,Maschinen!$L$6,FALSE)*AS33))","v":0},{"$f":"(IF(ISNA(VLOOKUP(AQ33,ltSchlepper,Maschinen!$M$6,FALSE))=TRUE,0,VLOOKUP(AQ33,ltSchlepper,Maschinen!$M$6,FALSE)*AS33))","v":0},{"$f":"(IF(ISNA(VLOOKUP(AQ33,ltSchlepper,Maschinen!$N$6,FALSE))=TRUE,0,VLOOKUP(AQ33,ltSchlepper,Maschinen!$N$6,FALSE)*AS33*IF(ISBLANK(AU33),1,AU33)))","v":0},{"$f":"(IF(ISNA(VLOOKUP(AQ33,ltSchlepper,Maschinen!$O$6,FALSE))=TRUE,0,VLOOKUP(AQ33,ltSchlepper,Maschinen!$O$6,FALSE)*AS33*IF(ISBLANK(AU33),1,AU33)))","v":0},{"$f":"(IF(ISNA(VLOOKUP(AQ33,ltSchlepper,Maschinen!$P$6,FALSE))=TRUE,0,VLOOKUP(AQ33,ltSchlepper,Maschinen!$P$6,FALSE)*AS33*IF(ISBLANK(AU33),1,AU33)))","v":0},{"$f":"SUM(CD33:CF33,CH33:CI33)","v":0},{"$f":"(IF(ISNA(VLOOKUP(Y33,ltSchlepper,Maschinen!$AA$6,FALSE))=TRUE,0,VLOOKUP(Y33,ltSchlepper,Maschinen!$AA$6,FALSE)*AA33))","v":0},{"$f":"(IF(ISNA(VLOOKUP(Y33,ltSchlepper,Maschinen!$AB$6,FALSE))=TRUE,0,VLOOKUP(Y33,ltSchlepper,Maschinen!$AB$6,FALSE)*AA33))","v":0},{"$f":"(IF(ISNA(VLOOKUP(Y33,ltSchlepper,Maschinen!$AC$6,FALSE))=TRUE,0,VLOOKUP(Y33,ltSchlepper,Maschinen!$AC$6,FALSE)*AA33))","v":0},0,{"$f":"(IF(ISNA(VLOOKUP(AE33,ltSchlepper,Maschinen!$AA$6,FALSE))=TRUE,0,VLOOKUP(AE33,ltSchlepper,Maschinen!$AA$6,FALSE)*AG33))","v":0},{"$f":"(IF(ISNA(VLOOKUP(AE33,ltSchlepper,Maschinen!$AB$6,FALSE))=TRUE,0,VLOOKUP(AE33,ltSchlepper,Maschinen!$AB$6,FALSE)*AG33))","v":0},{"$f":"(IF(ISNA(VLOOKUP(AE33,ltSchlepper,Maschinen!$AC$6,FALSE))=TRUE,0,VLOOKUP(AE33,ltSchlepper,Maschinen!$AC$6,FALSE)*AG33))","v":0},0,{"$f":"(IF(ISNA(VLOOKUP(AK33,ltSchlepper,Maschinen!$AA$6,FALSE))=TRUE,0,VLOOKUP(AK33,ltSchlepper,Maschinen!$AA$6,FALSE)*AM33))","v":0},{"$f":"(IF(ISNA(VLOOKUP(AK33,ltSchlepper,Maschinen!$AB$6,FALSE))=TRUE,0,VLOOKUP(AK33,ltSchlepper,Maschinen!$AB$6,FALSE)*AM33))","v":0},{"$f":"(IF(ISNA(VLOOKUP(AK33,ltSchlepper,Maschinen!$AC$6,FALSE))=TRUE,0,VLOOKUP(AK33,ltSchlepper,Maschinen!$AC$6,FALSE)*AM33))","v":0},0,{"$f":"(IF(ISNA(VLOOKUP(AQ33,ltSchlepper,Maschinen!$AA$6,FALSE))=TRUE,0,VLOOKUP(AQ33,ltSchlepper,Maschinen!$AA$6,FALSE)*AS33))","v":0},{"$f":"(IF(ISNA(VLOOKUP(AQ33,ltSchlepper,Maschinen!$AB$6,FALSE))=TRUE,0,VLOOKUP(AQ33,ltSchlepper,Maschinen!$AB$6,FALSE)*AS33))","v":0},{"$f":"(IF(ISNA(VLOOKUP(AQ33,ltSchlepper,Maschinen!$AC$6,FALSE))=TRUE,0,VLOOKUP(AQ33,ltSchlepper,Maschinen!$AC$6,FALSE)*AS33))","v":0},0]
[null,21217,null,null,null,null,null,null,0,0,0,0.1,0,0,null,null,0,0,{"$f":"J34+N34+R34","v":0},{"$f":"K34-N34-R34","v":0},0,{"$f":"H34+I34+N34+R34+U34","v":0},0,null,null,"",null,{"$f":"IF(ISNA(VLOOKUP(Y34,ltSchlepper,3,FALSE))=TRUE,\"\",VLOOKUP(Y34,ltSchlepper,3,FALSE))","v":""},null,0,null,"",null,{"$f":"IF(ISNA(VLOOKUP(AE34,ltSchlepper,3,FALSE))=TRUE,\"\",VLOOKUP(AE34,ltSchlepper,3,FALSE))","v":""},null,0,null,"",null,"",null,{"$f":"IF(ISNA(VLOOKUP(AK34,ltSchlepper,SchKraftstoffVerb,FALSE))=TRUE,0,VLOOKUP(AK34,ltSchlepper,SchKraftstoffVerb,FALSE)*IF(ISBLANK(AO34),1,AO34)*AM34)","v":0},null,"",null,"",null,{"$f":"IF(ISNA(VLOOKUP(AQ34,ltSchlepper,SchKraftstoffVerb,FALSE))=TRUE,0,VLOOKUP(AQ34,ltSchlepper,SchKraftstoffVerb,FALSE)*IF(ISBLANK(AU34),1,AU34)*AS34)","v":0},0,0,0,0,0,0,0,0,0,0,0,0,{"$f":"(IF(ISNA(VLOOKUP(Y34,ltSchlepper,Maschinen!$K$6,FALSE))=TRUE,0,VLOOKUP(Y34,ltSchlepper,Maschinen!$K$6,FALSE)*AA34))","v":0},{"$f":"(IF(ISNA(VLOOKUP(Y34,ltSchlepper,Maschinen!$L$6,FALSE))=TRUE,0,VLOOKUP(Y34,ltSchlepper,Maschinen!$L$6,FALSE)*AA34))","v":0},{"$f":"(IF(ISNA(VLOOKUP(Y34,ltSchlepper,Maschinen!$M$6,FALSE))=TRUE,0,VLOOKUP(Y34,ltSchlepper,Maschinen!$M$6,FALSE)*AA34))","v":0},{"$f":"(IF(ISNA(VLOOKUP(Y34,ltSchlepper,Maschinen!$N$6,FALSE))=TRUE,0,VLOOKUP(Y34,ltSchlepper,Maschinen!$N$6,FALSE)*AA34*IF(ISBLANK(AC34),1,AC34)))","v":0},{"$f":"(IF(ISNA(VLOOKUP(Y34,ltSchlepper,Maschinen!$O$6,FALSE))=TRUE,0,VLOOKUP(Y34,ltSchlepper,Maschinen!$O$6,FALSE)*AA34*IF(ISBLANK(AC34),1,AC34)))","v":0},{"$f":"(IF(ISNA(VLOOKUP(Y34,ltSchlepper,Maschinen!$P$6,FALSE))=TRUE,0,VLOOKUP(Y34,ltSchlepper,Maschinen!$P$6,FALSE)*AA34*IF(ISBLANK(AC34),1,AC34)))","v":0},0,{"$f":"(IF(ISNA(VLOOKUP(AE34,ltSchlepper,Maschinen!$K$6,FALSE))=TRUE,0,VLOOKUP(AE34,ltSchlepper,Maschinen!$K$6,FALSE)*AG34))","v":0},{"$f":"(IF(ISNA(VLOOKUP(AE34,ltSchlepper,Maschinen!$L$6,FALSE))=TRUE,0,VLOOKUP(AE34,ltSchlepper,Maschinen!$L$6,FALSE)*AG34))","v":0},{"$f":"(IF(ISNA(VLOOKUP(AE34,ltSchlepper,Maschinen!$M$6,FALSE))=TRUE,0,VLOOKUP(AE34,ltSchlepper,Maschinen!$M$6,FALSE)*AG34))","v":0},{"$f":"(IF(ISNA(VLOOKUP(AE34,ltSchlepper,Maschinen!$N$6,FALSE))=TRUE,0,VLOOKUP(AE34,ltSchlepper,Maschinen!$N$6,FALSE)*AG34*IF(ISBLANK(AI34),1,AI34)))","v":0},{"$f":"(IF(ISNA(VLOOKUP(AE34,ltSchlepper,Maschinen!$O$6,FALSE))=TRUE,0,VLOOKUP(AE34,ltSchlepper,Maschinen!$O$6,FALSE)*AG34*IF(ISBLANK(AI34),1,AI34)))","v":0},{"$f":"(IF(ISNA(VLOOKUP(AE34,ltSchlepper,Maschinen!$P$6,FALSE))=TRUE,0,VLOOKUP(AE34,ltSchlepper,Maschinen!$P$6,FALSE)*AG34*IF(ISBLANK(AI34),1,AI34)))","v":0},0,{"$f":"(IF(ISNA(VLOOKUP(AK34,ltSchlepper,Maschinen!$K$6,FALSE))=TRUE,0,VLOOKUP(AK34,ltSchlepper,Maschinen!$K$6,FALSE)*AM34))","v":0},{"$f":"(IF(ISNA(VLOOKUP(AK34,ltSchlepper,Maschinen!$L$6,FALSE))=TRUE,0,VLOOKUP(AK34,ltSchlepper,Maschinen!$L$6,FALSE)*AM34))","v":0},{"$f":"(IF(ISNA(VLOOKUP(AK34,ltSchlepper,Maschinen!$M$6,FALSE))=TRUE,0,VLOOKUP(AK34,ltSchlepper,Maschinen!$M$6,FALSE)*AM34))","v":0},{"$f":"(IF(ISNA(VLOOKUP(AK34,ltSchlepper,Maschinen!$N$6,FALSE))=TRUE,0,VLOOKUP(AK34,ltSchlepper,Maschinen!$N$6,FALSE)*AM34*IF(ISBLANK(AO34),1,AO34)))","v":0},{"$f":"(IF(ISNA(VLOOKUP(AK34,ltSchlepper,Maschinen!$O$6,FALSE))=TRUE,0,VLOOKUP(AK34,ltSchlepper,Maschinen!$O$6,FALSE)*AM34*IF(ISBLANK(AO34),1,AO34)))","v":0},{"$f":"(IF(ISNA(VLOOKUP(AK34,ltSchlepper,Maschinen!$P$6,FALSE))=TRUE,0,VLOOKUP(AK34,ltSchlepper,Maschinen!$P$6,FALSE)*AM34*IF(ISBLANK(AO34),1,AO34)))","v":0},{"$f":"SUM(BW34:BY34,CA34:CB34)","v":0},{"$f":"(IF(ISNA(VLOOKUP(AQ34,ltSchlepper,Maschinen!$K$6,FALSE))=TRUE,0,VLOOKUP(AQ34,ltSchlepper,Maschinen!$K$6,FALSE)*AS34))","v":0},{"$f":"(IF(ISNA(VLOOKUP(AQ34,ltSchlepper,Maschinen!$L$6,FALSE))=TRUE,0,VLOOKUP(AQ34,ltSchlepper,Maschinen!$L$6,FALSE)*AS34))","v":0},{"$f":"(IF(ISNA(VLOOKUP(AQ34,ltSchlepper,Maschinen!$M$6,FALSE))=TRUE,0,VLOOKUP(AQ34,ltSchlepper,Maschinen!$M$6,FALSE)*AS34))","v":0},{"$f":"(IF(ISNA(VLOOKUP(AQ34,ltSchlepper,Maschinen!$N$6,FALSE))=TRUE,0,VLOOKUP(AQ34,ltSchlepper,Maschinen!$N$6,FALSE)*AS34*IF(ISBLANK(AU34),1,AU34)))","v":0},{"$f":"(IF(ISNA(VLOOKUP(AQ34,ltSchlepper,Maschinen!$O$6,FALSE))=TRUE,0,VLOOKUP(AQ34,ltSchlepper,Maschinen!$O$6,FALSE)*AS34*IF(ISBLANK(AU34),1,AU34)))","v":0},{"$f":"(IF(ISNA(VLOOKUP(AQ34,ltSchlepper,Maschinen!$P$6,FALSE))=TRUE,0,VLOOKUP(AQ34,ltSchlepper,Maschinen!$P$6,FALSE)*AS34*IF(ISBLANK(AU34),1,AU34)))","v":0},{"$f":"SUM(CD34:CF34,CH34:CI34)","v":0},{"$f":"(IF(ISNA(VLOOKUP(Y34,ltSchlepper,Maschinen!$AA$6,FALSE))=TRUE,0,VLOOKUP(Y34,ltSchlepper,Maschinen!$AA$6,FALSE)*AA34))","v":0},{"$f":"(IF(ISNA(VLOOKUP(Y34,ltSchlepper,Maschinen!$AB$6,FALSE))=TRUE,0,VLOOKUP(Y34,ltSchlepper,Maschinen!$AB$6,FALSE)*AA34))","v":0},{"$f":"(IF(ISNA(VLOOKUP(Y34,ltSchlepper,Maschinen!$AC$6,FALSE))=TRUE,0,VLOOKUP(Y34,ltSchlepper,Maschinen!$AC$6,FALSE)*AA34))","v":0},0,{"$f":"(IF(ISNA(VLOOKUP(AE34,ltSchlepper,Maschinen!$AA$6,FALSE))=TRUE,0,VLOOKUP(AE34,ltSchlepper,Maschinen!$AA$6,FALSE)*AG34))","v":0},{"$f":"(IF(ISNA(VLOOKUP(AE34,ltSchlepper,Maschinen!$AB$6,FALSE))=TRUE,0,VLOOKUP(AE34,ltSchlepper,Maschinen!$AB$6,FALSE)*AG34))","v":0},{"$f":"(IF(ISNA(VLOOKUP(AE34,ltSchlepper,Maschinen!$AC$6,FALSE))=TRUE,0,VLOOKUP(AE34,ltSchlepper,Maschinen!$AC$6,FALSE)*AG34))","v":0},0,{"$f":"(IF(ISNA(VLOOKUP(AK34,ltSchlepper,Maschinen!$AA$6,FALSE))=TRUE,0,VLOOKUP(AK34,ltSchlepper,Maschinen!$AA$6,FALSE)*AM34))","v":0},{"$f":"(IF(ISNA(VLOOKUP(AK34,ltSchlepper,Maschinen!$AB$6,FALSE))=TRUE,0,VLOOKUP(AK34,ltSchlepper,Maschinen!$AB$6,FALSE)*AM34))","v":0},{"$f":"(IF(ISNA(VLOOKUP(AK34,ltSchlepper,Maschinen!$AC$6,FALSE))=TRUE,0,VLOOKUP(AK34,ltSchlepper,Maschinen!$AC$6,FALSE)*AM34))","v":0},0,{"$f":"(IF(ISNA(VLOOKUP(AQ34,ltSchlepper,Maschinen!$AA$6,FALSE))=TRUE,0,VLOOKUP(AQ34,ltSchlepper,Maschinen!$AA$6,FALSE)*AS34))","v":0},{"$f":"(IF(ISNA(VLOOKUP(AQ34,ltSchlepper,Maschinen!$AB$6,FALSE))=TRUE,0,VLOOKUP(AQ34,ltSchlepper,Maschinen!$AB$6,FALSE)*AS34))","v":0},{"$f":"(IF(ISNA(VLOOKUP(AQ34,ltSchlepper,Maschinen!$AC$6,FALSE))=TRUE,0,VLOOKUP(AQ34,ltSchlepper,Maschinen!$AC$6,FALSE)*AS34))","v":0},0]
[null,21218,null,null,null,null,null,null,{"$f":"BC35","v":0},{"$f":"H35+I35","v":0},0,0.1,0,0,null,null,0,0,0,0,{"$f":"BG35","v":0},0,{"$f":"T35-U35","v":0},null,null,"",null,"",null,0,null,"",null,"",null,0,null,"",null,"",null,0,null,"",null,"",null,0,0,0,0,0,0,0,0,0,0,0,0,0,{"$f":"(IF(ISNA(VLOOKUP(Y35,ltSchlepper,Maschinen!$K$6,FALSE))=TRUE,0,VLOOKUP(Y35,ltSchlepper,Maschinen!$K$6,FALSE)*AA35))","v":0},{"$f":"(IF(ISNA(VLOOKUP(Y35,ltSchlepper,Maschinen!$L$6,FALSE))=TRUE,0,VLOOKUP(Y35,ltSchlepper,Maschinen!$L$6,FALSE)*AA35))","v":0},{"$f":"(IF(ISNA(VLOOKUP(Y35,ltSchlepper,Maschinen!$M$6,FALSE))=TRUE,0,VLOOKUP(Y35,ltSchlepper,Maschinen!$M$6,FALSE)*AA35))","v":0},{"$f":"(IF(ISNA(VLOOKUP(Y35,ltSchlepper,Maschinen!$N$6,FALSE))=TRUE,0,VLOOKUP(Y35,ltSchlepper,Maschinen!$N$6,FALSE)*AA35*IF(ISBLANK(AC35),1,AC35)))","v":0},{"$f":"(IF(ISNA(VLOOKUP(Y35,ltSchlepper,Maschinen!$O$6,FALSE))=TRUE,0,VLOOKUP(Y35,ltSchlepper,Maschinen!$O$6,FALSE)*AA35*IF(ISBLANK(AC35),1,AC35)))","v":0},{"$f":"(IF(ISNA(VLOOKUP(Y35,ltSchlepper,Maschinen!$P$6,FALSE))=TRUE,0,VLOOKUP(Y35,ltSchlepper,Maschinen!$P$6,FALSE)*AA35*IF(ISBLANK(AC35),1,AC35)))","v":0},0,{"$f":"(IF(ISNA(VLOOKUP(AE35,ltSchlepper,Maschinen!$K$6,FALSE))=TRUE,0,VLOOKUP(AE35,ltSchlepper,Maschinen!$K$6,FALSE)*AG35))","v":0},{"$f":"(IF(ISNA(VLOOKUP(AE35,ltSchlepper,Maschinen!$L$6,FALSE))=TRUE,0,VLOOKUP(AE35,ltSchlepper,Maschinen!$L$6,FALSE)*AG35))","v":0},{"$f":"(IF(ISNA(VLOOKUP(AE35,ltSchlepper,Maschinen!$M$6,FALSE))=TRUE,0,VLOOKUP(AE35,ltSchlepper,Maschinen!$M$6,FALSE)*AG35))","v":0},{"$f":"(IF(ISNA(VLOOKUP(AE35,ltSchlepper,Maschinen!$N$6,FALSE))=TRUE,0,VLOOKUP(AE35,ltSchlepper,Maschinen!$N$6,FALSE)*AG35*IF(ISBLANK(AI35),1,AI35)))","v":0},{"$f":"(IF(ISNA(VLOOKUP(AE35,ltSchlepper,Maschinen!$O$6,FALSE))=TRUE,0,VLOOKUP(AE35,ltSchlepper,Maschinen!$O$6,FALSE)*AG35*IF(ISBLANK(AI35),1,AI35)))","v":0},{"$f":"(IF(ISNA(VLOOKUP(AE35,ltSchlepper,Maschinen!$P$6,FALSE))=TRUE,0,VLOOKUP(AE35,ltSchlepper,Maschinen!$P$6,FALSE)*AG35*IF(ISBLANK(AI35),1,AI35)))","v":0},0,{"$f":"(IF(ISNA(VLOOKUP(AK35,ltSchlepper,Maschinen!$K$6,FALSE))=TRUE,0,VLOOKUP(AK35,ltSchlepper,Maschinen!$K$6,FALSE)*AM35))","v":0},{"$f":"(IF(ISNA(VLOOKUP(AK35,ltSchlepper,Maschinen!$L$6,FALSE))=TRUE,0,VLOOKUP(AK35,ltSchlepper,Maschinen!$L$6,FALSE)*AM35))","v":0},{"$f":"(IF(ISNA(VLOOKUP(AK35,ltSchlepper,Maschinen!$M$6,FALSE))=TRUE,0,VLOOKUP(AK35,ltSchlepper,Maschinen!$M$6,FALSE)*AM35))","v":0},{"$f":"(IF(ISNA(VLOOKUP(AK35,ltSchlepper,Maschinen!$N$6,FALSE))=TRUE,0,VLOOKUP(AK35,ltSchlepper,Maschinen!$N$6,FALSE)*AM35*IF(ISBLANK(AO35),1,AO35)))","v":0},{"$f":"(IF(ISNA(VLOOKUP(AK35,ltSchlepper,Maschinen!$O$6,FALSE))=TRUE,0,VLOOKUP(AK35,ltSchlepper,Maschinen!$O$6,FALSE)*AM35*IF(ISBLANK(AO35),1,AO35)))","v":0},{"$f":"(IF(ISNA(VLOOKUP(AK35,ltSchlepper,Maschinen!$P$6,FALSE))=TRUE,0,VLOOKUP(AK35,ltSchlepper,Maschinen!$P$6,FALSE)*AM35*IF(ISBLANK(AO35),1,AO35)))","v":0},0,{"$f":"(IF(ISNA(VLOOKUP(AQ35,ltSchlepper,Maschinen!$K$6,FALSE))=TRUE,0,VLOOKUP(AQ35,ltSchlepper,Maschinen!$K$6,FALSE)*AS35))","v":0},{"$f":"(IF(ISNA(VLOOKUP(AQ35,ltSchlepper,Maschinen!$L$6,FALSE))=TRUE,0,VLOOKUP(AQ35,ltSchlepper,Maschinen!$L$6,FALSE)*AS35))","v":0},{"$f":"(IF(ISNA(VLOOKUP(AQ35,ltSchlepper,Maschinen!$M$6,FALSE))=TRUE,0,VLOOKUP(AQ35,ltSchlepper,Maschinen!$M$6,FALSE)*AS35))","v":0},{"$f":"(IF(ISNA(VLOOKUP(AQ35,ltSchlepper,Maschinen!$N$6,FALSE))=TRUE,0,VLOOKUP(AQ35,ltSchlepper,Maschinen!$N$6,FALSE)*AS35*IF(ISBLANK(AU35),1,AU35)))","v":0},{"$f":"(IF(ISNA(VLOOKUP(AQ35,ltSchlepper,Maschinen!$O$6,FALSE))=TRUE,0,VLOOKUP(AQ35,ltSchlepper,Maschinen!$O$6,FALSE)*AS35*IF(ISBLANK(AU35),1,AU35)))","v":0},{"$f":"(IF(ISNA(VLOOKUP(AQ35,ltSchlepper,Maschinen!$P$6,FALSE))=TRUE,0,VLOOKUP(AQ35,ltSchlepper,Maschinen!$P$6,FALSE)*AS35*IF(ISBLANK(AU35),1,AU35)))","v":0},0,{"$f":"(IF(ISNA(VLOOKUP(Y35,ltSchlepper,Maschinen!$AA$6,FALSE))=TRUE,0,VLOOKUP(Y35,ltSchlepper,Maschinen!$AA$6,FALSE)*AA35))","v":0},{"$f":"(IF(ISNA(VLOOKUP(Y35,ltSchlepper,Maschinen!$AB$6,FALSE))=TRUE,0,VLOOKUP(Y35,ltSchlepper,Maschinen!$AB$6,FALSE)*AA35))","v":0},{"$f":"(IF(ISNA(VLOOKUP(Y35,ltSchlepper,Maschinen!$AC$6,FALSE))=TRUE,0,VLOOKUP(Y35,ltSchlepper,Maschinen!$AC$6,FALSE)*AA35))","v":0},0,{"$f":"(IF(ISNA(VLOOKUP(AE35,ltSchlepper,Maschinen!$AA$6,FALSE))=TRUE,0,VLOOKUP(AE35,ltSchlepper,Maschinen!$AA$6,FALSE)*AG35))","v":0},{"$f":"(IF(ISNA(VLOOKUP(AE35,ltSchlepper,Maschinen!$AB$6,FALSE))=TRUE,0,VLOOKUP(AE35,ltSchlepper,Maschinen!$AB$6,FALSE)*AG35))","v":0},{"$f":"(IF(ISNA(VLOOKUP(AE35,ltSchlepper,Maschinen!$AC$6,FALSE))=TRUE,0,VLOOKUP(AE35,ltSchlepper,Maschinen!$AC$6,FALSE)*AG35))","v":0},0,{"$f":"(IF(ISNA(VLOOKUP(AK35,ltSchlepper,Maschinen!$AA$6,FALSE))=TRUE,0,VLOOKUP(AK35,ltSchlepper,Maschinen!$AA$6,FALSE)*AM35))","v":0},{"$f":"(IF(ISNA(VLOOKUP(AK35,ltSchlepper,Maschinen!$AB$6,FALSE))=TRUE,0,VLOOKUP(AK35,ltSchlepper,Maschinen!$AB$6,FALSE)*AM35))","v":0},{"$f":"(IF(ISNA(VLOOKUP(AK35,ltSchlepper,Maschinen!$AC$6,FALSE))=TRUE,0,VLOOKUP(AK35,ltSchlepper,Maschinen!$AC$6,FALSE)*AM35))","v":0},0,{"$f":"(IF(ISNA(VLOOKUP(AQ35,ltSchlepper,Maschinen!$AA$6,FALSE))=TRUE,0,VLOOKUP(AQ35,ltSchlepper,Maschinen!$AA$6,FALSE)*AS35))","v":0},{"$f":"(IF(ISNA(VLOOKUP(AQ35,ltSchlepper,Maschinen!$AB$6,FALSE))=TRUE,0,VLOOKUP(AQ35,ltSchlepper,Maschinen!$AB$6,FALSE)*AS35))","v":0},{"$f":"(IF(ISNA(VLOOKUP(AQ35,ltSchlepper,Maschinen!$AC$6,FALSE))=TRUE,0,VLOOKUP(AQ35,ltSchlepper,Maschinen!$AC$6,FALSE)*AS35))","v":0},0]
[null,21219,null,null,null,null,null,null,0,0,0,0.1,0,0,null,null,0,0,0,0,0,0,0,null,null,"",null,"",null,0,null,"",null,"",null,0,null,"",null,"",null,0,null,"",null,"",null,0,0,0,0,0,0,0,0,0,0,0,0,0,{"$f":"(IF(ISNA(VLOOKUP(Y36,ltSchlepper,Maschinen!$K$6,FALSE))=TRUE,0,VLOOKUP(Y36,ltSchlepper,Maschinen!$K$6,FALSE)*AA36))","v":0},{"$f":"(IF(ISNA(VLOOKUP(Y36,ltSchlepper,Maschinen!$L$6,FALSE))=TRUE,0,VLOOKUP(Y36,ltSchlepper,Maschinen!$L$6,FALSE)*AA36))","v":0},{"$f":"(IF(ISNA(VLOOKUP(Y36,ltSchlepper,Maschinen!$M$6,FALSE))=TRUE,0,VLOOKUP(Y36,ltSchlepper,Maschinen!$M$6,FALSE)*AA36))","v":0},{"$f":"(IF(ISNA(VLOOKUP(Y36,ltSchlepper,Maschinen!$N$6,FALSE))=TRUE,0,VLOOKUP(Y36,ltSchlepper,Maschinen!$N$6,FALSE)*AA36*IF(ISBLANK(AC36),1,AC36)))","v":0},{"$f":"(IF(ISNA(VLOOKUP(Y36,ltSchlepper,Maschinen!$O$6,FALSE))=TRUE,0,VLOOKUP(Y36,ltSchlepper,Maschinen!$O$6,FALSE)*AA36*IF(ISBLANK(AC36),1,AC36)))","v":0},{"$f":"(IF(ISNA(VLOOKUP(Y36,ltSchlepper,Maschinen!$P$6,FALSE))=TRUE,0,VLOOKUP(Y36,ltSchlepper,Maschinen!$P$6,FALSE)*AA36*IF(ISBLANK(AC36),1,AC36)))","v":0},0,{"$f":"(IF(ISNA(VLOOKUP(AE36,ltSchlepper,Maschinen!$K$6,FALSE))=TRUE,0,VLOOKUP(AE36,ltSchlepper,Maschinen!$K$6,FALSE)*AG36))","v":0},{"$f":"(IF(ISNA(VLOOKUP(AE36,ltSchlepper,Maschinen!$L$6,FALSE))=TRUE,0,VLOOKUP(AE36,ltSchlepper,Maschinen!$L$6,FALSE)*AG36))","v":0},{"$f":"(IF(ISNA(VLOOKUP(AE36,ltSchlepper,Maschinen!$M$6,FALSE))=TRUE,0,VLOOKUP(AE36,ltSchlepper,Maschinen!$M$6,FALSE)*AG36))","v":0},{"$f":"(IF(ISNA(VLOOKUP(AE36,ltSchlepper,Maschinen!$N$6,FALSE))=TRUE,0,VLOOKUP(AE36,ltSchlepper,Maschinen!$N$6,FALSE)*AG36*IF(ISBLANK(AI36),1,AI36)))","v":0},{"$f":"(IF(ISNA(VLOOKUP(AE36,ltSchlepper,Maschinen!$O$6,FALSE))=TRUE,0,VLOOKUP(AE36,ltSchlepper,Maschinen!$O$6,FALSE)*AG36*IF(ISBLANK(AI36),1,AI36)))","v":0},{"$f":"(IF(ISNA(VLOOKUP(AE36,ltSchlepper,Maschinen!$P$6,FALSE))=TRUE,0,VLOOKUP(AE36,ltSchlepper,Maschinen!$P$6,FALSE)*AG36*IF(ISBLANK(AI36),1,AI36)))","v":0},0,{"$f":"(IF(ISNA(VLOOKUP(AK36,ltSchlepper,Maschinen!$K$6,FALSE))=TRUE,0,VLOOKUP(AK36,ltSchlepper,Maschinen!$K$6,FALSE)*AM36))","v":0},{"$f":"(IF(ISNA(VLOOKUP(AK36,ltSchlepper,Maschinen!$L$6,FALSE))=TRUE,0,VLOOKUP(AK36,ltSchlepper,Maschinen!$L$6,FALSE)*AM36))","v":0},{"$f":"(IF(ISNA(VLOOKUP(AK36,ltSchlepper,Maschinen!$M$6,FALSE))=TRUE,0,VLOOKUP(AK36,ltSchlepper,Maschinen!$M$6,FALSE)*AM36))","v":0},{"$f":"(IF(ISNA(VLOOKUP(AK36,ltSchlepper,Maschinen!$N$6,FALSE))=TRUE,0,VLOOKUP(AK36,ltSchlepper,Maschinen!$N$6,FALSE)*AM36*IF(ISBLANK(AO36),1,AO36)))","v":0},{"$f":"(IF(ISNA(VLOOKUP(AK36,ltSchlepper,Maschinen!$O$6,FALSE))=TRUE,0,VLOOKUP(AK36,ltSchlepper,Maschinen!$O$6,FALSE)*AM36*IF(ISBLANK(AO36),1,AO36)))","v":0},{"$f":"(IF(ISNA(VLOOKUP(AK36,ltSchlepper,Maschinen!$P$6,FALSE))=TRUE,0,VLOOKUP(AK36,ltSchlepper,Maschinen!$P$6,FALSE)*AM36*IF(ISBLANK(AO36),1,AO36)))","v":0},0,{"$f":"(IF(ISNA(VLOOKUP(AQ36,ltSchlepper,Maschinen!$K$6,FALSE))=TRUE,0,VLOOKUP(AQ36,ltSchlepper,Maschinen!$K$6,FALSE)*AS36))","v":0},{"$f":"(IF(ISNA(VLOOKUP(AQ36,ltSchlepper,Maschinen!$L$6,FALSE))=TRUE,0,VLOOKUP(AQ36,ltSchlepper,Maschinen!$L$6,FALSE)*AS36))","v":0},{"$f":"(IF(ISNA(VLOOKUP(AQ36,ltSchlepper,Maschinen!$M$6,FALSE))=TRUE,0,VLOOKUP(AQ36,ltSchlepper,Maschinen!$M$6,FALSE)*AS36))","v":0},{"$f":"(IF(ISNA(VLOOKUP(AQ36,ltSchlepper,Maschinen!$N$6,FALSE))=TRUE,0,VLOOKUP(AQ36,ltSchlepper,Maschinen!$N$6,FALSE)*AS36*IF(ISBLANK(AU36),1,AU36)))","v":0},{"$f":"(IF(ISNA(VLOOKUP(AQ36,ltSchlepper,Maschinen!$O$6,FALSE))=TRUE,0,VLOOKUP(AQ36,ltSchlepper,Maschinen!$O$6,FALSE)*AS36*IF(ISBLANK(AU36),1,AU36)))","v":0},{"$f":"(IF(ISNA(VLOOKUP(AQ36,ltSchlepper,Maschinen!$P$6,FALSE))=TRUE,0,VLOOKUP(AQ36,ltSchlepper,Maschinen!$P$6,FALSE)*AS36*IF(ISBLANK(AU36),1,AU36)))","v":0},0,{"$f":"(IF(ISNA(VLOOKUP(Y36,ltSchlepper,Maschinen!$AA$6,FALSE))=TRUE,0,VLOOKUP(Y36,ltSchlepper,Maschinen!$AA$6,FALSE)*AA36))","v":0},{"$f":"(IF(ISNA(VLOOKUP(Y36,ltSchlepper,Maschinen!$AB$6,FALSE))=TRUE,0,VLOOKUP(Y36,ltSchlepper,Maschinen!$AB$6,FALSE)*AA36))","v":0},{"$f":"(IF(ISNA(VLOOKUP(Y36,ltSchlepper,Maschinen!$AC$6,FALSE))=TRUE,0,VLOOKUP(Y36,ltSchlepper,Maschinen!$AC$6,FALSE)*AA36))","v":0},0,{"$f":"(IF(ISNA(VLOOKUP(AE36,ltSchlepper,Maschinen!$AA$6,FALSE))=TRUE,0,VLOOKUP(AE36,ltSchlepper,Maschinen!$AA$6,FALSE)*AG36))","v":0},{"$f":"(IF(ISNA(VLOOKUP(AE36,ltSchlepper,Maschinen!$AB$6,FALSE))=TRUE,0,VLOOKUP(AE36,ltSchlepper,Maschinen!$AB$6,FALSE)*AG36))","v":0},{"$f":"(IF(ISNA(VLOOKUP(AE36,ltSchlepper,Maschinen!$AC$6,FALSE))=TRUE,0,VLOOKUP(AE36,ltSchlepper,Maschinen!$AC$6,FALSE)*AG36))","v":0},0,{"$f":"(IF(ISNA(VLOOKUP(AK36,ltSchlepper,Maschinen!$AA$6,FALSE))=TRUE,0,VLOOKUP(AK36,ltSchlepper,Maschinen!$AA$6,FALSE)*AM36))","v":0},{"$f":"(IF(ISNA(VLOOKUP(AK36,ltSchlepper,Maschinen!$AB$6,FALSE))=TRUE,0,VLOOKUP(AK36,ltSchlepper,Maschinen!$AB$6,FALSE)*AM36))","v":0},{"$f":"(IF(ISNA(VLOOKUP(AK36,ltSchlepper,Maschinen!$AC$6,FALSE))=TRUE,0,VLOOKUP(AK36,ltSchlepper,Maschinen!$AC$6,FALSE)*AM36))","v":0},0,{"$f":"(IF(ISNA(VLOOKUP(AQ36,ltSchlepper,Maschinen!$AA$6,FALSE))=TRUE,0,VLOOKUP(AQ36,ltSchlepper,Maschinen!$AA$6,FALSE)*AS36))","v":0},{"$f":"(IF(ISNA(VLOOKUP(AQ36,ltSchlepper,Maschinen!$AB$6,FALSE))=TRUE,0,VLOOKUP(AQ36,ltSchlepper,Maschinen!$AB$6,FALSE)*AS36))","v":0},{"$f":"(IF(ISNA(VLOOKUP(AQ36,ltSchlepper,Maschinen!$AC$6,FALSE))=TRUE,0,VLOOKUP(AQ36,ltSchlepper,Maschinen!$AC$6,FALSE)*AS36))","v":0},0]
[null,21220,null,null,null,null,null,null,0,0,0,0.1,0,0,null,null,0,0,0,0,0,0,0,null,null,"",null,"",null,0,null,"",null,"",null,0,null,"",null,"",null,0,null,"",null,"",null,0,0,0,0,0,0,0,0,0,0,0,0,0,{"$f":"(IF(ISNA(VLOOKUP(Y37,ltSchlepper,Maschinen!$K$6,FALSE))=TRUE,0,VLOOKUP(Y37,ltSchlepper,Maschinen!$K$6,FALSE)*AA37))","v":0},{"$f":"(IF(ISNA(VLOOKUP(Y37,ltSchlepper,Maschinen!$L$6,FALSE))=TRUE,0,VLOOKUP(Y37,ltSchlepper,Maschinen!$L$6,FALSE)*AA37))","v":0},{"$f":"(IF(ISNA(VLOOKUP(Y37,ltSchlepper,Maschinen!$M$6,FALSE))=TRUE,0,VLOOKUP(Y37,ltSchlepper,Maschinen!$M$6,FALSE)*AA37))","v":0},{"$f":"(IF(ISNA(VLOOKUP(Y37,ltSchlepper,Maschinen!$N$6,FALSE))=TRUE,0,VLOOKUP(Y37,ltSchlepper,Maschinen!$N$6,FALSE)*AA37*IF(ISBLANK(AC37),1,AC37)))","v":0},{"$f":"(IF(ISNA(VLOOKUP(Y37,ltSchlepper,Maschinen!$O$6,FALSE))=TRUE,0,VLOOKUP(Y37,ltSchlepper,Maschinen!$O$6,FALSE)*AA37*IF(ISBLANK(AC37),1,AC37)))","v":0},{"$f":"(IF(ISNA(VLOOKUP(Y37,ltSchlepper,Maschinen!$P$6,FALSE))=TRUE,0,VLOOKUP(Y37,ltSchlepper,Maschinen!$P$6,FALSE)*AA37*IF(ISBLANK(AC37),1,AC37)))","v":0},0,{"$f":"(IF(ISNA(VLOOKUP(AE37,ltSchlepper,Maschinen!$K$6,FALSE))=TRUE,0,VLOOKUP(AE37,ltSchlepper,Maschinen!$K$6,FALSE)*AG37))","v":0},{"$f":"(IF(ISNA(VLOOKUP(AE37,ltSchlepper,Maschinen!$L$6,FALSE))=TRUE,0,VLOOKUP(AE37,ltSchlepper,Maschinen!$L$6,FALSE)*AG37))","v":0},{"$f":"(IF(ISNA(VLOOKUP(AE37,ltSchlepper,Maschinen!$M$6,FALSE))=TRUE,0,VLOOKUP(AE37,ltSchlepper,Maschinen!$M$6,FALSE)*AG37))","v":0},{"$f":"(IF(ISNA(VLOOKUP(AE37,ltSchlepper,Maschinen!$N$6,FALSE))=TRUE,0,VLOOKUP(AE37,ltSchlepper,Maschinen!$N$6,FALSE)*AG37*IF(ISBLANK(AI37),1,AI37)))","v":0},{"$f":"(IF(ISNA(VLOOKUP(AE37,ltSchlepper,Maschinen!$O$6,FALSE))=TRUE,0,VLOOKUP(AE37,ltSchlepper,Maschinen!$O$6,FALSE)*AG37*IF(ISBLANK(AI37),1,AI37)))","v":0},{"$f":"(IF(ISNA(VLOOKUP(AE37,ltSchlepper,Maschinen!$P$6,FALSE))=TRUE,0,VLOOKUP(AE37,ltSchlepper,Maschinen!$P$6,FALSE)*AG37*IF(ISBLANK(AI37),1,AI37)))","v":0},0,{"$f":"(IF(ISNA(VLOOKUP(AK37,ltSchlepper,Maschinen!$K$6,FALSE))=TRUE,0,VLOOKUP(AK37,ltSchlepper,Maschinen!$K$6,FALSE)*AM37))","v":0},{"$f":"(IF(ISNA(VLOOKUP(AK37,ltSchlepper,Maschinen!$L$6,FALSE))=TRUE,0,VLOOKUP(AK37,ltSchlepper,Maschinen!$L$6,FALSE)*AM37))","v":0},{"$f":"(IF(ISNA(VLOOKUP(AK37,ltSchlepper,Maschinen!$M$6,FALSE))=TRUE,0,VLOOKUP(AK37,ltSchlepper,Maschinen!$M$6,FALSE)*AM37))","v":0},{"$f":"(IF(ISNA(VLOOKUP(AK37,ltSchlepper,Maschinen!$N$6,FALSE))=TRUE,0,VLOOKUP(AK37,ltSchlepper,Maschinen!$N$6,FALSE)*AM37*IF(ISBLANK(AO37),1,AO37)))","v":0},{"$f":"(IF(ISNA(VLOOKUP(AK37,ltSchlepper,Maschinen!$O$6,FALSE))=TRUE,0,VLOOKUP(AK37,ltSchlepper,Maschinen!$O$6,FALSE)*AM37*IF(ISBLANK(AO37),1,AO37)))","v":0},{"$f":"(IF(ISNA(VLOOKUP(AK37,ltSchlepper,Maschinen!$P$6,FALSE))=TRUE,0,VLOOKUP(AK37,ltSchlepper,Maschinen!$P$6,FALSE)*AM37*IF(ISBLANK(AO37),1,AO37)))","v":0},0,{"$f":"(IF(ISNA(VLOOKUP(AQ37,ltSchlepper,Maschinen!$K$6,FALSE))=TRUE,0,VLOOKUP(AQ37,ltSchlepper,Maschinen!$K$6,FALSE)*AS37))","v":0},{"$f":"(IF(ISNA(VLOOKUP(AQ37,ltSchlepper,Maschinen!$L$6,FALSE))=TRUE,0,VLOOKUP(AQ37,ltSchlepper,Maschinen!$L$6,FALSE)*AS37))","v":0},{"$f":"(IF(ISNA(VLOOKUP(AQ37,ltSchlepper,Maschinen!$M$6,FALSE))=TRUE,0,VLOOKUP(AQ37,ltSchlepper,Maschinen!$M$6,FALSE)*AS37))","v":0},{"$f":"(IF(ISNA(VLOOKUP(AQ37,ltSchlepper,Maschinen!$N$6,FALSE))=TRUE,0,VLOOKUP(AQ37,ltSchlepper,Maschinen!$N$6,FALSE)*AS37*IF(ISBLANK(AU37),1,AU37)))","v":0},{"$f":"(IF(ISNA(VLOOKUP(AQ37,ltSchlepper,Maschinen!$O$6,FALSE))=TRUE,0,VLOOKUP(AQ37,ltSchlepper,Maschinen!$O$6,FALSE)*AS37*IF(ISBLANK(AU37),1,AU37)))","v":0},{"$f":"(IF(ISNA(VLOOKUP(AQ37,ltSchlepper,Maschinen!$P$6,FALSE))=TRUE,0,VLOOKUP(AQ37,ltSchlepper,Maschinen!$P$6,FALSE)*AS37*IF(ISBLANK(AU37),1,AU37)))","v":0},0,{"$f":"(IF(ISNA(VLOOKUP(Y37,ltSchlepper,Maschinen!$AA$6,FALSE))=TRUE,0,VLOOKUP(Y37,ltSchlepper,Maschinen!$AA$6,FALSE)*AA37))","v":0},{"$f":"(IF(ISNA(VLOOKUP(Y37,ltSchlepper,Maschinen!$AB$6,FALSE))=TRUE,0,VLOOKUP(Y37,ltSchlepper,Maschinen!$AB$6,FALSE)*AA37))","v":0},{"$f":"(IF(ISNA(VLOOKUP(Y37,ltSchlepper,Maschinen!$AC$6,FALSE))=TRUE,0,VLOOKUP(Y37,ltSchlepper,Maschinen!$AC$6,FALSE)*AA37))","v":0},{"$f":"SUM(CK37:CM37)","v":0},{"$f":"(IF(ISNA(VLOOKUP(AE37,ltSchlepper,Maschinen!$AA$6,FALSE))=TRUE,0,VLOOKUP(AE37,ltSchlepper,Maschinen!$AA$6,FALSE)*AG37))","v":0},{"$f":"(IF(ISNA(VLOOKUP(AE37,ltSchlepper,Maschinen!$AB$6,FALSE))=TRUE,0,VLOOKUP(AE37,ltSchlepper,Maschinen!$AB$6,FALSE)*AG37))","v":0},{"$f":"(IF(ISNA(VLOOKUP(AE37,ltSchlepper,Maschinen!$AC$6,FALSE))=TRUE,0,VLOOKUP(AE37,ltSchlepper,Maschinen!$AC$6,FALSE)*AG37))","v":0},{"$f":"SUM(CO37:CQ37)","v":0},{"$f":"(IF(ISNA(VLOOKUP(AK37,ltSchlepper,Maschinen!$AA$6,FALSE))=TRUE,0,VLOOKUP(AK37,ltSchlepper,Maschinen!$AA$6,FALSE)*AM37))","v":0},{"$f":"(IF(ISNA(VLOOKUP(AK37,ltSchlepper,Maschinen!$AB$6,FALSE))=TRUE,0,VLOOKUP(AK37,ltSchlepper,Maschinen!$AB$6,FALSE)*AM37))","v":0},{"$f":"(IF(ISNA(VLOOKUP(AK37,ltSchlepper,Maschinen!$AC$6,FALSE))=TRUE,0,VLOOKUP(AK37,ltSchlepper,Maschinen!$AC$6,FALSE)*AM37))","v":0},{"$f":"SUM(CS37:CU37)","v":0},{"$f":"(IF(ISNA(VLOOKUP(AQ37,ltSchlepper,Maschinen!$AA$6,FALSE))=TRUE,0,VLOOKUP(AQ37,ltSchlepper,Maschinen!$AA$6,FALSE)*AS37))","v":0},{"$f":"(IF(ISNA(VLOOKUP(AQ37,ltSchlepper,Maschinen!$AB$6,FALSE))=TRUE,0,VLOOKUP(AQ37,ltSchlepper,Maschinen!$AB$6,FALSE)*AS37))","v":0},{"$f":"(IF(ISNA(VLOOKUP(AQ37,ltSchlepper,Maschinen!$AC$6,FALSE))=TRUE,0,VLOOKUP(AQ37,ltSchlepper,Maschinen!$AC$6,FALSE)*AS37))","v":0},{"$f":"SUM(CW37:CY37)","v":0}]
[null,null,"BESTELLUNG:",null,null,null,null,null,0,0,0,null,0,0,null,null,0,0,0,0,0,0,0,null,null,null,null,null,null,0,null,null,null,null,null,0,null,null,null,null,null,0,null,null,null,null,null,0,0,0,0,0,0,0,0,0,0,0,0,0,{"$f":"(IF(ISNA(VLOOKUP(Y38,ltSchlepper,Maschinen!$K$6,FALSE))=TRUE,0,VLOOKUP(Y38,ltSchlepper,Maschinen!$K$6,FALSE)*AA38))","v":0},{"$f":"(IF(ISNA(VLOOKUP(Y38,ltSchlepper,Maschinen!$L$6,FALSE))=TRUE,0,VLOOKUP(Y38,ltSchlepper,Maschinen!$L$6,FALSE)*AA38))","v":0},{"$f":"(IF(ISNA(VLOOKUP(Y38,ltSchlepper,Maschinen!$M$6,FALSE))=TRUE,0,VLOOKUP(Y38,ltSchlepper,Maschinen!$M$6,FALSE)*AA38))","v":0},{"$f":"(IF(ISNA(VLOOKUP(Y38,ltSchlepper,Maschinen!$N$6,FALSE))=TRUE,0,VLOOKUP(Y38,ltSchlepper,Maschinen!$N$6,FALSE)*AA38*IF(ISBLANK(AC38),1,AC38)))","v":0},{"$f":"(IF(ISNA(VLOOKUP(Y38,ltSchlepper,Maschinen!$O$6,FALSE))=TRUE,0,VLOOKUP(Y38,ltSchlepper,Maschinen!$O$6,FALSE)*AA38*IF(ISBLANK(AC38),1,AC38)))","v":0},{"$f":"(IF(ISNA(VLOOKUP(Y38,ltSchlepper,Maschinen!$P$6,FALSE))=TRUE,0,VLOOKUP(Y38,ltSchlepper,Maschinen!$P$6,FALSE)*AA38*IF(ISBLANK(AC38),1,AC38)))","v":0},0,{"$f":"(IF(ISNA(VLOOKUP(AE38,ltSchlepper,Maschinen!$K$6,FALSE))=TRUE,0,VLOOKUP(AE38,ltSchlepper,Maschinen!$K$6,FALSE)*AG38))","v":0},{"$f":"(IF(ISNA(VLOOKUP(AE38,ltSchlepper,Maschinen!$L$6,FALSE))=TRUE,0,VLOOKUP(AE38,ltSchlepper,Maschinen!$L$6,FALSE)*AG38))","v":0},{"$f":"(IF(ISNA(VLOOKUP(AE38,ltSchlepper,Maschinen!$M$6,FALSE))=TRUE,0,VLOOKUP(AE38,ltSchlepper,Maschinen!$M$6,FALSE)*AG38))","v":0},{"$f":"(IF(ISNA(VLOOKUP(AE38,ltSchlepper,Maschinen!$N$6,FALSE))=TRUE,0,VLOOKUP(AE38,ltSchlepper,Maschinen!$N$6,FALSE)*AG38*IF(ISBLANK(AI38),1,AI38)))","v":0},{"$f":"(IF(ISNA(VLOOKUP(AE38,ltSchlepper,Maschinen!$O$6,FALSE))=TRUE,0,VLOOKUP(AE38,ltSchlepper,Maschinen!$O$6,FALSE)*AG38*IF(ISBLANK(AI38),1,AI38)))","v":0},{"$f":"(IF(ISNA(VLOOKUP(AE38,ltSchlepper,Maschinen!$P$6,FALSE))=TRUE,0,VLOOKUP(AE38,ltSchlepper,Maschinen!$P$6,FALSE)*AG38*IF(ISBLANK(AI38),1,AI38)))","v":0},0,{"$f":"(IF(ISNA(VLOOKUP(AK38,ltSchlepper,Maschinen!$K$6,FALSE))=TRUE,0,VLOOKUP(AK38,ltSchlepper,Maschinen!$K$6,FALSE)*AM38))","v":0},{"$f":"(IF(ISNA(VLOOKUP(AK38,ltSchlepper,Maschinen!$L$6,FALSE))=TRUE,0,VLOOKUP(AK38,ltSchlepper,Maschinen!$L$6,FALSE)*AM38))","v":0},{"$f":"(IF(ISNA(VLOOKUP(AK38,ltSchlepper,Maschinen!$M$6,FALSE))=TRUE,0,VLOOKUP(AK38,ltSchlepper,Maschinen!$M$6,FALSE)*AM38))","v":0},{"$f":"(IF(ISNA(VLOOKUP(AK38,ltSchlepper,Maschinen!$N$6,FALSE))=TRUE,0,VLOOKUP(AK38,ltSchlepper,Maschinen!$N$6,FALSE)*AM38*IF(ISBLANK(AO38),1,AO38)))","v":0},{"$f":"(IF(ISNA(VLOOKUP(AK38,ltSchlepper,Maschinen!$O$6,FALSE))=TRUE,0,VLOOKUP(AK38,ltSchlepper,Maschinen!$O$6,FALSE)*AM38*IF(ISBLANK(AO38),1,AO38)))","v":0},{"$f":"(IF(ISNA(VLOOKUP(AK38,ltSchlepper,Maschinen!$P$6,FALSE))=TRUE,0,VLOOKUP(AK38,ltSchlepper,Maschinen!$P$6,FALSE)*AM38*IF(ISBLANK(AO38),1,AO38)))","v":0},0,{"$f":"(IF(ISNA(VLOOKUP(AQ38,ltSchlepper,Maschinen!$K$6,FALSE))=TRUE,0,VLOOKUP(AQ38,ltSchlepper,Maschinen!$K$6,FALSE)*AS38))","v":0},{"$f":"(IF(ISNA(VLOOKUP(AQ38,ltSchlepper,Maschinen!$L$6,FALSE))=TRUE,0,VLOOKUP(AQ38,ltSchlepper,Maschinen!$L$6,FALSE)*AS38))","v":0},{"$f":"(IF(ISNA(VLOOKUP(AQ38,ltSchlepper,Maschinen!$M$6,FALSE))=TRUE,0,VLOOKUP(AQ38,ltSchlepper,Maschinen!$M$6,FALSE)*AS38))","v":0},{"$f":"(IF(ISNA(VLOOKUP(AQ38,ltSchlepper,Maschinen!$N$6,FALSE))=TRUE,0,VLOOKUP(AQ38,ltSchlepper,Maschinen!$N$6,FALSE)*AS38*IF(ISBLANK(AU38),1,AU38)))","v":0},{"$f":"(IF(ISNA(VLOOKUP(AQ38,ltSchlepper,Maschinen!$O$6,FALSE))=TRUE,0,VLOOKUP(AQ38,ltSchlepper,Maschinen!$O$6,FALSE)*AS38*IF(ISBLANK(AU38),1,AU38)))","v":0},{"$f":"(IF(ISNA(VLOOKUP(AQ38,ltSchlepper,Maschinen!$P$6,FALSE))=TRUE,0,VLOOKUP(AQ38,ltSchlepper,Maschinen!$P$6,FALSE)*AS38*IF(ISBLANK(AU38),1,AU38)))","v":0},0,{"$f":"(IF(ISNA(VLOOKUP(Y38,ltSchlepper,Maschinen!$AA$6,FALSE))=TRUE,0,VLOOKUP(Y38,ltSchlepper,Maschinen!$AA$6,FALSE)*AA38))","v":0},{"$f":"(IF(ISNA(VLOOKUP(Y38,ltSchlepper,Maschinen!$AB$6,FALSE))=TRUE,0,VLOOKUP(Y38,ltSchlepper,Maschinen!$AB$6,FALSE)*AA38))","v":0},{"$f":"(IF(ISNA(VLOOKUP(Y38,ltSchlepper,Maschinen!$AC$6,FALSE))=TRUE,0,VLOOKUP(Y38,ltSchlepper,Maschinen!$AC$6,FALSE)*AA38))","v":0},0,{"$f":"(IF(ISNA(VLOOKUP(AE38,ltSchlepper,Maschinen!$AA$6,FALSE))=TRUE,0,VLOOKUP(AE38,ltSchlepper,Maschinen!$AA$6,FALSE)*AG38))","v":0},{"$f":"(IF(ISNA(VLOOKUP(AE38,ltSchlepper,Maschinen!$AB$6,FALSE))=TRUE,0,VLOOKUP(AE38,ltSchlepper,Maschinen!$AB$6,FALSE)*AG38))","v":0},{"$f":"(IF(ISNA(VLOOKUP(AE38,ltSchlepper,Maschinen!$AC$6,FALSE))=TRUE,0,VLOOKUP(AE38,ltSchlepper,Maschinen!$AC$6,FALSE)*AG38))","v":0},0,{"$f":"(IF(ISNA(VLOOKUP(AK38,ltSchlepper,Maschinen!$AA$6,FALSE))=TRUE,0,VLOOKUP(AK38,ltSchlepper,Maschinen!$AA$6,FALSE)*AM38))","v":0},{"$f":"(IF(ISNA(VLOOKUP(AK38,ltSchlepper,Maschinen!$AB$6,FALSE))=TRUE,0,VLOOKUP(AK38,ltSchlepper,Maschinen!$AB$6,FALSE)*AM38))","v":0},{"$f":"(IF(ISNA(VLOOKUP(AK38,ltSchlepper,Maschinen!$AC$6,FALSE))=TRUE,0,VLOOKUP(AK38,ltSchlepper,Maschinen!$AC$6,FALSE)*AM38))","v":0},0,{"$f":"(IF(ISNA(VLOOKUP(AQ38,ltSchlepper,Maschinen!$AA$6,FALSE))=TRUE,0,VLOOKUP(AQ38,ltSchlepper,Maschinen!$AA$6,FALSE)*AS38))","v":0},{"$f":"(IF(ISNA(VLOOKUP(AQ38,ltSchlepper,Maschinen!$AB$6,FALSE))=TRUE,0,VLOOKUP(AQ38,ltSchlepper,Maschinen!$AB$6,FALSE)*AS38))","v":0},{"$f":"(IF(ISNA(VLOOKUP(AQ38,ltSchlepper,Maschinen!$AC$6,FALSE))=TRUE,0,VLOOKUP(AQ38,ltSchlepper,Maschinen!$AC$6,FALSE)*AS38))","v":0},0]
[null,21311,"*EK Saat Mais","ha","HL 25 €/ha für Maschinen inkl. Diesel, NL = 25 €/h*0,7h",25,17.5,null,19.723760000000002,19.723760000000002,22.776239999999998,0.1,1.9723760000000004,5.9171280000000007E-2,0.6,0.1,0.7,17.5,37.28293128,5.2170687199999968,0,37.28293128,5.2170687199999968,null,11220,{"$f":"IF(ISNA(VLOOKUP(Y39,ltSchlepper,2,FALSE))=TRUE,\"\",VLOOKUP(Y39,ltSchlepper,2,FALSE))","v":"*S2 Allradschlepper 102kW/139PS stufenlos"},0.6,{"$f":"IF(ISNA(VLOOKUP(Y39,ltSchlepper,3,FALSE))=TRUE,\"\",VLOOKUP(Y39,ltSchlepper,3,FALSE))","v":"h"},1,7.4399999999999995,11617,{"$f":"IF(ISNA(VLOOKUP(AE39,ltSchlepper,2,FALSE))=TRUE,\"\",VLOOKUP(AE39,ltSchlepper,2,FALSE))","v":"*EK 8reihig Mais"},1,{"$f":"IF(ISNA(VLOOKUP(AE39,ltSchlepper,3,FALSE))=TRUE,\"\",VLOOKUP(AE39,ltSchlepper,3,FALSE))","v":"ha"},1,0,null,{"$f":"IF(ISNA(VLOOKUP(AK39,ltSchlepper,2,FALSE))=TRUE,\"\",VLOOKUP(AK39,ltSchlepper,2,FALSE))","v":""},null,{"$f":"IF(ISNA(VLOOKUP(AK39,ltSchlepper,3,FALSE))=TRUE,\"\",VLOOKUP(AK39,ltSchlepper,3,FALSE))","v":""},null,0,null,{"$f":"IF(ISNA(VLOOKUP(AQ39,ltSchlepper,2,FALSE))=TRUE,\"\",VLOOKUP(AQ39,ltSchlepper,2,FALSE))","v":""},null,{"$f":"IF(ISNA(VLOOKUP(AQ39,ltSchlepper,3,FALSE))=TRUE,\"\",VLOOKUP(AQ39,ltSchlepper,3,FALSE))","v":""},null,0,7.4399999999999995,12.440000000000001,0,0,7.0679999999999996,0.21576000000000001,19.723760000000002,0,0,0,0,19.723760000000002,{"$f":"(IF(ISNA(VLOOKUP(Y39,ltSchlepper,Maschinen!$K$6,FALSE))=TRUE,0,VLOOKUP(Y39,ltSchlepper,Maschinen!$K$6,FALSE)*AA39))","v":4.4400000000000004},{"$f":"(IF(ISNA(VLOOKUP(Y39,ltSchlepper,Maschinen!$L$6,FALSE))=TRUE,0,VLOOKUP(Y39,ltSchlepper,Maschinen!$L$6,FALSE)*AA39))","v":0},{"$f":"(IF(ISNA(VLOOKUP(Y39,ltSchlepper,Maschinen!$M$6,FALSE))=TRUE,0,VLOOKUP(Y39,ltSchlepper,Maschinen!$M$6,FALSE)*AA39))","v":0},{"$f":"(IF(ISNA(VLOOKUP(Y39,ltSchlepper,Maschinen!$N$6,FALSE))=TRUE,0,VLOOKUP(Y39,ltSchlepper,Maschinen!$N$6,FALSE)*AA39*IF(ISBLANK(AC39),1,AC39)))","v":7.4399999999999995},{"$f":"(IF(ISNA(VLOOKUP(Y39,ltSchlepper,Maschinen!$O$6,FALSE))=TRUE,0,VLOOKUP(Y39,ltSchlepper,Maschinen!$O$6,FALSE)*AA39*IF(ISBLANK(AC39),1,AC39)))","v":7.0679999999999996},{"$f":"(IF(ISNA(VLOOKUP(Y39,ltSchlepper,Maschinen!$P$6,FALSE))=TRUE,0,VLOOKUP(Y39,ltSchlepper,Maschinen!$P$6,FALSE)*AA39*IF(ISBLANK(AC39),1,AC39)))","v":0.21576000000000001},11.723759999999999,{"$f":"(IF(ISNA(VLOOKUP(AE39,ltSchlepper,Maschinen!$K$6,FALSE))=TRUE,0,VLOOKUP(AE39,ltSchlepper,Maschinen!$K$6,FALSE)*AG39))","v":8},{"$f":"(IF(ISNA(VLOOKUP(AE39,ltSchlepper,Maschinen!$L$6,FALSE))=TRUE,0,VLOOKUP(AE39,ltSchlepper,Maschinen!$L$6,FALSE)*AG39))","v":0},{"$f":"(IF(ISNA(VLOOKUP(AE39,ltSchlepper,Maschinen!$M$6,FALSE))=TRUE,0,VLOOKUP(AE39,ltSchlepper,Maschinen!$M$6,FALSE)*AG39))","v":0},{"$f":"(IF(ISNA(VLOOKUP(AE39,ltSchlepper,Maschinen!$N$6,FALSE))=TRUE,0,VLOOKUP(AE39,ltSchlepper,Maschinen!$N$6,FALSE)*AG39*IF(ISBLANK(AI39),1,AI39)))","v":0},{"$f":"(IF(ISNA(VLOOKUP(AE39,ltSchlepper,Maschinen!$O$6,FALSE))=TRUE,0,VLOOKUP(AE39,ltSchlepper,Maschinen!$O$6,FALSE)*AG39*IF(ISBLANK(AI39),1,AI39)))","v":0},{"$f":"(IF(ISNA(VLOOKUP(AE39,ltSchlepper,Maschinen!$P$6,FALSE))=TRUE,0,VLOOKUP(AE39,ltSchlepper,Maschinen!$P$6,FALSE)*AG39*IF(ISBLANK(AI39),1,AI39)))","v":0},8,{"$f":"(IF(ISNA(VLOOKUP(AK39,ltSchlepper,Maschinen!$K$6,FALSE))=TRUE,0,VLOOKUP(AK39,ltSchlepper,Maschinen!$K$6,FALSE)*AM39))","v":0},{"$f":"(IF(ISNA(VLOOKUP(AK39,ltSchlepper,Maschinen!$L$6,FALSE))=TRUE,0,VLOOKUP(AK39,ltSchlepper,Maschinen!$L$6,FALSE)*AM39))","v":0},{"$f":"(IF(ISNA(VLOOKUP(AK39,ltSchlepper,Maschinen!$M$6,FALSE))=TRUE,0,VLOOKUP(AK39,ltSchlepper,Maschinen!$M$6,FALSE)*AM39))","v":0},{"$f":"(IF(ISNA(VLOOKUP(AK39,ltSchlepper,Maschinen!$N$6,FALSE))=TRUE,0,VLOOKUP(AK39,ltSchlepper,Maschinen!$N$6,FALSE)*AM39*IF(ISBLANK(AO39),1,AO39)))","v":0},{"$f":"(IF(ISNA(VLOOKUP(AK39,ltSchlepper,Maschinen!$O$6,FALSE))=TRUE,0,VLOOKUP(AK39,ltSchlepper,Maschinen!$O$6,FALSE)*AM39*IF(ISBLANK(AO39),1,AO39)))","v":0},{"$f":"(IF(ISNA(VLOOKUP(AK39,ltSchlepper,Maschinen!$P$6,FALSE))=TRUE,0,VLOOKUP(AK39,ltSchlepper,Maschinen!$P$6,FALSE)*AM39*IF(ISBLANK(AO39),1,AO39)))","v":0},0,{"$f":"(IF(ISNA(VLOOKUP(AQ39,ltSchlepper,Maschinen!$K$6,FALSE))=TRUE,0,VLOOKUP(AQ39,ltSchlepper,Maschinen!$K$6,FALSE)*AS39))","v":0},{"$f":"(IF(ISNA(VLOOKUP(AQ39,ltSchlepper,Maschinen!$L$6,FALSE))=TRUE,0,VLOOKUP(AQ39,ltSchlepper,Maschinen!$L$6,FALSE)*AS39))","v":0},{"$f":"(IF(ISNA(VLOOKUP(AQ39,ltSchlepper,Maschinen!$M$6,FALSE))=TRUE,0,VLOOKUP(AQ39,ltSchlepper,Maschinen!$M$6,FALSE)*AS39))","v":0},{"$f":"(IF(ISNA(VLOOKUP(AQ39,ltSchlepper,Maschinen!$N$6,FALSE))=TRUE,0,VLOOKUP(AQ39,ltSchlepper,Maschinen!$N$6,FALSE)*AS39*IF(ISBLANK(AU39),1,AU39)))","v":0},{"$f":"(IF(ISNA(VLOOKUP(AQ39,ltSchlepper,Maschinen!$O$6,FALSE))=TRUE,0,VLOOKUP(AQ39,ltSchlepper,Maschinen!$O$6,FALSE)*AS39*IF(ISBLANK(AU39),1,AU39)))","v":0},{"$f":"(IF(ISNA(VLOOKUP(AQ39,ltSchlepper,Maschinen!$P$6,FALSE))=TRUE,0,VLOOKUP(AQ39,ltSchlepper,Maschinen!$P$6,FALSE)*AS39*IF(ISBLANK(AU39),1,AU39)))","v":0},0,{"$f":"(IF(ISNA(VLOOKUP(Y39,ltSchlepper,Maschinen!$AA$6,FALSE))=TRUE,0,VLOOKUP(Y39,ltSchlepper,Maschinen!$AA$6,FALSE)*AA39))","v":0},{"$f":"(IF(ISNA(VLOOKUP(Y39,ltSchlepper,Maschinen!$AB$6,FALSE))=TRUE,0,VLOOKUP(Y39,ltSchlepper,Maschinen!$AB$6,FALSE)*AA39))","v":0},{"$f":"(IF(ISNA(VLOOKUP(Y39,ltSchlepper,Maschinen!$AC$6,FALSE))=TRUE,0,VLOOKUP(Y39,ltSchlepper,Maschinen!$AC$6,FALSE)*AA39))","v":0},0,{"$f":"(IF(ISNA(VLOOKUP(AE39,ltSchlepper,Maschinen!$AA$6,FALSE))=TRUE,0,VLOOKUP(AE39,ltSchlepper,Maschinen!$AA$6,FALSE)*AG39))","v":0},{"$f":"(IF(ISNA(VLOOKUP(AE39,ltSchlepper,Maschinen!$AB$6,FALSE))=TRUE,0,VLOOKUP(AE39,ltSchlepper,Maschinen!$AB$6,FALSE)*AG39))","v":0},{"$f":"(IF(ISNA(VLOOKUP(AE39,ltSchlepper,Maschinen!$AC$6,FALSE))=TRUE,0,VLOOKUP(AE39,ltSchlepper,Maschinen!$AC$6,FALSE)*AG39))","v":0},0,{"$f":"(IF(ISNA(VLOOKUP(AK39,ltSchlepper,Maschinen!$AA$6,FALSE))=TRUE,0,VLOOKUP(AK39,ltSchlepper,Maschinen!$AA$6,FALSE)*AM39))","v":0},{"$f":"(IF(ISNA(VLOOKUP(AK39,ltSchlepper,Maschinen!$AB$6,FALSE))=TRUE,0,VLOOKUP(AK39,ltSchlepper,Maschinen!$AB$6,FALSE)*AM39))","v":0},{"$f":"(IF(ISNA(VLOOKUP(AK39,ltSchlepper,Maschinen!$AC$6,FALSE))=TRUE,0,VLOOKUP(AK39,ltSchlepper,Maschinen!$AC$6,FALSE)*AM39))","v":0},0,{"$f":"(IF(ISNA(VLOOKUP(AQ39,ltSchlepper,Maschinen!$AA$6,FALSE))=TRUE,0,VLOOKUP(AQ39,ltSchlepper,Maschinen!$AA$6,FALSE)*AS39))","v":0},{"$f":"(IF(ISNA(VLOOKUP(AQ39,ltSchlepper,Maschinen!$AB$6,FALSE))=TRUE,0,VLOOKUP(AQ39,ltSchlepper,Maschinen!$AB$6,FALSE)*AS39))","v":0},{"$f":"(IF(ISNA(VLOOKUP(AQ39,ltSchlepper,Maschinen!$AC$6,FALSE))=TRUE,0,VLOOKUP(AQ39,ltSchlepper,Maschinen!$AC$6,FALSE)*AS39))","v":0},0]
[null,21313,"*Drillsaat inkl. passive BB 4m","ha","HL: 70€/ha paus; NL: 0,6h/ha * 25€/h AK",70,15,null,26.749700000000001,26.749700000000001,{"$f":"F40+G40-J40","v":58.250299999999996},0.1,{"$f":"(H40+I40)*L40","v":2.6749700000000001},{"$f":"M40*Interest","v":8.0249100000000004E-2},0.5,0.1,{"$f":"O40+P40","v":0.6},{"$f":"Q40*Lohnanspruch","v":15},{"$f":"J40+N40+R40","v":41.8299491},{"$f":"K40-N40-R40","v":43.170050899999993},0,{"$f":"H40+I40+N40+R40+U40","v":41.8299491},43.170050899999993,null,11214,{"$f":"IF(ISNA(VLOOKUP(Y40,ltSchlepper,2,FALSE))=TRUE,\"\",VLOOKUP(Y40,ltSchlepper,2,FALSE))","v":"*S4 Allradschlepper 200 kW stufenlos"},0.5,{"$f":"IF(ISNA(VLOOKUP(Y40,ltSchlepper,3,FALSE))=TRUE,\"\",VLOOKUP(Y40,ltSchlepper,3,FALSE))","v":"h"},1.3,{"$f":"IF(ISNA(VLOOKUP(Y40,ltSchlepper,SchKraftstoffVerb,FALSE))=TRUE,0,VLOOKUP(Y40,ltSchlepper,SchKraftstoffVerb,FALSE)*IF(ISBLANK(AC40),1,AC40)*AA40)","v":14.3},11614,{"$f":"IF(ISNA(VLOOKUP(AE40,ltSchlepper,2,FALSE))=TRUE,\"\",VLOOKUP(AE40,ltSchlepper,2,FALSE))","v":"*Drillsaat mit 4m Bestellkombination passiv"},1,{"$f":"IF(ISNA(VLOOKUP(AE40,ltSchlepper,3,FALSE))=TRUE,\"\",VLOOKUP(AE40,ltSchlepper,3,FALSE))","v":"ha"},1,{"$f":"IF(ISNA(VLOOKUP(AE40,ltSchlepper,SchKraftstoffVerb,FALSE))=TRUE,0,VLOOKUP(AE40,ltSchlepper,SchKraftstoffVerb,FALSE)*IF(ISBLANK(AI40),1,AI40)*AG40)","v":0},null,{"$f":"IF(ISNA(VLOOKUP(AK40,ltSchlepper,2,FALSE))=TRUE,\"\",VLOOKUP(AK40,ltSchlepper,2,FALSE))","v":""},null,{"$f":"IF(ISNA(VLOOKUP(AK40,ltSchlepper,3,FALSE))=TRUE,\"\",VLOOKUP(AK40,ltSchlepper,3,FALSE))","v":""},null,{"$f":"IF(ISNA(VLOOKUP(AK40,ltSchlepper,SchKraftstoffVerb,FALSE))=TRUE,0,VLOOKUP(AK40,ltSchlepper,SchKraftstoffVerb,FALSE)*IF(ISBLANK(AO40),1,AO40)*AM40)","v":0},null,{"$f":"IF(ISNA(VLOOKUP(AQ40,ltSchlepper,2,FALSE))=TRUE,\"\",VLOOKUP(AQ40,ltSchlepper,2,FALSE))","v":""},null,{"$f":"IF(ISNA(VLOOKUP(AQ40,ltSchlepper,3,FALSE))=TRUE,\"\",VLOOKUP(AQ40,ltSchlepper,3,FALSE))","v":""},null,{"$f":"IF(ISNA(VLOOKUP(AQ40,ltSchlepper,SchKraftstoffVerb,FALSE))=TRUE,0,VLOOKUP(AQ40,ltSchlepper,SchKraftstoffVerb,FALSE)*IF(ISBLANK(AU40),1,AU40)*AS40)","v":0},{"$f":"BL40+BS40+BZ40+CG40","v":14.3},{"$f":"BI40+BP40+BW40+CD40","v":12.75},{"$f":"BJ40+BQ40+BX40+CE40","v":0},{"$f":"BK40+BR40+BY40+CF40","v":0},{"$f":"BM40+BT40+CA40+CH40","v":13.584999999999999},{"$f":"BN40+BU40+CB40+CI40","v":0.41470000000000001},{"$f":"SUM(AX40:AZ40,BA40:BB40)","v":26.749700000000001},{"$f":"CK40+CO40+CS40+CW40","v":0},{"$f":"CL40+CP40+CT40+CX40","v":0},{"$f":"CM40+CQ40+CU40+CY40","v":0},{"$f":"CN40+CR40+CV40+CZ40","v":0},{"$f":"BG40+BC40","v":26.749700000000001},{"$f":"(IF(ISNA(VLOOKUP(Y40,ltSchlepper,Maschinen!$K$6,FALSE))=TRUE,0,VLOOKUP(Y40,ltSchlepper,Maschinen!$K$6,FALSE)*AA40))","v":4.75},{"$f":"(IF(ISNA(VLOOKUP(Y40,ltSchlepper,Maschinen!$L$6,FALSE))=TRUE,0,VLOOKUP(Y40,ltSchlepper,Maschinen!$L$6,FALSE)*AA40))","v":0},{"$f":"(IF(ISNA(VLOOKUP(Y40,ltSchlepper,Maschinen!$M$6,FALSE))=TRUE,0,VLOOKUP(Y40,ltSchlepper,Maschinen!$M$6,FALSE)*AA40))","v":0},{"$f":"(IF(ISNA(VLOOKUP(Y40,ltSchlepper,Maschinen!$N$6,FALSE))=TRUE,0,VLOOKUP(Y40,ltSchlepper,Maschinen!$N$6,FALSE)*AA40*IF(ISBLANK(AC40),1,AC40)))","v":14.3},{"$f":"(IF(ISNA(VLOOKUP(Y40,ltSchlepper,Maschinen!$O$6,FALSE))=TRUE,0,VLOOKUP(Y40,ltSchlepper,Maschinen!$O$6,FALSE)*AA40*IF(ISBLANK(AC40),1,AC40)))","v":13.584999999999999},{"$f":"(IF(ISNA(VLOOKUP(Y40,ltSchlepper,Maschinen!$P$6,FALSE))=TRUE,0,VLOOKUP(Y40,ltSchlepper,Maschinen!$P$6,FALSE)*AA40*IF(ISBLANK(AC40),1,AC40)))","v":0.41470000000000001},{"$f":"SUM(BI40:BK40,BM40:BN40)","v":18.749700000000001},{"$f":"(IF(ISNA(VLOOKUP(AE40,ltSchlepper,Maschinen!$K$6,FALSE))=TRUE,0,VLOOKUP(AE40,ltSchlepper,Maschinen!$K$6,FALSE)*AG40))","v":8},{"$f":"(IF(ISNA(VLOOKUP(AE40,ltSchlepper,Maschinen!$L$6,FALSE))=TRUE,0,VLOOKUP(AE40,ltSchlepper,Maschinen!$L$6,FALSE)*AG40))","v":0},{"$f":"(IF(ISNA(VLOOKUP(AE40,ltSchlepper,Maschinen!$M$6,FALSE))=TRUE,0,VLOOKUP(AE40,ltSchlepper,Maschinen!$M$6,FALSE)*AG40))","v":0},{"$f":"(IF(ISNA(VLOOKUP(AE40,ltSchlepper,Maschinen!$N$6,FALSE))=TRUE,0,VLOOKUP(AE40,ltSchlepper,Maschinen!$N$6,FALSE)*AG40*IF(ISBLANK(AI40),1,AI40)))","v":0},{"$f":"(IF(ISNA(VLOOKUP(AE40,ltSchlepper,Maschinen!$O$6,FALSE))=TRUE,0,VLOOKUP(AE40,ltSchlepper,Maschinen!$O$6,FALSE)*AG40*IF(ISBLANK(AI40),1,AI40)))","v":0},{"$f":"(IF(ISNA(VLOOKUP(AE40,ltSchlepper,Maschinen!$P$6,FALSE))=TRUE,0,VLOOKUP(AE40,ltSchlepper,Maschinen!$P$6,FALSE)*AG40*IF(ISBLANK(AI40),1,AI40)))","v":0},{"$f":"SUM(BP40:BR40,BT40:BU40)","v":8},{"$f":"(IF(ISNA(VLOOKUP(AK40,ltSchlepper,Maschinen!$K$6,FALSE))=TRUE,0,VLOOKUP(AK40,ltSchlepper,Maschinen!$K$6,FALSE)*AM40))","v":0},{"$f":"(IF(ISNA(VLOOKUP(AK40,ltSchlepper,Maschinen!$L$6,FALSE))=TRUE,0,VLOOKUP(AK40,ltSchlepper,Maschinen!$L$6,FALSE)*AM40))","v":0},{"$f":"(IF(ISNA(VLOOKUP(AK40,ltSchlepper,Maschinen!$M$6,FALSE))=TRUE,0,VLOOKUP(AK40,ltSchlepper,Maschinen!$M$6,FALSE)*AM40))","v":0},{"$f":"(IF(ISNA(VLOOKUP(AK40,ltSchlepper,Maschinen!$N$6,FALSE))=TRUE,0,VLOOKUP(AK40,ltSchlepper,Maschinen!$N$6,FALSE)*AM40*IF(ISBLANK(AO40),1,AO40)))","v":0},{"$f":"(IF(ISNA(VLOOKUP(AK40,ltSchlepper,Maschinen!$O$6,FALSE))=TRUE,0,VLOOKUP(AK40,ltSchlepper,Maschinen!$O$6,FALSE)*AM40*IF(ISBLANK(AO40),1,AO40)))","v":0},{"$f":"(IF(ISNA(VLOOKUP(AK40,ltSchlepper,Maschinen!$P$6,FALSE))=TRUE,0,VLOOKUP(AK40,ltSchlepper,Maschinen!$P$6,FALSE)*AM40*IF(ISBLANK(AO40),1,AO40)))","v":0},{"$f":"SUM(BW40:BY40,CA40:CB40)","v":0},{"$f":"(IF(ISNA(VLOOKUP(AQ40,ltSchlepper,Maschinen!$K$6,FALSE))=TRUE,0,VLOOKUP(AQ40,ltSchlepper,Maschinen!$K$6,FALSE)*AS40))","v":0},{"$f":"(IF(ISNA(VLOOKUP(AQ40,ltSchlepper,Maschinen!$L$6,FALSE))=TRUE,0,VLOOKUP(AQ40,ltSchlepper,Maschinen!$L$6,FALSE)*AS40))","v":0},{"$f":"(IF(ISNA(VLOOKUP(AQ40,ltSchlepper,Maschinen!$M$6,FALSE))=TRUE,0,VLOOKUP(AQ40,ltSchlepper,Maschinen!$M$6,FALSE)*AS40))","v":0},{"$f":"(IF(ISNA(VLOOKUP(AQ40,ltSchlepper,Maschinen!$N$6,FALSE))=TRUE,0,VLOOKUP(AQ40,ltSchlepper,Maschinen!$N$6,FALSE)*AS40*IF(ISBLANK(AU40),1,AU40)))","v":0},{"$f":"(IF(ISNA(VLOOKUP(AQ40,ltSchlepper,Maschinen!$O$6,FALSE))=TRUE,0,VLOOKUP(AQ40,ltSchlepper,Maschinen!$O$6,FALSE)*AS40*IF(ISBLANK(AU40),1,AU40)))","v":0},{"$f":"(IF(ISNA(VLOOKUP(AQ40,ltSchlepper,Maschinen!$P$6,FALSE))=TRUE,0,VLOOKUP(AQ40,ltSchlepper,Maschinen!$P$6,FALSE)*AS40*IF(ISBLANK(AU40),1,AU40)))","v":0},{"$f":"SUM(CD40:CF40,CH40:CI40)","v":0},{"$f":"(IF(ISNA(VLOOKUP(Y40,ltSchlepper,Maschinen!$AA$6,FALSE))=TRUE,0,VLOOKUP(Y40,ltSchlepper,Maschinen!$AA$6,FALSE)*AA40))","v":0},{"$f":"(IF(ISNA(VLOOKUP(Y40,ltSchlepper,Maschinen!$AB$6,FALSE))=TRUE,0,VLOOKUP(Y40,ltSchlepper,Maschinen!$AB$6,FALSE)*AA40))","v":0},{"$f":"(IF(ISNA(VLOOKUP(Y40,ltSchlepper,Maschinen!$AC$6,FALSE))=TRUE,0,VLOOKUP(Y40,ltSchlepper,Maschinen!$AC$6,FALSE)*AA40))","v":0},{"$f":"SUM(CK40:CM40)","v":0},{"$f":"(IF(ISNA(VLOOKUP(AE40,ltSchlepper,Maschinen!$AA$6,FALSE))=TRUE,0,VLOOKUP(AE40,ltSchlepper,Maschinen!$AA$6,FALSE)*AG40))","v":0},{"$f":"(IF(ISNA(VLOOKUP(AE40,ltSchlepper,Maschinen!$AB$6,FALSE))=TRUE,0,VLOOKUP(AE40,ltSchlepper,Maschinen!$AB$6,FALSE)*AG40))","v":0},{"$f":"(IF(ISNA(VLOOKUP(AE40,ltSchlepper,Maschinen!$AC$6,FALSE))=TRUE,0,VLOOKUP(AE40,ltSchlepper,Maschinen!$AC$6,FALSE)*AG40))","v":0},{"$f":"SUM(CO40:CQ40)","v":0},{"$f":"(IF(ISNA(VLOOKUP(AK40,ltSchlepper,Maschinen!$AA$6,FALSE))=TRUE,0,VLOOKUP(AK40,ltSchlepper,Maschinen!$AA$6,FALSE)*AM40))","v":0},{"$f":"(IF(ISNA(VLOOKUP(AK40,ltSchlepper,Maschinen!$AB$6,FALSE))=TRUE,0,VLOOKUP(AK40,ltSchlepper,Maschinen!$AB$6,FALSE)*AM40))","v":0},{"$f":"(IF(ISNA(VLOOKUP(AK40,ltSchlepper,Maschinen!$AC$6,FALSE))=TRUE,0,VLOOKUP(AK40,ltSchlepper,Maschinen!$AC$6,FALSE)*AM40))","v":0},{"$f":"SUM(CS40:CU40)","v":0},{"$f":"(IF(ISNA(VLOOKUP(AQ40,ltSchlepper,Maschinen!$AA$6,FALSE))=TRUE,0,VLOOKUP(AQ40,ltSchlepper,Maschinen!$AA$6,FALSE)*AS40))","v":0},{"$f":"(IF(ISNA(VLOOKUP(AQ40,ltSchlepper,Maschinen!$AB$6,FALSE))=TRUE,0,VLOOKUP(AQ40,ltSchlepper,Maschinen!$AB$6,FALSE)*AS40))","v":0},{"$f":"(IF(ISNA(VLOOKUP(AQ40,ltSchlepper,Maschinen!$AC$6,FALSE))=TRUE,0,VLOOKUP(AQ40,ltSchlepper,Maschinen!$AC$6,FALSE)*AS40))","v":0},{"$f":"SUM(CW40:CY40)","v":0}]
[null,21312,null,null,null,null,null,null,null,null,0,0.1,0,0,null,null,0,0,0,0,null,null,null,null,null,null,null,"",null,0,null,"",null,"",null,0,null,"",null,"",null,0,null,"",null,"",null,0,0,0,0,0,0,0,0,0,0,0,0,0,{"$f":"(IF(ISNA(VLOOKUP(Y41,ltSchlepper,Maschinen!$K$6,FALSE))=TRUE,0,VLOOKUP(Y41,ltSchlepper,Maschinen!$K$6,FALSE)*AA41))","v":0},{"$f":"(IF(ISNA(VLOOKUP(Y41,ltSchlepper,Maschinen!$L$6,FALSE))=TRUE,0,VLOOKUP(Y41,ltSchlepper,Maschinen!$L$6,FALSE)*AA41))","v":0},{"$f":"(IF(ISNA(VLOOKUP(Y41,ltSchlepper,Maschinen!$M$6,FALSE))=TRUE,0,VLOOKUP(Y41,ltSchlepper,Maschinen!$M$6,FALSE)*AA41))","v":0},{"$f":"(IF(ISNA(VLOOKUP(Y41,ltSchlepper,Maschinen!$N$6,FALSE))=TRUE,0,VLOOKUP(Y41,ltSchlepper,Maschinen!$N$6,FALSE)*AA41*IF(ISBLANK(AC41),1,AC41)))","v":0},{"$f":"(IF(ISNA(VLOOKUP(Y41,ltSchlepper,Maschinen!$O$6,FALSE))=TRUE,0,VLOOKUP(Y41,ltSchlepper,Maschinen!$O$6,FALSE)*AA41*IF(ISBLANK(AC41),1,AC41)))","v":0},{"$f":"(IF(ISNA(VLOOKUP(Y41,ltSchlepper,Maschinen!$P$6,FALSE))=TRUE,0,VLOOKUP(Y41,ltSchlepper,Maschinen!$P$6,FALSE)*AA41*IF(ISBLANK(AC41),1,AC41)))","v":0},0,{"$f":"(IF(ISNA(VLOOKUP(AE41,ltSchlepper,Maschinen!$K$6,FALSE))=TRUE,0,VLOOKUP(AE41,ltSchlepper,Maschinen!$K$6,FALSE)*AG41))","v":0},{"$f":"(IF(ISNA(VLOOKUP(AE41,ltSchlepper,Maschinen!$L$6,FALSE))=TRUE,0,VLOOKUP(AE41,ltSchlepper,Maschinen!$L$6,FALSE)*AG41))","v":0},{"$f":"(IF(ISNA(VLOOKUP(AE41,ltSchlepper,Maschinen!$M$6,FALSE))=TRUE,0,VLOOKUP(AE41,ltSchlepper,Maschinen!$M$6,FALSE)*AG41))","v":0},{"$f":"(IF(ISNA(VLOOKUP(AE41,ltSchlepper,Maschinen!$N$6,FALSE))=TRUE,0,VLOOKUP(AE41,ltSchlepper,Maschinen!$N$6,FALSE)*AG41*IF(ISBLANK(AI41),1,AI41)))","v":0},{"$f":"(IF(ISNA(VLOOKUP(AE41,ltSchlepper,Maschinen!$O$6,FALSE))=TRUE,0,VLOOKUP(AE41,ltSchlepper,Maschinen!$O$6,FALSE)*AG41*IF(ISBLANK(AI41),1,AI41)))","v":0},{"$f":"(IF(ISNA(VLOOKUP(AE41,ltSchlepper,Maschinen!$P$6,FALSE))=TRUE,0,VLOOKUP(AE41,ltSchlepper,Maschinen!$P$6,FALSE)*AG41*IF(ISBLANK(AI41),1,AI41)))","v":0},0,{"$f":"(IF(ISNA(VLOOKUP(AK41,ltSchlepper,Maschinen!$K$6,FALSE))=TRUE,0,VLOOKUP(AK41,ltSchlepper,Maschinen!$K$6,FALSE)*AM41))","v":0},{"$f":"(IF(ISNA(VLOOKUP(AK41,ltSchlepper,Maschinen!$L$6,FALSE))=TRUE,0,VLOOKUP(AK41,ltSchlepper,Maschinen!$L$6,FALSE)*AM41))","v":0},{"$f":"(IF(ISNA(VLOOKUP(AK41,ltSchlepper,Maschinen!$M$6,FALSE))=TRUE,0,VLOOKUP(AK41,ltSchlepper,Maschinen!$M$6,FALSE)*AM41))","v":0},{"$f":"(IF(ISNA(VLOOKUP(AK41,ltSchlepper,Maschinen!$N$6,FALSE))=TRUE,0,VLOOKUP(AK41,ltSchlepper,Maschinen!$N$6,FALSE)*AM41*IF(ISBLANK(AO41),1,AO41)))","v":0},{"$f":"(IF(ISNA(VLOOKUP(AK41,ltSchlepper,Maschinen!$O$6,FALSE))=TRUE,0,VLOOKUP(AK41,ltSchlepper,Maschinen!$O$6,FALSE)*AM41*IF(ISBLANK(AO41),1,AO41)))","v":0},{"$f":"(IF(ISNA(VLOOKUP(AK41,ltSchlepper,Maschinen!$P$6,FALSE))=TRUE,0,VLOOKUP(AK41,ltSchlepper,Maschinen!$P$6,FALSE)*AM41*IF(ISBLANK(AO41),1,AO41)))","v":0},0,{"$f":"(IF(ISNA(VLOOKUP(AQ41,ltSchlepper,Maschinen!$K$6,FALSE))=TRUE,0,VLOOKUP(AQ41,ltSchlepper,Maschinen!$K$6,FALSE)*AS41))","v":0},{"$f":"(IF(ISNA(VLOOKUP(AQ41,ltSchlepper,Maschinen!$L$6,FALSE))=TRUE,0,VLOOKUP(AQ41,ltSchlepper,Maschinen!$L$6,FALSE)*AS41))","v":0},{"$f":"(IF(ISNA(VLOOKUP(AQ41,ltSchlepper,Maschinen!$M$6,FALSE))=TRUE,0,VLOOKUP(AQ41,ltSchlepper,Maschinen!$M$6,FALSE)*AS41))","v":0},{"$f":"(IF(ISNA(VLOOKUP(AQ41,ltSchlepper,Maschinen!$N$6,FALSE))=TRUE,0,VLOOKUP(AQ41,ltSchlepper,Maschinen!$N$6,FALSE)*AS41*IF(ISBLANK(AU41),1,AU41)))","v":0},{"$f":"(IF(ISNA(VLOOKUP(AQ41,ltSchlepper,Maschinen!$O$6,FALSE))=TRUE,0,VLOOKUP(AQ41,ltSchlepper,Maschinen!$O$6,FALSE)*AS41*IF(ISBLANK(AU41),1,AU41)))","v":0},{"$f":"(IF(ISNA(VLOOKUP(AQ41,ltSchlepper,Maschinen!$P$6,FALSE))=TRUE,0,VLOOKUP(AQ41,ltSchlepper,Maschinen!$P$6,FALSE)*AS41*IF(ISBLANK(AU41),1,AU41)))","v":0},0,{"$f":"(IF(ISNA(VLOOKUP(Y41,ltSchlepper,Maschinen!$AA$6,FALSE))=TRUE,0,VLOOKUP(Y41,ltSchlepper,Maschinen!$AA$6,FALSE)*AA41))","v":0},{"$f":"(IF(ISNA(VLOOKUP(Y41,ltSchlepper,Maschinen!$AB$6,FALSE))=TRUE,0,VLOOKUP(Y41,ltSchlepper,Maschinen!$AB$6,FALSE)*AA41))","v":0},{"$f":"(IF(ISNA(VLOOKUP(Y41,ltSchlepper,Maschinen!$AC$6,FALSE))=TRUE,0,VLOOKUP(Y41,ltSchlepper,Maschinen!$AC$6,FALSE)*AA41))","v":0},0,{"$f":"(IF(ISNA(VLOOKUP(AE41,ltSchlepper,Maschinen!$AA$6,FALSE))=TRUE,0,VLOOKUP(AE41,ltSchlepper,Maschinen!$AA$6,FALSE)*AG41))","v":0},{"$f":"(IF(ISNA(VLOOKUP(AE41,ltSchlepper,Maschinen!$AB$6,FALSE))=TRUE,0,VLOOKUP(AE41,ltSchlepper,Maschinen!$AB$6,FALSE)*AG41))","v":0},{"$f":"(IF(ISNA(VLOOKUP(AE41,ltSchlepper,Maschinen!$AC$6,FALSE))=TRUE,0,VLOOKUP(AE41,ltSchlepper,Maschinen!$AC$6,FALSE)*AG41))","v":0},0,{"$f":"(IF(ISNA(VLOOKUP(AK41,ltSchlepper,Maschinen!$AA$6,FALSE))=TRUE,0,VLOOKUP(AK41,ltSchlepper,Maschinen!$AA$6,FALSE)*AM41))","v":0},{"$f":"(IF(ISNA(VLOOKUP(AK41,ltSchlepper,Maschinen!$AB$6,FALSE))=TRUE,0,VLOOKUP(AK41,ltSchlepper,Maschinen!$AB$6,FALSE)*AM41))","v":0},{"$f":"(IF(ISNA(VLOOKUP(AK41,ltSchlepper,Maschinen!$AC$6,FALSE))=TRUE,0,VLOOKUP(AK41,ltSchlepper,Maschinen!$AC$6,FALSE)*AM41))","v":0},0,{"$f":"(IF(ISNA(VLOOKUP(AQ41,ltSchlepper,Maschinen!$AA$6,FALSE))=TRUE,0,VLOOKUP(AQ41,ltSchlepper,Maschinen!$AA$6,FALSE)*AS41))","v":0},{"$f":"(IF(ISNA(VLOOKUP(AQ41,ltSchlepper,Maschinen!$AB$6,FALSE))=TRUE,0,VLOOKUP(AQ41,ltSchlepper,Maschinen!$AB$6,FALSE)*AS41))","v":0},{"$f":"(IF(ISNA(VLOOKUP(AQ41,ltSchlepper,Maschinen!$AC$6,FALSE))=TRUE,0,VLOOKUP(AQ41,ltSchlepper,Maschinen!$AC$6,FALSE)*AS41))","v":0},0]
[null,21313,null,null,null,null,null,null,{"$f":"BC42","v":0},{"$f":"H42+I42","v":0},0,0.1,0,0,null,null,0,0,0,0,{"$f":"BG42","v":0},0,{"$f":"T42-U42","v":0},null,null,"",null,"",null,0,null,"",null,"",null,0,null,"",null,"",null,0,null,"",null,"",null,0,0,0,0,0,0,0,0,0,0,0,0,0,{"$f":"(IF(ISNA(VLOOKUP(Y42,ltSchlepper,Maschinen!$K$6,FALSE))=TRUE,0,VLOOKUP(Y42,ltSchlepper,Maschinen!$K$6,FALSE)*AA42))","v":0},{"$f":"(IF(ISNA(VLOOKUP(Y42,ltSchlepper,Maschinen!$L$6,FALSE))=TRUE,0,VLOOKUP(Y42,ltSchlepper,Maschinen!$L$6,FALSE)*AA42))","v":0},{"$f":"(IF(ISNA(VLOOKUP(Y42,ltSchlepper,Maschinen!$M$6,FALSE))=TRUE,0,VLOOKUP(Y42,ltSchlepper,Maschinen!$M$6,FALSE)*AA42))","v":0},{"$f":"(IF(ISNA(VLOOKUP(Y42,ltSchlepper,Maschinen!$N$6,FALSE))=TRUE,0,VLOOKUP(Y42,ltSchlepper,Maschinen!$N$6,FALSE)*AA42*IF(ISBLANK(AC42),1,AC42)))","v":0},{"$f":"(IF(ISNA(VLOOKUP(Y42,ltSchlepper,Maschinen!$O$6,FALSE))=TRUE,0,VLOOKUP(Y42,ltSchlepper,Maschinen!$O$6,FALSE)*AA42*IF(ISBLANK(AC42),1,AC42)))","v":0},{"$f":"(IF(ISNA(VLOOKUP(Y42,ltSchlepper,Maschinen!$P$6,FALSE))=TRUE,0,VLOOKUP(Y42,ltSchlepper,Maschinen!$P$6,FALSE)*AA42*IF(ISBLANK(AC42),1,AC42)))","v":0},0,{"$f":"(IF(ISNA(VLOOKUP(AE42,ltSchlepper,Maschinen!$K$6,FALSE))=TRUE,0,VLOOKUP(AE42,ltSchlepper,Maschinen!$K$6,FALSE)*AG42))","v":0},{"$f":"(IF(ISNA(VLOOKUP(AE42,ltSchlepper,Maschinen!$L$6,FALSE))=TRUE,0,VLOOKUP(AE42,ltSchlepper,Maschinen!$L$6,FALSE)*AG42))","v":0},{"$f":"(IF(ISNA(VLOOKUP(AE42,ltSchlepper,Maschinen!$M$6,FALSE))=TRUE,0,VLOOKUP(AE42,ltSchlepper,Maschinen!$M$6,FALSE)*AG42))","v":0},{"$f":"(IF(ISNA(VLOOKUP(AE42,ltSchlepper,Maschinen!$N$6,FALSE))=TRUE,0,VLOOKUP(AE42,ltSchlepper,Maschinen!$N$6,FALSE)*AG42*IF(ISBLANK(AI42),1,AI42)))","v":0},{"$f":"(IF(ISNA(VLOOKUP(AE42,ltSchlepper,Maschinen!$O$6,FALSE))=TRUE,0,VLOOKUP(AE42,ltSchlepper,Maschinen!$O$6,FALSE)*AG42*IF(ISBLANK(AI42),1,AI42)))","v":0},{"$f":"(IF(ISNA(VLOOKUP(AE42,ltSchlepper,Maschinen!$P$6,FALSE))=TRUE,0,VLOOKUP(AE42,ltSchlepper,Maschinen!$P$6,FALSE)*AG42*IF(ISBLANK(AI42),1,AI42)))","v":0},0,{"$f":"(IF(ISNA(VLOOKUP(AK42,ltSchlepper,Maschinen!$K$6,FALSE))=TRUE,0,VLOOKUP(AK42,ltSchlepper,Maschinen!$K$6,FALSE)*AM42))","v":0},{"$f":"(IF(ISNA(VLOOKUP(AK42,ltSchlepper,Maschinen!$L$6,FALSE))=TRUE,0,VLOOKUP(AK42,ltSchlepper,Maschinen!$L$6,FALSE)*AM42))","v":0},{"$f":"(IF(ISNA(VLOOKUP(AK42,ltSchlepper,Maschinen!$M$6,FALSE))=TRUE,0,VLOOKUP(AK42,ltSchlepper,Maschinen!$M$6,FALSE)*AM42))","v":0},{"$f":"(IF(ISNA(VLOOKUP(AK42,ltSchlepper,Maschinen!$N$6,FALSE))=TRUE,0,VLOOKUP(AK42,ltSchlepper,Maschinen!$N$6,FALSE)*AM42*IF(ISBLANK(AO42),1,AO42)))","v":0},{"$f":"(IF(ISNA(VLOOKUP(AK42,ltSchlepper,Maschinen!$O$6,FALSE))=TRUE,0,VLOOKUP(AK42,ltSchlepper,Maschinen!$O$6,FALSE)*AM42*IF(ISBLANK(AO42),1,AO42)))","v":0},{"$f":"(IF(ISNA(VLOOKUP(AK42,ltSchlepper,Maschinen!$P$6,FALSE))=TRUE,0,VLOOKUP(AK42,ltSchlepper,Maschinen!$P$6,FALSE)*AM42*IF(ISBLANK(AO42),1,AO42)))","v":0},0,{"$f":"(IF(ISNA(VLOOKUP(AQ42,ltSchlepper,Maschinen!$K$6,FALSE))=TRUE,0,VLOOKUP(AQ42,ltSchlepper,Maschinen!$K$6,FALSE)*AS42))","v":0},{"$f":"(IF(ISNA(VLOOKUP(AQ42,ltSchlepper,Maschinen!$L$6,FALSE))=TRUE,0,VLOOKUP(AQ42,ltSchlepper,Maschinen!$L$6,FALSE)*AS42))","v":0},{"$f":"(IF(ISNA(VLOOKUP(AQ42,ltSchlepper,Maschinen!$M$6,FALSE))=TRUE,0,VLOOKUP(AQ42,ltSchlepper,Maschinen!$M$6,FALSE)*AS42))","v":0},{"$f":"(IF(ISNA(VLOOKUP(AQ42,ltSchlepper,Maschinen!$N$6,FALSE))=TRUE,0,VLOOKUP(AQ42,ltSchlepper,Maschinen!$N$6,FALSE)*AS42*IF(ISBLANK(AU42),1,AU42)))","v":0},{"$f":"(IF(ISNA(VLOOKUP(AQ42,ltSchlepper,Maschinen!$O$6,FALSE))=TRUE,0,VLOOKUP(AQ42,ltSchlepper,Maschinen!$O$6,FALSE)*AS42*IF(ISBLANK(AU42),1,AU42)))","v":0},{"$f":"(IF(ISNA(VLOOKUP(AQ42,ltSchlepper,Maschinen!$P$6,FALSE))=TRUE,0,VLOOKUP(AQ42,ltSchlepper,Maschinen!$P$6,FALSE)*AS42*IF(ISBLANK(AU42),1,AU42)))","v":0},0,{"$f":"(IF(ISNA(VLOOKUP(Y42,ltSchlepper,Maschinen!$AA$6,FALSE))=TRUE,0,VLOOKUP(Y42,ltSchlepper,Maschinen!$AA$6,FALSE)*AA42))","v":0},{"$f":"(IF(ISNA(VLOOKUP(Y42,ltSchlepper,Maschinen!$AB$6,FALSE))=TRUE,0,VLOOKUP(Y42,ltSchlepper,Maschinen!$AB$6,FALSE)*AA42))","v":0},{"$f":"(IF(ISNA(VLOOKUP(Y42,ltSchlepper,Maschinen!$AC$6,FALSE))=TRUE,0,VLOOKUP(Y42,ltSchlepper,Maschinen!$AC$6,FALSE)*AA42))","v":0},0,{"$f":"(IF(ISNA(VLOOKUP(AE42,ltSchlepper,Maschinen!$AA$6,FALSE))=TRUE,0,VLOOKUP(AE42,ltSchlepper,Maschinen!$AA$6,FALSE)*AG42))","v":0},{"$f":"(IF(ISNA(VLOOKUP(AE42,ltSchlepper,Maschinen!$AB$6,FALSE))=TRUE,0,VLOOKUP(AE42,ltSchlepper,Maschinen!$AB$6,FALSE)*AG42))","v":0},{"$f":"(IF(ISNA(VLOOKUP(AE42,ltSchlepper,Maschinen!$AC$6,FALSE))=TRUE,0,VLOOKUP(AE42,ltSchlepper,Maschinen!$AC$6,FALSE)*AG42))","v":0},0,{"$f":"(IF(ISNA(VLOOKUP(AK42,ltSchlepper,Maschinen!$AA$6,FALSE))=TRUE,0,VLOOKUP(AK42,ltSchlepper,Maschinen!$AA$6,FALSE)*AM42))","v":0},{"$f":"(IF(ISNA(VLOOKUP(AK42,ltSchlepper,Maschinen!$AB$6,FALSE))=TRUE,0,VLOOKUP(AK42,ltSchlepper,Maschinen!$AB$6,FALSE)*AM42))","v":0},{"$f":"(IF(ISNA(VLOOKUP(AK42,ltSchlepper,Maschinen!$AC$6,FALSE))=TRUE,0,VLOOKUP(AK42,ltSchlepper,Maschinen!$AC$6,FALSE)*AM42))","v":0},0,{"$f":"(IF(ISNA(VLOOKUP(AQ42,ltSchlepper,Maschinen!$AA$6,FALSE))=TRUE,0,VLOOKUP(AQ42,ltSchlepper,Maschinen!$AA$6,FALSE)*AS42))","v":0},{"$f":"(IF(ISNA(VLOOKUP(AQ42,ltSchlepper,Maschinen!$AB$6,FALSE))=TRUE,0,VLOOKUP(AQ42,ltSchlepper,Maschinen!$AB$6,FALSE)*AS42))","v":0},{"$f":"(IF(ISNA(VLOOKUP(AQ42,ltSchlepper,Maschinen!$AC$6,FALSE))=TRUE,0,VLOOKUP(AQ42,ltSchlepper,Maschinen!$AC$6,FALSE)*AS42))","v":0},0]
[null,21314,null,null,null,null,null,null,0,0,0,0.1,0,0,null,null,0,0,0,0,0,0,0,null,null,"",null,"",null,0,null,"",null,"",null,0,null,"",null,"",null,0,null,"",null,"",null,0,0,0,0,0,0,0,0,0,0,0,0,0,{"$f":"(IF(ISNA(VLOOKUP(Y43,ltSchlepper,Maschinen!$K$6,FALSE))=TRUE,0,VLOOKUP(Y43,ltSchlepper,Maschinen!$K$6,FALSE)*AA43))","v":0},{"$f":"(IF(ISNA(VLOOKUP(Y43,ltSchlepper,Maschinen!$L$6,FALSE))=TRUE,0,VLOOKUP(Y43,ltSchlepper,Maschinen!$L$6,FALSE)*AA43))","v":0},{"$f":"(IF(ISNA(VLOOKUP(Y43,ltSchlepper,Maschinen!$M$6,FALSE))=TRUE,0,VLOOKUP(Y43,ltSchlepper,Maschinen!$M$6,FALSE)*AA43))","v":0},{"$f":"(IF(ISNA(VLOOKUP(Y43,ltSchlepper,Maschinen!$N$6,FALSE))=TRUE,0,VLOOKUP(Y43,ltSchlepper,Maschinen!$N$6,FALSE)*AA43*IF(ISBLANK(AC43),1,AC43)))","v":0},{"$f":"(IF(ISNA(VLOOKUP(Y43,ltSchlepper,Maschinen!$O$6,FALSE))=TRUE,0,VLOOKUP(Y43,ltSchlepper,Maschinen!$O$6,FALSE)*AA43*IF(ISBLANK(AC43),1,AC43)))","v":0},{"$f":"(IF(ISNA(VLOOKUP(Y43,ltSchlepper,Maschinen!$P$6,FALSE))=TRUE,0,VLOOKUP(Y43,ltSchlepper,Maschinen!$P$6,FALSE)*AA43*IF(ISBLANK(AC43),1,AC43)))","v":0},0,{"$f":"(IF(ISNA(VLOOKUP(AE43,ltSchlepper,Maschinen!$K$6,FALSE))=TRUE,0,VLOOKUP(AE43,ltSchlepper,Maschinen!$K$6,FALSE)*AG43))","v":0},{"$f":"(IF(ISNA(VLOOKUP(AE43,ltSchlepper,Maschinen!$L$6,FALSE))=TRUE,0,VLOOKUP(AE43,ltSchlepper,Maschinen!$L$6,FALSE)*AG43))","v":0},{"$f":"(IF(ISNA(VLOOKUP(AE43,ltSchlepper,Maschinen!$M$6,FALSE))=TRUE,0,VLOOKUP(AE43,ltSchlepper,Maschinen!$M$6,FALSE)*AG43))","v":0},{"$f":"(IF(ISNA(VLOOKUP(AE43,ltSchlepper,Maschinen!$N$6,FALSE))=TRUE,0,VLOOKUP(AE43,ltSchlepper,Maschinen!$N$6,FALSE)*AG43*IF(ISBLANK(AI43),1,AI43)))","v":0},{"$f":"(IF(ISNA(VLOOKUP(AE43,ltSchlepper,Maschinen!$O$6,FALSE))=TRUE,0,VLOOKUP(AE43,ltSchlepper,Maschinen!$O$6,FALSE)*AG43*IF(ISBLANK(AI43),1,AI43)))","v":0},{"$f":"(IF(ISNA(VLOOKUP(AE43,ltSchlepper,Maschinen!$P$6,FALSE))=TRUE,0,VLOOKUP(AE43,ltSchlepper,Maschinen!$P$6,FALSE)*AG43*IF(ISBLANK(AI43),1,AI43)))","v":0},0,{"$f":"(IF(ISNA(VLOOKUP(AK43,ltSchlepper,Maschinen!$K$6,FALSE))=TRUE,0,VLOOKUP(AK43,ltSchlepper,Maschinen!$K$6,FALSE)*AM43))","v":0},{"$f":"(IF(ISNA(VLOOKUP(AK43,ltSchlepper,Maschinen!$L$6,FALSE))=TRUE,0,VLOOKUP(AK43,ltSchlepper,Maschinen!$L$6,FALSE)*AM43))","v":0},{"$f":"(IF(ISNA(VLOOKUP(AK43,ltSchlepper,Maschinen!$M$6,FALSE))=TRUE,0,VLOOKUP(AK43,ltSchlepper,Maschinen!$M$6,FALSE)*AM43))","v":0},{"$f":"(IF(ISNA(VLOOKUP(AK43,ltSchlepper,Maschinen!$N$6,FALSE))=TRUE,0,VLOOKUP(AK43,ltSchlepper,Maschinen!$N$6,FALSE)*AM43*IF(ISBLANK(AO43),1,AO43)))","v":0},{"$f":"(IF(ISNA(VLOOKUP(AK43,ltSchlepper,Maschinen!$O$6,FALSE))=TRUE,0,VLOOKUP(AK43,ltSchlepper,Maschinen!$O$6,FALSE)*AM43*IF(ISBLANK(AO43),1,AO43)))","v":0},{"$f":"(IF(ISNA(VLOOKUP(AK43,ltSchlepper,Maschinen!$P$6,FALSE))=TRUE,0,VLOOKUP(AK43,ltSchlepper,Maschinen!$P$6,FALSE)*AM43*IF(ISBLANK(AO43),1,AO43)))","v":0},0,{"$f":"(IF(ISNA(VLOOKUP(AQ43,ltSchlepper,Maschinen!$K$6,FALSE))=TRUE,0,VLOOKUP(AQ43,ltSchlepper,Maschinen!$K$6,FALSE)*AS43))","v":0},{"$f":"(IF(ISNA(VLOOKUP(AQ43,ltSchlepper,Maschinen!$L$6,FALSE))=TRUE,0,VLOOKUP(AQ43,ltSchlepper,Maschinen!$L$6,FALSE)*AS43))","v":0},{"$f":"(IF(ISNA(VLOOKUP(AQ43,ltSchlepper,Maschinen!$M$6,FALSE))=TRUE,0,VLOOKUP(AQ43,ltSchlepper,Maschinen!$M$6,FALSE)*AS43))","v":0},{"$f":"(IF(ISNA(VLOOKUP(AQ43,ltSchlepper,Maschinen!$N$6,FALSE))=TRUE,0,VLOOKUP(AQ43,ltSchlepper,Maschinen!$N$6,FALSE)*AS43*IF(ISBLANK(AU43),1,AU43)))","v":0},{"$f":"(IF(ISNA(VLOOKUP(AQ43,ltSchlepper,Maschinen!$O$6,FALSE))=TRUE,0,VLOOKUP(AQ43,ltSchlepper,Maschinen!$O$6,FALSE)*AS43*IF(ISBLANK(AU43),1,AU43)))","v":0},{"$f":"(IF(ISNA(VLOOKUP(AQ43,ltSchlepper,Maschinen!$P$6,FALSE))=TRUE,0,VLOOKUP(AQ43,ltSchlepper,Maschinen!$P$6,FALSE)*AS43*IF(ISBLANK(AU43),1,AU43)))","v":0},0,{"$f":"(IF(ISNA(VLOOKUP(Y43,ltSchlepper,Maschinen!$AA$6,FALSE))=TRUE,0,VLOOKUP(Y43,ltSchlepper,Maschinen!$AA$6,FALSE)*AA43))","v":0},{"$f":"(IF(ISNA(VLOOKUP(Y43,ltSchlepper,Maschinen!$AB$6,FALSE))=TRUE,0,VLOOKUP(Y43,ltSchlepper,Maschinen!$AB$6,FALSE)*AA43))","v":0},{"$f":"(IF(ISNA(VLOOKUP(Y43,ltSchlepper,Maschinen!$AC$6,FALSE))=TRUE,0,VLOOKUP(Y43,ltSchlepper,Maschinen!$AC$6,FALSE)*AA43))","v":0},0,{"$f":"(IF(ISNA(VLOOKUP(AE43,ltSchlepper,Maschinen!$AA$6,FALSE))=TRUE,0,VLOOKUP(AE43,ltSchlepper,Maschinen!$AA$6,FALSE)*AG43))","v":0},{"$f":"(IF(ISNA(VLOOKUP(AE43,ltSchlepper,Maschinen!$AB$6,FALSE))=TRUE,0,VLOOKUP(AE43,ltSchlepper,Maschinen!$AB$6,FALSE)*AG43))","v":0},{"$f":"(IF(ISNA(VLOOKUP(AE43,ltSchlepper,Maschinen!$AC$6,FALSE))=TRUE,0,VLOOKUP(AE43,ltSchlepper,Maschinen!$AC$6,FALSE)*AG43))","v":0},0,{"$f":"(IF(ISNA(VLOOKUP(AK43,ltSchlepper,Maschinen!$AA$6,FALSE))=TRUE,0,VLOOKUP(AK43,ltSchlepper,Maschinen!$AA$6,FALSE)*AM43))","v":0},{"$f":"(IF(ISNA(VLOOKUP(AK43,ltSchlepper,Maschinen!$AB$6,FALSE))=TRUE,0,VLOOKUP(AK43,ltSchlepper,Maschinen!$AB$6,FALSE)*AM43))","v":0},{"$f":"(IF(ISNA(VLOOKUP(AK43,ltSchlepper,Maschinen!$AC$6,FALSE))=TRUE,0,VLOOKUP(AK43,ltSchlepper,Maschinen!$AC$6,FALSE)*AM43))","v":0},0,{"$f":"(IF(ISNA(VLOOKUP(AQ43,ltSchlepper,Maschinen!$AA$6,FALSE))=TRUE,0,VLOOKUP(AQ43,ltSchlepper,Maschinen!$AA$6,FALSE)*AS43))","v":0},{"$f":"(IF(ISNA(VLOOKUP(AQ43,ltSchlepper,Maschinen!$AB$6,FALSE))=TRUE,0,VLOOKUP(AQ43,ltSchlepper,Maschinen!$AB$6,FALSE)*AS43))","v":0},{"$f":"(IF(ISNA(VLOOKUP(AQ43,ltSchlepper,Maschinen!$AC$6,FALSE))=TRUE,0,VLOOKUP(AQ43,ltSchlepper,Maschinen!$AC$6,FALSE)*AS43))","v":0},0]
[null,21315,null,null,null,null,null,null,0,0,0,0.1,0,0,null,null,0,0,0,0,0,0,0,null,null,"",null,"",null,0,null,"",null,"",null,0,null,"",null,"",null,0,null,"",null,"",null,0,0,0,0,0,0,0,0,0,0,0,0,0,{"$f":"(IF(ISNA(VLOOKUP(Y44,ltSchlepper,Maschinen!$K$6,FALSE))=TRUE,0,VLOOKUP(Y44,ltSchlepper,Maschinen!$K$6,FALSE)*AA44))","v":0},{"$f":"(IF(ISNA(VLOOKUP(Y44,ltSchlepper,Maschinen!$L$6,FALSE))=TRUE,0,VLOOKUP(Y44,ltSchlepper,Maschinen!$L$6,FALSE)*AA44))","v":0},{"$f":"(IF(ISNA(VLOOKUP(Y44,ltSchlepper,Maschinen!$M$6,FALSE))=TRUE,0,VLOOKUP(Y44,ltSchlepper,Maschinen!$M$6,FALSE)*AA44))","v":0},{"$f":"(IF(ISNA(VLOOKUP(Y44,ltSchlepper,Maschinen!$N$6,FALSE))=TRUE,0,VLOOKUP(Y44,ltSchlepper,Maschinen!$N$6,FALSE)*AA44*IF(ISBLANK(AC44),1,AC44)))","v":0},{"$f":"(IF(ISNA(VLOOKUP(Y44,ltSchlepper,Maschinen!$O$6,FALSE))=TRUE,0,VLOOKUP(Y44,ltSchlepper,Maschinen!$O$6,FALSE)*AA44*IF(ISBLANK(AC44),1,AC44)))","v":0},{"$f":"(IF(ISNA(VLOOKUP(Y44,ltSchlepper,Maschinen!$P$6,FALSE))=TRUE,0,VLOOKUP(Y44,ltSchlepper,Maschinen!$P$6,FALSE)*AA44*IF(ISBLANK(AC44),1,AC44)))","v":0},0,{"$f":"(IF(ISNA(VLOOKUP(AE44,ltSchlepper,Maschinen!$K$6,FALSE))=TRUE,0,VLOOKUP(AE44,ltSchlepper,Maschinen!$K$6,FALSE)*AG44))","v":0},{"$f":"(IF(ISNA(VLOOKUP(AE44,ltSchlepper,Maschinen!$L$6,FALSE))=TRUE,0,VLOOKUP(AE44,ltSchlepper,Maschinen!$L$6,FALSE)*AG44))","v":0},{"$f":"(IF(ISNA(VLOOKUP(AE44,ltSchlepper,Maschinen!$M$6,FALSE))=TRUE,0,VLOOKUP(AE44,ltSchlepper,Maschinen!$M$6,FALSE)*AG44))","v":0},{"$f":"(IF(ISNA(VLOOKUP(AE44,ltSchlepper,Maschinen!$N$6,FALSE))=TRUE,0,VLOOKUP(AE44,ltSchlepper,Maschinen!$N$6,FALSE)*AG44*IF(ISBLANK(AI44),1,AI44)))","v":0},{"$f":"(IF(ISNA(VLOOKUP(AE44,ltSchlepper,Maschinen!$O$6,FALSE))=TRUE,0,VLOOKUP(AE44,ltSchlepper,Maschinen!$O$6,FALSE)*AG44*IF(ISBLANK(AI44),1,AI44)))","v":0},{"$f":"(IF(ISNA(VLOOKUP(AE44,ltSchlepper,Maschinen!$P$6,FALSE))=TRUE,0,VLOOKUP(AE44,ltSchlepper,Maschinen!$P$6,FALSE)*AG44*IF(ISBLANK(AI44),1,AI44)))","v":0},0,{"$f":"(IF(ISNA(VLOOKUP(AK44,ltSchlepper,Maschinen!$K$6,FALSE))=TRUE,0,VLOOKUP(AK44,ltSchlepper,Maschinen!$K$6,FALSE)*AM44))","v":0},{"$f":"(IF(ISNA(VLOOKUP(AK44,ltSchlepper,Maschinen!$L$6,FALSE))=TRUE,0,VLOOKUP(AK44,ltSchlepper,Maschinen!$L$6,FALSE)*AM44))","v":0},{"$f":"(IF(ISNA(VLOOKUP(AK44,ltSchlepper,Maschinen!$M$6,FALSE))=TRUE,0,VLOOKUP(AK44,ltSchlepper,Maschinen!$M$6,FALSE)*AM44))","v":0},{"$f":"(IF(ISNA(VLOOKUP(AK44,ltSchlepper,Maschinen!$N$6,FALSE))=TRUE,0,VLOOKUP(AK44,ltSchlepper,Maschinen!$N$6,FALSE)*AM44*IF(ISBLANK(AO44),1,AO44)))","v":0},{"$f":"(IF(ISNA(VLOOKUP(AK44,ltSchlepper,Maschinen!$O$6,FALSE))=TRUE,0,VLOOKUP(AK44,ltSchlepper,Maschinen!$O$6,FALSE)*AM44*IF(ISBLANK(AO44),1,AO44)))","v":0},{"$f":"(IF(ISNA(VLOOKUP(AK44,ltSchlepper,Maschinen!$P$6,FALSE))=TRUE,0,VLOOKUP(AK44,ltSchlepper,Maschinen!$P$6,FALSE)*AM44*IF(ISBLANK(AO44),1,AO44)))","v":0},0,{"$f":"(IF(ISNA(VLOOKUP(AQ44,ltSchlepper,Maschinen!$K$6,FALSE))=TRUE,0,VLOOKUP(AQ44,ltSchlepper,Maschinen!$K$6,FALSE)*AS44))","v":0},{"$f":"(IF(ISNA(VLOOKUP(AQ44,ltSchlepper,Maschinen!$L$6,FALSE))=TRUE,0,VLOOKUP(AQ44,ltSchlepper,Maschinen!$L$6,FALSE)*AS44))","v":0},{"$f":"(IF(ISNA(VLOOKUP(AQ44,ltSchlepper,Maschinen!$M$6,FALSE))=TRUE,0,VLOOKUP(AQ44,ltSchlepper,Maschinen!$M$6,FALSE)*AS44))","v":0},{"$f":"(IF(ISNA(VLOOKUP(AQ44,ltSchlepper,Maschinen!$N$6,FALSE))=TRUE,0,VLOOKUP(AQ44,ltSchlepper,Maschinen!$N$6,FALSE)*AS44*IF(ISBLANK(AU44),1,AU44)))","v":0},{"$f":"(IF(ISNA(VLOOKUP(AQ44,ltSchlepper,Maschinen!$O$6,FALSE))=TRUE,0,VLOOKUP(AQ44,ltSchlepper,Maschinen!$O$6,FALSE)*AS44*IF(ISBLANK(AU44),1,AU44)))","v":0},{"$f":"(IF(ISNA(VLOOKUP(AQ44,ltSchlepper,Maschinen!$P$6,FALSE))=TRUE,0,VLOOKUP(AQ44,ltSchlepper,Maschinen!$P$6,FALSE)*AS44*IF(ISBLANK(AU44),1,AU44)))","v":0},0,{"$f":"(IF(ISNA(VLOOKUP(Y44,ltSchlepper,Maschinen!$AA$6,FALSE))=TRUE,0,VLOOKUP(Y44,ltSchlepper,Maschinen!$AA$6,FALSE)*AA44))","v":0},{"$f":"(IF(ISNA(VLOOKUP(Y44,ltSchlepper,Maschinen!$AB$6,FALSE))=TRUE,0,VLOOKUP(Y44,ltSchlepper,Maschinen!$AB$6,FALSE)*AA44))","v":0},{"$f":"(IF(ISNA(VLOOKUP(Y44,ltSchlepper,Maschinen!$AC$6,FALSE))=TRUE,0,VLOOKUP(Y44,ltSchlepper,Maschinen!$AC$6,FALSE)*AA44))","v":0},0,{"$f":"(IF(ISNA(VLOOKUP(AE44,ltSchlepper,Maschinen!$AA$6,FALSE))=TRUE,0,VLOOKUP(AE44,ltSchlepper,Maschinen!$AA$6,FALSE)*AG44))","v":0},{"$f":"(IF(ISNA(VLOOKUP(AE44,ltSchlepper,Maschinen!$AB$6,FALSE))=TRUE,0,VLOOKUP(AE44,ltSchlepper,Maschinen!$AB$6,FALSE)*AG44))","v":0},{"$f":"(IF(ISNA(VLOOKUP(AE44,ltSchlepper,Maschinen!$AC$6,FALSE))=TRUE,0,VLOOKUP(AE44,ltSchlepper,Maschinen!$AC$6,FALSE)*AG44))","v":0},0,{"$f":"(IF(ISNA(VLOOKUP(AK44,ltSchlepper,Maschinen!$AA$6,FALSE))=TRUE,0,VLOOKUP(AK44,ltSchlepper,Maschinen!$AA$6,FALSE)*AM44))","v":0},{"$f":"(IF(ISNA(VLOOKUP(AK44,ltSchlepper,Maschinen!$AB$6,FALSE))=TRUE,0,VLOOKUP(AK44,ltSchlepper,Maschinen!$AB$6,FALSE)*AM44))","v":0},{"$f":"(IF(ISNA(VLOOKUP(AK44,ltSchlepper,Maschinen!$AC$6,FALSE))=TRUE,0,VLOOKUP(AK44,ltSchlepper,Maschinen!$AC$6,FALSE)*AM44))","v":0},0,{"$f":"(IF(ISNA(VLOOKUP(AQ44,ltSchlepper,Maschinen!$AA$6,FALSE))=TRUE,0,VLOOKUP(AQ44,ltSchlepper,Maschinen!$AA$6,FALSE)*AS44))","v":0},{"$f":"(IF(ISNA(VLOOKUP(AQ44,ltSchlepper,Maschinen!$AB$6,FALSE))=TRUE,0,VLOOKUP(AQ44,ltSchlepper,Maschinen!$AB$6,FALSE)*AS44))","v":0},{"$f":"(IF(ISNA(VLOOKUP(AQ44,ltSchlepper,Maschinen!$AC$6,FALSE))=TRUE,0,VLOOKUP(AQ44,ltSchlepper,Maschinen!$AC$6,FALSE)*AS44))","v":0},0]
[null,21316,null,null,null,null,null,null,0,0,0,0.1,0,0,null,null,0,0,0,0,0,0,0,null,null,"",null,"",null,0,null,"",null,"",null,0,null,"",null,"",null,0,null,"",null,"",null,0,0,0,0,0,0,0,0,0,0,0,0,0,{"$f":"(IF(ISNA(VLOOKUP(Y45,ltSchlepper,Maschinen!$K$6,FALSE))=TRUE,0,VLOOKUP(Y45,ltSchlepper,Maschinen!$K$6,FALSE)*AA45))","v":0},{"$f":"(IF(ISNA(VLOOKUP(Y45,ltSchlepper,Maschinen!$L$6,FALSE))=TRUE,0,VLOOKUP(Y45,ltSchlepper,Maschinen!$L$6,FALSE)*AA45))","v":0},{"$f":"(IF(ISNA(VLOOKUP(Y45,ltSchlepper,Maschinen!$M$6,FALSE))=TRUE,0,VLOOKUP(Y45,ltSchlepper,Maschinen!$M$6,FALSE)*AA45))","v":0},{"$f":"(IF(ISNA(VLOOKUP(Y45,ltSchlepper,Maschinen!$N$6,FALSE))=TRUE,0,VLOOKUP(Y45,ltSchlepper,Maschinen!$N$6,FALSE)*AA45*IF(ISBLANK(AC45),1,AC45)))","v":0},{"$f":"(IF(ISNA(VLOOKUP(Y45,ltSchlepper,Maschinen!$O$6,FALSE))=TRUE,0,VLOOKUP(Y45,ltSchlepper,Maschinen!$O$6,FALSE)*AA45*IF(ISBLANK(AC45),1,AC45)))","v":0},{"$f":"(IF(ISNA(VLOOKUP(Y45,ltSchlepper,Maschinen!$P$6,FALSE))=TRUE,0,VLOOKUP(Y45,ltSchlepper,Maschinen!$P$6,FALSE)*AA45*IF(ISBLANK(AC45),1,AC45)))","v":0},0,{"$f":"(IF(ISNA(VLOOKUP(AE45,ltSchlepper,Maschinen!$K$6,FALSE))=TRUE,0,VLOOKUP(AE45,ltSchlepper,Maschinen!$K$6,FALSE)*AG45))","v":0},{"$f":"(IF(ISNA(VLOOKUP(AE45,ltSchlepper,Maschinen!$L$6,FALSE))=TRUE,0,VLOOKUP(AE45,ltSchlepper,Maschinen!$L$6,FALSE)*AG45))","v":0},{"$f":"(IF(ISNA(VLOOKUP(AE45,ltSchlepper,Maschinen!$M$6,FALSE))=TRUE,0,VLOOKUP(AE45,ltSchlepper,Maschinen!$M$6,FALSE)*AG45))","v":0},{"$f":"(IF(ISNA(VLOOKUP(AE45,ltSchlepper,Maschinen!$N$6,FALSE))=TRUE,0,VLOOKUP(AE45,ltSchlepper,Maschinen!$N$6,FALSE)*AG45*IF(ISBLANK(AI45),1,AI45)))","v":0},{"$f":"(IF(ISNA(VLOOKUP(AE45,ltSchlepper,Maschinen!$O$6,FALSE))=TRUE,0,VLOOKUP(AE45,ltSchlepper,Maschinen!$O$6,FALSE)*AG45*IF(ISBLANK(AI45),1,AI45)))","v":0},{"$f":"(IF(ISNA(VLOOKUP(AE45,ltSchlepper,Maschinen!$P$6,FALSE))=TRUE,0,VLOOKUP(AE45,ltSchlepper,Maschinen!$P$6,FALSE)*AG45*IF(ISBLANK(AI45),1,AI45)))","v":0},0,{"$f":"(IF(ISNA(VLOOKUP(AK45,ltSchlepper,Maschinen!$K$6,FALSE))=TRUE,0,VLOOKUP(AK45,ltSchlepper,Maschinen!$K$6,FALSE)*AM45))","v":0},{"$f":"(IF(ISNA(VLOOKUP(AK45,ltSchlepper,Maschinen!$L$6,FALSE))=TRUE,0,VLOOKUP(AK45,ltSchlepper,Maschinen!$L$6,FALSE)*AM45))","v":0},{"$f":"(IF(ISNA(VLOOKUP(AK45,ltSchlepper,Maschinen!$M$6,FALSE))=TRUE,0,VLOOKUP(AK45,ltSchlepper,Maschinen!$M$6,FALSE)*AM45))","v":0},{"$f":"(IF(ISNA(VLOOKUP(AK45,ltSchlepper,Maschinen!$N$6,FALSE))=TRUE,0,VLOOKUP(AK45,ltSchlepper,Maschinen!$N$6,FALSE)*AM45*IF(ISBLANK(AO45),1,AO45)))","v":0},{"$f":"(IF(ISNA(VLOOKUP(AK45,ltSchlepper,Maschinen!$O$6,FALSE))=TRUE,0,VLOOKUP(AK45,ltSchlepper,Maschinen!$O$6,FALSE)*AM45*IF(ISBLANK(AO45),1,AO45)))","v":0},{"$f":"(IF(ISNA(VLOOKUP(AK45,ltSchlepper,Maschinen!$P$6,FALSE))=TRUE,0,VLOOKUP(AK45,ltSchlepper,Maschinen!$P$6,FALSE)*AM45*IF(ISBLANK(AO45),1,AO45)))","v":0},0,{"$f":"(IF(ISNA(VLOOKUP(AQ45,ltSchlepper,Maschinen!$K$6,FALSE))=TRUE,0,VLOOKUP(AQ45,ltSchlepper,Maschinen!$K$6,FALSE)*AS45))","v":0},{"$f":"(IF(ISNA(VLOOKUP(AQ45,ltSchlepper,Maschinen!$L$6,FALSE))=TRUE,0,VLOOKUP(AQ45,ltSchlepper,Maschinen!$L$6,FALSE)*AS45))","v":0},{"$f":"(IF(ISNA(VLOOKUP(AQ45,ltSchlepper,Maschinen!$M$6,FALSE))=TRUE,0,VLOOKUP(AQ45,ltSchlepper,Maschinen!$M$6,FALSE)*AS45))","v":0},{"$f":"(IF(ISNA(VLOOKUP(AQ45,ltSchlepper,Maschinen!$N$6,FALSE))=TRUE,0,VLOOKUP(AQ45,ltSchlepper,Maschinen!$N$6,FALSE)*AS45*IF(ISBLANK(AU45),1,AU45)))","v":0},{"$f":"(IF(ISNA(VLOOKUP(AQ45,ltSchlepper,Maschinen!$O$6,FALSE))=TRUE,0,VLOOKUP(AQ45,ltSchlepper,Maschinen!$O$6,FALSE)*AS45*IF(ISBLANK(AU45),1,AU45)))","v":0},{"$f":"(IF(ISNA(VLOOKUP(AQ45,ltSchlepper,Maschinen!$P$6,FALSE))=TRUE,0,VLOOKUP(AQ45,ltSchlepper,Maschinen!$P$6,FALSE)*AS45*IF(ISBLANK(AU45),1,AU45)))","v":0},0,{"$f":"(IF(ISNA(VLOOKUP(Y45,ltSchlepper,Maschinen!$AA$6,FALSE))=TRUE,0,VLOOKUP(Y45,ltSchlepper,Maschinen!$AA$6,FALSE)*AA45))","v":0},{"$f":"(IF(ISNA(VLOOKUP(Y45,ltSchlepper,Maschinen!$AB$6,FALSE))=TRUE,0,VLOOKUP(Y45,ltSchlepper,Maschinen!$AB$6,FALSE)*AA45))","v":0},{"$f":"(IF(ISNA(VLOOKUP(Y45,ltSchlepper,Maschinen!$AC$6,FALSE))=TRUE,0,VLOOKUP(Y45,ltSchlepper,Maschinen!$AC$6,FALSE)*AA45))","v":0},0,{"$f":"(IF(ISNA(VLOOKUP(AE45,ltSchlepper,Maschinen!$AA$6,FALSE))=TRUE,0,VLOOKUP(AE45,ltSchlepper,Maschinen!$AA$6,FALSE)*AG45))","v":0},{"$f":"(IF(ISNA(VLOOKUP(AE45,ltSchlepper,Maschinen!$AB$6,FALSE))=TRUE,0,VLOOKUP(AE45,ltSchlepper,Maschinen!$AB$6,FALSE)*AG45))","v":0},{"$f":"(IF(ISNA(VLOOKUP(AE45,ltSchlepper,Maschinen!$AC$6,FALSE))=TRUE,0,VLOOKUP(AE45,ltSchlepper,Maschinen!$AC$6,FALSE)*AG45))","v":0},0,{"$f":"(IF(ISNA(VLOOKUP(AK45,ltSchlepper,Maschinen!$AA$6,FALSE))=TRUE,0,VLOOKUP(AK45,ltSchlepper,Maschinen!$AA$6,FALSE)*AM45))","v":0},{"$f":"(IF(ISNA(VLOOKUP(AK45,ltSchlepper,Maschinen!$AB$6,FALSE))=TRUE,0,VLOOKUP(AK45,ltSchlepper,Maschinen!$AB$6,FALSE)*AM45))","v":0},{"$f":"(IF(ISNA(VLOOKUP(AK45,ltSchlepper,Maschinen!$AC$6,FALSE))=TRUE,0,VLOOKUP(AK45,ltSchlepper,Maschinen!$AC$6,FALSE)*AM45))","v":0},0,{"$f":"(IF(ISNA(VLOOKUP(AQ45,ltSchlepper,Maschinen!$AA$6,FALSE))=TRUE,0,VLOOKUP(AQ45,ltSchlepper,Maschinen!$AA$6,FALSE)*AS45))","v":0},{"$f":"(IF(ISNA(VLOOKUP(AQ45,ltSchlepper,Maschinen!$AB$6,FALSE))=TRUE,0,VLOOKUP(AQ45,ltSchlepper,Maschinen!$AB$6,FALSE)*AS45))","v":0},{"$f":"(IF(ISNA(VLOOKUP(AQ45,ltSchlepper,Maschinen!$AC$6,FALSE))=TRUE,0,VLOOKUP(AQ45,ltSchlepper,Maschinen!$AC$6,FALSE)*AS45))","v":0},0]
[null,21317,null,null,null,null,null,null,0,0,0,0.1,0,0,null,null,0,0,0,0,0,0,0,null,null,"",null,"",null,0,null,"",null,"",null,0,null,"",null,"",null,0,null,"",null,"",null,0,0,0,0,0,0,0,0,0,0,0,0,0,{"$f":"(IF(ISNA(VLOOKUP(Y46,ltSchlepper,Maschinen!$K$6,FALSE))=TRUE,0,VLOOKUP(Y46,ltSchlepper,Maschinen!$K$6,FALSE)*AA46))","v":0},{"$f":"(IF(ISNA(VLOOKUP(Y46,ltSchlepper,Maschinen!$L$6,FALSE))=TRUE,0,VLOOKUP(Y46,ltSchlepper,Maschinen!$L$6,FALSE)*AA46))","v":0},{"$f":"(IF(ISNA(VLOOKUP(Y46,ltSchlepper,Maschinen!$M$6,FALSE))=TRUE,0,VLOOKUP(Y46,ltSchlepper,Maschinen!$M$6,FALSE)*AA46))","v":0},{"$f":"(IF(ISNA(VLOOKUP(Y46,ltSchlepper,Maschinen!$N$6,FALSE))=TRUE,0,VLOOKUP(Y46,ltSchlepper,Maschinen!$N$6,FALSE)*AA46*IF(ISBLANK(AC46),1,AC46)))","v":0},{"$f":"(IF(ISNA(VLOOKUP(Y46,ltSchlepper,Maschinen!$O$6,FALSE))=TRUE,0,VLOOKUP(Y46,ltSchlepper,Maschinen!$O$6,FALSE)*AA46*IF(ISBLANK(AC46),1,AC46)))","v":0},{"$f":"(IF(ISNA(VLOOKUP(Y46,ltSchlepper,Maschinen!$P$6,FALSE))=TRUE,0,VLOOKUP(Y46,ltSchlepper,Maschinen!$P$6,FALSE)*AA46*IF(ISBLANK(AC46),1,AC46)))","v":0},0,{"$f":"(IF(ISNA(VLOOKUP(AE46,ltSchlepper,Maschinen!$K$6,FALSE))=TRUE,0,VLOOKUP(AE46,ltSchlepper,Maschinen!$K$6,FALSE)*AG46))","v":0},{"$f":"(IF(ISNA(VLOOKUP(AE46,ltSchlepper,Maschinen!$L$6,FALSE))=TRUE,0,VLOOKUP(AE46,ltSchlepper,Maschinen!$L$6,FALSE)*AG46))","v":0},{"$f":"(IF(ISNA(VLOOKUP(AE46,ltSchlepper,Maschinen!$M$6,FALSE))=TRUE,0,VLOOKUP(AE46,ltSchlepper,Maschinen!$M$6,FALSE)*AG46))","v":0},{"$f":"(IF(ISNA(VLOOKUP(AE46,ltSchlepper,Maschinen!$N$6,FALSE))=TRUE,0,VLOOKUP(AE46,ltSchlepper,Maschinen!$N$6,FALSE)*AG46*IF(ISBLANK(AI46),1,AI46)))","v":0},{"$f":"(IF(ISNA(VLOOKUP(AE46,ltSchlepper,Maschinen!$O$6,FALSE))=TRUE,0,VLOOKUP(AE46,ltSchlepper,Maschinen!$O$6,FALSE)*AG46*IF(ISBLANK(AI46),1,AI46)))","v":0},{"$f":"(IF(ISNA(VLOOKUP(AE46,ltSchlepper,Maschinen!$P$6,FALSE))=TRUE,0,VLOOKUP(AE46,ltSchlepper,Maschinen!$P$6,FALSE)*AG46*IF(ISBLANK(AI46),1,AI46)))","v":0},0,{"$f":"(IF(ISNA(VLOOKUP(AK46,ltSchlepper,Maschinen!$K$6,FALSE))=TRUE,0,VLOOKUP(AK46,ltSchlepper,Maschinen!$K$6,FALSE)*AM46))","v":0},{"$f":"(IF(ISNA(VLOOKUP(AK46,ltSchlepper,Maschinen!$L$6,FALSE))=TRUE,0,VLOOKUP(AK46,ltSchlepper,Maschinen!$L$6,FALSE)*AM46))","v":0},{"$f":"(IF(ISNA(VLOOKUP(AK46,ltSchlepper,Maschinen!$M$6,FALSE))=TRUE,0,VLOOKUP(AK46,ltSchlepper,Maschinen!$M$6,FALSE)*AM46))","v":0},{"$f":"(IF(ISNA(VLOOKUP(AK46,ltSchlepper,Maschinen!$N$6,FALSE))=TRUE,0,VLOOKUP(AK46,ltSchlepper,Maschinen!$N$6,FALSE)*AM46*IF(ISBLANK(AO46),1,AO46)))","v":0},{"$f":"(IF(ISNA(VLOOKUP(AK46,ltSchlepper,Maschinen!$O$6,FALSE))=TRUE,0,VLOOKUP(AK46,ltSchlepper,Maschinen!$O$6,FALSE)*AM46*IF(ISBLANK(AO46),1,AO46)))","v":0},{"$f":"(IF(ISNA(VLOOKUP(AK46,ltSchlepper,Maschinen!$P$6,FALSE))=TRUE,0,VLOOKUP(AK46,ltSchlepper,Maschinen!$P$6,FALSE)*AM46*IF(ISBLANK(AO46),1,AO46)))","v":0},0,{"$f":"(IF(ISNA(VLOOKUP(AQ46,ltSchlepper,Maschinen!$K$6,FALSE))=TRUE,0,VLOOKUP(AQ46,ltSchlepper,Maschinen!$K$6,FALSE)*AS46))","v":0},{"$f":"(IF(ISNA(VLOOKUP(AQ46,ltSchlepper,Maschinen!$L$6,FALSE))=TRUE,0,VLOOKUP(AQ46,ltSchlepper,Maschinen!$L$6,FALSE)*AS46))","v":0},{"$f":"(IF(ISNA(VLOOKUP(AQ46,ltSchlepper,Maschinen!$M$6,FALSE))=TRUE,0,VLOOKUP(AQ46,ltSchlepper,Maschinen!$M$6,FALSE)*AS46))","v":0},{"$f":"(IF(ISNA(VLOOKUP(AQ46,ltSchlepper,Maschinen!$N$6,FALSE))=TRUE,0,VLOOKUP(AQ46,ltSchlepper,Maschinen!$N$6,FALSE)*AS46*IF(ISBLANK(AU46),1,AU46)))","v":0},{"$f":"(IF(ISNA(VLOOKUP(AQ46,ltSchlepper,Maschinen!$O$6,FALSE))=TRUE,0,VLOOKUP(AQ46,ltSchlepper,Maschinen!$O$6,FALSE)*AS46*IF(ISBLANK(AU46),1,AU46)))","v":0},{"$f":"(IF(ISNA(VLOOKUP(AQ46,ltSchlepper,Maschinen!$P$6,FALSE))=TRUE,0,VLOOKUP(AQ46,ltSchlepper,Maschinen!$P$6,FALSE)*AS46*IF(ISBLANK(AU46),1,AU46)))","v":0},0,{"$f":"(IF(ISNA(VLOOKUP(Y46,ltSchlepper,Maschinen!$AA$6,FALSE))=TRUE,0,VLOOKUP(Y46,ltSchlepper,Maschinen!$AA$6,FALSE)*AA46))","v":0},{"$f":"(IF(ISNA(VLOOKUP(Y46,ltSchlepper,Maschinen!$AB$6,FALSE))=TRUE,0,VLOOKUP(Y46,ltSchlepper,Maschinen!$AB$6,FALSE)*AA46))","v":0},{"$f":"(IF(ISNA(VLOOKUP(Y46,ltSchlepper,Maschinen!$AC$6,FALSE))=TRUE,0,VLOOKUP(Y46,ltSchlepper,Maschinen!$AC$6,FALSE)*AA46))","v":0},0,{"$f":"(IF(ISNA(VLOOKUP(AE46,ltSchlepper,Maschinen!$AA$6,FALSE))=TRUE,0,VLOOKUP(AE46,ltSchlepper,Maschinen!$AA$6,FALSE)*AG46))","v":0},{"$f":"(IF(ISNA(VLOOKUP(AE46,ltSchlepper,Maschinen!$AB$6,FALSE))=TRUE,0,VLOOKUP(AE46,ltSchlepper,Maschinen!$AB$6,FALSE)*AG46))","v":0},{"$f":"(IF(ISNA(VLOOKUP(AE46,ltSchlepper,Maschinen!$AC$6,FALSE))=TRUE,0,VLOOKUP(AE46,ltSchlepper,Maschinen!$AC$6,FALSE)*AG46))","v":0},0,{"$f":"(IF(ISNA(VLOOKUP(AK46,ltSchlepper,Maschinen!$AA$6,FALSE))=TRUE,0,VLOOKUP(AK46,ltSchlepper,Maschinen!$AA$6,FALSE)*AM46))","v":0},{"$f":"(IF(ISNA(VLOOKUP(AK46,ltSchlepper,Maschinen!$AB$6,FALSE))=TRUE,0,VLOOKUP(AK46,ltSchlepper,Maschinen!$AB$6,FALSE)*AM46))","v":0},{"$f":"(IF(ISNA(VLOOKUP(AK46,ltSchlepper,Maschinen!$AC$6,FALSE))=TRUE,0,VLOOKUP(AK46,ltSchlepper,Maschinen!$AC$6,FALSE)*AM46))","v":0},0,{"$f":"(IF(ISNA(VLOOKUP(AQ46,ltSchlepper,Maschinen!$AA$6,FALSE))=TRUE,0,VLOOKUP(AQ46,ltSchlepper,Maschinen!$AA$6,FALSE)*AS46))","v":0},{"$f":"(IF(ISNA(VLOOKUP(AQ46,ltSchlepper,Maschinen!$AB$6,FALSE))=TRUE,0,VLOOKUP(AQ46,ltSchlepper,Maschinen!$AB$6,FALSE)*AS46))","v":0},{"$f":"(IF(ISNA(VLOOKUP(AQ46,ltSchlepper,Maschinen!$AC$6,FALSE))=TRUE,0,VLOOKUP(AQ46,ltSchlepper,Maschinen!$AC$6,FALSE)*AS46))","v":0},0]
[null,21318,null,null,null,null,null,null,0,0,0,0.1,0,0,null,null,0,0,0,0,0,0,0,null,null,"",null,"",null,0,null,"",null,"",null,0,null,"",null,"",null,0,null,"",null,"",null,0,0,0,0,0,0,0,0,0,0,0,0,0,{"$f":"(IF(ISNA(VLOOKUP(Y47,ltSchlepper,Maschinen!$K$6,FALSE))=TRUE,0,VLOOKUP(Y47,ltSchlepper,Maschinen!$K$6,FALSE)*AA47))","v":0},{"$f":"(IF(ISNA(VLOOKUP(Y47,ltSchlepper,Maschinen!$L$6,FALSE))=TRUE,0,VLOOKUP(Y47,ltSchlepper,Maschinen!$L$6,FALSE)*AA47))","v":0},{"$f":"(IF(ISNA(VLOOKUP(Y47,ltSchlepper,Maschinen!$M$6,FALSE))=TRUE,0,VLOOKUP(Y47,ltSchlepper,Maschinen!$M$6,FALSE)*AA47))","v":0},{"$f":"(IF(ISNA(VLOOKUP(Y47,ltSchlepper,Maschinen!$N$6,FALSE))=TRUE,0,VLOOKUP(Y47,ltSchlepper,Maschinen!$N$6,FALSE)*AA47*IF(ISBLANK(AC47),1,AC47)))","v":0},{"$f":"(IF(ISNA(VLOOKUP(Y47,ltSchlepper,Maschinen!$O$6,FALSE))=TRUE,0,VLOOKUP(Y47,ltSchlepper,Maschinen!$O$6,FALSE)*AA47*IF(ISBLANK(AC47),1,AC47)))","v":0},{"$f":"(IF(ISNA(VLOOKUP(Y47,ltSchlepper,Maschinen!$P$6,FALSE))=TRUE,0,VLOOKUP(Y47,ltSchlepper,Maschinen!$P$6,FALSE)*AA47*IF(ISBLANK(AC47),1,AC47)))","v":0},0,{"$f":"(IF(ISNA(VLOOKUP(AE47,ltSchlepper,Maschinen!$K$6,FALSE))=TRUE,0,VLOOKUP(AE47,ltSchlepper,Maschinen!$K$6,FALSE)*AG47))","v":0},{"$f":"(IF(ISNA(VLOOKUP(AE47,ltSchlepper,Maschinen!$L$6,FALSE))=TRUE,0,VLOOKUP(AE47,ltSchlepper,Maschinen!$L$6,FALSE)*AG47))","v":0},{"$f":"(IF(ISNA(VLOOKUP(AE47,ltSchlepper,Maschinen!$M$6,FALSE))=TRUE,0,VLOOKUP(AE47,ltSchlepper,Maschinen!$M$6,FALSE)*AG47))","v":0},{"$f":"(IF(ISNA(VLOOKUP(AE47,ltSchlepper,Maschinen!$N$6,FALSE))=TRUE,0,VLOOKUP(AE47,ltSchlepper,Maschinen!$N$6,FALSE)*AG47*IF(ISBLANK(AI47),1,AI47)))","v":0},{"$f":"(IF(ISNA(VLOOKUP(AE47,ltSchlepper,Maschinen!$O$6,FALSE))=TRUE,0,VLOOKUP(AE47,ltSchlepper,Maschinen!$O$6,FALSE)*AG47*IF(ISBLANK(AI47),1,AI47)))","v":0},{"$f":"(IF(ISNA(VLOOKUP(AE47,ltSchlepper,Maschinen!$P$6,FALSE))=TRUE,0,VLOOKUP(AE47,ltSchlepper,Maschinen!$P$6,FALSE)*AG47*IF(ISBLANK(AI47),1,AI47)))","v":0},0,{"$f":"(IF(ISNA(VLOOKUP(AK47,ltSchlepper,Maschinen!$K$6,FALSE))=TRUE,0,VLOOKUP(AK47,ltSchlepper,Maschinen!$K$6,FALSE)*AM47))","v":0},{"$f":"(IF(ISNA(VLOOKUP(AK47,ltSchlepper,Maschinen!$L$6,FALSE))=TRUE,0,VLOOKUP(AK47,ltSchlepper,Maschinen!$L$6,FALSE)*AM47))","v":0},{"$f":"(IF(ISNA(VLOOKUP(AK47,ltSchlepper,Maschinen!$M$6,FALSE))=TRUE,0,VLOOKUP(AK47,ltSchlepper,Maschinen!$M$6,FALSE)*AM47))","v":0},{"$f":"(IF(ISNA(VLOOKUP(AK47,ltSchlepper,Maschinen!$N$6,FALSE))=TRUE,0,VLOOKUP(AK47,ltSchlepper,Maschinen!$N$6,FALSE)*AM47*IF(ISBLANK(AO47),1,AO47)))","v":0},{"$f":"(IF(ISNA(VLOOKUP(AK47,ltSchlepper,Maschinen!$O$6,FALSE))=TRUE,0,VLOOKUP(AK47,ltSchlepper,Maschinen!$O$6,FALSE)*AM47*IF(ISBLANK(AO47),1,AO47)))","v":0},{"$f":"(IF(ISNA(VLOOKUP(AK47,ltSchlepper,Maschinen!$P$6,FALSE))=TRUE,0,VLOOKUP(AK47,ltSchlepper,Maschinen!$P$6,FALSE)*AM47*IF(ISBLANK(AO47),1,AO47)))","v":0},0,{"$f":"(IF(ISNA(VLOOKUP(AQ47,ltSchlepper,Maschinen!$K$6,FALSE))=TRUE,0,VLOOKUP(AQ47,ltSchlepper,Maschinen!$K$6,FALSE)*AS47))","v":0},{"$f":"(IF(ISNA(VLOOKUP(AQ47,ltSchlepper,Maschinen!$L$6,FALSE))=TRUE,0,VLOOKUP(AQ47,ltSchlepper,Maschinen!$L$6,FALSE)*AS47))","v":0},{"$f":"(IF(ISNA(VLOOKUP(AQ47,ltSchlepper,Maschinen!$M$6,FALSE))=TRUE,0,VLOOKUP(AQ47,ltSchlepper,Maschinen!$M$6,FALSE)*AS47))","v":0},{"$f":"(IF(ISNA(VLOOKUP(AQ47,ltSchlepper,Maschinen!$N$6,FALSE))=TRUE,0,VLOOKUP(AQ47,ltSchlepper,Maschinen!$N$6,FALSE)*AS47*IF(ISBLANK(AU47),1,AU47)))","v":0},{"$f":"(IF(ISNA(VLOOKUP(AQ47,ltSchlepper,Maschinen!$O$6,FALSE))=TRUE,0,VLOOKUP(AQ47,ltSchlepper,Maschinen!$O$6,FALSE)*AS47*IF(ISBLANK(AU47),1,AU47)))","v":0},{"$f":"(IF(ISNA(VLOOKUP(AQ47,ltSchlepper,Maschinen!$P$6,FALSE))=TRUE,0,VLOOKUP(AQ47,ltSchlepper,Maschinen!$P$6,FALSE)*AS47*IF(ISBLANK(AU47),1,AU47)))","v":0},0,{"$f":"(IF(ISNA(VLOOKUP(Y47,ltSchlepper,Maschinen!$AA$6,FALSE))=TRUE,0,VLOOKUP(Y47,ltSchlepper,Maschinen!$AA$6,FALSE)*AA47))","v":0},{"$f":"(IF(ISNA(VLOOKUP(Y47,ltSchlepper,Maschinen!$AB$6,FALSE))=TRUE,0,VLOOKUP(Y47,ltSchlepper,Maschinen!$AB$6,FALSE)*AA47))","v":0},{"$f":"(IF(ISNA(VLOOKUP(Y47,ltSchlepper,Maschinen!$AC$6,FALSE))=TRUE,0,VLOOKUP(Y47,ltSchlepper,Maschinen!$AC$6,FALSE)*AA47))","v":0},0,{"$f":"(IF(ISNA(VLOOKUP(AE47,ltSchlepper,Maschinen!$AA$6,FALSE))=TRUE,0,VLOOKUP(AE47,ltSchlepper,Maschinen!$AA$6,FALSE)*AG47))","v":0},{"$f":"(IF(ISNA(VLOOKUP(AE47,ltSchlepper,Maschinen!$AB$6,FALSE))=TRUE,0,VLOOKUP(AE47,ltSchlepper,Maschinen!$AB$6,FALSE)*AG47))","v":0},{"$f":"(IF(ISNA(VLOOKUP(AE47,ltSchlepper,Maschinen!$AC$6,FALSE))=TRUE,0,VLOOKUP(AE47,ltSchlepper,Maschinen!$AC$6,FALSE)*AG47))","v":0},0,{"$f":"(IF(ISNA(VLOOKUP(AK47,ltSchlepper,Maschinen!$AA$6,FALSE))=TRUE,0,VLOOKUP(AK47,ltSchlepper,Maschinen!$AA$6,FALSE)*AM47))","v":0},{"$f":"(IF(ISNA(VLOOKUP(AK47,ltSchlepper,Maschinen!$AB$6,FALSE))=TRUE,0,VLOOKUP(AK47,ltSchlepper,Maschinen!$AB$6,FALSE)*AM47))","v":0},{"$f":"(IF(ISNA(VLOOKUP(AK47,ltSchlepper,Maschinen!$AC$6,FALSE))=TRUE,0,VLOOKUP(AK47,ltSchlepper,Maschinen!$AC$6,FALSE)*AM47))","v":0},0,{"$f":"(IF(ISNA(VLOOKUP(AQ47,ltSchlepper,Maschinen!$AA$6,FALSE))=TRUE,0,VLOOKUP(AQ47,ltSchlepper,Maschinen!$AA$6,FALSE)*AS47))","v":0},{"$f":"(IF(ISNA(VLOOKUP(AQ47,ltSchlepper,Maschinen!$AB$6,FALSE))=TRUE,0,VLOOKUP(AQ47,ltSchlepper,Maschinen!$AB$6,FALSE)*AS47))","v":0},{"$f":"(IF(ISNA(VLOOKUP(AQ47,ltSchlepper,Maschinen!$AC$6,FALSE))=TRUE,0,VLOOKUP(AQ47,ltSchlepper,Maschinen!$AC$6,FALSE)*AS47))","v":0},0]
[null,21319,null,null,null,null,null,null,0,0,0,0.1,0,0,null,null,0,0,0,0,0,0,0,null,null,"",null,"",null,0,null,"",null,"",null,0,null,"",null,"",null,0,null,"",null,"",null,0,0,0,0,0,0,0,0,0,0,0,0,0,{"$f":"(IF(ISNA(VLOOKUP(Y48,ltSchlepper,Maschinen!$K$6,FALSE))=TRUE,0,VLOOKUP(Y48,ltSchlepper,Maschinen!$K$6,FALSE)*AA48))","v":0},{"$f":"(IF(ISNA(VLOOKUP(Y48,ltSchlepper,Maschinen!$L$6,FALSE))=TRUE,0,VLOOKUP(Y48,ltSchlepper,Maschinen!$L$6,FALSE)*AA48))","v":0},{"$f":"(IF(ISNA(VLOOKUP(Y48,ltSchlepper,Maschinen!$M$6,FALSE))=TRUE,0,VLOOKUP(Y48,ltSchlepper,Maschinen!$M$6,FALSE)*AA48))","v":0},{"$f":"(IF(ISNA(VLOOKUP(Y48,ltSchlepper,Maschinen!$N$6,FALSE))=TRUE,0,VLOOKUP(Y48,ltSchlepper,Maschinen!$N$6,FALSE)*AA48*IF(ISBLANK(AC48),1,AC48)))","v":0},{"$f":"(IF(ISNA(VLOOKUP(Y48,ltSchlepper,Maschinen!$O$6,FALSE))=TRUE,0,VLOOKUP(Y48,ltSchlepper,Maschinen!$O$6,FALSE)*AA48*IF(ISBLANK(AC48),1,AC48)))","v":0},{"$f":"(IF(ISNA(VLOOKUP(Y48,ltSchlepper,Maschinen!$P$6,FALSE))=TRUE,0,VLOOKUP(Y48,ltSchlepper,Maschinen!$P$6,FALSE)*AA48*IF(ISBLANK(AC48),1,AC48)))","v":0},0,{"$f":"(IF(ISNA(VLOOKUP(AE48,ltSchlepper,Maschinen!$K$6,FALSE))=TRUE,0,VLOOKUP(AE48,ltSchlepper,Maschinen!$K$6,FALSE)*AG48))","v":0},{"$f":"(IF(ISNA(VLOOKUP(AE48,ltSchlepper,Maschinen!$L$6,FALSE))=TRUE,0,VLOOKUP(AE48,ltSchlepper,Maschinen!$L$6,FALSE)*AG48))","v":0},{"$f":"(IF(ISNA(VLOOKUP(AE48,ltSchlepper,Maschinen!$M$6,FALSE))=TRUE,0,VLOOKUP(AE48,ltSchlepper,Maschinen!$M$6,FALSE)*AG48))","v":0},{"$f":"(IF(ISNA(VLOOKUP(AE48,ltSchlepper,Maschinen!$N$6,FALSE))=TRUE,0,VLOOKUP(AE48,ltSchlepper,Maschinen!$N$6,FALSE)*AG48*IF(ISBLANK(AI48),1,AI48)))","v":0},{"$f":"(IF(ISNA(VLOOKUP(AE48,ltSchlepper,Maschinen!$O$6,FALSE))=TRUE,0,VLOOKUP(AE48,ltSchlepper,Maschinen!$O$6,FALSE)*AG48*IF(ISBLANK(AI48),1,AI48)))","v":0},{"$f":"(IF(ISNA(VLOOKUP(AE48,ltSchlepper,Maschinen!$P$6,FALSE))=TRUE,0,VLOOKUP(AE48,ltSchlepper,Maschinen!$P$6,FALSE)*AG48*IF(ISBLANK(AI48),1,AI48)))","v":0},0,{"$f":"(IF(ISNA(VLOOKUP(AK48,ltSchlepper,Maschinen!$K$6,FALSE))=TRUE,0,VLOOKUP(AK48,ltSchlepper,Maschinen!$K$6,FALSE)*AM48))","v":0},{"$f":"(IF(ISNA(VLOOKUP(AK48,ltSchlepper,Maschinen!$L$6,FALSE))=TRUE,0,VLOOKUP(AK48,ltSchlepper,Maschinen!$L$6,FALSE)*AM48))","v":0},{"$f":"(IF(ISNA(VLOOKUP(AK48,ltSchlepper,Maschinen!$M$6,FALSE))=TRUE,0,VLOOKUP(AK48,ltSchlepper,Maschinen!$M$6,FALSE)*AM48))","v":0},{"$f":"(IF(ISNA(VLOOKUP(AK48,ltSchlepper,Maschinen!$N$6,FALSE))=TRUE,0,VLOOKUP(AK48,ltSchlepper,Maschinen!$N$6,FALSE)*AM48*IF(ISBLANK(AO48),1,AO48)))","v":0},{"$f":"(IF(ISNA(VLOOKUP(AK48,ltSchlepper,Maschinen!$O$6,FALSE))=TRUE,0,VLOOKUP(AK48,ltSchlepper,Maschinen!$O$6,FALSE)*AM48*IF(ISBLANK(AO48),1,AO48)))","v":0},{"$f":"(IF(ISNA(VLOOKUP(AK48,ltSchlepper,Maschinen!$P$6,FALSE))=TRUE,0,VLOOKUP(AK48,ltSchlepper,Maschinen!$P$6,FALSE)*AM48*IF(ISBLANK(AO48),1,AO48)))","v":0},0,{"$f":"(IF(ISNA(VLOOKUP(AQ48,ltSchlepper,Maschinen!$K$6,FALSE))=TRUE,0,VLOOKUP(AQ48,ltSchlepper,Maschinen!$K$6,FALSE)*AS48))","v":0},{"$f":"(IF(ISNA(VLOOKUP(AQ48,ltSchlepper,Maschinen!$L$6,FALSE))=TRUE,0,VLOOKUP(AQ48,ltSchlepper,Maschinen!$L$6,FALSE)*AS48))","v":0},{"$f":"(IF(ISNA(VLOOKUP(AQ48,ltSchlepper,Maschinen!$M$6,FALSE))=TRUE,0,VLOOKUP(AQ48,ltSchlepper,Maschinen!$M$6,FALSE)*AS48))","v":0},{"$f":"(IF(ISNA(VLOOKUP(AQ48,ltSchlepper,Maschinen!$N$6,FALSE))=TRUE,0,VLOOKUP(AQ48,ltSchlepper,Maschinen!$N$6,FALSE)*AS48*IF(ISBLANK(AU48),1,AU48)))","v":0},{"$f":"(IF(ISNA(VLOOKUP(AQ48,ltSchlepper,Maschinen!$O$6,FALSE))=TRUE,0,VLOOKUP(AQ48,ltSchlepper,Maschinen!$O$6,FALSE)*AS48*IF(ISBLANK(AU48),1,AU48)))","v":0},{"$f":"(IF(ISNA(VLOOKUP(AQ48,ltSchlepper,Maschinen!$P$6,FALSE))=TRUE,0,VLOOKUP(AQ48,ltSchlepper,Maschinen!$P$6,FALSE)*AS48*IF(ISBLANK(AU48),1,AU48)))","v":0},0,{"$f":"(IF(ISNA(VLOOKUP(Y48,ltSchlepper,Maschinen!$AA$6,FALSE))=TRUE,0,VLOOKUP(Y48,ltSchlepper,Maschinen!$AA$6,FALSE)*AA48))","v":0},{"$f":"(IF(ISNA(VLOOKUP(Y48,ltSchlepper,Maschinen!$AB$6,FALSE))=TRUE,0,VLOOKUP(Y48,ltSchlepper,Maschinen!$AB$6,FALSE)*AA48))","v":0},{"$f":"(IF(ISNA(VLOOKUP(Y48,ltSchlepper,Maschinen!$AC$6,FALSE))=TRUE,0,VLOOKUP(Y48,ltSchlepper,Maschinen!$AC$6,FALSE)*AA48))","v":0},0,{"$f":"(IF(ISNA(VLOOKUP(AE48,ltSchlepper,Maschinen!$AA$6,FALSE))=TRUE,0,VLOOKUP(AE48,ltSchlepper,Maschinen!$AA$6,FALSE)*AG48))","v":0},{"$f":"(IF(ISNA(VLOOKUP(AE48,ltSchlepper,Maschinen!$AB$6,FALSE))=TRUE,0,VLOOKUP(AE48,ltSchlepper,Maschinen!$AB$6,FALSE)*AG48))","v":0},{"$f":"(IF(ISNA(VLOOKUP(AE48,ltSchlepper,Maschinen!$AC$6,FALSE))=TRUE,0,VLOOKUP(AE48,ltSchlepper,Maschinen!$AC$6,FALSE)*AG48))","v":0},0,{"$f":"(IF(ISNA(VLOOKUP(AK48,ltSchlepper,Maschinen!$AA$6,FALSE))=TRUE,0,VLOOKUP(AK48,ltSchlepper,Maschinen!$AA$6,FALSE)*AM48))","v":0},{"$f":"(IF(ISNA(VLOOKUP(AK48,ltSchlepper,Maschinen!$AB$6,FALSE))=TRUE,0,VLOOKUP(AK48,ltSchlepper,Maschinen!$AB$6,FALSE)*AM48))","v":0},{"$f":"(IF(ISNA(VLOOKUP(AK48,ltSchlepper,Maschinen!$AC$6,FALSE))=TRUE,0,VLOOKUP(AK48,ltSchlepper,Maschinen!$AC$6,FALSE)*AM48))","v":0},0,{"$f":"(IF(ISNA(VLOOKUP(AQ48,ltSchlepper,Maschinen!$AA$6,FALSE))=TRUE,0,VLOOKUP(AQ48,ltSchlepper,Maschinen!$AA$6,FALSE)*AS48))","v":0},{"$f":"(IF(ISNA(VLOOKUP(AQ48,ltSchlepper,Maschinen!$AB$6,FALSE))=TRUE,0,VLOOKUP(AQ48,ltSchlepper,Maschinen!$AB$6,FALSE)*AS48))","v":0},{"$f":"(IF(ISNA(VLOOKUP(AQ48,ltSchlepper,Maschinen!$AC$6,FALSE))=TRUE,0,VLOOKUP(AQ48,ltSchlepper,Maschinen!$AC$6,FALSE)*AS48))","v":0},0]
[null,21320,"",null,null,null,null,null,0,0,0,0.1,0,{"$f":"M49*Interest","v":0},null,null,0,{"$f":"Q49*Lohnanspruch","v":0},{"$f":"J49+N49+R49","v":0},{"$f":"K49-N49-R49","v":0},0,{"$f":"H49+I49+N49+R49+U49","v":0},0,null,null,"",null,"",null,0,null,"",null,"",null,0,null,"",null,"",null,0,null,"",null,"",null,0,{"$f":"BL49+BS49+BZ49+CG49","v":0},{"$f":"BI49+BP49+BW49+CD49","v":0},{"$f":"BJ49+BQ49+BX49+CE49","v":0},{"$f":"BK49+BR49+BY49+CF49","v":0},{"$f":"BM49+BT49+CA49+CH49","v":0},{"$f":"BN49+BU49+CB49+CI49","v":0},{"$f":"SUM(AX49:AZ49,BA49:BB49)","v":0},{"$f":"CK49+CO49+CS49+CW49","v":0},{"$f":"CL49+CP49+CT49+CX49","v":0},{"$f":"CM49+CQ49+CU49+CY49","v":0},{"$f":"CN49+CR49+CV49+CZ49","v":0},{"$f":"BG49+BC49","v":0},{"$f":"(IF(ISNA(VLOOKUP(Y49,ltSchlepper,Maschinen!$K$6,FALSE))=TRUE,0,VLOOKUP(Y49,ltSchlepper,Maschinen!$K$6,FALSE)*AA49))","v":0},{"$f":"(IF(ISNA(VLOOKUP(Y49,ltSchlepper,Maschinen!$L$6,FALSE))=TRUE,0,VLOOKUP(Y49,ltSchlepper,Maschinen!$L$6,FALSE)*AA49))","v":0},{"$f":"(IF(ISNA(VLOOKUP(Y49,ltSchlepper,Maschinen!$M$6,FALSE))=TRUE,0,VLOOKUP(Y49,ltSchlepper,Maschinen!$M$6,FALSE)*AA49))","v":0},{"$f":"(IF(ISNA(VLOOKUP(Y49,ltSchlepper,Maschinen!$N$6,FALSE))=TRUE,0,VLOOKUP(Y49,ltSchlepper,Maschinen!$N$6,FALSE)*AA49*IF(ISBLANK(AC49),1,AC49)))","v":0},{"$f":"(IF(ISNA(VLOOKUP(Y49,ltSchlepper,Maschinen!$O$6,FALSE))=TRUE,0,VLOOKUP(Y49,ltSchlepper,Maschinen!$O$6,FALSE)*AA49*IF(ISBLANK(AC49),1,AC49)))","v":0},{"$f":"(IF(ISNA(VLOOKUP(Y49,ltSchlepper,Maschinen!$P$6,FALSE))=TRUE,0,VLOOKUP(Y49,ltSchlepper,Maschinen!$P$6,FALSE)*AA49*IF(ISBLANK(AC49),1,AC49)))","v":0},0,{"$f":"(IF(ISNA(VLOOKUP(AE49,ltSchlepper,Maschinen!$K$6,FALSE))=TRUE,0,VLOOKUP(AE49,ltSchlepper,Maschinen!$K$6,FALSE)*AG49))","v":0},{"$f":"(IF(ISNA(VLOOKUP(AE49,ltSchlepper,Maschinen!$L$6,FALSE))=TRUE,0,VLOOKUP(AE49,ltSchlepper,Maschinen!$L$6,FALSE)*AG49))","v":0},{"$f":"(IF(ISNA(VLOOKUP(AE49,ltSchlepper,Maschinen!$M$6,FALSE))=TRUE,0,VLOOKUP(AE49,ltSchlepper,Maschinen!$M$6,FALSE)*AG49))","v":0},{"$f":"(IF(ISNA(VLOOKUP(AE49,ltSchlepper,Maschinen!$N$6,FALSE))=TRUE,0,VLOOKUP(AE49,ltSchlepper,Maschinen!$N$6,FALSE)*AG49*IF(ISBLANK(AI49),1,AI49)))","v":0},{"$f":"(IF(ISNA(VLOOKUP(AE49,ltSchlepper,Maschinen!$O$6,FALSE))=TRUE,0,VLOOKUP(AE49,ltSchlepper,Maschinen!$O$6,FALSE)*AG49*IF(ISBLANK(AI49),1,AI49)))","v":0},{"$f":"(IF(ISNA(VLOOKUP(AE49,ltSchlepper,Maschinen!$P$6,FALSE))=TRUE,0,VLOOKUP(AE49,ltSchlepper,Maschinen!$P$6,FALSE)*AG49*IF(ISBLANK(AI49),1,AI49)))","v":0},0,{"$f":"(IF(ISNA(VLOOKUP(AK49,ltSchlepper,Maschinen!$K$6,FALSE))=TRUE,0,VLOOKUP(AK49,ltSchlepper,Maschinen!$K$6,FALSE)*AM49))","v":0},{"$f":"(IF(ISNA(VLOOKUP(AK49,ltSchlepper,Maschinen!$L$6,FALSE))=TRUE,0,VLOOKUP(AK49,ltSchlepper,Maschinen!$L$6,FALSE)*AM49))","v":0},{"$f":"(IF(ISNA(VLOOKUP(AK49,ltSchlepper,Maschinen!$M$6,FALSE))=TRUE,0,VLOOKUP(AK49,ltSchlepper,Maschinen!$M$6,FALSE)*AM49))","v":0},{"$f":"(IF(ISNA(VLOOKUP(AK49,ltSchlepper,Maschinen!$N$6,FALSE))=TRUE,0,VLOOKUP(AK49,ltSchlepper,Maschinen!$N$6,FALSE)*AM49*IF(ISBLANK(AO49),1,AO49)))","v":0},{"$f":"(IF(ISNA(VLOOKUP(AK49,ltSchlepper,Maschinen!$O$6,FALSE))=TRUE,0,VLOOKUP(AK49,ltSchlepper,Maschinen!$O$6,FALSE)*AM49*IF(ISBLANK(AO49),1,AO49)))","v":0},{"$f":"(IF(ISNA(VLOOKUP(AK49,ltSchlepper,Maschinen!$P$6,FALSE))=TRUE,0,VLOOKUP(AK49,ltSchlepper,Maschinen!$P$6,FALSE)*AM49*IF(ISBLANK(AO49),1,AO49)))","v":0},0,{"$f":"(IF(ISNA(VLOOKUP(AQ49,ltSchlepper,Maschinen!$K$6,FALSE))=TRUE,0,VLOOKUP(AQ49,ltSchlepper,Maschinen!$K$6,FALSE)*AS49))","v":0},{"$f":"(IF(ISNA(VLOOKUP(AQ49,ltSchlepper,Maschinen!$L$6,FALSE))=TRUE,0,VLOOKUP(AQ49,ltSchlepper,Maschinen!$L$6,FALSE)*AS49))","v":0},{"$f":"(IF(ISNA(VLOOKUP(AQ49,ltSchlepper,Maschinen!$M$6,FALSE))=TRUE,0,VLOOKUP(AQ49,ltSchlepper,Maschinen!$M$6,FALSE)*AS49))","v":0},{"$f":"(IF(ISNA(VLOOKUP(AQ49,ltSchlepper,Maschinen!$N$6,FALSE))=TRUE,0,VLOOKUP(AQ49,ltSchlepper,Maschinen!$N$6,FALSE)*AS49*IF(ISBLANK(AU49),1,AU49)))","v":0},{"$f":"(IF(ISNA(VLOOKUP(AQ49,ltSchlepper,Maschinen!$O$6,FALSE))=TRUE,0,VLOOKUP(AQ49,ltSchlepper,Maschinen!$O$6,FALSE)*AS49*IF(ISBLANK(AU49),1,AU49)))","v":0},{"$f":"(IF(ISNA(VLOOKUP(AQ49,ltSchlepper,Maschinen!$P$6,FALSE))=TRUE,0,VLOOKUP(AQ49,ltSchlepper,Maschinen!$P$6,FALSE)*AS49*IF(ISBLANK(AU49),1,AU49)))","v":0},0,{"$f":"(IF(ISNA(VLOOKUP(Y49,ltSchlepper,Maschinen!$AA$6,FALSE))=TRUE,0,VLOOKUP(Y49,ltSchlepper,Maschinen!$AA$6,FALSE)*AA49))","v":0},{"$f":"(IF(ISNA(VLOOKUP(Y49,ltSchlepper,Maschinen!$AB$6,FALSE))=TRUE,0,VLOOKUP(Y49,ltSchlepper,Maschinen!$AB$6,FALSE)*AA49))","v":0},{"$f":"(IF(ISNA(VLOOKUP(Y49,ltSchlepper,Maschinen!$AC$6,FALSE))=TRUE,0,VLOOKUP(Y49,ltSchlepper,Maschinen!$AC$6,FALSE)*AA49))","v":0},0,{"$f":"(IF(ISNA(VLOOKUP(AE49,ltSchlepper,Maschinen!$AA$6,FALSE))=TRUE,0,VLOOKUP(AE49,ltSchlepper,Maschinen!$AA$6,FALSE)*AG49))","v":0},{"$f":"(IF(ISNA(VLOOKUP(AE49,ltSchlepper,Maschinen!$AB$6,FALSE))=TRUE,0,VLOOKUP(AE49,ltSchlepper,Maschinen!$AB$6,FALSE)*AG49))","v":0},{"$f":"(IF(ISNA(VLOOKUP(AE49,ltSchlepper,Maschinen!$AC$6,FALSE))=TRUE,0,VLOOKUP(AE49,ltSchlepper,Maschinen!$AC$6,FALSE)*AG49))","v":0},0,{"$f":"(IF(ISNA(VLOOKUP(AK49,ltSchlepper,Maschinen!$AA$6,FALSE))=TRUE,0,VLOOKUP(AK49,ltSchlepper,Maschinen!$AA$6,FALSE)*AM49))","v":0},{"$f":"(IF(ISNA(VLOOKUP(AK49,ltSchlepper,Maschinen!$AB$6,FALSE))=TRUE,0,VLOOKUP(AK49,ltSchlepper,Maschinen!$AB$6,FALSE)*AM49))","v":0},{"$f":"(IF(ISNA(VLOOKUP(AK49,ltSchlepper,Maschinen!$AC$6,FALSE))=TRUE,0,VLOOKUP(AK49,ltSchlepper,Maschinen!$AC$6,FALSE)*AM49))","v":0},0,{"$f":"(IF(ISNA(VLOOKUP(AQ49,ltSchlepper,Maschinen!$AA$6,FALSE))=TRUE,0,VLOOKUP(AQ49,ltSchlepper,Maschinen!$AA$6,FALSE)*AS49))","v":0},{"$f":"(IF(ISNA(VLOOKUP(AQ49,ltSchlepper,Maschinen!$AB$6,FALSE))=TRUE,0,VLOOKUP(AQ49,ltSchlepper,Maschinen!$AB$6,FALSE)*AS49))","v":0},{"$f":"(IF(ISNA(VLOOKUP(AQ49,ltSchlepper,Maschinen!$AC$6,FALSE))=TRUE,0,VLOOKUP(AQ49,ltSchlepper,Maschinen!$AC$6,FALSE)*AS49))","v":0},0]
[null,null,"DÜNGUNG",null,null,null,null,null,0,0,0,null,0,0,null,null,0,0,0,0,0,0,0,null,null,null,null,null,null,{"$f":"IF(ISNA(VLOOKUP(Y50,ltSchlepper,SchKraftstoffVerb,FALSE))=TRUE,0,VLOOKUP(Y50,ltSchlepper,SchKraftstoffVerb,FALSE)*IF(ISBLANK(AC50),1,AC50)*AA50)","v":0},null,null,null,null,null,{"$f":"IF(ISNA(VLOOKUP(AE50,ltSchlepper,SchKraftstoffVerb,FALSE))=TRUE,0,VLOOKUP(AE50,ltSchlepper,SchKraftstoffVerb,FALSE)*IF(ISBLANK(AI50),1,AI50)*AG50)","v":0},null,null,null,null,null,{"$f":"IF(ISNA(VLOOKUP(AK50,ltSchlepper,SchKraftstoffVerb,FALSE))=TRUE,0,VLOOKUP(AK50,ltSchlepper,SchKraftstoffVerb,FALSE)*IF(ISBLANK(AO50),1,AO50)*AM50)","v":0},null,null,null,null,null,{"$f":"IF(ISNA(VLOOKUP(AQ50,ltSchlepper,SchKraftstoffVerb,FALSE))=TRUE,0,VLOOKUP(AQ50,ltSchlepper,SchKraftstoffVerb,FALSE)*IF(ISBLANK(AU50),1,AU50)*AS50)","v":0},0,0,0,0,0,0,0,0,0,0,0,0,{"$f":"(IF(ISNA(VLOOKUP(Y50,ltSchlepper,Maschinen!$K$6,FALSE))=TRUE,0,VLOOKUP(Y50,ltSchlepper,Maschinen!$K$6,FALSE)*AA50))","v":0},{"$f":"(IF(ISNA(VLOOKUP(Y50,ltSchlepper,Maschinen!$L$6,FALSE))=TRUE,0,VLOOKUP(Y50,ltSchlepper,Maschinen!$L$6,FALSE)*AA50))","v":0},{"$f":"(IF(ISNA(VLOOKUP(Y50,ltSchlepper,Maschinen!$M$6,FALSE))=TRUE,0,VLOOKUP(Y50,ltSchlepper,Maschinen!$M$6,FALSE)*AA50))","v":0},{"$f":"(IF(ISNA(VLOOKUP(Y50,ltSchlepper,Maschinen!$N$6,FALSE))=TRUE,0,VLOOKUP(Y50,ltSchlepper,Maschinen!$N$6,FALSE)*AA50*IF(ISBLANK(AC50),1,AC50)))","v":0},{"$f":"(IF(ISNA(VLOOKUP(Y50,ltSchlepper,Maschinen!$O$6,FALSE))=TRUE,0,VLOOKUP(Y50,ltSchlepper,Maschinen!$O$6,FALSE)*AA50*IF(ISBLANK(AC50),1,AC50)))","v":0},{"$f":"(IF(ISNA(VLOOKUP(Y50,ltSchlepper,Maschinen!$P$6,FALSE))=TRUE,0,VLOOKUP(Y50,ltSchlepper,Maschinen!$P$6,FALSE)*AA50*IF(ISBLANK(AC50),1,AC50)))","v":0},0,{"$f":"(IF(ISNA(VLOOKUP(AE50,ltSchlepper,Maschinen!$K$6,FALSE))=TRUE,0,VLOOKUP(AE50,ltSchlepper,Maschinen!$K$6,FALSE)*AG50))","v":0},{"$f":"(IF(ISNA(VLOOKUP(AE50,ltSchlepper,Maschinen!$L$6,FALSE))=TRUE,0,VLOOKUP(AE50,ltSchlepper,Maschinen!$L$6,FALSE)*AG50))","v":0},{"$f":"(IF(ISNA(VLOOKUP(AE50,ltSchlepper,Maschinen!$M$6,FALSE))=TRUE,0,VLOOKUP(AE50,ltSchlepper,Maschinen!$M$6,FALSE)*AG50))","v":0},{"$f":"(IF(ISNA(VLOOKUP(AE50,ltSchlepper,Maschinen!$N$6,FALSE))=TRUE,0,VLOOKUP(AE50,ltSchlepper,Maschinen!$N$6,FALSE)*AG50*IF(ISBLANK(AI50),1,AI50)))","v":0},{"$f":"(IF(ISNA(VLOOKUP(AE50,ltSchlepper,Maschinen!$O$6,FALSE))=TRUE,0,VLOOKUP(AE50,ltSchlepper,Maschinen!$O$6,FALSE)*AG50*IF(ISBLANK(AI50),1,AI50)))","v":0},{"$f":"(IF(ISNA(VLOOKUP(AE50,ltSchlepper,Maschinen!$P$6,FALSE))=TRUE,0,VLOOKUP(AE50,ltSchlepper,Maschinen!$P$6,FALSE)*AG50*IF(ISBLANK(AI50),1,AI50)))","v":0},0,{"$f":"(IF(ISNA(VLOOKUP(AK50,ltSchlepper,Maschinen!$K$6,FALSE))=TRUE,0,VLOOKUP(AK50,ltSchlepper,Maschinen!$K$6,FALSE)*AM50))","v":0},{"$f":"(IF(ISNA(VLOOKUP(AK50,ltSchlepper,Maschinen!$L$6,FALSE))=TRUE,0,VLOOKUP(AK50,ltSchlepper,Maschinen!$L$6,FALSE)*AM50))","v":0},{"$f":"(IF(ISNA(VLOOKUP(AK50,ltSchlepper,Maschinen!$M$6,FALSE))=TRUE,0,VLOOKUP(AK50,ltSchlepper,Maschinen!$M$6,FALSE)*AM50))","v":0},{"$f":"(IF(ISNA(VLOOKUP(AK50,ltSchlepper,Maschinen!$N$6,FALSE))=TRUE,0,VLOOKUP(AK50,ltSchlepper,Maschinen!$N$6,FALSE)*AM50*IF(ISBLANK(AO50),1,AO50)))","v":0},{"$f":"(IF(ISNA(VLOOKUP(AK50,ltSchlepper,Maschinen!$O$6,FALSE))=TRUE,0,VLOOKUP(AK50,ltSchlepper,Maschinen!$O$6,FALSE)*AM50*IF(ISBLANK(AO50),1,AO50)))","v":0},{"$f":"(IF(ISNA(VLOOKUP(AK50,ltSchlepper,Maschinen!$P$6,FALSE))=TRUE,0,VLOOKUP(AK50,ltSchlepper,Maschinen!$P$6,FALSE)*AM50*IF(ISBLANK(AO50),1,AO50)))","v":0},0,{"$f":"(IF(ISNA(VLOOKUP(AQ50,ltSchlepper,Maschinen!$K$6,FALSE))=TRUE,0,VLOOKUP(AQ50,ltSchlepper,Maschinen!$K$6,FALSE)*AS50))","v":0},{"$f":"(IF(ISNA(VLOOKUP(AQ50,ltSchlepper,Maschinen!$L$6,FALSE))=TRUE,0,VLOOKUP(AQ50,ltSchlepper,Maschinen!$L$6,FALSE)*AS50))","v":0},{"$f":"(IF(ISNA(VLOOKUP(AQ50,ltSchlepper,Maschinen!$M$6,FALSE))=TRUE,0,VLOOKUP(AQ50,ltSchlepper,Maschinen!$M$6,FALSE)*AS50))","v":0},{"$f":"(IF(ISNA(VLOOKUP(AQ50,ltSchlepper,Maschinen!$N$6,FALSE))=TRUE,0,VLOOKUP(AQ50,ltSchlepper,Maschinen!$N$6,FALSE)*AS50*IF(ISBLANK(AU50),1,AU50)))","v":0},{"$f":"(IF(ISNA(VLOOKUP(AQ50,ltSchlepper,Maschinen!$O$6,FALSE))=TRUE,0,VLOOKUP(AQ50,ltSchlepper,Maschinen!$O$6,FALSE)*AS50*IF(ISBLANK(AU50),1,AU50)))","v":0},{"$f":"(IF(ISNA(VLOOKUP(AQ50,ltSchlepper,Maschinen!$P$6,FALSE))=TRUE,0,VLOOKUP(AQ50,ltSchlepper,Maschinen!$P$6,FALSE)*AS50*IF(ISBLANK(AU50),1,AU50)))","v":0},0,{"$f":"(IF(ISNA(VLOOKUP(Y50,ltSchlepper,Maschinen!$AA$6,FALSE))=TRUE,0,VLOOKUP(Y50,ltSchlepper,Maschinen!$AA$6,FALSE)*AA50))","v":0},{"$f":"(IF(ISNA(VLOOKUP(Y50,ltSchlepper,Maschinen!$AB$6,FALSE))=TRUE,0,VLOOKUP(Y50,ltSchlepper,Maschinen!$AB$6,FALSE)*AA50))","v":0},{"$f":"(IF(ISNA(VLOOKUP(Y50,ltSchlepper,Maschinen!$AC$6,FALSE))=TRUE,0,VLOOKUP(Y50,ltSchlepper,Maschinen!$AC$6,FALSE)*AA50))","v":0},0,{"$f":"(IF(ISNA(VLOOKUP(AE50,ltSchlepper,Maschinen!$AA$6,FALSE))=TRUE,0,VLOOKUP(AE50,ltSchlepper,Maschinen!$AA$6,FALSE)*AG50))","v":0},{"$f":"(IF(ISNA(VLOOKUP(AE50,ltSchlepper,Maschinen!$AB$6,FALSE))=TRUE,0,VLOOKUP(AE50,ltSchlepper,Maschinen!$AB$6,FALSE)*AG50))","v":0},{"$f":"(IF(ISNA(VLOOKUP(AE50,ltSchlepper,Maschinen!$AC$6,FALSE))=TRUE,0,VLOOKUP(AE50,ltSchlepper,Maschinen!$AC$6,FALSE)*AG50))","v":0},0,{"$f":"(IF(ISNA(VLOOKUP(AK50,ltSchlepper,Maschinen!$AA$6,FALSE))=TRUE,0,VLOOKUP(AK50,ltSchlepper,Maschinen!$AA$6,FALSE)*AM50))","v":0},{"$f":"(IF(ISNA(VLOOKUP(AK50,ltSchlepper,Maschinen!$AB$6,FALSE))=TRUE,0,VLOOKUP(AK50,ltSchlepper,Maschinen!$AB$6,FALSE)*AM50))","v":0},{"$f":"(IF(ISNA(VLOOKUP(AK50,ltSchlepper,Maschinen!$AC$6,FALSE))=TRUE,0,VLOOKUP(AK50,ltSchlepper,Maschinen!$AC$6,FALSE)*AM50))","v":0},0,{"$f":"(IF(ISNA(VLOOKUP(AQ50,ltSchlepper,Maschinen!$AA$6,FALSE))=TRUE,0,VLOOKUP(AQ50,ltSchlepper,Maschinen!$AA$6,FALSE)*AS50))","v":0},{"$f":"(IF(ISNA(VLOOKUP(AQ50,ltSchlepper,Maschinen!$AB$6,FALSE))=TRUE,0,VLOOKUP(AQ50,ltSchlepper,Maschinen!$AB$6,FALSE)*AS50))","v":0},{"$f":"(IF(ISNA(VLOOKUP(AQ50,ltSchlepper,Maschinen!$AC$6,FALSE))=TRUE,0,VLOOKUP(AQ50,ltSchlepper,Maschinen!$AC$6,FALSE)*AS50))","v":0},0]
[null,21411,"*Kalkstreuen","t",null,20,null,null,4.4908599999999996,4.4908599999999996,15.50914,0.1,0.44908599999999999,1.347258E-2,0.3,0.05,0.35,8.75,13.25433258,6.7456674200000002,0,13.25433258,6.7456674200000002,null,11221,{"$f":"IF(ISNA(VLOOKUP(Y51,ltSchlepper,2,FALSE))=TRUE,\"\",VLOOKUP(Y51,ltSchlepper,2,FALSE))","v":"*S1 Allradschlepper 67kW/91PS Schaltgetriebe"},0.3,{"$f":"IF(ISNA(VLOOKUP(Y51,ltSchlepper,3,FALSE))=TRUE,\"\",VLOOKUP(Y51,ltSchlepper,3,FALSE))","v":"h"},1,2.34,11716,{"$f":"IF(ISNA(VLOOKUP(AE51,ltSchlepper,2,FALSE))=TRUE,\"\",VLOOKUP(AE51,ltSchlepper,2,FALSE))","v":"*Düngerstreuer angeh. 8m³"},1,{"$f":"IF(ISNA(VLOOKUP(AE51,ltSchlepper,3,FALSE))=TRUE,\"\",VLOOKUP(AE51,ltSchlepper,3,FALSE))","v":"t"},1,0,null,{"$f":"IF(ISNA(VLOOKUP(AK51,ltSchlepper,2,FALSE))=TRUE,\"\",VLOOKUP(AK51,ltSchlepper,2,FALSE))","v":""},null,{"$f":"IF(ISNA(VLOOKUP(AK51,ltSchlepper,3,FALSE))=TRUE,\"\",VLOOKUP(AK51,ltSchlepper,3,FALSE))","v":""},null,0,null,{"$f":"IF(ISNA(VLOOKUP(AQ51,ltSchlepper,2,FALSE))=TRUE,\"\",VLOOKUP(AQ51,ltSchlepper,2,FALSE))","v":""},null,{"$f":"IF(ISNA(VLOOKUP(AQ51,ltSchlepper,3,FALSE))=TRUE,\"\",VLOOKUP(AQ51,ltSchlepper,3,FALSE))","v":""},null,0,2.34,2.2000000000000002,0,0,2.2229999999999999,6.785999999999999E-2,4.4908599999999996,0,0,0,0,4.4908599999999996,{"$f":"(IF(ISNA(VLOOKUP(Y51,ltSchlepper,Maschinen!$K$6,FALSE))=TRUE,0,VLOOKUP(Y51,ltSchlepper,Maschinen!$K$6,FALSE)*AA51))","v":1.95},{"$f":"(IF(ISNA(VLOOKUP(Y51,ltSchlepper,Maschinen!$L$6,FALSE))=TRUE,0,VLOOKUP(Y51,ltSchlepper,Maschinen!$L$6,FALSE)*AA51))","v":0},{"$f":"(IF(ISNA(VLOOKUP(Y51,ltSchlepper,Maschinen!$M$6,FALSE))=TRUE,0,VLOOKUP(Y51,ltSchlepper,Maschinen!$M$6,FALSE)*AA51))","v":0},{"$f":"(IF(ISNA(VLOOKUP(Y51,ltSchlepper,Maschinen!$N$6,FALSE))=TRUE,0,VLOOKUP(Y51,ltSchlepper,Maschinen!$N$6,FALSE)*AA51*IF(ISBLANK(AC51),1,AC51)))","v":2.34},{"$f":"(IF(ISNA(VLOOKUP(Y51,ltSchlepper,Maschinen!$O$6,FALSE))=TRUE,0,VLOOKUP(Y51,ltSchlepper,Maschinen!$O$6,FALSE)*AA51*IF(ISBLANK(AC51),1,AC51)))","v":2.2229999999999999},{"$f":"(IF(ISNA(VLOOKUP(Y51,ltSchlepper,Maschinen!$P$6,FALSE))=TRUE,0,VLOOKUP(Y51,ltSchlepper,Maschinen!$P$6,FALSE)*AA51*IF(ISBLANK(AC51),1,AC51)))","v":6.785999999999999E-2},4.2408599999999996,{"$f":"(IF(ISNA(VLOOKUP(AE51,ltSchlepper,Maschinen!$K$6,FALSE))=TRUE,0,VLOOKUP(AE51,ltSchlepper,Maschinen!$K$6,FALSE)*AG51))","v":0.25},{"$f":"(IF(ISNA(VLOOKUP(AE51,ltSchlepper,Maschinen!$L$6,FALSE))=TRUE,0,VLOOKUP(AE51,ltSchlepper,Maschinen!$L$6,FALSE)*AG51))","v":0},{"$f":"(IF(ISNA(VLOOKUP(AE51,ltSchlepper,Maschinen!$M$6,FALSE))=TRUE,0,VLOOKUP(AE51,ltSchlepper,Maschinen!$M$6,FALSE)*AG51))","v":0},{"$f":"(IF(ISNA(VLOOKUP(AE51,ltSchlepper,Maschinen!$N$6,FALSE))=TRUE,0,VLOOKUP(AE51,ltSchlepper,Maschinen!$N$6,FALSE)*AG51*IF(ISBLANK(AI51),1,AI51)))","v":0},{"$f":"(IF(ISNA(VLOOKUP(AE51,ltSchlepper,Maschinen!$O$6,FALSE))=TRUE,0,VLOOKUP(AE51,ltSchlepper,Maschinen!$O$6,FALSE)*AG51*IF(ISBLANK(AI51),1,AI51)))","v":0},{"$f":"(IF(ISNA(VLOOKUP(AE51,ltSchlepper,Maschinen!$P$6,FALSE))=TRUE,0,VLOOKUP(AE51,ltSchlepper,Maschinen!$P$6,FALSE)*AG51*IF(ISBLANK(AI51),1,AI51)))","v":0},0.25,{"$f":"(IF(ISNA(VLOOKUP(AK51,ltSchlepper,Maschinen!$K$6,FALSE))=TRUE,0,VLOOKUP(AK51,ltSchlepper,Maschinen!$K$6,FALSE)*AM51))","v":0},{"$f":"(IF(ISNA(VLOOKUP(AK51,ltSchlepper,Maschinen!$L$6,FALSE))=TRUE,0,VLOOKUP(AK51,ltSchlepper,Maschinen!$L$6,FALSE)*AM51))","v":0},{"$f":"(IF(ISNA(VLOOKUP(AK51,ltSchlepper,Maschinen!$M$6,FALSE))=TRUE,0,VLOOKUP(AK51,ltSchlepper,Maschinen!$M$6,FALSE)*AM51))","v":0},{"$f":"(IF(ISNA(VLOOKUP(AK51,ltSchlepper,Maschinen!$N$6,FALSE))=TRUE,0,VLOOKUP(AK51,ltSchlepper,Maschinen!$N$6,FALSE)*AM51*IF(ISBLANK(AO51),1,AO51)))","v":0},{"$f":"(IF(ISNA(VLOOKUP(AK51,ltSchlepper,Maschinen!$O$6,FALSE))=TRUE,0,VLOOKUP(AK51,ltSchlepper,Maschinen!$O$6,FALSE)*AM51*IF(ISBLANK(AO51),1,AO51)))","v":0},{"$f":"(IF(ISNA(VLOOKUP(AK51,ltSchlepper,Maschinen!$P$6,FALSE))=TRUE,0,VLOOKUP(AK51,ltSchlepper,Maschinen!$P$6,FALSE)*AM51*IF(ISBLANK(AO51),1,AO51)))","v":0},0,{"$f":"(IF(ISNA(VLOOKUP(AQ51,ltSchlepper,Maschinen!$K$6,FALSE))=TRUE,0,VLOOKUP(AQ51,ltSchlepper,Maschinen!$K$6,FALSE)*AS51))","v":0},{"$f":"(IF(ISNA(VLOOKUP(AQ51,ltSchlepper,Maschinen!$L$6,FALSE))=TRUE,0,VLOOKUP(AQ51,ltSchlepper,Maschinen!$L$6,FALSE)*AS51))","v":0},{"$f":"(IF(ISNA(VLOOKUP(AQ51,ltSchlepper,Maschinen!$M$6,FALSE))=TRUE,0,VLOOKUP(AQ51,ltSchlepper,Maschinen!$M$6,FALSE)*AS51))","v":0},{"$f":"(IF(ISNA(VLOOKUP(AQ51,ltSchlepper,Maschinen!$N$6,FALSE))=TRUE,0,VLOOKUP(AQ51,ltSchlepper,Maschinen!$N$6,FALSE)*AS51*IF(ISBLANK(AU51),1,AU51)))","v":0},{"$f":"(IF(ISNA(VLOOKUP(AQ51,ltSchlepper,Maschinen!$O$6,FALSE))=TRUE,0,VLOOKUP(AQ51,ltSchlepper,Maschinen!$O$6,FALSE)*AS51*IF(ISBLANK(AU51),1,AU51)))","v":0},{"$f":"(IF(ISNA(VLOOKUP(AQ51,ltSchlepper,Maschinen!$P$6,FALSE))=TRUE,0,VLOOKUP(AQ51,ltSchlepper,Maschinen!$P$6,FALSE)*AS51*IF(ISBLANK(AU51),1,AU51)))","v":0},0,{"$f":"(IF(ISNA(VLOOKUP(Y51,ltSchlepper,Maschinen!$AA$6,FALSE))=TRUE,0,VLOOKUP(Y51,ltSchlepper,Maschinen!$AA$6,FALSE)*AA51))","v":0},{"$f":"(IF(ISNA(VLOOKUP(Y51,ltSchlepper,Maschinen!$AB$6,FALSE))=TRUE,0,VLOOKUP(Y51,ltSchlepper,Maschinen!$AB$6,FALSE)*AA51))","v":0},{"$f":"(IF(ISNA(VLOOKUP(Y51,ltSchlepper,Maschinen!$AC$6,FALSE))=TRUE,0,VLOOKUP(Y51,ltSchlepper,Maschinen!$AC$6,FALSE)*AA51))","v":0},0,{"$f":"(IF(ISNA(VLOOKUP(AE51,ltSchlepper,Maschinen!$AA$6,FALSE))=TRUE,0,VLOOKUP(AE51,ltSchlepper,Maschinen!$AA$6,FALSE)*AG51))","v":0},{"$f":"(IF(ISNA(VLOOKUP(AE51,ltSchlepper,Maschinen!$AB$6,FALSE))=TRUE,0,VLOOKUP(AE51,ltSchlepper,Maschinen!$AB$6,FALSE)*AG51))","v":0},{"$f":"(IF(ISNA(VLOOKUP(AE51,ltSchlepper,Maschinen!$AC$6,FALSE))=TRUE,0,VLOOKUP(AE51,ltSchlepper,Maschinen!$AC$6,FALSE)*AG51))","v":0},0,{"$f":"(IF(ISNA(VLOOKUP(AK51,ltSchlepper,Maschinen!$AA$6,FALSE))=TRUE,0,VLOOKUP(AK51,ltSchlepper,Maschinen!$AA$6,FALSE)*AM51))","v":0},{"$f":"(IF(ISNA(VLOOKUP(AK51,ltSchlepper,Maschinen!$AB$6,FALSE))=TRUE,0,VLOOKUP(AK51,ltSchlepper,Maschinen!$AB$6,FALSE)*AM51))","v":0},{"$f":"(IF(ISNA(VLOOKUP(AK51,ltSchlepper,Maschinen!$AC$6,FALSE))=TRUE,0,VLOOKUP(AK51,ltSchlepper,Maschinen!$AC$6,FALSE)*AM51))","v":0},0,{"$f":"(IF(ISNA(VLOOKUP(AQ51,ltSchlepper,Maschinen!$AA$6,FALSE))=TRUE,0,VLOOKUP(AQ51,ltSchlepper,Maschinen!$AA$6,FALSE)*AS51))","v":0},{"$f":"(IF(ISNA(VLOOKUP(AQ51,ltSchlepper,Maschinen!$AB$6,FALSE))=TRUE,0,VLOOKUP(AQ51,ltSchlepper,Maschinen!$AB$6,FALSE)*AS51))","v":0},{"$f":"(IF(ISNA(VLOOKUP(AQ51,ltSchlepper,Maschinen!$AC$6,FALSE))=TRUE,0,VLOOKUP(AQ51,ltSchlepper,Maschinen!$AC$6,FALSE)*AS51))","v":0},0]
[null,21419,"*Düngerstreuen 2 dt/ha","h","Zeitstd. inkl. Straßenfahrt und beladen",65,null,null,17.886199999999999,{"$f":"H52+I52","v":17.886199999999999},{"$f":"F52+G52-J52","v":47.113799999999998},0.1,{"$f":"(H52+I52)*L52","v":1.7886199999999999},5.3658599999999994E-2,1,0.1,{"$f":"O52+P52","v":1.1000000000000001},{"$f":"Q52*Lohnanspruch","v":27.500000000000004},{"$f":"J52+N52+R52","v":45.439858600000001},{"$f":"K52-N52-R52","v":19.560141399999996},{"$f":"BG52","v":0},{"$f":"H52+I52+N52+R52+U52","v":45.439858600000001},{"$f":"T52-U52","v":19.560141399999996},null,11221,{"$f":"IF(ISNA(VLOOKUP(Y52,ltSchlepper,2,FALSE))=TRUE,\"\",VLOOKUP(Y52,ltSchlepper,2,FALSE))","v":"*S1 Allradschlepper 67kW/91PS Schaltgetriebe"},1,{"$f":"IF(ISNA(VLOOKUP(Y52,ltSchlepper,3,FALSE))=TRUE,\"\",VLOOKUP(Y52,ltSchlepper,3,FALSE))","v":"h"},1,{"$f":"IF(ISNA(VLOOKUP(Y52,ltSchlepper,SchKraftstoffVerb,FALSE))=TRUE,0,VLOOKUP(Y52,ltSchlepper,SchKraftstoffVerb,FALSE)*IF(ISBLANK(AC52),1,AC52)*AA52)","v":7.8},11716,{"$f":"IF(ISNA(VLOOKUP(AE52,ltSchlepper,2,FALSE))=TRUE,\"\",VLOOKUP(AE52,ltSchlepper,2,FALSE))","v":"*Düngerstreuer angeh. 8m³"},15,{"$f":"IF(ISNA(VLOOKUP(AE52,ltSchlepper,3,FALSE))=TRUE,\"\",VLOOKUP(AE52,ltSchlepper,3,FALSE))","v":"t"},1,{"$f":"IF(ISNA(VLOOKUP(AE52,ltSchlepper,SchKraftstoffVerb,FALSE))=TRUE,0,VLOOKUP(AE52,ltSchlepper,SchKraftstoffVerb,FALSE)*IF(ISBLANK(AI52),1,AI52)*AG52)","v":0},null,{"$f":"IF(ISNA(VLOOKUP(AK52,ltSchlepper,2,FALSE))=TRUE,\"\",VLOOKUP(AK52,ltSchlepper,2,FALSE))","v":""},null,{"$f":"IF(ISNA(VLOOKUP(AK52,ltSchlepper,3,FALSE))=TRUE,\"\",VLOOKUP(AK52,ltSchlepper,3,FALSE))","v":""},null,0,null,{"$f":"IF(ISNA(VLOOKUP(AQ52,ltSchlepper,2,FALSE))=TRUE,\"\",VLOOKUP(AQ52,ltSchlepper,2,FALSE))","v":""},null,{"$f":"IF(ISNA(VLOOKUP(AQ52,ltSchlepper,3,FALSE))=TRUE,\"\",VLOOKUP(AQ52,ltSchlepper,3,FALSE))","v":""},null,0,{"$f":"BL52+BS52+BZ52+CG52","v":7.8},{"$f":"BI52+BP52+BW52+CD52","v":10.25},0,0,{"$f":"BM52+BT52+CA52+CH52","v":7.4099999999999993},0.22619999999999998,{"$f":"SUM(AX52:AZ52,BA52:BB52)","v":17.886199999999999},{"$f":"CK52+CO52+CS52+CW52","v":0},0,0,0,{"$f":"BG52+BC52","v":17.886199999999999},{"$f":"(IF(ISNA(VLOOKUP(Y52,ltSchlepper,Maschinen!$K$6,FALSE))=TRUE,0,VLOOKUP(Y52,ltSchlepper,Maschinen!$K$6,FALSE)*AA52))","v":6.5},{"$f":"(IF(ISNA(VLOOKUP(Y52,ltSchlepper,Maschinen!$L$6,FALSE))=TRUE,0,VLOOKUP(Y52,ltSchlepper,Maschinen!$L$6,FALSE)*AA52))","v":0},{"$f":"(IF(ISNA(VLOOKUP(Y52,ltSchlepper,Maschinen!$M$6,FALSE))=TRUE,0,VLOOKUP(Y52,ltSchlepper,Maschinen!$M$6,FALSE)*AA52))","v":0},{"$f":"(IF(ISNA(VLOOKUP(Y52,ltSchlepper,Maschinen!$N$6,FALSE))=TRUE,0,VLOOKUP(Y52,ltSchlepper,Maschinen!$N$6,FALSE)*AA52*IF(ISBLANK(AC52),1,AC52)))","v":7.8},{"$f":"(IF(ISNA(VLOOKUP(Y52,ltSchlepper,Maschinen!$O$6,FALSE))=TRUE,0,VLOOKUP(Y52,ltSchlepper,Maschinen!$O$6,FALSE)*AA52*IF(ISBLANK(AC52),1,AC52)))","v":7.4099999999999993},{"$f":"(IF(ISNA(VLOOKUP(Y52,ltSchlepper,Maschinen!$P$6,FALSE))=TRUE,0,VLOOKUP(Y52,ltSchlepper,Maschinen!$P$6,FALSE)*AA52*IF(ISBLANK(AC52),1,AC52)))","v":0.22619999999999998},{"$f":"SUM(BI52:BK52,BM52:BN52)","v":14.136200000000001},{"$f":"(IF(ISNA(VLOOKUP(AE52,ltSchlepper,Maschinen!$K$6,FALSE))=TRUE,0,VLOOKUP(AE52,ltSchlepper,Maschinen!$K$6,FALSE)*AG52))","v":3.75},{"$f":"(IF(ISNA(VLOOKUP(AE52,ltSchlepper,Maschinen!$L$6,FALSE))=TRUE,0,VLOOKUP(AE52,ltSchlepper,Maschinen!$L$6,FALSE)*AG52))","v":0},{"$f":"(IF(ISNA(VLOOKUP(AE52,ltSchlepper,Maschinen!$M$6,FALSE))=TRUE,0,VLOOKUP(AE52,ltSchlepper,Maschinen!$M$6,FALSE)*AG52))","v":0},{"$f":"(IF(ISNA(VLOOKUP(AE52,ltSchlepper,Maschinen!$N$6,FALSE))=TRUE,0,VLOOKUP(AE52,ltSchlepper,Maschinen!$N$6,FALSE)*AG52*IF(ISBLANK(AI52),1,AI52)))","v":0},{"$f":"(IF(ISNA(VLOOKUP(AE52,ltSchlepper,Maschinen!$O$6,FALSE))=TRUE,0,VLOOKUP(AE52,ltSchlepper,Maschinen!$O$6,FALSE)*AG52*IF(ISBLANK(AI52),1,AI52)))","v":0},{"$f":"(IF(ISNA(VLOOKUP(AE52,ltSchlepper,Maschinen!$P$6,FALSE))=TRUE,0,VLOOKUP(AE52,ltSchlepper,Maschinen!$P$6,FALSE)*AG52*IF(ISBLANK(AI52),1,AI52)))","v":0},{"$f":"SUM(BP52:BR52,BT52:BU52)","v":3.75},{"$f":"(IF(ISNA(VLOOKUP(AK52,ltSchlepper,Maschinen!$K$6,FALSE))=TRUE,0,VLOOKUP(AK52,ltSchlepper,Maschinen!$K$6,FALSE)*AM52))","v":0},{"$f":"(IF(ISNA(VLOOKUP(AK52,ltSchlepper,Maschinen!$L$6,FALSE))=TRUE,0,VLOOKUP(AK52,ltSchlepper,Maschinen!$L$6,FALSE)*AM52))","v":0},{"$f":"(IF(ISNA(VLOOKUP(AK52,ltSchlepper,Maschinen!$M$6,FALSE))=TRUE,0,VLOOKUP(AK52,ltSchlepper,Maschinen!$M$6,FALSE)*AM52))","v":0},{"$f":"(IF(ISNA(VLOOKUP(AK52,ltSchlepper,Maschinen!$N$6,FALSE))=TRUE,0,VLOOKUP(AK52,ltSchlepper,Maschinen!$N$6,FALSE)*AM52*IF(ISBLANK(AO52),1,AO52)))","v":0},{"$f":"(IF(ISNA(VLOOKUP(AK52,ltSchlepper,Maschinen!$O$6,FALSE))=TRUE,0,VLOOKUP(AK52,ltSchlepper,Maschinen!$O$6,FALSE)*AM52*IF(ISBLANK(AO52),1,AO52)))","v":0},{"$f":"(IF(ISNA(VLOOKUP(AK52,ltSchlepper,Maschinen!$P$6,FALSE))=TRUE,0,VLOOKUP(AK52,ltSchlepper,Maschinen!$P$6,FALSE)*AM52*IF(ISBLANK(AO52),1,AO52)))","v":0},{"$f":"SUM(BW52:BY52,CA52:CB52)","v":0},{"$f":"(IF(ISNA(VLOOKUP(AQ52,ltSchlepper,Maschinen!$K$6,FALSE))=TRUE,0,VLOOKUP(AQ52,ltSchlepper,Maschinen!$K$6,FALSE)*AS52))","v":0},{"$f":"(IF(ISNA(VLOOKUP(AQ52,ltSchlepper,Maschinen!$L$6,FALSE))=TRUE,0,VLOOKUP(AQ52,ltSchlepper,Maschinen!$L$6,FALSE)*AS52))","v":0},{"$f":"(IF(ISNA(VLOOKUP(AQ52,ltSchlepper,Maschinen!$M$6,FALSE))=TRUE,0,VLOOKUP(AQ52,ltSchlepper,Maschinen!$M$6,FALSE)*AS52))","v":0},{"$f":"(IF(ISNA(VLOOKUP(AQ52,ltSchlepper,Maschinen!$N$6,FALSE))=TRUE,0,VLOOKUP(AQ52,ltSchlepper,Maschinen!$N$6,FALSE)*AS52*IF(ISBLANK(AU52),1,AU52)))","v":0},{"$f":"(IF(ISNA(VLOOKUP(AQ52,ltSchlepper,Maschinen!$O$6,FALSE))=TRUE,0,VLOOKUP(AQ52,ltSchlepper,Maschinen!$O$6,FALSE)*AS52*IF(ISBLANK(AU52),1,AU52)))","v":0},{"$f":"(IF(ISNA(VLOOKUP(AQ52,ltSchlepper,Maschinen!$P$6,FALSE))=TRUE,0,VLOOKUP(AQ52,ltSchlepper,Maschinen!$P$6,FALSE)*AS52*IF(ISBLANK(AU52),1,AU52)))","v":0},{"$f":"SUM(CD52:CF52,CH52:CI52)","v":0},{"$f":"(IF(ISNA(VLOOKUP(Y52,ltSchlepper,Maschinen!$AA$6,FALSE))=TRUE,0,VLOOKUP(Y52,ltSchlepper,Maschinen!$AA$6,FALSE)*AA52))","v":0},{"$f":"(IF(ISNA(VLOOKUP(Y52,ltSchlepper,Maschinen!$AB$6,FALSE))=TRUE,0,VLOOKUP(Y52,ltSchlepper,Maschinen!$AB$6,FALSE)*AA52))","v":0},{"$f":"(IF(ISNA(VLOOKUP(Y52,ltSchlepper,Maschinen!$AC$6,FALSE))=TRUE,0,VLOOKUP(Y52,ltSchlepper,Maschinen!$AC$6,FALSE)*AA52))","v":0},{"$f":"SUM(CK52:CM52)","v":0},{"$f":"(IF(ISNA(VLOOKUP(AE52,ltSchlepper,Maschinen!$AA$6,FALSE))=TRUE,0,VLOOKUP(AE52,ltSchlepper,Maschinen!$AA$6,FALSE)*AG52))","v":0},{"$f":"(IF(ISNA(VLOOKUP(AE52,ltSchlepper,Maschinen!$AB$6,FALSE))=TRUE,0,VLOOKUP(AE52,ltSchlepper,Maschinen!$AB$6,FALSE)*AG52))","v":0},{"$f":"(IF(ISNA(VLOOKUP(AE52,ltSchlepper,Maschinen!$AC$6,FALSE))=TRUE,0,VLOOKUP(AE52,ltSchlepper,Maschinen!$AC$6,FALSE)*AG52))","v":0},{"$f":"SUM(CO52:CQ52)","v":0},{"$f":"(IF(ISNA(VLOOKUP(AK52,ltSchlepper,Maschinen!$AA$6,FALSE))=TRUE,0,VLOOKUP(AK52,ltSchlepper,Maschinen!$AA$6,FALSE)*AM52))","v":0},{"$f":"(IF(ISNA(VLOOKUP(AK52,ltSchlepper,Maschinen!$AB$6,FALSE))=TRUE,0,VLOOKUP(AK52,ltSchlepper,Maschinen!$AB$6,FALSE)*AM52))","v":0},{"$f":"(IF(ISNA(VLOOKUP(AK52,ltSchlepper,Maschinen!$AC$6,FALSE))=TRUE,0,VLOOKUP(AK52,ltSchlepper,Maschinen!$AC$6,FALSE)*AM52))","v":0},{"$f":"SUM(CS52:CU52)","v":0},{"$f":"(IF(ISNA(VLOOKUP(AQ52,ltSchlepper,Maschinen!$AA$6,FALSE))=TRUE,0,VLOOKUP(AQ52,ltSchlepper,Maschinen!$AA$6,FALSE)*AS52))","v":0},{"$f":"(IF(ISNA(VLOOKUP(AQ52,ltSchlepper,Maschinen!$AB$6,FALSE))=TRUE,0,VLOOKUP(AQ52,ltSchlepper,Maschinen!$AB$6,FALSE)*AS52))","v":0},{"$f":"(IF(ISNA(VLOOKUP(AQ52,ltSchlepper,Maschinen!$AC$6,FALSE))=TRUE,0,VLOOKUP(AQ52,ltSchlepper,Maschinen!$AC$6,FALSE)*AS52))","v":0},{"$f":"SUM(CW52:CY52)","v":0}]
[null,21418,"*Düngerstreuen 4 dt/ha","h",null,null,null,null,0,0,0,0.1,0,0,null,null,0,0,0,0,0,0,0,null,null,"",null,"",null,0,null,"",null,"",null,0,null,"",null,"",null,0,null,"",null,"",null,0,0,0,0,0,0,0,0,0,0,0,0,0,{"$f":"(IF(ISNA(VLOOKUP(Y53,ltSchlepper,Maschinen!$K$6,FALSE))=TRUE,0,VLOOKUP(Y53,ltSchlepper,Maschinen!$K$6,FALSE)*AA53))","v":0},{"$f":"(IF(ISNA(VLOOKUP(Y53,ltSchlepper,Maschinen!$L$6,FALSE))=TRUE,0,VLOOKUP(Y53,ltSchlepper,Maschinen!$L$6,FALSE)*AA53))","v":0},{"$f":"(IF(ISNA(VLOOKUP(Y53,ltSchlepper,Maschinen!$M$6,FALSE))=TRUE,0,VLOOKUP(Y53,ltSchlepper,Maschinen!$M$6,FALSE)*AA53))","v":0},{"$f":"(IF(ISNA(VLOOKUP(Y53,ltSchlepper,Maschinen!$N$6,FALSE))=TRUE,0,VLOOKUP(Y53,ltSchlepper,Maschinen!$N$6,FALSE)*AA53*IF(ISBLANK(AC53),1,AC53)))","v":0},{"$f":"(IF(ISNA(VLOOKUP(Y53,ltSchlepper,Maschinen!$O$6,FALSE))=TRUE,0,VLOOKUP(Y53,ltSchlepper,Maschinen!$O$6,FALSE)*AA53*IF(ISBLANK(AC53),1,AC53)))","v":0},{"$f":"(IF(ISNA(VLOOKUP(Y53,ltSchlepper,Maschinen!$P$6,FALSE))=TRUE,0,VLOOKUP(Y53,ltSchlepper,Maschinen!$P$6,FALSE)*AA53*IF(ISBLANK(AC53),1,AC53)))","v":0},0,{"$f":"(IF(ISNA(VLOOKUP(AE53,ltSchlepper,Maschinen!$K$6,FALSE))=TRUE,0,VLOOKUP(AE53,ltSchlepper,Maschinen!$K$6,FALSE)*AG53))","v":0},{"$f":"(IF(ISNA(VLOOKUP(AE53,ltSchlepper,Maschinen!$L$6,FALSE))=TRUE,0,VLOOKUP(AE53,ltSchlepper,Maschinen!$L$6,FALSE)*AG53))","v":0},{"$f":"(IF(ISNA(VLOOKUP(AE53,ltSchlepper,Maschinen!$M$6,FALSE))=TRUE,0,VLOOKUP(AE53,ltSchlepper,Maschinen!$M$6,FALSE)*AG53))","v":0},{"$f":"(IF(ISNA(VLOOKUP(AE53,ltSchlepper,Maschinen!$N$6,FALSE))=TRUE,0,VLOOKUP(AE53,ltSchlepper,Maschinen!$N$6,FALSE)*AG53*IF(ISBLANK(AI53),1,AI53)))","v":0},{"$f":"(IF(ISNA(VLOOKUP(AE53,ltSchlepper,Maschinen!$O$6,FALSE))=TRUE,0,VLOOKUP(AE53,ltSchlepper,Maschinen!$O$6,FALSE)*AG53*IF(ISBLANK(AI53),1,AI53)))","v":0},{"$f":"(IF(ISNA(VLOOKUP(AE53,ltSchlepper,Maschinen!$P$6,FALSE))=TRUE,0,VLOOKUP(AE53,ltSchlepper,Maschinen!$P$6,FALSE)*AG53*IF(ISBLANK(AI53),1,AI53)))","v":0},0,{"$f":"(IF(ISNA(VLOOKUP(AK53,ltSchlepper,Maschinen!$K$6,FALSE))=TRUE,0,VLOOKUP(AK53,ltSchlepper,Maschinen!$K$6,FALSE)*AM53))","v":0},{"$f":"(IF(ISNA(VLOOKUP(AK53,ltSchlepper,Maschinen!$L$6,FALSE))=TRUE,0,VLOOKUP(AK53,ltSchlepper,Maschinen!$L$6,FALSE)*AM53))","v":0},{"$f":"(IF(ISNA(VLOOKUP(AK53,ltSchlepper,Maschinen!$M$6,FALSE))=TRUE,0,VLOOKUP(AK53,ltSchlepper,Maschinen!$M$6,FALSE)*AM53))","v":0},{"$f":"(IF(ISNA(VLOOKUP(AK53,ltSchlepper,Maschinen!$N$6,FALSE))=TRUE,0,VLOOKUP(AK53,ltSchlepper,Maschinen!$N$6,FALSE)*AM53*IF(ISBLANK(AO53),1,AO53)))","v":0},{"$f":"(IF(ISNA(VLOOKUP(AK53,ltSchlepper,Maschinen!$O$6,FALSE))=TRUE,0,VLOOKUP(AK53,ltSchlepper,Maschinen!$O$6,FALSE)*AM53*IF(ISBLANK(AO53),1,AO53)))","v":0},{"$f":"(IF(ISNA(VLOOKUP(AK53,ltSchlepper,Maschinen!$P$6,FALSE))=TRUE,0,VLOOKUP(AK53,ltSchlepper,Maschinen!$P$6,FALSE)*AM53*IF(ISBLANK(AO53),1,AO53)))","v":0},0,{"$f":"(IF(ISNA(VLOOKUP(AQ53,ltSchlepper,Maschinen!$K$6,FALSE))=TRUE,0,VLOOKUP(AQ53,ltSchlepper,Maschinen!$K$6,FALSE)*AS53))","v":0},{"$f":"(IF(ISNA(VLOOKUP(AQ53,ltSchlepper,Maschinen!$L$6,FALSE))=TRUE,0,VLOOKUP(AQ53,ltSchlepper,Maschinen!$L$6,FALSE)*AS53))","v":0},{"$f":"(IF(ISNA(VLOOKUP(AQ53,ltSchlepper,Maschinen!$M$6,FALSE))=TRUE,0,VLOOKUP(AQ53,ltSchlepper,Maschinen!$M$6,FALSE)*AS53))","v":0},{"$f":"(IF(ISNA(VLOOKUP(AQ53,ltSchlepper,Maschinen!$N$6,FALSE))=TRUE,0,VLOOKUP(AQ53,ltSchlepper,Maschinen!$N$6,FALSE)*AS53*IF(ISBLANK(AU53),1,AU53)))","v":0},{"$f":"(IF(ISNA(VLOOKUP(AQ53,ltSchlepper,Maschinen!$O$6,FALSE))=TRUE,0,VLOOKUP(AQ53,ltSchlepper,Maschinen!$O$6,FALSE)*AS53*IF(ISBLANK(AU53),1,AU53)))","v":0},{"$f":"(IF(ISNA(VLOOKUP(AQ53,ltSchlepper,Maschinen!$P$6,FALSE))=TRUE,0,VLOOKUP(AQ53,ltSchlepper,Maschinen!$P$6,FALSE)*AS53*IF(ISBLANK(AU53),1,AU53)))","v":0},0,{"$f":"(IF(ISNA(VLOOKUP(Y53,ltSchlepper,Maschinen!$AA$6,FALSE))=TRUE,0,VLOOKUP(Y53,ltSchlepper,Maschinen!$AA$6,FALSE)*AA53))","v":0},{"$f":"(IF(ISNA(VLOOKUP(Y53,ltSchlepper,Maschinen!$AB$6,FALSE))=TRUE,0,VLOOKUP(Y53,ltSchlepper,Maschinen!$AB$6,FALSE)*AA53))","v":0},{"$f":"(IF(ISNA(VLOOKUP(Y53,ltSchlepper,Maschinen!$AC$6,FALSE))=TRUE,0,VLOOKUP(Y53,ltSchlepper,Maschinen!$AC$6,FALSE)*AA53))","v":0},0,{"$f":"(IF(ISNA(VLOOKUP(AE53,ltSchlepper,Maschinen!$AA$6,FALSE))=TRUE,0,VLOOKUP(AE53,ltSchlepper,Maschinen!$AA$6,FALSE)*AG53))","v":0},{"$f":"(IF(ISNA(VLOOKUP(AE53,ltSchlepper,Maschinen!$AB$6,FALSE))=TRUE,0,VLOOKUP(AE53,ltSchlepper,Maschinen!$AB$6,FALSE)*AG53))","v":0},{"$f":"(IF(ISNA(VLOOKUP(AE53,ltSchlepper,Maschinen!$AC$6,FALSE))=TRUE,0,VLOOKUP(AE53,ltSchlepper,Maschinen!$AC$6,FALSE)*AG53))","v":0},0,{"$f":"(IF(ISNA(VLOOKUP(AK53,ltSchlepper,Maschinen!$AA$6,FALSE))=TRUE,0,VLOOKUP(AK53,ltSchlepper,Maschinen!$AA$6,FALSE)*AM53))","v":0},{"$f":"(IF(ISNA(VLOOKUP(AK53,ltSchlepper,Maschinen!$AB$6,FALSE))=TRUE,0,VLOOKUP(AK53,ltSchlepper,Maschinen!$AB$6,FALSE)*AM53))","v":0},{"$f":"(IF(ISNA(VLOOKUP(AK53,ltSchlepper,Maschinen!$AC$6,FALSE))=TRUE,0,VLOOKUP(AK53,ltSchlepper,Maschinen!$AC$6,FALSE)*AM53))","v":0},0,{"$f":"(IF(ISNA(VLOOKUP(AQ53,ltSchlepper,Maschinen!$AA$6,FALSE))=TRUE,0,VLOOKUP(AQ53,ltSchlepper,Maschinen!$AA$6,FALSE)*AS53))","v":0},{"$f":"(IF(ISNA(VLOOKUP(AQ53,ltSchlepper,Maschinen!$AB$6,FALSE))=TRUE,0,VLOOKUP(AQ53,ltSchlepper,Maschinen!$AB$6,FALSE)*AS53))","v":0},{"$f":"(IF(ISNA(VLOOKUP(AQ53,ltSchlepper,Maschinen!$AC$6,FALSE))=TRUE,0,VLOOKUP(AQ53,ltSchlepper,Maschinen!$AC$6,FALSE)*AS53))","v":0},0]
[null,21417,null,null,null,null,null,null,0,0,0,null,0,0,null,null,0,0,0,0,0,0,0,null,null,"",null,"",null,0,null,"",null,"",null,0,null,"",null,"",null,0,null,"",null,"",null,0,0,0,0,0,0,0,0,0,0,0,0,0,{"$f":"(IF(ISNA(VLOOKUP(Y54,ltSchlepper,Maschinen!$K$6,FALSE))=TRUE,0,VLOOKUP(Y54,ltSchlepper,Maschinen!$K$6,FALSE)*AA54))","v":0},{"$f":"(IF(ISNA(VLOOKUP(Y54,ltSchlepper,Maschinen!$L$6,FALSE))=TRUE,0,VLOOKUP(Y54,ltSchlepper,Maschinen!$L$6,FALSE)*AA54))","v":0},{"$f":"(IF(ISNA(VLOOKUP(Y54,ltSchlepper,Maschinen!$M$6,FALSE))=TRUE,0,VLOOKUP(Y54,ltSchlepper,Maschinen!$M$6,FALSE)*AA54))","v":0},{"$f":"(IF(ISNA(VLOOKUP(Y54,ltSchlepper,Maschinen!$N$6,FALSE))=TRUE,0,VLOOKUP(Y54,ltSchlepper,Maschinen!$N$6,FALSE)*AA54*IF(ISBLANK(AC54),1,AC54)))","v":0},{"$f":"(IF(ISNA(VLOOKUP(Y54,ltSchlepper,Maschinen!$O$6,FALSE))=TRUE,0,VLOOKUP(Y54,ltSchlepper,Maschinen!$O$6,FALSE)*AA54*IF(ISBLANK(AC54),1,AC54)))","v":0},{"$f":"(IF(ISNA(VLOOKUP(Y54,ltSchlepper,Maschinen!$P$6,FALSE))=TRUE,0,VLOOKUP(Y54,ltSchlepper,Maschinen!$P$6,FALSE)*AA54*IF(ISBLANK(AC54),1,AC54)))","v":0},0,{"$f":"(IF(ISNA(VLOOKUP(AE54,ltSchlepper,Maschinen!$K$6,FALSE))=TRUE,0,VLOOKUP(AE54,ltSchlepper,Maschinen!$K$6,FALSE)*AG54))","v":0},{"$f":"(IF(ISNA(VLOOKUP(AE54,ltSchlepper,Maschinen!$L$6,FALSE))=TRUE,0,VLOOKUP(AE54,ltSchlepper,Maschinen!$L$6,FALSE)*AG54))","v":0},{"$f":"(IF(ISNA(VLOOKUP(AE54,ltSchlepper,Maschinen!$M$6,FALSE))=TRUE,0,VLOOKUP(AE54,ltSchlepper,Maschinen!$M$6,FALSE)*AG54))","v":0},{"$f":"(IF(ISNA(VLOOKUP(AE54,ltSchlepper,Maschinen!$N$6,FALSE))=TRUE,0,VLOOKUP(AE54,ltSchlepper,Maschinen!$N$6,FALSE)*AG54*IF(ISBLANK(AI54),1,AI54)))","v":0},{"$f":"(IF(ISNA(VLOOKUP(AE54,ltSchlepper,Maschinen!$O$6,FALSE))=TRUE,0,VLOOKUP(AE54,ltSchlepper,Maschinen!$O$6,FALSE)*AG54*IF(ISBLANK(AI54),1,AI54)))","v":0},{"$f":"(IF(ISNA(VLOOKUP(AE54,ltSchlepper,Maschinen!$P$6,FALSE))=TRUE,0,VLOOKUP(AE54,ltSchlepper,Maschinen!$P$6,FALSE)*AG54*IF(ISBLANK(AI54),1,AI54)))","v":0},0,{"$f":"(IF(ISNA(VLOOKUP(AK54,ltSchlepper,Maschinen!$K$6,FALSE))=TRUE,0,VLOOKUP(AK54,ltSchlepper,Maschinen!$K$6,FALSE)*AM54))","v":0},{"$f":"(IF(ISNA(VLOOKUP(AK54,ltSchlepper,Maschinen!$L$6,FALSE))=TRUE,0,VLOOKUP(AK54,ltSchlepper,Maschinen!$L$6,FALSE)*AM54))","v":0},{"$f":"(IF(ISNA(VLOOKUP(AK54,ltSchlepper,Maschinen!$M$6,FALSE))=TRUE,0,VLOOKUP(AK54,ltSchlepper,Maschinen!$M$6,FALSE)*AM54))","v":0},{"$f":"(IF(ISNA(VLOOKUP(AK54,ltSchlepper,Maschinen!$N$6,FALSE))=TRUE,0,VLOOKUP(AK54,ltSchlepper,Maschinen!$N$6,FALSE)*AM54*IF(ISBLANK(AO54),1,AO54)))","v":0},{"$f":"(IF(ISNA(VLOOKUP(AK54,ltSchlepper,Maschinen!$O$6,FALSE))=TRUE,0,VLOOKUP(AK54,ltSchlepper,Maschinen!$O$6,FALSE)*AM54*IF(ISBLANK(AO54),1,AO54)))","v":0},{"$f":"(IF(ISNA(VLOOKUP(AK54,ltSchlepper,Maschinen!$P$6,FALSE))=TRUE,0,VLOOKUP(AK54,ltSchlepper,Maschinen!$P$6,FALSE)*AM54*IF(ISBLANK(AO54),1,AO54)))","v":0},0,{"$f":"(IF(ISNA(VLOOKUP(AQ54,ltSchlepper,Maschinen!$K$6,FALSE))=TRUE,0,VLOOKUP(AQ54,ltSchlepper,Maschinen!$K$6,FALSE)*AS54))","v":0},{"$f":"(IF(ISNA(VLOOKUP(AQ54,ltSchlepper,Maschinen!$L$6,FALSE))=TRUE,0,VLOOKUP(AQ54,ltSchlepper,Maschinen!$L$6,FALSE)*AS54))","v":0},{"$f":"(IF(ISNA(VLOOKUP(AQ54,ltSchlepper,Maschinen!$M$6,FALSE))=TRUE,0,VLOOKUP(AQ54,ltSchlepper,Maschinen!$M$6,FALSE)*AS54))","v":0},{"$f":"(IF(ISNA(VLOOKUP(AQ54,ltSchlepper,Maschinen!$N$6,FALSE))=TRUE,0,VLOOKUP(AQ54,ltSchlepper,Maschinen!$N$6,FALSE)*AS54*IF(ISBLANK(AU54),1,AU54)))","v":0},{"$f":"(IF(ISNA(VLOOKUP(AQ54,ltSchlepper,Maschinen!$O$6,FALSE))=TRUE,0,VLOOKUP(AQ54,ltSchlepper,Maschinen!$O$6,FALSE)*AS54*IF(ISBLANK(AU54),1,AU54)))","v":0},{"$f":"(IF(ISNA(VLOOKUP(AQ54,ltSchlepper,Maschinen!$P$6,FALSE))=TRUE,0,VLOOKUP(AQ54,ltSchlepper,Maschinen!$P$6,FALSE)*AS54*IF(ISBLANK(AU54),1,AU54)))","v":0},0,{"$f":"(IF(ISNA(VLOOKUP(Y54,ltSchlepper,Maschinen!$AA$6,FALSE))=TRUE,0,VLOOKUP(Y54,ltSchlepper,Maschinen!$AA$6,FALSE)*AA54))","v":0},{"$f":"(IF(ISNA(VLOOKUP(Y54,ltSchlepper,Maschinen!$AB$6,FALSE))=TRUE,0,VLOOKUP(Y54,ltSchlepper,Maschinen!$AB$6,FALSE)*AA54))","v":0},{"$f":"(IF(ISNA(VLOOKUP(Y54,ltSchlepper,Maschinen!$AC$6,FALSE))=TRUE,0,VLOOKUP(Y54,ltSchlepper,Maschinen!$AC$6,FALSE)*AA54))","v":0},0,{"$f":"(IF(ISNA(VLOOKUP(AE54,ltSchlepper,Maschinen!$AA$6,FALSE))=TRUE,0,VLOOKUP(AE54,ltSchlepper,Maschinen!$AA$6,FALSE)*AG54))","v":0},{"$f":"(IF(ISNA(VLOOKUP(AE54,ltSchlepper,Maschinen!$AB$6,FALSE))=TRUE,0,VLOOKUP(AE54,ltSchlepper,Maschinen!$AB$6,FALSE)*AG54))","v":0},{"$f":"(IF(ISNA(VLOOKUP(AE54,ltSchlepper,Maschinen!$AC$6,FALSE))=TRUE,0,VLOOKUP(AE54,ltSchlepper,Maschinen!$AC$6,FALSE)*AG54))","v":0},0,{"$f":"(IF(ISNA(VLOOKUP(AK54,ltSchlepper,Maschinen!$AA$6,FALSE))=TRUE,0,VLOOKUP(AK54,ltSchlepper,Maschinen!$AA$6,FALSE)*AM54))","v":0},{"$f":"(IF(ISNA(VLOOKUP(AK54,ltSchlepper,Maschinen!$AB$6,FALSE))=TRUE,0,VLOOKUP(AK54,ltSchlepper,Maschinen!$AB$6,FALSE)*AM54))","v":0},{"$f":"(IF(ISNA(VLOOKUP(AK54,ltSchlepper,Maschinen!$AC$6,FALSE))=TRUE,0,VLOOKUP(AK54,ltSchlepper,Maschinen!$AC$6,FALSE)*AM54))","v":0},0,{"$f":"(IF(ISNA(VLOOKUP(AQ54,ltSchlepper,Maschinen!$AA$6,FALSE))=TRUE,0,VLOOKUP(AQ54,ltSchlepper,Maschinen!$AA$6,FALSE)*AS54))","v":0},{"$f":"(IF(ISNA(VLOOKUP(AQ54,ltSchlepper,Maschinen!$AB$6,FALSE))=TRUE,0,VLOOKUP(AQ54,ltSchlepper,Maschinen!$AB$6,FALSE)*AS54))","v":0},{"$f":"(IF(ISNA(VLOOKUP(AQ54,ltSchlepper,Maschinen!$AC$6,FALSE))=TRUE,0,VLOOKUP(AQ54,ltSchlepper,Maschinen!$AC$6,FALSE)*AS54))","v":0},0]
[null,21416,"*Güllefahren 1 stufig 15 m³ bis 3 km","100m³","0 bis 3 km Feld-Hof 25 m³/ha",300,null,null,145.54688000000002,145.54688000000002,154.45311999999998,0.1,14.554688000000002,0.43664064000000008,3.92,0.5,4.42,110.5,256.48352064000005,43.516479359999977,0,256.48352064000005,43.516479359999977,null,11219,"*S3 Allradschlepper 140kW stufenlos",3.92,"h",1,62.72,11714,"*Gülleausbringfass 15m³",100,"m³",1,0,11715,"*Schleppschuhverteiler 18m",4,"ha",1,0,null,"",null,"",null,0,62.72,84.144000000000005,0,0,59.583999999999996,1.8188799999999998,145.54688000000002,0,0,0,0,145.54688000000002,{"$f":"(IF(ISNA(VLOOKUP(Y55,ltSchlepper,Maschinen!$K$6,FALSE))=TRUE,0,VLOOKUP(Y55,ltSchlepper,Maschinen!$K$6,FALSE)*AA55))","v":32.143999999999998},{"$f":"(IF(ISNA(VLOOKUP(Y55,ltSchlepper,Maschinen!$L$6,FALSE))=TRUE,0,VLOOKUP(Y55,ltSchlepper,Maschinen!$L$6,FALSE)*AA55))","v":0},{"$f":"(IF(ISNA(VLOOKUP(Y55,ltSchlepper,Maschinen!$M$6,FALSE))=TRUE,0,VLOOKUP(Y55,ltSchlepper,Maschinen!$M$6,FALSE)*AA55))","v":0},{"$f":"(IF(ISNA(VLOOKUP(Y55,ltSchlepper,Maschinen!$N$6,FALSE))=TRUE,0,VLOOKUP(Y55,ltSchlepper,Maschinen!$N$6,FALSE)*AA55*IF(ISBLANK(AC55),1,AC55)))","v":62.72},{"$f":"(IF(ISNA(VLOOKUP(Y55,ltSchlepper,Maschinen!$O$6,FALSE))=TRUE,0,VLOOKUP(Y55,ltSchlepper,Maschinen!$O$6,FALSE)*AA55*IF(ISBLANK(AC55),1,AC55)))","v":59.583999999999996},{"$f":"(IF(ISNA(VLOOKUP(Y55,ltSchlepper,Maschinen!$P$6,FALSE))=TRUE,0,VLOOKUP(Y55,ltSchlepper,Maschinen!$P$6,FALSE)*AA55*IF(ISBLANK(AC55),1,AC55)))","v":1.8188799999999998},93.546879999999987,{"$f":"(IF(ISNA(VLOOKUP(AE55,ltSchlepper,Maschinen!$K$6,FALSE))=TRUE,0,VLOOKUP(AE55,ltSchlepper,Maschinen!$K$6,FALSE)*AG55))","v":40},{"$f":"(IF(ISNA(VLOOKUP(AE55,ltSchlepper,Maschinen!$L$6,FALSE))=TRUE,0,VLOOKUP(AE55,ltSchlepper,Maschinen!$L$6,FALSE)*AG55))","v":0},{"$f":"(IF(ISNA(VLOOKUP(AE55,ltSchlepper,Maschinen!$M$6,FALSE))=TRUE,0,VLOOKUP(AE55,ltSchlepper,Maschinen!$M$6,FALSE)*AG55))","v":0},{"$f":"(IF(ISNA(VLOOKUP(AE55,ltSchlepper,Maschinen!$N$6,FALSE))=TRUE,0,VLOOKUP(AE55,ltSchlepper,Maschinen!$N$6,FALSE)*AG55*IF(ISBLANK(AI55),1,AI55)))","v":0},{"$f":"(IF(ISNA(VLOOKUP(AE55,ltSchlepper,Maschinen!$O$6,FALSE))=TRUE,0,VLOOKUP(AE55,ltSchlepper,Maschinen!$O$6,FALSE)*AG55*IF(ISBLANK(AI55),1,AI55)))","v":0},{"$f":"(IF(ISNA(VLOOKUP(AE55,ltSchlepper,Maschinen!$P$6,FALSE))=TRUE,0,VLOOKUP(AE55,ltSchlepper,Maschinen!$P$6,FALSE)*AG55*IF(ISBLANK(AI55),1,AI55)))","v":0},40,{"$f":"(IF(ISNA(VLOOKUP(AK55,ltSchlepper,Maschinen!$K$6,FALSE))=TRUE,0,VLOOKUP(AK55,ltSchlepper,Maschinen!$K$6,FALSE)*AM55))","v":12},{"$f":"(IF(ISNA(VLOOKUP(AK55,ltSchlepper,Maschinen!$L$6,FALSE))=TRUE,0,VLOOKUP(AK55,ltSchlepper,Maschinen!$L$6,FALSE)*AM55))","v":0},{"$f":"(IF(ISNA(VLOOKUP(AK55,ltSchlepper,Maschinen!$M$6,FALSE))=TRUE,0,VLOOKUP(AK55,ltSchlepper,Maschinen!$M$6,FALSE)*AM55))","v":0},{"$f":"(IF(ISNA(VLOOKUP(AK55,ltSchlepper,Maschinen!$N$6,FALSE))=TRUE,0,VLOOKUP(AK55,ltSchlepper,Maschinen!$N$6,FALSE)*AM55*IF(ISBLANK(AO55),1,AO55)))","v":0},{"$f":"(IF(ISNA(VLOOKUP(AK55,ltSchlepper,Maschinen!$O$6,FALSE))=TRUE,0,VLOOKUP(AK55,ltSchlepper,Maschinen!$O$6,FALSE)*AM55*IF(ISBLANK(AO55),1,AO55)))","v":0},{"$f":"(IF(ISNA(VLOOKUP(AK55,ltSchlepper,Maschinen!$P$6,FALSE))=TRUE,0,VLOOKUP(AK55,ltSchlepper,Maschinen!$P$6,FALSE)*AM55*IF(ISBLANK(AO55),1,AO55)))","v":0},12,{"$f":"(IF(ISNA(VLOOKUP(AQ55,ltSchlepper,Maschinen!$K$6,FALSE))=TRUE,0,VLOOKUP(AQ55,ltSchlepper,Maschinen!$K$6,FALSE)*AS55))","v":0},{"$f":"(IF(ISNA(VLOOKUP(AQ55,ltSchlepper,Maschinen!$L$6,FALSE))=TRUE,0,VLOOKUP(AQ55,ltSchlepper,Maschinen!$L$6,FALSE)*AS55))","v":0},{"$f":"(IF(ISNA(VLOOKUP(AQ55,ltSchlepper,Maschinen!$M$6,FALSE))=TRUE,0,VLOOKUP(AQ55,ltSchlepper,Maschinen!$M$6,FALSE)*AS55))","v":0},{"$f":"(IF(ISNA(VLOOKUP(AQ55,ltSchlepper,Maschinen!$N$6,FALSE))=TRUE,0,VLOOKUP(AQ55,ltSchlepper,Maschinen!$N$6,FALSE)*AS55*IF(ISBLANK(AU55),1,AU55)))","v":0},{"$f":"(IF(ISNA(VLOOKUP(AQ55,ltSchlepper,Maschinen!$O$6,FALSE))=TRUE,0,VLOOKUP(AQ55,ltSchlepper,Maschinen!$O$6,FALSE)*AS55*IF(ISBLANK(AU55),1,AU55)))","v":0},{"$f":"(IF(ISNA(VLOOKUP(AQ55,ltSchlepper,Maschinen!$P$6,FALSE))=TRUE,0,VLOOKUP(AQ55,ltSchlepper,Maschinen!$P$6,FALSE)*AS55*IF(ISBLANK(AU55),1,AU55)))","v":0},0,{"$f":"(IF(ISNA(VLOOKUP(Y55,ltSchlepper,Maschinen!$AA$6,FALSE))=TRUE,0,VLOOKUP(Y55,ltSchlepper,Maschinen!$AA$6,FALSE)*AA55))","v":0},{"$f":"(IF(ISNA(VLOOKUP(Y55,ltSchlepper,Maschinen!$AB$6,FALSE))=TRUE,0,VLOOKUP(Y55,ltSchlepper,Maschinen!$AB$6,FALSE)*AA55))","v":0},{"$f":"(IF(ISNA(VLOOKUP(Y55,ltSchlepper,Maschinen!$AC$6,FALSE))=TRUE,0,VLOOKUP(Y55,ltSchlepper,Maschinen!$AC$6,FALSE)*AA55))","v":0},0,{"$f":"(IF(ISNA(VLOOKUP(AE55,ltSchlepper,Maschinen!$AA$6,FALSE))=TRUE,0,VLOOKUP(AE55,ltSchlepper,Maschinen!$AA$6,FALSE)*AG55))","v":0},{"$f":"(IF(ISNA(VLOOKUP(AE55,ltSchlepper,Maschinen!$AB$6,FALSE))=TRUE,0,VLOOKUP(AE55,ltSchlepper,Maschinen!$AB$6,FALSE)*AG55))","v":0},{"$f":"(IF(ISNA(VLOOKUP(AE55,ltSchlepper,Maschinen!$AC$6,FALSE))=TRUE,0,VLOOKUP(AE55,ltSchlepper,Maschinen!$AC$6,FALSE)*AG55))","v":0},0,{"$f":"(IF(ISNA(VLOOKUP(AK55,ltSchlepper,Maschinen!$AA$6,FALSE))=TRUE,0,VLOOKUP(AK55,ltSchlepper,Maschinen!$AA$6,FALSE)*AM55))","v":0},{"$f":"(IF(ISNA(VLOOKUP(AK55,ltSchlepper,Maschinen!$AB$6,FALSE))=TRUE,0,VLOOKUP(AK55,ltSchlepper,Maschinen!$AB$6,FALSE)*AM55))","v":0},{"$f":"(IF(ISNA(VLOOKUP(AK55,ltSchlepper,Maschinen!$AC$6,FALSE))=TRUE,0,VLOOKUP(AK55,ltSchlepper,Maschinen!$AC$6,FALSE)*AM55))","v":0},0,{"$f":"(IF(ISNA(VLOOKUP(AQ55,ltSchlepper,Maschinen!$AA$6,FALSE))=TRUE,0,VLOOKUP(AQ55,ltSchlepper,Maschinen!$AA$6,FALSE)*AS55))","v":0},{"$f":"(IF(ISNA(VLOOKUP(AQ55,ltSchlepper,Maschinen!$AB$6,FALSE))=TRUE,0,VLOOKUP(AQ55,ltSchlepper,Maschinen!$AB$6,FALSE)*AS55))","v":0},{"$f":"(IF(ISNA(VLOOKUP(AQ55,ltSchlepper,Maschinen!$AC$6,FALSE))=TRUE,0,VLOOKUP(AQ55,ltSchlepper,Maschinen!$AC$6,FALSE)*AS55))","v":0},0]
[null,21415,"*Güllefahren 1 stufig 15 m³ bis 3-6 km","100m³","3 bis 6 km Feld-Hof 25 m³/ha",380,null,null,178.95648,178.95648,201.04352,0.1,17.895648000000001,0.53686944000000003,5.32,0.5,5.82,145.5,324.99334943999997,55.006650559999997,0,324.99334943999997,55.006650559999997,null,11219,"*S3 Allradschlepper 140kW stufenlos",5.32,"h",1,85.12,11714,"*Gülleausbringfass 15m³",100,"m³",1,0,11715,"*Schleppschuhverteiler 18m",4,"ha",1,0,null,"",null,"",null,0,85.12,95.623999999999995,0,0,80.864000000000004,2.46848,178.95648,0,0,0,0,178.95648,{"$f":"(IF(ISNA(VLOOKUP(Y56,ltSchlepper,Maschinen!$K$6,FALSE))=TRUE,0,VLOOKUP(Y56,ltSchlepper,Maschinen!$K$6,FALSE)*AA56))","v":43.623999999999995},{"$f":"(IF(ISNA(VLOOKUP(Y56,ltSchlepper,Maschinen!$L$6,FALSE))=TRUE,0,VLOOKUP(Y56,ltSchlepper,Maschinen!$L$6,FALSE)*AA56))","v":0},{"$f":"(IF(ISNA(VLOOKUP(Y56,ltSchlepper,Maschinen!$M$6,FALSE))=TRUE,0,VLOOKUP(Y56,ltSchlepper,Maschinen!$M$6,FALSE)*AA56))","v":0},{"$f":"(IF(ISNA(VLOOKUP(Y56,ltSchlepper,Maschinen!$N$6,FALSE))=TRUE,0,VLOOKUP(Y56,ltSchlepper,Maschinen!$N$6,FALSE)*AA56*IF(ISBLANK(AC56),1,AC56)))","v":85.12},{"$f":"(IF(ISNA(VLOOKUP(Y56,ltSchlepper,Maschinen!$O$6,FALSE))=TRUE,0,VLOOKUP(Y56,ltSchlepper,Maschinen!$O$6,FALSE)*AA56*IF(ISBLANK(AC56),1,AC56)))","v":80.864000000000004},{"$f":"(IF(ISNA(VLOOKUP(Y56,ltSchlepper,Maschinen!$P$6,FALSE))=TRUE,0,VLOOKUP(Y56,ltSchlepper,Maschinen!$P$6,FALSE)*AA56*IF(ISBLANK(AC56),1,AC56)))","v":2.46848},126.95648,{"$f":"(IF(ISNA(VLOOKUP(AE56,ltSchlepper,Maschinen!$K$6,FALSE))=TRUE,0,VLOOKUP(AE56,ltSchlepper,Maschinen!$K$6,FALSE)*AG56))","v":40},{"$f":"(IF(ISNA(VLOOKUP(AE56,ltSchlepper,Maschinen!$L$6,FALSE))=TRUE,0,VLOOKUP(AE56,ltSchlepper,Maschinen!$L$6,FALSE)*AG56))","v":0},{"$f":"(IF(ISNA(VLOOKUP(AE56,ltSchlepper,Maschinen!$M$6,FALSE))=TRUE,0,VLOOKUP(AE56,ltSchlepper,Maschinen!$M$6,FALSE)*AG56))","v":0},{"$f":"(IF(ISNA(VLOOKUP(AE56,ltSchlepper,Maschinen!$N$6,FALSE))=TRUE,0,VLOOKUP(AE56,ltSchlepper,Maschinen!$N$6,FALSE)*AG56*IF(ISBLANK(AI56),1,AI56)))","v":0},{"$f":"(IF(ISNA(VLOOKUP(AE56,ltSchlepper,Maschinen!$O$6,FALSE))=TRUE,0,VLOOKUP(AE56,ltSchlepper,Maschinen!$O$6,FALSE)*AG56*IF(ISBLANK(AI56),1,AI56)))","v":0},{"$f":"(IF(ISNA(VLOOKUP(AE56,ltSchlepper,Maschinen!$P$6,FALSE))=TRUE,0,VLOOKUP(AE56,ltSchlepper,Maschinen!$P$6,FALSE)*AG56*IF(ISBLANK(AI56),1,AI56)))","v":0},40,{"$f":"(IF(ISNA(VLOOKUP(AK56,ltSchlepper,Maschinen!$K$6,FALSE))=TRUE,0,VLOOKUP(AK56,ltSchlepper,Maschinen!$K$6,FALSE)*AM56))","v":12},{"$f":"(IF(ISNA(VLOOKUP(AK56,ltSchlepper,Maschinen!$L$6,FALSE))=TRUE,0,VLOOKUP(AK56,ltSchlepper,Maschinen!$L$6,FALSE)*AM56))","v":0},{"$f":"(IF(ISNA(VLOOKUP(AK56,ltSchlepper,Maschinen!$M$6,FALSE))=TRUE,0,VLOOKUP(AK56,ltSchlepper,Maschinen!$M$6,FALSE)*AM56))","v":0},{"$f":"(IF(ISNA(VLOOKUP(AK56,ltSchlepper,Maschinen!$N$6,FALSE))=TRUE,0,VLOOKUP(AK56,ltSchlepper,Maschinen!$N$6,FALSE)*AM56*IF(ISBLANK(AO56),1,AO56)))","v":0},{"$f":"(IF(ISNA(VLOOKUP(AK56,ltSchlepper,Maschinen!$O$6,FALSE))=TRUE,0,VLOOKUP(AK56,ltSchlepper,Maschinen!$O$6,FALSE)*AM56*IF(ISBLANK(AO56),1,AO56)))","v":0},{"$f":"(IF(ISNA(VLOOKUP(AK56,ltSchlepper,Maschinen!$P$6,FALSE))=TRUE,0,VLOOKUP(AK56,ltSchlepper,Maschinen!$P$6,FALSE)*AM56*IF(ISBLANK(AO56),1,AO56)))","v":0},12,{"$f":"(IF(ISNA(VLOOKUP(AQ56,ltSchlepper,Maschinen!$K$6,FALSE))=TRUE,0,VLOOKUP(AQ56,ltSchlepper,Maschinen!$K$6,FALSE)*AS56))","v":0},{"$f":"(IF(ISNA(VLOOKUP(AQ56,ltSchlepper,Maschinen!$L$6,FALSE))=TRUE,0,VLOOKUP(AQ56,ltSchlepper,Maschinen!$L$6,FALSE)*AS56))","v":0},{"$f":"(IF(ISNA(VLOOKUP(AQ56,ltSchlepper,Maschinen!$M$6,FALSE))=TRUE,0,VLOOKUP(AQ56,ltSchlepper,Maschinen!$M$6,FALSE)*AS56))","v":0},{"$f":"(IF(ISNA(VLOOKUP(AQ56,ltSchlepper,Maschinen!$N$6,FALSE))=TRUE,0,VLOOKUP(AQ56,ltSchlepper,Maschinen!$N$6,FALSE)*AS56*IF(ISBLANK(AU56),1,AU56)))","v":0},{"$f":"(IF(ISNA(VLOOKUP(AQ56,ltSchlepper,Maschinen!$O$6,FALSE))=TRUE,0,VLOOKUP(AQ56,ltSchlepper,Maschinen!$O$6,FALSE)*AS56*IF(ISBLANK(AU56),1,AU56)))","v":0},{"$f":"(IF(ISNA(VLOOKUP(AQ56,ltSchlepper,Maschinen!$P$6,FALSE))=TRUE,0,VLOOKUP(AQ56,ltSchlepper,Maschinen!$P$6,FALSE)*AS56*IF(ISBLANK(AU56),1,AU56)))","v":0},0,{"$f":"(IF(ISNA(VLOOKUP(Y56,ltSchlepper,Maschinen!$AA$6,FALSE))=TRUE,0,VLOOKUP(Y56,ltSchlepper,Maschinen!$AA$6,FALSE)*AA56))","v":0},{"$f":"(IF(ISNA(VLOOKUP(Y56,ltSchlepper,Maschinen!$AB$6,FALSE))=TRUE,0,VLOOKUP(Y56,ltSchlepper,Maschinen!$AB$6,FALSE)*AA56))","v":0},{"$f":"(IF(ISNA(VLOOKUP(Y56,ltSchlepper,Maschinen!$AC$6,FALSE))=TRUE,0,VLOOKUP(Y56,ltSchlepper,Maschinen!$AC$6,FALSE)*AA56))","v":0},0,{"$f":"(IF(ISNA(VLOOKUP(AE56,ltSchlepper,Maschinen!$AA$6,FALSE))=TRUE,0,VLOOKUP(AE56,ltSchlepper,Maschinen!$AA$6,FALSE)*AG56))","v":0},{"$f":"(IF(ISNA(VLOOKUP(AE56,ltSchlepper,Maschinen!$AB$6,FALSE))=TRUE,0,VLOOKUP(AE56,ltSchlepper,Maschinen!$AB$6,FALSE)*AG56))","v":0},{"$f":"(IF(ISNA(VLOOKUP(AE56,ltSchlepper,Maschinen!$AC$6,FALSE))=TRUE,0,VLOOKUP(AE56,ltSchlepper,Maschinen!$AC$6,FALSE)*AG56))","v":0},0,{"$f":"(IF(ISNA(VLOOKUP(AK56,ltSchlepper,Maschinen!$AA$6,FALSE))=TRUE,0,VLOOKUP(AK56,ltSchlepper,Maschinen!$AA$6,FALSE)*AM56))","v":0},{"$f":"(IF(ISNA(VLOOKUP(AK56,ltSchlepper,Maschinen!$AB$6,FALSE))=TRUE,0,VLOOKUP(AK56,ltSchlepper,Maschinen!$AB$6,FALSE)*AM56))","v":0},{"$f":"(IF(ISNA(VLOOKUP(AK56,ltSchlepper,Maschinen!$AC$6,FALSE))=TRUE,0,VLOOKUP(AK56,ltSchlepper,Maschinen!$AC$6,FALSE)*AM56))","v":0},0,{"$f":"(IF(ISNA(VLOOKUP(AQ56,ltSchlepper,Maschinen!$AA$6,FALSE))=TRUE,0,VLOOKUP(AQ56,ltSchlepper,Maschinen!$AA$6,FALSE)*AS56))","v":0},{"$f":"(IF(ISNA(VLOOKUP(AQ56,ltSchlepper,Maschinen!$AB$6,FALSE))=TRUE,0,VLOOKUP(AQ56,ltSchlepper,Maschinen!$AB$6,FALSE)*AS56))","v":0},{"$f":"(IF(ISNA(VLOOKUP(AQ56,ltSchlepper,Maschinen!$AC$6,FALSE))=TRUE,0,VLOOKUP(AQ56,ltSchlepper,Maschinen!$AC$6,FALSE)*AS56))","v":0},0]
[null,21414,"*Güllefahren 1 stufig 15 m³ bis > 6 km","100m³","> 6 km Feld-Hof 25 m³/ha",490,null,null,220.95712,220.95712,269.04287999999997,0.1,22.095712000000002,0.66287136000000002,7.08,0.5,7.58,189.5,411.11999135999997,78.880008639999971,0,411.11999135999997,78.880008639999971,null,11219,"*S3 Allradschlepper 140kW stufenlos",7.08,"h",1,113.28,11714,"*Gülleausbringfass 15m³",100,"m³",1,0,11715,"*Schleppschuhverteiler 18m",4,"ha",1,0,null,"",null,"",null,0,113.28,110.056,0,0,107.616,3.2851199999999996,220.95712,0,0,0,0,220.95712,{"$f":"(IF(ISNA(VLOOKUP(Y57,ltSchlepper,Maschinen!$K$6,FALSE))=TRUE,0,VLOOKUP(Y57,ltSchlepper,Maschinen!$K$6,FALSE)*AA57))","v":58.055999999999997},{"$f":"(IF(ISNA(VLOOKUP(Y57,ltSchlepper,Maschinen!$L$6,FALSE))=TRUE,0,VLOOKUP(Y57,ltSchlepper,Maschinen!$L$6,FALSE)*AA57))","v":0},{"$f":"(IF(ISNA(VLOOKUP(Y57,ltSchlepper,Maschinen!$M$6,FALSE))=TRUE,0,VLOOKUP(Y57,ltSchlepper,Maschinen!$M$6,FALSE)*AA57))","v":0},{"$f":"(IF(ISNA(VLOOKUP(Y57,ltSchlepper,Maschinen!$N$6,FALSE))=TRUE,0,VLOOKUP(Y57,ltSchlepper,Maschinen!$N$6,FALSE)*AA57*IF(ISBLANK(AC57),1,AC57)))","v":113.28},{"$f":"(IF(ISNA(VLOOKUP(Y57,ltSchlepper,Maschinen!$O$6,FALSE))=TRUE,0,VLOOKUP(Y57,ltSchlepper,Maschinen!$O$6,FALSE)*AA57*IF(ISBLANK(AC57),1,AC57)))","v":107.616},{"$f":"(IF(ISNA(VLOOKUP(Y57,ltSchlepper,Maschinen!$P$6,FALSE))=TRUE,0,VLOOKUP(Y57,ltSchlepper,Maschinen!$P$6,FALSE)*AA57*IF(ISBLANK(AC57),1,AC57)))","v":3.2851199999999996},168.95712,{"$f":"(IF(ISNA(VLOOKUP(AE57,ltSchlepper,Maschinen!$K$6,FALSE))=TRUE,0,VLOOKUP(AE57,ltSchlepper,Maschinen!$K$6,FALSE)*AG57))","v":40},{"$f":"(IF(ISNA(VLOOKUP(AE57,ltSchlepper,Maschinen!$L$6,FALSE))=TRUE,0,VLOOKUP(AE57,ltSchlepper,Maschinen!$L$6,FALSE)*AG57))","v":0},{"$f":"(IF(ISNA(VLOOKUP(AE57,ltSchlepper,Maschinen!$M$6,FALSE))=TRUE,0,VLOOKUP(AE57,ltSchlepper,Maschinen!$M$6,FALSE)*AG57))","v":0},{"$f":"(IF(ISNA(VLOOKUP(AE57,ltSchlepper,Maschinen!$N$6,FALSE))=TRUE,0,VLOOKUP(AE57,ltSchlepper,Maschinen!$N$6,FALSE)*AG57*IF(ISBLANK(AI57),1,AI57)))","v":0},{"$f":"(IF(ISNA(VLOOKUP(AE57,ltSchlepper,Maschinen!$O$6,FALSE))=TRUE,0,VLOOKUP(AE57,ltSchlepper,Maschinen!$O$6,FALSE)*AG57*IF(ISBLANK(AI57),1,AI57)))","v":0},{"$f":"(IF(ISNA(VLOOKUP(AE57,ltSchlepper,Maschinen!$P$6,FALSE))=TRUE,0,VLOOKUP(AE57,ltSchlepper,Maschinen!$P$6,FALSE)*AG57*IF(ISBLANK(AI57),1,AI57)))","v":0},40,{"$f":"(IF(ISNA(VLOOKUP(AK57,ltSchlepper,Maschinen!$K$6,FALSE))=TRUE,0,VLOOKUP(AK57,ltSchlepper,Maschinen!$K$6,FALSE)*AM57))","v":12},{"$f":"(IF(ISNA(VLOOKUP(AK57,ltSchlepper,Maschinen!$L$6,FALSE))=TRUE,0,VLOOKUP(AK57,ltSchlepper,Maschinen!$L$6,FALSE)*AM57))","v":0},{"$f":"(IF(ISNA(VLOOKUP(AK57,ltSchlepper,Maschinen!$M$6,FALSE))=TRUE,0,VLOOKUP(AK57,ltSchlepper,Maschinen!$M$6,FALSE)*AM57))","v":0},{"$f":"(IF(ISNA(VLOOKUP(AK57,ltSchlepper,Maschinen!$N$6,FALSE))=TRUE,0,VLOOKUP(AK57,ltSchlepper,Maschinen!$N$6,FALSE)*AM57*IF(ISBLANK(AO57),1,AO57)))","v":0},{"$f":"(IF(ISNA(VLOOKUP(AK57,ltSchlepper,Maschinen!$O$6,FALSE))=TRUE,0,VLOOKUP(AK57,ltSchlepper,Maschinen!$O$6,FALSE)*AM57*IF(ISBLANK(AO57),1,AO57)))","v":0},{"$f":"(IF(ISNA(VLOOKUP(AK57,ltSchlepper,Maschinen!$P$6,FALSE))=TRUE,0,VLOOKUP(AK57,ltSchlepper,Maschinen!$P$6,FALSE)*AM57*IF(ISBLANK(AO57),1,AO57)))","v":0},12,{"$f":"(IF(ISNA(VLOOKUP(AQ57,ltSchlepper,Maschinen!$K$6,FALSE))=TRUE,0,VLOOKUP(AQ57,ltSchlepper,Maschinen!$K$6,FALSE)*AS57))","v":0},{"$f":"(IF(ISNA(VLOOKUP(AQ57,ltSchlepper,Maschinen!$L$6,FALSE))=TRUE,0,VLOOKUP(AQ57,ltSchlepper,Maschinen!$L$6,FALSE)*AS57))","v":0},{"$f":"(IF(ISNA(VLOOKUP(AQ57,ltSchlepper,Maschinen!$M$6,FALSE))=TRUE,0,VLOOKUP(AQ57,ltSchlepper,Maschinen!$M$6,FALSE)*AS57))","v":0},{"$f":"(IF(ISNA(VLOOKUP(AQ57,ltSchlepper,Maschinen!$N$6,FALSE))=TRUE,0,VLOOKUP(AQ57,ltSchlepper,Maschinen!$N$6,FALSE)*AS57*IF(ISBLANK(AU57),1,AU57)))","v":0},{"$f":"(IF(ISNA(VLOOKUP(AQ57,ltSchlepper,Maschinen!$O$6,FALSE))=TRUE,0,VLOOKUP(AQ57,ltSchlepper,Maschinen!$O$6,FALSE)*AS57*IF(ISBLANK(AU57),1,AU57)))","v":0},{"$f":"(IF(ISNA(VLOOKUP(AQ57,ltSchlepper,Maschinen!$P$6,FALSE))=TRUE,0,VLOOKUP(AQ57,ltSchlepper,Maschinen!$P$6,FALSE)*AS57*IF(ISBLANK(AU57),1,AU57)))","v":0},0,{"$f":"(IF(ISNA(VLOOKUP(Y57,ltSchlepper,Maschinen!$AA$6,FALSE))=TRUE,0,VLOOKUP(Y57,ltSchlepper,Maschinen!$AA$6,FALSE)*AA57))","v":0},{"$f":"(IF(ISNA(VLOOKUP(Y57,ltSchlepper,Maschinen!$AB$6,FALSE))=TRUE,0,VLOOKUP(Y57,ltSchlepper,Maschinen!$AB$6,FALSE)*AA57))","v":0},{"$f":"(IF(ISNA(VLOOKUP(Y57,ltSchlepper,Maschinen!$AC$6,FALSE))=TRUE,0,VLOOKUP(Y57,ltSchlepper,Maschinen!$AC$6,FALSE)*AA57))","v":0},0,{"$f":"(IF(ISNA(VLOOKUP(AE57,ltSchlepper,Maschinen!$AA$6,FALSE))=TRUE,0,VLOOKUP(AE57,ltSchlepper,Maschinen!$AA$6,FALSE)*AG57))","v":0},{"$f":"(IF(ISNA(VLOOKUP(AE57,ltSchlepper,Maschinen!$AB$6,FALSE))=TRUE,0,VLOOKUP(AE57,ltSchlepper,Maschinen!$AB$6,FALSE)*AG57))","v":0},{"$f":"(IF(ISNA(VLOOKUP(AE57,ltSchlepper,Maschinen!$AC$6,FALSE))=TRUE,0,VLOOKUP(AE57,ltSchlepper,Maschinen!$AC$6,FALSE)*AG57))","v":0},0,{"$f":"(IF(ISNA(VLOOKUP(AK57,ltSchlepper,Maschinen!$AA$6,FALSE))=TRUE,0,VLOOKUP(AK57,ltSchlepper,Maschinen!$AA$6,FALSE)*AM57))","v":0},{"$f":"(IF(ISNA(VLOOKUP(AK57,ltSchlepper,Maschinen!$AB$6,FALSE))=TRUE,0,VLOOKUP(AK57,ltSchlepper,Maschinen!$AB$6,FALSE)*AM57))","v":0},{"$f":"(IF(ISNA(VLOOKUP(AK57,ltSchlepper,Maschinen!$AC$6,FALSE))=TRUE,0,VLOOKUP(AK57,ltSchlepper,Maschinen!$AC$6,FALSE)*AM57))","v":0},0,{"$f":"(IF(ISNA(VLOOKUP(AQ57,ltSchlepper,Maschinen!$AA$6,FALSE))=TRUE,0,VLOOKUP(AQ57,ltSchlepper,Maschinen!$AA$6,FALSE)*AS57))","v":0},{"$f":"(IF(ISNA(VLOOKUP(AQ57,ltSchlepper,Maschinen!$AB$6,FALSE))=TRUE,0,VLOOKUP(AQ57,ltSchlepper,Maschinen!$AB$6,FALSE)*AS57))","v":0},{"$f":"(IF(ISNA(VLOOKUP(AQ57,ltSchlepper,Maschinen!$AC$6,FALSE))=TRUE,0,VLOOKUP(AQ57,ltSchlepper,Maschinen!$AC$6,FALSE)*AS57))","v":0},0]
[null,21413,"*Güllefahren 2 stufig 3-6 km","100 m³","3 bis 6 km Feld-Hof 25 m³/ha",450,null,null,169.09880000000001,169.09880000000001,280.90120000000002,0.1,16.909880000000001,0.50729639999999998,7.8,1,8.8000000000000007,220.00000000000003,389.60609640000007,60.393903600000016,0,389.60609640000007,60.393903600000016,null,11214,"*S4 Allradschlepper 200 kW stufenlos",2.6,"h",1,57.2,11714,"*Gülleausbringfass 15m³",100,"m³",1,0,11715,"*Schleppschuhverteiler 18m",4,"ha",1,0,11319,"*LKW (Sattelschlepper)",5.2,"h",1,0,57.2,113.1,0,0,54.339999999999996,1.6588000000000001,169.09880000000001,0,0,0,0,169.09880000000001,{"$f":"(IF(ISNA(VLOOKUP(Y58,ltSchlepper,Maschinen!$K$6,FALSE))=TRUE,0,VLOOKUP(Y58,ltSchlepper,Maschinen!$K$6,FALSE)*AA58))","v":24.7},{"$f":"(IF(ISNA(VLOOKUP(Y58,ltSchlepper,Maschinen!$L$6,FALSE))=TRUE,0,VLOOKUP(Y58,ltSchlepper,Maschinen!$L$6,FALSE)*AA58))","v":0},{"$f":"(IF(ISNA(VLOOKUP(Y58,ltSchlepper,Maschinen!$M$6,FALSE))=TRUE,0,VLOOKUP(Y58,ltSchlepper,Maschinen!$M$6,FALSE)*AA58))","v":0},{"$f":"(IF(ISNA(VLOOKUP(Y58,ltSchlepper,Maschinen!$N$6,FALSE))=TRUE,0,VLOOKUP(Y58,ltSchlepper,Maschinen!$N$6,FALSE)*AA58*IF(ISBLANK(AC58),1,AC58)))","v":57.2},{"$f":"(IF(ISNA(VLOOKUP(Y58,ltSchlepper,Maschinen!$O$6,FALSE))=TRUE,0,VLOOKUP(Y58,ltSchlepper,Maschinen!$O$6,FALSE)*AA58*IF(ISBLANK(AC58),1,AC58)))","v":54.339999999999996},{"$f":"(IF(ISNA(VLOOKUP(Y58,ltSchlepper,Maschinen!$P$6,FALSE))=TRUE,0,VLOOKUP(Y58,ltSchlepper,Maschinen!$P$6,FALSE)*AA58*IF(ISBLANK(AC58),1,AC58)))","v":1.6588000000000001},80.698799999999991,{"$f":"(IF(ISNA(VLOOKUP(AE58,ltSchlepper,Maschinen!$K$6,FALSE))=TRUE,0,VLOOKUP(AE58,ltSchlepper,Maschinen!$K$6,FALSE)*AG58))","v":40},{"$f":"(IF(ISNA(VLOOKUP(AE58,ltSchlepper,Maschinen!$L$6,FALSE))=TRUE,0,VLOOKUP(AE58,ltSchlepper,Maschinen!$L$6,FALSE)*AG58))","v":0},{"$f":"(IF(ISNA(VLOOKUP(AE58,ltSchlepper,Maschinen!$M$6,FALSE))=TRUE,0,VLOOKUP(AE58,ltSchlepper,Maschinen!$M$6,FALSE)*AG58))","v":0},{"$f":"(IF(ISNA(VLOOKUP(AE58,ltSchlepper,Maschinen!$N$6,FALSE))=TRUE,0,VLOOKUP(AE58,ltSchlepper,Maschinen!$N$6,FALSE)*AG58*IF(ISBLANK(AI58),1,AI58)))","v":0},{"$f":"(IF(ISNA(VLOOKUP(AE58,ltSchlepper,Maschinen!$O$6,FALSE))=TRUE,0,VLOOKUP(AE58,ltSchlepper,Maschinen!$O$6,FALSE)*AG58*IF(ISBLANK(AI58),1,AI58)))","v":0},{"$f":"(IF(ISNA(VLOOKUP(AE58,ltSchlepper,Maschinen!$P$6,FALSE))=TRUE,0,VLOOKUP(AE58,ltSchlepper,Maschinen!$P$6,FALSE)*AG58*IF(ISBLANK(AI58),1,AI58)))","v":0},40,{"$f":"(IF(ISNA(VLOOKUP(AK58,ltSchlepper,Maschinen!$K$6,FALSE))=TRUE,0,VLOOKUP(AK58,ltSchlepper,Maschinen!$K$6,FALSE)*AM58))","v":12},{"$f":"(IF(ISNA(VLOOKUP(AK58,ltSchlepper,Maschinen!$L$6,FALSE))=TRUE,0,VLOOKUP(AK58,ltSchlepper,Maschinen!$L$6,FALSE)*AM58))","v":0},{"$f":"(IF(ISNA(VLOOKUP(AK58,ltSchlepper,Maschinen!$M$6,FALSE))=TRUE,0,VLOOKUP(AK58,ltSchlepper,Maschinen!$M$6,FALSE)*AM58))","v":0},{"$f":"(IF(ISNA(VLOOKUP(AK58,ltSchlepper,Maschinen!$N$6,FALSE))=TRUE,0,VLOOKUP(AK58,ltSchlepper,Maschinen!$N$6,FALSE)*AM58*IF(ISBLANK(AO58),1,AO58)))","v":0},{"$f":"(IF(ISNA(VLOOKUP(AK58,ltSchlepper,Maschinen!$O$6,FALSE))=TRUE,0,VLOOKUP(AK58,ltSchlepper,Maschinen!$O$6,FALSE)*AM58*IF(ISBLANK(AO58),1,AO58)))","v":0},{"$f":"(IF(ISNA(VLOOKUP(AK58,ltSchlepper,Maschinen!$P$6,FALSE))=TRUE,0,VLOOKUP(AK58,ltSchlepper,Maschinen!$P$6,FALSE)*AM58*IF(ISBLANK(AO58),1,AO58)))","v":0},12,{"$f":"(IF(ISNA(VLOOKUP(AQ58,ltSchlepper,Maschinen!$K$6,FALSE))=TRUE,0,VLOOKUP(AQ58,ltSchlepper,Maschinen!$K$6,FALSE)*AS58))","v":36.4},{"$f":"(IF(ISNA(VLOOKUP(AQ58,ltSchlepper,Maschinen!$L$6,FALSE))=TRUE,0,VLOOKUP(AQ58,ltSchlepper,Maschinen!$L$6,FALSE)*AS58))","v":0},{"$f":"(IF(ISNA(VLOOKUP(AQ58,ltSchlepper,Maschinen!$M$6,FALSE))=TRUE,0,VLOOKUP(AQ58,ltSchlepper,Maschinen!$M$6,FALSE)*AS58))","v":0},{"$f":"(IF(ISNA(VLOOKUP(AQ58,ltSchlepper,Maschinen!$N$6,FALSE))=TRUE,0,VLOOKUP(AQ58,ltSchlepper,Maschinen!$N$6,FALSE)*AS58*IF(ISBLANK(AU58),1,AU58)))","v":0},{"$f":"(IF(ISNA(VLOOKUP(AQ58,ltSchlepper,Maschinen!$O$6,FALSE))=TRUE,0,VLOOKUP(AQ58,ltSchlepper,Maschinen!$O$6,FALSE)*AS58*IF(ISBLANK(AU58),1,AU58)))","v":0},{"$f":"(IF(ISNA(VLOOKUP(AQ58,ltSchlepper,Maschinen!$P$6,FALSE))=TRUE,0,VLOOKUP(AQ58,ltSchlepper,Maschinen!$P$6,FALSE)*AS58*IF(ISBLANK(AU58),1,AU58)))","v":0},36.4,{"$f":"(IF(ISNA(VLOOKUP(Y58,ltSchlepper,Maschinen!$AA$6,FALSE))=TRUE,0,VLOOKUP(Y58,ltSchlepper,Maschinen!$AA$6,FALSE)*AA58))","v":0},{"$f":"(IF(ISNA(VLOOKUP(Y58,ltSchlepper,Maschinen!$AB$6,FALSE))=TRUE,0,VLOOKUP(Y58,ltSchlepper,Maschinen!$AB$6,FALSE)*AA58))","v":0},{"$f":"(IF(ISNA(VLOOKUP(Y58,ltSchlepper,Maschinen!$AC$6,FALSE))=TRUE,0,VLOOKUP(Y58,ltSchlepper,Maschinen!$AC$6,FALSE)*AA58))","v":0},0,{"$f":"(IF(ISNA(VLOOKUP(AE58,ltSchlepper,Maschinen!$AA$6,FALSE))=TRUE,0,VLOOKUP(AE58,ltSchlepper,Maschinen!$AA$6,FALSE)*AG58))","v":0},{"$f":"(IF(ISNA(VLOOKUP(AE58,ltSchlepper,Maschinen!$AB$6,FALSE))=TRUE,0,VLOOKUP(AE58,ltSchlepper,Maschinen!$AB$6,FALSE)*AG58))","v":0},{"$f":"(IF(ISNA(VLOOKUP(AE58,ltSchlepper,Maschinen!$AC$6,FALSE))=TRUE,0,VLOOKUP(AE58,ltSchlepper,Maschinen!$AC$6,FALSE)*AG58))","v":0},0,{"$f":"(IF(ISNA(VLOOKUP(AK58,ltSchlepper,Maschinen!$AA$6,FALSE))=TRUE,0,VLOOKUP(AK58,ltSchlepper,Maschinen!$AA$6,FALSE)*AM58))","v":0},{"$f":"(IF(ISNA(VLOOKUP(AK58,ltSchlepper,Maschinen!$AB$6,FALSE))=TRUE,0,VLOOKUP(AK58,ltSchlepper,Maschinen!$AB$6,FALSE)*AM58))","v":0},{"$f":"(IF(ISNA(VLOOKUP(AK58,ltSchlepper,Maschinen!$AC$6,FALSE))=TRUE,0,VLOOKUP(AK58,ltSchlepper,Maschinen!$AC$6,FALSE)*AM58))","v":0},0,{"$f":"(IF(ISNA(VLOOKUP(AQ58,ltSchlepper,Maschinen!$AA$6,FALSE))=TRUE,0,VLOOKUP(AQ58,ltSchlepper,Maschinen!$AA$6,FALSE)*AS58))","v":0},{"$f":"(IF(ISNA(VLOOKUP(AQ58,ltSchlepper,Maschinen!$AB$6,FALSE))=TRUE,0,VLOOKUP(AQ58,ltSchlepper,Maschinen!$AB$6,FALSE)*AS58))","v":0},{"$f":"(IF(ISNA(VLOOKUP(AQ58,ltSchlepper,Maschinen!$AC$6,FALSE))=TRUE,0,VLOOKUP(AQ58,ltSchlepper,Maschinen!$AC$6,FALSE)*AS58))","v":0},0]
[null,21420,"*Güllefahren 2 stufig > 6 km","100 m³","> 6 km Feld-Hof 25 m³/ha",570,null,null,{"$f":"BC59","v":209.63299999999998},{"$f":"H59+I59","v":209.63299999999998},{"$f":"F59+G59-J59","v":360.36700000000002},0.1,{"$f":"(H59+I59)*L59","v":20.9633},0.62889899999999999,10.5,1,{"$f":"O59+P59","v":11.5},287.5,{"$f":"J59+N59+R59","v":497.76189899999997},{"$f":"K59-N59-R59","v":72.238101000000029},{"$f":"BG59","v":0},{"$f":"H59+I59+N59+R59+U59","v":497.76189899999997},{"$f":"T59-U59","v":72.238101000000029},null,11214,"*S4 Allradschlepper 200 kW stufenlos",3.5,{"$f":"IF(ISNA(VLOOKUP(Y59,ltSchlepper,3,FALSE))=TRUE,\"\",VLOOKUP(Y59,ltSchlepper,3,FALSE))","v":"h"},1,{"$f":"IF(ISNA(VLOOKUP(Y59,ltSchlepper,SchKraftstoffVerb,FALSE))=TRUE,0,VLOOKUP(Y59,ltSchlepper,SchKraftstoffVerb,FALSE)*IF(ISBLANK(AC59),1,AC59)*AA59)","v":77},11714,"*Gülleausbringfass 15m³",100,{"$f":"IF(ISNA(VLOOKUP(AE59,ltSchlepper,3,FALSE))=TRUE,\"\",VLOOKUP(AE59,ltSchlepper,3,FALSE))","v":"m³"},1,{"$f":"IF(ISNA(VLOOKUP(AE59,ltSchlepper,SchKraftstoffVerb,FALSE))=TRUE,0,VLOOKUP(AE59,ltSchlepper,SchKraftstoffVerb,FALSE)*IF(ISBLANK(AI59),1,AI59)*AG59)","v":0},11715,"*Schleppschuhverteiler 18m",4,{"$f":"IF(ISNA(VLOOKUP(AK59,ltSchlepper,3,FALSE))=TRUE,\"\",VLOOKUP(AK59,ltSchlepper,3,FALSE))","v":"ha"},1,{"$f":"IF(ISNA(VLOOKUP(AK59,ltSchlepper,SchKraftstoffVerb,FALSE))=TRUE,0,VLOOKUP(AK59,ltSchlepper,SchKraftstoffVerb,FALSE)*IF(ISBLANK(AO59),1,AO59)*AM59)","v":0},11319,"*LKW (Sattelschlepper)",7,{"$f":"IF(ISNA(VLOOKUP(AQ59,ltSchlepper,3,FALSE))=TRUE,\"\",VLOOKUP(AQ59,ltSchlepper,3,FALSE))","v":"h"},1,{"$f":"IF(ISNA(VLOOKUP(AQ59,ltSchlepper,SchKraftstoffVerb,FALSE))=TRUE,0,VLOOKUP(AQ59,ltSchlepper,SchKraftstoffVerb,FALSE)*IF(ISBLANK(AU59),1,AU59)*AS59)","v":0},{"$f":"BL59+BS59+BZ59+CG59","v":77},{"$f":"BI59+BP59+BW59+CD59","v":134.25},{"$f":"BJ59+BQ59+BX59+CE59","v":0},{"$f":"BK59+BR59+BY59+CF59","v":0},{"$f":"BM59+BT59+CA59+CH59","v":73.149999999999991},{"$f":"BN59+BU59+CB59+CI59","v":2.2330000000000001},{"$f":"SUM(AX59:AZ59,BA59:BB59)","v":209.63299999999998},{"$f":"CK59+CO59+CS59+CW59","v":0},{"$f":"CL59+CP59+CT59+CX59","v":0},{"$f":"CM59+CQ59+CU59+CY59","v":0},{"$f":"CN59+CR59+CV59+CZ59","v":0},{"$f":"BG59+BC59","v":209.63299999999998},{"$f":"(IF(ISNA(VLOOKUP(Y59,ltSchlepper,Maschinen!$K$6,FALSE))=TRUE,0,VLOOKUP(Y59,ltSchlepper,Maschinen!$K$6,FALSE)*AA59))","v":33.25},{"$f":"(IF(ISNA(VLOOKUP(Y59,ltSchlepper,Maschinen!$L$6,FALSE))=TRUE,0,VLOOKUP(Y59,ltSchlepper,Maschinen!$L$6,FALSE)*AA59))","v":0},{"$f":"(IF(ISNA(VLOOKUP(Y59,ltSchlepper,Maschinen!$M$6,FALSE))=TRUE,0,VLOOKUP(Y59,ltSchlepper,Maschinen!$M$6,FALSE)*AA59))","v":0},{"$f":"(IF(ISNA(VLOOKUP(Y59,ltSchlepper,Maschinen!$N$6,FALSE))=TRUE,0,VLOOKUP(Y59,ltSchlepper,Maschinen!$N$6,FALSE)*AA59*IF(ISBLANK(AC59),1,AC59)))","v":77},{"$f":"(IF(ISNA(VLOOKUP(Y59,ltSchlepper,Maschinen!$O$6,FALSE))=TRUE,0,VLOOKUP(Y59,ltSchlepper,Maschinen!$O$6,FALSE)*AA59*IF(ISBLANK(AC59),1,AC59)))","v":73.149999999999991},{"$f":"(IF(ISNA(VLOOKUP(Y59,ltSchlepper,Maschinen!$P$6,FALSE))=TRUE,0,VLOOKUP(Y59,ltSchlepper,Maschinen!$P$6,FALSE)*AA59*IF(ISBLANK(AC59),1,AC59)))","v":2.2330000000000001},{"$f":"SUM(BI59:BK59,BM59:BN59)","v":108.633},{"$f":"(IF(ISNA(VLOOKUP(AE59,ltSchlepper,Maschinen!$K$6,FALSE))=TRUE,0,VLOOKUP(AE59,ltSchlepper,Maschinen!$K$6,FALSE)*AG59))","v":40},{"$f":"(IF(ISNA(VLOOKUP(AE59,ltSchlepper,Maschinen!$L$6,FALSE))=TRUE,0,VLOOKUP(AE59,ltSchlepper,Maschinen!$L$6,FALSE)*AG59))","v":0},{"$f":"(IF(ISNA(VLOOKUP(AE59,ltSchlepper,Maschinen!$M$6,FALSE))=TRUE,0,VLOOKUP(AE59,ltSchlepper,Maschinen!$M$6,FALSE)*AG59))","v":0},{"$f":"(IF(ISNA(VLOOKUP(AE59,ltSchlepper,Maschinen!$N$6,FALSE))=TRUE,0,VLOOKUP(AE59,ltSchlepper,Maschinen!$N$6,FALSE)*AG59*IF(ISBLANK(AI59),1,AI59)))","v":0},{"$f":"(IF(ISNA(VLOOKUP(AE59,ltSchlepper,Maschinen!$O$6,FALSE))=TRUE,0,VLOOKUP(AE59,ltSchlepper,Maschinen!$O$6,FALSE)*AG59*IF(ISBLANK(AI59),1,AI59)))","v":0},{"$f":"(IF(ISNA(VLOOKUP(AE59,ltSchlepper,Maschinen!$P$6,FALSE))=TRUE,0,VLOOKUP(AE59,ltSchlepper,Maschinen!$P$6,FALSE)*AG59*IF(ISBLANK(AI59),1,AI59)))","v":0},{"$f":"SUM(BP59:BR59,BT59:BU59)","v":40},{"$f":"(IF(ISNA(VLOOKUP(AK59,ltSchlepper,Maschinen!$K$6,FALSE))=TRUE,0,VLOOKUP(AK59,ltSchlepper,Maschinen!$K$6,FALSE)*AM59))","v":12},{"$f":"(IF(ISNA(VLOOKUP(AK59,ltSchlepper,Maschinen!$L$6,FALSE))=TRUE,0,VLOOKUP(AK59,ltSchlepper,Maschinen!$L$6,FALSE)*AM59))","v":0},{"$f":"(IF(ISNA(VLOOKUP(AK59,ltSchlepper,Maschinen!$M$6,FALSE))=TRUE,0,VLOOKUP(AK59,ltSchlepper,Maschinen!$M$6,FALSE)*AM59))","v":0},{"$f":"(IF(ISNA(VLOOKUP(AK59,ltSchlepper,Maschinen!$N$6,FALSE))=TRUE,0,VLOOKUP(AK59,ltSchlepper,Maschinen!$N$6,FALSE)*AM59*IF(ISBLANK(AO59),1,AO59)))","v":0},{"$f":"(IF(ISNA(VLOOKUP(AK59,ltSchlepper,Maschinen!$O$6,FALSE))=TRUE,0,VLOOKUP(AK59,ltSchlepper,Maschinen!$O$6,FALSE)*AM59*IF(ISBLANK(AO59),1,AO59)))","v":0},{"$f":"(IF(ISNA(VLOOKUP(AK59,ltSchlepper,Maschinen!$P$6,FALSE))=TRUE,0,VLOOKUP(AK59,ltSchlepper,Maschinen!$P$6,FALSE)*AM59*IF(ISBLANK(AO59),1,AO59)))","v":0},{"$f":"SUM(BW59:BY59,CA59:CB59)","v":12},{"$f":"(IF(ISNA(VLOOKUP(AQ59,ltSchlepper,Maschinen!$K$6,FALSE))=TRUE,0,VLOOKUP(AQ59,ltSchlepper,Maschinen!$K$6,FALSE)*AS59))","v":49},{"$f":"(IF(ISNA(VLOOKUP(AQ59,ltSchlepper,Maschinen!$L$6,FALSE))=TRUE,0,VLOOKUP(AQ59,ltSchlepper,Maschinen!$L$6,FALSE)*AS59))","v":0},{"$f":"(IF(ISNA(VLOOKUP(AQ59,ltSchlepper,Maschinen!$M$6,FALSE))=TRUE,0,VLOOKUP(AQ59,ltSchlepper,Maschinen!$M$6,FALSE)*AS59))","v":0},{"$f":"(IF(ISNA(VLOOKUP(AQ59,ltSchlepper,Maschinen!$N$6,FALSE))=TRUE,0,VLOOKUP(AQ59,ltSchlepper,Maschinen!$N$6,FALSE)*AS59*IF(ISBLANK(AU59),1,AU59)))","v":0},{"$f":"(IF(ISNA(VLOOKUP(AQ59,ltSchlepper,Maschinen!$O$6,FALSE))=TRUE,0,VLOOKUP(AQ59,ltSchlepper,Maschinen!$O$6,FALSE)*AS59*IF(ISBLANK(AU59),1,AU59)))","v":0},{"$f":"(IF(ISNA(VLOOKUP(AQ59,ltSchlepper,Maschinen!$P$6,FALSE))=TRUE,0,VLOOKUP(AQ59,ltSchlepper,Maschinen!$P$6,FALSE)*AS59*IF(ISBLANK(AU59),1,AU59)))","v":0},{"$f":"SUM(CD59:CF59,CH59:CI59)","v":49},{"$f":"(IF(ISNA(VLOOKUP(Y59,ltSchlepper,Maschinen!$AA$6,FALSE))=TRUE,0,VLOOKUP(Y59,ltSchlepper,Maschinen!$AA$6,FALSE)*AA59))","v":0},{"$f":"(IF(ISNA(VLOOKUP(Y59,ltSchlepper,Maschinen!$AB$6,FALSE))=TRUE,0,VLOOKUP(Y59,ltSchlepper,Maschinen!$AB$6,FALSE)*AA59))","v":0},{"$f":"(IF(ISNA(VLOOKUP(Y59,ltSchlepper,Maschinen!$AC$6,FALSE))=TRUE,0,VLOOKUP(Y59,ltSchlepper,Maschinen!$AC$6,FALSE)*AA59))","v":0},{"$f":"SUM(CK59:CM59)","v":0},{"$f":"(IF(ISNA(VLOOKUP(AE59,ltSchlepper,Maschinen!$AA$6,FALSE))=TRUE,0,VLOOKUP(AE59,ltSchlepper,Maschinen!$AA$6,FALSE)*AG59))","v":0},{"$f":"(IF(ISNA(VLOOKUP(AE59,ltSchlepper,Maschinen!$AB$6,FALSE))=TRUE,0,VLOOKUP(AE59,ltSchlepper,Maschinen!$AB$6,FALSE)*AG59))","v":0},{"$f":"(IF(ISNA(VLOOKUP(AE59,ltSchlepper,Maschinen!$AC$6,FALSE))=TRUE,0,VLOOKUP(AE59,ltSchlepper,Maschinen!$AC$6,FALSE)*AG59))","v":0},{"$f":"SUM(CO59:CQ59)","v":0},{"$f":"(IF(ISNA(VLOOKUP(AK59,ltSchlepper,Maschinen!$AA$6,FALSE))=TRUE,0,VLOOKUP(AK59,ltSchlepper,Maschinen!$AA$6,FALSE)*AM59))","v":0},{"$f":"(IF(ISNA(VLOOKUP(AK59,ltSchlepper,Maschinen!$AB$6,FALSE))=TRUE,0,VLOOKUP(AK59,ltSchlepper,Maschinen!$AB$6,FALSE)*AM59))","v":0},{"$f":"(IF(ISNA(VLOOKUP(AK59,ltSchlepper,Maschinen!$AC$6,FALSE))=TRUE,0,VLOOKUP(AK59,ltSchlepper,Maschinen!$AC$6,FALSE)*AM59))","v":0},{"$f":"SUM(CS59:CU59)","v":0},{"$f":"(IF(ISNA(VLOOKUP(AQ59,ltSchlepper,Maschinen!$AA$6,FALSE))=TRUE,0,VLOOKUP(AQ59,ltSchlepper,Maschinen!$AA$6,FALSE)*AS59))","v":0},{"$f":"(IF(ISNA(VLOOKUP(AQ59,ltSchlepper,Maschinen!$AB$6,FALSE))=TRUE,0,VLOOKUP(AQ59,ltSchlepper,Maschinen!$AB$6,FALSE)*AS59))","v":0},{"$f":"(IF(ISNA(VLOOKUP(AQ59,ltSchlepper,Maschinen!$AC$6,FALSE))=TRUE,0,VLOOKUP(AQ59,ltSchlepper,Maschinen!$AC$6,FALSE)*AS59))","v":0},{"$f":"SUM(CW59:CY59)","v":0}]
[null,21412,null,null,null,null,null,null,0,0,0,0.1,0,0,null,null,0,0,0,0,0,0,0,null,null,"",null,"",null,0,null,"",null,"",null,0,null,"",null,"",null,0,null,"",null,"",null,0,0,0,0,0,0,0,0,0,0,0,0,0,{"$f":"(IF(ISNA(VLOOKUP(Y60,ltSchlepper,Maschinen!$K$6,FALSE))=TRUE,0,VLOOKUP(Y60,ltSchlepper,Maschinen!$K$6,FALSE)*AA60))","v":0},{"$f":"(IF(ISNA(VLOOKUP(Y60,ltSchlepper,Maschinen!$L$6,FALSE))=TRUE,0,VLOOKUP(Y60,ltSchlepper,Maschinen!$L$6,FALSE)*AA60))","v":0},{"$f":"(IF(ISNA(VLOOKUP(Y60,ltSchlepper,Maschinen!$M$6,FALSE))=TRUE,0,VLOOKUP(Y60,ltSchlepper,Maschinen!$M$6,FALSE)*AA60))","v":0},{"$f":"(IF(ISNA(VLOOKUP(Y60,ltSchlepper,Maschinen!$N$6,FALSE))=TRUE,0,VLOOKUP(Y60,ltSchlepper,Maschinen!$N$6,FALSE)*AA60*IF(ISBLANK(AC60),1,AC60)))","v":0},{"$f":"(IF(ISNA(VLOOKUP(Y60,ltSchlepper,Maschinen!$O$6,FALSE))=TRUE,0,VLOOKUP(Y60,ltSchlepper,Maschinen!$O$6,FALSE)*AA60*IF(ISBLANK(AC60),1,AC60)))","v":0},{"$f":"(IF(ISNA(VLOOKUP(Y60,ltSchlepper,Maschinen!$P$6,FALSE))=TRUE,0,VLOOKUP(Y60,ltSchlepper,Maschinen!$P$6,FALSE)*AA60*IF(ISBLANK(AC60),1,AC60)))","v":0},0,{"$f":"(IF(ISNA(VLOOKUP(AE60,ltSchlepper,Maschinen!$K$6,FALSE))=TRUE,0,VLOOKUP(AE60,ltSchlepper,Maschinen!$K$6,FALSE)*AG60))","v":0},{"$f":"(IF(ISNA(VLOOKUP(AE60,ltSchlepper,Maschinen!$L$6,FALSE))=TRUE,0,VLOOKUP(AE60,ltSchlepper,Maschinen!$L$6,FALSE)*AG60))","v":0},{"$f":"(IF(ISNA(VLOOKUP(AE60,ltSchlepper,Maschinen!$M$6,FALSE))=TRUE,0,VLOOKUP(AE60,ltSchlepper,Maschinen!$M$6,FALSE)*AG60))","v":0},{"$f":"(IF(ISNA(VLOOKUP(AE60,ltSchlepper,Maschinen!$N$6,FALSE))=TRUE,0,VLOOKUP(AE60,ltSchlepper,Maschinen!$N$6,FALSE)*AG60*IF(ISBLANK(AI60),1,AI60)))","v":0},{"$f":"(IF(ISNA(VLOOKUP(AE60,ltSchlepper,Maschinen!$O$6,FALSE))=TRUE,0,VLOOKUP(AE60,ltSchlepper,Maschinen!$O$6,FALSE)*AG60*IF(ISBLANK(AI60),1,AI60)))","v":0},{"$f":"(IF(ISNA(VLOOKUP(AE60,ltSchlepper,Maschinen!$P$6,FALSE))=TRUE,0,VLOOKUP(AE60,ltSchlepper,Maschinen!$P$6,FALSE)*AG60*IF(ISBLANK(AI60),1,AI60)))","v":0},0,{"$f":"(IF(ISNA(VLOOKUP(AK60,ltSchlepper,Maschinen!$K$6,FALSE))=TRUE,0,VLOOKUP(AK60,ltSchlepper,Maschinen!$K$6,FALSE)*AM60))","v":0},{"$f":"(IF(ISNA(VLOOKUP(AK60,ltSchlepper,Maschinen!$L$6,FALSE))=TRUE,0,VLOOKUP(AK60,ltSchlepper,Maschinen!$L$6,FALSE)*AM60))","v":0},{"$f":"(IF(ISNA(VLOOKUP(AK60,ltSchlepper,Maschinen!$M$6,FALSE))=TRUE,0,VLOOKUP(AK60,ltSchlepper,Maschinen!$M$6,FALSE)*AM60))","v":0},{"$f":"(IF(ISNA(VLOOKUP(AK60,ltSchlepper,Maschinen!$N$6,FALSE))=TRUE,0,VLOOKUP(AK60,ltSchlepper,Maschinen!$N$6,FALSE)*AM60*IF(ISBLANK(AO60),1,AO60)))","v":0},{"$f":"(IF(ISNA(VLOOKUP(AK60,ltSchlepper,Maschinen!$O$6,FALSE))=TRUE,0,VLOOKUP(AK60,ltSchlepper,Maschinen!$O$6,FALSE)*AM60*IF(ISBLANK(AO60),1,AO60)))","v":0},{"$f":"(IF(ISNA(VLOOKUP(AK60,ltSchlepper,Maschinen!$P$6,FALSE))=TRUE,0,VLOOKUP(AK60,ltSchlepper,Maschinen!$P$6,FALSE)*AM60*IF(ISBLANK(AO60),1,AO60)))","v":0},0,{"$f":"(IF(ISNA(VLOOKUP(AQ60,ltSchlepper,Maschinen!$K$6,FALSE))=TRUE,0,VLOOKUP(AQ60,ltSchlepper,Maschinen!$K$6,FALSE)*AS60))","v":0},{"$f":"(IF(ISNA(VLOOKUP(AQ60,ltSchlepper,Maschinen!$L$6,FALSE))=TRUE,0,VLOOKUP(AQ60,ltSchlepper,Maschinen!$L$6,FALSE)*AS60))","v":0},{"$f":"(IF(ISNA(VLOOKUP(AQ60,ltSchlepper,Maschinen!$M$6,FALSE))=TRUE,0,VLOOKUP(AQ60,ltSchlepper,Maschinen!$M$6,FALSE)*AS60))","v":0},{"$f":"(IF(ISNA(VLOOKUP(AQ60,ltSchlepper,Maschinen!$N$6,FALSE))=TRUE,0,VLOOKUP(AQ60,ltSchlepper,Maschinen!$N$6,FALSE)*AS60*IF(ISBLANK(AU60),1,AU60)))","v":0},{"$f":"(IF(ISNA(VLOOKUP(AQ60,ltSchlepper,Maschinen!$O$6,FALSE))=TRUE,0,VLOOKUP(AQ60,ltSchlepper,Maschinen!$O$6,FALSE)*AS60*IF(ISBLANK(AU60),1,AU60)))","v":0},{"$f":"(IF(ISNA(VLOOKUP(AQ60,ltSchlepper,Maschinen!$P$6,FALSE))=TRUE,0,VLOOKUP(AQ60,ltSchlepper,Maschinen!$P$6,FALSE)*AS60*IF(ISBLANK(AU60),1,AU60)))","v":0},0,{"$f":"(IF(ISNA(VLOOKUP(Y60,ltSchlepper,Maschinen!$AA$6,FALSE))=TRUE,0,VLOOKUP(Y60,ltSchlepper,Maschinen!$AA$6,FALSE)*AA60))","v":0},{"$f":"(IF(ISNA(VLOOKUP(Y60,ltSchlepper,Maschinen!$AB$6,FALSE))=TRUE,0,VLOOKUP(Y60,ltSchlepper,Maschinen!$AB$6,FALSE)*AA60))","v":0},{"$f":"(IF(ISNA(VLOOKUP(Y60,ltSchlepper,Maschinen!$AC$6,FALSE))=TRUE,0,VLOOKUP(Y60,ltSchlepper,Maschinen!$AC$6,FALSE)*AA60))","v":0},0,{"$f":"(IF(ISNA(VLOOKUP(AE60,ltSchlepper,Maschinen!$AA$6,FALSE))=TRUE,0,VLOOKUP(AE60,ltSchlepper,Maschinen!$AA$6,FALSE)*AG60))","v":0},{"$f":"(IF(ISNA(VLOOKUP(AE60,ltSchlepper,Maschinen!$AB$6,FALSE))=TRUE,0,VLOOKUP(AE60,ltSchlepper,Maschinen!$AB$6,FALSE)*AG60))","v":0},{"$f":"(IF(ISNA(VLOOKUP(AE60,ltSchlepper,Maschinen!$AC$6,FALSE))=TRUE,0,VLOOKUP(AE60,ltSchlepper,Maschinen!$AC$6,FALSE)*AG60))","v":0},0,{"$f":"(IF(ISNA(VLOOKUP(AK60,ltSchlepper,Maschinen!$AA$6,FALSE))=TRUE,0,VLOOKUP(AK60,ltSchlepper,Maschinen!$AA$6,FALSE)*AM60))","v":0},{"$f":"(IF(ISNA(VLOOKUP(AK60,ltSchlepper,Maschinen!$AB$6,FALSE))=TRUE,0,VLOOKUP(AK60,ltSchlepper,Maschinen!$AB$6,FALSE)*AM60))","v":0},{"$f":"(IF(ISNA(VLOOKUP(AK60,ltSchlepper,Maschinen!$AC$6,FALSE))=TRUE,0,VLOOKUP(AK60,ltSchlepper,Maschinen!$AC$6,FALSE)*AM60))","v":0},0,{"$f":"(IF(ISNA(VLOOKUP(AQ60,ltSchlepper,Maschinen!$AA$6,FALSE))=TRUE,0,VLOOKUP(AQ60,ltSchlepper,Maschinen!$AA$6,FALSE)*AS60))","v":0},{"$f":"(IF(ISNA(VLOOKUP(AQ60,ltSchlepper,Maschinen!$AB$6,FALSE))=TRUE,0,VLOOKUP(AQ60,ltSchlepper,Maschinen!$AB$6,FALSE)*AS60))","v":0},{"$f":"(IF(ISNA(VLOOKUP(AQ60,ltSchlepper,Maschinen!$AC$6,FALSE))=TRUE,0,VLOOKUP(AQ60,ltSchlepper,Maschinen!$AC$6,FALSE)*AS60))","v":0},0]
[null,21413,null,null,null,null,null,null,0,0,0,0.1,0,0,null,null,0,0,0,0,0,0,0,null,null,"",null,"",null,0,null,"",null,"",null,0,null,"",null,"",null,0,null,"",null,"",null,0,0,0,0,0,0,0,0,0,0,0,0,0,{"$f":"(IF(ISNA(VLOOKUP(Y61,ltSchlepper,Maschinen!$K$6,FALSE))=TRUE,0,VLOOKUP(Y61,ltSchlepper,Maschinen!$K$6,FALSE)*AA61))","v":0},{"$f":"(IF(ISNA(VLOOKUP(Y61,ltSchlepper,Maschinen!$L$6,FALSE))=TRUE,0,VLOOKUP(Y61,ltSchlepper,Maschinen!$L$6,FALSE)*AA61))","v":0},{"$f":"(IF(ISNA(VLOOKUP(Y61,ltSchlepper,Maschinen!$M$6,FALSE))=TRUE,0,VLOOKUP(Y61,ltSchlepper,Maschinen!$M$6,FALSE)*AA61))","v":0},{"$f":"(IF(ISNA(VLOOKUP(Y61,ltSchlepper,Maschinen!$N$6,FALSE))=TRUE,0,VLOOKUP(Y61,ltSchlepper,Maschinen!$N$6,FALSE)*AA61*IF(ISBLANK(AC61),1,AC61)))","v":0},{"$f":"(IF(ISNA(VLOOKUP(Y61,ltSchlepper,Maschinen!$O$6,FALSE))=TRUE,0,VLOOKUP(Y61,ltSchlepper,Maschinen!$O$6,FALSE)*AA61*IF(ISBLANK(AC61),1,AC61)))","v":0},{"$f":"(IF(ISNA(VLOOKUP(Y61,ltSchlepper,Maschinen!$P$6,FALSE))=TRUE,0,VLOOKUP(Y61,ltSchlepper,Maschinen!$P$6,FALSE)*AA61*IF(ISBLANK(AC61),1,AC61)))","v":0},0,{"$f":"(IF(ISNA(VLOOKUP(AE61,ltSchlepper,Maschinen!$K$6,FALSE))=TRUE,0,VLOOKUP(AE61,ltSchlepper,Maschinen!$K$6,FALSE)*AG61))","v":0},{"$f":"(IF(ISNA(VLOOKUP(AE61,ltSchlepper,Maschinen!$L$6,FALSE))=TRUE,0,VLOOKUP(AE61,ltSchlepper,Maschinen!$L$6,FALSE)*AG61))","v":0},{"$f":"(IF(ISNA(VLOOKUP(AE61,ltSchlepper,Maschinen!$M$6,FALSE))=TRUE,0,VLOOKUP(AE61,ltSchlepper,Maschinen!$M$6,FALSE)*AG61))","v":0},{"$f":"(IF(ISNA(VLOOKUP(AE61,ltSchlepper,Maschinen!$N$6,FALSE))=TRUE,0,VLOOKUP(AE61,ltSchlepper,Maschinen!$N$6,FALSE)*AG61*IF(ISBLANK(AI61),1,AI61)))","v":0},{"$f":"(IF(ISNA(VLOOKUP(AE61,ltSchlepper,Maschinen!$O$6,FALSE))=TRUE,0,VLOOKUP(AE61,ltSchlepper,Maschinen!$O$6,FALSE)*AG61*IF(ISBLANK(AI61),1,AI61)))","v":0},{"$f":"(IF(ISNA(VLOOKUP(AE61,ltSchlepper,Maschinen!$P$6,FALSE))=TRUE,0,VLOOKUP(AE61,ltSchlepper,Maschinen!$P$6,FALSE)*AG61*IF(ISBLANK(AI61),1,AI61)))","v":0},0,{"$f":"(IF(ISNA(VLOOKUP(AK61,ltSchlepper,Maschinen!$K$6,FALSE))=TRUE,0,VLOOKUP(AK61,ltSchlepper,Maschinen!$K$6,FALSE)*AM61))","v":0},{"$f":"(IF(ISNA(VLOOKUP(AK61,ltSchlepper,Maschinen!$L$6,FALSE))=TRUE,0,VLOOKUP(AK61,ltSchlepper,Maschinen!$L$6,FALSE)*AM61))","v":0},{"$f":"(IF(ISNA(VLOOKUP(AK61,ltSchlepper,Maschinen!$M$6,FALSE))=TRUE,0,VLOOKUP(AK61,ltSchlepper,Maschinen!$M$6,FALSE)*AM61))","v":0},{"$f":"(IF(ISNA(VLOOKUP(AK61,ltSchlepper,Maschinen!$N$6,FALSE))=TRUE,0,VLOOKUP(AK61,ltSchlepper,Maschinen!$N$6,FALSE)*AM61*IF(ISBLANK(AO61),1,AO61)))","v":0},{"$f":"(IF(ISNA(VLOOKUP(AK61,ltSchlepper,Maschinen!$O$6,FALSE))=TRUE,0,VLOOKUP(AK61,ltSchlepper,Maschinen!$O$6,FALSE)*AM61*IF(ISBLANK(AO61),1,AO61)))","v":0},{"$f":"(IF(ISNA(VLOOKUP(AK61,ltSchlepper,Maschinen!$P$6,FALSE))=TRUE,0,VLOOKUP(AK61,ltSchlepper,Maschinen!$P$6,FALSE)*AM61*IF(ISBLANK(AO61),1,AO61)))","v":0},0,{"$f":"(IF(ISNA(VLOOKUP(AQ61,ltSchlepper,Maschinen!$K$6,FALSE))=TRUE,0,VLOOKUP(AQ61,ltSchlepper,Maschinen!$K$6,FALSE)*AS61))","v":0},{"$f":"(IF(ISNA(VLOOKUP(AQ61,ltSchlepper,Maschinen!$L$6,FALSE))=TRUE,0,VLOOKUP(AQ61,ltSchlepper,Maschinen!$L$6,FALSE)*AS61))","v":0},{"$f":"(IF(ISNA(VLOOKUP(AQ61,ltSchlepper,Maschinen!$M$6,FALSE))=TRUE,0,VLOOKUP(AQ61,ltSchlepper,Maschinen!$M$6,FALSE)*AS61))","v":0},{"$f":"(IF(ISNA(VLOOKUP(AQ61,ltSchlepper,Maschinen!$N$6,FALSE))=TRUE,0,VLOOKUP(AQ61,ltSchlepper,Maschinen!$N$6,FALSE)*AS61*IF(ISBLANK(AU61),1,AU61)))","v":0},{"$f":"(IF(ISNA(VLOOKUP(AQ61,ltSchlepper,Maschinen!$O$6,FALSE))=TRUE,0,VLOOKUP(AQ61,ltSchlepper,Maschinen!$O$6,FALSE)*AS61*IF(ISBLANK(AU61),1,AU61)))","v":0},{"$f":"(IF(ISNA(VLOOKUP(AQ61,ltSchlepper,Maschinen!$P$6,FALSE))=TRUE,0,VLOOKUP(AQ61,ltSchlepper,Maschinen!$P$6,FALSE)*AS61*IF(ISBLANK(AU61),1,AU61)))","v":0},0,{"$f":"(IF(ISNA(VLOOKUP(Y61,ltSchlepper,Maschinen!$AA$6,FALSE))=TRUE,0,VLOOKUP(Y61,ltSchlepper,Maschinen!$AA$6,FALSE)*AA61))","v":0},{"$f":"(IF(ISNA(VLOOKUP(Y61,ltSchlepper,Maschinen!$AB$6,FALSE))=TRUE,0,VLOOKUP(Y61,ltSchlepper,Maschinen!$AB$6,FALSE)*AA61))","v":0},{"$f":"(IF(ISNA(VLOOKUP(Y61,ltSchlepper,Maschinen!$AC$6,FALSE))=TRUE,0,VLOOKUP(Y61,ltSchlepper,Maschinen!$AC$6,FALSE)*AA61))","v":0},0,{"$f":"(IF(ISNA(VLOOKUP(AE61,ltSchlepper,Maschinen!$AA$6,FALSE))=TRUE,0,VLOOKUP(AE61,ltSchlepper,Maschinen!$AA$6,FALSE)*AG61))","v":0},{"$f":"(IF(ISNA(VLOOKUP(AE61,ltSchlepper,Maschinen!$AB$6,FALSE))=TRUE,0,VLOOKUP(AE61,ltSchlepper,Maschinen!$AB$6,FALSE)*AG61))","v":0},{"$f":"(IF(ISNA(VLOOKUP(AE61,ltSchlepper,Maschinen!$AC$6,FALSE))=TRUE,0,VLOOKUP(AE61,ltSchlepper,Maschinen!$AC$6,FALSE)*AG61))","v":0},0,{"$f":"(IF(ISNA(VLOOKUP(AK61,ltSchlepper,Maschinen!$AA$6,FALSE))=TRUE,0,VLOOKUP(AK61,ltSchlepper,Maschinen!$AA$6,FALSE)*AM61))","v":0},{"$f":"(IF(ISNA(VLOOKUP(AK61,ltSchlepper,Maschinen!$AB$6,FALSE))=TRUE,0,VLOOKUP(AK61,ltSchlepper,Maschinen!$AB$6,FALSE)*AM61))","v":0},{"$f":"(IF(ISNA(VLOOKUP(AK61,ltSchlepper,Maschinen!$AC$6,FALSE))=TRUE,0,VLOOKUP(AK61,ltSchlepper,Maschinen!$AC$6,FALSE)*AM61))","v":0},0,{"$f":"(IF(ISNA(VLOOKUP(AQ61,ltSchlepper,Maschinen!$AA$6,FALSE))=TRUE,0,VLOOKUP(AQ61,ltSchlepper,Maschinen!$AA$6,FALSE)*AS61))","v":0},{"$f":"(IF(ISNA(VLOOKUP(AQ61,ltSchlepper,Maschinen!$AB$6,FALSE))=TRUE,0,VLOOKUP(AQ61,ltSchlepper,Maschinen!$AB$6,FALSE)*AS61))","v":0},{"$f":"(IF(ISNA(VLOOKUP(AQ61,ltSchlepper,Maschinen!$AC$6,FALSE))=TRUE,0,VLOOKUP(AQ61,ltSchlepper,Maschinen!$AC$6,FALSE)*AS61))","v":0},0]
[null,21414,null,null,null,null,null,null,0,0,0,0.1,0,0,null,null,0,0,0,0,0,0,0,null,null,"",null,"",null,0,null,"",null,"",null,0,null,"",null,"",null,0,null,"",null,"",null,0,0,0,0,0,0,0,0,0,0,0,0,0,{"$f":"(IF(ISNA(VLOOKUP(Y62,ltSchlepper,Maschinen!$K$6,FALSE))=TRUE,0,VLOOKUP(Y62,ltSchlepper,Maschinen!$K$6,FALSE)*AA62))","v":0},{"$f":"(IF(ISNA(VLOOKUP(Y62,ltSchlepper,Maschinen!$L$6,FALSE))=TRUE,0,VLOOKUP(Y62,ltSchlepper,Maschinen!$L$6,FALSE)*AA62))","v":0},{"$f":"(IF(ISNA(VLOOKUP(Y62,ltSchlepper,Maschinen!$M$6,FALSE))=TRUE,0,VLOOKUP(Y62,ltSchlepper,Maschinen!$M$6,FALSE)*AA62))","v":0},{"$f":"(IF(ISNA(VLOOKUP(Y62,ltSchlepper,Maschinen!$N$6,FALSE))=TRUE,0,VLOOKUP(Y62,ltSchlepper,Maschinen!$N$6,FALSE)*AA62*IF(ISBLANK(AC62),1,AC62)))","v":0},{"$f":"(IF(ISNA(VLOOKUP(Y62,ltSchlepper,Maschinen!$O$6,FALSE))=TRUE,0,VLOOKUP(Y62,ltSchlepper,Maschinen!$O$6,FALSE)*AA62*IF(ISBLANK(AC62),1,AC62)))","v":0},{"$f":"(IF(ISNA(VLOOKUP(Y62,ltSchlepper,Maschinen!$P$6,FALSE))=TRUE,0,VLOOKUP(Y62,ltSchlepper,Maschinen!$P$6,FALSE)*AA62*IF(ISBLANK(AC62),1,AC62)))","v":0},0,{"$f":"(IF(ISNA(VLOOKUP(AE62,ltSchlepper,Maschinen!$K$6,FALSE))=TRUE,0,VLOOKUP(AE62,ltSchlepper,Maschinen!$K$6,FALSE)*AG62))","v":0},{"$f":"(IF(ISNA(VLOOKUP(AE62,ltSchlepper,Maschinen!$L$6,FALSE))=TRUE,0,VLOOKUP(AE62,ltSchlepper,Maschinen!$L$6,FALSE)*AG62))","v":0},{"$f":"(IF(ISNA(VLOOKUP(AE62,ltSchlepper,Maschinen!$M$6,FALSE))=TRUE,0,VLOOKUP(AE62,ltSchlepper,Maschinen!$M$6,FALSE)*AG62))","v":0},{"$f":"(IF(ISNA(VLOOKUP(AE62,ltSchlepper,Maschinen!$N$6,FALSE))=TRUE,0,VLOOKUP(AE62,ltSchlepper,Maschinen!$N$6,FALSE)*AG62*IF(ISBLANK(AI62),1,AI62)))","v":0},{"$f":"(IF(ISNA(VLOOKUP(AE62,ltSchlepper,Maschinen!$O$6,FALSE))=TRUE,0,VLOOKUP(AE62,ltSchlepper,Maschinen!$O$6,FALSE)*AG62*IF(ISBLANK(AI62),1,AI62)))","v":0},{"$f":"(IF(ISNA(VLOOKUP(AE62,ltSchlepper,Maschinen!$P$6,FALSE))=TRUE,0,VLOOKUP(AE62,ltSchlepper,Maschinen!$P$6,FALSE)*AG62*IF(ISBLANK(AI62),1,AI62)))","v":0},0,{"$f":"(IF(ISNA(VLOOKUP(AK62,ltSchlepper,Maschinen!$K$6,FALSE))=TRUE,0,VLOOKUP(AK62,ltSchlepper,Maschinen!$K$6,FALSE)*AM62))","v":0},{"$f":"(IF(ISNA(VLOOKUP(AK62,ltSchlepper,Maschinen!$L$6,FALSE))=TRUE,0,VLOOKUP(AK62,ltSchlepper,Maschinen!$L$6,FALSE)*AM62))","v":0},{"$f":"(IF(ISNA(VLOOKUP(AK62,ltSchlepper,Maschinen!$M$6,FALSE))=TRUE,0,VLOOKUP(AK62,ltSchlepper,Maschinen!$M$6,FALSE)*AM62))","v":0},{"$f":"(IF(ISNA(VLOOKUP(AK62,ltSchlepper,Maschinen!$N$6,FALSE))=TRUE,0,VLOOKUP(AK62,ltSchlepper,Maschinen!$N$6,FALSE)*AM62*IF(ISBLANK(AO62),1,AO62)))","v":0},{"$f":"(IF(ISNA(VLOOKUP(AK62,ltSchlepper,Maschinen!$O$6,FALSE))=TRUE,0,VLOOKUP(AK62,ltSchlepper,Maschinen!$O$6,FALSE)*AM62*IF(ISBLANK(AO62),1,AO62)))","v":0},{"$f":"(IF(ISNA(VLOOKUP(AK62,ltSchlepper,Maschinen!$P$6,FALSE))=TRUE,0,VLOOKUP(AK62,ltSchlepper,Maschinen!$P$6,FALSE)*AM62*IF(ISBLANK(AO62),1,AO62)))","v":0},0,{"$f":"(IF(ISNA(VLOOKUP(AQ62,ltSchlepper,Maschinen!$K$6,FALSE))=TRUE,0,VLOOKUP(AQ62,ltSchlepper,Maschinen!$K$6,FALSE)*AS62))","v":0},{"$f":"(IF(ISNA(VLOOKUP(AQ62,ltSchlepper,Maschinen!$L$6,FALSE))=TRUE,0,VLOOKUP(AQ62,ltSchlepper,Maschinen!$L$6,FALSE)*AS62))","v":0},{"$f":"(IF(ISNA(VLOOKUP(AQ62,ltSchlepper,Maschinen!$M$6,FALSE))=TRUE,0,VLOOKUP(AQ62,ltSchlepper,Maschinen!$M$6,FALSE)*AS62))","v":0},{"$f":"(IF(ISNA(VLOOKUP(AQ62,ltSchlepper,Maschinen!$N$6,FALSE))=TRUE,0,VLOOKUP(AQ62,ltSchlepper,Maschinen!$N$6,FALSE)*AS62*IF(ISBLANK(AU62),1,AU62)))","v":0},{"$f":"(IF(ISNA(VLOOKUP(AQ62,ltSchlepper,Maschinen!$O$6,FALSE))=TRUE,0,VLOOKUP(AQ62,ltSchlepper,Maschinen!$O$6,FALSE)*AS62*IF(ISBLANK(AU62),1,AU62)))","v":0},{"$f":"(IF(ISNA(VLOOKUP(AQ62,ltSchlepper,Maschinen!$P$6,FALSE))=TRUE,0,VLOOKUP(AQ62,ltSchlepper,Maschinen!$P$6,FALSE)*AS62*IF(ISBLANK(AU62),1,AU62)))","v":0},0,{"$f":"(IF(ISNA(VLOOKUP(Y62,ltSchlepper,Maschinen!$AA$6,FALSE))=TRUE,0,VLOOKUP(Y62,ltSchlepper,Maschinen!$AA$6,FALSE)*AA62))","v":0},{"$f":"(IF(ISNA(VLOOKUP(Y62,ltSchlepper,Maschinen!$AB$6,FALSE))=TRUE,0,VLOOKUP(Y62,ltSchlepper,Maschinen!$AB$6,FALSE)*AA62))","v":0},{"$f":"(IF(ISNA(VLOOKUP(Y62,ltSchlepper,Maschinen!$AC$6,FALSE))=TRUE,0,VLOOKUP(Y62,ltSchlepper,Maschinen!$AC$6,FALSE)*AA62))","v":0},0,{"$f":"(IF(ISNA(VLOOKUP(AE62,ltSchlepper,Maschinen!$AA$6,FALSE))=TRUE,0,VLOOKUP(AE62,ltSchlepper,Maschinen!$AA$6,FALSE)*AG62))","v":0},{"$f":"(IF(ISNA(VLOOKUP(AE62,ltSchlepper,Maschinen!$AB$6,FALSE))=TRUE,0,VLOOKUP(AE62,ltSchlepper,Maschinen!$AB$6,FALSE)*AG62))","v":0},{"$f":"(IF(ISNA(VLOOKUP(AE62,ltSchlepper,Maschinen!$AC$6,FALSE))=TRUE,0,VLOOKUP(AE62,ltSchlepper,Maschinen!$AC$6,FALSE)*AG62))","v":0},0,{"$f":"(IF(ISNA(VLOOKUP(AK62,ltSchlepper,Maschinen!$AA$6,FALSE))=TRUE,0,VLOOKUP(AK62,ltSchlepper,Maschinen!$AA$6,FALSE)*AM62))","v":0},{"$f":"(IF(ISNA(VLOOKUP(AK62,ltSchlepper,Maschinen!$AB$6,FALSE))=TRUE,0,VLOOKUP(AK62,ltSchlepper,Maschinen!$AB$6,FALSE)*AM62))","v":0},{"$f":"(IF(ISNA(VLOOKUP(AK62,ltSchlepper,Maschinen!$AC$6,FALSE))=TRUE,0,VLOOKUP(AK62,ltSchlepper,Maschinen!$AC$6,FALSE)*AM62))","v":0},0,{"$f":"(IF(ISNA(VLOOKUP(AQ62,ltSchlepper,Maschinen!$AA$6,FALSE))=TRUE,0,VLOOKUP(AQ62,ltSchlepper,Maschinen!$AA$6,FALSE)*AS62))","v":0},{"$f":"(IF(ISNA(VLOOKUP(AQ62,ltSchlepper,Maschinen!$AB$6,FALSE))=TRUE,0,VLOOKUP(AQ62,ltSchlepper,Maschinen!$AB$6,FALSE)*AS62))","v":0},{"$f":"(IF(ISNA(VLOOKUP(AQ62,ltSchlepper,Maschinen!$AC$6,FALSE))=TRUE,0,VLOOKUP(AQ62,ltSchlepper,Maschinen!$AC$6,FALSE)*AS62))","v":0},0]
[null,21415,null,null,null,null,null,null,0,0,0,0.1,0,0,null,null,0,0,0,0,0,0,0,null,null,"",null,"",null,0,null,"",null,"",null,0,null,"",null,"",null,0,null,"",null,"",null,0,0,0,0,0,0,0,0,0,0,0,0,0,{"$f":"(IF(ISNA(VLOOKUP(Y63,ltSchlepper,Maschinen!$K$6,FALSE))=TRUE,0,VLOOKUP(Y63,ltSchlepper,Maschinen!$K$6,FALSE)*AA63))","v":0},{"$f":"(IF(ISNA(VLOOKUP(Y63,ltSchlepper,Maschinen!$L$6,FALSE))=TRUE,0,VLOOKUP(Y63,ltSchlepper,Maschinen!$L$6,FALSE)*AA63))","v":0},{"$f":"(IF(ISNA(VLOOKUP(Y63,ltSchlepper,Maschinen!$M$6,FALSE))=TRUE,0,VLOOKUP(Y63,ltSchlepper,Maschinen!$M$6,FALSE)*AA63))","v":0},{"$f":"(IF(ISNA(VLOOKUP(Y63,ltSchlepper,Maschinen!$N$6,FALSE))=TRUE,0,VLOOKUP(Y63,ltSchlepper,Maschinen!$N$6,FALSE)*AA63*IF(ISBLANK(AC63),1,AC63)))","v":0},{"$f":"(IF(ISNA(VLOOKUP(Y63,ltSchlepper,Maschinen!$O$6,FALSE))=TRUE,0,VLOOKUP(Y63,ltSchlepper,Maschinen!$O$6,FALSE)*AA63*IF(ISBLANK(AC63),1,AC63)))","v":0},{"$f":"(IF(ISNA(VLOOKUP(Y63,ltSchlepper,Maschinen!$P$6,FALSE))=TRUE,0,VLOOKUP(Y63,ltSchlepper,Maschinen!$P$6,FALSE)*AA63*IF(ISBLANK(AC63),1,AC63)))","v":0},0,{"$f":"(IF(ISNA(VLOOKUP(AE63,ltSchlepper,Maschinen!$K$6,FALSE))=TRUE,0,VLOOKUP(AE63,ltSchlepper,Maschinen!$K$6,FALSE)*AG63))","v":0},{"$f":"(IF(ISNA(VLOOKUP(AE63,ltSchlepper,Maschinen!$L$6,FALSE))=TRUE,0,VLOOKUP(AE63,ltSchlepper,Maschinen!$L$6,FALSE)*AG63))","v":0},{"$f":"(IF(ISNA(VLOOKUP(AE63,ltSchlepper,Maschinen!$M$6,FALSE))=TRUE,0,VLOOKUP(AE63,ltSchlepper,Maschinen!$M$6,FALSE)*AG63))","v":0},{"$f":"(IF(ISNA(VLOOKUP(AE63,ltSchlepper,Maschinen!$N$6,FALSE))=TRUE,0,VLOOKUP(AE63,ltSchlepper,Maschinen!$N$6,FALSE)*AG63*IF(ISBLANK(AI63),1,AI63)))","v":0},{"$f":"(IF(ISNA(VLOOKUP(AE63,ltSchlepper,Maschinen!$O$6,FALSE))=TRUE,0,VLOOKUP(AE63,ltSchlepper,Maschinen!$O$6,FALSE)*AG63*IF(ISBLANK(AI63),1,AI63)))","v":0},{"$f":"(IF(ISNA(VLOOKUP(AE63,ltSchlepper,Maschinen!$P$6,FALSE))=TRUE,0,VLOOKUP(AE63,ltSchlepper,Maschinen!$P$6,FALSE)*AG63*IF(ISBLANK(AI63),1,AI63)))","v":0},0,{"$f":"(IF(ISNA(VLOOKUP(AK63,ltSchlepper,Maschinen!$K$6,FALSE))=TRUE,0,VLOOKUP(AK63,ltSchlepper,Maschinen!$K$6,FALSE)*AM63))","v":0},{"$f":"(IF(ISNA(VLOOKUP(AK63,ltSchlepper,Maschinen!$L$6,FALSE))=TRUE,0,VLOOKUP(AK63,ltSchlepper,Maschinen!$L$6,FALSE)*AM63))","v":0},{"$f":"(IF(ISNA(VLOOKUP(AK63,ltSchlepper,Maschinen!$M$6,FALSE))=TRUE,0,VLOOKUP(AK63,ltSchlepper,Maschinen!$M$6,FALSE)*AM63))","v":0},{"$f":"(IF(ISNA(VLOOKUP(AK63,ltSchlepper,Maschinen!$N$6,FALSE))=TRUE,0,VLOOKUP(AK63,ltSchlepper,Maschinen!$N$6,FALSE)*AM63*IF(ISBLANK(AO63),1,AO63)))","v":0},{"$f":"(IF(ISNA(VLOOKUP(AK63,ltSchlepper,Maschinen!$O$6,FALSE))=TRUE,0,VLOOKUP(AK63,ltSchlepper,Maschinen!$O$6,FALSE)*AM63*IF(ISBLANK(AO63),1,AO63)))","v":0},{"$f":"(IF(ISNA(VLOOKUP(AK63,ltSchlepper,Maschinen!$P$6,FALSE))=TRUE,0,VLOOKUP(AK63,ltSchlepper,Maschinen!$P$6,FALSE)*AM63*IF(ISBLANK(AO63),1,AO63)))","v":0},0,{"$f":"(IF(ISNA(VLOOKUP(AQ63,ltSchlepper,Maschinen!$K$6,FALSE))=TRUE,0,VLOOKUP(AQ63,ltSchlepper,Maschinen!$K$6,FALSE)*AS63))","v":0},{"$f":"(IF(ISNA(VLOOKUP(AQ63,ltSchlepper,Maschinen!$L$6,FALSE))=TRUE,0,VLOOKUP(AQ63,ltSchlepper,Maschinen!$L$6,FALSE)*AS63))","v":0},{"$f":"(IF(ISNA(VLOOKUP(AQ63,ltSchlepper,Maschinen!$M$6,FALSE))=TRUE,0,VLOOKUP(AQ63,ltSchlepper,Maschinen!$M$6,FALSE)*AS63))","v":0},{"$f":"(IF(ISNA(VLOOKUP(AQ63,ltSchlepper,Maschinen!$N$6,FALSE))=TRUE,0,VLOOKUP(AQ63,ltSchlepper,Maschinen!$N$6,FALSE)*AS63*IF(ISBLANK(AU63),1,AU63)))","v":0},{"$f":"(IF(ISNA(VLOOKUP(AQ63,ltSchlepper,Maschinen!$O$6,FALSE))=TRUE,0,VLOOKUP(AQ63,ltSchlepper,Maschinen!$O$6,FALSE)*AS63*IF(ISBLANK(AU63),1,AU63)))","v":0},{"$f":"(IF(ISNA(VLOOKUP(AQ63,ltSchlepper,Maschinen!$P$6,FALSE))=TRUE,0,VLOOKUP(AQ63,ltSchlepper,Maschinen!$P$6,FALSE)*AS63*IF(ISBLANK(AU63),1,AU63)))","v":0},0,{"$f":"(IF(ISNA(VLOOKUP(Y63,ltSchlepper,Maschinen!$AA$6,FALSE))=TRUE,0,VLOOKUP(Y63,ltSchlepper,Maschinen!$AA$6,FALSE)*AA63))","v":0},{"$f":"(IF(ISNA(VLOOKUP(Y63,ltSchlepper,Maschinen!$AB$6,FALSE))=TRUE,0,VLOOKUP(Y63,ltSchlepper,Maschinen!$AB$6,FALSE)*AA63))","v":0},{"$f":"(IF(ISNA(VLOOKUP(Y63,ltSchlepper,Maschinen!$AC$6,FALSE))=TRUE,0,VLOOKUP(Y63,ltSchlepper,Maschinen!$AC$6,FALSE)*AA63))","v":0},0,{"$f":"(IF(ISNA(VLOOKUP(AE63,ltSchlepper,Maschinen!$AA$6,FALSE))=TRUE,0,VLOOKUP(AE63,ltSchlepper,Maschinen!$AA$6,FALSE)*AG63))","v":0},{"$f":"(IF(ISNA(VLOOKUP(AE63,ltSchlepper,Maschinen!$AB$6,FALSE))=TRUE,0,VLOOKUP(AE63,ltSchlepper,Maschinen!$AB$6,FALSE)*AG63))","v":0},{"$f":"(IF(ISNA(VLOOKUP(AE63,ltSchlepper,Maschinen!$AC$6,FALSE))=TRUE,0,VLOOKUP(AE63,ltSchlepper,Maschinen!$AC$6,FALSE)*AG63))","v":0},0,{"$f":"(IF(ISNA(VLOOKUP(AK63,ltSchlepper,Maschinen!$AA$6,FALSE))=TRUE,0,VLOOKUP(AK63,ltSchlepper,Maschinen!$AA$6,FALSE)*AM63))","v":0},{"$f":"(IF(ISNA(VLOOKUP(AK63,ltSchlepper,Maschinen!$AB$6,FALSE))=TRUE,0,VLOOKUP(AK63,ltSchlepper,Maschinen!$AB$6,FALSE)*AM63))","v":0},{"$f":"(IF(ISNA(VLOOKUP(AK63,ltSchlepper,Maschinen!$AC$6,FALSE))=TRUE,0,VLOOKUP(AK63,ltSchlepper,Maschinen!$AC$6,FALSE)*AM63))","v":0},0,{"$f":"(IF(ISNA(VLOOKUP(AQ63,ltSchlepper,Maschinen!$AA$6,FALSE))=TRUE,0,VLOOKUP(AQ63,ltSchlepper,Maschinen!$AA$6,FALSE)*AS63))","v":0},{"$f":"(IF(ISNA(VLOOKUP(AQ63,ltSchlepper,Maschinen!$AB$6,FALSE))=TRUE,0,VLOOKUP(AQ63,ltSchlepper,Maschinen!$AB$6,FALSE)*AS63))","v":0},{"$f":"(IF(ISNA(VLOOKUP(AQ63,ltSchlepper,Maschinen!$AC$6,FALSE))=TRUE,0,VLOOKUP(AQ63,ltSchlepper,Maschinen!$AC$6,FALSE)*AS63))","v":0},0]
[null,21416,null,null,null,null,null,null,0,0,0,0.1,0,0,null,null,0,0,0,0,0,0,0,null,null,"",null,"",null,0,null,"",null,"",null,0,null,"",null,"",null,0,null,"",null,"",null,0,0,0,0,0,0,0,0,0,0,0,0,0,{"$f":"(IF(ISNA(VLOOKUP(Y64,ltSchlepper,Maschinen!$K$6,FALSE))=TRUE,0,VLOOKUP(Y64,ltSchlepper,Maschinen!$K$6,FALSE)*AA64))","v":0},{"$f":"(IF(ISNA(VLOOKUP(Y64,ltSchlepper,Maschinen!$L$6,FALSE))=TRUE,0,VLOOKUP(Y64,ltSchlepper,Maschinen!$L$6,FALSE)*AA64))","v":0},{"$f":"(IF(ISNA(VLOOKUP(Y64,ltSchlepper,Maschinen!$M$6,FALSE))=TRUE,0,VLOOKUP(Y64,ltSchlepper,Maschinen!$M$6,FALSE)*AA64))","v":0},{"$f":"(IF(ISNA(VLOOKUP(Y64,ltSchlepper,Maschinen!$N$6,FALSE))=TRUE,0,VLOOKUP(Y64,ltSchlepper,Maschinen!$N$6,FALSE)*AA64*IF(ISBLANK(AC64),1,AC64)))","v":0},{"$f":"(IF(ISNA(VLOOKUP(Y64,ltSchlepper,Maschinen!$O$6,FALSE))=TRUE,0,VLOOKUP(Y64,ltSchlepper,Maschinen!$O$6,FALSE)*AA64*IF(ISBLANK(AC64),1,AC64)))","v":0},{"$f":"(IF(ISNA(VLOOKUP(Y64,ltSchlepper,Maschinen!$P$6,FALSE))=TRUE,0,VLOOKUP(Y64,ltSchlepper,Maschinen!$P$6,FALSE)*AA64*IF(ISBLANK(AC64),1,AC64)))","v":0},0,{"$f":"(IF(ISNA(VLOOKUP(AE64,ltSchlepper,Maschinen!$K$6,FALSE))=TRUE,0,VLOOKUP(AE64,ltSchlepper,Maschinen!$K$6,FALSE)*AG64))","v":0},{"$f":"(IF(ISNA(VLOOKUP(AE64,ltSchlepper,Maschinen!$L$6,FALSE))=TRUE,0,VLOOKUP(AE64,ltSchlepper,Maschinen!$L$6,FALSE)*AG64))","v":0},{"$f":"(IF(ISNA(VLOOKUP(AE64,ltSchlepper,Maschinen!$M$6,FALSE))=TRUE,0,VLOOKUP(AE64,ltSchlepper,Maschinen!$M$6,FALSE)*AG64))","v":0},{"$f":"(IF(ISNA(VLOOKUP(AE64,ltSchlepper,Maschinen!$N$6,FALSE))=TRUE,0,VLOOKUP(AE64,ltSchlepper,Maschinen!$N$6,FALSE)*AG64*IF(ISBLANK(AI64),1,AI64)))","v":0},{"$f":"(IF(ISNA(VLOOKUP(AE64,ltSchlepper,Maschinen!$O$6,FALSE))=TRUE,0,VLOOKUP(AE64,ltSchlepper,Maschinen!$O$6,FALSE)*AG64*IF(ISBLANK(AI64),1,AI64)))","v":0},{"$f":"(IF(ISNA(VLOOKUP(AE64,ltSchlepper,Maschinen!$P$6,FALSE))=TRUE,0,VLOOKUP(AE64,ltSchlepper,Maschinen!$P$6,FALSE)*AG64*IF(ISBLANK(AI64),1,AI64)))","v":0},0,{"$f":"(IF(ISNA(VLOOKUP(AK64,ltSchlepper,Maschinen!$K$6,FALSE))=TRUE,0,VLOOKUP(AK64,ltSchlepper,Maschinen!$K$6,FALSE)*AM64))","v":0},{"$f":"(IF(ISNA(VLOOKUP(AK64,ltSchlepper,Maschinen!$L$6,FALSE))=TRUE,0,VLOOKUP(AK64,ltSchlepper,Maschinen!$L$6,FALSE)*AM64))","v":0},{"$f":"(IF(ISNA(VLOOKUP(AK64,ltSchlepper,Maschinen!$M$6,FALSE))=TRUE,0,VLOOKUP(AK64,ltSchlepper,Maschinen!$M$6,FALSE)*AM64))","v":0},{"$f":"(IF(ISNA(VLOOKUP(AK64,ltSchlepper,Maschinen!$N$6,FALSE))=TRUE,0,VLOOKUP(AK64,ltSchlepper,Maschinen!$N$6,FALSE)*AM64*IF(ISBLANK(AO64),1,AO64)))","v":0},{"$f":"(IF(ISNA(VLOOKUP(AK64,ltSchlepper,Maschinen!$O$6,FALSE))=TRUE,0,VLOOKUP(AK64,ltSchlepper,Maschinen!$O$6,FALSE)*AM64*IF(ISBLANK(AO64),1,AO64)))","v":0},{"$f":"(IF(ISNA(VLOOKUP(AK64,ltSchlepper,Maschinen!$P$6,FALSE))=TRUE,0,VLOOKUP(AK64,ltSchlepper,Maschinen!$P$6,FALSE)*AM64*IF(ISBLANK(AO64),1,AO64)))","v":0},0,{"$f":"(IF(ISNA(VLOOKUP(AQ64,ltSchlepper,Maschinen!$K$6,FALSE))=TRUE,0,VLOOKUP(AQ64,ltSchlepper,Maschinen!$K$6,FALSE)*AS64))","v":0},{"$f":"(IF(ISNA(VLOOKUP(AQ64,ltSchlepper,Maschinen!$L$6,FALSE))=TRUE,0,VLOOKUP(AQ64,ltSchlepper,Maschinen!$L$6,FALSE)*AS64))","v":0},{"$f":"(IF(ISNA(VLOOKUP(AQ64,ltSchlepper,Maschinen!$M$6,FALSE))=TRUE,0,VLOOKUP(AQ64,ltSchlepper,Maschinen!$M$6,FALSE)*AS64))","v":0},{"$f":"(IF(ISNA(VLOOKUP(AQ64,ltSchlepper,Maschinen!$N$6,FALSE))=TRUE,0,VLOOKUP(AQ64,ltSchlepper,Maschinen!$N$6,FALSE)*AS64*IF(ISBLANK(AU64),1,AU64)))","v":0},{"$f":"(IF(ISNA(VLOOKUP(AQ64,ltSchlepper,Maschinen!$O$6,FALSE))=TRUE,0,VLOOKUP(AQ64,ltSchlepper,Maschinen!$O$6,FALSE)*AS64*IF(ISBLANK(AU64),1,AU64)))","v":0},{"$f":"(IF(ISNA(VLOOKUP(AQ64,ltSchlepper,Maschinen!$P$6,FALSE))=TRUE,0,VLOOKUP(AQ64,ltSchlepper,Maschinen!$P$6,FALSE)*AS64*IF(ISBLANK(AU64),1,AU64)))","v":0},0,{"$f":"(IF(ISNA(VLOOKUP(Y64,ltSchlepper,Maschinen!$AA$6,FALSE))=TRUE,0,VLOOKUP(Y64,ltSchlepper,Maschinen!$AA$6,FALSE)*AA64))","v":0},{"$f":"(IF(ISNA(VLOOKUP(Y64,ltSchlepper,Maschinen!$AB$6,FALSE))=TRUE,0,VLOOKUP(Y64,ltSchlepper,Maschinen!$AB$6,FALSE)*AA64))","v":0},{"$f":"(IF(ISNA(VLOOKUP(Y64,ltSchlepper,Maschinen!$AC$6,FALSE))=TRUE,0,VLOOKUP(Y64,ltSchlepper,Maschinen!$AC$6,FALSE)*AA64))","v":0},0,{"$f":"(IF(ISNA(VLOOKUP(AE64,ltSchlepper,Maschinen!$AA$6,FALSE))=TRUE,0,VLOOKUP(AE64,ltSchlepper,Maschinen!$AA$6,FALSE)*AG64))","v":0},{"$f":"(IF(ISNA(VLOOKUP(AE64,ltSchlepper,Maschinen!$AB$6,FALSE))=TRUE,0,VLOOKUP(AE64,ltSchlepper,Maschinen!$AB$6,FALSE)*AG64))","v":0},{"$f":"(IF(ISNA(VLOOKUP(AE64,ltSchlepper,Maschinen!$AC$6,FALSE))=TRUE,0,VLOOKUP(AE64,ltSchlepper,Maschinen!$AC$6,FALSE)*AG64))","v":0},0,{"$f":"(IF(ISNA(VLOOKUP(AK64,ltSchlepper,Maschinen!$AA$6,FALSE))=TRUE,0,VLOOKUP(AK64,ltSchlepper,Maschinen!$AA$6,FALSE)*AM64))","v":0},{"$f":"(IF(ISNA(VLOOKUP(AK64,ltSchlepper,Maschinen!$AB$6,FALSE))=TRUE,0,VLOOKUP(AK64,ltSchlepper,Maschinen!$AB$6,FALSE)*AM64))","v":0},{"$f":"(IF(ISNA(VLOOKUP(AK64,ltSchlepper,Maschinen!$AC$6,FALSE))=TRUE,0,VLOOKUP(AK64,ltSchlepper,Maschinen!$AC$6,FALSE)*AM64))","v":0},0,{"$f":"(IF(ISNA(VLOOKUP(AQ64,ltSchlepper,Maschinen!$AA$6,FALSE))=TRUE,0,VLOOKUP(AQ64,ltSchlepper,Maschinen!$AA$6,FALSE)*AS64))","v":0},{"$f":"(IF(ISNA(VLOOKUP(AQ64,ltSchlepper,Maschinen!$AB$6,FALSE))=TRUE,0,VLOOKUP(AQ64,ltSchlepper,Maschinen!$AB$6,FALSE)*AS64))","v":0},{"$f":"(IF(ISNA(VLOOKUP(AQ64,ltSchlepper,Maschinen!$AC$6,FALSE))=TRUE,0,VLOOKUP(AQ64,ltSchlepper,Maschinen!$AC$6,FALSE)*AS64))","v":0},0]
[null,21417,null,null,null,null,null,null,0,0,0,0.1,0,0,null,null,0,0,0,0,0,0,0,null,null,{"$f":"IF(ISNA(VLOOKUP(Y65,ltSchlepper,2,FALSE))=TRUE,\"\",VLOOKUP(Y65,ltSchlepper,2,FALSE))","v":""},null,{"$f":"IF(ISNA(VLOOKUP(Y65,ltSchlepper,3,FALSE))=TRUE,\"\",VLOOKUP(Y65,ltSchlepper,3,FALSE))","v":""},null,0,null,{"$f":"IF(ISNA(VLOOKUP(AE65,ltSchlepper,2,FALSE))=TRUE,\"\",VLOOKUP(AE65,ltSchlepper,2,FALSE))","v":""},null,{"$f":"IF(ISNA(VLOOKUP(AE65,ltSchlepper,3,FALSE))=TRUE,\"\",VLOOKUP(AE65,ltSchlepper,3,FALSE))","v":""},null,0,null,{"$f":"IF(ISNA(VLOOKUP(AK65,ltSchlepper,2,FALSE))=TRUE,\"\",VLOOKUP(AK65,ltSchlepper,2,FALSE))","v":""},null,{"$f":"IF(ISNA(VLOOKUP(AK65,ltSchlepper,3,FALSE))=TRUE,\"\",VLOOKUP(AK65,ltSchlepper,3,FALSE))","v":""},null,0,null,{"$f":"IF(ISNA(VLOOKUP(AQ65,ltSchlepper,2,FALSE))=TRUE,\"\",VLOOKUP(AQ65,ltSchlepper,2,FALSE))","v":""},null,{"$f":"IF(ISNA(VLOOKUP(AQ65,ltSchlepper,3,FALSE))=TRUE,\"\",VLOOKUP(AQ65,ltSchlepper,3,FALSE))","v":""},null,0,0,0,0,0,0,0,0,0,0,0,0,0,{"$f":"(IF(ISNA(VLOOKUP(Y65,ltSchlepper,Maschinen!$K$6,FALSE))=TRUE,0,VLOOKUP(Y65,ltSchlepper,Maschinen!$K$6,FALSE)*AA65))","v":0},{"$f":"(IF(ISNA(VLOOKUP(Y65,ltSchlepper,Maschinen!$L$6,FALSE))=TRUE,0,VLOOKUP(Y65,ltSchlepper,Maschinen!$L$6,FALSE)*AA65))","v":0},{"$f":"(IF(ISNA(VLOOKUP(Y65,ltSchlepper,Maschinen!$M$6,FALSE))=TRUE,0,VLOOKUP(Y65,ltSchlepper,Maschinen!$M$6,FALSE)*AA65))","v":0},{"$f":"(IF(ISNA(VLOOKUP(Y65,ltSchlepper,Maschinen!$N$6,FALSE))=TRUE,0,VLOOKUP(Y65,ltSchlepper,Maschinen!$N$6,FALSE)*AA65*IF(ISBLANK(AC65),1,AC65)))","v":0},{"$f":"(IF(ISNA(VLOOKUP(Y65,ltSchlepper,Maschinen!$O$6,FALSE))=TRUE,0,VLOOKUP(Y65,ltSchlepper,Maschinen!$O$6,FALSE)*AA65*IF(ISBLANK(AC65),1,AC65)))","v":0},{"$f":"(IF(ISNA(VLOOKUP(Y65,ltSchlepper,Maschinen!$P$6,FALSE))=TRUE,0,VLOOKUP(Y65,ltSchlepper,Maschinen!$P$6,FALSE)*AA65*IF(ISBLANK(AC65),1,AC65)))","v":0},{"$f":"SUM(BI65:BK65,BM65:BN65)","v":0},{"$f":"(IF(ISNA(VLOOKUP(AE65,ltSchlepper,Maschinen!$K$6,FALSE))=TRUE,0,VLOOKUP(AE65,ltSchlepper,Maschinen!$K$6,FALSE)*AG65))","v":0},{"$f":"(IF(ISNA(VLOOKUP(AE65,ltSchlepper,Maschinen!$L$6,FALSE))=TRUE,0,VLOOKUP(AE65,ltSchlepper,Maschinen!$L$6,FALSE)*AG65))","v":0},{"$f":"(IF(ISNA(VLOOKUP(AE65,ltSchlepper,Maschinen!$M$6,FALSE))=TRUE,0,VLOOKUP(AE65,ltSchlepper,Maschinen!$M$6,FALSE)*AG65))","v":0},{"$f":"(IF(ISNA(VLOOKUP(AE65,ltSchlepper,Maschinen!$N$6,FALSE))=TRUE,0,VLOOKUP(AE65,ltSchlepper,Maschinen!$N$6,FALSE)*AG65*IF(ISBLANK(AI65),1,AI65)))","v":0},{"$f":"(IF(ISNA(VLOOKUP(AE65,ltSchlepper,Maschinen!$O$6,FALSE))=TRUE,0,VLOOKUP(AE65,ltSchlepper,Maschinen!$O$6,FALSE)*AG65*IF(ISBLANK(AI65),1,AI65)))","v":0},{"$f":"(IF(ISNA(VLOOKUP(AE65,ltSchlepper,Maschinen!$P$6,FALSE))=TRUE,0,VLOOKUP(AE65,ltSchlepper,Maschinen!$P$6,FALSE)*AG65*IF(ISBLANK(AI65),1,AI65)))","v":0},{"$f":"SUM(BP65:BR65,BT65:BU65)","v":0},{"$f":"(IF(ISNA(VLOOKUP(AK65,ltSchlepper,Maschinen!$K$6,FALSE))=TRUE,0,VLOOKUP(AK65,ltSchlepper,Maschinen!$K$6,FALSE)*AM65))","v":0},{"$f":"(IF(ISNA(VLOOKUP(AK65,ltSchlepper,Maschinen!$L$6,FALSE))=TRUE,0,VLOOKUP(AK65,ltSchlepper,Maschinen!$L$6,FALSE)*AM65))","v":0},{"$f":"(IF(ISNA(VLOOKUP(AK65,ltSchlepper,Maschinen!$M$6,FALSE))=TRUE,0,VLOOKUP(AK65,ltSchlepper,Maschinen!$M$6,FALSE)*AM65))","v":0},{"$f":"(IF(ISNA(VLOOKUP(AK65,ltSchlepper,Maschinen!$N$6,FALSE))=TRUE,0,VLOOKUP(AK65,ltSchlepper,Maschinen!$N$6,FALSE)*AM65*IF(ISBLANK(AO65),1,AO65)))","v":0},{"$f":"(IF(ISNA(VLOOKUP(AK65,ltSchlepper,Maschinen!$O$6,FALSE))=TRUE,0,VLOOKUP(AK65,ltSchlepper,Maschinen!$O$6,FALSE)*AM65*IF(ISBLANK(AO65),1,AO65)))","v":0},{"$f":"(IF(ISNA(VLOOKUP(AK65,ltSchlepper,Maschinen!$P$6,FALSE))=TRUE,0,VLOOKUP(AK65,ltSchlepper,Maschinen!$P$6,FALSE)*AM65*IF(ISBLANK(AO65),1,AO65)))","v":0},{"$f":"SUM(BW65:BY65,CA65:CB65)","v":0},{"$f":"(IF(ISNA(VLOOKUP(AQ65,ltSchlepper,Maschinen!$K$6,FALSE))=TRUE,0,VLOOKUP(AQ65,ltSchlepper,Maschinen!$K$6,FALSE)*AS65))","v":0},{"$f":"(IF(ISNA(VLOOKUP(AQ65,ltSchlepper,Maschinen!$L$6,FALSE))=TRUE,0,VLOOKUP(AQ65,ltSchlepper,Maschinen!$L$6,FALSE)*AS65))","v":0},{"$f":"(IF(ISNA(VLOOKUP(AQ65,ltSchlepper,Maschinen!$M$6,FALSE))=TRUE,0,VLOOKUP(AQ65,ltSchlepper,Maschinen!$M$6,FALSE)*AS65))","v":0},{"$f":"(IF(ISNA(VLOOKUP(AQ65,ltSchlepper,Maschinen!$N$6,FALSE))=TRUE,0,VLOOKUP(AQ65,ltSchlepper,Maschinen!$N$6,FALSE)*AS65*IF(ISBLANK(AU65),1,AU65)))","v":0},{"$f":"(IF(ISNA(VLOOKUP(AQ65,ltSchlepper,Maschinen!$O$6,FALSE))=TRUE,0,VLOOKUP(AQ65,ltSchlepper,Maschinen!$O$6,FALSE)*AS65*IF(ISBLANK(AU65),1,AU65)))","v":0},{"$f":"(IF(ISNA(VLOOKUP(AQ65,ltSchlepper,Maschinen!$P$6,FALSE))=TRUE,0,VLOOKUP(AQ65,ltSchlepper,Maschinen!$P$6,FALSE)*AS65*IF(ISBLANK(AU65),1,AU65)))","v":0},{"$f":"SUM(CD65:CF65,CH65:CI65)","v":0},{"$f":"(IF(ISNA(VLOOKUP(Y65,ltSchlepper,Maschinen!$AA$6,FALSE))=TRUE,0,VLOOKUP(Y65,ltSchlepper,Maschinen!$AA$6,FALSE)*AA65))","v":0},{"$f":"(IF(ISNA(VLOOKUP(Y65,ltSchlepper,Maschinen!$AB$6,FALSE))=TRUE,0,VLOOKUP(Y65,ltSchlepper,Maschinen!$AB$6,FALSE)*AA65))","v":0},{"$f":"(IF(ISNA(VLOOKUP(Y65,ltSchlepper,Maschinen!$AC$6,FALSE))=TRUE,0,VLOOKUP(Y65,ltSchlepper,Maschinen!$AC$6,FALSE)*AA65))","v":0},{"$f":"SUM(CK65:CM65)","v":0},{"$f":"(IF(ISNA(VLOOKUP(AE65,ltSchlepper,Maschinen!$AA$6,FALSE))=TRUE,0,VLOOKUP(AE65,ltSchlepper,Maschinen!$AA$6,FALSE)*AG65))","v":0},{"$f":"(IF(ISNA(VLOOKUP(AE65,ltSchlepper,Maschinen!$AB$6,FALSE))=TRUE,0,VLOOKUP(AE65,ltSchlepper,Maschinen!$AB$6,FALSE)*AG65))","v":0},{"$f":"(IF(ISNA(VLOOKUP(AE65,ltSchlepper,Maschinen!$AC$6,FALSE))=TRUE,0,VLOOKUP(AE65,ltSchlepper,Maschinen!$AC$6,FALSE)*AG65))","v":0},{"$f":"SUM(CO65:CQ65)","v":0},{"$f":"(IF(ISNA(VLOOKUP(AK65,ltSchlepper,Maschinen!$AA$6,FALSE))=TRUE,0,VLOOKUP(AK65,ltSchlepper,Maschinen!$AA$6,FALSE)*AM65))","v":0},{"$f":"(IF(ISNA(VLOOKUP(AK65,ltSchlepper,Maschinen!$AB$6,FALSE))=TRUE,0,VLOOKUP(AK65,ltSchlepper,Maschinen!$AB$6,FALSE)*AM65))","v":0},{"$f":"(IF(ISNA(VLOOKUP(AK65,ltSchlepper,Maschinen!$AC$6,FALSE))=TRUE,0,VLOOKUP(AK65,ltSchlepper,Maschinen!$AC$6,FALSE)*AM65))","v":0},{"$f":"SUM(CS65:CU65)","v":0},{"$f":"(IF(ISNA(VLOOKUP(AQ65,ltSchlepper,Maschinen!$AA$6,FALSE))=TRUE,0,VLOOKUP(AQ65,ltSchlepper,Maschinen!$AA$6,FALSE)*AS65))","v":0},{"$f":"(IF(ISNA(VLOOKUP(AQ65,ltSchlepper,Maschinen!$AB$6,FALSE))=TRUE,0,VLOOKUP(AQ65,ltSchlepper,Maschinen!$AB$6,FALSE)*AS65))","v":0},{"$f":"(IF(ISNA(VLOOKUP(AQ65,ltSchlepper,Maschinen!$AC$6,FALSE))=TRUE,0,VLOOKUP(AQ65,ltSchlepper,Maschinen!$AC$6,FALSE)*AS65))","v":0},{"$f":"SUM(CW65:CY65)","v":0}]
[null,21418,null,null,null,null,null,null,0,0,0,0.1,0,0,null,null,0,0,0,0,0,0,0,null,null,"",null,"",null,0,null,"",null,"",null,0,null,"",null,"",null,0,null,"",null,"",null,0,0,0,0,0,0,0,0,0,0,0,0,0,{"$f":"(IF(ISNA(VLOOKUP(Y66,ltSchlepper,Maschinen!$K$6,FALSE))=TRUE,0,VLOOKUP(Y66,ltSchlepper,Maschinen!$K$6,FALSE)*AA66))","v":0},{"$f":"(IF(ISNA(VLOOKUP(Y66,ltSchlepper,Maschinen!$L$6,FALSE))=TRUE,0,VLOOKUP(Y66,ltSchlepper,Maschinen!$L$6,FALSE)*AA66))","v":0},{"$f":"(IF(ISNA(VLOOKUP(Y66,ltSchlepper,Maschinen!$M$6,FALSE))=TRUE,0,VLOOKUP(Y66,ltSchlepper,Maschinen!$M$6,FALSE)*AA66))","v":0},{"$f":"(IF(ISNA(VLOOKUP(Y66,ltSchlepper,Maschinen!$N$6,FALSE))=TRUE,0,VLOOKUP(Y66,ltSchlepper,Maschinen!$N$6,FALSE)*AA66*IF(ISBLANK(AC66),1,AC66)))","v":0},{"$f":"(IF(ISNA(VLOOKUP(Y66,ltSchlepper,Maschinen!$O$6,FALSE))=TRUE,0,VLOOKUP(Y66,ltSchlepper,Maschinen!$O$6,FALSE)*AA66*IF(ISBLANK(AC66),1,AC66)))","v":0},{"$f":"(IF(ISNA(VLOOKUP(Y66,ltSchlepper,Maschinen!$P$6,FALSE))=TRUE,0,VLOOKUP(Y66,ltSchlepper,Maschinen!$P$6,FALSE)*AA66*IF(ISBLANK(AC66),1,AC66)))","v":0},0,{"$f":"(IF(ISNA(VLOOKUP(AE66,ltSchlepper,Maschinen!$K$6,FALSE))=TRUE,0,VLOOKUP(AE66,ltSchlepper,Maschinen!$K$6,FALSE)*AG66))","v":0},{"$f":"(IF(ISNA(VLOOKUP(AE66,ltSchlepper,Maschinen!$L$6,FALSE))=TRUE,0,VLOOKUP(AE66,ltSchlepper,Maschinen!$L$6,FALSE)*AG66))","v":0},{"$f":"(IF(ISNA(VLOOKUP(AE66,ltSchlepper,Maschinen!$M$6,FALSE))=TRUE,0,VLOOKUP(AE66,ltSchlepper,Maschinen!$M$6,FALSE)*AG66))","v":0},{"$f":"(IF(ISNA(VLOOKUP(AE66,ltSchlepper,Maschinen!$N$6,FALSE))=TRUE,0,VLOOKUP(AE66,ltSchlepper,Maschinen!$N$6,FALSE)*AG66*IF(ISBLANK(AI66),1,AI66)))","v":0},{"$f":"(IF(ISNA(VLOOKUP(AE66,ltSchlepper,Maschinen!$O$6,FALSE))=TRUE,0,VLOOKUP(AE66,ltSchlepper,Maschinen!$O$6,FALSE)*AG66*IF(ISBLANK(AI66),1,AI66)))","v":0},{"$f":"(IF(ISNA(VLOOKUP(AE66,ltSchlepper,Maschinen!$P$6,FALSE))=TRUE,0,VLOOKUP(AE66,ltSchlepper,Maschinen!$P$6,FALSE)*AG66*IF(ISBLANK(AI66),1,AI66)))","v":0},0,{"$f":"(IF(ISNA(VLOOKUP(AK66,ltSchlepper,Maschinen!$K$6,FALSE))=TRUE,0,VLOOKUP(AK66,ltSchlepper,Maschinen!$K$6,FALSE)*AM66))","v":0},{"$f":"(IF(ISNA(VLOOKUP(AK66,ltSchlepper,Maschinen!$L$6,FALSE))=TRUE,0,VLOOKUP(AK66,ltSchlepper,Maschinen!$L$6,FALSE)*AM66))","v":0},{"$f":"(IF(ISNA(VLOOKUP(AK66,ltSchlepper,Maschinen!$M$6,FALSE))=TRUE,0,VLOOKUP(AK66,ltSchlepper,Maschinen!$M$6,FALSE)*AM66))","v":0},{"$f":"(IF(ISNA(VLOOKUP(AK66,ltSchlepper,Maschinen!$N$6,FALSE))=TRUE,0,VLOOKUP(AK66,ltSchlepper,Maschinen!$N$6,FALSE)*AM66*IF(ISBLANK(AO66),1,AO66)))","v":0},{"$f":"(IF(ISNA(VLOOKUP(AK66,ltSchlepper,Maschinen!$O$6,FALSE))=TRUE,0,VLOOKUP(AK66,ltSchlepper,Maschinen!$O$6,FALSE)*AM66*IF(ISBLANK(AO66),1,AO66)))","v":0},{"$f":"(IF(ISNA(VLOOKUP(AK66,ltSchlepper,Maschinen!$P$6,FALSE))=TRUE,0,VLOOKUP(AK66,ltSchlepper,Maschinen!$P$6,FALSE)*AM66*IF(ISBLANK(AO66),1,AO66)))","v":0},0,{"$f":"(IF(ISNA(VLOOKUP(AQ66,ltSchlepper,Maschinen!$K$6,FALSE))=TRUE,0,VLOOKUP(AQ66,ltSchlepper,Maschinen!$K$6,FALSE)*AS66))","v":0},{"$f":"(IF(ISNA(VLOOKUP(AQ66,ltSchlepper,Maschinen!$L$6,FALSE))=TRUE,0,VLOOKUP(AQ66,ltSchlepper,Maschinen!$L$6,FALSE)*AS66))","v":0},{"$f":"(IF(ISNA(VLOOKUP(AQ66,ltSchlepper,Maschinen!$M$6,FALSE))=TRUE,0,VLOOKUP(AQ66,ltSchlepper,Maschinen!$M$6,FALSE)*AS66))","v":0},{"$f":"(IF(ISNA(VLOOKUP(AQ66,ltSchlepper,Maschinen!$N$6,FALSE))=TRUE,0,VLOOKUP(AQ66,ltSchlepper,Maschinen!$N$6,FALSE)*AS66*IF(ISBLANK(AU66),1,AU66)))","v":0},{"$f":"(IF(ISNA(VLOOKUP(AQ66,ltSchlepper,Maschinen!$O$6,FALSE))=TRUE,0,VLOOKUP(AQ66,ltSchlepper,Maschinen!$O$6,FALSE)*AS66*IF(ISBLANK(AU66),1,AU66)))","v":0},{"$f":"(IF(ISNA(VLOOKUP(AQ66,ltSchlepper,Maschinen!$P$6,FALSE))=TRUE,0,VLOOKUP(AQ66,ltSchlepper,Maschinen!$P$6,FALSE)*AS66*IF(ISBLANK(AU66),1,AU66)))","v":0},0,{"$f":"(IF(ISNA(VLOOKUP(Y66,ltSchlepper,Maschinen!$AA$6,FALSE))=TRUE,0,VLOOKUP(Y66,ltSchlepper,Maschinen!$AA$6,FALSE)*AA66))","v":0},{"$f":"(IF(ISNA(VLOOKUP(Y66,ltSchlepper,Maschinen!$AB$6,FALSE))=TRUE,0,VLOOKUP(Y66,ltSchlepper,Maschinen!$AB$6,FALSE)*AA66))","v":0},{"$f":"(IF(ISNA(VLOOKUP(Y66,ltSchlepper,Maschinen!$AC$6,FALSE))=TRUE,0,VLOOKUP(Y66,ltSchlepper,Maschinen!$AC$6,FALSE)*AA66))","v":0},0,{"$f":"(IF(ISNA(VLOOKUP(AE66,ltSchlepper,Maschinen!$AA$6,FALSE))=TRUE,0,VLOOKUP(AE66,ltSchlepper,Maschinen!$AA$6,FALSE)*AG66))","v":0},{"$f":"(IF(ISNA(VLOOKUP(AE66,ltSchlepper,Maschinen!$AB$6,FALSE))=TRUE,0,VLOOKUP(AE66,ltSchlepper,Maschinen!$AB$6,FALSE)*AG66))","v":0},{"$f":"(IF(ISNA(VLOOKUP(AE66,ltSchlepper,Maschinen!$AC$6,FALSE))=TRUE,0,VLOOKUP(AE66,ltSchlepper,Maschinen!$AC$6,FALSE)*AG66))","v":0},0,{"$f":"(IF(ISNA(VLOOKUP(AK66,ltSchlepper,Maschinen!$AA$6,FALSE))=TRUE,0,VLOOKUP(AK66,ltSchlepper,Maschinen!$AA$6,FALSE)*AM66))","v":0},{"$f":"(IF(ISNA(VLOOKUP(AK66,ltSchlepper,Maschinen!$AB$6,FALSE))=TRUE,0,VLOOKUP(AK66,ltSchlepper,Maschinen!$AB$6,FALSE)*AM66))","v":0},{"$f":"(IF(ISNA(VLOOKUP(AK66,ltSchlepper,Maschinen!$AC$6,FALSE))=TRUE,0,VLOOKUP(AK66,ltSchlepper,Maschinen!$AC$6,FALSE)*AM66))","v":0},0,{"$f":"(IF(ISNA(VLOOKUP(AQ66,ltSchlepper,Maschinen!$AA$6,FALSE))=TRUE,0,VLOOKUP(AQ66,ltSchlepper,Maschinen!$AA$6,FALSE)*AS66))","v":0},{"$f":"(IF(ISNA(VLOOKUP(AQ66,ltSchlepper,Maschinen!$AB$6,FALSE))=TRUE,0,VLOOKUP(AQ66,ltSchlepper,Maschinen!$AB$6,FALSE)*AS66))","v":0},{"$f":"(IF(ISNA(VLOOKUP(AQ66,ltSchlepper,Maschinen!$AC$6,FALSE))=TRUE,0,VLOOKUP(AQ66,ltSchlepper,Maschinen!$AC$6,FALSE)*AS66))","v":0},0]
[null,21419,null,null,null,null,null,null,0,0,0,0.1,0,0,null,null,0,0,0,0,0,0,0,null,null,"",null,"",null,0,null,"",null,"",null,0,null,"",null,"",null,0,null,"",null,"",null,0,0,0,0,0,0,0,0,0,0,0,0,0,{"$f":"(IF(ISNA(VLOOKUP(Y67,ltSchlepper,Maschinen!$K$6,FALSE))=TRUE,0,VLOOKUP(Y67,ltSchlepper,Maschinen!$K$6,FALSE)*AA67))","v":0},{"$f":"(IF(ISNA(VLOOKUP(Y67,ltSchlepper,Maschinen!$L$6,FALSE))=TRUE,0,VLOOKUP(Y67,ltSchlepper,Maschinen!$L$6,FALSE)*AA67))","v":0},{"$f":"(IF(ISNA(VLOOKUP(Y67,ltSchlepper,Maschinen!$M$6,FALSE))=TRUE,0,VLOOKUP(Y67,ltSchlepper,Maschinen!$M$6,FALSE)*AA67))","v":0},{"$f":"(IF(ISNA(VLOOKUP(Y67,ltSchlepper,Maschinen!$N$6,FALSE))=TRUE,0,VLOOKUP(Y67,ltSchlepper,Maschinen!$N$6,FALSE)*AA67*IF(ISBLANK(AC67),1,AC67)))","v":0},{"$f":"(IF(ISNA(VLOOKUP(Y67,ltSchlepper,Maschinen!$O$6,FALSE))=TRUE,0,VLOOKUP(Y67,ltSchlepper,Maschinen!$O$6,FALSE)*AA67*IF(ISBLANK(AC67),1,AC67)))","v":0},{"$f":"(IF(ISNA(VLOOKUP(Y67,ltSchlepper,Maschinen!$P$6,FALSE))=TRUE,0,VLOOKUP(Y67,ltSchlepper,Maschinen!$P$6,FALSE)*AA67*IF(ISBLANK(AC67),1,AC67)))","v":0},0,{"$f":"(IF(ISNA(VLOOKUP(AE67,ltSchlepper,Maschinen!$K$6,FALSE))=TRUE,0,VLOOKUP(AE67,ltSchlepper,Maschinen!$K$6,FALSE)*AG67))","v":0},{"$f":"(IF(ISNA(VLOOKUP(AE67,ltSchlepper,Maschinen!$L$6,FALSE))=TRUE,0,VLOOKUP(AE67,ltSchlepper,Maschinen!$L$6,FALSE)*AG67))","v":0},{"$f":"(IF(ISNA(VLOOKUP(AE67,ltSchlepper,Maschinen!$M$6,FALSE))=TRUE,0,VLOOKUP(AE67,ltSchlepper,Maschinen!$M$6,FALSE)*AG67))","v":0},{"$f":"(IF(ISNA(VLOOKUP(AE67,ltSchlepper,Maschinen!$N$6,FALSE))=TRUE,0,VLOOKUP(AE67,ltSchlepper,Maschinen!$N$6,FALSE)*AG67*IF(ISBLANK(AI67),1,AI67)))","v":0},{"$f":"(IF(ISNA(VLOOKUP(AE67,ltSchlepper,Maschinen!$O$6,FALSE))=TRUE,0,VLOOKUP(AE67,ltSchlepper,Maschinen!$O$6,FALSE)*AG67*IF(ISBLANK(AI67),1,AI67)))","v":0},{"$f":"(IF(ISNA(VLOOKUP(AE67,ltSchlepper,Maschinen!$P$6,FALSE))=TRUE,0,VLOOKUP(AE67,ltSchlepper,Maschinen!$P$6,FALSE)*AG67*IF(ISBLANK(AI67),1,AI67)))","v":0},0,{"$f":"(IF(ISNA(VLOOKUP(AK67,ltSchlepper,Maschinen!$K$6,FALSE))=TRUE,0,VLOOKUP(AK67,ltSchlepper,Maschinen!$K$6,FALSE)*AM67))","v":0},{"$f":"(IF(ISNA(VLOOKUP(AK67,ltSchlepper,Maschinen!$L$6,FALSE))=TRUE,0,VLOOKUP(AK67,ltSchlepper,Maschinen!$L$6,FALSE)*AM67))","v":0},{"$f":"(IF(ISNA(VLOOKUP(AK67,ltSchlepper,Maschinen!$M$6,FALSE))=TRUE,0,VLOOKUP(AK67,ltSchlepper,Maschinen!$M$6,FALSE)*AM67))","v":0},{"$f":"(IF(ISNA(VLOOKUP(AK67,ltSchlepper,Maschinen!$N$6,FALSE))=TRUE,0,VLOOKUP(AK67,ltSchlepper,Maschinen!$N$6,FALSE)*AM67*IF(ISBLANK(AO67),1,AO67)))","v":0},{"$f":"(IF(ISNA(VLOOKUP(AK67,ltSchlepper,Maschinen!$O$6,FALSE))=TRUE,0,VLOOKUP(AK67,ltSchlepper,Maschinen!$O$6,FALSE)*AM67*IF(ISBLANK(AO67),1,AO67)))","v":0},{"$f":"(IF(ISNA(VLOOKUP(AK67,ltSchlepper,Maschinen!$P$6,FALSE))=TRUE,0,VLOOKUP(AK67,ltSchlepper,Maschinen!$P$6,FALSE)*AM67*IF(ISBLANK(AO67),1,AO67)))","v":0},0,{"$f":"(IF(ISNA(VLOOKUP(AQ67,ltSchlepper,Maschinen!$K$6,FALSE))=TRUE,0,VLOOKUP(AQ67,ltSchlepper,Maschinen!$K$6,FALSE)*AS67))","v":0},{"$f":"(IF(ISNA(VLOOKUP(AQ67,ltSchlepper,Maschinen!$L$6,FALSE))=TRUE,0,VLOOKUP(AQ67,ltSchlepper,Maschinen!$L$6,FALSE)*AS67))","v":0},{"$f":"(IF(ISNA(VLOOKUP(AQ67,ltSchlepper,Maschinen!$M$6,FALSE))=TRUE,0,VLOOKUP(AQ67,ltSchlepper,Maschinen!$M$6,FALSE)*AS67))","v":0},{"$f":"(IF(ISNA(VLOOKUP(AQ67,ltSchlepper,Maschinen!$N$6,FALSE))=TRUE,0,VLOOKUP(AQ67,ltSchlepper,Maschinen!$N$6,FALSE)*AS67*IF(ISBLANK(AU67),1,AU67)))","v":0},{"$f":"(IF(ISNA(VLOOKUP(AQ67,ltSchlepper,Maschinen!$O$6,FALSE))=TRUE,0,VLOOKUP(AQ67,ltSchlepper,Maschinen!$O$6,FALSE)*AS67*IF(ISBLANK(AU67),1,AU67)))","v":0},{"$f":"(IF(ISNA(VLOOKUP(AQ67,ltSchlepper,Maschinen!$P$6,FALSE))=TRUE,0,VLOOKUP(AQ67,ltSchlepper,Maschinen!$P$6,FALSE)*AS67*IF(ISBLANK(AU67),1,AU67)))","v":0},0,{"$f":"(IF(ISNA(VLOOKUP(Y67,ltSchlepper,Maschinen!$AA$6,FALSE))=TRUE,0,VLOOKUP(Y67,ltSchlepper,Maschinen!$AA$6,FALSE)*AA67))","v":0},{"$f":"(IF(ISNA(VLOOKUP(Y67,ltSchlepper,Maschinen!$AB$6,FALSE))=TRUE,0,VLOOKUP(Y67,ltSchlepper,Maschinen!$AB$6,FALSE)*AA67))","v":0},{"$f":"(IF(ISNA(VLOOKUP(Y67,ltSchlepper,Maschinen!$AC$6,FALSE))=TRUE,0,VLOOKUP(Y67,ltSchlepper,Maschinen!$AC$6,FALSE)*AA67))","v":0},0,{"$f":"(IF(ISNA(VLOOKUP(AE67,ltSchlepper,Maschinen!$AA$6,FALSE))=TRUE,0,VLOOKUP(AE67,ltSchlepper,Maschinen!$AA$6,FALSE)*AG67))","v":0},{"$f":"(IF(ISNA(VLOOKUP(AE67,ltSchlepper,Maschinen!$AB$6,FALSE))=TRUE,0,VLOOKUP(AE67,ltSchlepper,Maschinen!$AB$6,FALSE)*AG67))","v":0},{"$f":"(IF(ISNA(VLOOKUP(AE67,ltSchlepper,Maschinen!$AC$6,FALSE))=TRUE,0,VLOOKUP(AE67,ltSchlepper,Maschinen!$AC$6,FALSE)*AG67))","v":0},0,{"$f":"(IF(ISNA(VLOOKUP(AK67,ltSchlepper,Maschinen!$AA$6,FALSE))=TRUE,0,VLOOKUP(AK67,ltSchlepper,Maschinen!$AA$6,FALSE)*AM67))","v":0},{"$f":"(IF(ISNA(VLOOKUP(AK67,ltSchlepper,Maschinen!$AB$6,FALSE))=TRUE,0,VLOOKUP(AK67,ltSchlepper,Maschinen!$AB$6,FALSE)*AM67))","v":0},{"$f":"(IF(ISNA(VLOOKUP(AK67,ltSchlepper,Maschinen!$AC$6,FALSE))=TRUE,0,VLOOKUP(AK67,ltSchlepper,Maschinen!$AC$6,FALSE)*AM67))","v":0},0,{"$f":"(IF(ISNA(VLOOKUP(AQ67,ltSchlepper,Maschinen!$AA$6,FALSE))=TRUE,0,VLOOKUP(AQ67,ltSchlepper,Maschinen!$AA$6,FALSE)*AS67))","v":0},{"$f":"(IF(ISNA(VLOOKUP(AQ67,ltSchlepper,Maschinen!$AB$6,FALSE))=TRUE,0,VLOOKUP(AQ67,ltSchlepper,Maschinen!$AB$6,FALSE)*AS67))","v":0},{"$f":"(IF(ISNA(VLOOKUP(AQ67,ltSchlepper,Maschinen!$AC$6,FALSE))=TRUE,0,VLOOKUP(AQ67,ltSchlepper,Maschinen!$AC$6,FALSE)*AS67))","v":0},0]
[null,21420,"",null,null,null,null,null,0,0,0,0.1,0,0,null,null,0,0,0,0,0,0,0,null,null,"",null,"",null,0,null,"",null,"",null,0,null,"",null,"",null,0,null,"",null,"",null,0,0,0,0,0,0,0,0,0,0,0,0,0,{"$f":"(IF(ISNA(VLOOKUP(Y68,ltSchlepper,Maschinen!$K$6,FALSE))=TRUE,0,VLOOKUP(Y68,ltSchlepper,Maschinen!$K$6,FALSE)*AA68))","v":0},{"$f":"(IF(ISNA(VLOOKUP(Y68,ltSchlepper,Maschinen!$L$6,FALSE))=TRUE,0,VLOOKUP(Y68,ltSchlepper,Maschinen!$L$6,FALSE)*AA68))","v":0},{"$f":"(IF(ISNA(VLOOKUP(Y68,ltSchlepper,Maschinen!$M$6,FALSE))=TRUE,0,VLOOKUP(Y68,ltSchlepper,Maschinen!$M$6,FALSE)*AA68))","v":0},{"$f":"(IF(ISNA(VLOOKUP(Y68,ltSchlepper,Maschinen!$N$6,FALSE))=TRUE,0,VLOOKUP(Y68,ltSchlepper,Maschinen!$N$6,FALSE)*AA68*IF(ISBLANK(AC68),1,AC68)))","v":0},{"$f":"(IF(ISNA(VLOOKUP(Y68,ltSchlepper,Maschinen!$O$6,FALSE))=TRUE,0,VLOOKUP(Y68,ltSchlepper,Maschinen!$O$6,FALSE)*AA68*IF(ISBLANK(AC68),1,AC68)))","v":0},{"$f":"(IF(ISNA(VLOOKUP(Y68,ltSchlepper,Maschinen!$P$6,FALSE))=TRUE,0,VLOOKUP(Y68,ltSchlepper,Maschinen!$P$6,FALSE)*AA68*IF(ISBLANK(AC68),1,AC68)))","v":0},0,{"$f":"(IF(ISNA(VLOOKUP(AE68,ltSchlepper,Maschinen!$K$6,FALSE))=TRUE,0,VLOOKUP(AE68,ltSchlepper,Maschinen!$K$6,FALSE)*AG68))","v":0},{"$f":"(IF(ISNA(VLOOKUP(AE68,ltSchlepper,Maschinen!$L$6,FALSE))=TRUE,0,VLOOKUP(AE68,ltSchlepper,Maschinen!$L$6,FALSE)*AG68))","v":0},{"$f":"(IF(ISNA(VLOOKUP(AE68,ltSchlepper,Maschinen!$M$6,FALSE))=TRUE,0,VLOOKUP(AE68,ltSchlepper,Maschinen!$M$6,FALSE)*AG68))","v":0},{"$f":"(IF(ISNA(VLOOKUP(AE68,ltSchlepper,Maschinen!$N$6,FALSE))=TRUE,0,VLOOKUP(AE68,ltSchlepper,Maschinen!$N$6,FALSE)*AG68*IF(ISBLANK(AI68),1,AI68)))","v":0},{"$f":"(IF(ISNA(VLOOKUP(AE68,ltSchlepper,Maschinen!$O$6,FALSE))=TRUE,0,VLOOKUP(AE68,ltSchlepper,Maschinen!$O$6,FALSE)*AG68*IF(ISBLANK(AI68),1,AI68)))","v":0},{"$f":"(IF(ISNA(VLOOKUP(AE68,ltSchlepper,Maschinen!$P$6,FALSE))=TRUE,0,VLOOKUP(AE68,ltSchlepper,Maschinen!$P$6,FALSE)*AG68*IF(ISBLANK(AI68),1,AI68)))","v":0},0,{"$f":"(IF(ISNA(VLOOKUP(AK68,ltSchlepper,Maschinen!$K$6,FALSE))=TRUE,0,VLOOKUP(AK68,ltSchlepper,Maschinen!$K$6,FALSE)*AM68))","v":0},{"$f":"(IF(ISNA(VLOOKUP(AK68,ltSchlepper,Maschinen!$L$6,FALSE))=TRUE,0,VLOOKUP(AK68,ltSchlepper,Maschinen!$L$6,FALSE)*AM68))","v":0},{"$f":"(IF(ISNA(VLOOKUP(AK68,ltSchlepper,Maschinen!$M$6,FALSE))=TRUE,0,VLOOKUP(AK68,ltSchlepper,Maschinen!$M$6,FALSE)*AM68))","v":0},{"$f":"(IF(ISNA(VLOOKUP(AK68,ltSchlepper,Maschinen!$N$6,FALSE))=TRUE,0,VLOOKUP(AK68,ltSchlepper,Maschinen!$N$6,FALSE)*AM68*IF(ISBLANK(AO68),1,AO68)))","v":0},{"$f":"(IF(ISNA(VLOOKUP(AK68,ltSchlepper,Maschinen!$O$6,FALSE))=TRUE,0,VLOOKUP(AK68,ltSchlepper,Maschinen!$O$6,FALSE)*AM68*IF(ISBLANK(AO68),1,AO68)))","v":0},{"$f":"(IF(ISNA(VLOOKUP(AK68,ltSchlepper,Maschinen!$P$6,FALSE))=TRUE,0,VLOOKUP(AK68,ltSchlepper,Maschinen!$P$6,FALSE)*AM68*IF(ISBLANK(AO68),1,AO68)))","v":0},0,{"$f":"(IF(ISNA(VLOOKUP(AQ68,ltSchlepper,Maschinen!$K$6,FALSE))=TRUE,0,VLOOKUP(AQ68,ltSchlepper,Maschinen!$K$6,FALSE)*AS68))","v":0},{"$f":"(IF(ISNA(VLOOKUP(AQ68,ltSchlepper,Maschinen!$L$6,FALSE))=TRUE,0,VLOOKUP(AQ68,ltSchlepper,Maschinen!$L$6,FALSE)*AS68))","v":0},{"$f":"(IF(ISNA(VLOOKUP(AQ68,ltSchlepper,Maschinen!$M$6,FALSE))=TRUE,0,VLOOKUP(AQ68,ltSchlepper,Maschinen!$M$6,FALSE)*AS68))","v":0},{"$f":"(IF(ISNA(VLOOKUP(AQ68,ltSchlepper,Maschinen!$N$6,FALSE))=TRUE,0,VLOOKUP(AQ68,ltSchlepper,Maschinen!$N$6,FALSE)*AS68*IF(ISBLANK(AU68),1,AU68)))","v":0},{"$f":"(IF(ISNA(VLOOKUP(AQ68,ltSchlepper,Maschinen!$O$6,FALSE))=TRUE,0,VLOOKUP(AQ68,ltSchlepper,Maschinen!$O$6,FALSE)*AS68*IF(ISBLANK(AU68),1,AU68)))","v":0},{"$f":"(IF(ISNA(VLOOKUP(AQ68,ltSchlepper,Maschinen!$P$6,FALSE))=TRUE,0,VLOOKUP(AQ68,ltSchlepper,Maschinen!$P$6,FALSE)*AS68*IF(ISBLANK(AU68),1,AU68)))","v":0},0,{"$f":"(IF(ISNA(VLOOKUP(Y68,ltSchlepper,Maschinen!$AA$6,FALSE))=TRUE,0,VLOOKUP(Y68,ltSchlepper,Maschinen!$AA$6,FALSE)*AA68))","v":0},{"$f":"(IF(ISNA(VLOOKUP(Y68,ltSchlepper,Maschinen!$AB$6,FALSE))=TRUE,0,VLOOKUP(Y68,ltSchlepper,Maschinen!$AB$6,FALSE)*AA68))","v":0},{"$f":"(IF(ISNA(VLOOKUP(Y68,ltSchlepper,Maschinen!$AC$6,FALSE))=TRUE,0,VLOOKUP(Y68,ltSchlepper,Maschinen!$AC$6,FALSE)*AA68))","v":0},0,{"$f":"(IF(ISNA(VLOOKUP(AE68,ltSchlepper,Maschinen!$AA$6,FALSE))=TRUE,0,VLOOKUP(AE68,ltSchlepper,Maschinen!$AA$6,FALSE)*AG68))","v":0},{"$f":"(IF(ISNA(VLOOKUP(AE68,ltSchlepper,Maschinen!$AB$6,FALSE))=TRUE,0,VLOOKUP(AE68,ltSchlepper,Maschinen!$AB$6,FALSE)*AG68))","v":0},{"$f":"(IF(ISNA(VLOOKUP(AE68,ltSchlepper,Maschinen!$AC$6,FALSE))=TRUE,0,VLOOKUP(AE68,ltSchlepper,Maschinen!$AC$6,FALSE)*AG68))","v":0},0,{"$f":"(IF(ISNA(VLOOKUP(AK68,ltSchlepper,Maschinen!$AA$6,FALSE))=TRUE,0,VLOOKUP(AK68,ltSchlepper,Maschinen!$AA$6,FALSE)*AM68))","v":0},{"$f":"(IF(ISNA(VLOOKUP(AK68,ltSchlepper,Maschinen!$AB$6,FALSE))=TRUE,0,VLOOKUP(AK68,ltSchlepper,Maschinen!$AB$6,FALSE)*AM68))","v":0},{"$f":"(IF(ISNA(VLOOKUP(AK68,ltSchlepper,Maschinen!$AC$6,FALSE))=TRUE,0,VLOOKUP(AK68,ltSchlepper,Maschinen!$AC$6,FALSE)*AM68))","v":0},0,{"$f":"(IF(ISNA(VLOOKUP(AQ68,ltSchlepper,Maschinen!$AA$6,FALSE))=TRUE,0,VLOOKUP(AQ68,ltSchlepper,Maschinen!$AA$6,FALSE)*AS68))","v":0},{"$f":"(IF(ISNA(VLOOKUP(AQ68,ltSchlepper,Maschinen!$AB$6,FALSE))=TRUE,0,VLOOKUP(AQ68,ltSchlepper,Maschinen!$AB$6,FALSE)*AS68))","v":0},{"$f":"(IF(ISNA(VLOOKUP(AQ68,ltSchlepper,Maschinen!$AC$6,FALSE))=TRUE,0,VLOOKUP(AQ68,ltSchlepper,Maschinen!$AC$6,FALSE)*AS68))","v":0},0]
[null,null,"PS & PFLEGE",null,null,null,null,null,0,0,0,null,0,0,null,null,0,0,0,0,0,0,0,null,null,null,null,null,null,0,null,null,null,null,null,0,null,null,null,null,null,0,null,null,null,null,null,0,0,0,0,0,0,0,0,0,0,0,0,0,{"$f":"(IF(ISNA(VLOOKUP(Y69,ltSchlepper,Maschinen!$K$6,FALSE))=TRUE,0,VLOOKUP(Y69,ltSchlepper,Maschinen!$K$6,FALSE)*AA69))","v":0},{"$f":"(IF(ISNA(VLOOKUP(Y69,ltSchlepper,Maschinen!$L$6,FALSE))=TRUE,0,VLOOKUP(Y69,ltSchlepper,Maschinen!$L$6,FALSE)*AA69))","v":0},{"$f":"(IF(ISNA(VLOOKUP(Y69,ltSchlepper,Maschinen!$M$6,FALSE))=TRUE,0,VLOOKUP(Y69,ltSchlepper,Maschinen!$M$6,FALSE)*AA69))","v":0},{"$f":"(IF(ISNA(VLOOKUP(Y69,ltSchlepper,Maschinen!$N$6,FALSE))=TRUE,0,VLOOKUP(Y69,ltSchlepper,Maschinen!$N$6,FALSE)*AA69*IF(ISBLANK(AC69),1,AC69)))","v":0},{"$f":"(IF(ISNA(VLOOKUP(Y69,ltSchlepper,Maschinen!$O$6,FALSE))=TRUE,0,VLOOKUP(Y69,ltSchlepper,Maschinen!$O$6,FALSE)*AA69*IF(ISBLANK(AC69),1,AC69)))","v":0},{"$f":"(IF(ISNA(VLOOKUP(Y69,ltSchlepper,Maschinen!$P$6,FALSE))=TRUE,0,VLOOKUP(Y69,ltSchlepper,Maschinen!$P$6,FALSE)*AA69*IF(ISBLANK(AC69),1,AC69)))","v":0},0,{"$f":"(IF(ISNA(VLOOKUP(AE69,ltSchlepper,Maschinen!$K$6,FALSE))=TRUE,0,VLOOKUP(AE69,ltSchlepper,Maschinen!$K$6,FALSE)*AG69))","v":0},{"$f":"(IF(ISNA(VLOOKUP(AE69,ltSchlepper,Maschinen!$L$6,FALSE))=TRUE,0,VLOOKUP(AE69,ltSchlepper,Maschinen!$L$6,FALSE)*AG69))","v":0},{"$f":"(IF(ISNA(VLOOKUP(AE69,ltSchlepper,Maschinen!$M$6,FALSE))=TRUE,0,VLOOKUP(AE69,ltSchlepper,Maschinen!$M$6,FALSE)*AG69))","v":0},{"$f":"(IF(ISNA(VLOOKUP(AE69,ltSchlepper,Maschinen!$N$6,FALSE))=TRUE,0,VLOOKUP(AE69,ltSchlepper,Maschinen!$N$6,FALSE)*AG69*IF(ISBLANK(AI69),1,AI69)))","v":0},{"$f":"(IF(ISNA(VLOOKUP(AE69,ltSchlepper,Maschinen!$O$6,FALSE))=TRUE,0,VLOOKUP(AE69,ltSchlepper,Maschinen!$O$6,FALSE)*AG69*IF(ISBLANK(AI69),1,AI69)))","v":0},{"$f":"(IF(ISNA(VLOOKUP(AE69,ltSchlepper,Maschinen!$P$6,FALSE))=TRUE,0,VLOOKUP(AE69,ltSchlepper,Maschinen!$P$6,FALSE)*AG69*IF(ISBLANK(AI69),1,AI69)))","v":0},0,{"$f":"(IF(ISNA(VLOOKUP(AK69,ltSchlepper,Maschinen!$K$6,FALSE))=TRUE,0,VLOOKUP(AK69,ltSchlepper,Maschinen!$K$6,FALSE)*AM69))","v":0},{"$f":"(IF(ISNA(VLOOKUP(AK69,ltSchlepper,Maschinen!$L$6,FALSE))=TRUE,0,VLOOKUP(AK69,ltSchlepper,Maschinen!$L$6,FALSE)*AM69))","v":0},{"$f":"(IF(ISNA(VLOOKUP(AK69,ltSchlepper,Maschinen!$M$6,FALSE))=TRUE,0,VLOOKUP(AK69,ltSchlepper,Maschinen!$M$6,FALSE)*AM69))","v":0},{"$f":"(IF(ISNA(VLOOKUP(AK69,ltSchlepper,Maschinen!$N$6,FALSE))=TRUE,0,VLOOKUP(AK69,ltSchlepper,Maschinen!$N$6,FALSE)*AM69*IF(ISBLANK(AO69),1,AO69)))","v":0},{"$f":"(IF(ISNA(VLOOKUP(AK69,ltSchlepper,Maschinen!$O$6,FALSE))=TRUE,0,VLOOKUP(AK69,ltSchlepper,Maschinen!$O$6,FALSE)*AM69*IF(ISBLANK(AO69),1,AO69)))","v":0},{"$f":"(IF(ISNA(VLOOKUP(AK69,ltSchlepper,Maschinen!$P$6,FALSE))=TRUE,0,VLOOKUP(AK69,ltSchlepper,Maschinen!$P$6,FALSE)*AM69*IF(ISBLANK(AO69),1,AO69)))","v":0},0,{"$f":"(IF(ISNA(VLOOKUP(AQ69,ltSchlepper,Maschinen!$K$6,FALSE))=TRUE,0,VLOOKUP(AQ69,ltSchlepper,Maschinen!$K$6,FALSE)*AS69))","v":0},{"$f":"(IF(ISNA(VLOOKUP(AQ69,ltSchlepper,Maschinen!$L$6,FALSE))=TRUE,0,VLOOKUP(AQ69,ltSchlepper,Maschinen!$L$6,FALSE)*AS69))","v":0},{"$f":"(IF(ISNA(VLOOKUP(AQ69,ltSchlepper,Maschinen!$M$6,FALSE))=TRUE,0,VLOOKUP(AQ69,ltSchlepper,Maschinen!$M$6,FALSE)*AS69))","v":0},{"$f":"(IF(ISNA(VLOOKUP(AQ69,ltSchlepper,Maschinen!$N$6,FALSE))=TRUE,0,VLOOKUP(AQ69,ltSchlepper,Maschinen!$N$6,FALSE)*AS69*IF(ISBLANK(AU69),1,AU69)))","v":0},{"$f":"(IF(ISNA(VLOOKUP(AQ69,ltSchlepper,Maschinen!$O$6,FALSE))=TRUE,0,VLOOKUP(AQ69,ltSchlepper,Maschinen!$O$6,FALSE)*AS69*IF(ISBLANK(AU69),1,AU69)))","v":0},{"$f":"(IF(ISNA(VLOOKUP(AQ69,ltSchlepper,Maschinen!$P$6,FALSE))=TRUE,0,VLOOKUP(AQ69,ltSchlepper,Maschinen!$P$6,FALSE)*AS69*IF(ISBLANK(AU69),1,AU69)))","v":0},0,{"$f":"(IF(ISNA(VLOOKUP(Y69,ltSchlepper,Maschinen!$AA$6,FALSE))=TRUE,0,VLOOKUP(Y69,ltSchlepper,Maschinen!$AA$6,FALSE)*AA69))","v":0},{"$f":"(IF(ISNA(VLOOKUP(Y69,ltSchlepper,Maschinen!$AB$6,FALSE))=TRUE,0,VLOOKUP(Y69,ltSchlepper,Maschinen!$AB$6,FALSE)*AA69))","v":0},{"$f":"(IF(ISNA(VLOOKUP(Y69,ltSchlepper,Maschinen!$AC$6,FALSE))=TRUE,0,VLOOKUP(Y69,ltSchlepper,Maschinen!$AC$6,FALSE)*AA69))","v":0},0,{"$f":"(IF(ISNA(VLOOKUP(AE69,ltSchlepper,Maschinen!$AA$6,FALSE))=TRUE,0,VLOOKUP(AE69,ltSchlepper,Maschinen!$AA$6,FALSE)*AG69))","v":0},{"$f":"(IF(ISNA(VLOOKUP(AE69,ltSchlepper,Maschinen!$AB$6,FALSE))=TRUE,0,VLOOKUP(AE69,ltSchlepper,Maschinen!$AB$6,FALSE)*AG69))","v":0},{"$f":"(IF(ISNA(VLOOKUP(AE69,ltSchlepper,Maschinen!$AC$6,FALSE))=TRUE,0,VLOOKUP(AE69,ltSchlepper,Maschinen!$AC$6,FALSE)*AG69))","v":0},0,{"$f":"(IF(ISNA(VLOOKUP(AK69,ltSchlepper,Maschinen!$AA$6,FALSE))=TRUE,0,VLOOKUP(AK69,ltSchlepper,Maschinen!$AA$6,FALSE)*AM69))","v":0},{"$f":"(IF(ISNA(VLOOKUP(AK69,ltSchlepper,Maschinen!$AB$6,FALSE))=TRUE,0,VLOOKUP(AK69,ltSchlepper,Maschinen!$AB$6,FALSE)*AM69))","v":0},{"$f":"(IF(ISNA(VLOOKUP(AK69,ltSchlepper,Maschinen!$AC$6,FALSE))=TRUE,0,VLOOKUP(AK69,ltSchlepper,Maschinen!$AC$6,FALSE)*AM69))","v":0},0,{"$f":"(IF(ISNA(VLOOKUP(AQ69,ltSchlepper,Maschinen!$AA$6,FALSE))=TRUE,0,VLOOKUP(AQ69,ltSchlepper,Maschinen!$AA$6,FALSE)*AS69))","v":0},{"$f":"(IF(ISNA(VLOOKUP(AQ69,ltSchlepper,Maschinen!$AB$6,FALSE))=TRUE,0,VLOOKUP(AQ69,ltSchlepper,Maschinen!$AB$6,FALSE)*AS69))","v":0},{"$f":"(IF(ISNA(VLOOKUP(AQ69,ltSchlepper,Maschinen!$AC$6,FALSE))=TRUE,0,VLOOKUP(AQ69,ltSchlepper,Maschinen!$AC$6,FALSE)*AS69))","v":0},0]
[null,21511,"*Pfl.Schutz 21 m","ha",null,22,null,null,4.0640499999999999,4.0640499999999999,17.935949999999998,0.1,0.40640500000000002,1.2192150000000001E-2,0.35,0.05,0.39999999999999997,10,14.076242149999999,7.9237578499999977,0,14.076242149999999,7.9237578499999977,null,11221,{"$f":"IF(ISNA(VLOOKUP(Y70,ltSchlepper,2,FALSE))=TRUE,\"\",VLOOKUP(Y70,ltSchlepper,2,FALSE))","v":"*S1 Allradschlepper 67kW/91PS Schaltgetriebe"},0.25,{"$f":"IF(ISNA(VLOOKUP(Y70,ltSchlepper,3,FALSE))=TRUE,\"\",VLOOKUP(Y70,ltSchlepper,3,FALSE))","v":"h"},1,1.95,11917,{"$f":"IF(ISNA(VLOOKUP(AE70,ltSchlepper,2,FALSE))=TRUE,\"\",VLOOKUP(AE70,ltSchlepper,2,FALSE))","v":"*Anhängespritze 3000l"},0.2,{"$f":"IF(ISNA(VLOOKUP(AE70,ltSchlepper,3,FALSE))=TRUE,\"\",VLOOKUP(AE70,ltSchlepper,3,FALSE))","v":"m³"},1,0,11920,{"$f":"IF(ISNA(VLOOKUP(AK70,ltSchlepper,2,FALSE))=TRUE,\"\",VLOOKUP(AK70,ltSchlepper,2,FALSE))","v":"*Gestänge 21m "},1,{"$f":"IF(ISNA(VLOOKUP(AK70,ltSchlepper,3,FALSE))=TRUE,\"\",VLOOKUP(AK70,ltSchlepper,3,FALSE))","v":"ha"},1,0,null,{"$f":"IF(ISNA(VLOOKUP(AQ70,ltSchlepper,2,FALSE))=TRUE,\"\",VLOOKUP(AQ70,ltSchlepper,2,FALSE))","v":""},null,{"$f":"IF(ISNA(VLOOKUP(AQ70,ltSchlepper,3,FALSE))=TRUE,\"\",VLOOKUP(AQ70,ltSchlepper,3,FALSE))","v":""},null,0,1.95,2.1550000000000002,0,0,1.8524999999999998,5.6549999999999996E-2,4.0640499999999999,0,0,0,0,4.0640499999999999,{"$f":"(IF(ISNA(VLOOKUP(Y70,ltSchlepper,Maschinen!$K$6,FALSE))=TRUE,0,VLOOKUP(Y70,ltSchlepper,Maschinen!$K$6,FALSE)*AA70))","v":1.625},{"$f":"(IF(ISNA(VLOOKUP(Y70,ltSchlepper,Maschinen!$L$6,FALSE))=TRUE,0,VLOOKUP(Y70,ltSchlepper,Maschinen!$L$6,FALSE)*AA70))","v":0},{"$f":"(IF(ISNA(VLOOKUP(Y70,ltSchlepper,Maschinen!$M$6,FALSE))=TRUE,0,VLOOKUP(Y70,ltSchlepper,Maschinen!$M$6,FALSE)*AA70))","v":0},{"$f":"(IF(ISNA(VLOOKUP(Y70,ltSchlepper,Maschinen!$N$6,FALSE))=TRUE,0,VLOOKUP(Y70,ltSchlepper,Maschinen!$N$6,FALSE)*AA70*IF(ISBLANK(AC70),1,AC70)))","v":1.95},{"$f":"(IF(ISNA(VLOOKUP(Y70,ltSchlepper,Maschinen!$O$6,FALSE))=TRUE,0,VLOOKUP(Y70,ltSchlepper,Maschinen!$O$6,FALSE)*AA70*IF(ISBLANK(AC70),1,AC70)))","v":1.8524999999999998},{"$f":"(IF(ISNA(VLOOKUP(Y70,ltSchlepper,Maschinen!$P$6,FALSE))=TRUE,0,VLOOKUP(Y70,ltSchlepper,Maschinen!$P$6,FALSE)*AA70*IF(ISBLANK(AC70),1,AC70)))","v":5.6549999999999996E-2},3.5340500000000001,{"$f":"(IF(ISNA(VLOOKUP(AE70,ltSchlepper,Maschinen!$K$6,FALSE))=TRUE,0,VLOOKUP(AE70,ltSchlepper,Maschinen!$K$6,FALSE)*AG70))","v":0.03},{"$f":"(IF(ISNA(VLOOKUP(AE70,ltSchlepper,Maschinen!$L$6,FALSE))=TRUE,0,VLOOKUP(AE70,ltSchlepper,Maschinen!$L$6,FALSE)*AG70))","v":0},{"$f":"(IF(ISNA(VLOOKUP(AE70,ltSchlepper,Maschinen!$M$6,FALSE))=TRUE,0,VLOOKUP(AE70,ltSchlepper,Maschinen!$M$6,FALSE)*AG70))","v":0},{"$f":"(IF(ISNA(VLOOKUP(AE70,ltSchlepper,Maschinen!$N$6,FALSE))=TRUE,0,VLOOKUP(AE70,ltSchlepper,Maschinen!$N$6,FALSE)*AG70*IF(ISBLANK(AI70),1,AI70)))","v":0},{"$f":"(IF(ISNA(VLOOKUP(AE70,ltSchlepper,Maschinen!$O$6,FALSE))=TRUE,0,VLOOKUP(AE70,ltSchlepper,Maschinen!$O$6,FALSE)*AG70*IF(ISBLANK(AI70),1,AI70)))","v":0},{"$f":"(IF(ISNA(VLOOKUP(AE70,ltSchlepper,Maschinen!$P$6,FALSE))=TRUE,0,VLOOKUP(AE70,ltSchlepper,Maschinen!$P$6,FALSE)*AG70*IF(ISBLANK(AI70),1,AI70)))","v":0},0.03,{"$f":"(IF(ISNA(VLOOKUP(AK70,ltSchlepper,Maschinen!$K$6,FALSE))=TRUE,0,VLOOKUP(AK70,ltSchlepper,Maschinen!$K$6,FALSE)*AM70))","v":0.5},{"$f":"(IF(ISNA(VLOOKUP(AK70,ltSchlepper,Maschinen!$L$6,FALSE))=TRUE,0,VLOOKUP(AK70,ltSchlepper,Maschinen!$L$6,FALSE)*AM70))","v":0},{"$f":"(IF(ISNA(VLOOKUP(AK70,ltSchlepper,Maschinen!$M$6,FALSE))=TRUE,0,VLOOKUP(AK70,ltSchlepper,Maschinen!$M$6,FALSE)*AM70))","v":0},{"$f":"(IF(ISNA(VLOOKUP(AK70,ltSchlepper,Maschinen!$N$6,FALSE))=TRUE,0,VLOOKUP(AK70,ltSchlepper,Maschinen!$N$6,FALSE)*AM70*IF(ISBLANK(AO70),1,AO70)))","v":0},{"$f":"(IF(ISNA(VLOOKUP(AK70,ltSchlepper,Maschinen!$O$6,FALSE))=TRUE,0,VLOOKUP(AK70,ltSchlepper,Maschinen!$O$6,FALSE)*AM70*IF(ISBLANK(AO70),1,AO70)))","v":0},{"$f":"(IF(ISNA(VLOOKUP(AK70,ltSchlepper,Maschinen!$P$6,FALSE))=TRUE,0,VLOOKUP(AK70,ltSchlepper,Maschinen!$P$6,FALSE)*AM70*IF(ISBLANK(AO70),1,AO70)))","v":0},0.5,{"$f":"(IF(ISNA(VLOOKUP(AQ70,ltSchlepper,Maschinen!$K$6,FALSE))=TRUE,0,VLOOKUP(AQ70,ltSchlepper,Maschinen!$K$6,FALSE)*AS70))","v":0},{"$f":"(IF(ISNA(VLOOKUP(AQ70,ltSchlepper,Maschinen!$L$6,FALSE))=TRUE,0,VLOOKUP(AQ70,ltSchlepper,Maschinen!$L$6,FALSE)*AS70))","v":0},{"$f":"(IF(ISNA(VLOOKUP(AQ70,ltSchlepper,Maschinen!$M$6,FALSE))=TRUE,0,VLOOKUP(AQ70,ltSchlepper,Maschinen!$M$6,FALSE)*AS70))","v":0},{"$f":"(IF(ISNA(VLOOKUP(AQ70,ltSchlepper,Maschinen!$N$6,FALSE))=TRUE,0,VLOOKUP(AQ70,ltSchlepper,Maschinen!$N$6,FALSE)*AS70*IF(ISBLANK(AU70),1,AU70)))","v":0},{"$f":"(IF(ISNA(VLOOKUP(AQ70,ltSchlepper,Maschinen!$O$6,FALSE))=TRUE,0,VLOOKUP(AQ70,ltSchlepper,Maschinen!$O$6,FALSE)*AS70*IF(ISBLANK(AU70),1,AU70)))","v":0},{"$f":"(IF(ISNA(VLOOKUP(AQ70,ltSchlepper,Maschinen!$P$6,FALSE))=TRUE,0,VLOOKUP(AQ70,ltSchlepper,Maschinen!$P$6,FALSE)*AS70*IF(ISBLANK(AU70),1,AU70)))","v":0},0,{"$f":"(IF(ISNA(VLOOKUP(Y70,ltSchlepper,Maschinen!$AA$6,FALSE))=TRUE,0,VLOOKUP(Y70,ltSchlepper,Maschinen!$AA$6,FALSE)*AA70))","v":0},{"$f":"(IF(ISNA(VLOOKUP(Y70,ltSchlepper,Maschinen!$AB$6,FALSE))=TRUE,0,VLOOKUP(Y70,ltSchlepper,Maschinen!$AB$6,FALSE)*AA70))","v":0},{"$f":"(IF(ISNA(VLOOKUP(Y70,ltSchlepper,Maschinen!$AC$6,FALSE))=TRUE,0,VLOOKUP(Y70,ltSchlepper,Maschinen!$AC$6,FALSE)*AA70))","v":0},0,{"$f":"(IF(ISNA(VLOOKUP(AE70,ltSchlepper,Maschinen!$AA$6,FALSE))=TRUE,0,VLOOKUP(AE70,ltSchlepper,Maschinen!$AA$6,FALSE)*AG70))","v":0},{"$f":"(IF(ISNA(VLOOKUP(AE70,ltSchlepper,Maschinen!$AB$6,FALSE))=TRUE,0,VLOOKUP(AE70,ltSchlepper,Maschinen!$AB$6,FALSE)*AG70))","v":0},{"$f":"(IF(ISNA(VLOOKUP(AE70,ltSchlepper,Maschinen!$AC$6,FALSE))=TRUE,0,VLOOKUP(AE70,ltSchlepper,Maschinen!$AC$6,FALSE)*AG70))","v":0},0,{"$f":"(IF(ISNA(VLOOKUP(AK70,ltSchlepper,Maschinen!$AA$6,FALSE))=TRUE,0,VLOOKUP(AK70,ltSchlepper,Maschinen!$AA$6,FALSE)*AM70))","v":0},{"$f":"(IF(ISNA(VLOOKUP(AK70,ltSchlepper,Maschinen!$AB$6,FALSE))=TRUE,0,VLOOKUP(AK70,ltSchlepper,Maschinen!$AB$6,FALSE)*AM70))","v":0},{"$f":"(IF(ISNA(VLOOKUP(AK70,ltSchlepper,Maschinen!$AC$6,FALSE))=TRUE,0,VLOOKUP(AK70,ltSchlepper,Maschinen!$AC$6,FALSE)*AM70))","v":0},0,{"$f":"(IF(ISNA(VLOOKUP(AQ70,ltSchlepper,Maschinen!$AA$6,FALSE))=TRUE,0,VLOOKUP(AQ70,ltSchlepper,Maschinen!$AA$6,FALSE)*AS70))","v":0},{"$f":"(IF(ISNA(VLOOKUP(AQ70,ltSchlepper,Maschinen!$AB$6,FALSE))=TRUE,0,VLOOKUP(AQ70,ltSchlepper,Maschinen!$AB$6,FALSE)*AS70))","v":0},{"$f":"(IF(ISNA(VLOOKUP(AQ70,ltSchlepper,Maschinen!$AC$6,FALSE))=TRUE,0,VLOOKUP(AQ70,ltSchlepper,Maschinen!$AC$6,FALSE)*AS70))","v":0},0]
[null,21512,null,null,null,null,null,null,0,0,0,0.1,0,0,null,null,0,0,0,0,0,0,0,null,null,"",null,"",null,0,null,"",null,"",null,0,null,"",null,"",null,0,null,"",null,"",null,0,0,0,0,0,0,0,0,0,0,0,0,0,{"$f":"(IF(ISNA(VLOOKUP(Y71,ltSchlepper,Maschinen!$K$6,FALSE))=TRUE,0,VLOOKUP(Y71,ltSchlepper,Maschinen!$K$6,FALSE)*AA71))","v":0},{"$f":"(IF(ISNA(VLOOKUP(Y71,ltSchlepper,Maschinen!$L$6,FALSE))=TRUE,0,VLOOKUP(Y71,ltSchlepper,Maschinen!$L$6,FALSE)*AA71))","v":0},{"$f":"(IF(ISNA(VLOOKUP(Y71,ltSchlepper,Maschinen!$M$6,FALSE))=TRUE,0,VLOOKUP(Y71,ltSchlepper,Maschinen!$M$6,FALSE)*AA71))","v":0},{"$f":"(IF(ISNA(VLOOKUP(Y71,ltSchlepper,Maschinen!$N$6,FALSE))=TRUE,0,VLOOKUP(Y71,ltSchlepper,Maschinen!$N$6,FALSE)*AA71*IF(ISBLANK(AC71),1,AC71)))","v":0},{"$f":"(IF(ISNA(VLOOKUP(Y71,ltSchlepper,Maschinen!$O$6,FALSE))=TRUE,0,VLOOKUP(Y71,ltSchlepper,Maschinen!$O$6,FALSE)*AA71*IF(ISBLANK(AC71),1,AC71)))","v":0},{"$f":"(IF(ISNA(VLOOKUP(Y71,ltSchlepper,Maschinen!$P$6,FALSE))=TRUE,0,VLOOKUP(Y71,ltSchlepper,Maschinen!$P$6,FALSE)*AA71*IF(ISBLANK(AC71),1,AC71)))","v":0},0,{"$f":"(IF(ISNA(VLOOKUP(AE71,ltSchlepper,Maschinen!$K$6,FALSE))=TRUE,0,VLOOKUP(AE71,ltSchlepper,Maschinen!$K$6,FALSE)*AG71))","v":0},{"$f":"(IF(ISNA(VLOOKUP(AE71,ltSchlepper,Maschinen!$L$6,FALSE))=TRUE,0,VLOOKUP(AE71,ltSchlepper,Maschinen!$L$6,FALSE)*AG71))","v":0},{"$f":"(IF(ISNA(VLOOKUP(AE71,ltSchlepper,Maschinen!$M$6,FALSE))=TRUE,0,VLOOKUP(AE71,ltSchlepper,Maschinen!$M$6,FALSE)*AG71))","v":0},{"$f":"(IF(ISNA(VLOOKUP(AE71,ltSchlepper,Maschinen!$N$6,FALSE))=TRUE,0,VLOOKUP(AE71,ltSchlepper,Maschinen!$N$6,FALSE)*AG71*IF(ISBLANK(AI71),1,AI71)))","v":0},{"$f":"(IF(ISNA(VLOOKUP(AE71,ltSchlepper,Maschinen!$O$6,FALSE))=TRUE,0,VLOOKUP(AE71,ltSchlepper,Maschinen!$O$6,FALSE)*AG71*IF(ISBLANK(AI71),1,AI71)))","v":0},{"$f":"(IF(ISNA(VLOOKUP(AE71,ltSchlepper,Maschinen!$P$6,FALSE))=TRUE,0,VLOOKUP(AE71,ltSchlepper,Maschinen!$P$6,FALSE)*AG71*IF(ISBLANK(AI71),1,AI71)))","v":0},0,{"$f":"(IF(ISNA(VLOOKUP(AK71,ltSchlepper,Maschinen!$K$6,FALSE))=TRUE,0,VLOOKUP(AK71,ltSchlepper,Maschinen!$K$6,FALSE)*AM71))","v":0},{"$f":"(IF(ISNA(VLOOKUP(AK71,ltSchlepper,Maschinen!$L$6,FALSE))=TRUE,0,VLOOKUP(AK71,ltSchlepper,Maschinen!$L$6,FALSE)*AM71))","v":0},{"$f":"(IF(ISNA(VLOOKUP(AK71,ltSchlepper,Maschinen!$M$6,FALSE))=TRUE,0,VLOOKUP(AK71,ltSchlepper,Maschinen!$M$6,FALSE)*AM71))","v":0},{"$f":"(IF(ISNA(VLOOKUP(AK71,ltSchlepper,Maschinen!$N$6,FALSE))=TRUE,0,VLOOKUP(AK71,ltSchlepper,Maschinen!$N$6,FALSE)*AM71*IF(ISBLANK(AO71),1,AO71)))","v":0},{"$f":"(IF(ISNA(VLOOKUP(AK71,ltSchlepper,Maschinen!$O$6,FALSE))=TRUE,0,VLOOKUP(AK71,ltSchlepper,Maschinen!$O$6,FALSE)*AM71*IF(ISBLANK(AO71),1,AO71)))","v":0},{"$f":"(IF(ISNA(VLOOKUP(AK71,ltSchlepper,Maschinen!$P$6,FALSE))=TRUE,0,VLOOKUP(AK71,ltSchlepper,Maschinen!$P$6,FALSE)*AM71*IF(ISBLANK(AO71),1,AO71)))","v":0},0,{"$f":"(IF(ISNA(VLOOKUP(AQ71,ltSchlepper,Maschinen!$K$6,FALSE))=TRUE,0,VLOOKUP(AQ71,ltSchlepper,Maschinen!$K$6,FALSE)*AS71))","v":0},{"$f":"(IF(ISNA(VLOOKUP(AQ71,ltSchlepper,Maschinen!$L$6,FALSE))=TRUE,0,VLOOKUP(AQ71,ltSchlepper,Maschinen!$L$6,FALSE)*AS71))","v":0},{"$f":"(IF(ISNA(VLOOKUP(AQ71,ltSchlepper,Maschinen!$M$6,FALSE))=TRUE,0,VLOOKUP(AQ71,ltSchlepper,Maschinen!$M$6,FALSE)*AS71))","v":0},{"$f":"(IF(ISNA(VLOOKUP(AQ71,ltSchlepper,Maschinen!$N$6,FALSE))=TRUE,0,VLOOKUP(AQ71,ltSchlepper,Maschinen!$N$6,FALSE)*AS71*IF(ISBLANK(AU71),1,AU71)))","v":0},{"$f":"(IF(ISNA(VLOOKUP(AQ71,ltSchlepper,Maschinen!$O$6,FALSE))=TRUE,0,VLOOKUP(AQ71,ltSchlepper,Maschinen!$O$6,FALSE)*AS71*IF(ISBLANK(AU71),1,AU71)))","v":0},{"$f":"(IF(ISNA(VLOOKUP(AQ71,ltSchlepper,Maschinen!$P$6,FALSE))=TRUE,0,VLOOKUP(AQ71,ltSchlepper,Maschinen!$P$6,FALSE)*AS71*IF(ISBLANK(AU71),1,AU71)))","v":0},0,{"$f":"(IF(ISNA(VLOOKUP(Y71,ltSchlepper,Maschinen!$AA$6,FALSE))=TRUE,0,VLOOKUP(Y71,ltSchlepper,Maschinen!$AA$6,FALSE)*AA71))","v":0},{"$f":"(IF(ISNA(VLOOKUP(Y71,ltSchlepper,Maschinen!$AB$6,FALSE))=TRUE,0,VLOOKUP(Y71,ltSchlepper,Maschinen!$AB$6,FALSE)*AA71))","v":0},{"$f":"(IF(ISNA(VLOOKUP(Y71,ltSchlepper,Maschinen!$AC$6,FALSE))=TRUE,0,VLOOKUP(Y71,ltSchlepper,Maschinen!$AC$6,FALSE)*AA71))","v":0},0,{"$f":"(IF(ISNA(VLOOKUP(AE71,ltSchlepper,Maschinen!$AA$6,FALSE))=TRUE,0,VLOOKUP(AE71,ltSchlepper,Maschinen!$AA$6,FALSE)*AG71))","v":0},{"$f":"(IF(ISNA(VLOOKUP(AE71,ltSchlepper,Maschinen!$AB$6,FALSE))=TRUE,0,VLOOKUP(AE71,ltSchlepper,Maschinen!$AB$6,FALSE)*AG71))","v":0},{"$f":"(IF(ISNA(VLOOKUP(AE71,ltSchlepper,Maschinen!$AC$6,FALSE))=TRUE,0,VLOOKUP(AE71,ltSchlepper,Maschinen!$AC$6,FALSE)*AG71))","v":0},0,{"$f":"(IF(ISNA(VLOOKUP(AK71,ltSchlepper,Maschinen!$AA$6,FALSE))=TRUE,0,VLOOKUP(AK71,ltSchlepper,Maschinen!$AA$6,FALSE)*AM71))","v":0},{"$f":"(IF(ISNA(VLOOKUP(AK71,ltSchlepper,Maschinen!$AB$6,FALSE))=TRUE,0,VLOOKUP(AK71,ltSchlepper,Maschinen!$AB$6,FALSE)*AM71))","v":0},{"$f":"(IF(ISNA(VLOOKUP(AK71,ltSchlepper,Maschinen!$AC$6,FALSE))=TRUE,0,VLOOKUP(AK71,ltSchlepper,Maschinen!$AC$6,FALSE)*AM71))","v":0},0,{"$f":"(IF(ISNA(VLOOKUP(AQ71,ltSchlepper,Maschinen!$AA$6,FALSE))=TRUE,0,VLOOKUP(AQ71,ltSchlepper,Maschinen!$AA$6,FALSE)*AS71))","v":0},{"$f":"(IF(ISNA(VLOOKUP(AQ71,ltSchlepper,Maschinen!$AB$6,FALSE))=TRUE,0,VLOOKUP(AQ71,ltSchlepper,Maschinen!$AB$6,FALSE)*AS71))","v":0},{"$f":"(IF(ISNA(VLOOKUP(AQ71,ltSchlepper,Maschinen!$AC$6,FALSE))=TRUE,0,VLOOKUP(AQ71,ltSchlepper,Maschinen!$AC$6,FALSE)*AS71))","v":0},0]
[null,21513,null,null,null,null,null,null,0,0,0,0.1,0,0,null,null,0,0,0,0,0,0,0,null,null,"",null,"",null,0,null,"",null,"",null,0,null,"",null,"",null,0,null,"",null,"",null,0,0,0,0,0,0,0,0,0,0,0,0,0,{"$f":"(IF(ISNA(VLOOKUP(Y72,ltSchlepper,Maschinen!$K$6,FALSE))=TRUE,0,VLOOKUP(Y72,ltSchlepper,Maschinen!$K$6,FALSE)*AA72))","v":0},{"$f":"(IF(ISNA(VLOOKUP(Y72,ltSchlepper,Maschinen!$L$6,FALSE))=TRUE,0,VLOOKUP(Y72,ltSchlepper,Maschinen!$L$6,FALSE)*AA72))","v":0},{"$f":"(IF(ISNA(VLOOKUP(Y72,ltSchlepper,Maschinen!$M$6,FALSE))=TRUE,0,VLOOKUP(Y72,ltSchlepper,Maschinen!$M$6,FALSE)*AA72))","v":0},{"$f":"(IF(ISNA(VLOOKUP(Y72,ltSchlepper,Maschinen!$N$6,FALSE))=TRUE,0,VLOOKUP(Y72,ltSchlepper,Maschinen!$N$6,FALSE)*AA72*IF(ISBLANK(AC72),1,AC72)))","v":0},{"$f":"(IF(ISNA(VLOOKUP(Y72,ltSchlepper,Maschinen!$O$6,FALSE))=TRUE,0,VLOOKUP(Y72,ltSchlepper,Maschinen!$O$6,FALSE)*AA72*IF(ISBLANK(AC72),1,AC72)))","v":0},{"$f":"(IF(ISNA(VLOOKUP(Y72,ltSchlepper,Maschinen!$P$6,FALSE))=TRUE,0,VLOOKUP(Y72,ltSchlepper,Maschinen!$P$6,FALSE)*AA72*IF(ISBLANK(AC72),1,AC72)))","v":0},0,{"$f":"(IF(ISNA(VLOOKUP(AE72,ltSchlepper,Maschinen!$K$6,FALSE))=TRUE,0,VLOOKUP(AE72,ltSchlepper,Maschinen!$K$6,FALSE)*AG72))","v":0},{"$f":"(IF(ISNA(VLOOKUP(AE72,ltSchlepper,Maschinen!$L$6,FALSE))=TRUE,0,VLOOKUP(AE72,ltSchlepper,Maschinen!$L$6,FALSE)*AG72))","v":0},{"$f":"(IF(ISNA(VLOOKUP(AE72,ltSchlepper,Maschinen!$M$6,FALSE))=TRUE,0,VLOOKUP(AE72,ltSchlepper,Maschinen!$M$6,FALSE)*AG72))","v":0},{"$f":"(IF(ISNA(VLOOKUP(AE72,ltSchlepper,Maschinen!$N$6,FALSE))=TRUE,0,VLOOKUP(AE72,ltSchlepper,Maschinen!$N$6,FALSE)*AG72*IF(ISBLANK(AI72),1,AI72)))","v":0},{"$f":"(IF(ISNA(VLOOKUP(AE72,ltSchlepper,Maschinen!$O$6,FALSE))=TRUE,0,VLOOKUP(AE72,ltSchlepper,Maschinen!$O$6,FALSE)*AG72*IF(ISBLANK(AI72),1,AI72)))","v":0},{"$f":"(IF(ISNA(VLOOKUP(AE72,ltSchlepper,Maschinen!$P$6,FALSE))=TRUE,0,VLOOKUP(AE72,ltSchlepper,Maschinen!$P$6,FALSE)*AG72*IF(ISBLANK(AI72),1,AI72)))","v":0},0,{"$f":"(IF(ISNA(VLOOKUP(AK72,ltSchlepper,Maschinen!$K$6,FALSE))=TRUE,0,VLOOKUP(AK72,ltSchlepper,Maschinen!$K$6,FALSE)*AM72))","v":0},{"$f":"(IF(ISNA(VLOOKUP(AK72,ltSchlepper,Maschinen!$L$6,FALSE))=TRUE,0,VLOOKUP(AK72,ltSchlepper,Maschinen!$L$6,FALSE)*AM72))","v":0},{"$f":"(IF(ISNA(VLOOKUP(AK72,ltSchlepper,Maschinen!$M$6,FALSE))=TRUE,0,VLOOKUP(AK72,ltSchlepper,Maschinen!$M$6,FALSE)*AM72))","v":0},{"$f":"(IF(ISNA(VLOOKUP(AK72,ltSchlepper,Maschinen!$N$6,FALSE))=TRUE,0,VLOOKUP(AK72,ltSchlepper,Maschinen!$N$6,FALSE)*AM72*IF(ISBLANK(AO72),1,AO72)))","v":0},{"$f":"(IF(ISNA(VLOOKUP(AK72,ltSchlepper,Maschinen!$O$6,FALSE))=TRUE,0,VLOOKUP(AK72,ltSchlepper,Maschinen!$O$6,FALSE)*AM72*IF(ISBLANK(AO72),1,AO72)))","v":0},{"$f":"(IF(ISNA(VLOOKUP(AK72,ltSchlepper,Maschinen!$P$6,FALSE))=TRUE,0,VLOOKUP(AK72,ltSchlepper,Maschinen!$P$6,FALSE)*AM72*IF(ISBLANK(AO72),1,AO72)))","v":0},0,{"$f":"(IF(ISNA(VLOOKUP(AQ72,ltSchlepper,Maschinen!$K$6,FALSE))=TRUE,0,VLOOKUP(AQ72,ltSchlepper,Maschinen!$K$6,FALSE)*AS72))","v":0},{"$f":"(IF(ISNA(VLOOKUP(AQ72,ltSchlepper,Maschinen!$L$6,FALSE))=TRUE,0,VLOOKUP(AQ72,ltSchlepper,Maschinen!$L$6,FALSE)*AS72))","v":0},{"$f":"(IF(ISNA(VLOOKUP(AQ72,ltSchlepper,Maschinen!$M$6,FALSE))=TRUE,0,VLOOKUP(AQ72,ltSchlepper,Maschinen!$M$6,FALSE)*AS72))","v":0},{"$f":"(IF(ISNA(VLOOKUP(AQ72,ltSchlepper,Maschinen!$N$6,FALSE))=TRUE,0,VLOOKUP(AQ72,ltSchlepper,Maschinen!$N$6,FALSE)*AS72*IF(ISBLANK(AU72),1,AU72)))","v":0},{"$f":"(IF(ISNA(VLOOKUP(AQ72,ltSchlepper,Maschinen!$O$6,FALSE))=TRUE,0,VLOOKUP(AQ72,ltSchlepper,Maschinen!$O$6,FALSE)*AS72*IF(ISBLANK(AU72),1,AU72)))","v":0},{"$f":"(IF(ISNA(VLOOKUP(AQ72,ltSchlepper,Maschinen!$P$6,FALSE))=TRUE,0,VLOOKUP(AQ72,ltSchlepper,Maschinen!$P$6,FALSE)*AS72*IF(ISBLANK(AU72),1,AU72)))","v":0},0,{"$f":"(IF(ISNA(VLOOKUP(Y72,ltSchlepper,Maschinen!$AA$6,FALSE))=TRUE,0,VLOOKUP(Y72,ltSchlepper,Maschinen!$AA$6,FALSE)*AA72))","v":0},{"$f":"(IF(ISNA(VLOOKUP(Y72,ltSchlepper,Maschinen!$AB$6,FALSE))=TRUE,0,VLOOKUP(Y72,ltSchlepper,Maschinen!$AB$6,FALSE)*AA72))","v":0},{"$f":"(IF(ISNA(VLOOKUP(Y72,ltSchlepper,Maschinen!$AC$6,FALSE))=TRUE,0,VLOOKUP(Y72,ltSchlepper,Maschinen!$AC$6,FALSE)*AA72))","v":0},0,{"$f":"(IF(ISNA(VLOOKUP(AE72,ltSchlepper,Maschinen!$AA$6,FALSE))=TRUE,0,VLOOKUP(AE72,ltSchlepper,Maschinen!$AA$6,FALSE)*AG72))","v":0},{"$f":"(IF(ISNA(VLOOKUP(AE72,ltSchlepper,Maschinen!$AB$6,FALSE))=TRUE,0,VLOOKUP(AE72,ltSchlepper,Maschinen!$AB$6,FALSE)*AG72))","v":0},{"$f":"(IF(ISNA(VLOOKUP(AE72,ltSchlepper,Maschinen!$AC$6,FALSE))=TRUE,0,VLOOKUP(AE72,ltSchlepper,Maschinen!$AC$6,FALSE)*AG72))","v":0},0,{"$f":"(IF(ISNA(VLOOKUP(AK72,ltSchlepper,Maschinen!$AA$6,FALSE))=TRUE,0,VLOOKUP(AK72,ltSchlepper,Maschinen!$AA$6,FALSE)*AM72))","v":0},{"$f":"(IF(ISNA(VLOOKUP(AK72,ltSchlepper,Maschinen!$AB$6,FALSE))=TRUE,0,VLOOKUP(AK72,ltSchlepper,Maschinen!$AB$6,FALSE)*AM72))","v":0},{"$f":"(IF(ISNA(VLOOKUP(AK72,ltSchlepper,Maschinen!$AC$6,FALSE))=TRUE,0,VLOOKUP(AK72,ltSchlepper,Maschinen!$AC$6,FALSE)*AM72))","v":0},0,{"$f":"(IF(ISNA(VLOOKUP(AQ72,ltSchlepper,Maschinen!$AA$6,FALSE))=TRUE,0,VLOOKUP(AQ72,ltSchlepper,Maschinen!$AA$6,FALSE)*AS72))","v":0},{"$f":"(IF(ISNA(VLOOKUP(AQ72,ltSchlepper,Maschinen!$AB$6,FALSE))=TRUE,0,VLOOKUP(AQ72,ltSchlepper,Maschinen!$AB$6,FALSE)*AS72))","v":0},{"$f":"(IF(ISNA(VLOOKUP(AQ72,ltSchlepper,Maschinen!$AC$6,FALSE))=TRUE,0,VLOOKUP(AQ72,ltSchlepper,Maschinen!$AC$6,FALSE)*AS72))","v":0},0]
[null,21514,null,null,null,null,null,null,0,0,0,0.1,0,0,null,null,0,0,0,0,0,0,0,null,null,"",null,"",null,0,null,"",null,"",null,0,null,"",null,"",null,0,null,"",null,"",null,0,0,0,0,0,0,0,0,0,0,0,0,0,{"$f":"(IF(ISNA(VLOOKUP(Y73,ltSchlepper,Maschinen!$K$6,FALSE))=TRUE,0,VLOOKUP(Y73,ltSchlepper,Maschinen!$K$6,FALSE)*AA73))","v":0},{"$f":"(IF(ISNA(VLOOKUP(Y73,ltSchlepper,Maschinen!$L$6,FALSE))=TRUE,0,VLOOKUP(Y73,ltSchlepper,Maschinen!$L$6,FALSE)*AA73))","v":0},{"$f":"(IF(ISNA(VLOOKUP(Y73,ltSchlepper,Maschinen!$M$6,FALSE))=TRUE,0,VLOOKUP(Y73,ltSchlepper,Maschinen!$M$6,FALSE)*AA73))","v":0},{"$f":"(IF(ISNA(VLOOKUP(Y73,ltSchlepper,Maschinen!$N$6,FALSE))=TRUE,0,VLOOKUP(Y73,ltSchlepper,Maschinen!$N$6,FALSE)*AA73*IF(ISBLANK(AC73),1,AC73)))","v":0},{"$f":"(IF(ISNA(VLOOKUP(Y73,ltSchlepper,Maschinen!$O$6,FALSE))=TRUE,0,VLOOKUP(Y73,ltSchlepper,Maschinen!$O$6,FALSE)*AA73*IF(ISBLANK(AC73),1,AC73)))","v":0},{"$f":"(IF(ISNA(VLOOKUP(Y73,ltSchlepper,Maschinen!$P$6,FALSE))=TRUE,0,VLOOKUP(Y73,ltSchlepper,Maschinen!$P$6,FALSE)*AA73*IF(ISBLANK(AC73),1,AC73)))","v":0},0,{"$f":"(IF(ISNA(VLOOKUP(AE73,ltSchlepper,Maschinen!$K$6,FALSE))=TRUE,0,VLOOKUP(AE73,ltSchlepper,Maschinen!$K$6,FALSE)*AG73))","v":0},{"$f":"(IF(ISNA(VLOOKUP(AE73,ltSchlepper,Maschinen!$L$6,FALSE))=TRUE,0,VLOOKUP(AE73,ltSchlepper,Maschinen!$L$6,FALSE)*AG73))","v":0},{"$f":"(IF(ISNA(VLOOKUP(AE73,ltSchlepper,Maschinen!$M$6,FALSE))=TRUE,0,VLOOKUP(AE73,ltSchlepper,Maschinen!$M$6,FALSE)*AG73))","v":0},{"$f":"(IF(ISNA(VLOOKUP(AE73,ltSchlepper,Maschinen!$N$6,FALSE))=TRUE,0,VLOOKUP(AE73,ltSchlepper,Maschinen!$N$6,FALSE)*AG73*IF(ISBLANK(AI73),1,AI73)))","v":0},{"$f":"(IF(ISNA(VLOOKUP(AE73,ltSchlepper,Maschinen!$O$6,FALSE))=TRUE,0,VLOOKUP(AE73,ltSchlepper,Maschinen!$O$6,FALSE)*AG73*IF(ISBLANK(AI73),1,AI73)))","v":0},{"$f":"(IF(ISNA(VLOOKUP(AE73,ltSchlepper,Maschinen!$P$6,FALSE))=TRUE,0,VLOOKUP(AE73,ltSchlepper,Maschinen!$P$6,FALSE)*AG73*IF(ISBLANK(AI73),1,AI73)))","v":0},0,{"$f":"(IF(ISNA(VLOOKUP(AK73,ltSchlepper,Maschinen!$K$6,FALSE))=TRUE,0,VLOOKUP(AK73,ltSchlepper,Maschinen!$K$6,FALSE)*AM73))","v":0},{"$f":"(IF(ISNA(VLOOKUP(AK73,ltSchlepper,Maschinen!$L$6,FALSE))=TRUE,0,VLOOKUP(AK73,ltSchlepper,Maschinen!$L$6,FALSE)*AM73))","v":0},{"$f":"(IF(ISNA(VLOOKUP(AK73,ltSchlepper,Maschinen!$M$6,FALSE))=TRUE,0,VLOOKUP(AK73,ltSchlepper,Maschinen!$M$6,FALSE)*AM73))","v":0},{"$f":"(IF(ISNA(VLOOKUP(AK73,ltSchlepper,Maschinen!$N$6,FALSE))=TRUE,0,VLOOKUP(AK73,ltSchlepper,Maschinen!$N$6,FALSE)*AM73*IF(ISBLANK(AO73),1,AO73)))","v":0},{"$f":"(IF(ISNA(VLOOKUP(AK73,ltSchlepper,Maschinen!$O$6,FALSE))=TRUE,0,VLOOKUP(AK73,ltSchlepper,Maschinen!$O$6,FALSE)*AM73*IF(ISBLANK(AO73),1,AO73)))","v":0},{"$f":"(IF(ISNA(VLOOKUP(AK73,ltSchlepper,Maschinen!$P$6,FALSE))=TRUE,0,VLOOKUP(AK73,ltSchlepper,Maschinen!$P$6,FALSE)*AM73*IF(ISBLANK(AO73),1,AO73)))","v":0},0,{"$f":"(IF(ISNA(VLOOKUP(AQ73,ltSchlepper,Maschinen!$K$6,FALSE))=TRUE,0,VLOOKUP(AQ73,ltSchlepper,Maschinen!$K$6,FALSE)*AS73))","v":0},{"$f":"(IF(ISNA(VLOOKUP(AQ73,ltSchlepper,Maschinen!$L$6,FALSE))=TRUE,0,VLOOKUP(AQ73,ltSchlepper,Maschinen!$L$6,FALSE)*AS73))","v":0},{"$f":"(IF(ISNA(VLOOKUP(AQ73,ltSchlepper,Maschinen!$M$6,FALSE))=TRUE,0,VLOOKUP(AQ73,ltSchlepper,Maschinen!$M$6,FALSE)*AS73))","v":0},{"$f":"(IF(ISNA(VLOOKUP(AQ73,ltSchlepper,Maschinen!$N$6,FALSE))=TRUE,0,VLOOKUP(AQ73,ltSchlepper,Maschinen!$N$6,FALSE)*AS73*IF(ISBLANK(AU73),1,AU73)))","v":0},{"$f":"(IF(ISNA(VLOOKUP(AQ73,ltSchlepper,Maschinen!$O$6,FALSE))=TRUE,0,VLOOKUP(AQ73,ltSchlepper,Maschinen!$O$6,FALSE)*AS73*IF(ISBLANK(AU73),1,AU73)))","v":0},{"$f":"(IF(ISNA(VLOOKUP(AQ73,ltSchlepper,Maschinen!$P$6,FALSE))=TRUE,0,VLOOKUP(AQ73,ltSchlepper,Maschinen!$P$6,FALSE)*AS73*IF(ISBLANK(AU73),1,AU73)))","v":0},0,{"$f":"(IF(ISNA(VLOOKUP(Y73,ltSchlepper,Maschinen!$AA$6,FALSE))=TRUE,0,VLOOKUP(Y73,ltSchlepper,Maschinen!$AA$6,FALSE)*AA73))","v":0},{"$f":"(IF(ISNA(VLOOKUP(Y73,ltSchlepper,Maschinen!$AB$6,FALSE))=TRUE,0,VLOOKUP(Y73,ltSchlepper,Maschinen!$AB$6,FALSE)*AA73))","v":0},{"$f":"(IF(ISNA(VLOOKUP(Y73,ltSchlepper,Maschinen!$AC$6,FALSE))=TRUE,0,VLOOKUP(Y73,ltSchlepper,Maschinen!$AC$6,FALSE)*AA73))","v":0},0,{"$f":"(IF(ISNA(VLOOKUP(AE73,ltSchlepper,Maschinen!$AA$6,FALSE))=TRUE,0,VLOOKUP(AE73,ltSchlepper,Maschinen!$AA$6,FALSE)*AG73))","v":0},{"$f":"(IF(ISNA(VLOOKUP(AE73,ltSchlepper,Maschinen!$AB$6,FALSE))=TRUE,0,VLOOKUP(AE73,ltSchlepper,Maschinen!$AB$6,FALSE)*AG73))","v":0},{"$f":"(IF(ISNA(VLOOKUP(AE73,ltSchlepper,Maschinen!$AC$6,FALSE))=TRUE,0,VLOOKUP(AE73,ltSchlepper,Maschinen!$AC$6,FALSE)*AG73))","v":0},0,{"$f":"(IF(ISNA(VLOOKUP(AK73,ltSchlepper,Maschinen!$AA$6,FALSE))=TRUE,0,VLOOKUP(AK73,ltSchlepper,Maschinen!$AA$6,FALSE)*AM73))","v":0},{"$f":"(IF(ISNA(VLOOKUP(AK73,ltSchlepper,Maschinen!$AB$6,FALSE))=TRUE,0,VLOOKUP(AK73,ltSchlepper,Maschinen!$AB$6,FALSE)*AM73))","v":0},{"$f":"(IF(ISNA(VLOOKUP(AK73,ltSchlepper,Maschinen!$AC$6,FALSE))=TRUE,0,VLOOKUP(AK73,ltSchlepper,Maschinen!$AC$6,FALSE)*AM73))","v":0},0,{"$f":"(IF(ISNA(VLOOKUP(AQ73,ltSchlepper,Maschinen!$AA$6,FALSE))=TRUE,0,VLOOKUP(AQ73,ltSchlepper,Maschinen!$AA$6,FALSE)*AS73))","v":0},{"$f":"(IF(ISNA(VLOOKUP(AQ73,ltSchlepper,Maschinen!$AB$6,FALSE))=TRUE,0,VLOOKUP(AQ73,ltSchlepper,Maschinen!$AB$6,FALSE)*AS73))","v":0},{"$f":"(IF(ISNA(VLOOKUP(AQ73,ltSchlepper,Maschinen!$AC$6,FALSE))=TRUE,0,VLOOKUP(AQ73,ltSchlepper,Maschinen!$AC$6,FALSE)*AS73))","v":0},0]
[null,21515,null,null,null,null,null,null,0,0,0,0.1,0,0,null,null,0,0,0,0,0,0,0,null,null,"",null,"",null,0,null,"",null,"",null,0,null,"",null,"",null,0,null,"",null,"",null,0,0,0,0,0,0,0,0,0,0,0,0,0,{"$f":"(IF(ISNA(VLOOKUP(Y74,ltSchlepper,Maschinen!$K$6,FALSE))=TRUE,0,VLOOKUP(Y74,ltSchlepper,Maschinen!$K$6,FALSE)*AA74))","v":0},{"$f":"(IF(ISNA(VLOOKUP(Y74,ltSchlepper,Maschinen!$L$6,FALSE))=TRUE,0,VLOOKUP(Y74,ltSchlepper,Maschinen!$L$6,FALSE)*AA74))","v":0},{"$f":"(IF(ISNA(VLOOKUP(Y74,ltSchlepper,Maschinen!$M$6,FALSE))=TRUE,0,VLOOKUP(Y74,ltSchlepper,Maschinen!$M$6,FALSE)*AA74))","v":0},{"$f":"(IF(ISNA(VLOOKUP(Y74,ltSchlepper,Maschinen!$N$6,FALSE))=TRUE,0,VLOOKUP(Y74,ltSchlepper,Maschinen!$N$6,FALSE)*AA74*IF(ISBLANK(AC74),1,AC74)))","v":0},{"$f":"(IF(ISNA(VLOOKUP(Y74,ltSchlepper,Maschinen!$O$6,FALSE))=TRUE,0,VLOOKUP(Y74,ltSchlepper,Maschinen!$O$6,FALSE)*AA74*IF(ISBLANK(AC74),1,AC74)))","v":0},{"$f":"(IF(ISNA(VLOOKUP(Y74,ltSchlepper,Maschinen!$P$6,FALSE))=TRUE,0,VLOOKUP(Y74,ltSchlepper,Maschinen!$P$6,FALSE)*AA74*IF(ISBLANK(AC74),1,AC74)))","v":0},0,{"$f":"(IF(ISNA(VLOOKUP(AE74,ltSchlepper,Maschinen!$K$6,FALSE))=TRUE,0,VLOOKUP(AE74,ltSchlepper,Maschinen!$K$6,FALSE)*AG74))","v":0},{"$f":"(IF(ISNA(VLOOKUP(AE74,ltSchlepper,Maschinen!$L$6,FALSE))=TRUE,0,VLOOKUP(AE74,ltSchlepper,Maschinen!$L$6,FALSE)*AG74))","v":0},{"$f":"(IF(ISNA(VLOOKUP(AE74,ltSchlepper,Maschinen!$M$6,FALSE))=TRUE,0,VLOOKUP(AE74,ltSchlepper,Maschinen!$M$6,FALSE)*AG74))","v":0},{"$f":"(IF(ISNA(VLOOKUP(AE74,ltSchlepper,Maschinen!$N$6,FALSE))=TRUE,0,VLOOKUP(AE74,ltSchlepper,Maschinen!$N$6,FALSE)*AG74*IF(ISBLANK(AI74),1,AI74)))","v":0},{"$f":"(IF(ISNA(VLOOKUP(AE74,ltSchlepper,Maschinen!$O$6,FALSE))=TRUE,0,VLOOKUP(AE74,ltSchlepper,Maschinen!$O$6,FALSE)*AG74*IF(ISBLANK(AI74),1,AI74)))","v":0},{"$f":"(IF(ISNA(VLOOKUP(AE74,ltSchlepper,Maschinen!$P$6,FALSE))=TRUE,0,VLOOKUP(AE74,ltSchlepper,Maschinen!$P$6,FALSE)*AG74*IF(ISBLANK(AI74),1,AI74)))","v":0},0,{"$f":"(IF(ISNA(VLOOKUP(AK74,ltSchlepper,Maschinen!$K$6,FALSE))=TRUE,0,VLOOKUP(AK74,ltSchlepper,Maschinen!$K$6,FALSE)*AM74))","v":0},{"$f":"(IF(ISNA(VLOOKUP(AK74,ltSchlepper,Maschinen!$L$6,FALSE))=TRUE,0,VLOOKUP(AK74,ltSchlepper,Maschinen!$L$6,FALSE)*AM74))","v":0},{"$f":"(IF(ISNA(VLOOKUP(AK74,ltSchlepper,Maschinen!$M$6,FALSE))=TRUE,0,VLOOKUP(AK74,ltSchlepper,Maschinen!$M$6,FALSE)*AM74))","v":0},{"$f":"(IF(ISNA(VLOOKUP(AK74,ltSchlepper,Maschinen!$N$6,FALSE))=TRUE,0,VLOOKUP(AK74,ltSchlepper,Maschinen!$N$6,FALSE)*AM74*IF(ISBLANK(AO74),1,AO74)))","v":0},{"$f":"(IF(ISNA(VLOOKUP(AK74,ltSchlepper,Maschinen!$O$6,FALSE))=TRUE,0,VLOOKUP(AK74,ltSchlepper,Maschinen!$O$6,FALSE)*AM74*IF(ISBLANK(AO74),1,AO74)))","v":0},{"$f":"(IF(ISNA(VLOOKUP(AK74,ltSchlepper,Maschinen!$P$6,FALSE))=TRUE,0,VLOOKUP(AK74,ltSchlepper,Maschinen!$P$6,FALSE)*AM74*IF(ISBLANK(AO74),1,AO74)))","v":0},0,{"$f":"(IF(ISNA(VLOOKUP(AQ74,ltSchlepper,Maschinen!$K$6,FALSE))=TRUE,0,VLOOKUP(AQ74,ltSchlepper,Maschinen!$K$6,FALSE)*AS74))","v":0},{"$f":"(IF(ISNA(VLOOKUP(AQ74,ltSchlepper,Maschinen!$L$6,FALSE))=TRUE,0,VLOOKUP(AQ74,ltSchlepper,Maschinen!$L$6,FALSE)*AS74))","v":0},{"$f":"(IF(ISNA(VLOOKUP(AQ74,ltSchlepper,Maschinen!$M$6,FALSE))=TRUE,0,VLOOKUP(AQ74,ltSchlepper,Maschinen!$M$6,FALSE)*AS74))","v":0},{"$f":"(IF(ISNA(VLOOKUP(AQ74,ltSchlepper,Maschinen!$N$6,FALSE))=TRUE,0,VLOOKUP(AQ74,ltSchlepper,Maschinen!$N$6,FALSE)*AS74*IF(ISBLANK(AU74),1,AU74)))","v":0},{"$f":"(IF(ISNA(VLOOKUP(AQ74,ltSchlepper,Maschinen!$O$6,FALSE))=TRUE,0,VLOOKUP(AQ74,ltSchlepper,Maschinen!$O$6,FALSE)*AS74*IF(ISBLANK(AU74),1,AU74)))","v":0},{"$f":"(IF(ISNA(VLOOKUP(AQ74,ltSchlepper,Maschinen!$P$6,FALSE))=TRUE,0,VLOOKUP(AQ74,ltSchlepper,Maschinen!$P$6,FALSE)*AS74*IF(ISBLANK(AU74),1,AU74)))","v":0},0,{"$f":"(IF(ISNA(VLOOKUP(Y74,ltSchlepper,Maschinen!$AA$6,FALSE))=TRUE,0,VLOOKUP(Y74,ltSchlepper,Maschinen!$AA$6,FALSE)*AA74))","v":0},{"$f":"(IF(ISNA(VLOOKUP(Y74,ltSchlepper,Maschinen!$AB$6,FALSE))=TRUE,0,VLOOKUP(Y74,ltSchlepper,Maschinen!$AB$6,FALSE)*AA74))","v":0},{"$f":"(IF(ISNA(VLOOKUP(Y74,ltSchlepper,Maschinen!$AC$6,FALSE))=TRUE,0,VLOOKUP(Y74,ltSchlepper,Maschinen!$AC$6,FALSE)*AA74))","v":0},0,{"$f":"(IF(ISNA(VLOOKUP(AE74,ltSchlepper,Maschinen!$AA$6,FALSE))=TRUE,0,VLOOKUP(AE74,ltSchlepper,Maschinen!$AA$6,FALSE)*AG74))","v":0},{"$f":"(IF(ISNA(VLOOKUP(AE74,ltSchlepper,Maschinen!$AB$6,FALSE))=TRUE,0,VLOOKUP(AE74,ltSchlepper,Maschinen!$AB$6,FALSE)*AG74))","v":0},{"$f":"(IF(ISNA(VLOOKUP(AE74,ltSchlepper,Maschinen!$AC$6,FALSE))=TRUE,0,VLOOKUP(AE74,ltSchlepper,Maschinen!$AC$6,FALSE)*AG74))","v":0},0,{"$f":"(IF(ISNA(VLOOKUP(AK74,ltSchlepper,Maschinen!$AA$6,FALSE))=TRUE,0,VLOOKUP(AK74,ltSchlepper,Maschinen!$AA$6,FALSE)*AM74))","v":0},{"$f":"(IF(ISNA(VLOOKUP(AK74,ltSchlepper,Maschinen!$AB$6,FALSE))=TRUE,0,VLOOKUP(AK74,ltSchlepper,Maschinen!$AB$6,FALSE)*AM74))","v":0},{"$f":"(IF(ISNA(VLOOKUP(AK74,ltSchlepper,Maschinen!$AC$6,FALSE))=TRUE,0,VLOOKUP(AK74,ltSchlepper,Maschinen!$AC$6,FALSE)*AM74))","v":0},0,{"$f":"(IF(ISNA(VLOOKUP(AQ74,ltSchlepper,Maschinen!$AA$6,FALSE))=TRUE,0,VLOOKUP(AQ74,ltSchlepper,Maschinen!$AA$6,FALSE)*AS74))","v":0},{"$f":"(IF(ISNA(VLOOKUP(AQ74,ltSchlepper,Maschinen!$AB$6,FALSE))=TRUE,0,VLOOKUP(AQ74,ltSchlepper,Maschinen!$AB$6,FALSE)*AS74))","v":0},{"$f":"(IF(ISNA(VLOOKUP(AQ74,ltSchlepper,Maschinen!$AC$6,FALSE))=TRUE,0,VLOOKUP(AQ74,ltSchlepper,Maschinen!$AC$6,FALSE)*AS74))","v":0},0]
[null,21516,null,null,null,null,null,null,0,0,0,0.1,0,0,null,null,0,0,0,0,0,0,0,null,null,"",null,"",null,0,null,"",null,"",null,0,null,"",null,"",null,0,null,"",null,"",null,0,0,0,0,0,0,0,0,0,0,0,0,0,{"$f":"(IF(ISNA(VLOOKUP(Y75,ltSchlepper,Maschinen!$K$6,FALSE))=TRUE,0,VLOOKUP(Y75,ltSchlepper,Maschinen!$K$6,FALSE)*AA75))","v":0},{"$f":"(IF(ISNA(VLOOKUP(Y75,ltSchlepper,Maschinen!$L$6,FALSE))=TRUE,0,VLOOKUP(Y75,ltSchlepper,Maschinen!$L$6,FALSE)*AA75))","v":0},{"$f":"(IF(ISNA(VLOOKUP(Y75,ltSchlepper,Maschinen!$M$6,FALSE))=TRUE,0,VLOOKUP(Y75,ltSchlepper,Maschinen!$M$6,FALSE)*AA75))","v":0},{"$f":"(IF(ISNA(VLOOKUP(Y75,ltSchlepper,Maschinen!$N$6,FALSE))=TRUE,0,VLOOKUP(Y75,ltSchlepper,Maschinen!$N$6,FALSE)*AA75*IF(ISBLANK(AC75),1,AC75)))","v":0},{"$f":"(IF(ISNA(VLOOKUP(Y75,ltSchlepper,Maschinen!$O$6,FALSE))=TRUE,0,VLOOKUP(Y75,ltSchlepper,Maschinen!$O$6,FALSE)*AA75*IF(ISBLANK(AC75),1,AC75)))","v":0},{"$f":"(IF(ISNA(VLOOKUP(Y75,ltSchlepper,Maschinen!$P$6,FALSE))=TRUE,0,VLOOKUP(Y75,ltSchlepper,Maschinen!$P$6,FALSE)*AA75*IF(ISBLANK(AC75),1,AC75)))","v":0},0,{"$f":"(IF(ISNA(VLOOKUP(AE75,ltSchlepper,Maschinen!$K$6,FALSE))=TRUE,0,VLOOKUP(AE75,ltSchlepper,Maschinen!$K$6,FALSE)*AG75))","v":0},{"$f":"(IF(ISNA(VLOOKUP(AE75,ltSchlepper,Maschinen!$L$6,FALSE))=TRUE,0,VLOOKUP(AE75,ltSchlepper,Maschinen!$L$6,FALSE)*AG75))","v":0},{"$f":"(IF(ISNA(VLOOKUP(AE75,ltSchlepper,Maschinen!$M$6,FALSE))=TRUE,0,VLOOKUP(AE75,ltSchlepper,Maschinen!$M$6,FALSE)*AG75))","v":0},{"$f":"(IF(ISNA(VLOOKUP(AE75,ltSchlepper,Maschinen!$N$6,FALSE))=TRUE,0,VLOOKUP(AE75,ltSchlepper,Maschinen!$N$6,FALSE)*AG75*IF(ISBLANK(AI75),1,AI75)))","v":0},{"$f":"(IF(ISNA(VLOOKUP(AE75,ltSchlepper,Maschinen!$O$6,FALSE))=TRUE,0,VLOOKUP(AE75,ltSchlepper,Maschinen!$O$6,FALSE)*AG75*IF(ISBLANK(AI75),1,AI75)))","v":0},{"$f":"(IF(ISNA(VLOOKUP(AE75,ltSchlepper,Maschinen!$P$6,FALSE))=TRUE,0,VLOOKUP(AE75,ltSchlepper,Maschinen!$P$6,FALSE)*AG75*IF(ISBLANK(AI75),1,AI75)))","v":0},0,{"$f":"(IF(ISNA(VLOOKUP(AK75,ltSchlepper,Maschinen!$K$6,FALSE))=TRUE,0,VLOOKUP(AK75,ltSchlepper,Maschinen!$K$6,FALSE)*AM75))","v":0},{"$f":"(IF(ISNA(VLOOKUP(AK75,ltSchlepper,Maschinen!$L$6,FALSE))=TRUE,0,VLOOKUP(AK75,ltSchlepper,Maschinen!$L$6,FALSE)*AM75))","v":0},{"$f":"(IF(ISNA(VLOOKUP(AK75,ltSchlepper,Maschinen!$M$6,FALSE))=TRUE,0,VLOOKUP(AK75,ltSchlepper,Maschinen!$M$6,FALSE)*AM75))","v":0},{"$f":"(IF(ISNA(VLOOKUP(AK75,ltSchlepper,Maschinen!$N$6,FALSE))=TRUE,0,VLOOKUP(AK75,ltSchlepper,Maschinen!$N$6,FALSE)*AM75*IF(ISBLANK(AO75),1,AO75)))","v":0},{"$f":"(IF(ISNA(VLOOKUP(AK75,ltSchlepper,Maschinen!$O$6,FALSE))=TRUE,0,VLOOKUP(AK75,ltSchlepper,Maschinen!$O$6,FALSE)*AM75*IF(ISBLANK(AO75),1,AO75)))","v":0},{"$f":"(IF(ISNA(VLOOKUP(AK75,ltSchlepper,Maschinen!$P$6,FALSE))=TRUE,0,VLOOKUP(AK75,ltSchlepper,Maschinen!$P$6,FALSE)*AM75*IF(ISBLANK(AO75),1,AO75)))","v":0},0,{"$f":"(IF(ISNA(VLOOKUP(AQ75,ltSchlepper,Maschinen!$K$6,FALSE))=TRUE,0,VLOOKUP(AQ75,ltSchlepper,Maschinen!$K$6,FALSE)*AS75))","v":0},{"$f":"(IF(ISNA(VLOOKUP(AQ75,ltSchlepper,Maschinen!$L$6,FALSE))=TRUE,0,VLOOKUP(AQ75,ltSchlepper,Maschinen!$L$6,FALSE)*AS75))","v":0},{"$f":"(IF(ISNA(VLOOKUP(AQ75,ltSchlepper,Maschinen!$M$6,FALSE))=TRUE,0,VLOOKUP(AQ75,ltSchlepper,Maschinen!$M$6,FALSE)*AS75))","v":0},{"$f":"(IF(ISNA(VLOOKUP(AQ75,ltSchlepper,Maschinen!$N$6,FALSE))=TRUE,0,VLOOKUP(AQ75,ltSchlepper,Maschinen!$N$6,FALSE)*AS75*IF(ISBLANK(AU75),1,AU75)))","v":0},{"$f":"(IF(ISNA(VLOOKUP(AQ75,ltSchlepper,Maschinen!$O$6,FALSE))=TRUE,0,VLOOKUP(AQ75,ltSchlepper,Maschinen!$O$6,FALSE)*AS75*IF(ISBLANK(AU75),1,AU75)))","v":0},{"$f":"(IF(ISNA(VLOOKUP(AQ75,ltSchlepper,Maschinen!$P$6,FALSE))=TRUE,0,VLOOKUP(AQ75,ltSchlepper,Maschinen!$P$6,FALSE)*AS75*IF(ISBLANK(AU75),1,AU75)))","v":0},0,{"$f":"(IF(ISNA(VLOOKUP(Y75,ltSchlepper,Maschinen!$AA$6,FALSE))=TRUE,0,VLOOKUP(Y75,ltSchlepper,Maschinen!$AA$6,FALSE)*AA75))","v":0},{"$f":"(IF(ISNA(VLOOKUP(Y75,ltSchlepper,Maschinen!$AB$6,FALSE))=TRUE,0,VLOOKUP(Y75,ltSchlepper,Maschinen!$AB$6,FALSE)*AA75))","v":0},{"$f":"(IF(ISNA(VLOOKUP(Y75,ltSchlepper,Maschinen!$AC$6,FALSE))=TRUE,0,VLOOKUP(Y75,ltSchlepper,Maschinen!$AC$6,FALSE)*AA75))","v":0},0,{"$f":"(IF(ISNA(VLOOKUP(AE75,ltSchlepper,Maschinen!$AA$6,FALSE))=TRUE,0,VLOOKUP(AE75,ltSchlepper,Maschinen!$AA$6,FALSE)*AG75))","v":0},{"$f":"(IF(ISNA(VLOOKUP(AE75,ltSchlepper,Maschinen!$AB$6,FALSE))=TRUE,0,VLOOKUP(AE75,ltSchlepper,Maschinen!$AB$6,FALSE)*AG75))","v":0},{"$f":"(IF(ISNA(VLOOKUP(AE75,ltSchlepper,Maschinen!$AC$6,FALSE))=TRUE,0,VLOOKUP(AE75,ltSchlepper,Maschinen!$AC$6,FALSE)*AG75))","v":0},0,{"$f":"(IF(ISNA(VLOOKUP(AK75,ltSchlepper,Maschinen!$AA$6,FALSE))=TRUE,0,VLOOKUP(AK75,ltSchlepper,Maschinen!$AA$6,FALSE)*AM75))","v":0},{"$f":"(IF(ISNA(VLOOKUP(AK75,ltSchlepper,Maschinen!$AB$6,FALSE))=TRUE,0,VLOOKUP(AK75,ltSchlepper,Maschinen!$AB$6,FALSE)*AM75))","v":0},{"$f":"(IF(ISNA(VLOOKUP(AK75,ltSchlepper,Maschinen!$AC$6,FALSE))=TRUE,0,VLOOKUP(AK75,ltSchlepper,Maschinen!$AC$6,FALSE)*AM75))","v":0},0,{"$f":"(IF(ISNA(VLOOKUP(AQ75,ltSchlepper,Maschinen!$AA$6,FALSE))=TRUE,0,VLOOKUP(AQ75,ltSchlepper,Maschinen!$AA$6,FALSE)*AS75))","v":0},{"$f":"(IF(ISNA(VLOOKUP(AQ75,ltSchlepper,Maschinen!$AB$6,FALSE))=TRUE,0,VLOOKUP(AQ75,ltSchlepper,Maschinen!$AB$6,FALSE)*AS75))","v":0},{"$f":"(IF(ISNA(VLOOKUP(AQ75,ltSchlepper,Maschinen!$AC$6,FALSE))=TRUE,0,VLOOKUP(AQ75,ltSchlepper,Maschinen!$AC$6,FALSE)*AS75))","v":0},0]
[null,21517,null,null,null,null,null,null,0,0,0,0.1,0,0,null,null,0,0,0,0,0,0,0,null,null,"",null,"",null,0,null,"",null,"",null,0,null,"",null,"",null,0,null,"",null,"",null,0,0,0,0,0,0,0,0,0,0,0,0,0,{"$f":"(IF(ISNA(VLOOKUP(Y76,ltSchlepper,Maschinen!$K$6,FALSE))=TRUE,0,VLOOKUP(Y76,ltSchlepper,Maschinen!$K$6,FALSE)*AA76))","v":0},{"$f":"(IF(ISNA(VLOOKUP(Y76,ltSchlepper,Maschinen!$L$6,FALSE))=TRUE,0,VLOOKUP(Y76,ltSchlepper,Maschinen!$L$6,FALSE)*AA76))","v":0},{"$f":"(IF(ISNA(VLOOKUP(Y76,ltSchlepper,Maschinen!$M$6,FALSE))=TRUE,0,VLOOKUP(Y76,ltSchlepper,Maschinen!$M$6,FALSE)*AA76))","v":0},{"$f":"(IF(ISNA(VLOOKUP(Y76,ltSchlepper,Maschinen!$N$6,FALSE))=TRUE,0,VLOOKUP(Y76,ltSchlepper,Maschinen!$N$6,FALSE)*AA76*IF(ISBLANK(AC76),1,AC76)))","v":0},{"$f":"(IF(ISNA(VLOOKUP(Y76,ltSchlepper,Maschinen!$O$6,FALSE))=TRUE,0,VLOOKUP(Y76,ltSchlepper,Maschinen!$O$6,FALSE)*AA76*IF(ISBLANK(AC76),1,AC76)))","v":0},{"$f":"(IF(ISNA(VLOOKUP(Y76,ltSchlepper,Maschinen!$P$6,FALSE))=TRUE,0,VLOOKUP(Y76,ltSchlepper,Maschinen!$P$6,FALSE)*AA76*IF(ISBLANK(AC76),1,AC76)))","v":0},0,{"$f":"(IF(ISNA(VLOOKUP(AE76,ltSchlepper,Maschinen!$K$6,FALSE))=TRUE,0,VLOOKUP(AE76,ltSchlepper,Maschinen!$K$6,FALSE)*AG76))","v":0},{"$f":"(IF(ISNA(VLOOKUP(AE76,ltSchlepper,Maschinen!$L$6,FALSE))=TRUE,0,VLOOKUP(AE76,ltSchlepper,Maschinen!$L$6,FALSE)*AG76))","v":0},{"$f":"(IF(ISNA(VLOOKUP(AE76,ltSchlepper,Maschinen!$M$6,FALSE))=TRUE,0,VLOOKUP(AE76,ltSchlepper,Maschinen!$M$6,FALSE)*AG76))","v":0},{"$f":"(IF(ISNA(VLOOKUP(AE76,ltSchlepper,Maschinen!$N$6,FALSE))=TRUE,0,VLOOKUP(AE76,ltSchlepper,Maschinen!$N$6,FALSE)*AG76*IF(ISBLANK(AI76),1,AI76)))","v":0},{"$f":"(IF(ISNA(VLOOKUP(AE76,ltSchlepper,Maschinen!$O$6,FALSE))=TRUE,0,VLOOKUP(AE76,ltSchlepper,Maschinen!$O$6,FALSE)*AG76*IF(ISBLANK(AI76),1,AI76)))","v":0},{"$f":"(IF(ISNA(VLOOKUP(AE76,ltSchlepper,Maschinen!$P$6,FALSE))=TRUE,0,VLOOKUP(AE76,ltSchlepper,Maschinen!$P$6,FALSE)*AG76*IF(ISBLANK(AI76),1,AI76)))","v":0},0,{"$f":"(IF(ISNA(VLOOKUP(AK76,ltSchlepper,Maschinen!$K$6,FALSE))=TRUE,0,VLOOKUP(AK76,ltSchlepper,Maschinen!$K$6,FALSE)*AM76))","v":0},{"$f":"(IF(ISNA(VLOOKUP(AK76,ltSchlepper,Maschinen!$L$6,FALSE))=TRUE,0,VLOOKUP(AK76,ltSchlepper,Maschinen!$L$6,FALSE)*AM76))","v":0},{"$f":"(IF(ISNA(VLOOKUP(AK76,ltSchlepper,Maschinen!$M$6,FALSE))=TRUE,0,VLOOKUP(AK76,ltSchlepper,Maschinen!$M$6,FALSE)*AM76))","v":0},{"$f":"(IF(ISNA(VLOOKUP(AK76,ltSchlepper,Maschinen!$N$6,FALSE))=TRUE,0,VLOOKUP(AK76,ltSchlepper,Maschinen!$N$6,FALSE)*AM76*IF(ISBLANK(AO76),1,AO76)))","v":0},{"$f":"(IF(ISNA(VLOOKUP(AK76,ltSchlepper,Maschinen!$O$6,FALSE))=TRUE,0,VLOOKUP(AK76,ltSchlepper,Maschinen!$O$6,FALSE)*AM76*IF(ISBLANK(AO76),1,AO76)))","v":0},{"$f":"(IF(ISNA(VLOOKUP(AK76,ltSchlepper,Maschinen!$P$6,FALSE))=TRUE,0,VLOOKUP(AK76,ltSchlepper,Maschinen!$P$6,FALSE)*AM76*IF(ISBLANK(AO76),1,AO76)))","v":0},0,{"$f":"(IF(ISNA(VLOOKUP(AQ76,ltSchlepper,Maschinen!$K$6,FALSE))=TRUE,0,VLOOKUP(AQ76,ltSchlepper,Maschinen!$K$6,FALSE)*AS76))","v":0},{"$f":"(IF(ISNA(VLOOKUP(AQ76,ltSchlepper,Maschinen!$L$6,FALSE))=TRUE,0,VLOOKUP(AQ76,ltSchlepper,Maschinen!$L$6,FALSE)*AS76))","v":0},{"$f":"(IF(ISNA(VLOOKUP(AQ76,ltSchlepper,Maschinen!$M$6,FALSE))=TRUE,0,VLOOKUP(AQ76,ltSchlepper,Maschinen!$M$6,FALSE)*AS76))","v":0},{"$f":"(IF(ISNA(VLOOKUP(AQ76,ltSchlepper,Maschinen!$N$6,FALSE))=TRUE,0,VLOOKUP(AQ76,ltSchlepper,Maschinen!$N$6,FALSE)*AS76*IF(ISBLANK(AU76),1,AU76)))","v":0},{"$f":"(IF(ISNA(VLOOKUP(AQ76,ltSchlepper,Maschinen!$O$6,FALSE))=TRUE,0,VLOOKUP(AQ76,ltSchlepper,Maschinen!$O$6,FALSE)*AS76*IF(ISBLANK(AU76),1,AU76)))","v":0},{"$f":"(IF(ISNA(VLOOKUP(AQ76,ltSchlepper,Maschinen!$P$6,FALSE))=TRUE,0,VLOOKUP(AQ76,ltSchlepper,Maschinen!$P$6,FALSE)*AS76*IF(ISBLANK(AU76),1,AU76)))","v":0},0,{"$f":"(IF(ISNA(VLOOKUP(Y76,ltSchlepper,Maschinen!$AA$6,FALSE))=TRUE,0,VLOOKUP(Y76,ltSchlepper,Maschinen!$AA$6,FALSE)*AA76))","v":0},{"$f":"(IF(ISNA(VLOOKUP(Y76,ltSchlepper,Maschinen!$AB$6,FALSE))=TRUE,0,VLOOKUP(Y76,ltSchlepper,Maschinen!$AB$6,FALSE)*AA76))","v":0},{"$f":"(IF(ISNA(VLOOKUP(Y76,ltSchlepper,Maschinen!$AC$6,FALSE))=TRUE,0,VLOOKUP(Y76,ltSchlepper,Maschinen!$AC$6,FALSE)*AA76))","v":0},0,{"$f":"(IF(ISNA(VLOOKUP(AE76,ltSchlepper,Maschinen!$AA$6,FALSE))=TRUE,0,VLOOKUP(AE76,ltSchlepper,Maschinen!$AA$6,FALSE)*AG76))","v":0},{"$f":"(IF(ISNA(VLOOKUP(AE76,ltSchlepper,Maschinen!$AB$6,FALSE))=TRUE,0,VLOOKUP(AE76,ltSchlepper,Maschinen!$AB$6,FALSE)*AG76))","v":0},{"$f":"(IF(ISNA(VLOOKUP(AE76,ltSchlepper,Maschinen!$AC$6,FALSE))=TRUE,0,VLOOKUP(AE76,ltSchlepper,Maschinen!$AC$6,FALSE)*AG76))","v":0},0,{"$f":"(IF(ISNA(VLOOKUP(AK76,ltSchlepper,Maschinen!$AA$6,FALSE))=TRUE,0,VLOOKUP(AK76,ltSchlepper,Maschinen!$AA$6,FALSE)*AM76))","v":0},{"$f":"(IF(ISNA(VLOOKUP(AK76,ltSchlepper,Maschinen!$AB$6,FALSE))=TRUE,0,VLOOKUP(AK76,ltSchlepper,Maschinen!$AB$6,FALSE)*AM76))","v":0},{"$f":"(IF(ISNA(VLOOKUP(AK76,ltSchlepper,Maschinen!$AC$6,FALSE))=TRUE,0,VLOOKUP(AK76,ltSchlepper,Maschinen!$AC$6,FALSE)*AM76))","v":0},0,{"$f":"(IF(ISNA(VLOOKUP(AQ76,ltSchlepper,Maschinen!$AA$6,FALSE))=TRUE,0,VLOOKUP(AQ76,ltSchlepper,Maschinen!$AA$6,FALSE)*AS76))","v":0},{"$f":"(IF(ISNA(VLOOKUP(AQ76,ltSchlepper,Maschinen!$AB$6,FALSE))=TRUE,0,VLOOKUP(AQ76,ltSchlepper,Maschinen!$AB$6,FALSE)*AS76))","v":0},{"$f":"(IF(ISNA(VLOOKUP(AQ76,ltSchlepper,Maschinen!$AC$6,FALSE))=TRUE,0,VLOOKUP(AQ76,ltSchlepper,Maschinen!$AC$6,FALSE)*AS76))","v":0},0]
[null,21518,null,null,null,null,null,null,0,0,0,0.1,0,0,null,null,0,0,0,0,0,0,0,null,null,"",null,"",null,0,null,"",null,"",null,0,null,"",null,"",null,0,null,"",null,"",null,0,0,0,0,0,0,0,0,0,0,0,0,0,{"$f":"(IF(ISNA(VLOOKUP(Y77,ltSchlepper,Maschinen!$K$6,FALSE))=TRUE,0,VLOOKUP(Y77,ltSchlepper,Maschinen!$K$6,FALSE)*AA77))","v":0},{"$f":"(IF(ISNA(VLOOKUP(Y77,ltSchlepper,Maschinen!$L$6,FALSE))=TRUE,0,VLOOKUP(Y77,ltSchlepper,Maschinen!$L$6,FALSE)*AA77))","v":0},{"$f":"(IF(ISNA(VLOOKUP(Y77,ltSchlepper,Maschinen!$M$6,FALSE))=TRUE,0,VLOOKUP(Y77,ltSchlepper,Maschinen!$M$6,FALSE)*AA77))","v":0},{"$f":"(IF(ISNA(VLOOKUP(Y77,ltSchlepper,Maschinen!$N$6,FALSE))=TRUE,0,VLOOKUP(Y77,ltSchlepper,Maschinen!$N$6,FALSE)*AA77*IF(ISBLANK(AC77),1,AC77)))","v":0},{"$f":"(IF(ISNA(VLOOKUP(Y77,ltSchlepper,Maschinen!$O$6,FALSE))=TRUE,0,VLOOKUP(Y77,ltSchlepper,Maschinen!$O$6,FALSE)*AA77*IF(ISBLANK(AC77),1,AC77)))","v":0},{"$f":"(IF(ISNA(VLOOKUP(Y77,ltSchlepper,Maschinen!$P$6,FALSE))=TRUE,0,VLOOKUP(Y77,ltSchlepper,Maschinen!$P$6,FALSE)*AA77*IF(ISBLANK(AC77),1,AC77)))","v":0},0,{"$f":"(IF(ISNA(VLOOKUP(AE77,ltSchlepper,Maschinen!$K$6,FALSE))=TRUE,0,VLOOKUP(AE77,ltSchlepper,Maschinen!$K$6,FALSE)*AG77))","v":0},{"$f":"(IF(ISNA(VLOOKUP(AE77,ltSchlepper,Maschinen!$L$6,FALSE))=TRUE,0,VLOOKUP(AE77,ltSchlepper,Maschinen!$L$6,FALSE)*AG77))","v":0},{"$f":"(IF(ISNA(VLOOKUP(AE77,ltSchlepper,Maschinen!$M$6,FALSE))=TRUE,0,VLOOKUP(AE77,ltSchlepper,Maschinen!$M$6,FALSE)*AG77))","v":0},{"$f":"(IF(ISNA(VLOOKUP(AE77,ltSchlepper,Maschinen!$N$6,FALSE))=TRUE,0,VLOOKUP(AE77,ltSchlepper,Maschinen!$N$6,FALSE)*AG77*IF(ISBLANK(AI77),1,AI77)))","v":0},{"$f":"(IF(ISNA(VLOOKUP(AE77,ltSchlepper,Maschinen!$O$6,FALSE))=TRUE,0,VLOOKUP(AE77,ltSchlepper,Maschinen!$O$6,FALSE)*AG77*IF(ISBLANK(AI77),1,AI77)))","v":0},{"$f":"(IF(ISNA(VLOOKUP(AE77,ltSchlepper,Maschinen!$P$6,FALSE))=TRUE,0,VLOOKUP(AE77,ltSchlepper,Maschinen!$P$6,FALSE)*AG77*IF(ISBLANK(AI77),1,AI77)))","v":0},0,{"$f":"(IF(ISNA(VLOOKUP(AK77,ltSchlepper,Maschinen!$K$6,FALSE))=TRUE,0,VLOOKUP(AK77,ltSchlepper,Maschinen!$K$6,FALSE)*AM77))","v":0},{"$f":"(IF(ISNA(VLOOKUP(AK77,ltSchlepper,Maschinen!$L$6,FALSE))=TRUE,0,VLOOKUP(AK77,ltSchlepper,Maschinen!$L$6,FALSE)*AM77))","v":0},{"$f":"(IF(ISNA(VLOOKUP(AK77,ltSchlepper,Maschinen!$M$6,FALSE))=TRUE,0,VLOOKUP(AK77,ltSchlepper,Maschinen!$M$6,FALSE)*AM77))","v":0},{"$f":"(IF(ISNA(VLOOKUP(AK77,ltSchlepper,Maschinen!$N$6,FALSE))=TRUE,0,VLOOKUP(AK77,ltSchlepper,Maschinen!$N$6,FALSE)*AM77*IF(ISBLANK(AO77),1,AO77)))","v":0},{"$f":"(IF(ISNA(VLOOKUP(AK77,ltSchlepper,Maschinen!$O$6,FALSE))=TRUE,0,VLOOKUP(AK77,ltSchlepper,Maschinen!$O$6,FALSE)*AM77*IF(ISBLANK(AO77),1,AO77)))","v":0},{"$f":"(IF(ISNA(VLOOKUP(AK77,ltSchlepper,Maschinen!$P$6,FALSE))=TRUE,0,VLOOKUP(AK77,ltSchlepper,Maschinen!$P$6,FALSE)*AM77*IF(ISBLANK(AO77),1,AO77)))","v":0},0,{"$f":"(IF(ISNA(VLOOKUP(AQ77,ltSchlepper,Maschinen!$K$6,FALSE))=TRUE,0,VLOOKUP(AQ77,ltSchlepper,Maschinen!$K$6,FALSE)*AS77))","v":0},{"$f":"(IF(ISNA(VLOOKUP(AQ77,ltSchlepper,Maschinen!$L$6,FALSE))=TRUE,0,VLOOKUP(AQ77,ltSchlepper,Maschinen!$L$6,FALSE)*AS77))","v":0},{"$f":"(IF(ISNA(VLOOKUP(AQ77,ltSchlepper,Maschinen!$M$6,FALSE))=TRUE,0,VLOOKUP(AQ77,ltSchlepper,Maschinen!$M$6,FALSE)*AS77))","v":0},{"$f":"(IF(ISNA(VLOOKUP(AQ77,ltSchlepper,Maschinen!$N$6,FALSE))=TRUE,0,VLOOKUP(AQ77,ltSchlepper,Maschinen!$N$6,FALSE)*AS77*IF(ISBLANK(AU77),1,AU77)))","v":0},{"$f":"(IF(ISNA(VLOOKUP(AQ77,ltSchlepper,Maschinen!$O$6,FALSE))=TRUE,0,VLOOKUP(AQ77,ltSchlepper,Maschinen!$O$6,FALSE)*AS77*IF(ISBLANK(AU77),1,AU77)))","v":0},{"$f":"(IF(ISNA(VLOOKUP(AQ77,ltSchlepper,Maschinen!$P$6,FALSE))=TRUE,0,VLOOKUP(AQ77,ltSchlepper,Maschinen!$P$6,FALSE)*AS77*IF(ISBLANK(AU77),1,AU77)))","v":0},0,{"$f":"(IF(ISNA(VLOOKUP(Y77,ltSchlepper,Maschinen!$AA$6,FALSE))=TRUE,0,VLOOKUP(Y77,ltSchlepper,Maschinen!$AA$6,FALSE)*AA77))","v":0},{"$f":"(IF(ISNA(VLOOKUP(Y77,ltSchlepper,Maschinen!$AB$6,FALSE))=TRUE,0,VLOOKUP(Y77,ltSchlepper,Maschinen!$AB$6,FALSE)*AA77))","v":0},{"$f":"(IF(ISNA(VLOOKUP(Y77,ltSchlepper,Maschinen!$AC$6,FALSE))=TRUE,0,VLOOKUP(Y77,ltSchlepper,Maschinen!$AC$6,FALSE)*AA77))","v":0},0,{"$f":"(IF(ISNA(VLOOKUP(AE77,ltSchlepper,Maschinen!$AA$6,FALSE))=TRUE,0,VLOOKUP(AE77,ltSchlepper,Maschinen!$AA$6,FALSE)*AG77))","v":0},{"$f":"(IF(ISNA(VLOOKUP(AE77,ltSchlepper,Maschinen!$AB$6,FALSE))=TRUE,0,VLOOKUP(AE77,ltSchlepper,Maschinen!$AB$6,FALSE)*AG77))","v":0},{"$f":"(IF(ISNA(VLOOKUP(AE77,ltSchlepper,Maschinen!$AC$6,FALSE))=TRUE,0,VLOOKUP(AE77,ltSchlepper,Maschinen!$AC$6,FALSE)*AG77))","v":0},0,{"$f":"(IF(ISNA(VLOOKUP(AK77,ltSchlepper,Maschinen!$AA$6,FALSE))=TRUE,0,VLOOKUP(AK77,ltSchlepper,Maschinen!$AA$6,FALSE)*AM77))","v":0},{"$f":"(IF(ISNA(VLOOKUP(AK77,ltSchlepper,Maschinen!$AB$6,FALSE))=TRUE,0,VLOOKUP(AK77,ltSchlepper,Maschinen!$AB$6,FALSE)*AM77))","v":0},{"$f":"(IF(ISNA(VLOOKUP(AK77,ltSchlepper,Maschinen!$AC$6,FALSE))=TRUE,0,VLOOKUP(AK77,ltSchlepper,Maschinen!$AC$6,FALSE)*AM77))","v":0},0,{"$f":"(IF(ISNA(VLOOKUP(AQ77,ltSchlepper,Maschinen!$AA$6,FALSE))=TRUE,0,VLOOKUP(AQ77,ltSchlepper,Maschinen!$AA$6,FALSE)*AS77))","v":0},{"$f":"(IF(ISNA(VLOOKUP(AQ77,ltSchlepper,Maschinen!$AB$6,FALSE))=TRUE,0,VLOOKUP(AQ77,ltSchlepper,Maschinen!$AB$6,FALSE)*AS77))","v":0},{"$f":"(IF(ISNA(VLOOKUP(AQ77,ltSchlepper,Maschinen!$AC$6,FALSE))=TRUE,0,VLOOKUP(AQ77,ltSchlepper,Maschinen!$AC$6,FALSE)*AS77))","v":0},0]
[null,21519,null,null,null,null,null,null,0,0,0,0.1,0,0,null,null,0,0,0,0,0,0,0,null,null,"",null,"",null,0,null,"",null,"",null,0,null,"",null,"",null,0,null,"",null,"",null,0,0,0,0,0,0,0,0,0,0,0,0,0,{"$f":"(IF(ISNA(VLOOKUP(Y78,ltSchlepper,Maschinen!$K$6,FALSE))=TRUE,0,VLOOKUP(Y78,ltSchlepper,Maschinen!$K$6,FALSE)*AA78))","v":0},{"$f":"(IF(ISNA(VLOOKUP(Y78,ltSchlepper,Maschinen!$L$6,FALSE))=TRUE,0,VLOOKUP(Y78,ltSchlepper,Maschinen!$L$6,FALSE)*AA78))","v":0},{"$f":"(IF(ISNA(VLOOKUP(Y78,ltSchlepper,Maschinen!$M$6,FALSE))=TRUE,0,VLOOKUP(Y78,ltSchlepper,Maschinen!$M$6,FALSE)*AA78))","v":0},{"$f":"(IF(ISNA(VLOOKUP(Y78,ltSchlepper,Maschinen!$N$6,FALSE))=TRUE,0,VLOOKUP(Y78,ltSchlepper,Maschinen!$N$6,FALSE)*AA78*IF(ISBLANK(AC78),1,AC78)))","v":0},{"$f":"(IF(ISNA(VLOOKUP(Y78,ltSchlepper,Maschinen!$O$6,FALSE))=TRUE,0,VLOOKUP(Y78,ltSchlepper,Maschinen!$O$6,FALSE)*AA78*IF(ISBLANK(AC78),1,AC78)))","v":0},{"$f":"(IF(ISNA(VLOOKUP(Y78,ltSchlepper,Maschinen!$P$6,FALSE))=TRUE,0,VLOOKUP(Y78,ltSchlepper,Maschinen!$P$6,FALSE)*AA78*IF(ISBLANK(AC78),1,AC78)))","v":0},0,{"$f":"(IF(ISNA(VLOOKUP(AE78,ltSchlepper,Maschinen!$K$6,FALSE))=TRUE,0,VLOOKUP(AE78,ltSchlepper,Maschinen!$K$6,FALSE)*AG78))","v":0},{"$f":"(IF(ISNA(VLOOKUP(AE78,ltSchlepper,Maschinen!$L$6,FALSE))=TRUE,0,VLOOKUP(AE78,ltSchlepper,Maschinen!$L$6,FALSE)*AG78))","v":0},{"$f":"(IF(ISNA(VLOOKUP(AE78,ltSchlepper,Maschinen!$M$6,FALSE))=TRUE,0,VLOOKUP(AE78,ltSchlepper,Maschinen!$M$6,FALSE)*AG78))","v":0},{"$f":"(IF(ISNA(VLOOKUP(AE78,ltSchlepper,Maschinen!$N$6,FALSE))=TRUE,0,VLOOKUP(AE78,ltSchlepper,Maschinen!$N$6,FALSE)*AG78*IF(ISBLANK(AI78),1,AI78)))","v":0},{"$f":"(IF(ISNA(VLOOKUP(AE78,ltSchlepper,Maschinen!$O$6,FALSE))=TRUE,0,VLOOKUP(AE78,ltSchlepper,Maschinen!$O$6,FALSE)*AG78*IF(ISBLANK(AI78),1,AI78)))","v":0},{"$f":"(IF(ISNA(VLOOKUP(AE78,ltSchlepper,Maschinen!$P$6,FALSE))=TRUE,0,VLOOKUP(AE78,ltSchlepper,Maschinen!$P$6,FALSE)*AG78*IF(ISBLANK(AI78),1,AI78)))","v":0},0,{"$f":"(IF(ISNA(VLOOKUP(AK78,ltSchlepper,Maschinen!$K$6,FALSE))=TRUE,0,VLOOKUP(AK78,ltSchlepper,Maschinen!$K$6,FALSE)*AM78))","v":0},{"$f":"(IF(ISNA(VLOOKUP(AK78,ltSchlepper,Maschinen!$L$6,FALSE))=TRUE,0,VLOOKUP(AK78,ltSchlepper,Maschinen!$L$6,FALSE)*AM78))","v":0},{"$f":"(IF(ISNA(VLOOKUP(AK78,ltSchlepper,Maschinen!$M$6,FALSE))=TRUE,0,VLOOKUP(AK78,ltSchlepper,Maschinen!$M$6,FALSE)*AM78))","v":0},{"$f":"(IF(ISNA(VLOOKUP(AK78,ltSchlepper,Maschinen!$N$6,FALSE))=TRUE,0,VLOOKUP(AK78,ltSchlepper,Maschinen!$N$6,FALSE)*AM78*IF(ISBLANK(AO78),1,AO78)))","v":0},{"$f":"(IF(ISNA(VLOOKUP(AK78,ltSchlepper,Maschinen!$O$6,FALSE))=TRUE,0,VLOOKUP(AK78,ltSchlepper,Maschinen!$O$6,FALSE)*AM78*IF(ISBLANK(AO78),1,AO78)))","v":0},{"$f":"(IF(ISNA(VLOOKUP(AK78,ltSchlepper,Maschinen!$P$6,FALSE))=TRUE,0,VLOOKUP(AK78,ltSchlepper,Maschinen!$P$6,FALSE)*AM78*IF(ISBLANK(AO78),1,AO78)))","v":0},0,{"$f":"(IF(ISNA(VLOOKUP(AQ78,ltSchlepper,Maschinen!$K$6,FALSE))=TRUE,0,VLOOKUP(AQ78,ltSchlepper,Maschinen!$K$6,FALSE)*AS78))","v":0},{"$f":"(IF(ISNA(VLOOKUP(AQ78,ltSchlepper,Maschinen!$L$6,FALSE))=TRUE,0,VLOOKUP(AQ78,ltSchlepper,Maschinen!$L$6,FALSE)*AS78))","v":0},{"$f":"(IF(ISNA(VLOOKUP(AQ78,ltSchlepper,Maschinen!$M$6,FALSE))=TRUE,0,VLOOKUP(AQ78,ltSchlepper,Maschinen!$M$6,FALSE)*AS78))","v":0},{"$f":"(IF(ISNA(VLOOKUP(AQ78,ltSchlepper,Maschinen!$N$6,FALSE))=TRUE,0,VLOOKUP(AQ78,ltSchlepper,Maschinen!$N$6,FALSE)*AS78*IF(ISBLANK(AU78),1,AU78)))","v":0},{"$f":"(IF(ISNA(VLOOKUP(AQ78,ltSchlepper,Maschinen!$O$6,FALSE))=TRUE,0,VLOOKUP(AQ78,ltSchlepper,Maschinen!$O$6,FALSE)*AS78*IF(ISBLANK(AU78),1,AU78)))","v":0},{"$f":"(IF(ISNA(VLOOKUP(AQ78,ltSchlepper,Maschinen!$P$6,FALSE))=TRUE,0,VLOOKUP(AQ78,ltSchlepper,Maschinen!$P$6,FALSE)*AS78*IF(ISBLANK(AU78),1,AU78)))","v":0},0,{"$f":"(IF(ISNA(VLOOKUP(Y78,ltSchlepper,Maschinen!$AA$6,FALSE))=TRUE,0,VLOOKUP(Y78,ltSchlepper,Maschinen!$AA$6,FALSE)*AA78))","v":0},{"$f":"(IF(ISNA(VLOOKUP(Y78,ltSchlepper,Maschinen!$AB$6,FALSE))=TRUE,0,VLOOKUP(Y78,ltSchlepper,Maschinen!$AB$6,FALSE)*AA78))","v":0},{"$f":"(IF(ISNA(VLOOKUP(Y78,ltSchlepper,Maschinen!$AC$6,FALSE))=TRUE,0,VLOOKUP(Y78,ltSchlepper,Maschinen!$AC$6,FALSE)*AA78))","v":0},0,{"$f":"(IF(ISNA(VLOOKUP(AE78,ltSchlepper,Maschinen!$AA$6,FALSE))=TRUE,0,VLOOKUP(AE78,ltSchlepper,Maschinen!$AA$6,FALSE)*AG78))","v":0},{"$f":"(IF(ISNA(VLOOKUP(AE78,ltSchlepper,Maschinen!$AB$6,FALSE))=TRUE,0,VLOOKUP(AE78,ltSchlepper,Maschinen!$AB$6,FALSE)*AG78))","v":0},{"$f":"(IF(ISNA(VLOOKUP(AE78,ltSchlepper,Maschinen!$AC$6,FALSE))=TRUE,0,VLOOKUP(AE78,ltSchlepper,Maschinen!$AC$6,FALSE)*AG78))","v":0},0,{"$f":"(IF(ISNA(VLOOKUP(AK78,ltSchlepper,Maschinen!$AA$6,FALSE))=TRUE,0,VLOOKUP(AK78,ltSchlepper,Maschinen!$AA$6,FALSE)*AM78))","v":0},{"$f":"(IF(ISNA(VLOOKUP(AK78,ltSchlepper,Maschinen!$AB$6,FALSE))=TRUE,0,VLOOKUP(AK78,ltSchlepper,Maschinen!$AB$6,FALSE)*AM78))","v":0},{"$f":"(IF(ISNA(VLOOKUP(AK78,ltSchlepper,Maschinen!$AC$6,FALSE))=TRUE,0,VLOOKUP(AK78,ltSchlepper,Maschinen!$AC$6,FALSE)*AM78))","v":0},0,{"$f":"(IF(ISNA(VLOOKUP(AQ78,ltSchlepper,Maschinen!$AA$6,FALSE))=TRUE,0,VLOOKUP(AQ78,ltSchlepper,Maschinen!$AA$6,FALSE)*AS78))","v":0},{"$f":"(IF(ISNA(VLOOKUP(AQ78,ltSchlepper,Maschinen!$AB$6,FALSE))=TRUE,0,VLOOKUP(AQ78,ltSchlepper,Maschinen!$AB$6,FALSE)*AS78))","v":0},{"$f":"(IF(ISNA(VLOOKUP(AQ78,ltSchlepper,Maschinen!$AC$6,FALSE))=TRUE,0,VLOOKUP(AQ78,ltSchlepper,Maschinen!$AC$6,FALSE)*AS78))","v":0},0]
[null,21520,"",null,null,null,null,null,0,0,0,0.1,0,0,null,null,0,0,0,0,0,0,0,null,null,"",null,"",null,0,null,"",null,"",null,0,null,"",null,"",null,0,null,"",null,"",null,0,0,0,0,0,0,0,0,0,0,0,0,0,{"$f":"(IF(ISNA(VLOOKUP(Y79,ltSchlepper,Maschinen!$K$6,FALSE))=TRUE,0,VLOOKUP(Y79,ltSchlepper,Maschinen!$K$6,FALSE)*AA79))","v":0},{"$f":"(IF(ISNA(VLOOKUP(Y79,ltSchlepper,Maschinen!$L$6,FALSE))=TRUE,0,VLOOKUP(Y79,ltSchlepper,Maschinen!$L$6,FALSE)*AA79))","v":0},{"$f":"(IF(ISNA(VLOOKUP(Y79,ltSchlepper,Maschinen!$M$6,FALSE))=TRUE,0,VLOOKUP(Y79,ltSchlepper,Maschinen!$M$6,FALSE)*AA79))","v":0},{"$f":"(IF(ISNA(VLOOKUP(Y79,ltSchlepper,Maschinen!$N$6,FALSE))=TRUE,0,VLOOKUP(Y79,ltSchlepper,Maschinen!$N$6,FALSE)*AA79*IF(ISBLANK(AC79),1,AC79)))","v":0},{"$f":"(IF(ISNA(VLOOKUP(Y79,ltSchlepper,Maschinen!$O$6,FALSE))=TRUE,0,VLOOKUP(Y79,ltSchlepper,Maschinen!$O$6,FALSE)*AA79*IF(ISBLANK(AC79),1,AC79)))","v":0},{"$f":"(IF(ISNA(VLOOKUP(Y79,ltSchlepper,Maschinen!$P$6,FALSE))=TRUE,0,VLOOKUP(Y79,ltSchlepper,Maschinen!$P$6,FALSE)*AA79*IF(ISBLANK(AC79),1,AC79)))","v":0},0,{"$f":"(IF(ISNA(VLOOKUP(AE79,ltSchlepper,Maschinen!$K$6,FALSE))=TRUE,0,VLOOKUP(AE79,ltSchlepper,Maschinen!$K$6,FALSE)*AG79))","v":0},{"$f":"(IF(ISNA(VLOOKUP(AE79,ltSchlepper,Maschinen!$L$6,FALSE))=TRUE,0,VLOOKUP(AE79,ltSchlepper,Maschinen!$L$6,FALSE)*AG79))","v":0},{"$f":"(IF(ISNA(VLOOKUP(AE79,ltSchlepper,Maschinen!$M$6,FALSE))=TRUE,0,VLOOKUP(AE79,ltSchlepper,Maschinen!$M$6,FALSE)*AG79))","v":0},{"$f":"(IF(ISNA(VLOOKUP(AE79,ltSchlepper,Maschinen!$N$6,FALSE))=TRUE,0,VLOOKUP(AE79,ltSchlepper,Maschinen!$N$6,FALSE)*AG79*IF(ISBLANK(AI79),1,AI79)))","v":0},{"$f":"(IF(ISNA(VLOOKUP(AE79,ltSchlepper,Maschinen!$O$6,FALSE))=TRUE,0,VLOOKUP(AE79,ltSchlepper,Maschinen!$O$6,FALSE)*AG79*IF(ISBLANK(AI79),1,AI79)))","v":0},{"$f":"(IF(ISNA(VLOOKUP(AE79,ltSchlepper,Maschinen!$P$6,FALSE))=TRUE,0,VLOOKUP(AE79,ltSchlepper,Maschinen!$P$6,FALSE)*AG79*IF(ISBLANK(AI79),1,AI79)))","v":0},0,{"$f":"(IF(ISNA(VLOOKUP(AK79,ltSchlepper,Maschinen!$K$6,FALSE))=TRUE,0,VLOOKUP(AK79,ltSchlepper,Maschinen!$K$6,FALSE)*AM79))","v":0},{"$f":"(IF(ISNA(VLOOKUP(AK79,ltSchlepper,Maschinen!$L$6,FALSE))=TRUE,0,VLOOKUP(AK79,ltSchlepper,Maschinen!$L$6,FALSE)*AM79))","v":0},{"$f":"(IF(ISNA(VLOOKUP(AK79,ltSchlepper,Maschinen!$M$6,FALSE))=TRUE,0,VLOOKUP(AK79,ltSchlepper,Maschinen!$M$6,FALSE)*AM79))","v":0},{"$f":"(IF(ISNA(VLOOKUP(AK79,ltSchlepper,Maschinen!$N$6,FALSE))=TRUE,0,VLOOKUP(AK79,ltSchlepper,Maschinen!$N$6,FALSE)*AM79*IF(ISBLANK(AO79),1,AO79)))","v":0},{"$f":"(IF(ISNA(VLOOKUP(AK79,ltSchlepper,Maschinen!$O$6,FALSE))=TRUE,0,VLOOKUP(AK79,ltSchlepper,Maschinen!$O$6,FALSE)*AM79*IF(ISBLANK(AO79),1,AO79)))","v":0},{"$f":"(IF(ISNA(VLOOKUP(AK79,ltSchlepper,Maschinen!$P$6,FALSE))=TRUE,0,VLOOKUP(AK79,ltSchlepper,Maschinen!$P$6,FALSE)*AM79*IF(ISBLANK(AO79),1,AO79)))","v":0},0,{"$f":"(IF(ISNA(VLOOKUP(AQ79,ltSchlepper,Maschinen!$K$6,FALSE))=TRUE,0,VLOOKUP(AQ79,ltSchlepper,Maschinen!$K$6,FALSE)*AS79))","v":0},{"$f":"(IF(ISNA(VLOOKUP(AQ79,ltSchlepper,Maschinen!$L$6,FALSE))=TRUE,0,VLOOKUP(AQ79,ltSchlepper,Maschinen!$L$6,FALSE)*AS79))","v":0},{"$f":"(IF(ISNA(VLOOKUP(AQ79,ltSchlepper,Maschinen!$M$6,FALSE))=TRUE,0,VLOOKUP(AQ79,ltSchlepper,Maschinen!$M$6,FALSE)*AS79))","v":0},{"$f":"(IF(ISNA(VLOOKUP(AQ79,ltSchlepper,Maschinen!$N$6,FALSE))=TRUE,0,VLOOKUP(AQ79,ltSchlepper,Maschinen!$N$6,FALSE)*AS79*IF(ISBLANK(AU79),1,AU79)))","v":0},{"$f":"(IF(ISNA(VLOOKUP(AQ79,ltSchlepper,Maschinen!$O$6,FALSE))=TRUE,0,VLOOKUP(AQ79,ltSchlepper,Maschinen!$O$6,FALSE)*AS79*IF(ISBLANK(AU79),1,AU79)))","v":0},{"$f":"(IF(ISNA(VLOOKUP(AQ79,ltSchlepper,Maschinen!$P$6,FALSE))=TRUE,0,VLOOKUP(AQ79,ltSchlepper,Maschinen!$P$6,FALSE)*AS79*IF(ISBLANK(AU79),1,AU79)))","v":0},0,{"$f":"(IF(ISNA(VLOOKUP(Y79,ltSchlepper,Maschinen!$AA$6,FALSE))=TRUE,0,VLOOKUP(Y79,ltSchlepper,Maschinen!$AA$6,FALSE)*AA79))","v":0},{"$f":"(IF(ISNA(VLOOKUP(Y79,ltSchlepper,Maschinen!$AB$6,FALSE))=TRUE,0,VLOOKUP(Y79,ltSchlepper,Maschinen!$AB$6,FALSE)*AA79))","v":0},{"$f":"(IF(ISNA(VLOOKUP(Y79,ltSchlepper,Maschinen!$AC$6,FALSE))=TRUE,0,VLOOKUP(Y79,ltSchlepper,Maschinen!$AC$6,FALSE)*AA79))","v":0},0,{"$f":"(IF(ISNA(VLOOKUP(AE79,ltSchlepper,Maschinen!$AA$6,FALSE))=TRUE,0,VLOOKUP(AE79,ltSchlepper,Maschinen!$AA$6,FALSE)*AG79))","v":0},{"$f":"(IF(ISNA(VLOOKUP(AE79,ltSchlepper,Maschinen!$AB$6,FALSE))=TRUE,0,VLOOKUP(AE79,ltSchlepper,Maschinen!$AB$6,FALSE)*AG79))","v":0},{"$f":"(IF(ISNA(VLOOKUP(AE79,ltSchlepper,Maschinen!$AC$6,FALSE))=TRUE,0,VLOOKUP(AE79,ltSchlepper,Maschinen!$AC$6,FALSE)*AG79))","v":0},0,{"$f":"(IF(ISNA(VLOOKUP(AK79,ltSchlepper,Maschinen!$AA$6,FALSE))=TRUE,0,VLOOKUP(AK79,ltSchlepper,Maschinen!$AA$6,FALSE)*AM79))","v":0},{"$f":"(IF(ISNA(VLOOKUP(AK79,ltSchlepper,Maschinen!$AB$6,FALSE))=TRUE,0,VLOOKUP(AK79,ltSchlepper,Maschinen!$AB$6,FALSE)*AM79))","v":0},{"$f":"(IF(ISNA(VLOOKUP(AK79,ltSchlepper,Maschinen!$AC$6,FALSE))=TRUE,0,VLOOKUP(AK79,ltSchlepper,Maschinen!$AC$6,FALSE)*AM79))","v":0},0,{"$f":"(IF(ISNA(VLOOKUP(AQ79,ltSchlepper,Maschinen!$AA$6,FALSE))=TRUE,0,VLOOKUP(AQ79,ltSchlepper,Maschinen!$AA$6,FALSE)*AS79))","v":0},{"$f":"(IF(ISNA(VLOOKUP(AQ79,ltSchlepper,Maschinen!$AB$6,FALSE))=TRUE,0,VLOOKUP(AQ79,ltSchlepper,Maschinen!$AB$6,FALSE)*AS79))","v":0},{"$f":"(IF(ISNA(VLOOKUP(AQ79,ltSchlepper,Maschinen!$AC$6,FALSE))=TRUE,0,VLOOKUP(AQ79,ltSchlepper,Maschinen!$AC$6,FALSE)*AS79))","v":0},0]
[null,null,"ERNTE",null,null,null,null,null,0,0,0,null,0,0,null,null,0,0,0,0,0,0,0,null,null,null,null,null,null,0,null,null,null,null,null,0,null,null,null,null,null,0,null,null,null,null,null,0,0,0,0,0,0,0,0,0,0,0,0,0,{"$f":"(IF(ISNA(VLOOKUP(Y80,ltSchlepper,Maschinen!$K$6,FALSE))=TRUE,0,VLOOKUP(Y80,ltSchlepper,Maschinen!$K$6,FALSE)*AA80))","v":0},{"$f":"(IF(ISNA(VLOOKUP(Y80,ltSchlepper,Maschinen!$L$6,FALSE))=TRUE,0,VLOOKUP(Y80,ltSchlepper,Maschinen!$L$6,FALSE)*AA80))","v":0},{"$f":"(IF(ISNA(VLOOKUP(Y80,ltSchlepper,Maschinen!$M$6,FALSE))=TRUE,0,VLOOKUP(Y80,ltSchlepper,Maschinen!$M$6,FALSE)*AA80))","v":0},{"$f":"(IF(ISNA(VLOOKUP(Y80,ltSchlepper,Maschinen!$N$6,FALSE))=TRUE,0,VLOOKUP(Y80,ltSchlepper,Maschinen!$N$6,FALSE)*AA80*IF(ISBLANK(AC80),1,AC80)))","v":0},{"$f":"(IF(ISNA(VLOOKUP(Y80,ltSchlepper,Maschinen!$O$6,FALSE))=TRUE,0,VLOOKUP(Y80,ltSchlepper,Maschinen!$O$6,FALSE)*AA80*IF(ISBLANK(AC80),1,AC80)))","v":0},{"$f":"(IF(ISNA(VLOOKUP(Y80,ltSchlepper,Maschinen!$P$6,FALSE))=TRUE,0,VLOOKUP(Y80,ltSchlepper,Maschinen!$P$6,FALSE)*AA80*IF(ISBLANK(AC80),1,AC80)))","v":0},0,{"$f":"(IF(ISNA(VLOOKUP(AE80,ltSchlepper,Maschinen!$K$6,FALSE))=TRUE,0,VLOOKUP(AE80,ltSchlepper,Maschinen!$K$6,FALSE)*AG80))","v":0},{"$f":"(IF(ISNA(VLOOKUP(AE80,ltSchlepper,Maschinen!$L$6,FALSE))=TRUE,0,VLOOKUP(AE80,ltSchlepper,Maschinen!$L$6,FALSE)*AG80))","v":0},{"$f":"(IF(ISNA(VLOOKUP(AE80,ltSchlepper,Maschinen!$M$6,FALSE))=TRUE,0,VLOOKUP(AE80,ltSchlepper,Maschinen!$M$6,FALSE)*AG80))","v":0},{"$f":"(IF(ISNA(VLOOKUP(AE80,ltSchlepper,Maschinen!$N$6,FALSE))=TRUE,0,VLOOKUP(AE80,ltSchlepper,Maschinen!$N$6,FALSE)*AG80*IF(ISBLANK(AI80),1,AI80)))","v":0},{"$f":"(IF(ISNA(VLOOKUP(AE80,ltSchlepper,Maschinen!$O$6,FALSE))=TRUE,0,VLOOKUP(AE80,ltSchlepper,Maschinen!$O$6,FALSE)*AG80*IF(ISBLANK(AI80),1,AI80)))","v":0},{"$f":"(IF(ISNA(VLOOKUP(AE80,ltSchlepper,Maschinen!$P$6,FALSE))=TRUE,0,VLOOKUP(AE80,ltSchlepper,Maschinen!$P$6,FALSE)*AG80*IF(ISBLANK(AI80),1,AI80)))","v":0},0,{"$f":"(IF(ISNA(VLOOKUP(AK80,ltSchlepper,Maschinen!$K$6,FALSE))=TRUE,0,VLOOKUP(AK80,ltSchlepper,Maschinen!$K$6,FALSE)*AM80))","v":0},{"$f":"(IF(ISNA(VLOOKUP(AK80,ltSchlepper,Maschinen!$L$6,FALSE))=TRUE,0,VLOOKUP(AK80,ltSchlepper,Maschinen!$L$6,FALSE)*AM80))","v":0},{"$f":"(IF(ISNA(VLOOKUP(AK80,ltSchlepper,Maschinen!$M$6,FALSE))=TRUE,0,VLOOKUP(AK80,ltSchlepper,Maschinen!$M$6,FALSE)*AM80))","v":0},{"$f":"(IF(ISNA(VLOOKUP(AK80,ltSchlepper,Maschinen!$N$6,FALSE))=TRUE,0,VLOOKUP(AK80,ltSchlepper,Maschinen!$N$6,FALSE)*AM80*IF(ISBLANK(AO80),1,AO80)))","v":0},{"$f":"(IF(ISNA(VLOOKUP(AK80,ltSchlepper,Maschinen!$O$6,FALSE))=TRUE,0,VLOOKUP(AK80,ltSchlepper,Maschinen!$O$6,FALSE)*AM80*IF(ISBLANK(AO80),1,AO80)))","v":0},{"$f":"(IF(ISNA(VLOOKUP(AK80,ltSchlepper,Maschinen!$P$6,FALSE))=TRUE,0,VLOOKUP(AK80,ltSchlepper,Maschinen!$P$6,FALSE)*AM80*IF(ISBLANK(AO80),1,AO80)))","v":0},0,{"$f":"(IF(ISNA(VLOOKUP(AQ80,ltSchlepper,Maschinen!$K$6,FALSE))=TRUE,0,VLOOKUP(AQ80,ltSchlepper,Maschinen!$K$6,FALSE)*AS80))","v":0},{"$f":"(IF(ISNA(VLOOKUP(AQ80,ltSchlepper,Maschinen!$L$6,FALSE))=TRUE,0,VLOOKUP(AQ80,ltSchlepper,Maschinen!$L$6,FALSE)*AS80))","v":0},{"$f":"(IF(ISNA(VLOOKUP(AQ80,ltSchlepper,Maschinen!$M$6,FALSE))=TRUE,0,VLOOKUP(AQ80,ltSchlepper,Maschinen!$M$6,FALSE)*AS80))","v":0},{"$f":"(IF(ISNA(VLOOKUP(AQ80,ltSchlepper,Maschinen!$N$6,FALSE))=TRUE,0,VLOOKUP(AQ80,ltSchlepper,Maschinen!$N$6,FALSE)*AS80*IF(ISBLANK(AU80),1,AU80)))","v":0},{"$f":"(IF(ISNA(VLOOKUP(AQ80,ltSchlepper,Maschinen!$O$6,FALSE))=TRUE,0,VLOOKUP(AQ80,ltSchlepper,Maschinen!$O$6,FALSE)*AS80*IF(ISBLANK(AU80),1,AU80)))","v":0},{"$f":"(IF(ISNA(VLOOKUP(AQ80,ltSchlepper,Maschinen!$P$6,FALSE))=TRUE,0,VLOOKUP(AQ80,ltSchlepper,Maschinen!$P$6,FALSE)*AS80*IF(ISBLANK(AU80),1,AU80)))","v":0},0,{"$f":"(IF(ISNA(VLOOKUP(Y80,ltSchlepper,Maschinen!$AA$6,FALSE))=TRUE,0,VLOOKUP(Y80,ltSchlepper,Maschinen!$AA$6,FALSE)*AA80))","v":0},{"$f":"(IF(ISNA(VLOOKUP(Y80,ltSchlepper,Maschinen!$AB$6,FALSE))=TRUE,0,VLOOKUP(Y80,ltSchlepper,Maschinen!$AB$6,FALSE)*AA80))","v":0},{"$f":"(IF(ISNA(VLOOKUP(Y80,ltSchlepper,Maschinen!$AC$6,FALSE))=TRUE,0,VLOOKUP(Y80,ltSchlepper,Maschinen!$AC$6,FALSE)*AA80))","v":0},0,{"$f":"(IF(ISNA(VLOOKUP(AE80,ltSchlepper,Maschinen!$AA$6,FALSE))=TRUE,0,VLOOKUP(AE80,ltSchlepper,Maschinen!$AA$6,FALSE)*AG80))","v":0},{"$f":"(IF(ISNA(VLOOKUP(AE80,ltSchlepper,Maschinen!$AB$6,FALSE))=TRUE,0,VLOOKUP(AE80,ltSchlepper,Maschinen!$AB$6,FALSE)*AG80))","v":0},{"$f":"(IF(ISNA(VLOOKUP(AE80,ltSchlepper,Maschinen!$AC$6,FALSE))=TRUE,0,VLOOKUP(AE80,ltSchlepper,Maschinen!$AC$6,FALSE)*AG80))","v":0},0,{"$f":"(IF(ISNA(VLOOKUP(AK80,ltSchlepper,Maschinen!$AA$6,FALSE))=TRUE,0,VLOOKUP(AK80,ltSchlepper,Maschinen!$AA$6,FALSE)*AM80))","v":0},{"$f":"(IF(ISNA(VLOOKUP(AK80,ltSchlepper,Maschinen!$AB$6,FALSE))=TRUE,0,VLOOKUP(AK80,ltSchlepper,Maschinen!$AB$6,FALSE)*AM80))","v":0},{"$f":"(IF(ISNA(VLOOKUP(AK80,ltSchlepper,Maschinen!$AC$6,FALSE))=TRUE,0,VLOOKUP(AK80,ltSchlepper,Maschinen!$AC$6,FALSE)*AM80))","v":0},0,{"$f":"(IF(ISNA(VLOOKUP(AQ80,ltSchlepper,Maschinen!$AA$6,FALSE))=TRUE,0,VLOOKUP(AQ80,ltSchlepper,Maschinen!$AA$6,FALSE)*AS80))","v":0},{"$f":"(IF(ISNA(VLOOKUP(AQ80,ltSchlepper,Maschinen!$AB$6,FALSE))=TRUE,0,VLOOKUP(AQ80,ltSchlepper,Maschinen!$AB$6,FALSE)*AS80))","v":0},{"$f":"(IF(ISNA(VLOOKUP(AQ80,ltSchlepper,Maschinen!$AC$6,FALSE))=TRUE,0,VLOOKUP(AQ80,ltSchlepper,Maschinen!$AC$6,FALSE)*AS80))","v":0},0]
[null,21611,null,null,null,null,null,null,{"$f":"BC81","v":0},{"$f":"H81+I81","v":0},{"$f":"F81+G81-J81","v":0},0.1,{"$f":"(H81+I81)*L81","v":0},{"$f":"M81*Interest","v":0},null,null,0,0,0,0,{"$f":"BG81","v":0},0,{"$f":"T81-U81","v":0},null,null,{"$f":"IF(ISNA(VLOOKUP(Y81,ltSchlepper,2,FALSE))=TRUE,\"\",VLOOKUP(Y81,ltSchlepper,2,FALSE))","v":""},null,{"$f":"IF(ISNA(VLOOKUP(Y81,ltSchlepper,3,FALSE))=TRUE,\"\",VLOOKUP(Y81,ltSchlepper,3,FALSE))","v":""},null,0,null,{"$f":"IF(ISNA(VLOOKUP(AE81,ltSchlepper,2,FALSE))=TRUE,\"\",VLOOKUP(AE81,ltSchlepper,2,FALSE))","v":""},null,{"$f":"IF(ISNA(VLOOKUP(AE81,ltSchlepper,3,FALSE))=TRUE,\"\",VLOOKUP(AE81,ltSchlepper,3,FALSE))","v":""},null,0,null,{"$f":"IF(ISNA(VLOOKUP(AK81,ltSchlepper,2,FALSE))=TRUE,\"\",VLOOKUP(AK81,ltSchlepper,2,FALSE))","v":""},null,{"$f":"IF(ISNA(VLOOKUP(AK81,ltSchlepper,3,FALSE))=TRUE,\"\",VLOOKUP(AK81,ltSchlepper,3,FALSE))","v":""},null,0,null,{"$f":"IF(ISNA(VLOOKUP(AQ81,ltSchlepper,2,FALSE))=TRUE,\"\",VLOOKUP(AQ81,ltSchlepper,2,FALSE))","v":""},null,{"$f":"IF(ISNA(VLOOKUP(AQ81,ltSchlepper,3,FALSE))=TRUE,\"\",VLOOKUP(AQ81,ltSchlepper,3,FALSE))","v":""},null,0,0,{"$f":"BI81+BP81+BW81+CD81","v":0},0,0,0,0,0,{"$f":"CK81+CO81+CS81+CW81","v":0},0,0,0,0,{"$f":"(IF(ISNA(VLOOKUP(Y81,ltSchlepper,Maschinen!$K$6,FALSE))=TRUE,0,VLOOKUP(Y81,ltSchlepper,Maschinen!$K$6,FALSE)*AA81))","v":0},{"$f":"(IF(ISNA(VLOOKUP(Y81,ltSchlepper,Maschinen!$L$6,FALSE))=TRUE,0,VLOOKUP(Y81,ltSchlepper,Maschinen!$L$6,FALSE)*AA81))","v":0},{"$f":"(IF(ISNA(VLOOKUP(Y81,ltSchlepper,Maschinen!$M$6,FALSE))=TRUE,0,VLOOKUP(Y81,ltSchlepper,Maschinen!$M$6,FALSE)*AA81))","v":0},{"$f":"(IF(ISNA(VLOOKUP(Y81,ltSchlepper,Maschinen!$N$6,FALSE))=TRUE,0,VLOOKUP(Y81,ltSchlepper,Maschinen!$N$6,FALSE)*AA81*IF(ISBLANK(AC81),1,AC81)))","v":0},{"$f":"(IF(ISNA(VLOOKUP(Y81,ltSchlepper,Maschinen!$O$6,FALSE))=TRUE,0,VLOOKUP(Y81,ltSchlepper,Maschinen!$O$6,FALSE)*AA81*IF(ISBLANK(AC81),1,AC81)))","v":0},{"$f":"(IF(ISNA(VLOOKUP(Y81,ltSchlepper,Maschinen!$P$6,FALSE))=TRUE,0,VLOOKUP(Y81,ltSchlepper,Maschinen!$P$6,FALSE)*AA81*IF(ISBLANK(AC81),1,AC81)))","v":0},{"$f":"SUM(BI81:BK81,BM81:BN81)","v":0},{"$f":"(IF(ISNA(VLOOKUP(AE81,ltSchlepper,Maschinen!$K$6,FALSE))=TRUE,0,VLOOKUP(AE81,ltSchlepper,Maschinen!$K$6,FALSE)*AG81))","v":0},{"$f":"(IF(ISNA(VLOOKUP(AE81,ltSchlepper,Maschinen!$L$6,FALSE))=TRUE,0,VLOOKUP(AE81,ltSchlepper,Maschinen!$L$6,FALSE)*AG81))","v":0},{"$f":"(IF(ISNA(VLOOKUP(AE81,ltSchlepper,Maschinen!$M$6,FALSE))=TRUE,0,VLOOKUP(AE81,ltSchlepper,Maschinen!$M$6,FALSE)*AG81))","v":0},{"$f":"(IF(ISNA(VLOOKUP(AE81,ltSchlepper,Maschinen!$N$6,FALSE))=TRUE,0,VLOOKUP(AE81,ltSchlepper,Maschinen!$N$6,FALSE)*AG81*IF(ISBLANK(AI81),1,AI81)))","v":0},{"$f":"(IF(ISNA(VLOOKUP(AE81,ltSchlepper,Maschinen!$O$6,FALSE))=TRUE,0,VLOOKUP(AE81,ltSchlepper,Maschinen!$O$6,FALSE)*AG81*IF(ISBLANK(AI81),1,AI81)))","v":0},{"$f":"(IF(ISNA(VLOOKUP(AE81,ltSchlepper,Maschinen!$P$6,FALSE))=TRUE,0,VLOOKUP(AE81,ltSchlepper,Maschinen!$P$6,FALSE)*AG81*IF(ISBLANK(AI81),1,AI81)))","v":0},0,{"$f":"(IF(ISNA(VLOOKUP(AK81,ltSchlepper,Maschinen!$K$6,FALSE))=TRUE,0,VLOOKUP(AK81,ltSchlepper,Maschinen!$K$6,FALSE)*AM81))","v":0},{"$f":"(IF(ISNA(VLOOKUP(AK81,ltSchlepper,Maschinen!$L$6,FALSE))=TRUE,0,VLOOKUP(AK81,ltSchlepper,Maschinen!$L$6,FALSE)*AM81))","v":0},{"$f":"(IF(ISNA(VLOOKUP(AK81,ltSchlepper,Maschinen!$M$6,FALSE))=TRUE,0,VLOOKUP(AK81,ltSchlepper,Maschinen!$M$6,FALSE)*AM81))","v":0},{"$f":"(IF(ISNA(VLOOKUP(AK81,ltSchlepper,Maschinen!$N$6,FALSE))=TRUE,0,VLOOKUP(AK81,ltSchlepper,Maschinen!$N$6,FALSE)*AM81*IF(ISBLANK(AO81),1,AO81)))","v":0},{"$f":"(IF(ISNA(VLOOKUP(AK81,ltSchlepper,Maschinen!$O$6,FALSE))=TRUE,0,VLOOKUP(AK81,ltSchlepper,Maschinen!$O$6,FALSE)*AM81*IF(ISBLANK(AO81),1,AO81)))","v":0},{"$f":"(IF(ISNA(VLOOKUP(AK81,ltSchlepper,Maschinen!$P$6,FALSE))=TRUE,0,VLOOKUP(AK81,ltSchlepper,Maschinen!$P$6,FALSE)*AM81*IF(ISBLANK(AO81),1,AO81)))","v":0},0,{"$f":"(IF(ISNA(VLOOKUP(AQ81,ltSchlepper,Maschinen!$K$6,FALSE))=TRUE,0,VLOOKUP(AQ81,ltSchlepper,Maschinen!$K$6,FALSE)*AS81))","v":0},{"$f":"(IF(ISNA(VLOOKUP(AQ81,ltSchlepper,Maschinen!$L$6,FALSE))=TRUE,0,VLOOKUP(AQ81,ltSchlepper,Maschinen!$L$6,FALSE)*AS81))","v":0},{"$f":"(IF(ISNA(VLOOKUP(AQ81,ltSchlepper,Maschinen!$M$6,FALSE))=TRUE,0,VLOOKUP(AQ81,ltSchlepper,Maschinen!$M$6,FALSE)*AS81))","v":0},{"$f":"(IF(ISNA(VLOOKUP(AQ81,ltSchlepper,Maschinen!$N$6,FALSE))=TRUE,0,VLOOKUP(AQ81,ltSchlepper,Maschinen!$N$6,FALSE)*AS81*IF(ISBLANK(AU81),1,AU81)))","v":0},{"$f":"(IF(ISNA(VLOOKUP(AQ81,ltSchlepper,Maschinen!$O$6,FALSE))=TRUE,0,VLOOKUP(AQ81,ltSchlepper,Maschinen!$O$6,FALSE)*AS81*IF(ISBLANK(AU81),1,AU81)))","v":0},{"$f":"(IF(ISNA(VLOOKUP(AQ81,ltSchlepper,Maschinen!$P$6,FALSE))=TRUE,0,VLOOKUP(AQ81,ltSchlepper,Maschinen!$P$6,FALSE)*AS81*IF(ISBLANK(AU81),1,AU81)))","v":0},0,{"$f":"(IF(ISNA(VLOOKUP(Y81,ltSchlepper,Maschinen!$AA$6,FALSE))=TRUE,0,VLOOKUP(Y81,ltSchlepper,Maschinen!$AA$6,FALSE)*AA81))","v":0},{"$f":"(IF(ISNA(VLOOKUP(Y81,ltSchlepper,Maschinen!$AB$6,FALSE))=TRUE,0,VLOOKUP(Y81,ltSchlepper,Maschinen!$AB$6,FALSE)*AA81))","v":0},{"$f":"(IF(ISNA(VLOOKUP(Y81,ltSchlepper,Maschinen!$AC$6,FALSE))=TRUE,0,VLOOKUP(Y81,ltSchlepper,Maschinen!$AC$6,FALSE)*AA81))","v":0},{"$f":"SUM(CK81:CM81)","v":0},{"$f":"(IF(ISNA(VLOOKUP(AE81,ltSchlepper,Maschinen!$AA$6,FALSE))=TRUE,0,VLOOKUP(AE81,ltSchlepper,Maschinen!$AA$6,FALSE)*AG81))","v":0},{"$f":"(IF(ISNA(VLOOKUP(AE81,ltSchlepper,Maschinen!$AB$6,FALSE))=TRUE,0,VLOOKUP(AE81,ltSchlepper,Maschinen!$AB$6,FALSE)*AG81))","v":0},{"$f":"(IF(ISNA(VLOOKUP(AE81,ltSchlepper,Maschinen!$AC$6,FALSE))=TRUE,0,VLOOKUP(AE81,ltSchlepper,Maschinen!$AC$6,FALSE)*AG81))","v":0},{"$f":"SUM(CO81:CQ81)","v":0},{"$f":"(IF(ISNA(VLOOKUP(AK81,ltSchlepper,Maschinen!$AA$6,FALSE))=TRUE,0,VLOOKUP(AK81,ltSchlepper,Maschinen!$AA$6,FALSE)*AM81))","v":0},{"$f":"(IF(ISNA(VLOOKUP(AK81,ltSchlepper,Maschinen!$AB$6,FALSE))=TRUE,0,VLOOKUP(AK81,ltSchlepper,Maschinen!$AB$6,FALSE)*AM81))","v":0},{"$f":"(IF(ISNA(VLOOKUP(AK81,ltSchlepper,Maschinen!$AC$6,FALSE))=TRUE,0,VLOOKUP(AK81,ltSchlepper,Maschinen!$AC$6,FALSE)*AM81))","v":0},{"$f":"SUM(CS81:CU81)","v":0},{"$f":"(IF(ISNA(VLOOKUP(AQ81,ltSchlepper,Maschinen!$AA$6,FALSE))=TRUE,0,VLOOKUP(AQ81,ltSchlepper,Maschinen!$AA$6,FALSE)*AS81))","v":0},{"$f":"(IF(ISNA(VLOOKUP(AQ81,ltSchlepper,Maschinen!$AB$6,FALSE))=TRUE,0,VLOOKUP(AQ81,ltSchlepper,Maschinen!$AB$6,FALSE)*AS81))","v":0},{"$f":"(IF(ISNA(VLOOKUP(AQ81,ltSchlepper,Maschinen!$AC$6,FALSE))=TRUE,0,VLOOKUP(AQ81,ltSchlepper,Maschinen!$AC$6,FALSE)*AS81))","v":0},{"$f":"SUM(CW81:CY81)","v":0}]
[null,21640,null,null,null,null,null,null,0,0,0,0.1,0,0,null,null,{"$f":"O82+P82","v":0},{"$f":"Q82*Lohnanspruch","v":0},0,0,0,0,0,null,null,{"$f":"IF(ISNA(VLOOKUP(Y82,ltSchlepper,2,FALSE))=TRUE,\"\",VLOOKUP(Y82,ltSchlepper,2,FALSE))","v":""},null,{"$f":"IF(ISNA(VLOOKUP(Y82,ltSchlepper,3,FALSE))=TRUE,\"\",VLOOKUP(Y82,ltSchlepper,3,FALSE))","v":""},null,0,null,{"$f":"IF(ISNA(VLOOKUP(AE82,ltSchlepper,2,FALSE))=TRUE,\"\",VLOOKUP(AE82,ltSchlepper,2,FALSE))","v":""},null,{"$f":"IF(ISNA(VLOOKUP(AE82,ltSchlepper,3,FALSE))=TRUE,\"\",VLOOKUP(AE82,ltSchlepper,3,FALSE))","v":""},null,0,null,{"$f":"IF(ISNA(VLOOKUP(AK82,ltSchlepper,2,FALSE))=TRUE,\"\",VLOOKUP(AK82,ltSchlepper,2,FALSE))","v":""},null,{"$f":"IF(ISNA(VLOOKUP(AK82,ltSchlepper,3,FALSE))=TRUE,\"\",VLOOKUP(AK82,ltSchlepper,3,FALSE))","v":""},null,{"$f":"IF(ISNA(VLOOKUP(AK82,ltSchlepper,SchKraftstoffVerb,FALSE))=TRUE,0,VLOOKUP(AK82,ltSchlepper,SchKraftstoffVerb,FALSE)*IF(ISBLANK(AO82),1,AO82)*AM82)","v":0},null,{"$f":"IF(ISNA(VLOOKUP(AQ82,ltSchlepper,2,FALSE))=TRUE,\"\",VLOOKUP(AQ82,ltSchlepper,2,FALSE))","v":""},null,{"$f":"IF(ISNA(VLOOKUP(AQ82,ltSchlepper,3,FALSE))=TRUE,\"\",VLOOKUP(AQ82,ltSchlepper,3,FALSE))","v":""},null,{"$f":"IF(ISNA(VLOOKUP(AQ82,ltSchlepper,SchKraftstoffVerb,FALSE))=TRUE,0,VLOOKUP(AQ82,ltSchlepper,SchKraftstoffVerb,FALSE)*IF(ISBLANK(AU82),1,AU82)*AS82)","v":0},0,{"$f":"BI82+BP82+BW82+CD82","v":0},{"$f":"BJ82+BQ82+BX82+CE82","v":0},{"$f":"BK82+BR82+BY82+CF82","v":0},0,0,0,{"$f":"CK82+CO82+CS82+CW82","v":0},{"$f":"CL82+CP82+CT82+CX82","v":0},{"$f":"CM82+CQ82+CU82+CY82","v":0},{"$f":"CN82+CR82+CV82+CZ82","v":0},0,{"$f":"(IF(ISNA(VLOOKUP(Y82,ltSchlepper,Maschinen!$K$6,FALSE))=TRUE,0,VLOOKUP(Y82,ltSchlepper,Maschinen!$K$6,FALSE)*AA82))","v":0},{"$f":"(IF(ISNA(VLOOKUP(Y82,ltSchlepper,Maschinen!$L$6,FALSE))=TRUE,0,VLOOKUP(Y82,ltSchlepper,Maschinen!$L$6,FALSE)*AA82))","v":0},{"$f":"(IF(ISNA(VLOOKUP(Y82,ltSchlepper,Maschinen!$M$6,FALSE))=TRUE,0,VLOOKUP(Y82,ltSchlepper,Maschinen!$M$6,FALSE)*AA82))","v":0},{"$f":"(IF(ISNA(VLOOKUP(Y82,ltSchlepper,Maschinen!$N$6,FALSE))=TRUE,0,VLOOKUP(Y82,ltSchlepper,Maschinen!$N$6,FALSE)*AA82*IF(ISBLANK(AC82),1,AC82)))","v":0},{"$f":"(IF(ISNA(VLOOKUP(Y82,ltSchlepper,Maschinen!$O$6,FALSE))=TRUE,0,VLOOKUP(Y82,ltSchlepper,Maschinen!$O$6,FALSE)*AA82*IF(ISBLANK(AC82),1,AC82)))","v":0},{"$f":"(IF(ISNA(VLOOKUP(Y82,ltSchlepper,Maschinen!$P$6,FALSE))=TRUE,0,VLOOKUP(Y82,ltSchlepper,Maschinen!$P$6,FALSE)*AA82*IF(ISBLANK(AC82),1,AC82)))","v":0},0,{"$f":"(IF(ISNA(VLOOKUP(AE82,ltSchlepper,Maschinen!$K$6,FALSE))=TRUE,0,VLOOKUP(AE82,ltSchlepper,Maschinen!$K$6,FALSE)*AG82))","v":0},{"$f":"(IF(ISNA(VLOOKUP(AE82,ltSchlepper,Maschinen!$L$6,FALSE))=TRUE,0,VLOOKUP(AE82,ltSchlepper,Maschinen!$L$6,FALSE)*AG82))","v":0},{"$f":"(IF(ISNA(VLOOKUP(AE82,ltSchlepper,Maschinen!$M$6,FALSE))=TRUE,0,VLOOKUP(AE82,ltSchlepper,Maschinen!$M$6,FALSE)*AG82))","v":0},{"$f":"(IF(ISNA(VLOOKUP(AE82,ltSchlepper,Maschinen!$N$6,FALSE))=TRUE,0,VLOOKUP(AE82,ltSchlepper,Maschinen!$N$6,FALSE)*AG82*IF(ISBLANK(AI82),1,AI82)))","v":0},{"$f":"(IF(ISNA(VLOOKUP(AE82,ltSchlepper,Maschinen!$O$6,FALSE))=TRUE,0,VLOOKUP(AE82,ltSchlepper,Maschinen!$O$6,FALSE)*AG82*IF(ISBLANK(AI82),1,AI82)))","v":0},{"$f":"(IF(ISNA(VLOOKUP(AE82,ltSchlepper,Maschinen!$P$6,FALSE))=TRUE,0,VLOOKUP(AE82,ltSchlepper,Maschinen!$P$6,FALSE)*AG82*IF(ISBLANK(AI82),1,AI82)))","v":0},{"$f":"SUM(BP82:BR82,BT82:BU82)","v":0},{"$f":"(IF(ISNA(VLOOKUP(AK82,ltSchlepper,Maschinen!$K$6,FALSE))=TRUE,0,VLOOKUP(AK82,ltSchlepper,Maschinen!$K$6,FALSE)*AM82))","v":0},{"$f":"(IF(ISNA(VLOOKUP(AK82,ltSchlepper,Maschinen!$L$6,FALSE))=TRUE,0,VLOOKUP(AK82,ltSchlepper,Maschinen!$L$6,FALSE)*AM82))","v":0},{"$f":"(IF(ISNA(VLOOKUP(AK82,ltSchlepper,Maschinen!$M$6,FALSE))=TRUE,0,VLOOKUP(AK82,ltSchlepper,Maschinen!$M$6,FALSE)*AM82))","v":0},{"$f":"(IF(ISNA(VLOOKUP(AK82,ltSchlepper,Maschinen!$N$6,FALSE))=TRUE,0,VLOOKUP(AK82,ltSchlepper,Maschinen!$N$6,FALSE)*AM82*IF(ISBLANK(AO82),1,AO82)))","v":0},{"$f":"(IF(ISNA(VLOOKUP(AK82,ltSchlepper,Maschinen!$O$6,FALSE))=TRUE,0,VLOOKUP(AK82,ltSchlepper,Maschinen!$O$6,FALSE)*AM82*IF(ISBLANK(AO82),1,AO82)))","v":0},{"$f":"(IF(ISNA(VLOOKUP(AK82,ltSchlepper,Maschinen!$P$6,FALSE))=TRUE,0,VLOOKUP(AK82,ltSchlepper,Maschinen!$P$6,FALSE)*AM82*IF(ISBLANK(AO82),1,AO82)))","v":0},{"$f":"SUM(BW82:BY82,CA82:CB82)","v":0},{"$f":"(IF(ISNA(VLOOKUP(AQ82,ltSchlepper,Maschinen!$K$6,FALSE))=TRUE,0,VLOOKUP(AQ82,ltSchlepper,Maschinen!$K$6,FALSE)*AS82))","v":0},{"$f":"(IF(ISNA(VLOOKUP(AQ82,ltSchlepper,Maschinen!$L$6,FALSE))=TRUE,0,VLOOKUP(AQ82,ltSchlepper,Maschinen!$L$6,FALSE)*AS82))","v":0},{"$f":"(IF(ISNA(VLOOKUP(AQ82,ltSchlepper,Maschinen!$M$6,FALSE))=TRUE,0,VLOOKUP(AQ82,ltSchlepper,Maschinen!$M$6,FALSE)*AS82))","v":0},{"$f":"(IF(ISNA(VLOOKUP(AQ82,ltSchlepper,Maschinen!$N$6,FALSE))=TRUE,0,VLOOKUP(AQ82,ltSchlepper,Maschinen!$N$6,FALSE)*AS82*IF(ISBLANK(AU82),1,AU82)))","v":0},{"$f":"(IF(ISNA(VLOOKUP(AQ82,ltSchlepper,Maschinen!$O$6,FALSE))=TRUE,0,VLOOKUP(AQ82,ltSchlepper,Maschinen!$O$6,FALSE)*AS82*IF(ISBLANK(AU82),1,AU82)))","v":0},{"$f":"(IF(ISNA(VLOOKUP(AQ82,ltSchlepper,Maschinen!$P$6,FALSE))=TRUE,0,VLOOKUP(AQ82,ltSchlepper,Maschinen!$P$6,FALSE)*AS82*IF(ISBLANK(AU82),1,AU82)))","v":0},{"$f":"SUM(CD82:CF82,CH82:CI82)","v":0},{"$f":"(IF(ISNA(VLOOKUP(Y82,ltSchlepper,Maschinen!$AA$6,FALSE))=TRUE,0,VLOOKUP(Y82,ltSchlepper,Maschinen!$AA$6,FALSE)*AA82))","v":0},{"$f":"(IF(ISNA(VLOOKUP(Y82,ltSchlepper,Maschinen!$AB$6,FALSE))=TRUE,0,VLOOKUP(Y82,ltSchlepper,Maschinen!$AB$6,FALSE)*AA82))","v":0},{"$f":"(IF(ISNA(VLOOKUP(Y82,ltSchlepper,Maschinen!$AC$6,FALSE))=TRUE,0,VLOOKUP(Y82,ltSchlepper,Maschinen!$AC$6,FALSE)*AA82))","v":0},0,{"$f":"(IF(ISNA(VLOOKUP(AE82,ltSchlepper,Maschinen!$AA$6,FALSE))=TRUE,0,VLOOKUP(AE82,ltSchlepper,Maschinen!$AA$6,FALSE)*AG82))","v":0},{"$f":"(IF(ISNA(VLOOKUP(AE82,ltSchlepper,Maschinen!$AB$6,FALSE))=TRUE,0,VLOOKUP(AE82,ltSchlepper,Maschinen!$AB$6,FALSE)*AG82))","v":0},{"$f":"(IF(ISNA(VLOOKUP(AE82,ltSchlepper,Maschinen!$AC$6,FALSE))=TRUE,0,VLOOKUP(AE82,ltSchlepper,Maschinen!$AC$6,FALSE)*AG82))","v":0},0,{"$f":"(IF(ISNA(VLOOKUP(AK82,ltSchlepper,Maschinen!$AA$6,FALSE))=TRUE,0,VLOOKUP(AK82,ltSchlepper,Maschinen!$AA$6,FALSE)*AM82))","v":0},{"$f":"(IF(ISNA(VLOOKUP(AK82,ltSchlepper,Maschinen!$AB$6,FALSE))=TRUE,0,VLOOKUP(AK82,ltSchlepper,Maschinen!$AB$6,FALSE)*AM82))","v":0},{"$f":"(IF(ISNA(VLOOKUP(AK82,ltSchlepper,Maschinen!$AC$6,FALSE))=TRUE,0,VLOOKUP(AK82,ltSchlepper,Maschinen!$AC$6,FALSE)*AM82))","v":0},0,{"$f":"(IF(ISNA(VLOOKUP(AQ82,ltSchlepper,Maschinen!$AA$6,FALSE))=TRUE,0,VLOOKUP(AQ82,ltSchlepper,Maschinen!$AA$6,FALSE)*AS82))","v":0},{"$f":"(IF(ISNA(VLOOKUP(AQ82,ltSchlepper,Maschinen!$AB$6,FALSE))=TRUE,0,VLOOKUP(AQ82,ltSchlepper,Maschinen!$AB$6,FALSE)*AS82))","v":0},{"$f":"(IF(ISNA(VLOOKUP(AQ82,ltSchlepper,Maschinen!$AC$6,FALSE))=TRUE,0,VLOOKUP(AQ82,ltSchlepper,Maschinen!$AC$6,FALSE)*AS82))","v":0},0]
[null,21624,null,null,null,null,null,null,0,0,0,0.1,0,0,null,null,0,0,0,0,0,0,0,null,null,"",null,"",null,0,null,"",null,"",null,0,null,"",null,"",null,0,null,"",null,"",null,0,0,0,0,0,0,0,0,0,0,0,0,0,{"$f":"(IF(ISNA(VLOOKUP(Y83,ltSchlepper,Maschinen!$K$6,FALSE))=TRUE,0,VLOOKUP(Y83,ltSchlepper,Maschinen!$K$6,FALSE)*AA83))","v":0},{"$f":"(IF(ISNA(VLOOKUP(Y83,ltSchlepper,Maschinen!$L$6,FALSE))=TRUE,0,VLOOKUP(Y83,ltSchlepper,Maschinen!$L$6,FALSE)*AA83))","v":0},{"$f":"(IF(ISNA(VLOOKUP(Y83,ltSchlepper,Maschinen!$M$6,FALSE))=TRUE,0,VLOOKUP(Y83,ltSchlepper,Maschinen!$M$6,FALSE)*AA83))","v":0},{"$f":"(IF(ISNA(VLOOKUP(Y83,ltSchlepper,Maschinen!$N$6,FALSE))=TRUE,0,VLOOKUP(Y83,ltSchlepper,Maschinen!$N$6,FALSE)*AA83*IF(ISBLANK(AC83),1,AC83)))","v":0},{"$f":"(IF(ISNA(VLOOKUP(Y83,ltSchlepper,Maschinen!$O$6,FALSE))=TRUE,0,VLOOKUP(Y83,ltSchlepper,Maschinen!$O$6,FALSE)*AA83*IF(ISBLANK(AC83),1,AC83)))","v":0},{"$f":"(IF(ISNA(VLOOKUP(Y83,ltSchlepper,Maschinen!$P$6,FALSE))=TRUE,0,VLOOKUP(Y83,ltSchlepper,Maschinen!$P$6,FALSE)*AA83*IF(ISBLANK(AC83),1,AC83)))","v":0},0,{"$f":"(IF(ISNA(VLOOKUP(AE83,ltSchlepper,Maschinen!$K$6,FALSE))=TRUE,0,VLOOKUP(AE83,ltSchlepper,Maschinen!$K$6,FALSE)*AG83))","v":0},{"$f":"(IF(ISNA(VLOOKUP(AE83,ltSchlepper,Maschinen!$L$6,FALSE))=TRUE,0,VLOOKUP(AE83,ltSchlepper,Maschinen!$L$6,FALSE)*AG83))","v":0},{"$f":"(IF(ISNA(VLOOKUP(AE83,ltSchlepper,Maschinen!$M$6,FALSE))=TRUE,0,VLOOKUP(AE83,ltSchlepper,Maschinen!$M$6,FALSE)*AG83))","v":0},{"$f":"(IF(ISNA(VLOOKUP(AE83,ltSchlepper,Maschinen!$N$6,FALSE))=TRUE,0,VLOOKUP(AE83,ltSchlepper,Maschinen!$N$6,FALSE)*AG83*IF(ISBLANK(AI83),1,AI83)))","v":0},{"$f":"(IF(ISNA(VLOOKUP(AE83,ltSchlepper,Maschinen!$O$6,FALSE))=TRUE,0,VLOOKUP(AE83,ltSchlepper,Maschinen!$O$6,FALSE)*AG83*IF(ISBLANK(AI83),1,AI83)))","v":0},{"$f":"(IF(ISNA(VLOOKUP(AE83,ltSchlepper,Maschinen!$P$6,FALSE))=TRUE,0,VLOOKUP(AE83,ltSchlepper,Maschinen!$P$6,FALSE)*AG83*IF(ISBLANK(AI83),1,AI83)))","v":0},0,{"$f":"(IF(ISNA(VLOOKUP(AK83,ltSchlepper,Maschinen!$K$6,FALSE))=TRUE,0,VLOOKUP(AK83,ltSchlepper,Maschinen!$K$6,FALSE)*AM83))","v":0},{"$f":"(IF(ISNA(VLOOKUP(AK83,ltSchlepper,Maschinen!$L$6,FALSE))=TRUE,0,VLOOKUP(AK83,ltSchlepper,Maschinen!$L$6,FALSE)*AM83))","v":0},{"$f":"(IF(ISNA(VLOOKUP(AK83,ltSchlepper,Maschinen!$M$6,FALSE))=TRUE,0,VLOOKUP(AK83,ltSchlepper,Maschinen!$M$6,FALSE)*AM83))","v":0},{"$f":"(IF(ISNA(VLOOKUP(AK83,ltSchlepper,Maschinen!$N$6,FALSE))=TRUE,0,VLOOKUP(AK83,ltSchlepper,Maschinen!$N$6,FALSE)*AM83*IF(ISBLANK(AO83),1,AO83)))","v":0},{"$f":"(IF(ISNA(VLOOKUP(AK83,ltSchlepper,Maschinen!$O$6,FALSE))=TRUE,0,VLOOKUP(AK83,ltSchlepper,Maschinen!$O$6,FALSE)*AM83*IF(ISBLANK(AO83),1,AO83)))","v":0},{"$f":"(IF(ISNA(VLOOKUP(AK83,ltSchlepper,Maschinen!$P$6,FALSE))=TRUE,0,VLOOKUP(AK83,ltSchlepper,Maschinen!$P$6,FALSE)*AM83*IF(ISBLANK(AO83),1,AO83)))","v":0},0,{"$f":"(IF(ISNA(VLOOKUP(AQ83,ltSchlepper,Maschinen!$K$6,FALSE))=TRUE,0,VLOOKUP(AQ83,ltSchlepper,Maschinen!$K$6,FALSE)*AS83))","v":0},{"$f":"(IF(ISNA(VLOOKUP(AQ83,ltSchlepper,Maschinen!$L$6,FALSE))=TRUE,0,VLOOKUP(AQ83,ltSchlepper,Maschinen!$L$6,FALSE)*AS83))","v":0},{"$f":"(IF(ISNA(VLOOKUP(AQ83,ltSchlepper,Maschinen!$M$6,FALSE))=TRUE,0,VLOOKUP(AQ83,ltSchlepper,Maschinen!$M$6,FALSE)*AS83))","v":0},{"$f":"(IF(ISNA(VLOOKUP(AQ83,ltSchlepper,Maschinen!$N$6,FALSE))=TRUE,0,VLOOKUP(AQ83,ltSchlepper,Maschinen!$N$6,FALSE)*AS83*IF(ISBLANK(AU83),1,AU83)))","v":0},{"$f":"(IF(ISNA(VLOOKUP(AQ83,ltSchlepper,Maschinen!$O$6,FALSE))=TRUE,0,VLOOKUP(AQ83,ltSchlepper,Maschinen!$O$6,FALSE)*AS83*IF(ISBLANK(AU83),1,AU83)))","v":0},{"$f":"(IF(ISNA(VLOOKUP(AQ83,ltSchlepper,Maschinen!$P$6,FALSE))=TRUE,0,VLOOKUP(AQ83,ltSchlepper,Maschinen!$P$6,FALSE)*AS83*IF(ISBLANK(AU83),1,AU83)))","v":0},0,{"$f":"(IF(ISNA(VLOOKUP(Y83,ltSchlepper,Maschinen!$AA$6,FALSE))=TRUE,0,VLOOKUP(Y83,ltSchlepper,Maschinen!$AA$6,FALSE)*AA83))","v":0},{"$f":"(IF(ISNA(VLOOKUP(Y83,ltSchlepper,Maschinen!$AB$6,FALSE))=TRUE,0,VLOOKUP(Y83,ltSchlepper,Maschinen!$AB$6,FALSE)*AA83))","v":0},{"$f":"(IF(ISNA(VLOOKUP(Y83,ltSchlepper,Maschinen!$AC$6,FALSE))=TRUE,0,VLOOKUP(Y83,ltSchlepper,Maschinen!$AC$6,FALSE)*AA83))","v":0},0,{"$f":"(IF(ISNA(VLOOKUP(AE83,ltSchlepper,Maschinen!$AA$6,FALSE))=TRUE,0,VLOOKUP(AE83,ltSchlepper,Maschinen!$AA$6,FALSE)*AG83))","v":0},{"$f":"(IF(ISNA(VLOOKUP(AE83,ltSchlepper,Maschinen!$AB$6,FALSE))=TRUE,0,VLOOKUP(AE83,ltSchlepper,Maschinen!$AB$6,FALSE)*AG83))","v":0},{"$f":"(IF(ISNA(VLOOKUP(AE83,ltSchlepper,Maschinen!$AC$6,FALSE))=TRUE,0,VLOOKUP(AE83,ltSchlepper,Maschinen!$AC$6,FALSE)*AG83))","v":0},0,{"$f":"(IF(ISNA(VLOOKUP(AK83,ltSchlepper,Maschinen!$AA$6,FALSE))=TRUE,0,VLOOKUP(AK83,ltSchlepper,Maschinen!$AA$6,FALSE)*AM83))","v":0},{"$f":"(IF(ISNA(VLOOKUP(AK83,ltSchlepper,Maschinen!$AB$6,FALSE))=TRUE,0,VLOOKUP(AK83,ltSchlepper,Maschinen!$AB$6,FALSE)*AM83))","v":0},{"$f":"(IF(ISNA(VLOOKUP(AK83,ltSchlepper,Maschinen!$AC$6,FALSE))=TRUE,0,VLOOKUP(AK83,ltSchlepper,Maschinen!$AC$6,FALSE)*AM83))","v":0},0,{"$f":"(IF(ISNA(VLOOKUP(AQ83,ltSchlepper,Maschinen!$AA$6,FALSE))=TRUE,0,VLOOKUP(AQ83,ltSchlepper,Maschinen!$AA$6,FALSE)*AS83))","v":0},{"$f":"(IF(ISNA(VLOOKUP(AQ83,ltSchlepper,Maschinen!$AB$6,FALSE))=TRUE,0,VLOOKUP(AQ83,ltSchlepper,Maschinen!$AB$6,FALSE)*AS83))","v":0},{"$f":"(IF(ISNA(VLOOKUP(AQ83,ltSchlepper,Maschinen!$AC$6,FALSE))=TRUE,0,VLOOKUP(AQ83,ltSchlepper,Maschinen!$AC$6,FALSE)*AS83))","v":0},0]
[null,21641,null,null,null,null,null,null,0,0,0,0.1,0,0,null,null,0,0,0,0,0,0,0,null,null,{"$f":"IF(ISNA(VLOOKUP(Y84,ltSchlepper,2,FALSE))=TRUE,\"\",VLOOKUP(Y84,ltSchlepper,2,FALSE))","v":""},null,{"$f":"IF(ISNA(VLOOKUP(Y84,ltSchlepper,3,FALSE))=TRUE,\"\",VLOOKUP(Y84,ltSchlepper,3,FALSE))","v":""},null,0,null,{"$f":"IF(ISNA(VLOOKUP(AE84,ltSchlepper,2,FALSE))=TRUE,\"\",VLOOKUP(AE84,ltSchlepper,2,FALSE))","v":""},null,{"$f":"IF(ISNA(VLOOKUP(AE84,ltSchlepper,3,FALSE))=TRUE,\"\",VLOOKUP(AE84,ltSchlepper,3,FALSE))","v":""},null,0,null,{"$f":"IF(ISNA(VLOOKUP(AK84,ltSchlepper,2,FALSE))=TRUE,\"\",VLOOKUP(AK84,ltSchlepper,2,FALSE))","v":""},null,{"$f":"IF(ISNA(VLOOKUP(AK84,ltSchlepper,3,FALSE))=TRUE,\"\",VLOOKUP(AK84,ltSchlepper,3,FALSE))","v":""},null,0,null,{"$f":"IF(ISNA(VLOOKUP(AQ84,ltSchlepper,2,FALSE))=TRUE,\"\",VLOOKUP(AQ84,ltSchlepper,2,FALSE))","v":""},null,{"$f":"IF(ISNA(VLOOKUP(AQ84,ltSchlepper,3,FALSE))=TRUE,\"\",VLOOKUP(AQ84,ltSchlepper,3,FALSE))","v":""},null,0,0,{"$f":"BI84+BP84+BW84+CD84","v":0},{"$f":"BJ84+BQ84+BX84+CE84","v":0},{"$f":"BK84+BR84+BY84+CF84","v":0},0,0,0,{"$f":"CK84+CO84+CS84+CW84","v":0},{"$f":"CL84+CP84+CT84+CX84","v":0},{"$f":"CM84+CQ84+CU84+CY84","v":0},{"$f":"CN84+CR84+CV84+CZ84","v":0},0,{"$f":"(IF(ISNA(VLOOKUP(Y84,ltSchlepper,Maschinen!$K$6,FALSE))=TRUE,0,VLOOKUP(Y84,ltSchlepper,Maschinen!$K$6,FALSE)*AA84))","v":0},{"$f":"(IF(ISNA(VLOOKUP(Y84,ltSchlepper,Maschinen!$L$6,FALSE))=TRUE,0,VLOOKUP(Y84,ltSchlepper,Maschinen!$L$6,FALSE)*AA84))","v":0},{"$f":"(IF(ISNA(VLOOKUP(Y84,ltSchlepper,Maschinen!$M$6,FALSE))=TRUE,0,VLOOKUP(Y84,ltSchlepper,Maschinen!$M$6,FALSE)*AA84))","v":0},{"$f":"(IF(ISNA(VLOOKUP(Y84,ltSchlepper,Maschinen!$N$6,FALSE))=TRUE,0,VLOOKUP(Y84,ltSchlepper,Maschinen!$N$6,FALSE)*AA84*IF(ISBLANK(AC84),1,AC84)))","v":0},{"$f":"(IF(ISNA(VLOOKUP(Y84,ltSchlepper,Maschinen!$O$6,FALSE))=TRUE,0,VLOOKUP(Y84,ltSchlepper,Maschinen!$O$6,FALSE)*AA84*IF(ISBLANK(AC84),1,AC84)))","v":0},{"$f":"(IF(ISNA(VLOOKUP(Y84,ltSchlepper,Maschinen!$P$6,FALSE))=TRUE,0,VLOOKUP(Y84,ltSchlepper,Maschinen!$P$6,FALSE)*AA84*IF(ISBLANK(AC84),1,AC84)))","v":0},0,{"$f":"(IF(ISNA(VLOOKUP(AE84,ltSchlepper,Maschinen!$K$6,FALSE))=TRUE,0,VLOOKUP(AE84,ltSchlepper,Maschinen!$K$6,FALSE)*AG84))","v":0},{"$f":"(IF(ISNA(VLOOKUP(AE84,ltSchlepper,Maschinen!$L$6,FALSE))=TRUE,0,VLOOKUP(AE84,ltSchlepper,Maschinen!$L$6,FALSE)*AG84))","v":0},{"$f":"(IF(ISNA(VLOOKUP(AE84,ltSchlepper,Maschinen!$M$6,FALSE))=TRUE,0,VLOOKUP(AE84,ltSchlepper,Maschinen!$M$6,FALSE)*AG84))","v":0},{"$f":"(IF(ISNA(VLOOKUP(AE84,ltSchlepper,Maschinen!$N$6,FALSE))=TRUE,0,VLOOKUP(AE84,ltSchlepper,Maschinen!$N$6,FALSE)*AG84*IF(ISBLANK(AI84),1,AI84)))","v":0},{"$f":"(IF(ISNA(VLOOKUP(AE84,ltSchlepper,Maschinen!$O$6,FALSE))=TRUE,0,VLOOKUP(AE84,ltSchlepper,Maschinen!$O$6,FALSE)*AG84*IF(ISBLANK(AI84),1,AI84)))","v":0},{"$f":"(IF(ISNA(VLOOKUP(AE84,ltSchlepper,Maschinen!$P$6,FALSE))=TRUE,0,VLOOKUP(AE84,ltSchlepper,Maschinen!$P$6,FALSE)*AG84*IF(ISBLANK(AI84),1,AI84)))","v":0},0,{"$f":"(IF(ISNA(VLOOKUP(AK84,ltSchlepper,Maschinen!$K$6,FALSE))=TRUE,0,VLOOKUP(AK84,ltSchlepper,Maschinen!$K$6,FALSE)*AM84))","v":0},{"$f":"(IF(ISNA(VLOOKUP(AK84,ltSchlepper,Maschinen!$L$6,FALSE))=TRUE,0,VLOOKUP(AK84,ltSchlepper,Maschinen!$L$6,FALSE)*AM84))","v":0},{"$f":"(IF(ISNA(VLOOKUP(AK84,ltSchlepper,Maschinen!$M$6,FALSE))=TRUE,0,VLOOKUP(AK84,ltSchlepper,Maschinen!$M$6,FALSE)*AM84))","v":0},{"$f":"(IF(ISNA(VLOOKUP(AK84,ltSchlepper,Maschinen!$N$6,FALSE))=TRUE,0,VLOOKUP(AK84,ltSchlepper,Maschinen!$N$6,FALSE)*AM84*IF(ISBLANK(AO84),1,AO84)))","v":0},{"$f":"(IF(ISNA(VLOOKUP(AK84,ltSchlepper,Maschinen!$O$6,FALSE))=TRUE,0,VLOOKUP(AK84,ltSchlepper,Maschinen!$O$6,FALSE)*AM84*IF(ISBLANK(AO84),1,AO84)))","v":0},{"$f":"(IF(ISNA(VLOOKUP(AK84,ltSchlepper,Maschinen!$P$6,FALSE))=TRUE,0,VLOOKUP(AK84,ltSchlepper,Maschinen!$P$6,FALSE)*AM84*IF(ISBLANK(AO84),1,AO84)))","v":0},0,{"$f":"(IF(ISNA(VLOOKUP(AQ84,ltSchlepper,Maschinen!$K$6,FALSE))=TRUE,0,VLOOKUP(AQ84,ltSchlepper,Maschinen!$K$6,FALSE)*AS84))","v":0},{"$f":"(IF(ISNA(VLOOKUP(AQ84,ltSchlepper,Maschinen!$L$6,FALSE))=TRUE,0,VLOOKUP(AQ84,ltSchlepper,Maschinen!$L$6,FALSE)*AS84))","v":0},{"$f":"(IF(ISNA(VLOOKUP(AQ84,ltSchlepper,Maschinen!$M$6,FALSE))=TRUE,0,VLOOKUP(AQ84,ltSchlepper,Maschinen!$M$6,FALSE)*AS84))","v":0},{"$f":"(IF(ISNA(VLOOKUP(AQ84,ltSchlepper,Maschinen!$N$6,FALSE))=TRUE,0,VLOOKUP(AQ84,ltSchlepper,Maschinen!$N$6,FALSE)*AS84*IF(ISBLANK(AU84),1,AU84)))","v":0},{"$f":"(IF(ISNA(VLOOKUP(AQ84,ltSchlepper,Maschinen!$O$6,FALSE))=TRUE,0,VLOOKUP(AQ84,ltSchlepper,Maschinen!$O$6,FALSE)*AS84*IF(ISBLANK(AU84),1,AU84)))","v":0},{"$f":"(IF(ISNA(VLOOKUP(AQ84,ltSchlepper,Maschinen!$P$6,FALSE))=TRUE,0,VLOOKUP(AQ84,ltSchlepper,Maschinen!$P$6,FALSE)*AS84*IF(ISBLANK(AU84),1,AU84)))","v":0},0,{"$f":"(IF(ISNA(VLOOKUP(Y84,ltSchlepper,Maschinen!$AA$6,FALSE))=TRUE,0,VLOOKUP(Y84,ltSchlepper,Maschinen!$AA$6,FALSE)*AA84))","v":0},{"$f":"(IF(ISNA(VLOOKUP(Y84,ltSchlepper,Maschinen!$AB$6,FALSE))=TRUE,0,VLOOKUP(Y84,ltSchlepper,Maschinen!$AB$6,FALSE)*AA84))","v":0},{"$f":"(IF(ISNA(VLOOKUP(Y84,ltSchlepper,Maschinen!$AC$6,FALSE))=TRUE,0,VLOOKUP(Y84,ltSchlepper,Maschinen!$AC$6,FALSE)*AA84))","v":0},0,{"$f":"(IF(ISNA(VLOOKUP(AE84,ltSchlepper,Maschinen!$AA$6,FALSE))=TRUE,0,VLOOKUP(AE84,ltSchlepper,Maschinen!$AA$6,FALSE)*AG84))","v":0},{"$f":"(IF(ISNA(VLOOKUP(AE84,ltSchlepper,Maschinen!$AB$6,FALSE))=TRUE,0,VLOOKUP(AE84,ltSchlepper,Maschinen!$AB$6,FALSE)*AG84))","v":0},{"$f":"(IF(ISNA(VLOOKUP(AE84,ltSchlepper,Maschinen!$AC$6,FALSE))=TRUE,0,VLOOKUP(AE84,ltSchlepper,Maschinen!$AC$6,FALSE)*AG84))","v":0},0,{"$f":"(IF(ISNA(VLOOKUP(AK84,ltSchlepper,Maschinen!$AA$6,FALSE))=TRUE,0,VLOOKUP(AK84,ltSchlepper,Maschinen!$AA$6,FALSE)*AM84))","v":0},{"$f":"(IF(ISNA(VLOOKUP(AK84,ltSchlepper,Maschinen!$AB$6,FALSE))=TRUE,0,VLOOKUP(AK84,ltSchlepper,Maschinen!$AB$6,FALSE)*AM84))","v":0},{"$f":"(IF(ISNA(VLOOKUP(AK84,ltSchlepper,Maschinen!$AC$6,FALSE))=TRUE,0,VLOOKUP(AK84,ltSchlepper,Maschinen!$AC$6,FALSE)*AM84))","v":0},0,{"$f":"(IF(ISNA(VLOOKUP(AQ84,ltSchlepper,Maschinen!$AA$6,FALSE))=TRUE,0,VLOOKUP(AQ84,ltSchlepper,Maschinen!$AA$6,FALSE)*AS84))","v":0},{"$f":"(IF(ISNA(VLOOKUP(AQ84,ltSchlepper,Maschinen!$AB$6,FALSE))=TRUE,0,VLOOKUP(AQ84,ltSchlepper,Maschinen!$AB$6,FALSE)*AS84))","v":0},{"$f":"(IF(ISNA(VLOOKUP(AQ84,ltSchlepper,Maschinen!$AC$6,FALSE))=TRUE,0,VLOOKUP(AQ84,ltSchlepper,Maschinen!$AC$6,FALSE)*AS84))","v":0},0]
[null,21649,null,null,null,null,null,null,0,0,0,0.1,0,0,null,null,0,0,0,0,0,0,0,null,null,{"$f":"IF(ISNA(VLOOKUP(Y85,ltSchlepper,2,FALSE))=TRUE,\"\",VLOOKUP(Y85,ltSchlepper,2,FALSE))","v":""},null,{"$f":"IF(ISNA(VLOOKUP(Y85,ltSchlepper,3,FALSE))=TRUE,\"\",VLOOKUP(Y85,ltSchlepper,3,FALSE))","v":""},null,0,null,{"$f":"IF(ISNA(VLOOKUP(AE85,ltSchlepper,2,FALSE))=TRUE,\"\",VLOOKUP(AE85,ltSchlepper,2,FALSE))","v":""},null,{"$f":"IF(ISNA(VLOOKUP(AE85,ltSchlepper,3,FALSE))=TRUE,\"\",VLOOKUP(AE85,ltSchlepper,3,FALSE))","v":""},null,0,null,{"$f":"IF(ISNA(VLOOKUP(AK85,ltSchlepper,2,FALSE))=TRUE,\"\",VLOOKUP(AK85,ltSchlepper,2,FALSE))","v":""},null,{"$f":"IF(ISNA(VLOOKUP(AK85,ltSchlepper,3,FALSE))=TRUE,\"\",VLOOKUP(AK85,ltSchlepper,3,FALSE))","v":""},null,0,null,{"$f":"IF(ISNA(VLOOKUP(AQ85,ltSchlepper,2,FALSE))=TRUE,\"\",VLOOKUP(AQ85,ltSchlepper,2,FALSE))","v":""},null,{"$f":"IF(ISNA(VLOOKUP(AQ85,ltSchlepper,3,FALSE))=TRUE,\"\",VLOOKUP(AQ85,ltSchlepper,3,FALSE))","v":""},null,0,0,0,0,0,0,0,0,0,0,0,0,0,{"$f":"(IF(ISNA(VLOOKUP(Y85,ltSchlepper,Maschinen!$K$6,FALSE))=TRUE,0,VLOOKUP(Y85,ltSchlepper,Maschinen!$K$6,FALSE)*AA85))","v":0},{"$f":"(IF(ISNA(VLOOKUP(Y85,ltSchlepper,Maschinen!$L$6,FALSE))=TRUE,0,VLOOKUP(Y85,ltSchlepper,Maschinen!$L$6,FALSE)*AA85))","v":0},{"$f":"(IF(ISNA(VLOOKUP(Y85,ltSchlepper,Maschinen!$M$6,FALSE))=TRUE,0,VLOOKUP(Y85,ltSchlepper,Maschinen!$M$6,FALSE)*AA85))","v":0},{"$f":"(IF(ISNA(VLOOKUP(Y85,ltSchlepper,Maschinen!$N$6,FALSE))=TRUE,0,VLOOKUP(Y85,ltSchlepper,Maschinen!$N$6,FALSE)*AA85*IF(ISBLANK(AC85),1,AC85)))","v":0},{"$f":"(IF(ISNA(VLOOKUP(Y85,ltSchlepper,Maschinen!$O$6,FALSE))=TRUE,0,VLOOKUP(Y85,ltSchlepper,Maschinen!$O$6,FALSE)*AA85*IF(ISBLANK(AC85),1,AC85)))","v":0},{"$f":"(IF(ISNA(VLOOKUP(Y85,ltSchlepper,Maschinen!$P$6,FALSE))=TRUE,0,VLOOKUP(Y85,ltSchlepper,Maschinen!$P$6,FALSE)*AA85*IF(ISBLANK(AC85),1,AC85)))","v":0},0,{"$f":"(IF(ISNA(VLOOKUP(AE85,ltSchlepper,Maschinen!$K$6,FALSE))=TRUE,0,VLOOKUP(AE85,ltSchlepper,Maschinen!$K$6,FALSE)*AG85))","v":0},{"$f":"(IF(ISNA(VLOOKUP(AE85,ltSchlepper,Maschinen!$L$6,FALSE))=TRUE,0,VLOOKUP(AE85,ltSchlepper,Maschinen!$L$6,FALSE)*AG85))","v":0},{"$f":"(IF(ISNA(VLOOKUP(AE85,ltSchlepper,Maschinen!$M$6,FALSE))=TRUE,0,VLOOKUP(AE85,ltSchlepper,Maschinen!$M$6,FALSE)*AG85))","v":0},{"$f":"(IF(ISNA(VLOOKUP(AE85,ltSchlepper,Maschinen!$N$6,FALSE))=TRUE,0,VLOOKUP(AE85,ltSchlepper,Maschinen!$N$6,FALSE)*AG85*IF(ISBLANK(AI85),1,AI85)))","v":0},{"$f":"(IF(ISNA(VLOOKUP(AE85,ltSchlepper,Maschinen!$O$6,FALSE))=TRUE,0,VLOOKUP(AE85,ltSchlepper,Maschinen!$O$6,FALSE)*AG85*IF(ISBLANK(AI85),1,AI85)))","v":0},{"$f":"(IF(ISNA(VLOOKUP(AE85,ltSchlepper,Maschinen!$P$6,FALSE))=TRUE,0,VLOOKUP(AE85,ltSchlepper,Maschinen!$P$6,FALSE)*AG85*IF(ISBLANK(AI85),1,AI85)))","v":0},0,{"$f":"(IF(ISNA(VLOOKUP(AK85,ltSchlepper,Maschinen!$K$6,FALSE))=TRUE,0,VLOOKUP(AK85,ltSchlepper,Maschinen!$K$6,FALSE)*AM85))","v":0},{"$f":"(IF(ISNA(VLOOKUP(AK85,ltSchlepper,Maschinen!$L$6,FALSE))=TRUE,0,VLOOKUP(AK85,ltSchlepper,Maschinen!$L$6,FALSE)*AM85))","v":0},{"$f":"(IF(ISNA(VLOOKUP(AK85,ltSchlepper,Maschinen!$M$6,FALSE))=TRUE,0,VLOOKUP(AK85,ltSchlepper,Maschinen!$M$6,FALSE)*AM85))","v":0},{"$f":"(IF(ISNA(VLOOKUP(AK85,ltSchlepper,Maschinen!$N$6,FALSE))=TRUE,0,VLOOKUP(AK85,ltSchlepper,Maschinen!$N$6,FALSE)*AM85*IF(ISBLANK(AO85),1,AO85)))","v":0},{"$f":"(IF(ISNA(VLOOKUP(AK85,ltSchlepper,Maschinen!$O$6,FALSE))=TRUE,0,VLOOKUP(AK85,ltSchlepper,Maschinen!$O$6,FALSE)*AM85*IF(ISBLANK(AO85),1,AO85)))","v":0},{"$f":"(IF(ISNA(VLOOKUP(AK85,ltSchlepper,Maschinen!$P$6,FALSE))=TRUE,0,VLOOKUP(AK85,ltSchlepper,Maschinen!$P$6,FALSE)*AM85*IF(ISBLANK(AO85),1,AO85)))","v":0},0,{"$f":"(IF(ISNA(VLOOKUP(AQ85,ltSchlepper,Maschinen!$K$6,FALSE))=TRUE,0,VLOOKUP(AQ85,ltSchlepper,Maschinen!$K$6,FALSE)*AS85))","v":0},{"$f":"(IF(ISNA(VLOOKUP(AQ85,ltSchlepper,Maschinen!$L$6,FALSE))=TRUE,0,VLOOKUP(AQ85,ltSchlepper,Maschinen!$L$6,FALSE)*AS85))","v":0},{"$f":"(IF(ISNA(VLOOKUP(AQ85,ltSchlepper,Maschinen!$M$6,FALSE))=TRUE,0,VLOOKUP(AQ85,ltSchlepper,Maschinen!$M$6,FALSE)*AS85))","v":0},{"$f":"(IF(ISNA(VLOOKUP(AQ85,ltSchlepper,Maschinen!$N$6,FALSE))=TRUE,0,VLOOKUP(AQ85,ltSchlepper,Maschinen!$N$6,FALSE)*AS85*IF(ISBLANK(AU85),1,AU85)))","v":0},{"$f":"(IF(ISNA(VLOOKUP(AQ85,ltSchlepper,Maschinen!$O$6,FALSE))=TRUE,0,VLOOKUP(AQ85,ltSchlepper,Maschinen!$O$6,FALSE)*AS85*IF(ISBLANK(AU85),1,AU85)))","v":0},{"$f":"(IF(ISNA(VLOOKUP(AQ85,ltSchlepper,Maschinen!$P$6,FALSE))=TRUE,0,VLOOKUP(AQ85,ltSchlepper,Maschinen!$P$6,FALSE)*AS85*IF(ISBLANK(AU85),1,AU85)))","v":0},0,{"$f":"(IF(ISNA(VLOOKUP(Y85,ltSchlepper,Maschinen!$AA$6,FALSE))=TRUE,0,VLOOKUP(Y85,ltSchlepper,Maschinen!$AA$6,FALSE)*AA85))","v":0},{"$f":"(IF(ISNA(VLOOKUP(Y85,ltSchlepper,Maschinen!$AB$6,FALSE))=TRUE,0,VLOOKUP(Y85,ltSchlepper,Maschinen!$AB$6,FALSE)*AA85))","v":0},{"$f":"(IF(ISNA(VLOOKUP(Y85,ltSchlepper,Maschinen!$AC$6,FALSE))=TRUE,0,VLOOKUP(Y85,ltSchlepper,Maschinen!$AC$6,FALSE)*AA85))","v":0},0,{"$f":"(IF(ISNA(VLOOKUP(AE85,ltSchlepper,Maschinen!$AA$6,FALSE))=TRUE,0,VLOOKUP(AE85,ltSchlepper,Maschinen!$AA$6,FALSE)*AG85))","v":0},{"$f":"(IF(ISNA(VLOOKUP(AE85,ltSchlepper,Maschinen!$AB$6,FALSE))=TRUE,0,VLOOKUP(AE85,ltSchlepper,Maschinen!$AB$6,FALSE)*AG85))","v":0},{"$f":"(IF(ISNA(VLOOKUP(AE85,ltSchlepper,Maschinen!$AC$6,FALSE))=TRUE,0,VLOOKUP(AE85,ltSchlepper,Maschinen!$AC$6,FALSE)*AG85))","v":0},0,{"$f":"(IF(ISNA(VLOOKUP(AK85,ltSchlepper,Maschinen!$AA$6,FALSE))=TRUE,0,VLOOKUP(AK85,ltSchlepper,Maschinen!$AA$6,FALSE)*AM85))","v":0},{"$f":"(IF(ISNA(VLOOKUP(AK85,ltSchlepper,Maschinen!$AB$6,FALSE))=TRUE,0,VLOOKUP(AK85,ltSchlepper,Maschinen!$AB$6,FALSE)*AM85))","v":0},{"$f":"(IF(ISNA(VLOOKUP(AK85,ltSchlepper,Maschinen!$AC$6,FALSE))=TRUE,0,VLOOKUP(AK85,ltSchlepper,Maschinen!$AC$6,FALSE)*AM85))","v":0},0,{"$f":"(IF(ISNA(VLOOKUP(AQ85,ltSchlepper,Maschinen!$AA$6,FALSE))=TRUE,0,VLOOKUP(AQ85,ltSchlepper,Maschinen!$AA$6,FALSE)*AS85))","v":0},{"$f":"(IF(ISNA(VLOOKUP(AQ85,ltSchlepper,Maschinen!$AB$6,FALSE))=TRUE,0,VLOOKUP(AQ85,ltSchlepper,Maschinen!$AB$6,FALSE)*AS85))","v":0},{"$f":"(IF(ISNA(VLOOKUP(AQ85,ltSchlepper,Maschinen!$AC$6,FALSE))=TRUE,0,VLOOKUP(AQ85,ltSchlepper,Maschinen!$AC$6,FALSE)*AS85))","v":0},0]
[null,21625,null,null,null,null,null,null,0,0,0,0.1,0,0,null,null,0,0,0,0,0,0,0,null,null,"",null,"",null,0,null,"",null,"",null,0,null,"",null,"",null,0,null,"",null,"",null,0,0,0,0,0,0,0,0,0,0,0,0,0,{"$f":"(IF(ISNA(VLOOKUP(Y86,ltSchlepper,Maschinen!$K$6,FALSE))=TRUE,0,VLOOKUP(Y86,ltSchlepper,Maschinen!$K$6,FALSE)*AA86))","v":0},{"$f":"(IF(ISNA(VLOOKUP(Y86,ltSchlepper,Maschinen!$L$6,FALSE))=TRUE,0,VLOOKUP(Y86,ltSchlepper,Maschinen!$L$6,FALSE)*AA86))","v":0},{"$f":"(IF(ISNA(VLOOKUP(Y86,ltSchlepper,Maschinen!$M$6,FALSE))=TRUE,0,VLOOKUP(Y86,ltSchlepper,Maschinen!$M$6,FALSE)*AA86))","v":0},{"$f":"(IF(ISNA(VLOOKUP(Y86,ltSchlepper,Maschinen!$N$6,FALSE))=TRUE,0,VLOOKUP(Y86,ltSchlepper,Maschinen!$N$6,FALSE)*AA86*IF(ISBLANK(AC86),1,AC86)))","v":0},{"$f":"(IF(ISNA(VLOOKUP(Y86,ltSchlepper,Maschinen!$O$6,FALSE))=TRUE,0,VLOOKUP(Y86,ltSchlepper,Maschinen!$O$6,FALSE)*AA86*IF(ISBLANK(AC86),1,AC86)))","v":0},{"$f":"(IF(ISNA(VLOOKUP(Y86,ltSchlepper,Maschinen!$P$6,FALSE))=TRUE,0,VLOOKUP(Y86,ltSchlepper,Maschinen!$P$6,FALSE)*AA86*IF(ISBLANK(AC86),1,AC86)))","v":0},0,{"$f":"(IF(ISNA(VLOOKUP(AE86,ltSchlepper,Maschinen!$K$6,FALSE))=TRUE,0,VLOOKUP(AE86,ltSchlepper,Maschinen!$K$6,FALSE)*AG86))","v":0},{"$f":"(IF(ISNA(VLOOKUP(AE86,ltSchlepper,Maschinen!$L$6,FALSE))=TRUE,0,VLOOKUP(AE86,ltSchlepper,Maschinen!$L$6,FALSE)*AG86))","v":0},{"$f":"(IF(ISNA(VLOOKUP(AE86,ltSchlepper,Maschinen!$M$6,FALSE))=TRUE,0,VLOOKUP(AE86,ltSchlepper,Maschinen!$M$6,FALSE)*AG86))","v":0},{"$f":"(IF(ISNA(VLOOKUP(AE86,ltSchlepper,Maschinen!$N$6,FALSE))=TRUE,0,VLOOKUP(AE86,ltSchlepper,Maschinen!$N$6,FALSE)*AG86*IF(ISBLANK(AI86),1,AI86)))","v":0},{"$f":"(IF(ISNA(VLOOKUP(AE86,ltSchlepper,Maschinen!$O$6,FALSE))=TRUE,0,VLOOKUP(AE86,ltSchlepper,Maschinen!$O$6,FALSE)*AG86*IF(ISBLANK(AI86),1,AI86)))","v":0},{"$f":"(IF(ISNA(VLOOKUP(AE86,ltSchlepper,Maschinen!$P$6,FALSE))=TRUE,0,VLOOKUP(AE86,ltSchlepper,Maschinen!$P$6,FALSE)*AG86*IF(ISBLANK(AI86),1,AI86)))","v":0},0,{"$f":"(IF(ISNA(VLOOKUP(AK86,ltSchlepper,Maschinen!$K$6,FALSE))=TRUE,0,VLOOKUP(AK86,ltSchlepper,Maschinen!$K$6,FALSE)*AM86))","v":0},{"$f":"(IF(ISNA(VLOOKUP(AK86,ltSchlepper,Maschinen!$L$6,FALSE))=TRUE,0,VLOOKUP(AK86,ltSchlepper,Maschinen!$L$6,FALSE)*AM86))","v":0},{"$f":"(IF(ISNA(VLOOKUP(AK86,ltSchlepper,Maschinen!$M$6,FALSE))=TRUE,0,VLOOKUP(AK86,ltSchlepper,Maschinen!$M$6,FALSE)*AM86))","v":0},{"$f":"(IF(ISNA(VLOOKUP(AK86,ltSchlepper,Maschinen!$N$6,FALSE))=TRUE,0,VLOOKUP(AK86,ltSchlepper,Maschinen!$N$6,FALSE)*AM86*IF(ISBLANK(AO86),1,AO86)))","v":0},{"$f":"(IF(ISNA(VLOOKUP(AK86,ltSchlepper,Maschinen!$O$6,FALSE))=TRUE,0,VLOOKUP(AK86,ltSchlepper,Maschinen!$O$6,FALSE)*AM86*IF(ISBLANK(AO86),1,AO86)))","v":0},{"$f":"(IF(ISNA(VLOOKUP(AK86,ltSchlepper,Maschinen!$P$6,FALSE))=TRUE,0,VLOOKUP(AK86,ltSchlepper,Maschinen!$P$6,FALSE)*AM86*IF(ISBLANK(AO86),1,AO86)))","v":0},0,{"$f":"(IF(ISNA(VLOOKUP(AQ86,ltSchlepper,Maschinen!$K$6,FALSE))=TRUE,0,VLOOKUP(AQ86,ltSchlepper,Maschinen!$K$6,FALSE)*AS86))","v":0},{"$f":"(IF(ISNA(VLOOKUP(AQ86,ltSchlepper,Maschinen!$L$6,FALSE))=TRUE,0,VLOOKUP(AQ86,ltSchlepper,Maschinen!$L$6,FALSE)*AS86))","v":0},{"$f":"(IF(ISNA(VLOOKUP(AQ86,ltSchlepper,Maschinen!$M$6,FALSE))=TRUE,0,VLOOKUP(AQ86,ltSchlepper,Maschinen!$M$6,FALSE)*AS86))","v":0},{"$f":"(IF(ISNA(VLOOKUP(AQ86,ltSchlepper,Maschinen!$N$6,FALSE))=TRUE,0,VLOOKUP(AQ86,ltSchlepper,Maschinen!$N$6,FALSE)*AS86*IF(ISBLANK(AU86),1,AU86)))","v":0},{"$f":"(IF(ISNA(VLOOKUP(AQ86,ltSchlepper,Maschinen!$O$6,FALSE))=TRUE,0,VLOOKUP(AQ86,ltSchlepper,Maschinen!$O$6,FALSE)*AS86*IF(ISBLANK(AU86),1,AU86)))","v":0},{"$f":"(IF(ISNA(VLOOKUP(AQ86,ltSchlepper,Maschinen!$P$6,FALSE))=TRUE,0,VLOOKUP(AQ86,ltSchlepper,Maschinen!$P$6,FALSE)*AS86*IF(ISBLANK(AU86),1,AU86)))","v":0},0,{"$f":"(IF(ISNA(VLOOKUP(Y86,ltSchlepper,Maschinen!$AA$6,FALSE))=TRUE,0,VLOOKUP(Y86,ltSchlepper,Maschinen!$AA$6,FALSE)*AA86))","v":0},{"$f":"(IF(ISNA(VLOOKUP(Y86,ltSchlepper,Maschinen!$AB$6,FALSE))=TRUE,0,VLOOKUP(Y86,ltSchlepper,Maschinen!$AB$6,FALSE)*AA86))","v":0},{"$f":"(IF(ISNA(VLOOKUP(Y86,ltSchlepper,Maschinen!$AC$6,FALSE))=TRUE,0,VLOOKUP(Y86,ltSchlepper,Maschinen!$AC$6,FALSE)*AA86))","v":0},0,{"$f":"(IF(ISNA(VLOOKUP(AE86,ltSchlepper,Maschinen!$AA$6,FALSE))=TRUE,0,VLOOKUP(AE86,ltSchlepper,Maschinen!$AA$6,FALSE)*AG86))","v":0},{"$f":"(IF(ISNA(VLOOKUP(AE86,ltSchlepper,Maschinen!$AB$6,FALSE))=TRUE,0,VLOOKUP(AE86,ltSchlepper,Maschinen!$AB$6,FALSE)*AG86))","v":0},{"$f":"(IF(ISNA(VLOOKUP(AE86,ltSchlepper,Maschinen!$AC$6,FALSE))=TRUE,0,VLOOKUP(AE86,ltSchlepper,Maschinen!$AC$6,FALSE)*AG86))","v":0},0,{"$f":"(IF(ISNA(VLOOKUP(AK86,ltSchlepper,Maschinen!$AA$6,FALSE))=TRUE,0,VLOOKUP(AK86,ltSchlepper,Maschinen!$AA$6,FALSE)*AM86))","v":0},{"$f":"(IF(ISNA(VLOOKUP(AK86,ltSchlepper,Maschinen!$AB$6,FALSE))=TRUE,0,VLOOKUP(AK86,ltSchlepper,Maschinen!$AB$6,FALSE)*AM86))","v":0},{"$f":"(IF(ISNA(VLOOKUP(AK86,ltSchlepper,Maschinen!$AC$6,FALSE))=TRUE,0,VLOOKUP(AK86,ltSchlepper,Maschinen!$AC$6,FALSE)*AM86))","v":0},0,{"$f":"(IF(ISNA(VLOOKUP(AQ86,ltSchlepper,Maschinen!$AA$6,FALSE))=TRUE,0,VLOOKUP(AQ86,ltSchlepper,Maschinen!$AA$6,FALSE)*AS86))","v":0},{"$f":"(IF(ISNA(VLOOKUP(AQ86,ltSchlepper,Maschinen!$AB$6,FALSE))=TRUE,0,VLOOKUP(AQ86,ltSchlepper,Maschinen!$AB$6,FALSE)*AS86))","v":0},{"$f":"(IF(ISNA(VLOOKUP(AQ86,ltSchlepper,Maschinen!$AC$6,FALSE))=TRUE,0,VLOOKUP(AQ86,ltSchlepper,Maschinen!$AC$6,FALSE)*AS86))","v":0},0]
[null,21643,null,null,null,null,null,null,0,0,0,0.1,0,0,null,null,0,0,0,0,0,0,0,null,null,{"$f":"IF(ISNA(VLOOKUP(Y87,ltSchlepper,2,FALSE))=TRUE,\"\",VLOOKUP(Y87,ltSchlepper,2,FALSE))","v":""},null,{"$f":"IF(ISNA(VLOOKUP(Y87,ltSchlepper,3,FALSE))=TRUE,\"\",VLOOKUP(Y87,ltSchlepper,3,FALSE))","v":""},null,0,null,{"$f":"IF(ISNA(VLOOKUP(AE87,ltSchlepper,2,FALSE))=TRUE,\"\",VLOOKUP(AE87,ltSchlepper,2,FALSE))","v":""},null,{"$f":"IF(ISNA(VLOOKUP(AE87,ltSchlepper,3,FALSE))=TRUE,\"\",VLOOKUP(AE87,ltSchlepper,3,FALSE))","v":""},null,0,null,{"$f":"IF(ISNA(VLOOKUP(AK87,ltSchlepper,2,FALSE))=TRUE,\"\",VLOOKUP(AK87,ltSchlepper,2,FALSE))","v":""},null,{"$f":"IF(ISNA(VLOOKUP(AK87,ltSchlepper,3,FALSE))=TRUE,\"\",VLOOKUP(AK87,ltSchlepper,3,FALSE))","v":""},null,0,null,{"$f":"IF(ISNA(VLOOKUP(AQ87,ltSchlepper,2,FALSE))=TRUE,\"\",VLOOKUP(AQ87,ltSchlepper,2,FALSE))","v":""},null,{"$f":"IF(ISNA(VLOOKUP(AQ87,ltSchlepper,3,FALSE))=TRUE,\"\",VLOOKUP(AQ87,ltSchlepper,3,FALSE))","v":""},null,0,0,0,0,0,0,0,0,0,0,0,0,0,{"$f":"(IF(ISNA(VLOOKUP(Y87,ltSchlepper,Maschinen!$K$6,FALSE))=TRUE,0,VLOOKUP(Y87,ltSchlepper,Maschinen!$K$6,FALSE)*AA87))","v":0},{"$f":"(IF(ISNA(VLOOKUP(Y87,ltSchlepper,Maschinen!$L$6,FALSE))=TRUE,0,VLOOKUP(Y87,ltSchlepper,Maschinen!$L$6,FALSE)*AA87))","v":0},{"$f":"(IF(ISNA(VLOOKUP(Y87,ltSchlepper,Maschinen!$M$6,FALSE))=TRUE,0,VLOOKUP(Y87,ltSchlepper,Maschinen!$M$6,FALSE)*AA87))","v":0},{"$f":"(IF(ISNA(VLOOKUP(Y87,ltSchlepper,Maschinen!$N$6,FALSE))=TRUE,0,VLOOKUP(Y87,ltSchlepper,Maschinen!$N$6,FALSE)*AA87*IF(ISBLANK(AC87),1,AC87)))","v":0},{"$f":"(IF(ISNA(VLOOKUP(Y87,ltSchlepper,Maschinen!$O$6,FALSE))=TRUE,0,VLOOKUP(Y87,ltSchlepper,Maschinen!$O$6,FALSE)*AA87*IF(ISBLANK(AC87),1,AC87)))","v":0},{"$f":"(IF(ISNA(VLOOKUP(Y87,ltSchlepper,Maschinen!$P$6,FALSE))=TRUE,0,VLOOKUP(Y87,ltSchlepper,Maschinen!$P$6,FALSE)*AA87*IF(ISBLANK(AC87),1,AC87)))","v":0},0,{"$f":"(IF(ISNA(VLOOKUP(AE87,ltSchlepper,Maschinen!$K$6,FALSE))=TRUE,0,VLOOKUP(AE87,ltSchlepper,Maschinen!$K$6,FALSE)*AG87))","v":0},{"$f":"(IF(ISNA(VLOOKUP(AE87,ltSchlepper,Maschinen!$L$6,FALSE))=TRUE,0,VLOOKUP(AE87,ltSchlepper,Maschinen!$L$6,FALSE)*AG87))","v":0},{"$f":"(IF(ISNA(VLOOKUP(AE87,ltSchlepper,Maschinen!$M$6,FALSE))=TRUE,0,VLOOKUP(AE87,ltSchlepper,Maschinen!$M$6,FALSE)*AG87))","v":0},{"$f":"(IF(ISNA(VLOOKUP(AE87,ltSchlepper,Maschinen!$N$6,FALSE))=TRUE,0,VLOOKUP(AE87,ltSchlepper,Maschinen!$N$6,FALSE)*AG87*IF(ISBLANK(AI87),1,AI87)))","v":0},{"$f":"(IF(ISNA(VLOOKUP(AE87,ltSchlepper,Maschinen!$O$6,FALSE))=TRUE,0,VLOOKUP(AE87,ltSchlepper,Maschinen!$O$6,FALSE)*AG87*IF(ISBLANK(AI87),1,AI87)))","v":0},{"$f":"(IF(ISNA(VLOOKUP(AE87,ltSchlepper,Maschinen!$P$6,FALSE))=TRUE,0,VLOOKUP(AE87,ltSchlepper,Maschinen!$P$6,FALSE)*AG87*IF(ISBLANK(AI87),1,AI87)))","v":0},0,{"$f":"(IF(ISNA(VLOOKUP(AK87,ltSchlepper,Maschinen!$K$6,FALSE))=TRUE,0,VLOOKUP(AK87,ltSchlepper,Maschinen!$K$6,FALSE)*AM87))","v":0},{"$f":"(IF(ISNA(VLOOKUP(AK87,ltSchlepper,Maschinen!$L$6,FALSE))=TRUE,0,VLOOKUP(AK87,ltSchlepper,Maschinen!$L$6,FALSE)*AM87))","v":0},{"$f":"(IF(ISNA(VLOOKUP(AK87,ltSchlepper,Maschinen!$M$6,FALSE))=TRUE,0,VLOOKUP(AK87,ltSchlepper,Maschinen!$M$6,FALSE)*AM87))","v":0},{"$f":"(IF(ISNA(VLOOKUP(AK87,ltSchlepper,Maschinen!$N$6,FALSE))=TRUE,0,VLOOKUP(AK87,ltSchlepper,Maschinen!$N$6,FALSE)*AM87*IF(ISBLANK(AO87),1,AO87)))","v":0},{"$f":"(IF(ISNA(VLOOKUP(AK87,ltSchlepper,Maschinen!$O$6,FALSE))=TRUE,0,VLOOKUP(AK87,ltSchlepper,Maschinen!$O$6,FALSE)*AM87*IF(ISBLANK(AO87),1,AO87)))","v":0},{"$f":"(IF(ISNA(VLOOKUP(AK87,ltSchlepper,Maschinen!$P$6,FALSE))=TRUE,0,VLOOKUP(AK87,ltSchlepper,Maschinen!$P$6,FALSE)*AM87*IF(ISBLANK(AO87),1,AO87)))","v":0},0,{"$f":"(IF(ISNA(VLOOKUP(AQ87,ltSchlepper,Maschinen!$K$6,FALSE))=TRUE,0,VLOOKUP(AQ87,ltSchlepper,Maschinen!$K$6,FALSE)*AS87))","v":0},{"$f":"(IF(ISNA(VLOOKUP(AQ87,ltSchlepper,Maschinen!$L$6,FALSE))=TRUE,0,VLOOKUP(AQ87,ltSchlepper,Maschinen!$L$6,FALSE)*AS87))","v":0},{"$f":"(IF(ISNA(VLOOKUP(AQ87,ltSchlepper,Maschinen!$M$6,FALSE))=TRUE,0,VLOOKUP(AQ87,ltSchlepper,Maschinen!$M$6,FALSE)*AS87))","v":0},{"$f":"(IF(ISNA(VLOOKUP(AQ87,ltSchlepper,Maschinen!$N$6,FALSE))=TRUE,0,VLOOKUP(AQ87,ltSchlepper,Maschinen!$N$6,FALSE)*AS87*IF(ISBLANK(AU87),1,AU87)))","v":0},{"$f":"(IF(ISNA(VLOOKUP(AQ87,ltSchlepper,Maschinen!$O$6,FALSE))=TRUE,0,VLOOKUP(AQ87,ltSchlepper,Maschinen!$O$6,FALSE)*AS87*IF(ISBLANK(AU87),1,AU87)))","v":0},{"$f":"(IF(ISNA(VLOOKUP(AQ87,ltSchlepper,Maschinen!$P$6,FALSE))=TRUE,0,VLOOKUP(AQ87,ltSchlepper,Maschinen!$P$6,FALSE)*AS87*IF(ISBLANK(AU87),1,AU87)))","v":0},0,{"$f":"(IF(ISNA(VLOOKUP(Y87,ltSchlepper,Maschinen!$AA$6,FALSE))=TRUE,0,VLOOKUP(Y87,ltSchlepper,Maschinen!$AA$6,FALSE)*AA87))","v":0},{"$f":"(IF(ISNA(VLOOKUP(Y87,ltSchlepper,Maschinen!$AB$6,FALSE))=TRUE,0,VLOOKUP(Y87,ltSchlepper,Maschinen!$AB$6,FALSE)*AA87))","v":0},{"$f":"(IF(ISNA(VLOOKUP(Y87,ltSchlepper,Maschinen!$AC$6,FALSE))=TRUE,0,VLOOKUP(Y87,ltSchlepper,Maschinen!$AC$6,FALSE)*AA87))","v":0},0,{"$f":"(IF(ISNA(VLOOKUP(AE87,ltSchlepper,Maschinen!$AA$6,FALSE))=TRUE,0,VLOOKUP(AE87,ltSchlepper,Maschinen!$AA$6,FALSE)*AG87))","v":0},{"$f":"(IF(ISNA(VLOOKUP(AE87,ltSchlepper,Maschinen!$AB$6,FALSE))=TRUE,0,VLOOKUP(AE87,ltSchlepper,Maschinen!$AB$6,FALSE)*AG87))","v":0},{"$f":"(IF(ISNA(VLOOKUP(AE87,ltSchlepper,Maschinen!$AC$6,FALSE))=TRUE,0,VLOOKUP(AE87,ltSchlepper,Maschinen!$AC$6,FALSE)*AG87))","v":0},0,{"$f":"(IF(ISNA(VLOOKUP(AK87,ltSchlepper,Maschinen!$AA$6,FALSE))=TRUE,0,VLOOKUP(AK87,ltSchlepper,Maschinen!$AA$6,FALSE)*AM87))","v":0},{"$f":"(IF(ISNA(VLOOKUP(AK87,ltSchlepper,Maschinen!$AB$6,FALSE))=TRUE,0,VLOOKUP(AK87,ltSchlepper,Maschinen!$AB$6,FALSE)*AM87))","v":0},{"$f":"(IF(ISNA(VLOOKUP(AK87,ltSchlepper,Maschinen!$AC$6,FALSE))=TRUE,0,VLOOKUP(AK87,ltSchlepper,Maschinen!$AC$6,FALSE)*AM87))","v":0},0,{"$f":"(IF(ISNA(VLOOKUP(AQ87,ltSchlepper,Maschinen!$AA$6,FALSE))=TRUE,0,VLOOKUP(AQ87,ltSchlepper,Maschinen!$AA$6,FALSE)*AS87))","v":0},{"$f":"(IF(ISNA(VLOOKUP(AQ87,ltSchlepper,Maschinen!$AB$6,FALSE))=TRUE,0,VLOOKUP(AQ87,ltSchlepper,Maschinen!$AB$6,FALSE)*AS87))","v":0},{"$f":"(IF(ISNA(VLOOKUP(AQ87,ltSchlepper,Maschinen!$AC$6,FALSE))=TRUE,0,VLOOKUP(AQ87,ltSchlepper,Maschinen!$AC$6,FALSE)*AS87))","v":0},0]
[null,21642,null,null,null,null,null,null,0,0,0,0.1,0,0,null,null,0,0,0,0,0,0,0,null,null,{"$f":"IF(ISNA(VLOOKUP(Y88,ltSchlepper,2,FALSE))=TRUE,\"\",VLOOKUP(Y88,ltSchlepper,2,FALSE))","v":""},null,{"$f":"IF(ISNA(VLOOKUP(Y88,ltSchlepper,3,FALSE))=TRUE,\"\",VLOOKUP(Y88,ltSchlepper,3,FALSE))","v":""},null,0,null,{"$f":"IF(ISNA(VLOOKUP(AE88,ltSchlepper,2,FALSE))=TRUE,\"\",VLOOKUP(AE88,ltSchlepper,2,FALSE))","v":""},null,{"$f":"IF(ISNA(VLOOKUP(AE88,ltSchlepper,3,FALSE))=TRUE,\"\",VLOOKUP(AE88,ltSchlepper,3,FALSE))","v":""},null,0,null,{"$f":"IF(ISNA(VLOOKUP(AK88,ltSchlepper,2,FALSE))=TRUE,\"\",VLOOKUP(AK88,ltSchlepper,2,FALSE))","v":""},null,{"$f":"IF(ISNA(VLOOKUP(AK88,ltSchlepper,3,FALSE))=TRUE,\"\",VLOOKUP(AK88,ltSchlepper,3,FALSE))","v":""},null,0,null,{"$f":"IF(ISNA(VLOOKUP(AQ88,ltSchlepper,2,FALSE))=TRUE,\"\",VLOOKUP(AQ88,ltSchlepper,2,FALSE))","v":""},null,{"$f":"IF(ISNA(VLOOKUP(AQ88,ltSchlepper,3,FALSE))=TRUE,\"\",VLOOKUP(AQ88,ltSchlepper,3,FALSE))","v":""},null,0,0,0,0,0,0,0,0,0,0,0,0,0,{"$f":"(IF(ISNA(VLOOKUP(Y88,ltSchlepper,Maschinen!$K$6,FALSE))=TRUE,0,VLOOKUP(Y88,ltSchlepper,Maschinen!$K$6,FALSE)*AA88))","v":0},{"$f":"(IF(ISNA(VLOOKUP(Y88,ltSchlepper,Maschinen!$L$6,FALSE))=TRUE,0,VLOOKUP(Y88,ltSchlepper,Maschinen!$L$6,FALSE)*AA88))","v":0},{"$f":"(IF(ISNA(VLOOKUP(Y88,ltSchlepper,Maschinen!$M$6,FALSE))=TRUE,0,VLOOKUP(Y88,ltSchlepper,Maschinen!$M$6,FALSE)*AA88))","v":0},{"$f":"(IF(ISNA(VLOOKUP(Y88,ltSchlepper,Maschinen!$N$6,FALSE))=TRUE,0,VLOOKUP(Y88,ltSchlepper,Maschinen!$N$6,FALSE)*AA88*IF(ISBLANK(AC88),1,AC88)))","v":0},{"$f":"(IF(ISNA(VLOOKUP(Y88,ltSchlepper,Maschinen!$O$6,FALSE))=TRUE,0,VLOOKUP(Y88,ltSchlepper,Maschinen!$O$6,FALSE)*AA88*IF(ISBLANK(AC88),1,AC88)))","v":0},{"$f":"(IF(ISNA(VLOOKUP(Y88,ltSchlepper,Maschinen!$P$6,FALSE))=TRUE,0,VLOOKUP(Y88,ltSchlepper,Maschinen!$P$6,FALSE)*AA88*IF(ISBLANK(AC88),1,AC88)))","v":0},0,{"$f":"(IF(ISNA(VLOOKUP(AE88,ltSchlepper,Maschinen!$K$6,FALSE))=TRUE,0,VLOOKUP(AE88,ltSchlepper,Maschinen!$K$6,FALSE)*AG88))","v":0},{"$f":"(IF(ISNA(VLOOKUP(AE88,ltSchlepper,Maschinen!$L$6,FALSE))=TRUE,0,VLOOKUP(AE88,ltSchlepper,Maschinen!$L$6,FALSE)*AG88))","v":0},{"$f":"(IF(ISNA(VLOOKUP(AE88,ltSchlepper,Maschinen!$M$6,FALSE))=TRUE,0,VLOOKUP(AE88,ltSchlepper,Maschinen!$M$6,FALSE)*AG88))","v":0},{"$f":"(IF(ISNA(VLOOKUP(AE88,ltSchlepper,Maschinen!$N$6,FALSE))=TRUE,0,VLOOKUP(AE88,ltSchlepper,Maschinen!$N$6,FALSE)*AG88*IF(ISBLANK(AI88),1,AI88)))","v":0},{"$f":"(IF(ISNA(VLOOKUP(AE88,ltSchlepper,Maschinen!$O$6,FALSE))=TRUE,0,VLOOKUP(AE88,ltSchlepper,Maschinen!$O$6,FALSE)*AG88*IF(ISBLANK(AI88),1,AI88)))","v":0},{"$f":"(IF(ISNA(VLOOKUP(AE88,ltSchlepper,Maschinen!$P$6,FALSE))=TRUE,0,VLOOKUP(AE88,ltSchlepper,Maschinen!$P$6,FALSE)*AG88*IF(ISBLANK(AI88),1,AI88)))","v":0},0,{"$f":"(IF(ISNA(VLOOKUP(AK88,ltSchlepper,Maschinen!$K$6,FALSE))=TRUE,0,VLOOKUP(AK88,ltSchlepper,Maschinen!$K$6,FALSE)*AM88))","v":0},{"$f":"(IF(ISNA(VLOOKUP(AK88,ltSchlepper,Maschinen!$L$6,FALSE))=TRUE,0,VLOOKUP(AK88,ltSchlepper,Maschinen!$L$6,FALSE)*AM88))","v":0},{"$f":"(IF(ISNA(VLOOKUP(AK88,ltSchlepper,Maschinen!$M$6,FALSE))=TRUE,0,VLOOKUP(AK88,ltSchlepper,Maschinen!$M$6,FALSE)*AM88))","v":0},{"$f":"(IF(ISNA(VLOOKUP(AK88,ltSchlepper,Maschinen!$N$6,FALSE))=TRUE,0,VLOOKUP(AK88,ltSchlepper,Maschinen!$N$6,FALSE)*AM88*IF(ISBLANK(AO88),1,AO88)))","v":0},{"$f":"(IF(ISNA(VLOOKUP(AK88,ltSchlepper,Maschinen!$O$6,FALSE))=TRUE,0,VLOOKUP(AK88,ltSchlepper,Maschinen!$O$6,FALSE)*AM88*IF(ISBLANK(AO88),1,AO88)))","v":0},{"$f":"(IF(ISNA(VLOOKUP(AK88,ltSchlepper,Maschinen!$P$6,FALSE))=TRUE,0,VLOOKUP(AK88,ltSchlepper,Maschinen!$P$6,FALSE)*AM88*IF(ISBLANK(AO88),1,AO88)))","v":0},0,{"$f":"(IF(ISNA(VLOOKUP(AQ88,ltSchlepper,Maschinen!$K$6,FALSE))=TRUE,0,VLOOKUP(AQ88,ltSchlepper,Maschinen!$K$6,FALSE)*AS88))","v":0},{"$f":"(IF(ISNA(VLOOKUP(AQ88,ltSchlepper,Maschinen!$L$6,FALSE))=TRUE,0,VLOOKUP(AQ88,ltSchlepper,Maschinen!$L$6,FALSE)*AS88))","v":0},{"$f":"(IF(ISNA(VLOOKUP(AQ88,ltSchlepper,Maschinen!$M$6,FALSE))=TRUE,0,VLOOKUP(AQ88,ltSchlepper,Maschinen!$M$6,FALSE)*AS88))","v":0},{"$f":"(IF(ISNA(VLOOKUP(AQ88,ltSchlepper,Maschinen!$N$6,FALSE))=TRUE,0,VLOOKUP(AQ88,ltSchlepper,Maschinen!$N$6,FALSE)*AS88*IF(ISBLANK(AU88),1,AU88)))","v":0},{"$f":"(IF(ISNA(VLOOKUP(AQ88,ltSchlepper,Maschinen!$O$6,FALSE))=TRUE,0,VLOOKUP(AQ88,ltSchlepper,Maschinen!$O$6,FALSE)*AS88*IF(ISBLANK(AU88),1,AU88)))","v":0},{"$f":"(IF(ISNA(VLOOKUP(AQ88,ltSchlepper,Maschinen!$P$6,FALSE))=TRUE,0,VLOOKUP(AQ88,ltSchlepper,Maschinen!$P$6,FALSE)*AS88*IF(ISBLANK(AU88),1,AU88)))","v":0},0,{"$f":"(IF(ISNA(VLOOKUP(Y88,ltSchlepper,Maschinen!$AA$6,FALSE))=TRUE,0,VLOOKUP(Y88,ltSchlepper,Maschinen!$AA$6,FALSE)*AA88))","v":0},{"$f":"(IF(ISNA(VLOOKUP(Y88,ltSchlepper,Maschinen!$AB$6,FALSE))=TRUE,0,VLOOKUP(Y88,ltSchlepper,Maschinen!$AB$6,FALSE)*AA88))","v":0},{"$f":"(IF(ISNA(VLOOKUP(Y88,ltSchlepper,Maschinen!$AC$6,FALSE))=TRUE,0,VLOOKUP(Y88,ltSchlepper,Maschinen!$AC$6,FALSE)*AA88))","v":0},0,{"$f":"(IF(ISNA(VLOOKUP(AE88,ltSchlepper,Maschinen!$AA$6,FALSE))=TRUE,0,VLOOKUP(AE88,ltSchlepper,Maschinen!$AA$6,FALSE)*AG88))","v":0},{"$f":"(IF(ISNA(VLOOKUP(AE88,ltSchlepper,Maschinen!$AB$6,FALSE))=TRUE,0,VLOOKUP(AE88,ltSchlepper,Maschinen!$AB$6,FALSE)*AG88))","v":0},{"$f":"(IF(ISNA(VLOOKUP(AE88,ltSchlepper,Maschinen!$AC$6,FALSE))=TRUE,0,VLOOKUP(AE88,ltSchlepper,Maschinen!$AC$6,FALSE)*AG88))","v":0},0,{"$f":"(IF(ISNA(VLOOKUP(AK88,ltSchlepper,Maschinen!$AA$6,FALSE))=TRUE,0,VLOOKUP(AK88,ltSchlepper,Maschinen!$AA$6,FALSE)*AM88))","v":0},{"$f":"(IF(ISNA(VLOOKUP(AK88,ltSchlepper,Maschinen!$AB$6,FALSE))=TRUE,0,VLOOKUP(AK88,ltSchlepper,Maschinen!$AB$6,FALSE)*AM88))","v":0},{"$f":"(IF(ISNA(VLOOKUP(AK88,ltSchlepper,Maschinen!$AC$6,FALSE))=TRUE,0,VLOOKUP(AK88,ltSchlepper,Maschinen!$AC$6,FALSE)*AM88))","v":0},0,{"$f":"(IF(ISNA(VLOOKUP(AQ88,ltSchlepper,Maschinen!$AA$6,FALSE))=TRUE,0,VLOOKUP(AQ88,ltSchlepper,Maschinen!$AA$6,FALSE)*AS88))","v":0},{"$f":"(IF(ISNA(VLOOKUP(AQ88,ltSchlepper,Maschinen!$AB$6,FALSE))=TRUE,0,VLOOKUP(AQ88,ltSchlepper,Maschinen!$AB$6,FALSE)*AS88))","v":0},{"$f":"(IF(ISNA(VLOOKUP(AQ88,ltSchlepper,Maschinen!$AC$6,FALSE))=TRUE,0,VLOOKUP(AQ88,ltSchlepper,Maschinen!$AC$6,FALSE)*AS88))","v":0},0]
[null,21644,"*Maishäckseln 400 kW 8 reihig","ha",null,150,null,null,67.708299999999994,67.708299999999994,82.291700000000006,0.1,6.7708300000000001,0.2031249,0.65,0.05,0.70000000000000007,17.5,85.4114249,64.5885751,0,85.4114249,64.5885751,null,11315,{"$f":"IF(ISNA(VLOOKUP(Y89,ltSchlepper,2,FALSE))=TRUE,\"\",VLOOKUP(Y89,ltSchlepper,2,FALSE))","v":"*Feldhäcksler 400kW"},0.65,{"$f":"IF(ISNA(VLOOKUP(Y89,ltSchlepper,3,FALSE))=TRUE,\"\",VLOOKUP(Y89,ltSchlepper,3,FALSE))","v":"h"},1,37.700000000000003,11317,{"$f":"IF(ISNA(VLOOKUP(AE89,ltSchlepper,2,FALSE))=TRUE,\"\",VLOOKUP(AE89,ltSchlepper,2,FALSE))","v":"*Maisgebiss 8-reihig"},1,{"$f":"IF(ISNA(VLOOKUP(AE89,ltSchlepper,3,FALSE))=TRUE,\"\",VLOOKUP(AE89,ltSchlepper,3,FALSE))","v":"ha"},1,0,null,{"$f":"IF(ISNA(VLOOKUP(AK89,ltSchlepper,2,FALSE))=TRUE,\"\",VLOOKUP(AK89,ltSchlepper,2,FALSE))","v":""},null,{"$f":"IF(ISNA(VLOOKUP(AK89,ltSchlepper,3,FALSE))=TRUE,\"\",VLOOKUP(AK89,ltSchlepper,3,FALSE))","v":""},null,0,null,{"$f":"IF(ISNA(VLOOKUP(AQ89,ltSchlepper,2,FALSE))=TRUE,\"\",VLOOKUP(AQ89,ltSchlepper,2,FALSE))","v":""},null,{"$f":"IF(ISNA(VLOOKUP(AQ89,ltSchlepper,3,FALSE))=TRUE,\"\",VLOOKUP(AQ89,ltSchlepper,3,FALSE))","v":""},null,0,37.700000000000003,30.8,0,0,35.814999999999998,1.0932999999999999,67.708299999999994,0,0,0,0,67.708299999999994,{"$f":"(IF(ISNA(VLOOKUP(Y89,ltSchlepper,Maschinen!$K$6,FALSE))=TRUE,0,VLOOKUP(Y89,ltSchlepper,Maschinen!$K$6,FALSE)*AA89))","v":20.8},{"$f":"(IF(ISNA(VLOOKUP(Y89,ltSchlepper,Maschinen!$L$6,FALSE))=TRUE,0,VLOOKUP(Y89,ltSchlepper,Maschinen!$L$6,FALSE)*AA89))","v":0},{"$f":"(IF(ISNA(VLOOKUP(Y89,ltSchlepper,Maschinen!$M$6,FALSE))=TRUE,0,VLOOKUP(Y89,ltSchlepper,Maschinen!$M$6,FALSE)*AA89))","v":0},{"$f":"(IF(ISNA(VLOOKUP(Y89,ltSchlepper,Maschinen!$N$6,FALSE))=TRUE,0,VLOOKUP(Y89,ltSchlepper,Maschinen!$N$6,FALSE)*AA89*IF(ISBLANK(AC89),1,AC89)))","v":37.700000000000003},{"$f":"(IF(ISNA(VLOOKUP(Y89,ltSchlepper,Maschinen!$O$6,FALSE))=TRUE,0,VLOOKUP(Y89,ltSchlepper,Maschinen!$O$6,FALSE)*AA89*IF(ISBLANK(AC89),1,AC89)))","v":35.814999999999998},{"$f":"(IF(ISNA(VLOOKUP(Y89,ltSchlepper,Maschinen!$P$6,FALSE))=TRUE,0,VLOOKUP(Y89,ltSchlepper,Maschinen!$P$6,FALSE)*AA89*IF(ISBLANK(AC89),1,AC89)))","v":1.0932999999999999},57.708299999999994,{"$f":"(IF(ISNA(VLOOKUP(AE89,ltSchlepper,Maschinen!$K$6,FALSE))=TRUE,0,VLOOKUP(AE89,ltSchlepper,Maschinen!$K$6,FALSE)*AG89))","v":10},{"$f":"(IF(ISNA(VLOOKUP(AE89,ltSchlepper,Maschinen!$L$6,FALSE))=TRUE,0,VLOOKUP(AE89,ltSchlepper,Maschinen!$L$6,FALSE)*AG89))","v":0},{"$f":"(IF(ISNA(VLOOKUP(AE89,ltSchlepper,Maschinen!$M$6,FALSE))=TRUE,0,VLOOKUP(AE89,ltSchlepper,Maschinen!$M$6,FALSE)*AG89))","v":0},{"$f":"(IF(ISNA(VLOOKUP(AE89,ltSchlepper,Maschinen!$N$6,FALSE))=TRUE,0,VLOOKUP(AE89,ltSchlepper,Maschinen!$N$6,FALSE)*AG89*IF(ISBLANK(AI89),1,AI89)))","v":0},{"$f":"(IF(ISNA(VLOOKUP(AE89,ltSchlepper,Maschinen!$O$6,FALSE))=TRUE,0,VLOOKUP(AE89,ltSchlepper,Maschinen!$O$6,FALSE)*AG89*IF(ISBLANK(AI89),1,AI89)))","v":0},{"$f":"(IF(ISNA(VLOOKUP(AE89,ltSchlepper,Maschinen!$P$6,FALSE))=TRUE,0,VLOOKUP(AE89,ltSchlepper,Maschinen!$P$6,FALSE)*AG89*IF(ISBLANK(AI89),1,AI89)))","v":0},10,{"$f":"(IF(ISNA(VLOOKUP(AK89,ltSchlepper,Maschinen!$K$6,FALSE))=TRUE,0,VLOOKUP(AK89,ltSchlepper,Maschinen!$K$6,FALSE)*AM89))","v":0},{"$f":"(IF(ISNA(VLOOKUP(AK89,ltSchlepper,Maschinen!$L$6,FALSE))=TRUE,0,VLOOKUP(AK89,ltSchlepper,Maschinen!$L$6,FALSE)*AM89))","v":0},{"$f":"(IF(ISNA(VLOOKUP(AK89,ltSchlepper,Maschinen!$M$6,FALSE))=TRUE,0,VLOOKUP(AK89,ltSchlepper,Maschinen!$M$6,FALSE)*AM89))","v":0},{"$f":"(IF(ISNA(VLOOKUP(AK89,ltSchlepper,Maschinen!$N$6,FALSE))=TRUE,0,VLOOKUP(AK89,ltSchlepper,Maschinen!$N$6,FALSE)*AM89*IF(ISBLANK(AO89),1,AO89)))","v":0},{"$f":"(IF(ISNA(VLOOKUP(AK89,ltSchlepper,Maschinen!$O$6,FALSE))=TRUE,0,VLOOKUP(AK89,ltSchlepper,Maschinen!$O$6,FALSE)*AM89*IF(ISBLANK(AO89),1,AO89)))","v":0},{"$f":"(IF(ISNA(VLOOKUP(AK89,ltSchlepper,Maschinen!$P$6,FALSE))=TRUE,0,VLOOKUP(AK89,ltSchlepper,Maschinen!$P$6,FALSE)*AM89*IF(ISBLANK(AO89),1,AO89)))","v":0},0,{"$f":"(IF(ISNA(VLOOKUP(AQ89,ltSchlepper,Maschinen!$K$6,FALSE))=TRUE,0,VLOOKUP(AQ89,ltSchlepper,Maschinen!$K$6,FALSE)*AS89))","v":0},{"$f":"(IF(ISNA(VLOOKUP(AQ89,ltSchlepper,Maschinen!$L$6,FALSE))=TRUE,0,VLOOKUP(AQ89,ltSchlepper,Maschinen!$L$6,FALSE)*AS89))","v":0},{"$f":"(IF(ISNA(VLOOKUP(AQ89,ltSchlepper,Maschinen!$M$6,FALSE))=TRUE,0,VLOOKUP(AQ89,ltSchlepper,Maschinen!$M$6,FALSE)*AS89))","v":0},{"$f":"(IF(ISNA(VLOOKUP(AQ89,ltSchlepper,Maschinen!$N$6,FALSE))=TRUE,0,VLOOKUP(AQ89,ltSchlepper,Maschinen!$N$6,FALSE)*AS89*IF(ISBLANK(AU89),1,AU89)))","v":0},{"$f":"(IF(ISNA(VLOOKUP(AQ89,ltSchlepper,Maschinen!$O$6,FALSE))=TRUE,0,VLOOKUP(AQ89,ltSchlepper,Maschinen!$O$6,FALSE)*AS89*IF(ISBLANK(AU89),1,AU89)))","v":0},{"$f":"(IF(ISNA(VLOOKUP(AQ89,ltSchlepper,Maschinen!$P$6,FALSE))=TRUE,0,VLOOKUP(AQ89,ltSchlepper,Maschinen!$P$6,FALSE)*AS89*IF(ISBLANK(AU89),1,AU89)))","v":0},0,{"$f":"(IF(ISNA(VLOOKUP(Y89,ltSchlepper,Maschinen!$AA$6,FALSE))=TRUE,0,VLOOKUP(Y89,ltSchlepper,Maschinen!$AA$6,FALSE)*AA89))","v":0},{"$f":"(IF(ISNA(VLOOKUP(Y89,ltSchlepper,Maschinen!$AB$6,FALSE))=TRUE,0,VLOOKUP(Y89,ltSchlepper,Maschinen!$AB$6,FALSE)*AA89))","v":0},{"$f":"(IF(ISNA(VLOOKUP(Y89,ltSchlepper,Maschinen!$AC$6,FALSE))=TRUE,0,VLOOKUP(Y89,ltSchlepper,Maschinen!$AC$6,FALSE)*AA89))","v":0},0,{"$f":"(IF(ISNA(VLOOKUP(AE89,ltSchlepper,Maschinen!$AA$6,FALSE))=TRUE,0,VLOOKUP(AE89,ltSchlepper,Maschinen!$AA$6,FALSE)*AG89))","v":0},{"$f":"(IF(ISNA(VLOOKUP(AE89,ltSchlepper,Maschinen!$AB$6,FALSE))=TRUE,0,VLOOKUP(AE89,ltSchlepper,Maschinen!$AB$6,FALSE)*AG89))","v":0},{"$f":"(IF(ISNA(VLOOKUP(AE89,ltSchlepper,Maschinen!$AC$6,FALSE))=TRUE,0,VLOOKUP(AE89,ltSchlepper,Maschinen!$AC$6,FALSE)*AG89))","v":0},0,{"$f":"(IF(ISNA(VLOOKUP(AK89,ltSchlepper,Maschinen!$AA$6,FALSE))=TRUE,0,VLOOKUP(AK89,ltSchlepper,Maschinen!$AA$6,FALSE)*AM89))","v":0},{"$f":"(IF(ISNA(VLOOKUP(AK89,ltSchlepper,Maschinen!$AB$6,FALSE))=TRUE,0,VLOOKUP(AK89,ltSchlepper,Maschinen!$AB$6,FALSE)*AM89))","v":0},{"$f":"(IF(ISNA(VLOOKUP(AK89,ltSchlepper,Maschinen!$AC$6,FALSE))=TRUE,0,VLOOKUP(AK89,ltSchlepper,Maschinen!$AC$6,FALSE)*AM89))","v":0},0,{"$f":"(IF(ISNA(VLOOKUP(AQ89,ltSchlepper,Maschinen!$AA$6,FALSE))=TRUE,0,VLOOKUP(AQ89,ltSchlepper,Maschinen!$AA$6,FALSE)*AS89))","v":0},{"$f":"(IF(ISNA(VLOOKUP(AQ89,ltSchlepper,Maschinen!$AB$6,FALSE))=TRUE,0,VLOOKUP(AQ89,ltSchlepper,Maschinen!$AB$6,FALSE)*AS89))","v":0},{"$f":"(IF(ISNA(VLOOKUP(AQ89,ltSchlepper,Maschinen!$AC$6,FALSE))=TRUE,0,VLOOKUP(AQ89,ltSchlepper,Maschinen!$AC$6,FALSE)*AS89))","v":0},0]
[null,21650,"*Maishäckseln 400 kW 6 reihig","ha",null,150,null,null,68.069199999999995,68.069199999999995,81.930800000000005,0.1,6.8069199999999999,0.20420759999999999,0.75,0.05,0.8,20,88.273407599999999,61.726592400000001,0,88.273407599999999,61.726592400000001,null,11315,{"$f":"IF(ISNA(VLOOKUP(Y90,ltSchlepper,2,FALSE))=TRUE,\"\",VLOOKUP(Y90,ltSchlepper,2,FALSE))","v":"*Feldhäcksler 400kW"},0.75,{"$f":"IF(ISNA(VLOOKUP(Y90,ltSchlepper,3,FALSE))=TRUE,\"\",VLOOKUP(Y90,ltSchlepper,3,FALSE))","v":"h"},0.79999999999999993,34.799999999999997,11318,{"$f":"IF(ISNA(VLOOKUP(AE90,ltSchlepper,2,FALSE))=TRUE,\"\",VLOOKUP(AE90,ltSchlepper,2,FALSE))","v":"*Maisgebiss 6-reihig"},1,{"$f":"IF(ISNA(VLOOKUP(AE90,ltSchlepper,3,FALSE))=TRUE,\"\",VLOOKUP(AE90,ltSchlepper,3,FALSE))","v":"ha"},1,0,null,{"$f":"IF(ISNA(VLOOKUP(AK90,ltSchlepper,2,FALSE))=TRUE,\"\",VLOOKUP(AK90,ltSchlepper,2,FALSE))","v":""},null,{"$f":"IF(ISNA(VLOOKUP(AK90,ltSchlepper,3,FALSE))=TRUE,\"\",VLOOKUP(AK90,ltSchlepper,3,FALSE))","v":""},null,0,null,{"$f":"IF(ISNA(VLOOKUP(AQ90,ltSchlepper,2,FALSE))=TRUE,\"\",VLOOKUP(AQ90,ltSchlepper,2,FALSE))","v":""},null,{"$f":"IF(ISNA(VLOOKUP(AQ90,ltSchlepper,3,FALSE))=TRUE,\"\",VLOOKUP(AQ90,ltSchlepper,3,FALSE))","v":""},null,0,34.799999999999997,34,0,0,33.059999999999995,1.0091999999999999,68.069199999999995,0,0,0,0,68.069199999999995,{"$f":"(IF(ISNA(VLOOKUP(Y90,ltSchlepper,Maschinen!$K$6,FALSE))=TRUE,0,VLOOKUP(Y90,ltSchlepper,Maschinen!$K$6,FALSE)*AA90))","v":24},{"$f":"(IF(ISNA(VLOOKUP(Y90,ltSchlepper,Maschinen!$L$6,FALSE))=TRUE,0,VLOOKUP(Y90,ltSchlepper,Maschinen!$L$6,FALSE)*AA90))","v":0},{"$f":"(IF(ISNA(VLOOKUP(Y90,ltSchlepper,Maschinen!$M$6,FALSE))=TRUE,0,VLOOKUP(Y90,ltSchlepper,Maschinen!$M$6,FALSE)*AA90))","v":0},{"$f":"(IF(ISNA(VLOOKUP(Y90,ltSchlepper,Maschinen!$N$6,FALSE))=TRUE,0,VLOOKUP(Y90,ltSchlepper,Maschinen!$N$6,FALSE)*AA90*IF(ISBLANK(AC90),1,AC90)))","v":34.799999999999997},{"$f":"(IF(ISNA(VLOOKUP(Y90,ltSchlepper,Maschinen!$O$6,FALSE))=TRUE,0,VLOOKUP(Y90,ltSchlepper,Maschinen!$O$6,FALSE)*AA90*IF(ISBLANK(AC90),1,AC90)))","v":33.059999999999995},{"$f":"(IF(ISNA(VLOOKUP(Y90,ltSchlepper,Maschinen!$P$6,FALSE))=TRUE,0,VLOOKUP(Y90,ltSchlepper,Maschinen!$P$6,FALSE)*AA90*IF(ISBLANK(AC90),1,AC90)))","v":1.0091999999999999},58.069199999999995,{"$f":"(IF(ISNA(VLOOKUP(AE90,ltSchlepper,Maschinen!$K$6,FALSE))=TRUE,0,VLOOKUP(AE90,ltSchlepper,Maschinen!$K$6,FALSE)*AG90))","v":10},{"$f":"(IF(ISNA(VLOOKUP(AE90,ltSchlepper,Maschinen!$L$6,FALSE))=TRUE,0,VLOOKUP(AE90,ltSchlepper,Maschinen!$L$6,FALSE)*AG90))","v":0},{"$f":"(IF(ISNA(VLOOKUP(AE90,ltSchlepper,Maschinen!$M$6,FALSE))=TRUE,0,VLOOKUP(AE90,ltSchlepper,Maschinen!$M$6,FALSE)*AG90))","v":0},{"$f":"(IF(ISNA(VLOOKUP(AE90,ltSchlepper,Maschinen!$N$6,FALSE))=TRUE,0,VLOOKUP(AE90,ltSchlepper,Maschinen!$N$6,FALSE)*AG90*IF(ISBLANK(AI90),1,AI90)))","v":0},{"$f":"(IF(ISNA(VLOOKUP(AE90,ltSchlepper,Maschinen!$O$6,FALSE))=TRUE,0,VLOOKUP(AE90,ltSchlepper,Maschinen!$O$6,FALSE)*AG90*IF(ISBLANK(AI90),1,AI90)))","v":0},{"$f":"(IF(ISNA(VLOOKUP(AE90,ltSchlepper,Maschinen!$P$6,FALSE))=TRUE,0,VLOOKUP(AE90,ltSchlepper,Maschinen!$P$6,FALSE)*AG90*IF(ISBLANK(AI90),1,AI90)))","v":0},10,{"$f":"(IF(ISNA(VLOOKUP(AK90,ltSchlepper,Maschinen!$K$6,FALSE))=TRUE,0,VLOOKUP(AK90,ltSchlepper,Maschinen!$K$6,FALSE)*AM90))","v":0},{"$f":"(IF(ISNA(VLOOKUP(AK90,ltSchlepper,Maschinen!$L$6,FALSE))=TRUE,0,VLOOKUP(AK90,ltSchlepper,Maschinen!$L$6,FALSE)*AM90))","v":0},{"$f":"(IF(ISNA(VLOOKUP(AK90,ltSchlepper,Maschinen!$M$6,FALSE))=TRUE,0,VLOOKUP(AK90,ltSchlepper,Maschinen!$M$6,FALSE)*AM90))","v":0},{"$f":"(IF(ISNA(VLOOKUP(AK90,ltSchlepper,Maschinen!$N$6,FALSE))=TRUE,0,VLOOKUP(AK90,ltSchlepper,Maschinen!$N$6,FALSE)*AM90*IF(ISBLANK(AO90),1,AO90)))","v":0},{"$f":"(IF(ISNA(VLOOKUP(AK90,ltSchlepper,Maschinen!$O$6,FALSE))=TRUE,0,VLOOKUP(AK90,ltSchlepper,Maschinen!$O$6,FALSE)*AM90*IF(ISBLANK(AO90),1,AO90)))","v":0},{"$f":"(IF(ISNA(VLOOKUP(AK90,ltSchlepper,Maschinen!$P$6,FALSE))=TRUE,0,VLOOKUP(AK90,ltSchlepper,Maschinen!$P$6,FALSE)*AM90*IF(ISBLANK(AO90),1,AO90)))","v":0},0,{"$f":"(IF(ISNA(VLOOKUP(AQ90,ltSchlepper,Maschinen!$K$6,FALSE))=TRUE,0,VLOOKUP(AQ90,ltSchlepper,Maschinen!$K$6,FALSE)*AS90))","v":0},{"$f":"(IF(ISNA(VLOOKUP(AQ90,ltSchlepper,Maschinen!$L$6,FALSE))=TRUE,0,VLOOKUP(AQ90,ltSchlepper,Maschinen!$L$6,FALSE)*AS90))","v":0},{"$f":"(IF(ISNA(VLOOKUP(AQ90,ltSchlepper,Maschinen!$M$6,FALSE))=TRUE,0,VLOOKUP(AQ90,ltSchlepper,Maschinen!$M$6,FALSE)*AS90))","v":0},{"$f":"(IF(ISNA(VLOOKUP(AQ90,ltSchlepper,Maschinen!$N$6,FALSE))=TRUE,0,VLOOKUP(AQ90,ltSchlepper,Maschinen!$N$6,FALSE)*AS90*IF(ISBLANK(AU90),1,AU90)))","v":0},{"$f":"(IF(ISNA(VLOOKUP(AQ90,ltSchlepper,Maschinen!$O$6,FALSE))=TRUE,0,VLOOKUP(AQ90,ltSchlepper,Maschinen!$O$6,FALSE)*AS90*IF(ISBLANK(AU90),1,AU90)))","v":0},{"$f":"(IF(ISNA(VLOOKUP(AQ90,ltSchlepper,Maschinen!$P$6,FALSE))=TRUE,0,VLOOKUP(AQ90,ltSchlepper,Maschinen!$P$6,FALSE)*AS90*IF(ISBLANK(AU90),1,AU90)))","v":0},0,{"$f":"(IF(ISNA(VLOOKUP(Y90,ltSchlepper,Maschinen!$AA$6,FALSE))=TRUE,0,VLOOKUP(Y90,ltSchlepper,Maschinen!$AA$6,FALSE)*AA90))","v":0},{"$f":"(IF(ISNA(VLOOKUP(Y90,ltSchlepper,Maschinen!$AB$6,FALSE))=TRUE,0,VLOOKUP(Y90,ltSchlepper,Maschinen!$AB$6,FALSE)*AA90))","v":0},{"$f":"(IF(ISNA(VLOOKUP(Y90,ltSchlepper,Maschinen!$AC$6,FALSE))=TRUE,0,VLOOKUP(Y90,ltSchlepper,Maschinen!$AC$6,FALSE)*AA90))","v":0},0,{"$f":"(IF(ISNA(VLOOKUP(AE90,ltSchlepper,Maschinen!$AA$6,FALSE))=TRUE,0,VLOOKUP(AE90,ltSchlepper,Maschinen!$AA$6,FALSE)*AG90))","v":0},{"$f":"(IF(ISNA(VLOOKUP(AE90,ltSchlepper,Maschinen!$AB$6,FALSE))=TRUE,0,VLOOKUP(AE90,ltSchlepper,Maschinen!$AB$6,FALSE)*AG90))","v":0},{"$f":"(IF(ISNA(VLOOKUP(AE90,ltSchlepper,Maschinen!$AC$6,FALSE))=TRUE,0,VLOOKUP(AE90,ltSchlepper,Maschinen!$AC$6,FALSE)*AG90))","v":0},0,{"$f":"(IF(ISNA(VLOOKUP(AK90,ltSchlepper,Maschinen!$AA$6,FALSE))=TRUE,0,VLOOKUP(AK90,ltSchlepper,Maschinen!$AA$6,FALSE)*AM90))","v":0},{"$f":"(IF(ISNA(VLOOKUP(AK90,ltSchlepper,Maschinen!$AB$6,FALSE))=TRUE,0,VLOOKUP(AK90,ltSchlepper,Maschinen!$AB$6,FALSE)*AM90))","v":0},{"$f":"(IF(ISNA(VLOOKUP(AK90,ltSchlepper,Maschinen!$AC$6,FALSE))=TRUE,0,VLOOKUP(AK90,ltSchlepper,Maschinen!$AC$6,FALSE)*AM90))","v":0},0,{"$f":"(IF(ISNA(VLOOKUP(AQ90,ltSchlepper,Maschinen!$AA$6,FALSE))=TRUE,0,VLOOKUP(AQ90,ltSchlepper,Maschinen!$AA$6,FALSE)*AS90))","v":0},{"$f":"(IF(ISNA(VLOOKUP(AQ90,ltSchlepper,Maschinen!$AB$6,FALSE))=TRUE,0,VLOOKUP(AQ90,ltSchlepper,Maschinen!$AB$6,FALSE)*AS90))","v":0},{"$f":"(IF(ISNA(VLOOKUP(AQ90,ltSchlepper,Maschinen!$AC$6,FALSE))=TRUE,0,VLOOKUP(AQ90,ltSchlepper,Maschinen!$AC$6,FALSE)*AS90))","v":0},0]
[null,21632,"*Grashäckseln 400 kW 3m Pickup","h","Trommelstunde",175,null,null,80.642399999999995,{"$f":"H91+I91","v":80.642399999999995},94.357600000000005,0.1,8.0642399999999999,0.24192719999999998,1.2,0.05,1.25,31.25,112.1343272,62.865672799999999,0,112.1343272,62.865672799999999,null,11315,"*Feldhäcksler 400kW",1,"h",0.70000000000000007,40.6,11320,"*Feldhäcksler Straßenfahrt",0.2,"h",1,5,11323,"*Pickup 3m",1,"h",1,0,null,"",null,"",null,0,45.6,36,0,0,43.32,1.3224,80.642399999999995,0,0,0,0,80.642399999999995,{"$f":"(IF(ISNA(VLOOKUP(Y91,ltSchlepper,Maschinen!$K$6,FALSE))=TRUE,0,VLOOKUP(Y91,ltSchlepper,Maschinen!$K$6,FALSE)*AA91))","v":32},{"$f":"(IF(ISNA(VLOOKUP(Y91,ltSchlepper,Maschinen!$L$6,FALSE))=TRUE,0,VLOOKUP(Y91,ltSchlepper,Maschinen!$L$6,FALSE)*AA91))","v":0},{"$f":"(IF(ISNA(VLOOKUP(Y91,ltSchlepper,Maschinen!$M$6,FALSE))=TRUE,0,VLOOKUP(Y91,ltSchlepper,Maschinen!$M$6,FALSE)*AA91))","v":0},{"$f":"(IF(ISNA(VLOOKUP(Y91,ltSchlepper,Maschinen!$N$6,FALSE))=TRUE,0,VLOOKUP(Y91,ltSchlepper,Maschinen!$N$6,FALSE)*AA91*IF(ISBLANK(AC91),1,AC91)))","v":40.6},{"$f":"(IF(ISNA(VLOOKUP(Y91,ltSchlepper,Maschinen!$O$6,FALSE))=TRUE,0,VLOOKUP(Y91,ltSchlepper,Maschinen!$O$6,FALSE)*AA91*IF(ISBLANK(AC91),1,AC91)))","v":38.57},{"$f":"(IF(ISNA(VLOOKUP(Y91,ltSchlepper,Maschinen!$P$6,FALSE))=TRUE,0,VLOOKUP(Y91,ltSchlepper,Maschinen!$P$6,FALSE)*AA91*IF(ISBLANK(AC91),1,AC91)))","v":1.1774},71.747399999999999,{"$f":"(IF(ISNA(VLOOKUP(AE91,ltSchlepper,Maschinen!$K$6,FALSE))=TRUE,0,VLOOKUP(AE91,ltSchlepper,Maschinen!$K$6,FALSE)*AG91))","v":2},{"$f":"(IF(ISNA(VLOOKUP(AE91,ltSchlepper,Maschinen!$L$6,FALSE))=TRUE,0,VLOOKUP(AE91,ltSchlepper,Maschinen!$L$6,FALSE)*AG91))","v":0},{"$f":"(IF(ISNA(VLOOKUP(AE91,ltSchlepper,Maschinen!$M$6,FALSE))=TRUE,0,VLOOKUP(AE91,ltSchlepper,Maschinen!$M$6,FALSE)*AG91))","v":0},{"$f":"(IF(ISNA(VLOOKUP(AE91,ltSchlepper,Maschinen!$N$6,FALSE))=TRUE,0,VLOOKUP(AE91,ltSchlepper,Maschinen!$N$6,FALSE)*AG91*IF(ISBLANK(AI91),1,AI91)))","v":5},{"$f":"(IF(ISNA(VLOOKUP(AE91,ltSchlepper,Maschinen!$O$6,FALSE))=TRUE,0,VLOOKUP(AE91,ltSchlepper,Maschinen!$O$6,FALSE)*AG91*IF(ISBLANK(AI91),1,AI91)))","v":4.75},{"$f":"(IF(ISNA(VLOOKUP(AE91,ltSchlepper,Maschinen!$P$6,FALSE))=TRUE,0,VLOOKUP(AE91,ltSchlepper,Maschinen!$P$6,FALSE)*AG91*IF(ISBLANK(AI91),1,AI91)))","v":0.14499999999999999},6.8949999999999996,{"$f":"(IF(ISNA(VLOOKUP(AK91,ltSchlepper,Maschinen!$K$6,FALSE))=TRUE,0,VLOOKUP(AK91,ltSchlepper,Maschinen!$K$6,FALSE)*AM91))","v":2},{"$f":"(IF(ISNA(VLOOKUP(AK91,ltSchlepper,Maschinen!$L$6,FALSE))=TRUE,0,VLOOKUP(AK91,ltSchlepper,Maschinen!$L$6,FALSE)*AM91))","v":0},{"$f":"(IF(ISNA(VLOOKUP(AK91,ltSchlepper,Maschinen!$M$6,FALSE))=TRUE,0,VLOOKUP(AK91,ltSchlepper,Maschinen!$M$6,FALSE)*AM91))","v":0},{"$f":"(IF(ISNA(VLOOKUP(AK91,ltSchlepper,Maschinen!$N$6,FALSE))=TRUE,0,VLOOKUP(AK91,ltSchlepper,Maschinen!$N$6,FALSE)*AM91*IF(ISBLANK(AO91),1,AO91)))","v":0},{"$f":"(IF(ISNA(VLOOKUP(AK91,ltSchlepper,Maschinen!$O$6,FALSE))=TRUE,0,VLOOKUP(AK91,ltSchlepper,Maschinen!$O$6,FALSE)*AM91*IF(ISBLANK(AO91),1,AO91)))","v":0},{"$f":"(IF(ISNA(VLOOKUP(AK91,ltSchlepper,Maschinen!$P$6,FALSE))=TRUE,0,VLOOKUP(AK91,ltSchlepper,Maschinen!$P$6,FALSE)*AM91*IF(ISBLANK(AO91),1,AO91)))","v":0},2,{"$f":"(IF(ISNA(VLOOKUP(AQ91,ltSchlepper,Maschinen!$K$6,FALSE))=TRUE,0,VLOOKUP(AQ91,ltSchlepper,Maschinen!$K$6,FALSE)*AS91))","v":0},{"$f":"(IF(ISNA(VLOOKUP(AQ91,ltSchlepper,Maschinen!$L$6,FALSE))=TRUE,0,VLOOKUP(AQ91,ltSchlepper,Maschinen!$L$6,FALSE)*AS91))","v":0},{"$f":"(IF(ISNA(VLOOKUP(AQ91,ltSchlepper,Maschinen!$M$6,FALSE))=TRUE,0,VLOOKUP(AQ91,ltSchlepper,Maschinen!$M$6,FALSE)*AS91))","v":0},{"$f":"(IF(ISNA(VLOOKUP(AQ91,ltSchlepper,Maschinen!$N$6,FALSE))=TRUE,0,VLOOKUP(AQ91,ltSchlepper,Maschinen!$N$6,FALSE)*AS91*IF(ISBLANK(AU91),1,AU91)))","v":0},{"$f":"(IF(ISNA(VLOOKUP(AQ91,ltSchlepper,Maschinen!$O$6,FALSE))=TRUE,0,VLOOKUP(AQ91,ltSchlepper,Maschinen!$O$6,FALSE)*AS91*IF(ISBLANK(AU91),1,AU91)))","v":0},{"$f":"(IF(ISNA(VLOOKUP(AQ91,ltSchlepper,Maschinen!$P$6,FALSE))=TRUE,0,VLOOKUP(AQ91,ltSchlepper,Maschinen!$P$6,FALSE)*AS91*IF(ISBLANK(AU91),1,AU91)))","v":0},0,{"$f":"(IF(ISNA(VLOOKUP(Y91,ltSchlepper,Maschinen!$AA$6,FALSE))=TRUE,0,VLOOKUP(Y91,ltSchlepper,Maschinen!$AA$6,FALSE)*AA91))","v":0},{"$f":"(IF(ISNA(VLOOKUP(Y91,ltSchlepper,Maschinen!$AB$6,FALSE))=TRUE,0,VLOOKUP(Y91,ltSchlepper,Maschinen!$AB$6,FALSE)*AA91))","v":0},{"$f":"(IF(ISNA(VLOOKUP(Y91,ltSchlepper,Maschinen!$AC$6,FALSE))=TRUE,0,VLOOKUP(Y91,ltSchlepper,Maschinen!$AC$6,FALSE)*AA91))","v":0},0,{"$f":"(IF(ISNA(VLOOKUP(AE91,ltSchlepper,Maschinen!$AA$6,FALSE))=TRUE,0,VLOOKUP(AE91,ltSchlepper,Maschinen!$AA$6,FALSE)*AG91))","v":0},{"$f":"(IF(ISNA(VLOOKUP(AE91,ltSchlepper,Maschinen!$AB$6,FALSE))=TRUE,0,VLOOKUP(AE91,ltSchlepper,Maschinen!$AB$6,FALSE)*AG91))","v":0},{"$f":"(IF(ISNA(VLOOKUP(AE91,ltSchlepper,Maschinen!$AC$6,FALSE))=TRUE,0,VLOOKUP(AE91,ltSchlepper,Maschinen!$AC$6,FALSE)*AG91))","v":0},0,{"$f":"(IF(ISNA(VLOOKUP(AK91,ltSchlepper,Maschinen!$AA$6,FALSE))=TRUE,0,VLOOKUP(AK91,ltSchlepper,Maschinen!$AA$6,FALSE)*AM91))","v":0},{"$f":"(IF(ISNA(VLOOKUP(AK91,ltSchlepper,Maschinen!$AB$6,FALSE))=TRUE,0,VLOOKUP(AK91,ltSchlepper,Maschinen!$AB$6,FALSE)*AM91))","v":0},{"$f":"(IF(ISNA(VLOOKUP(AK91,ltSchlepper,Maschinen!$AC$6,FALSE))=TRUE,0,VLOOKUP(AK91,ltSchlepper,Maschinen!$AC$6,FALSE)*AM91))","v":0},0,{"$f":"(IF(ISNA(VLOOKUP(AQ91,ltSchlepper,Maschinen!$AA$6,FALSE))=TRUE,0,VLOOKUP(AQ91,ltSchlepper,Maschinen!$AA$6,FALSE)*AS91))","v":0},{"$f":"(IF(ISNA(VLOOKUP(AQ91,ltSchlepper,Maschinen!$AB$6,FALSE))=TRUE,0,VLOOKUP(AQ91,ltSchlepper,Maschinen!$AB$6,FALSE)*AS91))","v":0},{"$f":"(IF(ISNA(VLOOKUP(AQ91,ltSchlepper,Maschinen!$AC$6,FALSE))=TRUE,0,VLOOKUP(AQ91,ltSchlepper,Maschinen!$AC$6,FALSE)*AS91))","v":0},0]
[null,21645,null,null,null,null,null,null,0,0,0,0.1,0,0,null,null,0,0,0,0,0,0,0,null,null,{"$f":"IF(ISNA(VLOOKUP(Y92,ltSchlepper,2,FALSE))=TRUE,\"\",VLOOKUP(Y92,ltSchlepper,2,FALSE))","v":""},null,{"$f":"IF(ISNA(VLOOKUP(Y92,ltSchlepper,3,FALSE))=TRUE,\"\",VLOOKUP(Y92,ltSchlepper,3,FALSE))","v":""},null,0,null,{"$f":"IF(ISNA(VLOOKUP(AE92,ltSchlepper,2,FALSE))=TRUE,\"\",VLOOKUP(AE92,ltSchlepper,2,FALSE))","v":""},null,{"$f":"IF(ISNA(VLOOKUP(AE92,ltSchlepper,3,FALSE))=TRUE,\"\",VLOOKUP(AE92,ltSchlepper,3,FALSE))","v":""},null,0,null,{"$f":"IF(ISNA(VLOOKUP(AK92,ltSchlepper,2,FALSE))=TRUE,\"\",VLOOKUP(AK92,ltSchlepper,2,FALSE))","v":""},null,{"$f":"IF(ISNA(VLOOKUP(AK92,ltSchlepper,3,FALSE))=TRUE,\"\",VLOOKUP(AK92,ltSchlepper,3,FALSE))","v":""},null,0,null,{"$f":"IF(ISNA(VLOOKUP(AQ92,ltSchlepper,2,FALSE))=TRUE,\"\",VLOOKUP(AQ92,ltSchlepper,2,FALSE))","v":""},null,{"$f":"IF(ISNA(VLOOKUP(AQ92,ltSchlepper,3,FALSE))=TRUE,\"\",VLOOKUP(AQ92,ltSchlepper,3,FALSE))","v":""},null,0,0,0,0,0,0,0,0,0,0,0,0,0,{"$f":"(IF(ISNA(VLOOKUP(Y92,ltSchlepper,Maschinen!$K$6,FALSE))=TRUE,0,VLOOKUP(Y92,ltSchlepper,Maschinen!$K$6,FALSE)*AA92))","v":0},{"$f":"(IF(ISNA(VLOOKUP(Y92,ltSchlepper,Maschinen!$L$6,FALSE))=TRUE,0,VLOOKUP(Y92,ltSchlepper,Maschinen!$L$6,FALSE)*AA92))","v":0},{"$f":"(IF(ISNA(VLOOKUP(Y92,ltSchlepper,Maschinen!$M$6,FALSE))=TRUE,0,VLOOKUP(Y92,ltSchlepper,Maschinen!$M$6,FALSE)*AA92))","v":0},{"$f":"(IF(ISNA(VLOOKUP(Y92,ltSchlepper,Maschinen!$N$6,FALSE))=TRUE,0,VLOOKUP(Y92,ltSchlepper,Maschinen!$N$6,FALSE)*AA92*IF(ISBLANK(AC92),1,AC92)))","v":0},{"$f":"(IF(ISNA(VLOOKUP(Y92,ltSchlepper,Maschinen!$O$6,FALSE))=TRUE,0,VLOOKUP(Y92,ltSchlepper,Maschinen!$O$6,FALSE)*AA92*IF(ISBLANK(AC92),1,AC92)))","v":0},{"$f":"(IF(ISNA(VLOOKUP(Y92,ltSchlepper,Maschinen!$P$6,FALSE))=TRUE,0,VLOOKUP(Y92,ltSchlepper,Maschinen!$P$6,FALSE)*AA92*IF(ISBLANK(AC92),1,AC92)))","v":0},0,{"$f":"(IF(ISNA(VLOOKUP(AE92,ltSchlepper,Maschinen!$K$6,FALSE))=TRUE,0,VLOOKUP(AE92,ltSchlepper,Maschinen!$K$6,FALSE)*AG92))","v":0},{"$f":"(IF(ISNA(VLOOKUP(AE92,ltSchlepper,Maschinen!$L$6,FALSE))=TRUE,0,VLOOKUP(AE92,ltSchlepper,Maschinen!$L$6,FALSE)*AG92))","v":0},{"$f":"(IF(ISNA(VLOOKUP(AE92,ltSchlepper,Maschinen!$M$6,FALSE))=TRUE,0,VLOOKUP(AE92,ltSchlepper,Maschinen!$M$6,FALSE)*AG92))","v":0},{"$f":"(IF(ISNA(VLOOKUP(AE92,ltSchlepper,Maschinen!$N$6,FALSE))=TRUE,0,VLOOKUP(AE92,ltSchlepper,Maschinen!$N$6,FALSE)*AG92*IF(ISBLANK(AI92),1,AI92)))","v":0},{"$f":"(IF(ISNA(VLOOKUP(AE92,ltSchlepper,Maschinen!$O$6,FALSE))=TRUE,0,VLOOKUP(AE92,ltSchlepper,Maschinen!$O$6,FALSE)*AG92*IF(ISBLANK(AI92),1,AI92)))","v":0},{"$f":"(IF(ISNA(VLOOKUP(AE92,ltSchlepper,Maschinen!$P$6,FALSE))=TRUE,0,VLOOKUP(AE92,ltSchlepper,Maschinen!$P$6,FALSE)*AG92*IF(ISBLANK(AI92),1,AI92)))","v":0},0,{"$f":"(IF(ISNA(VLOOKUP(AK92,ltSchlepper,Maschinen!$K$6,FALSE))=TRUE,0,VLOOKUP(AK92,ltSchlepper,Maschinen!$K$6,FALSE)*AM92))","v":0},{"$f":"(IF(ISNA(VLOOKUP(AK92,ltSchlepper,Maschinen!$L$6,FALSE))=TRUE,0,VLOOKUP(AK92,ltSchlepper,Maschinen!$L$6,FALSE)*AM92))","v":0},{"$f":"(IF(ISNA(VLOOKUP(AK92,ltSchlepper,Maschinen!$M$6,FALSE))=TRUE,0,VLOOKUP(AK92,ltSchlepper,Maschinen!$M$6,FALSE)*AM92))","v":0},{"$f":"(IF(ISNA(VLOOKUP(AK92,ltSchlepper,Maschinen!$N$6,FALSE))=TRUE,0,VLOOKUP(AK92,ltSchlepper,Maschinen!$N$6,FALSE)*AM92*IF(ISBLANK(AO92),1,AO92)))","v":0},{"$f":"(IF(ISNA(VLOOKUP(AK92,ltSchlepper,Maschinen!$O$6,FALSE))=TRUE,0,VLOOKUP(AK92,ltSchlepper,Maschinen!$O$6,FALSE)*AM92*IF(ISBLANK(AO92),1,AO92)))","v":0},{"$f":"(IF(ISNA(VLOOKUP(AK92,ltSchlepper,Maschinen!$P$6,FALSE))=TRUE,0,VLOOKUP(AK92,ltSchlepper,Maschinen!$P$6,FALSE)*AM92*IF(ISBLANK(AO92),1,AO92)))","v":0},0,{"$f":"(IF(ISNA(VLOOKUP(AQ92,ltSchlepper,Maschinen!$K$6,FALSE))=TRUE,0,VLOOKUP(AQ92,ltSchlepper,Maschinen!$K$6,FALSE)*AS92))","v":0},{"$f":"(IF(ISNA(VLOOKUP(AQ92,ltSchlepper,Maschinen!$L$6,FALSE))=TRUE,0,VLOOKUP(AQ92,ltSchlepper,Maschinen!$L$6,FALSE)*AS92))","v":0},{"$f":"(IF(ISNA(VLOOKUP(AQ92,ltSchlepper,Maschinen!$M$6,FALSE))=TRUE,0,VLOOKUP(AQ92,ltSchlepper,Maschinen!$M$6,FALSE)*AS92))","v":0},{"$f":"(IF(ISNA(VLOOKUP(AQ92,ltSchlepper,Maschinen!$N$6,FALSE))=TRUE,0,VLOOKUP(AQ92,ltSchlepper,Maschinen!$N$6,FALSE)*AS92*IF(ISBLANK(AU92),1,AU92)))","v":0},{"$f":"(IF(ISNA(VLOOKUP(AQ92,ltSchlepper,Maschinen!$O$6,FALSE))=TRUE,0,VLOOKUP(AQ92,ltSchlepper,Maschinen!$O$6,FALSE)*AS92*IF(ISBLANK(AU92),1,AU92)))","v":0},{"$f":"(IF(ISNA(VLOOKUP(AQ92,ltSchlepper,Maschinen!$P$6,FALSE))=TRUE,0,VLOOKUP(AQ92,ltSchlepper,Maschinen!$P$6,FALSE)*AS92*IF(ISBLANK(AU92),1,AU92)))","v":0},0,{"$f":"(IF(ISNA(VLOOKUP(Y92,ltSchlepper,Maschinen!$AA$6,FALSE))=TRUE,0,VLOOKUP(Y92,ltSchlepper,Maschinen!$AA$6,FALSE)*AA92))","v":0},{"$f":"(IF(ISNA(VLOOKUP(Y92,ltSchlepper,Maschinen!$AB$6,FALSE))=TRUE,0,VLOOKUP(Y92,ltSchlepper,Maschinen!$AB$6,FALSE)*AA92))","v":0},{"$f":"(IF(ISNA(VLOOKUP(Y92,ltSchlepper,Maschinen!$AC$6,FALSE))=TRUE,0,VLOOKUP(Y92,ltSchlepper,Maschinen!$AC$6,FALSE)*AA92))","v":0},0,{"$f":"(IF(ISNA(VLOOKUP(AE92,ltSchlepper,Maschinen!$AA$6,FALSE))=TRUE,0,VLOOKUP(AE92,ltSchlepper,Maschinen!$AA$6,FALSE)*AG92))","v":0},{"$f":"(IF(ISNA(VLOOKUP(AE92,ltSchlepper,Maschinen!$AB$6,FALSE))=TRUE,0,VLOOKUP(AE92,ltSchlepper,Maschinen!$AB$6,FALSE)*AG92))","v":0},{"$f":"(IF(ISNA(VLOOKUP(AE92,ltSchlepper,Maschinen!$AC$6,FALSE))=TRUE,0,VLOOKUP(AE92,ltSchlepper,Maschinen!$AC$6,FALSE)*AG92))","v":0},0,{"$f":"(IF(ISNA(VLOOKUP(AK92,ltSchlepper,Maschinen!$AA$6,FALSE))=TRUE,0,VLOOKUP(AK92,ltSchlepper,Maschinen!$AA$6,FALSE)*AM92))","v":0},{"$f":"(IF(ISNA(VLOOKUP(AK92,ltSchlepper,Maschinen!$AB$6,FALSE))=TRUE,0,VLOOKUP(AK92,ltSchlepper,Maschinen!$AB$6,FALSE)*AM92))","v":0},{"$f":"(IF(ISNA(VLOOKUP(AK92,ltSchlepper,Maschinen!$AC$6,FALSE))=TRUE,0,VLOOKUP(AK92,ltSchlepper,Maschinen!$AC$6,FALSE)*AM92))","v":0},0,{"$f":"(IF(ISNA(VLOOKUP(AQ92,ltSchlepper,Maschinen!$AA$6,FALSE))=TRUE,0,VLOOKUP(AQ92,ltSchlepper,Maschinen!$AA$6,FALSE)*AS92))","v":0},{"$f":"(IF(ISNA(VLOOKUP(AQ92,ltSchlepper,Maschinen!$AB$6,FALSE))=TRUE,0,VLOOKUP(AQ92,ltSchlepper,Maschinen!$AB$6,FALSE)*AS92))","v":0},{"$f":"(IF(ISNA(VLOOKUP(AQ92,ltSchlepper,Maschinen!$AC$6,FALSE))=TRUE,0,VLOOKUP(AQ92,ltSchlepper,Maschinen!$AC$6,FALSE)*AS92))","v":0},0]
[null,21621,null,null,null,null,null,null,0,0,0,0.1,0,0,null,null,0,0,0,0,0,0,0,null,null,"",null,"",null,0,null,"",null,"",null,0,null,"",null,"",null,0,null,"",null,"",null,0,0,0,0,0,0,0,0,0,0,0,0,0,{"$f":"(IF(ISNA(VLOOKUP(Y93,ltSchlepper,Maschinen!$K$6,FALSE))=TRUE,0,VLOOKUP(Y93,ltSchlepper,Maschinen!$K$6,FALSE)*AA93))","v":0},{"$f":"(IF(ISNA(VLOOKUP(Y93,ltSchlepper,Maschinen!$L$6,FALSE))=TRUE,0,VLOOKUP(Y93,ltSchlepper,Maschinen!$L$6,FALSE)*AA93))","v":0},{"$f":"(IF(ISNA(VLOOKUP(Y93,ltSchlepper,Maschinen!$M$6,FALSE))=TRUE,0,VLOOKUP(Y93,ltSchlepper,Maschinen!$M$6,FALSE)*AA93))","v":0},{"$f":"(IF(ISNA(VLOOKUP(Y93,ltSchlepper,Maschinen!$N$6,FALSE))=TRUE,0,VLOOKUP(Y93,ltSchlepper,Maschinen!$N$6,FALSE)*AA93*IF(ISBLANK(AC93),1,AC93)))","v":0},{"$f":"(IF(ISNA(VLOOKUP(Y93,ltSchlepper,Maschinen!$O$6,FALSE))=TRUE,0,VLOOKUP(Y93,ltSchlepper,Maschinen!$O$6,FALSE)*AA93*IF(ISBLANK(AC93),1,AC93)))","v":0},{"$f":"(IF(ISNA(VLOOKUP(Y93,ltSchlepper,Maschinen!$P$6,FALSE))=TRUE,0,VLOOKUP(Y93,ltSchlepper,Maschinen!$P$6,FALSE)*AA93*IF(ISBLANK(AC93),1,AC93)))","v":0},0,{"$f":"(IF(ISNA(VLOOKUP(AE93,ltSchlepper,Maschinen!$K$6,FALSE))=TRUE,0,VLOOKUP(AE93,ltSchlepper,Maschinen!$K$6,FALSE)*AG93))","v":0},{"$f":"(IF(ISNA(VLOOKUP(AE93,ltSchlepper,Maschinen!$L$6,FALSE))=TRUE,0,VLOOKUP(AE93,ltSchlepper,Maschinen!$L$6,FALSE)*AG93))","v":0},{"$f":"(IF(ISNA(VLOOKUP(AE93,ltSchlepper,Maschinen!$M$6,FALSE))=TRUE,0,VLOOKUP(AE93,ltSchlepper,Maschinen!$M$6,FALSE)*AG93))","v":0},{"$f":"(IF(ISNA(VLOOKUP(AE93,ltSchlepper,Maschinen!$N$6,FALSE))=TRUE,0,VLOOKUP(AE93,ltSchlepper,Maschinen!$N$6,FALSE)*AG93*IF(ISBLANK(AI93),1,AI93)))","v":0},{"$f":"(IF(ISNA(VLOOKUP(AE93,ltSchlepper,Maschinen!$O$6,FALSE))=TRUE,0,VLOOKUP(AE93,ltSchlepper,Maschinen!$O$6,FALSE)*AG93*IF(ISBLANK(AI93),1,AI93)))","v":0},{"$f":"(IF(ISNA(VLOOKUP(AE93,ltSchlepper,Maschinen!$P$6,FALSE))=TRUE,0,VLOOKUP(AE93,ltSchlepper,Maschinen!$P$6,FALSE)*AG93*IF(ISBLANK(AI93),1,AI93)))","v":0},0,{"$f":"(IF(ISNA(VLOOKUP(AK93,ltSchlepper,Maschinen!$K$6,FALSE))=TRUE,0,VLOOKUP(AK93,ltSchlepper,Maschinen!$K$6,FALSE)*AM93))","v":0},{"$f":"(IF(ISNA(VLOOKUP(AK93,ltSchlepper,Maschinen!$L$6,FALSE))=TRUE,0,VLOOKUP(AK93,ltSchlepper,Maschinen!$L$6,FALSE)*AM93))","v":0},{"$f":"(IF(ISNA(VLOOKUP(AK93,ltSchlepper,Maschinen!$M$6,FALSE))=TRUE,0,VLOOKUP(AK93,ltSchlepper,Maschinen!$M$6,FALSE)*AM93))","v":0},{"$f":"(IF(ISNA(VLOOKUP(AK93,ltSchlepper,Maschinen!$N$6,FALSE))=TRUE,0,VLOOKUP(AK93,ltSchlepper,Maschinen!$N$6,FALSE)*AM93*IF(ISBLANK(AO93),1,AO93)))","v":0},{"$f":"(IF(ISNA(VLOOKUP(AK93,ltSchlepper,Maschinen!$O$6,FALSE))=TRUE,0,VLOOKUP(AK93,ltSchlepper,Maschinen!$O$6,FALSE)*AM93*IF(ISBLANK(AO93),1,AO93)))","v":0},{"$f":"(IF(ISNA(VLOOKUP(AK93,ltSchlepper,Maschinen!$P$6,FALSE))=TRUE,0,VLOOKUP(AK93,ltSchlepper,Maschinen!$P$6,FALSE)*AM93*IF(ISBLANK(AO93),1,AO93)))","v":0},0,{"$f":"(IF(ISNA(VLOOKUP(AQ93,ltSchlepper,Maschinen!$K$6,FALSE))=TRUE,0,VLOOKUP(AQ93,ltSchlepper,Maschinen!$K$6,FALSE)*AS93))","v":0},{"$f":"(IF(ISNA(VLOOKUP(AQ93,ltSchlepper,Maschinen!$L$6,FALSE))=TRUE,0,VLOOKUP(AQ93,ltSchlepper,Maschinen!$L$6,FALSE)*AS93))","v":0},{"$f":"(IF(ISNA(VLOOKUP(AQ93,ltSchlepper,Maschinen!$M$6,FALSE))=TRUE,0,VLOOKUP(AQ93,ltSchlepper,Maschinen!$M$6,FALSE)*AS93))","v":0},{"$f":"(IF(ISNA(VLOOKUP(AQ93,ltSchlepper,Maschinen!$N$6,FALSE))=TRUE,0,VLOOKUP(AQ93,ltSchlepper,Maschinen!$N$6,FALSE)*AS93*IF(ISBLANK(AU93),1,AU93)))","v":0},{"$f":"(IF(ISNA(VLOOKUP(AQ93,ltSchlepper,Maschinen!$O$6,FALSE))=TRUE,0,VLOOKUP(AQ93,ltSchlepper,Maschinen!$O$6,FALSE)*AS93*IF(ISBLANK(AU93),1,AU93)))","v":0},{"$f":"(IF(ISNA(VLOOKUP(AQ93,ltSchlepper,Maschinen!$P$6,FALSE))=TRUE,0,VLOOKUP(AQ93,ltSchlepper,Maschinen!$P$6,FALSE)*AS93*IF(ISBLANK(AU93),1,AU93)))","v":0},0,{"$f":"(IF(ISNA(VLOOKUP(Y93,ltSchlepper,Maschinen!$AA$6,FALSE))=TRUE,0,VLOOKUP(Y93,ltSchlepper,Maschinen!$AA$6,FALSE)*AA93))","v":0},{"$f":"(IF(ISNA(VLOOKUP(Y93,ltSchlepper,Maschinen!$AB$6,FALSE))=TRUE,0,VLOOKUP(Y93,ltSchlepper,Maschinen!$AB$6,FALSE)*AA93))","v":0},{"$f":"(IF(ISNA(VLOOKUP(Y93,ltSchlepper,Maschinen!$AC$6,FALSE))=TRUE,0,VLOOKUP(Y93,ltSchlepper,Maschinen!$AC$6,FALSE)*AA93))","v":0},0,{"$f":"(IF(ISNA(VLOOKUP(AE93,ltSchlepper,Maschinen!$AA$6,FALSE))=TRUE,0,VLOOKUP(AE93,ltSchlepper,Maschinen!$AA$6,FALSE)*AG93))","v":0},{"$f":"(IF(ISNA(VLOOKUP(AE93,ltSchlepper,Maschinen!$AB$6,FALSE))=TRUE,0,VLOOKUP(AE93,ltSchlepper,Maschinen!$AB$6,FALSE)*AG93))","v":0},{"$f":"(IF(ISNA(VLOOKUP(AE93,ltSchlepper,Maschinen!$AC$6,FALSE))=TRUE,0,VLOOKUP(AE93,ltSchlepper,Maschinen!$AC$6,FALSE)*AG93))","v":0},0,{"$f":"(IF(ISNA(VLOOKUP(AK93,ltSchlepper,Maschinen!$AA$6,FALSE))=TRUE,0,VLOOKUP(AK93,ltSchlepper,Maschinen!$AA$6,FALSE)*AM93))","v":0},{"$f":"(IF(ISNA(VLOOKUP(AK93,ltSchlepper,Maschinen!$AB$6,FALSE))=TRUE,0,VLOOKUP(AK93,ltSchlepper,Maschinen!$AB$6,FALSE)*AM93))","v":0},{"$f":"(IF(ISNA(VLOOKUP(AK93,ltSchlepper,Maschinen!$AC$6,FALSE))=TRUE,0,VLOOKUP(AK93,ltSchlepper,Maschinen!$AC$6,FALSE)*AM93))","v":0},0,{"$f":"(IF(ISNA(VLOOKUP(AQ93,ltSchlepper,Maschinen!$AA$6,FALSE))=TRUE,0,VLOOKUP(AQ93,ltSchlepper,Maschinen!$AA$6,FALSE)*AS93))","v":0},{"$f":"(IF(ISNA(VLOOKUP(AQ93,ltSchlepper,Maschinen!$AB$6,FALSE))=TRUE,0,VLOOKUP(AQ93,ltSchlepper,Maschinen!$AB$6,FALSE)*AS93))","v":0},{"$f":"(IF(ISNA(VLOOKUP(AQ93,ltSchlepper,Maschinen!$AC$6,FALSE))=TRUE,0,VLOOKUP(AQ93,ltSchlepper,Maschinen!$AC$6,FALSE)*AS93))","v":0},0]
[null,21646,null,null,null,null,null,null,0,0,0,0.1,0,0,null,null,0,{"$f":"Q94*Lohnanspruch","v":0},0,0,0,0,0,null,null,{"$f":"IF(ISNA(VLOOKUP(Y94,ltSchlepper,2,FALSE))=TRUE,\"\",VLOOKUP(Y94,ltSchlepper,2,FALSE))","v":""},null,{"$f":"IF(ISNA(VLOOKUP(Y94,ltSchlepper,3,FALSE))=TRUE,\"\",VLOOKUP(Y94,ltSchlepper,3,FALSE))","v":""},null,0,null,{"$f":"IF(ISNA(VLOOKUP(AE94,ltSchlepper,2,FALSE))=TRUE,\"\",VLOOKUP(AE94,ltSchlepper,2,FALSE))","v":""},null,{"$f":"IF(ISNA(VLOOKUP(AE94,ltSchlepper,3,FALSE))=TRUE,\"\",VLOOKUP(AE94,ltSchlepper,3,FALSE))","v":""},null,0,null,{"$f":"IF(ISNA(VLOOKUP(AK94,ltSchlepper,2,FALSE))=TRUE,\"\",VLOOKUP(AK94,ltSchlepper,2,FALSE))","v":""},null,{"$f":"IF(ISNA(VLOOKUP(AK94,ltSchlepper,3,FALSE))=TRUE,\"\",VLOOKUP(AK94,ltSchlepper,3,FALSE))","v":""},null,0,null,{"$f":"IF(ISNA(VLOOKUP(AQ94,ltSchlepper,2,FALSE))=TRUE,\"\",VLOOKUP(AQ94,ltSchlepper,2,FALSE))","v":""},null,{"$f":"IF(ISNA(VLOOKUP(AQ94,ltSchlepper,3,FALSE))=TRUE,\"\",VLOOKUP(AQ94,ltSchlepper,3,FALSE))","v":""},null,0,0,0,0,0,0,0,0,0,0,0,0,0,{"$f":"(IF(ISNA(VLOOKUP(Y94,ltSchlepper,Maschinen!$K$6,FALSE))=TRUE,0,VLOOKUP(Y94,ltSchlepper,Maschinen!$K$6,FALSE)*AA94))","v":0},{"$f":"(IF(ISNA(VLOOKUP(Y94,ltSchlepper,Maschinen!$L$6,FALSE))=TRUE,0,VLOOKUP(Y94,ltSchlepper,Maschinen!$L$6,FALSE)*AA94))","v":0},{"$f":"(IF(ISNA(VLOOKUP(Y94,ltSchlepper,Maschinen!$M$6,FALSE))=TRUE,0,VLOOKUP(Y94,ltSchlepper,Maschinen!$M$6,FALSE)*AA94))","v":0},{"$f":"(IF(ISNA(VLOOKUP(Y94,ltSchlepper,Maschinen!$N$6,FALSE))=TRUE,0,VLOOKUP(Y94,ltSchlepper,Maschinen!$N$6,FALSE)*AA94*IF(ISBLANK(AC94),1,AC94)))","v":0},{"$f":"(IF(ISNA(VLOOKUP(Y94,ltSchlepper,Maschinen!$O$6,FALSE))=TRUE,0,VLOOKUP(Y94,ltSchlepper,Maschinen!$O$6,FALSE)*AA94*IF(ISBLANK(AC94),1,AC94)))","v":0},{"$f":"(IF(ISNA(VLOOKUP(Y94,ltSchlepper,Maschinen!$P$6,FALSE))=TRUE,0,VLOOKUP(Y94,ltSchlepper,Maschinen!$P$6,FALSE)*AA94*IF(ISBLANK(AC94),1,AC94)))","v":0},0,{"$f":"(IF(ISNA(VLOOKUP(AE94,ltSchlepper,Maschinen!$K$6,FALSE))=TRUE,0,VLOOKUP(AE94,ltSchlepper,Maschinen!$K$6,FALSE)*AG94))","v":0},{"$f":"(IF(ISNA(VLOOKUP(AE94,ltSchlepper,Maschinen!$L$6,FALSE))=TRUE,0,VLOOKUP(AE94,ltSchlepper,Maschinen!$L$6,FALSE)*AG94))","v":0},{"$f":"(IF(ISNA(VLOOKUP(AE94,ltSchlepper,Maschinen!$M$6,FALSE))=TRUE,0,VLOOKUP(AE94,ltSchlepper,Maschinen!$M$6,FALSE)*AG94))","v":0},{"$f":"(IF(ISNA(VLOOKUP(AE94,ltSchlepper,Maschinen!$N$6,FALSE))=TRUE,0,VLOOKUP(AE94,ltSchlepper,Maschinen!$N$6,FALSE)*AG94*IF(ISBLANK(AI94),1,AI94)))","v":0},{"$f":"(IF(ISNA(VLOOKUP(AE94,ltSchlepper,Maschinen!$O$6,FALSE))=TRUE,0,VLOOKUP(AE94,ltSchlepper,Maschinen!$O$6,FALSE)*AG94*IF(ISBLANK(AI94),1,AI94)))","v":0},{"$f":"(IF(ISNA(VLOOKUP(AE94,ltSchlepper,Maschinen!$P$6,FALSE))=TRUE,0,VLOOKUP(AE94,ltSchlepper,Maschinen!$P$6,FALSE)*AG94*IF(ISBLANK(AI94),1,AI94)))","v":0},0,{"$f":"(IF(ISNA(VLOOKUP(AK94,ltSchlepper,Maschinen!$K$6,FALSE))=TRUE,0,VLOOKUP(AK94,ltSchlepper,Maschinen!$K$6,FALSE)*AM94))","v":0},{"$f":"(IF(ISNA(VLOOKUP(AK94,ltSchlepper,Maschinen!$L$6,FALSE))=TRUE,0,VLOOKUP(AK94,ltSchlepper,Maschinen!$L$6,FALSE)*AM94))","v":0},{"$f":"(IF(ISNA(VLOOKUP(AK94,ltSchlepper,Maschinen!$M$6,FALSE))=TRUE,0,VLOOKUP(AK94,ltSchlepper,Maschinen!$M$6,FALSE)*AM94))","v":0},{"$f":"(IF(ISNA(VLOOKUP(AK94,ltSchlepper,Maschinen!$N$6,FALSE))=TRUE,0,VLOOKUP(AK94,ltSchlepper,Maschinen!$N$6,FALSE)*AM94*IF(ISBLANK(AO94),1,AO94)))","v":0},{"$f":"(IF(ISNA(VLOOKUP(AK94,ltSchlepper,Maschinen!$O$6,FALSE))=TRUE,0,VLOOKUP(AK94,ltSchlepper,Maschinen!$O$6,FALSE)*AM94*IF(ISBLANK(AO94),1,AO94)))","v":0},{"$f":"(IF(ISNA(VLOOKUP(AK94,ltSchlepper,Maschinen!$P$6,FALSE))=TRUE,0,VLOOKUP(AK94,ltSchlepper,Maschinen!$P$6,FALSE)*AM94*IF(ISBLANK(AO94),1,AO94)))","v":0},0,{"$f":"(IF(ISNA(VLOOKUP(AQ94,ltSchlepper,Maschinen!$K$6,FALSE))=TRUE,0,VLOOKUP(AQ94,ltSchlepper,Maschinen!$K$6,FALSE)*AS94))","v":0},{"$f":"(IF(ISNA(VLOOKUP(AQ94,ltSchlepper,Maschinen!$L$6,FALSE))=TRUE,0,VLOOKUP(AQ94,ltSchlepper,Maschinen!$L$6,FALSE)*AS94))","v":0},{"$f":"(IF(ISNA(VLOOKUP(AQ94,ltSchlepper,Maschinen!$M$6,FALSE))=TRUE,0,VLOOKUP(AQ94,ltSchlepper,Maschinen!$M$6,FALSE)*AS94))","v":0},{"$f":"(IF(ISNA(VLOOKUP(AQ94,ltSchlepper,Maschinen!$N$6,FALSE))=TRUE,0,VLOOKUP(AQ94,ltSchlepper,Maschinen!$N$6,FALSE)*AS94*IF(ISBLANK(AU94),1,AU94)))","v":0},{"$f":"(IF(ISNA(VLOOKUP(AQ94,ltSchlepper,Maschinen!$O$6,FALSE))=TRUE,0,VLOOKUP(AQ94,ltSchlepper,Maschinen!$O$6,FALSE)*AS94*IF(ISBLANK(AU94),1,AU94)))","v":0},{"$f":"(IF(ISNA(VLOOKUP(AQ94,ltSchlepper,Maschinen!$P$6,FALSE))=TRUE,0,VLOOKUP(AQ94,ltSchlepper,Maschinen!$P$6,FALSE)*AS94*IF(ISBLANK(AU94),1,AU94)))","v":0},0,{"$f":"(IF(ISNA(VLOOKUP(Y94,ltSchlepper,Maschinen!$AA$6,FALSE))=TRUE,0,VLOOKUP(Y94,ltSchlepper,Maschinen!$AA$6,FALSE)*AA94))","v":0},{"$f":"(IF(ISNA(VLOOKUP(Y94,ltSchlepper,Maschinen!$AB$6,FALSE))=TRUE,0,VLOOKUP(Y94,ltSchlepper,Maschinen!$AB$6,FALSE)*AA94))","v":0},{"$f":"(IF(ISNA(VLOOKUP(Y94,ltSchlepper,Maschinen!$AC$6,FALSE))=TRUE,0,VLOOKUP(Y94,ltSchlepper,Maschinen!$AC$6,FALSE)*AA94))","v":0},0,{"$f":"(IF(ISNA(VLOOKUP(AE94,ltSchlepper,Maschinen!$AA$6,FALSE))=TRUE,0,VLOOKUP(AE94,ltSchlepper,Maschinen!$AA$6,FALSE)*AG94))","v":0},{"$f":"(IF(ISNA(VLOOKUP(AE94,ltSchlepper,Maschinen!$AB$6,FALSE))=TRUE,0,VLOOKUP(AE94,ltSchlepper,Maschinen!$AB$6,FALSE)*AG94))","v":0},{"$f":"(IF(ISNA(VLOOKUP(AE94,ltSchlepper,Maschinen!$AC$6,FALSE))=TRUE,0,VLOOKUP(AE94,ltSchlepper,Maschinen!$AC$6,FALSE)*AG94))","v":0},0,{"$f":"(IF(ISNA(VLOOKUP(AK94,ltSchlepper,Maschinen!$AA$6,FALSE))=TRUE,0,VLOOKUP(AK94,ltSchlepper,Maschinen!$AA$6,FALSE)*AM94))","v":0},{"$f":"(IF(ISNA(VLOOKUP(AK94,ltSchlepper,Maschinen!$AB$6,FALSE))=TRUE,0,VLOOKUP(AK94,ltSchlepper,Maschinen!$AB$6,FALSE)*AM94))","v":0},{"$f":"(IF(ISNA(VLOOKUP(AK94,ltSchlepper,Maschinen!$AC$6,FALSE))=TRUE,0,VLOOKUP(AK94,ltSchlepper,Maschinen!$AC$6,FALSE)*AM94))","v":0},0,{"$f":"(IF(ISNA(VLOOKUP(AQ94,ltSchlepper,Maschinen!$AA$6,FALSE))=TRUE,0,VLOOKUP(AQ94,ltSchlepper,Maschinen!$AA$6,FALSE)*AS94))","v":0},{"$f":"(IF(ISNA(VLOOKUP(AQ94,ltSchlepper,Maschinen!$AB$6,FALSE))=TRUE,0,VLOOKUP(AQ94,ltSchlepper,Maschinen!$AB$6,FALSE)*AS94))","v":0},{"$f":"(IF(ISNA(VLOOKUP(AQ94,ltSchlepper,Maschinen!$AC$6,FALSE))=TRUE,0,VLOOKUP(AQ94,ltSchlepper,Maschinen!$AC$6,FALSE)*AS94))","v":0},0]
[null,21612,null,null,null,null,null,null,0,0,0,0.1,0,0,null,null,0,0,0,0,0,0,0,null,null,"",null,"",null,0,null,"",null,"",null,0,null,"",null,"",null,{"$f":"IF(ISNA(VLOOKUP(AK95,ltSchlepper,SchKraftstoffVerb,FALSE))=TRUE,0,VLOOKUP(AK95,ltSchlepper,SchKraftstoffVerb,FALSE)*IF(ISBLANK(AO95),1,AO95)*AM95)","v":0},null,"",null,"",null,{"$f":"IF(ISNA(VLOOKUP(AQ95,ltSchlepper,SchKraftstoffVerb,FALSE))=TRUE,0,VLOOKUP(AQ95,ltSchlepper,SchKraftstoffVerb,FALSE)*IF(ISBLANK(AU95),1,AU95)*AS95)","v":0},0,{"$f":"BI95+BP95+BW95+CD95","v":0},0,0,0,0,0,{"$f":"CK95+CO95+CS95+CW95","v":0},0,0,0,0,{"$f":"(IF(ISNA(VLOOKUP(Y95,ltSchlepper,Maschinen!$K$6,FALSE))=TRUE,0,VLOOKUP(Y95,ltSchlepper,Maschinen!$K$6,FALSE)*AA95))","v":0},{"$f":"(IF(ISNA(VLOOKUP(Y95,ltSchlepper,Maschinen!$L$6,FALSE))=TRUE,0,VLOOKUP(Y95,ltSchlepper,Maschinen!$L$6,FALSE)*AA95))","v":0},{"$f":"(IF(ISNA(VLOOKUP(Y95,ltSchlepper,Maschinen!$M$6,FALSE))=TRUE,0,VLOOKUP(Y95,ltSchlepper,Maschinen!$M$6,FALSE)*AA95))","v":0},{"$f":"(IF(ISNA(VLOOKUP(Y95,ltSchlepper,Maschinen!$N$6,FALSE))=TRUE,0,VLOOKUP(Y95,ltSchlepper,Maschinen!$N$6,FALSE)*AA95*IF(ISBLANK(AC95),1,AC95)))","v":0},{"$f":"(IF(ISNA(VLOOKUP(Y95,ltSchlepper,Maschinen!$O$6,FALSE))=TRUE,0,VLOOKUP(Y95,ltSchlepper,Maschinen!$O$6,FALSE)*AA95*IF(ISBLANK(AC95),1,AC95)))","v":0},{"$f":"(IF(ISNA(VLOOKUP(Y95,ltSchlepper,Maschinen!$P$6,FALSE))=TRUE,0,VLOOKUP(Y95,ltSchlepper,Maschinen!$P$6,FALSE)*AA95*IF(ISBLANK(AC95),1,AC95)))","v":0},0,{"$f":"(IF(ISNA(VLOOKUP(AE95,ltSchlepper,Maschinen!$K$6,FALSE))=TRUE,0,VLOOKUP(AE95,ltSchlepper,Maschinen!$K$6,FALSE)*AG95))","v":0},{"$f":"(IF(ISNA(VLOOKUP(AE95,ltSchlepper,Maschinen!$L$6,FALSE))=TRUE,0,VLOOKUP(AE95,ltSchlepper,Maschinen!$L$6,FALSE)*AG95))","v":0},{"$f":"(IF(ISNA(VLOOKUP(AE95,ltSchlepper,Maschinen!$M$6,FALSE))=TRUE,0,VLOOKUP(AE95,ltSchlepper,Maschinen!$M$6,FALSE)*AG95))","v":0},{"$f":"(IF(ISNA(VLOOKUP(AE95,ltSchlepper,Maschinen!$N$6,FALSE))=TRUE,0,VLOOKUP(AE95,ltSchlepper,Maschinen!$N$6,FALSE)*AG95*IF(ISBLANK(AI95),1,AI95)))","v":0},{"$f":"(IF(ISNA(VLOOKUP(AE95,ltSchlepper,Maschinen!$O$6,FALSE))=TRUE,0,VLOOKUP(AE95,ltSchlepper,Maschinen!$O$6,FALSE)*AG95*IF(ISBLANK(AI95),1,AI95)))","v":0},{"$f":"(IF(ISNA(VLOOKUP(AE95,ltSchlepper,Maschinen!$P$6,FALSE))=TRUE,0,VLOOKUP(AE95,ltSchlepper,Maschinen!$P$6,FALSE)*AG95*IF(ISBLANK(AI95),1,AI95)))","v":0},0,{"$f":"(IF(ISNA(VLOOKUP(AK95,ltSchlepper,Maschinen!$K$6,FALSE))=TRUE,0,VLOOKUP(AK95,ltSchlepper,Maschinen!$K$6,FALSE)*AM95))","v":0},{"$f":"(IF(ISNA(VLOOKUP(AK95,ltSchlepper,Maschinen!$L$6,FALSE))=TRUE,0,VLOOKUP(AK95,ltSchlepper,Maschinen!$L$6,FALSE)*AM95))","v":0},{"$f":"(IF(ISNA(VLOOKUP(AK95,ltSchlepper,Maschinen!$M$6,FALSE))=TRUE,0,VLOOKUP(AK95,ltSchlepper,Maschinen!$M$6,FALSE)*AM95))","v":0},{"$f":"(IF(ISNA(VLOOKUP(AK95,ltSchlepper,Maschinen!$N$6,FALSE))=TRUE,0,VLOOKUP(AK95,ltSchlepper,Maschinen!$N$6,FALSE)*AM95*IF(ISBLANK(AO95),1,AO95)))","v":0},{"$f":"(IF(ISNA(VLOOKUP(AK95,ltSchlepper,Maschinen!$O$6,FALSE))=TRUE,0,VLOOKUP(AK95,ltSchlepper,Maschinen!$O$6,FALSE)*AM95*IF(ISBLANK(AO95),1,AO95)))","v":0},{"$f":"(IF(ISNA(VLOOKUP(AK95,ltSchlepper,Maschinen!$P$6,FALSE))=TRUE,0,VLOOKUP(AK95,ltSchlepper,Maschinen!$P$6,FALSE)*AM95*IF(ISBLANK(AO95),1,AO95)))","v":0},0,{"$f":"(IF(ISNA(VLOOKUP(AQ95,ltSchlepper,Maschinen!$K$6,FALSE))=TRUE,0,VLOOKUP(AQ95,ltSchlepper,Maschinen!$K$6,FALSE)*AS95))","v":0},{"$f":"(IF(ISNA(VLOOKUP(AQ95,ltSchlepper,Maschinen!$L$6,FALSE))=TRUE,0,VLOOKUP(AQ95,ltSchlepper,Maschinen!$L$6,FALSE)*AS95))","v":0},{"$f":"(IF(ISNA(VLOOKUP(AQ95,ltSchlepper,Maschinen!$M$6,FALSE))=TRUE,0,VLOOKUP(AQ95,ltSchlepper,Maschinen!$M$6,FALSE)*AS95))","v":0},{"$f":"(IF(ISNA(VLOOKUP(AQ95,ltSchlepper,Maschinen!$N$6,FALSE))=TRUE,0,VLOOKUP(AQ95,ltSchlepper,Maschinen!$N$6,FALSE)*AS95*IF(ISBLANK(AU95),1,AU95)))","v":0},{"$f":"(IF(ISNA(VLOOKUP(AQ95,ltSchlepper,Maschinen!$O$6,FALSE))=TRUE,0,VLOOKUP(AQ95,ltSchlepper,Maschinen!$O$6,FALSE)*AS95*IF(ISBLANK(AU95),1,AU95)))","v":0},{"$f":"(IF(ISNA(VLOOKUP(AQ95,ltSchlepper,Maschinen!$P$6,FALSE))=TRUE,0,VLOOKUP(AQ95,ltSchlepper,Maschinen!$P$6,FALSE)*AS95*IF(ISBLANK(AU95),1,AU95)))","v":0},0,{"$f":"(IF(ISNA(VLOOKUP(Y95,ltSchlepper,Maschinen!$AA$6,FALSE))=TRUE,0,VLOOKUP(Y95,ltSchlepper,Maschinen!$AA$6,FALSE)*AA95))","v":0},{"$f":"(IF(ISNA(VLOOKUP(Y95,ltSchlepper,Maschinen!$AB$6,FALSE))=TRUE,0,VLOOKUP(Y95,ltSchlepper,Maschinen!$AB$6,FALSE)*AA95))","v":0},{"$f":"(IF(ISNA(VLOOKUP(Y95,ltSchlepper,Maschinen!$AC$6,FALSE))=TRUE,0,VLOOKUP(Y95,ltSchlepper,Maschinen!$AC$6,FALSE)*AA95))","v":0},0,{"$f":"(IF(ISNA(VLOOKUP(AE95,ltSchlepper,Maschinen!$AA$6,FALSE))=TRUE,0,VLOOKUP(AE95,ltSchlepper,Maschinen!$AA$6,FALSE)*AG95))","v":0},{"$f":"(IF(ISNA(VLOOKUP(AE95,ltSchlepper,Maschinen!$AB$6,FALSE))=TRUE,0,VLOOKUP(AE95,ltSchlepper,Maschinen!$AB$6,FALSE)*AG95))","v":0},{"$f":"(IF(ISNA(VLOOKUP(AE95,ltSchlepper,Maschinen!$AC$6,FALSE))=TRUE,0,VLOOKUP(AE95,ltSchlepper,Maschinen!$AC$6,FALSE)*AG95))","v":0},0,{"$f":"(IF(ISNA(VLOOKUP(AK95,ltSchlepper,Maschinen!$AA$6,FALSE))=TRUE,0,VLOOKUP(AK95,ltSchlepper,Maschinen!$AA$6,FALSE)*AM95))","v":0},{"$f":"(IF(ISNA(VLOOKUP(AK95,ltSchlepper,Maschinen!$AB$6,FALSE))=TRUE,0,VLOOKUP(AK95,ltSchlepper,Maschinen!$AB$6,FALSE)*AM95))","v":0},{"$f":"(IF(ISNA(VLOOKUP(AK95,ltSchlepper,Maschinen!$AC$6,FALSE))=TRUE,0,VLOOKUP(AK95,ltSchlepper,Maschinen!$AC$6,FALSE)*AM95))","v":0},0,{"$f":"(IF(ISNA(VLOOKUP(AQ95,ltSchlepper,Maschinen!$AA$6,FALSE))=TRUE,0,VLOOKUP(AQ95,ltSchlepper,Maschinen!$AA$6,FALSE)*AS95))","v":0},{"$f":"(IF(ISNA(VLOOKUP(AQ95,ltSchlepper,Maschinen!$AB$6,FALSE))=TRUE,0,VLOOKUP(AQ95,ltSchlepper,Maschinen!$AB$6,FALSE)*AS95))","v":0},{"$f":"(IF(ISNA(VLOOKUP(AQ95,ltSchlepper,Maschinen!$AC$6,FALSE))=TRUE,0,VLOOKUP(AQ95,ltSchlepper,Maschinen!$AC$6,FALSE)*AS95))","v":0},0]
[null,21647,null,null,null,null,null,null,0,0,0,0.1,0,0,null,null,{"$f":"O96+P96","v":0},{"$f":"Q96*Lohnanspruch","v":0},0,0,0,0,0,null,null,{"$f":"IF(ISNA(VLOOKUP(Y96,ltSchlepper,2,FALSE))=TRUE,\"\",VLOOKUP(Y96,ltSchlepper,2,FALSE))","v":""},null,{"$f":"IF(ISNA(VLOOKUP(Y96,ltSchlepper,3,FALSE))=TRUE,\"\",VLOOKUP(Y96,ltSchlepper,3,FALSE))","v":""},null,0,null,{"$f":"IF(ISNA(VLOOKUP(AE96,ltSchlepper,2,FALSE))=TRUE,\"\",VLOOKUP(AE96,ltSchlepper,2,FALSE))","v":""},null,{"$f":"IF(ISNA(VLOOKUP(AE96,ltSchlepper,3,FALSE))=TRUE,\"\",VLOOKUP(AE96,ltSchlepper,3,FALSE))","v":""},null,0,null,{"$f":"IF(ISNA(VLOOKUP(AK96,ltSchlepper,2,FALSE))=TRUE,\"\",VLOOKUP(AK96,ltSchlepper,2,FALSE))","v":""},null,{"$f":"IF(ISNA(VLOOKUP(AK96,ltSchlepper,3,FALSE))=TRUE,\"\",VLOOKUP(AK96,ltSchlepper,3,FALSE))","v":""},null,0,null,{"$f":"IF(ISNA(VLOOKUP(AQ96,ltSchlepper,2,FALSE))=TRUE,\"\",VLOOKUP(AQ96,ltSchlepper,2,FALSE))","v":""},null,{"$f":"IF(ISNA(VLOOKUP(AQ96,ltSchlepper,3,FALSE))=TRUE,\"\",VLOOKUP(AQ96,ltSchlepper,3,FALSE))","v":""},null,0,0,{"$f":"BI96+BP96+BW96+CD96","v":0},{"$f":"BJ96+BQ96+BX96+CE96","v":0},{"$f":"BK96+BR96+BY96+CF96","v":0},0,0,0,{"$f":"CK96+CO96+CS96+CW96","v":0},{"$f":"CL96+CP96+CT96+CX96","v":0},{"$f":"CM96+CQ96+CU96+CY96","v":0},{"$f":"CN96+CR96+CV96+CZ96","v":0},0,{"$f":"(IF(ISNA(VLOOKUP(Y96,ltSchlepper,Maschinen!$K$6,FALSE))=TRUE,0,VLOOKUP(Y96,ltSchlepper,Maschinen!$K$6,FALSE)*AA96))","v":0},{"$f":"(IF(ISNA(VLOOKUP(Y96,ltSchlepper,Maschinen!$L$6,FALSE))=TRUE,0,VLOOKUP(Y96,ltSchlepper,Maschinen!$L$6,FALSE)*AA96))","v":0},{"$f":"(IF(ISNA(VLOOKUP(Y96,ltSchlepper,Maschinen!$M$6,FALSE))=TRUE,0,VLOOKUP(Y96,ltSchlepper,Maschinen!$M$6,FALSE)*AA96))","v":0},{"$f":"(IF(ISNA(VLOOKUP(Y96,ltSchlepper,Maschinen!$N$6,FALSE))=TRUE,0,VLOOKUP(Y96,ltSchlepper,Maschinen!$N$6,FALSE)*AA96*IF(ISBLANK(AC96),1,AC96)))","v":0},{"$f":"(IF(ISNA(VLOOKUP(Y96,ltSchlepper,Maschinen!$O$6,FALSE))=TRUE,0,VLOOKUP(Y96,ltSchlepper,Maschinen!$O$6,FALSE)*AA96*IF(ISBLANK(AC96),1,AC96)))","v":0},{"$f":"(IF(ISNA(VLOOKUP(Y96,ltSchlepper,Maschinen!$P$6,FALSE))=TRUE,0,VLOOKUP(Y96,ltSchlepper,Maschinen!$P$6,FALSE)*AA96*IF(ISBLANK(AC96),1,AC96)))","v":0},0,{"$f":"(IF(ISNA(VLOOKUP(AE96,ltSchlepper,Maschinen!$K$6,FALSE))=TRUE,0,VLOOKUP(AE96,ltSchlepper,Maschinen!$K$6,FALSE)*AG96))","v":0},{"$f":"(IF(ISNA(VLOOKUP(AE96,ltSchlepper,Maschinen!$L$6,FALSE))=TRUE,0,VLOOKUP(AE96,ltSchlepper,Maschinen!$L$6,FALSE)*AG96))","v":0},{"$f":"(IF(ISNA(VLOOKUP(AE96,ltSchlepper,Maschinen!$M$6,FALSE))=TRUE,0,VLOOKUP(AE96,ltSchlepper,Maschinen!$M$6,FALSE)*AG96))","v":0},{"$f":"(IF(ISNA(VLOOKUP(AE96,ltSchlepper,Maschinen!$N$6,FALSE))=TRUE,0,VLOOKUP(AE96,ltSchlepper,Maschinen!$N$6,FALSE)*AG96*IF(ISBLANK(AI96),1,AI96)))","v":0},{"$f":"(IF(ISNA(VLOOKUP(AE96,ltSchlepper,Maschinen!$O$6,FALSE))=TRUE,0,VLOOKUP(AE96,ltSchlepper,Maschinen!$O$6,FALSE)*AG96*IF(ISBLANK(AI96),1,AI96)))","v":0},{"$f":"(IF(ISNA(VLOOKUP(AE96,ltSchlepper,Maschinen!$P$6,FALSE))=TRUE,0,VLOOKUP(AE96,ltSchlepper,Maschinen!$P$6,FALSE)*AG96*IF(ISBLANK(AI96),1,AI96)))","v":0},0,{"$f":"(IF(ISNA(VLOOKUP(AK96,ltSchlepper,Maschinen!$K$6,FALSE))=TRUE,0,VLOOKUP(AK96,ltSchlepper,Maschinen!$K$6,FALSE)*AM96))","v":0},{"$f":"(IF(ISNA(VLOOKUP(AK96,ltSchlepper,Maschinen!$L$6,FALSE))=TRUE,0,VLOOKUP(AK96,ltSchlepper,Maschinen!$L$6,FALSE)*AM96))","v":0},{"$f":"(IF(ISNA(VLOOKUP(AK96,ltSchlepper,Maschinen!$M$6,FALSE))=TRUE,0,VLOOKUP(AK96,ltSchlepper,Maschinen!$M$6,FALSE)*AM96))","v":0},{"$f":"(IF(ISNA(VLOOKUP(AK96,ltSchlepper,Maschinen!$N$6,FALSE))=TRUE,0,VLOOKUP(AK96,ltSchlepper,Maschinen!$N$6,FALSE)*AM96*IF(ISBLANK(AO96),1,AO96)))","v":0},{"$f":"(IF(ISNA(VLOOKUP(AK96,ltSchlepper,Maschinen!$O$6,FALSE))=TRUE,0,VLOOKUP(AK96,ltSchlepper,Maschinen!$O$6,FALSE)*AM96*IF(ISBLANK(AO96),1,AO96)))","v":0},{"$f":"(IF(ISNA(VLOOKUP(AK96,ltSchlepper,Maschinen!$P$6,FALSE))=TRUE,0,VLOOKUP(AK96,ltSchlepper,Maschinen!$P$6,FALSE)*AM96*IF(ISBLANK(AO96),1,AO96)))","v":0},{"$f":"SUM(BW96:BY96,CA96:CB96)","v":0},{"$f":"(IF(ISNA(VLOOKUP(AQ96,ltSchlepper,Maschinen!$K$6,FALSE))=TRUE,0,VLOOKUP(AQ96,ltSchlepper,Maschinen!$K$6,FALSE)*AS96))","v":0},{"$f":"(IF(ISNA(VLOOKUP(AQ96,ltSchlepper,Maschinen!$L$6,FALSE))=TRUE,0,VLOOKUP(AQ96,ltSchlepper,Maschinen!$L$6,FALSE)*AS96))","v":0},{"$f":"(IF(ISNA(VLOOKUP(AQ96,ltSchlepper,Maschinen!$M$6,FALSE))=TRUE,0,VLOOKUP(AQ96,ltSchlepper,Maschinen!$M$6,FALSE)*AS96))","v":0},{"$f":"(IF(ISNA(VLOOKUP(AQ96,ltSchlepper,Maschinen!$N$6,FALSE))=TRUE,0,VLOOKUP(AQ96,ltSchlepper,Maschinen!$N$6,FALSE)*AS96*IF(ISBLANK(AU96),1,AU96)))","v":0},{"$f":"(IF(ISNA(VLOOKUP(AQ96,ltSchlepper,Maschinen!$O$6,FALSE))=TRUE,0,VLOOKUP(AQ96,ltSchlepper,Maschinen!$O$6,FALSE)*AS96*IF(ISBLANK(AU96),1,AU96)))","v":0},{"$f":"(IF(ISNA(VLOOKUP(AQ96,ltSchlepper,Maschinen!$P$6,FALSE))=TRUE,0,VLOOKUP(AQ96,ltSchlepper,Maschinen!$P$6,FALSE)*AS96*IF(ISBLANK(AU96),1,AU96)))","v":0},{"$f":"SUM(CD96:CF96,CH96:CI96)","v":0},{"$f":"(IF(ISNA(VLOOKUP(Y96,ltSchlepper,Maschinen!$AA$6,FALSE))=TRUE,0,VLOOKUP(Y96,ltSchlepper,Maschinen!$AA$6,FALSE)*AA96))","v":0},{"$f":"(IF(ISNA(VLOOKUP(Y96,ltSchlepper,Maschinen!$AB$6,FALSE))=TRUE,0,VLOOKUP(Y96,ltSchlepper,Maschinen!$AB$6,FALSE)*AA96))","v":0},{"$f":"(IF(ISNA(VLOOKUP(Y96,ltSchlepper,Maschinen!$AC$6,FALSE))=TRUE,0,VLOOKUP(Y96,ltSchlepper,Maschinen!$AC$6,FALSE)*AA96))","v":0},0,{"$f":"(IF(ISNA(VLOOKUP(AE96,ltSchlepper,Maschinen!$AA$6,FALSE))=TRUE,0,VLOOKUP(AE96,ltSchlepper,Maschinen!$AA$6,FALSE)*AG96))","v":0},{"$f":"(IF(ISNA(VLOOKUP(AE96,ltSchlepper,Maschinen!$AB$6,FALSE))=TRUE,0,VLOOKUP(AE96,ltSchlepper,Maschinen!$AB$6,FALSE)*AG96))","v":0},{"$f":"(IF(ISNA(VLOOKUP(AE96,ltSchlepper,Maschinen!$AC$6,FALSE))=TRUE,0,VLOOKUP(AE96,ltSchlepper,Maschinen!$AC$6,FALSE)*AG96))","v":0},0,{"$f":"(IF(ISNA(VLOOKUP(AK96,ltSchlepper,Maschinen!$AA$6,FALSE))=TRUE,0,VLOOKUP(AK96,ltSchlepper,Maschinen!$AA$6,FALSE)*AM96))","v":0},{"$f":"(IF(ISNA(VLOOKUP(AK96,ltSchlepper,Maschinen!$AB$6,FALSE))=TRUE,0,VLOOKUP(AK96,ltSchlepper,Maschinen!$AB$6,FALSE)*AM96))","v":0},{"$f":"(IF(ISNA(VLOOKUP(AK96,ltSchlepper,Maschinen!$AC$6,FALSE))=TRUE,0,VLOOKUP(AK96,ltSchlepper,Maschinen!$AC$6,FALSE)*AM96))","v":0},0,{"$f":"(IF(ISNA(VLOOKUP(AQ96,ltSchlepper,Maschinen!$AA$6,FALSE))=TRUE,0,VLOOKUP(AQ96,ltSchlepper,Maschinen!$AA$6,FALSE)*AS96))","v":0},{"$f":"(IF(ISNA(VLOOKUP(AQ96,ltSchlepper,Maschinen!$AB$6,FALSE))=TRUE,0,VLOOKUP(AQ96,ltSchlepper,Maschinen!$AB$6,FALSE)*AS96))","v":0},{"$f":"(IF(ISNA(VLOOKUP(AQ96,ltSchlepper,Maschinen!$AC$6,FALSE))=TRUE,0,VLOOKUP(AQ96,ltSchlepper,Maschinen!$AC$6,FALSE)*AS96))","v":0},0]
[null,21633,null,null,null,null,null,null,0,0,0,0.1,0,0,null,null,{"$f":"O97+P97","v":0},{"$f":"Q97*Lohnanspruch","v":0},0,0,0,0,0,null,null,"",null,"",null,0,null,"",null,"",null,0,null,"",null,"",null,0,null,"",null,"",null,0,0,0,0,0,0,0,0,0,0,0,0,0,{"$f":"(IF(ISNA(VLOOKUP(Y97,ltSchlepper,Maschinen!$K$6,FALSE))=TRUE,0,VLOOKUP(Y97,ltSchlepper,Maschinen!$K$6,FALSE)*AA97))","v":0},{"$f":"(IF(ISNA(VLOOKUP(Y97,ltSchlepper,Maschinen!$L$6,FALSE))=TRUE,0,VLOOKUP(Y97,ltSchlepper,Maschinen!$L$6,FALSE)*AA97))","v":0},{"$f":"(IF(ISNA(VLOOKUP(Y97,ltSchlepper,Maschinen!$M$6,FALSE))=TRUE,0,VLOOKUP(Y97,ltSchlepper,Maschinen!$M$6,FALSE)*AA97))","v":0},{"$f":"(IF(ISNA(VLOOKUP(Y97,ltSchlepper,Maschinen!$N$6,FALSE))=TRUE,0,VLOOKUP(Y97,ltSchlepper,Maschinen!$N$6,FALSE)*AA97*IF(ISBLANK(AC97),1,AC97)))","v":0},{"$f":"(IF(ISNA(VLOOKUP(Y97,ltSchlepper,Maschinen!$O$6,FALSE))=TRUE,0,VLOOKUP(Y97,ltSchlepper,Maschinen!$O$6,FALSE)*AA97*IF(ISBLANK(AC97),1,AC97)))","v":0},{"$f":"(IF(ISNA(VLOOKUP(Y97,ltSchlepper,Maschinen!$P$6,FALSE))=TRUE,0,VLOOKUP(Y97,ltSchlepper,Maschinen!$P$6,FALSE)*AA97*IF(ISBLANK(AC97),1,AC97)))","v":0},0,{"$f":"(IF(ISNA(VLOOKUP(AE97,ltSchlepper,Maschinen!$K$6,FALSE))=TRUE,0,VLOOKUP(AE97,ltSchlepper,Maschinen!$K$6,FALSE)*AG97))","v":0},{"$f":"(IF(ISNA(VLOOKUP(AE97,ltSchlepper,Maschinen!$L$6,FALSE))=TRUE,0,VLOOKUP(AE97,ltSchlepper,Maschinen!$L$6,FALSE)*AG97))","v":0},{"$f":"(IF(ISNA(VLOOKUP(AE97,ltSchlepper,Maschinen!$M$6,FALSE))=TRUE,0,VLOOKUP(AE97,ltSchlepper,Maschinen!$M$6,FALSE)*AG97))","v":0},{"$f":"(IF(ISNA(VLOOKUP(AE97,ltSchlepper,Maschinen!$N$6,FALSE))=TRUE,0,VLOOKUP(AE97,ltSchlepper,Maschinen!$N$6,FALSE)*AG97*IF(ISBLANK(AI97),1,AI97)))","v":0},{"$f":"(IF(ISNA(VLOOKUP(AE97,ltSchlepper,Maschinen!$O$6,FALSE))=TRUE,0,VLOOKUP(AE97,ltSchlepper,Maschinen!$O$6,FALSE)*AG97*IF(ISBLANK(AI97),1,AI97)))","v":0},{"$f":"(IF(ISNA(VLOOKUP(AE97,ltSchlepper,Maschinen!$P$6,FALSE))=TRUE,0,VLOOKUP(AE97,ltSchlepper,Maschinen!$P$6,FALSE)*AG97*IF(ISBLANK(AI97),1,AI97)))","v":0},0,{"$f":"(IF(ISNA(VLOOKUP(AK97,ltSchlepper,Maschinen!$K$6,FALSE))=TRUE,0,VLOOKUP(AK97,ltSchlepper,Maschinen!$K$6,FALSE)*AM97))","v":0},{"$f":"(IF(ISNA(VLOOKUP(AK97,ltSchlepper,Maschinen!$L$6,FALSE))=TRUE,0,VLOOKUP(AK97,ltSchlepper,Maschinen!$L$6,FALSE)*AM97))","v":0},{"$f":"(IF(ISNA(VLOOKUP(AK97,ltSchlepper,Maschinen!$M$6,FALSE))=TRUE,0,VLOOKUP(AK97,ltSchlepper,Maschinen!$M$6,FALSE)*AM97))","v":0},{"$f":"(IF(ISNA(VLOOKUP(AK97,ltSchlepper,Maschinen!$N$6,FALSE))=TRUE,0,VLOOKUP(AK97,ltSchlepper,Maschinen!$N$6,FALSE)*AM97*IF(ISBLANK(AO97),1,AO97)))","v":0},{"$f":"(IF(ISNA(VLOOKUP(AK97,ltSchlepper,Maschinen!$O$6,FALSE))=TRUE,0,VLOOKUP(AK97,ltSchlepper,Maschinen!$O$6,FALSE)*AM97*IF(ISBLANK(AO97),1,AO97)))","v":0},{"$f":"(IF(ISNA(VLOOKUP(AK97,ltSchlepper,Maschinen!$P$6,FALSE))=TRUE,0,VLOOKUP(AK97,ltSchlepper,Maschinen!$P$6,FALSE)*AM97*IF(ISBLANK(AO97),1,AO97)))","v":0},{"$f":"SUM(BW97:BY97,CA97:CB97)","v":0},{"$f":"(IF(ISNA(VLOOKUP(AQ97,ltSchlepper,Maschinen!$K$6,FALSE))=TRUE,0,VLOOKUP(AQ97,ltSchlepper,Maschinen!$K$6,FALSE)*AS97))","v":0},{"$f":"(IF(ISNA(VLOOKUP(AQ97,ltSchlepper,Maschinen!$L$6,FALSE))=TRUE,0,VLOOKUP(AQ97,ltSchlepper,Maschinen!$L$6,FALSE)*AS97))","v":0},{"$f":"(IF(ISNA(VLOOKUP(AQ97,ltSchlepper,Maschinen!$M$6,FALSE))=TRUE,0,VLOOKUP(AQ97,ltSchlepper,Maschinen!$M$6,FALSE)*AS97))","v":0},{"$f":"(IF(ISNA(VLOOKUP(AQ97,ltSchlepper,Maschinen!$N$6,FALSE))=TRUE,0,VLOOKUP(AQ97,ltSchlepper,Maschinen!$N$6,FALSE)*AS97*IF(ISBLANK(AU97),1,AU97)))","v":0},{"$f":"(IF(ISNA(VLOOKUP(AQ97,ltSchlepper,Maschinen!$O$6,FALSE))=TRUE,0,VLOOKUP(AQ97,ltSchlepper,Maschinen!$O$6,FALSE)*AS97*IF(ISBLANK(AU97),1,AU97)))","v":0},{"$f":"(IF(ISNA(VLOOKUP(AQ97,ltSchlepper,Maschinen!$P$6,FALSE))=TRUE,0,VLOOKUP(AQ97,ltSchlepper,Maschinen!$P$6,FALSE)*AS97*IF(ISBLANK(AU97),1,AU97)))","v":0},{"$f":"SUM(CD97:CF97,CH97:CI97)","v":0},{"$f":"(IF(ISNA(VLOOKUP(Y97,ltSchlepper,Maschinen!$AA$6,FALSE))=TRUE,0,VLOOKUP(Y97,ltSchlepper,Maschinen!$AA$6,FALSE)*AA97))","v":0},{"$f":"(IF(ISNA(VLOOKUP(Y97,ltSchlepper,Maschinen!$AB$6,FALSE))=TRUE,0,VLOOKUP(Y97,ltSchlepper,Maschinen!$AB$6,FALSE)*AA97))","v":0},{"$f":"(IF(ISNA(VLOOKUP(Y97,ltSchlepper,Maschinen!$AC$6,FALSE))=TRUE,0,VLOOKUP(Y97,ltSchlepper,Maschinen!$AC$6,FALSE)*AA97))","v":0},0,{"$f":"(IF(ISNA(VLOOKUP(AE97,ltSchlepper,Maschinen!$AA$6,FALSE))=TRUE,0,VLOOKUP(AE97,ltSchlepper,Maschinen!$AA$6,FALSE)*AG97))","v":0},{"$f":"(IF(ISNA(VLOOKUP(AE97,ltSchlepper,Maschinen!$AB$6,FALSE))=TRUE,0,VLOOKUP(AE97,ltSchlepper,Maschinen!$AB$6,FALSE)*AG97))","v":0},{"$f":"(IF(ISNA(VLOOKUP(AE97,ltSchlepper,Maschinen!$AC$6,FALSE))=TRUE,0,VLOOKUP(AE97,ltSchlepper,Maschinen!$AC$6,FALSE)*AG97))","v":0},0,{"$f":"(IF(ISNA(VLOOKUP(AK97,ltSchlepper,Maschinen!$AA$6,FALSE))=TRUE,0,VLOOKUP(AK97,ltSchlepper,Maschinen!$AA$6,FALSE)*AM97))","v":0},{"$f":"(IF(ISNA(VLOOKUP(AK97,ltSchlepper,Maschinen!$AB$6,FALSE))=TRUE,0,VLOOKUP(AK97,ltSchlepper,Maschinen!$AB$6,FALSE)*AM97))","v":0},{"$f":"(IF(ISNA(VLOOKUP(AK97,ltSchlepper,Maschinen!$AC$6,FALSE))=TRUE,0,VLOOKUP(AK97,ltSchlepper,Maschinen!$AC$6,FALSE)*AM97))","v":0},0,{"$f":"(IF(ISNA(VLOOKUP(AQ97,ltSchlepper,Maschinen!$AA$6,FALSE))=TRUE,0,VLOOKUP(AQ97,ltSchlepper,Maschinen!$AA$6,FALSE)*AS97))","v":0},{"$f":"(IF(ISNA(VLOOKUP(AQ97,ltSchlepper,Maschinen!$AB$6,FALSE))=TRUE,0,VLOOKUP(AQ97,ltSchlepper,Maschinen!$AB$6,FALSE)*AS97))","v":0},{"$f":"(IF(ISNA(VLOOKUP(AQ97,ltSchlepper,Maschinen!$AC$6,FALSE))=TRUE,0,VLOOKUP(AQ97,ltSchlepper,Maschinen!$AC$6,FALSE)*AS97))","v":0},0]
[null,21648,null,null,null,null,null,null,0,0,0,0.1,0,0,null,null,{"$f":"O98+P98","v":0},{"$f":"Q98*Lohnanspruch","v":0},0,0,0,0,0,null,null,{"$f":"IF(ISNA(VLOOKUP(Y98,ltSchlepper,2,FALSE))=TRUE,\"\",VLOOKUP(Y98,ltSchlepper,2,FALSE))","v":""},null,{"$f":"IF(ISNA(VLOOKUP(Y98,ltSchlepper,3,FALSE))=TRUE,\"\",VLOOKUP(Y98,ltSchlepper,3,FALSE))","v":""},null,0,null,{"$f":"IF(ISNA(VLOOKUP(AE98,ltSchlepper,2,FALSE))=TRUE,\"\",VLOOKUP(AE98,ltSchlepper,2,FALSE))","v":""},null,{"$f":"IF(ISNA(VLOOKUP(AE98,ltSchlepper,3,FALSE))=TRUE,\"\",VLOOKUP(AE98,ltSchlepper,3,FALSE))","v":""},null,0,null,{"$f":"IF(ISNA(VLOOKUP(AK98,ltSchlepper,2,FALSE))=TRUE,\"\",VLOOKUP(AK98,ltSchlepper,2,FALSE))","v":""},null,{"$f":"IF(ISNA(VLOOKUP(AK98,ltSchlepper,3,FALSE))=TRUE,\"\",VLOOKUP(AK98,ltSchlepper,3,FALSE))","v":""},null,0,null,{"$f":"IF(ISNA(VLOOKUP(AQ98,ltSchlepper,2,FALSE))=TRUE,\"\",VLOOKUP(AQ98,ltSchlepper,2,FALSE))","v":""},null,{"$f":"IF(ISNA(VLOOKUP(AQ98,ltSchlepper,3,FALSE))=TRUE,\"\",VLOOKUP(AQ98,ltSchlepper,3,FALSE))","v":""},null,0,0,{"$f":"BI98+BP98+BW98+CD98","v":0},{"$f":"BJ98+BQ98+BX98+CE98","v":0},{"$f":"BK98+BR98+BY98+CF98","v":0},0,0,0,{"$f":"CK98+CO98+CS98+CW98","v":0},{"$f":"CL98+CP98+CT98+CX98","v":0},{"$f":"CM98+CQ98+CU98+CY98","v":0},{"$f":"CN98+CR98+CV98+CZ98","v":0},0,{"$f":"(IF(ISNA(VLOOKUP(Y98,ltSchlepper,Maschinen!$K$6,FALSE))=TRUE,0,VLOOKUP(Y98,ltSchlepper,Maschinen!$K$6,FALSE)*AA98))","v":0},{"$f":"(IF(ISNA(VLOOKUP(Y98,ltSchlepper,Maschinen!$L$6,FALSE))=TRUE,0,VLOOKUP(Y98,ltSchlepper,Maschinen!$L$6,FALSE)*AA98))","v":0},{"$f":"(IF(ISNA(VLOOKUP(Y98,ltSchlepper,Maschinen!$M$6,FALSE))=TRUE,0,VLOOKUP(Y98,ltSchlepper,Maschinen!$M$6,FALSE)*AA98))","v":0},{"$f":"(IF(ISNA(VLOOKUP(Y98,ltSchlepper,Maschinen!$N$6,FALSE))=TRUE,0,VLOOKUP(Y98,ltSchlepper,Maschinen!$N$6,FALSE)*AA98*IF(ISBLANK(AC98),1,AC98)))","v":0},{"$f":"(IF(ISNA(VLOOKUP(Y98,ltSchlepper,Maschinen!$O$6,FALSE))=TRUE,0,VLOOKUP(Y98,ltSchlepper,Maschinen!$O$6,FALSE)*AA98*IF(ISBLANK(AC98),1,AC98)))","v":0},{"$f":"(IF(ISNA(VLOOKUP(Y98,ltSchlepper,Maschinen!$P$6,FALSE))=TRUE,0,VLOOKUP(Y98,ltSchlepper,Maschinen!$P$6,FALSE)*AA98*IF(ISBLANK(AC98),1,AC98)))","v":0},0,{"$f":"(IF(ISNA(VLOOKUP(AE98,ltSchlepper,Maschinen!$K$6,FALSE))=TRUE,0,VLOOKUP(AE98,ltSchlepper,Maschinen!$K$6,FALSE)*AG98))","v":0},{"$f":"(IF(ISNA(VLOOKUP(AE98,ltSchlepper,Maschinen!$L$6,FALSE))=TRUE,0,VLOOKUP(AE98,ltSchlepper,Maschinen!$L$6,FALSE)*AG98))","v":0},{"$f":"(IF(ISNA(VLOOKUP(AE98,ltSchlepper,Maschinen!$M$6,FALSE))=TRUE,0,VLOOKUP(AE98,ltSchlepper,Maschinen!$M$6,FALSE)*AG98))","v":0},{"$f":"(IF(ISNA(VLOOKUP(AE98,ltSchlepper,Maschinen!$N$6,FALSE))=TRUE,0,VLOOKUP(AE98,ltSchlepper,Maschinen!$N$6,FALSE)*AG98*IF(ISBLANK(AI98),1,AI98)))","v":0},{"$f":"(IF(ISNA(VLOOKUP(AE98,ltSchlepper,Maschinen!$O$6,FALSE))=TRUE,0,VLOOKUP(AE98,ltSchlepper,Maschinen!$O$6,FALSE)*AG98*IF(ISBLANK(AI98),1,AI98)))","v":0},{"$f":"(IF(ISNA(VLOOKUP(AE98,ltSchlepper,Maschinen!$P$6,FALSE))=TRUE,0,VLOOKUP(AE98,ltSchlepper,Maschinen!$P$6,FALSE)*AG98*IF(ISBLANK(AI98),1,AI98)))","v":0},0,{"$f":"(IF(ISNA(VLOOKUP(AK98,ltSchlepper,Maschinen!$K$6,FALSE))=TRUE,0,VLOOKUP(AK98,ltSchlepper,Maschinen!$K$6,FALSE)*AM98))","v":0},{"$f":"(IF(ISNA(VLOOKUP(AK98,ltSchlepper,Maschinen!$L$6,FALSE))=TRUE,0,VLOOKUP(AK98,ltSchlepper,Maschinen!$L$6,FALSE)*AM98))","v":0},{"$f":"(IF(ISNA(VLOOKUP(AK98,ltSchlepper,Maschinen!$M$6,FALSE))=TRUE,0,VLOOKUP(AK98,ltSchlepper,Maschinen!$M$6,FALSE)*AM98))","v":0},{"$f":"(IF(ISNA(VLOOKUP(AK98,ltSchlepper,Maschinen!$N$6,FALSE))=TRUE,0,VLOOKUP(AK98,ltSchlepper,Maschinen!$N$6,FALSE)*AM98*IF(ISBLANK(AO98),1,AO98)))","v":0},{"$f":"(IF(ISNA(VLOOKUP(AK98,ltSchlepper,Maschinen!$O$6,FALSE))=TRUE,0,VLOOKUP(AK98,ltSchlepper,Maschinen!$O$6,FALSE)*AM98*IF(ISBLANK(AO98),1,AO98)))","v":0},{"$f":"(IF(ISNA(VLOOKUP(AK98,ltSchlepper,Maschinen!$P$6,FALSE))=TRUE,0,VLOOKUP(AK98,ltSchlepper,Maschinen!$P$6,FALSE)*AM98*IF(ISBLANK(AO98),1,AO98)))","v":0},{"$f":"SUM(BW98:BY98,CA98:CB98)","v":0},{"$f":"(IF(ISNA(VLOOKUP(AQ98,ltSchlepper,Maschinen!$K$6,FALSE))=TRUE,0,VLOOKUP(AQ98,ltSchlepper,Maschinen!$K$6,FALSE)*AS98))","v":0},{"$f":"(IF(ISNA(VLOOKUP(AQ98,ltSchlepper,Maschinen!$L$6,FALSE))=TRUE,0,VLOOKUP(AQ98,ltSchlepper,Maschinen!$L$6,FALSE)*AS98))","v":0},{"$f":"(IF(ISNA(VLOOKUP(AQ98,ltSchlepper,Maschinen!$M$6,FALSE))=TRUE,0,VLOOKUP(AQ98,ltSchlepper,Maschinen!$M$6,FALSE)*AS98))","v":0},{"$f":"(IF(ISNA(VLOOKUP(AQ98,ltSchlepper,Maschinen!$N$6,FALSE))=TRUE,0,VLOOKUP(AQ98,ltSchlepper,Maschinen!$N$6,FALSE)*AS98*IF(ISBLANK(AU98),1,AU98)))","v":0},{"$f":"(IF(ISNA(VLOOKUP(AQ98,ltSchlepper,Maschinen!$O$6,FALSE))=TRUE,0,VLOOKUP(AQ98,ltSchlepper,Maschinen!$O$6,FALSE)*AS98*IF(ISBLANK(AU98),1,AU98)))","v":0},{"$f":"(IF(ISNA(VLOOKUP(AQ98,ltSchlepper,Maschinen!$P$6,FALSE))=TRUE,0,VLOOKUP(AQ98,ltSchlepper,Maschinen!$P$6,FALSE)*AS98*IF(ISBLANK(AU98),1,AU98)))","v":0},{"$f":"SUM(CD98:CF98,CH98:CI98)","v":0},{"$f":"(IF(ISNA(VLOOKUP(Y98,ltSchlepper,Maschinen!$AA$6,FALSE))=TRUE,0,VLOOKUP(Y98,ltSchlepper,Maschinen!$AA$6,FALSE)*AA98))","v":0},{"$f":"(IF(ISNA(VLOOKUP(Y98,ltSchlepper,Maschinen!$AB$6,FALSE))=TRUE,0,VLOOKUP(Y98,ltSchlepper,Maschinen!$AB$6,FALSE)*AA98))","v":0},{"$f":"(IF(ISNA(VLOOKUP(Y98,ltSchlepper,Maschinen!$AC$6,FALSE))=TRUE,0,VLOOKUP(Y98,ltSchlepper,Maschinen!$AC$6,FALSE)*AA98))","v":0},0,{"$f":"(IF(ISNA(VLOOKUP(AE98,ltSchlepper,Maschinen!$AA$6,FALSE))=TRUE,0,VLOOKUP(AE98,ltSchlepper,Maschinen!$AA$6,FALSE)*AG98))","v":0},{"$f":"(IF(ISNA(VLOOKUP(AE98,ltSchlepper,Maschinen!$AB$6,FALSE))=TRUE,0,VLOOKUP(AE98,ltSchlepper,Maschinen!$AB$6,FALSE)*AG98))","v":0},{"$f":"(IF(ISNA(VLOOKUP(AE98,ltSchlepper,Maschinen!$AC$6,FALSE))=TRUE,0,VLOOKUP(AE98,ltSchlepper,Maschinen!$AC$6,FALSE)*AG98))","v":0},0,{"$f":"(IF(ISNA(VLOOKUP(AK98,ltSchlepper,Maschinen!$AA$6,FALSE))=TRUE,0,VLOOKUP(AK98,ltSchlepper,Maschinen!$AA$6,FALSE)*AM98))","v":0},{"$f":"(IF(ISNA(VLOOKUP(AK98,ltSchlepper,Maschinen!$AB$6,FALSE))=TRUE,0,VLOOKUP(AK98,ltSchlepper,Maschinen!$AB$6,FALSE)*AM98))","v":0},{"$f":"(IF(ISNA(VLOOKUP(AK98,ltSchlepper,Maschinen!$AC$6,FALSE))=TRUE,0,VLOOKUP(AK98,ltSchlepper,Maschinen!$AC$6,FALSE)*AM98))","v":0},0,{"$f":"(IF(ISNA(VLOOKUP(AQ98,ltSchlepper,Maschinen!$AA$6,FALSE))=TRUE,0,VLOOKUP(AQ98,ltSchlepper,Maschinen!$AA$6,FALSE)*AS98))","v":0},{"$f":"(IF(ISNA(VLOOKUP(AQ98,ltSchlepper,Maschinen!$AB$6,FALSE))=TRUE,0,VLOOKUP(AQ98,ltSchlepper,Maschinen!$AB$6,FALSE)*AS98))","v":0},{"$f":"(IF(ISNA(VLOOKUP(AQ98,ltSchlepper,Maschinen!$AC$6,FALSE))=TRUE,0,VLOOKUP(AQ98,ltSchlepper,Maschinen!$AC$6,FALSE)*AS98))","v":0},0]
[null,21613,null,null,null,null,null,null,0,0,0,0.1,0,0,null,null,0,0,0,0,0,0,0,null,null,"",null,"",0,0,null,"",null,"",null,0,null,"",null,"",null,0,null,"",null,"",null,0,0,0,0,0,0,0,0,0,0,0,0,0,{"$f":"(IF(ISNA(VLOOKUP(Y99,ltSchlepper,Maschinen!$K$6,FALSE))=TRUE,0,VLOOKUP(Y99,ltSchlepper,Maschinen!$K$6,FALSE)*AA99))","v":0},{"$f":"(IF(ISNA(VLOOKUP(Y99,ltSchlepper,Maschinen!$L$6,FALSE))=TRUE,0,VLOOKUP(Y99,ltSchlepper,Maschinen!$L$6,FALSE)*AA99))","v":0},{"$f":"(IF(ISNA(VLOOKUP(Y99,ltSchlepper,Maschinen!$M$6,FALSE))=TRUE,0,VLOOKUP(Y99,ltSchlepper,Maschinen!$M$6,FALSE)*AA99))","v":0},{"$f":"(IF(ISNA(VLOOKUP(Y99,ltSchlepper,Maschinen!$N$6,FALSE))=TRUE,0,VLOOKUP(Y99,ltSchlepper,Maschinen!$N$6,FALSE)*AA99*IF(ISBLANK(AC99),1,AC99)))","v":0},{"$f":"(IF(ISNA(VLOOKUP(Y99,ltSchlepper,Maschinen!$O$6,FALSE))=TRUE,0,VLOOKUP(Y99,ltSchlepper,Maschinen!$O$6,FALSE)*AA99*IF(ISBLANK(AC99),1,AC99)))","v":0},{"$f":"(IF(ISNA(VLOOKUP(Y99,ltSchlepper,Maschinen!$P$6,FALSE))=TRUE,0,VLOOKUP(Y99,ltSchlepper,Maschinen!$P$6,FALSE)*AA99*IF(ISBLANK(AC99),1,AC99)))","v":0},0,{"$f":"(IF(ISNA(VLOOKUP(AE99,ltSchlepper,Maschinen!$K$6,FALSE))=TRUE,0,VLOOKUP(AE99,ltSchlepper,Maschinen!$K$6,FALSE)*AG99))","v":0},{"$f":"(IF(ISNA(VLOOKUP(AE99,ltSchlepper,Maschinen!$L$6,FALSE))=TRUE,0,VLOOKUP(AE99,ltSchlepper,Maschinen!$L$6,FALSE)*AG99))","v":0},{"$f":"(IF(ISNA(VLOOKUP(AE99,ltSchlepper,Maschinen!$M$6,FALSE))=TRUE,0,VLOOKUP(AE99,ltSchlepper,Maschinen!$M$6,FALSE)*AG99))","v":0},{"$f":"(IF(ISNA(VLOOKUP(AE99,ltSchlepper,Maschinen!$N$6,FALSE))=TRUE,0,VLOOKUP(AE99,ltSchlepper,Maschinen!$N$6,FALSE)*AG99*IF(ISBLANK(AI99),1,AI99)))","v":0},{"$f":"(IF(ISNA(VLOOKUP(AE99,ltSchlepper,Maschinen!$O$6,FALSE))=TRUE,0,VLOOKUP(AE99,ltSchlepper,Maschinen!$O$6,FALSE)*AG99*IF(ISBLANK(AI99),1,AI99)))","v":0},{"$f":"(IF(ISNA(VLOOKUP(AE99,ltSchlepper,Maschinen!$P$6,FALSE))=TRUE,0,VLOOKUP(AE99,ltSchlepper,Maschinen!$P$6,FALSE)*AG99*IF(ISBLANK(AI99),1,AI99)))","v":0},0,{"$f":"(IF(ISNA(VLOOKUP(AK99,ltSchlepper,Maschinen!$K$6,FALSE))=TRUE,0,VLOOKUP(AK99,ltSchlepper,Maschinen!$K$6,FALSE)*AM99))","v":0},{"$f":"(IF(ISNA(VLOOKUP(AK99,ltSchlepper,Maschinen!$L$6,FALSE))=TRUE,0,VLOOKUP(AK99,ltSchlepper,Maschinen!$L$6,FALSE)*AM99))","v":0},{"$f":"(IF(ISNA(VLOOKUP(AK99,ltSchlepper,Maschinen!$M$6,FALSE))=TRUE,0,VLOOKUP(AK99,ltSchlepper,Maschinen!$M$6,FALSE)*AM99))","v":0},{"$f":"(IF(ISNA(VLOOKUP(AK99,ltSchlepper,Maschinen!$N$6,FALSE))=TRUE,0,VLOOKUP(AK99,ltSchlepper,Maschinen!$N$6,FALSE)*AM99*IF(ISBLANK(AO99),1,AO99)))","v":0},{"$f":"(IF(ISNA(VLOOKUP(AK99,ltSchlepper,Maschinen!$O$6,FALSE))=TRUE,0,VLOOKUP(AK99,ltSchlepper,Maschinen!$O$6,FALSE)*AM99*IF(ISBLANK(AO99),1,AO99)))","v":0},{"$f":"(IF(ISNA(VLOOKUP(AK99,ltSchlepper,Maschinen!$P$6,FALSE))=TRUE,0,VLOOKUP(AK99,ltSchlepper,Maschinen!$P$6,FALSE)*AM99*IF(ISBLANK(AO99),1,AO99)))","v":0},{"$f":"SUM(BW99:BY99,CA99:CB99)","v":0},{"$f":"(IF(ISNA(VLOOKUP(AQ99,ltSchlepper,Maschinen!$K$6,FALSE))=TRUE,0,VLOOKUP(AQ99,ltSchlepper,Maschinen!$K$6,FALSE)*AS99))","v":0},{"$f":"(IF(ISNA(VLOOKUP(AQ99,ltSchlepper,Maschinen!$L$6,FALSE))=TRUE,0,VLOOKUP(AQ99,ltSchlepper,Maschinen!$L$6,FALSE)*AS99))","v":0},{"$f":"(IF(ISNA(VLOOKUP(AQ99,ltSchlepper,Maschinen!$M$6,FALSE))=TRUE,0,VLOOKUP(AQ99,ltSchlepper,Maschinen!$M$6,FALSE)*AS99))","v":0},{"$f":"(IF(ISNA(VLOOKUP(AQ99,ltSchlepper,Maschinen!$N$6,FALSE))=TRUE,0,VLOOKUP(AQ99,ltSchlepper,Maschinen!$N$6,FALSE)*AS99*IF(ISBLANK(AU99),1,AU99)))","v":0},{"$f":"(IF(ISNA(VLOOKUP(AQ99,ltSchlepper,Maschinen!$O$6,FALSE))=TRUE,0,VLOOKUP(AQ99,ltSchlepper,Maschinen!$O$6,FALSE)*AS99*IF(ISBLANK(AU99),1,AU99)))","v":0},{"$f":"(IF(ISNA(VLOOKUP(AQ99,ltSchlepper,Maschinen!$P$6,FALSE))=TRUE,0,VLOOKUP(AQ99,ltSchlepper,Maschinen!$P$6,FALSE)*AS99*IF(ISBLANK(AU99),1,AU99)))","v":0},{"$f":"SUM(CD99:CF99,CH99:CI99)","v":0},{"$f":"(IF(ISNA(VLOOKUP(Y99,ltSchlepper,Maschinen!$AA$6,FALSE))=TRUE,0,VLOOKUP(Y99,ltSchlepper,Maschinen!$AA$6,FALSE)*AA99))","v":0},{"$f":"(IF(ISNA(VLOOKUP(Y99,ltSchlepper,Maschinen!$AB$6,FALSE))=TRUE,0,VLOOKUP(Y99,ltSchlepper,Maschinen!$AB$6,FALSE)*AA99))","v":0},{"$f":"(IF(ISNA(VLOOKUP(Y99,ltSchlepper,Maschinen!$AC$6,FALSE))=TRUE,0,VLOOKUP(Y99,ltSchlepper,Maschinen!$AC$6,FALSE)*AA99))","v":0},0,{"$f":"(IF(ISNA(VLOOKUP(AE99,ltSchlepper,Maschinen!$AA$6,FALSE))=TRUE,0,VLOOKUP(AE99,ltSchlepper,Maschinen!$AA$6,FALSE)*AG99))","v":0},{"$f":"(IF(ISNA(VLOOKUP(AE99,ltSchlepper,Maschinen!$AB$6,FALSE))=TRUE,0,VLOOKUP(AE99,ltSchlepper,Maschinen!$AB$6,FALSE)*AG99))","v":0},{"$f":"(IF(ISNA(VLOOKUP(AE99,ltSchlepper,Maschinen!$AC$6,FALSE))=TRUE,0,VLOOKUP(AE99,ltSchlepper,Maschinen!$AC$6,FALSE)*AG99))","v":0},0,{"$f":"(IF(ISNA(VLOOKUP(AK99,ltSchlepper,Maschinen!$AA$6,FALSE))=TRUE,0,VLOOKUP(AK99,ltSchlepper,Maschinen!$AA$6,FALSE)*AM99))","v":0},{"$f":"(IF(ISNA(VLOOKUP(AK99,ltSchlepper,Maschinen!$AB$6,FALSE))=TRUE,0,VLOOKUP(AK99,ltSchlepper,Maschinen!$AB$6,FALSE)*AM99))","v":0},{"$f":"(IF(ISNA(VLOOKUP(AK99,ltSchlepper,Maschinen!$AC$6,FALSE))=TRUE,0,VLOOKUP(AK99,ltSchlepper,Maschinen!$AC$6,FALSE)*AM99))","v":0},0,{"$f":"(IF(ISNA(VLOOKUP(AQ99,ltSchlepper,Maschinen!$AA$6,FALSE))=TRUE,0,VLOOKUP(AQ99,ltSchlepper,Maschinen!$AA$6,FALSE)*AS99))","v":0},{"$f":"(IF(ISNA(VLOOKUP(AQ99,ltSchlepper,Maschinen!$AB$6,FALSE))=TRUE,0,VLOOKUP(AQ99,ltSchlepper,Maschinen!$AB$6,FALSE)*AS99))","v":0},{"$f":"(IF(ISNA(VLOOKUP(AQ99,ltSchlepper,Maschinen!$AC$6,FALSE))=TRUE,0,VLOOKUP(AQ99,ltSchlepper,Maschinen!$AC$6,FALSE)*AS99))","v":0},0]
[null,21614,null,null,null,null,null,null,{"$f":"BC100","v":0},{"$f":"H100+I100","v":0},0,0.1,0,{"$f":"M100*Interest","v":0},null,null,0,0,0,0,{"$f":"BG100","v":0},0,{"$f":"T100-U100","v":0},null,null,"",null,"",null,0,null,"",null,"",null,0,null,"",null,"",null,0,null,"",null,"",null,0,0,{"$f":"BI100+BP100+BW100+CD100","v":0},{"$f":"BJ100+BQ100+BX100+CE100","v":0},{"$f":"BK100+BR100+BY100+CF100","v":0},0,0,0,{"$f":"CK100+CO100+CS100+CW100","v":0},{"$f":"CL100+CP100+CT100+CX100","v":0},{"$f":"CM100+CQ100+CU100+CY100","v":0},{"$f":"CN100+CR100+CV100+CZ100","v":0},0,{"$f":"(IF(ISNA(VLOOKUP(Y100,ltSchlepper,Maschinen!$K$6,FALSE))=TRUE,0,VLOOKUP(Y100,ltSchlepper,Maschinen!$K$6,FALSE)*AA100))","v":0},{"$f":"(IF(ISNA(VLOOKUP(Y100,ltSchlepper,Maschinen!$L$6,FALSE))=TRUE,0,VLOOKUP(Y100,ltSchlepper,Maschinen!$L$6,FALSE)*AA100))","v":0},{"$f":"(IF(ISNA(VLOOKUP(Y100,ltSchlepper,Maschinen!$M$6,FALSE))=TRUE,0,VLOOKUP(Y100,ltSchlepper,Maschinen!$M$6,FALSE)*AA100))","v":0},{"$f":"(IF(ISNA(VLOOKUP(Y100,ltSchlepper,Maschinen!$N$6,FALSE))=TRUE,0,VLOOKUP(Y100,ltSchlepper,Maschinen!$N$6,FALSE)*AA100*IF(ISBLANK(AC100),1,AC100)))","v":0},{"$f":"(IF(ISNA(VLOOKUP(Y100,ltSchlepper,Maschinen!$O$6,FALSE))=TRUE,0,VLOOKUP(Y100,ltSchlepper,Maschinen!$O$6,FALSE)*AA100*IF(ISBLANK(AC100),1,AC100)))","v":0},{"$f":"(IF(ISNA(VLOOKUP(Y100,ltSchlepper,Maschinen!$P$6,FALSE))=TRUE,0,VLOOKUP(Y100,ltSchlepper,Maschinen!$P$6,FALSE)*AA100*IF(ISBLANK(AC100),1,AC100)))","v":0},{"$f":"SUM(BI100:BK100,BM100:BN100)","v":0},{"$f":"(IF(ISNA(VLOOKUP(AE100,ltSchlepper,Maschinen!$K$6,FALSE))=TRUE,0,VLOOKUP(AE100,ltSchlepper,Maschinen!$K$6,FALSE)*AG100))","v":0},{"$f":"(IF(ISNA(VLOOKUP(AE100,ltSchlepper,Maschinen!$L$6,FALSE))=TRUE,0,VLOOKUP(AE100,ltSchlepper,Maschinen!$L$6,FALSE)*AG100))","v":0},{"$f":"(IF(ISNA(VLOOKUP(AE100,ltSchlepper,Maschinen!$M$6,FALSE))=TRUE,0,VLOOKUP(AE100,ltSchlepper,Maschinen!$M$6,FALSE)*AG100))","v":0},{"$f":"(IF(ISNA(VLOOKUP(AE100,ltSchlepper,Maschinen!$N$6,FALSE))=TRUE,0,VLOOKUP(AE100,ltSchlepper,Maschinen!$N$6,FALSE)*AG100*IF(ISBLANK(AI100),1,AI100)))","v":0},{"$f":"(IF(ISNA(VLOOKUP(AE100,ltSchlepper,Maschinen!$O$6,FALSE))=TRUE,0,VLOOKUP(AE100,ltSchlepper,Maschinen!$O$6,FALSE)*AG100*IF(ISBLANK(AI100),1,AI100)))","v":0},{"$f":"(IF(ISNA(VLOOKUP(AE100,ltSchlepper,Maschinen!$P$6,FALSE))=TRUE,0,VLOOKUP(AE100,ltSchlepper,Maschinen!$P$6,FALSE)*AG100*IF(ISBLANK(AI100),1,AI100)))","v":0},{"$f":"SUM(BP100:BR100,BT100:BU100)","v":0},{"$f":"(IF(ISNA(VLOOKUP(AK100,ltSchlepper,Maschinen!$K$6,FALSE))=TRUE,0,VLOOKUP(AK100,ltSchlepper,Maschinen!$K$6,FALSE)*AM100))","v":0},{"$f":"(IF(ISNA(VLOOKUP(AK100,ltSchlepper,Maschinen!$L$6,FALSE))=TRUE,0,VLOOKUP(AK100,ltSchlepper,Maschinen!$L$6,FALSE)*AM100))","v":0},{"$f":"(IF(ISNA(VLOOKUP(AK100,ltSchlepper,Maschinen!$M$6,FALSE))=TRUE,0,VLOOKUP(AK100,ltSchlepper,Maschinen!$M$6,FALSE)*AM100))","v":0},{"$f":"(IF(ISNA(VLOOKUP(AK100,ltSchlepper,Maschinen!$N$6,FALSE))=TRUE,0,VLOOKUP(AK100,ltSchlepper,Maschinen!$N$6,FALSE)*AM100*IF(ISBLANK(AO100),1,AO100)))","v":0},{"$f":"(IF(ISNA(VLOOKUP(AK100,ltSchlepper,Maschinen!$O$6,FALSE))=TRUE,0,VLOOKUP(AK100,ltSchlepper,Maschinen!$O$6,FALSE)*AM100*IF(ISBLANK(AO100),1,AO100)))","v":0},{"$f":"(IF(ISNA(VLOOKUP(AK100,ltSchlepper,Maschinen!$P$6,FALSE))=TRUE,0,VLOOKUP(AK100,ltSchlepper,Maschinen!$P$6,FALSE)*AM100*IF(ISBLANK(AO100),1,AO100)))","v":0},{"$f":"SUM(BW100:BY100,CA100:CB100)","v":0},{"$f":"(IF(ISNA(VLOOKUP(AQ100,ltSchlepper,Maschinen!$K$6,FALSE))=TRUE,0,VLOOKUP(AQ100,ltSchlepper,Maschinen!$K$6,FALSE)*AS100))","v":0},{"$f":"(IF(ISNA(VLOOKUP(AQ100,ltSchlepper,Maschinen!$L$6,FALSE))=TRUE,0,VLOOKUP(AQ100,ltSchlepper,Maschinen!$L$6,FALSE)*AS100))","v":0},{"$f":"(IF(ISNA(VLOOKUP(AQ100,ltSchlepper,Maschinen!$M$6,FALSE))=TRUE,0,VLOOKUP(AQ100,ltSchlepper,Maschinen!$M$6,FALSE)*AS100))","v":0},{"$f":"(IF(ISNA(VLOOKUP(AQ100,ltSchlepper,Maschinen!$N$6,FALSE))=TRUE,0,VLOOKUP(AQ100,ltSchlepper,Maschinen!$N$6,FALSE)*AS100*IF(ISBLANK(AU100),1,AU100)))","v":0},{"$f":"(IF(ISNA(VLOOKUP(AQ100,ltSchlepper,Maschinen!$O$6,FALSE))=TRUE,0,VLOOKUP(AQ100,ltSchlepper,Maschinen!$O$6,FALSE)*AS100*IF(ISBLANK(AU100),1,AU100)))","v":0},{"$f":"(IF(ISNA(VLOOKUP(AQ100,ltSchlepper,Maschinen!$P$6,FALSE))=TRUE,0,VLOOKUP(AQ100,ltSchlepper,Maschinen!$P$6,FALSE)*AS100*IF(ISBLANK(AU100),1,AU100)))","v":0},0,{"$f":"(IF(ISNA(VLOOKUP(Y100,ltSchlepper,Maschinen!$AA$6,FALSE))=TRUE,0,VLOOKUP(Y100,ltSchlepper,Maschinen!$AA$6,FALSE)*AA100))","v":0},{"$f":"(IF(ISNA(VLOOKUP(Y100,ltSchlepper,Maschinen!$AB$6,FALSE))=TRUE,0,VLOOKUP(Y100,ltSchlepper,Maschinen!$AB$6,FALSE)*AA100))","v":0},{"$f":"(IF(ISNA(VLOOKUP(Y100,ltSchlepper,Maschinen!$AC$6,FALSE))=TRUE,0,VLOOKUP(Y100,ltSchlepper,Maschinen!$AC$6,FALSE)*AA100))","v":0},0,{"$f":"(IF(ISNA(VLOOKUP(AE100,ltSchlepper,Maschinen!$AA$6,FALSE))=TRUE,0,VLOOKUP(AE100,ltSchlepper,Maschinen!$AA$6,FALSE)*AG100))","v":0},{"$f":"(IF(ISNA(VLOOKUP(AE100,ltSchlepper,Maschinen!$AB$6,FALSE))=TRUE,0,VLOOKUP(AE100,ltSchlepper,Maschinen!$AB$6,FALSE)*AG100))","v":0},{"$f":"(IF(ISNA(VLOOKUP(AE100,ltSchlepper,Maschinen!$AC$6,FALSE))=TRUE,0,VLOOKUP(AE100,ltSchlepper,Maschinen!$AC$6,FALSE)*AG100))","v":0},0,{"$f":"(IF(ISNA(VLOOKUP(AK100,ltSchlepper,Maschinen!$AA$6,FALSE))=TRUE,0,VLOOKUP(AK100,ltSchlepper,Maschinen!$AA$6,FALSE)*AM100))","v":0},{"$f":"(IF(ISNA(VLOOKUP(AK100,ltSchlepper,Maschinen!$AB$6,FALSE))=TRUE,0,VLOOKUP(AK100,ltSchlepper,Maschinen!$AB$6,FALSE)*AM100))","v":0},{"$f":"(IF(ISNA(VLOOKUP(AK100,ltSchlepper,Maschinen!$AC$6,FALSE))=TRUE,0,VLOOKUP(AK100,ltSchlepper,Maschinen!$AC$6,FALSE)*AM100))","v":0},0,{"$f":"(IF(ISNA(VLOOKUP(AQ100,ltSchlepper,Maschinen!$AA$6,FALSE))=TRUE,0,VLOOKUP(AQ100,ltSchlepper,Maschinen!$AA$6,FALSE)*AS100))","v":0},{"$f":"(IF(ISNA(VLOOKUP(AQ100,ltSchlepper,Maschinen!$AB$6,FALSE))=TRUE,0,VLOOKUP(AQ100,ltSchlepper,Maschinen!$AB$6,FALSE)*AS100))","v":0},{"$f":"(IF(ISNA(VLOOKUP(AQ100,ltSchlepper,Maschinen!$AC$6,FALSE))=TRUE,0,VLOOKUP(AQ100,ltSchlepper,Maschinen!$AC$6,FALSE)*AS100))","v":0},0]
[null,21634,null,null,null,null,null,null,{"$f":"BC101","v":0},{"$f":"H101+I101","v":0},{"$f":"F101+G101-J101","v":0},0.1,{"$f":"(H101+I101)*L101","v":0},0,null,null,{"$f":"O101+P101","v":0},{"$f":"Q101*Lohnanspruch","v":0},{"$f":"J101+N101+R101","v":0},{"$f":"K101-N101-R101","v":0},{"$f":"BG101","v":0},{"$f":"H101+I101+N101+R101+U101","v":0},{"$f":"T101-U101","v":0},null,null,"",null,"",null,{"$f":"IF(ISNA(VLOOKUP(Y101,ltSchlepper,SchKraftstoffVerb,FALSE))=TRUE,0,VLOOKUP(Y101,ltSchlepper,SchKraftstoffVerb,FALSE)*IF(ISBLANK(AC101),1,AC101)*AA101)","v":0},null,"",null,"",null,{"$f":"IF(ISNA(VLOOKUP(AE101,ltSchlepper,SchKraftstoffVerb,FALSE))=TRUE,0,VLOOKUP(AE101,ltSchlepper,SchKraftstoffVerb,FALSE)*IF(ISBLANK(AI101),1,AI101)*AG101)","v":0},null,"",null,"",null,{"$f":"IF(ISNA(VLOOKUP(AK101,ltSchlepper,SchKraftstoffVerb,FALSE))=TRUE,0,VLOOKUP(AK101,ltSchlepper,SchKraftstoffVerb,FALSE)*IF(ISBLANK(AO101),1,AO101)*AM101)","v":0},null,"",null,"",null,{"$f":"IF(ISNA(VLOOKUP(AQ101,ltSchlepper,SchKraftstoffVerb,FALSE))=TRUE,0,VLOOKUP(AQ101,ltSchlepper,SchKraftstoffVerb,FALSE)*IF(ISBLANK(AU101),1,AU101)*AS101)","v":0},{"$f":"BL101+BS101+BZ101+CG101","v":0},{"$f":"BI101+BP101+BW101+CD101","v":0},0,0,0,0,{"$f":"SUM(AX101:AZ101,BA101:BB101)","v":0},{"$f":"CK101+CO101+CS101+CW101","v":0},0,0,0,{"$f":"BG101+BC101","v":0},{"$f":"(IF(ISNA(VLOOKUP(Y101,ltSchlepper,Maschinen!$K$6,FALSE))=TRUE,0,VLOOKUP(Y101,ltSchlepper,Maschinen!$K$6,FALSE)*AA101))","v":0},{"$f":"(IF(ISNA(VLOOKUP(Y101,ltSchlepper,Maschinen!$L$6,FALSE))=TRUE,0,VLOOKUP(Y101,ltSchlepper,Maschinen!$L$6,FALSE)*AA101))","v":0},{"$f":"(IF(ISNA(VLOOKUP(Y101,ltSchlepper,Maschinen!$M$6,FALSE))=TRUE,0,VLOOKUP(Y101,ltSchlepper,Maschinen!$M$6,FALSE)*AA101))","v":0},{"$f":"(IF(ISNA(VLOOKUP(Y101,ltSchlepper,Maschinen!$N$6,FALSE))=TRUE,0,VLOOKUP(Y101,ltSchlepper,Maschinen!$N$6,FALSE)*AA101*IF(ISBLANK(AC101),1,AC101)))","v":0},{"$f":"(IF(ISNA(VLOOKUP(Y101,ltSchlepper,Maschinen!$O$6,FALSE))=TRUE,0,VLOOKUP(Y101,ltSchlepper,Maschinen!$O$6,FALSE)*AA101*IF(ISBLANK(AC101),1,AC101)))","v":0},{"$f":"(IF(ISNA(VLOOKUP(Y101,ltSchlepper,Maschinen!$P$6,FALSE))=TRUE,0,VLOOKUP(Y101,ltSchlepper,Maschinen!$P$6,FALSE)*AA101*IF(ISBLANK(AC101),1,AC101)))","v":0},{"$f":"SUM(BI101:BK101,BM101:BN101)","v":0},{"$f":"(IF(ISNA(VLOOKUP(AE101,ltSchlepper,Maschinen!$K$6,FALSE))=TRUE,0,VLOOKUP(AE101,ltSchlepper,Maschinen!$K$6,FALSE)*AG101))","v":0},{"$f":"(IF(ISNA(VLOOKUP(AE101,ltSchlepper,Maschinen!$L$6,FALSE))=TRUE,0,VLOOKUP(AE101,ltSchlepper,Maschinen!$L$6,FALSE)*AG101))","v":0},{"$f":"(IF(ISNA(VLOOKUP(AE101,ltSchlepper,Maschinen!$M$6,FALSE))=TRUE,0,VLOOKUP(AE101,ltSchlepper,Maschinen!$M$6,FALSE)*AG101))","v":0},{"$f":"(IF(ISNA(VLOOKUP(AE101,ltSchlepper,Maschinen!$N$6,FALSE))=TRUE,0,VLOOKUP(AE101,ltSchlepper,Maschinen!$N$6,FALSE)*AG101*IF(ISBLANK(AI101),1,AI101)))","v":0},{"$f":"(IF(ISNA(VLOOKUP(AE101,ltSchlepper,Maschinen!$O$6,FALSE))=TRUE,0,VLOOKUP(AE101,ltSchlepper,Maschinen!$O$6,FALSE)*AG101*IF(ISBLANK(AI101),1,AI101)))","v":0},{"$f":"(IF(ISNA(VLOOKUP(AE101,ltSchlepper,Maschinen!$P$6,FALSE))=TRUE,0,VLOOKUP(AE101,ltSchlepper,Maschinen!$P$6,FALSE)*AG101*IF(ISBLANK(AI101),1,AI101)))","v":0},{"$f":"SUM(BP101:BR101,BT101:BU101)","v":0},{"$f":"(IF(ISNA(VLOOKUP(AK101,ltSchlepper,Maschinen!$K$6,FALSE))=TRUE,0,VLOOKUP(AK101,ltSchlepper,Maschinen!$K$6,FALSE)*AM101))","v":0},{"$f":"(IF(ISNA(VLOOKUP(AK101,ltSchlepper,Maschinen!$L$6,FALSE))=TRUE,0,VLOOKUP(AK101,ltSchlepper,Maschinen!$L$6,FALSE)*AM101))","v":0},{"$f":"(IF(ISNA(VLOOKUP(AK101,ltSchlepper,Maschinen!$M$6,FALSE))=TRUE,0,VLOOKUP(AK101,ltSchlepper,Maschinen!$M$6,FALSE)*AM101))","v":0},{"$f":"(IF(ISNA(VLOOKUP(AK101,ltSchlepper,Maschinen!$N$6,FALSE))=TRUE,0,VLOOKUP(AK101,ltSchlepper,Maschinen!$N$6,FALSE)*AM101*IF(ISBLANK(AO101),1,AO101)))","v":0},{"$f":"(IF(ISNA(VLOOKUP(AK101,ltSchlepper,Maschinen!$O$6,FALSE))=TRUE,0,VLOOKUP(AK101,ltSchlepper,Maschinen!$O$6,FALSE)*AM101*IF(ISBLANK(AO101),1,AO101)))","v":0},{"$f":"(IF(ISNA(VLOOKUP(AK101,ltSchlepper,Maschinen!$P$6,FALSE))=TRUE,0,VLOOKUP(AK101,ltSchlepper,Maschinen!$P$6,FALSE)*AM101*IF(ISBLANK(AO101),1,AO101)))","v":0},{"$f":"SUM(BW101:BY101,CA101:CB101)","v":0},{"$f":"(IF(ISNA(VLOOKUP(AQ101,ltSchlepper,Maschinen!$K$6,FALSE))=TRUE,0,VLOOKUP(AQ101,ltSchlepper,Maschinen!$K$6,FALSE)*AS101))","v":0},{"$f":"(IF(ISNA(VLOOKUP(AQ101,ltSchlepper,Maschinen!$L$6,FALSE))=TRUE,0,VLOOKUP(AQ101,ltSchlepper,Maschinen!$L$6,FALSE)*AS101))","v":0},{"$f":"(IF(ISNA(VLOOKUP(AQ101,ltSchlepper,Maschinen!$M$6,FALSE))=TRUE,0,VLOOKUP(AQ101,ltSchlepper,Maschinen!$M$6,FALSE)*AS101))","v":0},{"$f":"(IF(ISNA(VLOOKUP(AQ101,ltSchlepper,Maschinen!$N$6,FALSE))=TRUE,0,VLOOKUP(AQ101,ltSchlepper,Maschinen!$N$6,FALSE)*AS101*IF(ISBLANK(AU101),1,AU101)))","v":0},{"$f":"(IF(ISNA(VLOOKUP(AQ101,ltSchlepper,Maschinen!$O$6,FALSE))=TRUE,0,VLOOKUP(AQ101,ltSchlepper,Maschinen!$O$6,FALSE)*AS101*IF(ISBLANK(AU101),1,AU101)))","v":0},{"$f":"(IF(ISNA(VLOOKUP(AQ101,ltSchlepper,Maschinen!$P$6,FALSE))=TRUE,0,VLOOKUP(AQ101,ltSchlepper,Maschinen!$P$6,FALSE)*AS101*IF(ISBLANK(AU101),1,AU101)))","v":0},{"$f":"SUM(CD101:CF101,CH101:CI101)","v":0},{"$f":"(IF(ISNA(VLOOKUP(Y101,ltSchlepper,Maschinen!$AA$6,FALSE))=TRUE,0,VLOOKUP(Y101,ltSchlepper,Maschinen!$AA$6,FALSE)*AA101))","v":0},{"$f":"(IF(ISNA(VLOOKUP(Y101,ltSchlepper,Maschinen!$AB$6,FALSE))=TRUE,0,VLOOKUP(Y101,ltSchlepper,Maschinen!$AB$6,FALSE)*AA101))","v":0},{"$f":"(IF(ISNA(VLOOKUP(Y101,ltSchlepper,Maschinen!$AC$6,FALSE))=TRUE,0,VLOOKUP(Y101,ltSchlepper,Maschinen!$AC$6,FALSE)*AA101))","v":0},0,{"$f":"(IF(ISNA(VLOOKUP(AE101,ltSchlepper,Maschinen!$AA$6,FALSE))=TRUE,0,VLOOKUP(AE101,ltSchlepper,Maschinen!$AA$6,FALSE)*AG101))","v":0},{"$f":"(IF(ISNA(VLOOKUP(AE101,ltSchlepper,Maschinen!$AB$6,FALSE))=TRUE,0,VLOOKUP(AE101,ltSchlepper,Maschinen!$AB$6,FALSE)*AG101))","v":0},{"$f":"(IF(ISNA(VLOOKUP(AE101,ltSchlepper,Maschinen!$AC$6,FALSE))=TRUE,0,VLOOKUP(AE101,ltSchlepper,Maschinen!$AC$6,FALSE)*AG101))","v":0},0,{"$f":"(IF(ISNA(VLOOKUP(AK101,ltSchlepper,Maschinen!$AA$6,FALSE))=TRUE,0,VLOOKUP(AK101,ltSchlepper,Maschinen!$AA$6,FALSE)*AM101))","v":0},{"$f":"(IF(ISNA(VLOOKUP(AK101,ltSchlepper,Maschinen!$AB$6,FALSE))=TRUE,0,VLOOKUP(AK101,ltSchlepper,Maschinen!$AB$6,FALSE)*AM101))","v":0},{"$f":"(IF(ISNA(VLOOKUP(AK101,ltSchlepper,Maschinen!$AC$6,FALSE))=TRUE,0,VLOOKUP(AK101,ltSchlepper,Maschinen!$AC$6,FALSE)*AM101))","v":0},0,{"$f":"(IF(ISNA(VLOOKUP(AQ101,ltSchlepper,Maschinen!$AA$6,FALSE))=TRUE,0,VLOOKUP(AQ101,ltSchlepper,Maschinen!$AA$6,FALSE)*AS101))","v":0},{"$f":"(IF(ISNA(VLOOKUP(AQ101,ltSchlepper,Maschinen!$AB$6,FALSE))=TRUE,0,VLOOKUP(AQ101,ltSchlepper,Maschinen!$AB$6,FALSE)*AS101))","v":0},{"$f":"(IF(ISNA(VLOOKUP(AQ101,ltSchlepper,Maschinen!$AC$6,FALSE))=TRUE,0,VLOOKUP(AQ101,ltSchlepper,Maschinen!$AC$6,FALSE)*AS101))","v":0},0]
[null,21626,null,null,null,null,null,null,0,0,0,0.1,0,0,null,null,0,{"$f":"Q102*Lohnanspruch","v":0},0,0,0,0,0,null,null,"",null,"",null,0,null,"",null,"",null,0,null,"",null,"",null,0,null,"",null,"",null,0,0,0,0,0,{"$f":"BM102+BT102+CA102+CH102","v":0},0,0,0,0,0,0,0,{"$f":"(IF(ISNA(VLOOKUP(Y102,ltSchlepper,Maschinen!$K$6,FALSE))=TRUE,0,VLOOKUP(Y102,ltSchlepper,Maschinen!$K$6,FALSE)*AA102))","v":0},{"$f":"(IF(ISNA(VLOOKUP(Y102,ltSchlepper,Maschinen!$L$6,FALSE))=TRUE,0,VLOOKUP(Y102,ltSchlepper,Maschinen!$L$6,FALSE)*AA102))","v":0},{"$f":"(IF(ISNA(VLOOKUP(Y102,ltSchlepper,Maschinen!$M$6,FALSE))=TRUE,0,VLOOKUP(Y102,ltSchlepper,Maschinen!$M$6,FALSE)*AA102))","v":0},{"$f":"(IF(ISNA(VLOOKUP(Y102,ltSchlepper,Maschinen!$N$6,FALSE))=TRUE,0,VLOOKUP(Y102,ltSchlepper,Maschinen!$N$6,FALSE)*AA102*IF(ISBLANK(AC102),1,AC102)))","v":0},{"$f":"(IF(ISNA(VLOOKUP(Y102,ltSchlepper,Maschinen!$O$6,FALSE))=TRUE,0,VLOOKUP(Y102,ltSchlepper,Maschinen!$O$6,FALSE)*AA102*IF(ISBLANK(AC102),1,AC102)))","v":0},{"$f":"(IF(ISNA(VLOOKUP(Y102,ltSchlepper,Maschinen!$P$6,FALSE))=TRUE,0,VLOOKUP(Y102,ltSchlepper,Maschinen!$P$6,FALSE)*AA102*IF(ISBLANK(AC102),1,AC102)))","v":0},0,{"$f":"(IF(ISNA(VLOOKUP(AE102,ltSchlepper,Maschinen!$K$6,FALSE))=TRUE,0,VLOOKUP(AE102,ltSchlepper,Maschinen!$K$6,FALSE)*AG102))","v":0},{"$f":"(IF(ISNA(VLOOKUP(AE102,ltSchlepper,Maschinen!$L$6,FALSE))=TRUE,0,VLOOKUP(AE102,ltSchlepper,Maschinen!$L$6,FALSE)*AG102))","v":0},{"$f":"(IF(ISNA(VLOOKUP(AE102,ltSchlepper,Maschinen!$M$6,FALSE))=TRUE,0,VLOOKUP(AE102,ltSchlepper,Maschinen!$M$6,FALSE)*AG102))","v":0},{"$f":"(IF(ISNA(VLOOKUP(AE102,ltSchlepper,Maschinen!$N$6,FALSE))=TRUE,0,VLOOKUP(AE102,ltSchlepper,Maschinen!$N$6,FALSE)*AG102*IF(ISBLANK(AI102),1,AI102)))","v":0},{"$f":"(IF(ISNA(VLOOKUP(AE102,ltSchlepper,Maschinen!$O$6,FALSE))=TRUE,0,VLOOKUP(AE102,ltSchlepper,Maschinen!$O$6,FALSE)*AG102*IF(ISBLANK(AI102),1,AI102)))","v":0},{"$f":"(IF(ISNA(VLOOKUP(AE102,ltSchlepper,Maschinen!$P$6,FALSE))=TRUE,0,VLOOKUP(AE102,ltSchlepper,Maschinen!$P$6,FALSE)*AG102*IF(ISBLANK(AI102),1,AI102)))","v":0},0,{"$f":"(IF(ISNA(VLOOKUP(AK102,ltSchlepper,Maschinen!$K$6,FALSE))=TRUE,0,VLOOKUP(AK102,ltSchlepper,Maschinen!$K$6,FALSE)*AM102))","v":0},{"$f":"(IF(ISNA(VLOOKUP(AK102,ltSchlepper,Maschinen!$L$6,FALSE))=TRUE,0,VLOOKUP(AK102,ltSchlepper,Maschinen!$L$6,FALSE)*AM102))","v":0},{"$f":"(IF(ISNA(VLOOKUP(AK102,ltSchlepper,Maschinen!$M$6,FALSE))=TRUE,0,VLOOKUP(AK102,ltSchlepper,Maschinen!$M$6,FALSE)*AM102))","v":0},{"$f":"(IF(ISNA(VLOOKUP(AK102,ltSchlepper,Maschinen!$N$6,FALSE))=TRUE,0,VLOOKUP(AK102,ltSchlepper,Maschinen!$N$6,FALSE)*AM102*IF(ISBLANK(AO102),1,AO102)))","v":0},{"$f":"(IF(ISNA(VLOOKUP(AK102,ltSchlepper,Maschinen!$O$6,FALSE))=TRUE,0,VLOOKUP(AK102,ltSchlepper,Maschinen!$O$6,FALSE)*AM102*IF(ISBLANK(AO102),1,AO102)))","v":0},{"$f":"(IF(ISNA(VLOOKUP(AK102,ltSchlepper,Maschinen!$P$6,FALSE))=TRUE,0,VLOOKUP(AK102,ltSchlepper,Maschinen!$P$6,FALSE)*AM102*IF(ISBLANK(AO102),1,AO102)))","v":0},0,{"$f":"(IF(ISNA(VLOOKUP(AQ102,ltSchlepper,Maschinen!$K$6,FALSE))=TRUE,0,VLOOKUP(AQ102,ltSchlepper,Maschinen!$K$6,FALSE)*AS102))","v":0},{"$f":"(IF(ISNA(VLOOKUP(AQ102,ltSchlepper,Maschinen!$L$6,FALSE))=TRUE,0,VLOOKUP(AQ102,ltSchlepper,Maschinen!$L$6,FALSE)*AS102))","v":0},{"$f":"(IF(ISNA(VLOOKUP(AQ102,ltSchlepper,Maschinen!$M$6,FALSE))=TRUE,0,VLOOKUP(AQ102,ltSchlepper,Maschinen!$M$6,FALSE)*AS102))","v":0},{"$f":"(IF(ISNA(VLOOKUP(AQ102,ltSchlepper,Maschinen!$N$6,FALSE))=TRUE,0,VLOOKUP(AQ102,ltSchlepper,Maschinen!$N$6,FALSE)*AS102*IF(ISBLANK(AU102),1,AU102)))","v":0},{"$f":"(IF(ISNA(VLOOKUP(AQ102,ltSchlepper,Maschinen!$O$6,FALSE))=TRUE,0,VLOOKUP(AQ102,ltSchlepper,Maschinen!$O$6,FALSE)*AS102*IF(ISBLANK(AU102),1,AU102)))","v":0},{"$f":"(IF(ISNA(VLOOKUP(AQ102,ltSchlepper,Maschinen!$P$6,FALSE))=TRUE,0,VLOOKUP(AQ102,ltSchlepper,Maschinen!$P$6,FALSE)*AS102*IF(ISBLANK(AU102),1,AU102)))","v":0},0,{"$f":"(IF(ISNA(VLOOKUP(Y102,ltSchlepper,Maschinen!$AA$6,FALSE))=TRUE,0,VLOOKUP(Y102,ltSchlepper,Maschinen!$AA$6,FALSE)*AA102))","v":0},{"$f":"(IF(ISNA(VLOOKUP(Y102,ltSchlepper,Maschinen!$AB$6,FALSE))=TRUE,0,VLOOKUP(Y102,ltSchlepper,Maschinen!$AB$6,FALSE)*AA102))","v":0},{"$f":"(IF(ISNA(VLOOKUP(Y102,ltSchlepper,Maschinen!$AC$6,FALSE))=TRUE,0,VLOOKUP(Y102,ltSchlepper,Maschinen!$AC$6,FALSE)*AA102))","v":0},0,{"$f":"(IF(ISNA(VLOOKUP(AE102,ltSchlepper,Maschinen!$AA$6,FALSE))=TRUE,0,VLOOKUP(AE102,ltSchlepper,Maschinen!$AA$6,FALSE)*AG102))","v":0},{"$f":"(IF(ISNA(VLOOKUP(AE102,ltSchlepper,Maschinen!$AB$6,FALSE))=TRUE,0,VLOOKUP(AE102,ltSchlepper,Maschinen!$AB$6,FALSE)*AG102))","v":0},{"$f":"(IF(ISNA(VLOOKUP(AE102,ltSchlepper,Maschinen!$AC$6,FALSE))=TRUE,0,VLOOKUP(AE102,ltSchlepper,Maschinen!$AC$6,FALSE)*AG102))","v":0},0,{"$f":"(IF(ISNA(VLOOKUP(AK102,ltSchlepper,Maschinen!$AA$6,FALSE))=TRUE,0,VLOOKUP(AK102,ltSchlepper,Maschinen!$AA$6,FALSE)*AM102))","v":0},{"$f":"(IF(ISNA(VLOOKUP(AK102,ltSchlepper,Maschinen!$AB$6,FALSE))=TRUE,0,VLOOKUP(AK102,ltSchlepper,Maschinen!$AB$6,FALSE)*AM102))","v":0},{"$f":"(IF(ISNA(VLOOKUP(AK102,ltSchlepper,Maschinen!$AC$6,FALSE))=TRUE,0,VLOOKUP(AK102,ltSchlepper,Maschinen!$AC$6,FALSE)*AM102))","v":0},0,{"$f":"(IF(ISNA(VLOOKUP(AQ102,ltSchlepper,Maschinen!$AA$6,FALSE))=TRUE,0,VLOOKUP(AQ102,ltSchlepper,Maschinen!$AA$6,FALSE)*AS102))","v":0},{"$f":"(IF(ISNA(VLOOKUP(AQ102,ltSchlepper,Maschinen!$AB$6,FALSE))=TRUE,0,VLOOKUP(AQ102,ltSchlepper,Maschinen!$AB$6,FALSE)*AS102))","v":0},{"$f":"(IF(ISNA(VLOOKUP(AQ102,ltSchlepper,Maschinen!$AC$6,FALSE))=TRUE,0,VLOOKUP(AQ102,ltSchlepper,Maschinen!$AC$6,FALSE)*AS102))","v":0},0]
[null,21635,null,null,null,null,null,null,0,0,0,0.1,0,0,null,null,0,{"$f":"Q103*Lohnanspruch","v":0},0,0,0,0,0,null,null,"",null,"",null,0,null,"",null,"",null,0,null,"",null,"",null,0,null,"",null,"",null,0,0,0,0,0,{"$f":"BM103+BT103+CA103+CH103","v":0},{"$f":"BN103+BU103+CB103+CI103","v":0},0,0,0,0,0,0,{"$f":"(IF(ISNA(VLOOKUP(Y103,ltSchlepper,Maschinen!$K$6,FALSE))=TRUE,0,VLOOKUP(Y103,ltSchlepper,Maschinen!$K$6,FALSE)*AA103))","v":0},{"$f":"(IF(ISNA(VLOOKUP(Y103,ltSchlepper,Maschinen!$L$6,FALSE))=TRUE,0,VLOOKUP(Y103,ltSchlepper,Maschinen!$L$6,FALSE)*AA103))","v":0},{"$f":"(IF(ISNA(VLOOKUP(Y103,ltSchlepper,Maschinen!$M$6,FALSE))=TRUE,0,VLOOKUP(Y103,ltSchlepper,Maschinen!$M$6,FALSE)*AA103))","v":0},{"$f":"(IF(ISNA(VLOOKUP(Y103,ltSchlepper,Maschinen!$N$6,FALSE))=TRUE,0,VLOOKUP(Y103,ltSchlepper,Maschinen!$N$6,FALSE)*AA103*IF(ISBLANK(AC103),1,AC103)))","v":0},{"$f":"(IF(ISNA(VLOOKUP(Y103,ltSchlepper,Maschinen!$O$6,FALSE))=TRUE,0,VLOOKUP(Y103,ltSchlepper,Maschinen!$O$6,FALSE)*AA103*IF(ISBLANK(AC103),1,AC103)))","v":0},{"$f":"(IF(ISNA(VLOOKUP(Y103,ltSchlepper,Maschinen!$P$6,FALSE))=TRUE,0,VLOOKUP(Y103,ltSchlepper,Maschinen!$P$6,FALSE)*AA103*IF(ISBLANK(AC103),1,AC103)))","v":0},0,{"$f":"(IF(ISNA(VLOOKUP(AE103,ltSchlepper,Maschinen!$K$6,FALSE))=TRUE,0,VLOOKUP(AE103,ltSchlepper,Maschinen!$K$6,FALSE)*AG103))","v":0},{"$f":"(IF(ISNA(VLOOKUP(AE103,ltSchlepper,Maschinen!$L$6,FALSE))=TRUE,0,VLOOKUP(AE103,ltSchlepper,Maschinen!$L$6,FALSE)*AG103))","v":0},{"$f":"(IF(ISNA(VLOOKUP(AE103,ltSchlepper,Maschinen!$M$6,FALSE))=TRUE,0,VLOOKUP(AE103,ltSchlepper,Maschinen!$M$6,FALSE)*AG103))","v":0},{"$f":"(IF(ISNA(VLOOKUP(AE103,ltSchlepper,Maschinen!$N$6,FALSE))=TRUE,0,VLOOKUP(AE103,ltSchlepper,Maschinen!$N$6,FALSE)*AG103*IF(ISBLANK(AI103),1,AI103)))","v":0},{"$f":"(IF(ISNA(VLOOKUP(AE103,ltSchlepper,Maschinen!$O$6,FALSE))=TRUE,0,VLOOKUP(AE103,ltSchlepper,Maschinen!$O$6,FALSE)*AG103*IF(ISBLANK(AI103),1,AI103)))","v":0},{"$f":"(IF(ISNA(VLOOKUP(AE103,ltSchlepper,Maschinen!$P$6,FALSE))=TRUE,0,VLOOKUP(AE103,ltSchlepper,Maschinen!$P$6,FALSE)*AG103*IF(ISBLANK(AI103),1,AI103)))","v":0},0,{"$f":"(IF(ISNA(VLOOKUP(AK103,ltSchlepper,Maschinen!$K$6,FALSE))=TRUE,0,VLOOKUP(AK103,ltSchlepper,Maschinen!$K$6,FALSE)*AM103))","v":0},{"$f":"(IF(ISNA(VLOOKUP(AK103,ltSchlepper,Maschinen!$L$6,FALSE))=TRUE,0,VLOOKUP(AK103,ltSchlepper,Maschinen!$L$6,FALSE)*AM103))","v":0},{"$f":"(IF(ISNA(VLOOKUP(AK103,ltSchlepper,Maschinen!$M$6,FALSE))=TRUE,0,VLOOKUP(AK103,ltSchlepper,Maschinen!$M$6,FALSE)*AM103))","v":0},{"$f":"(IF(ISNA(VLOOKUP(AK103,ltSchlepper,Maschinen!$N$6,FALSE))=TRUE,0,VLOOKUP(AK103,ltSchlepper,Maschinen!$N$6,FALSE)*AM103*IF(ISBLANK(AO103),1,AO103)))","v":0},{"$f":"(IF(ISNA(VLOOKUP(AK103,ltSchlepper,Maschinen!$O$6,FALSE))=TRUE,0,VLOOKUP(AK103,ltSchlepper,Maschinen!$O$6,FALSE)*AM103*IF(ISBLANK(AO103),1,AO103)))","v":0},{"$f":"(IF(ISNA(VLOOKUP(AK103,ltSchlepper,Maschinen!$P$6,FALSE))=TRUE,0,VLOOKUP(AK103,ltSchlepper,Maschinen!$P$6,FALSE)*AM103*IF(ISBLANK(AO103),1,AO103)))","v":0},0,{"$f":"(IF(ISNA(VLOOKUP(AQ103,ltSchlepper,Maschinen!$K$6,FALSE))=TRUE,0,VLOOKUP(AQ103,ltSchlepper,Maschinen!$K$6,FALSE)*AS103))","v":0},{"$f":"(IF(ISNA(VLOOKUP(AQ103,ltSchlepper,Maschinen!$L$6,FALSE))=TRUE,0,VLOOKUP(AQ103,ltSchlepper,Maschinen!$L$6,FALSE)*AS103))","v":0},{"$f":"(IF(ISNA(VLOOKUP(AQ103,ltSchlepper,Maschinen!$M$6,FALSE))=TRUE,0,VLOOKUP(AQ103,ltSchlepper,Maschinen!$M$6,FALSE)*AS103))","v":0},{"$f":"(IF(ISNA(VLOOKUP(AQ103,ltSchlepper,Maschinen!$N$6,FALSE))=TRUE,0,VLOOKUP(AQ103,ltSchlepper,Maschinen!$N$6,FALSE)*AS103*IF(ISBLANK(AU103),1,AU103)))","v":0},{"$f":"(IF(ISNA(VLOOKUP(AQ103,ltSchlepper,Maschinen!$O$6,FALSE))=TRUE,0,VLOOKUP(AQ103,ltSchlepper,Maschinen!$O$6,FALSE)*AS103*IF(ISBLANK(AU103),1,AU103)))","v":0},{"$f":"(IF(ISNA(VLOOKUP(AQ103,ltSchlepper,Maschinen!$P$6,FALSE))=TRUE,0,VLOOKUP(AQ103,ltSchlepper,Maschinen!$P$6,FALSE)*AS103*IF(ISBLANK(AU103),1,AU103)))","v":0},0,{"$f":"(IF(ISNA(VLOOKUP(Y103,ltSchlepper,Maschinen!$AA$6,FALSE))=TRUE,0,VLOOKUP(Y103,ltSchlepper,Maschinen!$AA$6,FALSE)*AA103))","v":0},{"$f":"(IF(ISNA(VLOOKUP(Y103,ltSchlepper,Maschinen!$AB$6,FALSE))=TRUE,0,VLOOKUP(Y103,ltSchlepper,Maschinen!$AB$6,FALSE)*AA103))","v":0},{"$f":"(IF(ISNA(VLOOKUP(Y103,ltSchlepper,Maschinen!$AC$6,FALSE))=TRUE,0,VLOOKUP(Y103,ltSchlepper,Maschinen!$AC$6,FALSE)*AA103))","v":0},0,{"$f":"(IF(ISNA(VLOOKUP(AE103,ltSchlepper,Maschinen!$AA$6,FALSE))=TRUE,0,VLOOKUP(AE103,ltSchlepper,Maschinen!$AA$6,FALSE)*AG103))","v":0},{"$f":"(IF(ISNA(VLOOKUP(AE103,ltSchlepper,Maschinen!$AB$6,FALSE))=TRUE,0,VLOOKUP(AE103,ltSchlepper,Maschinen!$AB$6,FALSE)*AG103))","v":0},{"$f":"(IF(ISNA(VLOOKUP(AE103,ltSchlepper,Maschinen!$AC$6,FALSE))=TRUE,0,VLOOKUP(AE103,ltSchlepper,Maschinen!$AC$6,FALSE)*AG103))","v":0},0,{"$f":"(IF(ISNA(VLOOKUP(AK103,ltSchlepper,Maschinen!$AA$6,FALSE))=TRUE,0,VLOOKUP(AK103,ltSchlepper,Maschinen!$AA$6,FALSE)*AM103))","v":0},{"$f":"(IF(ISNA(VLOOKUP(AK103,ltSchlepper,Maschinen!$AB$6,FALSE))=TRUE,0,VLOOKUP(AK103,ltSchlepper,Maschinen!$AB$6,FALSE)*AM103))","v":0},{"$f":"(IF(ISNA(VLOOKUP(AK103,ltSchlepper,Maschinen!$AC$6,FALSE))=TRUE,0,VLOOKUP(AK103,ltSchlepper,Maschinen!$AC$6,FALSE)*AM103))","v":0},0,{"$f":"(IF(ISNA(VLOOKUP(AQ103,ltSchlepper,Maschinen!$AA$6,FALSE))=TRUE,0,VLOOKUP(AQ103,ltSchlepper,Maschinen!$AA$6,FALSE)*AS103))","v":0},{"$f":"(IF(ISNA(VLOOKUP(AQ103,ltSchlepper,Maschinen!$AB$6,FALSE))=TRUE,0,VLOOKUP(AQ103,ltSchlepper,Maschinen!$AB$6,FALSE)*AS103))","v":0},{"$f":"(IF(ISNA(VLOOKUP(AQ103,ltSchlepper,Maschinen!$AC$6,FALSE))=TRUE,0,VLOOKUP(AQ103,ltSchlepper,Maschinen!$AC$6,FALSE)*AS103))","v":0},0]
[null,21622,null,null,null,null,null,null,0,0,0,0.1,0,0,null,null,0,0,0,0,0,0,0,null,null,"",null,"",null,0,null,"",null,"",null,0,null,"",null,"",null,0,null,"",null,"",null,0,0,0,0,0,0,0,0,0,0,0,0,0,{"$f":"(IF(ISNA(VLOOKUP(Y104,ltSchlepper,Maschinen!$K$6,FALSE))=TRUE,0,VLOOKUP(Y104,ltSchlepper,Maschinen!$K$6,FALSE)*AA104))","v":0},{"$f":"(IF(ISNA(VLOOKUP(Y104,ltSchlepper,Maschinen!$L$6,FALSE))=TRUE,0,VLOOKUP(Y104,ltSchlepper,Maschinen!$L$6,FALSE)*AA104))","v":0},{"$f":"(IF(ISNA(VLOOKUP(Y104,ltSchlepper,Maschinen!$M$6,FALSE))=TRUE,0,VLOOKUP(Y104,ltSchlepper,Maschinen!$M$6,FALSE)*AA104))","v":0},{"$f":"(IF(ISNA(VLOOKUP(Y104,ltSchlepper,Maschinen!$N$6,FALSE))=TRUE,0,VLOOKUP(Y104,ltSchlepper,Maschinen!$N$6,FALSE)*AA104*IF(ISBLANK(AC104),1,AC104)))","v":0},{"$f":"(IF(ISNA(VLOOKUP(Y104,ltSchlepper,Maschinen!$O$6,FALSE))=TRUE,0,VLOOKUP(Y104,ltSchlepper,Maschinen!$O$6,FALSE)*AA104*IF(ISBLANK(AC104),1,AC104)))","v":0},{"$f":"(IF(ISNA(VLOOKUP(Y104,ltSchlepper,Maschinen!$P$6,FALSE))=TRUE,0,VLOOKUP(Y104,ltSchlepper,Maschinen!$P$6,FALSE)*AA104*IF(ISBLANK(AC104),1,AC104)))","v":0},0,{"$f":"(IF(ISNA(VLOOKUP(AE104,ltSchlepper,Maschinen!$K$6,FALSE))=TRUE,0,VLOOKUP(AE104,ltSchlepper,Maschinen!$K$6,FALSE)*AG104))","v":0},{"$f":"(IF(ISNA(VLOOKUP(AE104,ltSchlepper,Maschinen!$L$6,FALSE))=TRUE,0,VLOOKUP(AE104,ltSchlepper,Maschinen!$L$6,FALSE)*AG104))","v":0},{"$f":"(IF(ISNA(VLOOKUP(AE104,ltSchlepper,Maschinen!$M$6,FALSE))=TRUE,0,VLOOKUP(AE104,ltSchlepper,Maschinen!$M$6,FALSE)*AG104))","v":0},{"$f":"(IF(ISNA(VLOOKUP(AE104,ltSchlepper,Maschinen!$N$6,FALSE))=TRUE,0,VLOOKUP(AE104,ltSchlepper,Maschinen!$N$6,FALSE)*AG104*IF(ISBLANK(AI104),1,AI104)))","v":0},{"$f":"(IF(ISNA(VLOOKUP(AE104,ltSchlepper,Maschinen!$O$6,FALSE))=TRUE,0,VLOOKUP(AE104,ltSchlepper,Maschinen!$O$6,FALSE)*AG104*IF(ISBLANK(AI104),1,AI104)))","v":0},{"$f":"(IF(ISNA(VLOOKUP(AE104,ltSchlepper,Maschinen!$P$6,FALSE))=TRUE,0,VLOOKUP(AE104,ltSchlepper,Maschinen!$P$6,FALSE)*AG104*IF(ISBLANK(AI104),1,AI104)))","v":0},0,{"$f":"(IF(ISNA(VLOOKUP(AK104,ltSchlepper,Maschinen!$K$6,FALSE))=TRUE,0,VLOOKUP(AK104,ltSchlepper,Maschinen!$K$6,FALSE)*AM104))","v":0},{"$f":"(IF(ISNA(VLOOKUP(AK104,ltSchlepper,Maschinen!$L$6,FALSE))=TRUE,0,VLOOKUP(AK104,ltSchlepper,Maschinen!$L$6,FALSE)*AM104))","v":0},{"$f":"(IF(ISNA(VLOOKUP(AK104,ltSchlepper,Maschinen!$M$6,FALSE))=TRUE,0,VLOOKUP(AK104,ltSchlepper,Maschinen!$M$6,FALSE)*AM104))","v":0},{"$f":"(IF(ISNA(VLOOKUP(AK104,ltSchlepper,Maschinen!$N$6,FALSE))=TRUE,0,VLOOKUP(AK104,ltSchlepper,Maschinen!$N$6,FALSE)*AM104*IF(ISBLANK(AO104),1,AO104)))","v":0},{"$f":"(IF(ISNA(VLOOKUP(AK104,ltSchlepper,Maschinen!$O$6,FALSE))=TRUE,0,VLOOKUP(AK104,ltSchlepper,Maschinen!$O$6,FALSE)*AM104*IF(ISBLANK(AO104),1,AO104)))","v":0},{"$f":"(IF(ISNA(VLOOKUP(AK104,ltSchlepper,Maschinen!$P$6,FALSE))=TRUE,0,VLOOKUP(AK104,ltSchlepper,Maschinen!$P$6,FALSE)*AM104*IF(ISBLANK(AO104),1,AO104)))","v":0},0,{"$f":"(IF(ISNA(VLOOKUP(AQ104,ltSchlepper,Maschinen!$K$6,FALSE))=TRUE,0,VLOOKUP(AQ104,ltSchlepper,Maschinen!$K$6,FALSE)*AS104))","v":0},{"$f":"(IF(ISNA(VLOOKUP(AQ104,ltSchlepper,Maschinen!$L$6,FALSE))=TRUE,0,VLOOKUP(AQ104,ltSchlepper,Maschinen!$L$6,FALSE)*AS104))","v":0},{"$f":"(IF(ISNA(VLOOKUP(AQ104,ltSchlepper,Maschinen!$M$6,FALSE))=TRUE,0,VLOOKUP(AQ104,ltSchlepper,Maschinen!$M$6,FALSE)*AS104))","v":0},{"$f":"(IF(ISNA(VLOOKUP(AQ104,ltSchlepper,Maschinen!$N$6,FALSE))=TRUE,0,VLOOKUP(AQ104,ltSchlepper,Maschinen!$N$6,FALSE)*AS104*IF(ISBLANK(AU104),1,AU104)))","v":0},{"$f":"(IF(ISNA(VLOOKUP(AQ104,ltSchlepper,Maschinen!$O$6,FALSE))=TRUE,0,VLOOKUP(AQ104,ltSchlepper,Maschinen!$O$6,FALSE)*AS104*IF(ISBLANK(AU104),1,AU104)))","v":0},{"$f":"(IF(ISNA(VLOOKUP(AQ104,ltSchlepper,Maschinen!$P$6,FALSE))=TRUE,0,VLOOKUP(AQ104,ltSchlepper,Maschinen!$P$6,FALSE)*AS104*IF(ISBLANK(AU104),1,AU104)))","v":0},0,{"$f":"(IF(ISNA(VLOOKUP(Y104,ltSchlepper,Maschinen!$AA$6,FALSE))=TRUE,0,VLOOKUP(Y104,ltSchlepper,Maschinen!$AA$6,FALSE)*AA104))","v":0},{"$f":"(IF(ISNA(VLOOKUP(Y104,ltSchlepper,Maschinen!$AB$6,FALSE))=TRUE,0,VLOOKUP(Y104,ltSchlepper,Maschinen!$AB$6,FALSE)*AA104))","v":0},{"$f":"(IF(ISNA(VLOOKUP(Y104,ltSchlepper,Maschinen!$AC$6,FALSE))=TRUE,0,VLOOKUP(Y104,ltSchlepper,Maschinen!$AC$6,FALSE)*AA104))","v":0},0,{"$f":"(IF(ISNA(VLOOKUP(AE104,ltSchlepper,Maschinen!$AA$6,FALSE))=TRUE,0,VLOOKUP(AE104,ltSchlepper,Maschinen!$AA$6,FALSE)*AG104))","v":0},{"$f":"(IF(ISNA(VLOOKUP(AE104,ltSchlepper,Maschinen!$AB$6,FALSE))=TRUE,0,VLOOKUP(AE104,ltSchlepper,Maschinen!$AB$6,FALSE)*AG104))","v":0},{"$f":"(IF(ISNA(VLOOKUP(AE104,ltSchlepper,Maschinen!$AC$6,FALSE))=TRUE,0,VLOOKUP(AE104,ltSchlepper,Maschinen!$AC$6,FALSE)*AG104))","v":0},0,{"$f":"(IF(ISNA(VLOOKUP(AK104,ltSchlepper,Maschinen!$AA$6,FALSE))=TRUE,0,VLOOKUP(AK104,ltSchlepper,Maschinen!$AA$6,FALSE)*AM104))","v":0},{"$f":"(IF(ISNA(VLOOKUP(AK104,ltSchlepper,Maschinen!$AB$6,FALSE))=TRUE,0,VLOOKUP(AK104,ltSchlepper,Maschinen!$AB$6,FALSE)*AM104))","v":0},{"$f":"(IF(ISNA(VLOOKUP(AK104,ltSchlepper,Maschinen!$AC$6,FALSE))=TRUE,0,VLOOKUP(AK104,ltSchlepper,Maschinen!$AC$6,FALSE)*AM104))","v":0},0,{"$f":"(IF(ISNA(VLOOKUP(AQ104,ltSchlepper,Maschinen!$AA$6,FALSE))=TRUE,0,VLOOKUP(AQ104,ltSchlepper,Maschinen!$AA$6,FALSE)*AS104))","v":0},{"$f":"(IF(ISNA(VLOOKUP(AQ104,ltSchlepper,Maschinen!$AB$6,FALSE))=TRUE,0,VLOOKUP(AQ104,ltSchlepper,Maschinen!$AB$6,FALSE)*AS104))","v":0},{"$f":"(IF(ISNA(VLOOKUP(AQ104,ltSchlepper,Maschinen!$AC$6,FALSE))=TRUE,0,VLOOKUP(AQ104,ltSchlepper,Maschinen!$AC$6,FALSE)*AS104))","v":0},0]
[null,21636,null,null,null,null,null,null,0,0,0,0.1,0,0,null,null,0,{"$f":"Q105*Lohnanspruch","v":0},0,0,0,0,0,null,null,"",null,"",null,0,null,"",null,"",null,0,null,"",null,"",null,0,null,"",null,"",null,0,0,0,0,0,{"$f":"BM105+BT105+CA105+CH105","v":0},{"$f":"BN105+BU105+CB105+CI105","v":0},0,0,0,0,0,0,{"$f":"(IF(ISNA(VLOOKUP(Y105,ltSchlepper,Maschinen!$K$6,FALSE))=TRUE,0,VLOOKUP(Y105,ltSchlepper,Maschinen!$K$6,FALSE)*AA105))","v":0},{"$f":"(IF(ISNA(VLOOKUP(Y105,ltSchlepper,Maschinen!$L$6,FALSE))=TRUE,0,VLOOKUP(Y105,ltSchlepper,Maschinen!$L$6,FALSE)*AA105))","v":0},{"$f":"(IF(ISNA(VLOOKUP(Y105,ltSchlepper,Maschinen!$M$6,FALSE))=TRUE,0,VLOOKUP(Y105,ltSchlepper,Maschinen!$M$6,FALSE)*AA105))","v":0},{"$f":"(IF(ISNA(VLOOKUP(Y105,ltSchlepper,Maschinen!$N$6,FALSE))=TRUE,0,VLOOKUP(Y105,ltSchlepper,Maschinen!$N$6,FALSE)*AA105*IF(ISBLANK(AC105),1,AC105)))","v":0},{"$f":"(IF(ISNA(VLOOKUP(Y105,ltSchlepper,Maschinen!$O$6,FALSE))=TRUE,0,VLOOKUP(Y105,ltSchlepper,Maschinen!$O$6,FALSE)*AA105*IF(ISBLANK(AC105),1,AC105)))","v":0},{"$f":"(IF(ISNA(VLOOKUP(Y105,ltSchlepper,Maschinen!$P$6,FALSE))=TRUE,0,VLOOKUP(Y105,ltSchlepper,Maschinen!$P$6,FALSE)*AA105*IF(ISBLANK(AC105),1,AC105)))","v":0},0,{"$f":"(IF(ISNA(VLOOKUP(AE105,ltSchlepper,Maschinen!$K$6,FALSE))=TRUE,0,VLOOKUP(AE105,ltSchlepper,Maschinen!$K$6,FALSE)*AG105))","v":0},{"$f":"(IF(ISNA(VLOOKUP(AE105,ltSchlepper,Maschinen!$L$6,FALSE))=TRUE,0,VLOOKUP(AE105,ltSchlepper,Maschinen!$L$6,FALSE)*AG105))","v":0},{"$f":"(IF(ISNA(VLOOKUP(AE105,ltSchlepper,Maschinen!$M$6,FALSE))=TRUE,0,VLOOKUP(AE105,ltSchlepper,Maschinen!$M$6,FALSE)*AG105))","v":0},{"$f":"(IF(ISNA(VLOOKUP(AE105,ltSchlepper,Maschinen!$N$6,FALSE))=TRUE,0,VLOOKUP(AE105,ltSchlepper,Maschinen!$N$6,FALSE)*AG105*IF(ISBLANK(AI105),1,AI105)))","v":0},{"$f":"(IF(ISNA(VLOOKUP(AE105,ltSchlepper,Maschinen!$O$6,FALSE))=TRUE,0,VLOOKUP(AE105,ltSchlepper,Maschinen!$O$6,FALSE)*AG105*IF(ISBLANK(AI105),1,AI105)))","v":0},{"$f":"(IF(ISNA(VLOOKUP(AE105,ltSchlepper,Maschinen!$P$6,FALSE))=TRUE,0,VLOOKUP(AE105,ltSchlepper,Maschinen!$P$6,FALSE)*AG105*IF(ISBLANK(AI105),1,AI105)))","v":0},0,{"$f":"(IF(ISNA(VLOOKUP(AK105,ltSchlepper,Maschinen!$K$6,FALSE))=TRUE,0,VLOOKUP(AK105,ltSchlepper,Maschinen!$K$6,FALSE)*AM105))","v":0},{"$f":"(IF(ISNA(VLOOKUP(AK105,ltSchlepper,Maschinen!$L$6,FALSE))=TRUE,0,VLOOKUP(AK105,ltSchlepper,Maschinen!$L$6,FALSE)*AM105))","v":0},{"$f":"(IF(ISNA(VLOOKUP(AK105,ltSchlepper,Maschinen!$M$6,FALSE))=TRUE,0,VLOOKUP(AK105,ltSchlepper,Maschinen!$M$6,FALSE)*AM105))","v":0},{"$f":"(IF(ISNA(VLOOKUP(AK105,ltSchlepper,Maschinen!$N$6,FALSE))=TRUE,0,VLOOKUP(AK105,ltSchlepper,Maschinen!$N$6,FALSE)*AM105*IF(ISBLANK(AO105),1,AO105)))","v":0},{"$f":"(IF(ISNA(VLOOKUP(AK105,ltSchlepper,Maschinen!$O$6,FALSE))=TRUE,0,VLOOKUP(AK105,ltSchlepper,Maschinen!$O$6,FALSE)*AM105*IF(ISBLANK(AO105),1,AO105)))","v":0},{"$f":"(IF(ISNA(VLOOKUP(AK105,ltSchlepper,Maschinen!$P$6,FALSE))=TRUE,0,VLOOKUP(AK105,ltSchlepper,Maschinen!$P$6,FALSE)*AM105*IF(ISBLANK(AO105),1,AO105)))","v":0},0,{"$f":"(IF(ISNA(VLOOKUP(AQ105,ltSchlepper,Maschinen!$K$6,FALSE))=TRUE,0,VLOOKUP(AQ105,ltSchlepper,Maschinen!$K$6,FALSE)*AS105))","v":0},{"$f":"(IF(ISNA(VLOOKUP(AQ105,ltSchlepper,Maschinen!$L$6,FALSE))=TRUE,0,VLOOKUP(AQ105,ltSchlepper,Maschinen!$L$6,FALSE)*AS105))","v":0},{"$f":"(IF(ISNA(VLOOKUP(AQ105,ltSchlepper,Maschinen!$M$6,FALSE))=TRUE,0,VLOOKUP(AQ105,ltSchlepper,Maschinen!$M$6,FALSE)*AS105))","v":0},{"$f":"(IF(ISNA(VLOOKUP(AQ105,ltSchlepper,Maschinen!$N$6,FALSE))=TRUE,0,VLOOKUP(AQ105,ltSchlepper,Maschinen!$N$6,FALSE)*AS105*IF(ISBLANK(AU105),1,AU105)))","v":0},{"$f":"(IF(ISNA(VLOOKUP(AQ105,ltSchlepper,Maschinen!$O$6,FALSE))=TRUE,0,VLOOKUP(AQ105,ltSchlepper,Maschinen!$O$6,FALSE)*AS105*IF(ISBLANK(AU105),1,AU105)))","v":0},{"$f":"(IF(ISNA(VLOOKUP(AQ105,ltSchlepper,Maschinen!$P$6,FALSE))=TRUE,0,VLOOKUP(AQ105,ltSchlepper,Maschinen!$P$6,FALSE)*AS105*IF(ISBLANK(AU105),1,AU105)))","v":0},0,{"$f":"(IF(ISNA(VLOOKUP(Y105,ltSchlepper,Maschinen!$AA$6,FALSE))=TRUE,0,VLOOKUP(Y105,ltSchlepper,Maschinen!$AA$6,FALSE)*AA105))","v":0},{"$f":"(IF(ISNA(VLOOKUP(Y105,ltSchlepper,Maschinen!$AB$6,FALSE))=TRUE,0,VLOOKUP(Y105,ltSchlepper,Maschinen!$AB$6,FALSE)*AA105))","v":0},{"$f":"(IF(ISNA(VLOOKUP(Y105,ltSchlepper,Maschinen!$AC$6,FALSE))=TRUE,0,VLOOKUP(Y105,ltSchlepper,Maschinen!$AC$6,FALSE)*AA105))","v":0},0,{"$f":"(IF(ISNA(VLOOKUP(AE105,ltSchlepper,Maschinen!$AA$6,FALSE))=TRUE,0,VLOOKUP(AE105,ltSchlepper,Maschinen!$AA$6,FALSE)*AG105))","v":0},{"$f":"(IF(ISNA(VLOOKUP(AE105,ltSchlepper,Maschinen!$AB$6,FALSE))=TRUE,0,VLOOKUP(AE105,ltSchlepper,Maschinen!$AB$6,FALSE)*AG105))","v":0},{"$f":"(IF(ISNA(VLOOKUP(AE105,ltSchlepper,Maschinen!$AC$6,FALSE))=TRUE,0,VLOOKUP(AE105,ltSchlepper,Maschinen!$AC$6,FALSE)*AG105))","v":0},0,{"$f":"(IF(ISNA(VLOOKUP(AK105,ltSchlepper,Maschinen!$AA$6,FALSE))=TRUE,0,VLOOKUP(AK105,ltSchlepper,Maschinen!$AA$6,FALSE)*AM105))","v":0},{"$f":"(IF(ISNA(VLOOKUP(AK105,ltSchlepper,Maschinen!$AB$6,FALSE))=TRUE,0,VLOOKUP(AK105,ltSchlepper,Maschinen!$AB$6,FALSE)*AM105))","v":0},{"$f":"(IF(ISNA(VLOOKUP(AK105,ltSchlepper,Maschinen!$AC$6,FALSE))=TRUE,0,VLOOKUP(AK105,ltSchlepper,Maschinen!$AC$6,FALSE)*AM105))","v":0},0,{"$f":"(IF(ISNA(VLOOKUP(AQ105,ltSchlepper,Maschinen!$AA$6,FALSE))=TRUE,0,VLOOKUP(AQ105,ltSchlepper,Maschinen!$AA$6,FALSE)*AS105))","v":0},{"$f":"(IF(ISNA(VLOOKUP(AQ105,ltSchlepper,Maschinen!$AB$6,FALSE))=TRUE,0,VLOOKUP(AQ105,ltSchlepper,Maschinen!$AB$6,FALSE)*AS105))","v":0},{"$f":"(IF(ISNA(VLOOKUP(AQ105,ltSchlepper,Maschinen!$AC$6,FALSE))=TRUE,0,VLOOKUP(AQ105,ltSchlepper,Maschinen!$AC$6,FALSE)*AS105))","v":0},0]
[null,21637,null,null,null,null,null,null,0,0,0,0.1,0,0,null,null,0,{"$f":"Q106*Lohnanspruch","v":0},0,0,0,0,0,null,null,"",null,"",null,0,null,"",null,"",null,0,null,"",null,"",null,0,null,"",null,"",null,0,0,0,0,0,{"$f":"BM106+BT106+CA106+CH106","v":0},{"$f":"BN106+BU106+CB106+CI106","v":0},0,0,0,0,0,0,{"$f":"(IF(ISNA(VLOOKUP(Y106,ltSchlepper,Maschinen!$K$6,FALSE))=TRUE,0,VLOOKUP(Y106,ltSchlepper,Maschinen!$K$6,FALSE)*AA106))","v":0},{"$f":"(IF(ISNA(VLOOKUP(Y106,ltSchlepper,Maschinen!$L$6,FALSE))=TRUE,0,VLOOKUP(Y106,ltSchlepper,Maschinen!$L$6,FALSE)*AA106))","v":0},{"$f":"(IF(ISNA(VLOOKUP(Y106,ltSchlepper,Maschinen!$M$6,FALSE))=TRUE,0,VLOOKUP(Y106,ltSchlepper,Maschinen!$M$6,FALSE)*AA106))","v":0},{"$f":"(IF(ISNA(VLOOKUP(Y106,ltSchlepper,Maschinen!$N$6,FALSE))=TRUE,0,VLOOKUP(Y106,ltSchlepper,Maschinen!$N$6,FALSE)*AA106*IF(ISBLANK(AC106),1,AC106)))","v":0},{"$f":"(IF(ISNA(VLOOKUP(Y106,ltSchlepper,Maschinen!$O$6,FALSE))=TRUE,0,VLOOKUP(Y106,ltSchlepper,Maschinen!$O$6,FALSE)*AA106*IF(ISBLANK(AC106),1,AC106)))","v":0},{"$f":"(IF(ISNA(VLOOKUP(Y106,ltSchlepper,Maschinen!$P$6,FALSE))=TRUE,0,VLOOKUP(Y106,ltSchlepper,Maschinen!$P$6,FALSE)*AA106*IF(ISBLANK(AC106),1,AC106)))","v":0},0,{"$f":"(IF(ISNA(VLOOKUP(AE106,ltSchlepper,Maschinen!$K$6,FALSE))=TRUE,0,VLOOKUP(AE106,ltSchlepper,Maschinen!$K$6,FALSE)*AG106))","v":0},{"$f":"(IF(ISNA(VLOOKUP(AE106,ltSchlepper,Maschinen!$L$6,FALSE))=TRUE,0,VLOOKUP(AE106,ltSchlepper,Maschinen!$L$6,FALSE)*AG106))","v":0},{"$f":"(IF(ISNA(VLOOKUP(AE106,ltSchlepper,Maschinen!$M$6,FALSE))=TRUE,0,VLOOKUP(AE106,ltSchlepper,Maschinen!$M$6,FALSE)*AG106))","v":0},{"$f":"(IF(ISNA(VLOOKUP(AE106,ltSchlepper,Maschinen!$N$6,FALSE))=TRUE,0,VLOOKUP(AE106,ltSchlepper,Maschinen!$N$6,FALSE)*AG106*IF(ISBLANK(AI106),1,AI106)))","v":0},{"$f":"(IF(ISNA(VLOOKUP(AE106,ltSchlepper,Maschinen!$O$6,FALSE))=TRUE,0,VLOOKUP(AE106,ltSchlepper,Maschinen!$O$6,FALSE)*AG106*IF(ISBLANK(AI106),1,AI106)))","v":0},{"$f":"(IF(ISNA(VLOOKUP(AE106,ltSchlepper,Maschinen!$P$6,FALSE))=TRUE,0,VLOOKUP(AE106,ltSchlepper,Maschinen!$P$6,FALSE)*AG106*IF(ISBLANK(AI106),1,AI106)))","v":0},0,{"$f":"(IF(ISNA(VLOOKUP(AK106,ltSchlepper,Maschinen!$K$6,FALSE))=TRUE,0,VLOOKUP(AK106,ltSchlepper,Maschinen!$K$6,FALSE)*AM106))","v":0},{"$f":"(IF(ISNA(VLOOKUP(AK106,ltSchlepper,Maschinen!$L$6,FALSE))=TRUE,0,VLOOKUP(AK106,ltSchlepper,Maschinen!$L$6,FALSE)*AM106))","v":0},{"$f":"(IF(ISNA(VLOOKUP(AK106,ltSchlepper,Maschinen!$M$6,FALSE))=TRUE,0,VLOOKUP(AK106,ltSchlepper,Maschinen!$M$6,FALSE)*AM106))","v":0},{"$f":"(IF(ISNA(VLOOKUP(AK106,ltSchlepper,Maschinen!$N$6,FALSE))=TRUE,0,VLOOKUP(AK106,ltSchlepper,Maschinen!$N$6,FALSE)*AM106*IF(ISBLANK(AO106),1,AO106)))","v":0},{"$f":"(IF(ISNA(VLOOKUP(AK106,ltSchlepper,Maschinen!$O$6,FALSE))=TRUE,0,VLOOKUP(AK106,ltSchlepper,Maschinen!$O$6,FALSE)*AM106*IF(ISBLANK(AO106),1,AO106)))","v":0},{"$f":"(IF(ISNA(VLOOKUP(AK106,ltSchlepper,Maschinen!$P$6,FALSE))=TRUE,0,VLOOKUP(AK106,ltSchlepper,Maschinen!$P$6,FALSE)*AM106*IF(ISBLANK(AO106),1,AO106)))","v":0},0,{"$f":"(IF(ISNA(VLOOKUP(AQ106,ltSchlepper,Maschinen!$K$6,FALSE))=TRUE,0,VLOOKUP(AQ106,ltSchlepper,Maschinen!$K$6,FALSE)*AS106))","v":0},{"$f":"(IF(ISNA(VLOOKUP(AQ106,ltSchlepper,Maschinen!$L$6,FALSE))=TRUE,0,VLOOKUP(AQ106,ltSchlepper,Maschinen!$L$6,FALSE)*AS106))","v":0},{"$f":"(IF(ISNA(VLOOKUP(AQ106,ltSchlepper,Maschinen!$M$6,FALSE))=TRUE,0,VLOOKUP(AQ106,ltSchlepper,Maschinen!$M$6,FALSE)*AS106))","v":0},{"$f":"(IF(ISNA(VLOOKUP(AQ106,ltSchlepper,Maschinen!$N$6,FALSE))=TRUE,0,VLOOKUP(AQ106,ltSchlepper,Maschinen!$N$6,FALSE)*AS106*IF(ISBLANK(AU106),1,AU106)))","v":0},{"$f":"(IF(ISNA(VLOOKUP(AQ106,ltSchlepper,Maschinen!$O$6,FALSE))=TRUE,0,VLOOKUP(AQ106,ltSchlepper,Maschinen!$O$6,FALSE)*AS106*IF(ISBLANK(AU106),1,AU106)))","v":0},{"$f":"(IF(ISNA(VLOOKUP(AQ106,ltSchlepper,Maschinen!$P$6,FALSE))=TRUE,0,VLOOKUP(AQ106,ltSchlepper,Maschinen!$P$6,FALSE)*AS106*IF(ISBLANK(AU106),1,AU106)))","v":0},0,{"$f":"(IF(ISNA(VLOOKUP(Y106,ltSchlepper,Maschinen!$AA$6,FALSE))=TRUE,0,VLOOKUP(Y106,ltSchlepper,Maschinen!$AA$6,FALSE)*AA106))","v":0},{"$f":"(IF(ISNA(VLOOKUP(Y106,ltSchlepper,Maschinen!$AB$6,FALSE))=TRUE,0,VLOOKUP(Y106,ltSchlepper,Maschinen!$AB$6,FALSE)*AA106))","v":0},{"$f":"(IF(ISNA(VLOOKUP(Y106,ltSchlepper,Maschinen!$AC$6,FALSE))=TRUE,0,VLOOKUP(Y106,ltSchlepper,Maschinen!$AC$6,FALSE)*AA106))","v":0},0,{"$f":"(IF(ISNA(VLOOKUP(AE106,ltSchlepper,Maschinen!$AA$6,FALSE))=TRUE,0,VLOOKUP(AE106,ltSchlepper,Maschinen!$AA$6,FALSE)*AG106))","v":0},{"$f":"(IF(ISNA(VLOOKUP(AE106,ltSchlepper,Maschinen!$AB$6,FALSE))=TRUE,0,VLOOKUP(AE106,ltSchlepper,Maschinen!$AB$6,FALSE)*AG106))","v":0},{"$f":"(IF(ISNA(VLOOKUP(AE106,ltSchlepper,Maschinen!$AC$6,FALSE))=TRUE,0,VLOOKUP(AE106,ltSchlepper,Maschinen!$AC$6,FALSE)*AG106))","v":0},0,{"$f":"(IF(ISNA(VLOOKUP(AK106,ltSchlepper,Maschinen!$AA$6,FALSE))=TRUE,0,VLOOKUP(AK106,ltSchlepper,Maschinen!$AA$6,FALSE)*AM106))","v":0},{"$f":"(IF(ISNA(VLOOKUP(AK106,ltSchlepper,Maschinen!$AB$6,FALSE))=TRUE,0,VLOOKUP(AK106,ltSchlepper,Maschinen!$AB$6,FALSE)*AM106))","v":0},{"$f":"(IF(ISNA(VLOOKUP(AK106,ltSchlepper,Maschinen!$AC$6,FALSE))=TRUE,0,VLOOKUP(AK106,ltSchlepper,Maschinen!$AC$6,FALSE)*AM106))","v":0},0,{"$f":"(IF(ISNA(VLOOKUP(AQ106,ltSchlepper,Maschinen!$AA$6,FALSE))=TRUE,0,VLOOKUP(AQ106,ltSchlepper,Maschinen!$AA$6,FALSE)*AS106))","v":0},{"$f":"(IF(ISNA(VLOOKUP(AQ106,ltSchlepper,Maschinen!$AB$6,FALSE))=TRUE,0,VLOOKUP(AQ106,ltSchlepper,Maschinen!$AB$6,FALSE)*AS106))","v":0},{"$f":"(IF(ISNA(VLOOKUP(AQ106,ltSchlepper,Maschinen!$AC$6,FALSE))=TRUE,0,VLOOKUP(AQ106,ltSchlepper,Maschinen!$AC$6,FALSE)*AS106))","v":0},0]
[null,21627,null,null,null,null,null,null,0,0,0,0.1,0,0,null,null,0,{"$f":"Q107*Lohnanspruch","v":0},0,0,0,0,0,null,null,"",null,"",null,0,null,"",null,"",null,0,null,"",null,"",null,0,null,"",null,"",null,0,0,0,0,0,0,0,0,0,0,0,0,0,{"$f":"(IF(ISNA(VLOOKUP(Y107,ltSchlepper,Maschinen!$K$6,FALSE))=TRUE,0,VLOOKUP(Y107,ltSchlepper,Maschinen!$K$6,FALSE)*AA107))","v":0},{"$f":"(IF(ISNA(VLOOKUP(Y107,ltSchlepper,Maschinen!$L$6,FALSE))=TRUE,0,VLOOKUP(Y107,ltSchlepper,Maschinen!$L$6,FALSE)*AA107))","v":0},{"$f":"(IF(ISNA(VLOOKUP(Y107,ltSchlepper,Maschinen!$M$6,FALSE))=TRUE,0,VLOOKUP(Y107,ltSchlepper,Maschinen!$M$6,FALSE)*AA107))","v":0},{"$f":"(IF(ISNA(VLOOKUP(Y107,ltSchlepper,Maschinen!$N$6,FALSE))=TRUE,0,VLOOKUP(Y107,ltSchlepper,Maschinen!$N$6,FALSE)*AA107*IF(ISBLANK(AC107),1,AC107)))","v":0},{"$f":"(IF(ISNA(VLOOKUP(Y107,ltSchlepper,Maschinen!$O$6,FALSE))=TRUE,0,VLOOKUP(Y107,ltSchlepper,Maschinen!$O$6,FALSE)*AA107*IF(ISBLANK(AC107),1,AC107)))","v":0},{"$f":"(IF(ISNA(VLOOKUP(Y107,ltSchlepper,Maschinen!$P$6,FALSE))=TRUE,0,VLOOKUP(Y107,ltSchlepper,Maschinen!$P$6,FALSE)*AA107*IF(ISBLANK(AC107),1,AC107)))","v":0},0,{"$f":"(IF(ISNA(VLOOKUP(AE107,ltSchlepper,Maschinen!$K$6,FALSE))=TRUE,0,VLOOKUP(AE107,ltSchlepper,Maschinen!$K$6,FALSE)*AG107))","v":0},{"$f":"(IF(ISNA(VLOOKUP(AE107,ltSchlepper,Maschinen!$L$6,FALSE))=TRUE,0,VLOOKUP(AE107,ltSchlepper,Maschinen!$L$6,FALSE)*AG107))","v":0},{"$f":"(IF(ISNA(VLOOKUP(AE107,ltSchlepper,Maschinen!$M$6,FALSE))=TRUE,0,VLOOKUP(AE107,ltSchlepper,Maschinen!$M$6,FALSE)*AG107))","v":0},{"$f":"(IF(ISNA(VLOOKUP(AE107,ltSchlepper,Maschinen!$N$6,FALSE))=TRUE,0,VLOOKUP(AE107,ltSchlepper,Maschinen!$N$6,FALSE)*AG107*IF(ISBLANK(AI107),1,AI107)))","v":0},{"$f":"(IF(ISNA(VLOOKUP(AE107,ltSchlepper,Maschinen!$O$6,FALSE))=TRUE,0,VLOOKUP(AE107,ltSchlepper,Maschinen!$O$6,FALSE)*AG107*IF(ISBLANK(AI107),1,AI107)))","v":0},{"$f":"(IF(ISNA(VLOOKUP(AE107,ltSchlepper,Maschinen!$P$6,FALSE))=TRUE,0,VLOOKUP(AE107,ltSchlepper,Maschinen!$P$6,FALSE)*AG107*IF(ISBLANK(AI107),1,AI107)))","v":0},0,{"$f":"(IF(ISNA(VLOOKUP(AK107,ltSchlepper,Maschinen!$K$6,FALSE))=TRUE,0,VLOOKUP(AK107,ltSchlepper,Maschinen!$K$6,FALSE)*AM107))","v":0},{"$f":"(IF(ISNA(VLOOKUP(AK107,ltSchlepper,Maschinen!$L$6,FALSE))=TRUE,0,VLOOKUP(AK107,ltSchlepper,Maschinen!$L$6,FALSE)*AM107))","v":0},{"$f":"(IF(ISNA(VLOOKUP(AK107,ltSchlepper,Maschinen!$M$6,FALSE))=TRUE,0,VLOOKUP(AK107,ltSchlepper,Maschinen!$M$6,FALSE)*AM107))","v":0},{"$f":"(IF(ISNA(VLOOKUP(AK107,ltSchlepper,Maschinen!$N$6,FALSE))=TRUE,0,VLOOKUP(AK107,ltSchlepper,Maschinen!$N$6,FALSE)*AM107*IF(ISBLANK(AO107),1,AO107)))","v":0},{"$f":"(IF(ISNA(VLOOKUP(AK107,ltSchlepper,Maschinen!$O$6,FALSE))=TRUE,0,VLOOKUP(AK107,ltSchlepper,Maschinen!$O$6,FALSE)*AM107*IF(ISBLANK(AO107),1,AO107)))","v":0},{"$f":"(IF(ISNA(VLOOKUP(AK107,ltSchlepper,Maschinen!$P$6,FALSE))=TRUE,0,VLOOKUP(AK107,ltSchlepper,Maschinen!$P$6,FALSE)*AM107*IF(ISBLANK(AO107),1,AO107)))","v":0},0,{"$f":"(IF(ISNA(VLOOKUP(AQ107,ltSchlepper,Maschinen!$K$6,FALSE))=TRUE,0,VLOOKUP(AQ107,ltSchlepper,Maschinen!$K$6,FALSE)*AS107))","v":0},{"$f":"(IF(ISNA(VLOOKUP(AQ107,ltSchlepper,Maschinen!$L$6,FALSE))=TRUE,0,VLOOKUP(AQ107,ltSchlepper,Maschinen!$L$6,FALSE)*AS107))","v":0},{"$f":"(IF(ISNA(VLOOKUP(AQ107,ltSchlepper,Maschinen!$M$6,FALSE))=TRUE,0,VLOOKUP(AQ107,ltSchlepper,Maschinen!$M$6,FALSE)*AS107))","v":0},{"$f":"(IF(ISNA(VLOOKUP(AQ107,ltSchlepper,Maschinen!$N$6,FALSE))=TRUE,0,VLOOKUP(AQ107,ltSchlepper,Maschinen!$N$6,FALSE)*AS107*IF(ISBLANK(AU107),1,AU107)))","v":0},{"$f":"(IF(ISNA(VLOOKUP(AQ107,ltSchlepper,Maschinen!$O$6,FALSE))=TRUE,0,VLOOKUP(AQ107,ltSchlepper,Maschinen!$O$6,FALSE)*AS107*IF(ISBLANK(AU107),1,AU107)))","v":0},{"$f":"(IF(ISNA(VLOOKUP(AQ107,ltSchlepper,Maschinen!$P$6,FALSE))=TRUE,0,VLOOKUP(AQ107,ltSchlepper,Maschinen!$P$6,FALSE)*AS107*IF(ISBLANK(AU107),1,AU107)))","v":0},0,{"$f":"(IF(ISNA(VLOOKUP(Y107,ltSchlepper,Maschinen!$AA$6,FALSE))=TRUE,0,VLOOKUP(Y107,ltSchlepper,Maschinen!$AA$6,FALSE)*AA107))","v":0},{"$f":"(IF(ISNA(VLOOKUP(Y107,ltSchlepper,Maschinen!$AB$6,FALSE))=TRUE,0,VLOOKUP(Y107,ltSchlepper,Maschinen!$AB$6,FALSE)*AA107))","v":0},{"$f":"(IF(ISNA(VLOOKUP(Y107,ltSchlepper,Maschinen!$AC$6,FALSE))=TRUE,0,VLOOKUP(Y107,ltSchlepper,Maschinen!$AC$6,FALSE)*AA107))","v":0},0,{"$f":"(IF(ISNA(VLOOKUP(AE107,ltSchlepper,Maschinen!$AA$6,FALSE))=TRUE,0,VLOOKUP(AE107,ltSchlepper,Maschinen!$AA$6,FALSE)*AG107))","v":0},{"$f":"(IF(ISNA(VLOOKUP(AE107,ltSchlepper,Maschinen!$AB$6,FALSE))=TRUE,0,VLOOKUP(AE107,ltSchlepper,Maschinen!$AB$6,FALSE)*AG107))","v":0},{"$f":"(IF(ISNA(VLOOKUP(AE107,ltSchlepper,Maschinen!$AC$6,FALSE))=TRUE,0,VLOOKUP(AE107,ltSchlepper,Maschinen!$AC$6,FALSE)*AG107))","v":0},0,{"$f":"(IF(ISNA(VLOOKUP(AK107,ltSchlepper,Maschinen!$AA$6,FALSE))=TRUE,0,VLOOKUP(AK107,ltSchlepper,Maschinen!$AA$6,FALSE)*AM107))","v":0},{"$f":"(IF(ISNA(VLOOKUP(AK107,ltSchlepper,Maschinen!$AB$6,FALSE))=TRUE,0,VLOOKUP(AK107,ltSchlepper,Maschinen!$AB$6,FALSE)*AM107))","v":0},{"$f":"(IF(ISNA(VLOOKUP(AK107,ltSchlepper,Maschinen!$AC$6,FALSE))=TRUE,0,VLOOKUP(AK107,ltSchlepper,Maschinen!$AC$6,FALSE)*AM107))","v":0},0,{"$f":"(IF(ISNA(VLOOKUP(AQ107,ltSchlepper,Maschinen!$AA$6,FALSE))=TRUE,0,VLOOKUP(AQ107,ltSchlepper,Maschinen!$AA$6,FALSE)*AS107))","v":0},{"$f":"(IF(ISNA(VLOOKUP(AQ107,ltSchlepper,Maschinen!$AB$6,FALSE))=TRUE,0,VLOOKUP(AQ107,ltSchlepper,Maschinen!$AB$6,FALSE)*AS107))","v":0},{"$f":"(IF(ISNA(VLOOKUP(AQ107,ltSchlepper,Maschinen!$AC$6,FALSE))=TRUE,0,VLOOKUP(AQ107,ltSchlepper,Maschinen!$AC$6,FALSE)*AS107))","v":0},0]
[null,21623,null,null,null,null,null,null,0,0,0,0.1,0,0,null,null,0,0,0,0,0,0,0,null,null,"",null,"",null,0,null,"",null,"",null,0,null,"",null,"",null,0,null,"",null,"",null,0,0,0,0,0,0,0,0,0,0,0,0,0,{"$f":"(IF(ISNA(VLOOKUP(Y108,ltSchlepper,Maschinen!$K$6,FALSE))=TRUE,0,VLOOKUP(Y108,ltSchlepper,Maschinen!$K$6,FALSE)*AA108))","v":0},{"$f":"(IF(ISNA(VLOOKUP(Y108,ltSchlepper,Maschinen!$L$6,FALSE))=TRUE,0,VLOOKUP(Y108,ltSchlepper,Maschinen!$L$6,FALSE)*AA108))","v":0},{"$f":"(IF(ISNA(VLOOKUP(Y108,ltSchlepper,Maschinen!$M$6,FALSE))=TRUE,0,VLOOKUP(Y108,ltSchlepper,Maschinen!$M$6,FALSE)*AA108))","v":0},{"$f":"(IF(ISNA(VLOOKUP(Y108,ltSchlepper,Maschinen!$N$6,FALSE))=TRUE,0,VLOOKUP(Y108,ltSchlepper,Maschinen!$N$6,FALSE)*AA108*IF(ISBLANK(AC108),1,AC108)))","v":0},{"$f":"(IF(ISNA(VLOOKUP(Y108,ltSchlepper,Maschinen!$O$6,FALSE))=TRUE,0,VLOOKUP(Y108,ltSchlepper,Maschinen!$O$6,FALSE)*AA108*IF(ISBLANK(AC108),1,AC108)))","v":0},{"$f":"(IF(ISNA(VLOOKUP(Y108,ltSchlepper,Maschinen!$P$6,FALSE))=TRUE,0,VLOOKUP(Y108,ltSchlepper,Maschinen!$P$6,FALSE)*AA108*IF(ISBLANK(AC108),1,AC108)))","v":0},0,{"$f":"(IF(ISNA(VLOOKUP(AE108,ltSchlepper,Maschinen!$K$6,FALSE))=TRUE,0,VLOOKUP(AE108,ltSchlepper,Maschinen!$K$6,FALSE)*AG108))","v":0},{"$f":"(IF(ISNA(VLOOKUP(AE108,ltSchlepper,Maschinen!$L$6,FALSE))=TRUE,0,VLOOKUP(AE108,ltSchlepper,Maschinen!$L$6,FALSE)*AG108))","v":0},{"$f":"(IF(ISNA(VLOOKUP(AE108,ltSchlepper,Maschinen!$M$6,FALSE))=TRUE,0,VLOOKUP(AE108,ltSchlepper,Maschinen!$M$6,FALSE)*AG108))","v":0},{"$f":"(IF(ISNA(VLOOKUP(AE108,ltSchlepper,Maschinen!$N$6,FALSE))=TRUE,0,VLOOKUP(AE108,ltSchlepper,Maschinen!$N$6,FALSE)*AG108*IF(ISBLANK(AI108),1,AI108)))","v":0},{"$f":"(IF(ISNA(VLOOKUP(AE108,ltSchlepper,Maschinen!$O$6,FALSE))=TRUE,0,VLOOKUP(AE108,ltSchlepper,Maschinen!$O$6,FALSE)*AG108*IF(ISBLANK(AI108),1,AI108)))","v":0},{"$f":"(IF(ISNA(VLOOKUP(AE108,ltSchlepper,Maschinen!$P$6,FALSE))=TRUE,0,VLOOKUP(AE108,ltSchlepper,Maschinen!$P$6,FALSE)*AG108*IF(ISBLANK(AI108),1,AI108)))","v":0},0,{"$f":"(IF(ISNA(VLOOKUP(AK108,ltSchlepper,Maschinen!$K$6,FALSE))=TRUE,0,VLOOKUP(AK108,ltSchlepper,Maschinen!$K$6,FALSE)*AM108))","v":0},{"$f":"(IF(ISNA(VLOOKUP(AK108,ltSchlepper,Maschinen!$L$6,FALSE))=TRUE,0,VLOOKUP(AK108,ltSchlepper,Maschinen!$L$6,FALSE)*AM108))","v":0},{"$f":"(IF(ISNA(VLOOKUP(AK108,ltSchlepper,Maschinen!$M$6,FALSE))=TRUE,0,VLOOKUP(AK108,ltSchlepper,Maschinen!$M$6,FALSE)*AM108))","v":0},{"$f":"(IF(ISNA(VLOOKUP(AK108,ltSchlepper,Maschinen!$N$6,FALSE))=TRUE,0,VLOOKUP(AK108,ltSchlepper,Maschinen!$N$6,FALSE)*AM108*IF(ISBLANK(AO108),1,AO108)))","v":0},{"$f":"(IF(ISNA(VLOOKUP(AK108,ltSchlepper,Maschinen!$O$6,FALSE))=TRUE,0,VLOOKUP(AK108,ltSchlepper,Maschinen!$O$6,FALSE)*AM108*IF(ISBLANK(AO108),1,AO108)))","v":0},{"$f":"(IF(ISNA(VLOOKUP(AK108,ltSchlepper,Maschinen!$P$6,FALSE))=TRUE,0,VLOOKUP(AK108,ltSchlepper,Maschinen!$P$6,FALSE)*AM108*IF(ISBLANK(AO108),1,AO108)))","v":0},0,{"$f":"(IF(ISNA(VLOOKUP(AQ108,ltSchlepper,Maschinen!$K$6,FALSE))=TRUE,0,VLOOKUP(AQ108,ltSchlepper,Maschinen!$K$6,FALSE)*AS108))","v":0},{"$f":"(IF(ISNA(VLOOKUP(AQ108,ltSchlepper,Maschinen!$L$6,FALSE))=TRUE,0,VLOOKUP(AQ108,ltSchlepper,Maschinen!$L$6,FALSE)*AS108))","v":0},{"$f":"(IF(ISNA(VLOOKUP(AQ108,ltSchlepper,Maschinen!$M$6,FALSE))=TRUE,0,VLOOKUP(AQ108,ltSchlepper,Maschinen!$M$6,FALSE)*AS108))","v":0},{"$f":"(IF(ISNA(VLOOKUP(AQ108,ltSchlepper,Maschinen!$N$6,FALSE))=TRUE,0,VLOOKUP(AQ108,ltSchlepper,Maschinen!$N$6,FALSE)*AS108*IF(ISBLANK(AU108),1,AU108)))","v":0},{"$f":"(IF(ISNA(VLOOKUP(AQ108,ltSchlepper,Maschinen!$O$6,FALSE))=TRUE,0,VLOOKUP(AQ108,ltSchlepper,Maschinen!$O$6,FALSE)*AS108*IF(ISBLANK(AU108),1,AU108)))","v":0},{"$f":"(IF(ISNA(VLOOKUP(AQ108,ltSchlepper,Maschinen!$P$6,FALSE))=TRUE,0,VLOOKUP(AQ108,ltSchlepper,Maschinen!$P$6,FALSE)*AS108*IF(ISBLANK(AU108),1,AU108)))","v":0},0,{"$f":"(IF(ISNA(VLOOKUP(Y108,ltSchlepper,Maschinen!$AA$6,FALSE))=TRUE,0,VLOOKUP(Y108,ltSchlepper,Maschinen!$AA$6,FALSE)*AA108))","v":0},{"$f":"(IF(ISNA(VLOOKUP(Y108,ltSchlepper,Maschinen!$AB$6,FALSE))=TRUE,0,VLOOKUP(Y108,ltSchlepper,Maschinen!$AB$6,FALSE)*AA108))","v":0},{"$f":"(IF(ISNA(VLOOKUP(Y108,ltSchlepper,Maschinen!$AC$6,FALSE))=TRUE,0,VLOOKUP(Y108,ltSchlepper,Maschinen!$AC$6,FALSE)*AA108))","v":0},0,{"$f":"(IF(ISNA(VLOOKUP(AE108,ltSchlepper,Maschinen!$AA$6,FALSE))=TRUE,0,VLOOKUP(AE108,ltSchlepper,Maschinen!$AA$6,FALSE)*AG108))","v":0},{"$f":"(IF(ISNA(VLOOKUP(AE108,ltSchlepper,Maschinen!$AB$6,FALSE))=TRUE,0,VLOOKUP(AE108,ltSchlepper,Maschinen!$AB$6,FALSE)*AG108))","v":0},{"$f":"(IF(ISNA(VLOOKUP(AE108,ltSchlepper,Maschinen!$AC$6,FALSE))=TRUE,0,VLOOKUP(AE108,ltSchlepper,Maschinen!$AC$6,FALSE)*AG108))","v":0},0,{"$f":"(IF(ISNA(VLOOKUP(AK108,ltSchlepper,Maschinen!$AA$6,FALSE))=TRUE,0,VLOOKUP(AK108,ltSchlepper,Maschinen!$AA$6,FALSE)*AM108))","v":0},{"$f":"(IF(ISNA(VLOOKUP(AK108,ltSchlepper,Maschinen!$AB$6,FALSE))=TRUE,0,VLOOKUP(AK108,ltSchlepper,Maschinen!$AB$6,FALSE)*AM108))","v":0},{"$f":"(IF(ISNA(VLOOKUP(AK108,ltSchlepper,Maschinen!$AC$6,FALSE))=TRUE,0,VLOOKUP(AK108,ltSchlepper,Maschinen!$AC$6,FALSE)*AM108))","v":0},0,{"$f":"(IF(ISNA(VLOOKUP(AQ108,ltSchlepper,Maschinen!$AA$6,FALSE))=TRUE,0,VLOOKUP(AQ108,ltSchlepper,Maschinen!$AA$6,FALSE)*AS108))","v":0},{"$f":"(IF(ISNA(VLOOKUP(AQ108,ltSchlepper,Maschinen!$AB$6,FALSE))=TRUE,0,VLOOKUP(AQ108,ltSchlepper,Maschinen!$AB$6,FALSE)*AS108))","v":0},{"$f":"(IF(ISNA(VLOOKUP(AQ108,ltSchlepper,Maschinen!$AC$6,FALSE))=TRUE,0,VLOOKUP(AQ108,ltSchlepper,Maschinen!$AC$6,FALSE)*AS108))","v":0},0]
[null,21615,null,null,null,null,null,null,{"$f":"BC109","v":0},{"$f":"H109+I109","v":0},0,0.1,0,0,null,null,0,0,{"$f":"J109+N109+R109","v":0},{"$f":"K109-N109-R109","v":0},{"$f":"BG109","v":0},{"$f":"H109+I109+N109+R109+U109","v":0},{"$f":"T109-U109","v":0},null,null,"",null,"",null,{"$f":"IF(ISNA(VLOOKUP(Y109,ltSchlepper,SchKraftstoffVerb,FALSE))=TRUE,0,VLOOKUP(Y109,ltSchlepper,SchKraftstoffVerb,FALSE)*IF(ISBLANK(AC109),1,AC109)*AA109)","v":0},null,"",null,"",null,{"$f":"IF(ISNA(VLOOKUP(AE109,ltSchlepper,SchKraftstoffVerb,FALSE))=TRUE,0,VLOOKUP(AE109,ltSchlepper,SchKraftstoffVerb,FALSE)*IF(ISBLANK(AI109),1,AI109)*AG109)","v":0},null,"",null,"",null,{"$f":"IF(ISNA(VLOOKUP(AK109,ltSchlepper,SchKraftstoffVerb,FALSE))=TRUE,0,VLOOKUP(AK109,ltSchlepper,SchKraftstoffVerb,FALSE)*IF(ISBLANK(AO109),1,AO109)*AM109)","v":0},null,"",null,"",null,{"$f":"IF(ISNA(VLOOKUP(AQ109,ltSchlepper,SchKraftstoffVerb,FALSE))=TRUE,0,VLOOKUP(AQ109,ltSchlepper,SchKraftstoffVerb,FALSE)*IF(ISBLANK(AU109),1,AU109)*AS109)","v":0},{"$f":"BL109+BS109+BZ109+CG109","v":0},{"$f":"BI109+BP109+BW109+CD109","v":0},{"$f":"BJ109+BQ109+BX109+CE109","v":0},{"$f":"BK109+BR109+BY109+CF109","v":0},{"$f":"BM109+BT109+CA109+CH109","v":0},0,{"$f":"SUM(AX109:AZ109,BA109:BB109)","v":0},{"$f":"CK109+CO109+CS109+CW109","v":0},{"$f":"CL109+CP109+CT109+CX109","v":0},{"$f":"CM109+CQ109+CU109+CY109","v":0},{"$f":"CN109+CR109+CV109+CZ109","v":0},{"$f":"BG109+BC109","v":0},{"$f":"(IF(ISNA(VLOOKUP(Y109,ltSchlepper,Maschinen!$K$6,FALSE))=TRUE,0,VLOOKUP(Y109,ltSchlepper,Maschinen!$K$6,FALSE)*AA109))","v":0},{"$f":"(IF(ISNA(VLOOKUP(Y109,ltSchlepper,Maschinen!$L$6,FALSE))=TRUE,0,VLOOKUP(Y109,ltSchlepper,Maschinen!$L$6,FALSE)*AA109))","v":0},{"$f":"(IF(ISNA(VLOOKUP(Y109,ltSchlepper,Maschinen!$M$6,FALSE))=TRUE,0,VLOOKUP(Y109,ltSchlepper,Maschinen!$M$6,FALSE)*AA109))","v":0},{"$f":"(IF(ISNA(VLOOKUP(Y109,ltSchlepper,Maschinen!$N$6,FALSE))=TRUE,0,VLOOKUP(Y109,ltSchlepper,Maschinen!$N$6,FALSE)*AA109*IF(ISBLANK(AC109),1,AC109)))","v":0},{"$f":"(IF(ISNA(VLOOKUP(Y109,ltSchlepper,Maschinen!$O$6,FALSE))=TRUE,0,VLOOKUP(Y109,ltSchlepper,Maschinen!$O$6,FALSE)*AA109*IF(ISBLANK(AC109),1,AC109)))","v":0},{"$f":"(IF(ISNA(VLOOKUP(Y109,ltSchlepper,Maschinen!$P$6,FALSE))=TRUE,0,VLOOKUP(Y109,ltSchlepper,Maschinen!$P$6,FALSE)*AA109*IF(ISBLANK(AC109),1,AC109)))","v":0},0,{"$f":"(IF(ISNA(VLOOKUP(AE109,ltSchlepper,Maschinen!$K$6,FALSE))=TRUE,0,VLOOKUP(AE109,ltSchlepper,Maschinen!$K$6,FALSE)*AG109))","v":0},{"$f":"(IF(ISNA(VLOOKUP(AE109,ltSchlepper,Maschinen!$L$6,FALSE))=TRUE,0,VLOOKUP(AE109,ltSchlepper,Maschinen!$L$6,FALSE)*AG109))","v":0},{"$f":"(IF(ISNA(VLOOKUP(AE109,ltSchlepper,Maschinen!$M$6,FALSE))=TRUE,0,VLOOKUP(AE109,ltSchlepper,Maschinen!$M$6,FALSE)*AG109))","v":0},{"$f":"(IF(ISNA(VLOOKUP(AE109,ltSchlepper,Maschinen!$N$6,FALSE))=TRUE,0,VLOOKUP(AE109,ltSchlepper,Maschinen!$N$6,FALSE)*AG109*IF(ISBLANK(AI109),1,AI109)))","v":0},{"$f":"(IF(ISNA(VLOOKUP(AE109,ltSchlepper,Maschinen!$O$6,FALSE))=TRUE,0,VLOOKUP(AE109,ltSchlepper,Maschinen!$O$6,FALSE)*AG109*IF(ISBLANK(AI109),1,AI109)))","v":0},{"$f":"(IF(ISNA(VLOOKUP(AE109,ltSchlepper,Maschinen!$P$6,FALSE))=TRUE,0,VLOOKUP(AE109,ltSchlepper,Maschinen!$P$6,FALSE)*AG109*IF(ISBLANK(AI109),1,AI109)))","v":0},0,{"$f":"(IF(ISNA(VLOOKUP(AK109,ltSchlepper,Maschinen!$K$6,FALSE))=TRUE,0,VLOOKUP(AK109,ltSchlepper,Maschinen!$K$6,FALSE)*AM109))","v":0},{"$f":"(IF(ISNA(VLOOKUP(AK109,ltSchlepper,Maschinen!$L$6,FALSE))=TRUE,0,VLOOKUP(AK109,ltSchlepper,Maschinen!$L$6,FALSE)*AM109))","v":0},{"$f":"(IF(ISNA(VLOOKUP(AK109,ltSchlepper,Maschinen!$M$6,FALSE))=TRUE,0,VLOOKUP(AK109,ltSchlepper,Maschinen!$M$6,FALSE)*AM109))","v":0},{"$f":"(IF(ISNA(VLOOKUP(AK109,ltSchlepper,Maschinen!$N$6,FALSE))=TRUE,0,VLOOKUP(AK109,ltSchlepper,Maschinen!$N$6,FALSE)*AM109*IF(ISBLANK(AO109),1,AO109)))","v":0},{"$f":"(IF(ISNA(VLOOKUP(AK109,ltSchlepper,Maschinen!$O$6,FALSE))=TRUE,0,VLOOKUP(AK109,ltSchlepper,Maschinen!$O$6,FALSE)*AM109*IF(ISBLANK(AO109),1,AO109)))","v":0},{"$f":"(IF(ISNA(VLOOKUP(AK109,ltSchlepper,Maschinen!$P$6,FALSE))=TRUE,0,VLOOKUP(AK109,ltSchlepper,Maschinen!$P$6,FALSE)*AM109*IF(ISBLANK(AO109),1,AO109)))","v":0},0,{"$f":"(IF(ISNA(VLOOKUP(AQ109,ltSchlepper,Maschinen!$K$6,FALSE))=TRUE,0,VLOOKUP(AQ109,ltSchlepper,Maschinen!$K$6,FALSE)*AS109))","v":0},{"$f":"(IF(ISNA(VLOOKUP(AQ109,ltSchlepper,Maschinen!$L$6,FALSE))=TRUE,0,VLOOKUP(AQ109,ltSchlepper,Maschinen!$L$6,FALSE)*AS109))","v":0},{"$f":"(IF(ISNA(VLOOKUP(AQ109,ltSchlepper,Maschinen!$M$6,FALSE))=TRUE,0,VLOOKUP(AQ109,ltSchlepper,Maschinen!$M$6,FALSE)*AS109))","v":0},{"$f":"(IF(ISNA(VLOOKUP(AQ109,ltSchlepper,Maschinen!$N$6,FALSE))=TRUE,0,VLOOKUP(AQ109,ltSchlepper,Maschinen!$N$6,FALSE)*AS109*IF(ISBLANK(AU109),1,AU109)))","v":0},{"$f":"(IF(ISNA(VLOOKUP(AQ109,ltSchlepper,Maschinen!$O$6,FALSE))=TRUE,0,VLOOKUP(AQ109,ltSchlepper,Maschinen!$O$6,FALSE)*AS109*IF(ISBLANK(AU109),1,AU109)))","v":0},{"$f":"(IF(ISNA(VLOOKUP(AQ109,ltSchlepper,Maschinen!$P$6,FALSE))=TRUE,0,VLOOKUP(AQ109,ltSchlepper,Maschinen!$P$6,FALSE)*AS109*IF(ISBLANK(AU109),1,AU109)))","v":0},0,{"$f":"(IF(ISNA(VLOOKUP(Y109,ltSchlepper,Maschinen!$AA$6,FALSE))=TRUE,0,VLOOKUP(Y109,ltSchlepper,Maschinen!$AA$6,FALSE)*AA109))","v":0},{"$f":"(IF(ISNA(VLOOKUP(Y109,ltSchlepper,Maschinen!$AB$6,FALSE))=TRUE,0,VLOOKUP(Y109,ltSchlepper,Maschinen!$AB$6,FALSE)*AA109))","v":0},{"$f":"(IF(ISNA(VLOOKUP(Y109,ltSchlepper,Maschinen!$AC$6,FALSE))=TRUE,0,VLOOKUP(Y109,ltSchlepper,Maschinen!$AC$6,FALSE)*AA109))","v":0},0,{"$f":"(IF(ISNA(VLOOKUP(AE109,ltSchlepper,Maschinen!$AA$6,FALSE))=TRUE,0,VLOOKUP(AE109,ltSchlepper,Maschinen!$AA$6,FALSE)*AG109))","v":0},{"$f":"(IF(ISNA(VLOOKUP(AE109,ltSchlepper,Maschinen!$AB$6,FALSE))=TRUE,0,VLOOKUP(AE109,ltSchlepper,Maschinen!$AB$6,FALSE)*AG109))","v":0},{"$f":"(IF(ISNA(VLOOKUP(AE109,ltSchlepper,Maschinen!$AC$6,FALSE))=TRUE,0,VLOOKUP(AE109,ltSchlepper,Maschinen!$AC$6,FALSE)*AG109))","v":0},0,{"$f":"(IF(ISNA(VLOOKUP(AK109,ltSchlepper,Maschinen!$AA$6,FALSE))=TRUE,0,VLOOKUP(AK109,ltSchlepper,Maschinen!$AA$6,FALSE)*AM109))","v":0},{"$f":"(IF(ISNA(VLOOKUP(AK109,ltSchlepper,Maschinen!$AB$6,FALSE))=TRUE,0,VLOOKUP(AK109,ltSchlepper,Maschinen!$AB$6,FALSE)*AM109))","v":0},{"$f":"(IF(ISNA(VLOOKUP(AK109,ltSchlepper,Maschinen!$AC$6,FALSE))=TRUE,0,VLOOKUP(AK109,ltSchlepper,Maschinen!$AC$6,FALSE)*AM109))","v":0},0,{"$f":"(IF(ISNA(VLOOKUP(AQ109,ltSchlepper,Maschinen!$AA$6,FALSE))=TRUE,0,VLOOKUP(AQ109,ltSchlepper,Maschinen!$AA$6,FALSE)*AS109))","v":0},{"$f":"(IF(ISNA(VLOOKUP(AQ109,ltSchlepper,Maschinen!$AB$6,FALSE))=TRUE,0,VLOOKUP(AQ109,ltSchlepper,Maschinen!$AB$6,FALSE)*AS109))","v":0},{"$f":"(IF(ISNA(VLOOKUP(AQ109,ltSchlepper,Maschinen!$AC$6,FALSE))=TRUE,0,VLOOKUP(AQ109,ltSchlepper,Maschinen!$AC$6,FALSE)*AS109))","v":0},0]
[null,21638,null,null,null,null,null,null,{"$f":"BC110","v":0},{"$f":"H110+I110","v":0},{"$f":"F110+G110-J110","v":0},0.1,{"$f":"(H110+I110)*L110","v":0},{"$f":"M110*Interest","v":0},null,null,{"$f":"O110+P110","v":0},{"$f":"Q110*Lohnanspruch","v":0},{"$f":"J110+N110+R110","v":0},{"$f":"K110-N110-R110","v":0},{"$f":"BG110","v":0},{"$f":"H110+I110+N110+R110+U110","v":0},{"$f":"T110-U110","v":0},null,null,{"$f":"IF(ISNA(VLOOKUP(Y110,ltSchlepper,2,FALSE))=TRUE,\"\",VLOOKUP(Y110,ltSchlepper,2,FALSE))","v":""},null,{"$f":"IF(ISNA(VLOOKUP(Y110,ltSchlepper,3,FALSE))=TRUE,\"\",VLOOKUP(Y110,ltSchlepper,3,FALSE))","v":""},null,{"$f":"IF(ISNA(VLOOKUP(Y110,ltSchlepper,SchKraftstoffVerb,FALSE))=TRUE,0,VLOOKUP(Y110,ltSchlepper,SchKraftstoffVerb,FALSE)*IF(ISBLANK(AC110),1,AC110)*AA110)","v":0},null,{"$f":"IF(ISNA(VLOOKUP(AE110,ltSchlepper,2,FALSE))=TRUE,\"\",VLOOKUP(AE110,ltSchlepper,2,FALSE))","v":""},null,{"$f":"IF(ISNA(VLOOKUP(AE110,ltSchlepper,3,FALSE))=TRUE,\"\",VLOOKUP(AE110,ltSchlepper,3,FALSE))","v":""},null,{"$f":"IF(ISNA(VLOOKUP(AE110,ltSchlepper,SchKraftstoffVerb,FALSE))=TRUE,0,VLOOKUP(AE110,ltSchlepper,SchKraftstoffVerb,FALSE)*IF(ISBLANK(AI110),1,AI110)*AG110)","v":0},null,{"$f":"IF(ISNA(VLOOKUP(AK110,ltSchlepper,2,FALSE))=TRUE,\"\",VLOOKUP(AK110,ltSchlepper,2,FALSE))","v":""},null,{"$f":"IF(ISNA(VLOOKUP(AK110,ltSchlepper,3,FALSE))=TRUE,\"\",VLOOKUP(AK110,ltSchlepper,3,FALSE))","v":""},null,{"$f":"IF(ISNA(VLOOKUP(AK110,ltSchlepper,SchKraftstoffVerb,FALSE))=TRUE,0,VLOOKUP(AK110,ltSchlepper,SchKraftstoffVerb,FALSE)*IF(ISBLANK(AO110),1,AO110)*AM110)","v":0},null,{"$f":"IF(ISNA(VLOOKUP(AQ110,ltSchlepper,2,FALSE))=TRUE,\"\",VLOOKUP(AQ110,ltSchlepper,2,FALSE))","v":""},null,{"$f":"IF(ISNA(VLOOKUP(AQ110,ltSchlepper,3,FALSE))=TRUE,\"\",VLOOKUP(AQ110,ltSchlepper,3,FALSE))","v":""},null,{"$f":"IF(ISNA(VLOOKUP(AQ110,ltSchlepper,SchKraftstoffVerb,FALSE))=TRUE,0,VLOOKUP(AQ110,ltSchlepper,SchKraftstoffVerb,FALSE)*IF(ISBLANK(AU110),1,AU110)*AS110)","v":0},{"$f":"BL110+BS110+BZ110+CG110","v":0},{"$f":"BI110+BP110+BW110+CD110","v":0},0,0,0,0,{"$f":"SUM(AX110:AZ110,BA110:BB110)","v":0},{"$f":"CK110+CO110+CS110+CW110","v":0},0,0,0,{"$f":"BG110+BC110","v":0},{"$f":"(IF(ISNA(VLOOKUP(Y110,ltSchlepper,Maschinen!$K$6,FALSE))=TRUE,0,VLOOKUP(Y110,ltSchlepper,Maschinen!$K$6,FALSE)*AA110))","v":0},{"$f":"(IF(ISNA(VLOOKUP(Y110,ltSchlepper,Maschinen!$L$6,FALSE))=TRUE,0,VLOOKUP(Y110,ltSchlepper,Maschinen!$L$6,FALSE)*AA110))","v":0},{"$f":"(IF(ISNA(VLOOKUP(Y110,ltSchlepper,Maschinen!$M$6,FALSE))=TRUE,0,VLOOKUP(Y110,ltSchlepper,Maschinen!$M$6,FALSE)*AA110))","v":0},{"$f":"(IF(ISNA(VLOOKUP(Y110,ltSchlepper,Maschinen!$N$6,FALSE))=TRUE,0,VLOOKUP(Y110,ltSchlepper,Maschinen!$N$6,FALSE)*AA110*IF(ISBLANK(AC110),1,AC110)))","v":0},{"$f":"(IF(ISNA(VLOOKUP(Y110,ltSchlepper,Maschinen!$O$6,FALSE))=TRUE,0,VLOOKUP(Y110,ltSchlepper,Maschinen!$O$6,FALSE)*AA110*IF(ISBLANK(AC110),1,AC110)))","v":0},{"$f":"(IF(ISNA(VLOOKUP(Y110,ltSchlepper,Maschinen!$P$6,FALSE))=TRUE,0,VLOOKUP(Y110,ltSchlepper,Maschinen!$P$6,FALSE)*AA110*IF(ISBLANK(AC110),1,AC110)))","v":0},{"$f":"SUM(BI110:BK110,BM110:BN110)","v":0},{"$f":"(IF(ISNA(VLOOKUP(AE110,ltSchlepper,Maschinen!$K$6,FALSE))=TRUE,0,VLOOKUP(AE110,ltSchlepper,Maschinen!$K$6,FALSE)*AG110))","v":0},{"$f":"(IF(ISNA(VLOOKUP(AE110,ltSchlepper,Maschinen!$L$6,FALSE))=TRUE,0,VLOOKUP(AE110,ltSchlepper,Maschinen!$L$6,FALSE)*AG110))","v":0},{"$f":"(IF(ISNA(VLOOKUP(AE110,ltSchlepper,Maschinen!$M$6,FALSE))=TRUE,0,VLOOKUP(AE110,ltSchlepper,Maschinen!$M$6,FALSE)*AG110))","v":0},{"$f":"(IF(ISNA(VLOOKUP(AE110,ltSchlepper,Maschinen!$N$6,FALSE))=TRUE,0,VLOOKUP(AE110,ltSchlepper,Maschinen!$N$6,FALSE)*AG110*IF(ISBLANK(AI110),1,AI110)))","v":0},{"$f":"(IF(ISNA(VLOOKUP(AE110,ltSchlepper,Maschinen!$O$6,FALSE))=TRUE,0,VLOOKUP(AE110,ltSchlepper,Maschinen!$O$6,FALSE)*AG110*IF(ISBLANK(AI110),1,AI110)))","v":0},{"$f":"(IF(ISNA(VLOOKUP(AE110,ltSchlepper,Maschinen!$P$6,FALSE))=TRUE,0,VLOOKUP(AE110,ltSchlepper,Maschinen!$P$6,FALSE)*AG110*IF(ISBLANK(AI110),1,AI110)))","v":0},{"$f":"SUM(BP110:BR110,BT110:BU110)","v":0},{"$f":"(IF(ISNA(VLOOKUP(AK110,ltSchlepper,Maschinen!$K$6,FALSE))=TRUE,0,VLOOKUP(AK110,ltSchlepper,Maschinen!$K$6,FALSE)*AM110))","v":0},{"$f":"(IF(ISNA(VLOOKUP(AK110,ltSchlepper,Maschinen!$L$6,FALSE))=TRUE,0,VLOOKUP(AK110,ltSchlepper,Maschinen!$L$6,FALSE)*AM110))","v":0},{"$f":"(IF(ISNA(VLOOKUP(AK110,ltSchlepper,Maschinen!$M$6,FALSE))=TRUE,0,VLOOKUP(AK110,ltSchlepper,Maschinen!$M$6,FALSE)*AM110))","v":0},{"$f":"(IF(ISNA(VLOOKUP(AK110,ltSchlepper,Maschinen!$N$6,FALSE))=TRUE,0,VLOOKUP(AK110,ltSchlepper,Maschinen!$N$6,FALSE)*AM110*IF(ISBLANK(AO110),1,AO110)))","v":0},{"$f":"(IF(ISNA(VLOOKUP(AK110,ltSchlepper,Maschinen!$O$6,FALSE))=TRUE,0,VLOOKUP(AK110,ltSchlepper,Maschinen!$O$6,FALSE)*AM110*IF(ISBLANK(AO110),1,AO110)))","v":0},{"$f":"(IF(ISNA(VLOOKUP(AK110,ltSchlepper,Maschinen!$P$6,FALSE))=TRUE,0,VLOOKUP(AK110,ltSchlepper,Maschinen!$P$6,FALSE)*AM110*IF(ISBLANK(AO110),1,AO110)))","v":0},{"$f":"SUM(BW110:BY110,CA110:CB110)","v":0},{"$f":"(IF(ISNA(VLOOKUP(AQ110,ltSchlepper,Maschinen!$K$6,FALSE))=TRUE,0,VLOOKUP(AQ110,ltSchlepper,Maschinen!$K$6,FALSE)*AS110))","v":0},{"$f":"(IF(ISNA(VLOOKUP(AQ110,ltSchlepper,Maschinen!$L$6,FALSE))=TRUE,0,VLOOKUP(AQ110,ltSchlepper,Maschinen!$L$6,FALSE)*AS110))","v":0},{"$f":"(IF(ISNA(VLOOKUP(AQ110,ltSchlepper,Maschinen!$M$6,FALSE))=TRUE,0,VLOOKUP(AQ110,ltSchlepper,Maschinen!$M$6,FALSE)*AS110))","v":0},{"$f":"(IF(ISNA(VLOOKUP(AQ110,ltSchlepper,Maschinen!$N$6,FALSE))=TRUE,0,VLOOKUP(AQ110,ltSchlepper,Maschinen!$N$6,FALSE)*AS110*IF(ISBLANK(AU110),1,AU110)))","v":0},{"$f":"(IF(ISNA(VLOOKUP(AQ110,ltSchlepper,Maschinen!$O$6,FALSE))=TRUE,0,VLOOKUP(AQ110,ltSchlepper,Maschinen!$O$6,FALSE)*AS110*IF(ISBLANK(AU110),1,AU110)))","v":0},{"$f":"(IF(ISNA(VLOOKUP(AQ110,ltSchlepper,Maschinen!$P$6,FALSE))=TRUE,0,VLOOKUP(AQ110,ltSchlepper,Maschinen!$P$6,FALSE)*AS110*IF(ISBLANK(AU110),1,AU110)))","v":0},{"$f":"SUM(CD110:CF110,CH110:CI110)","v":0},{"$f":"(IF(ISNA(VLOOKUP(Y110,ltSchlepper,Maschinen!$AA$6,FALSE))=TRUE,0,VLOOKUP(Y110,ltSchlepper,Maschinen!$AA$6,FALSE)*AA110))","v":0},{"$f":"(IF(ISNA(VLOOKUP(Y110,ltSchlepper,Maschinen!$AB$6,FALSE))=TRUE,0,VLOOKUP(Y110,ltSchlepper,Maschinen!$AB$6,FALSE)*AA110))","v":0},{"$f":"(IF(ISNA(VLOOKUP(Y110,ltSchlepper,Maschinen!$AC$6,FALSE))=TRUE,0,VLOOKUP(Y110,ltSchlepper,Maschinen!$AC$6,FALSE)*AA110))","v":0},0,{"$f":"(IF(ISNA(VLOOKUP(AE110,ltSchlepper,Maschinen!$AA$6,FALSE))=TRUE,0,VLOOKUP(AE110,ltSchlepper,Maschinen!$AA$6,FALSE)*AG110))","v":0},{"$f":"(IF(ISNA(VLOOKUP(AE110,ltSchlepper,Maschinen!$AB$6,FALSE))=TRUE,0,VLOOKUP(AE110,ltSchlepper,Maschinen!$AB$6,FALSE)*AG110))","v":0},{"$f":"(IF(ISNA(VLOOKUP(AE110,ltSchlepper,Maschinen!$AC$6,FALSE))=TRUE,0,VLOOKUP(AE110,ltSchlepper,Maschinen!$AC$6,FALSE)*AG110))","v":0},0,{"$f":"(IF(ISNA(VLOOKUP(AK110,ltSchlepper,Maschinen!$AA$6,FALSE))=TRUE,0,VLOOKUP(AK110,ltSchlepper,Maschinen!$AA$6,FALSE)*AM110))","v":0},{"$f":"(IF(ISNA(VLOOKUP(AK110,ltSchlepper,Maschinen!$AB$6,FALSE))=TRUE,0,VLOOKUP(AK110,ltSchlepper,Maschinen!$AB$6,FALSE)*AM110))","v":0},{"$f":"(IF(ISNA(VLOOKUP(AK110,ltSchlepper,Maschinen!$AC$6,FALSE))=TRUE,0,VLOOKUP(AK110,ltSchlepper,Maschinen!$AC$6,FALSE)*AM110))","v":0},0,{"$f":"(IF(ISNA(VLOOKUP(AQ110,ltSchlepper,Maschinen!$AA$6,FALSE))=TRUE,0,VLOOKUP(AQ110,ltSchlepper,Maschinen!$AA$6,FALSE)*AS110))","v":0},{"$f":"(IF(ISNA(VLOOKUP(AQ110,ltSchlepper,Maschinen!$AB$6,FALSE))=TRUE,0,VLOOKUP(AQ110,ltSchlepper,Maschinen!$AB$6,FALSE)*AS110))","v":0},{"$f":"(IF(ISNA(VLOOKUP(AQ110,ltSchlepper,Maschinen!$AC$6,FALSE))=TRUE,0,VLOOKUP(AQ110,ltSchlepper,Maschinen!$AC$6,FALSE)*AS110))","v":0},0]
[null,21639,null,null,null,null,null,null,0,0,0,0.1,0,0,null,null,0,0,0,0,0,0,0,null,null,{"$f":"IF(ISNA(VLOOKUP(Y111,ltSchlepper,2,FALSE))=TRUE,\"\",VLOOKUP(Y111,ltSchlepper,2,FALSE))","v":""},null,{"$f":"IF(ISNA(VLOOKUP(Y111,ltSchlepper,3,FALSE))=TRUE,\"\",VLOOKUP(Y111,ltSchlepper,3,FALSE))","v":""},null,0,null,{"$f":"IF(ISNA(VLOOKUP(AE111,ltSchlepper,2,FALSE))=TRUE,\"\",VLOOKUP(AE111,ltSchlepper,2,FALSE))","v":""},null,{"$f":"IF(ISNA(VLOOKUP(AE111,ltSchlepper,3,FALSE))=TRUE,\"\",VLOOKUP(AE111,ltSchlepper,3,FALSE))","v":""},null,0,null,{"$f":"IF(ISNA(VLOOKUP(AK111,ltSchlepper,2,FALSE))=TRUE,\"\",VLOOKUP(AK111,ltSchlepper,2,FALSE))","v":""},null,{"$f":"IF(ISNA(VLOOKUP(AK111,ltSchlepper,3,FALSE))=TRUE,\"\",VLOOKUP(AK111,ltSchlepper,3,FALSE))","v":""},null,0,null,{"$f":"IF(ISNA(VLOOKUP(AQ111,ltSchlepper,2,FALSE))=TRUE,\"\",VLOOKUP(AQ111,ltSchlepper,2,FALSE))","v":""},null,{"$f":"IF(ISNA(VLOOKUP(AQ111,ltSchlepper,3,FALSE))=TRUE,\"\",VLOOKUP(AQ111,ltSchlepper,3,FALSE))","v":""},null,0,0,0,0,0,0,0,0,0,0,0,0,0,{"$f":"(IF(ISNA(VLOOKUP(Y111,ltSchlepper,Maschinen!$K$6,FALSE))=TRUE,0,VLOOKUP(Y111,ltSchlepper,Maschinen!$K$6,FALSE)*AA111))","v":0},{"$f":"(IF(ISNA(VLOOKUP(Y111,ltSchlepper,Maschinen!$L$6,FALSE))=TRUE,0,VLOOKUP(Y111,ltSchlepper,Maschinen!$L$6,FALSE)*AA111))","v":0},{"$f":"(IF(ISNA(VLOOKUP(Y111,ltSchlepper,Maschinen!$M$6,FALSE))=TRUE,0,VLOOKUP(Y111,ltSchlepper,Maschinen!$M$6,FALSE)*AA111))","v":0},{"$f":"(IF(ISNA(VLOOKUP(Y111,ltSchlepper,Maschinen!$N$6,FALSE))=TRUE,0,VLOOKUP(Y111,ltSchlepper,Maschinen!$N$6,FALSE)*AA111*IF(ISBLANK(AC111),1,AC111)))","v":0},{"$f":"(IF(ISNA(VLOOKUP(Y111,ltSchlepper,Maschinen!$O$6,FALSE))=TRUE,0,VLOOKUP(Y111,ltSchlepper,Maschinen!$O$6,FALSE)*AA111*IF(ISBLANK(AC111),1,AC111)))","v":0},{"$f":"(IF(ISNA(VLOOKUP(Y111,ltSchlepper,Maschinen!$P$6,FALSE))=TRUE,0,VLOOKUP(Y111,ltSchlepper,Maschinen!$P$6,FALSE)*AA111*IF(ISBLANK(AC111),1,AC111)))","v":0},0,{"$f":"(IF(ISNA(VLOOKUP(AE111,ltSchlepper,Maschinen!$K$6,FALSE))=TRUE,0,VLOOKUP(AE111,ltSchlepper,Maschinen!$K$6,FALSE)*AG111))","v":0},{"$f":"(IF(ISNA(VLOOKUP(AE111,ltSchlepper,Maschinen!$L$6,FALSE))=TRUE,0,VLOOKUP(AE111,ltSchlepper,Maschinen!$L$6,FALSE)*AG111))","v":0},{"$f":"(IF(ISNA(VLOOKUP(AE111,ltSchlepper,Maschinen!$M$6,FALSE))=TRUE,0,VLOOKUP(AE111,ltSchlepper,Maschinen!$M$6,FALSE)*AG111))","v":0},{"$f":"(IF(ISNA(VLOOKUP(AE111,ltSchlepper,Maschinen!$N$6,FALSE))=TRUE,0,VLOOKUP(AE111,ltSchlepper,Maschinen!$N$6,FALSE)*AG111*IF(ISBLANK(AI111),1,AI111)))","v":0},{"$f":"(IF(ISNA(VLOOKUP(AE111,ltSchlepper,Maschinen!$O$6,FALSE))=TRUE,0,VLOOKUP(AE111,ltSchlepper,Maschinen!$O$6,FALSE)*AG111*IF(ISBLANK(AI111),1,AI111)))","v":0},{"$f":"(IF(ISNA(VLOOKUP(AE111,ltSchlepper,Maschinen!$P$6,FALSE))=TRUE,0,VLOOKUP(AE111,ltSchlepper,Maschinen!$P$6,FALSE)*AG111*IF(ISBLANK(AI111),1,AI111)))","v":0},0,{"$f":"(IF(ISNA(VLOOKUP(AK111,ltSchlepper,Maschinen!$K$6,FALSE))=TRUE,0,VLOOKUP(AK111,ltSchlepper,Maschinen!$K$6,FALSE)*AM111))","v":0},{"$f":"(IF(ISNA(VLOOKUP(AK111,ltSchlepper,Maschinen!$L$6,FALSE))=TRUE,0,VLOOKUP(AK111,ltSchlepper,Maschinen!$L$6,FALSE)*AM111))","v":0},{"$f":"(IF(ISNA(VLOOKUP(AK111,ltSchlepper,Maschinen!$M$6,FALSE))=TRUE,0,VLOOKUP(AK111,ltSchlepper,Maschinen!$M$6,FALSE)*AM111))","v":0},{"$f":"(IF(ISNA(VLOOKUP(AK111,ltSchlepper,Maschinen!$N$6,FALSE))=TRUE,0,VLOOKUP(AK111,ltSchlepper,Maschinen!$N$6,FALSE)*AM111*IF(ISBLANK(AO111),1,AO111)))","v":0},{"$f":"(IF(ISNA(VLOOKUP(AK111,ltSchlepper,Maschinen!$O$6,FALSE))=TRUE,0,VLOOKUP(AK111,ltSchlepper,Maschinen!$O$6,FALSE)*AM111*IF(ISBLANK(AO111),1,AO111)))","v":0},{"$f":"(IF(ISNA(VLOOKUP(AK111,ltSchlepper,Maschinen!$P$6,FALSE))=TRUE,0,VLOOKUP(AK111,ltSchlepper,Maschinen!$P$6,FALSE)*AM111*IF(ISBLANK(AO111),1,AO111)))","v":0},0,{"$f":"(IF(ISNA(VLOOKUP(AQ111,ltSchlepper,Maschinen!$K$6,FALSE))=TRUE,0,VLOOKUP(AQ111,ltSchlepper,Maschinen!$K$6,FALSE)*AS111))","v":0},{"$f":"(IF(ISNA(VLOOKUP(AQ111,ltSchlepper,Maschinen!$L$6,FALSE))=TRUE,0,VLOOKUP(AQ111,ltSchlepper,Maschinen!$L$6,FALSE)*AS111))","v":0},{"$f":"(IF(ISNA(VLOOKUP(AQ111,ltSchlepper,Maschinen!$M$6,FALSE))=TRUE,0,VLOOKUP(AQ111,ltSchlepper,Maschinen!$M$6,FALSE)*AS111))","v":0},{"$f":"(IF(ISNA(VLOOKUP(AQ111,ltSchlepper,Maschinen!$N$6,FALSE))=TRUE,0,VLOOKUP(AQ111,ltSchlepper,Maschinen!$N$6,FALSE)*AS111*IF(ISBLANK(AU111),1,AU111)))","v":0},{"$f":"(IF(ISNA(VLOOKUP(AQ111,ltSchlepper,Maschinen!$O$6,FALSE))=TRUE,0,VLOOKUP(AQ111,ltSchlepper,Maschinen!$O$6,FALSE)*AS111*IF(ISBLANK(AU111),1,AU111)))","v":0},{"$f":"(IF(ISNA(VLOOKUP(AQ111,ltSchlepper,Maschinen!$P$6,FALSE))=TRUE,0,VLOOKUP(AQ111,ltSchlepper,Maschinen!$P$6,FALSE)*AS111*IF(ISBLANK(AU111),1,AU111)))","v":0},0,{"$f":"(IF(ISNA(VLOOKUP(Y111,ltSchlepper,Maschinen!$AA$6,FALSE))=TRUE,0,VLOOKUP(Y111,ltSchlepper,Maschinen!$AA$6,FALSE)*AA111))","v":0},{"$f":"(IF(ISNA(VLOOKUP(Y111,ltSchlepper,Maschinen!$AB$6,FALSE))=TRUE,0,VLOOKUP(Y111,ltSchlepper,Maschinen!$AB$6,FALSE)*AA111))","v":0},{"$f":"(IF(ISNA(VLOOKUP(Y111,ltSchlepper,Maschinen!$AC$6,FALSE))=TRUE,0,VLOOKUP(Y111,ltSchlepper,Maschinen!$AC$6,FALSE)*AA111))","v":0},0,{"$f":"(IF(ISNA(VLOOKUP(AE111,ltSchlepper,Maschinen!$AA$6,FALSE))=TRUE,0,VLOOKUP(AE111,ltSchlepper,Maschinen!$AA$6,FALSE)*AG111))","v":0},{"$f":"(IF(ISNA(VLOOKUP(AE111,ltSchlepper,Maschinen!$AB$6,FALSE))=TRUE,0,VLOOKUP(AE111,ltSchlepper,Maschinen!$AB$6,FALSE)*AG111))","v":0},{"$f":"(IF(ISNA(VLOOKUP(AE111,ltSchlepper,Maschinen!$AC$6,FALSE))=TRUE,0,VLOOKUP(AE111,ltSchlepper,Maschinen!$AC$6,FALSE)*AG111))","v":0},0,{"$f":"(IF(ISNA(VLOOKUP(AK111,ltSchlepper,Maschinen!$AA$6,FALSE))=TRUE,0,VLOOKUP(AK111,ltSchlepper,Maschinen!$AA$6,FALSE)*AM111))","v":0},{"$f":"(IF(ISNA(VLOOKUP(AK111,ltSchlepper,Maschinen!$AB$6,FALSE))=TRUE,0,VLOOKUP(AK111,ltSchlepper,Maschinen!$AB$6,FALSE)*AM111))","v":0},{"$f":"(IF(ISNA(VLOOKUP(AK111,ltSchlepper,Maschinen!$AC$6,FALSE))=TRUE,0,VLOOKUP(AK111,ltSchlepper,Maschinen!$AC$6,FALSE)*AM111))","v":0},0,{"$f":"(IF(ISNA(VLOOKUP(AQ111,ltSchlepper,Maschinen!$AA$6,FALSE))=TRUE,0,VLOOKUP(AQ111,ltSchlepper,Maschinen!$AA$6,FALSE)*AS111))","v":0},{"$f":"(IF(ISNA(VLOOKUP(AQ111,ltSchlepper,Maschinen!$AB$6,FALSE))=TRUE,0,VLOOKUP(AQ111,ltSchlepper,Maschinen!$AB$6,FALSE)*AS111))","v":0},{"$f":"(IF(ISNA(VLOOKUP(AQ111,ltSchlepper,Maschinen!$AC$6,FALSE))=TRUE,0,VLOOKUP(AQ111,ltSchlepper,Maschinen!$AC$6,FALSE)*AS111))","v":0},0]
[null,21628,null,null,null,null,null,null,0,0,0,0.1,0,0,null,null,0,0,0,0,0,0,0,null,null,"",null,"",null,0,null,"",null,"",null,0,null,"",null,"",null,0,null,"",null,"",null,0,0,{"$f":"BI112+BP112+BW112+CD112","v":0},0,0,{"$f":"BM112+BT112+CA112+CH112","v":0},0,0,{"$f":"CK112+CO112+CS112+CW112","v":0},0,0,0,0,{"$f":"(IF(ISNA(VLOOKUP(Y112,ltSchlepper,Maschinen!$K$6,FALSE))=TRUE,0,VLOOKUP(Y112,ltSchlepper,Maschinen!$K$6,FALSE)*AA112))","v":0},{"$f":"(IF(ISNA(VLOOKUP(Y112,ltSchlepper,Maschinen!$L$6,FALSE))=TRUE,0,VLOOKUP(Y112,ltSchlepper,Maschinen!$L$6,FALSE)*AA112))","v":0},{"$f":"(IF(ISNA(VLOOKUP(Y112,ltSchlepper,Maschinen!$M$6,FALSE))=TRUE,0,VLOOKUP(Y112,ltSchlepper,Maschinen!$M$6,FALSE)*AA112))","v":0},{"$f":"(IF(ISNA(VLOOKUP(Y112,ltSchlepper,Maschinen!$N$6,FALSE))=TRUE,0,VLOOKUP(Y112,ltSchlepper,Maschinen!$N$6,FALSE)*AA112*IF(ISBLANK(AC112),1,AC112)))","v":0},{"$f":"(IF(ISNA(VLOOKUP(Y112,ltSchlepper,Maschinen!$O$6,FALSE))=TRUE,0,VLOOKUP(Y112,ltSchlepper,Maschinen!$O$6,FALSE)*AA112*IF(ISBLANK(AC112),1,AC112)))","v":0},{"$f":"(IF(ISNA(VLOOKUP(Y112,ltSchlepper,Maschinen!$P$6,FALSE))=TRUE,0,VLOOKUP(Y112,ltSchlepper,Maschinen!$P$6,FALSE)*AA112*IF(ISBLANK(AC112),1,AC112)))","v":0},0,{"$f":"(IF(ISNA(VLOOKUP(AE112,ltSchlepper,Maschinen!$K$6,FALSE))=TRUE,0,VLOOKUP(AE112,ltSchlepper,Maschinen!$K$6,FALSE)*AG112))","v":0},{"$f":"(IF(ISNA(VLOOKUP(AE112,ltSchlepper,Maschinen!$L$6,FALSE))=TRUE,0,VLOOKUP(AE112,ltSchlepper,Maschinen!$L$6,FALSE)*AG112))","v":0},{"$f":"(IF(ISNA(VLOOKUP(AE112,ltSchlepper,Maschinen!$M$6,FALSE))=TRUE,0,VLOOKUP(AE112,ltSchlepper,Maschinen!$M$6,FALSE)*AG112))","v":0},{"$f":"(IF(ISNA(VLOOKUP(AE112,ltSchlepper,Maschinen!$N$6,FALSE))=TRUE,0,VLOOKUP(AE112,ltSchlepper,Maschinen!$N$6,FALSE)*AG112*IF(ISBLANK(AI112),1,AI112)))","v":0},{"$f":"(IF(ISNA(VLOOKUP(AE112,ltSchlepper,Maschinen!$O$6,FALSE))=TRUE,0,VLOOKUP(AE112,ltSchlepper,Maschinen!$O$6,FALSE)*AG112*IF(ISBLANK(AI112),1,AI112)))","v":0},{"$f":"(IF(ISNA(VLOOKUP(AE112,ltSchlepper,Maschinen!$P$6,FALSE))=TRUE,0,VLOOKUP(AE112,ltSchlepper,Maschinen!$P$6,FALSE)*AG112*IF(ISBLANK(AI112),1,AI112)))","v":0},0,{"$f":"(IF(ISNA(VLOOKUP(AK112,ltSchlepper,Maschinen!$K$6,FALSE))=TRUE,0,VLOOKUP(AK112,ltSchlepper,Maschinen!$K$6,FALSE)*AM112))","v":0},{"$f":"(IF(ISNA(VLOOKUP(AK112,ltSchlepper,Maschinen!$L$6,FALSE))=TRUE,0,VLOOKUP(AK112,ltSchlepper,Maschinen!$L$6,FALSE)*AM112))","v":0},{"$f":"(IF(ISNA(VLOOKUP(AK112,ltSchlepper,Maschinen!$M$6,FALSE))=TRUE,0,VLOOKUP(AK112,ltSchlepper,Maschinen!$M$6,FALSE)*AM112))","v":0},{"$f":"(IF(ISNA(VLOOKUP(AK112,ltSchlepper,Maschinen!$N$6,FALSE))=TRUE,0,VLOOKUP(AK112,ltSchlepper,Maschinen!$N$6,FALSE)*AM112*IF(ISBLANK(AO112),1,AO112)))","v":0},{"$f":"(IF(ISNA(VLOOKUP(AK112,ltSchlepper,Maschinen!$O$6,FALSE))=TRUE,0,VLOOKUP(AK112,ltSchlepper,Maschinen!$O$6,FALSE)*AM112*IF(ISBLANK(AO112),1,AO112)))","v":0},{"$f":"(IF(ISNA(VLOOKUP(AK112,ltSchlepper,Maschinen!$P$6,FALSE))=TRUE,0,VLOOKUP(AK112,ltSchlepper,Maschinen!$P$6,FALSE)*AM112*IF(ISBLANK(AO112),1,AO112)))","v":0},0,{"$f":"(IF(ISNA(VLOOKUP(AQ112,ltSchlepper,Maschinen!$K$6,FALSE))=TRUE,0,VLOOKUP(AQ112,ltSchlepper,Maschinen!$K$6,FALSE)*AS112))","v":0},{"$f":"(IF(ISNA(VLOOKUP(AQ112,ltSchlepper,Maschinen!$L$6,FALSE))=TRUE,0,VLOOKUP(AQ112,ltSchlepper,Maschinen!$L$6,FALSE)*AS112))","v":0},{"$f":"(IF(ISNA(VLOOKUP(AQ112,ltSchlepper,Maschinen!$M$6,FALSE))=TRUE,0,VLOOKUP(AQ112,ltSchlepper,Maschinen!$M$6,FALSE)*AS112))","v":0},{"$f":"(IF(ISNA(VLOOKUP(AQ112,ltSchlepper,Maschinen!$N$6,FALSE))=TRUE,0,VLOOKUP(AQ112,ltSchlepper,Maschinen!$N$6,FALSE)*AS112*IF(ISBLANK(AU112),1,AU112)))","v":0},{"$f":"(IF(ISNA(VLOOKUP(AQ112,ltSchlepper,Maschinen!$O$6,FALSE))=TRUE,0,VLOOKUP(AQ112,ltSchlepper,Maschinen!$O$6,FALSE)*AS112*IF(ISBLANK(AU112),1,AU112)))","v":0},{"$f":"(IF(ISNA(VLOOKUP(AQ112,ltSchlepper,Maschinen!$P$6,FALSE))=TRUE,0,VLOOKUP(AQ112,ltSchlepper,Maschinen!$P$6,FALSE)*AS112*IF(ISBLANK(AU112),1,AU112)))","v":0},0,{"$f":"(IF(ISNA(VLOOKUP(Y112,ltSchlepper,Maschinen!$AA$6,FALSE))=TRUE,0,VLOOKUP(Y112,ltSchlepper,Maschinen!$AA$6,FALSE)*AA112))","v":0},{"$f":"(IF(ISNA(VLOOKUP(Y112,ltSchlepper,Maschinen!$AB$6,FALSE))=TRUE,0,VLOOKUP(Y112,ltSchlepper,Maschinen!$AB$6,FALSE)*AA112))","v":0},{"$f":"(IF(ISNA(VLOOKUP(Y112,ltSchlepper,Maschinen!$AC$6,FALSE))=TRUE,0,VLOOKUP(Y112,ltSchlepper,Maschinen!$AC$6,FALSE)*AA112))","v":0},0,{"$f":"(IF(ISNA(VLOOKUP(AE112,ltSchlepper,Maschinen!$AA$6,FALSE))=TRUE,0,VLOOKUP(AE112,ltSchlepper,Maschinen!$AA$6,FALSE)*AG112))","v":0},{"$f":"(IF(ISNA(VLOOKUP(AE112,ltSchlepper,Maschinen!$AB$6,FALSE))=TRUE,0,VLOOKUP(AE112,ltSchlepper,Maschinen!$AB$6,FALSE)*AG112))","v":0},{"$f":"(IF(ISNA(VLOOKUP(AE112,ltSchlepper,Maschinen!$AC$6,FALSE))=TRUE,0,VLOOKUP(AE112,ltSchlepper,Maschinen!$AC$6,FALSE)*AG112))","v":0},0,{"$f":"(IF(ISNA(VLOOKUP(AK112,ltSchlepper,Maschinen!$AA$6,FALSE))=TRUE,0,VLOOKUP(AK112,ltSchlepper,Maschinen!$AA$6,FALSE)*AM112))","v":0},{"$f":"(IF(ISNA(VLOOKUP(AK112,ltSchlepper,Maschinen!$AB$6,FALSE))=TRUE,0,VLOOKUP(AK112,ltSchlepper,Maschinen!$AB$6,FALSE)*AM112))","v":0},{"$f":"(IF(ISNA(VLOOKUP(AK112,ltSchlepper,Maschinen!$AC$6,FALSE))=TRUE,0,VLOOKUP(AK112,ltSchlepper,Maschinen!$AC$6,FALSE)*AM112))","v":0},0,{"$f":"(IF(ISNA(VLOOKUP(AQ112,ltSchlepper,Maschinen!$AA$6,FALSE))=TRUE,0,VLOOKUP(AQ112,ltSchlepper,Maschinen!$AA$6,FALSE)*AS112))","v":0},{"$f":"(IF(ISNA(VLOOKUP(AQ112,ltSchlepper,Maschinen!$AB$6,FALSE))=TRUE,0,VLOOKUP(AQ112,ltSchlepper,Maschinen!$AB$6,FALSE)*AS112))","v":0},{"$f":"(IF(ISNA(VLOOKUP(AQ112,ltSchlepper,Maschinen!$AC$6,FALSE))=TRUE,0,VLOOKUP(AQ112,ltSchlepper,Maschinen!$AC$6,FALSE)*AS112))","v":0},0]
[null,21629,null,null,null,null,null,null,0,0,0,0.1,0,0,null,null,0,0,0,0,0,0,0,null,null,"",null,"",null,0,null,"",null,"",null,0,null,"",null,"",null,0,null,"",null,"",null,0,0,0,0,0,0,0,0,0,0,0,0,0,{"$f":"(IF(ISNA(VLOOKUP(Y113,ltSchlepper,Maschinen!$K$6,FALSE))=TRUE,0,VLOOKUP(Y113,ltSchlepper,Maschinen!$K$6,FALSE)*AA113))","v":0},{"$f":"(IF(ISNA(VLOOKUP(Y113,ltSchlepper,Maschinen!$L$6,FALSE))=TRUE,0,VLOOKUP(Y113,ltSchlepper,Maschinen!$L$6,FALSE)*AA113))","v":0},{"$f":"(IF(ISNA(VLOOKUP(Y113,ltSchlepper,Maschinen!$M$6,FALSE))=TRUE,0,VLOOKUP(Y113,ltSchlepper,Maschinen!$M$6,FALSE)*AA113))","v":0},{"$f":"(IF(ISNA(VLOOKUP(Y113,ltSchlepper,Maschinen!$N$6,FALSE))=TRUE,0,VLOOKUP(Y113,ltSchlepper,Maschinen!$N$6,FALSE)*AA113*IF(ISBLANK(AC113),1,AC113)))","v":0},{"$f":"(IF(ISNA(VLOOKUP(Y113,ltSchlepper,Maschinen!$O$6,FALSE))=TRUE,0,VLOOKUP(Y113,ltSchlepper,Maschinen!$O$6,FALSE)*AA113*IF(ISBLANK(AC113),1,AC113)))","v":0},{"$f":"(IF(ISNA(VLOOKUP(Y113,ltSchlepper,Maschinen!$P$6,FALSE))=TRUE,0,VLOOKUP(Y113,ltSchlepper,Maschinen!$P$6,FALSE)*AA113*IF(ISBLANK(AC113),1,AC113)))","v":0},0,{"$f":"(IF(ISNA(VLOOKUP(AE113,ltSchlepper,Maschinen!$K$6,FALSE))=TRUE,0,VLOOKUP(AE113,ltSchlepper,Maschinen!$K$6,FALSE)*AG113))","v":0},{"$f":"(IF(ISNA(VLOOKUP(AE113,ltSchlepper,Maschinen!$L$6,FALSE))=TRUE,0,VLOOKUP(AE113,ltSchlepper,Maschinen!$L$6,FALSE)*AG113))","v":0},{"$f":"(IF(ISNA(VLOOKUP(AE113,ltSchlepper,Maschinen!$M$6,FALSE))=TRUE,0,VLOOKUP(AE113,ltSchlepper,Maschinen!$M$6,FALSE)*AG113))","v":0},{"$f":"(IF(ISNA(VLOOKUP(AE113,ltSchlepper,Maschinen!$N$6,FALSE))=TRUE,0,VLOOKUP(AE113,ltSchlepper,Maschinen!$N$6,FALSE)*AG113*IF(ISBLANK(AI113),1,AI113)))","v":0},{"$f":"(IF(ISNA(VLOOKUP(AE113,ltSchlepper,Maschinen!$O$6,FALSE))=TRUE,0,VLOOKUP(AE113,ltSchlepper,Maschinen!$O$6,FALSE)*AG113*IF(ISBLANK(AI113),1,AI113)))","v":0},{"$f":"(IF(ISNA(VLOOKUP(AE113,ltSchlepper,Maschinen!$P$6,FALSE))=TRUE,0,VLOOKUP(AE113,ltSchlepper,Maschinen!$P$6,FALSE)*AG113*IF(ISBLANK(AI113),1,AI113)))","v":0},0,{"$f":"(IF(ISNA(VLOOKUP(AK113,ltSchlepper,Maschinen!$K$6,FALSE))=TRUE,0,VLOOKUP(AK113,ltSchlepper,Maschinen!$K$6,FALSE)*AM113))","v":0},{"$f":"(IF(ISNA(VLOOKUP(AK113,ltSchlepper,Maschinen!$L$6,FALSE))=TRUE,0,VLOOKUP(AK113,ltSchlepper,Maschinen!$L$6,FALSE)*AM113))","v":0},{"$f":"(IF(ISNA(VLOOKUP(AK113,ltSchlepper,Maschinen!$M$6,FALSE))=TRUE,0,VLOOKUP(AK113,ltSchlepper,Maschinen!$M$6,FALSE)*AM113))","v":0},{"$f":"(IF(ISNA(VLOOKUP(AK113,ltSchlepper,Maschinen!$N$6,FALSE))=TRUE,0,VLOOKUP(AK113,ltSchlepper,Maschinen!$N$6,FALSE)*AM113*IF(ISBLANK(AO113),1,AO113)))","v":0},{"$f":"(IF(ISNA(VLOOKUP(AK113,ltSchlepper,Maschinen!$O$6,FALSE))=TRUE,0,VLOOKUP(AK113,ltSchlepper,Maschinen!$O$6,FALSE)*AM113*IF(ISBLANK(AO113),1,AO113)))","v":0},{"$f":"(IF(ISNA(VLOOKUP(AK113,ltSchlepper,Maschinen!$P$6,FALSE))=TRUE,0,VLOOKUP(AK113,ltSchlepper,Maschinen!$P$6,FALSE)*AM113*IF(ISBLANK(AO113),1,AO113)))","v":0},0,{"$f":"(IF(ISNA(VLOOKUP(AQ113,ltSchlepper,Maschinen!$K$6,FALSE))=TRUE,0,VLOOKUP(AQ113,ltSchlepper,Maschinen!$K$6,FALSE)*AS113))","v":0},{"$f":"(IF(ISNA(VLOOKUP(AQ113,ltSchlepper,Maschinen!$L$6,FALSE))=TRUE,0,VLOOKUP(AQ113,ltSchlepper,Maschinen!$L$6,FALSE)*AS113))","v":0},{"$f":"(IF(ISNA(VLOOKUP(AQ113,ltSchlepper,Maschinen!$M$6,FALSE))=TRUE,0,VLOOKUP(AQ113,ltSchlepper,Maschinen!$M$6,FALSE)*AS113))","v":0},{"$f":"(IF(ISNA(VLOOKUP(AQ113,ltSchlepper,Maschinen!$N$6,FALSE))=TRUE,0,VLOOKUP(AQ113,ltSchlepper,Maschinen!$N$6,FALSE)*AS113*IF(ISBLANK(AU113),1,AU113)))","v":0},{"$f":"(IF(ISNA(VLOOKUP(AQ113,ltSchlepper,Maschinen!$O$6,FALSE))=TRUE,0,VLOOKUP(AQ113,ltSchlepper,Maschinen!$O$6,FALSE)*AS113*IF(ISBLANK(AU113),1,AU113)))","v":0},{"$f":"(IF(ISNA(VLOOKUP(AQ113,ltSchlepper,Maschinen!$P$6,FALSE))=TRUE,0,VLOOKUP(AQ113,ltSchlepper,Maschinen!$P$6,FALSE)*AS113*IF(ISBLANK(AU113),1,AU113)))","v":0},0,{"$f":"(IF(ISNA(VLOOKUP(Y113,ltSchlepper,Maschinen!$AA$6,FALSE))=TRUE,0,VLOOKUP(Y113,ltSchlepper,Maschinen!$AA$6,FALSE)*AA113))","v":0},{"$f":"(IF(ISNA(VLOOKUP(Y113,ltSchlepper,Maschinen!$AB$6,FALSE))=TRUE,0,VLOOKUP(Y113,ltSchlepper,Maschinen!$AB$6,FALSE)*AA113))","v":0},{"$f":"(IF(ISNA(VLOOKUP(Y113,ltSchlepper,Maschinen!$AC$6,FALSE))=TRUE,0,VLOOKUP(Y113,ltSchlepper,Maschinen!$AC$6,FALSE)*AA113))","v":0},0,{"$f":"(IF(ISNA(VLOOKUP(AE113,ltSchlepper,Maschinen!$AA$6,FALSE))=TRUE,0,VLOOKUP(AE113,ltSchlepper,Maschinen!$AA$6,FALSE)*AG113))","v":0},{"$f":"(IF(ISNA(VLOOKUP(AE113,ltSchlepper,Maschinen!$AB$6,FALSE))=TRUE,0,VLOOKUP(AE113,ltSchlepper,Maschinen!$AB$6,FALSE)*AG113))","v":0},{"$f":"(IF(ISNA(VLOOKUP(AE113,ltSchlepper,Maschinen!$AC$6,FALSE))=TRUE,0,VLOOKUP(AE113,ltSchlepper,Maschinen!$AC$6,FALSE)*AG113))","v":0},0,{"$f":"(IF(ISNA(VLOOKUP(AK113,ltSchlepper,Maschinen!$AA$6,FALSE))=TRUE,0,VLOOKUP(AK113,ltSchlepper,Maschinen!$AA$6,FALSE)*AM113))","v":0},{"$f":"(IF(ISNA(VLOOKUP(AK113,ltSchlepper,Maschinen!$AB$6,FALSE))=TRUE,0,VLOOKUP(AK113,ltSchlepper,Maschinen!$AB$6,FALSE)*AM113))","v":0},{"$f":"(IF(ISNA(VLOOKUP(AK113,ltSchlepper,Maschinen!$AC$6,FALSE))=TRUE,0,VLOOKUP(AK113,ltSchlepper,Maschinen!$AC$6,FALSE)*AM113))","v":0},0,{"$f":"(IF(ISNA(VLOOKUP(AQ113,ltSchlepper,Maschinen!$AA$6,FALSE))=TRUE,0,VLOOKUP(AQ113,ltSchlepper,Maschinen!$AA$6,FALSE)*AS113))","v":0},{"$f":"(IF(ISNA(VLOOKUP(AQ113,ltSchlepper,Maschinen!$AB$6,FALSE))=TRUE,0,VLOOKUP(AQ113,ltSchlepper,Maschinen!$AB$6,FALSE)*AS113))","v":0},{"$f":"(IF(ISNA(VLOOKUP(AQ113,ltSchlepper,Maschinen!$AC$6,FALSE))=TRUE,0,VLOOKUP(AQ113,ltSchlepper,Maschinen!$AC$6,FALSE)*AS113))","v":0},0]
[null,21630,null,null,null,null,null,null,0,0,0,0.1,0,0,null,null,0,0,0,0,0,0,0,null,null,"",null,"",null,0,null,"",null,"",null,0,null,"",null,"",null,0,null,"",null,"",null,0,0,0,0,0,0,0,0,0,0,0,0,0,{"$f":"(IF(ISNA(VLOOKUP(Y114,ltSchlepper,Maschinen!$K$6,FALSE))=TRUE,0,VLOOKUP(Y114,ltSchlepper,Maschinen!$K$6,FALSE)*AA114))","v":0},{"$f":"(IF(ISNA(VLOOKUP(Y114,ltSchlepper,Maschinen!$L$6,FALSE))=TRUE,0,VLOOKUP(Y114,ltSchlepper,Maschinen!$L$6,FALSE)*AA114))","v":0},{"$f":"(IF(ISNA(VLOOKUP(Y114,ltSchlepper,Maschinen!$M$6,FALSE))=TRUE,0,VLOOKUP(Y114,ltSchlepper,Maschinen!$M$6,FALSE)*AA114))","v":0},{"$f":"(IF(ISNA(VLOOKUP(Y114,ltSchlepper,Maschinen!$N$6,FALSE))=TRUE,0,VLOOKUP(Y114,ltSchlepper,Maschinen!$N$6,FALSE)*AA114*IF(ISBLANK(AC114),1,AC114)))","v":0},{"$f":"(IF(ISNA(VLOOKUP(Y114,ltSchlepper,Maschinen!$O$6,FALSE))=TRUE,0,VLOOKUP(Y114,ltSchlepper,Maschinen!$O$6,FALSE)*AA114*IF(ISBLANK(AC114),1,AC114)))","v":0},{"$f":"(IF(ISNA(VLOOKUP(Y114,ltSchlepper,Maschinen!$P$6,FALSE))=TRUE,0,VLOOKUP(Y114,ltSchlepper,Maschinen!$P$6,FALSE)*AA114*IF(ISBLANK(AC114),1,AC114)))","v":0},0,{"$f":"(IF(ISNA(VLOOKUP(AE114,ltSchlepper,Maschinen!$K$6,FALSE))=TRUE,0,VLOOKUP(AE114,ltSchlepper,Maschinen!$K$6,FALSE)*AG114))","v":0},{"$f":"(IF(ISNA(VLOOKUP(AE114,ltSchlepper,Maschinen!$L$6,FALSE))=TRUE,0,VLOOKUP(AE114,ltSchlepper,Maschinen!$L$6,FALSE)*AG114))","v":0},{"$f":"(IF(ISNA(VLOOKUP(AE114,ltSchlepper,Maschinen!$M$6,FALSE))=TRUE,0,VLOOKUP(AE114,ltSchlepper,Maschinen!$M$6,FALSE)*AG114))","v":0},{"$f":"(IF(ISNA(VLOOKUP(AE114,ltSchlepper,Maschinen!$N$6,FALSE))=TRUE,0,VLOOKUP(AE114,ltSchlepper,Maschinen!$N$6,FALSE)*AG114*IF(ISBLANK(AI114),1,AI114)))","v":0},{"$f":"(IF(ISNA(VLOOKUP(AE114,ltSchlepper,Maschinen!$O$6,FALSE))=TRUE,0,VLOOKUP(AE114,ltSchlepper,Maschinen!$O$6,FALSE)*AG114*IF(ISBLANK(AI114),1,AI114)))","v":0},{"$f":"(IF(ISNA(VLOOKUP(AE114,ltSchlepper,Maschinen!$P$6,FALSE))=TRUE,0,VLOOKUP(AE114,ltSchlepper,Maschinen!$P$6,FALSE)*AG114*IF(ISBLANK(AI114),1,AI114)))","v":0},0,{"$f":"(IF(ISNA(VLOOKUP(AK114,ltSchlepper,Maschinen!$K$6,FALSE))=TRUE,0,VLOOKUP(AK114,ltSchlepper,Maschinen!$K$6,FALSE)*AM114))","v":0},{"$f":"(IF(ISNA(VLOOKUP(AK114,ltSchlepper,Maschinen!$L$6,FALSE))=TRUE,0,VLOOKUP(AK114,ltSchlepper,Maschinen!$L$6,FALSE)*AM114))","v":0},{"$f":"(IF(ISNA(VLOOKUP(AK114,ltSchlepper,Maschinen!$M$6,FALSE))=TRUE,0,VLOOKUP(AK114,ltSchlepper,Maschinen!$M$6,FALSE)*AM114))","v":0},{"$f":"(IF(ISNA(VLOOKUP(AK114,ltSchlepper,Maschinen!$N$6,FALSE))=TRUE,0,VLOOKUP(AK114,ltSchlepper,Maschinen!$N$6,FALSE)*AM114*IF(ISBLANK(AO114),1,AO114)))","v":0},{"$f":"(IF(ISNA(VLOOKUP(AK114,ltSchlepper,Maschinen!$O$6,FALSE))=TRUE,0,VLOOKUP(AK114,ltSchlepper,Maschinen!$O$6,FALSE)*AM114*IF(ISBLANK(AO114),1,AO114)))","v":0},{"$f":"(IF(ISNA(VLOOKUP(AK114,ltSchlepper,Maschinen!$P$6,FALSE))=TRUE,0,VLOOKUP(AK114,ltSchlepper,Maschinen!$P$6,FALSE)*AM114*IF(ISBLANK(AO114),1,AO114)))","v":0},0,{"$f":"(IF(ISNA(VLOOKUP(AQ114,ltSchlepper,Maschinen!$K$6,FALSE))=TRUE,0,VLOOKUP(AQ114,ltSchlepper,Maschinen!$K$6,FALSE)*AS114))","v":0},{"$f":"(IF(ISNA(VLOOKUP(AQ114,ltSchlepper,Maschinen!$L$6,FALSE))=TRUE,0,VLOOKUP(AQ114,ltSchlepper,Maschinen!$L$6,FALSE)*AS114))","v":0},{"$f":"(IF(ISNA(VLOOKUP(AQ114,ltSchlepper,Maschinen!$M$6,FALSE))=TRUE,0,VLOOKUP(AQ114,ltSchlepper,Maschinen!$M$6,FALSE)*AS114))","v":0},{"$f":"(IF(ISNA(VLOOKUP(AQ114,ltSchlepper,Maschinen!$N$6,FALSE))=TRUE,0,VLOOKUP(AQ114,ltSchlepper,Maschinen!$N$6,FALSE)*AS114*IF(ISBLANK(AU114),1,AU114)))","v":0},{"$f":"(IF(ISNA(VLOOKUP(AQ114,ltSchlepper,Maschinen!$O$6,FALSE))=TRUE,0,VLOOKUP(AQ114,ltSchlepper,Maschinen!$O$6,FALSE)*AS114*IF(ISBLANK(AU114),1,AU114)))","v":0},{"$f":"(IF(ISNA(VLOOKUP(AQ114,ltSchlepper,Maschinen!$P$6,FALSE))=TRUE,0,VLOOKUP(AQ114,ltSchlepper,Maschinen!$P$6,FALSE)*AS114*IF(ISBLANK(AU114),1,AU114)))","v":0},0,{"$f":"(IF(ISNA(VLOOKUP(Y114,ltSchlepper,Maschinen!$AA$6,FALSE))=TRUE,0,VLOOKUP(Y114,ltSchlepper,Maschinen!$AA$6,FALSE)*AA114))","v":0},{"$f":"(IF(ISNA(VLOOKUP(Y114,ltSchlepper,Maschinen!$AB$6,FALSE))=TRUE,0,VLOOKUP(Y114,ltSchlepper,Maschinen!$AB$6,FALSE)*AA114))","v":0},{"$f":"(IF(ISNA(VLOOKUP(Y114,ltSchlepper,Maschinen!$AC$6,FALSE))=TRUE,0,VLOOKUP(Y114,ltSchlepper,Maschinen!$AC$6,FALSE)*AA114))","v":0},0,{"$f":"(IF(ISNA(VLOOKUP(AE114,ltSchlepper,Maschinen!$AA$6,FALSE))=TRUE,0,VLOOKUP(AE114,ltSchlepper,Maschinen!$AA$6,FALSE)*AG114))","v":0},{"$f":"(IF(ISNA(VLOOKUP(AE114,ltSchlepper,Maschinen!$AB$6,FALSE))=TRUE,0,VLOOKUP(AE114,ltSchlepper,Maschinen!$AB$6,FALSE)*AG114))","v":0},{"$f":"(IF(ISNA(VLOOKUP(AE114,ltSchlepper,Maschinen!$AC$6,FALSE))=TRUE,0,VLOOKUP(AE114,ltSchlepper,Maschinen!$AC$6,FALSE)*AG114))","v":0},0,{"$f":"(IF(ISNA(VLOOKUP(AK114,ltSchlepper,Maschinen!$AA$6,FALSE))=TRUE,0,VLOOKUP(AK114,ltSchlepper,Maschinen!$AA$6,FALSE)*AM114))","v":0},{"$f":"(IF(ISNA(VLOOKUP(AK114,ltSchlepper,Maschinen!$AB$6,FALSE))=TRUE,0,VLOOKUP(AK114,ltSchlepper,Maschinen!$AB$6,FALSE)*AM114))","v":0},{"$f":"(IF(ISNA(VLOOKUP(AK114,ltSchlepper,Maschinen!$AC$6,FALSE))=TRUE,0,VLOOKUP(AK114,ltSchlepper,Maschinen!$AC$6,FALSE)*AM114))","v":0},0,{"$f":"(IF(ISNA(VLOOKUP(AQ114,ltSchlepper,Maschinen!$AA$6,FALSE))=TRUE,0,VLOOKUP(AQ114,ltSchlepper,Maschinen!$AA$6,FALSE)*AS114))","v":0},{"$f":"(IF(ISNA(VLOOKUP(AQ114,ltSchlepper,Maschinen!$AB$6,FALSE))=TRUE,0,VLOOKUP(AQ114,ltSchlepper,Maschinen!$AB$6,FALSE)*AS114))","v":0},{"$f":"(IF(ISNA(VLOOKUP(AQ114,ltSchlepper,Maschinen!$AC$6,FALSE))=TRUE,0,VLOOKUP(AQ114,ltSchlepper,Maschinen!$AC$6,FALSE)*AS114))","v":0},0]
[null,21631,null,null,null,null,null,null,0,0,0,0.1,0,0,null,null,0,0,0,0,0,0,0,null,null,"",null,"",null,0,null,"",null,"",null,0,null,"",null,"",null,0,null,"",null,"",null,0,0,0,0,0,0,0,0,0,0,0,0,0,{"$f":"(IF(ISNA(VLOOKUP(Y115,ltSchlepper,Maschinen!$K$6,FALSE))=TRUE,0,VLOOKUP(Y115,ltSchlepper,Maschinen!$K$6,FALSE)*AA115))","v":0},{"$f":"(IF(ISNA(VLOOKUP(Y115,ltSchlepper,Maschinen!$L$6,FALSE))=TRUE,0,VLOOKUP(Y115,ltSchlepper,Maschinen!$L$6,FALSE)*AA115))","v":0},{"$f":"(IF(ISNA(VLOOKUP(Y115,ltSchlepper,Maschinen!$M$6,FALSE))=TRUE,0,VLOOKUP(Y115,ltSchlepper,Maschinen!$M$6,FALSE)*AA115))","v":0},{"$f":"(IF(ISNA(VLOOKUP(Y115,ltSchlepper,Maschinen!$N$6,FALSE))=TRUE,0,VLOOKUP(Y115,ltSchlepper,Maschinen!$N$6,FALSE)*AA115*IF(ISBLANK(AC115),1,AC115)))","v":0},{"$f":"(IF(ISNA(VLOOKUP(Y115,ltSchlepper,Maschinen!$O$6,FALSE))=TRUE,0,VLOOKUP(Y115,ltSchlepper,Maschinen!$O$6,FALSE)*AA115*IF(ISBLANK(AC115),1,AC115)))","v":0},{"$f":"(IF(ISNA(VLOOKUP(Y115,ltSchlepper,Maschinen!$P$6,FALSE))=TRUE,0,VLOOKUP(Y115,ltSchlepper,Maschinen!$P$6,FALSE)*AA115*IF(ISBLANK(AC115),1,AC115)))","v":0},0,{"$f":"(IF(ISNA(VLOOKUP(AE115,ltSchlepper,Maschinen!$K$6,FALSE))=TRUE,0,VLOOKUP(AE115,ltSchlepper,Maschinen!$K$6,FALSE)*AG115))","v":0},{"$f":"(IF(ISNA(VLOOKUP(AE115,ltSchlepper,Maschinen!$L$6,FALSE))=TRUE,0,VLOOKUP(AE115,ltSchlepper,Maschinen!$L$6,FALSE)*AG115))","v":0},{"$f":"(IF(ISNA(VLOOKUP(AE115,ltSchlepper,Maschinen!$M$6,FALSE))=TRUE,0,VLOOKUP(AE115,ltSchlepper,Maschinen!$M$6,FALSE)*AG115))","v":0},{"$f":"(IF(ISNA(VLOOKUP(AE115,ltSchlepper,Maschinen!$N$6,FALSE))=TRUE,0,VLOOKUP(AE115,ltSchlepper,Maschinen!$N$6,FALSE)*AG115*IF(ISBLANK(AI115),1,AI115)))","v":0},{"$f":"(IF(ISNA(VLOOKUP(AE115,ltSchlepper,Maschinen!$O$6,FALSE))=TRUE,0,VLOOKUP(AE115,ltSchlepper,Maschinen!$O$6,FALSE)*AG115*IF(ISBLANK(AI115),1,AI115)))","v":0},{"$f":"(IF(ISNA(VLOOKUP(AE115,ltSchlepper,Maschinen!$P$6,FALSE))=TRUE,0,VLOOKUP(AE115,ltSchlepper,Maschinen!$P$6,FALSE)*AG115*IF(ISBLANK(AI115),1,AI115)))","v":0},0,{"$f":"(IF(ISNA(VLOOKUP(AK115,ltSchlepper,Maschinen!$K$6,FALSE))=TRUE,0,VLOOKUP(AK115,ltSchlepper,Maschinen!$K$6,FALSE)*AM115))","v":0},{"$f":"(IF(ISNA(VLOOKUP(AK115,ltSchlepper,Maschinen!$L$6,FALSE))=TRUE,0,VLOOKUP(AK115,ltSchlepper,Maschinen!$L$6,FALSE)*AM115))","v":0},{"$f":"(IF(ISNA(VLOOKUP(AK115,ltSchlepper,Maschinen!$M$6,FALSE))=TRUE,0,VLOOKUP(AK115,ltSchlepper,Maschinen!$M$6,FALSE)*AM115))","v":0},{"$f":"(IF(ISNA(VLOOKUP(AK115,ltSchlepper,Maschinen!$N$6,FALSE))=TRUE,0,VLOOKUP(AK115,ltSchlepper,Maschinen!$N$6,FALSE)*AM115*IF(ISBLANK(AO115),1,AO115)))","v":0},{"$f":"(IF(ISNA(VLOOKUP(AK115,ltSchlepper,Maschinen!$O$6,FALSE))=TRUE,0,VLOOKUP(AK115,ltSchlepper,Maschinen!$O$6,FALSE)*AM115*IF(ISBLANK(AO115),1,AO115)))","v":0},{"$f":"(IF(ISNA(VLOOKUP(AK115,ltSchlepper,Maschinen!$P$6,FALSE))=TRUE,0,VLOOKUP(AK115,ltSchlepper,Maschinen!$P$6,FALSE)*AM115*IF(ISBLANK(AO115),1,AO115)))","v":0},0,{"$f":"(IF(ISNA(VLOOKUP(AQ115,ltSchlepper,Maschinen!$K$6,FALSE))=TRUE,0,VLOOKUP(AQ115,ltSchlepper,Maschinen!$K$6,FALSE)*AS115))","v":0},{"$f":"(IF(ISNA(VLOOKUP(AQ115,ltSchlepper,Maschinen!$L$6,FALSE))=TRUE,0,VLOOKUP(AQ115,ltSchlepper,Maschinen!$L$6,FALSE)*AS115))","v":0},{"$f":"(IF(ISNA(VLOOKUP(AQ115,ltSchlepper,Maschinen!$M$6,FALSE))=TRUE,0,VLOOKUP(AQ115,ltSchlepper,Maschinen!$M$6,FALSE)*AS115))","v":0},{"$f":"(IF(ISNA(VLOOKUP(AQ115,ltSchlepper,Maschinen!$N$6,FALSE))=TRUE,0,VLOOKUP(AQ115,ltSchlepper,Maschinen!$N$6,FALSE)*AS115*IF(ISBLANK(AU115),1,AU115)))","v":0},{"$f":"(IF(ISNA(VLOOKUP(AQ115,ltSchlepper,Maschinen!$O$6,FALSE))=TRUE,0,VLOOKUP(AQ115,ltSchlepper,Maschinen!$O$6,FALSE)*AS115*IF(ISBLANK(AU115),1,AU115)))","v":0},{"$f":"(IF(ISNA(VLOOKUP(AQ115,ltSchlepper,Maschinen!$P$6,FALSE))=TRUE,0,VLOOKUP(AQ115,ltSchlepper,Maschinen!$P$6,FALSE)*AS115*IF(ISBLANK(AU115),1,AU115)))","v":0},0,{"$f":"(IF(ISNA(VLOOKUP(Y115,ltSchlepper,Maschinen!$AA$6,FALSE))=TRUE,0,VLOOKUP(Y115,ltSchlepper,Maschinen!$AA$6,FALSE)*AA115))","v":0},{"$f":"(IF(ISNA(VLOOKUP(Y115,ltSchlepper,Maschinen!$AB$6,FALSE))=TRUE,0,VLOOKUP(Y115,ltSchlepper,Maschinen!$AB$6,FALSE)*AA115))","v":0},{"$f":"(IF(ISNA(VLOOKUP(Y115,ltSchlepper,Maschinen!$AC$6,FALSE))=TRUE,0,VLOOKUP(Y115,ltSchlepper,Maschinen!$AC$6,FALSE)*AA115))","v":0},0,{"$f":"(IF(ISNA(VLOOKUP(AE115,ltSchlepper,Maschinen!$AA$6,FALSE))=TRUE,0,VLOOKUP(AE115,ltSchlepper,Maschinen!$AA$6,FALSE)*AG115))","v":0},{"$f":"(IF(ISNA(VLOOKUP(AE115,ltSchlepper,Maschinen!$AB$6,FALSE))=TRUE,0,VLOOKUP(AE115,ltSchlepper,Maschinen!$AB$6,FALSE)*AG115))","v":0},{"$f":"(IF(ISNA(VLOOKUP(AE115,ltSchlepper,Maschinen!$AC$6,FALSE))=TRUE,0,VLOOKUP(AE115,ltSchlepper,Maschinen!$AC$6,FALSE)*AG115))","v":0},0,{"$f":"(IF(ISNA(VLOOKUP(AK115,ltSchlepper,Maschinen!$AA$6,FALSE))=TRUE,0,VLOOKUP(AK115,ltSchlepper,Maschinen!$AA$6,FALSE)*AM115))","v":0},{"$f":"(IF(ISNA(VLOOKUP(AK115,ltSchlepper,Maschinen!$AB$6,FALSE))=TRUE,0,VLOOKUP(AK115,ltSchlepper,Maschinen!$AB$6,FALSE)*AM115))","v":0},{"$f":"(IF(ISNA(VLOOKUP(AK115,ltSchlepper,Maschinen!$AC$6,FALSE))=TRUE,0,VLOOKUP(AK115,ltSchlepper,Maschinen!$AC$6,FALSE)*AM115))","v":0},0,{"$f":"(IF(ISNA(VLOOKUP(AQ115,ltSchlepper,Maschinen!$AA$6,FALSE))=TRUE,0,VLOOKUP(AQ115,ltSchlepper,Maschinen!$AA$6,FALSE)*AS115))","v":0},{"$f":"(IF(ISNA(VLOOKUP(AQ115,ltSchlepper,Maschinen!$AB$6,FALSE))=TRUE,0,VLOOKUP(AQ115,ltSchlepper,Maschinen!$AB$6,FALSE)*AS115))","v":0},{"$f":"(IF(ISNA(VLOOKUP(AQ115,ltSchlepper,Maschinen!$AC$6,FALSE))=TRUE,0,VLOOKUP(AQ115,ltSchlepper,Maschinen!$AC$6,FALSE)*AS115))","v":0},0]
[null,21616,null,null,null,null,null,null,{"$f":"BC116","v":0},{"$f":"H116+I116","v":0},0,0.1,0,{"$f":"M116*Interest","v":0},null,null,0,0,{"$f":"J116+N116+R116","v":0},{"$f":"K116-N116-R116","v":0},{"$f":"BG116","v":0},{"$f":"H116+I116+N116+R116+U116","v":0},{"$f":"T116-U116","v":0},null,null,"",null,"",null,{"$f":"IF(ISNA(VLOOKUP(Y116,ltSchlepper,SchKraftstoffVerb,FALSE))=TRUE,0,VLOOKUP(Y116,ltSchlepper,SchKraftstoffVerb,FALSE)*IF(ISBLANK(AC116),1,AC116)*AA116)","v":0},null,"",null,"",null,{"$f":"IF(ISNA(VLOOKUP(AE116,ltSchlepper,SchKraftstoffVerb,FALSE))=TRUE,0,VLOOKUP(AE116,ltSchlepper,SchKraftstoffVerb,FALSE)*IF(ISBLANK(AI116),1,AI116)*AG116)","v":0},null,"",null,"",null,{"$f":"IF(ISNA(VLOOKUP(AK116,ltSchlepper,SchKraftstoffVerb,FALSE))=TRUE,0,VLOOKUP(AK116,ltSchlepper,SchKraftstoffVerb,FALSE)*IF(ISBLANK(AO116),1,AO116)*AM116)","v":0},null,"",null,"",null,{"$f":"IF(ISNA(VLOOKUP(AQ116,ltSchlepper,SchKraftstoffVerb,FALSE))=TRUE,0,VLOOKUP(AQ116,ltSchlepper,SchKraftstoffVerb,FALSE)*IF(ISBLANK(AU116),1,AU116)*AS116)","v":0},{"$f":"BL116+BS116+BZ116+CG116","v":0},{"$f":"BI116+BP116+BW116+CD116","v":0},0,0,{"$f":"BM116+BT116+CA116+CH116","v":0},0,{"$f":"SUM(AX116:AZ116,BA116:BB116)","v":0},{"$f":"CK116+CO116+CS116+CW116","v":0},0,0,0,{"$f":"BG116+BC116","v":0},{"$f":"(IF(ISNA(VLOOKUP(Y116,ltSchlepper,Maschinen!$K$6,FALSE))=TRUE,0,VLOOKUP(Y116,ltSchlepper,Maschinen!$K$6,FALSE)*AA116))","v":0},{"$f":"(IF(ISNA(VLOOKUP(Y116,ltSchlepper,Maschinen!$L$6,FALSE))=TRUE,0,VLOOKUP(Y116,ltSchlepper,Maschinen!$L$6,FALSE)*AA116))","v":0},{"$f":"(IF(ISNA(VLOOKUP(Y116,ltSchlepper,Maschinen!$M$6,FALSE))=TRUE,0,VLOOKUP(Y116,ltSchlepper,Maschinen!$M$6,FALSE)*AA116))","v":0},{"$f":"(IF(ISNA(VLOOKUP(Y116,ltSchlepper,Maschinen!$N$6,FALSE))=TRUE,0,VLOOKUP(Y116,ltSchlepper,Maschinen!$N$6,FALSE)*AA116*IF(ISBLANK(AC116),1,AC116)))","v":0},{"$f":"(IF(ISNA(VLOOKUP(Y116,ltSchlepper,Maschinen!$O$6,FALSE))=TRUE,0,VLOOKUP(Y116,ltSchlepper,Maschinen!$O$6,FALSE)*AA116*IF(ISBLANK(AC116),1,AC116)))","v":0},{"$f":"(IF(ISNA(VLOOKUP(Y116,ltSchlepper,Maschinen!$P$6,FALSE))=TRUE,0,VLOOKUP(Y116,ltSchlepper,Maschinen!$P$6,FALSE)*AA116*IF(ISBLANK(AC116),1,AC116)))","v":0},0,{"$f":"(IF(ISNA(VLOOKUP(AE116,ltSchlepper,Maschinen!$K$6,FALSE))=TRUE,0,VLOOKUP(AE116,ltSchlepper,Maschinen!$K$6,FALSE)*AG116))","v":0},{"$f":"(IF(ISNA(VLOOKUP(AE116,ltSchlepper,Maschinen!$L$6,FALSE))=TRUE,0,VLOOKUP(AE116,ltSchlepper,Maschinen!$L$6,FALSE)*AG116))","v":0},{"$f":"(IF(ISNA(VLOOKUP(AE116,ltSchlepper,Maschinen!$M$6,FALSE))=TRUE,0,VLOOKUP(AE116,ltSchlepper,Maschinen!$M$6,FALSE)*AG116))","v":0},{"$f":"(IF(ISNA(VLOOKUP(AE116,ltSchlepper,Maschinen!$N$6,FALSE))=TRUE,0,VLOOKUP(AE116,ltSchlepper,Maschinen!$N$6,FALSE)*AG116*IF(ISBLANK(AI116),1,AI116)))","v":0},{"$f":"(IF(ISNA(VLOOKUP(AE116,ltSchlepper,Maschinen!$O$6,FALSE))=TRUE,0,VLOOKUP(AE116,ltSchlepper,Maschinen!$O$6,FALSE)*AG116*IF(ISBLANK(AI116),1,AI116)))","v":0},{"$f":"(IF(ISNA(VLOOKUP(AE116,ltSchlepper,Maschinen!$P$6,FALSE))=TRUE,0,VLOOKUP(AE116,ltSchlepper,Maschinen!$P$6,FALSE)*AG116*IF(ISBLANK(AI116),1,AI116)))","v":0},0,{"$f":"(IF(ISNA(VLOOKUP(AK116,ltSchlepper,Maschinen!$K$6,FALSE))=TRUE,0,VLOOKUP(AK116,ltSchlepper,Maschinen!$K$6,FALSE)*AM116))","v":0},{"$f":"(IF(ISNA(VLOOKUP(AK116,ltSchlepper,Maschinen!$L$6,FALSE))=TRUE,0,VLOOKUP(AK116,ltSchlepper,Maschinen!$L$6,FALSE)*AM116))","v":0},{"$f":"(IF(ISNA(VLOOKUP(AK116,ltSchlepper,Maschinen!$M$6,FALSE))=TRUE,0,VLOOKUP(AK116,ltSchlepper,Maschinen!$M$6,FALSE)*AM116))","v":0},{"$f":"(IF(ISNA(VLOOKUP(AK116,ltSchlepper,Maschinen!$N$6,FALSE))=TRUE,0,VLOOKUP(AK116,ltSchlepper,Maschinen!$N$6,FALSE)*AM116*IF(ISBLANK(AO116),1,AO116)))","v":0},{"$f":"(IF(ISNA(VLOOKUP(AK116,ltSchlepper,Maschinen!$O$6,FALSE))=TRUE,0,VLOOKUP(AK116,ltSchlepper,Maschinen!$O$6,FALSE)*AM116*IF(ISBLANK(AO116),1,AO116)))","v":0},{"$f":"(IF(ISNA(VLOOKUP(AK116,ltSchlepper,Maschinen!$P$6,FALSE))=TRUE,0,VLOOKUP(AK116,ltSchlepper,Maschinen!$P$6,FALSE)*AM116*IF(ISBLANK(AO116),1,AO116)))","v":0},0,{"$f":"(IF(ISNA(VLOOKUP(AQ116,ltSchlepper,Maschinen!$K$6,FALSE))=TRUE,0,VLOOKUP(AQ116,ltSchlepper,Maschinen!$K$6,FALSE)*AS116))","v":0},{"$f":"(IF(ISNA(VLOOKUP(AQ116,ltSchlepper,Maschinen!$L$6,FALSE))=TRUE,0,VLOOKUP(AQ116,ltSchlepper,Maschinen!$L$6,FALSE)*AS116))","v":0},{"$f":"(IF(ISNA(VLOOKUP(AQ116,ltSchlepper,Maschinen!$M$6,FALSE))=TRUE,0,VLOOKUP(AQ116,ltSchlepper,Maschinen!$M$6,FALSE)*AS116))","v":0},{"$f":"(IF(ISNA(VLOOKUP(AQ116,ltSchlepper,Maschinen!$N$6,FALSE))=TRUE,0,VLOOKUP(AQ116,ltSchlepper,Maschinen!$N$6,FALSE)*AS116*IF(ISBLANK(AU116),1,AU116)))","v":0},{"$f":"(IF(ISNA(VLOOKUP(AQ116,ltSchlepper,Maschinen!$O$6,FALSE))=TRUE,0,VLOOKUP(AQ116,ltSchlepper,Maschinen!$O$6,FALSE)*AS116*IF(ISBLANK(AU116),1,AU116)))","v":0},{"$f":"(IF(ISNA(VLOOKUP(AQ116,ltSchlepper,Maschinen!$P$6,FALSE))=TRUE,0,VLOOKUP(AQ116,ltSchlepper,Maschinen!$P$6,FALSE)*AS116*IF(ISBLANK(AU116),1,AU116)))","v":0},0,{"$f":"(IF(ISNA(VLOOKUP(Y116,ltSchlepper,Maschinen!$AA$6,FALSE))=TRUE,0,VLOOKUP(Y116,ltSchlepper,Maschinen!$AA$6,FALSE)*AA116))","v":0},{"$f":"(IF(ISNA(VLOOKUP(Y116,ltSchlepper,Maschinen!$AB$6,FALSE))=TRUE,0,VLOOKUP(Y116,ltSchlepper,Maschinen!$AB$6,FALSE)*AA116))","v":0},{"$f":"(IF(ISNA(VLOOKUP(Y116,ltSchlepper,Maschinen!$AC$6,FALSE))=TRUE,0,VLOOKUP(Y116,ltSchlepper,Maschinen!$AC$6,FALSE)*AA116))","v":0},0,{"$f":"(IF(ISNA(VLOOKUP(AE116,ltSchlepper,Maschinen!$AA$6,FALSE))=TRUE,0,VLOOKUP(AE116,ltSchlepper,Maschinen!$AA$6,FALSE)*AG116))","v":0},{"$f":"(IF(ISNA(VLOOKUP(AE116,ltSchlepper,Maschinen!$AB$6,FALSE))=TRUE,0,VLOOKUP(AE116,ltSchlepper,Maschinen!$AB$6,FALSE)*AG116))","v":0},{"$f":"(IF(ISNA(VLOOKUP(AE116,ltSchlepper,Maschinen!$AC$6,FALSE))=TRUE,0,VLOOKUP(AE116,ltSchlepper,Maschinen!$AC$6,FALSE)*AG116))","v":0},0,{"$f":"(IF(ISNA(VLOOKUP(AK116,ltSchlepper,Maschinen!$AA$6,FALSE))=TRUE,0,VLOOKUP(AK116,ltSchlepper,Maschinen!$AA$6,FALSE)*AM116))","v":0},{"$f":"(IF(ISNA(VLOOKUP(AK116,ltSchlepper,Maschinen!$AB$6,FALSE))=TRUE,0,VLOOKUP(AK116,ltSchlepper,Maschinen!$AB$6,FALSE)*AM116))","v":0},{"$f":"(IF(ISNA(VLOOKUP(AK116,ltSchlepper,Maschinen!$AC$6,FALSE))=TRUE,0,VLOOKUP(AK116,ltSchlepper,Maschinen!$AC$6,FALSE)*AM116))","v":0},0,{"$f":"(IF(ISNA(VLOOKUP(AQ116,ltSchlepper,Maschinen!$AA$6,FALSE))=TRUE,0,VLOOKUP(AQ116,ltSchlepper,Maschinen!$AA$6,FALSE)*AS116))","v":0},{"$f":"(IF(ISNA(VLOOKUP(AQ116,ltSchlepper,Maschinen!$AB$6,FALSE))=TRUE,0,VLOOKUP(AQ116,ltSchlepper,Maschinen!$AB$6,FALSE)*AS116))","v":0},{"$f":"(IF(ISNA(VLOOKUP(AQ116,ltSchlepper,Maschinen!$AC$6,FALSE))=TRUE,0,VLOOKUP(AQ116,ltSchlepper,Maschinen!$AC$6,FALSE)*AS116))","v":0},0]
[null,21617,null,null,null,null,null,null,0,{"$f":"H117+I117","v":0},0,0.1,0,{"$f":"M117*Interest","v":0},null,null,0,0,{"$f":"J117+N117+R117","v":0},{"$f":"K117-N117-R117","v":0},{"$f":"BG117","v":0},{"$f":"H117+I117+N117+R117+U117","v":0},{"$f":"T117-U117","v":0},null,null,"",null,"",null,{"$f":"IF(ISNA(VLOOKUP(Y117,ltSchlepper,SchKraftstoffVerb,FALSE))=TRUE,0,VLOOKUP(Y117,ltSchlepper,SchKraftstoffVerb,FALSE)*IF(ISBLANK(AC117),1,AC117)*AA117)","v":0},null,"",null,"",null,{"$f":"IF(ISNA(VLOOKUP(AE117,ltSchlepper,SchKraftstoffVerb,FALSE))=TRUE,0,VLOOKUP(AE117,ltSchlepper,SchKraftstoffVerb,FALSE)*IF(ISBLANK(AI117),1,AI117)*AG117)","v":0},null,"",null,"",null,{"$f":"IF(ISNA(VLOOKUP(AK117,ltSchlepper,SchKraftstoffVerb,FALSE))=TRUE,0,VLOOKUP(AK117,ltSchlepper,SchKraftstoffVerb,FALSE)*IF(ISBLANK(AO117),1,AO117)*AM117)","v":0},null,"",null,"",null,{"$f":"IF(ISNA(VLOOKUP(AQ117,ltSchlepper,SchKraftstoffVerb,FALSE))=TRUE,0,VLOOKUP(AQ117,ltSchlepper,SchKraftstoffVerb,FALSE)*IF(ISBLANK(AU117),1,AU117)*AS117)","v":0},{"$f":"BL117+BS117+BZ117+CG117","v":0},0,0,0,0,0,{"$f":"SUM(AX117:AZ117,BA117:BB117)","v":0},0,0,0,0,{"$f":"BG117+BC117","v":0},{"$f":"(IF(ISNA(VLOOKUP(Y117,ltSchlepper,Maschinen!$K$6,FALSE))=TRUE,0,VLOOKUP(Y117,ltSchlepper,Maschinen!$K$6,FALSE)*AA117))","v":0},{"$f":"(IF(ISNA(VLOOKUP(Y117,ltSchlepper,Maschinen!$L$6,FALSE))=TRUE,0,VLOOKUP(Y117,ltSchlepper,Maschinen!$L$6,FALSE)*AA117))","v":0},{"$f":"(IF(ISNA(VLOOKUP(Y117,ltSchlepper,Maschinen!$M$6,FALSE))=TRUE,0,VLOOKUP(Y117,ltSchlepper,Maschinen!$M$6,FALSE)*AA117))","v":0},{"$f":"(IF(ISNA(VLOOKUP(Y117,ltSchlepper,Maschinen!$N$6,FALSE))=TRUE,0,VLOOKUP(Y117,ltSchlepper,Maschinen!$N$6,FALSE)*AA117*IF(ISBLANK(AC117),1,AC117)))","v":0},{"$f":"(IF(ISNA(VLOOKUP(Y117,ltSchlepper,Maschinen!$O$6,FALSE))=TRUE,0,VLOOKUP(Y117,ltSchlepper,Maschinen!$O$6,FALSE)*AA117*IF(ISBLANK(AC117),1,AC117)))","v":0},{"$f":"(IF(ISNA(VLOOKUP(Y117,ltSchlepper,Maschinen!$P$6,FALSE))=TRUE,0,VLOOKUP(Y117,ltSchlepper,Maschinen!$P$6,FALSE)*AA117*IF(ISBLANK(AC117),1,AC117)))","v":0},0,{"$f":"(IF(ISNA(VLOOKUP(AE117,ltSchlepper,Maschinen!$K$6,FALSE))=TRUE,0,VLOOKUP(AE117,ltSchlepper,Maschinen!$K$6,FALSE)*AG117))","v":0},{"$f":"(IF(ISNA(VLOOKUP(AE117,ltSchlepper,Maschinen!$L$6,FALSE))=TRUE,0,VLOOKUP(AE117,ltSchlepper,Maschinen!$L$6,FALSE)*AG117))","v":0},{"$f":"(IF(ISNA(VLOOKUP(AE117,ltSchlepper,Maschinen!$M$6,FALSE))=TRUE,0,VLOOKUP(AE117,ltSchlepper,Maschinen!$M$6,FALSE)*AG117))","v":0},{"$f":"(IF(ISNA(VLOOKUP(AE117,ltSchlepper,Maschinen!$N$6,FALSE))=TRUE,0,VLOOKUP(AE117,ltSchlepper,Maschinen!$N$6,FALSE)*AG117*IF(ISBLANK(AI117),1,AI117)))","v":0},{"$f":"(IF(ISNA(VLOOKUP(AE117,ltSchlepper,Maschinen!$O$6,FALSE))=TRUE,0,VLOOKUP(AE117,ltSchlepper,Maschinen!$O$6,FALSE)*AG117*IF(ISBLANK(AI117),1,AI117)))","v":0},{"$f":"(IF(ISNA(VLOOKUP(AE117,ltSchlepper,Maschinen!$P$6,FALSE))=TRUE,0,VLOOKUP(AE117,ltSchlepper,Maschinen!$P$6,FALSE)*AG117*IF(ISBLANK(AI117),1,AI117)))","v":0},0,{"$f":"(IF(ISNA(VLOOKUP(AK117,ltSchlepper,Maschinen!$K$6,FALSE))=TRUE,0,VLOOKUP(AK117,ltSchlepper,Maschinen!$K$6,FALSE)*AM117))","v":0},{"$f":"(IF(ISNA(VLOOKUP(AK117,ltSchlepper,Maschinen!$L$6,FALSE))=TRUE,0,VLOOKUP(AK117,ltSchlepper,Maschinen!$L$6,FALSE)*AM117))","v":0},{"$f":"(IF(ISNA(VLOOKUP(AK117,ltSchlepper,Maschinen!$M$6,FALSE))=TRUE,0,VLOOKUP(AK117,ltSchlepper,Maschinen!$M$6,FALSE)*AM117))","v":0},{"$f":"(IF(ISNA(VLOOKUP(AK117,ltSchlepper,Maschinen!$N$6,FALSE))=TRUE,0,VLOOKUP(AK117,ltSchlepper,Maschinen!$N$6,FALSE)*AM117*IF(ISBLANK(AO117),1,AO117)))","v":0},{"$f":"(IF(ISNA(VLOOKUP(AK117,ltSchlepper,Maschinen!$O$6,FALSE))=TRUE,0,VLOOKUP(AK117,ltSchlepper,Maschinen!$O$6,FALSE)*AM117*IF(ISBLANK(AO117),1,AO117)))","v":0},{"$f":"(IF(ISNA(VLOOKUP(AK117,ltSchlepper,Maschinen!$P$6,FALSE))=TRUE,0,VLOOKUP(AK117,ltSchlepper,Maschinen!$P$6,FALSE)*AM117*IF(ISBLANK(AO117),1,AO117)))","v":0},0,{"$f":"(IF(ISNA(VLOOKUP(AQ117,ltSchlepper,Maschinen!$K$6,FALSE))=TRUE,0,VLOOKUP(AQ117,ltSchlepper,Maschinen!$K$6,FALSE)*AS117))","v":0},{"$f":"(IF(ISNA(VLOOKUP(AQ117,ltSchlepper,Maschinen!$L$6,FALSE))=TRUE,0,VLOOKUP(AQ117,ltSchlepper,Maschinen!$L$6,FALSE)*AS117))","v":0},{"$f":"(IF(ISNA(VLOOKUP(AQ117,ltSchlepper,Maschinen!$M$6,FALSE))=TRUE,0,VLOOKUP(AQ117,ltSchlepper,Maschinen!$M$6,FALSE)*AS117))","v":0},{"$f":"(IF(ISNA(VLOOKUP(AQ117,ltSchlepper,Maschinen!$N$6,FALSE))=TRUE,0,VLOOKUP(AQ117,ltSchlepper,Maschinen!$N$6,FALSE)*AS117*IF(ISBLANK(AU117),1,AU117)))","v":0},{"$f":"(IF(ISNA(VLOOKUP(AQ117,ltSchlepper,Maschinen!$O$6,FALSE))=TRUE,0,VLOOKUP(AQ117,ltSchlepper,Maschinen!$O$6,FALSE)*AS117*IF(ISBLANK(AU117),1,AU117)))","v":0},{"$f":"(IF(ISNA(VLOOKUP(AQ117,ltSchlepper,Maschinen!$P$6,FALSE))=TRUE,0,VLOOKUP(AQ117,ltSchlepper,Maschinen!$P$6,FALSE)*AS117*IF(ISBLANK(AU117),1,AU117)))","v":0},0,{"$f":"(IF(ISNA(VLOOKUP(Y117,ltSchlepper,Maschinen!$AA$6,FALSE))=TRUE,0,VLOOKUP(Y117,ltSchlepper,Maschinen!$AA$6,FALSE)*AA117))","v":0},{"$f":"(IF(ISNA(VLOOKUP(Y117,ltSchlepper,Maschinen!$AB$6,FALSE))=TRUE,0,VLOOKUP(Y117,ltSchlepper,Maschinen!$AB$6,FALSE)*AA117))","v":0},{"$f":"(IF(ISNA(VLOOKUP(Y117,ltSchlepper,Maschinen!$AC$6,FALSE))=TRUE,0,VLOOKUP(Y117,ltSchlepper,Maschinen!$AC$6,FALSE)*AA117))","v":0},0,{"$f":"(IF(ISNA(VLOOKUP(AE117,ltSchlepper,Maschinen!$AA$6,FALSE))=TRUE,0,VLOOKUP(AE117,ltSchlepper,Maschinen!$AA$6,FALSE)*AG117))","v":0},{"$f":"(IF(ISNA(VLOOKUP(AE117,ltSchlepper,Maschinen!$AB$6,FALSE))=TRUE,0,VLOOKUP(AE117,ltSchlepper,Maschinen!$AB$6,FALSE)*AG117))","v":0},{"$f":"(IF(ISNA(VLOOKUP(AE117,ltSchlepper,Maschinen!$AC$6,FALSE))=TRUE,0,VLOOKUP(AE117,ltSchlepper,Maschinen!$AC$6,FALSE)*AG117))","v":0},0,{"$f":"(IF(ISNA(VLOOKUP(AK117,ltSchlepper,Maschinen!$AA$6,FALSE))=TRUE,0,VLOOKUP(AK117,ltSchlepper,Maschinen!$AA$6,FALSE)*AM117))","v":0},{"$f":"(IF(ISNA(VLOOKUP(AK117,ltSchlepper,Maschinen!$AB$6,FALSE))=TRUE,0,VLOOKUP(AK117,ltSchlepper,Maschinen!$AB$6,FALSE)*AM117))","v":0},{"$f":"(IF(ISNA(VLOOKUP(AK117,ltSchlepper,Maschinen!$AC$6,FALSE))=TRUE,0,VLOOKUP(AK117,ltSchlepper,Maschinen!$AC$6,FALSE)*AM117))","v":0},0,{"$f":"(IF(ISNA(VLOOKUP(AQ117,ltSchlepper,Maschinen!$AA$6,FALSE))=TRUE,0,VLOOKUP(AQ117,ltSchlepper,Maschinen!$AA$6,FALSE)*AS117))","v":0},{"$f":"(IF(ISNA(VLOOKUP(AQ117,ltSchlepper,Maschinen!$AB$6,FALSE))=TRUE,0,VLOOKUP(AQ117,ltSchlepper,Maschinen!$AB$6,FALSE)*AS117))","v":0},{"$f":"(IF(ISNA(VLOOKUP(AQ117,ltSchlepper,Maschinen!$AC$6,FALSE))=TRUE,0,VLOOKUP(AQ117,ltSchlepper,Maschinen!$AC$6,FALSE)*AS117))","v":0},0]
[null,21618,null,null,null,null,null,null,0,{"$f":"H118+I118","v":0},0,0.1,0,{"$f":"M118*Interest","v":0},null,null,0,0,{"$f":"J118+N118+R118","v":0},{"$f":"K118-N118-R118","v":0},{"$f":"BG118","v":0},{"$f":"H118+I118+N118+R118+U118","v":0},{"$f":"T118-U118","v":0},null,null,"",null,"",null,{"$f":"IF(ISNA(VLOOKUP(Y118,ltSchlepper,SchKraftstoffVerb,FALSE))=TRUE,0,VLOOKUP(Y118,ltSchlepper,SchKraftstoffVerb,FALSE)*IF(ISBLANK(AC118),1,AC118)*AA118)","v":0},null,"",null,"",null,{"$f":"IF(ISNA(VLOOKUP(AE118,ltSchlepper,SchKraftstoffVerb,FALSE))=TRUE,0,VLOOKUP(AE118,ltSchlepper,SchKraftstoffVerb,FALSE)*IF(ISBLANK(AI118),1,AI118)*AG118)","v":0},null,"",null,"",null,{"$f":"IF(ISNA(VLOOKUP(AK118,ltSchlepper,SchKraftstoffVerb,FALSE))=TRUE,0,VLOOKUP(AK118,ltSchlepper,SchKraftstoffVerb,FALSE)*IF(ISBLANK(AO118),1,AO118)*AM118)","v":0},null,"",null,"",null,{"$f":"IF(ISNA(VLOOKUP(AQ118,ltSchlepper,SchKraftstoffVerb,FALSE))=TRUE,0,VLOOKUP(AQ118,ltSchlepper,SchKraftstoffVerb,FALSE)*IF(ISBLANK(AU118),1,AU118)*AS118)","v":0},{"$f":"BL118+BS118+BZ118+CG118","v":0},0,0,0,0,0,{"$f":"SUM(AX118:AZ118,BA118:BB118)","v":0},0,0,0,0,{"$f":"BG118+BC118","v":0},{"$f":"(IF(ISNA(VLOOKUP(Y118,ltSchlepper,Maschinen!$K$6,FALSE))=TRUE,0,VLOOKUP(Y118,ltSchlepper,Maschinen!$K$6,FALSE)*AA118))","v":0},{"$f":"(IF(ISNA(VLOOKUP(Y118,ltSchlepper,Maschinen!$L$6,FALSE))=TRUE,0,VLOOKUP(Y118,ltSchlepper,Maschinen!$L$6,FALSE)*AA118))","v":0},{"$f":"(IF(ISNA(VLOOKUP(Y118,ltSchlepper,Maschinen!$M$6,FALSE))=TRUE,0,VLOOKUP(Y118,ltSchlepper,Maschinen!$M$6,FALSE)*AA118))","v":0},{"$f":"(IF(ISNA(VLOOKUP(Y118,ltSchlepper,Maschinen!$N$6,FALSE))=TRUE,0,VLOOKUP(Y118,ltSchlepper,Maschinen!$N$6,FALSE)*AA118*IF(ISBLANK(AC118),1,AC118)))","v":0},{"$f":"(IF(ISNA(VLOOKUP(Y118,ltSchlepper,Maschinen!$O$6,FALSE))=TRUE,0,VLOOKUP(Y118,ltSchlepper,Maschinen!$O$6,FALSE)*AA118*IF(ISBLANK(AC118),1,AC118)))","v":0},{"$f":"(IF(ISNA(VLOOKUP(Y118,ltSchlepper,Maschinen!$P$6,FALSE))=TRUE,0,VLOOKUP(Y118,ltSchlepper,Maschinen!$P$6,FALSE)*AA118*IF(ISBLANK(AC118),1,AC118)))","v":0},0,{"$f":"(IF(ISNA(VLOOKUP(AE118,ltSchlepper,Maschinen!$K$6,FALSE))=TRUE,0,VLOOKUP(AE118,ltSchlepper,Maschinen!$K$6,FALSE)*AG118))","v":0},{"$f":"(IF(ISNA(VLOOKUP(AE118,ltSchlepper,Maschinen!$L$6,FALSE))=TRUE,0,VLOOKUP(AE118,ltSchlepper,Maschinen!$L$6,FALSE)*AG118))","v":0},{"$f":"(IF(ISNA(VLOOKUP(AE118,ltSchlepper,Maschinen!$M$6,FALSE))=TRUE,0,VLOOKUP(AE118,ltSchlepper,Maschinen!$M$6,FALSE)*AG118))","v":0},{"$f":"(IF(ISNA(VLOOKUP(AE118,ltSchlepper,Maschinen!$N$6,FALSE))=TRUE,0,VLOOKUP(AE118,ltSchlepper,Maschinen!$N$6,FALSE)*AG118*IF(ISBLANK(AI118),1,AI118)))","v":0},{"$f":"(IF(ISNA(VLOOKUP(AE118,ltSchlepper,Maschinen!$O$6,FALSE))=TRUE,0,VLOOKUP(AE118,ltSchlepper,Maschinen!$O$6,FALSE)*AG118*IF(ISBLANK(AI118),1,AI118)))","v":0},{"$f":"(IF(ISNA(VLOOKUP(AE118,ltSchlepper,Maschinen!$P$6,FALSE))=TRUE,0,VLOOKUP(AE118,ltSchlepper,Maschinen!$P$6,FALSE)*AG118*IF(ISBLANK(AI118),1,AI118)))","v":0},0,{"$f":"(IF(ISNA(VLOOKUP(AK118,ltSchlepper,Maschinen!$K$6,FALSE))=TRUE,0,VLOOKUP(AK118,ltSchlepper,Maschinen!$K$6,FALSE)*AM118))","v":0},{"$f":"(IF(ISNA(VLOOKUP(AK118,ltSchlepper,Maschinen!$L$6,FALSE))=TRUE,0,VLOOKUP(AK118,ltSchlepper,Maschinen!$L$6,FALSE)*AM118))","v":0},{"$f":"(IF(ISNA(VLOOKUP(AK118,ltSchlepper,Maschinen!$M$6,FALSE))=TRUE,0,VLOOKUP(AK118,ltSchlepper,Maschinen!$M$6,FALSE)*AM118))","v":0},{"$f":"(IF(ISNA(VLOOKUP(AK118,ltSchlepper,Maschinen!$N$6,FALSE))=TRUE,0,VLOOKUP(AK118,ltSchlepper,Maschinen!$N$6,FALSE)*AM118*IF(ISBLANK(AO118),1,AO118)))","v":0},{"$f":"(IF(ISNA(VLOOKUP(AK118,ltSchlepper,Maschinen!$O$6,FALSE))=TRUE,0,VLOOKUP(AK118,ltSchlepper,Maschinen!$O$6,FALSE)*AM118*IF(ISBLANK(AO118),1,AO118)))","v":0},{"$f":"(IF(ISNA(VLOOKUP(AK118,ltSchlepper,Maschinen!$P$6,FALSE))=TRUE,0,VLOOKUP(AK118,ltSchlepper,Maschinen!$P$6,FALSE)*AM118*IF(ISBLANK(AO118),1,AO118)))","v":0},0,{"$f":"(IF(ISNA(VLOOKUP(AQ118,ltSchlepper,Maschinen!$K$6,FALSE))=TRUE,0,VLOOKUP(AQ118,ltSchlepper,Maschinen!$K$6,FALSE)*AS118))","v":0},{"$f":"(IF(ISNA(VLOOKUP(AQ118,ltSchlepper,Maschinen!$L$6,FALSE))=TRUE,0,VLOOKUP(AQ118,ltSchlepper,Maschinen!$L$6,FALSE)*AS118))","v":0},{"$f":"(IF(ISNA(VLOOKUP(AQ118,ltSchlepper,Maschinen!$M$6,FALSE))=TRUE,0,VLOOKUP(AQ118,ltSchlepper,Maschinen!$M$6,FALSE)*AS118))","v":0},{"$f":"(IF(ISNA(VLOOKUP(AQ118,ltSchlepper,Maschinen!$N$6,FALSE))=TRUE,0,VLOOKUP(AQ118,ltSchlepper,Maschinen!$N$6,FALSE)*AS118*IF(ISBLANK(AU118),1,AU118)))","v":0},{"$f":"(IF(ISNA(VLOOKUP(AQ118,ltSchlepper,Maschinen!$O$6,FALSE))=TRUE,0,VLOOKUP(AQ118,ltSchlepper,Maschinen!$O$6,FALSE)*AS118*IF(ISBLANK(AU118),1,AU118)))","v":0},{"$f":"(IF(ISNA(VLOOKUP(AQ118,ltSchlepper,Maschinen!$P$6,FALSE))=TRUE,0,VLOOKUP(AQ118,ltSchlepper,Maschinen!$P$6,FALSE)*AS118*IF(ISBLANK(AU118),1,AU118)))","v":0},0,{"$f":"(IF(ISNA(VLOOKUP(Y118,ltSchlepper,Maschinen!$AA$6,FALSE))=TRUE,0,VLOOKUP(Y118,ltSchlepper,Maschinen!$AA$6,FALSE)*AA118))","v":0},{"$f":"(IF(ISNA(VLOOKUP(Y118,ltSchlepper,Maschinen!$AB$6,FALSE))=TRUE,0,VLOOKUP(Y118,ltSchlepper,Maschinen!$AB$6,FALSE)*AA118))","v":0},{"$f":"(IF(ISNA(VLOOKUP(Y118,ltSchlepper,Maschinen!$AC$6,FALSE))=TRUE,0,VLOOKUP(Y118,ltSchlepper,Maschinen!$AC$6,FALSE)*AA118))","v":0},0,{"$f":"(IF(ISNA(VLOOKUP(AE118,ltSchlepper,Maschinen!$AA$6,FALSE))=TRUE,0,VLOOKUP(AE118,ltSchlepper,Maschinen!$AA$6,FALSE)*AG118))","v":0},{"$f":"(IF(ISNA(VLOOKUP(AE118,ltSchlepper,Maschinen!$AB$6,FALSE))=TRUE,0,VLOOKUP(AE118,ltSchlepper,Maschinen!$AB$6,FALSE)*AG118))","v":0},{"$f":"(IF(ISNA(VLOOKUP(AE118,ltSchlepper,Maschinen!$AC$6,FALSE))=TRUE,0,VLOOKUP(AE118,ltSchlepper,Maschinen!$AC$6,FALSE)*AG118))","v":0},0,{"$f":"(IF(ISNA(VLOOKUP(AK118,ltSchlepper,Maschinen!$AA$6,FALSE))=TRUE,0,VLOOKUP(AK118,ltSchlepper,Maschinen!$AA$6,FALSE)*AM118))","v":0},{"$f":"(IF(ISNA(VLOOKUP(AK118,ltSchlepper,Maschinen!$AB$6,FALSE))=TRUE,0,VLOOKUP(AK118,ltSchlepper,Maschinen!$AB$6,FALSE)*AM118))","v":0},{"$f":"(IF(ISNA(VLOOKUP(AK118,ltSchlepper,Maschinen!$AC$6,FALSE))=TRUE,0,VLOOKUP(AK118,ltSchlepper,Maschinen!$AC$6,FALSE)*AM118))","v":0},0,{"$f":"(IF(ISNA(VLOOKUP(AQ118,ltSchlepper,Maschinen!$AA$6,FALSE))=TRUE,0,VLOOKUP(AQ118,ltSchlepper,Maschinen!$AA$6,FALSE)*AS118))","v":0},{"$f":"(IF(ISNA(VLOOKUP(AQ118,ltSchlepper,Maschinen!$AB$6,FALSE))=TRUE,0,VLOOKUP(AQ118,ltSchlepper,Maschinen!$AB$6,FALSE)*AS118))","v":0},{"$f":"(IF(ISNA(VLOOKUP(AQ118,ltSchlepper,Maschinen!$AC$6,FALSE))=TRUE,0,VLOOKUP(AQ118,ltSchlepper,Maschinen!$AC$6,FALSE)*AS118))","v":0},0]
[null,21619,null,null,null,null,null,null,0,{"$f":"H119+I119","v":0},0,0.1,0,{"$f":"M119*Interest","v":0},null,null,0,{"$f":"Q119*Lohnanspruch","v":0},{"$f":"J119+N119+R119","v":0},{"$f":"K119-N119-R119","v":0},{"$f":"BG119","v":0},{"$f":"H119+I119+N119+R119+U119","v":0},{"$f":"T119-U119","v":0},null,null,"",null,"",null,{"$f":"IF(ISNA(VLOOKUP(Y119,ltSchlepper,SchKraftstoffVerb,FALSE))=TRUE,0,VLOOKUP(Y119,ltSchlepper,SchKraftstoffVerb,FALSE)*IF(ISBLANK(AC119),1,AC119)*AA119)","v":0},null,"",null,"",null,{"$f":"IF(ISNA(VLOOKUP(AE119,ltSchlepper,SchKraftstoffVerb,FALSE))=TRUE,0,VLOOKUP(AE119,ltSchlepper,SchKraftstoffVerb,FALSE)*IF(ISBLANK(AI119),1,AI119)*AG119)","v":0},null,"",null,"",null,{"$f":"IF(ISNA(VLOOKUP(AK119,ltSchlepper,SchKraftstoffVerb,FALSE))=TRUE,0,VLOOKUP(AK119,ltSchlepper,SchKraftstoffVerb,FALSE)*IF(ISBLANK(AO119),1,AO119)*AM119)","v":0},null,"",null,"",null,{"$f":"IF(ISNA(VLOOKUP(AQ119,ltSchlepper,SchKraftstoffVerb,FALSE))=TRUE,0,VLOOKUP(AQ119,ltSchlepper,SchKraftstoffVerb,FALSE)*IF(ISBLANK(AU119),1,AU119)*AS119)","v":0},{"$f":"BL119+BS119+BZ119+CG119","v":0},{"$f":"BI119+BP119+BW119+CD119","v":0},{"$f":"BJ119+BQ119+BX119+CE119","v":0},{"$f":"BK119+BR119+BY119+CF119","v":0},{"$f":"BM119+BT119+CA119+CH119","v":0},{"$f":"BN119+BU119+CB119+CI119","v":0},{"$f":"SUM(AX119:AZ119,BA119:BB119)","v":0},{"$f":"CK119+CO119+CS119+CW119","v":0},{"$f":"CL119+CP119+CT119+CX119","v":0},{"$f":"CM119+CQ119+CU119+CY119","v":0},{"$f":"CN119+CR119+CV119+CZ119","v":0},{"$f":"BG119+BC119","v":0},{"$f":"(IF(ISNA(VLOOKUP(Y119,ltSchlepper,Maschinen!$K$6,FALSE))=TRUE,0,VLOOKUP(Y119,ltSchlepper,Maschinen!$K$6,FALSE)*AA119))","v":0},{"$f":"(IF(ISNA(VLOOKUP(Y119,ltSchlepper,Maschinen!$L$6,FALSE))=TRUE,0,VLOOKUP(Y119,ltSchlepper,Maschinen!$L$6,FALSE)*AA119))","v":0},{"$f":"(IF(ISNA(VLOOKUP(Y119,ltSchlepper,Maschinen!$M$6,FALSE))=TRUE,0,VLOOKUP(Y119,ltSchlepper,Maschinen!$M$6,FALSE)*AA119))","v":0},{"$f":"(IF(ISNA(VLOOKUP(Y119,ltSchlepper,Maschinen!$N$6,FALSE))=TRUE,0,VLOOKUP(Y119,ltSchlepper,Maschinen!$N$6,FALSE)*AA119*IF(ISBLANK(AC119),1,AC119)))","v":0},{"$f":"(IF(ISNA(VLOOKUP(Y119,ltSchlepper,Maschinen!$O$6,FALSE))=TRUE,0,VLOOKUP(Y119,ltSchlepper,Maschinen!$O$6,FALSE)*AA119*IF(ISBLANK(AC119),1,AC119)))","v":0},{"$f":"(IF(ISNA(VLOOKUP(Y119,ltSchlepper,Maschinen!$P$6,FALSE))=TRUE,0,VLOOKUP(Y119,ltSchlepper,Maschinen!$P$6,FALSE)*AA119*IF(ISBLANK(AC119),1,AC119)))","v":0},0,{"$f":"(IF(ISNA(VLOOKUP(AE119,ltSchlepper,Maschinen!$K$6,FALSE))=TRUE,0,VLOOKUP(AE119,ltSchlepper,Maschinen!$K$6,FALSE)*AG119))","v":0},{"$f":"(IF(ISNA(VLOOKUP(AE119,ltSchlepper,Maschinen!$L$6,FALSE))=TRUE,0,VLOOKUP(AE119,ltSchlepper,Maschinen!$L$6,FALSE)*AG119))","v":0},{"$f":"(IF(ISNA(VLOOKUP(AE119,ltSchlepper,Maschinen!$M$6,FALSE))=TRUE,0,VLOOKUP(AE119,ltSchlepper,Maschinen!$M$6,FALSE)*AG119))","v":0},{"$f":"(IF(ISNA(VLOOKUP(AE119,ltSchlepper,Maschinen!$N$6,FALSE))=TRUE,0,VLOOKUP(AE119,ltSchlepper,Maschinen!$N$6,FALSE)*AG119*IF(ISBLANK(AI119),1,AI119)))","v":0},{"$f":"(IF(ISNA(VLOOKUP(AE119,ltSchlepper,Maschinen!$O$6,FALSE))=TRUE,0,VLOOKUP(AE119,ltSchlepper,Maschinen!$O$6,FALSE)*AG119*IF(ISBLANK(AI119),1,AI119)))","v":0},{"$f":"(IF(ISNA(VLOOKUP(AE119,ltSchlepper,Maschinen!$P$6,FALSE))=TRUE,0,VLOOKUP(AE119,ltSchlepper,Maschinen!$P$6,FALSE)*AG119*IF(ISBLANK(AI119),1,AI119)))","v":0},0,{"$f":"(IF(ISNA(VLOOKUP(AK119,ltSchlepper,Maschinen!$K$6,FALSE))=TRUE,0,VLOOKUP(AK119,ltSchlepper,Maschinen!$K$6,FALSE)*AM119))","v":0},{"$f":"(IF(ISNA(VLOOKUP(AK119,ltSchlepper,Maschinen!$L$6,FALSE))=TRUE,0,VLOOKUP(AK119,ltSchlepper,Maschinen!$L$6,FALSE)*AM119))","v":0},{"$f":"(IF(ISNA(VLOOKUP(AK119,ltSchlepper,Maschinen!$M$6,FALSE))=TRUE,0,VLOOKUP(AK119,ltSchlepper,Maschinen!$M$6,FALSE)*AM119))","v":0},{"$f":"(IF(ISNA(VLOOKUP(AK119,ltSchlepper,Maschinen!$N$6,FALSE))=TRUE,0,VLOOKUP(AK119,ltSchlepper,Maschinen!$N$6,FALSE)*AM119*IF(ISBLANK(AO119),1,AO119)))","v":0},{"$f":"(IF(ISNA(VLOOKUP(AK119,ltSchlepper,Maschinen!$O$6,FALSE))=TRUE,0,VLOOKUP(AK119,ltSchlepper,Maschinen!$O$6,FALSE)*AM119*IF(ISBLANK(AO119),1,AO119)))","v":0},{"$f":"(IF(ISNA(VLOOKUP(AK119,ltSchlepper,Maschinen!$P$6,FALSE))=TRUE,0,VLOOKUP(AK119,ltSchlepper,Maschinen!$P$6,FALSE)*AM119*IF(ISBLANK(AO119),1,AO119)))","v":0},0,{"$f":"(IF(ISNA(VLOOKUP(AQ119,ltSchlepper,Maschinen!$K$6,FALSE))=TRUE,0,VLOOKUP(AQ119,ltSchlepper,Maschinen!$K$6,FALSE)*AS119))","v":0},{"$f":"(IF(ISNA(VLOOKUP(AQ119,ltSchlepper,Maschinen!$L$6,FALSE))=TRUE,0,VLOOKUP(AQ119,ltSchlepper,Maschinen!$L$6,FALSE)*AS119))","v":0},{"$f":"(IF(ISNA(VLOOKUP(AQ119,ltSchlepper,Maschinen!$M$6,FALSE))=TRUE,0,VLOOKUP(AQ119,ltSchlepper,Maschinen!$M$6,FALSE)*AS119))","v":0},{"$f":"(IF(ISNA(VLOOKUP(AQ119,ltSchlepper,Maschinen!$N$6,FALSE))=TRUE,0,VLOOKUP(AQ119,ltSchlepper,Maschinen!$N$6,FALSE)*AS119*IF(ISBLANK(AU119),1,AU119)))","v":0},{"$f":"(IF(ISNA(VLOOKUP(AQ119,ltSchlepper,Maschinen!$O$6,FALSE))=TRUE,0,VLOOKUP(AQ119,ltSchlepper,Maschinen!$O$6,FALSE)*AS119*IF(ISBLANK(AU119),1,AU119)))","v":0},{"$f":"(IF(ISNA(VLOOKUP(AQ119,ltSchlepper,Maschinen!$P$6,FALSE))=TRUE,0,VLOOKUP(AQ119,ltSchlepper,Maschinen!$P$6,FALSE)*AS119*IF(ISBLANK(AU119),1,AU119)))","v":0},0,{"$f":"(IF(ISNA(VLOOKUP(Y119,ltSchlepper,Maschinen!$AA$6,FALSE))=TRUE,0,VLOOKUP(Y119,ltSchlepper,Maschinen!$AA$6,FALSE)*AA119))","v":0},{"$f":"(IF(ISNA(VLOOKUP(Y119,ltSchlepper,Maschinen!$AB$6,FALSE))=TRUE,0,VLOOKUP(Y119,ltSchlepper,Maschinen!$AB$6,FALSE)*AA119))","v":0},{"$f":"(IF(ISNA(VLOOKUP(Y119,ltSchlepper,Maschinen!$AC$6,FALSE))=TRUE,0,VLOOKUP(Y119,ltSchlepper,Maschinen!$AC$6,FALSE)*AA119))","v":0},{"$f":"SUM(CK119:CM119)","v":0},{"$f":"(IF(ISNA(VLOOKUP(AE119,ltSchlepper,Maschinen!$AA$6,FALSE))=TRUE,0,VLOOKUP(AE119,ltSchlepper,Maschinen!$AA$6,FALSE)*AG119))","v":0},{"$f":"(IF(ISNA(VLOOKUP(AE119,ltSchlepper,Maschinen!$AB$6,FALSE))=TRUE,0,VLOOKUP(AE119,ltSchlepper,Maschinen!$AB$6,FALSE)*AG119))","v":0},{"$f":"(IF(ISNA(VLOOKUP(AE119,ltSchlepper,Maschinen!$AC$6,FALSE))=TRUE,0,VLOOKUP(AE119,ltSchlepper,Maschinen!$AC$6,FALSE)*AG119))","v":0},{"$f":"SUM(CO119:CQ119)","v":0},{"$f":"(IF(ISNA(VLOOKUP(AK119,ltSchlepper,Maschinen!$AA$6,FALSE))=TRUE,0,VLOOKUP(AK119,ltSchlepper,Maschinen!$AA$6,FALSE)*AM119))","v":0},{"$f":"(IF(ISNA(VLOOKUP(AK119,ltSchlepper,Maschinen!$AB$6,FALSE))=TRUE,0,VLOOKUP(AK119,ltSchlepper,Maschinen!$AB$6,FALSE)*AM119))","v":0},{"$f":"(IF(ISNA(VLOOKUP(AK119,ltSchlepper,Maschinen!$AC$6,FALSE))=TRUE,0,VLOOKUP(AK119,ltSchlepper,Maschinen!$AC$6,FALSE)*AM119))","v":0},{"$f":"SUM(CS119:CU119)","v":0},{"$f":"(IF(ISNA(VLOOKUP(AQ119,ltSchlepper,Maschinen!$AA$6,FALSE))=TRUE,0,VLOOKUP(AQ119,ltSchlepper,Maschinen!$AA$6,FALSE)*AS119))","v":0},{"$f":"(IF(ISNA(VLOOKUP(AQ119,ltSchlepper,Maschinen!$AB$6,FALSE))=TRUE,0,VLOOKUP(AQ119,ltSchlepper,Maschinen!$AB$6,FALSE)*AS119))","v":0},{"$f":"(IF(ISNA(VLOOKUP(AQ119,ltSchlepper,Maschinen!$AC$6,FALSE))=TRUE,0,VLOOKUP(AQ119,ltSchlepper,Maschinen!$AC$6,FALSE)*AS119))","v":0},{"$f":"SUM(CW119:CY119)","v":0}]
[null,21620,null,null,null,null,null,null,0,{"$f":"H120+I120","v":0},{"$f":"F120+G120-J120","v":0},0.1,{"$f":"(H120+I120)*L120","v":0},0,null,null,{"$f":"O120+P120","v":0},0,0,0,{"$f":"BG120","v":0},0,{"$f":"T120-U120","v":0},null,null,"",null,"",null,{"$f":"IF(ISNA(VLOOKUP(Y120,ltSchlepper,SchKraftstoffVerb,FALSE))=TRUE,0,VLOOKUP(Y120,ltSchlepper,SchKraftstoffVerb,FALSE)*IF(ISBLANK(AC120),1,AC120)*AA120)","v":0},null,"",null,"",null,{"$f":"IF(ISNA(VLOOKUP(AE120,ltSchlepper,SchKraftstoffVerb,FALSE))=TRUE,0,VLOOKUP(AE120,ltSchlepper,SchKraftstoffVerb,FALSE)*IF(ISBLANK(AI120),1,AI120)*AG120)","v":0},null,"",null,"",null,{"$f":"IF(ISNA(VLOOKUP(AK120,ltSchlepper,SchKraftstoffVerb,FALSE))=TRUE,0,VLOOKUP(AK120,ltSchlepper,SchKraftstoffVerb,FALSE)*IF(ISBLANK(AO120),1,AO120)*AM120)","v":0},null,"",null,"",null,{"$f":"IF(ISNA(VLOOKUP(AQ120,ltSchlepper,SchKraftstoffVerb,FALSE))=TRUE,0,VLOOKUP(AQ120,ltSchlepper,SchKraftstoffVerb,FALSE)*IF(ISBLANK(AU120),1,AU120)*AS120)","v":0},0,0,0,0,0,0,0,0,0,0,0,0,{"$f":"(IF(ISNA(VLOOKUP(Y120,ltSchlepper,Maschinen!$K$6,FALSE))=TRUE,0,VLOOKUP(Y120,ltSchlepper,Maschinen!$K$6,FALSE)*AA120))","v":0},{"$f":"(IF(ISNA(VLOOKUP(Y120,ltSchlepper,Maschinen!$L$6,FALSE))=TRUE,0,VLOOKUP(Y120,ltSchlepper,Maschinen!$L$6,FALSE)*AA120))","v":0},{"$f":"(IF(ISNA(VLOOKUP(Y120,ltSchlepper,Maschinen!$M$6,FALSE))=TRUE,0,VLOOKUP(Y120,ltSchlepper,Maschinen!$M$6,FALSE)*AA120))","v":0},{"$f":"(IF(ISNA(VLOOKUP(Y120,ltSchlepper,Maschinen!$N$6,FALSE))=TRUE,0,VLOOKUP(Y120,ltSchlepper,Maschinen!$N$6,FALSE)*AA120*IF(ISBLANK(AC120),1,AC120)))","v":0},{"$f":"(IF(ISNA(VLOOKUP(Y120,ltSchlepper,Maschinen!$O$6,FALSE))=TRUE,0,VLOOKUP(Y120,ltSchlepper,Maschinen!$O$6,FALSE)*AA120*IF(ISBLANK(AC120),1,AC120)))","v":0},{"$f":"(IF(ISNA(VLOOKUP(Y120,ltSchlepper,Maschinen!$P$6,FALSE))=TRUE,0,VLOOKUP(Y120,ltSchlepper,Maschinen!$P$6,FALSE)*AA120*IF(ISBLANK(AC120),1,AC120)))","v":0},0,{"$f":"(IF(ISNA(VLOOKUP(AE120,ltSchlepper,Maschinen!$K$6,FALSE))=TRUE,0,VLOOKUP(AE120,ltSchlepper,Maschinen!$K$6,FALSE)*AG120))","v":0},{"$f":"(IF(ISNA(VLOOKUP(AE120,ltSchlepper,Maschinen!$L$6,FALSE))=TRUE,0,VLOOKUP(AE120,ltSchlepper,Maschinen!$L$6,FALSE)*AG120))","v":0},{"$f":"(IF(ISNA(VLOOKUP(AE120,ltSchlepper,Maschinen!$M$6,FALSE))=TRUE,0,VLOOKUP(AE120,ltSchlepper,Maschinen!$M$6,FALSE)*AG120))","v":0},{"$f":"(IF(ISNA(VLOOKUP(AE120,ltSchlepper,Maschinen!$N$6,FALSE))=TRUE,0,VLOOKUP(AE120,ltSchlepper,Maschinen!$N$6,FALSE)*AG120*IF(ISBLANK(AI120),1,AI120)))","v":0},{"$f":"(IF(ISNA(VLOOKUP(AE120,ltSchlepper,Maschinen!$O$6,FALSE))=TRUE,0,VLOOKUP(AE120,ltSchlepper,Maschinen!$O$6,FALSE)*AG120*IF(ISBLANK(AI120),1,AI120)))","v":0},{"$f":"(IF(ISNA(VLOOKUP(AE120,ltSchlepper,Maschinen!$P$6,FALSE))=TRUE,0,VLOOKUP(AE120,ltSchlepper,Maschinen!$P$6,FALSE)*AG120*IF(ISBLANK(AI120),1,AI120)))","v":0},0,{"$f":"(IF(ISNA(VLOOKUP(AK120,ltSchlepper,Maschinen!$K$6,FALSE))=TRUE,0,VLOOKUP(AK120,ltSchlepper,Maschinen!$K$6,FALSE)*AM120))","v":0},{"$f":"(IF(ISNA(VLOOKUP(AK120,ltSchlepper,Maschinen!$L$6,FALSE))=TRUE,0,VLOOKUP(AK120,ltSchlepper,Maschinen!$L$6,FALSE)*AM120))","v":0},{"$f":"(IF(ISNA(VLOOKUP(AK120,ltSchlepper,Maschinen!$M$6,FALSE))=TRUE,0,VLOOKUP(AK120,ltSchlepper,Maschinen!$M$6,FALSE)*AM120))","v":0},{"$f":"(IF(ISNA(VLOOKUP(AK120,ltSchlepper,Maschinen!$N$6,FALSE))=TRUE,0,VLOOKUP(AK120,ltSchlepper,Maschinen!$N$6,FALSE)*AM120*IF(ISBLANK(AO120),1,AO120)))","v":0},{"$f":"(IF(ISNA(VLOOKUP(AK120,ltSchlepper,Maschinen!$O$6,FALSE))=TRUE,0,VLOOKUP(AK120,ltSchlepper,Maschinen!$O$6,FALSE)*AM120*IF(ISBLANK(AO120),1,AO120)))","v":0},{"$f":"(IF(ISNA(VLOOKUP(AK120,ltSchlepper,Maschinen!$P$6,FALSE))=TRUE,0,VLOOKUP(AK120,ltSchlepper,Maschinen!$P$6,FALSE)*AM120*IF(ISBLANK(AO120),1,AO120)))","v":0},0,{"$f":"(IF(ISNA(VLOOKUP(AQ120,ltSchlepper,Maschinen!$K$6,FALSE))=TRUE,0,VLOOKUP(AQ120,ltSchlepper,Maschinen!$K$6,FALSE)*AS120))","v":0},{"$f":"(IF(ISNA(VLOOKUP(AQ120,ltSchlepper,Maschinen!$L$6,FALSE))=TRUE,0,VLOOKUP(AQ120,ltSchlepper,Maschinen!$L$6,FALSE)*AS120))","v":0},{"$f":"(IF(ISNA(VLOOKUP(AQ120,ltSchlepper,Maschinen!$M$6,FALSE))=TRUE,0,VLOOKUP(AQ120,ltSchlepper,Maschinen!$M$6,FALSE)*AS120))","v":0},{"$f":"(IF(ISNA(VLOOKUP(AQ120,ltSchlepper,Maschinen!$N$6,FALSE))=TRUE,0,VLOOKUP(AQ120,ltSchlepper,Maschinen!$N$6,FALSE)*AS120*IF(ISBLANK(AU120),1,AU120)))","v":0},{"$f":"(IF(ISNA(VLOOKUP(AQ120,ltSchlepper,Maschinen!$O$6,FALSE))=TRUE,0,VLOOKUP(AQ120,ltSchlepper,Maschinen!$O$6,FALSE)*AS120*IF(ISBLANK(AU120),1,AU120)))","v":0},{"$f":"(IF(ISNA(VLOOKUP(AQ120,ltSchlepper,Maschinen!$P$6,FALSE))=TRUE,0,VLOOKUP(AQ120,ltSchlepper,Maschinen!$P$6,FALSE)*AS120*IF(ISBLANK(AU120),1,AU120)))","v":0},0,{"$f":"(IF(ISNA(VLOOKUP(Y120,ltSchlepper,Maschinen!$AA$6,FALSE))=TRUE,0,VLOOKUP(Y120,ltSchlepper,Maschinen!$AA$6,FALSE)*AA120))","v":0},{"$f":"(IF(ISNA(VLOOKUP(Y120,ltSchlepper,Maschinen!$AB$6,FALSE))=TRUE,0,VLOOKUP(Y120,ltSchlepper,Maschinen!$AB$6,FALSE)*AA120))","v":0},{"$f":"(IF(ISNA(VLOOKUP(Y120,ltSchlepper,Maschinen!$AC$6,FALSE))=TRUE,0,VLOOKUP(Y120,ltSchlepper,Maschinen!$AC$6,FALSE)*AA120))","v":0},0,{"$f":"(IF(ISNA(VLOOKUP(AE120,ltSchlepper,Maschinen!$AA$6,FALSE))=TRUE,0,VLOOKUP(AE120,ltSchlepper,Maschinen!$AA$6,FALSE)*AG120))","v":0},{"$f":"(IF(ISNA(VLOOKUP(AE120,ltSchlepper,Maschinen!$AB$6,FALSE))=TRUE,0,VLOOKUP(AE120,ltSchlepper,Maschinen!$AB$6,FALSE)*AG120))","v":0},{"$f":"(IF(ISNA(VLOOKUP(AE120,ltSchlepper,Maschinen!$AC$6,FALSE))=TRUE,0,VLOOKUP(AE120,ltSchlepper,Maschinen!$AC$6,FALSE)*AG120))","v":0},0,{"$f":"(IF(ISNA(VLOOKUP(AK120,ltSchlepper,Maschinen!$AA$6,FALSE))=TRUE,0,VLOOKUP(AK120,ltSchlepper,Maschinen!$AA$6,FALSE)*AM120))","v":0},{"$f":"(IF(ISNA(VLOOKUP(AK120,ltSchlepper,Maschinen!$AB$6,FALSE))=TRUE,0,VLOOKUP(AK120,ltSchlepper,Maschinen!$AB$6,FALSE)*AM120))","v":0},{"$f":"(IF(ISNA(VLOOKUP(AK120,ltSchlepper,Maschinen!$AC$6,FALSE))=TRUE,0,VLOOKUP(AK120,ltSchlepper,Maschinen!$AC$6,FALSE)*AM120))","v":0},0,{"$f":"(IF(ISNA(VLOOKUP(AQ120,ltSchlepper,Maschinen!$AA$6,FALSE))=TRUE,0,VLOOKUP(AQ120,ltSchlepper,Maschinen!$AA$6,FALSE)*AS120))","v":0},{"$f":"(IF(ISNA(VLOOKUP(AQ120,ltSchlepper,Maschinen!$AB$6,FALSE))=TRUE,0,VLOOKUP(AQ120,ltSchlepper,Maschinen!$AB$6,FALSE)*AS120))","v":0},{"$f":"(IF(ISNA(VLOOKUP(AQ120,ltSchlepper,Maschinen!$AC$6,FALSE))=TRUE,0,VLOOKUP(AQ120,ltSchlepper,Maschinen!$AC$6,FALSE)*AS120))","v":0},0]
[null,null,"FUTTERWERBUNG",null,null,null,null,null,0,0,0,null,0,0,null,null,0,0,0,0,0,0,0,null,null,null,null,null,null,0,null,null,null,null,null,0,null,null,null,null,null,0,null,null,null,null,null,0,0,0,0,0,0,0,0,0,0,0,0,0,{"$f":"(IF(ISNA(VLOOKUP(Y121,ltSchlepper,Maschinen!$K$6,FALSE))=TRUE,0,VLOOKUP(Y121,ltSchlepper,Maschinen!$K$6,FALSE)*AA121))","v":0},{"$f":"(IF(ISNA(VLOOKUP(Y121,ltSchlepper,Maschinen!$L$6,FALSE))=TRUE,0,VLOOKUP(Y121,ltSchlepper,Maschinen!$L$6,FALSE)*AA121))","v":0},{"$f":"(IF(ISNA(VLOOKUP(Y121,ltSchlepper,Maschinen!$M$6,FALSE))=TRUE,0,VLOOKUP(Y121,ltSchlepper,Maschinen!$M$6,FALSE)*AA121))","v":0},{"$f":"(IF(ISNA(VLOOKUP(Y121,ltSchlepper,Maschinen!$N$6,FALSE))=TRUE,0,VLOOKUP(Y121,ltSchlepper,Maschinen!$N$6,FALSE)*AA121*IF(ISBLANK(AC121),1,AC121)))","v":0},{"$f":"(IF(ISNA(VLOOKUP(Y121,ltSchlepper,Maschinen!$O$6,FALSE))=TRUE,0,VLOOKUP(Y121,ltSchlepper,Maschinen!$O$6,FALSE)*AA121*IF(ISBLANK(AC121),1,AC121)))","v":0},{"$f":"(IF(ISNA(VLOOKUP(Y121,ltSchlepper,Maschinen!$P$6,FALSE))=TRUE,0,VLOOKUP(Y121,ltSchlepper,Maschinen!$P$6,FALSE)*AA121*IF(ISBLANK(AC121),1,AC121)))","v":0},0,{"$f":"(IF(ISNA(VLOOKUP(AE121,ltSchlepper,Maschinen!$K$6,FALSE))=TRUE,0,VLOOKUP(AE121,ltSchlepper,Maschinen!$K$6,FALSE)*AG121))","v":0},{"$f":"(IF(ISNA(VLOOKUP(AE121,ltSchlepper,Maschinen!$L$6,FALSE))=TRUE,0,VLOOKUP(AE121,ltSchlepper,Maschinen!$L$6,FALSE)*AG121))","v":0},{"$f":"(IF(ISNA(VLOOKUP(AE121,ltSchlepper,Maschinen!$M$6,FALSE))=TRUE,0,VLOOKUP(AE121,ltSchlepper,Maschinen!$M$6,FALSE)*AG121))","v":0},{"$f":"(IF(ISNA(VLOOKUP(AE121,ltSchlepper,Maschinen!$N$6,FALSE))=TRUE,0,VLOOKUP(AE121,ltSchlepper,Maschinen!$N$6,FALSE)*AG121*IF(ISBLANK(AI121),1,AI121)))","v":0},{"$f":"(IF(ISNA(VLOOKUP(AE121,ltSchlepper,Maschinen!$O$6,FALSE))=TRUE,0,VLOOKUP(AE121,ltSchlepper,Maschinen!$O$6,FALSE)*AG121*IF(ISBLANK(AI121),1,AI121)))","v":0},{"$f":"(IF(ISNA(VLOOKUP(AE121,ltSchlepper,Maschinen!$P$6,FALSE))=TRUE,0,VLOOKUP(AE121,ltSchlepper,Maschinen!$P$6,FALSE)*AG121*IF(ISBLANK(AI121),1,AI121)))","v":0},0,{"$f":"(IF(ISNA(VLOOKUP(AK121,ltSchlepper,Maschinen!$K$6,FALSE))=TRUE,0,VLOOKUP(AK121,ltSchlepper,Maschinen!$K$6,FALSE)*AM121))","v":0},{"$f":"(IF(ISNA(VLOOKUP(AK121,ltSchlepper,Maschinen!$L$6,FALSE))=TRUE,0,VLOOKUP(AK121,ltSchlepper,Maschinen!$L$6,FALSE)*AM121))","v":0},{"$f":"(IF(ISNA(VLOOKUP(AK121,ltSchlepper,Maschinen!$M$6,FALSE))=TRUE,0,VLOOKUP(AK121,ltSchlepper,Maschinen!$M$6,FALSE)*AM121))","v":0},{"$f":"(IF(ISNA(VLOOKUP(AK121,ltSchlepper,Maschinen!$N$6,FALSE))=TRUE,0,VLOOKUP(AK121,ltSchlepper,Maschinen!$N$6,FALSE)*AM121*IF(ISBLANK(AO121),1,AO121)))","v":0},{"$f":"(IF(ISNA(VLOOKUP(AK121,ltSchlepper,Maschinen!$O$6,FALSE))=TRUE,0,VLOOKUP(AK121,ltSchlepper,Maschinen!$O$6,FALSE)*AM121*IF(ISBLANK(AO121),1,AO121)))","v":0},{"$f":"(IF(ISNA(VLOOKUP(AK121,ltSchlepper,Maschinen!$P$6,FALSE))=TRUE,0,VLOOKUP(AK121,ltSchlepper,Maschinen!$P$6,FALSE)*AM121*IF(ISBLANK(AO121),1,AO121)))","v":0},0,{"$f":"(IF(ISNA(VLOOKUP(AQ121,ltSchlepper,Maschinen!$K$6,FALSE))=TRUE,0,VLOOKUP(AQ121,ltSchlepper,Maschinen!$K$6,FALSE)*AS121))","v":0},{"$f":"(IF(ISNA(VLOOKUP(AQ121,ltSchlepper,Maschinen!$L$6,FALSE))=TRUE,0,VLOOKUP(AQ121,ltSchlepper,Maschinen!$L$6,FALSE)*AS121))","v":0},{"$f":"(IF(ISNA(VLOOKUP(AQ121,ltSchlepper,Maschinen!$M$6,FALSE))=TRUE,0,VLOOKUP(AQ121,ltSchlepper,Maschinen!$M$6,FALSE)*AS121))","v":0},{"$f":"(IF(ISNA(VLOOKUP(AQ121,ltSchlepper,Maschinen!$N$6,FALSE))=TRUE,0,VLOOKUP(AQ121,ltSchlepper,Maschinen!$N$6,FALSE)*AS121*IF(ISBLANK(AU121),1,AU121)))","v":0},{"$f":"(IF(ISNA(VLOOKUP(AQ121,ltSchlepper,Maschinen!$O$6,FALSE))=TRUE,0,VLOOKUP(AQ121,ltSchlepper,Maschinen!$O$6,FALSE)*AS121*IF(ISBLANK(AU121),1,AU121)))","v":0},{"$f":"(IF(ISNA(VLOOKUP(AQ121,ltSchlepper,Maschinen!$P$6,FALSE))=TRUE,0,VLOOKUP(AQ121,ltSchlepper,Maschinen!$P$6,FALSE)*AS121*IF(ISBLANK(AU121),1,AU121)))","v":0},0,{"$f":"(IF(ISNA(VLOOKUP(Y121,ltSchlepper,Maschinen!$AA$6,FALSE))=TRUE,0,VLOOKUP(Y121,ltSchlepper,Maschinen!$AA$6,FALSE)*AA121))","v":0},{"$f":"(IF(ISNA(VLOOKUP(Y121,ltSchlepper,Maschinen!$AB$6,FALSE))=TRUE,0,VLOOKUP(Y121,ltSchlepper,Maschinen!$AB$6,FALSE)*AA121))","v":0},{"$f":"(IF(ISNA(VLOOKUP(Y121,ltSchlepper,Maschinen!$AC$6,FALSE))=TRUE,0,VLOOKUP(Y121,ltSchlepper,Maschinen!$AC$6,FALSE)*AA121))","v":0},0,{"$f":"(IF(ISNA(VLOOKUP(AE121,ltSchlepper,Maschinen!$AA$6,FALSE))=TRUE,0,VLOOKUP(AE121,ltSchlepper,Maschinen!$AA$6,FALSE)*AG121))","v":0},{"$f":"(IF(ISNA(VLOOKUP(AE121,ltSchlepper,Maschinen!$AB$6,FALSE))=TRUE,0,VLOOKUP(AE121,ltSchlepper,Maschinen!$AB$6,FALSE)*AG121))","v":0},{"$f":"(IF(ISNA(VLOOKUP(AE121,ltSchlepper,Maschinen!$AC$6,FALSE))=TRUE,0,VLOOKUP(AE121,ltSchlepper,Maschinen!$AC$6,FALSE)*AG121))","v":0},0,{"$f":"(IF(ISNA(VLOOKUP(AK121,ltSchlepper,Maschinen!$AA$6,FALSE))=TRUE,0,VLOOKUP(AK121,ltSchlepper,Maschinen!$AA$6,FALSE)*AM121))","v":0},{"$f":"(IF(ISNA(VLOOKUP(AK121,ltSchlepper,Maschinen!$AB$6,FALSE))=TRUE,0,VLOOKUP(AK121,ltSchlepper,Maschinen!$AB$6,FALSE)*AM121))","v":0},{"$f":"(IF(ISNA(VLOOKUP(AK121,ltSchlepper,Maschinen!$AC$6,FALSE))=TRUE,0,VLOOKUP(AK121,ltSchlepper,Maschinen!$AC$6,FALSE)*AM121))","v":0},0,{"$f":"(IF(ISNA(VLOOKUP(AQ121,ltSchlepper,Maschinen!$AA$6,FALSE))=TRUE,0,VLOOKUP(AQ121,ltSchlepper,Maschinen!$AA$6,FALSE)*AS121))","v":0},{"$f":"(IF(ISNA(VLOOKUP(AQ121,ltSchlepper,Maschinen!$AB$6,FALSE))=TRUE,0,VLOOKUP(AQ121,ltSchlepper,Maschinen!$AB$6,FALSE)*AS121))","v":0},{"$f":"(IF(ISNA(VLOOKUP(AQ121,ltSchlepper,Maschinen!$AC$6,FALSE))=TRUE,0,VLOOKUP(AQ121,ltSchlepper,Maschinen!$AC$6,FALSE)*AS121))","v":0},0]
[null,21711,null,null,null,null,null,null,0,{"$f":"H122+I122","v":0},{"$f":"F122+G122-J122","v":0},0.1,{"$f":"(H122+I122)*L122","v":0},{"$f":"M122*Interest","v":0},null,null,0,0,{"$f":"J122+N122+R122","v":0},{"$f":"K122-N122-R122","v":0},{"$f":"BG122","v":0},{"$f":"H122+I122+N122+R122+U122","v":0},{"$f":"T122-U122","v":0},null,null,{"$f":"IF(ISNA(VLOOKUP(Y122,ltSchlepper,2,FALSE))=TRUE,\"\",VLOOKUP(Y122,ltSchlepper,2,FALSE))","v":""},null,{"$f":"IF(ISNA(VLOOKUP(Y122,ltSchlepper,3,FALSE))=TRUE,\"\",VLOOKUP(Y122,ltSchlepper,3,FALSE))","v":""},null,{"$f":"IF(ISNA(VLOOKUP(Y122,ltSchlepper,SchKraftstoffVerb,FALSE))=TRUE,0,VLOOKUP(Y122,ltSchlepper,SchKraftstoffVerb,FALSE)*IF(ISBLANK(AC122),1,AC122)*AA122)","v":0},null,{"$f":"IF(ISNA(VLOOKUP(AE122,ltSchlepper,2,FALSE))=TRUE,\"\",VLOOKUP(AE122,ltSchlepper,2,FALSE))","v":""},null,{"$f":"IF(ISNA(VLOOKUP(AE122,ltSchlepper,3,FALSE))=TRUE,\"\",VLOOKUP(AE122,ltSchlepper,3,FALSE))","v":""},null,{"$f":"IF(ISNA(VLOOKUP(AE122,ltSchlepper,SchKraftstoffVerb,FALSE))=TRUE,0,VLOOKUP(AE122,ltSchlepper,SchKraftstoffVerb,FALSE)*IF(ISBLANK(AI122),1,AI122)*AG122)","v":0},null,{"$f":"IF(ISNA(VLOOKUP(AK122,ltSchlepper,2,FALSE))=TRUE,\"\",VLOOKUP(AK122,ltSchlepper,2,FALSE))","v":""},null,{"$f":"IF(ISNA(VLOOKUP(AK122,ltSchlepper,3,FALSE))=TRUE,\"\",VLOOKUP(AK122,ltSchlepper,3,FALSE))","v":""},null,0,null,{"$f":"IF(ISNA(VLOOKUP(AQ122,ltSchlepper,2,FALSE))=TRUE,\"\",VLOOKUP(AQ122,ltSchlepper,2,FALSE))","v":""},null,{"$f":"IF(ISNA(VLOOKUP(AQ122,ltSchlepper,3,FALSE))=TRUE,\"\",VLOOKUP(AQ122,ltSchlepper,3,FALSE))","v":""},null,0,{"$f":"BL122+BS122+BZ122+CG122","v":0},{"$f":"BI122+BP122+BW122+CD122","v":0},0,0,{"$f":"BM122+BT122+CA122+CH122","v":0},0,{"$f":"SUM(AX122:AZ122,BA122:BB122)","v":0},{"$f":"CK122+CO122+CS122+CW122","v":0},0,0,0,{"$f":"BG122+BC122","v":0},{"$f":"(IF(ISNA(VLOOKUP(Y122,ltSchlepper,Maschinen!$K$6,FALSE))=TRUE,0,VLOOKUP(Y122,ltSchlepper,Maschinen!$K$6,FALSE)*AA122))","v":0},{"$f":"(IF(ISNA(VLOOKUP(Y122,ltSchlepper,Maschinen!$L$6,FALSE))=TRUE,0,VLOOKUP(Y122,ltSchlepper,Maschinen!$L$6,FALSE)*AA122))","v":0},{"$f":"(IF(ISNA(VLOOKUP(Y122,ltSchlepper,Maschinen!$M$6,FALSE))=TRUE,0,VLOOKUP(Y122,ltSchlepper,Maschinen!$M$6,FALSE)*AA122))","v":0},{"$f":"(IF(ISNA(VLOOKUP(Y122,ltSchlepper,Maschinen!$N$6,FALSE))=TRUE,0,VLOOKUP(Y122,ltSchlepper,Maschinen!$N$6,FALSE)*AA122*IF(ISBLANK(AC122),1,AC122)))","v":0},{"$f":"(IF(ISNA(VLOOKUP(Y122,ltSchlepper,Maschinen!$O$6,FALSE))=TRUE,0,VLOOKUP(Y122,ltSchlepper,Maschinen!$O$6,FALSE)*AA122*IF(ISBLANK(AC122),1,AC122)))","v":0},{"$f":"(IF(ISNA(VLOOKUP(Y122,ltSchlepper,Maschinen!$P$6,FALSE))=TRUE,0,VLOOKUP(Y122,ltSchlepper,Maschinen!$P$6,FALSE)*AA122*IF(ISBLANK(AC122),1,AC122)))","v":0},{"$f":"SUM(BI122:BK122,BM122:BN122)","v":0},{"$f":"(IF(ISNA(VLOOKUP(AE122,ltSchlepper,Maschinen!$K$6,FALSE))=TRUE,0,VLOOKUP(AE122,ltSchlepper,Maschinen!$K$6,FALSE)*AG122))","v":0},{"$f":"(IF(ISNA(VLOOKUP(AE122,ltSchlepper,Maschinen!$L$6,FALSE))=TRUE,0,VLOOKUP(AE122,ltSchlepper,Maschinen!$L$6,FALSE)*AG122))","v":0},{"$f":"(IF(ISNA(VLOOKUP(AE122,ltSchlepper,Maschinen!$M$6,FALSE))=TRUE,0,VLOOKUP(AE122,ltSchlepper,Maschinen!$M$6,FALSE)*AG122))","v":0},{"$f":"(IF(ISNA(VLOOKUP(AE122,ltSchlepper,Maschinen!$N$6,FALSE))=TRUE,0,VLOOKUP(AE122,ltSchlepper,Maschinen!$N$6,FALSE)*AG122*IF(ISBLANK(AI122),1,AI122)))","v":0},{"$f":"(IF(ISNA(VLOOKUP(AE122,ltSchlepper,Maschinen!$O$6,FALSE))=TRUE,0,VLOOKUP(AE122,ltSchlepper,Maschinen!$O$6,FALSE)*AG122*IF(ISBLANK(AI122),1,AI122)))","v":0},{"$f":"(IF(ISNA(VLOOKUP(AE122,ltSchlepper,Maschinen!$P$6,FALSE))=TRUE,0,VLOOKUP(AE122,ltSchlepper,Maschinen!$P$6,FALSE)*AG122*IF(ISBLANK(AI122),1,AI122)))","v":0},{"$f":"SUM(BP122:BR122,BT122:BU122)","v":0},{"$f":"(IF(ISNA(VLOOKUP(AK122,ltSchlepper,Maschinen!$K$6,FALSE))=TRUE,0,VLOOKUP(AK122,ltSchlepper,Maschinen!$K$6,FALSE)*AM122))","v":0},{"$f":"(IF(ISNA(VLOOKUP(AK122,ltSchlepper,Maschinen!$L$6,FALSE))=TRUE,0,VLOOKUP(AK122,ltSchlepper,Maschinen!$L$6,FALSE)*AM122))","v":0},{"$f":"(IF(ISNA(VLOOKUP(AK122,ltSchlepper,Maschinen!$M$6,FALSE))=TRUE,0,VLOOKUP(AK122,ltSchlepper,Maschinen!$M$6,FALSE)*AM122))","v":0},{"$f":"(IF(ISNA(VLOOKUP(AK122,ltSchlepper,Maschinen!$N$6,FALSE))=TRUE,0,VLOOKUP(AK122,ltSchlepper,Maschinen!$N$6,FALSE)*AM122*IF(ISBLANK(AO122),1,AO122)))","v":0},{"$f":"(IF(ISNA(VLOOKUP(AK122,ltSchlepper,Maschinen!$O$6,FALSE))=TRUE,0,VLOOKUP(AK122,ltSchlepper,Maschinen!$O$6,FALSE)*AM122*IF(ISBLANK(AO122),1,AO122)))","v":0},{"$f":"(IF(ISNA(VLOOKUP(AK122,ltSchlepper,Maschinen!$P$6,FALSE))=TRUE,0,VLOOKUP(AK122,ltSchlepper,Maschinen!$P$6,FALSE)*AM122*IF(ISBLANK(AO122),1,AO122)))","v":0},0,{"$f":"(IF(ISNA(VLOOKUP(AQ122,ltSchlepper,Maschinen!$K$6,FALSE))=TRUE,0,VLOOKUP(AQ122,ltSchlepper,Maschinen!$K$6,FALSE)*AS122))","v":0},{"$f":"(IF(ISNA(VLOOKUP(AQ122,ltSchlepper,Maschinen!$L$6,FALSE))=TRUE,0,VLOOKUP(AQ122,ltSchlepper,Maschinen!$L$6,FALSE)*AS122))","v":0},{"$f":"(IF(ISNA(VLOOKUP(AQ122,ltSchlepper,Maschinen!$M$6,FALSE))=TRUE,0,VLOOKUP(AQ122,ltSchlepper,Maschinen!$M$6,FALSE)*AS122))","v":0},{"$f":"(IF(ISNA(VLOOKUP(AQ122,ltSchlepper,Maschinen!$N$6,FALSE))=TRUE,0,VLOOKUP(AQ122,ltSchlepper,Maschinen!$N$6,FALSE)*AS122*IF(ISBLANK(AU122),1,AU122)))","v":0},{"$f":"(IF(ISNA(VLOOKUP(AQ122,ltSchlepper,Maschinen!$O$6,FALSE))=TRUE,0,VLOOKUP(AQ122,ltSchlepper,Maschinen!$O$6,FALSE)*AS122*IF(ISBLANK(AU122),1,AU122)))","v":0},{"$f":"(IF(ISNA(VLOOKUP(AQ122,ltSchlepper,Maschinen!$P$6,FALSE))=TRUE,0,VLOOKUP(AQ122,ltSchlepper,Maschinen!$P$6,FALSE)*AS122*IF(ISBLANK(AU122),1,AU122)))","v":0},0,{"$f":"(IF(ISNA(VLOOKUP(Y122,ltSchlepper,Maschinen!$AA$6,FALSE))=TRUE,0,VLOOKUP(Y122,ltSchlepper,Maschinen!$AA$6,FALSE)*AA122))","v":0},{"$f":"(IF(ISNA(VLOOKUP(Y122,ltSchlepper,Maschinen!$AB$6,FALSE))=TRUE,0,VLOOKUP(Y122,ltSchlepper,Maschinen!$AB$6,FALSE)*AA122))","v":0},{"$f":"(IF(ISNA(VLOOKUP(Y122,ltSchlepper,Maschinen!$AC$6,FALSE))=TRUE,0,VLOOKUP(Y122,ltSchlepper,Maschinen!$AC$6,FALSE)*AA122))","v":0},{"$f":"SUM(CK122:CM122)","v":0},{"$f":"(IF(ISNA(VLOOKUP(AE122,ltSchlepper,Maschinen!$AA$6,FALSE))=TRUE,0,VLOOKUP(AE122,ltSchlepper,Maschinen!$AA$6,FALSE)*AG122))","v":0},{"$f":"(IF(ISNA(VLOOKUP(AE122,ltSchlepper,Maschinen!$AB$6,FALSE))=TRUE,0,VLOOKUP(AE122,ltSchlepper,Maschinen!$AB$6,FALSE)*AG122))","v":0},{"$f":"(IF(ISNA(VLOOKUP(AE122,ltSchlepper,Maschinen!$AC$6,FALSE))=TRUE,0,VLOOKUP(AE122,ltSchlepper,Maschinen!$AC$6,FALSE)*AG122))","v":0},{"$f":"SUM(CO122:CQ122)","v":0},{"$f":"(IF(ISNA(VLOOKUP(AK122,ltSchlepper,Maschinen!$AA$6,FALSE))=TRUE,0,VLOOKUP(AK122,ltSchlepper,Maschinen!$AA$6,FALSE)*AM122))","v":0},{"$f":"(IF(ISNA(VLOOKUP(AK122,ltSchlepper,Maschinen!$AB$6,FALSE))=TRUE,0,VLOOKUP(AK122,ltSchlepper,Maschinen!$AB$6,FALSE)*AM122))","v":0},{"$f":"(IF(ISNA(VLOOKUP(AK122,ltSchlepper,Maschinen!$AC$6,FALSE))=TRUE,0,VLOOKUP(AK122,ltSchlepper,Maschinen!$AC$6,FALSE)*AM122))","v":0},0,{"$f":"(IF(ISNA(VLOOKUP(AQ122,ltSchlepper,Maschinen!$AA$6,FALSE))=TRUE,0,VLOOKUP(AQ122,ltSchlepper,Maschinen!$AA$6,FALSE)*AS122))","v":0},{"$f":"(IF(ISNA(VLOOKUP(AQ122,ltSchlepper,Maschinen!$AB$6,FALSE))=TRUE,0,VLOOKUP(AQ122,ltSchlepper,Maschinen!$AB$6,FALSE)*AS122))","v":0},{"$f":"(IF(ISNA(VLOOKUP(AQ122,ltSchlepper,Maschinen!$AC$6,FALSE))=TRUE,0,VLOOKUP(AQ122,ltSchlepper,Maschinen!$AC$6,FALSE)*AS122))","v":0},0]
[null,21727,"*Quaderballenpressen 0 Messer","100 Ballen",null,650,null,null,179.77679999999998,{"$f":"H123+I123","v":179.77679999999998},{"$f":"F123+G123-J123","v":470.22320000000002},0.1,{"$f":"(H123+I123)*L123","v":17.977679999999999},{"$f":"M123*Interest","v":0.53933039999999999},2,0.15,{"$f":"O123+P123","v":2.15},{"$f":"Q123*Lohnanspruch","v":53.75},{"$f":"J123+N123+R123","v":234.06613039999999},{"$f":"K123-N123-R123","v":415.93386960000004},{"$f":"BG123","v":0},{"$f":"H123+I123+N123+R123+U123","v":234.06613039999999},{"$f":"T123-U123","v":415.93386960000004},null,11219,{"$f":"IF(ISNA(VLOOKUP(Y123,ltSchlepper,2,FALSE))=TRUE,\"\",VLOOKUP(Y123,ltSchlepper,2,FALSE))","v":"*S3 Allradschlepper 140kW stufenlos"},1.5,{"$f":"IF(ISNA(VLOOKUP(Y123,ltSchlepper,3,FALSE))=TRUE,\"\",VLOOKUP(Y123,ltSchlepper,3,FALSE))","v":"h"},1.3,{"$f":"IF(ISNA(VLOOKUP(Y123,ltSchlepper,SchKraftstoffVerb,FALSE))=TRUE,0,VLOOKUP(Y123,ltSchlepper,SchKraftstoffVerb,FALSE)*IF(ISBLANK(AC123),1,AC123)*AA123)","v":31.200000000000003},11219,{"$f":"IF(ISNA(VLOOKUP(AE123,ltSchlepper,2,FALSE))=TRUE,\"\",VLOOKUP(AE123,ltSchlepper,2,FALSE))","v":"*S3 Allradschlepper 140kW stufenlos"},0.5,{"$f":"IF(ISNA(VLOOKUP(AE123,ltSchlepper,3,FALSE))=TRUE,\"\",VLOOKUP(AE123,ltSchlepper,3,FALSE))","v":"h"},1,{"$f":"IF(ISNA(VLOOKUP(AE123,ltSchlepper,SchKraftstoffVerb,FALSE))=TRUE,0,VLOOKUP(AE123,ltSchlepper,SchKraftstoffVerb,FALSE)*IF(ISBLANK(AI123),1,AI123)*AG123)","v":8},12116,{"$f":"IF(ISNA(VLOOKUP(AK123,ltSchlepper,2,FALSE))=TRUE,\"\",VLOOKUP(AK123,ltSchlepper,2,FALSE))","v":"*Quaderballenpresse"},100,{"$f":"IF(ISNA(VLOOKUP(AK123,ltSchlepper,3,FALSE))=TRUE,\"\",VLOOKUP(AK123,ltSchlepper,3,FALSE))","v":"Ballen"},1,{"$f":"IF(ISNA(VLOOKUP(AK123,ltSchlepper,SchKraftstoffVerb,FALSE))=TRUE,0,VLOOKUP(AK123,ltSchlepper,SchKraftstoffVerb,FALSE)*IF(ISBLANK(AO123),1,AO123)*AM123)","v":0},null,{"$f":"IF(ISNA(VLOOKUP(AQ123,ltSchlepper,2,FALSE))=TRUE,\"\",VLOOKUP(AQ123,ltSchlepper,2,FALSE))","v":""},null,{"$f":"IF(ISNA(VLOOKUP(AQ123,ltSchlepper,3,FALSE))=TRUE,\"\",VLOOKUP(AQ123,ltSchlepper,3,FALSE))","v":""},null,{"$f":"IF(ISNA(VLOOKUP(AQ123,ltSchlepper,SchKraftstoffVerb,FALSE))=TRUE,0,VLOOKUP(AQ123,ltSchlepper,SchKraftstoffVerb,FALSE)*IF(ISBLANK(AU123),1,AU123)*AS123)","v":0},{"$f":"BL123+BS123+BZ123+CG123","v":39.200000000000003},{"$f":"BI123+BP123+BW123+CD123","v":86.4},{"$f":"BJ123+BQ123+BX123+CE123","v":55.000000000000007},{"$f":"BK123+BR123+BY123+CF123","v":0},37.239999999999995,1.1368,{"$f":"SUM(AX123:AZ123,BA123:BB123)","v":179.77679999999998},{"$f":"CK123+CO123+CS123+CW123","v":0},{"$f":"CL123+CP123+CT123+CX123","v":0},{"$f":"CM123+CQ123+CU123+CY123","v":0},{"$f":"CN123+CR123+CV123+CZ123","v":0},{"$f":"BG123+BC123","v":179.77679999999998},{"$f":"(IF(ISNA(VLOOKUP(Y123,ltSchlepper,Maschinen!$K$6,FALSE))=TRUE,0,VLOOKUP(Y123,ltSchlepper,Maschinen!$K$6,FALSE)*AA123))","v":12.299999999999999},{"$f":"(IF(ISNA(VLOOKUP(Y123,ltSchlepper,Maschinen!$L$6,FALSE))=TRUE,0,VLOOKUP(Y123,ltSchlepper,Maschinen!$L$6,FALSE)*AA123))","v":0},{"$f":"(IF(ISNA(VLOOKUP(Y123,ltSchlepper,Maschinen!$M$6,FALSE))=TRUE,0,VLOOKUP(Y123,ltSchlepper,Maschinen!$M$6,FALSE)*AA123))","v":0},{"$f":"(IF(ISNA(VLOOKUP(Y123,ltSchlepper,Maschinen!$N$6,FALSE))=TRUE,0,VLOOKUP(Y123,ltSchlepper,Maschinen!$N$6,FALSE)*AA123*IF(ISBLANK(AC123),1,AC123)))","v":31.200000000000003},{"$f":"(IF(ISNA(VLOOKUP(Y123,ltSchlepper,Maschinen!$O$6,FALSE))=TRUE,0,VLOOKUP(Y123,ltSchlepper,Maschinen!$O$6,FALSE)*AA123*IF(ISBLANK(AC123),1,AC123)))","v":29.639999999999997},{"$f":"(IF(ISNA(VLOOKUP(Y123,ltSchlepper,Maschinen!$P$6,FALSE))=TRUE,0,VLOOKUP(Y123,ltSchlepper,Maschinen!$P$6,FALSE)*AA123*IF(ISBLANK(AC123),1,AC123)))","v":0.90479999999999994},{"$f":"SUM(BI123:BK123,BM123:BN123)","v":42.844799999999999},{"$f":"(IF(ISNA(VLOOKUP(AE123,ltSchlepper,Maschinen!$K$6,FALSE))=TRUE,0,VLOOKUP(AE123,ltSchlepper,Maschinen!$K$6,FALSE)*AG123))","v":4.0999999999999996},{"$f":"(IF(ISNA(VLOOKUP(AE123,ltSchlepper,Maschinen!$L$6,FALSE))=TRUE,0,VLOOKUP(AE123,ltSchlepper,Maschinen!$L$6,FALSE)*AG123))","v":0},{"$f":"(IF(ISNA(VLOOKUP(AE123,ltSchlepper,Maschinen!$M$6,FALSE))=TRUE,0,VLOOKUP(AE123,ltSchlepper,Maschinen!$M$6,FALSE)*AG123))","v":0},{"$f":"(IF(ISNA(VLOOKUP(AE123,ltSchlepper,Maschinen!$N$6,FALSE))=TRUE,0,VLOOKUP(AE123,ltSchlepper,Maschinen!$N$6,FALSE)*AG123*IF(ISBLANK(AI123),1,AI123)))","v":8},{"$f":"(IF(ISNA(VLOOKUP(AE123,ltSchlepper,Maschinen!$O$6,FALSE))=TRUE,0,VLOOKUP(AE123,ltSchlepper,Maschinen!$O$6,FALSE)*AG123*IF(ISBLANK(AI123),1,AI123)))","v":7.6},{"$f":"(IF(ISNA(VLOOKUP(AE123,ltSchlepper,Maschinen!$P$6,FALSE))=TRUE,0,VLOOKUP(AE123,ltSchlepper,Maschinen!$P$6,FALSE)*AG123*IF(ISBLANK(AI123),1,AI123)))","v":0.23199999999999998},{"$f":"SUM(BP123:BR123,BT123:BU123)","v":11.931999999999999},{"$f":"(IF(ISNA(VLOOKUP(AK123,ltSchlepper,Maschinen!$K$6,FALSE))=TRUE,0,VLOOKUP(AK123,ltSchlepper,Maschinen!$K$6,FALSE)*AM123))","v":70},{"$f":"(IF(ISNA(VLOOKUP(AK123,ltSchlepper,Maschinen!$L$6,FALSE))=TRUE,0,VLOOKUP(AK123,ltSchlepper,Maschinen!$L$6,FALSE)*AM123))","v":55.000000000000007},{"$f":"(IF(ISNA(VLOOKUP(AK123,ltSchlepper,Maschinen!$M$6,FALSE))=TRUE,0,VLOOKUP(AK123,ltSchlepper,Maschinen!$M$6,FALSE)*AM123))","v":0},{"$f":"(IF(ISNA(VLOOKUP(AK123,ltSchlepper,Maschinen!$N$6,FALSE))=TRUE,0,VLOOKUP(AK123,ltSchlepper,Maschinen!$N$6,FALSE)*AM123*IF(ISBLANK(AO123),1,AO123)))","v":0},{"$f":"(IF(ISNA(VLOOKUP(AK123,ltSchlepper,Maschinen!$O$6,FALSE))=TRUE,0,VLOOKUP(AK123,ltSchlepper,Maschinen!$O$6,FALSE)*AM123*IF(ISBLANK(AO123),1,AO123)))","v":0},{"$f":"(IF(ISNA(VLOOKUP(AK123,ltSchlepper,Maschinen!$P$6,FALSE))=TRUE,0,VLOOKUP(AK123,ltSchlepper,Maschinen!$P$6,FALSE)*AM123*IF(ISBLANK(AO123),1,AO123)))","v":0},{"$f":"SUM(BW123:BY123,CA123:CB123)","v":125},{"$f":"(IF(ISNA(VLOOKUP(AQ123,ltSchlepper,Maschinen!$K$6,FALSE))=TRUE,0,VLOOKUP(AQ123,ltSchlepper,Maschinen!$K$6,FALSE)*AS123))","v":0},{"$f":"(IF(ISNA(VLOOKUP(AQ123,ltSchlepper,Maschinen!$L$6,FALSE))=TRUE,0,VLOOKUP(AQ123,ltSchlepper,Maschinen!$L$6,FALSE)*AS123))","v":0},{"$f":"(IF(ISNA(VLOOKUP(AQ123,ltSchlepper,Maschinen!$M$6,FALSE))=TRUE,0,VLOOKUP(AQ123,ltSchlepper,Maschinen!$M$6,FALSE)*AS123))","v":0},{"$f":"(IF(ISNA(VLOOKUP(AQ123,ltSchlepper,Maschinen!$N$6,FALSE))=TRUE,0,VLOOKUP(AQ123,ltSchlepper,Maschinen!$N$6,FALSE)*AS123*IF(ISBLANK(AU123),1,AU123)))","v":0},{"$f":"(IF(ISNA(VLOOKUP(AQ123,ltSchlepper,Maschinen!$O$6,FALSE))=TRUE,0,VLOOKUP(AQ123,ltSchlepper,Maschinen!$O$6,FALSE)*AS123*IF(ISBLANK(AU123),1,AU123)))","v":0},{"$f":"(IF(ISNA(VLOOKUP(AQ123,ltSchlepper,Maschinen!$P$6,FALSE))=TRUE,0,VLOOKUP(AQ123,ltSchlepper,Maschinen!$P$6,FALSE)*AS123*IF(ISBLANK(AU123),1,AU123)))","v":0},{"$f":"SUM(CD123:CF123,CH123:CI123)","v":0},{"$f":"(IF(ISNA(VLOOKUP(Y123,ltSchlepper,Maschinen!$AA$6,FALSE))=TRUE,0,VLOOKUP(Y123,ltSchlepper,Maschinen!$AA$6,FALSE)*AA123))","v":0},{"$f":"(IF(ISNA(VLOOKUP(Y123,ltSchlepper,Maschinen!$AB$6,FALSE))=TRUE,0,VLOOKUP(Y123,ltSchlepper,Maschinen!$AB$6,FALSE)*AA123))","v":0},{"$f":"(IF(ISNA(VLOOKUP(Y123,ltSchlepper,Maschinen!$AC$6,FALSE))=TRUE,0,VLOOKUP(Y123,ltSchlepper,Maschinen!$AC$6,FALSE)*AA123))","v":0},{"$f":"SUM(CK123:CM123)","v":0},{"$f":"(IF(ISNA(VLOOKUP(AE123,ltSchlepper,Maschinen!$AA$6,FALSE))=TRUE,0,VLOOKUP(AE123,ltSchlepper,Maschinen!$AA$6,FALSE)*AG123))","v":0},{"$f":"(IF(ISNA(VLOOKUP(AE123,ltSchlepper,Maschinen!$AB$6,FALSE))=TRUE,0,VLOOKUP(AE123,ltSchlepper,Maschinen!$AB$6,FALSE)*AG123))","v":0},{"$f":"(IF(ISNA(VLOOKUP(AE123,ltSchlepper,Maschinen!$AC$6,FALSE))=TRUE,0,VLOOKUP(AE123,ltSchlepper,Maschinen!$AC$6,FALSE)*AG123))","v":0},{"$f":"SUM(CO123:CQ123)","v":0},{"$f":"(IF(ISNA(VLOOKUP(AK123,ltSchlepper,Maschinen!$AA$6,FALSE))=TRUE,0,VLOOKUP(AK123,ltSchlepper,Maschinen!$AA$6,FALSE)*AM123))","v":0},{"$f":"(IF(ISNA(VLOOKUP(AK123,ltSchlepper,Maschinen!$AB$6,FALSE))=TRUE,0,VLOOKUP(AK123,ltSchlepper,Maschinen!$AB$6,FALSE)*AM123))","v":0},{"$f":"(IF(ISNA(VLOOKUP(AK123,ltSchlepper,Maschinen!$AC$6,FALSE))=TRUE,0,VLOOKUP(AK123,ltSchlepper,Maschinen!$AC$6,FALSE)*AM123))","v":0},{"$f":"SUM(CS123:CU123)","v":0},{"$f":"(IF(ISNA(VLOOKUP(AQ123,ltSchlepper,Maschinen!$AA$6,FALSE))=TRUE,0,VLOOKUP(AQ123,ltSchlepper,Maschinen!$AA$6,FALSE)*AS123))","v":0},{"$f":"(IF(ISNA(VLOOKUP(AQ123,ltSchlepper,Maschinen!$AB$6,FALSE))=TRUE,0,VLOOKUP(AQ123,ltSchlepper,Maschinen!$AB$6,FALSE)*AS123))","v":0},{"$f":"(IF(ISNA(VLOOKUP(AQ123,ltSchlepper,Maschinen!$AC$6,FALSE))=TRUE,0,VLOOKUP(AQ123,ltSchlepper,Maschinen!$AC$6,FALSE)*AS123))","v":0},{"$f":"SUM(CW123:CY123)","v":0}]
[null,21723,"*Quaderballenpressen 26 Messer","100 Ballen",null,800,null,null,308.01792,{"$f":"H124+I124","v":308.01792},{"$f":"F124+G124-J124","v":491.98208},0.1,{"$f":"(H124+I124)*L124","v":30.801792000000003},{"$f":"M124*Interest","v":0.92405376000000006},2.2999999999999998,0.15,{"$f":"O124+P124","v":2.4499999999999997},{"$f":"Q124*Lohnanspruch","v":61.249999999999993},{"$f":"J124+N124+R124","v":370.19197376},{"$f":"K124-N124-R124","v":429.80802624},{"$f":"BG124","v":0},{"$f":"H124+I124+N124+R124+U124","v":370.19197376},{"$f":"T124-U124","v":429.80802624},null,11214,{"$f":"IF(ISNA(VLOOKUP(Y124,ltSchlepper,2,FALSE))=TRUE,\"\",VLOOKUP(Y124,ltSchlepper,2,FALSE))","v":"*S4 Allradschlepper 200 kW stufenlos"},1.8,{"$f":"IF(ISNA(VLOOKUP(Y124,ltSchlepper,3,FALSE))=TRUE,\"\",VLOOKUP(Y124,ltSchlepper,3,FALSE))","v":"h"},1.2999999999999998,{"$f":"IF(ISNA(VLOOKUP(Y124,ltSchlepper,SchKraftstoffVerb,FALSE))=TRUE,0,VLOOKUP(Y124,ltSchlepper,SchKraftstoffVerb,FALSE)*IF(ISBLANK(AC124),1,AC124)*AA124)","v":51.47999999999999},11214,{"$f":"IF(ISNA(VLOOKUP(AE124,ltSchlepper,2,FALSE))=TRUE,\"\",VLOOKUP(AE124,ltSchlepper,2,FALSE))","v":"*S4 Allradschlepper 200 kW stufenlos"},0.5,{"$f":"IF(ISNA(VLOOKUP(AE124,ltSchlepper,3,FALSE))=TRUE,\"\",VLOOKUP(AE124,ltSchlepper,3,FALSE))","v":"h"},1,{"$f":"IF(ISNA(VLOOKUP(AE124,ltSchlepper,SchKraftstoffVerb,FALSE))=TRUE,0,VLOOKUP(AE124,ltSchlepper,SchKraftstoffVerb,FALSE)*IF(ISBLANK(AI124),1,AI124)*AG124)","v":11},12116,{"$f":"IF(ISNA(VLOOKUP(AK124,ltSchlepper,2,FALSE))=TRUE,\"\",VLOOKUP(AK124,ltSchlepper,2,FALSE))","v":"*Quaderballenpresse"},100,{"$f":"IF(ISNA(VLOOKUP(AK124,ltSchlepper,3,FALSE))=TRUE,\"\",VLOOKUP(AK124,ltSchlepper,3,FALSE))","v":"Ballen"},1,{"$f":"IF(ISNA(VLOOKUP(AK124,ltSchlepper,SchKraftstoffVerb,FALSE))=TRUE,0,VLOOKUP(AK124,ltSchlepper,SchKraftstoffVerb,FALSE)*IF(ISBLANK(AO124),1,AO124)*AM124)","v":0},12318,{"$f":"IF(ISNA(VLOOKUP(AQ124,ltSchlepper,2,FALSE))=TRUE,\"\",VLOOKUP(AQ124,ltSchlepper,2,FALSE))","v":"Pauschale: Reparatur"},100,{"$f":"IF(ISNA(VLOOKUP(AQ124,ltSchlepper,3,FALSE))=TRUE,\"\",VLOOKUP(AQ124,ltSchlepper,3,FALSE))","v":"€"},1,{"$f":"IF(ISNA(VLOOKUP(AQ124,ltSchlepper,SchKraftstoffVerb,FALSE))=TRUE,0,VLOOKUP(AQ124,ltSchlepper,SchKraftstoffVerb,FALSE)*IF(ISBLANK(AU124),1,AU124)*AS124)","v":0},{"$f":"BL124+BS124+BZ124+CG124","v":62.48},191.85,55.000000000000007,0,59.355999999999995,1.8119199999999998,{"$f":"SUM(AX124:AZ124,BA124:BB124)","v":308.01792},0,0,0,0,{"$f":"BG124+BC124","v":308.01792},{"$f":"(IF(ISNA(VLOOKUP(Y124,ltSchlepper,Maschinen!$K$6,FALSE))=TRUE,0,VLOOKUP(Y124,ltSchlepper,Maschinen!$K$6,FALSE)*AA124))","v":17.100000000000001},{"$f":"(IF(ISNA(VLOOKUP(Y124,ltSchlepper,Maschinen!$L$6,FALSE))=TRUE,0,VLOOKUP(Y124,ltSchlepper,Maschinen!$L$6,FALSE)*AA124))","v":0},{"$f":"(IF(ISNA(VLOOKUP(Y124,ltSchlepper,Maschinen!$M$6,FALSE))=TRUE,0,VLOOKUP(Y124,ltSchlepper,Maschinen!$M$6,FALSE)*AA124))","v":0},{"$f":"(IF(ISNA(VLOOKUP(Y124,ltSchlepper,Maschinen!$N$6,FALSE))=TRUE,0,VLOOKUP(Y124,ltSchlepper,Maschinen!$N$6,FALSE)*AA124*IF(ISBLANK(AC124),1,AC124)))","v":51.48},{"$f":"(IF(ISNA(VLOOKUP(Y124,ltSchlepper,Maschinen!$O$6,FALSE))=TRUE,0,VLOOKUP(Y124,ltSchlepper,Maschinen!$O$6,FALSE)*AA124*IF(ISBLANK(AC124),1,AC124)))","v":48.905999999999992},{"$f":"(IF(ISNA(VLOOKUP(Y124,ltSchlepper,Maschinen!$P$6,FALSE))=TRUE,0,VLOOKUP(Y124,ltSchlepper,Maschinen!$P$6,FALSE)*AA124*IF(ISBLANK(AC124),1,AC124)))","v":1.4929199999999998},{"$f":"SUM(BI124:BK124,BM124:BN124)","v":67.498919999999998},{"$f":"(IF(ISNA(VLOOKUP(AE124,ltSchlepper,Maschinen!$K$6,FALSE))=TRUE,0,VLOOKUP(AE124,ltSchlepper,Maschinen!$K$6,FALSE)*AG124))","v":4.75},{"$f":"(IF(ISNA(VLOOKUP(AE124,ltSchlepper,Maschinen!$L$6,FALSE))=TRUE,0,VLOOKUP(AE124,ltSchlepper,Maschinen!$L$6,FALSE)*AG124))","v":0},{"$f":"(IF(ISNA(VLOOKUP(AE124,ltSchlepper,Maschinen!$M$6,FALSE))=TRUE,0,VLOOKUP(AE124,ltSchlepper,Maschinen!$M$6,FALSE)*AG124))","v":0},{"$f":"(IF(ISNA(VLOOKUP(AE124,ltSchlepper,Maschinen!$N$6,FALSE))=TRUE,0,VLOOKUP(AE124,ltSchlepper,Maschinen!$N$6,FALSE)*AG124*IF(ISBLANK(AI124),1,AI124)))","v":11},{"$f":"(IF(ISNA(VLOOKUP(AE124,ltSchlepper,Maschinen!$O$6,FALSE))=TRUE,0,VLOOKUP(AE124,ltSchlepper,Maschinen!$O$6,FALSE)*AG124*IF(ISBLANK(AI124),1,AI124)))","v":10.45},{"$f":"(IF(ISNA(VLOOKUP(AE124,ltSchlepper,Maschinen!$P$6,FALSE))=TRUE,0,VLOOKUP(AE124,ltSchlepper,Maschinen!$P$6,FALSE)*AG124*IF(ISBLANK(AI124),1,AI124)))","v":0.31900000000000001},{"$f":"SUM(BP124:BR124,BT124:BU124)","v":15.519},{"$f":"(IF(ISNA(VLOOKUP(AK124,ltSchlepper,Maschinen!$K$6,FALSE))=TRUE,0,VLOOKUP(AK124,ltSchlepper,Maschinen!$K$6,FALSE)*AM124))","v":70},{"$f":"(IF(ISNA(VLOOKUP(AK124,ltSchlepper,Maschinen!$L$6,FALSE))=TRUE,0,VLOOKUP(AK124,ltSchlepper,Maschinen!$L$6,FALSE)*AM124))","v":55.000000000000007},{"$f":"(IF(ISNA(VLOOKUP(AK124,ltSchlepper,Maschinen!$M$6,FALSE))=TRUE,0,VLOOKUP(AK124,ltSchlepper,Maschinen!$M$6,FALSE)*AM124))","v":0},{"$f":"(IF(ISNA(VLOOKUP(AK124,ltSchlepper,Maschinen!$N$6,FALSE))=TRUE,0,VLOOKUP(AK124,ltSchlepper,Maschinen!$N$6,FALSE)*AM124*IF(ISBLANK(AO124),1,AO124)))","v":0},{"$f":"(IF(ISNA(VLOOKUP(AK124,ltSchlepper,Maschinen!$O$6,FALSE))=TRUE,0,VLOOKUP(AK124,ltSchlepper,Maschinen!$O$6,FALSE)*AM124*IF(ISBLANK(AO124),1,AO124)))","v":0},{"$f":"(IF(ISNA(VLOOKUP(AK124,ltSchlepper,Maschinen!$P$6,FALSE))=TRUE,0,VLOOKUP(AK124,ltSchlepper,Maschinen!$P$6,FALSE)*AM124*IF(ISBLANK(AO124),1,AO124)))","v":0},{"$f":"SUM(BW124:BY124,CA124:CB124)","v":125},{"$f":"(IF(ISNA(VLOOKUP(AQ124,ltSchlepper,Maschinen!$K$6,FALSE))=TRUE,0,VLOOKUP(AQ124,ltSchlepper,Maschinen!$K$6,FALSE)*AS124))","v":100},{"$f":"(IF(ISNA(VLOOKUP(AQ124,ltSchlepper,Maschinen!$L$6,FALSE))=TRUE,0,VLOOKUP(AQ124,ltSchlepper,Maschinen!$L$6,FALSE)*AS124))","v":0},{"$f":"(IF(ISNA(VLOOKUP(AQ124,ltSchlepper,Maschinen!$M$6,FALSE))=TRUE,0,VLOOKUP(AQ124,ltSchlepper,Maschinen!$M$6,FALSE)*AS124))","v":0},{"$f":"(IF(ISNA(VLOOKUP(AQ124,ltSchlepper,Maschinen!$N$6,FALSE))=TRUE,0,VLOOKUP(AQ124,ltSchlepper,Maschinen!$N$6,FALSE)*AS124*IF(ISBLANK(AU124),1,AU124)))","v":0},{"$f":"(IF(ISNA(VLOOKUP(AQ124,ltSchlepper,Maschinen!$O$6,FALSE))=TRUE,0,VLOOKUP(AQ124,ltSchlepper,Maschinen!$O$6,FALSE)*AS124*IF(ISBLANK(AU124),1,AU124)))","v":0},{"$f":"(IF(ISNA(VLOOKUP(AQ124,ltSchlepper,Maschinen!$P$6,FALSE))=TRUE,0,VLOOKUP(AQ124,ltSchlepper,Maschinen!$P$6,FALSE)*AS124*IF(ISBLANK(AU124),1,AU124)))","v":0},{"$f":"SUM(CD124:CF124,CH124:CI124)","v":100},{"$f":"(IF(ISNA(VLOOKUP(Y124,ltSchlepper,Maschinen!$AA$6,FALSE))=TRUE,0,VLOOKUP(Y124,ltSchlepper,Maschinen!$AA$6,FALSE)*AA124))","v":0},{"$f":"(IF(ISNA(VLOOKUP(Y124,ltSchlepper,Maschinen!$AB$6,FALSE))=TRUE,0,VLOOKUP(Y124,ltSchlepper,Maschinen!$AB$6,FALSE)*AA124))","v":0},{"$f":"(IF(ISNA(VLOOKUP(Y124,ltSchlepper,Maschinen!$AC$6,FALSE))=TRUE,0,VLOOKUP(Y124,ltSchlepper,Maschinen!$AC$6,FALSE)*AA124))","v":0},{"$f":"SUM(CK124:CM124)","v":0},{"$f":"(IF(ISNA(VLOOKUP(AE124,ltSchlepper,Maschinen!$AA$6,FALSE))=TRUE,0,VLOOKUP(AE124,ltSchlepper,Maschinen!$AA$6,FALSE)*AG124))","v":0},{"$f":"(IF(ISNA(VLOOKUP(AE124,ltSchlepper,Maschinen!$AB$6,FALSE))=TRUE,0,VLOOKUP(AE124,ltSchlepper,Maschinen!$AB$6,FALSE)*AG124))","v":0},{"$f":"(IF(ISNA(VLOOKUP(AE124,ltSchlepper,Maschinen!$AC$6,FALSE))=TRUE,0,VLOOKUP(AE124,ltSchlepper,Maschinen!$AC$6,FALSE)*AG124))","v":0},{"$f":"SUM(CO124:CQ124)","v":0},{"$f":"(IF(ISNA(VLOOKUP(AK124,ltSchlepper,Maschinen!$AA$6,FALSE))=TRUE,0,VLOOKUP(AK124,ltSchlepper,Maschinen!$AA$6,FALSE)*AM124))","v":0},{"$f":"(IF(ISNA(VLOOKUP(AK124,ltSchlepper,Maschinen!$AB$6,FALSE))=TRUE,0,VLOOKUP(AK124,ltSchlepper,Maschinen!$AB$6,FALSE)*AM124))","v":0},{"$f":"(IF(ISNA(VLOOKUP(AK124,ltSchlepper,Maschinen!$AC$6,FALSE))=TRUE,0,VLOOKUP(AK124,ltSchlepper,Maschinen!$AC$6,FALSE)*AM124))","v":0},{"$f":"SUM(CS124:CU124)","v":0},{"$f":"(IF(ISNA(VLOOKUP(AQ124,ltSchlepper,Maschinen!$AA$6,FALSE))=TRUE,0,VLOOKUP(AQ124,ltSchlepper,Maschinen!$AA$6,FALSE)*AS124))","v":0},{"$f":"(IF(ISNA(VLOOKUP(AQ124,ltSchlepper,Maschinen!$AB$6,FALSE))=TRUE,0,VLOOKUP(AQ124,ltSchlepper,Maschinen!$AB$6,FALSE)*AS124))","v":0},{"$f":"(IF(ISNA(VLOOKUP(AQ124,ltSchlepper,Maschinen!$AC$6,FALSE))=TRUE,0,VLOOKUP(AQ124,ltSchlepper,Maschinen!$AC$6,FALSE)*AS124))","v":0},{"$f":"SUM(CW124:CY124)","v":0}]
[null,21712,null,null,null,null,null,null,{"$f":"BC125","v":0},0,0,0.1,0,0,null,null,0,0,0,0,0,0,0,null,null,"",null,"",null,0,null,"",null,"",null,0,null,"",null,"",null,0,null,"",null,"",null,0,0,0,0,0,0,0,0,0,0,0,0,0,{"$f":"(IF(ISNA(VLOOKUP(Y125,ltSchlepper,Maschinen!$K$6,FALSE))=TRUE,0,VLOOKUP(Y125,ltSchlepper,Maschinen!$K$6,FALSE)*AA125))","v":0},{"$f":"(IF(ISNA(VLOOKUP(Y125,ltSchlepper,Maschinen!$L$6,FALSE))=TRUE,0,VLOOKUP(Y125,ltSchlepper,Maschinen!$L$6,FALSE)*AA125))","v":0},{"$f":"(IF(ISNA(VLOOKUP(Y125,ltSchlepper,Maschinen!$M$6,FALSE))=TRUE,0,VLOOKUP(Y125,ltSchlepper,Maschinen!$M$6,FALSE)*AA125))","v":0},{"$f":"(IF(ISNA(VLOOKUP(Y125,ltSchlepper,Maschinen!$N$6,FALSE))=TRUE,0,VLOOKUP(Y125,ltSchlepper,Maschinen!$N$6,FALSE)*AA125*IF(ISBLANK(AC125),1,AC125)))","v":0},{"$f":"(IF(ISNA(VLOOKUP(Y125,ltSchlepper,Maschinen!$O$6,FALSE))=TRUE,0,VLOOKUP(Y125,ltSchlepper,Maschinen!$O$6,FALSE)*AA125*IF(ISBLANK(AC125),1,AC125)))","v":0},{"$f":"(IF(ISNA(VLOOKUP(Y125,ltSchlepper,Maschinen!$P$6,FALSE))=TRUE,0,VLOOKUP(Y125,ltSchlepper,Maschinen!$P$6,FALSE)*AA125*IF(ISBLANK(AC125),1,AC125)))","v":0},0,{"$f":"(IF(ISNA(VLOOKUP(AE125,ltSchlepper,Maschinen!$K$6,FALSE))=TRUE,0,VLOOKUP(AE125,ltSchlepper,Maschinen!$K$6,FALSE)*AG125))","v":0},{"$f":"(IF(ISNA(VLOOKUP(AE125,ltSchlepper,Maschinen!$L$6,FALSE))=TRUE,0,VLOOKUP(AE125,ltSchlepper,Maschinen!$L$6,FALSE)*AG125))","v":0},{"$f":"(IF(ISNA(VLOOKUP(AE125,ltSchlepper,Maschinen!$M$6,FALSE))=TRUE,0,VLOOKUP(AE125,ltSchlepper,Maschinen!$M$6,FALSE)*AG125))","v":0},{"$f":"(IF(ISNA(VLOOKUP(AE125,ltSchlepper,Maschinen!$N$6,FALSE))=TRUE,0,VLOOKUP(AE125,ltSchlepper,Maschinen!$N$6,FALSE)*AG125*IF(ISBLANK(AI125),1,AI125)))","v":0},{"$f":"(IF(ISNA(VLOOKUP(AE125,ltSchlepper,Maschinen!$O$6,FALSE))=TRUE,0,VLOOKUP(AE125,ltSchlepper,Maschinen!$O$6,FALSE)*AG125*IF(ISBLANK(AI125),1,AI125)))","v":0},{"$f":"(IF(ISNA(VLOOKUP(AE125,ltSchlepper,Maschinen!$P$6,FALSE))=TRUE,0,VLOOKUP(AE125,ltSchlepper,Maschinen!$P$6,FALSE)*AG125*IF(ISBLANK(AI125),1,AI125)))","v":0},0,{"$f":"(IF(ISNA(VLOOKUP(AK125,ltSchlepper,Maschinen!$K$6,FALSE))=TRUE,0,VLOOKUP(AK125,ltSchlepper,Maschinen!$K$6,FALSE)*AM125))","v":0},{"$f":"(IF(ISNA(VLOOKUP(AK125,ltSchlepper,Maschinen!$L$6,FALSE))=TRUE,0,VLOOKUP(AK125,ltSchlepper,Maschinen!$L$6,FALSE)*AM125))","v":0},{"$f":"(IF(ISNA(VLOOKUP(AK125,ltSchlepper,Maschinen!$M$6,FALSE))=TRUE,0,VLOOKUP(AK125,ltSchlepper,Maschinen!$M$6,FALSE)*AM125))","v":0},{"$f":"(IF(ISNA(VLOOKUP(AK125,ltSchlepper,Maschinen!$N$6,FALSE))=TRUE,0,VLOOKUP(AK125,ltSchlepper,Maschinen!$N$6,FALSE)*AM125*IF(ISBLANK(AO125),1,AO125)))","v":0},{"$f":"(IF(ISNA(VLOOKUP(AK125,ltSchlepper,Maschinen!$O$6,FALSE))=TRUE,0,VLOOKUP(AK125,ltSchlepper,Maschinen!$O$6,FALSE)*AM125*IF(ISBLANK(AO125),1,AO125)))","v":0},{"$f":"(IF(ISNA(VLOOKUP(AK125,ltSchlepper,Maschinen!$P$6,FALSE))=TRUE,0,VLOOKUP(AK125,ltSchlepper,Maschinen!$P$6,FALSE)*AM125*IF(ISBLANK(AO125),1,AO125)))","v":0},0,{"$f":"(IF(ISNA(VLOOKUP(AQ125,ltSchlepper,Maschinen!$K$6,FALSE))=TRUE,0,VLOOKUP(AQ125,ltSchlepper,Maschinen!$K$6,FALSE)*AS125))","v":0},{"$f":"(IF(ISNA(VLOOKUP(AQ125,ltSchlepper,Maschinen!$L$6,FALSE))=TRUE,0,VLOOKUP(AQ125,ltSchlepper,Maschinen!$L$6,FALSE)*AS125))","v":0},{"$f":"(IF(ISNA(VLOOKUP(AQ125,ltSchlepper,Maschinen!$M$6,FALSE))=TRUE,0,VLOOKUP(AQ125,ltSchlepper,Maschinen!$M$6,FALSE)*AS125))","v":0},{"$f":"(IF(ISNA(VLOOKUP(AQ125,ltSchlepper,Maschinen!$N$6,FALSE))=TRUE,0,VLOOKUP(AQ125,ltSchlepper,Maschinen!$N$6,FALSE)*AS125*IF(ISBLANK(AU125),1,AU125)))","v":0},{"$f":"(IF(ISNA(VLOOKUP(AQ125,ltSchlepper,Maschinen!$O$6,FALSE))=TRUE,0,VLOOKUP(AQ125,ltSchlepper,Maschinen!$O$6,FALSE)*AS125*IF(ISBLANK(AU125),1,AU125)))","v":0},{"$f":"(IF(ISNA(VLOOKUP(AQ125,ltSchlepper,Maschinen!$P$6,FALSE))=TRUE,0,VLOOKUP(AQ125,ltSchlepper,Maschinen!$P$6,FALSE)*AS125*IF(ISBLANK(AU125),1,AU125)))","v":0},0,{"$f":"(IF(ISNA(VLOOKUP(Y125,ltSchlepper,Maschinen!$AA$6,FALSE))=TRUE,0,VLOOKUP(Y125,ltSchlepper,Maschinen!$AA$6,FALSE)*AA125))","v":0},{"$f":"(IF(ISNA(VLOOKUP(Y125,ltSchlepper,Maschinen!$AB$6,FALSE))=TRUE,0,VLOOKUP(Y125,ltSchlepper,Maschinen!$AB$6,FALSE)*AA125))","v":0},{"$f":"(IF(ISNA(VLOOKUP(Y125,ltSchlepper,Maschinen!$AC$6,FALSE))=TRUE,0,VLOOKUP(Y125,ltSchlepper,Maschinen!$AC$6,FALSE)*AA125))","v":0},0,{"$f":"(IF(ISNA(VLOOKUP(AE125,ltSchlepper,Maschinen!$AA$6,FALSE))=TRUE,0,VLOOKUP(AE125,ltSchlepper,Maschinen!$AA$6,FALSE)*AG125))","v":0},{"$f":"(IF(ISNA(VLOOKUP(AE125,ltSchlepper,Maschinen!$AB$6,FALSE))=TRUE,0,VLOOKUP(AE125,ltSchlepper,Maschinen!$AB$6,FALSE)*AG125))","v":0},{"$f":"(IF(ISNA(VLOOKUP(AE125,ltSchlepper,Maschinen!$AC$6,FALSE))=TRUE,0,VLOOKUP(AE125,ltSchlepper,Maschinen!$AC$6,FALSE)*AG125))","v":0},0,{"$f":"(IF(ISNA(VLOOKUP(AK125,ltSchlepper,Maschinen!$AA$6,FALSE))=TRUE,0,VLOOKUP(AK125,ltSchlepper,Maschinen!$AA$6,FALSE)*AM125))","v":0},{"$f":"(IF(ISNA(VLOOKUP(AK125,ltSchlepper,Maschinen!$AB$6,FALSE))=TRUE,0,VLOOKUP(AK125,ltSchlepper,Maschinen!$AB$6,FALSE)*AM125))","v":0},{"$f":"(IF(ISNA(VLOOKUP(AK125,ltSchlepper,Maschinen!$AC$6,FALSE))=TRUE,0,VLOOKUP(AK125,ltSchlepper,Maschinen!$AC$6,FALSE)*AM125))","v":0},0,{"$f":"(IF(ISNA(VLOOKUP(AQ125,ltSchlepper,Maschinen!$AA$6,FALSE))=TRUE,0,VLOOKUP(AQ125,ltSchlepper,Maschinen!$AA$6,FALSE)*AS125))","v":0},{"$f":"(IF(ISNA(VLOOKUP(AQ125,ltSchlepper,Maschinen!$AB$6,FALSE))=TRUE,0,VLOOKUP(AQ125,ltSchlepper,Maschinen!$AB$6,FALSE)*AS125))","v":0},{"$f":"(IF(ISNA(VLOOKUP(AQ125,ltSchlepper,Maschinen!$AC$6,FALSE))=TRUE,0,VLOOKUP(AQ125,ltSchlepper,Maschinen!$AC$6,FALSE)*AS125))","v":0},0]
[null,21721,"*Mähen 8,5m","ha",12,24,null,null,{"$f":"BC126","v":9.3191199999999998},{"$f":"H126+I126","v":9.3191199999999998},{"$f":"F126+G126-J126","v":14.68088},0.1,{"$f":"(H126+I126)*L126","v":0.93191200000000007},{"$f":"M126*Interest","v":2.7957360000000001E-2},0.25,0.05,{"$f":"O126+P126","v":0.3},{"$f":"Q126*Lohnanspruch","v":7.5},{"$f":"J126+N126+R126","v":16.84707736},{"$f":"K126-N126-R126","v":7.1529226399999999},{"$f":"BG126","v":0},{"$f":"H126+I126+N126+R126+U126","v":16.84707736},{"$f":"T126-U126","v":7.1529226399999999},null,11214,{"$f":"IF(ISNA(VLOOKUP(Y126,ltSchlepper,2,FALSE))=TRUE,\"\",VLOOKUP(Y126,ltSchlepper,2,FALSE))","v":"*S4 Allradschlepper 200 kW stufenlos"},0.2,{"$f":"IF(ISNA(VLOOKUP(Y126,ltSchlepper,3,FALSE))=TRUE,\"\",VLOOKUP(Y126,ltSchlepper,3,FALSE))","v":"h"},1.2,{"$f":"IF(ISNA(VLOOKUP(Y126,ltSchlepper,SchKraftstoffVerb,FALSE))=TRUE,0,VLOOKUP(Y126,ltSchlepper,SchKraftstoffVerb,FALSE)*IF(ISBLANK(AC126),1,AC126)*AA126)","v":5.28},12112,{"$f":"IF(ISNA(VLOOKUP(AE126,ltSchlepper,2,FALSE))=TRUE,\"\",VLOOKUP(AE126,ltSchlepper,2,FALSE))","v":"*Mähkombination 8,5m"},1,{"$f":"IF(ISNA(VLOOKUP(AE126,ltSchlepper,3,FALSE))=TRUE,\"\",VLOOKUP(AE126,ltSchlepper,3,FALSE))","v":"ha"},1,{"$f":"IF(ISNA(VLOOKUP(AE126,ltSchlepper,SchKraftstoffVerb,FALSE))=TRUE,0,VLOOKUP(AE126,ltSchlepper,SchKraftstoffVerb,FALSE)*IF(ISBLANK(AI126),1,AI126)*AG126)","v":0},null,{"$f":"IF(ISNA(VLOOKUP(AK126,ltSchlepper,2,FALSE))=TRUE,\"\",VLOOKUP(AK126,ltSchlepper,2,FALSE))","v":""},null,{"$f":"IF(ISNA(VLOOKUP(AK126,ltSchlepper,3,FALSE))=TRUE,\"\",VLOOKUP(AK126,ltSchlepper,3,FALSE))","v":""},null,{"$f":"IF(ISNA(VLOOKUP(AK126,ltSchlepper,SchKraftstoffVerb,FALSE))=TRUE,0,VLOOKUP(AK126,ltSchlepper,SchKraftstoffVerb,FALSE)*IF(ISBLANK(AO126),1,AO126)*AM126)","v":0},null,{"$f":"IF(ISNA(VLOOKUP(AQ126,ltSchlepper,2,FALSE))=TRUE,\"\",VLOOKUP(AQ126,ltSchlepper,2,FALSE))","v":""},null,{"$f":"IF(ISNA(VLOOKUP(AQ126,ltSchlepper,3,FALSE))=TRUE,\"\",VLOOKUP(AQ126,ltSchlepper,3,FALSE))","v":""},null,{"$f":"IF(ISNA(VLOOKUP(AQ126,ltSchlepper,SchKraftstoffVerb,FALSE))=TRUE,0,VLOOKUP(AQ126,ltSchlepper,SchKraftstoffVerb,FALSE)*IF(ISBLANK(AU126),1,AU126)*AS126)","v":0},{"$f":"BL126+BS126+BZ126+CG126","v":5.28},{"$f":"BI126+BP126+BW126+CD126","v":4.1500000000000004},0,0,{"$f":"BM126+BT126+CA126+CH126","v":5.0159999999999991},{"$f":"BN126+BU126+CB126+CI126","v":0.15312000000000001},{"$f":"SUM(AX126:AZ126,BA126:BB126)","v":9.3191199999999998},{"$f":"CK126+CO126+CS126+CW126","v":0},0,0,0,{"$f":"BG126+BC126","v":9.3191199999999998},{"$f":"(IF(ISNA(VLOOKUP(Y126,ltSchlepper,Maschinen!$K$6,FALSE))=TRUE,0,VLOOKUP(Y126,ltSchlepper,Maschinen!$K$6,FALSE)*AA126))","v":1.9000000000000001},{"$f":"(IF(ISNA(VLOOKUP(Y126,ltSchlepper,Maschinen!$L$6,FALSE))=TRUE,0,VLOOKUP(Y126,ltSchlepper,Maschinen!$L$6,FALSE)*AA126))","v":0},{"$f":"(IF(ISNA(VLOOKUP(Y126,ltSchlepper,Maschinen!$M$6,FALSE))=TRUE,0,VLOOKUP(Y126,ltSchlepper,Maschinen!$M$6,FALSE)*AA126))","v":0},{"$f":"(IF(ISNA(VLOOKUP(Y126,ltSchlepper,Maschinen!$N$6,FALSE))=TRUE,0,VLOOKUP(Y126,ltSchlepper,Maschinen!$N$6,FALSE)*AA126*IF(ISBLANK(AC126),1,AC126)))","v":5.28},{"$f":"(IF(ISNA(VLOOKUP(Y126,ltSchlepper,Maschinen!$O$6,FALSE))=TRUE,0,VLOOKUP(Y126,ltSchlepper,Maschinen!$O$6,FALSE)*AA126*IF(ISBLANK(AC126),1,AC126)))","v":5.0159999999999991},{"$f":"(IF(ISNA(VLOOKUP(Y126,ltSchlepper,Maschinen!$P$6,FALSE))=TRUE,0,VLOOKUP(Y126,ltSchlepper,Maschinen!$P$6,FALSE)*AA126*IF(ISBLANK(AC126),1,AC126)))","v":0.15312000000000001},{"$f":"SUM(BI126:BK126,BM126:BN126)","v":7.0691199999999998},{"$f":"(IF(ISNA(VLOOKUP(AE126,ltSchlepper,Maschinen!$K$6,FALSE))=TRUE,0,VLOOKUP(AE126,ltSchlepper,Maschinen!$K$6,FALSE)*AG126))","v":2.25},{"$f":"(IF(ISNA(VLOOKUP(AE126,ltSchlepper,Maschinen!$L$6,FALSE))=TRUE,0,VLOOKUP(AE126,ltSchlepper,Maschinen!$L$6,FALSE)*AG126))","v":0},{"$f":"(IF(ISNA(VLOOKUP(AE126,ltSchlepper,Maschinen!$M$6,FALSE))=TRUE,0,VLOOKUP(AE126,ltSchlepper,Maschinen!$M$6,FALSE)*AG126))","v":0},{"$f":"(IF(ISNA(VLOOKUP(AE126,ltSchlepper,Maschinen!$N$6,FALSE))=TRUE,0,VLOOKUP(AE126,ltSchlepper,Maschinen!$N$6,FALSE)*AG126*IF(ISBLANK(AI126),1,AI126)))","v":0},{"$f":"(IF(ISNA(VLOOKUP(AE126,ltSchlepper,Maschinen!$O$6,FALSE))=TRUE,0,VLOOKUP(AE126,ltSchlepper,Maschinen!$O$6,FALSE)*AG126*IF(ISBLANK(AI126),1,AI126)))","v":0},{"$f":"(IF(ISNA(VLOOKUP(AE126,ltSchlepper,Maschinen!$P$6,FALSE))=TRUE,0,VLOOKUP(AE126,ltSchlepper,Maschinen!$P$6,FALSE)*AG126*IF(ISBLANK(AI126),1,AI126)))","v":0},{"$f":"SUM(BP126:BR126,BT126:BU126)","v":2.25},{"$f":"(IF(ISNA(VLOOKUP(AK126,ltSchlepper,Maschinen!$K$6,FALSE))=TRUE,0,VLOOKUP(AK126,ltSchlepper,Maschinen!$K$6,FALSE)*AM126))","v":0},{"$f":"(IF(ISNA(VLOOKUP(AK126,ltSchlepper,Maschinen!$L$6,FALSE))=TRUE,0,VLOOKUP(AK126,ltSchlepper,Maschinen!$L$6,FALSE)*AM126))","v":0},{"$f":"(IF(ISNA(VLOOKUP(AK126,ltSchlepper,Maschinen!$M$6,FALSE))=TRUE,0,VLOOKUP(AK126,ltSchlepper,Maschinen!$M$6,FALSE)*AM126))","v":0},{"$f":"(IF(ISNA(VLOOKUP(AK126,ltSchlepper,Maschinen!$N$6,FALSE))=TRUE,0,VLOOKUP(AK126,ltSchlepper,Maschinen!$N$6,FALSE)*AM126*IF(ISBLANK(AO126),1,AO126)))","v":0},{"$f":"(IF(ISNA(VLOOKUP(AK126,ltSchlepper,Maschinen!$O$6,FALSE))=TRUE,0,VLOOKUP(AK126,ltSchlepper,Maschinen!$O$6,FALSE)*AM126*IF(ISBLANK(AO126),1,AO126)))","v":0},{"$f":"(IF(ISNA(VLOOKUP(AK126,ltSchlepper,Maschinen!$P$6,FALSE))=TRUE,0,VLOOKUP(AK126,ltSchlepper,Maschinen!$P$6,FALSE)*AM126*IF(ISBLANK(AO126),1,AO126)))","v":0},{"$f":"SUM(BW126:BY126,CA126:CB126)","v":0},{"$f":"(IF(ISNA(VLOOKUP(AQ126,ltSchlepper,Maschinen!$K$6,FALSE))=TRUE,0,VLOOKUP(AQ126,ltSchlepper,Maschinen!$K$6,FALSE)*AS126))","v":0},{"$f":"(IF(ISNA(VLOOKUP(AQ126,ltSchlepper,Maschinen!$L$6,FALSE))=TRUE,0,VLOOKUP(AQ126,ltSchlepper,Maschinen!$L$6,FALSE)*AS126))","v":0},{"$f":"(IF(ISNA(VLOOKUP(AQ126,ltSchlepper,Maschinen!$M$6,FALSE))=TRUE,0,VLOOKUP(AQ126,ltSchlepper,Maschinen!$M$6,FALSE)*AS126))","v":0},{"$f":"(IF(ISNA(VLOOKUP(AQ126,ltSchlepper,Maschinen!$N$6,FALSE))=TRUE,0,VLOOKUP(AQ126,ltSchlepper,Maschinen!$N$6,FALSE)*AS126*IF(ISBLANK(AU126),1,AU126)))","v":0},{"$f":"(IF(ISNA(VLOOKUP(AQ126,ltSchlepper,Maschinen!$O$6,FALSE))=TRUE,0,VLOOKUP(AQ126,ltSchlepper,Maschinen!$O$6,FALSE)*AS126*IF(ISBLANK(AU126),1,AU126)))","v":0},{"$f":"(IF(ISNA(VLOOKUP(AQ126,ltSchlepper,Maschinen!$P$6,FALSE))=TRUE,0,VLOOKUP(AQ126,ltSchlepper,Maschinen!$P$6,FALSE)*AS126*IF(ISBLANK(AU126),1,AU126)))","v":0},{"$f":"SUM(CD126:CF126,CH126:CI126)","v":0},{"$f":"(IF(ISNA(VLOOKUP(Y126,ltSchlepper,Maschinen!$AA$6,FALSE))=TRUE,0,VLOOKUP(Y126,ltSchlepper,Maschinen!$AA$6,FALSE)*AA126))","v":0},{"$f":"(IF(ISNA(VLOOKUP(Y126,ltSchlepper,Maschinen!$AB$6,FALSE))=TRUE,0,VLOOKUP(Y126,ltSchlepper,Maschinen!$AB$6,FALSE)*AA126))","v":0},{"$f":"(IF(ISNA(VLOOKUP(Y126,ltSchlepper,Maschinen!$AC$6,FALSE))=TRUE,0,VLOOKUP(Y126,ltSchlepper,Maschinen!$AC$6,FALSE)*AA126))","v":0},{"$f":"SUM(CK126:CM126)","v":0},{"$f":"(IF(ISNA(VLOOKUP(AE126,ltSchlepper,Maschinen!$AA$6,FALSE))=TRUE,0,VLOOKUP(AE126,ltSchlepper,Maschinen!$AA$6,FALSE)*AG126))","v":0},{"$f":"(IF(ISNA(VLOOKUP(AE126,ltSchlepper,Maschinen!$AB$6,FALSE))=TRUE,0,VLOOKUP(AE126,ltSchlepper,Maschinen!$AB$6,FALSE)*AG126))","v":0},{"$f":"(IF(ISNA(VLOOKUP(AE126,ltSchlepper,Maschinen!$AC$6,FALSE))=TRUE,0,VLOOKUP(AE126,ltSchlepper,Maschinen!$AC$6,FALSE)*AG126))","v":0},{"$f":"SUM(CO126:CQ126)","v":0},{"$f":"(IF(ISNA(VLOOKUP(AK126,ltSchlepper,Maschinen!$AA$6,FALSE))=TRUE,0,VLOOKUP(AK126,ltSchlepper,Maschinen!$AA$6,FALSE)*AM126))","v":0},{"$f":"(IF(ISNA(VLOOKUP(AK126,ltSchlepper,Maschinen!$AB$6,FALSE))=TRUE,0,VLOOKUP(AK126,ltSchlepper,Maschinen!$AB$6,FALSE)*AM126))","v":0},{"$f":"(IF(ISNA(VLOOKUP(AK126,ltSchlepper,Maschinen!$AC$6,FALSE))=TRUE,0,VLOOKUP(AK126,ltSchlepper,Maschinen!$AC$6,FALSE)*AM126))","v":0},{"$f":"SUM(CS126:CU126)","v":0},{"$f":"(IF(ISNA(VLOOKUP(AQ126,ltSchlepper,Maschinen!$AA$6,FALSE))=TRUE,0,VLOOKUP(AQ126,ltSchlepper,Maschinen!$AA$6,FALSE)*AS126))","v":0},{"$f":"(IF(ISNA(VLOOKUP(AQ126,ltSchlepper,Maschinen!$AB$6,FALSE))=TRUE,0,VLOOKUP(AQ126,ltSchlepper,Maschinen!$AB$6,FALSE)*AS126))","v":0},{"$f":"(IF(ISNA(VLOOKUP(AQ126,ltSchlepper,Maschinen!$AC$6,FALSE))=TRUE,0,VLOOKUP(AQ126,ltSchlepper,Maschinen!$AC$6,FALSE)*AS126))","v":0},{"$f":"SUM(CW126:CY126)","v":0}]
[null,21722,null,null,null,null,null,null,{"$f":"BC127","v":0},{"$f":"H127+I127","v":0},{"$f":"F127+G127-J127","v":0},0.1,{"$f":"(H127+I127)*L127","v":0},{"$f":"M127*Interest","v":0},null,null,{"$f":"O127+P127","v":0},{"$f":"Q127*Lohnanspruch","v":0},{"$f":"J127+N127+R127","v":0},{"$f":"K127-N127-R127","v":0},{"$f":"BG127","v":0},{"$f":"H127+I127+N127+R127+U127","v":0},{"$f":"T127-U127","v":0},null,null,{"$f":"IF(ISNA(VLOOKUP(Y127,ltSchlepper,2,FALSE))=TRUE,\"\",VLOOKUP(Y127,ltSchlepper,2,FALSE))","v":""},null,{"$f":"IF(ISNA(VLOOKUP(Y127,ltSchlepper,3,FALSE))=TRUE,\"\",VLOOKUP(Y127,ltSchlepper,3,FALSE))","v":""},null,{"$f":"IF(ISNA(VLOOKUP(Y127,ltSchlepper,SchKraftstoffVerb,FALSE))=TRUE,0,VLOOKUP(Y127,ltSchlepper,SchKraftstoffVerb,FALSE)*IF(ISBLANK(AC127),1,AC127)*AA127)","v":0},null,{"$f":"IF(ISNA(VLOOKUP(AE127,ltSchlepper,2,FALSE))=TRUE,\"\",VLOOKUP(AE127,ltSchlepper,2,FALSE))","v":""},null,{"$f":"IF(ISNA(VLOOKUP(AE127,ltSchlepper,3,FALSE))=TRUE,\"\",VLOOKUP(AE127,ltSchlepper,3,FALSE))","v":""},null,{"$f":"IF(ISNA(VLOOKUP(AE127,ltSchlepper,SchKraftstoffVerb,FALSE))=TRUE,0,VLOOKUP(AE127,ltSchlepper,SchKraftstoffVerb,FALSE)*IF(ISBLANK(AI127),1,AI127)*AG127)","v":0},null,{"$f":"IF(ISNA(VLOOKUP(AK127,ltSchlepper,2,FALSE))=TRUE,\"\",VLOOKUP(AK127,ltSchlepper,2,FALSE))","v":""},null,{"$f":"IF(ISNA(VLOOKUP(AK127,ltSchlepper,3,FALSE))=TRUE,\"\",VLOOKUP(AK127,ltSchlepper,3,FALSE))","v":""},null,{"$f":"IF(ISNA(VLOOKUP(AK127,ltSchlepper,SchKraftstoffVerb,FALSE))=TRUE,0,VLOOKUP(AK127,ltSchlepper,SchKraftstoffVerb,FALSE)*IF(ISBLANK(AO127),1,AO127)*AM127)","v":0},null,{"$f":"IF(ISNA(VLOOKUP(AQ127,ltSchlepper,2,FALSE))=TRUE,\"\",VLOOKUP(AQ127,ltSchlepper,2,FALSE))","v":""},null,{"$f":"IF(ISNA(VLOOKUP(AQ127,ltSchlepper,3,FALSE))=TRUE,\"\",VLOOKUP(AQ127,ltSchlepper,3,FALSE))","v":""},null,{"$f":"IF(ISNA(VLOOKUP(AQ127,ltSchlepper,SchKraftstoffVerb,FALSE))=TRUE,0,VLOOKUP(AQ127,ltSchlepper,SchKraftstoffVerb,FALSE)*IF(ISBLANK(AU127),1,AU127)*AS127)","v":0},{"$f":"BL127+BS127+BZ127+CG127","v":0},0,0,0,{"$f":"BM127+BT127+CA127+CH127","v":0},{"$f":"BN127+BU127+CB127+CI127","v":0},{"$f":"SUM(AX127:AZ127,BA127:BB127)","v":0},0,0,0,0,{"$f":"BG127+BC127","v":0},{"$f":"(IF(ISNA(VLOOKUP(Y127,ltSchlepper,Maschinen!$K$6,FALSE))=TRUE,0,VLOOKUP(Y127,ltSchlepper,Maschinen!$K$6,FALSE)*AA127))","v":0},{"$f":"(IF(ISNA(VLOOKUP(Y127,ltSchlepper,Maschinen!$L$6,FALSE))=TRUE,0,VLOOKUP(Y127,ltSchlepper,Maschinen!$L$6,FALSE)*AA127))","v":0},{"$f":"(IF(ISNA(VLOOKUP(Y127,ltSchlepper,Maschinen!$M$6,FALSE))=TRUE,0,VLOOKUP(Y127,ltSchlepper,Maschinen!$M$6,FALSE)*AA127))","v":0},{"$f":"(IF(ISNA(VLOOKUP(Y127,ltSchlepper,Maschinen!$N$6,FALSE))=TRUE,0,VLOOKUP(Y127,ltSchlepper,Maschinen!$N$6,FALSE)*AA127*IF(ISBLANK(AC127),1,AC127)))","v":0},{"$f":"(IF(ISNA(VLOOKUP(Y127,ltSchlepper,Maschinen!$O$6,FALSE))=TRUE,0,VLOOKUP(Y127,ltSchlepper,Maschinen!$O$6,FALSE)*AA127*IF(ISBLANK(AC127),1,AC127)))","v":0},{"$f":"(IF(ISNA(VLOOKUP(Y127,ltSchlepper,Maschinen!$P$6,FALSE))=TRUE,0,VLOOKUP(Y127,ltSchlepper,Maschinen!$P$6,FALSE)*AA127*IF(ISBLANK(AC127),1,AC127)))","v":0},{"$f":"SUM(BI127:BK127,BM127:BN127)","v":0},{"$f":"(IF(ISNA(VLOOKUP(AE127,ltSchlepper,Maschinen!$K$6,FALSE))=TRUE,0,VLOOKUP(AE127,ltSchlepper,Maschinen!$K$6,FALSE)*AG127))","v":0},{"$f":"(IF(ISNA(VLOOKUP(AE127,ltSchlepper,Maschinen!$L$6,FALSE))=TRUE,0,VLOOKUP(AE127,ltSchlepper,Maschinen!$L$6,FALSE)*AG127))","v":0},{"$f":"(IF(ISNA(VLOOKUP(AE127,ltSchlepper,Maschinen!$M$6,FALSE))=TRUE,0,VLOOKUP(AE127,ltSchlepper,Maschinen!$M$6,FALSE)*AG127))","v":0},{"$f":"(IF(ISNA(VLOOKUP(AE127,ltSchlepper,Maschinen!$N$6,FALSE))=TRUE,0,VLOOKUP(AE127,ltSchlepper,Maschinen!$N$6,FALSE)*AG127*IF(ISBLANK(AI127),1,AI127)))","v":0},{"$f":"(IF(ISNA(VLOOKUP(AE127,ltSchlepper,Maschinen!$O$6,FALSE))=TRUE,0,VLOOKUP(AE127,ltSchlepper,Maschinen!$O$6,FALSE)*AG127*IF(ISBLANK(AI127),1,AI127)))","v":0},{"$f":"(IF(ISNA(VLOOKUP(AE127,ltSchlepper,Maschinen!$P$6,FALSE))=TRUE,0,VLOOKUP(AE127,ltSchlepper,Maschinen!$P$6,FALSE)*AG127*IF(ISBLANK(AI127),1,AI127)))","v":0},{"$f":"SUM(BP127:BR127,BT127:BU127)","v":0},{"$f":"(IF(ISNA(VLOOKUP(AK127,ltSchlepper,Maschinen!$K$6,FALSE))=TRUE,0,VLOOKUP(AK127,ltSchlepper,Maschinen!$K$6,FALSE)*AM127))","v":0},{"$f":"(IF(ISNA(VLOOKUP(AK127,ltSchlepper,Maschinen!$L$6,FALSE))=TRUE,0,VLOOKUP(AK127,ltSchlepper,Maschinen!$L$6,FALSE)*AM127))","v":0},{"$f":"(IF(ISNA(VLOOKUP(AK127,ltSchlepper,Maschinen!$M$6,FALSE))=TRUE,0,VLOOKUP(AK127,ltSchlepper,Maschinen!$M$6,FALSE)*AM127))","v":0},{"$f":"(IF(ISNA(VLOOKUP(AK127,ltSchlepper,Maschinen!$N$6,FALSE))=TRUE,0,VLOOKUP(AK127,ltSchlepper,Maschinen!$N$6,FALSE)*AM127*IF(ISBLANK(AO127),1,AO127)))","v":0},{"$f":"(IF(ISNA(VLOOKUP(AK127,ltSchlepper,Maschinen!$O$6,FALSE))=TRUE,0,VLOOKUP(AK127,ltSchlepper,Maschinen!$O$6,FALSE)*AM127*IF(ISBLANK(AO127),1,AO127)))","v":0},{"$f":"(IF(ISNA(VLOOKUP(AK127,ltSchlepper,Maschinen!$P$6,FALSE))=TRUE,0,VLOOKUP(AK127,ltSchlepper,Maschinen!$P$6,FALSE)*AM127*IF(ISBLANK(AO127),1,AO127)))","v":0},{"$f":"SUM(BW127:BY127,CA127:CB127)","v":0},{"$f":"(IF(ISNA(VLOOKUP(AQ127,ltSchlepper,Maschinen!$K$6,FALSE))=TRUE,0,VLOOKUP(AQ127,ltSchlepper,Maschinen!$K$6,FALSE)*AS127))","v":0},{"$f":"(IF(ISNA(VLOOKUP(AQ127,ltSchlepper,Maschinen!$L$6,FALSE))=TRUE,0,VLOOKUP(AQ127,ltSchlepper,Maschinen!$L$6,FALSE)*AS127))","v":0},{"$f":"(IF(ISNA(VLOOKUP(AQ127,ltSchlepper,Maschinen!$M$6,FALSE))=TRUE,0,VLOOKUP(AQ127,ltSchlepper,Maschinen!$M$6,FALSE)*AS127))","v":0},{"$f":"(IF(ISNA(VLOOKUP(AQ127,ltSchlepper,Maschinen!$N$6,FALSE))=TRUE,0,VLOOKUP(AQ127,ltSchlepper,Maschinen!$N$6,FALSE)*AS127*IF(ISBLANK(AU127),1,AU127)))","v":0},{"$f":"(IF(ISNA(VLOOKUP(AQ127,ltSchlepper,Maschinen!$O$6,FALSE))=TRUE,0,VLOOKUP(AQ127,ltSchlepper,Maschinen!$O$6,FALSE)*AS127*IF(ISBLANK(AU127),1,AU127)))","v":0},{"$f":"(IF(ISNA(VLOOKUP(AQ127,ltSchlepper,Maschinen!$P$6,FALSE))=TRUE,0,VLOOKUP(AQ127,ltSchlepper,Maschinen!$P$6,FALSE)*AS127*IF(ISBLANK(AU127),1,AU127)))","v":0},{"$f":"SUM(CD127:CF127,CH127:CI127)","v":0},{"$f":"(IF(ISNA(VLOOKUP(Y127,ltSchlepper,Maschinen!$AA$6,FALSE))=TRUE,0,VLOOKUP(Y127,ltSchlepper,Maschinen!$AA$6,FALSE)*AA127))","v":0},{"$f":"(IF(ISNA(VLOOKUP(Y127,ltSchlepper,Maschinen!$AB$6,FALSE))=TRUE,0,VLOOKUP(Y127,ltSchlepper,Maschinen!$AB$6,FALSE)*AA127))","v":0},{"$f":"(IF(ISNA(VLOOKUP(Y127,ltSchlepper,Maschinen!$AC$6,FALSE))=TRUE,0,VLOOKUP(Y127,ltSchlepper,Maschinen!$AC$6,FALSE)*AA127))","v":0},{"$f":"SUM(CK127:CM127)","v":0},{"$f":"(IF(ISNA(VLOOKUP(AE127,ltSchlepper,Maschinen!$AA$6,FALSE))=TRUE,0,VLOOKUP(AE127,ltSchlepper,Maschinen!$AA$6,FALSE)*AG127))","v":0},{"$f":"(IF(ISNA(VLOOKUP(AE127,ltSchlepper,Maschinen!$AB$6,FALSE))=TRUE,0,VLOOKUP(AE127,ltSchlepper,Maschinen!$AB$6,FALSE)*AG127))","v":0},{"$f":"(IF(ISNA(VLOOKUP(AE127,ltSchlepper,Maschinen!$AC$6,FALSE))=TRUE,0,VLOOKUP(AE127,ltSchlepper,Maschinen!$AC$6,FALSE)*AG127))","v":0},{"$f":"SUM(CO127:CQ127)","v":0},{"$f":"(IF(ISNA(VLOOKUP(AK127,ltSchlepper,Maschinen!$AA$6,FALSE))=TRUE,0,VLOOKUP(AK127,ltSchlepper,Maschinen!$AA$6,FALSE)*AM127))","v":0},{"$f":"(IF(ISNA(VLOOKUP(AK127,ltSchlepper,Maschinen!$AB$6,FALSE))=TRUE,0,VLOOKUP(AK127,ltSchlepper,Maschinen!$AB$6,FALSE)*AM127))","v":0},{"$f":"(IF(ISNA(VLOOKUP(AK127,ltSchlepper,Maschinen!$AC$6,FALSE))=TRUE,0,VLOOKUP(AK127,ltSchlepper,Maschinen!$AC$6,FALSE)*AM127))","v":0},{"$f":"SUM(CS127:CU127)","v":0},{"$f":"(IF(ISNA(VLOOKUP(AQ127,ltSchlepper,Maschinen!$AA$6,FALSE))=TRUE,0,VLOOKUP(AQ127,ltSchlepper,Maschinen!$AA$6,FALSE)*AS127))","v":0},{"$f":"(IF(ISNA(VLOOKUP(AQ127,ltSchlepper,Maschinen!$AB$6,FALSE))=TRUE,0,VLOOKUP(AQ127,ltSchlepper,Maschinen!$AB$6,FALSE)*AS127))","v":0},{"$f":"(IF(ISNA(VLOOKUP(AQ127,ltSchlepper,Maschinen!$AC$6,FALSE))=TRUE,0,VLOOKUP(AQ127,ltSchlepper,Maschinen!$AC$6,FALSE)*AS127))","v":0},{"$f":"SUM(CW127:CY127)","v":0}]
[null,21713,null,null,null,null,null,null,0,0,0,0.1,0,0,null,null,0,0,0,0,0,0,0,null,null,"",null,"",null,0,null,"",null,"",null,0,null,"",null,"",null,0,null,"",null,"",null,0,0,0,0,0,0,0,0,0,0,0,0,0,{"$f":"(IF(ISNA(VLOOKUP(Y128,ltSchlepper,Maschinen!$K$6,FALSE))=TRUE,0,VLOOKUP(Y128,ltSchlepper,Maschinen!$K$6,FALSE)*AA128))","v":0},{"$f":"(IF(ISNA(VLOOKUP(Y128,ltSchlepper,Maschinen!$L$6,FALSE))=TRUE,0,VLOOKUP(Y128,ltSchlepper,Maschinen!$L$6,FALSE)*AA128))","v":0},{"$f":"(IF(ISNA(VLOOKUP(Y128,ltSchlepper,Maschinen!$M$6,FALSE))=TRUE,0,VLOOKUP(Y128,ltSchlepper,Maschinen!$M$6,FALSE)*AA128))","v":0},{"$f":"(IF(ISNA(VLOOKUP(Y128,ltSchlepper,Maschinen!$N$6,FALSE))=TRUE,0,VLOOKUP(Y128,ltSchlepper,Maschinen!$N$6,FALSE)*AA128*IF(ISBLANK(AC128),1,AC128)))","v":0},{"$f":"(IF(ISNA(VLOOKUP(Y128,ltSchlepper,Maschinen!$O$6,FALSE))=TRUE,0,VLOOKUP(Y128,ltSchlepper,Maschinen!$O$6,FALSE)*AA128*IF(ISBLANK(AC128),1,AC128)))","v":0},{"$f":"(IF(ISNA(VLOOKUP(Y128,ltSchlepper,Maschinen!$P$6,FALSE))=TRUE,0,VLOOKUP(Y128,ltSchlepper,Maschinen!$P$6,FALSE)*AA128*IF(ISBLANK(AC128),1,AC128)))","v":0},0,{"$f":"(IF(ISNA(VLOOKUP(AE128,ltSchlepper,Maschinen!$K$6,FALSE))=TRUE,0,VLOOKUP(AE128,ltSchlepper,Maschinen!$K$6,FALSE)*AG128))","v":0},{"$f":"(IF(ISNA(VLOOKUP(AE128,ltSchlepper,Maschinen!$L$6,FALSE))=TRUE,0,VLOOKUP(AE128,ltSchlepper,Maschinen!$L$6,FALSE)*AG128))","v":0},{"$f":"(IF(ISNA(VLOOKUP(AE128,ltSchlepper,Maschinen!$M$6,FALSE))=TRUE,0,VLOOKUP(AE128,ltSchlepper,Maschinen!$M$6,FALSE)*AG128))","v":0},{"$f":"(IF(ISNA(VLOOKUP(AE128,ltSchlepper,Maschinen!$N$6,FALSE))=TRUE,0,VLOOKUP(AE128,ltSchlepper,Maschinen!$N$6,FALSE)*AG128*IF(ISBLANK(AI128),1,AI128)))","v":0},{"$f":"(IF(ISNA(VLOOKUP(AE128,ltSchlepper,Maschinen!$O$6,FALSE))=TRUE,0,VLOOKUP(AE128,ltSchlepper,Maschinen!$O$6,FALSE)*AG128*IF(ISBLANK(AI128),1,AI128)))","v":0},{"$f":"(IF(ISNA(VLOOKUP(AE128,ltSchlepper,Maschinen!$P$6,FALSE))=TRUE,0,VLOOKUP(AE128,ltSchlepper,Maschinen!$P$6,FALSE)*AG128*IF(ISBLANK(AI128),1,AI128)))","v":0},0,{"$f":"(IF(ISNA(VLOOKUP(AK128,ltSchlepper,Maschinen!$K$6,FALSE))=TRUE,0,VLOOKUP(AK128,ltSchlepper,Maschinen!$K$6,FALSE)*AM128))","v":0},{"$f":"(IF(ISNA(VLOOKUP(AK128,ltSchlepper,Maschinen!$L$6,FALSE))=TRUE,0,VLOOKUP(AK128,ltSchlepper,Maschinen!$L$6,FALSE)*AM128))","v":0},{"$f":"(IF(ISNA(VLOOKUP(AK128,ltSchlepper,Maschinen!$M$6,FALSE))=TRUE,0,VLOOKUP(AK128,ltSchlepper,Maschinen!$M$6,FALSE)*AM128))","v":0},{"$f":"(IF(ISNA(VLOOKUP(AK128,ltSchlepper,Maschinen!$N$6,FALSE))=TRUE,0,VLOOKUP(AK128,ltSchlepper,Maschinen!$N$6,FALSE)*AM128*IF(ISBLANK(AO128),1,AO128)))","v":0},{"$f":"(IF(ISNA(VLOOKUP(AK128,ltSchlepper,Maschinen!$O$6,FALSE))=TRUE,0,VLOOKUP(AK128,ltSchlepper,Maschinen!$O$6,FALSE)*AM128*IF(ISBLANK(AO128),1,AO128)))","v":0},{"$f":"(IF(ISNA(VLOOKUP(AK128,ltSchlepper,Maschinen!$P$6,FALSE))=TRUE,0,VLOOKUP(AK128,ltSchlepper,Maschinen!$P$6,FALSE)*AM128*IF(ISBLANK(AO128),1,AO128)))","v":0},0,{"$f":"(IF(ISNA(VLOOKUP(AQ128,ltSchlepper,Maschinen!$K$6,FALSE))=TRUE,0,VLOOKUP(AQ128,ltSchlepper,Maschinen!$K$6,FALSE)*AS128))","v":0},{"$f":"(IF(ISNA(VLOOKUP(AQ128,ltSchlepper,Maschinen!$L$6,FALSE))=TRUE,0,VLOOKUP(AQ128,ltSchlepper,Maschinen!$L$6,FALSE)*AS128))","v":0},{"$f":"(IF(ISNA(VLOOKUP(AQ128,ltSchlepper,Maschinen!$M$6,FALSE))=TRUE,0,VLOOKUP(AQ128,ltSchlepper,Maschinen!$M$6,FALSE)*AS128))","v":0},{"$f":"(IF(ISNA(VLOOKUP(AQ128,ltSchlepper,Maschinen!$N$6,FALSE))=TRUE,0,VLOOKUP(AQ128,ltSchlepper,Maschinen!$N$6,FALSE)*AS128*IF(ISBLANK(AU128),1,AU128)))","v":0},{"$f":"(IF(ISNA(VLOOKUP(AQ128,ltSchlepper,Maschinen!$O$6,FALSE))=TRUE,0,VLOOKUP(AQ128,ltSchlepper,Maschinen!$O$6,FALSE)*AS128*IF(ISBLANK(AU128),1,AU128)))","v":0},{"$f":"(IF(ISNA(VLOOKUP(AQ128,ltSchlepper,Maschinen!$P$6,FALSE))=TRUE,0,VLOOKUP(AQ128,ltSchlepper,Maschinen!$P$6,FALSE)*AS128*IF(ISBLANK(AU128),1,AU128)))","v":0},0,{"$f":"(IF(ISNA(VLOOKUP(Y128,ltSchlepper,Maschinen!$AA$6,FALSE))=TRUE,0,VLOOKUP(Y128,ltSchlepper,Maschinen!$AA$6,FALSE)*AA128))","v":0},{"$f":"(IF(ISNA(VLOOKUP(Y128,ltSchlepper,Maschinen!$AB$6,FALSE))=TRUE,0,VLOOKUP(Y128,ltSchlepper,Maschinen!$AB$6,FALSE)*AA128))","v":0},{"$f":"(IF(ISNA(VLOOKUP(Y128,ltSchlepper,Maschinen!$AC$6,FALSE))=TRUE,0,VLOOKUP(Y128,ltSchlepper,Maschinen!$AC$6,FALSE)*AA128))","v":0},0,{"$f":"(IF(ISNA(VLOOKUP(AE128,ltSchlepper,Maschinen!$AA$6,FALSE))=TRUE,0,VLOOKUP(AE128,ltSchlepper,Maschinen!$AA$6,FALSE)*AG128))","v":0},{"$f":"(IF(ISNA(VLOOKUP(AE128,ltSchlepper,Maschinen!$AB$6,FALSE))=TRUE,0,VLOOKUP(AE128,ltSchlepper,Maschinen!$AB$6,FALSE)*AG128))","v":0},{"$f":"(IF(ISNA(VLOOKUP(AE128,ltSchlepper,Maschinen!$AC$6,FALSE))=TRUE,0,VLOOKUP(AE128,ltSchlepper,Maschinen!$AC$6,FALSE)*AG128))","v":0},0,{"$f":"(IF(ISNA(VLOOKUP(AK128,ltSchlepper,Maschinen!$AA$6,FALSE))=TRUE,0,VLOOKUP(AK128,ltSchlepper,Maschinen!$AA$6,FALSE)*AM128))","v":0},{"$f":"(IF(ISNA(VLOOKUP(AK128,ltSchlepper,Maschinen!$AB$6,FALSE))=TRUE,0,VLOOKUP(AK128,ltSchlepper,Maschinen!$AB$6,FALSE)*AM128))","v":0},{"$f":"(IF(ISNA(VLOOKUP(AK128,ltSchlepper,Maschinen!$AC$6,FALSE))=TRUE,0,VLOOKUP(AK128,ltSchlepper,Maschinen!$AC$6,FALSE)*AM128))","v":0},0,{"$f":"(IF(ISNA(VLOOKUP(AQ128,ltSchlepper,Maschinen!$AA$6,FALSE))=TRUE,0,VLOOKUP(AQ128,ltSchlepper,Maschinen!$AA$6,FALSE)*AS128))","v":0},{"$f":"(IF(ISNA(VLOOKUP(AQ128,ltSchlepper,Maschinen!$AB$6,FALSE))=TRUE,0,VLOOKUP(AQ128,ltSchlepper,Maschinen!$AB$6,FALSE)*AS128))","v":0},{"$f":"(IF(ISNA(VLOOKUP(AQ128,ltSchlepper,Maschinen!$AC$6,FALSE))=TRUE,0,VLOOKUP(AQ128,ltSchlepper,Maschinen!$AC$6,FALSE)*AS128))","v":0},0]
[null,21725,null,null,null,null,null,null,{"$f":"BC129","v":0},{"$f":"H129+I129","v":0},{"$f":"F129+G129-J129","v":0},0.1,{"$f":"(H129+I129)*L129","v":0},{"$f":"M129*Interest","v":0},null,null,{"$f":"O129+P129","v":0},{"$f":"Q129*Lohnanspruch","v":0},{"$f":"J129+N129+R129","v":0},{"$f":"K129-N129-R129","v":0},{"$f":"BG129","v":0},{"$f":"H129+I129+N129+R129+U129","v":0},{"$f":"T129-U129","v":0},null,null,{"$f":"IF(ISNA(VLOOKUP(Y129,ltSchlepper,2,FALSE))=TRUE,\"\",VLOOKUP(Y129,ltSchlepper,2,FALSE))","v":""},null,{"$f":"IF(ISNA(VLOOKUP(Y129,ltSchlepper,3,FALSE))=TRUE,\"\",VLOOKUP(Y129,ltSchlepper,3,FALSE))","v":""},null,{"$f":"IF(ISNA(VLOOKUP(Y129,ltSchlepper,SchKraftstoffVerb,FALSE))=TRUE,0,VLOOKUP(Y129,ltSchlepper,SchKraftstoffVerb,FALSE)*IF(ISBLANK(AC129),1,AC129)*AA129)","v":0},null,{"$f":"IF(ISNA(VLOOKUP(AE129,ltSchlepper,2,FALSE))=TRUE,\"\",VLOOKUP(AE129,ltSchlepper,2,FALSE))","v":""},null,{"$f":"IF(ISNA(VLOOKUP(AE129,ltSchlepper,3,FALSE))=TRUE,\"\",VLOOKUP(AE129,ltSchlepper,3,FALSE))","v":""},null,{"$f":"IF(ISNA(VLOOKUP(AE129,ltSchlepper,SchKraftstoffVerb,FALSE))=TRUE,0,VLOOKUP(AE129,ltSchlepper,SchKraftstoffVerb,FALSE)*IF(ISBLANK(AI129),1,AI129)*AG129)","v":0},null,{"$f":"IF(ISNA(VLOOKUP(AK129,ltSchlepper,2,FALSE))=TRUE,\"\",VLOOKUP(AK129,ltSchlepper,2,FALSE))","v":""},null,{"$f":"IF(ISNA(VLOOKUP(AK129,ltSchlepper,3,FALSE))=TRUE,\"\",VLOOKUP(AK129,ltSchlepper,3,FALSE))","v":""},null,{"$f":"IF(ISNA(VLOOKUP(AK129,ltSchlepper,SchKraftstoffVerb,FALSE))=TRUE,0,VLOOKUP(AK129,ltSchlepper,SchKraftstoffVerb,FALSE)*IF(ISBLANK(AO129),1,AO129)*AM129)","v":0},null,{"$f":"IF(ISNA(VLOOKUP(AQ129,ltSchlepper,2,FALSE))=TRUE,\"\",VLOOKUP(AQ129,ltSchlepper,2,FALSE))","v":""},null,{"$f":"IF(ISNA(VLOOKUP(AQ129,ltSchlepper,3,FALSE))=TRUE,\"\",VLOOKUP(AQ129,ltSchlepper,3,FALSE))","v":""},null,{"$f":"IF(ISNA(VLOOKUP(AQ129,ltSchlepper,SchKraftstoffVerb,FALSE))=TRUE,0,VLOOKUP(AQ129,ltSchlepper,SchKraftstoffVerb,FALSE)*IF(ISBLANK(AU129),1,AU129)*AS129)","v":0},{"$f":"BL129+BS129+BZ129+CG129","v":0},{"$f":"BI129+BP129+BW129+CD129","v":0},{"$f":"BJ129+BQ129+BX129+CE129","v":0},{"$f":"BK129+BR129+BY129+CF129","v":0},{"$f":"BM129+BT129+CA129+CH129","v":0},{"$f":"BN129+BU129+CB129+CI129","v":0},{"$f":"SUM(AX129:AZ129,BA129:BB129)","v":0},{"$f":"CK129+CO129+CS129+CW129","v":0},{"$f":"CL129+CP129+CT129+CX129","v":0},{"$f":"CM129+CQ129+CU129+CY129","v":0},{"$f":"CN129+CR129+CV129+CZ129","v":0},{"$f":"BG129+BC129","v":0},{"$f":"(IF(ISNA(VLOOKUP(Y129,ltSchlepper,Maschinen!$K$6,FALSE))=TRUE,0,VLOOKUP(Y129,ltSchlepper,Maschinen!$K$6,FALSE)*AA129))","v":0},{"$f":"(IF(ISNA(VLOOKUP(Y129,ltSchlepper,Maschinen!$L$6,FALSE))=TRUE,0,VLOOKUP(Y129,ltSchlepper,Maschinen!$L$6,FALSE)*AA129))","v":0},{"$f":"(IF(ISNA(VLOOKUP(Y129,ltSchlepper,Maschinen!$M$6,FALSE))=TRUE,0,VLOOKUP(Y129,ltSchlepper,Maschinen!$M$6,FALSE)*AA129))","v":0},{"$f":"(IF(ISNA(VLOOKUP(Y129,ltSchlepper,Maschinen!$N$6,FALSE))=TRUE,0,VLOOKUP(Y129,ltSchlepper,Maschinen!$N$6,FALSE)*AA129*IF(ISBLANK(AC129),1,AC129)))","v":0},{"$f":"(IF(ISNA(VLOOKUP(Y129,ltSchlepper,Maschinen!$O$6,FALSE))=TRUE,0,VLOOKUP(Y129,ltSchlepper,Maschinen!$O$6,FALSE)*AA129*IF(ISBLANK(AC129),1,AC129)))","v":0},{"$f":"(IF(ISNA(VLOOKUP(Y129,ltSchlepper,Maschinen!$P$6,FALSE))=TRUE,0,VLOOKUP(Y129,ltSchlepper,Maschinen!$P$6,FALSE)*AA129*IF(ISBLANK(AC129),1,AC129)))","v":0},{"$f":"SUM(BI129:BK129,BM129:BN129)","v":0},{"$f":"(IF(ISNA(VLOOKUP(AE129,ltSchlepper,Maschinen!$K$6,FALSE))=TRUE,0,VLOOKUP(AE129,ltSchlepper,Maschinen!$K$6,FALSE)*AG129))","v":0},{"$f":"(IF(ISNA(VLOOKUP(AE129,ltSchlepper,Maschinen!$L$6,FALSE))=TRUE,0,VLOOKUP(AE129,ltSchlepper,Maschinen!$L$6,FALSE)*AG129))","v":0},{"$f":"(IF(ISNA(VLOOKUP(AE129,ltSchlepper,Maschinen!$M$6,FALSE))=TRUE,0,VLOOKUP(AE129,ltSchlepper,Maschinen!$M$6,FALSE)*AG129))","v":0},{"$f":"(IF(ISNA(VLOOKUP(AE129,ltSchlepper,Maschinen!$N$6,FALSE))=TRUE,0,VLOOKUP(AE129,ltSchlepper,Maschinen!$N$6,FALSE)*AG129*IF(ISBLANK(AI129),1,AI129)))","v":0},{"$f":"(IF(ISNA(VLOOKUP(AE129,ltSchlepper,Maschinen!$O$6,FALSE))=TRUE,0,VLOOKUP(AE129,ltSchlepper,Maschinen!$O$6,FALSE)*AG129*IF(ISBLANK(AI129),1,AI129)))","v":0},{"$f":"(IF(ISNA(VLOOKUP(AE129,ltSchlepper,Maschinen!$P$6,FALSE))=TRUE,0,VLOOKUP(AE129,ltSchlepper,Maschinen!$P$6,FALSE)*AG129*IF(ISBLANK(AI129),1,AI129)))","v":0},{"$f":"SUM(BP129:BR129,BT129:BU129)","v":0},{"$f":"(IF(ISNA(VLOOKUP(AK129,ltSchlepper,Maschinen!$K$6,FALSE))=TRUE,0,VLOOKUP(AK129,ltSchlepper,Maschinen!$K$6,FALSE)*AM129))","v":0},{"$f":"(IF(ISNA(VLOOKUP(AK129,ltSchlepper,Maschinen!$L$6,FALSE))=TRUE,0,VLOOKUP(AK129,ltSchlepper,Maschinen!$L$6,FALSE)*AM129))","v":0},{"$f":"(IF(ISNA(VLOOKUP(AK129,ltSchlepper,Maschinen!$M$6,FALSE))=TRUE,0,VLOOKUP(AK129,ltSchlepper,Maschinen!$M$6,FALSE)*AM129))","v":0},{"$f":"(IF(ISNA(VLOOKUP(AK129,ltSchlepper,Maschinen!$N$6,FALSE))=TRUE,0,VLOOKUP(AK129,ltSchlepper,Maschinen!$N$6,FALSE)*AM129*IF(ISBLANK(AO129),1,AO129)))","v":0},{"$f":"(IF(ISNA(VLOOKUP(AK129,ltSchlepper,Maschinen!$O$6,FALSE))=TRUE,0,VLOOKUP(AK129,ltSchlepper,Maschinen!$O$6,FALSE)*AM129*IF(ISBLANK(AO129),1,AO129)))","v":0},{"$f":"(IF(ISNA(VLOOKUP(AK129,ltSchlepper,Maschinen!$P$6,FALSE))=TRUE,0,VLOOKUP(AK129,ltSchlepper,Maschinen!$P$6,FALSE)*AM129*IF(ISBLANK(AO129),1,AO129)))","v":0},{"$f":"SUM(BW129:BY129,CA129:CB129)","v":0},{"$f":"(IF(ISNA(VLOOKUP(AQ129,ltSchlepper,Maschinen!$K$6,FALSE))=TRUE,0,VLOOKUP(AQ129,ltSchlepper,Maschinen!$K$6,FALSE)*AS129))","v":0},{"$f":"(IF(ISNA(VLOOKUP(AQ129,ltSchlepper,Maschinen!$L$6,FALSE))=TRUE,0,VLOOKUP(AQ129,ltSchlepper,Maschinen!$L$6,FALSE)*AS129))","v":0},{"$f":"(IF(ISNA(VLOOKUP(AQ129,ltSchlepper,Maschinen!$M$6,FALSE))=TRUE,0,VLOOKUP(AQ129,ltSchlepper,Maschinen!$M$6,FALSE)*AS129))","v":0},{"$f":"(IF(ISNA(VLOOKUP(AQ129,ltSchlepper,Maschinen!$N$6,FALSE))=TRUE,0,VLOOKUP(AQ129,ltSchlepper,Maschinen!$N$6,FALSE)*AS129*IF(ISBLANK(AU129),1,AU129)))","v":0},{"$f":"(IF(ISNA(VLOOKUP(AQ129,ltSchlepper,Maschinen!$O$6,FALSE))=TRUE,0,VLOOKUP(AQ129,ltSchlepper,Maschinen!$O$6,FALSE)*AS129*IF(ISBLANK(AU129),1,AU129)))","v":0},{"$f":"(IF(ISNA(VLOOKUP(AQ129,ltSchlepper,Maschinen!$P$6,FALSE))=TRUE,0,VLOOKUP(AQ129,ltSchlepper,Maschinen!$P$6,FALSE)*AS129*IF(ISBLANK(AU129),1,AU129)))","v":0},{"$f":"SUM(CD129:CF129,CH129:CI129)","v":0},{"$f":"(IF(ISNA(VLOOKUP(Y129,ltSchlepper,Maschinen!$AA$6,FALSE))=TRUE,0,VLOOKUP(Y129,ltSchlepper,Maschinen!$AA$6,FALSE)*AA129))","v":0},{"$f":"(IF(ISNA(VLOOKUP(Y129,ltSchlepper,Maschinen!$AB$6,FALSE))=TRUE,0,VLOOKUP(Y129,ltSchlepper,Maschinen!$AB$6,FALSE)*AA129))","v":0},{"$f":"(IF(ISNA(VLOOKUP(Y129,ltSchlepper,Maschinen!$AC$6,FALSE))=TRUE,0,VLOOKUP(Y129,ltSchlepper,Maschinen!$AC$6,FALSE)*AA129))","v":0},{"$f":"SUM(CK129:CM129)","v":0},{"$f":"(IF(ISNA(VLOOKUP(AE129,ltSchlepper,Maschinen!$AA$6,FALSE))=TRUE,0,VLOOKUP(AE129,ltSchlepper,Maschinen!$AA$6,FALSE)*AG129))","v":0},{"$f":"(IF(ISNA(VLOOKUP(AE129,ltSchlepper,Maschinen!$AB$6,FALSE))=TRUE,0,VLOOKUP(AE129,ltSchlepper,Maschinen!$AB$6,FALSE)*AG129))","v":0},{"$f":"(IF(ISNA(VLOOKUP(AE129,ltSchlepper,Maschinen!$AC$6,FALSE))=TRUE,0,VLOOKUP(AE129,ltSchlepper,Maschinen!$AC$6,FALSE)*AG129))","v":0},{"$f":"SUM(CO129:CQ129)","v":0},{"$f":"(IF(ISNA(VLOOKUP(AK129,ltSchlepper,Maschinen!$AA$6,FALSE))=TRUE,0,VLOOKUP(AK129,ltSchlepper,Maschinen!$AA$6,FALSE)*AM129))","v":0},{"$f":"(IF(ISNA(VLOOKUP(AK129,ltSchlepper,Maschinen!$AB$6,FALSE))=TRUE,0,VLOOKUP(AK129,ltSchlepper,Maschinen!$AB$6,FALSE)*AM129))","v":0},{"$f":"(IF(ISNA(VLOOKUP(AK129,ltSchlepper,Maschinen!$AC$6,FALSE))=TRUE,0,VLOOKUP(AK129,ltSchlepper,Maschinen!$AC$6,FALSE)*AM129))","v":0},{"$f":"SUM(CS129:CU129)","v":0},{"$f":"(IF(ISNA(VLOOKUP(AQ129,ltSchlepper,Maschinen!$AA$6,FALSE))=TRUE,0,VLOOKUP(AQ129,ltSchlepper,Maschinen!$AA$6,FALSE)*AS129))","v":0},{"$f":"(IF(ISNA(VLOOKUP(AQ129,ltSchlepper,Maschinen!$AB$6,FALSE))=TRUE,0,VLOOKUP(AQ129,ltSchlepper,Maschinen!$AB$6,FALSE)*AS129))","v":0},{"$f":"(IF(ISNA(VLOOKUP(AQ129,ltSchlepper,Maschinen!$AC$6,FALSE))=TRUE,0,VLOOKUP(AQ129,ltSchlepper,Maschinen!$AC$6,FALSE)*AS129))","v":0},{"$f":"SUM(CW129:CY129)","v":0}]
[null,21714,null,null,null,null,null,null,0,0,0,0.1,0,0,null,null,0,0,0,0,0,0,0,null,null,"",null,"",null,0,null,"",null,"",null,0,null,"",null,"",null,0,null,"",null,"",null,0,0,0,0,0,0,0,0,0,0,0,0,0,{"$f":"(IF(ISNA(VLOOKUP(Y130,ltSchlepper,Maschinen!$K$6,FALSE))=TRUE,0,VLOOKUP(Y130,ltSchlepper,Maschinen!$K$6,FALSE)*AA130))","v":0},{"$f":"(IF(ISNA(VLOOKUP(Y130,ltSchlepper,Maschinen!$L$6,FALSE))=TRUE,0,VLOOKUP(Y130,ltSchlepper,Maschinen!$L$6,FALSE)*AA130))","v":0},{"$f":"(IF(ISNA(VLOOKUP(Y130,ltSchlepper,Maschinen!$M$6,FALSE))=TRUE,0,VLOOKUP(Y130,ltSchlepper,Maschinen!$M$6,FALSE)*AA130))","v":0},{"$f":"(IF(ISNA(VLOOKUP(Y130,ltSchlepper,Maschinen!$N$6,FALSE))=TRUE,0,VLOOKUP(Y130,ltSchlepper,Maschinen!$N$6,FALSE)*AA130*IF(ISBLANK(AC130),1,AC130)))","v":0},{"$f":"(IF(ISNA(VLOOKUP(Y130,ltSchlepper,Maschinen!$O$6,FALSE))=TRUE,0,VLOOKUP(Y130,ltSchlepper,Maschinen!$O$6,FALSE)*AA130*IF(ISBLANK(AC130),1,AC130)))","v":0},{"$f":"(IF(ISNA(VLOOKUP(Y130,ltSchlepper,Maschinen!$P$6,FALSE))=TRUE,0,VLOOKUP(Y130,ltSchlepper,Maschinen!$P$6,FALSE)*AA130*IF(ISBLANK(AC130),1,AC130)))","v":0},0,{"$f":"(IF(ISNA(VLOOKUP(AE130,ltSchlepper,Maschinen!$K$6,FALSE))=TRUE,0,VLOOKUP(AE130,ltSchlepper,Maschinen!$K$6,FALSE)*AG130))","v":0},{"$f":"(IF(ISNA(VLOOKUP(AE130,ltSchlepper,Maschinen!$L$6,FALSE))=TRUE,0,VLOOKUP(AE130,ltSchlepper,Maschinen!$L$6,FALSE)*AG130))","v":0},{"$f":"(IF(ISNA(VLOOKUP(AE130,ltSchlepper,Maschinen!$M$6,FALSE))=TRUE,0,VLOOKUP(AE130,ltSchlepper,Maschinen!$M$6,FALSE)*AG130))","v":0},{"$f":"(IF(ISNA(VLOOKUP(AE130,ltSchlepper,Maschinen!$N$6,FALSE))=TRUE,0,VLOOKUP(AE130,ltSchlepper,Maschinen!$N$6,FALSE)*AG130*IF(ISBLANK(AI130),1,AI130)))","v":0},{"$f":"(IF(ISNA(VLOOKUP(AE130,ltSchlepper,Maschinen!$O$6,FALSE))=TRUE,0,VLOOKUP(AE130,ltSchlepper,Maschinen!$O$6,FALSE)*AG130*IF(ISBLANK(AI130),1,AI130)))","v":0},{"$f":"(IF(ISNA(VLOOKUP(AE130,ltSchlepper,Maschinen!$P$6,FALSE))=TRUE,0,VLOOKUP(AE130,ltSchlepper,Maschinen!$P$6,FALSE)*AG130*IF(ISBLANK(AI130),1,AI130)))","v":0},0,{"$f":"(IF(ISNA(VLOOKUP(AK130,ltSchlepper,Maschinen!$K$6,FALSE))=TRUE,0,VLOOKUP(AK130,ltSchlepper,Maschinen!$K$6,FALSE)*AM130))","v":0},{"$f":"(IF(ISNA(VLOOKUP(AK130,ltSchlepper,Maschinen!$L$6,FALSE))=TRUE,0,VLOOKUP(AK130,ltSchlepper,Maschinen!$L$6,FALSE)*AM130))","v":0},{"$f":"(IF(ISNA(VLOOKUP(AK130,ltSchlepper,Maschinen!$M$6,FALSE))=TRUE,0,VLOOKUP(AK130,ltSchlepper,Maschinen!$M$6,FALSE)*AM130))","v":0},{"$f":"(IF(ISNA(VLOOKUP(AK130,ltSchlepper,Maschinen!$N$6,FALSE))=TRUE,0,VLOOKUP(AK130,ltSchlepper,Maschinen!$N$6,FALSE)*AM130*IF(ISBLANK(AO130),1,AO130)))","v":0},{"$f":"(IF(ISNA(VLOOKUP(AK130,ltSchlepper,Maschinen!$O$6,FALSE))=TRUE,0,VLOOKUP(AK130,ltSchlepper,Maschinen!$O$6,FALSE)*AM130*IF(ISBLANK(AO130),1,AO130)))","v":0},{"$f":"(IF(ISNA(VLOOKUP(AK130,ltSchlepper,Maschinen!$P$6,FALSE))=TRUE,0,VLOOKUP(AK130,ltSchlepper,Maschinen!$P$6,FALSE)*AM130*IF(ISBLANK(AO130),1,AO130)))","v":0},0,{"$f":"(IF(ISNA(VLOOKUP(AQ130,ltSchlepper,Maschinen!$K$6,FALSE))=TRUE,0,VLOOKUP(AQ130,ltSchlepper,Maschinen!$K$6,FALSE)*AS130))","v":0},{"$f":"(IF(ISNA(VLOOKUP(AQ130,ltSchlepper,Maschinen!$L$6,FALSE))=TRUE,0,VLOOKUP(AQ130,ltSchlepper,Maschinen!$L$6,FALSE)*AS130))","v":0},{"$f":"(IF(ISNA(VLOOKUP(AQ130,ltSchlepper,Maschinen!$M$6,FALSE))=TRUE,0,VLOOKUP(AQ130,ltSchlepper,Maschinen!$M$6,FALSE)*AS130))","v":0},{"$f":"(IF(ISNA(VLOOKUP(AQ130,ltSchlepper,Maschinen!$N$6,FALSE))=TRUE,0,VLOOKUP(AQ130,ltSchlepper,Maschinen!$N$6,FALSE)*AS130*IF(ISBLANK(AU130),1,AU130)))","v":0},{"$f":"(IF(ISNA(VLOOKUP(AQ130,ltSchlepper,Maschinen!$O$6,FALSE))=TRUE,0,VLOOKUP(AQ130,ltSchlepper,Maschinen!$O$6,FALSE)*AS130*IF(ISBLANK(AU130),1,AU130)))","v":0},{"$f":"(IF(ISNA(VLOOKUP(AQ130,ltSchlepper,Maschinen!$P$6,FALSE))=TRUE,0,VLOOKUP(AQ130,ltSchlepper,Maschinen!$P$6,FALSE)*AS130*IF(ISBLANK(AU130),1,AU130)))","v":0},0,{"$f":"(IF(ISNA(VLOOKUP(Y130,ltSchlepper,Maschinen!$AA$6,FALSE))=TRUE,0,VLOOKUP(Y130,ltSchlepper,Maschinen!$AA$6,FALSE)*AA130))","v":0},{"$f":"(IF(ISNA(VLOOKUP(Y130,ltSchlepper,Maschinen!$AB$6,FALSE))=TRUE,0,VLOOKUP(Y130,ltSchlepper,Maschinen!$AB$6,FALSE)*AA130))","v":0},{"$f":"(IF(ISNA(VLOOKUP(Y130,ltSchlepper,Maschinen!$AC$6,FALSE))=TRUE,0,VLOOKUP(Y130,ltSchlepper,Maschinen!$AC$6,FALSE)*AA130))","v":0},0,{"$f":"(IF(ISNA(VLOOKUP(AE130,ltSchlepper,Maschinen!$AA$6,FALSE))=TRUE,0,VLOOKUP(AE130,ltSchlepper,Maschinen!$AA$6,FALSE)*AG130))","v":0},{"$f":"(IF(ISNA(VLOOKUP(AE130,ltSchlepper,Maschinen!$AB$6,FALSE))=TRUE,0,VLOOKUP(AE130,ltSchlepper,Maschinen!$AB$6,FALSE)*AG130))","v":0},{"$f":"(IF(ISNA(VLOOKUP(AE130,ltSchlepper,Maschinen!$AC$6,FALSE))=TRUE,0,VLOOKUP(AE130,ltSchlepper,Maschinen!$AC$6,FALSE)*AG130))","v":0},0,{"$f":"(IF(ISNA(VLOOKUP(AK130,ltSchlepper,Maschinen!$AA$6,FALSE))=TRUE,0,VLOOKUP(AK130,ltSchlepper,Maschinen!$AA$6,FALSE)*AM130))","v":0},{"$f":"(IF(ISNA(VLOOKUP(AK130,ltSchlepper,Maschinen!$AB$6,FALSE))=TRUE,0,VLOOKUP(AK130,ltSchlepper,Maschinen!$AB$6,FALSE)*AM130))","v":0},{"$f":"(IF(ISNA(VLOOKUP(AK130,ltSchlepper,Maschinen!$AC$6,FALSE))=TRUE,0,VLOOKUP(AK130,ltSchlepper,Maschinen!$AC$6,FALSE)*AM130))","v":0},0,{"$f":"(IF(ISNA(VLOOKUP(AQ130,ltSchlepper,Maschinen!$AA$6,FALSE))=TRUE,0,VLOOKUP(AQ130,ltSchlepper,Maschinen!$AA$6,FALSE)*AS130))","v":0},{"$f":"(IF(ISNA(VLOOKUP(AQ130,ltSchlepper,Maschinen!$AB$6,FALSE))=TRUE,0,VLOOKUP(AQ130,ltSchlepper,Maschinen!$AB$6,FALSE)*AS130))","v":0},{"$f":"(IF(ISNA(VLOOKUP(AQ130,ltSchlepper,Maschinen!$AC$6,FALSE))=TRUE,0,VLOOKUP(AQ130,ltSchlepper,Maschinen!$AC$6,FALSE)*AS130))","v":0},0]
[null,21726,null,null,null,null,null,null,{"$f":"BC131","v":0},{"$f":"H131+I131","v":0},{"$f":"F131+G131-J131","v":0},0.1,{"$f":"(H131+I131)*L131","v":0},{"$f":"M131*Interest","v":0},null,null,{"$f":"O131+P131","v":0},{"$f":"Q131*Lohnanspruch","v":0},{"$f":"J131+N131+R131","v":0},{"$f":"K131-N131-R131","v":0},{"$f":"BG131","v":0},{"$f":"H131+I131+N131+R131+U131","v":0},{"$f":"T131-U131","v":0},null,null,{"$f":"IF(ISNA(VLOOKUP(Y131,ltSchlepper,2,FALSE))=TRUE,\"\",VLOOKUP(Y131,ltSchlepper,2,FALSE))","v":""},null,{"$f":"IF(ISNA(VLOOKUP(Y131,ltSchlepper,3,FALSE))=TRUE,\"\",VLOOKUP(Y131,ltSchlepper,3,FALSE))","v":""},null,{"$f":"IF(ISNA(VLOOKUP(Y131,ltSchlepper,SchKraftstoffVerb,FALSE))=TRUE,0,VLOOKUP(Y131,ltSchlepper,SchKraftstoffVerb,FALSE)*IF(ISBLANK(AC131),1,AC131)*AA131)","v":0},null,{"$f":"IF(ISNA(VLOOKUP(AE131,ltSchlepper,2,FALSE))=TRUE,\"\",VLOOKUP(AE131,ltSchlepper,2,FALSE))","v":""},null,{"$f":"IF(ISNA(VLOOKUP(AE131,ltSchlepper,3,FALSE))=TRUE,\"\",VLOOKUP(AE131,ltSchlepper,3,FALSE))","v":""},null,{"$f":"IF(ISNA(VLOOKUP(AE131,ltSchlepper,SchKraftstoffVerb,FALSE))=TRUE,0,VLOOKUP(AE131,ltSchlepper,SchKraftstoffVerb,FALSE)*IF(ISBLANK(AI131),1,AI131)*AG131)","v":0},null,{"$f":"IF(ISNA(VLOOKUP(AK131,ltSchlepper,2,FALSE))=TRUE,\"\",VLOOKUP(AK131,ltSchlepper,2,FALSE))","v":""},null,{"$f":"IF(ISNA(VLOOKUP(AK131,ltSchlepper,3,FALSE))=TRUE,\"\",VLOOKUP(AK131,ltSchlepper,3,FALSE))","v":""},null,{"$f":"IF(ISNA(VLOOKUP(AK131,ltSchlepper,SchKraftstoffVerb,FALSE))=TRUE,0,VLOOKUP(AK131,ltSchlepper,SchKraftstoffVerb,FALSE)*IF(ISBLANK(AO131),1,AO131)*AM131)","v":0},null,{"$f":"IF(ISNA(VLOOKUP(AQ131,ltSchlepper,2,FALSE))=TRUE,\"\",VLOOKUP(AQ131,ltSchlepper,2,FALSE))","v":""},null,{"$f":"IF(ISNA(VLOOKUP(AQ131,ltSchlepper,3,FALSE))=TRUE,\"\",VLOOKUP(AQ131,ltSchlepper,3,FALSE))","v":""},null,{"$f":"IF(ISNA(VLOOKUP(AQ131,ltSchlepper,SchKraftstoffVerb,FALSE))=TRUE,0,VLOOKUP(AQ131,ltSchlepper,SchKraftstoffVerb,FALSE)*IF(ISBLANK(AU131),1,AU131)*AS131)","v":0},{"$f":"BL131+BS131+BZ131+CG131","v":0},{"$f":"BI131+BP131+BW131+CD131","v":0},{"$f":"BJ131+BQ131+BX131+CE131","v":0},{"$f":"BK131+BR131+BY131+CF131","v":0},{"$f":"BM131+BT131+CA131+CH131","v":0},{"$f":"BN131+BU131+CB131+CI131","v":0},{"$f":"SUM(AX131:AZ131,BA131:BB131)","v":0},{"$f":"CK131+CO131+CS131+CW131","v":0},{"$f":"CL131+CP131+CT131+CX131","v":0},{"$f":"CM131+CQ131+CU131+CY131","v":0},{"$f":"CN131+CR131+CV131+CZ131","v":0},{"$f":"BG131+BC131","v":0},{"$f":"(IF(ISNA(VLOOKUP(Y131,ltSchlepper,Maschinen!$K$6,FALSE))=TRUE,0,VLOOKUP(Y131,ltSchlepper,Maschinen!$K$6,FALSE)*AA131))","v":0},{"$f":"(IF(ISNA(VLOOKUP(Y131,ltSchlepper,Maschinen!$L$6,FALSE))=TRUE,0,VLOOKUP(Y131,ltSchlepper,Maschinen!$L$6,FALSE)*AA131))","v":0},{"$f":"(IF(ISNA(VLOOKUP(Y131,ltSchlepper,Maschinen!$M$6,FALSE))=TRUE,0,VLOOKUP(Y131,ltSchlepper,Maschinen!$M$6,FALSE)*AA131))","v":0},{"$f":"(IF(ISNA(VLOOKUP(Y131,ltSchlepper,Maschinen!$N$6,FALSE))=TRUE,0,VLOOKUP(Y131,ltSchlepper,Maschinen!$N$6,FALSE)*AA131*IF(ISBLANK(AC131),1,AC131)))","v":0},{"$f":"(IF(ISNA(VLOOKUP(Y131,ltSchlepper,Maschinen!$O$6,FALSE))=TRUE,0,VLOOKUP(Y131,ltSchlepper,Maschinen!$O$6,FALSE)*AA131*IF(ISBLANK(AC131),1,AC131)))","v":0},{"$f":"(IF(ISNA(VLOOKUP(Y131,ltSchlepper,Maschinen!$P$6,FALSE))=TRUE,0,VLOOKUP(Y131,ltSchlepper,Maschinen!$P$6,FALSE)*AA131*IF(ISBLANK(AC131),1,AC131)))","v":0},{"$f":"SUM(BI131:BK131,BM131:BN131)","v":0},{"$f":"(IF(ISNA(VLOOKUP(AE131,ltSchlepper,Maschinen!$K$6,FALSE))=TRUE,0,VLOOKUP(AE131,ltSchlepper,Maschinen!$K$6,FALSE)*AG131))","v":0},{"$f":"(IF(ISNA(VLOOKUP(AE131,ltSchlepper,Maschinen!$L$6,FALSE))=TRUE,0,VLOOKUP(AE131,ltSchlepper,Maschinen!$L$6,FALSE)*AG131))","v":0},{"$f":"(IF(ISNA(VLOOKUP(AE131,ltSchlepper,Maschinen!$M$6,FALSE))=TRUE,0,VLOOKUP(AE131,ltSchlepper,Maschinen!$M$6,FALSE)*AG131))","v":0},{"$f":"(IF(ISNA(VLOOKUP(AE131,ltSchlepper,Maschinen!$N$6,FALSE))=TRUE,0,VLOOKUP(AE131,ltSchlepper,Maschinen!$N$6,FALSE)*AG131*IF(ISBLANK(AI131),1,AI131)))","v":0},{"$f":"(IF(ISNA(VLOOKUP(AE131,ltSchlepper,Maschinen!$O$6,FALSE))=TRUE,0,VLOOKUP(AE131,ltSchlepper,Maschinen!$O$6,FALSE)*AG131*IF(ISBLANK(AI131),1,AI131)))","v":0},{"$f":"(IF(ISNA(VLOOKUP(AE131,ltSchlepper,Maschinen!$P$6,FALSE))=TRUE,0,VLOOKUP(AE131,ltSchlepper,Maschinen!$P$6,FALSE)*AG131*IF(ISBLANK(AI131),1,AI131)))","v":0},{"$f":"SUM(BP131:BR131,BT131:BU131)","v":0},{"$f":"(IF(ISNA(VLOOKUP(AK131,ltSchlepper,Maschinen!$K$6,FALSE))=TRUE,0,VLOOKUP(AK131,ltSchlepper,Maschinen!$K$6,FALSE)*AM131))","v":0},{"$f":"(IF(ISNA(VLOOKUP(AK131,ltSchlepper,Maschinen!$L$6,FALSE))=TRUE,0,VLOOKUP(AK131,ltSchlepper,Maschinen!$L$6,FALSE)*AM131))","v":0},{"$f":"(IF(ISNA(VLOOKUP(AK131,ltSchlepper,Maschinen!$M$6,FALSE))=TRUE,0,VLOOKUP(AK131,ltSchlepper,Maschinen!$M$6,FALSE)*AM131))","v":0},{"$f":"(IF(ISNA(VLOOKUP(AK131,ltSchlepper,Maschinen!$N$6,FALSE))=TRUE,0,VLOOKUP(AK131,ltSchlepper,Maschinen!$N$6,FALSE)*AM131*IF(ISBLANK(AO131),1,AO131)))","v":0},{"$f":"(IF(ISNA(VLOOKUP(AK131,ltSchlepper,Maschinen!$O$6,FALSE))=TRUE,0,VLOOKUP(AK131,ltSchlepper,Maschinen!$O$6,FALSE)*AM131*IF(ISBLANK(AO131),1,AO131)))","v":0},{"$f":"(IF(ISNA(VLOOKUP(AK131,ltSchlepper,Maschinen!$P$6,FALSE))=TRUE,0,VLOOKUP(AK131,ltSchlepper,Maschinen!$P$6,FALSE)*AM131*IF(ISBLANK(AO131),1,AO131)))","v":0},{"$f":"SUM(BW131:BY131,CA131:CB131)","v":0},{"$f":"(IF(ISNA(VLOOKUP(AQ131,ltSchlepper,Maschinen!$K$6,FALSE))=TRUE,0,VLOOKUP(AQ131,ltSchlepper,Maschinen!$K$6,FALSE)*AS131))","v":0},{"$f":"(IF(ISNA(VLOOKUP(AQ131,ltSchlepper,Maschinen!$L$6,FALSE))=TRUE,0,VLOOKUP(AQ131,ltSchlepper,Maschinen!$L$6,FALSE)*AS131))","v":0},{"$f":"(IF(ISNA(VLOOKUP(AQ131,ltSchlepper,Maschinen!$M$6,FALSE))=TRUE,0,VLOOKUP(AQ131,ltSchlepper,Maschinen!$M$6,FALSE)*AS131))","v":0},{"$f":"(IF(ISNA(VLOOKUP(AQ131,ltSchlepper,Maschinen!$N$6,FALSE))=TRUE,0,VLOOKUP(AQ131,ltSchlepper,Maschinen!$N$6,FALSE)*AS131*IF(ISBLANK(AU131),1,AU131)))","v":0},{"$f":"(IF(ISNA(VLOOKUP(AQ131,ltSchlepper,Maschinen!$O$6,FALSE))=TRUE,0,VLOOKUP(AQ131,ltSchlepper,Maschinen!$O$6,FALSE)*AS131*IF(ISBLANK(AU131),1,AU131)))","v":0},{"$f":"(IF(ISNA(VLOOKUP(AQ131,ltSchlepper,Maschinen!$P$6,FALSE))=TRUE,0,VLOOKUP(AQ131,ltSchlepper,Maschinen!$P$6,FALSE)*AS131*IF(ISBLANK(AU131),1,AU131)))","v":0},{"$f":"SUM(CD131:CF131,CH131:CI131)","v":0},{"$f":"(IF(ISNA(VLOOKUP(Y131,ltSchlepper,Maschinen!$AA$6,FALSE))=TRUE,0,VLOOKUP(Y131,ltSchlepper,Maschinen!$AA$6,FALSE)*AA131))","v":0},{"$f":"(IF(ISNA(VLOOKUP(Y131,ltSchlepper,Maschinen!$AB$6,FALSE))=TRUE,0,VLOOKUP(Y131,ltSchlepper,Maschinen!$AB$6,FALSE)*AA131))","v":0},{"$f":"(IF(ISNA(VLOOKUP(Y131,ltSchlepper,Maschinen!$AC$6,FALSE))=TRUE,0,VLOOKUP(Y131,ltSchlepper,Maschinen!$AC$6,FALSE)*AA131))","v":0},{"$f":"SUM(CK131:CM131)","v":0},{"$f":"(IF(ISNA(VLOOKUP(AE131,ltSchlepper,Maschinen!$AA$6,FALSE))=TRUE,0,VLOOKUP(AE131,ltSchlepper,Maschinen!$AA$6,FALSE)*AG131))","v":0},{"$f":"(IF(ISNA(VLOOKUP(AE131,ltSchlepper,Maschinen!$AB$6,FALSE))=TRUE,0,VLOOKUP(AE131,ltSchlepper,Maschinen!$AB$6,FALSE)*AG131))","v":0},{"$f":"(IF(ISNA(VLOOKUP(AE131,ltSchlepper,Maschinen!$AC$6,FALSE))=TRUE,0,VLOOKUP(AE131,ltSchlepper,Maschinen!$AC$6,FALSE)*AG131))","v":0},{"$f":"SUM(CO131:CQ131)","v":0},{"$f":"(IF(ISNA(VLOOKUP(AK131,ltSchlepper,Maschinen!$AA$6,FALSE))=TRUE,0,VLOOKUP(AK131,ltSchlepper,Maschinen!$AA$6,FALSE)*AM131))","v":0},{"$f":"(IF(ISNA(VLOOKUP(AK131,ltSchlepper,Maschinen!$AB$6,FALSE))=TRUE,0,VLOOKUP(AK131,ltSchlepper,Maschinen!$AB$6,FALSE)*AM131))","v":0},{"$f":"(IF(ISNA(VLOOKUP(AK131,ltSchlepper,Maschinen!$AC$6,FALSE))=TRUE,0,VLOOKUP(AK131,ltSchlepper,Maschinen!$AC$6,FALSE)*AM131))","v":0},{"$f":"SUM(CS131:CU131)","v":0},{"$f":"(IF(ISNA(VLOOKUP(AQ131,ltSchlepper,Maschinen!$AA$6,FALSE))=TRUE,0,VLOOKUP(AQ131,ltSchlepper,Maschinen!$AA$6,FALSE)*AS131))","v":0},{"$f":"(IF(ISNA(VLOOKUP(AQ131,ltSchlepper,Maschinen!$AB$6,FALSE))=TRUE,0,VLOOKUP(AQ131,ltSchlepper,Maschinen!$AB$6,FALSE)*AS131))","v":0},{"$f":"(IF(ISNA(VLOOKUP(AQ131,ltSchlepper,Maschinen!$AC$6,FALSE))=TRUE,0,VLOOKUP(AQ131,ltSchlepper,Maschinen!$AC$6,FALSE)*AS131))","v":0},{"$f":"SUM(CW131:CY131)","v":0}]
[null,21715,null,null,null,null,null,null,0,0,0,0.1,0,0,null,null,0,0,0,0,0,0,0,null,null,"",null,"",null,0,null,"",null,"",null,0,null,"",null,"",null,0,null,"",null,"",null,0,0,0,0,0,0,0,0,0,0,0,0,0,{"$f":"(IF(ISNA(VLOOKUP(Y132,ltSchlepper,Maschinen!$K$6,FALSE))=TRUE,0,VLOOKUP(Y132,ltSchlepper,Maschinen!$K$6,FALSE)*AA132))","v":0},{"$f":"(IF(ISNA(VLOOKUP(Y132,ltSchlepper,Maschinen!$L$6,FALSE))=TRUE,0,VLOOKUP(Y132,ltSchlepper,Maschinen!$L$6,FALSE)*AA132))","v":0},{"$f":"(IF(ISNA(VLOOKUP(Y132,ltSchlepper,Maschinen!$M$6,FALSE))=TRUE,0,VLOOKUP(Y132,ltSchlepper,Maschinen!$M$6,FALSE)*AA132))","v":0},{"$f":"(IF(ISNA(VLOOKUP(Y132,ltSchlepper,Maschinen!$N$6,FALSE))=TRUE,0,VLOOKUP(Y132,ltSchlepper,Maschinen!$N$6,FALSE)*AA132*IF(ISBLANK(AC132),1,AC132)))","v":0},{"$f":"(IF(ISNA(VLOOKUP(Y132,ltSchlepper,Maschinen!$O$6,FALSE))=TRUE,0,VLOOKUP(Y132,ltSchlepper,Maschinen!$O$6,FALSE)*AA132*IF(ISBLANK(AC132),1,AC132)))","v":0},{"$f":"(IF(ISNA(VLOOKUP(Y132,ltSchlepper,Maschinen!$P$6,FALSE))=TRUE,0,VLOOKUP(Y132,ltSchlepper,Maschinen!$P$6,FALSE)*AA132*IF(ISBLANK(AC132),1,AC132)))","v":0},0,{"$f":"(IF(ISNA(VLOOKUP(AE132,ltSchlepper,Maschinen!$K$6,FALSE))=TRUE,0,VLOOKUP(AE132,ltSchlepper,Maschinen!$K$6,FALSE)*AG132))","v":0},{"$f":"(IF(ISNA(VLOOKUP(AE132,ltSchlepper,Maschinen!$L$6,FALSE))=TRUE,0,VLOOKUP(AE132,ltSchlepper,Maschinen!$L$6,FALSE)*AG132))","v":0},{"$f":"(IF(ISNA(VLOOKUP(AE132,ltSchlepper,Maschinen!$M$6,FALSE))=TRUE,0,VLOOKUP(AE132,ltSchlepper,Maschinen!$M$6,FALSE)*AG132))","v":0},{"$f":"(IF(ISNA(VLOOKUP(AE132,ltSchlepper,Maschinen!$N$6,FALSE))=TRUE,0,VLOOKUP(AE132,ltSchlepper,Maschinen!$N$6,FALSE)*AG132*IF(ISBLANK(AI132),1,AI132)))","v":0},{"$f":"(IF(ISNA(VLOOKUP(AE132,ltSchlepper,Maschinen!$O$6,FALSE))=TRUE,0,VLOOKUP(AE132,ltSchlepper,Maschinen!$O$6,FALSE)*AG132*IF(ISBLANK(AI132),1,AI132)))","v":0},{"$f":"(IF(ISNA(VLOOKUP(AE132,ltSchlepper,Maschinen!$P$6,FALSE))=TRUE,0,VLOOKUP(AE132,ltSchlepper,Maschinen!$P$6,FALSE)*AG132*IF(ISBLANK(AI132),1,AI132)))","v":0},0,{"$f":"(IF(ISNA(VLOOKUP(AK132,ltSchlepper,Maschinen!$K$6,FALSE))=TRUE,0,VLOOKUP(AK132,ltSchlepper,Maschinen!$K$6,FALSE)*AM132))","v":0},{"$f":"(IF(ISNA(VLOOKUP(AK132,ltSchlepper,Maschinen!$L$6,FALSE))=TRUE,0,VLOOKUP(AK132,ltSchlepper,Maschinen!$L$6,FALSE)*AM132))","v":0},{"$f":"(IF(ISNA(VLOOKUP(AK132,ltSchlepper,Maschinen!$M$6,FALSE))=TRUE,0,VLOOKUP(AK132,ltSchlepper,Maschinen!$M$6,FALSE)*AM132))","v":0},{"$f":"(IF(ISNA(VLOOKUP(AK132,ltSchlepper,Maschinen!$N$6,FALSE))=TRUE,0,VLOOKUP(AK132,ltSchlepper,Maschinen!$N$6,FALSE)*AM132*IF(ISBLANK(AO132),1,AO132)))","v":0},{"$f":"(IF(ISNA(VLOOKUP(AK132,ltSchlepper,Maschinen!$O$6,FALSE))=TRUE,0,VLOOKUP(AK132,ltSchlepper,Maschinen!$O$6,FALSE)*AM132*IF(ISBLANK(AO132),1,AO132)))","v":0},{"$f":"(IF(ISNA(VLOOKUP(AK132,ltSchlepper,Maschinen!$P$6,FALSE))=TRUE,0,VLOOKUP(AK132,ltSchlepper,Maschinen!$P$6,FALSE)*AM132*IF(ISBLANK(AO132),1,AO132)))","v":0},0,{"$f":"(IF(ISNA(VLOOKUP(AQ132,ltSchlepper,Maschinen!$K$6,FALSE))=TRUE,0,VLOOKUP(AQ132,ltSchlepper,Maschinen!$K$6,FALSE)*AS132))","v":0},{"$f":"(IF(ISNA(VLOOKUP(AQ132,ltSchlepper,Maschinen!$L$6,FALSE))=TRUE,0,VLOOKUP(AQ132,ltSchlepper,Maschinen!$L$6,FALSE)*AS132))","v":0},{"$f":"(IF(ISNA(VLOOKUP(AQ132,ltSchlepper,Maschinen!$M$6,FALSE))=TRUE,0,VLOOKUP(AQ132,ltSchlepper,Maschinen!$M$6,FALSE)*AS132))","v":0},{"$f":"(IF(ISNA(VLOOKUP(AQ132,ltSchlepper,Maschinen!$N$6,FALSE))=TRUE,0,VLOOKUP(AQ132,ltSchlepper,Maschinen!$N$6,FALSE)*AS132*IF(ISBLANK(AU132),1,AU132)))","v":0},{"$f":"(IF(ISNA(VLOOKUP(AQ132,ltSchlepper,Maschinen!$O$6,FALSE))=TRUE,0,VLOOKUP(AQ132,ltSchlepper,Maschinen!$O$6,FALSE)*AS132*IF(ISBLANK(AU132),1,AU132)))","v":0},{"$f":"(IF(ISNA(VLOOKUP(AQ132,ltSchlepper,Maschinen!$P$6,FALSE))=TRUE,0,VLOOKUP(AQ132,ltSchlepper,Maschinen!$P$6,FALSE)*AS132*IF(ISBLANK(AU132),1,AU132)))","v":0},0,{"$f":"(IF(ISNA(VLOOKUP(Y132,ltSchlepper,Maschinen!$AA$6,FALSE))=TRUE,0,VLOOKUP(Y132,ltSchlepper,Maschinen!$AA$6,FALSE)*AA132))","v":0},{"$f":"(IF(ISNA(VLOOKUP(Y132,ltSchlepper,Maschinen!$AB$6,FALSE))=TRUE,0,VLOOKUP(Y132,ltSchlepper,Maschinen!$AB$6,FALSE)*AA132))","v":0},{"$f":"(IF(ISNA(VLOOKUP(Y132,ltSchlepper,Maschinen!$AC$6,FALSE))=TRUE,0,VLOOKUP(Y132,ltSchlepper,Maschinen!$AC$6,FALSE)*AA132))","v":0},0,{"$f":"(IF(ISNA(VLOOKUP(AE132,ltSchlepper,Maschinen!$AA$6,FALSE))=TRUE,0,VLOOKUP(AE132,ltSchlepper,Maschinen!$AA$6,FALSE)*AG132))","v":0},{"$f":"(IF(ISNA(VLOOKUP(AE132,ltSchlepper,Maschinen!$AB$6,FALSE))=TRUE,0,VLOOKUP(AE132,ltSchlepper,Maschinen!$AB$6,FALSE)*AG132))","v":0},{"$f":"(IF(ISNA(VLOOKUP(AE132,ltSchlepper,Maschinen!$AC$6,FALSE))=TRUE,0,VLOOKUP(AE132,ltSchlepper,Maschinen!$AC$6,FALSE)*AG132))","v":0},0,{"$f":"(IF(ISNA(VLOOKUP(AK132,ltSchlepper,Maschinen!$AA$6,FALSE))=TRUE,0,VLOOKUP(AK132,ltSchlepper,Maschinen!$AA$6,FALSE)*AM132))","v":0},{"$f":"(IF(ISNA(VLOOKUP(AK132,ltSchlepper,Maschinen!$AB$6,FALSE))=TRUE,0,VLOOKUP(AK132,ltSchlepper,Maschinen!$AB$6,FALSE)*AM132))","v":0},{"$f":"(IF(ISNA(VLOOKUP(AK132,ltSchlepper,Maschinen!$AC$6,FALSE))=TRUE,0,VLOOKUP(AK132,ltSchlepper,Maschinen!$AC$6,FALSE)*AM132))","v":0},0,{"$f":"(IF(ISNA(VLOOKUP(AQ132,ltSchlepper,Maschinen!$AA$6,FALSE))=TRUE,0,VLOOKUP(AQ132,ltSchlepper,Maschinen!$AA$6,FALSE)*AS132))","v":0},{"$f":"(IF(ISNA(VLOOKUP(AQ132,ltSchlepper,Maschinen!$AB$6,FALSE))=TRUE,0,VLOOKUP(AQ132,ltSchlepper,Maschinen!$AB$6,FALSE)*AS132))","v":0},{"$f":"(IF(ISNA(VLOOKUP(AQ132,ltSchlepper,Maschinen!$AC$6,FALSE))=TRUE,0,VLOOKUP(AQ132,ltSchlepper,Maschinen!$AC$6,FALSE)*AS132))","v":0},0]
[null,21716,null,null,null,null,null,null,0,0,0,0.1,0,0,null,null,0,0,0,0,0,0,0,null,null,"",null,"",null,0,null,"",null,"",null,0,null,"",null,"",null,0,null,"",null,"",null,0,0,0,0,0,0,0,0,0,0,0,0,0,{"$f":"(IF(ISNA(VLOOKUP(Y133,ltSchlepper,Maschinen!$K$6,FALSE))=TRUE,0,VLOOKUP(Y133,ltSchlepper,Maschinen!$K$6,FALSE)*AA133))","v":0},{"$f":"(IF(ISNA(VLOOKUP(Y133,ltSchlepper,Maschinen!$L$6,FALSE))=TRUE,0,VLOOKUP(Y133,ltSchlepper,Maschinen!$L$6,FALSE)*AA133))","v":0},{"$f":"(IF(ISNA(VLOOKUP(Y133,ltSchlepper,Maschinen!$M$6,FALSE))=TRUE,0,VLOOKUP(Y133,ltSchlepper,Maschinen!$M$6,FALSE)*AA133))","v":0},{"$f":"(IF(ISNA(VLOOKUP(Y133,ltSchlepper,Maschinen!$N$6,FALSE))=TRUE,0,VLOOKUP(Y133,ltSchlepper,Maschinen!$N$6,FALSE)*AA133*IF(ISBLANK(AC133),1,AC133)))","v":0},{"$f":"(IF(ISNA(VLOOKUP(Y133,ltSchlepper,Maschinen!$O$6,FALSE))=TRUE,0,VLOOKUP(Y133,ltSchlepper,Maschinen!$O$6,FALSE)*AA133*IF(ISBLANK(AC133),1,AC133)))","v":0},{"$f":"(IF(ISNA(VLOOKUP(Y133,ltSchlepper,Maschinen!$P$6,FALSE))=TRUE,0,VLOOKUP(Y133,ltSchlepper,Maschinen!$P$6,FALSE)*AA133*IF(ISBLANK(AC133),1,AC133)))","v":0},0,{"$f":"(IF(ISNA(VLOOKUP(AE133,ltSchlepper,Maschinen!$K$6,FALSE))=TRUE,0,VLOOKUP(AE133,ltSchlepper,Maschinen!$K$6,FALSE)*AG133))","v":0},{"$f":"(IF(ISNA(VLOOKUP(AE133,ltSchlepper,Maschinen!$L$6,FALSE))=TRUE,0,VLOOKUP(AE133,ltSchlepper,Maschinen!$L$6,FALSE)*AG133))","v":0},{"$f":"(IF(ISNA(VLOOKUP(AE133,ltSchlepper,Maschinen!$M$6,FALSE))=TRUE,0,VLOOKUP(AE133,ltSchlepper,Maschinen!$M$6,FALSE)*AG133))","v":0},{"$f":"(IF(ISNA(VLOOKUP(AE133,ltSchlepper,Maschinen!$N$6,FALSE))=TRUE,0,VLOOKUP(AE133,ltSchlepper,Maschinen!$N$6,FALSE)*AG133*IF(ISBLANK(AI133),1,AI133)))","v":0},{"$f":"(IF(ISNA(VLOOKUP(AE133,ltSchlepper,Maschinen!$O$6,FALSE))=TRUE,0,VLOOKUP(AE133,ltSchlepper,Maschinen!$O$6,FALSE)*AG133*IF(ISBLANK(AI133),1,AI133)))","v":0},{"$f":"(IF(ISNA(VLOOKUP(AE133,ltSchlepper,Maschinen!$P$6,FALSE))=TRUE,0,VLOOKUP(AE133,ltSchlepper,Maschinen!$P$6,FALSE)*AG133*IF(ISBLANK(AI133),1,AI133)))","v":0},0,{"$f":"(IF(ISNA(VLOOKUP(AK133,ltSchlepper,Maschinen!$K$6,FALSE))=TRUE,0,VLOOKUP(AK133,ltSchlepper,Maschinen!$K$6,FALSE)*AM133))","v":0},{"$f":"(IF(ISNA(VLOOKUP(AK133,ltSchlepper,Maschinen!$L$6,FALSE))=TRUE,0,VLOOKUP(AK133,ltSchlepper,Maschinen!$L$6,FALSE)*AM133))","v":0},{"$f":"(IF(ISNA(VLOOKUP(AK133,ltSchlepper,Maschinen!$M$6,FALSE))=TRUE,0,VLOOKUP(AK133,ltSchlepper,Maschinen!$M$6,FALSE)*AM133))","v":0},{"$f":"(IF(ISNA(VLOOKUP(AK133,ltSchlepper,Maschinen!$N$6,FALSE))=TRUE,0,VLOOKUP(AK133,ltSchlepper,Maschinen!$N$6,FALSE)*AM133*IF(ISBLANK(AO133),1,AO133)))","v":0},{"$f":"(IF(ISNA(VLOOKUP(AK133,ltSchlepper,Maschinen!$O$6,FALSE))=TRUE,0,VLOOKUP(AK133,ltSchlepper,Maschinen!$O$6,FALSE)*AM133*IF(ISBLANK(AO133),1,AO133)))","v":0},{"$f":"(IF(ISNA(VLOOKUP(AK133,ltSchlepper,Maschinen!$P$6,FALSE))=TRUE,0,VLOOKUP(AK133,ltSchlepper,Maschinen!$P$6,FALSE)*AM133*IF(ISBLANK(AO133),1,AO133)))","v":0},0,{"$f":"(IF(ISNA(VLOOKUP(AQ133,ltSchlepper,Maschinen!$K$6,FALSE))=TRUE,0,VLOOKUP(AQ133,ltSchlepper,Maschinen!$K$6,FALSE)*AS133))","v":0},{"$f":"(IF(ISNA(VLOOKUP(AQ133,ltSchlepper,Maschinen!$L$6,FALSE))=TRUE,0,VLOOKUP(AQ133,ltSchlepper,Maschinen!$L$6,FALSE)*AS133))","v":0},{"$f":"(IF(ISNA(VLOOKUP(AQ133,ltSchlepper,Maschinen!$M$6,FALSE))=TRUE,0,VLOOKUP(AQ133,ltSchlepper,Maschinen!$M$6,FALSE)*AS133))","v":0},{"$f":"(IF(ISNA(VLOOKUP(AQ133,ltSchlepper,Maschinen!$N$6,FALSE))=TRUE,0,VLOOKUP(AQ133,ltSchlepper,Maschinen!$N$6,FALSE)*AS133*IF(ISBLANK(AU133),1,AU133)))","v":0},{"$f":"(IF(ISNA(VLOOKUP(AQ133,ltSchlepper,Maschinen!$O$6,FALSE))=TRUE,0,VLOOKUP(AQ133,ltSchlepper,Maschinen!$O$6,FALSE)*AS133*IF(ISBLANK(AU133),1,AU133)))","v":0},{"$f":"(IF(ISNA(VLOOKUP(AQ133,ltSchlepper,Maschinen!$P$6,FALSE))=TRUE,0,VLOOKUP(AQ133,ltSchlepper,Maschinen!$P$6,FALSE)*AS133*IF(ISBLANK(AU133),1,AU133)))","v":0},0,{"$f":"(IF(ISNA(VLOOKUP(Y133,ltSchlepper,Maschinen!$AA$6,FALSE))=TRUE,0,VLOOKUP(Y133,ltSchlepper,Maschinen!$AA$6,FALSE)*AA133))","v":0},{"$f":"(IF(ISNA(VLOOKUP(Y133,ltSchlepper,Maschinen!$AB$6,FALSE))=TRUE,0,VLOOKUP(Y133,ltSchlepper,Maschinen!$AB$6,FALSE)*AA133))","v":0},{"$f":"(IF(ISNA(VLOOKUP(Y133,ltSchlepper,Maschinen!$AC$6,FALSE))=TRUE,0,VLOOKUP(Y133,ltSchlepper,Maschinen!$AC$6,FALSE)*AA133))","v":0},0,{"$f":"(IF(ISNA(VLOOKUP(AE133,ltSchlepper,Maschinen!$AA$6,FALSE))=TRUE,0,VLOOKUP(AE133,ltSchlepper,Maschinen!$AA$6,FALSE)*AG133))","v":0},{"$f":"(IF(ISNA(VLOOKUP(AE133,ltSchlepper,Maschinen!$AB$6,FALSE))=TRUE,0,VLOOKUP(AE133,ltSchlepper,Maschinen!$AB$6,FALSE)*AG133))","v":0},{"$f":"(IF(ISNA(VLOOKUP(AE133,ltSchlepper,Maschinen!$AC$6,FALSE))=TRUE,0,VLOOKUP(AE133,ltSchlepper,Maschinen!$AC$6,FALSE)*AG133))","v":0},0,{"$f":"(IF(ISNA(VLOOKUP(AK133,ltSchlepper,Maschinen!$AA$6,FALSE))=TRUE,0,VLOOKUP(AK133,ltSchlepper,Maschinen!$AA$6,FALSE)*AM133))","v":0},{"$f":"(IF(ISNA(VLOOKUP(AK133,ltSchlepper,Maschinen!$AB$6,FALSE))=TRUE,0,VLOOKUP(AK133,ltSchlepper,Maschinen!$AB$6,FALSE)*AM133))","v":0},{"$f":"(IF(ISNA(VLOOKUP(AK133,ltSchlepper,Maschinen!$AC$6,FALSE))=TRUE,0,VLOOKUP(AK133,ltSchlepper,Maschinen!$AC$6,FALSE)*AM133))","v":0},0,{"$f":"(IF(ISNA(VLOOKUP(AQ133,ltSchlepper,Maschinen!$AA$6,FALSE))=TRUE,0,VLOOKUP(AQ133,ltSchlepper,Maschinen!$AA$6,FALSE)*AS133))","v":0},{"$f":"(IF(ISNA(VLOOKUP(AQ133,ltSchlepper,Maschinen!$AB$6,FALSE))=TRUE,0,VLOOKUP(AQ133,ltSchlepper,Maschinen!$AB$6,FALSE)*AS133))","v":0},{"$f":"(IF(ISNA(VLOOKUP(AQ133,ltSchlepper,Maschinen!$AC$6,FALSE))=TRUE,0,VLOOKUP(AQ133,ltSchlepper,Maschinen!$AC$6,FALSE)*AS133))","v":0},0]
[null,21717,null,null,null,null,null,null,0,0,0,0.1,0,0,null,null,0,0,0,0,0,0,0,null,null,{"$f":"IF(ISNA(VLOOKUP(Y134,ltSchlepper,2,FALSE))=TRUE,\"\",VLOOKUP(Y134,ltSchlepper,2,FALSE))","v":""},null,"",null,0,null,{"$f":"IF(ISNA(VLOOKUP(AE134,ltSchlepper,2,FALSE))=TRUE,\"\",VLOOKUP(AE134,ltSchlepper,2,FALSE))","v":""},null,"",null,0,null,{"$f":"IF(ISNA(VLOOKUP(AK134,ltSchlepper,2,FALSE))=TRUE,\"\",VLOOKUP(AK134,ltSchlepper,2,FALSE))","v":""},null,"",null,0,null,{"$f":"IF(ISNA(VLOOKUP(AQ134,ltSchlepper,2,FALSE))=TRUE,\"\",VLOOKUP(AQ134,ltSchlepper,2,FALSE))","v":""},null,"",null,0,0,0,0,0,0,0,0,0,0,0,0,0,{"$f":"(IF(ISNA(VLOOKUP(Y134,ltSchlepper,Maschinen!$K$6,FALSE))=TRUE,0,VLOOKUP(Y134,ltSchlepper,Maschinen!$K$6,FALSE)*AA134))","v":0},{"$f":"(IF(ISNA(VLOOKUP(Y134,ltSchlepper,Maschinen!$L$6,FALSE))=TRUE,0,VLOOKUP(Y134,ltSchlepper,Maschinen!$L$6,FALSE)*AA134))","v":0},{"$f":"(IF(ISNA(VLOOKUP(Y134,ltSchlepper,Maschinen!$M$6,FALSE))=TRUE,0,VLOOKUP(Y134,ltSchlepper,Maschinen!$M$6,FALSE)*AA134))","v":0},{"$f":"(IF(ISNA(VLOOKUP(Y134,ltSchlepper,Maschinen!$N$6,FALSE))=TRUE,0,VLOOKUP(Y134,ltSchlepper,Maschinen!$N$6,FALSE)*AA134*IF(ISBLANK(AC134),1,AC134)))","v":0},{"$f":"(IF(ISNA(VLOOKUP(Y134,ltSchlepper,Maschinen!$O$6,FALSE))=TRUE,0,VLOOKUP(Y134,ltSchlepper,Maschinen!$O$6,FALSE)*AA134*IF(ISBLANK(AC134),1,AC134)))","v":0},{"$f":"(IF(ISNA(VLOOKUP(Y134,ltSchlepper,Maschinen!$P$6,FALSE))=TRUE,0,VLOOKUP(Y134,ltSchlepper,Maschinen!$P$6,FALSE)*AA134*IF(ISBLANK(AC134),1,AC134)))","v":0},0,{"$f":"(IF(ISNA(VLOOKUP(AE134,ltSchlepper,Maschinen!$K$6,FALSE))=TRUE,0,VLOOKUP(AE134,ltSchlepper,Maschinen!$K$6,FALSE)*AG134))","v":0},{"$f":"(IF(ISNA(VLOOKUP(AE134,ltSchlepper,Maschinen!$L$6,FALSE))=TRUE,0,VLOOKUP(AE134,ltSchlepper,Maschinen!$L$6,FALSE)*AG134))","v":0},{"$f":"(IF(ISNA(VLOOKUP(AE134,ltSchlepper,Maschinen!$M$6,FALSE))=TRUE,0,VLOOKUP(AE134,ltSchlepper,Maschinen!$M$6,FALSE)*AG134))","v":0},{"$f":"(IF(ISNA(VLOOKUP(AE134,ltSchlepper,Maschinen!$N$6,FALSE))=TRUE,0,VLOOKUP(AE134,ltSchlepper,Maschinen!$N$6,FALSE)*AG134*IF(ISBLANK(AI134),1,AI134)))","v":0},{"$f":"(IF(ISNA(VLOOKUP(AE134,ltSchlepper,Maschinen!$O$6,FALSE))=TRUE,0,VLOOKUP(AE134,ltSchlepper,Maschinen!$O$6,FALSE)*AG134*IF(ISBLANK(AI134),1,AI134)))","v":0},{"$f":"(IF(ISNA(VLOOKUP(AE134,ltSchlepper,Maschinen!$P$6,FALSE))=TRUE,0,VLOOKUP(AE134,ltSchlepper,Maschinen!$P$6,FALSE)*AG134*IF(ISBLANK(AI134),1,AI134)))","v":0},0,{"$f":"(IF(ISNA(VLOOKUP(AK134,ltSchlepper,Maschinen!$K$6,FALSE))=TRUE,0,VLOOKUP(AK134,ltSchlepper,Maschinen!$K$6,FALSE)*AM134))","v":0},{"$f":"(IF(ISNA(VLOOKUP(AK134,ltSchlepper,Maschinen!$L$6,FALSE))=TRUE,0,VLOOKUP(AK134,ltSchlepper,Maschinen!$L$6,FALSE)*AM134))","v":0},{"$f":"(IF(ISNA(VLOOKUP(AK134,ltSchlepper,Maschinen!$M$6,FALSE))=TRUE,0,VLOOKUP(AK134,ltSchlepper,Maschinen!$M$6,FALSE)*AM134))","v":0},{"$f":"(IF(ISNA(VLOOKUP(AK134,ltSchlepper,Maschinen!$N$6,FALSE))=TRUE,0,VLOOKUP(AK134,ltSchlepper,Maschinen!$N$6,FALSE)*AM134*IF(ISBLANK(AO134),1,AO134)))","v":0},{"$f":"(IF(ISNA(VLOOKUP(AK134,ltSchlepper,Maschinen!$O$6,FALSE))=TRUE,0,VLOOKUP(AK134,ltSchlepper,Maschinen!$O$6,FALSE)*AM134*IF(ISBLANK(AO134),1,AO134)))","v":0},{"$f":"(IF(ISNA(VLOOKUP(AK134,ltSchlepper,Maschinen!$P$6,FALSE))=TRUE,0,VLOOKUP(AK134,ltSchlepper,Maschinen!$P$6,FALSE)*AM134*IF(ISBLANK(AO134),1,AO134)))","v":0},0,{"$f":"(IF(ISNA(VLOOKUP(AQ134,ltSchlepper,Maschinen!$K$6,FALSE))=TRUE,0,VLOOKUP(AQ134,ltSchlepper,Maschinen!$K$6,FALSE)*AS134))","v":0},{"$f":"(IF(ISNA(VLOOKUP(AQ134,ltSchlepper,Maschinen!$L$6,FALSE))=TRUE,0,VLOOKUP(AQ134,ltSchlepper,Maschinen!$L$6,FALSE)*AS134))","v":0},{"$f":"(IF(ISNA(VLOOKUP(AQ134,ltSchlepper,Maschinen!$M$6,FALSE))=TRUE,0,VLOOKUP(AQ134,ltSchlepper,Maschinen!$M$6,FALSE)*AS134))","v":0},{"$f":"(IF(ISNA(VLOOKUP(AQ134,ltSchlepper,Maschinen!$N$6,FALSE))=TRUE,0,VLOOKUP(AQ134,ltSchlepper,Maschinen!$N$6,FALSE)*AS134*IF(ISBLANK(AU134),1,AU134)))","v":0},{"$f":"(IF(ISNA(VLOOKUP(AQ134,ltSchlepper,Maschinen!$O$6,FALSE))=TRUE,0,VLOOKUP(AQ134,ltSchlepper,Maschinen!$O$6,FALSE)*AS134*IF(ISBLANK(AU134),1,AU134)))","v":0},{"$f":"(IF(ISNA(VLOOKUP(AQ134,ltSchlepper,Maschinen!$P$6,FALSE))=TRUE,0,VLOOKUP(AQ134,ltSchlepper,Maschinen!$P$6,FALSE)*AS134*IF(ISBLANK(AU134),1,AU134)))","v":0},0,{"$f":"(IF(ISNA(VLOOKUP(Y134,ltSchlepper,Maschinen!$AA$6,FALSE))=TRUE,0,VLOOKUP(Y134,ltSchlepper,Maschinen!$AA$6,FALSE)*AA134))","v":0},{"$f":"(IF(ISNA(VLOOKUP(Y134,ltSchlepper,Maschinen!$AB$6,FALSE))=TRUE,0,VLOOKUP(Y134,ltSchlepper,Maschinen!$AB$6,FALSE)*AA134))","v":0},{"$f":"(IF(ISNA(VLOOKUP(Y134,ltSchlepper,Maschinen!$AC$6,FALSE))=TRUE,0,VLOOKUP(Y134,ltSchlepper,Maschinen!$AC$6,FALSE)*AA134))","v":0},{"$f":"SUM(CK134:CM134)","v":0},{"$f":"(IF(ISNA(VLOOKUP(AE134,ltSchlepper,Maschinen!$AA$6,FALSE))=TRUE,0,VLOOKUP(AE134,ltSchlepper,Maschinen!$AA$6,FALSE)*AG134))","v":0},{"$f":"(IF(ISNA(VLOOKUP(AE134,ltSchlepper,Maschinen!$AB$6,FALSE))=TRUE,0,VLOOKUP(AE134,ltSchlepper,Maschinen!$AB$6,FALSE)*AG134))","v":0},{"$f":"(IF(ISNA(VLOOKUP(AE134,ltSchlepper,Maschinen!$AC$6,FALSE))=TRUE,0,VLOOKUP(AE134,ltSchlepper,Maschinen!$AC$6,FALSE)*AG134))","v":0},{"$f":"SUM(CO134:CQ134)","v":0},{"$f":"(IF(ISNA(VLOOKUP(AK134,ltSchlepper,Maschinen!$AA$6,FALSE))=TRUE,0,VLOOKUP(AK134,ltSchlepper,Maschinen!$AA$6,FALSE)*AM134))","v":0},{"$f":"(IF(ISNA(VLOOKUP(AK134,ltSchlepper,Maschinen!$AB$6,FALSE))=TRUE,0,VLOOKUP(AK134,ltSchlepper,Maschinen!$AB$6,FALSE)*AM134))","v":0},{"$f":"(IF(ISNA(VLOOKUP(AK134,ltSchlepper,Maschinen!$AC$6,FALSE))=TRUE,0,VLOOKUP(AK134,ltSchlepper,Maschinen!$AC$6,FALSE)*AM134))","v":0},{"$f":"SUM(CS134:CU134)","v":0},{"$f":"(IF(ISNA(VLOOKUP(AQ134,ltSchlepper,Maschinen!$AA$6,FALSE))=TRUE,0,VLOOKUP(AQ134,ltSchlepper,Maschinen!$AA$6,FALSE)*AS134))","v":0},{"$f":"(IF(ISNA(VLOOKUP(AQ134,ltSchlepper,Maschinen!$AB$6,FALSE))=TRUE,0,VLOOKUP(AQ134,ltSchlepper,Maschinen!$AB$6,FALSE)*AS134))","v":0},{"$f":"(IF(ISNA(VLOOKUP(AQ134,ltSchlepper,Maschinen!$AC$6,FALSE))=TRUE,0,VLOOKUP(AQ134,ltSchlepper,Maschinen!$AC$6,FALSE)*AS134))","v":0},{"$f":"SUM(CW134:CY134)","v":0}]
[null,21718,null,null,null,null,null,null,0,0,0,0.1,0,0,null,null,0,0,0,0,0,0,0,null,null,{"$f":"IF(ISNA(VLOOKUP(Y135,ltSchlepper,2,FALSE))=TRUE,\"\",VLOOKUP(Y135,ltSchlepper,2,FALSE))","v":""},null,"",null,0,null,{"$f":"IF(ISNA(VLOOKUP(AE135,ltSchlepper,2,FALSE))=TRUE,\"\",VLOOKUP(AE135,ltSchlepper,2,FALSE))","v":""},null,"",null,0,null,{"$f":"IF(ISNA(VLOOKUP(AK135,ltSchlepper,2,FALSE))=TRUE,\"\",VLOOKUP(AK135,ltSchlepper,2,FALSE))","v":""},null,"",null,0,null,{"$f":"IF(ISNA(VLOOKUP(AQ135,ltSchlepper,2,FALSE))=TRUE,\"\",VLOOKUP(AQ135,ltSchlepper,2,FALSE))","v":""},null,"",null,0,0,0,0,0,0,0,0,0,0,0,0,0,{"$f":"(IF(ISNA(VLOOKUP(Y135,ltSchlepper,Maschinen!$K$6,FALSE))=TRUE,0,VLOOKUP(Y135,ltSchlepper,Maschinen!$K$6,FALSE)*AA135))","v":0},{"$f":"(IF(ISNA(VLOOKUP(Y135,ltSchlepper,Maschinen!$L$6,FALSE))=TRUE,0,VLOOKUP(Y135,ltSchlepper,Maschinen!$L$6,FALSE)*AA135))","v":0},{"$f":"(IF(ISNA(VLOOKUP(Y135,ltSchlepper,Maschinen!$M$6,FALSE))=TRUE,0,VLOOKUP(Y135,ltSchlepper,Maschinen!$M$6,FALSE)*AA135))","v":0},{"$f":"(IF(ISNA(VLOOKUP(Y135,ltSchlepper,Maschinen!$N$6,FALSE))=TRUE,0,VLOOKUP(Y135,ltSchlepper,Maschinen!$N$6,FALSE)*AA135*IF(ISBLANK(AC135),1,AC135)))","v":0},{"$f":"(IF(ISNA(VLOOKUP(Y135,ltSchlepper,Maschinen!$O$6,FALSE))=TRUE,0,VLOOKUP(Y135,ltSchlepper,Maschinen!$O$6,FALSE)*AA135*IF(ISBLANK(AC135),1,AC135)))","v":0},{"$f":"(IF(ISNA(VLOOKUP(Y135,ltSchlepper,Maschinen!$P$6,FALSE))=TRUE,0,VLOOKUP(Y135,ltSchlepper,Maschinen!$P$6,FALSE)*AA135*IF(ISBLANK(AC135),1,AC135)))","v":0},0,{"$f":"(IF(ISNA(VLOOKUP(AE135,ltSchlepper,Maschinen!$K$6,FALSE))=TRUE,0,VLOOKUP(AE135,ltSchlepper,Maschinen!$K$6,FALSE)*AG135))","v":0},{"$f":"(IF(ISNA(VLOOKUP(AE135,ltSchlepper,Maschinen!$L$6,FALSE))=TRUE,0,VLOOKUP(AE135,ltSchlepper,Maschinen!$L$6,FALSE)*AG135))","v":0},{"$f":"(IF(ISNA(VLOOKUP(AE135,ltSchlepper,Maschinen!$M$6,FALSE))=TRUE,0,VLOOKUP(AE135,ltSchlepper,Maschinen!$M$6,FALSE)*AG135))","v":0},{"$f":"(IF(ISNA(VLOOKUP(AE135,ltSchlepper,Maschinen!$N$6,FALSE))=TRUE,0,VLOOKUP(AE135,ltSchlepper,Maschinen!$N$6,FALSE)*AG135*IF(ISBLANK(AI135),1,AI135)))","v":0},{"$f":"(IF(ISNA(VLOOKUP(AE135,ltSchlepper,Maschinen!$O$6,FALSE))=TRUE,0,VLOOKUP(AE135,ltSchlepper,Maschinen!$O$6,FALSE)*AG135*IF(ISBLANK(AI135),1,AI135)))","v":0},{"$f":"(IF(ISNA(VLOOKUP(AE135,ltSchlepper,Maschinen!$P$6,FALSE))=TRUE,0,VLOOKUP(AE135,ltSchlepper,Maschinen!$P$6,FALSE)*AG135*IF(ISBLANK(AI135),1,AI135)))","v":0},0,{"$f":"(IF(ISNA(VLOOKUP(AK135,ltSchlepper,Maschinen!$K$6,FALSE))=TRUE,0,VLOOKUP(AK135,ltSchlepper,Maschinen!$K$6,FALSE)*AM135))","v":0},{"$f":"(IF(ISNA(VLOOKUP(AK135,ltSchlepper,Maschinen!$L$6,FALSE))=TRUE,0,VLOOKUP(AK135,ltSchlepper,Maschinen!$L$6,FALSE)*AM135))","v":0},{"$f":"(IF(ISNA(VLOOKUP(AK135,ltSchlepper,Maschinen!$M$6,FALSE))=TRUE,0,VLOOKUP(AK135,ltSchlepper,Maschinen!$M$6,FALSE)*AM135))","v":0},{"$f":"(IF(ISNA(VLOOKUP(AK135,ltSchlepper,Maschinen!$N$6,FALSE))=TRUE,0,VLOOKUP(AK135,ltSchlepper,Maschinen!$N$6,FALSE)*AM135*IF(ISBLANK(AO135),1,AO135)))","v":0},{"$f":"(IF(ISNA(VLOOKUP(AK135,ltSchlepper,Maschinen!$O$6,FALSE))=TRUE,0,VLOOKUP(AK135,ltSchlepper,Maschinen!$O$6,FALSE)*AM135*IF(ISBLANK(AO135),1,AO135)))","v":0},{"$f":"(IF(ISNA(VLOOKUP(AK135,ltSchlepper,Maschinen!$P$6,FALSE))=TRUE,0,VLOOKUP(AK135,ltSchlepper,Maschinen!$P$6,FALSE)*AM135*IF(ISBLANK(AO135),1,AO135)))","v":0},0,{"$f":"(IF(ISNA(VLOOKUP(AQ135,ltSchlepper,Maschinen!$K$6,FALSE))=TRUE,0,VLOOKUP(AQ135,ltSchlepper,Maschinen!$K$6,FALSE)*AS135))","v":0},{"$f":"(IF(ISNA(VLOOKUP(AQ135,ltSchlepper,Maschinen!$L$6,FALSE))=TRUE,0,VLOOKUP(AQ135,ltSchlepper,Maschinen!$L$6,FALSE)*AS135))","v":0},{"$f":"(IF(ISNA(VLOOKUP(AQ135,ltSchlepper,Maschinen!$M$6,FALSE))=TRUE,0,VLOOKUP(AQ135,ltSchlepper,Maschinen!$M$6,FALSE)*AS135))","v":0},{"$f":"(IF(ISNA(VLOOKUP(AQ135,ltSchlepper,Maschinen!$N$6,FALSE))=TRUE,0,VLOOKUP(AQ135,ltSchlepper,Maschinen!$N$6,FALSE)*AS135*IF(ISBLANK(AU135),1,AU135)))","v":0},{"$f":"(IF(ISNA(VLOOKUP(AQ135,ltSchlepper,Maschinen!$O$6,FALSE))=TRUE,0,VLOOKUP(AQ135,ltSchlepper,Maschinen!$O$6,FALSE)*AS135*IF(ISBLANK(AU135),1,AU135)))","v":0},{"$f":"(IF(ISNA(VLOOKUP(AQ135,ltSchlepper,Maschinen!$P$6,FALSE))=TRUE,0,VLOOKUP(AQ135,ltSchlepper,Maschinen!$P$6,FALSE)*AS135*IF(ISBLANK(AU135),1,AU135)))","v":0},0,{"$f":"(IF(ISNA(VLOOKUP(Y135,ltSchlepper,Maschinen!$AA$6,FALSE))=TRUE,0,VLOOKUP(Y135,ltSchlepper,Maschinen!$AA$6,FALSE)*AA135))","v":0},{"$f":"(IF(ISNA(VLOOKUP(Y135,ltSchlepper,Maschinen!$AB$6,FALSE))=TRUE,0,VLOOKUP(Y135,ltSchlepper,Maschinen!$AB$6,FALSE)*AA135))","v":0},{"$f":"(IF(ISNA(VLOOKUP(Y135,ltSchlepper,Maschinen!$AC$6,FALSE))=TRUE,0,VLOOKUP(Y135,ltSchlepper,Maschinen!$AC$6,FALSE)*AA135))","v":0},{"$f":"SUM(CK135:CM135)","v":0},{"$f":"(IF(ISNA(VLOOKUP(AE135,ltSchlepper,Maschinen!$AA$6,FALSE))=TRUE,0,VLOOKUP(AE135,ltSchlepper,Maschinen!$AA$6,FALSE)*AG135))","v":0},{"$f":"(IF(ISNA(VLOOKUP(AE135,ltSchlepper,Maschinen!$AB$6,FALSE))=TRUE,0,VLOOKUP(AE135,ltSchlepper,Maschinen!$AB$6,FALSE)*AG135))","v":0},{"$f":"(IF(ISNA(VLOOKUP(AE135,ltSchlepper,Maschinen!$AC$6,FALSE))=TRUE,0,VLOOKUP(AE135,ltSchlepper,Maschinen!$AC$6,FALSE)*AG135))","v":0},{"$f":"SUM(CO135:CQ135)","v":0},{"$f":"(IF(ISNA(VLOOKUP(AK135,ltSchlepper,Maschinen!$AA$6,FALSE))=TRUE,0,VLOOKUP(AK135,ltSchlepper,Maschinen!$AA$6,FALSE)*AM135))","v":0},{"$f":"(IF(ISNA(VLOOKUP(AK135,ltSchlepper,Maschinen!$AB$6,FALSE))=TRUE,0,VLOOKUP(AK135,ltSchlepper,Maschinen!$AB$6,FALSE)*AM135))","v":0},{"$f":"(IF(ISNA(VLOOKUP(AK135,ltSchlepper,Maschinen!$AC$6,FALSE))=TRUE,0,VLOOKUP(AK135,ltSchlepper,Maschinen!$AC$6,FALSE)*AM135))","v":0},{"$f":"SUM(CS135:CU135)","v":0},{"$f":"(IF(ISNA(VLOOKUP(AQ135,ltSchlepper,Maschinen!$AA$6,FALSE))=TRUE,0,VLOOKUP(AQ135,ltSchlepper,Maschinen!$AA$6,FALSE)*AS135))","v":0},{"$f":"(IF(ISNA(VLOOKUP(AQ135,ltSchlepper,Maschinen!$AB$6,FALSE))=TRUE,0,VLOOKUP(AQ135,ltSchlepper,Maschinen!$AB$6,FALSE)*AS135))","v":0},{"$f":"(IF(ISNA(VLOOKUP(AQ135,ltSchlepper,Maschinen!$AC$6,FALSE))=TRUE,0,VLOOKUP(AQ135,ltSchlepper,Maschinen!$AC$6,FALSE)*AS135))","v":0},{"$f":"SUM(CW135:CY135)","v":0}]
[null,21719,null,null,null,null,null,null,0,0,0,0.1,0,0,null,null,0,0,0,0,0,0,0,null,null,{"$f":"IF(ISNA(VLOOKUP(Y136,ltSchlepper,2,FALSE))=TRUE,\"\",VLOOKUP(Y136,ltSchlepper,2,FALSE))","v":""},null,"",null,0,null,{"$f":"IF(ISNA(VLOOKUP(AE136,ltSchlepper,2,FALSE))=TRUE,\"\",VLOOKUP(AE136,ltSchlepper,2,FALSE))","v":""},null,"",null,0,null,{"$f":"IF(ISNA(VLOOKUP(AK136,ltSchlepper,2,FALSE))=TRUE,\"\",VLOOKUP(AK136,ltSchlepper,2,FALSE))","v":""},null,"",null,0,null,{"$f":"IF(ISNA(VLOOKUP(AQ136,ltSchlepper,2,FALSE))=TRUE,\"\",VLOOKUP(AQ136,ltSchlepper,2,FALSE))","v":""},null,"",null,0,0,0,0,0,0,0,0,0,0,0,0,0,{"$f":"(IF(ISNA(VLOOKUP(Y136,ltSchlepper,Maschinen!$K$6,FALSE))=TRUE,0,VLOOKUP(Y136,ltSchlepper,Maschinen!$K$6,FALSE)*AA136))","v":0},{"$f":"(IF(ISNA(VLOOKUP(Y136,ltSchlepper,Maschinen!$L$6,FALSE))=TRUE,0,VLOOKUP(Y136,ltSchlepper,Maschinen!$L$6,FALSE)*AA136))","v":0},{"$f":"(IF(ISNA(VLOOKUP(Y136,ltSchlepper,Maschinen!$M$6,FALSE))=TRUE,0,VLOOKUP(Y136,ltSchlepper,Maschinen!$M$6,FALSE)*AA136))","v":0},{"$f":"(IF(ISNA(VLOOKUP(Y136,ltSchlepper,Maschinen!$N$6,FALSE))=TRUE,0,VLOOKUP(Y136,ltSchlepper,Maschinen!$N$6,FALSE)*AA136*IF(ISBLANK(AC136),1,AC136)))","v":0},{"$f":"(IF(ISNA(VLOOKUP(Y136,ltSchlepper,Maschinen!$O$6,FALSE))=TRUE,0,VLOOKUP(Y136,ltSchlepper,Maschinen!$O$6,FALSE)*AA136*IF(ISBLANK(AC136),1,AC136)))","v":0},{"$f":"(IF(ISNA(VLOOKUP(Y136,ltSchlepper,Maschinen!$P$6,FALSE))=TRUE,0,VLOOKUP(Y136,ltSchlepper,Maschinen!$P$6,FALSE)*AA136*IF(ISBLANK(AC136),1,AC136)))","v":0},0,{"$f":"(IF(ISNA(VLOOKUP(AE136,ltSchlepper,Maschinen!$K$6,FALSE))=TRUE,0,VLOOKUP(AE136,ltSchlepper,Maschinen!$K$6,FALSE)*AG136))","v":0},{"$f":"(IF(ISNA(VLOOKUP(AE136,ltSchlepper,Maschinen!$L$6,FALSE))=TRUE,0,VLOOKUP(AE136,ltSchlepper,Maschinen!$L$6,FALSE)*AG136))","v":0},{"$f":"(IF(ISNA(VLOOKUP(AE136,ltSchlepper,Maschinen!$M$6,FALSE))=TRUE,0,VLOOKUP(AE136,ltSchlepper,Maschinen!$M$6,FALSE)*AG136))","v":0},{"$f":"(IF(ISNA(VLOOKUP(AE136,ltSchlepper,Maschinen!$N$6,FALSE))=TRUE,0,VLOOKUP(AE136,ltSchlepper,Maschinen!$N$6,FALSE)*AG136*IF(ISBLANK(AI136),1,AI136)))","v":0},{"$f":"(IF(ISNA(VLOOKUP(AE136,ltSchlepper,Maschinen!$O$6,FALSE))=TRUE,0,VLOOKUP(AE136,ltSchlepper,Maschinen!$O$6,FALSE)*AG136*IF(ISBLANK(AI136),1,AI136)))","v":0},{"$f":"(IF(ISNA(VLOOKUP(AE136,ltSchlepper,Maschinen!$P$6,FALSE))=TRUE,0,VLOOKUP(AE136,ltSchlepper,Maschinen!$P$6,FALSE)*AG136*IF(ISBLANK(AI136),1,AI136)))","v":0},0,{"$f":"(IF(ISNA(VLOOKUP(AK136,ltSchlepper,Maschinen!$K$6,FALSE))=TRUE,0,VLOOKUP(AK136,ltSchlepper,Maschinen!$K$6,FALSE)*AM136))","v":0},{"$f":"(IF(ISNA(VLOOKUP(AK136,ltSchlepper,Maschinen!$L$6,FALSE))=TRUE,0,VLOOKUP(AK136,ltSchlepper,Maschinen!$L$6,FALSE)*AM136))","v":0},{"$f":"(IF(ISNA(VLOOKUP(AK136,ltSchlepper,Maschinen!$M$6,FALSE))=TRUE,0,VLOOKUP(AK136,ltSchlepper,Maschinen!$M$6,FALSE)*AM136))","v":0},{"$f":"(IF(ISNA(VLOOKUP(AK136,ltSchlepper,Maschinen!$N$6,FALSE))=TRUE,0,VLOOKUP(AK136,ltSchlepper,Maschinen!$N$6,FALSE)*AM136*IF(ISBLANK(AO136),1,AO136)))","v":0},{"$f":"(IF(ISNA(VLOOKUP(AK136,ltSchlepper,Maschinen!$O$6,FALSE))=TRUE,0,VLOOKUP(AK136,ltSchlepper,Maschinen!$O$6,FALSE)*AM136*IF(ISBLANK(AO136),1,AO136)))","v":0},{"$f":"(IF(ISNA(VLOOKUP(AK136,ltSchlepper,Maschinen!$P$6,FALSE))=TRUE,0,VLOOKUP(AK136,ltSchlepper,Maschinen!$P$6,FALSE)*AM136*IF(ISBLANK(AO136),1,AO136)))","v":0},0,{"$f":"(IF(ISNA(VLOOKUP(AQ136,ltSchlepper,Maschinen!$K$6,FALSE))=TRUE,0,VLOOKUP(AQ136,ltSchlepper,Maschinen!$K$6,FALSE)*AS136))","v":0},{"$f":"(IF(ISNA(VLOOKUP(AQ136,ltSchlepper,Maschinen!$L$6,FALSE))=TRUE,0,VLOOKUP(AQ136,ltSchlepper,Maschinen!$L$6,FALSE)*AS136))","v":0},{"$f":"(IF(ISNA(VLOOKUP(AQ136,ltSchlepper,Maschinen!$M$6,FALSE))=TRUE,0,VLOOKUP(AQ136,ltSchlepper,Maschinen!$M$6,FALSE)*AS136))","v":0},{"$f":"(IF(ISNA(VLOOKUP(AQ136,ltSchlepper,Maschinen!$N$6,FALSE))=TRUE,0,VLOOKUP(AQ136,ltSchlepper,Maschinen!$N$6,FALSE)*AS136*IF(ISBLANK(AU136),1,AU136)))","v":0},{"$f":"(IF(ISNA(VLOOKUP(AQ136,ltSchlepper,Maschinen!$O$6,FALSE))=TRUE,0,VLOOKUP(AQ136,ltSchlepper,Maschinen!$O$6,FALSE)*AS136*IF(ISBLANK(AU136),1,AU136)))","v":0},{"$f":"(IF(ISNA(VLOOKUP(AQ136,ltSchlepper,Maschinen!$P$6,FALSE))=TRUE,0,VLOOKUP(AQ136,ltSchlepper,Maschinen!$P$6,FALSE)*AS136*IF(ISBLANK(AU136),1,AU136)))","v":0},0,{"$f":"(IF(ISNA(VLOOKUP(Y136,ltSchlepper,Maschinen!$AA$6,FALSE))=TRUE,0,VLOOKUP(Y136,ltSchlepper,Maschinen!$AA$6,FALSE)*AA136))","v":0},{"$f":"(IF(ISNA(VLOOKUP(Y136,ltSchlepper,Maschinen!$AB$6,FALSE))=TRUE,0,VLOOKUP(Y136,ltSchlepper,Maschinen!$AB$6,FALSE)*AA136))","v":0},{"$f":"(IF(ISNA(VLOOKUP(Y136,ltSchlepper,Maschinen!$AC$6,FALSE))=TRUE,0,VLOOKUP(Y136,ltSchlepper,Maschinen!$AC$6,FALSE)*AA136))","v":0},{"$f":"SUM(CK136:CM136)","v":0},{"$f":"(IF(ISNA(VLOOKUP(AE136,ltSchlepper,Maschinen!$AA$6,FALSE))=TRUE,0,VLOOKUP(AE136,ltSchlepper,Maschinen!$AA$6,FALSE)*AG136))","v":0},{"$f":"(IF(ISNA(VLOOKUP(AE136,ltSchlepper,Maschinen!$AB$6,FALSE))=TRUE,0,VLOOKUP(AE136,ltSchlepper,Maschinen!$AB$6,FALSE)*AG136))","v":0},{"$f":"(IF(ISNA(VLOOKUP(AE136,ltSchlepper,Maschinen!$AC$6,FALSE))=TRUE,0,VLOOKUP(AE136,ltSchlepper,Maschinen!$AC$6,FALSE)*AG136))","v":0},{"$f":"SUM(CO136:CQ136)","v":0},{"$f":"(IF(ISNA(VLOOKUP(AK136,ltSchlepper,Maschinen!$AA$6,FALSE))=TRUE,0,VLOOKUP(AK136,ltSchlepper,Maschinen!$AA$6,FALSE)*AM136))","v":0},{"$f":"(IF(ISNA(VLOOKUP(AK136,ltSchlepper,Maschinen!$AB$6,FALSE))=TRUE,0,VLOOKUP(AK136,ltSchlepper,Maschinen!$AB$6,FALSE)*AM136))","v":0},{"$f":"(IF(ISNA(VLOOKUP(AK136,ltSchlepper,Maschinen!$AC$6,FALSE))=TRUE,0,VLOOKUP(AK136,ltSchlepper,Maschinen!$AC$6,FALSE)*AM136))","v":0},{"$f":"SUM(CS136:CU136)","v":0},{"$f":"(IF(ISNA(VLOOKUP(AQ136,ltSchlepper,Maschinen!$AA$6,FALSE))=TRUE,0,VLOOKUP(AQ136,ltSchlepper,Maschinen!$AA$6,FALSE)*AS136))","v":0},{"$f":"(IF(ISNA(VLOOKUP(AQ136,ltSchlepper,Maschinen!$AB$6,FALSE))=TRUE,0,VLOOKUP(AQ136,ltSchlepper,Maschinen!$AB$6,FALSE)*AS136))","v":0},{"$f":"(IF(ISNA(VLOOKUP(AQ136,ltSchlepper,Maschinen!$AC$6,FALSE))=TRUE,0,VLOOKUP(AQ136,ltSchlepper,Maschinen!$AC$6,FALSE)*AS136))","v":0},{"$f":"SUM(CW136:CY136)","v":0}]
[null,21724,null,null,null,null,null,null,{"$f":"BC137","v":0},{"$f":"H137+I137","v":0},{"$f":"F137+G137-J137","v":0},0.1,{"$f":"(H137+I137)*L137","v":0},{"$f":"M137*Interest","v":0},null,null,{"$f":"O137+P137","v":0},{"$f":"Q137*Lohnanspruch","v":0},{"$f":"J137+N137+R137","v":0},{"$f":"K137-N137-R137","v":0},{"$f":"BG137","v":0},{"$f":"H137+I137+N137+R137+U137","v":0},{"$f":"T137-U137","v":0},null,null,{"$f":"IF(ISNA(VLOOKUP(Y137,ltSchlepper,2,FALSE))=TRUE,\"\",VLOOKUP(Y137,ltSchlepper,2,FALSE))","v":""},null,{"$f":"IF(ISNA(VLOOKUP(Y137,ltSchlepper,3,FALSE))=TRUE,\"\",VLOOKUP(Y137,ltSchlepper,3,FALSE))","v":""},null,{"$f":"IF(ISNA(VLOOKUP(Y137,ltSchlepper,SchKraftstoffVerb,FALSE))=TRUE,0,VLOOKUP(Y137,ltSchlepper,SchKraftstoffVerb,FALSE)*IF(ISBLANK(AC137),1,AC137)*AA137)","v":0},null,{"$f":"IF(ISNA(VLOOKUP(AE137,ltSchlepper,2,FALSE))=TRUE,\"\",VLOOKUP(AE137,ltSchlepper,2,FALSE))","v":""},null,{"$f":"IF(ISNA(VLOOKUP(AE137,ltSchlepper,3,FALSE))=TRUE,\"\",VLOOKUP(AE137,ltSchlepper,3,FALSE))","v":""},null,{"$f":"IF(ISNA(VLOOKUP(AE137,ltSchlepper,SchKraftstoffVerb,FALSE))=TRUE,0,VLOOKUP(AE137,ltSchlepper,SchKraftstoffVerb,FALSE)*IF(ISBLANK(AI137),1,AI137)*AG137)","v":0},null,{"$f":"IF(ISNA(VLOOKUP(AK137,ltSchlepper,2,FALSE))=TRUE,\"\",VLOOKUP(AK137,ltSchlepper,2,FALSE))","v":""},null,{"$f":"IF(ISNA(VLOOKUP(AK137,ltSchlepper,3,FALSE))=TRUE,\"\",VLOOKUP(AK137,ltSchlepper,3,FALSE))","v":""},null,{"$f":"IF(ISNA(VLOOKUP(AK137,ltSchlepper,SchKraftstoffVerb,FALSE))=TRUE,0,VLOOKUP(AK137,ltSchlepper,SchKraftstoffVerb,FALSE)*IF(ISBLANK(AO137),1,AO137)*AM137)","v":0},null,{"$f":"IF(ISNA(VLOOKUP(AQ137,ltSchlepper,2,FALSE))=TRUE,\"\",VLOOKUP(AQ137,ltSchlepper,2,FALSE))","v":""},null,{"$f":"IF(ISNA(VLOOKUP(AQ137,ltSchlepper,3,FALSE))=TRUE,\"\",VLOOKUP(AQ137,ltSchlepper,3,FALSE))","v":""},null,{"$f":"IF(ISNA(VLOOKUP(AQ137,ltSchlepper,SchKraftstoffVerb,FALSE))=TRUE,0,VLOOKUP(AQ137,ltSchlepper,SchKraftstoffVerb,FALSE)*IF(ISBLANK(AU137),1,AU137)*AS137)","v":0},{"$f":"BL137+BS137+BZ137+CG137","v":0},{"$f":"BI137+BP137+BW137+CD137","v":0},{"$f":"BJ137+BQ137+BX137+CE137","v":0},{"$f":"BK137+BR137+BY137+CF137","v":0},{"$f":"BM137+BT137+CA137+CH137","v":0},{"$f":"BN137+BU137+CB137+CI137","v":0},{"$f":"SUM(AX137:AZ137,BA137:BB137)","v":0},{"$f":"CK137+CO137+CS137+CW137","v":0},{"$f":"CL137+CP137+CT137+CX137","v":0},{"$f":"CM137+CQ137+CU137+CY137","v":0},{"$f":"CN137+CR137+CV137+CZ137","v":0},{"$f":"BG137+BC137","v":0},{"$f":"(IF(ISNA(VLOOKUP(Y137,ltSchlepper,Maschinen!$K$6,FALSE))=TRUE,0,VLOOKUP(Y137,ltSchlepper,Maschinen!$K$6,FALSE)*AA137))","v":0},{"$f":"(IF(ISNA(VLOOKUP(Y137,ltSchlepper,Maschinen!$L$6,FALSE))=TRUE,0,VLOOKUP(Y137,ltSchlepper,Maschinen!$L$6,FALSE)*AA137))","v":0},{"$f":"(IF(ISNA(VLOOKUP(Y137,ltSchlepper,Maschinen!$M$6,FALSE))=TRUE,0,VLOOKUP(Y137,ltSchlepper,Maschinen!$M$6,FALSE)*AA137))","v":0},{"$f":"(IF(ISNA(VLOOKUP(Y137,ltSchlepper,Maschinen!$N$6,FALSE))=TRUE,0,VLOOKUP(Y137,ltSchlepper,Maschinen!$N$6,FALSE)*AA137*IF(ISBLANK(AC137),1,AC137)))","v":0},{"$f":"(IF(ISNA(VLOOKUP(Y137,ltSchlepper,Maschinen!$O$6,FALSE))=TRUE,0,VLOOKUP(Y137,ltSchlepper,Maschinen!$O$6,FALSE)*AA137*IF(ISBLANK(AC137),1,AC137)))","v":0},{"$f":"(IF(ISNA(VLOOKUP(Y137,ltSchlepper,Maschinen!$P$6,FALSE))=TRUE,0,VLOOKUP(Y137,ltSchlepper,Maschinen!$P$6,FALSE)*AA137*IF(ISBLANK(AC137),1,AC137)))","v":0},{"$f":"SUM(BI137:BK137,BM137:BN137)","v":0},{"$f":"(IF(ISNA(VLOOKUP(AE137,ltSchlepper,Maschinen!$K$6,FALSE))=TRUE,0,VLOOKUP(AE137,ltSchlepper,Maschinen!$K$6,FALSE)*AG137))","v":0},{"$f":"(IF(ISNA(VLOOKUP(AE137,ltSchlepper,Maschinen!$L$6,FALSE))=TRUE,0,VLOOKUP(AE137,ltSchlepper,Maschinen!$L$6,FALSE)*AG137))","v":0},{"$f":"(IF(ISNA(VLOOKUP(AE137,ltSchlepper,Maschinen!$M$6,FALSE))=TRUE,0,VLOOKUP(AE137,ltSchlepper,Maschinen!$M$6,FALSE)*AG137))","v":0},{"$f":"(IF(ISNA(VLOOKUP(AE137,ltSchlepper,Maschinen!$N$6,FALSE))=TRUE,0,VLOOKUP(AE137,ltSchlepper,Maschinen!$N$6,FALSE)*AG137*IF(ISBLANK(AI137),1,AI137)))","v":0},{"$f":"(IF(ISNA(VLOOKUP(AE137,ltSchlepper,Maschinen!$O$6,FALSE))=TRUE,0,VLOOKUP(AE137,ltSchlepper,Maschinen!$O$6,FALSE)*AG137*IF(ISBLANK(AI137),1,AI137)))","v":0},{"$f":"(IF(ISNA(VLOOKUP(AE137,ltSchlepper,Maschinen!$P$6,FALSE))=TRUE,0,VLOOKUP(AE137,ltSchlepper,Maschinen!$P$6,FALSE)*AG137*IF(ISBLANK(AI137),1,AI137)))","v":0},{"$f":"SUM(BP137:BR137,BT137:BU137)","v":0},{"$f":"(IF(ISNA(VLOOKUP(AK137,ltSchlepper,Maschinen!$K$6,FALSE))=TRUE,0,VLOOKUP(AK137,ltSchlepper,Maschinen!$K$6,FALSE)*AM137))","v":0},{"$f":"(IF(ISNA(VLOOKUP(AK137,ltSchlepper,Maschinen!$L$6,FALSE))=TRUE,0,VLOOKUP(AK137,ltSchlepper,Maschinen!$L$6,FALSE)*AM137))","v":0},{"$f":"(IF(ISNA(VLOOKUP(AK137,ltSchlepper,Maschinen!$M$6,FALSE))=TRUE,0,VLOOKUP(AK137,ltSchlepper,Maschinen!$M$6,FALSE)*AM137))","v":0},{"$f":"(IF(ISNA(VLOOKUP(AK137,ltSchlepper,Maschinen!$N$6,FALSE))=TRUE,0,VLOOKUP(AK137,ltSchlepper,Maschinen!$N$6,FALSE)*AM137*IF(ISBLANK(AO137),1,AO137)))","v":0},{"$f":"(IF(ISNA(VLOOKUP(AK137,ltSchlepper,Maschinen!$O$6,FALSE))=TRUE,0,VLOOKUP(AK137,ltSchlepper,Maschinen!$O$6,FALSE)*AM137*IF(ISBLANK(AO137),1,AO137)))","v":0},{"$f":"(IF(ISNA(VLOOKUP(AK137,ltSchlepper,Maschinen!$P$6,FALSE))=TRUE,0,VLOOKUP(AK137,ltSchlepper,Maschinen!$P$6,FALSE)*AM137*IF(ISBLANK(AO137),1,AO137)))","v":0},{"$f":"SUM(BW137:BY137,CA137:CB137)","v":0},{"$f":"(IF(ISNA(VLOOKUP(AQ137,ltSchlepper,Maschinen!$K$6,FALSE))=TRUE,0,VLOOKUP(AQ137,ltSchlepper,Maschinen!$K$6,FALSE)*AS137))","v":0},{"$f":"(IF(ISNA(VLOOKUP(AQ137,ltSchlepper,Maschinen!$L$6,FALSE))=TRUE,0,VLOOKUP(AQ137,ltSchlepper,Maschinen!$L$6,FALSE)*AS137))","v":0},{"$f":"(IF(ISNA(VLOOKUP(AQ137,ltSchlepper,Maschinen!$M$6,FALSE))=TRUE,0,VLOOKUP(AQ137,ltSchlepper,Maschinen!$M$6,FALSE)*AS137))","v":0},{"$f":"(IF(ISNA(VLOOKUP(AQ137,ltSchlepper,Maschinen!$N$6,FALSE))=TRUE,0,VLOOKUP(AQ137,ltSchlepper,Maschinen!$N$6,FALSE)*AS137*IF(ISBLANK(AU137),1,AU137)))","v":0},{"$f":"(IF(ISNA(VLOOKUP(AQ137,ltSchlepper,Maschinen!$O$6,FALSE))=TRUE,0,VLOOKUP(AQ137,ltSchlepper,Maschinen!$O$6,FALSE)*AS137*IF(ISBLANK(AU137),1,AU137)))","v":0},{"$f":"(IF(ISNA(VLOOKUP(AQ137,ltSchlepper,Maschinen!$P$6,FALSE))=TRUE,0,VLOOKUP(AQ137,ltSchlepper,Maschinen!$P$6,FALSE)*AS137*IF(ISBLANK(AU137),1,AU137)))","v":0},{"$f":"SUM(CD137:CF137,CH137:CI137)","v":0},{"$f":"(IF(ISNA(VLOOKUP(Y137,ltSchlepper,Maschinen!$AA$6,FALSE))=TRUE,0,VLOOKUP(Y137,ltSchlepper,Maschinen!$AA$6,FALSE)*AA137))","v":0},{"$f":"(IF(ISNA(VLOOKUP(Y137,ltSchlepper,Maschinen!$AB$6,FALSE))=TRUE,0,VLOOKUP(Y137,ltSchlepper,Maschinen!$AB$6,FALSE)*AA137))","v":0},{"$f":"(IF(ISNA(VLOOKUP(Y137,ltSchlepper,Maschinen!$AC$6,FALSE))=TRUE,0,VLOOKUP(Y137,ltSchlepper,Maschinen!$AC$6,FALSE)*AA137))","v":0},{"$f":"SUM(CK137:CM137)","v":0},{"$f":"(IF(ISNA(VLOOKUP(AE137,ltSchlepper,Maschinen!$AA$6,FALSE))=TRUE,0,VLOOKUP(AE137,ltSchlepper,Maschinen!$AA$6,FALSE)*AG137))","v":0},{"$f":"(IF(ISNA(VLOOKUP(AE137,ltSchlepper,Maschinen!$AB$6,FALSE))=TRUE,0,VLOOKUP(AE137,ltSchlepper,Maschinen!$AB$6,FALSE)*AG137))","v":0},{"$f":"(IF(ISNA(VLOOKUP(AE137,ltSchlepper,Maschinen!$AC$6,FALSE))=TRUE,0,VLOOKUP(AE137,ltSchlepper,Maschinen!$AC$6,FALSE)*AG137))","v":0},{"$f":"SUM(CO137:CQ137)","v":0},{"$f":"(IF(ISNA(VLOOKUP(AK137,ltSchlepper,Maschinen!$AA$6,FALSE))=TRUE,0,VLOOKUP(AK137,ltSchlepper,Maschinen!$AA$6,FALSE)*AM137))","v":0},{"$f":"(IF(ISNA(VLOOKUP(AK137,ltSchlepper,Maschinen!$AB$6,FALSE))=TRUE,0,VLOOKUP(AK137,ltSchlepper,Maschinen!$AB$6,FALSE)*AM137))","v":0},{"$f":"(IF(ISNA(VLOOKUP(AK137,ltSchlepper,Maschinen!$AC$6,FALSE))=TRUE,0,VLOOKUP(AK137,ltSchlepper,Maschinen!$AC$6,FALSE)*AM137))","v":0},{"$f":"SUM(CS137:CU137)","v":0},{"$f":"(IF(ISNA(VLOOKUP(AQ137,ltSchlepper,Maschinen!$AA$6,FALSE))=TRUE,0,VLOOKUP(AQ137,ltSchlepper,Maschinen!$AA$6,FALSE)*AS137))","v":0},{"$f":"(IF(ISNA(VLOOKUP(AQ137,ltSchlepper,Maschinen!$AB$6,FALSE))=TRUE,0,VLOOKUP(AQ137,ltSchlepper,Maschinen!$AB$6,FALSE)*AS137))","v":0},{"$f":"(IF(ISNA(VLOOKUP(AQ137,ltSchlepper,Maschinen!$AC$6,FALSE))=TRUE,0,VLOOKUP(AQ137,ltSchlepper,Maschinen!$AC$6,FALSE)*AS137))","v":0},{"$f":"SUM(CW137:CY137)","v":0}]
[null,21720,null,null,null,null,null,null,0,0,0,0.1,0,0,null,null,0,0,0,0,0,0,0,null,null,"",null,"",null,0,null,{"$f":"IF(ISNA(VLOOKUP(AE138,ltSchlepper,2,FALSE))=TRUE,\"\",VLOOKUP(AE138,ltSchlepper,2,FALSE))","v":""},null,"",null,0,null,{"$f":"IF(ISNA(VLOOKUP(AK138,ltSchlepper,2,FALSE))=TRUE,\"\",VLOOKUP(AK138,ltSchlepper,2,FALSE))","v":""},null,"",null,0,null,{"$f":"IF(ISNA(VLOOKUP(AQ138,ltSchlepper,2,FALSE))=TRUE,\"\",VLOOKUP(AQ138,ltSchlepper,2,FALSE))","v":""},null,"",null,0,0,0,0,0,0,0,0,0,0,0,0,0,{"$f":"(IF(ISNA(VLOOKUP(Y138,ltSchlepper,Maschinen!$K$6,FALSE))=TRUE,0,VLOOKUP(Y138,ltSchlepper,Maschinen!$K$6,FALSE)*AA138))","v":0},{"$f":"(IF(ISNA(VLOOKUP(Y138,ltSchlepper,Maschinen!$L$6,FALSE))=TRUE,0,VLOOKUP(Y138,ltSchlepper,Maschinen!$L$6,FALSE)*AA138))","v":0},{"$f":"(IF(ISNA(VLOOKUP(Y138,ltSchlepper,Maschinen!$M$6,FALSE))=TRUE,0,VLOOKUP(Y138,ltSchlepper,Maschinen!$M$6,FALSE)*AA138))","v":0},{"$f":"(IF(ISNA(VLOOKUP(Y138,ltSchlepper,Maschinen!$N$6,FALSE))=TRUE,0,VLOOKUP(Y138,ltSchlepper,Maschinen!$N$6,FALSE)*AA138*IF(ISBLANK(AC138),1,AC138)))","v":0},{"$f":"(IF(ISNA(VLOOKUP(Y138,ltSchlepper,Maschinen!$O$6,FALSE))=TRUE,0,VLOOKUP(Y138,ltSchlepper,Maschinen!$O$6,FALSE)*AA138*IF(ISBLANK(AC138),1,AC138)))","v":0},{"$f":"(IF(ISNA(VLOOKUP(Y138,ltSchlepper,Maschinen!$P$6,FALSE))=TRUE,0,VLOOKUP(Y138,ltSchlepper,Maschinen!$P$6,FALSE)*AA138*IF(ISBLANK(AC138),1,AC138)))","v":0},0,{"$f":"(IF(ISNA(VLOOKUP(AE138,ltSchlepper,Maschinen!$K$6,FALSE))=TRUE,0,VLOOKUP(AE138,ltSchlepper,Maschinen!$K$6,FALSE)*AG138))","v":0},{"$f":"(IF(ISNA(VLOOKUP(AE138,ltSchlepper,Maschinen!$L$6,FALSE))=TRUE,0,VLOOKUP(AE138,ltSchlepper,Maschinen!$L$6,FALSE)*AG138))","v":0},{"$f":"(IF(ISNA(VLOOKUP(AE138,ltSchlepper,Maschinen!$M$6,FALSE))=TRUE,0,VLOOKUP(AE138,ltSchlepper,Maschinen!$M$6,FALSE)*AG138))","v":0},{"$f":"(IF(ISNA(VLOOKUP(AE138,ltSchlepper,Maschinen!$N$6,FALSE))=TRUE,0,VLOOKUP(AE138,ltSchlepper,Maschinen!$N$6,FALSE)*AG138*IF(ISBLANK(AI138),1,AI138)))","v":0},{"$f":"(IF(ISNA(VLOOKUP(AE138,ltSchlepper,Maschinen!$O$6,FALSE))=TRUE,0,VLOOKUP(AE138,ltSchlepper,Maschinen!$O$6,FALSE)*AG138*IF(ISBLANK(AI138),1,AI138)))","v":0},{"$f":"(IF(ISNA(VLOOKUP(AE138,ltSchlepper,Maschinen!$P$6,FALSE))=TRUE,0,VLOOKUP(AE138,ltSchlepper,Maschinen!$P$6,FALSE)*AG138*IF(ISBLANK(AI138),1,AI138)))","v":0},0,{"$f":"(IF(ISNA(VLOOKUP(AK138,ltSchlepper,Maschinen!$K$6,FALSE))=TRUE,0,VLOOKUP(AK138,ltSchlepper,Maschinen!$K$6,FALSE)*AM138))","v":0},{"$f":"(IF(ISNA(VLOOKUP(AK138,ltSchlepper,Maschinen!$L$6,FALSE))=TRUE,0,VLOOKUP(AK138,ltSchlepper,Maschinen!$L$6,FALSE)*AM138))","v":0},{"$f":"(IF(ISNA(VLOOKUP(AK138,ltSchlepper,Maschinen!$M$6,FALSE))=TRUE,0,VLOOKUP(AK138,ltSchlepper,Maschinen!$M$6,FALSE)*AM138))","v":0},{"$f":"(IF(ISNA(VLOOKUP(AK138,ltSchlepper,Maschinen!$N$6,FALSE))=TRUE,0,VLOOKUP(AK138,ltSchlepper,Maschinen!$N$6,FALSE)*AM138*IF(ISBLANK(AO138),1,AO138)))","v":0},{"$f":"(IF(ISNA(VLOOKUP(AK138,ltSchlepper,Maschinen!$O$6,FALSE))=TRUE,0,VLOOKUP(AK138,ltSchlepper,Maschinen!$O$6,FALSE)*AM138*IF(ISBLANK(AO138),1,AO138)))","v":0},{"$f":"(IF(ISNA(VLOOKUP(AK138,ltSchlepper,Maschinen!$P$6,FALSE))=TRUE,0,VLOOKUP(AK138,ltSchlepper,Maschinen!$P$6,FALSE)*AM138*IF(ISBLANK(AO138),1,AO138)))","v":0},0,{"$f":"(IF(ISNA(VLOOKUP(AQ138,ltSchlepper,Maschinen!$K$6,FALSE))=TRUE,0,VLOOKUP(AQ138,ltSchlepper,Maschinen!$K$6,FALSE)*AS138))","v":0},{"$f":"(IF(ISNA(VLOOKUP(AQ138,ltSchlepper,Maschinen!$L$6,FALSE))=TRUE,0,VLOOKUP(AQ138,ltSchlepper,Maschinen!$L$6,FALSE)*AS138))","v":0},{"$f":"(IF(ISNA(VLOOKUP(AQ138,ltSchlepper,Maschinen!$M$6,FALSE))=TRUE,0,VLOOKUP(AQ138,ltSchlepper,Maschinen!$M$6,FALSE)*AS138))","v":0},{"$f":"(IF(ISNA(VLOOKUP(AQ138,ltSchlepper,Maschinen!$N$6,FALSE))=TRUE,0,VLOOKUP(AQ138,ltSchlepper,Maschinen!$N$6,FALSE)*AS138*IF(ISBLANK(AU138),1,AU138)))","v":0},{"$f":"(IF(ISNA(VLOOKUP(AQ138,ltSchlepper,Maschinen!$O$6,FALSE))=TRUE,0,VLOOKUP(AQ138,ltSchlepper,Maschinen!$O$6,FALSE)*AS138*IF(ISBLANK(AU138),1,AU138)))","v":0},{"$f":"(IF(ISNA(VLOOKUP(AQ138,ltSchlepper,Maschinen!$P$6,FALSE))=TRUE,0,VLOOKUP(AQ138,ltSchlepper,Maschinen!$P$6,FALSE)*AS138*IF(ISBLANK(AU138),1,AU138)))","v":0},0,{"$f":"(IF(ISNA(VLOOKUP(Y138,ltSchlepper,Maschinen!$AA$6,FALSE))=TRUE,0,VLOOKUP(Y138,ltSchlepper,Maschinen!$AA$6,FALSE)*AA138))","v":0},{"$f":"(IF(ISNA(VLOOKUP(Y138,ltSchlepper,Maschinen!$AB$6,FALSE))=TRUE,0,VLOOKUP(Y138,ltSchlepper,Maschinen!$AB$6,FALSE)*AA138))","v":0},{"$f":"(IF(ISNA(VLOOKUP(Y138,ltSchlepper,Maschinen!$AC$6,FALSE))=TRUE,0,VLOOKUP(Y138,ltSchlepper,Maschinen!$AC$6,FALSE)*AA138))","v":0},{"$f":"SUM(CK138:CM138)","v":0},{"$f":"(IF(ISNA(VLOOKUP(AE138,ltSchlepper,Maschinen!$AA$6,FALSE))=TRUE,0,VLOOKUP(AE138,ltSchlepper,Maschinen!$AA$6,FALSE)*AG138))","v":0},{"$f":"(IF(ISNA(VLOOKUP(AE138,ltSchlepper,Maschinen!$AB$6,FALSE))=TRUE,0,VLOOKUP(AE138,ltSchlepper,Maschinen!$AB$6,FALSE)*AG138))","v":0},{"$f":"(IF(ISNA(VLOOKUP(AE138,ltSchlepper,Maschinen!$AC$6,FALSE))=TRUE,0,VLOOKUP(AE138,ltSchlepper,Maschinen!$AC$6,FALSE)*AG138))","v":0},{"$f":"SUM(CO138:CQ138)","v":0},{"$f":"(IF(ISNA(VLOOKUP(AK138,ltSchlepper,Maschinen!$AA$6,FALSE))=TRUE,0,VLOOKUP(AK138,ltSchlepper,Maschinen!$AA$6,FALSE)*AM138))","v":0},{"$f":"(IF(ISNA(VLOOKUP(AK138,ltSchlepper,Maschinen!$AB$6,FALSE))=TRUE,0,VLOOKUP(AK138,ltSchlepper,Maschinen!$AB$6,FALSE)*AM138))","v":0},{"$f":"(IF(ISNA(VLOOKUP(AK138,ltSchlepper,Maschinen!$AC$6,FALSE))=TRUE,0,VLOOKUP(AK138,ltSchlepper,Maschinen!$AC$6,FALSE)*AM138))","v":0},{"$f":"SUM(CS138:CU138)","v":0},{"$f":"(IF(ISNA(VLOOKUP(AQ138,ltSchlepper,Maschinen!$AA$6,FALSE))=TRUE,0,VLOOKUP(AQ138,ltSchlepper,Maschinen!$AA$6,FALSE)*AS138))","v":0},{"$f":"(IF(ISNA(VLOOKUP(AQ138,ltSchlepper,Maschinen!$AB$6,FALSE))=TRUE,0,VLOOKUP(AQ138,ltSchlepper,Maschinen!$AB$6,FALSE)*AS138))","v":0},{"$f":"(IF(ISNA(VLOOKUP(AQ138,ltSchlepper,Maschinen!$AC$6,FALSE))=TRUE,0,VLOOKUP(AQ138,ltSchlepper,Maschinen!$AC$6,FALSE)*AS138))","v":0},{"$f":"SUM(CW138:CY138)","v":0}]
[null,null,"SONSTIGES",null,null,null,null,null,0,0,0,null,0,0,null,null,0,0,0,0,0,0,0,null,null,null,null,null,null,0,null,null,null,null,null,0,null,null,null,null,null,0,null,null,null,null,null,0,0,0,0,0,0,0,0,0,0,0,0,0,{"$f":"(IF(ISNA(VLOOKUP(Y139,ltSchlepper,Maschinen!$K$6,FALSE))=TRUE,0,VLOOKUP(Y139,ltSchlepper,Maschinen!$K$6,FALSE)*AA139))","v":0},{"$f":"(IF(ISNA(VLOOKUP(Y139,ltSchlepper,Maschinen!$L$6,FALSE))=TRUE,0,VLOOKUP(Y139,ltSchlepper,Maschinen!$L$6,FALSE)*AA139))","v":0},{"$f":"(IF(ISNA(VLOOKUP(Y139,ltSchlepper,Maschinen!$M$6,FALSE))=TRUE,0,VLOOKUP(Y139,ltSchlepper,Maschinen!$M$6,FALSE)*AA139))","v":0},{"$f":"(IF(ISNA(VLOOKUP(Y139,ltSchlepper,Maschinen!$N$6,FALSE))=TRUE,0,VLOOKUP(Y139,ltSchlepper,Maschinen!$N$6,FALSE)*AA139*IF(ISBLANK(AC139),1,AC139)))","v":0},{"$f":"(IF(ISNA(VLOOKUP(Y139,ltSchlepper,Maschinen!$O$6,FALSE))=TRUE,0,VLOOKUP(Y139,ltSchlepper,Maschinen!$O$6,FALSE)*AA139*IF(ISBLANK(AC139),1,AC139)))","v":0},{"$f":"(IF(ISNA(VLOOKUP(Y139,ltSchlepper,Maschinen!$P$6,FALSE))=TRUE,0,VLOOKUP(Y139,ltSchlepper,Maschinen!$P$6,FALSE)*AA139*IF(ISBLANK(AC139),1,AC139)))","v":0},0,{"$f":"(IF(ISNA(VLOOKUP(AE139,ltSchlepper,Maschinen!$K$6,FALSE))=TRUE,0,VLOOKUP(AE139,ltSchlepper,Maschinen!$K$6,FALSE)*AG139))","v":0},{"$f":"(IF(ISNA(VLOOKUP(AE139,ltSchlepper,Maschinen!$L$6,FALSE))=TRUE,0,VLOOKUP(AE139,ltSchlepper,Maschinen!$L$6,FALSE)*AG139))","v":0},{"$f":"(IF(ISNA(VLOOKUP(AE139,ltSchlepper,Maschinen!$M$6,FALSE))=TRUE,0,VLOOKUP(AE139,ltSchlepper,Maschinen!$M$6,FALSE)*AG139))","v":0},{"$f":"(IF(ISNA(VLOOKUP(AE139,ltSchlepper,Maschinen!$N$6,FALSE))=TRUE,0,VLOOKUP(AE139,ltSchlepper,Maschinen!$N$6,FALSE)*AG139*IF(ISBLANK(AI139),1,AI139)))","v":0},{"$f":"(IF(ISNA(VLOOKUP(AE139,ltSchlepper,Maschinen!$O$6,FALSE))=TRUE,0,VLOOKUP(AE139,ltSchlepper,Maschinen!$O$6,FALSE)*AG139*IF(ISBLANK(AI139),1,AI139)))","v":0},{"$f":"(IF(ISNA(VLOOKUP(AE139,ltSchlepper,Maschinen!$P$6,FALSE))=TRUE,0,VLOOKUP(AE139,ltSchlepper,Maschinen!$P$6,FALSE)*AG139*IF(ISBLANK(AI139),1,AI139)))","v":0},0,{"$f":"(IF(ISNA(VLOOKUP(AK139,ltSchlepper,Maschinen!$K$6,FALSE))=TRUE,0,VLOOKUP(AK139,ltSchlepper,Maschinen!$K$6,FALSE)*AM139))","v":0},{"$f":"(IF(ISNA(VLOOKUP(AK139,ltSchlepper,Maschinen!$L$6,FALSE))=TRUE,0,VLOOKUP(AK139,ltSchlepper,Maschinen!$L$6,FALSE)*AM139))","v":0},{"$f":"(IF(ISNA(VLOOKUP(AK139,ltSchlepper,Maschinen!$M$6,FALSE))=TRUE,0,VLOOKUP(AK139,ltSchlepper,Maschinen!$M$6,FALSE)*AM139))","v":0},{"$f":"(IF(ISNA(VLOOKUP(AK139,ltSchlepper,Maschinen!$N$6,FALSE))=TRUE,0,VLOOKUP(AK139,ltSchlepper,Maschinen!$N$6,FALSE)*AM139*IF(ISBLANK(AO139),1,AO139)))","v":0},{"$f":"(IF(ISNA(VLOOKUP(AK139,ltSchlepper,Maschinen!$O$6,FALSE))=TRUE,0,VLOOKUP(AK139,ltSchlepper,Maschinen!$O$6,FALSE)*AM139*IF(ISBLANK(AO139),1,AO139)))","v":0},{"$f":"(IF(ISNA(VLOOKUP(AK139,ltSchlepper,Maschinen!$P$6,FALSE))=TRUE,0,VLOOKUP(AK139,ltSchlepper,Maschinen!$P$6,FALSE)*AM139*IF(ISBLANK(AO139),1,AO139)))","v":0},0,{"$f":"(IF(ISNA(VLOOKUP(AQ139,ltSchlepper,Maschinen!$K$6,FALSE))=TRUE,0,VLOOKUP(AQ139,ltSchlepper,Maschinen!$K$6,FALSE)*AS139))","v":0},{"$f":"(IF(ISNA(VLOOKUP(AQ139,ltSchlepper,Maschinen!$L$6,FALSE))=TRUE,0,VLOOKUP(AQ139,ltSchlepper,Maschinen!$L$6,FALSE)*AS139))","v":0},{"$f":"(IF(ISNA(VLOOKUP(AQ139,ltSchlepper,Maschinen!$M$6,FALSE))=TRUE,0,VLOOKUP(AQ139,ltSchlepper,Maschinen!$M$6,FALSE)*AS139))","v":0},{"$f":"(IF(ISNA(VLOOKUP(AQ139,ltSchlepper,Maschinen!$N$6,FALSE))=TRUE,0,VLOOKUP(AQ139,ltSchlepper,Maschinen!$N$6,FALSE)*AS139*IF(ISBLANK(AU139),1,AU139)))","v":0},{"$f":"(IF(ISNA(VLOOKUP(AQ139,ltSchlepper,Maschinen!$O$6,FALSE))=TRUE,0,VLOOKUP(AQ139,ltSchlepper,Maschinen!$O$6,FALSE)*AS139*IF(ISBLANK(AU139),1,AU139)))","v":0},{"$f":"(IF(ISNA(VLOOKUP(AQ139,ltSchlepper,Maschinen!$P$6,FALSE))=TRUE,0,VLOOKUP(AQ139,ltSchlepper,Maschinen!$P$6,FALSE)*AS139*IF(ISBLANK(AU139),1,AU139)))","v":0},0,{"$f":"(IF(ISNA(VLOOKUP(Y139,ltSchlepper,Maschinen!$AA$6,FALSE))=TRUE,0,VLOOKUP(Y139,ltSchlepper,Maschinen!$AA$6,FALSE)*AA139))","v":0},{"$f":"(IF(ISNA(VLOOKUP(Y139,ltSchlepper,Maschinen!$AB$6,FALSE))=TRUE,0,VLOOKUP(Y139,ltSchlepper,Maschinen!$AB$6,FALSE)*AA139))","v":0},{"$f":"(IF(ISNA(VLOOKUP(Y139,ltSchlepper,Maschinen!$AC$6,FALSE))=TRUE,0,VLOOKUP(Y139,ltSchlepper,Maschinen!$AC$6,FALSE)*AA139))","v":0},0,{"$f":"(IF(ISNA(VLOOKUP(AE139,ltSchlepper,Maschinen!$AA$6,FALSE))=TRUE,0,VLOOKUP(AE139,ltSchlepper,Maschinen!$AA$6,FALSE)*AG139))","v":0},{"$f":"(IF(ISNA(VLOOKUP(AE139,ltSchlepper,Maschinen!$AB$6,FALSE))=TRUE,0,VLOOKUP(AE139,ltSchlepper,Maschinen!$AB$6,FALSE)*AG139))","v":0},{"$f":"(IF(ISNA(VLOOKUP(AE139,ltSchlepper,Maschinen!$AC$6,FALSE))=TRUE,0,VLOOKUP(AE139,ltSchlepper,Maschinen!$AC$6,FALSE)*AG139))","v":0},0,{"$f":"(IF(ISNA(VLOOKUP(AK139,ltSchlepper,Maschinen!$AA$6,FALSE))=TRUE,0,VLOOKUP(AK139,ltSchlepper,Maschinen!$AA$6,FALSE)*AM139))","v":0},{"$f":"(IF(ISNA(VLOOKUP(AK139,ltSchlepper,Maschinen!$AB$6,FALSE))=TRUE,0,VLOOKUP(AK139,ltSchlepper,Maschinen!$AB$6,FALSE)*AM139))","v":0},{"$f":"(IF(ISNA(VLOOKUP(AK139,ltSchlepper,Maschinen!$AC$6,FALSE))=TRUE,0,VLOOKUP(AK139,ltSchlepper,Maschinen!$AC$6,FALSE)*AM139))","v":0},0,{"$f":"(IF(ISNA(VLOOKUP(AQ139,ltSchlepper,Maschinen!$AA$6,FALSE))=TRUE,0,VLOOKUP(AQ139,ltSchlepper,Maschinen!$AA$6,FALSE)*AS139))","v":0},{"$f":"(IF(ISNA(VLOOKUP(AQ139,ltSchlepper,Maschinen!$AB$6,FALSE))=TRUE,0,VLOOKUP(AQ139,ltSchlepper,Maschinen!$AB$6,FALSE)*AS139))","v":0},{"$f":"(IF(ISNA(VLOOKUP(AQ139,ltSchlepper,Maschinen!$AC$6,FALSE))=TRUE,0,VLOOKUP(AQ139,ltSchlepper,Maschinen!$AC$6,FALSE)*AS139))","v":0},0]
[null,21811,"*Holzhäckseln","h",null,150,null,null,59.141799999999996,59.141799999999996,90.858200000000011,0.1,5.91418,0.17742539999999998,1.1000000000000001,0.1,1.2000000000000002,30.000000000000004,89.319225399999993,60.680774600000007,0,89.319225399999993,60.680774600000007,null,11214,"*S4 Allradschlepper 200 kW stufenlos",1,{"$f":"IF(ISNA(VLOOKUP(Y140,ltSchlepper,3,FALSE))=TRUE,\"\",VLOOKUP(Y140,ltSchlepper,3,FALSE))","v":"h"},1,22,11214,{"$f":"IF(ISNA(VLOOKUP(AE140,ltSchlepper,2,FALSE))=TRUE,\"\",VLOOKUP(AE140,ltSchlepper,2,FALSE))","v":"*S4 Allradschlepper 200 kW stufenlos"},0.1,{"$f":"IF(ISNA(VLOOKUP(AE140,ltSchlepper,3,FALSE))=TRUE,\"\",VLOOKUP(AE140,ltSchlepper,3,FALSE))","v":"h"},1,2.2000000000000002,12218,{"$f":"IF(ISNA(VLOOKUP(AK140,ltSchlepper,2,FALSE))=TRUE,\"\",VLOOKUP(AK140,ltSchlepper,2,FALSE))","v":"*Holzhäcksler"},1,{"$f":"IF(ISNA(VLOOKUP(AK140,ltSchlepper,3,FALSE))=TRUE,\"\",VLOOKUP(AK140,ltSchlepper,3,FALSE))","v":"h"},1,0,null,{"$f":"IF(ISNA(VLOOKUP(AQ140,ltSchlepper,2,FALSE))=TRUE,\"\",VLOOKUP(AQ140,ltSchlepper,2,FALSE))","v":""},null,{"$f":"IF(ISNA(VLOOKUP(AQ140,ltSchlepper,3,FALSE))=TRUE,\"\",VLOOKUP(AQ140,ltSchlepper,3,FALSE))","v":""},null,0,24.2,35.450000000000003,0,0,22.99,0.70179999999999998,59.141799999999996,0,0,0,0,59.141799999999996,{"$f":"(IF(ISNA(VLOOKUP(Y140,ltSchlepper,Maschinen!$K$6,FALSE))=TRUE,0,VLOOKUP(Y140,ltSchlepper,Maschinen!$K$6,FALSE)*AA140))","v":9.5},{"$f":"(IF(ISNA(VLOOKUP(Y140,ltSchlepper,Maschinen!$L$6,FALSE))=TRUE,0,VLOOKUP(Y140,ltSchlepper,Maschinen!$L$6,FALSE)*AA140))","v":0},{"$f":"(IF(ISNA(VLOOKUP(Y140,ltSchlepper,Maschinen!$M$6,FALSE))=TRUE,0,VLOOKUP(Y140,ltSchlepper,Maschinen!$M$6,FALSE)*AA140))","v":0},{"$f":"(IF(ISNA(VLOOKUP(Y140,ltSchlepper,Maschinen!$N$6,FALSE))=TRUE,0,VLOOKUP(Y140,ltSchlepper,Maschinen!$N$6,FALSE)*AA140*IF(ISBLANK(AC140),1,AC140)))","v":22},{"$f":"(IF(ISNA(VLOOKUP(Y140,ltSchlepper,Maschinen!$O$6,FALSE))=TRUE,0,VLOOKUP(Y140,ltSchlepper,Maschinen!$O$6,FALSE)*AA140*IF(ISBLANK(AC140),1,AC140)))","v":20.9},{"$f":"(IF(ISNA(VLOOKUP(Y140,ltSchlepper,Maschinen!$P$6,FALSE))=TRUE,0,VLOOKUP(Y140,ltSchlepper,Maschinen!$P$6,FALSE)*AA140*IF(ISBLANK(AC140),1,AC140)))","v":0.63800000000000001},31.038,{"$f":"(IF(ISNA(VLOOKUP(AE140,ltSchlepper,Maschinen!$K$6,FALSE))=TRUE,0,VLOOKUP(AE140,ltSchlepper,Maschinen!$K$6,FALSE)*AG140))","v":0.95000000000000007},{"$f":"(IF(ISNA(VLOOKUP(AE140,ltSchlepper,Maschinen!$L$6,FALSE))=TRUE,0,VLOOKUP(AE140,ltSchlepper,Maschinen!$L$6,FALSE)*AG140))","v":0},{"$f":"(IF(ISNA(VLOOKUP(AE140,ltSchlepper,Maschinen!$M$6,FALSE))=TRUE,0,VLOOKUP(AE140,ltSchlepper,Maschinen!$M$6,FALSE)*AG140))","v":0},{"$f":"(IF(ISNA(VLOOKUP(AE140,ltSchlepper,Maschinen!$N$6,FALSE))=TRUE,0,VLOOKUP(AE140,ltSchlepper,Maschinen!$N$6,FALSE)*AG140*IF(ISBLANK(AI140),1,AI140)))","v":2.2000000000000002},{"$f":"(IF(ISNA(VLOOKUP(AE140,ltSchlepper,Maschinen!$O$6,FALSE))=TRUE,0,VLOOKUP(AE140,ltSchlepper,Maschinen!$O$6,FALSE)*AG140*IF(ISBLANK(AI140),1,AI140)))","v":2.09},{"$f":"(IF(ISNA(VLOOKUP(AE140,ltSchlepper,Maschinen!$P$6,FALSE))=TRUE,0,VLOOKUP(AE140,ltSchlepper,Maschinen!$P$6,FALSE)*AG140*IF(ISBLANK(AI140),1,AI140)))","v":6.3800000000000009E-2},3.1038000000000001,{"$f":"(IF(ISNA(VLOOKUP(AK140,ltSchlepper,Maschinen!$K$6,FALSE))=TRUE,0,VLOOKUP(AK140,ltSchlepper,Maschinen!$K$6,FALSE)*AM140))","v":25},{"$f":"(IF(ISNA(VLOOKUP(AK140,ltSchlepper,Maschinen!$L$6,FALSE))=TRUE,0,VLOOKUP(AK140,ltSchlepper,Maschinen!$L$6,FALSE)*AM140))","v":0},{"$f":"(IF(ISNA(VLOOKUP(AK140,ltSchlepper,Maschinen!$M$6,FALSE))=TRUE,0,VLOOKUP(AK140,ltSchlepper,Maschinen!$M$6,FALSE)*AM140))","v":0},{"$f":"(IF(ISNA(VLOOKUP(AK140,ltSchlepper,Maschinen!$N$6,FALSE))=TRUE,0,VLOOKUP(AK140,ltSchlepper,Maschinen!$N$6,FALSE)*AM140*IF(ISBLANK(AO140),1,AO140)))","v":0},{"$f":"(IF(ISNA(VLOOKUP(AK140,ltSchlepper,Maschinen!$O$6,FALSE))=TRUE,0,VLOOKUP(AK140,ltSchlepper,Maschinen!$O$6,FALSE)*AM140*IF(ISBLANK(AO140),1,AO140)))","v":0},{"$f":"(IF(ISNA(VLOOKUP(AK140,ltSchlepper,Maschinen!$P$6,FALSE))=TRUE,0,VLOOKUP(AK140,ltSchlepper,Maschinen!$P$6,FALSE)*AM140*IF(ISBLANK(AO140),1,AO140)))","v":0},25,{"$f":"(IF(ISNA(VLOOKUP(AQ140,ltSchlepper,Maschinen!$K$6,FALSE))=TRUE,0,VLOOKUP(AQ140,ltSchlepper,Maschinen!$K$6,FALSE)*AS140))","v":0},{"$f":"(IF(ISNA(VLOOKUP(AQ140,ltSchlepper,Maschinen!$L$6,FALSE))=TRUE,0,VLOOKUP(AQ140,ltSchlepper,Maschinen!$L$6,FALSE)*AS140))","v":0},{"$f":"(IF(ISNA(VLOOKUP(AQ140,ltSchlepper,Maschinen!$M$6,FALSE))=TRUE,0,VLOOKUP(AQ140,ltSchlepper,Maschinen!$M$6,FALSE)*AS140))","v":0},{"$f":"(IF(ISNA(VLOOKUP(AQ140,ltSchlepper,Maschinen!$N$6,FALSE))=TRUE,0,VLOOKUP(AQ140,ltSchlepper,Maschinen!$N$6,FALSE)*AS140*IF(ISBLANK(AU140),1,AU140)))","v":0},{"$f":"(IF(ISNA(VLOOKUP(AQ140,ltSchlepper,Maschinen!$O$6,FALSE))=TRUE,0,VLOOKUP(AQ140,ltSchlepper,Maschinen!$O$6,FALSE)*AS140*IF(ISBLANK(AU140),1,AU140)))","v":0},{"$f":"(IF(ISNA(VLOOKUP(AQ140,ltSchlepper,Maschinen!$P$6,FALSE))=TRUE,0,VLOOKUP(AQ140,ltSchlepper,Maschinen!$P$6,FALSE)*AS140*IF(ISBLANK(AU140),1,AU140)))","v":0},0,{"$f":"(IF(ISNA(VLOOKUP(Y140,ltSchlepper,Maschinen!$AA$6,FALSE))=TRUE,0,VLOOKUP(Y140,ltSchlepper,Maschinen!$AA$6,FALSE)*AA140))","v":0},{"$f":"(IF(ISNA(VLOOKUP(Y140,ltSchlepper,Maschinen!$AB$6,FALSE))=TRUE,0,VLOOKUP(Y140,ltSchlepper,Maschinen!$AB$6,FALSE)*AA140))","v":0},{"$f":"(IF(ISNA(VLOOKUP(Y140,ltSchlepper,Maschinen!$AC$6,FALSE))=TRUE,0,VLOOKUP(Y140,ltSchlepper,Maschinen!$AC$6,FALSE)*AA140))","v":0},0,{"$f":"(IF(ISNA(VLOOKUP(AE140,ltSchlepper,Maschinen!$AA$6,FALSE))=TRUE,0,VLOOKUP(AE140,ltSchlepper,Maschinen!$AA$6,FALSE)*AG140))","v":0},{"$f":"(IF(ISNA(VLOOKUP(AE140,ltSchlepper,Maschinen!$AB$6,FALSE))=TRUE,0,VLOOKUP(AE140,ltSchlepper,Maschinen!$AB$6,FALSE)*AG140))","v":0},{"$f":"(IF(ISNA(VLOOKUP(AE140,ltSchlepper,Maschinen!$AC$6,FALSE))=TRUE,0,VLOOKUP(AE140,ltSchlepper,Maschinen!$AC$6,FALSE)*AG140))","v":0},0,{"$f":"(IF(ISNA(VLOOKUP(AK140,ltSchlepper,Maschinen!$AA$6,FALSE))=TRUE,0,VLOOKUP(AK140,ltSchlepper,Maschinen!$AA$6,FALSE)*AM140))","v":0},{"$f":"(IF(ISNA(VLOOKUP(AK140,ltSchlepper,Maschinen!$AB$6,FALSE))=TRUE,0,VLOOKUP(AK140,ltSchlepper,Maschinen!$AB$6,FALSE)*AM140))","v":0},{"$f":"(IF(ISNA(VLOOKUP(AK140,ltSchlepper,Maschinen!$AC$6,FALSE))=TRUE,0,VLOOKUP(AK140,ltSchlepper,Maschinen!$AC$6,FALSE)*AM140))","v":0},0,{"$f":"(IF(ISNA(VLOOKUP(AQ140,ltSchlepper,Maschinen!$AA$6,FALSE))=TRUE,0,VLOOKUP(AQ140,ltSchlepper,Maschinen!$AA$6,FALSE)*AS140))","v":0},{"$f":"(IF(ISNA(VLOOKUP(AQ140,ltSchlepper,Maschinen!$AB$6,FALSE))=TRUE,0,VLOOKUP(AQ140,ltSchlepper,Maschinen!$AB$6,FALSE)*AS140))","v":0},{"$f":"(IF(ISNA(VLOOKUP(AQ140,ltSchlepper,Maschinen!$AC$6,FALSE))=TRUE,0,VLOOKUP(AQ140,ltSchlepper,Maschinen!$AC$6,FALSE)*AS140))","v":0},0]
[null,21812,null,null,null,null,null,null,0,0,0,0.1,0,0,null,null,0,0,0,0,0,0,0,null,null,"",null,"",null,0,null,"",null,"",null,0,null,"",null,"",null,0,null,"",null,"",null,0,0,0,0,0,0,0,0,0,0,0,0,0,{"$f":"(IF(ISNA(VLOOKUP(Y141,ltSchlepper,Maschinen!$K$6,FALSE))=TRUE,0,VLOOKUP(Y141,ltSchlepper,Maschinen!$K$6,FALSE)*AA141))","v":0},{"$f":"(IF(ISNA(VLOOKUP(Y141,ltSchlepper,Maschinen!$L$6,FALSE))=TRUE,0,VLOOKUP(Y141,ltSchlepper,Maschinen!$L$6,FALSE)*AA141))","v":0},{"$f":"(IF(ISNA(VLOOKUP(Y141,ltSchlepper,Maschinen!$M$6,FALSE))=TRUE,0,VLOOKUP(Y141,ltSchlepper,Maschinen!$M$6,FALSE)*AA141))","v":0},{"$f":"(IF(ISNA(VLOOKUP(Y141,ltSchlepper,Maschinen!$N$6,FALSE))=TRUE,0,VLOOKUP(Y141,ltSchlepper,Maschinen!$N$6,FALSE)*AA141*IF(ISBLANK(AC141),1,AC141)))","v":0},{"$f":"(IF(ISNA(VLOOKUP(Y141,ltSchlepper,Maschinen!$O$6,FALSE))=TRUE,0,VLOOKUP(Y141,ltSchlepper,Maschinen!$O$6,FALSE)*AA141*IF(ISBLANK(AC141),1,AC141)))","v":0},{"$f":"(IF(ISNA(VLOOKUP(Y141,ltSchlepper,Maschinen!$P$6,FALSE))=TRUE,0,VLOOKUP(Y141,ltSchlepper,Maschinen!$P$6,FALSE)*AA141*IF(ISBLANK(AC141),1,AC141)))","v":0},0,{"$f":"(IF(ISNA(VLOOKUP(AE141,ltSchlepper,Maschinen!$K$6,FALSE))=TRUE,0,VLOOKUP(AE141,ltSchlepper,Maschinen!$K$6,FALSE)*AG141))","v":0},{"$f":"(IF(ISNA(VLOOKUP(AE141,ltSchlepper,Maschinen!$L$6,FALSE))=TRUE,0,VLOOKUP(AE141,ltSchlepper,Maschinen!$L$6,FALSE)*AG141))","v":0},{"$f":"(IF(ISNA(VLOOKUP(AE141,ltSchlepper,Maschinen!$M$6,FALSE))=TRUE,0,VLOOKUP(AE141,ltSchlepper,Maschinen!$M$6,FALSE)*AG141))","v":0},{"$f":"(IF(ISNA(VLOOKUP(AE141,ltSchlepper,Maschinen!$N$6,FALSE))=TRUE,0,VLOOKUP(AE141,ltSchlepper,Maschinen!$N$6,FALSE)*AG141*IF(ISBLANK(AI141),1,AI141)))","v":0},{"$f":"(IF(ISNA(VLOOKUP(AE141,ltSchlepper,Maschinen!$O$6,FALSE))=TRUE,0,VLOOKUP(AE141,ltSchlepper,Maschinen!$O$6,FALSE)*AG141*IF(ISBLANK(AI141),1,AI141)))","v":0},{"$f":"(IF(ISNA(VLOOKUP(AE141,ltSchlepper,Maschinen!$P$6,FALSE))=TRUE,0,VLOOKUP(AE141,ltSchlepper,Maschinen!$P$6,FALSE)*AG141*IF(ISBLANK(AI141),1,AI141)))","v":0},0,{"$f":"(IF(ISNA(VLOOKUP(AK141,ltSchlepper,Maschinen!$K$6,FALSE))=TRUE,0,VLOOKUP(AK141,ltSchlepper,Maschinen!$K$6,FALSE)*AM141))","v":0},{"$f":"(IF(ISNA(VLOOKUP(AK141,ltSchlepper,Maschinen!$L$6,FALSE))=TRUE,0,VLOOKUP(AK141,ltSchlepper,Maschinen!$L$6,FALSE)*AM141))","v":0},{"$f":"(IF(ISNA(VLOOKUP(AK141,ltSchlepper,Maschinen!$M$6,FALSE))=TRUE,0,VLOOKUP(AK141,ltSchlepper,Maschinen!$M$6,FALSE)*AM141))","v":0},{"$f":"(IF(ISNA(VLOOKUP(AK141,ltSchlepper,Maschinen!$N$6,FALSE))=TRUE,0,VLOOKUP(AK141,ltSchlepper,Maschinen!$N$6,FALSE)*AM141*IF(ISBLANK(AO141),1,AO141)))","v":0},{"$f":"(IF(ISNA(VLOOKUP(AK141,ltSchlepper,Maschinen!$O$6,FALSE))=TRUE,0,VLOOKUP(AK141,ltSchlepper,Maschinen!$O$6,FALSE)*AM141*IF(ISBLANK(AO141),1,AO141)))","v":0},{"$f":"(IF(ISNA(VLOOKUP(AK141,ltSchlepper,Maschinen!$P$6,FALSE))=TRUE,0,VLOOKUP(AK141,ltSchlepper,Maschinen!$P$6,FALSE)*AM141*IF(ISBLANK(AO141),1,AO141)))","v":0},0,{"$f":"(IF(ISNA(VLOOKUP(AQ141,ltSchlepper,Maschinen!$K$6,FALSE))=TRUE,0,VLOOKUP(AQ141,ltSchlepper,Maschinen!$K$6,FALSE)*AS141))","v":0},{"$f":"(IF(ISNA(VLOOKUP(AQ141,ltSchlepper,Maschinen!$L$6,FALSE))=TRUE,0,VLOOKUP(AQ141,ltSchlepper,Maschinen!$L$6,FALSE)*AS141))","v":0},{"$f":"(IF(ISNA(VLOOKUP(AQ141,ltSchlepper,Maschinen!$M$6,FALSE))=TRUE,0,VLOOKUP(AQ141,ltSchlepper,Maschinen!$M$6,FALSE)*AS141))","v":0},{"$f":"(IF(ISNA(VLOOKUP(AQ141,ltSchlepper,Maschinen!$N$6,FALSE))=TRUE,0,VLOOKUP(AQ141,ltSchlepper,Maschinen!$N$6,FALSE)*AS141*IF(ISBLANK(AU141),1,AU141)))","v":0},{"$f":"(IF(ISNA(VLOOKUP(AQ141,ltSchlepper,Maschinen!$O$6,FALSE))=TRUE,0,VLOOKUP(AQ141,ltSchlepper,Maschinen!$O$6,FALSE)*AS141*IF(ISBLANK(AU141),1,AU141)))","v":0},{"$f":"(IF(ISNA(VLOOKUP(AQ141,ltSchlepper,Maschinen!$P$6,FALSE))=TRUE,0,VLOOKUP(AQ141,ltSchlepper,Maschinen!$P$6,FALSE)*AS141*IF(ISBLANK(AU141),1,AU141)))","v":0},0,{"$f":"(IF(ISNA(VLOOKUP(Y141,ltSchlepper,Maschinen!$AA$6,FALSE))=TRUE,0,VLOOKUP(Y141,ltSchlepper,Maschinen!$AA$6,FALSE)*AA141))","v":0},{"$f":"(IF(ISNA(VLOOKUP(Y141,ltSchlepper,Maschinen!$AB$6,FALSE))=TRUE,0,VLOOKUP(Y141,ltSchlepper,Maschinen!$AB$6,FALSE)*AA141))","v":0},{"$f":"(IF(ISNA(VLOOKUP(Y141,ltSchlepper,Maschinen!$AC$6,FALSE))=TRUE,0,VLOOKUP(Y141,ltSchlepper,Maschinen!$AC$6,FALSE)*AA141))","v":0},0,{"$f":"(IF(ISNA(VLOOKUP(AE141,ltSchlepper,Maschinen!$AA$6,FALSE))=TRUE,0,VLOOKUP(AE141,ltSchlepper,Maschinen!$AA$6,FALSE)*AG141))","v":0},{"$f":"(IF(ISNA(VLOOKUP(AE141,ltSchlepper,Maschinen!$AB$6,FALSE))=TRUE,0,VLOOKUP(AE141,ltSchlepper,Maschinen!$AB$6,FALSE)*AG141))","v":0},{"$f":"(IF(ISNA(VLOOKUP(AE141,ltSchlepper,Maschinen!$AC$6,FALSE))=TRUE,0,VLOOKUP(AE141,ltSchlepper,Maschinen!$AC$6,FALSE)*AG141))","v":0},0,{"$f":"(IF(ISNA(VLOOKUP(AK141,ltSchlepper,Maschinen!$AA$6,FALSE))=TRUE,0,VLOOKUP(AK141,ltSchlepper,Maschinen!$AA$6,FALSE)*AM141))","v":0},{"$f":"(IF(ISNA(VLOOKUP(AK141,ltSchlepper,Maschinen!$AB$6,FALSE))=TRUE,0,VLOOKUP(AK141,ltSchlepper,Maschinen!$AB$6,FALSE)*AM141))","v":0},{"$f":"(IF(ISNA(VLOOKUP(AK141,ltSchlepper,Maschinen!$AC$6,FALSE))=TRUE,0,VLOOKUP(AK141,ltSchlepper,Maschinen!$AC$6,FALSE)*AM141))","v":0},0,{"$f":"(IF(ISNA(VLOOKUP(AQ141,ltSchlepper,Maschinen!$AA$6,FALSE))=TRUE,0,VLOOKUP(AQ141,ltSchlepper,Maschinen!$AA$6,FALSE)*AS141))","v":0},{"$f":"(IF(ISNA(VLOOKUP(AQ141,ltSchlepper,Maschinen!$AB$6,FALSE))=TRUE,0,VLOOKUP(AQ141,ltSchlepper,Maschinen!$AB$6,FALSE)*AS141))","v":0},{"$f":"(IF(ISNA(VLOOKUP(AQ141,ltSchlepper,Maschinen!$AC$6,FALSE))=TRUE,0,VLOOKUP(AQ141,ltSchlepper,Maschinen!$AC$6,FALSE)*AS141))","v":0},0]
[null,21813,null,null,null,null,null,null,0,0,0,0.1,0,0,null,null,0,0,0,0,0,0,0,null,null,"",null,"",null,0,null,"",null,"",null,0,null,"",null,"",null,0,null,"",null,"",null,0,0,0,0,0,0,0,0,0,0,0,0,0,{"$f":"(IF(ISNA(VLOOKUP(Y142,ltSchlepper,Maschinen!$K$6,FALSE))=TRUE,0,VLOOKUP(Y142,ltSchlepper,Maschinen!$K$6,FALSE)*AA142))","v":0},{"$f":"(IF(ISNA(VLOOKUP(Y142,ltSchlepper,Maschinen!$L$6,FALSE))=TRUE,0,VLOOKUP(Y142,ltSchlepper,Maschinen!$L$6,FALSE)*AA142))","v":0},{"$f":"(IF(ISNA(VLOOKUP(Y142,ltSchlepper,Maschinen!$M$6,FALSE))=TRUE,0,VLOOKUP(Y142,ltSchlepper,Maschinen!$M$6,FALSE)*AA142))","v":0},{"$f":"(IF(ISNA(VLOOKUP(Y142,ltSchlepper,Maschinen!$N$6,FALSE))=TRUE,0,VLOOKUP(Y142,ltSchlepper,Maschinen!$N$6,FALSE)*AA142*IF(ISBLANK(AC142),1,AC142)))","v":0},{"$f":"(IF(ISNA(VLOOKUP(Y142,ltSchlepper,Maschinen!$O$6,FALSE))=TRUE,0,VLOOKUP(Y142,ltSchlepper,Maschinen!$O$6,FALSE)*AA142*IF(ISBLANK(AC142),1,AC142)))","v":0},{"$f":"(IF(ISNA(VLOOKUP(Y142,ltSchlepper,Maschinen!$P$6,FALSE))=TRUE,0,VLOOKUP(Y142,ltSchlepper,Maschinen!$P$6,FALSE)*AA142*IF(ISBLANK(AC142),1,AC142)))","v":0},0,{"$f":"(IF(ISNA(VLOOKUP(AE142,ltSchlepper,Maschinen!$K$6,FALSE))=TRUE,0,VLOOKUP(AE142,ltSchlepper,Maschinen!$K$6,FALSE)*AG142))","v":0},{"$f":"(IF(ISNA(VLOOKUP(AE142,ltSchlepper,Maschinen!$L$6,FALSE))=TRUE,0,VLOOKUP(AE142,ltSchlepper,Maschinen!$L$6,FALSE)*AG142))","v":0},{"$f":"(IF(ISNA(VLOOKUP(AE142,ltSchlepper,Maschinen!$M$6,FALSE))=TRUE,0,VLOOKUP(AE142,ltSchlepper,Maschinen!$M$6,FALSE)*AG142))","v":0},{"$f":"(IF(ISNA(VLOOKUP(AE142,ltSchlepper,Maschinen!$N$6,FALSE))=TRUE,0,VLOOKUP(AE142,ltSchlepper,Maschinen!$N$6,FALSE)*AG142*IF(ISBLANK(AI142),1,AI142)))","v":0},{"$f":"(IF(ISNA(VLOOKUP(AE142,ltSchlepper,Maschinen!$O$6,FALSE))=TRUE,0,VLOOKUP(AE142,ltSchlepper,Maschinen!$O$6,FALSE)*AG142*IF(ISBLANK(AI142),1,AI142)))","v":0},{"$f":"(IF(ISNA(VLOOKUP(AE142,ltSchlepper,Maschinen!$P$6,FALSE))=TRUE,0,VLOOKUP(AE142,ltSchlepper,Maschinen!$P$6,FALSE)*AG142*IF(ISBLANK(AI142),1,AI142)))","v":0},0,{"$f":"(IF(ISNA(VLOOKUP(AK142,ltSchlepper,Maschinen!$K$6,FALSE))=TRUE,0,VLOOKUP(AK142,ltSchlepper,Maschinen!$K$6,FALSE)*AM142))","v":0},{"$f":"(IF(ISNA(VLOOKUP(AK142,ltSchlepper,Maschinen!$L$6,FALSE))=TRUE,0,VLOOKUP(AK142,ltSchlepper,Maschinen!$L$6,FALSE)*AM142))","v":0},{"$f":"(IF(ISNA(VLOOKUP(AK142,ltSchlepper,Maschinen!$M$6,FALSE))=TRUE,0,VLOOKUP(AK142,ltSchlepper,Maschinen!$M$6,FALSE)*AM142))","v":0},{"$f":"(IF(ISNA(VLOOKUP(AK142,ltSchlepper,Maschinen!$N$6,FALSE))=TRUE,0,VLOOKUP(AK142,ltSchlepper,Maschinen!$N$6,FALSE)*AM142*IF(ISBLANK(AO142),1,AO142)))","v":0},{"$f":"(IF(ISNA(VLOOKUP(AK142,ltSchlepper,Maschinen!$O$6,FALSE))=TRUE,0,VLOOKUP(AK142,ltSchlepper,Maschinen!$O$6,FALSE)*AM142*IF(ISBLANK(AO142),1,AO142)))","v":0},{"$f":"(IF(ISNA(VLOOKUP(AK142,ltSchlepper,Maschinen!$P$6,FALSE))=TRUE,0,VLOOKUP(AK142,ltSchlepper,Maschinen!$P$6,FALSE)*AM142*IF(ISBLANK(AO142),1,AO142)))","v":0},0,{"$f":"(IF(ISNA(VLOOKUP(AQ142,ltSchlepper,Maschinen!$K$6,FALSE))=TRUE,0,VLOOKUP(AQ142,ltSchlepper,Maschinen!$K$6,FALSE)*AS142))","v":0},{"$f":"(IF(ISNA(VLOOKUP(AQ142,ltSchlepper,Maschinen!$L$6,FALSE))=TRUE,0,VLOOKUP(AQ142,ltSchlepper,Maschinen!$L$6,FALSE)*AS142))","v":0},{"$f":"(IF(ISNA(VLOOKUP(AQ142,ltSchlepper,Maschinen!$M$6,FALSE))=TRUE,0,VLOOKUP(AQ142,ltSchlepper,Maschinen!$M$6,FALSE)*AS142))","v":0},{"$f":"(IF(ISNA(VLOOKUP(AQ142,ltSchlepper,Maschinen!$N$6,FALSE))=TRUE,0,VLOOKUP(AQ142,ltSchlepper,Maschinen!$N$6,FALSE)*AS142*IF(ISBLANK(AU142),1,AU142)))","v":0},{"$f":"(IF(ISNA(VLOOKUP(AQ142,ltSchlepper,Maschinen!$O$6,FALSE))=TRUE,0,VLOOKUP(AQ142,ltSchlepper,Maschinen!$O$6,FALSE)*AS142*IF(ISBLANK(AU142),1,AU142)))","v":0},{"$f":"(IF(ISNA(VLOOKUP(AQ142,ltSchlepper,Maschinen!$P$6,FALSE))=TRUE,0,VLOOKUP(AQ142,ltSchlepper,Maschinen!$P$6,FALSE)*AS142*IF(ISBLANK(AU142),1,AU142)))","v":0},0,{"$f":"(IF(ISNA(VLOOKUP(Y142,ltSchlepper,Maschinen!$AA$6,FALSE))=TRUE,0,VLOOKUP(Y142,ltSchlepper,Maschinen!$AA$6,FALSE)*AA142))","v":0},{"$f":"(IF(ISNA(VLOOKUP(Y142,ltSchlepper,Maschinen!$AB$6,FALSE))=TRUE,0,VLOOKUP(Y142,ltSchlepper,Maschinen!$AB$6,FALSE)*AA142))","v":0},{"$f":"(IF(ISNA(VLOOKUP(Y142,ltSchlepper,Maschinen!$AC$6,FALSE))=TRUE,0,VLOOKUP(Y142,ltSchlepper,Maschinen!$AC$6,FALSE)*AA142))","v":0},0,{"$f":"(IF(ISNA(VLOOKUP(AE142,ltSchlepper,Maschinen!$AA$6,FALSE))=TRUE,0,VLOOKUP(AE142,ltSchlepper,Maschinen!$AA$6,FALSE)*AG142))","v":0},{"$f":"(IF(ISNA(VLOOKUP(AE142,ltSchlepper,Maschinen!$AB$6,FALSE))=TRUE,0,VLOOKUP(AE142,ltSchlepper,Maschinen!$AB$6,FALSE)*AG142))","v":0},{"$f":"(IF(ISNA(VLOOKUP(AE142,ltSchlepper,Maschinen!$AC$6,FALSE))=TRUE,0,VLOOKUP(AE142,ltSchlepper,Maschinen!$AC$6,FALSE)*AG142))","v":0},0,{"$f":"(IF(ISNA(VLOOKUP(AK142,ltSchlepper,Maschinen!$AA$6,FALSE))=TRUE,0,VLOOKUP(AK142,ltSchlepper,Maschinen!$AA$6,FALSE)*AM142))","v":0},{"$f":"(IF(ISNA(VLOOKUP(AK142,ltSchlepper,Maschinen!$AB$6,FALSE))=TRUE,0,VLOOKUP(AK142,ltSchlepper,Maschinen!$AB$6,FALSE)*AM142))","v":0},{"$f":"(IF(ISNA(VLOOKUP(AK142,ltSchlepper,Maschinen!$AC$6,FALSE))=TRUE,0,VLOOKUP(AK142,ltSchlepper,Maschinen!$AC$6,FALSE)*AM142))","v":0},0,{"$f":"(IF(ISNA(VLOOKUP(AQ142,ltSchlepper,Maschinen!$AA$6,FALSE))=TRUE,0,VLOOKUP(AQ142,ltSchlepper,Maschinen!$AA$6,FALSE)*AS142))","v":0},{"$f":"(IF(ISNA(VLOOKUP(AQ142,ltSchlepper,Maschinen!$AB$6,FALSE))=TRUE,0,VLOOKUP(AQ142,ltSchlepper,Maschinen!$AB$6,FALSE)*AS142))","v":0},{"$f":"(IF(ISNA(VLOOKUP(AQ142,ltSchlepper,Maschinen!$AC$6,FALSE))=TRUE,0,VLOOKUP(AQ142,ltSchlepper,Maschinen!$AC$6,FALSE)*AS142))","v":0},0]
[null,21814,null,null,null,null,null,null,0,0,0,0.1,0,0,null,null,0,0,0,0,0,0,0,null,null,"",null,"",null,0,null,"",null,"",null,0,null,"",null,"",null,0,null,"",null,"",null,0,0,0,0,0,0,0,0,0,0,0,0,0,{"$f":"(IF(ISNA(VLOOKUP(Y143,ltSchlepper,Maschinen!$K$6,FALSE))=TRUE,0,VLOOKUP(Y143,ltSchlepper,Maschinen!$K$6,FALSE)*AA143))","v":0},{"$f":"(IF(ISNA(VLOOKUP(Y143,ltSchlepper,Maschinen!$L$6,FALSE))=TRUE,0,VLOOKUP(Y143,ltSchlepper,Maschinen!$L$6,FALSE)*AA143))","v":0},{"$f":"(IF(ISNA(VLOOKUP(Y143,ltSchlepper,Maschinen!$M$6,FALSE))=TRUE,0,VLOOKUP(Y143,ltSchlepper,Maschinen!$M$6,FALSE)*AA143))","v":0},{"$f":"(IF(ISNA(VLOOKUP(Y143,ltSchlepper,Maschinen!$N$6,FALSE))=TRUE,0,VLOOKUP(Y143,ltSchlepper,Maschinen!$N$6,FALSE)*AA143*IF(ISBLANK(AC143),1,AC143)))","v":0},{"$f":"(IF(ISNA(VLOOKUP(Y143,ltSchlepper,Maschinen!$O$6,FALSE))=TRUE,0,VLOOKUP(Y143,ltSchlepper,Maschinen!$O$6,FALSE)*AA143*IF(ISBLANK(AC143),1,AC143)))","v":0},{"$f":"(IF(ISNA(VLOOKUP(Y143,ltSchlepper,Maschinen!$P$6,FALSE))=TRUE,0,VLOOKUP(Y143,ltSchlepper,Maschinen!$P$6,FALSE)*AA143*IF(ISBLANK(AC143),1,AC143)))","v":0},0,{"$f":"(IF(ISNA(VLOOKUP(AE143,ltSchlepper,Maschinen!$K$6,FALSE))=TRUE,0,VLOOKUP(AE143,ltSchlepper,Maschinen!$K$6,FALSE)*AG143))","v":0},{"$f":"(IF(ISNA(VLOOKUP(AE143,ltSchlepper,Maschinen!$L$6,FALSE))=TRUE,0,VLOOKUP(AE143,ltSchlepper,Maschinen!$L$6,FALSE)*AG143))","v":0},{"$f":"(IF(ISNA(VLOOKUP(AE143,ltSchlepper,Maschinen!$M$6,FALSE))=TRUE,0,VLOOKUP(AE143,ltSchlepper,Maschinen!$M$6,FALSE)*AG143))","v":0},{"$f":"(IF(ISNA(VLOOKUP(AE143,ltSchlepper,Maschinen!$N$6,FALSE))=TRUE,0,VLOOKUP(AE143,ltSchlepper,Maschinen!$N$6,FALSE)*AG143*IF(ISBLANK(AI143),1,AI143)))","v":0},{"$f":"(IF(ISNA(VLOOKUP(AE143,ltSchlepper,Maschinen!$O$6,FALSE))=TRUE,0,VLOOKUP(AE143,ltSchlepper,Maschinen!$O$6,FALSE)*AG143*IF(ISBLANK(AI143),1,AI143)))","v":0},{"$f":"(IF(ISNA(VLOOKUP(AE143,ltSchlepper,Maschinen!$P$6,FALSE))=TRUE,0,VLOOKUP(AE143,ltSchlepper,Maschinen!$P$6,FALSE)*AG143*IF(ISBLANK(AI143),1,AI143)))","v":0},0,{"$f":"(IF(ISNA(VLOOKUP(AK143,ltSchlepper,Maschinen!$K$6,FALSE))=TRUE,0,VLOOKUP(AK143,ltSchlepper,Maschinen!$K$6,FALSE)*AM143))","v":0},{"$f":"(IF(ISNA(VLOOKUP(AK143,ltSchlepper,Maschinen!$L$6,FALSE))=TRUE,0,VLOOKUP(AK143,ltSchlepper,Maschinen!$L$6,FALSE)*AM143))","v":0},{"$f":"(IF(ISNA(VLOOKUP(AK143,ltSchlepper,Maschinen!$M$6,FALSE))=TRUE,0,VLOOKUP(AK143,ltSchlepper,Maschinen!$M$6,FALSE)*AM143))","v":0},{"$f":"(IF(ISNA(VLOOKUP(AK143,ltSchlepper,Maschinen!$N$6,FALSE))=TRUE,0,VLOOKUP(AK143,ltSchlepper,Maschinen!$N$6,FALSE)*AM143*IF(ISBLANK(AO143),1,AO143)))","v":0},{"$f":"(IF(ISNA(VLOOKUP(AK143,ltSchlepper,Maschinen!$O$6,FALSE))=TRUE,0,VLOOKUP(AK143,ltSchlepper,Maschinen!$O$6,FALSE)*AM143*IF(ISBLANK(AO143),1,AO143)))","v":0},{"$f":"(IF(ISNA(VLOOKUP(AK143,ltSchlepper,Maschinen!$P$6,FALSE))=TRUE,0,VLOOKUP(AK143,ltSchlepper,Maschinen!$P$6,FALSE)*AM143*IF(ISBLANK(AO143),1,AO143)))","v":0},0,{"$f":"(IF(ISNA(VLOOKUP(AQ143,ltSchlepper,Maschinen!$K$6,FALSE))=TRUE,0,VLOOKUP(AQ143,ltSchlepper,Maschinen!$K$6,FALSE)*AS143))","v":0},{"$f":"(IF(ISNA(VLOOKUP(AQ143,ltSchlepper,Maschinen!$L$6,FALSE))=TRUE,0,VLOOKUP(AQ143,ltSchlepper,Maschinen!$L$6,FALSE)*AS143))","v":0},{"$f":"(IF(ISNA(VLOOKUP(AQ143,ltSchlepper,Maschinen!$M$6,FALSE))=TRUE,0,VLOOKUP(AQ143,ltSchlepper,Maschinen!$M$6,FALSE)*AS143))","v":0},{"$f":"(IF(ISNA(VLOOKUP(AQ143,ltSchlepper,Maschinen!$N$6,FALSE))=TRUE,0,VLOOKUP(AQ143,ltSchlepper,Maschinen!$N$6,FALSE)*AS143*IF(ISBLANK(AU143),1,AU143)))","v":0},{"$f":"(IF(ISNA(VLOOKUP(AQ143,ltSchlepper,Maschinen!$O$6,FALSE))=TRUE,0,VLOOKUP(AQ143,ltSchlepper,Maschinen!$O$6,FALSE)*AS143*IF(ISBLANK(AU143),1,AU143)))","v":0},{"$f":"(IF(ISNA(VLOOKUP(AQ143,ltSchlepper,Maschinen!$P$6,FALSE))=TRUE,0,VLOOKUP(AQ143,ltSchlepper,Maschinen!$P$6,FALSE)*AS143*IF(ISBLANK(AU143),1,AU143)))","v":0},0,{"$f":"(IF(ISNA(VLOOKUP(Y143,ltSchlepper,Maschinen!$AA$6,FALSE))=TRUE,0,VLOOKUP(Y143,ltSchlepper,Maschinen!$AA$6,FALSE)*AA143))","v":0},{"$f":"(IF(ISNA(VLOOKUP(Y143,ltSchlepper,Maschinen!$AB$6,FALSE))=TRUE,0,VLOOKUP(Y143,ltSchlepper,Maschinen!$AB$6,FALSE)*AA143))","v":0},{"$f":"(IF(ISNA(VLOOKUP(Y143,ltSchlepper,Maschinen!$AC$6,FALSE))=TRUE,0,VLOOKUP(Y143,ltSchlepper,Maschinen!$AC$6,FALSE)*AA143))","v":0},0,{"$f":"(IF(ISNA(VLOOKUP(AE143,ltSchlepper,Maschinen!$AA$6,FALSE))=TRUE,0,VLOOKUP(AE143,ltSchlepper,Maschinen!$AA$6,FALSE)*AG143))","v":0},{"$f":"(IF(ISNA(VLOOKUP(AE143,ltSchlepper,Maschinen!$AB$6,FALSE))=TRUE,0,VLOOKUP(AE143,ltSchlepper,Maschinen!$AB$6,FALSE)*AG143))","v":0},{"$f":"(IF(ISNA(VLOOKUP(AE143,ltSchlepper,Maschinen!$AC$6,FALSE))=TRUE,0,VLOOKUP(AE143,ltSchlepper,Maschinen!$AC$6,FALSE)*AG143))","v":0},0,{"$f":"(IF(ISNA(VLOOKUP(AK143,ltSchlepper,Maschinen!$AA$6,FALSE))=TRUE,0,VLOOKUP(AK143,ltSchlepper,Maschinen!$AA$6,FALSE)*AM143))","v":0},{"$f":"(IF(ISNA(VLOOKUP(AK143,ltSchlepper,Maschinen!$AB$6,FALSE))=TRUE,0,VLOOKUP(AK143,ltSchlepper,Maschinen!$AB$6,FALSE)*AM143))","v":0},{"$f":"(IF(ISNA(VLOOKUP(AK143,ltSchlepper,Maschinen!$AC$6,FALSE))=TRUE,0,VLOOKUP(AK143,ltSchlepper,Maschinen!$AC$6,FALSE)*AM143))","v":0},0,{"$f":"(IF(ISNA(VLOOKUP(AQ143,ltSchlepper,Maschinen!$AA$6,FALSE))=TRUE,0,VLOOKUP(AQ143,ltSchlepper,Maschinen!$AA$6,FALSE)*AS143))","v":0},{"$f":"(IF(ISNA(VLOOKUP(AQ143,ltSchlepper,Maschinen!$AB$6,FALSE))=TRUE,0,VLOOKUP(AQ143,ltSchlepper,Maschinen!$AB$6,FALSE)*AS143))","v":0},{"$f":"(IF(ISNA(VLOOKUP(AQ143,ltSchlepper,Maschinen!$AC$6,FALSE))=TRUE,0,VLOOKUP(AQ143,ltSchlepper,Maschinen!$AC$6,FALSE)*AS143))","v":0},0]
[null,21815,null,null,null,null,null,null,0,0,0,0.1,0,0,null,null,0,0,0,0,0,0,0,null,null,"",null,"",null,0,null,"",null,"",null,0,null,"",null,"",null,0,null,"",null,"",null,0,0,0,0,0,0,0,0,0,0,0,0,0,{"$f":"(IF(ISNA(VLOOKUP(Y144,ltSchlepper,Maschinen!$K$6,FALSE))=TRUE,0,VLOOKUP(Y144,ltSchlepper,Maschinen!$K$6,FALSE)*AA144))","v":0},{"$f":"(IF(ISNA(VLOOKUP(Y144,ltSchlepper,Maschinen!$L$6,FALSE))=TRUE,0,VLOOKUP(Y144,ltSchlepper,Maschinen!$L$6,FALSE)*AA144))","v":0},{"$f":"(IF(ISNA(VLOOKUP(Y144,ltSchlepper,Maschinen!$M$6,FALSE))=TRUE,0,VLOOKUP(Y144,ltSchlepper,Maschinen!$M$6,FALSE)*AA144))","v":0},{"$f":"(IF(ISNA(VLOOKUP(Y144,ltSchlepper,Maschinen!$N$6,FALSE))=TRUE,0,VLOOKUP(Y144,ltSchlepper,Maschinen!$N$6,FALSE)*AA144*IF(ISBLANK(AC144),1,AC144)))","v":0},{"$f":"(IF(ISNA(VLOOKUP(Y144,ltSchlepper,Maschinen!$O$6,FALSE))=TRUE,0,VLOOKUP(Y144,ltSchlepper,Maschinen!$O$6,FALSE)*AA144*IF(ISBLANK(AC144),1,AC144)))","v":0},{"$f":"(IF(ISNA(VLOOKUP(Y144,ltSchlepper,Maschinen!$P$6,FALSE))=TRUE,0,VLOOKUP(Y144,ltSchlepper,Maschinen!$P$6,FALSE)*AA144*IF(ISBLANK(AC144),1,AC144)))","v":0},0,{"$f":"(IF(ISNA(VLOOKUP(AE144,ltSchlepper,Maschinen!$K$6,FALSE))=TRUE,0,VLOOKUP(AE144,ltSchlepper,Maschinen!$K$6,FALSE)*AG144))","v":0},{"$f":"(IF(ISNA(VLOOKUP(AE144,ltSchlepper,Maschinen!$L$6,FALSE))=TRUE,0,VLOOKUP(AE144,ltSchlepper,Maschinen!$L$6,FALSE)*AG144))","v":0},{"$f":"(IF(ISNA(VLOOKUP(AE144,ltSchlepper,Maschinen!$M$6,FALSE))=TRUE,0,VLOOKUP(AE144,ltSchlepper,Maschinen!$M$6,FALSE)*AG144))","v":0},{"$f":"(IF(ISNA(VLOOKUP(AE144,ltSchlepper,Maschinen!$N$6,FALSE))=TRUE,0,VLOOKUP(AE144,ltSchlepper,Maschinen!$N$6,FALSE)*AG144*IF(ISBLANK(AI144),1,AI144)))","v":0},{"$f":"(IF(ISNA(VLOOKUP(AE144,ltSchlepper,Maschinen!$O$6,FALSE))=TRUE,0,VLOOKUP(AE144,ltSchlepper,Maschinen!$O$6,FALSE)*AG144*IF(ISBLANK(AI144),1,AI144)))","v":0},{"$f":"(IF(ISNA(VLOOKUP(AE144,ltSchlepper,Maschinen!$P$6,FALSE))=TRUE,0,VLOOKUP(AE144,ltSchlepper,Maschinen!$P$6,FALSE)*AG144*IF(ISBLANK(AI144),1,AI144)))","v":0},0,{"$f":"(IF(ISNA(VLOOKUP(AK144,ltSchlepper,Maschinen!$K$6,FALSE))=TRUE,0,VLOOKUP(AK144,ltSchlepper,Maschinen!$K$6,FALSE)*AM144))","v":0},{"$f":"(IF(ISNA(VLOOKUP(AK144,ltSchlepper,Maschinen!$L$6,FALSE))=TRUE,0,VLOOKUP(AK144,ltSchlepper,Maschinen!$L$6,FALSE)*AM144))","v":0},{"$f":"(IF(ISNA(VLOOKUP(AK144,ltSchlepper,Maschinen!$M$6,FALSE))=TRUE,0,VLOOKUP(AK144,ltSchlepper,Maschinen!$M$6,FALSE)*AM144))","v":0},{"$f":"(IF(ISNA(VLOOKUP(AK144,ltSchlepper,Maschinen!$N$6,FALSE))=TRUE,0,VLOOKUP(AK144,ltSchlepper,Maschinen!$N$6,FALSE)*AM144*IF(ISBLANK(AO144),1,AO144)))","v":0},{"$f":"(IF(ISNA(VLOOKUP(AK144,ltSchlepper,Maschinen!$O$6,FALSE))=TRUE,0,VLOOKUP(AK144,ltSchlepper,Maschinen!$O$6,FALSE)*AM144*IF(ISBLANK(AO144),1,AO144)))","v":0},{"$f":"(IF(ISNA(VLOOKUP(AK144,ltSchlepper,Maschinen!$P$6,FALSE))=TRUE,0,VLOOKUP(AK144,ltSchlepper,Maschinen!$P$6,FALSE)*AM144*IF(ISBLANK(AO144),1,AO144)))","v":0},0,{"$f":"(IF(ISNA(VLOOKUP(AQ144,ltSchlepper,Maschinen!$K$6,FALSE))=TRUE,0,VLOOKUP(AQ144,ltSchlepper,Maschinen!$K$6,FALSE)*AS144))","v":0},{"$f":"(IF(ISNA(VLOOKUP(AQ144,ltSchlepper,Maschinen!$L$6,FALSE))=TRUE,0,VLOOKUP(AQ144,ltSchlepper,Maschinen!$L$6,FALSE)*AS144))","v":0},{"$f":"(IF(ISNA(VLOOKUP(AQ144,ltSchlepper,Maschinen!$M$6,FALSE))=TRUE,0,VLOOKUP(AQ144,ltSchlepper,Maschinen!$M$6,FALSE)*AS144))","v":0},{"$f":"(IF(ISNA(VLOOKUP(AQ144,ltSchlepper,Maschinen!$N$6,FALSE))=TRUE,0,VLOOKUP(AQ144,ltSchlepper,Maschinen!$N$6,FALSE)*AS144*IF(ISBLANK(AU144),1,AU144)))","v":0},{"$f":"(IF(ISNA(VLOOKUP(AQ144,ltSchlepper,Maschinen!$O$6,FALSE))=TRUE,0,VLOOKUP(AQ144,ltSchlepper,Maschinen!$O$6,FALSE)*AS144*IF(ISBLANK(AU144),1,AU144)))","v":0},{"$f":"(IF(ISNA(VLOOKUP(AQ144,ltSchlepper,Maschinen!$P$6,FALSE))=TRUE,0,VLOOKUP(AQ144,ltSchlepper,Maschinen!$P$6,FALSE)*AS144*IF(ISBLANK(AU144),1,AU144)))","v":0},0,{"$f":"(IF(ISNA(VLOOKUP(Y144,ltSchlepper,Maschinen!$AA$6,FALSE))=TRUE,0,VLOOKUP(Y144,ltSchlepper,Maschinen!$AA$6,FALSE)*AA144))","v":0},{"$f":"(IF(ISNA(VLOOKUP(Y144,ltSchlepper,Maschinen!$AB$6,FALSE))=TRUE,0,VLOOKUP(Y144,ltSchlepper,Maschinen!$AB$6,FALSE)*AA144))","v":0},{"$f":"(IF(ISNA(VLOOKUP(Y144,ltSchlepper,Maschinen!$AC$6,FALSE))=TRUE,0,VLOOKUP(Y144,ltSchlepper,Maschinen!$AC$6,FALSE)*AA144))","v":0},0,{"$f":"(IF(ISNA(VLOOKUP(AE144,ltSchlepper,Maschinen!$AA$6,FALSE))=TRUE,0,VLOOKUP(AE144,ltSchlepper,Maschinen!$AA$6,FALSE)*AG144))","v":0},{"$f":"(IF(ISNA(VLOOKUP(AE144,ltSchlepper,Maschinen!$AB$6,FALSE))=TRUE,0,VLOOKUP(AE144,ltSchlepper,Maschinen!$AB$6,FALSE)*AG144))","v":0},{"$f":"(IF(ISNA(VLOOKUP(AE144,ltSchlepper,Maschinen!$AC$6,FALSE))=TRUE,0,VLOOKUP(AE144,ltSchlepper,Maschinen!$AC$6,FALSE)*AG144))","v":0},0,{"$f":"(IF(ISNA(VLOOKUP(AK144,ltSchlepper,Maschinen!$AA$6,FALSE))=TRUE,0,VLOOKUP(AK144,ltSchlepper,Maschinen!$AA$6,FALSE)*AM144))","v":0},{"$f":"(IF(ISNA(VLOOKUP(AK144,ltSchlepper,Maschinen!$AB$6,FALSE))=TRUE,0,VLOOKUP(AK144,ltSchlepper,Maschinen!$AB$6,FALSE)*AM144))","v":0},{"$f":"(IF(ISNA(VLOOKUP(AK144,ltSchlepper,Maschinen!$AC$6,FALSE))=TRUE,0,VLOOKUP(AK144,ltSchlepper,Maschinen!$AC$6,FALSE)*AM144))","v":0},0,{"$f":"(IF(ISNA(VLOOKUP(AQ144,ltSchlepper,Maschinen!$AA$6,FALSE))=TRUE,0,VLOOKUP(AQ144,ltSchlepper,Maschinen!$AA$6,FALSE)*AS144))","v":0},{"$f":"(IF(ISNA(VLOOKUP(AQ144,ltSchlepper,Maschinen!$AB$6,FALSE))=TRUE,0,VLOOKUP(AQ144,ltSchlepper,Maschinen!$AB$6,FALSE)*AS144))","v":0},{"$f":"(IF(ISNA(VLOOKUP(AQ144,ltSchlepper,Maschinen!$AC$6,FALSE))=TRUE,0,VLOOKUP(AQ144,ltSchlepper,Maschinen!$AC$6,FALSE)*AS144))","v":0},0]
[null,21816,null,null,null,null,null,null,0,0,0,0.1,0,0,null,null,0,0,0,0,0,0,0,null,null,"",null,"",null,0,null,"",null,"",null,0,null,"",null,"",null,0,null,"",null,"",null,0,0,0,0,0,0,0,0,0,0,0,0,0,{"$f":"(IF(ISNA(VLOOKUP(Y145,ltSchlepper,Maschinen!$K$6,FALSE))=TRUE,0,VLOOKUP(Y145,ltSchlepper,Maschinen!$K$6,FALSE)*AA145))","v":0},{"$f":"(IF(ISNA(VLOOKUP(Y145,ltSchlepper,Maschinen!$L$6,FALSE))=TRUE,0,VLOOKUP(Y145,ltSchlepper,Maschinen!$L$6,FALSE)*AA145))","v":0},{"$f":"(IF(ISNA(VLOOKUP(Y145,ltSchlepper,Maschinen!$M$6,FALSE))=TRUE,0,VLOOKUP(Y145,ltSchlepper,Maschinen!$M$6,FALSE)*AA145))","v":0},{"$f":"(IF(ISNA(VLOOKUP(Y145,ltSchlepper,Maschinen!$N$6,FALSE))=TRUE,0,VLOOKUP(Y145,ltSchlepper,Maschinen!$N$6,FALSE)*AA145*IF(ISBLANK(AC145),1,AC145)))","v":0},{"$f":"(IF(ISNA(VLOOKUP(Y145,ltSchlepper,Maschinen!$O$6,FALSE))=TRUE,0,VLOOKUP(Y145,ltSchlepper,Maschinen!$O$6,FALSE)*AA145*IF(ISBLANK(AC145),1,AC145)))","v":0},{"$f":"(IF(ISNA(VLOOKUP(Y145,ltSchlepper,Maschinen!$P$6,FALSE))=TRUE,0,VLOOKUP(Y145,ltSchlepper,Maschinen!$P$6,FALSE)*AA145*IF(ISBLANK(AC145),1,AC145)))","v":0},0,{"$f":"(IF(ISNA(VLOOKUP(AE145,ltSchlepper,Maschinen!$K$6,FALSE))=TRUE,0,VLOOKUP(AE145,ltSchlepper,Maschinen!$K$6,FALSE)*AG145))","v":0},{"$f":"(IF(ISNA(VLOOKUP(AE145,ltSchlepper,Maschinen!$L$6,FALSE))=TRUE,0,VLOOKUP(AE145,ltSchlepper,Maschinen!$L$6,FALSE)*AG145))","v":0},{"$f":"(IF(ISNA(VLOOKUP(AE145,ltSchlepper,Maschinen!$M$6,FALSE))=TRUE,0,VLOOKUP(AE145,ltSchlepper,Maschinen!$M$6,FALSE)*AG145))","v":0},{"$f":"(IF(ISNA(VLOOKUP(AE145,ltSchlepper,Maschinen!$N$6,FALSE))=TRUE,0,VLOOKUP(AE145,ltSchlepper,Maschinen!$N$6,FALSE)*AG145*IF(ISBLANK(AI145),1,AI145)))","v":0},{"$f":"(IF(ISNA(VLOOKUP(AE145,ltSchlepper,Maschinen!$O$6,FALSE))=TRUE,0,VLOOKUP(AE145,ltSchlepper,Maschinen!$O$6,FALSE)*AG145*IF(ISBLANK(AI145),1,AI145)))","v":0},{"$f":"(IF(ISNA(VLOOKUP(AE145,ltSchlepper,Maschinen!$P$6,FALSE))=TRUE,0,VLOOKUP(AE145,ltSchlepper,Maschinen!$P$6,FALSE)*AG145*IF(ISBLANK(AI145),1,AI145)))","v":0},0,{"$f":"(IF(ISNA(VLOOKUP(AK145,ltSchlepper,Maschinen!$K$6,FALSE))=TRUE,0,VLOOKUP(AK145,ltSchlepper,Maschinen!$K$6,FALSE)*AM145))","v":0},{"$f":"(IF(ISNA(VLOOKUP(AK145,ltSchlepper,Maschinen!$L$6,FALSE))=TRUE,0,VLOOKUP(AK145,ltSchlepper,Maschinen!$L$6,FALSE)*AM145))","v":0},{"$f":"(IF(ISNA(VLOOKUP(AK145,ltSchlepper,Maschinen!$M$6,FALSE))=TRUE,0,VLOOKUP(AK145,ltSchlepper,Maschinen!$M$6,FALSE)*AM145))","v":0},{"$f":"(IF(ISNA(VLOOKUP(AK145,ltSchlepper,Maschinen!$N$6,FALSE))=TRUE,0,VLOOKUP(AK145,ltSchlepper,Maschinen!$N$6,FALSE)*AM145*IF(ISBLANK(AO145),1,AO145)))","v":0},{"$f":"(IF(ISNA(VLOOKUP(AK145,ltSchlepper,Maschinen!$O$6,FALSE))=TRUE,0,VLOOKUP(AK145,ltSchlepper,Maschinen!$O$6,FALSE)*AM145*IF(ISBLANK(AO145),1,AO145)))","v":0},{"$f":"(IF(ISNA(VLOOKUP(AK145,ltSchlepper,Maschinen!$P$6,FALSE))=TRUE,0,VLOOKUP(AK145,ltSchlepper,Maschinen!$P$6,FALSE)*AM145*IF(ISBLANK(AO145),1,AO145)))","v":0},0,{"$f":"(IF(ISNA(VLOOKUP(AQ145,ltSchlepper,Maschinen!$K$6,FALSE))=TRUE,0,VLOOKUP(AQ145,ltSchlepper,Maschinen!$K$6,FALSE)*AS145))","v":0},{"$f":"(IF(ISNA(VLOOKUP(AQ145,ltSchlepper,Maschinen!$L$6,FALSE))=TRUE,0,VLOOKUP(AQ145,ltSchlepper,Maschinen!$L$6,FALSE)*AS145))","v":0},{"$f":"(IF(ISNA(VLOOKUP(AQ145,ltSchlepper,Maschinen!$M$6,FALSE))=TRUE,0,VLOOKUP(AQ145,ltSchlepper,Maschinen!$M$6,FALSE)*AS145))","v":0},{"$f":"(IF(ISNA(VLOOKUP(AQ145,ltSchlepper,Maschinen!$N$6,FALSE))=TRUE,0,VLOOKUP(AQ145,ltSchlepper,Maschinen!$N$6,FALSE)*AS145*IF(ISBLANK(AU145),1,AU145)))","v":0},{"$f":"(IF(ISNA(VLOOKUP(AQ145,ltSchlepper,Maschinen!$O$6,FALSE))=TRUE,0,VLOOKUP(AQ145,ltSchlepper,Maschinen!$O$6,FALSE)*AS145*IF(ISBLANK(AU145),1,AU145)))","v":0},{"$f":"(IF(ISNA(VLOOKUP(AQ145,ltSchlepper,Maschinen!$P$6,FALSE))=TRUE,0,VLOOKUP(AQ145,ltSchlepper,Maschinen!$P$6,FALSE)*AS145*IF(ISBLANK(AU145),1,AU145)))","v":0},0,{"$f":"(IF(ISNA(VLOOKUP(Y145,ltSchlepper,Maschinen!$AA$6,FALSE))=TRUE,0,VLOOKUP(Y145,ltSchlepper,Maschinen!$AA$6,FALSE)*AA145))","v":0},{"$f":"(IF(ISNA(VLOOKUP(Y145,ltSchlepper,Maschinen!$AB$6,FALSE))=TRUE,0,VLOOKUP(Y145,ltSchlepper,Maschinen!$AB$6,FALSE)*AA145))","v":0},{"$f":"(IF(ISNA(VLOOKUP(Y145,ltSchlepper,Maschinen!$AC$6,FALSE))=TRUE,0,VLOOKUP(Y145,ltSchlepper,Maschinen!$AC$6,FALSE)*AA145))","v":0},0,{"$f":"(IF(ISNA(VLOOKUP(AE145,ltSchlepper,Maschinen!$AA$6,FALSE))=TRUE,0,VLOOKUP(AE145,ltSchlepper,Maschinen!$AA$6,FALSE)*AG145))","v":0},{"$f":"(IF(ISNA(VLOOKUP(AE145,ltSchlepper,Maschinen!$AB$6,FALSE))=TRUE,0,VLOOKUP(AE145,ltSchlepper,Maschinen!$AB$6,FALSE)*AG145))","v":0},{"$f":"(IF(ISNA(VLOOKUP(AE145,ltSchlepper,Maschinen!$AC$6,FALSE))=TRUE,0,VLOOKUP(AE145,ltSchlepper,Maschinen!$AC$6,FALSE)*AG145))","v":0},0,{"$f":"(IF(ISNA(VLOOKUP(AK145,ltSchlepper,Maschinen!$AA$6,FALSE))=TRUE,0,VLOOKUP(AK145,ltSchlepper,Maschinen!$AA$6,FALSE)*AM145))","v":0},{"$f":"(IF(ISNA(VLOOKUP(AK145,ltSchlepper,Maschinen!$AB$6,FALSE))=TRUE,0,VLOOKUP(AK145,ltSchlepper,Maschinen!$AB$6,FALSE)*AM145))","v":0},{"$f":"(IF(ISNA(VLOOKUP(AK145,ltSchlepper,Maschinen!$AC$6,FALSE))=TRUE,0,VLOOKUP(AK145,ltSchlepper,Maschinen!$AC$6,FALSE)*AM145))","v":0},0,{"$f":"(IF(ISNA(VLOOKUP(AQ145,ltSchlepper,Maschinen!$AA$6,FALSE))=TRUE,0,VLOOKUP(AQ145,ltSchlepper,Maschinen!$AA$6,FALSE)*AS145))","v":0},{"$f":"(IF(ISNA(VLOOKUP(AQ145,ltSchlepper,Maschinen!$AB$6,FALSE))=TRUE,0,VLOOKUP(AQ145,ltSchlepper,Maschinen!$AB$6,FALSE)*AS145))","v":0},{"$f":"(IF(ISNA(VLOOKUP(AQ145,ltSchlepper,Maschinen!$AC$6,FALSE))=TRUE,0,VLOOKUP(AQ145,ltSchlepper,Maschinen!$AC$6,FALSE)*AS145))","v":0},0]
[null,21817,null,null,null,null,null,null,0,0,0,0.1,0,0,null,null,0,0,0,0,0,0,0,null,null,"",null,"",null,0,null,"",null,"",null,0,null,"",null,"",null,0,null,"",null,"",null,0,0,0,0,0,0,0,0,0,0,0,0,0,{"$f":"(IF(ISNA(VLOOKUP(Y146,ltSchlepper,Maschinen!$K$6,FALSE))=TRUE,0,VLOOKUP(Y146,ltSchlepper,Maschinen!$K$6,FALSE)*AA146))","v":0},{"$f":"(IF(ISNA(VLOOKUP(Y146,ltSchlepper,Maschinen!$L$6,FALSE))=TRUE,0,VLOOKUP(Y146,ltSchlepper,Maschinen!$L$6,FALSE)*AA146))","v":0},{"$f":"(IF(ISNA(VLOOKUP(Y146,ltSchlepper,Maschinen!$M$6,FALSE))=TRUE,0,VLOOKUP(Y146,ltSchlepper,Maschinen!$M$6,FALSE)*AA146))","v":0},{"$f":"(IF(ISNA(VLOOKUP(Y146,ltSchlepper,Maschinen!$N$6,FALSE))=TRUE,0,VLOOKUP(Y146,ltSchlepper,Maschinen!$N$6,FALSE)*AA146*IF(ISBLANK(AC146),1,AC146)))","v":0},{"$f":"(IF(ISNA(VLOOKUP(Y146,ltSchlepper,Maschinen!$O$6,FALSE))=TRUE,0,VLOOKUP(Y146,ltSchlepper,Maschinen!$O$6,FALSE)*AA146*IF(ISBLANK(AC146),1,AC146)))","v":0},{"$f":"(IF(ISNA(VLOOKUP(Y146,ltSchlepper,Maschinen!$P$6,FALSE))=TRUE,0,VLOOKUP(Y146,ltSchlepper,Maschinen!$P$6,FALSE)*AA146*IF(ISBLANK(AC146),1,AC146)))","v":0},0,{"$f":"(IF(ISNA(VLOOKUP(AE146,ltSchlepper,Maschinen!$K$6,FALSE))=TRUE,0,VLOOKUP(AE146,ltSchlepper,Maschinen!$K$6,FALSE)*AG146))","v":0},{"$f":"(IF(ISNA(VLOOKUP(AE146,ltSchlepper,Maschinen!$L$6,FALSE))=TRUE,0,VLOOKUP(AE146,ltSchlepper,Maschinen!$L$6,FALSE)*AG146))","v":0},{"$f":"(IF(ISNA(VLOOKUP(AE146,ltSchlepper,Maschinen!$M$6,FALSE))=TRUE,0,VLOOKUP(AE146,ltSchlepper,Maschinen!$M$6,FALSE)*AG146))","v":0},{"$f":"(IF(ISNA(VLOOKUP(AE146,ltSchlepper,Maschinen!$N$6,FALSE))=TRUE,0,VLOOKUP(AE146,ltSchlepper,Maschinen!$N$6,FALSE)*AG146*IF(ISBLANK(AI146),1,AI146)))","v":0},{"$f":"(IF(ISNA(VLOOKUP(AE146,ltSchlepper,Maschinen!$O$6,FALSE))=TRUE,0,VLOOKUP(AE146,ltSchlepper,Maschinen!$O$6,FALSE)*AG146*IF(ISBLANK(AI146),1,AI146)))","v":0},{"$f":"(IF(ISNA(VLOOKUP(AE146,ltSchlepper,Maschinen!$P$6,FALSE))=TRUE,0,VLOOKUP(AE146,ltSchlepper,Maschinen!$P$6,FALSE)*AG146*IF(ISBLANK(AI146),1,AI146)))","v":0},0,{"$f":"(IF(ISNA(VLOOKUP(AK146,ltSchlepper,Maschinen!$K$6,FALSE))=TRUE,0,VLOOKUP(AK146,ltSchlepper,Maschinen!$K$6,FALSE)*AM146))","v":0},{"$f":"(IF(ISNA(VLOOKUP(AK146,ltSchlepper,Maschinen!$L$6,FALSE))=TRUE,0,VLOOKUP(AK146,ltSchlepper,Maschinen!$L$6,FALSE)*AM146))","v":0},{"$f":"(IF(ISNA(VLOOKUP(AK146,ltSchlepper,Maschinen!$M$6,FALSE))=TRUE,0,VLOOKUP(AK146,ltSchlepper,Maschinen!$M$6,FALSE)*AM146))","v":0},{"$f":"(IF(ISNA(VLOOKUP(AK146,ltSchlepper,Maschinen!$N$6,FALSE))=TRUE,0,VLOOKUP(AK146,ltSchlepper,Maschinen!$N$6,FALSE)*AM146*IF(ISBLANK(AO146),1,AO146)))","v":0},{"$f":"(IF(ISNA(VLOOKUP(AK146,ltSchlepper,Maschinen!$O$6,FALSE))=TRUE,0,VLOOKUP(AK146,ltSchlepper,Maschinen!$O$6,FALSE)*AM146*IF(ISBLANK(AO146),1,AO146)))","v":0},{"$f":"(IF(ISNA(VLOOKUP(AK146,ltSchlepper,Maschinen!$P$6,FALSE))=TRUE,0,VLOOKUP(AK146,ltSchlepper,Maschinen!$P$6,FALSE)*AM146*IF(ISBLANK(AO146),1,AO146)))","v":0},0,{"$f":"(IF(ISNA(VLOOKUP(AQ146,ltSchlepper,Maschinen!$K$6,FALSE))=TRUE,0,VLOOKUP(AQ146,ltSchlepper,Maschinen!$K$6,FALSE)*AS146))","v":0},{"$f":"(IF(ISNA(VLOOKUP(AQ146,ltSchlepper,Maschinen!$L$6,FALSE))=TRUE,0,VLOOKUP(AQ146,ltSchlepper,Maschinen!$L$6,FALSE)*AS146))","v":0},{"$f":"(IF(ISNA(VLOOKUP(AQ146,ltSchlepper,Maschinen!$M$6,FALSE))=TRUE,0,VLOOKUP(AQ146,ltSchlepper,Maschinen!$M$6,FALSE)*AS146))","v":0},{"$f":"(IF(ISNA(VLOOKUP(AQ146,ltSchlepper,Maschinen!$N$6,FALSE))=TRUE,0,VLOOKUP(AQ146,ltSchlepper,Maschinen!$N$6,FALSE)*AS146*IF(ISBLANK(AU146),1,AU146)))","v":0},{"$f":"(IF(ISNA(VLOOKUP(AQ146,ltSchlepper,Maschinen!$O$6,FALSE))=TRUE,0,VLOOKUP(AQ146,ltSchlepper,Maschinen!$O$6,FALSE)*AS146*IF(ISBLANK(AU146),1,AU146)))","v":0},{"$f":"(IF(ISNA(VLOOKUP(AQ146,ltSchlepper,Maschinen!$P$6,FALSE))=TRUE,0,VLOOKUP(AQ146,ltSchlepper,Maschinen!$P$6,FALSE)*AS146*IF(ISBLANK(AU146),1,AU146)))","v":0},0,{"$f":"(IF(ISNA(VLOOKUP(Y146,ltSchlepper,Maschinen!$AA$6,FALSE))=TRUE,0,VLOOKUP(Y146,ltSchlepper,Maschinen!$AA$6,FALSE)*AA146))","v":0},{"$f":"(IF(ISNA(VLOOKUP(Y146,ltSchlepper,Maschinen!$AB$6,FALSE))=TRUE,0,VLOOKUP(Y146,ltSchlepper,Maschinen!$AB$6,FALSE)*AA146))","v":0},{"$f":"(IF(ISNA(VLOOKUP(Y146,ltSchlepper,Maschinen!$AC$6,FALSE))=TRUE,0,VLOOKUP(Y146,ltSchlepper,Maschinen!$AC$6,FALSE)*AA146))","v":0},0,{"$f":"(IF(ISNA(VLOOKUP(AE146,ltSchlepper,Maschinen!$AA$6,FALSE))=TRUE,0,VLOOKUP(AE146,ltSchlepper,Maschinen!$AA$6,FALSE)*AG146))","v":0},{"$f":"(IF(ISNA(VLOOKUP(AE146,ltSchlepper,Maschinen!$AB$6,FALSE))=TRUE,0,VLOOKUP(AE146,ltSchlepper,Maschinen!$AB$6,FALSE)*AG146))","v":0},{"$f":"(IF(ISNA(VLOOKUP(AE146,ltSchlepper,Maschinen!$AC$6,FALSE))=TRUE,0,VLOOKUP(AE146,ltSchlepper,Maschinen!$AC$6,FALSE)*AG146))","v":0},0,{"$f":"(IF(ISNA(VLOOKUP(AK146,ltSchlepper,Maschinen!$AA$6,FALSE))=TRUE,0,VLOOKUP(AK146,ltSchlepper,Maschinen!$AA$6,FALSE)*AM146))","v":0},{"$f":"(IF(ISNA(VLOOKUP(AK146,ltSchlepper,Maschinen!$AB$6,FALSE))=TRUE,0,VLOOKUP(AK146,ltSchlepper,Maschinen!$AB$6,FALSE)*AM146))","v":0},{"$f":"(IF(ISNA(VLOOKUP(AK146,ltSchlepper,Maschinen!$AC$6,FALSE))=TRUE,0,VLOOKUP(AK146,ltSchlepper,Maschinen!$AC$6,FALSE)*AM146))","v":0},0,{"$f":"(IF(ISNA(VLOOKUP(AQ146,ltSchlepper,Maschinen!$AA$6,FALSE))=TRUE,0,VLOOKUP(AQ146,ltSchlepper,Maschinen!$AA$6,FALSE)*AS146))","v":0},{"$f":"(IF(ISNA(VLOOKUP(AQ146,ltSchlepper,Maschinen!$AB$6,FALSE))=TRUE,0,VLOOKUP(AQ146,ltSchlepper,Maschinen!$AB$6,FALSE)*AS146))","v":0},{"$f":"(IF(ISNA(VLOOKUP(AQ146,ltSchlepper,Maschinen!$AC$6,FALSE))=TRUE,0,VLOOKUP(AQ146,ltSchlepper,Maschinen!$AC$6,FALSE)*AS146))","v":0},0]
[null,21818,null,null,null,null,null,null,0,0,0,0.1,0,0,null,null,0,0,0,0,0,0,0,null,null,{"$f":"IF(ISNA(VLOOKUP(Y147,ltSchlepper,2,FALSE))=TRUE,\"\",VLOOKUP(Y147,ltSchlepper,2,FALSE))","v":""},null,{"$f":"IF(ISNA(VLOOKUP(Y147,ltSchlepper,3,FALSE))=TRUE,\"\",VLOOKUP(Y147,ltSchlepper,3,FALSE))","v":""},null,0,null,{"$f":"IF(ISNA(VLOOKUP(AE147,ltSchlepper,2,FALSE))=TRUE,\"\",VLOOKUP(AE147,ltSchlepper,2,FALSE))","v":""},null,{"$f":"IF(ISNA(VLOOKUP(AE147,ltSchlepper,3,FALSE))=TRUE,\"\",VLOOKUP(AE147,ltSchlepper,3,FALSE))","v":""},null,0,null,{"$f":"IF(ISNA(VLOOKUP(AK147,ltSchlepper,2,FALSE))=TRUE,\"\",VLOOKUP(AK147,ltSchlepper,2,FALSE))","v":""},null,{"$f":"IF(ISNA(VLOOKUP(AK147,ltSchlepper,3,FALSE))=TRUE,\"\",VLOOKUP(AK147,ltSchlepper,3,FALSE))","v":""},null,0,null,{"$f":"IF(ISNA(VLOOKUP(AQ147,ltSchlepper,2,FALSE))=TRUE,\"\",VLOOKUP(AQ147,ltSchlepper,2,FALSE))","v":""},null,{"$f":"IF(ISNA(VLOOKUP(AQ147,ltSchlepper,3,FALSE))=TRUE,\"\",VLOOKUP(AQ147,ltSchlepper,3,FALSE))","v":""},null,0,0,0,0,0,0,0,0,0,0,0,0,0,{"$f":"(IF(ISNA(VLOOKUP(Y147,ltSchlepper,Maschinen!$K$6,FALSE))=TRUE,0,VLOOKUP(Y147,ltSchlepper,Maschinen!$K$6,FALSE)*AA147))","v":0},{"$f":"(IF(ISNA(VLOOKUP(Y147,ltSchlepper,Maschinen!$L$6,FALSE))=TRUE,0,VLOOKUP(Y147,ltSchlepper,Maschinen!$L$6,FALSE)*AA147))","v":0},{"$f":"(IF(ISNA(VLOOKUP(Y147,ltSchlepper,Maschinen!$M$6,FALSE))=TRUE,0,VLOOKUP(Y147,ltSchlepper,Maschinen!$M$6,FALSE)*AA147))","v":0},{"$f":"(IF(ISNA(VLOOKUP(Y147,ltSchlepper,Maschinen!$N$6,FALSE))=TRUE,0,VLOOKUP(Y147,ltSchlepper,Maschinen!$N$6,FALSE)*AA147*IF(ISBLANK(AC147),1,AC147)))","v":0},{"$f":"(IF(ISNA(VLOOKUP(Y147,ltSchlepper,Maschinen!$O$6,FALSE))=TRUE,0,VLOOKUP(Y147,ltSchlepper,Maschinen!$O$6,FALSE)*AA147*IF(ISBLANK(AC147),1,AC147)))","v":0},{"$f":"(IF(ISNA(VLOOKUP(Y147,ltSchlepper,Maschinen!$P$6,FALSE))=TRUE,0,VLOOKUP(Y147,ltSchlepper,Maschinen!$P$6,FALSE)*AA147*IF(ISBLANK(AC147),1,AC147)))","v":0},{"$f":"SUM(BI147:BK147,BM147:BN147)","v":0},{"$f":"(IF(ISNA(VLOOKUP(AE147,ltSchlepper,Maschinen!$K$6,FALSE))=TRUE,0,VLOOKUP(AE147,ltSchlepper,Maschinen!$K$6,FALSE)*AG147))","v":0},{"$f":"(IF(ISNA(VLOOKUP(AE147,ltSchlepper,Maschinen!$L$6,FALSE))=TRUE,0,VLOOKUP(AE147,ltSchlepper,Maschinen!$L$6,FALSE)*AG147))","v":0},{"$f":"(IF(ISNA(VLOOKUP(AE147,ltSchlepper,Maschinen!$M$6,FALSE))=TRUE,0,VLOOKUP(AE147,ltSchlepper,Maschinen!$M$6,FALSE)*AG147))","v":0},{"$f":"(IF(ISNA(VLOOKUP(AE147,ltSchlepper,Maschinen!$N$6,FALSE))=TRUE,0,VLOOKUP(AE147,ltSchlepper,Maschinen!$N$6,FALSE)*AG147*IF(ISBLANK(AI147),1,AI147)))","v":0},{"$f":"(IF(ISNA(VLOOKUP(AE147,ltSchlepper,Maschinen!$O$6,FALSE))=TRUE,0,VLOOKUP(AE147,ltSchlepper,Maschinen!$O$6,FALSE)*AG147*IF(ISBLANK(AI147),1,AI147)))","v":0},{"$f":"(IF(ISNA(VLOOKUP(AE147,ltSchlepper,Maschinen!$P$6,FALSE))=TRUE,0,VLOOKUP(AE147,ltSchlepper,Maschinen!$P$6,FALSE)*AG147*IF(ISBLANK(AI147),1,AI147)))","v":0},{"$f":"SUM(BP147:BR147,BT147:BU147)","v":0},{"$f":"(IF(ISNA(VLOOKUP(AK147,ltSchlepper,Maschinen!$K$6,FALSE))=TRUE,0,VLOOKUP(AK147,ltSchlepper,Maschinen!$K$6,FALSE)*AM147))","v":0},{"$f":"(IF(ISNA(VLOOKUP(AK147,ltSchlepper,Maschinen!$L$6,FALSE))=TRUE,0,VLOOKUP(AK147,ltSchlepper,Maschinen!$L$6,FALSE)*AM147))","v":0},{"$f":"(IF(ISNA(VLOOKUP(AK147,ltSchlepper,Maschinen!$M$6,FALSE))=TRUE,0,VLOOKUP(AK147,ltSchlepper,Maschinen!$M$6,FALSE)*AM147))","v":0},{"$f":"(IF(ISNA(VLOOKUP(AK147,ltSchlepper,Maschinen!$N$6,FALSE))=TRUE,0,VLOOKUP(AK147,ltSchlepper,Maschinen!$N$6,FALSE)*AM147*IF(ISBLANK(AO147),1,AO147)))","v":0},{"$f":"(IF(ISNA(VLOOKUP(AK147,ltSchlepper,Maschinen!$O$6,FALSE))=TRUE,0,VLOOKUP(AK147,ltSchlepper,Maschinen!$O$6,FALSE)*AM147*IF(ISBLANK(AO147),1,AO147)))","v":0},{"$f":"(IF(ISNA(VLOOKUP(AK147,ltSchlepper,Maschinen!$P$6,FALSE))=TRUE,0,VLOOKUP(AK147,ltSchlepper,Maschinen!$P$6,FALSE)*AM147*IF(ISBLANK(AO147),1,AO147)))","v":0},{"$f":"SUM(BW147:BY147,CA147:CB147)","v":0},{"$f":"(IF(ISNA(VLOOKUP(AQ147,ltSchlepper,Maschinen!$K$6,FALSE))=TRUE,0,VLOOKUP(AQ147,ltSchlepper,Maschinen!$K$6,FALSE)*AS147))","v":0},{"$f":"(IF(ISNA(VLOOKUP(AQ147,ltSchlepper,Maschinen!$L$6,FALSE))=TRUE,0,VLOOKUP(AQ147,ltSchlepper,Maschinen!$L$6,FALSE)*AS147))","v":0},{"$f":"(IF(ISNA(VLOOKUP(AQ147,ltSchlepper,Maschinen!$M$6,FALSE))=TRUE,0,VLOOKUP(AQ147,ltSchlepper,Maschinen!$M$6,FALSE)*AS147))","v":0},{"$f":"(IF(ISNA(VLOOKUP(AQ147,ltSchlepper,Maschinen!$N$6,FALSE))=TRUE,0,VLOOKUP(AQ147,ltSchlepper,Maschinen!$N$6,FALSE)*AS147*IF(ISBLANK(AU147),1,AU147)))","v":0},{"$f":"(IF(ISNA(VLOOKUP(AQ147,ltSchlepper,Maschinen!$O$6,FALSE))=TRUE,0,VLOOKUP(AQ147,ltSchlepper,Maschinen!$O$6,FALSE)*AS147*IF(ISBLANK(AU147),1,AU147)))","v":0},{"$f":"(IF(ISNA(VLOOKUP(AQ147,ltSchlepper,Maschinen!$P$6,FALSE))=TRUE,0,VLOOKUP(AQ147,ltSchlepper,Maschinen!$P$6,FALSE)*AS147*IF(ISBLANK(AU147),1,AU147)))","v":0},{"$f":"SUM(CD147:CF147,CH147:CI147)","v":0},{"$f":"(IF(ISNA(VLOOKUP(Y147,ltSchlepper,Maschinen!$AA$6,FALSE))=TRUE,0,VLOOKUP(Y147,ltSchlepper,Maschinen!$AA$6,FALSE)*AA147))","v":0},{"$f":"(IF(ISNA(VLOOKUP(Y147,ltSchlepper,Maschinen!$AB$6,FALSE))=TRUE,0,VLOOKUP(Y147,ltSchlepper,Maschinen!$AB$6,FALSE)*AA147))","v":0},{"$f":"(IF(ISNA(VLOOKUP(Y147,ltSchlepper,Maschinen!$AC$6,FALSE))=TRUE,0,VLOOKUP(Y147,ltSchlepper,Maschinen!$AC$6,FALSE)*AA147))","v":0},{"$f":"SUM(CK147:CM147)","v":0},{"$f":"(IF(ISNA(VLOOKUP(AE147,ltSchlepper,Maschinen!$AA$6,FALSE))=TRUE,0,VLOOKUP(AE147,ltSchlepper,Maschinen!$AA$6,FALSE)*AG147))","v":0},{"$f":"(IF(ISNA(VLOOKUP(AE147,ltSchlepper,Maschinen!$AB$6,FALSE))=TRUE,0,VLOOKUP(AE147,ltSchlepper,Maschinen!$AB$6,FALSE)*AG147))","v":0},{"$f":"(IF(ISNA(VLOOKUP(AE147,ltSchlepper,Maschinen!$AC$6,FALSE))=TRUE,0,VLOOKUP(AE147,ltSchlepper,Maschinen!$AC$6,FALSE)*AG147))","v":0},{"$f":"SUM(CO147:CQ147)","v":0},{"$f":"(IF(ISNA(VLOOKUP(AK147,ltSchlepper,Maschinen!$AA$6,FALSE))=TRUE,0,VLOOKUP(AK147,ltSchlepper,Maschinen!$AA$6,FALSE)*AM147))","v":0},{"$f":"(IF(ISNA(VLOOKUP(AK147,ltSchlepper,Maschinen!$AB$6,FALSE))=TRUE,0,VLOOKUP(AK147,ltSchlepper,Maschinen!$AB$6,FALSE)*AM147))","v":0},{"$f":"(IF(ISNA(VLOOKUP(AK147,ltSchlepper,Maschinen!$AC$6,FALSE))=TRUE,0,VLOOKUP(AK147,ltSchlepper,Maschinen!$AC$6,FALSE)*AM147))","v":0},{"$f":"SUM(CS147:CU147)","v":0},{"$f":"(IF(ISNA(VLOOKUP(AQ147,ltSchlepper,Maschinen!$AA$6,FALSE))=TRUE,0,VLOOKUP(AQ147,ltSchlepper,Maschinen!$AA$6,FALSE)*AS147))","v":0},{"$f":"(IF(ISNA(VLOOKUP(AQ147,ltSchlepper,Maschinen!$AB$6,FALSE))=TRUE,0,VLOOKUP(AQ147,ltSchlepper,Maschinen!$AB$6,FALSE)*AS147))","v":0},{"$f":"(IF(ISNA(VLOOKUP(AQ147,ltSchlepper,Maschinen!$AC$6,FALSE))=TRUE,0,VLOOKUP(AQ147,ltSchlepper,Maschinen!$AC$6,FALSE)*AS147))","v":0},{"$f":"SUM(CW147:CY147)","v":0}]
[null,21819,"",null,null,null,null,null,0,0,0,0.1,0,0,null,null,0,0,0,0,0,0,0,null,null,"",null,"",null,0,null,"",null,"",null,0,null,"",null,"",null,0,null,"",null,"",null,0,0,0,0,0,0,0,0,0,0,0,0,0,{"$f":"(IF(ISNA(VLOOKUP(Y148,ltSchlepper,Maschinen!$K$6,FALSE))=TRUE,0,VLOOKUP(Y148,ltSchlepper,Maschinen!$K$6,FALSE)*AA148))","v":0},{"$f":"(IF(ISNA(VLOOKUP(Y148,ltSchlepper,Maschinen!$L$6,FALSE))=TRUE,0,VLOOKUP(Y148,ltSchlepper,Maschinen!$L$6,FALSE)*AA148))","v":0},{"$f":"(IF(ISNA(VLOOKUP(Y148,ltSchlepper,Maschinen!$M$6,FALSE))=TRUE,0,VLOOKUP(Y148,ltSchlepper,Maschinen!$M$6,FALSE)*AA148))","v":0},{"$f":"(IF(ISNA(VLOOKUP(Y148,ltSchlepper,Maschinen!$N$6,FALSE))=TRUE,0,VLOOKUP(Y148,ltSchlepper,Maschinen!$N$6,FALSE)*AA148*IF(ISBLANK(AC148),1,AC148)))","v":0},{"$f":"(IF(ISNA(VLOOKUP(Y148,ltSchlepper,Maschinen!$O$6,FALSE))=TRUE,0,VLOOKUP(Y148,ltSchlepper,Maschinen!$O$6,FALSE)*AA148*IF(ISBLANK(AC148),1,AC148)))","v":0},{"$f":"(IF(ISNA(VLOOKUP(Y148,ltSchlepper,Maschinen!$P$6,FALSE))=TRUE,0,VLOOKUP(Y148,ltSchlepper,Maschinen!$P$6,FALSE)*AA148*IF(ISBLANK(AC148),1,AC148)))","v":0},0,{"$f":"(IF(ISNA(VLOOKUP(AE148,ltSchlepper,Maschinen!$K$6,FALSE))=TRUE,0,VLOOKUP(AE148,ltSchlepper,Maschinen!$K$6,FALSE)*AG148))","v":0},{"$f":"(IF(ISNA(VLOOKUP(AE148,ltSchlepper,Maschinen!$L$6,FALSE))=TRUE,0,VLOOKUP(AE148,ltSchlepper,Maschinen!$L$6,FALSE)*AG148))","v":0},{"$f":"(IF(ISNA(VLOOKUP(AE148,ltSchlepper,Maschinen!$M$6,FALSE))=TRUE,0,VLOOKUP(AE148,ltSchlepper,Maschinen!$M$6,FALSE)*AG148))","v":0},{"$f":"(IF(ISNA(VLOOKUP(AE148,ltSchlepper,Maschinen!$N$6,FALSE))=TRUE,0,VLOOKUP(AE148,ltSchlepper,Maschinen!$N$6,FALSE)*AG148*IF(ISBLANK(AI148),1,AI148)))","v":0},{"$f":"(IF(ISNA(VLOOKUP(AE148,ltSchlepper,Maschinen!$O$6,FALSE))=TRUE,0,VLOOKUP(AE148,ltSchlepper,Maschinen!$O$6,FALSE)*AG148*IF(ISBLANK(AI148),1,AI148)))","v":0},{"$f":"(IF(ISNA(VLOOKUP(AE148,ltSchlepper,Maschinen!$P$6,FALSE))=TRUE,0,VLOOKUP(AE148,ltSchlepper,Maschinen!$P$6,FALSE)*AG148*IF(ISBLANK(AI148),1,AI148)))","v":0},0,{"$f":"(IF(ISNA(VLOOKUP(AK148,ltSchlepper,Maschinen!$K$6,FALSE))=TRUE,0,VLOOKUP(AK148,ltSchlepper,Maschinen!$K$6,FALSE)*AM148))","v":0},{"$f":"(IF(ISNA(VLOOKUP(AK148,ltSchlepper,Maschinen!$L$6,FALSE))=TRUE,0,VLOOKUP(AK148,ltSchlepper,Maschinen!$L$6,FALSE)*AM148))","v":0},{"$f":"(IF(ISNA(VLOOKUP(AK148,ltSchlepper,Maschinen!$M$6,FALSE))=TRUE,0,VLOOKUP(AK148,ltSchlepper,Maschinen!$M$6,FALSE)*AM148))","v":0},{"$f":"(IF(ISNA(VLOOKUP(AK148,ltSchlepper,Maschinen!$N$6,FALSE))=TRUE,0,VLOOKUP(AK148,ltSchlepper,Maschinen!$N$6,FALSE)*AM148*IF(ISBLANK(AO148),1,AO148)))","v":0},{"$f":"(IF(ISNA(VLOOKUP(AK148,ltSchlepper,Maschinen!$O$6,FALSE))=TRUE,0,VLOOKUP(AK148,ltSchlepper,Maschinen!$O$6,FALSE)*AM148*IF(ISBLANK(AO148),1,AO148)))","v":0},{"$f":"(IF(ISNA(VLOOKUP(AK148,ltSchlepper,Maschinen!$P$6,FALSE))=TRUE,0,VLOOKUP(AK148,ltSchlepper,Maschinen!$P$6,FALSE)*AM148*IF(ISBLANK(AO148),1,AO148)))","v":0},0,{"$f":"(IF(ISNA(VLOOKUP(AQ148,ltSchlepper,Maschinen!$K$6,FALSE))=TRUE,0,VLOOKUP(AQ148,ltSchlepper,Maschinen!$K$6,FALSE)*AS148))","v":0},{"$f":"(IF(ISNA(VLOOKUP(AQ148,ltSchlepper,Maschinen!$L$6,FALSE))=TRUE,0,VLOOKUP(AQ148,ltSchlepper,Maschinen!$L$6,FALSE)*AS148))","v":0},{"$f":"(IF(ISNA(VLOOKUP(AQ148,ltSchlepper,Maschinen!$M$6,FALSE))=TRUE,0,VLOOKUP(AQ148,ltSchlepper,Maschinen!$M$6,FALSE)*AS148))","v":0},{"$f":"(IF(ISNA(VLOOKUP(AQ148,ltSchlepper,Maschinen!$N$6,FALSE))=TRUE,0,VLOOKUP(AQ148,ltSchlepper,Maschinen!$N$6,FALSE)*AS148*IF(ISBLANK(AU148),1,AU148)))","v":0},{"$f":"(IF(ISNA(VLOOKUP(AQ148,ltSchlepper,Maschinen!$O$6,FALSE))=TRUE,0,VLOOKUP(AQ148,ltSchlepper,Maschinen!$O$6,FALSE)*AS148*IF(ISBLANK(AU148),1,AU148)))","v":0},{"$f":"(IF(ISNA(VLOOKUP(AQ148,ltSchlepper,Maschinen!$P$6,FALSE))=TRUE,0,VLOOKUP(AQ148,ltSchlepper,Maschinen!$P$6,FALSE)*AS148*IF(ISBLANK(AU148),1,AU148)))","v":0},0,{"$f":"(IF(ISNA(VLOOKUP(Y148,ltSchlepper,Maschinen!$AA$6,FALSE))=TRUE,0,VLOOKUP(Y148,ltSchlepper,Maschinen!$AA$6,FALSE)*AA148))","v":0},{"$f":"(IF(ISNA(VLOOKUP(Y148,ltSchlepper,Maschinen!$AB$6,FALSE))=TRUE,0,VLOOKUP(Y148,ltSchlepper,Maschinen!$AB$6,FALSE)*AA148))","v":0},{"$f":"(IF(ISNA(VLOOKUP(Y148,ltSchlepper,Maschinen!$AC$6,FALSE))=TRUE,0,VLOOKUP(Y148,ltSchlepper,Maschinen!$AC$6,FALSE)*AA148))","v":0},0,{"$f":"(IF(ISNA(VLOOKUP(AE148,ltSchlepper,Maschinen!$AA$6,FALSE))=TRUE,0,VLOOKUP(AE148,ltSchlepper,Maschinen!$AA$6,FALSE)*AG148))","v":0},{"$f":"(IF(ISNA(VLOOKUP(AE148,ltSchlepper,Maschinen!$AB$6,FALSE))=TRUE,0,VLOOKUP(AE148,ltSchlepper,Maschinen!$AB$6,FALSE)*AG148))","v":0},{"$f":"(IF(ISNA(VLOOKUP(AE148,ltSchlepper,Maschinen!$AC$6,FALSE))=TRUE,0,VLOOKUP(AE148,ltSchlepper,Maschinen!$AC$6,FALSE)*AG148))","v":0},0,{"$f":"(IF(ISNA(VLOOKUP(AK148,ltSchlepper,Maschinen!$AA$6,FALSE))=TRUE,0,VLOOKUP(AK148,ltSchlepper,Maschinen!$AA$6,FALSE)*AM148))","v":0},{"$f":"(IF(ISNA(VLOOKUP(AK148,ltSchlepper,Maschinen!$AB$6,FALSE))=TRUE,0,VLOOKUP(AK148,ltSchlepper,Maschinen!$AB$6,FALSE)*AM148))","v":0},{"$f":"(IF(ISNA(VLOOKUP(AK148,ltSchlepper,Maschinen!$AC$6,FALSE))=TRUE,0,VLOOKUP(AK148,ltSchlepper,Maschinen!$AC$6,FALSE)*AM148))","v":0},0,{"$f":"(IF(ISNA(VLOOKUP(AQ148,ltSchlepper,Maschinen!$AA$6,FALSE))=TRUE,0,VLOOKUP(AQ148,ltSchlepper,Maschinen!$AA$6,FALSE)*AS148))","v":0},{"$f":"(IF(ISNA(VLOOKUP(AQ148,ltSchlepper,Maschinen!$AB$6,FALSE))=TRUE,0,VLOOKUP(AQ148,ltSchlepper,Maschinen!$AB$6,FALSE)*AS148))","v":0},{"$f":"(IF(ISNA(VLOOKUP(AQ148,ltSchlepper,Maschinen!$AC$6,FALSE))=TRUE,0,VLOOKUP(AQ148,ltSchlepper,Maschinen!$AC$6,FALSE)*AS148))","v":0},0]
[null,21820,"",null,null,null,null,null,0,0,0,0.1,0,0,null,null,0,0,0,0,0,0,0,null,null,"",null,"",null,0,null,"",null,"",null,0,null,"",null,"",null,0,null,"",null,"",null,0,0,0,0,0,0,0,0,0,0,0,0,0,{"$f":"(IF(ISNA(VLOOKUP(Y149,ltSchlepper,Maschinen!$K$6,FALSE))=TRUE,0,VLOOKUP(Y149,ltSchlepper,Maschinen!$K$6,FALSE)*AA149))","v":0},{"$f":"(IF(ISNA(VLOOKUP(Y149,ltSchlepper,Maschinen!$L$6,FALSE))=TRUE,0,VLOOKUP(Y149,ltSchlepper,Maschinen!$L$6,FALSE)*AA149))","v":0},{"$f":"(IF(ISNA(VLOOKUP(Y149,ltSchlepper,Maschinen!$M$6,FALSE))=TRUE,0,VLOOKUP(Y149,ltSchlepper,Maschinen!$M$6,FALSE)*AA149))","v":0},{"$f":"(IF(ISNA(VLOOKUP(Y149,ltSchlepper,Maschinen!$N$6,FALSE))=TRUE,0,VLOOKUP(Y149,ltSchlepper,Maschinen!$N$6,FALSE)*AA149*IF(ISBLANK(AC149),1,AC149)))","v":0},{"$f":"(IF(ISNA(VLOOKUP(Y149,ltSchlepper,Maschinen!$O$6,FALSE))=TRUE,0,VLOOKUP(Y149,ltSchlepper,Maschinen!$O$6,FALSE)*AA149*IF(ISBLANK(AC149),1,AC149)))","v":0},{"$f":"(IF(ISNA(VLOOKUP(Y149,ltSchlepper,Maschinen!$P$6,FALSE))=TRUE,0,VLOOKUP(Y149,ltSchlepper,Maschinen!$P$6,FALSE)*AA149*IF(ISBLANK(AC149),1,AC149)))","v":0},0,{"$f":"(IF(ISNA(VLOOKUP(AE149,ltSchlepper,Maschinen!$K$6,FALSE))=TRUE,0,VLOOKUP(AE149,ltSchlepper,Maschinen!$K$6,FALSE)*AG149))","v":0},{"$f":"(IF(ISNA(VLOOKUP(AE149,ltSchlepper,Maschinen!$L$6,FALSE))=TRUE,0,VLOOKUP(AE149,ltSchlepper,Maschinen!$L$6,FALSE)*AG149))","v":0},{"$f":"(IF(ISNA(VLOOKUP(AE149,ltSchlepper,Maschinen!$M$6,FALSE))=TRUE,0,VLOOKUP(AE149,ltSchlepper,Maschinen!$M$6,FALSE)*AG149))","v":0},{"$f":"(IF(ISNA(VLOOKUP(AE149,ltSchlepper,Maschinen!$N$6,FALSE))=TRUE,0,VLOOKUP(AE149,ltSchlepper,Maschinen!$N$6,FALSE)*AG149*IF(ISBLANK(AI149),1,AI149)))","v":0},{"$f":"(IF(ISNA(VLOOKUP(AE149,ltSchlepper,Maschinen!$O$6,FALSE))=TRUE,0,VLOOKUP(AE149,ltSchlepper,Maschinen!$O$6,FALSE)*AG149*IF(ISBLANK(AI149),1,AI149)))","v":0},{"$f":"(IF(ISNA(VLOOKUP(AE149,ltSchlepper,Maschinen!$P$6,FALSE))=TRUE,0,VLOOKUP(AE149,ltSchlepper,Maschinen!$P$6,FALSE)*AG149*IF(ISBLANK(AI149),1,AI149)))","v":0},0,{"$f":"(IF(ISNA(VLOOKUP(AK149,ltSchlepper,Maschinen!$K$6,FALSE))=TRUE,0,VLOOKUP(AK149,ltSchlepper,Maschinen!$K$6,FALSE)*AM149))","v":0},{"$f":"(IF(ISNA(VLOOKUP(AK149,ltSchlepper,Maschinen!$L$6,FALSE))=TRUE,0,VLOOKUP(AK149,ltSchlepper,Maschinen!$L$6,FALSE)*AM149))","v":0},{"$f":"(IF(ISNA(VLOOKUP(AK149,ltSchlepper,Maschinen!$M$6,FALSE))=TRUE,0,VLOOKUP(AK149,ltSchlepper,Maschinen!$M$6,FALSE)*AM149))","v":0},{"$f":"(IF(ISNA(VLOOKUP(AK149,ltSchlepper,Maschinen!$N$6,FALSE))=TRUE,0,VLOOKUP(AK149,ltSchlepper,Maschinen!$N$6,FALSE)*AM149*IF(ISBLANK(AO149),1,AO149)))","v":0},{"$f":"(IF(ISNA(VLOOKUP(AK149,ltSchlepper,Maschinen!$O$6,FALSE))=TRUE,0,VLOOKUP(AK149,ltSchlepper,Maschinen!$O$6,FALSE)*AM149*IF(ISBLANK(AO149),1,AO149)))","v":0},{"$f":"(IF(ISNA(VLOOKUP(AK149,ltSchlepper,Maschinen!$P$6,FALSE))=TRUE,0,VLOOKUP(AK149,ltSchlepper,Maschinen!$P$6,FALSE)*AM149*IF(ISBLANK(AO149),1,AO149)))","v":0},0,{"$f":"(IF(ISNA(VLOOKUP(AQ149,ltSchlepper,Maschinen!$K$6,FALSE))=TRUE,0,VLOOKUP(AQ149,ltSchlepper,Maschinen!$K$6,FALSE)*AS149))","v":0},{"$f":"(IF(ISNA(VLOOKUP(AQ149,ltSchlepper,Maschinen!$L$6,FALSE))=TRUE,0,VLOOKUP(AQ149,ltSchlepper,Maschinen!$L$6,FALSE)*AS149))","v":0},{"$f":"(IF(ISNA(VLOOKUP(AQ149,ltSchlepper,Maschinen!$M$6,FALSE))=TRUE,0,VLOOKUP(AQ149,ltSchlepper,Maschinen!$M$6,FALSE)*AS149))","v":0},{"$f":"(IF(ISNA(VLOOKUP(AQ149,ltSchlepper,Maschinen!$N$6,FALSE))=TRUE,0,VLOOKUP(AQ149,ltSchlepper,Maschinen!$N$6,FALSE)*AS149*IF(ISBLANK(AU149),1,AU149)))","v":0},{"$f":"(IF(ISNA(VLOOKUP(AQ149,ltSchlepper,Maschinen!$O$6,FALSE))=TRUE,0,VLOOKUP(AQ149,ltSchlepper,Maschinen!$O$6,FALSE)*AS149*IF(ISBLANK(AU149),1,AU149)))","v":0},{"$f":"(IF(ISNA(VLOOKUP(AQ149,ltSchlepper,Maschinen!$P$6,FALSE))=TRUE,0,VLOOKUP(AQ149,ltSchlepper,Maschinen!$P$6,FALSE)*AS149*IF(ISBLANK(AU149),1,AU149)))","v":0},0,{"$f":"(IF(ISNA(VLOOKUP(Y149,ltSchlepper,Maschinen!$AA$6,FALSE))=TRUE,0,VLOOKUP(Y149,ltSchlepper,Maschinen!$AA$6,FALSE)*AA149))","v":0},{"$f":"(IF(ISNA(VLOOKUP(Y149,ltSchlepper,Maschinen!$AB$6,FALSE))=TRUE,0,VLOOKUP(Y149,ltSchlepper,Maschinen!$AB$6,FALSE)*AA149))","v":0},{"$f":"(IF(ISNA(VLOOKUP(Y149,ltSchlepper,Maschinen!$AC$6,FALSE))=TRUE,0,VLOOKUP(Y149,ltSchlepper,Maschinen!$AC$6,FALSE)*AA149))","v":0},0,{"$f":"(IF(ISNA(VLOOKUP(AE149,ltSchlepper,Maschinen!$AA$6,FALSE))=TRUE,0,VLOOKUP(AE149,ltSchlepper,Maschinen!$AA$6,FALSE)*AG149))","v":0},{"$f":"(IF(ISNA(VLOOKUP(AE149,ltSchlepper,Maschinen!$AB$6,FALSE))=TRUE,0,VLOOKUP(AE149,ltSchlepper,Maschinen!$AB$6,FALSE)*AG149))","v":0},{"$f":"(IF(ISNA(VLOOKUP(AE149,ltSchlepper,Maschinen!$AC$6,FALSE))=TRUE,0,VLOOKUP(AE149,ltSchlepper,Maschinen!$AC$6,FALSE)*AG149))","v":0},0,{"$f":"(IF(ISNA(VLOOKUP(AK149,ltSchlepper,Maschinen!$AA$6,FALSE))=TRUE,0,VLOOKUP(AK149,ltSchlepper,Maschinen!$AA$6,FALSE)*AM149))","v":0},{"$f":"(IF(ISNA(VLOOKUP(AK149,ltSchlepper,Maschinen!$AB$6,FALSE))=TRUE,0,VLOOKUP(AK149,ltSchlepper,Maschinen!$AB$6,FALSE)*AM149))","v":0},{"$f":"(IF(ISNA(VLOOKUP(AK149,ltSchlepper,Maschinen!$AC$6,FALSE))=TRUE,0,VLOOKUP(AK149,ltSchlepper,Maschinen!$AC$6,FALSE)*AM149))","v":0},0,{"$f":"(IF(ISNA(VLOOKUP(AQ149,ltSchlepper,Maschinen!$AA$6,FALSE))=TRUE,0,VLOOKUP(AQ149,ltSchlepper,Maschinen!$AA$6,FALSE)*AS149))","v":0},{"$f":"(IF(ISNA(VLOOKUP(AQ149,ltSchlepper,Maschinen!$AB$6,FALSE))=TRUE,0,VLOOKUP(AQ149,ltSchlepper,Maschinen!$AB$6,FALSE)*AS149))","v":0},{"$f":"(IF(ISNA(VLOOKUP(AQ149,ltSchlepper,Maschinen!$AC$6,FALSE))=TRUE,0,VLOOKUP(AQ149,ltSchlepper,Maschinen!$AC$6,FALSE)*AS149))","v":0},0]
[null,21822,"*LKW Transporte","h",null,50,null,null,{"$f":"BC150","v":13.75},{"$f":"H150+I150","v":13.75},{"$f":"F150+G150-J150","v":36.25},0.1,{"$f":"(H150+I150)*L150","v":1.375},{"$f":"M150*Interest","v":4.1249999999999995E-2},1,0.05,{"$f":"O150+P150","v":1.05},{"$f":"Q150*Lohnanspruch","v":26.25},{"$f":"J150+N150+R150","v":40.041249999999998},{"$f":"K150-N150-R150","v":9.958750000000002},{"$f":"BG150","v":0},{"$f":"H150+I150+N150+R150+U150","v":40.041249999999998},{"$f":"T150-U150","v":9.958750000000002},null,11319,{"$f":"IF(ISNA(VLOOKUP(Y150,ltSchlepper,2,FALSE))=TRUE,\"\",VLOOKUP(Y150,ltSchlepper,2,FALSE))","v":"*LKW (Sattelschlepper)"},1,{"$f":"IF(ISNA(VLOOKUP(Y150,ltSchlepper,3,FALSE))=TRUE,\"\",VLOOKUP(Y150,ltSchlepper,3,FALSE))","v":"h"},1,{"$f":"IF(ISNA(VLOOKUP(Y150,ltSchlepper,SchKraftstoffVerb,FALSE))=TRUE,0,VLOOKUP(Y150,ltSchlepper,SchKraftstoffVerb,FALSE)*IF(ISBLANK(AC150),1,AC150)*AA150)","v":0},12217,{"$f":"IF(ISNA(VLOOKUP(AE150,ltSchlepper,2,FALSE))=TRUE,\"\",VLOOKUP(AE150,ltSchlepper,2,FALSE))","v":"*Sattelzugauflieger Heckkipper"},27,{"$f":"IF(ISNA(VLOOKUP(AE150,ltSchlepper,3,FALSE))=TRUE,\"\",VLOOKUP(AE150,ltSchlepper,3,FALSE))","v":"t"},1,{"$f":"IF(ISNA(VLOOKUP(AE150,ltSchlepper,SchKraftstoffVerb,FALSE))=TRUE,0,VLOOKUP(AE150,ltSchlepper,SchKraftstoffVerb,FALSE)*IF(ISBLANK(AI150),1,AI150)*AG150)","v":0},null,{"$f":"IF(ISNA(VLOOKUP(AK150,ltSchlepper,2,FALSE))=TRUE,\"\",VLOOKUP(AK150,ltSchlepper,2,FALSE))","v":""},null,{"$f":"IF(ISNA(VLOOKUP(AK150,ltSchlepper,3,FALSE))=TRUE,\"\",VLOOKUP(AK150,ltSchlepper,3,FALSE))","v":""},null,{"$f":"IF(ISNA(VLOOKUP(AK150,ltSchlepper,SchKraftstoffVerb,FALSE))=TRUE,0,VLOOKUP(AK150,ltSchlepper,SchKraftstoffVerb,FALSE)*IF(ISBLANK(AO150),1,AO150)*AM150)","v":0},null,{"$f":"IF(ISNA(VLOOKUP(AQ150,ltSchlepper,2,FALSE))=TRUE,\"\",VLOOKUP(AQ150,ltSchlepper,2,FALSE))","v":""},null,{"$f":"IF(ISNA(VLOOKUP(AQ150,ltSchlepper,3,FALSE))=TRUE,\"\",VLOOKUP(AQ150,ltSchlepper,3,FALSE))","v":""},null,{"$f":"IF(ISNA(VLOOKUP(AQ150,ltSchlepper,SchKraftstoffVerb,FALSE))=TRUE,0,VLOOKUP(AQ150,ltSchlepper,SchKraftstoffVerb,FALSE)*IF(ISBLANK(AU150),1,AU150)*AS150)","v":0},{"$f":"BL150+BS150+BZ150+CG150","v":0},{"$f":"BI150+BP150+BW150+CD150","v":13.75},0,0,{"$f":"BM150+BT150+CA150+CH150","v":0},0,{"$f":"SUM(AX150:AZ150,BA150:BB150)","v":13.75},{"$f":"CK150+CO150+CS150+CW150","v":0},0,0,0,{"$f":"BG150+BC150","v":13.75},{"$f":"(IF(ISNA(VLOOKUP(Y150,ltSchlepper,Maschinen!$K$6,FALSE))=TRUE,0,VLOOKUP(Y150,ltSchlepper,Maschinen!$K$6,FALSE)*AA150))","v":7},{"$f":"(IF(ISNA(VLOOKUP(Y150,ltSchlepper,Maschinen!$L$6,FALSE))=TRUE,0,VLOOKUP(Y150,ltSchlepper,Maschinen!$L$6,FALSE)*AA150))","v":0},{"$f":"(IF(ISNA(VLOOKUP(Y150,ltSchlepper,Maschinen!$M$6,FALSE))=TRUE,0,VLOOKUP(Y150,ltSchlepper,Maschinen!$M$6,FALSE)*AA150))","v":0},{"$f":"(IF(ISNA(VLOOKUP(Y150,ltSchlepper,Maschinen!$N$6,FALSE))=TRUE,0,VLOOKUP(Y150,ltSchlepper,Maschinen!$N$6,FALSE)*AA150*IF(ISBLANK(AC150),1,AC150)))","v":0},{"$f":"(IF(ISNA(VLOOKUP(Y150,ltSchlepper,Maschinen!$O$6,FALSE))=TRUE,0,VLOOKUP(Y150,ltSchlepper,Maschinen!$O$6,FALSE)*AA150*IF(ISBLANK(AC150),1,AC150)))","v":0},{"$f":"(IF(ISNA(VLOOKUP(Y150,ltSchlepper,Maschinen!$P$6,FALSE))=TRUE,0,VLOOKUP(Y150,ltSchlepper,Maschinen!$P$6,FALSE)*AA150*IF(ISBLANK(AC150),1,AC150)))","v":0},{"$f":"SUM(BI150:BK150,BM150:BN150)","v":7},{"$f":"(IF(ISNA(VLOOKUP(AE150,ltSchlepper,Maschinen!$K$6,FALSE))=TRUE,0,VLOOKUP(AE150,ltSchlepper,Maschinen!$K$6,FALSE)*AG150))","v":6.75},{"$f":"(IF(ISNA(VLOOKUP(AE150,ltSchlepper,Maschinen!$L$6,FALSE))=TRUE,0,VLOOKUP(AE150,ltSchlepper,Maschinen!$L$6,FALSE)*AG150))","v":0},{"$f":"(IF(ISNA(VLOOKUP(AE150,ltSchlepper,Maschinen!$M$6,FALSE))=TRUE,0,VLOOKUP(AE150,ltSchlepper,Maschinen!$M$6,FALSE)*AG150))","v":0},{"$f":"(IF(ISNA(VLOOKUP(AE150,ltSchlepper,Maschinen!$N$6,FALSE))=TRUE,0,VLOOKUP(AE150,ltSchlepper,Maschinen!$N$6,FALSE)*AG150*IF(ISBLANK(AI150),1,AI150)))","v":0},{"$f":"(IF(ISNA(VLOOKUP(AE150,ltSchlepper,Maschinen!$O$6,FALSE))=TRUE,0,VLOOKUP(AE150,ltSchlepper,Maschinen!$O$6,FALSE)*AG150*IF(ISBLANK(AI150),1,AI150)))","v":0},{"$f":"(IF(ISNA(VLOOKUP(AE150,ltSchlepper,Maschinen!$P$6,FALSE))=TRUE,0,VLOOKUP(AE150,ltSchlepper,Maschinen!$P$6,FALSE)*AG150*IF(ISBLANK(AI150),1,AI150)))","v":0},{"$f":"SUM(BP150:BR150,BT150:BU150)","v":6.75},{"$f":"(IF(ISNA(VLOOKUP(AK150,ltSchlepper,Maschinen!$K$6,FALSE))=TRUE,0,VLOOKUP(AK150,ltSchlepper,Maschinen!$K$6,FALSE)*AM150))","v":0},{"$f":"(IF(ISNA(VLOOKUP(AK150,ltSchlepper,Maschinen!$L$6,FALSE))=TRUE,0,VLOOKUP(AK150,ltSchlepper,Maschinen!$L$6,FALSE)*AM150))","v":0},{"$f":"(IF(ISNA(VLOOKUP(AK150,ltSchlepper,Maschinen!$M$6,FALSE))=TRUE,0,VLOOKUP(AK150,ltSchlepper,Maschinen!$M$6,FALSE)*AM150))","v":0},{"$f":"(IF(ISNA(VLOOKUP(AK150,ltSchlepper,Maschinen!$N$6,FALSE))=TRUE,0,VLOOKUP(AK150,ltSchlepper,Maschinen!$N$6,FALSE)*AM150*IF(ISBLANK(AO150),1,AO150)))","v":0},{"$f":"(IF(ISNA(VLOOKUP(AK150,ltSchlepper,Maschinen!$O$6,FALSE))=TRUE,0,VLOOKUP(AK150,ltSchlepper,Maschinen!$O$6,FALSE)*AM150*IF(ISBLANK(AO150),1,AO150)))","v":0},{"$f":"(IF(ISNA(VLOOKUP(AK150,ltSchlepper,Maschinen!$P$6,FALSE))=TRUE,0,VLOOKUP(AK150,ltSchlepper,Maschinen!$P$6,FALSE)*AM150*IF(ISBLANK(AO150),1,AO150)))","v":0},{"$f":"SUM(BW150:BY150,CA150:CB150)","v":0},{"$f":"(IF(ISNA(VLOOKUP(AQ150,ltSchlepper,Maschinen!$K$6,FALSE))=TRUE,0,VLOOKUP(AQ150,ltSchlepper,Maschinen!$K$6,FALSE)*AS150))","v":0},{"$f":"(IF(ISNA(VLOOKUP(AQ150,ltSchlepper,Maschinen!$L$6,FALSE))=TRUE,0,VLOOKUP(AQ150,ltSchlepper,Maschinen!$L$6,FALSE)*AS150))","v":0},{"$f":"(IF(ISNA(VLOOKUP(AQ150,ltSchlepper,Maschinen!$M$6,FALSE))=TRUE,0,VLOOKUP(AQ150,ltSchlepper,Maschinen!$M$6,FALSE)*AS150))","v":0},{"$f":"(IF(ISNA(VLOOKUP(AQ150,ltSchlepper,Maschinen!$N$6,FALSE))=TRUE,0,VLOOKUP(AQ150,ltSchlepper,Maschinen!$N$6,FALSE)*AS150*IF(ISBLANK(AU150),1,AU150)))","v":0},{"$f":"(IF(ISNA(VLOOKUP(AQ150,ltSchlepper,Maschinen!$O$6,FALSE))=TRUE,0,VLOOKUP(AQ150,ltSchlepper,Maschinen!$O$6,FALSE)*AS150*IF(ISBLANK(AU150),1,AU150)))","v":0},{"$f":"(IF(ISNA(VLOOKUP(AQ150,ltSchlepper,Maschinen!$P$6,FALSE))=TRUE,0,VLOOKUP(AQ150,ltSchlepper,Maschinen!$P$6,FALSE)*AS150*IF(ISBLANK(AU150),1,AU150)))","v":0},{"$f":"SUM(CD150:CF150,CH150:CI150)","v":0},{"$f":"(IF(ISNA(VLOOKUP(Y150,ltSchlepper,Maschinen!$AA$6,FALSE))=TRUE,0,VLOOKUP(Y150,ltSchlepper,Maschinen!$AA$6,FALSE)*AA150))","v":0},{"$f":"(IF(ISNA(VLOOKUP(Y150,ltSchlepper,Maschinen!$AB$6,FALSE))=TRUE,0,VLOOKUP(Y150,ltSchlepper,Maschinen!$AB$6,FALSE)*AA150))","v":0},{"$f":"(IF(ISNA(VLOOKUP(Y150,ltSchlepper,Maschinen!$AC$6,FALSE))=TRUE,0,VLOOKUP(Y150,ltSchlepper,Maschinen!$AC$6,FALSE)*AA150))","v":0},{"$f":"SUM(CK150:CM150)","v":0},{"$f":"(IF(ISNA(VLOOKUP(AE150,ltSchlepper,Maschinen!$AA$6,FALSE))=TRUE,0,VLOOKUP(AE150,ltSchlepper,Maschinen!$AA$6,FALSE)*AG150))","v":0},{"$f":"(IF(ISNA(VLOOKUP(AE150,ltSchlepper,Maschinen!$AB$6,FALSE))=TRUE,0,VLOOKUP(AE150,ltSchlepper,Maschinen!$AB$6,FALSE)*AG150))","v":0},{"$f":"(IF(ISNA(VLOOKUP(AE150,ltSchlepper,Maschinen!$AC$6,FALSE))=TRUE,0,VLOOKUP(AE150,ltSchlepper,Maschinen!$AC$6,FALSE)*AG150))","v":0},{"$f":"SUM(CO150:CQ150)","v":0},{"$f":"(IF(ISNA(VLOOKUP(AK150,ltSchlepper,Maschinen!$AA$6,FALSE))=TRUE,0,VLOOKUP(AK150,ltSchlepper,Maschinen!$AA$6,FALSE)*AM150))","v":0},{"$f":"(IF(ISNA(VLOOKUP(AK150,ltSchlepper,Maschinen!$AB$6,FALSE))=TRUE,0,VLOOKUP(AK150,ltSchlepper,Maschinen!$AB$6,FALSE)*AM150))","v":0},{"$f":"(IF(ISNA(VLOOKUP(AK150,ltSchlepper,Maschinen!$AC$6,FALSE))=TRUE,0,VLOOKUP(AK150,ltSchlepper,Maschinen!$AC$6,FALSE)*AM150))","v":0},{"$f":"SUM(CS150:CU150)","v":0},{"$f":"(IF(ISNA(VLOOKUP(AQ150,ltSchlepper,Maschinen!$AA$6,FALSE))=TRUE,0,VLOOKUP(AQ150,ltSchlepper,Maschinen!$AA$6,FALSE)*AS150))","v":0},{"$f":"(IF(ISNA(VLOOKUP(AQ150,ltSchlepper,Maschinen!$AB$6,FALSE))=TRUE,0,VLOOKUP(AQ150,ltSchlepper,Maschinen!$AB$6,FALSE)*AS150))","v":0},{"$f":"(IF(ISNA(VLOOKUP(AQ150,ltSchlepper,Maschinen!$AC$6,FALSE))=TRUE,0,VLOOKUP(AQ150,ltSchlepper,Maschinen!$AC$6,FALSE)*AS150))","v":0},{"$f":"SUM(CW150:CY150)","v":0}]
[null,21823,null,null,null,null,null,null,{"$f":"BC151","v":0},{"$f":"H151+I151","v":0},{"$f":"F151+G151-J151","v":0},0.1,{"$f":"(H151+I151)*L151","v":0},{"$f":"M151*Interest","v":0},null,null,{"$f":"O151+P151","v":0},{"$f":"Q151*Lohnanspruch","v":0},{"$f":"J151+N151+R151","v":0},{"$f":"K151-N151-R151","v":0},{"$f":"BG151","v":0},{"$f":"H151+I151+N151+R151+U151","v":0},{"$f":"T151-U151","v":0},null,null,{"$f":"IF(ISNA(VLOOKUP(Y151,ltSchlepper,2,FALSE))=TRUE,\"\",VLOOKUP(Y151,ltSchlepper,2,FALSE))","v":""},null,{"$f":"IF(ISNA(VLOOKUP(Y151,ltSchlepper,3,FALSE))=TRUE,\"\",VLOOKUP(Y151,ltSchlepper,3,FALSE))","v":""},null,{"$f":"IF(ISNA(VLOOKUP(Y151,ltSchlepper,SchKraftstoffVerb,FALSE))=TRUE,0,VLOOKUP(Y151,ltSchlepper,SchKraftstoffVerb,FALSE)*IF(ISBLANK(AC151),1,AC151)*AA151)","v":0},null,{"$f":"IF(ISNA(VLOOKUP(AE151,ltSchlepper,2,FALSE))=TRUE,\"\",VLOOKUP(AE151,ltSchlepper,2,FALSE))","v":""},null,{"$f":"IF(ISNA(VLOOKUP(AE151,ltSchlepper,3,FALSE))=TRUE,\"\",VLOOKUP(AE151,ltSchlepper,3,FALSE))","v":""},null,{"$f":"IF(ISNA(VLOOKUP(AE151,ltSchlepper,SchKraftstoffVerb,FALSE))=TRUE,0,VLOOKUP(AE151,ltSchlepper,SchKraftstoffVerb,FALSE)*IF(ISBLANK(AI151),1,AI151)*AG151)","v":0},null,{"$f":"IF(ISNA(VLOOKUP(AK151,ltSchlepper,2,FALSE))=TRUE,\"\",VLOOKUP(AK151,ltSchlepper,2,FALSE))","v":""},null,{"$f":"IF(ISNA(VLOOKUP(AK151,ltSchlepper,3,FALSE))=TRUE,\"\",VLOOKUP(AK151,ltSchlepper,3,FALSE))","v":""},null,{"$f":"IF(ISNA(VLOOKUP(AK151,ltSchlepper,SchKraftstoffVerb,FALSE))=TRUE,0,VLOOKUP(AK151,ltSchlepper,SchKraftstoffVerb,FALSE)*IF(ISBLANK(AO151),1,AO151)*AM151)","v":0},null,{"$f":"IF(ISNA(VLOOKUP(AQ151,ltSchlepper,2,FALSE))=TRUE,\"\",VLOOKUP(AQ151,ltSchlepper,2,FALSE))","v":""},null,{"$f":"IF(ISNA(VLOOKUP(AQ151,ltSchlepper,3,FALSE))=TRUE,\"\",VLOOKUP(AQ151,ltSchlepper,3,FALSE))","v":""},null,{"$f":"IF(ISNA(VLOOKUP(AQ151,ltSchlepper,SchKraftstoffVerb,FALSE))=TRUE,0,VLOOKUP(AQ151,ltSchlepper,SchKraftstoffVerb,FALSE)*IF(ISBLANK(AU151),1,AU151)*AS151)","v":0},{"$f":"BL151+BS151+BZ151+CG151","v":0},0,0,0,0,0,{"$f":"SUM(AX151:AZ151,BA151:BB151)","v":0},0,0,0,0,{"$f":"BG151+BC151","v":0},{"$f":"(IF(ISNA(VLOOKUP(Y151,ltSchlepper,Maschinen!$K$6,FALSE))=TRUE,0,VLOOKUP(Y151,ltSchlepper,Maschinen!$K$6,FALSE)*AA151))","v":0},{"$f":"(IF(ISNA(VLOOKUP(Y151,ltSchlepper,Maschinen!$L$6,FALSE))=TRUE,0,VLOOKUP(Y151,ltSchlepper,Maschinen!$L$6,FALSE)*AA151))","v":0},{"$f":"(IF(ISNA(VLOOKUP(Y151,ltSchlepper,Maschinen!$M$6,FALSE))=TRUE,0,VLOOKUP(Y151,ltSchlepper,Maschinen!$M$6,FALSE)*AA151))","v":0},{"$f":"(IF(ISNA(VLOOKUP(Y151,ltSchlepper,Maschinen!$N$6,FALSE))=TRUE,0,VLOOKUP(Y151,ltSchlepper,Maschinen!$N$6,FALSE)*AA151*IF(ISBLANK(AC151),1,AC151)))","v":0},{"$f":"(IF(ISNA(VLOOKUP(Y151,ltSchlepper,Maschinen!$O$6,FALSE))=TRUE,0,VLOOKUP(Y151,ltSchlepper,Maschinen!$O$6,FALSE)*AA151*IF(ISBLANK(AC151),1,AC151)))","v":0},{"$f":"(IF(ISNA(VLOOKUP(Y151,ltSchlepper,Maschinen!$P$6,FALSE))=TRUE,0,VLOOKUP(Y151,ltSchlepper,Maschinen!$P$6,FALSE)*AA151*IF(ISBLANK(AC151),1,AC151)))","v":0},{"$f":"SUM(BI151:BK151,BM151:BN151)","v":0},{"$f":"(IF(ISNA(VLOOKUP(AE151,ltSchlepper,Maschinen!$K$6,FALSE))=TRUE,0,VLOOKUP(AE151,ltSchlepper,Maschinen!$K$6,FALSE)*AG151))","v":0},{"$f":"(IF(ISNA(VLOOKUP(AE151,ltSchlepper,Maschinen!$L$6,FALSE))=TRUE,0,VLOOKUP(AE151,ltSchlepper,Maschinen!$L$6,FALSE)*AG151))","v":0},{"$f":"(IF(ISNA(VLOOKUP(AE151,ltSchlepper,Maschinen!$M$6,FALSE))=TRUE,0,VLOOKUP(AE151,ltSchlepper,Maschinen!$M$6,FALSE)*AG151))","v":0},{"$f":"(IF(ISNA(VLOOKUP(AE151,ltSchlepper,Maschinen!$N$6,FALSE))=TRUE,0,VLOOKUP(AE151,ltSchlepper,Maschinen!$N$6,FALSE)*AG151*IF(ISBLANK(AI151),1,AI151)))","v":0},{"$f":"(IF(ISNA(VLOOKUP(AE151,ltSchlepper,Maschinen!$O$6,FALSE))=TRUE,0,VLOOKUP(AE151,ltSchlepper,Maschinen!$O$6,FALSE)*AG151*IF(ISBLANK(AI151),1,AI151)))","v":0},{"$f":"(IF(ISNA(VLOOKUP(AE151,ltSchlepper,Maschinen!$P$6,FALSE))=TRUE,0,VLOOKUP(AE151,ltSchlepper,Maschinen!$P$6,FALSE)*AG151*IF(ISBLANK(AI151),1,AI151)))","v":0},{"$f":"SUM(BP151:BR151,BT151:BU151)","v":0},{"$f":"(IF(ISNA(VLOOKUP(AK151,ltSchlepper,Maschinen!$K$6,FALSE))=TRUE,0,VLOOKUP(AK151,ltSchlepper,Maschinen!$K$6,FALSE)*AM151))","v":0},{"$f":"(IF(ISNA(VLOOKUP(AK151,ltSchlepper,Maschinen!$L$6,FALSE))=TRUE,0,VLOOKUP(AK151,ltSchlepper,Maschinen!$L$6,FALSE)*AM151))","v":0},{"$f":"(IF(ISNA(VLOOKUP(AK151,ltSchlepper,Maschinen!$M$6,FALSE))=TRUE,0,VLOOKUP(AK151,ltSchlepper,Maschinen!$M$6,FALSE)*AM151))","v":0},{"$f":"(IF(ISNA(VLOOKUP(AK151,ltSchlepper,Maschinen!$N$6,FALSE))=TRUE,0,VLOOKUP(AK151,ltSchlepper,Maschinen!$N$6,FALSE)*AM151*IF(ISBLANK(AO151),1,AO151)))","v":0},{"$f":"(IF(ISNA(VLOOKUP(AK151,ltSchlepper,Maschinen!$O$6,FALSE))=TRUE,0,VLOOKUP(AK151,ltSchlepper,Maschinen!$O$6,FALSE)*AM151*IF(ISBLANK(AO151),1,AO151)))","v":0},{"$f":"(IF(ISNA(VLOOKUP(AK151,ltSchlepper,Maschinen!$P$6,FALSE))=TRUE,0,VLOOKUP(AK151,ltSchlepper,Maschinen!$P$6,FALSE)*AM151*IF(ISBLANK(AO151),1,AO151)))","v":0},{"$f":"SUM(BW151:BY151,CA151:CB151)","v":0},{"$f":"(IF(ISNA(VLOOKUP(AQ151,ltSchlepper,Maschinen!$K$6,FALSE))=TRUE,0,VLOOKUP(AQ151,ltSchlepper,Maschinen!$K$6,FALSE)*AS151))","v":0},{"$f":"(IF(ISNA(VLOOKUP(AQ151,ltSchlepper,Maschinen!$L$6,FALSE))=TRUE,0,VLOOKUP(AQ151,ltSchlepper,Maschinen!$L$6,FALSE)*AS151))","v":0},{"$f":"(IF(ISNA(VLOOKUP(AQ151,ltSchlepper,Maschinen!$M$6,FALSE))=TRUE,0,VLOOKUP(AQ151,ltSchlepper,Maschinen!$M$6,FALSE)*AS151))","v":0},{"$f":"(IF(ISNA(VLOOKUP(AQ151,ltSchlepper,Maschinen!$N$6,FALSE))=TRUE,0,VLOOKUP(AQ151,ltSchlepper,Maschinen!$N$6,FALSE)*AS151*IF(ISBLANK(AU151),1,AU151)))","v":0},{"$f":"(IF(ISNA(VLOOKUP(AQ151,ltSchlepper,Maschinen!$O$6,FALSE))=TRUE,0,VLOOKUP(AQ151,ltSchlepper,Maschinen!$O$6,FALSE)*AS151*IF(ISBLANK(AU151),1,AU151)))","v":0},{"$f":"(IF(ISNA(VLOOKUP(AQ151,ltSchlepper,Maschinen!$P$6,FALSE))=TRUE,0,VLOOKUP(AQ151,ltSchlepper,Maschinen!$P$6,FALSE)*AS151*IF(ISBLANK(AU151),1,AU151)))","v":0},{"$f":"SUM(CD151:CF151,CH151:CI151)","v":0},{"$f":"(IF(ISNA(VLOOKUP(Y151,ltSchlepper,Maschinen!$AA$6,FALSE))=TRUE,0,VLOOKUP(Y151,ltSchlepper,Maschinen!$AA$6,FALSE)*AA151))","v":0},{"$f":"(IF(ISNA(VLOOKUP(Y151,ltSchlepper,Maschinen!$AB$6,FALSE))=TRUE,0,VLOOKUP(Y151,ltSchlepper,Maschinen!$AB$6,FALSE)*AA151))","v":0},{"$f":"(IF(ISNA(VLOOKUP(Y151,ltSchlepper,Maschinen!$AC$6,FALSE))=TRUE,0,VLOOKUP(Y151,ltSchlepper,Maschinen!$AC$6,FALSE)*AA151))","v":0},{"$f":"SUM(CK151:CM151)","v":0},{"$f":"(IF(ISNA(VLOOKUP(AE151,ltSchlepper,Maschinen!$AA$6,FALSE))=TRUE,0,VLOOKUP(AE151,ltSchlepper,Maschinen!$AA$6,FALSE)*AG151))","v":0},{"$f":"(IF(ISNA(VLOOKUP(AE151,ltSchlepper,Maschinen!$AB$6,FALSE))=TRUE,0,VLOOKUP(AE151,ltSchlepper,Maschinen!$AB$6,FALSE)*AG151))","v":0},{"$f":"(IF(ISNA(VLOOKUP(AE151,ltSchlepper,Maschinen!$AC$6,FALSE))=TRUE,0,VLOOKUP(AE151,ltSchlepper,Maschinen!$AC$6,FALSE)*AG151))","v":0},{"$f":"SUM(CO151:CQ151)","v":0},{"$f":"(IF(ISNA(VLOOKUP(AK151,ltSchlepper,Maschinen!$AA$6,FALSE))=TRUE,0,VLOOKUP(AK151,ltSchlepper,Maschinen!$AA$6,FALSE)*AM151))","v":0},{"$f":"(IF(ISNA(VLOOKUP(AK151,ltSchlepper,Maschinen!$AB$6,FALSE))=TRUE,0,VLOOKUP(AK151,ltSchlepper,Maschinen!$AB$6,FALSE)*AM151))","v":0},{"$f":"(IF(ISNA(VLOOKUP(AK151,ltSchlepper,Maschinen!$AC$6,FALSE))=TRUE,0,VLOOKUP(AK151,ltSchlepper,Maschinen!$AC$6,FALSE)*AM151))","v":0},{"$f":"SUM(CS151:CU151)","v":0},{"$f":"(IF(ISNA(VLOOKUP(AQ151,ltSchlepper,Maschinen!$AA$6,FALSE))=TRUE,0,VLOOKUP(AQ151,ltSchlepper,Maschinen!$AA$6,FALSE)*AS151))","v":0},{"$f":"(IF(ISNA(VLOOKUP(AQ151,ltSchlepper,Maschinen!$AB$6,FALSE))=TRUE,0,VLOOKUP(AQ151,ltSchlepper,Maschinen!$AB$6,FALSE)*AS151))","v":0},{"$f":"(IF(ISNA(VLOOKUP(AQ151,ltSchlepper,Maschinen!$AC$6,FALSE))=TRUE,0,VLOOKUP(AQ151,ltSchlepper,Maschinen!$AC$6,FALSE)*AS151))","v":0},{"$f":"SUM(CW151:CY151)","v":0}]
[null,21821,null,null,null,null,null,null,{"$f":"BC152","v":0},{"$f":"H152+I152","v":0},{"$f":"F152+G152-J152","v":0},0.1,{"$f":"(H152+I152)*L152","v":0},{"$f":"M152*Interest","v":0},null,null,{"$f":"O152+P152","v":0},{"$f":"Q152*Lohnanspruch","v":0},{"$f":"J152+N152+R152","v":0},{"$f":"K152-N152-R152","v":0},{"$f":"BG152","v":0},{"$f":"H152+I152+N152+R152+U152","v":0},{"$f":"T152-U152","v":0},null,null,{"$f":"IF(ISNA(VLOOKUP(Y152,ltSchlepper,2,FALSE))=TRUE,\"\",VLOOKUP(Y152,ltSchlepper,2,FALSE))","v":""},null,{"$f":"IF(ISNA(VLOOKUP(Y152,ltSchlepper,3,FALSE))=TRUE,\"\",VLOOKUP(Y152,ltSchlepper,3,FALSE))","v":""},null,{"$f":"IF(ISNA(VLOOKUP(Y152,ltSchlepper,SchKraftstoffVerb,FALSE))=TRUE,0,VLOOKUP(Y152,ltSchlepper,SchKraftstoffVerb,FALSE)*IF(ISBLANK(AC152),1,AC152)*AA152)","v":0},null,{"$f":"IF(ISNA(VLOOKUP(AE152,ltSchlepper,2,FALSE))=TRUE,\"\",VLOOKUP(AE152,ltSchlepper,2,FALSE))","v":""},null,{"$f":"IF(ISNA(VLOOKUP(AE152,ltSchlepper,3,FALSE))=TRUE,\"\",VLOOKUP(AE152,ltSchlepper,3,FALSE))","v":""},null,{"$f":"IF(ISNA(VLOOKUP(AE152,ltSchlepper,SchKraftstoffVerb,FALSE))=TRUE,0,VLOOKUP(AE152,ltSchlepper,SchKraftstoffVerb,FALSE)*IF(ISBLANK(AI152),1,AI152)*AG152)","v":0},null,{"$f":"IF(ISNA(VLOOKUP(AK152,ltSchlepper,2,FALSE))=TRUE,\"\",VLOOKUP(AK152,ltSchlepper,2,FALSE))","v":""},null,{"$f":"IF(ISNA(VLOOKUP(AK152,ltSchlepper,3,FALSE))=TRUE,\"\",VLOOKUP(AK152,ltSchlepper,3,FALSE))","v":""},null,{"$f":"IF(ISNA(VLOOKUP(AK152,ltSchlepper,SchKraftstoffVerb,FALSE))=TRUE,0,VLOOKUP(AK152,ltSchlepper,SchKraftstoffVerb,FALSE)*IF(ISBLANK(AO152),1,AO152)*AM152)","v":0},null,{"$f":"IF(ISNA(VLOOKUP(AQ152,ltSchlepper,2,FALSE))=TRUE,\"\",VLOOKUP(AQ152,ltSchlepper,2,FALSE))","v":""},null,{"$f":"IF(ISNA(VLOOKUP(AQ152,ltSchlepper,3,FALSE))=TRUE,\"\",VLOOKUP(AQ152,ltSchlepper,3,FALSE))","v":""},null,{"$f":"IF(ISNA(VLOOKUP(AQ152,ltSchlepper,SchKraftstoffVerb,FALSE))=TRUE,0,VLOOKUP(AQ152,ltSchlepper,SchKraftstoffVerb,FALSE)*IF(ISBLANK(AU152),1,AU152)*AS152)","v":0},{"$f":"BL152+BS152+BZ152+CG152","v":0},0,0,0,0,0,{"$f":"SUM(AX152:AZ152,BA152:BB152)","v":0},0,0,0,0,{"$f":"BG152+BC152","v":0},{"$f":"(IF(ISNA(VLOOKUP(Y152,ltSchlepper,Maschinen!$K$6,FALSE))=TRUE,0,VLOOKUP(Y152,ltSchlepper,Maschinen!$K$6,FALSE)*AA152))","v":0},{"$f":"(IF(ISNA(VLOOKUP(Y152,ltSchlepper,Maschinen!$L$6,FALSE))=TRUE,0,VLOOKUP(Y152,ltSchlepper,Maschinen!$L$6,FALSE)*AA152))","v":0},{"$f":"(IF(ISNA(VLOOKUP(Y152,ltSchlepper,Maschinen!$M$6,FALSE))=TRUE,0,VLOOKUP(Y152,ltSchlepper,Maschinen!$M$6,FALSE)*AA152))","v":0},{"$f":"(IF(ISNA(VLOOKUP(Y152,ltSchlepper,Maschinen!$N$6,FALSE))=TRUE,0,VLOOKUP(Y152,ltSchlepper,Maschinen!$N$6,FALSE)*AA152*IF(ISBLANK(AC152),1,AC152)))","v":0},{"$f":"(IF(ISNA(VLOOKUP(Y152,ltSchlepper,Maschinen!$O$6,FALSE))=TRUE,0,VLOOKUP(Y152,ltSchlepper,Maschinen!$O$6,FALSE)*AA152*IF(ISBLANK(AC152),1,AC152)))","v":0},{"$f":"(IF(ISNA(VLOOKUP(Y152,ltSchlepper,Maschinen!$P$6,FALSE))=TRUE,0,VLOOKUP(Y152,ltSchlepper,Maschinen!$P$6,FALSE)*AA152*IF(ISBLANK(AC152),1,AC152)))","v":0},{"$f":"SUM(BI152:BK152,BM152:BN152)","v":0},{"$f":"(IF(ISNA(VLOOKUP(AE152,ltSchlepper,Maschinen!$K$6,FALSE))=TRUE,0,VLOOKUP(AE152,ltSchlepper,Maschinen!$K$6,FALSE)*AG152))","v":0},{"$f":"(IF(ISNA(VLOOKUP(AE152,ltSchlepper,Maschinen!$L$6,FALSE))=TRUE,0,VLOOKUP(AE152,ltSchlepper,Maschinen!$L$6,FALSE)*AG152))","v":0},{"$f":"(IF(ISNA(VLOOKUP(AE152,ltSchlepper,Maschinen!$M$6,FALSE))=TRUE,0,VLOOKUP(AE152,ltSchlepper,Maschinen!$M$6,FALSE)*AG152))","v":0},{"$f":"(IF(ISNA(VLOOKUP(AE152,ltSchlepper,Maschinen!$N$6,FALSE))=TRUE,0,VLOOKUP(AE152,ltSchlepper,Maschinen!$N$6,FALSE)*AG152*IF(ISBLANK(AI152),1,AI152)))","v":0},{"$f":"(IF(ISNA(VLOOKUP(AE152,ltSchlepper,Maschinen!$O$6,FALSE))=TRUE,0,VLOOKUP(AE152,ltSchlepper,Maschinen!$O$6,FALSE)*AG152*IF(ISBLANK(AI152),1,AI152)))","v":0},{"$f":"(IF(ISNA(VLOOKUP(AE152,ltSchlepper,Maschinen!$P$6,FALSE))=TRUE,0,VLOOKUP(AE152,ltSchlepper,Maschinen!$P$6,FALSE)*AG152*IF(ISBLANK(AI152),1,AI152)))","v":0},{"$f":"SUM(BP152:BR152,BT152:BU152)","v":0},{"$f":"(IF(ISNA(VLOOKUP(AK152,ltSchlepper,Maschinen!$K$6,FALSE))=TRUE,0,VLOOKUP(AK152,ltSchlepper,Maschinen!$K$6,FALSE)*AM152))","v":0},{"$f":"(IF(ISNA(VLOOKUP(AK152,ltSchlepper,Maschinen!$L$6,FALSE))=TRUE,0,VLOOKUP(AK152,ltSchlepper,Maschinen!$L$6,FALSE)*AM152))","v":0},{"$f":"(IF(ISNA(VLOOKUP(AK152,ltSchlepper,Maschinen!$M$6,FALSE))=TRUE,0,VLOOKUP(AK152,ltSchlepper,Maschinen!$M$6,FALSE)*AM152))","v":0},{"$f":"(IF(ISNA(VLOOKUP(AK152,ltSchlepper,Maschinen!$N$6,FALSE))=TRUE,0,VLOOKUP(AK152,ltSchlepper,Maschinen!$N$6,FALSE)*AM152*IF(ISBLANK(AO152),1,AO152)))","v":0},{"$f":"(IF(ISNA(VLOOKUP(AK152,ltSchlepper,Maschinen!$O$6,FALSE))=TRUE,0,VLOOKUP(AK152,ltSchlepper,Maschinen!$O$6,FALSE)*AM152*IF(ISBLANK(AO152),1,AO152)))","v":0},{"$f":"(IF(ISNA(VLOOKUP(AK152,ltSchlepper,Maschinen!$P$6,FALSE))=TRUE,0,VLOOKUP(AK152,ltSchlepper,Maschinen!$P$6,FALSE)*AM152*IF(ISBLANK(AO152),1,AO152)))","v":0},{"$f":"SUM(BW152:BY152,CA152:CB152)","v":0},{"$f":"(IF(ISNA(VLOOKUP(AQ152,ltSchlepper,Maschinen!$K$6,FALSE))=TRUE,0,VLOOKUP(AQ152,ltSchlepper,Maschinen!$K$6,FALSE)*AS152))","v":0},{"$f":"(IF(ISNA(VLOOKUP(AQ152,ltSchlepper,Maschinen!$L$6,FALSE))=TRUE,0,VLOOKUP(AQ152,ltSchlepper,Maschinen!$L$6,FALSE)*AS152))","v":0},{"$f":"(IF(ISNA(VLOOKUP(AQ152,ltSchlepper,Maschinen!$M$6,FALSE))=TRUE,0,VLOOKUP(AQ152,ltSchlepper,Maschinen!$M$6,FALSE)*AS152))","v":0},{"$f":"(IF(ISNA(VLOOKUP(AQ152,ltSchlepper,Maschinen!$N$6,FALSE))=TRUE,0,VLOOKUP(AQ152,ltSchlepper,Maschinen!$N$6,FALSE)*AS152*IF(ISBLANK(AU152),1,AU152)))","v":0},{"$f":"(IF(ISNA(VLOOKUP(AQ152,ltSchlepper,Maschinen!$O$6,FALSE))=TRUE,0,VLOOKUP(AQ152,ltSchlepper,Maschinen!$O$6,FALSE)*AS152*IF(ISBLANK(AU152),1,AU152)))","v":0},{"$f":"(IF(ISNA(VLOOKUP(AQ152,ltSchlepper,Maschinen!$P$6,FALSE))=TRUE,0,VLOOKUP(AQ152,ltSchlepper,Maschinen!$P$6,FALSE)*AS152*IF(ISBLANK(AU152),1,AU152)))","v":0},{"$f":"SUM(CD152:CF152,CH152:CI152)","v":0},{"$f":"(IF(ISNA(VLOOKUP(Y152,ltSchlepper,Maschinen!$AA$6,FALSE))=TRUE,0,VLOOKUP(Y152,ltSchlepper,Maschinen!$AA$6,FALSE)*AA152))","v":0},{"$f":"(IF(ISNA(VLOOKUP(Y152,ltSchlepper,Maschinen!$AB$6,FALSE))=TRUE,0,VLOOKUP(Y152,ltSchlepper,Maschinen!$AB$6,FALSE)*AA152))","v":0},{"$f":"(IF(ISNA(VLOOKUP(Y152,ltSchlepper,Maschinen!$AC$6,FALSE))=TRUE,0,VLOOKUP(Y152,ltSchlepper,Maschinen!$AC$6,FALSE)*AA152))","v":0},{"$f":"SUM(CK152:CM152)","v":0},{"$f":"(IF(ISNA(VLOOKUP(AE152,ltSchlepper,Maschinen!$AA$6,FALSE))=TRUE,0,VLOOKUP(AE152,ltSchlepper,Maschinen!$AA$6,FALSE)*AG152))","v":0},{"$f":"(IF(ISNA(VLOOKUP(AE152,ltSchlepper,Maschinen!$AB$6,FALSE))=TRUE,0,VLOOKUP(AE152,ltSchlepper,Maschinen!$AB$6,FALSE)*AG152))","v":0},{"$f":"(IF(ISNA(VLOOKUP(AE152,ltSchlepper,Maschinen!$AC$6,FALSE))=TRUE,0,VLOOKUP(AE152,ltSchlepper,Maschinen!$AC$6,FALSE)*AG152))","v":0},{"$f":"SUM(CO152:CQ152)","v":0},{"$f":"(IF(ISNA(VLOOKUP(AK152,ltSchlepper,Maschinen!$AA$6,FALSE))=TRUE,0,VLOOKUP(AK152,ltSchlepper,Maschinen!$AA$6,FALSE)*AM152))","v":0},{"$f":"(IF(ISNA(VLOOKUP(AK152,ltSchlepper,Maschinen!$AB$6,FALSE))=TRUE,0,VLOOKUP(AK152,ltSchlepper,Maschinen!$AB$6,FALSE)*AM152))","v":0},{"$f":"(IF(ISNA(VLOOKUP(AK152,ltSchlepper,Maschinen!$AC$6,FALSE))=TRUE,0,VLOOKUP(AK152,ltSchlepper,Maschinen!$AC$6,FALSE)*AM152))","v":0},{"$f":"SUM(CS152:CU152)","v":0},{"$f":"(IF(ISNA(VLOOKUP(AQ152,ltSchlepper,Maschinen!$AA$6,FALSE))=TRUE,0,VLOOKUP(AQ152,ltSchlepper,Maschinen!$AA$6,FALSE)*AS152))","v":0},{"$f":"(IF(ISNA(VLOOKUP(AQ152,ltSchlepper,Maschinen!$AB$6,FALSE))=TRUE,0,VLOOKUP(AQ152,ltSchlepper,Maschinen!$AB$6,FALSE)*AS152))","v":0},{"$f":"(IF(ISNA(VLOOKUP(AQ152,ltSchlepper,Maschinen!$AC$6,FALSE))=TRUE,0,VLOOKUP(AQ152,ltSchlepper,Maschinen!$AC$6,FALSE)*AS152))","v":0},{"$f":"SUM(CW152:CY152)","v":0}]
[null,null,"XXX",null,null,null,null,null,0,0,0,null,0,0,null,null,0,0,0,0,0,0,0,null,null,null,null,null,null,0,null,null,null,null,null,0,null,null,null,null,null,0,null,null,null,null,null,0,0,0,0,0,0,0,0,0,0,0,0,0,{"$f":"(IF(ISNA(VLOOKUP(Y153,ltSchlepper,Maschinen!$K$6,FALSE))=TRUE,0,VLOOKUP(Y153,ltSchlepper,Maschinen!$K$6,FALSE)*AA153))","v":0},{"$f":"(IF(ISNA(VLOOKUP(Y153,ltSchlepper,Maschinen!$L$6,FALSE))=TRUE,0,VLOOKUP(Y153,ltSchlepper,Maschinen!$L$6,FALSE)*AA153))","v":0},{"$f":"(IF(ISNA(VLOOKUP(Y153,ltSchlepper,Maschinen!$M$6,FALSE))=TRUE,0,VLOOKUP(Y153,ltSchlepper,Maschinen!$M$6,FALSE)*AA153))","v":0},{"$f":"(IF(ISNA(VLOOKUP(Y153,ltSchlepper,Maschinen!$N$6,FALSE))=TRUE,0,VLOOKUP(Y153,ltSchlepper,Maschinen!$N$6,FALSE)*AA153*IF(ISBLANK(AC153),1,AC153)))","v":0},{"$f":"(IF(ISNA(VLOOKUP(Y153,ltSchlepper,Maschinen!$O$6,FALSE))=TRUE,0,VLOOKUP(Y153,ltSchlepper,Maschinen!$O$6,FALSE)*AA153*IF(ISBLANK(AC153),1,AC153)))","v":0},{"$f":"(IF(ISNA(VLOOKUP(Y153,ltSchlepper,Maschinen!$P$6,FALSE))=TRUE,0,VLOOKUP(Y153,ltSchlepper,Maschinen!$P$6,FALSE)*AA153*IF(ISBLANK(AC153),1,AC153)))","v":0},0,{"$f":"(IF(ISNA(VLOOKUP(AE153,ltSchlepper,Maschinen!$K$6,FALSE))=TRUE,0,VLOOKUP(AE153,ltSchlepper,Maschinen!$K$6,FALSE)*AG153))","v":0},{"$f":"(IF(ISNA(VLOOKUP(AE153,ltSchlepper,Maschinen!$L$6,FALSE))=TRUE,0,VLOOKUP(AE153,ltSchlepper,Maschinen!$L$6,FALSE)*AG153))","v":0},{"$f":"(IF(ISNA(VLOOKUP(AE153,ltSchlepper,Maschinen!$M$6,FALSE))=TRUE,0,VLOOKUP(AE153,ltSchlepper,Maschinen!$M$6,FALSE)*AG153))","v":0},{"$f":"(IF(ISNA(VLOOKUP(AE153,ltSchlepper,Maschinen!$N$6,FALSE))=TRUE,0,VLOOKUP(AE153,ltSchlepper,Maschinen!$N$6,FALSE)*AG153*IF(ISBLANK(AI153),1,AI153)))","v":0},{"$f":"(IF(ISNA(VLOOKUP(AE153,ltSchlepper,Maschinen!$O$6,FALSE))=TRUE,0,VLOOKUP(AE153,ltSchlepper,Maschinen!$O$6,FALSE)*AG153*IF(ISBLANK(AI153),1,AI153)))","v":0},{"$f":"(IF(ISNA(VLOOKUP(AE153,ltSchlepper,Maschinen!$P$6,FALSE))=TRUE,0,VLOOKUP(AE153,ltSchlepper,Maschinen!$P$6,FALSE)*AG153*IF(ISBLANK(AI153),1,AI153)))","v":0},0,{"$f":"(IF(ISNA(VLOOKUP(AK153,ltSchlepper,Maschinen!$K$6,FALSE))=TRUE,0,VLOOKUP(AK153,ltSchlepper,Maschinen!$K$6,FALSE)*AM153))","v":0},{"$f":"(IF(ISNA(VLOOKUP(AK153,ltSchlepper,Maschinen!$L$6,FALSE))=TRUE,0,VLOOKUP(AK153,ltSchlepper,Maschinen!$L$6,FALSE)*AM153))","v":0},{"$f":"(IF(ISNA(VLOOKUP(AK153,ltSchlepper,Maschinen!$M$6,FALSE))=TRUE,0,VLOOKUP(AK153,ltSchlepper,Maschinen!$M$6,FALSE)*AM153))","v":0},{"$f":"(IF(ISNA(VLOOKUP(AK153,ltSchlepper,Maschinen!$N$6,FALSE))=TRUE,0,VLOOKUP(AK153,ltSchlepper,Maschinen!$N$6,FALSE)*AM153*IF(ISBLANK(AO153),1,AO153)))","v":0},{"$f":"(IF(ISNA(VLOOKUP(AK153,ltSchlepper,Maschinen!$O$6,FALSE))=TRUE,0,VLOOKUP(AK153,ltSchlepper,Maschinen!$O$6,FALSE)*AM153*IF(ISBLANK(AO153),1,AO153)))","v":0},{"$f":"(IF(ISNA(VLOOKUP(AK153,ltSchlepper,Maschinen!$P$6,FALSE))=TRUE,0,VLOOKUP(AK153,ltSchlepper,Maschinen!$P$6,FALSE)*AM153*IF(ISBLANK(AO153),1,AO153)))","v":0},0,{"$f":"(IF(ISNA(VLOOKUP(AQ153,ltSchlepper,Maschinen!$K$6,FALSE))=TRUE,0,VLOOKUP(AQ153,ltSchlepper,Maschinen!$K$6,FALSE)*AS153))","v":0},{"$f":"(IF(ISNA(VLOOKUP(AQ153,ltSchlepper,Maschinen!$L$6,FALSE))=TRUE,0,VLOOKUP(AQ153,ltSchlepper,Maschinen!$L$6,FALSE)*AS153))","v":0},{"$f":"(IF(ISNA(VLOOKUP(AQ153,ltSchlepper,Maschinen!$M$6,FALSE))=TRUE,0,VLOOKUP(AQ153,ltSchlepper,Maschinen!$M$6,FALSE)*AS153))","v":0},{"$f":"(IF(ISNA(VLOOKUP(AQ153,ltSchlepper,Maschinen!$N$6,FALSE))=TRUE,0,VLOOKUP(AQ153,ltSchlepper,Maschinen!$N$6,FALSE)*AS153*IF(ISBLANK(AU153),1,AU153)))","v":0},{"$f":"(IF(ISNA(VLOOKUP(AQ153,ltSchlepper,Maschinen!$O$6,FALSE))=TRUE,0,VLOOKUP(AQ153,ltSchlepper,Maschinen!$O$6,FALSE)*AS153*IF(ISBLANK(AU153),1,AU153)))","v":0},{"$f":"(IF(ISNA(VLOOKUP(AQ153,ltSchlepper,Maschinen!$P$6,FALSE))=TRUE,0,VLOOKUP(AQ153,ltSchlepper,Maschinen!$P$6,FALSE)*AS153*IF(ISBLANK(AU153),1,AU153)))","v":0},0,{"$f":"(IF(ISNA(VLOOKUP(Y153,ltSchlepper,Maschinen!$AA$6,FALSE))=TRUE,0,VLOOKUP(Y153,ltSchlepper,Maschinen!$AA$6,FALSE)*AA153))","v":0},{"$f":"(IF(ISNA(VLOOKUP(Y153,ltSchlepper,Maschinen!$AB$6,FALSE))=TRUE,0,VLOOKUP(Y153,ltSchlepper,Maschinen!$AB$6,FALSE)*AA153))","v":0},{"$f":"(IF(ISNA(VLOOKUP(Y153,ltSchlepper,Maschinen!$AC$6,FALSE))=TRUE,0,VLOOKUP(Y153,ltSchlepper,Maschinen!$AC$6,FALSE)*AA153))","v":0},0,{"$f":"(IF(ISNA(VLOOKUP(AE153,ltSchlepper,Maschinen!$AA$6,FALSE))=TRUE,0,VLOOKUP(AE153,ltSchlepper,Maschinen!$AA$6,FALSE)*AG153))","v":0},{"$f":"(IF(ISNA(VLOOKUP(AE153,ltSchlepper,Maschinen!$AB$6,FALSE))=TRUE,0,VLOOKUP(AE153,ltSchlepper,Maschinen!$AB$6,FALSE)*AG153))","v":0},{"$f":"(IF(ISNA(VLOOKUP(AE153,ltSchlepper,Maschinen!$AC$6,FALSE))=TRUE,0,VLOOKUP(AE153,ltSchlepper,Maschinen!$AC$6,FALSE)*AG153))","v":0},0,{"$f":"(IF(ISNA(VLOOKUP(AK153,ltSchlepper,Maschinen!$AA$6,FALSE))=TRUE,0,VLOOKUP(AK153,ltSchlepper,Maschinen!$AA$6,FALSE)*AM153))","v":0},{"$f":"(IF(ISNA(VLOOKUP(AK153,ltSchlepper,Maschinen!$AB$6,FALSE))=TRUE,0,VLOOKUP(AK153,ltSchlepper,Maschinen!$AB$6,FALSE)*AM153))","v":0},{"$f":"(IF(ISNA(VLOOKUP(AK153,ltSchlepper,Maschinen!$AC$6,FALSE))=TRUE,0,VLOOKUP(AK153,ltSchlepper,Maschinen!$AC$6,FALSE)*AM153))","v":0},0,{"$f":"(IF(ISNA(VLOOKUP(AQ153,ltSchlepper,Maschinen!$AA$6,FALSE))=TRUE,0,VLOOKUP(AQ153,ltSchlepper,Maschinen!$AA$6,FALSE)*AS153))","v":0},{"$f":"(IF(ISNA(VLOOKUP(AQ153,ltSchlepper,Maschinen!$AB$6,FALSE))=TRUE,0,VLOOKUP(AQ153,ltSchlepper,Maschinen!$AB$6,FALSE)*AS153))","v":0},{"$f":"(IF(ISNA(VLOOKUP(AQ153,ltSchlepper,Maschinen!$AC$6,FALSE))=TRUE,0,VLOOKUP(AQ153,ltSchlepper,Maschinen!$AC$6,FALSE)*AS153))","v":0},0]
[null,21911,null,null,null,null,null,null,0,0,0,0.1,0,0,null,null,0,0,0,0,0,0,0,null,null,{"$f":"IF(ISNA(VLOOKUP(Y154,ltSchlepper,2,FALSE))=TRUE,\"\",VLOOKUP(Y154,ltSchlepper,2,FALSE))","v":""},null,{"$f":"IF(ISNA(VLOOKUP(Y154,ltSchlepper,3,FALSE))=TRUE,\"\",VLOOKUP(Y154,ltSchlepper,3,FALSE))","v":""},null,0,null,{"$f":"IF(ISNA(VLOOKUP(AE154,ltSchlepper,2,FALSE))=TRUE,\"\",VLOOKUP(AE154,ltSchlepper,2,FALSE))","v":""},null,{"$f":"IF(ISNA(VLOOKUP(AE154,ltSchlepper,3,FALSE))=TRUE,\"\",VLOOKUP(AE154,ltSchlepper,3,FALSE))","v":""},null,0,null,{"$f":"IF(ISNA(VLOOKUP(AK154,ltSchlepper,2,FALSE))=TRUE,\"\",VLOOKUP(AK154,ltSchlepper,2,FALSE))","v":""},null,{"$f":"IF(ISNA(VLOOKUP(AK154,ltSchlepper,3,FALSE))=TRUE,\"\",VLOOKUP(AK154,ltSchlepper,3,FALSE))","v":""},null,0,null,{"$f":"IF(ISNA(VLOOKUP(AQ154,ltSchlepper,2,FALSE))=TRUE,\"\",VLOOKUP(AQ154,ltSchlepper,2,FALSE))","v":""},null,{"$f":"IF(ISNA(VLOOKUP(AQ154,ltSchlepper,3,FALSE))=TRUE,\"\",VLOOKUP(AQ154,ltSchlepper,3,FALSE))","v":""},null,0,0,0,0,0,0,0,0,0,0,0,0,0,{"$f":"(IF(ISNA(VLOOKUP(Y154,ltSchlepper,Maschinen!$K$6,FALSE))=TRUE,0,VLOOKUP(Y154,ltSchlepper,Maschinen!$K$6,FALSE)*AA154))","v":0},{"$f":"(IF(ISNA(VLOOKUP(Y154,ltSchlepper,Maschinen!$L$6,FALSE))=TRUE,0,VLOOKUP(Y154,ltSchlepper,Maschinen!$L$6,FALSE)*AA154))","v":0},{"$f":"(IF(ISNA(VLOOKUP(Y154,ltSchlepper,Maschinen!$M$6,FALSE))=TRUE,0,VLOOKUP(Y154,ltSchlepper,Maschinen!$M$6,FALSE)*AA154))","v":0},{"$f":"(IF(ISNA(VLOOKUP(Y154,ltSchlepper,Maschinen!$N$6,FALSE))=TRUE,0,VLOOKUP(Y154,ltSchlepper,Maschinen!$N$6,FALSE)*AA154*IF(ISBLANK(AC154),1,AC154)))","v":0},{"$f":"(IF(ISNA(VLOOKUP(Y154,ltSchlepper,Maschinen!$O$6,FALSE))=TRUE,0,VLOOKUP(Y154,ltSchlepper,Maschinen!$O$6,FALSE)*AA154*IF(ISBLANK(AC154),1,AC154)))","v":0},{"$f":"(IF(ISNA(VLOOKUP(Y154,ltSchlepper,Maschinen!$P$6,FALSE))=TRUE,0,VLOOKUP(Y154,ltSchlepper,Maschinen!$P$6,FALSE)*AA154*IF(ISBLANK(AC154),1,AC154)))","v":0},0,{"$f":"(IF(ISNA(VLOOKUP(AE154,ltSchlepper,Maschinen!$K$6,FALSE))=TRUE,0,VLOOKUP(AE154,ltSchlepper,Maschinen!$K$6,FALSE)*AG154))","v":0},{"$f":"(IF(ISNA(VLOOKUP(AE154,ltSchlepper,Maschinen!$L$6,FALSE))=TRUE,0,VLOOKUP(AE154,ltSchlepper,Maschinen!$L$6,FALSE)*AG154))","v":0},{"$f":"(IF(ISNA(VLOOKUP(AE154,ltSchlepper,Maschinen!$M$6,FALSE))=TRUE,0,VLOOKUP(AE154,ltSchlepper,Maschinen!$M$6,FALSE)*AG154))","v":0},{"$f":"(IF(ISNA(VLOOKUP(AE154,ltSchlepper,Maschinen!$N$6,FALSE))=TRUE,0,VLOOKUP(AE154,ltSchlepper,Maschinen!$N$6,FALSE)*AG154*IF(ISBLANK(AI154),1,AI154)))","v":0},{"$f":"(IF(ISNA(VLOOKUP(AE154,ltSchlepper,Maschinen!$O$6,FALSE))=TRUE,0,VLOOKUP(AE154,ltSchlepper,Maschinen!$O$6,FALSE)*AG154*IF(ISBLANK(AI154),1,AI154)))","v":0},{"$f":"(IF(ISNA(VLOOKUP(AE154,ltSchlepper,Maschinen!$P$6,FALSE))=TRUE,0,VLOOKUP(AE154,ltSchlepper,Maschinen!$P$6,FALSE)*AG154*IF(ISBLANK(AI154),1,AI154)))","v":0},0,{"$f":"(IF(ISNA(VLOOKUP(AK154,ltSchlepper,Maschinen!$K$6,FALSE))=TRUE,0,VLOOKUP(AK154,ltSchlepper,Maschinen!$K$6,FALSE)*AM154))","v":0},{"$f":"(IF(ISNA(VLOOKUP(AK154,ltSchlepper,Maschinen!$L$6,FALSE))=TRUE,0,VLOOKUP(AK154,ltSchlepper,Maschinen!$L$6,FALSE)*AM154))","v":0},{"$f":"(IF(ISNA(VLOOKUP(AK154,ltSchlepper,Maschinen!$M$6,FALSE))=TRUE,0,VLOOKUP(AK154,ltSchlepper,Maschinen!$M$6,FALSE)*AM154))","v":0},{"$f":"(IF(ISNA(VLOOKUP(AK154,ltSchlepper,Maschinen!$N$6,FALSE))=TRUE,0,VLOOKUP(AK154,ltSchlepper,Maschinen!$N$6,FALSE)*AM154*IF(ISBLANK(AO154),1,AO154)))","v":0},{"$f":"(IF(ISNA(VLOOKUP(AK154,ltSchlepper,Maschinen!$O$6,FALSE))=TRUE,0,VLOOKUP(AK154,ltSchlepper,Maschinen!$O$6,FALSE)*AM154*IF(ISBLANK(AO154),1,AO154)))","v":0},{"$f":"(IF(ISNA(VLOOKUP(AK154,ltSchlepper,Maschinen!$P$6,FALSE))=TRUE,0,VLOOKUP(AK154,ltSchlepper,Maschinen!$P$6,FALSE)*AM154*IF(ISBLANK(AO154),1,AO154)))","v":0},0,{"$f":"(IF(ISNA(VLOOKUP(AQ154,ltSchlepper,Maschinen!$K$6,FALSE))=TRUE,0,VLOOKUP(AQ154,ltSchlepper,Maschinen!$K$6,FALSE)*AS154))","v":0},{"$f":"(IF(ISNA(VLOOKUP(AQ154,ltSchlepper,Maschinen!$L$6,FALSE))=TRUE,0,VLOOKUP(AQ154,ltSchlepper,Maschinen!$L$6,FALSE)*AS154))","v":0},{"$f":"(IF(ISNA(VLOOKUP(AQ154,ltSchlepper,Maschinen!$M$6,FALSE))=TRUE,0,VLOOKUP(AQ154,ltSchlepper,Maschinen!$M$6,FALSE)*AS154))","v":0},{"$f":"(IF(ISNA(VLOOKUP(AQ154,ltSchlepper,Maschinen!$N$6,FALSE))=TRUE,0,VLOOKUP(AQ154,ltSchlepper,Maschinen!$N$6,FALSE)*AS154*IF(ISBLANK(AU154),1,AU154)))","v":0},{"$f":"(IF(ISNA(VLOOKUP(AQ154,ltSchlepper,Maschinen!$O$6,FALSE))=TRUE,0,VLOOKUP(AQ154,ltSchlepper,Maschinen!$O$6,FALSE)*AS154*IF(ISBLANK(AU154),1,AU154)))","v":0},{"$f":"(IF(ISNA(VLOOKUP(AQ154,ltSchlepper,Maschinen!$P$6,FALSE))=TRUE,0,VLOOKUP(AQ154,ltSchlepper,Maschinen!$P$6,FALSE)*AS154*IF(ISBLANK(AU154),1,AU154)))","v":0},0,{"$f":"(IF(ISNA(VLOOKUP(Y154,ltSchlepper,Maschinen!$AA$6,FALSE))=TRUE,0,VLOOKUP(Y154,ltSchlepper,Maschinen!$AA$6,FALSE)*AA154))","v":0},{"$f":"(IF(ISNA(VLOOKUP(Y154,ltSchlepper,Maschinen!$AB$6,FALSE))=TRUE,0,VLOOKUP(Y154,ltSchlepper,Maschinen!$AB$6,FALSE)*AA154))","v":0},{"$f":"(IF(ISNA(VLOOKUP(Y154,ltSchlepper,Maschinen!$AC$6,FALSE))=TRUE,0,VLOOKUP(Y154,ltSchlepper,Maschinen!$AC$6,FALSE)*AA154))","v":0},0,{"$f":"(IF(ISNA(VLOOKUP(AE154,ltSchlepper,Maschinen!$AA$6,FALSE))=TRUE,0,VLOOKUP(AE154,ltSchlepper,Maschinen!$AA$6,FALSE)*AG154))","v":0},{"$f":"(IF(ISNA(VLOOKUP(AE154,ltSchlepper,Maschinen!$AB$6,FALSE))=TRUE,0,VLOOKUP(AE154,ltSchlepper,Maschinen!$AB$6,FALSE)*AG154))","v":0},{"$f":"(IF(ISNA(VLOOKUP(AE154,ltSchlepper,Maschinen!$AC$6,FALSE))=TRUE,0,VLOOKUP(AE154,ltSchlepper,Maschinen!$AC$6,FALSE)*AG154))","v":0},0,{"$f":"(IF(ISNA(VLOOKUP(AK154,ltSchlepper,Maschinen!$AA$6,FALSE))=TRUE,0,VLOOKUP(AK154,ltSchlepper,Maschinen!$AA$6,FALSE)*AM154))","v":0},{"$f":"(IF(ISNA(VLOOKUP(AK154,ltSchlepper,Maschinen!$AB$6,FALSE))=TRUE,0,VLOOKUP(AK154,ltSchlepper,Maschinen!$AB$6,FALSE)*AM154))","v":0},{"$f":"(IF(ISNA(VLOOKUP(AK154,ltSchlepper,Maschinen!$AC$6,FALSE))=TRUE,0,VLOOKUP(AK154,ltSchlepper,Maschinen!$AC$6,FALSE)*AM154))","v":0},0,{"$f":"(IF(ISNA(VLOOKUP(AQ154,ltSchlepper,Maschinen!$AA$6,FALSE))=TRUE,0,VLOOKUP(AQ154,ltSchlepper,Maschinen!$AA$6,FALSE)*AS154))","v":0},{"$f":"(IF(ISNA(VLOOKUP(AQ154,ltSchlepper,Maschinen!$AB$6,FALSE))=TRUE,0,VLOOKUP(AQ154,ltSchlepper,Maschinen!$AB$6,FALSE)*AS154))","v":0},{"$f":"(IF(ISNA(VLOOKUP(AQ154,ltSchlepper,Maschinen!$AC$6,FALSE))=TRUE,0,VLOOKUP(AQ154,ltSchlepper,Maschinen!$AC$6,FALSE)*AS154))","v":0},0]
[null,21921,null,null,null,null,null,null,{"$f":"BC155","v":0},{"$f":"H155+I155","v":0},{"$f":"F155+G155-J155","v":0},0.1,{"$f":"(H155+I155)*L155","v":0},{"$f":"M155*Interest","v":0},null,null,{"$f":"O155+P155","v":0},{"$f":"Q155*Lohnanspruch","v":0},{"$f":"J155+N155+R155","v":0},{"$f":"K155-N155-R155","v":0},{"$f":"BG155","v":0},{"$f":"H155+I155+N155+R155+U155","v":0},{"$f":"T155-U155","v":0},null,null,"",null,{"$f":"IF(ISNA(VLOOKUP(Y155,ltSchlepper,3,FALSE))=TRUE,\"\",VLOOKUP(Y155,ltSchlepper,3,FALSE))","v":""},null,{"$f":"IF(ISNA(VLOOKUP(Y155,ltSchlepper,SchKraftstoffVerb,FALSE))=TRUE,0,VLOOKUP(Y155,ltSchlepper,SchKraftstoffVerb,FALSE)*IF(ISBLANK(AC155),1,AC155)*AA155)","v":0},null,{"$f":"IF(ISNA(VLOOKUP(AE155,ltSchlepper,2,FALSE))=TRUE,\"\",VLOOKUP(AE155,ltSchlepper,2,FALSE))","v":""},null,{"$f":"IF(ISNA(VLOOKUP(AE155,ltSchlepper,3,FALSE))=TRUE,\"\",VLOOKUP(AE155,ltSchlepper,3,FALSE))","v":""},null,{"$f":"IF(ISNA(VLOOKUP(AE155,ltSchlepper,SchKraftstoffVerb,FALSE))=TRUE,0,VLOOKUP(AE155,ltSchlepper,SchKraftstoffVerb,FALSE)*IF(ISBLANK(AI155),1,AI155)*AG155)","v":0},null,{"$f":"IF(ISNA(VLOOKUP(AK155,ltSchlepper,2,FALSE))=TRUE,\"\",VLOOKUP(AK155,ltSchlepper,2,FALSE))","v":""},null,{"$f":"IF(ISNA(VLOOKUP(AK155,ltSchlepper,3,FALSE))=TRUE,\"\",VLOOKUP(AK155,ltSchlepper,3,FALSE))","v":""},null,{"$f":"IF(ISNA(VLOOKUP(AK155,ltSchlepper,SchKraftstoffVerb,FALSE))=TRUE,0,VLOOKUP(AK155,ltSchlepper,SchKraftstoffVerb,FALSE)*IF(ISBLANK(AO155),1,AO155)*AM155)","v":0},null,{"$f":"IF(ISNA(VLOOKUP(AQ155,ltSchlepper,2,FALSE))=TRUE,\"\",VLOOKUP(AQ155,ltSchlepper,2,FALSE))","v":""},null,{"$f":"IF(ISNA(VLOOKUP(AQ155,ltSchlepper,3,FALSE))=TRUE,\"\",VLOOKUP(AQ155,ltSchlepper,3,FALSE))","v":""},null,{"$f":"IF(ISNA(VLOOKUP(AQ155,ltSchlepper,SchKraftstoffVerb,FALSE))=TRUE,0,VLOOKUP(AQ155,ltSchlepper,SchKraftstoffVerb,FALSE)*IF(ISBLANK(AU155),1,AU155)*AS155)","v":0},{"$f":"BL155+BS155+BZ155+CG155","v":0},{"$f":"BI155+BP155+BW155+CD155","v":0},0,0,{"$f":"BM155+BT155+CA155+CH155","v":0},{"$f":"BN155+BU155+CB155+CI155","v":0},{"$f":"SUM(AX155:AZ155,BA155:BB155)","v":0},{"$f":"CK155+CO155+CS155+CW155","v":0},0,0,0,{"$f":"BG155+BC155","v":0},{"$f":"(IF(ISNA(VLOOKUP(Y155,ltSchlepper,Maschinen!$K$6,FALSE))=TRUE,0,VLOOKUP(Y155,ltSchlepper,Maschinen!$K$6,FALSE)*AA155))","v":0},{"$f":"(IF(ISNA(VLOOKUP(Y155,ltSchlepper,Maschinen!$L$6,FALSE))=TRUE,0,VLOOKUP(Y155,ltSchlepper,Maschinen!$L$6,FALSE)*AA155))","v":0},{"$f":"(IF(ISNA(VLOOKUP(Y155,ltSchlepper,Maschinen!$M$6,FALSE))=TRUE,0,VLOOKUP(Y155,ltSchlepper,Maschinen!$M$6,FALSE)*AA155))","v":0},{"$f":"(IF(ISNA(VLOOKUP(Y155,ltSchlepper,Maschinen!$N$6,FALSE))=TRUE,0,VLOOKUP(Y155,ltSchlepper,Maschinen!$N$6,FALSE)*AA155*IF(ISBLANK(AC155),1,AC155)))","v":0},{"$f":"(IF(ISNA(VLOOKUP(Y155,ltSchlepper,Maschinen!$O$6,FALSE))=TRUE,0,VLOOKUP(Y155,ltSchlepper,Maschinen!$O$6,FALSE)*AA155*IF(ISBLANK(AC155),1,AC155)))","v":0},{"$f":"(IF(ISNA(VLOOKUP(Y155,ltSchlepper,Maschinen!$P$6,FALSE))=TRUE,0,VLOOKUP(Y155,ltSchlepper,Maschinen!$P$6,FALSE)*AA155*IF(ISBLANK(AC155),1,AC155)))","v":0},{"$f":"SUM(BI155:BK155,BM155:BN155)","v":0},{"$f":"(IF(ISNA(VLOOKUP(AE155,ltSchlepper,Maschinen!$K$6,FALSE))=TRUE,0,VLOOKUP(AE155,ltSchlepper,Maschinen!$K$6,FALSE)*AG155))","v":0},{"$f":"(IF(ISNA(VLOOKUP(AE155,ltSchlepper,Maschinen!$L$6,FALSE))=TRUE,0,VLOOKUP(AE155,ltSchlepper,Maschinen!$L$6,FALSE)*AG155))","v":0},{"$f":"(IF(ISNA(VLOOKUP(AE155,ltSchlepper,Maschinen!$M$6,FALSE))=TRUE,0,VLOOKUP(AE155,ltSchlepper,Maschinen!$M$6,FALSE)*AG155))","v":0},{"$f":"(IF(ISNA(VLOOKUP(AE155,ltSchlepper,Maschinen!$N$6,FALSE))=TRUE,0,VLOOKUP(AE155,ltSchlepper,Maschinen!$N$6,FALSE)*AG155*IF(ISBLANK(AI155),1,AI155)))","v":0},{"$f":"(IF(ISNA(VLOOKUP(AE155,ltSchlepper,Maschinen!$O$6,FALSE))=TRUE,0,VLOOKUP(AE155,ltSchlepper,Maschinen!$O$6,FALSE)*AG155*IF(ISBLANK(AI155),1,AI155)))","v":0},{"$f":"(IF(ISNA(VLOOKUP(AE155,ltSchlepper,Maschinen!$P$6,FALSE))=TRUE,0,VLOOKUP(AE155,ltSchlepper,Maschinen!$P$6,FALSE)*AG155*IF(ISBLANK(AI155),1,AI155)))","v":0},{"$f":"SUM(BP155:BR155,BT155:BU155)","v":0},{"$f":"(IF(ISNA(VLOOKUP(AK155,ltSchlepper,Maschinen!$K$6,FALSE))=TRUE,0,VLOOKUP(AK155,ltSchlepper,Maschinen!$K$6,FALSE)*AM155))","v":0},{"$f":"(IF(ISNA(VLOOKUP(AK155,ltSchlepper,Maschinen!$L$6,FALSE))=TRUE,0,VLOOKUP(AK155,ltSchlepper,Maschinen!$L$6,FALSE)*AM155))","v":0},{"$f":"(IF(ISNA(VLOOKUP(AK155,ltSchlepper,Maschinen!$M$6,FALSE))=TRUE,0,VLOOKUP(AK155,ltSchlepper,Maschinen!$M$6,FALSE)*AM155))","v":0},{"$f":"(IF(ISNA(VLOOKUP(AK155,ltSchlepper,Maschinen!$N$6,FALSE))=TRUE,0,VLOOKUP(AK155,ltSchlepper,Maschinen!$N$6,FALSE)*AM155*IF(ISBLANK(AO155),1,AO155)))","v":0},{"$f":"(IF(ISNA(VLOOKUP(AK155,ltSchlepper,Maschinen!$O$6,FALSE))=TRUE,0,VLOOKUP(AK155,ltSchlepper,Maschinen!$O$6,FALSE)*AM155*IF(ISBLANK(AO155),1,AO155)))","v":0},{"$f":"(IF(ISNA(VLOOKUP(AK155,ltSchlepper,Maschinen!$P$6,FALSE))=TRUE,0,VLOOKUP(AK155,ltSchlepper,Maschinen!$P$6,FALSE)*AM155*IF(ISBLANK(AO155),1,AO155)))","v":0},{"$f":"SUM(BW155:BY155,CA155:CB155)","v":0},{"$f":"(IF(ISNA(VLOOKUP(AQ155,ltSchlepper,Maschinen!$K$6,FALSE))=TRUE,0,VLOOKUP(AQ155,ltSchlepper,Maschinen!$K$6,FALSE)*AS155))","v":0},{"$f":"(IF(ISNA(VLOOKUP(AQ155,ltSchlepper,Maschinen!$L$6,FALSE))=TRUE,0,VLOOKUP(AQ155,ltSchlepper,Maschinen!$L$6,FALSE)*AS155))","v":0},{"$f":"(IF(ISNA(VLOOKUP(AQ155,ltSchlepper,Maschinen!$M$6,FALSE))=TRUE,0,VLOOKUP(AQ155,ltSchlepper,Maschinen!$M$6,FALSE)*AS155))","v":0},{"$f":"(IF(ISNA(VLOOKUP(AQ155,ltSchlepper,Maschinen!$N$6,FALSE))=TRUE,0,VLOOKUP(AQ155,ltSchlepper,Maschinen!$N$6,FALSE)*AS155*IF(ISBLANK(AU155),1,AU155)))","v":0},{"$f":"(IF(ISNA(VLOOKUP(AQ155,ltSchlepper,Maschinen!$O$6,FALSE))=TRUE,0,VLOOKUP(AQ155,ltSchlepper,Maschinen!$O$6,FALSE)*AS155*IF(ISBLANK(AU155),1,AU155)))","v":0},{"$f":"(IF(ISNA(VLOOKUP(AQ155,ltSchlepper,Maschinen!$P$6,FALSE))=TRUE,0,VLOOKUP(AQ155,ltSchlepper,Maschinen!$P$6,FALSE)*AS155*IF(ISBLANK(AU155),1,AU155)))","v":0},{"$f":"SUM(CD155:CF155,CH155:CI155)","v":0},{"$f":"(IF(ISNA(VLOOKUP(Y155,ltSchlepper,Maschinen!$AA$6,FALSE))=TRUE,0,VLOOKUP(Y155,ltSchlepper,Maschinen!$AA$6,FALSE)*AA155))","v":0},{"$f":"(IF(ISNA(VLOOKUP(Y155,ltSchlepper,Maschinen!$AB$6,FALSE))=TRUE,0,VLOOKUP(Y155,ltSchlepper,Maschinen!$AB$6,FALSE)*AA155))","v":0},{"$f":"(IF(ISNA(VLOOKUP(Y155,ltSchlepper,Maschinen!$AC$6,FALSE))=TRUE,0,VLOOKUP(Y155,ltSchlepper,Maschinen!$AC$6,FALSE)*AA155))","v":0},{"$f":"SUM(CK155:CM155)","v":0},{"$f":"(IF(ISNA(VLOOKUP(AE155,ltSchlepper,Maschinen!$AA$6,FALSE))=TRUE,0,VLOOKUP(AE155,ltSchlepper,Maschinen!$AA$6,FALSE)*AG155))","v":0},{"$f":"(IF(ISNA(VLOOKUP(AE155,ltSchlepper,Maschinen!$AB$6,FALSE))=TRUE,0,VLOOKUP(AE155,ltSchlepper,Maschinen!$AB$6,FALSE)*AG155))","v":0},{"$f":"(IF(ISNA(VLOOKUP(AE155,ltSchlepper,Maschinen!$AC$6,FALSE))=TRUE,0,VLOOKUP(AE155,ltSchlepper,Maschinen!$AC$6,FALSE)*AG155))","v":0},{"$f":"SUM(CO155:CQ155)","v":0},{"$f":"(IF(ISNA(VLOOKUP(AK155,ltSchlepper,Maschinen!$AA$6,FALSE))=TRUE,0,VLOOKUP(AK155,ltSchlepper,Maschinen!$AA$6,FALSE)*AM155))","v":0},{"$f":"(IF(ISNA(VLOOKUP(AK155,ltSchlepper,Maschinen!$AB$6,FALSE))=TRUE,0,VLOOKUP(AK155,ltSchlepper,Maschinen!$AB$6,FALSE)*AM155))","v":0},{"$f":"(IF(ISNA(VLOOKUP(AK155,ltSchlepper,Maschinen!$AC$6,FALSE))=TRUE,0,VLOOKUP(AK155,ltSchlepper,Maschinen!$AC$6,FALSE)*AM155))","v":0},{"$f":"SUM(CS155:CU155)","v":0},{"$f":"(IF(ISNA(VLOOKUP(AQ155,ltSchlepper,Maschinen!$AA$6,FALSE))=TRUE,0,VLOOKUP(AQ155,ltSchlepper,Maschinen!$AA$6,FALSE)*AS155))","v":0},{"$f":"(IF(ISNA(VLOOKUP(AQ155,ltSchlepper,Maschinen!$AB$6,FALSE))=TRUE,0,VLOOKUP(AQ155,ltSchlepper,Maschinen!$AB$6,FALSE)*AS155))","v":0},{"$f":"(IF(ISNA(VLOOKUP(AQ155,ltSchlepper,Maschinen!$AC$6,FALSE))=TRUE,0,VLOOKUP(AQ155,ltSchlepper,Maschinen!$AC$6,FALSE)*AS155))","v":0},{"$f":"SUM(CW155:CY155)","v":0}]
[null,21922,null,null,null,null,null,null,{"$f":"BC156","v":0},{"$f":"H156+I156","v":0},{"$f":"F156+G156-J156","v":0},0.1,{"$f":"(H156+I156)*L156","v":0},{"$f":"M156*Interest","v":0},null,null,{"$f":"O156+P156","v":0},{"$f":"Q156*Lohnanspruch","v":0},{"$f":"J156+N156+R156","v":0},{"$f":"K156-N156-R156","v":0},{"$f":"BG156","v":0},{"$f":"H156+I156+N156+R156+U156","v":0},{"$f":"T156-U156","v":0},null,null,"",null,"",null,{"$f":"IF(ISNA(VLOOKUP(Y156,ltSchlepper,SchKraftstoffVerb,FALSE))=TRUE,0,VLOOKUP(Y156,ltSchlepper,SchKraftstoffVerb,FALSE)*IF(ISBLANK(AC156),1,AC156)*AA156)","v":0},null,"",null,"",null,{"$f":"IF(ISNA(VLOOKUP(AE156,ltSchlepper,SchKraftstoffVerb,FALSE))=TRUE,0,VLOOKUP(AE156,ltSchlepper,SchKraftstoffVerb,FALSE)*IF(ISBLANK(AI156),1,AI156)*AG156)","v":0},null,"",null,"",null,{"$f":"IF(ISNA(VLOOKUP(AK156,ltSchlepper,SchKraftstoffVerb,FALSE))=TRUE,0,VLOOKUP(AK156,ltSchlepper,SchKraftstoffVerb,FALSE)*IF(ISBLANK(AO156),1,AO156)*AM156)","v":0},null,"",null,"",null,{"$f":"IF(ISNA(VLOOKUP(AQ156,ltSchlepper,SchKraftstoffVerb,FALSE))=TRUE,0,VLOOKUP(AQ156,ltSchlepper,SchKraftstoffVerb,FALSE)*IF(ISBLANK(AU156),1,AU156)*AS156)","v":0},{"$f":"BL156+BS156+BZ156+CG156","v":0},0,0,0,{"$f":"BM156+BT156+CA156+CH156","v":0},{"$f":"BN156+BU156+CB156+CI156","v":0},{"$f":"SUM(AX156:AZ156,BA156:BB156)","v":0},0,0,0,0,{"$f":"BG156+BC156","v":0},{"$f":"(IF(ISNA(VLOOKUP(Y156,ltSchlepper,Maschinen!$K$6,FALSE))=TRUE,0,VLOOKUP(Y156,ltSchlepper,Maschinen!$K$6,FALSE)*AA156))","v":0},{"$f":"(IF(ISNA(VLOOKUP(Y156,ltSchlepper,Maschinen!$L$6,FALSE))=TRUE,0,VLOOKUP(Y156,ltSchlepper,Maschinen!$L$6,FALSE)*AA156))","v":0},{"$f":"(IF(ISNA(VLOOKUP(Y156,ltSchlepper,Maschinen!$M$6,FALSE))=TRUE,0,VLOOKUP(Y156,ltSchlepper,Maschinen!$M$6,FALSE)*AA156))","v":0},{"$f":"(IF(ISNA(VLOOKUP(Y156,ltSchlepper,Maschinen!$N$6,FALSE))=TRUE,0,VLOOKUP(Y156,ltSchlepper,Maschinen!$N$6,FALSE)*AA156*IF(ISBLANK(AC156),1,AC156)))","v":0},{"$f":"(IF(ISNA(VLOOKUP(Y156,ltSchlepper,Maschinen!$O$6,FALSE))=TRUE,0,VLOOKUP(Y156,ltSchlepper,Maschinen!$O$6,FALSE)*AA156*IF(ISBLANK(AC156),1,AC156)))","v":0},{"$f":"(IF(ISNA(VLOOKUP(Y156,ltSchlepper,Maschinen!$P$6,FALSE))=TRUE,0,VLOOKUP(Y156,ltSchlepper,Maschinen!$P$6,FALSE)*AA156*IF(ISBLANK(AC156),1,AC156)))","v":0},{"$f":"SUM(BI156:BK156,BM156:BN156)","v":0},{"$f":"(IF(ISNA(VLOOKUP(AE156,ltSchlepper,Maschinen!$K$6,FALSE))=TRUE,0,VLOOKUP(AE156,ltSchlepper,Maschinen!$K$6,FALSE)*AG156))","v":0},{"$f":"(IF(ISNA(VLOOKUP(AE156,ltSchlepper,Maschinen!$L$6,FALSE))=TRUE,0,VLOOKUP(AE156,ltSchlepper,Maschinen!$L$6,FALSE)*AG156))","v":0},{"$f":"(IF(ISNA(VLOOKUP(AE156,ltSchlepper,Maschinen!$M$6,FALSE))=TRUE,0,VLOOKUP(AE156,ltSchlepper,Maschinen!$M$6,FALSE)*AG156))","v":0},{"$f":"(IF(ISNA(VLOOKUP(AE156,ltSchlepper,Maschinen!$N$6,FALSE))=TRUE,0,VLOOKUP(AE156,ltSchlepper,Maschinen!$N$6,FALSE)*AG156*IF(ISBLANK(AI156),1,AI156)))","v":0},{"$f":"(IF(ISNA(VLOOKUP(AE156,ltSchlepper,Maschinen!$O$6,FALSE))=TRUE,0,VLOOKUP(AE156,ltSchlepper,Maschinen!$O$6,FALSE)*AG156*IF(ISBLANK(AI156),1,AI156)))","v":0},{"$f":"(IF(ISNA(VLOOKUP(AE156,ltSchlepper,Maschinen!$P$6,FALSE))=TRUE,0,VLOOKUP(AE156,ltSchlepper,Maschinen!$P$6,FALSE)*AG156*IF(ISBLANK(AI156),1,AI156)))","v":0},{"$f":"SUM(BP156:BR156,BT156:BU156)","v":0},{"$f":"(IF(ISNA(VLOOKUP(AK156,ltSchlepper,Maschinen!$K$6,FALSE))=TRUE,0,VLOOKUP(AK156,ltSchlepper,Maschinen!$K$6,FALSE)*AM156))","v":0},{"$f":"(IF(ISNA(VLOOKUP(AK156,ltSchlepper,Maschinen!$L$6,FALSE))=TRUE,0,VLOOKUP(AK156,ltSchlepper,Maschinen!$L$6,FALSE)*AM156))","v":0},{"$f":"(IF(ISNA(VLOOKUP(AK156,ltSchlepper,Maschinen!$M$6,FALSE))=TRUE,0,VLOOKUP(AK156,ltSchlepper,Maschinen!$M$6,FALSE)*AM156))","v":0},{"$f":"(IF(ISNA(VLOOKUP(AK156,ltSchlepper,Maschinen!$N$6,FALSE))=TRUE,0,VLOOKUP(AK156,ltSchlepper,Maschinen!$N$6,FALSE)*AM156*IF(ISBLANK(AO156),1,AO156)))","v":0},{"$f":"(IF(ISNA(VLOOKUP(AK156,ltSchlepper,Maschinen!$O$6,FALSE))=TRUE,0,VLOOKUP(AK156,ltSchlepper,Maschinen!$O$6,FALSE)*AM156*IF(ISBLANK(AO156),1,AO156)))","v":0},{"$f":"(IF(ISNA(VLOOKUP(AK156,ltSchlepper,Maschinen!$P$6,FALSE))=TRUE,0,VLOOKUP(AK156,ltSchlepper,Maschinen!$P$6,FALSE)*AM156*IF(ISBLANK(AO156),1,AO156)))","v":0},{"$f":"SUM(BW156:BY156,CA156:CB156)","v":0},{"$f":"(IF(ISNA(VLOOKUP(AQ156,ltSchlepper,Maschinen!$K$6,FALSE))=TRUE,0,VLOOKUP(AQ156,ltSchlepper,Maschinen!$K$6,FALSE)*AS156))","v":0},{"$f":"(IF(ISNA(VLOOKUP(AQ156,ltSchlepper,Maschinen!$L$6,FALSE))=TRUE,0,VLOOKUP(AQ156,ltSchlepper,Maschinen!$L$6,FALSE)*AS156))","v":0},{"$f":"(IF(ISNA(VLOOKUP(AQ156,ltSchlepper,Maschinen!$M$6,FALSE))=TRUE,0,VLOOKUP(AQ156,ltSchlepper,Maschinen!$M$6,FALSE)*AS156))","v":0},{"$f":"(IF(ISNA(VLOOKUP(AQ156,ltSchlepper,Maschinen!$N$6,FALSE))=TRUE,0,VLOOKUP(AQ156,ltSchlepper,Maschinen!$N$6,FALSE)*AS156*IF(ISBLANK(AU156),1,AU156)))","v":0},{"$f":"(IF(ISNA(VLOOKUP(AQ156,ltSchlepper,Maschinen!$O$6,FALSE))=TRUE,0,VLOOKUP(AQ156,ltSchlepper,Maschinen!$O$6,FALSE)*AS156*IF(ISBLANK(AU156),1,AU156)))","v":0},{"$f":"(IF(ISNA(VLOOKUP(AQ156,ltSchlepper,Maschinen!$P$6,FALSE))=TRUE,0,VLOOKUP(AQ156,ltSchlepper,Maschinen!$P$6,FALSE)*AS156*IF(ISBLANK(AU156),1,AU156)))","v":0},{"$f":"SUM(CD156:CF156,CH156:CI156)","v":0},{"$f":"(IF(ISNA(VLOOKUP(Y156,ltSchlepper,Maschinen!$AA$6,FALSE))=TRUE,0,VLOOKUP(Y156,ltSchlepper,Maschinen!$AA$6,FALSE)*AA156))","v":0},{"$f":"(IF(ISNA(VLOOKUP(Y156,ltSchlepper,Maschinen!$AB$6,FALSE))=TRUE,0,VLOOKUP(Y156,ltSchlepper,Maschinen!$AB$6,FALSE)*AA156))","v":0},{"$f":"(IF(ISNA(VLOOKUP(Y156,ltSchlepper,Maschinen!$AC$6,FALSE))=TRUE,0,VLOOKUP(Y156,ltSchlepper,Maschinen!$AC$6,FALSE)*AA156))","v":0},{"$f":"SUM(CK156:CM156)","v":0},{"$f":"(IF(ISNA(VLOOKUP(AE156,ltSchlepper,Maschinen!$AA$6,FALSE))=TRUE,0,VLOOKUP(AE156,ltSchlepper,Maschinen!$AA$6,FALSE)*AG156))","v":0},{"$f":"(IF(ISNA(VLOOKUP(AE156,ltSchlepper,Maschinen!$AB$6,FALSE))=TRUE,0,VLOOKUP(AE156,ltSchlepper,Maschinen!$AB$6,FALSE)*AG156))","v":0},{"$f":"(IF(ISNA(VLOOKUP(AE156,ltSchlepper,Maschinen!$AC$6,FALSE))=TRUE,0,VLOOKUP(AE156,ltSchlepper,Maschinen!$AC$6,FALSE)*AG156))","v":0},{"$f":"SUM(CO156:CQ156)","v":0},{"$f":"(IF(ISNA(VLOOKUP(AK156,ltSchlepper,Maschinen!$AA$6,FALSE))=TRUE,0,VLOOKUP(AK156,ltSchlepper,Maschinen!$AA$6,FALSE)*AM156))","v":0},{"$f":"(IF(ISNA(VLOOKUP(AK156,ltSchlepper,Maschinen!$AB$6,FALSE))=TRUE,0,VLOOKUP(AK156,ltSchlepper,Maschinen!$AB$6,FALSE)*AM156))","v":0},{"$f":"(IF(ISNA(VLOOKUP(AK156,ltSchlepper,Maschinen!$AC$6,FALSE))=TRUE,0,VLOOKUP(AK156,ltSchlepper,Maschinen!$AC$6,FALSE)*AM156))","v":0},{"$f":"SUM(CS156:CU156)","v":0},{"$f":"(IF(ISNA(VLOOKUP(AQ156,ltSchlepper,Maschinen!$AA$6,FALSE))=TRUE,0,VLOOKUP(AQ156,ltSchlepper,Maschinen!$AA$6,FALSE)*AS156))","v":0},{"$f":"(IF(ISNA(VLOOKUP(AQ156,ltSchlepper,Maschinen!$AB$6,FALSE))=TRUE,0,VLOOKUP(AQ156,ltSchlepper,Maschinen!$AB$6,FALSE)*AS156))","v":0},{"$f":"(IF(ISNA(VLOOKUP(AQ156,ltSchlepper,Maschinen!$AC$6,FALSE))=TRUE,0,VLOOKUP(AQ156,ltSchlepper,Maschinen!$AC$6,FALSE)*AS156))","v":0},{"$f":"SUM(CW156:CY156)","v":0}]
[null,21912,null,null,null,null,null,null,0,0,0,0.1,0,0,null,null,0,0,0,0,0,0,0,null,null,"",null,"",null,0,null,"",null,"",null,0,null,"",null,"",null,0,null,"",null,"",null,0,0,0,0,0,0,0,0,0,0,0,0,0,{"$f":"(IF(ISNA(VLOOKUP(Y157,ltSchlepper,Maschinen!$K$6,FALSE))=TRUE,0,VLOOKUP(Y157,ltSchlepper,Maschinen!$K$6,FALSE)*AA157))","v":0},{"$f":"(IF(ISNA(VLOOKUP(Y157,ltSchlepper,Maschinen!$L$6,FALSE))=TRUE,0,VLOOKUP(Y157,ltSchlepper,Maschinen!$L$6,FALSE)*AA157))","v":0},{"$f":"(IF(ISNA(VLOOKUP(Y157,ltSchlepper,Maschinen!$M$6,FALSE))=TRUE,0,VLOOKUP(Y157,ltSchlepper,Maschinen!$M$6,FALSE)*AA157))","v":0},{"$f":"(IF(ISNA(VLOOKUP(Y157,ltSchlepper,Maschinen!$N$6,FALSE))=TRUE,0,VLOOKUP(Y157,ltSchlepper,Maschinen!$N$6,FALSE)*AA157*IF(ISBLANK(AC157),1,AC157)))","v":0},{"$f":"(IF(ISNA(VLOOKUP(Y157,ltSchlepper,Maschinen!$O$6,FALSE))=TRUE,0,VLOOKUP(Y157,ltSchlepper,Maschinen!$O$6,FALSE)*AA157*IF(ISBLANK(AC157),1,AC157)))","v":0},{"$f":"(IF(ISNA(VLOOKUP(Y157,ltSchlepper,Maschinen!$P$6,FALSE))=TRUE,0,VLOOKUP(Y157,ltSchlepper,Maschinen!$P$6,FALSE)*AA157*IF(ISBLANK(AC157),1,AC157)))","v":0},0,{"$f":"(IF(ISNA(VLOOKUP(AE157,ltSchlepper,Maschinen!$K$6,FALSE))=TRUE,0,VLOOKUP(AE157,ltSchlepper,Maschinen!$K$6,FALSE)*AG157))","v":0},{"$f":"(IF(ISNA(VLOOKUP(AE157,ltSchlepper,Maschinen!$L$6,FALSE))=TRUE,0,VLOOKUP(AE157,ltSchlepper,Maschinen!$L$6,FALSE)*AG157))","v":0},{"$f":"(IF(ISNA(VLOOKUP(AE157,ltSchlepper,Maschinen!$M$6,FALSE))=TRUE,0,VLOOKUP(AE157,ltSchlepper,Maschinen!$M$6,FALSE)*AG157))","v":0},{"$f":"(IF(ISNA(VLOOKUP(AE157,ltSchlepper,Maschinen!$N$6,FALSE))=TRUE,0,VLOOKUP(AE157,ltSchlepper,Maschinen!$N$6,FALSE)*AG157*IF(ISBLANK(AI157),1,AI157)))","v":0},{"$f":"(IF(ISNA(VLOOKUP(AE157,ltSchlepper,Maschinen!$O$6,FALSE))=TRUE,0,VLOOKUP(AE157,ltSchlepper,Maschinen!$O$6,FALSE)*AG157*IF(ISBLANK(AI157),1,AI157)))","v":0},{"$f":"(IF(ISNA(VLOOKUP(AE157,ltSchlepper,Maschinen!$P$6,FALSE))=TRUE,0,VLOOKUP(AE157,ltSchlepper,Maschinen!$P$6,FALSE)*AG157*IF(ISBLANK(AI157),1,AI157)))","v":0},0,{"$f":"(IF(ISNA(VLOOKUP(AK157,ltSchlepper,Maschinen!$K$6,FALSE))=TRUE,0,VLOOKUP(AK157,ltSchlepper,Maschinen!$K$6,FALSE)*AM157))","v":0},{"$f":"(IF(ISNA(VLOOKUP(AK157,ltSchlepper,Maschinen!$L$6,FALSE))=TRUE,0,VLOOKUP(AK157,ltSchlepper,Maschinen!$L$6,FALSE)*AM157))","v":0},{"$f":"(IF(ISNA(VLOOKUP(AK157,ltSchlepper,Maschinen!$M$6,FALSE))=TRUE,0,VLOOKUP(AK157,ltSchlepper,Maschinen!$M$6,FALSE)*AM157))","v":0},{"$f":"(IF(ISNA(VLOOKUP(AK157,ltSchlepper,Maschinen!$N$6,FALSE))=TRUE,0,VLOOKUP(AK157,ltSchlepper,Maschinen!$N$6,FALSE)*AM157*IF(ISBLANK(AO157),1,AO157)))","v":0},{"$f":"(IF(ISNA(VLOOKUP(AK157,ltSchlepper,Maschinen!$O$6,FALSE))=TRUE,0,VLOOKUP(AK157,ltSchlepper,Maschinen!$O$6,FALSE)*AM157*IF(ISBLANK(AO157),1,AO157)))","v":0},{"$f":"(IF(ISNA(VLOOKUP(AK157,ltSchlepper,Maschinen!$P$6,FALSE))=TRUE,0,VLOOKUP(AK157,ltSchlepper,Maschinen!$P$6,FALSE)*AM157*IF(ISBLANK(AO157),1,AO157)))","v":0},0,{"$f":"(IF(ISNA(VLOOKUP(AQ157,ltSchlepper,Maschinen!$K$6,FALSE))=TRUE,0,VLOOKUP(AQ157,ltSchlepper,Maschinen!$K$6,FALSE)*AS157))","v":0},{"$f":"(IF(ISNA(VLOOKUP(AQ157,ltSchlepper,Maschinen!$L$6,FALSE))=TRUE,0,VLOOKUP(AQ157,ltSchlepper,Maschinen!$L$6,FALSE)*AS157))","v":0},{"$f":"(IF(ISNA(VLOOKUP(AQ157,ltSchlepper,Maschinen!$M$6,FALSE))=TRUE,0,VLOOKUP(AQ157,ltSchlepper,Maschinen!$M$6,FALSE)*AS157))","v":0},{"$f":"(IF(ISNA(VLOOKUP(AQ157,ltSchlepper,Maschinen!$N$6,FALSE))=TRUE,0,VLOOKUP(AQ157,ltSchlepper,Maschinen!$N$6,FALSE)*AS157*IF(ISBLANK(AU157),1,AU157)))","v":0},{"$f":"(IF(ISNA(VLOOKUP(AQ157,ltSchlepper,Maschinen!$O$6,FALSE))=TRUE,0,VLOOKUP(AQ157,ltSchlepper,Maschinen!$O$6,FALSE)*AS157*IF(ISBLANK(AU157),1,AU157)))","v":0},{"$f":"(IF(ISNA(VLOOKUP(AQ157,ltSchlepper,Maschinen!$P$6,FALSE))=TRUE,0,VLOOKUP(AQ157,ltSchlepper,Maschinen!$P$6,FALSE)*AS157*IF(ISBLANK(AU157),1,AU157)))","v":0},0,{"$f":"(IF(ISNA(VLOOKUP(Y157,ltSchlepper,Maschinen!$AA$6,FALSE))=TRUE,0,VLOOKUP(Y157,ltSchlepper,Maschinen!$AA$6,FALSE)*AA157))","v":0},{"$f":"(IF(ISNA(VLOOKUP(Y157,ltSchlepper,Maschinen!$AB$6,FALSE))=TRUE,0,VLOOKUP(Y157,ltSchlepper,Maschinen!$AB$6,FALSE)*AA157))","v":0},{"$f":"(IF(ISNA(VLOOKUP(Y157,ltSchlepper,Maschinen!$AC$6,FALSE))=TRUE,0,VLOOKUP(Y157,ltSchlepper,Maschinen!$AC$6,FALSE)*AA157))","v":0},0,{"$f":"(IF(ISNA(VLOOKUP(AE157,ltSchlepper,Maschinen!$AA$6,FALSE))=TRUE,0,VLOOKUP(AE157,ltSchlepper,Maschinen!$AA$6,FALSE)*AG157))","v":0},{"$f":"(IF(ISNA(VLOOKUP(AE157,ltSchlepper,Maschinen!$AB$6,FALSE))=TRUE,0,VLOOKUP(AE157,ltSchlepper,Maschinen!$AB$6,FALSE)*AG157))","v":0},{"$f":"(IF(ISNA(VLOOKUP(AE157,ltSchlepper,Maschinen!$AC$6,FALSE))=TRUE,0,VLOOKUP(AE157,ltSchlepper,Maschinen!$AC$6,FALSE)*AG157))","v":0},0,{"$f":"(IF(ISNA(VLOOKUP(AK157,ltSchlepper,Maschinen!$AA$6,FALSE))=TRUE,0,VLOOKUP(AK157,ltSchlepper,Maschinen!$AA$6,FALSE)*AM157))","v":0},{"$f":"(IF(ISNA(VLOOKUP(AK157,ltSchlepper,Maschinen!$AB$6,FALSE))=TRUE,0,VLOOKUP(AK157,ltSchlepper,Maschinen!$AB$6,FALSE)*AM157))","v":0},{"$f":"(IF(ISNA(VLOOKUP(AK157,ltSchlepper,Maschinen!$AC$6,FALSE))=TRUE,0,VLOOKUP(AK157,ltSchlepper,Maschinen!$AC$6,FALSE)*AM157))","v":0},0,{"$f":"(IF(ISNA(VLOOKUP(AQ157,ltSchlepper,Maschinen!$AA$6,FALSE))=TRUE,0,VLOOKUP(AQ157,ltSchlepper,Maschinen!$AA$6,FALSE)*AS157))","v":0},{"$f":"(IF(ISNA(VLOOKUP(AQ157,ltSchlepper,Maschinen!$AB$6,FALSE))=TRUE,0,VLOOKUP(AQ157,ltSchlepper,Maschinen!$AB$6,FALSE)*AS157))","v":0},{"$f":"(IF(ISNA(VLOOKUP(AQ157,ltSchlepper,Maschinen!$AC$6,FALSE))=TRUE,0,VLOOKUP(AQ157,ltSchlepper,Maschinen!$AC$6,FALSE)*AS157))","v":0},0]
[null,21913,null,null,null,null,null,null,0,0,0,0.1,0,0,null,null,0,0,0,0,0,0,0,null,null,"",null,"",null,0,null,"",null,"",null,0,null,"",null,"",null,0,null,"",null,"",null,0,0,0,0,0,0,0,0,0,0,0,0,0,{"$f":"(IF(ISNA(VLOOKUP(Y158,ltSchlepper,Maschinen!$K$6,FALSE))=TRUE,0,VLOOKUP(Y158,ltSchlepper,Maschinen!$K$6,FALSE)*AA158))","v":0},{"$f":"(IF(ISNA(VLOOKUP(Y158,ltSchlepper,Maschinen!$L$6,FALSE))=TRUE,0,VLOOKUP(Y158,ltSchlepper,Maschinen!$L$6,FALSE)*AA158))","v":0},{"$f":"(IF(ISNA(VLOOKUP(Y158,ltSchlepper,Maschinen!$M$6,FALSE))=TRUE,0,VLOOKUP(Y158,ltSchlepper,Maschinen!$M$6,FALSE)*AA158))","v":0},{"$f":"(IF(ISNA(VLOOKUP(Y158,ltSchlepper,Maschinen!$N$6,FALSE))=TRUE,0,VLOOKUP(Y158,ltSchlepper,Maschinen!$N$6,FALSE)*AA158*IF(ISBLANK(AC158),1,AC158)))","v":0},{"$f":"(IF(ISNA(VLOOKUP(Y158,ltSchlepper,Maschinen!$O$6,FALSE))=TRUE,0,VLOOKUP(Y158,ltSchlepper,Maschinen!$O$6,FALSE)*AA158*IF(ISBLANK(AC158),1,AC158)))","v":0},{"$f":"(IF(ISNA(VLOOKUP(Y158,ltSchlepper,Maschinen!$P$6,FALSE))=TRUE,0,VLOOKUP(Y158,ltSchlepper,Maschinen!$P$6,FALSE)*AA158*IF(ISBLANK(AC158),1,AC158)))","v":0},0,{"$f":"(IF(ISNA(VLOOKUP(AE158,ltSchlepper,Maschinen!$K$6,FALSE))=TRUE,0,VLOOKUP(AE158,ltSchlepper,Maschinen!$K$6,FALSE)*AG158))","v":0},{"$f":"(IF(ISNA(VLOOKUP(AE158,ltSchlepper,Maschinen!$L$6,FALSE))=TRUE,0,VLOOKUP(AE158,ltSchlepper,Maschinen!$L$6,FALSE)*AG158))","v":0},{"$f":"(IF(ISNA(VLOOKUP(AE158,ltSchlepper,Maschinen!$M$6,FALSE))=TRUE,0,VLOOKUP(AE158,ltSchlepper,Maschinen!$M$6,FALSE)*AG158))","v":0},{"$f":"(IF(ISNA(VLOOKUP(AE158,ltSchlepper,Maschinen!$N$6,FALSE))=TRUE,0,VLOOKUP(AE158,ltSchlepper,Maschinen!$N$6,FALSE)*AG158*IF(ISBLANK(AI158),1,AI158)))","v":0},{"$f":"(IF(ISNA(VLOOKUP(AE158,ltSchlepper,Maschinen!$O$6,FALSE))=TRUE,0,VLOOKUP(AE158,ltSchlepper,Maschinen!$O$6,FALSE)*AG158*IF(ISBLANK(AI158),1,AI158)))","v":0},{"$f":"(IF(ISNA(VLOOKUP(AE158,ltSchlepper,Maschinen!$P$6,FALSE))=TRUE,0,VLOOKUP(AE158,ltSchlepper,Maschinen!$P$6,FALSE)*AG158*IF(ISBLANK(AI158),1,AI158)))","v":0},0,{"$f":"(IF(ISNA(VLOOKUP(AK158,ltSchlepper,Maschinen!$K$6,FALSE))=TRUE,0,VLOOKUP(AK158,ltSchlepper,Maschinen!$K$6,FALSE)*AM158))","v":0},{"$f":"(IF(ISNA(VLOOKUP(AK158,ltSchlepper,Maschinen!$L$6,FALSE))=TRUE,0,VLOOKUP(AK158,ltSchlepper,Maschinen!$L$6,FALSE)*AM158))","v":0},{"$f":"(IF(ISNA(VLOOKUP(AK158,ltSchlepper,Maschinen!$M$6,FALSE))=TRUE,0,VLOOKUP(AK158,ltSchlepper,Maschinen!$M$6,FALSE)*AM158))","v":0},{"$f":"(IF(ISNA(VLOOKUP(AK158,ltSchlepper,Maschinen!$N$6,FALSE))=TRUE,0,VLOOKUP(AK158,ltSchlepper,Maschinen!$N$6,FALSE)*AM158*IF(ISBLANK(AO158),1,AO158)))","v":0},{"$f":"(IF(ISNA(VLOOKUP(AK158,ltSchlepper,Maschinen!$O$6,FALSE))=TRUE,0,VLOOKUP(AK158,ltSchlepper,Maschinen!$O$6,FALSE)*AM158*IF(ISBLANK(AO158),1,AO158)))","v":0},{"$f":"(IF(ISNA(VLOOKUP(AK158,ltSchlepper,Maschinen!$P$6,FALSE))=TRUE,0,VLOOKUP(AK158,ltSchlepper,Maschinen!$P$6,FALSE)*AM158*IF(ISBLANK(AO158),1,AO158)))","v":0},0,{"$f":"(IF(ISNA(VLOOKUP(AQ158,ltSchlepper,Maschinen!$K$6,FALSE))=TRUE,0,VLOOKUP(AQ158,ltSchlepper,Maschinen!$K$6,FALSE)*AS158))","v":0},{"$f":"(IF(ISNA(VLOOKUP(AQ158,ltSchlepper,Maschinen!$L$6,FALSE))=TRUE,0,VLOOKUP(AQ158,ltSchlepper,Maschinen!$L$6,FALSE)*AS158))","v":0},{"$f":"(IF(ISNA(VLOOKUP(AQ158,ltSchlepper,Maschinen!$M$6,FALSE))=TRUE,0,VLOOKUP(AQ158,ltSchlepper,Maschinen!$M$6,FALSE)*AS158))","v":0},{"$f":"(IF(ISNA(VLOOKUP(AQ158,ltSchlepper,Maschinen!$N$6,FALSE))=TRUE,0,VLOOKUP(AQ158,ltSchlepper,Maschinen!$N$6,FALSE)*AS158*IF(ISBLANK(AU158),1,AU158)))","v":0},{"$f":"(IF(ISNA(VLOOKUP(AQ158,ltSchlepper,Maschinen!$O$6,FALSE))=TRUE,0,VLOOKUP(AQ158,ltSchlepper,Maschinen!$O$6,FALSE)*AS158*IF(ISBLANK(AU158),1,AU158)))","v":0},{"$f":"(IF(ISNA(VLOOKUP(AQ158,ltSchlepper,Maschinen!$P$6,FALSE))=TRUE,0,VLOOKUP(AQ158,ltSchlepper,Maschinen!$P$6,FALSE)*AS158*IF(ISBLANK(AU158),1,AU158)))","v":0},0,{"$f":"(IF(ISNA(VLOOKUP(Y158,ltSchlepper,Maschinen!$AA$6,FALSE))=TRUE,0,VLOOKUP(Y158,ltSchlepper,Maschinen!$AA$6,FALSE)*AA158))","v":0},{"$f":"(IF(ISNA(VLOOKUP(Y158,ltSchlepper,Maschinen!$AB$6,FALSE))=TRUE,0,VLOOKUP(Y158,ltSchlepper,Maschinen!$AB$6,FALSE)*AA158))","v":0},{"$f":"(IF(ISNA(VLOOKUP(Y158,ltSchlepper,Maschinen!$AC$6,FALSE))=TRUE,0,VLOOKUP(Y158,ltSchlepper,Maschinen!$AC$6,FALSE)*AA158))","v":0},0,{"$f":"(IF(ISNA(VLOOKUP(AE158,ltSchlepper,Maschinen!$AA$6,FALSE))=TRUE,0,VLOOKUP(AE158,ltSchlepper,Maschinen!$AA$6,FALSE)*AG158))","v":0},{"$f":"(IF(ISNA(VLOOKUP(AE158,ltSchlepper,Maschinen!$AB$6,FALSE))=TRUE,0,VLOOKUP(AE158,ltSchlepper,Maschinen!$AB$6,FALSE)*AG158))","v":0},{"$f":"(IF(ISNA(VLOOKUP(AE158,ltSchlepper,Maschinen!$AC$6,FALSE))=TRUE,0,VLOOKUP(AE158,ltSchlepper,Maschinen!$AC$6,FALSE)*AG158))","v":0},0,{"$f":"(IF(ISNA(VLOOKUP(AK158,ltSchlepper,Maschinen!$AA$6,FALSE))=TRUE,0,VLOOKUP(AK158,ltSchlepper,Maschinen!$AA$6,FALSE)*AM158))","v":0},{"$f":"(IF(ISNA(VLOOKUP(AK158,ltSchlepper,Maschinen!$AB$6,FALSE))=TRUE,0,VLOOKUP(AK158,ltSchlepper,Maschinen!$AB$6,FALSE)*AM158))","v":0},{"$f":"(IF(ISNA(VLOOKUP(AK158,ltSchlepper,Maschinen!$AC$6,FALSE))=TRUE,0,VLOOKUP(AK158,ltSchlepper,Maschinen!$AC$6,FALSE)*AM158))","v":0},0,{"$f":"(IF(ISNA(VLOOKUP(AQ158,ltSchlepper,Maschinen!$AA$6,FALSE))=TRUE,0,VLOOKUP(AQ158,ltSchlepper,Maschinen!$AA$6,FALSE)*AS158))","v":0},{"$f":"(IF(ISNA(VLOOKUP(AQ158,ltSchlepper,Maschinen!$AB$6,FALSE))=TRUE,0,VLOOKUP(AQ158,ltSchlepper,Maschinen!$AB$6,FALSE)*AS158))","v":0},{"$f":"(IF(ISNA(VLOOKUP(AQ158,ltSchlepper,Maschinen!$AC$6,FALSE))=TRUE,0,VLOOKUP(AQ158,ltSchlepper,Maschinen!$AC$6,FALSE)*AS158))","v":0},0]
[null,21923,null,null,null,null,null,null,{"$f":"BC159","v":0},{"$f":"H159+I159","v":0},{"$f":"F159+G159-J159","v":0},0.1,{"$f":"(H159+I159)*L159","v":0},{"$f":"M159*Interest","v":0},null,null,{"$f":"O159+P159","v":0},{"$f":"Q159*Lohnanspruch","v":0},{"$f":"J159+N159+R159","v":0},{"$f":"K159-N159-R159","v":0},{"$f":"BG159","v":0},{"$f":"H159+I159+N159+R159+U159","v":0},{"$f":"T159-U159","v":0},null,null,"",null,"",null,{"$f":"IF(ISNA(VLOOKUP(Y159,ltSchlepper,SchKraftstoffVerb,FALSE))=TRUE,0,VLOOKUP(Y159,ltSchlepper,SchKraftstoffVerb,FALSE)*IF(ISBLANK(AC159),1,AC159)*AA159)","v":0},null,"",null,"",null,{"$f":"IF(ISNA(VLOOKUP(AE159,ltSchlepper,SchKraftstoffVerb,FALSE))=TRUE,0,VLOOKUP(AE159,ltSchlepper,SchKraftstoffVerb,FALSE)*IF(ISBLANK(AI159),1,AI159)*AG159)","v":0},null,"",null,"",null,{"$f":"IF(ISNA(VLOOKUP(AK159,ltSchlepper,SchKraftstoffVerb,FALSE))=TRUE,0,VLOOKUP(AK159,ltSchlepper,SchKraftstoffVerb,FALSE)*IF(ISBLANK(AO159),1,AO159)*AM159)","v":0},null,"",null,"",null,{"$f":"IF(ISNA(VLOOKUP(AQ159,ltSchlepper,SchKraftstoffVerb,FALSE))=TRUE,0,VLOOKUP(AQ159,ltSchlepper,SchKraftstoffVerb,FALSE)*IF(ISBLANK(AU159),1,AU159)*AS159)","v":0},{"$f":"BL159+BS159+BZ159+CG159","v":0},{"$f":"BI159+BP159+BW159+CD159","v":0},0,0,{"$f":"BM159+BT159+CA159+CH159","v":0},{"$f":"BN159+BU159+CB159+CI159","v":0},{"$f":"SUM(AX159:AZ159,BA159:BB159)","v":0},{"$f":"CK159+CO159+CS159+CW159","v":0},0,0,0,{"$f":"BG159+BC159","v":0},{"$f":"(IF(ISNA(VLOOKUP(Y159,ltSchlepper,Maschinen!$K$6,FALSE))=TRUE,0,VLOOKUP(Y159,ltSchlepper,Maschinen!$K$6,FALSE)*AA159))","v":0},{"$f":"(IF(ISNA(VLOOKUP(Y159,ltSchlepper,Maschinen!$L$6,FALSE))=TRUE,0,VLOOKUP(Y159,ltSchlepper,Maschinen!$L$6,FALSE)*AA159))","v":0},{"$f":"(IF(ISNA(VLOOKUP(Y159,ltSchlepper,Maschinen!$M$6,FALSE))=TRUE,0,VLOOKUP(Y159,ltSchlepper,Maschinen!$M$6,FALSE)*AA159))","v":0},{"$f":"(IF(ISNA(VLOOKUP(Y159,ltSchlepper,Maschinen!$N$6,FALSE))=TRUE,0,VLOOKUP(Y159,ltSchlepper,Maschinen!$N$6,FALSE)*AA159*IF(ISBLANK(AC159),1,AC159)))","v":0},{"$f":"(IF(ISNA(VLOOKUP(Y159,ltSchlepper,Maschinen!$O$6,FALSE))=TRUE,0,VLOOKUP(Y159,ltSchlepper,Maschinen!$O$6,FALSE)*AA159*IF(ISBLANK(AC159),1,AC159)))","v":0},{"$f":"(IF(ISNA(VLOOKUP(Y159,ltSchlepper,Maschinen!$P$6,FALSE))=TRUE,0,VLOOKUP(Y159,ltSchlepper,Maschinen!$P$6,FALSE)*AA159*IF(ISBLANK(AC159),1,AC159)))","v":0},{"$f":"SUM(BI159:BK159,BM159:BN159)","v":0},{"$f":"(IF(ISNA(VLOOKUP(AE159,ltSchlepper,Maschinen!$K$6,FALSE))=TRUE,0,VLOOKUP(AE159,ltSchlepper,Maschinen!$K$6,FALSE)*AG159))","v":0},{"$f":"(IF(ISNA(VLOOKUP(AE159,ltSchlepper,Maschinen!$L$6,FALSE))=TRUE,0,VLOOKUP(AE159,ltSchlepper,Maschinen!$L$6,FALSE)*AG159))","v":0},{"$f":"(IF(ISNA(VLOOKUP(AE159,ltSchlepper,Maschinen!$M$6,FALSE))=TRUE,0,VLOOKUP(AE159,ltSchlepper,Maschinen!$M$6,FALSE)*AG159))","v":0},{"$f":"(IF(ISNA(VLOOKUP(AE159,ltSchlepper,Maschinen!$N$6,FALSE))=TRUE,0,VLOOKUP(AE159,ltSchlepper,Maschinen!$N$6,FALSE)*AG159*IF(ISBLANK(AI159),1,AI159)))","v":0},{"$f":"(IF(ISNA(VLOOKUP(AE159,ltSchlepper,Maschinen!$O$6,FALSE))=TRUE,0,VLOOKUP(AE159,ltSchlepper,Maschinen!$O$6,FALSE)*AG159*IF(ISBLANK(AI159),1,AI159)))","v":0},{"$f":"(IF(ISNA(VLOOKUP(AE159,ltSchlepper,Maschinen!$P$6,FALSE))=TRUE,0,VLOOKUP(AE159,ltSchlepper,Maschinen!$P$6,FALSE)*AG159*IF(ISBLANK(AI159),1,AI159)))","v":0},{"$f":"SUM(BP159:BR159,BT159:BU159)","v":0},{"$f":"(IF(ISNA(VLOOKUP(AK159,ltSchlepper,Maschinen!$K$6,FALSE))=TRUE,0,VLOOKUP(AK159,ltSchlepper,Maschinen!$K$6,FALSE)*AM159))","v":0},{"$f":"(IF(ISNA(VLOOKUP(AK159,ltSchlepper,Maschinen!$L$6,FALSE))=TRUE,0,VLOOKUP(AK159,ltSchlepper,Maschinen!$L$6,FALSE)*AM159))","v":0},{"$f":"(IF(ISNA(VLOOKUP(AK159,ltSchlepper,Maschinen!$M$6,FALSE))=TRUE,0,VLOOKUP(AK159,ltSchlepper,Maschinen!$M$6,FALSE)*AM159))","v":0},{"$f":"(IF(ISNA(VLOOKUP(AK159,ltSchlepper,Maschinen!$N$6,FALSE))=TRUE,0,VLOOKUP(AK159,ltSchlepper,Maschinen!$N$6,FALSE)*AM159*IF(ISBLANK(AO159),1,AO159)))","v":0},{"$f":"(IF(ISNA(VLOOKUP(AK159,ltSchlepper,Maschinen!$O$6,FALSE))=TRUE,0,VLOOKUP(AK159,ltSchlepper,Maschinen!$O$6,FALSE)*AM159*IF(ISBLANK(AO159),1,AO159)))","v":0},{"$f":"(IF(ISNA(VLOOKUP(AK159,ltSchlepper,Maschinen!$P$6,FALSE))=TRUE,0,VLOOKUP(AK159,ltSchlepper,Maschinen!$P$6,FALSE)*AM159*IF(ISBLANK(AO159),1,AO159)))","v":0},{"$f":"SUM(BW159:BY159,CA159:CB159)","v":0},{"$f":"(IF(ISNA(VLOOKUP(AQ159,ltSchlepper,Maschinen!$K$6,FALSE))=TRUE,0,VLOOKUP(AQ159,ltSchlepper,Maschinen!$K$6,FALSE)*AS159))","v":0},{"$f":"(IF(ISNA(VLOOKUP(AQ159,ltSchlepper,Maschinen!$L$6,FALSE))=TRUE,0,VLOOKUP(AQ159,ltSchlepper,Maschinen!$L$6,FALSE)*AS159))","v":0},{"$f":"(IF(ISNA(VLOOKUP(AQ159,ltSchlepper,Maschinen!$M$6,FALSE))=TRUE,0,VLOOKUP(AQ159,ltSchlepper,Maschinen!$M$6,FALSE)*AS159))","v":0},{"$f":"(IF(ISNA(VLOOKUP(AQ159,ltSchlepper,Maschinen!$N$6,FALSE))=TRUE,0,VLOOKUP(AQ159,ltSchlepper,Maschinen!$N$6,FALSE)*AS159*IF(ISBLANK(AU159),1,AU159)))","v":0},{"$f":"(IF(ISNA(VLOOKUP(AQ159,ltSchlepper,Maschinen!$O$6,FALSE))=TRUE,0,VLOOKUP(AQ159,ltSchlepper,Maschinen!$O$6,FALSE)*AS159*IF(ISBLANK(AU159),1,AU159)))","v":0},{"$f":"(IF(ISNA(VLOOKUP(AQ159,ltSchlepper,Maschinen!$P$6,FALSE))=TRUE,0,VLOOKUP(AQ159,ltSchlepper,Maschinen!$P$6,FALSE)*AS159*IF(ISBLANK(AU159),1,AU159)))","v":0},{"$f":"SUM(CD159:CF159,CH159:CI159)","v":0},{"$f":"(IF(ISNA(VLOOKUP(Y159,ltSchlepper,Maschinen!$AA$6,FALSE))=TRUE,0,VLOOKUP(Y159,ltSchlepper,Maschinen!$AA$6,FALSE)*AA159))","v":0},{"$f":"(IF(ISNA(VLOOKUP(Y159,ltSchlepper,Maschinen!$AB$6,FALSE))=TRUE,0,VLOOKUP(Y159,ltSchlepper,Maschinen!$AB$6,FALSE)*AA159))","v":0},{"$f":"(IF(ISNA(VLOOKUP(Y159,ltSchlepper,Maschinen!$AC$6,FALSE))=TRUE,0,VLOOKUP(Y159,ltSchlepper,Maschinen!$AC$6,FALSE)*AA159))","v":0},{"$f":"SUM(CK159:CM159)","v":0},{"$f":"(IF(ISNA(VLOOKUP(AE159,ltSchlepper,Maschinen!$AA$6,FALSE))=TRUE,0,VLOOKUP(AE159,ltSchlepper,Maschinen!$AA$6,FALSE)*AG159))","v":0},{"$f":"(IF(ISNA(VLOOKUP(AE159,ltSchlepper,Maschinen!$AB$6,FALSE))=TRUE,0,VLOOKUP(AE159,ltSchlepper,Maschinen!$AB$6,FALSE)*AG159))","v":0},{"$f":"(IF(ISNA(VLOOKUP(AE159,ltSchlepper,Maschinen!$AC$6,FALSE))=TRUE,0,VLOOKUP(AE159,ltSchlepper,Maschinen!$AC$6,FALSE)*AG159))","v":0},{"$f":"SUM(CO159:CQ159)","v":0},{"$f":"(IF(ISNA(VLOOKUP(AK159,ltSchlepper,Maschinen!$AA$6,FALSE))=TRUE,0,VLOOKUP(AK159,ltSchlepper,Maschinen!$AA$6,FALSE)*AM159))","v":0},{"$f":"(IF(ISNA(VLOOKUP(AK159,ltSchlepper,Maschinen!$AB$6,FALSE))=TRUE,0,VLOOKUP(AK159,ltSchlepper,Maschinen!$AB$6,FALSE)*AM159))","v":0},{"$f":"(IF(ISNA(VLOOKUP(AK159,ltSchlepper,Maschinen!$AC$6,FALSE))=TRUE,0,VLOOKUP(AK159,ltSchlepper,Maschinen!$AC$6,FALSE)*AM159))","v":0},{"$f":"SUM(CS159:CU159)","v":0},{"$f":"(IF(ISNA(VLOOKUP(AQ159,ltSchlepper,Maschinen!$AA$6,FALSE))=TRUE,0,VLOOKUP(AQ159,ltSchlepper,Maschinen!$AA$6,FALSE)*AS159))","v":0},{"$f":"(IF(ISNA(VLOOKUP(AQ159,ltSchlepper,Maschinen!$AB$6,FALSE))=TRUE,0,VLOOKUP(AQ159,ltSchlepper,Maschinen!$AB$6,FALSE)*AS159))","v":0},{"$f":"(IF(ISNA(VLOOKUP(AQ159,ltSchlepper,Maschinen!$AC$6,FALSE))=TRUE,0,VLOOKUP(AQ159,ltSchlepper,Maschinen!$AC$6,FALSE)*AS159))","v":0},{"$f":"SUM(CW159:CY159)","v":0}]
[null,21924,null,null,null,null,null,null,{"$f":"BC160","v":0},{"$f":"H160+I160","v":0},{"$f":"F160+G160-J160","v":0},0.1,{"$f":"(H160+I160)*L160","v":0},{"$f":"M160*Interest","v":0},null,null,{"$f":"O160+P160","v":0},{"$f":"Q160*Lohnanspruch","v":0},{"$f":"J160+N160+R160","v":0},{"$f":"K160-N160-R160","v":0},{"$f":"BG160","v":0},{"$f":"H160+I160+N160+R160+U160","v":0},{"$f":"T160-U160","v":0},null,null,"",null,"",null,{"$f":"IF(ISNA(VLOOKUP(Y160,ltSchlepper,SchKraftstoffVerb,FALSE))=TRUE,0,VLOOKUP(Y160,ltSchlepper,SchKraftstoffVerb,FALSE)*IF(ISBLANK(AC160),1,AC160)*AA160)","v":0},null,"",null,"",null,{"$f":"IF(ISNA(VLOOKUP(AE160,ltSchlepper,SchKraftstoffVerb,FALSE))=TRUE,0,VLOOKUP(AE160,ltSchlepper,SchKraftstoffVerb,FALSE)*IF(ISBLANK(AI160),1,AI160)*AG160)","v":0},null,"",null,"",null,{"$f":"IF(ISNA(VLOOKUP(AK160,ltSchlepper,SchKraftstoffVerb,FALSE))=TRUE,0,VLOOKUP(AK160,ltSchlepper,SchKraftstoffVerb,FALSE)*IF(ISBLANK(AO160),1,AO160)*AM160)","v":0},null,"",null,"",null,{"$f":"IF(ISNA(VLOOKUP(AQ160,ltSchlepper,SchKraftstoffVerb,FALSE))=TRUE,0,VLOOKUP(AQ160,ltSchlepper,SchKraftstoffVerb,FALSE)*IF(ISBLANK(AU160),1,AU160)*AS160)","v":0},{"$f":"BL160+BS160+BZ160+CG160","v":0},0,0,0,{"$f":"BM160+BT160+CA160+CH160","v":0},{"$f":"BN160+BU160+CB160+CI160","v":0},{"$f":"SUM(AX160:AZ160,BA160:BB160)","v":0},0,0,0,0,{"$f":"BG160+BC160","v":0},{"$f":"(IF(ISNA(VLOOKUP(Y160,ltSchlepper,Maschinen!$K$6,FALSE))=TRUE,0,VLOOKUP(Y160,ltSchlepper,Maschinen!$K$6,FALSE)*AA160))","v":0},{"$f":"(IF(ISNA(VLOOKUP(Y160,ltSchlepper,Maschinen!$L$6,FALSE))=TRUE,0,VLOOKUP(Y160,ltSchlepper,Maschinen!$L$6,FALSE)*AA160))","v":0},{"$f":"(IF(ISNA(VLOOKUP(Y160,ltSchlepper,Maschinen!$M$6,FALSE))=TRUE,0,VLOOKUP(Y160,ltSchlepper,Maschinen!$M$6,FALSE)*AA160))","v":0},{"$f":"(IF(ISNA(VLOOKUP(Y160,ltSchlepper,Maschinen!$N$6,FALSE))=TRUE,0,VLOOKUP(Y160,ltSchlepper,Maschinen!$N$6,FALSE)*AA160*IF(ISBLANK(AC160),1,AC160)))","v":0},{"$f":"(IF(ISNA(VLOOKUP(Y160,ltSchlepper,Maschinen!$O$6,FALSE))=TRUE,0,VLOOKUP(Y160,ltSchlepper,Maschinen!$O$6,FALSE)*AA160*IF(ISBLANK(AC160),1,AC160)))","v":0},{"$f":"(IF(ISNA(VLOOKUP(Y160,ltSchlepper,Maschinen!$P$6,FALSE))=TRUE,0,VLOOKUP(Y160,ltSchlepper,Maschinen!$P$6,FALSE)*AA160*IF(ISBLANK(AC160),1,AC160)))","v":0},{"$f":"SUM(BI160:BK160,BM160:BN160)","v":0},{"$f":"(IF(ISNA(VLOOKUP(AE160,ltSchlepper,Maschinen!$K$6,FALSE))=TRUE,0,VLOOKUP(AE160,ltSchlepper,Maschinen!$K$6,FALSE)*AG160))","v":0},{"$f":"(IF(ISNA(VLOOKUP(AE160,ltSchlepper,Maschinen!$L$6,FALSE))=TRUE,0,VLOOKUP(AE160,ltSchlepper,Maschinen!$L$6,FALSE)*AG160))","v":0},{"$f":"(IF(ISNA(VLOOKUP(AE160,ltSchlepper,Maschinen!$M$6,FALSE))=TRUE,0,VLOOKUP(AE160,ltSchlepper,Maschinen!$M$6,FALSE)*AG160))","v":0},{"$f":"(IF(ISNA(VLOOKUP(AE160,ltSchlepper,Maschinen!$N$6,FALSE))=TRUE,0,VLOOKUP(AE160,ltSchlepper,Maschinen!$N$6,FALSE)*AG160*IF(ISBLANK(AI160),1,AI160)))","v":0},{"$f":"(IF(ISNA(VLOOKUP(AE160,ltSchlepper,Maschinen!$O$6,FALSE))=TRUE,0,VLOOKUP(AE160,ltSchlepper,Maschinen!$O$6,FALSE)*AG160*IF(ISBLANK(AI160),1,AI160)))","v":0},{"$f":"(IF(ISNA(VLOOKUP(AE160,ltSchlepper,Maschinen!$P$6,FALSE))=TRUE,0,VLOOKUP(AE160,ltSchlepper,Maschinen!$P$6,FALSE)*AG160*IF(ISBLANK(AI160),1,AI160)))","v":0},{"$f":"SUM(BP160:BR160,BT160:BU160)","v":0},{"$f":"(IF(ISNA(VLOOKUP(AK160,ltSchlepper,Maschinen!$K$6,FALSE))=TRUE,0,VLOOKUP(AK160,ltSchlepper,Maschinen!$K$6,FALSE)*AM160))","v":0},{"$f":"(IF(ISNA(VLOOKUP(AK160,ltSchlepper,Maschinen!$L$6,FALSE))=TRUE,0,VLOOKUP(AK160,ltSchlepper,Maschinen!$L$6,FALSE)*AM160))","v":0},{"$f":"(IF(ISNA(VLOOKUP(AK160,ltSchlepper,Maschinen!$M$6,FALSE))=TRUE,0,VLOOKUP(AK160,ltSchlepper,Maschinen!$M$6,FALSE)*AM160))","v":0},{"$f":"(IF(ISNA(VLOOKUP(AK160,ltSchlepper,Maschinen!$N$6,FALSE))=TRUE,0,VLOOKUP(AK160,ltSchlepper,Maschinen!$N$6,FALSE)*AM160*IF(ISBLANK(AO160),1,AO160)))","v":0},{"$f":"(IF(ISNA(VLOOKUP(AK160,ltSchlepper,Maschinen!$O$6,FALSE))=TRUE,0,VLOOKUP(AK160,ltSchlepper,Maschinen!$O$6,FALSE)*AM160*IF(ISBLANK(AO160),1,AO160)))","v":0},{"$f":"(IF(ISNA(VLOOKUP(AK160,ltSchlepper,Maschinen!$P$6,FALSE))=TRUE,0,VLOOKUP(AK160,ltSchlepper,Maschinen!$P$6,FALSE)*AM160*IF(ISBLANK(AO160),1,AO160)))","v":0},{"$f":"SUM(BW160:BY160,CA160:CB160)","v":0},{"$f":"(IF(ISNA(VLOOKUP(AQ160,ltSchlepper,Maschinen!$K$6,FALSE))=TRUE,0,VLOOKUP(AQ160,ltSchlepper,Maschinen!$K$6,FALSE)*AS160))","v":0},{"$f":"(IF(ISNA(VLOOKUP(AQ160,ltSchlepper,Maschinen!$L$6,FALSE))=TRUE,0,VLOOKUP(AQ160,ltSchlepper,Maschinen!$L$6,FALSE)*AS160))","v":0},{"$f":"(IF(ISNA(VLOOKUP(AQ160,ltSchlepper,Maschinen!$M$6,FALSE))=TRUE,0,VLOOKUP(AQ160,ltSchlepper,Maschinen!$M$6,FALSE)*AS160))","v":0},{"$f":"(IF(ISNA(VLOOKUP(AQ160,ltSchlepper,Maschinen!$N$6,FALSE))=TRUE,0,VLOOKUP(AQ160,ltSchlepper,Maschinen!$N$6,FALSE)*AS160*IF(ISBLANK(AU160),1,AU160)))","v":0},{"$f":"(IF(ISNA(VLOOKUP(AQ160,ltSchlepper,Maschinen!$O$6,FALSE))=TRUE,0,VLOOKUP(AQ160,ltSchlepper,Maschinen!$O$6,FALSE)*AS160*IF(ISBLANK(AU160),1,AU160)))","v":0},{"$f":"(IF(ISNA(VLOOKUP(AQ160,ltSchlepper,Maschinen!$P$6,FALSE))=TRUE,0,VLOOKUP(AQ160,ltSchlepper,Maschinen!$P$6,FALSE)*AS160*IF(ISBLANK(AU160),1,AU160)))","v":0},{"$f":"SUM(CD160:CF160,CH160:CI160)","v":0},{"$f":"(IF(ISNA(VLOOKUP(Y160,ltSchlepper,Maschinen!$AA$6,FALSE))=TRUE,0,VLOOKUP(Y160,ltSchlepper,Maschinen!$AA$6,FALSE)*AA160))","v":0},{"$f":"(IF(ISNA(VLOOKUP(Y160,ltSchlepper,Maschinen!$AB$6,FALSE))=TRUE,0,VLOOKUP(Y160,ltSchlepper,Maschinen!$AB$6,FALSE)*AA160))","v":0},{"$f":"(IF(ISNA(VLOOKUP(Y160,ltSchlepper,Maschinen!$AC$6,FALSE))=TRUE,0,VLOOKUP(Y160,ltSchlepper,Maschinen!$AC$6,FALSE)*AA160))","v":0},{"$f":"SUM(CK160:CM160)","v":0},{"$f":"(IF(ISNA(VLOOKUP(AE160,ltSchlepper,Maschinen!$AA$6,FALSE))=TRUE,0,VLOOKUP(AE160,ltSchlepper,Maschinen!$AA$6,FALSE)*AG160))","v":0},{"$f":"(IF(ISNA(VLOOKUP(AE160,ltSchlepper,Maschinen!$AB$6,FALSE))=TRUE,0,VLOOKUP(AE160,ltSchlepper,Maschinen!$AB$6,FALSE)*AG160))","v":0},{"$f":"(IF(ISNA(VLOOKUP(AE160,ltSchlepper,Maschinen!$AC$6,FALSE))=TRUE,0,VLOOKUP(AE160,ltSchlepper,Maschinen!$AC$6,FALSE)*AG160))","v":0},{"$f":"SUM(CO160:CQ160)","v":0},{"$f":"(IF(ISNA(VLOOKUP(AK160,ltSchlepper,Maschinen!$AA$6,FALSE))=TRUE,0,VLOOKUP(AK160,ltSchlepper,Maschinen!$AA$6,FALSE)*AM160))","v":0},{"$f":"(IF(ISNA(VLOOKUP(AK160,ltSchlepper,Maschinen!$AB$6,FALSE))=TRUE,0,VLOOKUP(AK160,ltSchlepper,Maschinen!$AB$6,FALSE)*AM160))","v":0},{"$f":"(IF(ISNA(VLOOKUP(AK160,ltSchlepper,Maschinen!$AC$6,FALSE))=TRUE,0,VLOOKUP(AK160,ltSchlepper,Maschinen!$AC$6,FALSE)*AM160))","v":0},{"$f":"SUM(CS160:CU160)","v":0},{"$f":"(IF(ISNA(VLOOKUP(AQ160,ltSchlepper,Maschinen!$AA$6,FALSE))=TRUE,0,VLOOKUP(AQ160,ltSchlepper,Maschinen!$AA$6,FALSE)*AS160))","v":0},{"$f":"(IF(ISNA(VLOOKUP(AQ160,ltSchlepper,Maschinen!$AB$6,FALSE))=TRUE,0,VLOOKUP(AQ160,ltSchlepper,Maschinen!$AB$6,FALSE)*AS160))","v":0},{"$f":"(IF(ISNA(VLOOKUP(AQ160,ltSchlepper,Maschinen!$AC$6,FALSE))=TRUE,0,VLOOKUP(AQ160,ltSchlepper,Maschinen!$AC$6,FALSE)*AS160))","v":0},{"$f":"SUM(CW160:CY160)","v":0}]
[null,21914,null,null,null,null,null,null,0,0,0,0.1,0,0,null,null,0,0,0,0,0,0,0,null,null,"",null,"",null,0,null,"",null,"",null,0,null,"",null,"",null,0,null,"",null,"",null,0,0,0,0,0,0,0,0,0,0,0,0,0,{"$f":"(IF(ISNA(VLOOKUP(Y161,ltSchlepper,Maschinen!$K$6,FALSE))=TRUE,0,VLOOKUP(Y161,ltSchlepper,Maschinen!$K$6,FALSE)*AA161))","v":0},{"$f":"(IF(ISNA(VLOOKUP(Y161,ltSchlepper,Maschinen!$L$6,FALSE))=TRUE,0,VLOOKUP(Y161,ltSchlepper,Maschinen!$L$6,FALSE)*AA161))","v":0},{"$f":"(IF(ISNA(VLOOKUP(Y161,ltSchlepper,Maschinen!$M$6,FALSE))=TRUE,0,VLOOKUP(Y161,ltSchlepper,Maschinen!$M$6,FALSE)*AA161))","v":0},{"$f":"(IF(ISNA(VLOOKUP(Y161,ltSchlepper,Maschinen!$N$6,FALSE))=TRUE,0,VLOOKUP(Y161,ltSchlepper,Maschinen!$N$6,FALSE)*AA161*IF(ISBLANK(AC161),1,AC161)))","v":0},{"$f":"(IF(ISNA(VLOOKUP(Y161,ltSchlepper,Maschinen!$O$6,FALSE))=TRUE,0,VLOOKUP(Y161,ltSchlepper,Maschinen!$O$6,FALSE)*AA161*IF(ISBLANK(AC161),1,AC161)))","v":0},{"$f":"(IF(ISNA(VLOOKUP(Y161,ltSchlepper,Maschinen!$P$6,FALSE))=TRUE,0,VLOOKUP(Y161,ltSchlepper,Maschinen!$P$6,FALSE)*AA161*IF(ISBLANK(AC161),1,AC161)))","v":0},0,{"$f":"(IF(ISNA(VLOOKUP(AE161,ltSchlepper,Maschinen!$K$6,FALSE))=TRUE,0,VLOOKUP(AE161,ltSchlepper,Maschinen!$K$6,FALSE)*AG161))","v":0},{"$f":"(IF(ISNA(VLOOKUP(AE161,ltSchlepper,Maschinen!$L$6,FALSE))=TRUE,0,VLOOKUP(AE161,ltSchlepper,Maschinen!$L$6,FALSE)*AG161))","v":0},{"$f":"(IF(ISNA(VLOOKUP(AE161,ltSchlepper,Maschinen!$M$6,FALSE))=TRUE,0,VLOOKUP(AE161,ltSchlepper,Maschinen!$M$6,FALSE)*AG161))","v":0},{"$f":"(IF(ISNA(VLOOKUP(AE161,ltSchlepper,Maschinen!$N$6,FALSE))=TRUE,0,VLOOKUP(AE161,ltSchlepper,Maschinen!$N$6,FALSE)*AG161*IF(ISBLANK(AI161),1,AI161)))","v":0},{"$f":"(IF(ISNA(VLOOKUP(AE161,ltSchlepper,Maschinen!$O$6,FALSE))=TRUE,0,VLOOKUP(AE161,ltSchlepper,Maschinen!$O$6,FALSE)*AG161*IF(ISBLANK(AI161),1,AI161)))","v":0},{"$f":"(IF(ISNA(VLOOKUP(AE161,ltSchlepper,Maschinen!$P$6,FALSE))=TRUE,0,VLOOKUP(AE161,ltSchlepper,Maschinen!$P$6,FALSE)*AG161*IF(ISBLANK(AI161),1,AI161)))","v":0},0,{"$f":"(IF(ISNA(VLOOKUP(AK161,ltSchlepper,Maschinen!$K$6,FALSE))=TRUE,0,VLOOKUP(AK161,ltSchlepper,Maschinen!$K$6,FALSE)*AM161))","v":0},{"$f":"(IF(ISNA(VLOOKUP(AK161,ltSchlepper,Maschinen!$L$6,FALSE))=TRUE,0,VLOOKUP(AK161,ltSchlepper,Maschinen!$L$6,FALSE)*AM161))","v":0},{"$f":"(IF(ISNA(VLOOKUP(AK161,ltSchlepper,Maschinen!$M$6,FALSE))=TRUE,0,VLOOKUP(AK161,ltSchlepper,Maschinen!$M$6,FALSE)*AM161))","v":0},{"$f":"(IF(ISNA(VLOOKUP(AK161,ltSchlepper,Maschinen!$N$6,FALSE))=TRUE,0,VLOOKUP(AK161,ltSchlepper,Maschinen!$N$6,FALSE)*AM161*IF(ISBLANK(AO161),1,AO161)))","v":0},{"$f":"(IF(ISNA(VLOOKUP(AK161,ltSchlepper,Maschinen!$O$6,FALSE))=TRUE,0,VLOOKUP(AK161,ltSchlepper,Maschinen!$O$6,FALSE)*AM161*IF(ISBLANK(AO161),1,AO161)))","v":0},{"$f":"(IF(ISNA(VLOOKUP(AK161,ltSchlepper,Maschinen!$P$6,FALSE))=TRUE,0,VLOOKUP(AK161,ltSchlepper,Maschinen!$P$6,FALSE)*AM161*IF(ISBLANK(AO161),1,AO161)))","v":0},0,{"$f":"(IF(ISNA(VLOOKUP(AQ161,ltSchlepper,Maschinen!$K$6,FALSE))=TRUE,0,VLOOKUP(AQ161,ltSchlepper,Maschinen!$K$6,FALSE)*AS161))","v":0},{"$f":"(IF(ISNA(VLOOKUP(AQ161,ltSchlepper,Maschinen!$L$6,FALSE))=TRUE,0,VLOOKUP(AQ161,ltSchlepper,Maschinen!$L$6,FALSE)*AS161))","v":0},{"$f":"(IF(ISNA(VLOOKUP(AQ161,ltSchlepper,Maschinen!$M$6,FALSE))=TRUE,0,VLOOKUP(AQ161,ltSchlepper,Maschinen!$M$6,FALSE)*AS161))","v":0},{"$f":"(IF(ISNA(VLOOKUP(AQ161,ltSchlepper,Maschinen!$N$6,FALSE))=TRUE,0,VLOOKUP(AQ161,ltSchlepper,Maschinen!$N$6,FALSE)*AS161*IF(ISBLANK(AU161),1,AU161)))","v":0},{"$f":"(IF(ISNA(VLOOKUP(AQ161,ltSchlepper,Maschinen!$O$6,FALSE))=TRUE,0,VLOOKUP(AQ161,ltSchlepper,Maschinen!$O$6,FALSE)*AS161*IF(ISBLANK(AU161),1,AU161)))","v":0},{"$f":"(IF(ISNA(VLOOKUP(AQ161,ltSchlepper,Maschinen!$P$6,FALSE))=TRUE,0,VLOOKUP(AQ161,ltSchlepper,Maschinen!$P$6,FALSE)*AS161*IF(ISBLANK(AU161),1,AU161)))","v":0},0,{"$f":"(IF(ISNA(VLOOKUP(Y161,ltSchlepper,Maschinen!$AA$6,FALSE))=TRUE,0,VLOOKUP(Y161,ltSchlepper,Maschinen!$AA$6,FALSE)*AA161))","v":0},{"$f":"(IF(ISNA(VLOOKUP(Y161,ltSchlepper,Maschinen!$AB$6,FALSE))=TRUE,0,VLOOKUP(Y161,ltSchlepper,Maschinen!$AB$6,FALSE)*AA161))","v":0},{"$f":"(IF(ISNA(VLOOKUP(Y161,ltSchlepper,Maschinen!$AC$6,FALSE))=TRUE,0,VLOOKUP(Y161,ltSchlepper,Maschinen!$AC$6,FALSE)*AA161))","v":0},0,{"$f":"(IF(ISNA(VLOOKUP(AE161,ltSchlepper,Maschinen!$AA$6,FALSE))=TRUE,0,VLOOKUP(AE161,ltSchlepper,Maschinen!$AA$6,FALSE)*AG161))","v":0},{"$f":"(IF(ISNA(VLOOKUP(AE161,ltSchlepper,Maschinen!$AB$6,FALSE))=TRUE,0,VLOOKUP(AE161,ltSchlepper,Maschinen!$AB$6,FALSE)*AG161))","v":0},{"$f":"(IF(ISNA(VLOOKUP(AE161,ltSchlepper,Maschinen!$AC$6,FALSE))=TRUE,0,VLOOKUP(AE161,ltSchlepper,Maschinen!$AC$6,FALSE)*AG161))","v":0},0,{"$f":"(IF(ISNA(VLOOKUP(AK161,ltSchlepper,Maschinen!$AA$6,FALSE))=TRUE,0,VLOOKUP(AK161,ltSchlepper,Maschinen!$AA$6,FALSE)*AM161))","v":0},{"$f":"(IF(ISNA(VLOOKUP(AK161,ltSchlepper,Maschinen!$AB$6,FALSE))=TRUE,0,VLOOKUP(AK161,ltSchlepper,Maschinen!$AB$6,FALSE)*AM161))","v":0},{"$f":"(IF(ISNA(VLOOKUP(AK161,ltSchlepper,Maschinen!$AC$6,FALSE))=TRUE,0,VLOOKUP(AK161,ltSchlepper,Maschinen!$AC$6,FALSE)*AM161))","v":0},0,{"$f":"(IF(ISNA(VLOOKUP(AQ161,ltSchlepper,Maschinen!$AA$6,FALSE))=TRUE,0,VLOOKUP(AQ161,ltSchlepper,Maschinen!$AA$6,FALSE)*AS161))","v":0},{"$f":"(IF(ISNA(VLOOKUP(AQ161,ltSchlepper,Maschinen!$AB$6,FALSE))=TRUE,0,VLOOKUP(AQ161,ltSchlepper,Maschinen!$AB$6,FALSE)*AS161))","v":0},{"$f":"(IF(ISNA(VLOOKUP(AQ161,ltSchlepper,Maschinen!$AC$6,FALSE))=TRUE,0,VLOOKUP(AQ161,ltSchlepper,Maschinen!$AC$6,FALSE)*AS161))","v":0},0]
[null,21915,null,null,null,null,null,null,0,0,0,0.1,0,0,null,null,0,0,0,0,0,0,0,null,null,{"$f":"IF(ISNA(VLOOKUP(Y162,ltSchlepper,2,FALSE))=TRUE,\"\",VLOOKUP(Y162,ltSchlepper,2,FALSE))","v":""},null,"",null,0,null,"",null,"",null,0,null,"",null,"",null,0,null,"",null,"",null,0,0,0,0,0,0,0,0,0,0,0,0,0,{"$f":"(IF(ISNA(VLOOKUP(Y162,ltSchlepper,Maschinen!$K$6,FALSE))=TRUE,0,VLOOKUP(Y162,ltSchlepper,Maschinen!$K$6,FALSE)*AA162))","v":0},{"$f":"(IF(ISNA(VLOOKUP(Y162,ltSchlepper,Maschinen!$L$6,FALSE))=TRUE,0,VLOOKUP(Y162,ltSchlepper,Maschinen!$L$6,FALSE)*AA162))","v":0},{"$f":"(IF(ISNA(VLOOKUP(Y162,ltSchlepper,Maschinen!$M$6,FALSE))=TRUE,0,VLOOKUP(Y162,ltSchlepper,Maschinen!$M$6,FALSE)*AA162))","v":0},{"$f":"(IF(ISNA(VLOOKUP(Y162,ltSchlepper,Maschinen!$N$6,FALSE))=TRUE,0,VLOOKUP(Y162,ltSchlepper,Maschinen!$N$6,FALSE)*AA162*IF(ISBLANK(AC162),1,AC162)))","v":0},{"$f":"(IF(ISNA(VLOOKUP(Y162,ltSchlepper,Maschinen!$O$6,FALSE))=TRUE,0,VLOOKUP(Y162,ltSchlepper,Maschinen!$O$6,FALSE)*AA162*IF(ISBLANK(AC162),1,AC162)))","v":0},{"$f":"(IF(ISNA(VLOOKUP(Y162,ltSchlepper,Maschinen!$P$6,FALSE))=TRUE,0,VLOOKUP(Y162,ltSchlepper,Maschinen!$P$6,FALSE)*AA162*IF(ISBLANK(AC162),1,AC162)))","v":0},{"$f":"SUM(BI162:BK162,BM162:BN162)","v":0},{"$f":"(IF(ISNA(VLOOKUP(AE162,ltSchlepper,Maschinen!$K$6,FALSE))=TRUE,0,VLOOKUP(AE162,ltSchlepper,Maschinen!$K$6,FALSE)*AG162))","v":0},{"$f":"(IF(ISNA(VLOOKUP(AE162,ltSchlepper,Maschinen!$L$6,FALSE))=TRUE,0,VLOOKUP(AE162,ltSchlepper,Maschinen!$L$6,FALSE)*AG162))","v":0},{"$f":"(IF(ISNA(VLOOKUP(AE162,ltSchlepper,Maschinen!$M$6,FALSE))=TRUE,0,VLOOKUP(AE162,ltSchlepper,Maschinen!$M$6,FALSE)*AG162))","v":0},{"$f":"(IF(ISNA(VLOOKUP(AE162,ltSchlepper,Maschinen!$N$6,FALSE))=TRUE,0,VLOOKUP(AE162,ltSchlepper,Maschinen!$N$6,FALSE)*AG162*IF(ISBLANK(AI162),1,AI162)))","v":0},{"$f":"(IF(ISNA(VLOOKUP(AE162,ltSchlepper,Maschinen!$O$6,FALSE))=TRUE,0,VLOOKUP(AE162,ltSchlepper,Maschinen!$O$6,FALSE)*AG162*IF(ISBLANK(AI162),1,AI162)))","v":0},{"$f":"(IF(ISNA(VLOOKUP(AE162,ltSchlepper,Maschinen!$P$6,FALSE))=TRUE,0,VLOOKUP(AE162,ltSchlepper,Maschinen!$P$6,FALSE)*AG162*IF(ISBLANK(AI162),1,AI162)))","v":0},{"$f":"SUM(BP162:BR162,BT162:BU162)","v":0},{"$f":"(IF(ISNA(VLOOKUP(AK162,ltSchlepper,Maschinen!$K$6,FALSE))=TRUE,0,VLOOKUP(AK162,ltSchlepper,Maschinen!$K$6,FALSE)*AM162))","v":0},{"$f":"(IF(ISNA(VLOOKUP(AK162,ltSchlepper,Maschinen!$L$6,FALSE))=TRUE,0,VLOOKUP(AK162,ltSchlepper,Maschinen!$L$6,FALSE)*AM162))","v":0},{"$f":"(IF(ISNA(VLOOKUP(AK162,ltSchlepper,Maschinen!$M$6,FALSE))=TRUE,0,VLOOKUP(AK162,ltSchlepper,Maschinen!$M$6,FALSE)*AM162))","v":0},{"$f":"(IF(ISNA(VLOOKUP(AK162,ltSchlepper,Maschinen!$N$6,FALSE))=TRUE,0,VLOOKUP(AK162,ltSchlepper,Maschinen!$N$6,FALSE)*AM162*IF(ISBLANK(AO162),1,AO162)))","v":0},{"$f":"(IF(ISNA(VLOOKUP(AK162,ltSchlepper,Maschinen!$O$6,FALSE))=TRUE,0,VLOOKUP(AK162,ltSchlepper,Maschinen!$O$6,FALSE)*AM162*IF(ISBLANK(AO162),1,AO162)))","v":0},{"$f":"(IF(ISNA(VLOOKUP(AK162,ltSchlepper,Maschinen!$P$6,FALSE))=TRUE,0,VLOOKUP(AK162,ltSchlepper,Maschinen!$P$6,FALSE)*AM162*IF(ISBLANK(AO162),1,AO162)))","v":0},{"$f":"SUM(BW162:BY162,CA162:CB162)","v":0},{"$f":"(IF(ISNA(VLOOKUP(AQ162,ltSchlepper,Maschinen!$K$6,FALSE))=TRUE,0,VLOOKUP(AQ162,ltSchlepper,Maschinen!$K$6,FALSE)*AS162))","v":0},{"$f":"(IF(ISNA(VLOOKUP(AQ162,ltSchlepper,Maschinen!$L$6,FALSE))=TRUE,0,VLOOKUP(AQ162,ltSchlepper,Maschinen!$L$6,FALSE)*AS162))","v":0},{"$f":"(IF(ISNA(VLOOKUP(AQ162,ltSchlepper,Maschinen!$M$6,FALSE))=TRUE,0,VLOOKUP(AQ162,ltSchlepper,Maschinen!$M$6,FALSE)*AS162))","v":0},{"$f":"(IF(ISNA(VLOOKUP(AQ162,ltSchlepper,Maschinen!$N$6,FALSE))=TRUE,0,VLOOKUP(AQ162,ltSchlepper,Maschinen!$N$6,FALSE)*AS162*IF(ISBLANK(AU162),1,AU162)))","v":0},{"$f":"(IF(ISNA(VLOOKUP(AQ162,ltSchlepper,Maschinen!$O$6,FALSE))=TRUE,0,VLOOKUP(AQ162,ltSchlepper,Maschinen!$O$6,FALSE)*AS162*IF(ISBLANK(AU162),1,AU162)))","v":0},{"$f":"(IF(ISNA(VLOOKUP(AQ162,ltSchlepper,Maschinen!$P$6,FALSE))=TRUE,0,VLOOKUP(AQ162,ltSchlepper,Maschinen!$P$6,FALSE)*AS162*IF(ISBLANK(AU162),1,AU162)))","v":0},{"$f":"SUM(CD162:CF162,CH162:CI162)","v":0},{"$f":"(IF(ISNA(VLOOKUP(Y162,ltSchlepper,Maschinen!$AA$6,FALSE))=TRUE,0,VLOOKUP(Y162,ltSchlepper,Maschinen!$AA$6,FALSE)*AA162))","v":0},{"$f":"(IF(ISNA(VLOOKUP(Y162,ltSchlepper,Maschinen!$AB$6,FALSE))=TRUE,0,VLOOKUP(Y162,ltSchlepper,Maschinen!$AB$6,FALSE)*AA162))","v":0},{"$f":"(IF(ISNA(VLOOKUP(Y162,ltSchlepper,Maschinen!$AC$6,FALSE))=TRUE,0,VLOOKUP(Y162,ltSchlepper,Maschinen!$AC$6,FALSE)*AA162))","v":0},{"$f":"SUM(CK162:CM162)","v":0},{"$f":"(IF(ISNA(VLOOKUP(AE162,ltSchlepper,Maschinen!$AA$6,FALSE))=TRUE,0,VLOOKUP(AE162,ltSchlepper,Maschinen!$AA$6,FALSE)*AG162))","v":0},{"$f":"(IF(ISNA(VLOOKUP(AE162,ltSchlepper,Maschinen!$AB$6,FALSE))=TRUE,0,VLOOKUP(AE162,ltSchlepper,Maschinen!$AB$6,FALSE)*AG162))","v":0},{"$f":"(IF(ISNA(VLOOKUP(AE162,ltSchlepper,Maschinen!$AC$6,FALSE))=TRUE,0,VLOOKUP(AE162,ltSchlepper,Maschinen!$AC$6,FALSE)*AG162))","v":0},{"$f":"SUM(CO162:CQ162)","v":0},{"$f":"(IF(ISNA(VLOOKUP(AK162,ltSchlepper,Maschinen!$AA$6,FALSE))=TRUE,0,VLOOKUP(AK162,ltSchlepper,Maschinen!$AA$6,FALSE)*AM162))","v":0},{"$f":"(IF(ISNA(VLOOKUP(AK162,ltSchlepper,Maschinen!$AB$6,FALSE))=TRUE,0,VLOOKUP(AK162,ltSchlepper,Maschinen!$AB$6,FALSE)*AM162))","v":0},{"$f":"(IF(ISNA(VLOOKUP(AK162,ltSchlepper,Maschinen!$AC$6,FALSE))=TRUE,0,VLOOKUP(AK162,ltSchlepper,Maschinen!$AC$6,FALSE)*AM162))","v":0},{"$f":"SUM(CS162:CU162)","v":0},{"$f":"(IF(ISNA(VLOOKUP(AQ162,ltSchlepper,Maschinen!$AA$6,FALSE))=TRUE,0,VLOOKUP(AQ162,ltSchlepper,Maschinen!$AA$6,FALSE)*AS162))","v":0},{"$f":"(IF(ISNA(VLOOKUP(AQ162,ltSchlepper,Maschinen!$AB$6,FALSE))=TRUE,0,VLOOKUP(AQ162,ltSchlepper,Maschinen!$AB$6,FALSE)*AS162))","v":0},{"$f":"(IF(ISNA(VLOOKUP(AQ162,ltSchlepper,Maschinen!$AC$6,FALSE))=TRUE,0,VLOOKUP(AQ162,ltSchlepper,Maschinen!$AC$6,FALSE)*AS162))","v":0},{"$f":"SUM(CW162:CY162)","v":0}]
[null,21925,null,null,null,null,null,null,{"$f":"BC163","v":0},{"$f":"H163+I163","v":0},{"$f":"F163+G163-J163","v":0},0.1,{"$f":"(H163+I163)*L163","v":0},{"$f":"M163*Interest","v":0},null,null,{"$f":"O163+P163","v":0},{"$f":"Q163*Lohnanspruch","v":0},{"$f":"J163+N163+R163","v":0},{"$f":"K163-N163-R163","v":0},{"$f":"BG163","v":0},{"$f":"H163+I163+N163+R163+U163","v":0},{"$f":"T163-U163","v":0},null,null,"",null,"",null,{"$f":"IF(ISNA(VLOOKUP(Y163,ltSchlepper,SchKraftstoffVerb,FALSE))=TRUE,0,VLOOKUP(Y163,ltSchlepper,SchKraftstoffVerb,FALSE)*IF(ISBLANK(AC163),1,AC163)*AA163)","v":0},null,"",null,"",null,{"$f":"IF(ISNA(VLOOKUP(AE163,ltSchlepper,SchKraftstoffVerb,FALSE))=TRUE,0,VLOOKUP(AE163,ltSchlepper,SchKraftstoffVerb,FALSE)*IF(ISBLANK(AI163),1,AI163)*AG163)","v":0},null,"",null,"",null,{"$f":"IF(ISNA(VLOOKUP(AK163,ltSchlepper,SchKraftstoffVerb,FALSE))=TRUE,0,VLOOKUP(AK163,ltSchlepper,SchKraftstoffVerb,FALSE)*IF(ISBLANK(AO163),1,AO163)*AM163)","v":0},null,"",null,"",null,{"$f":"IF(ISNA(VLOOKUP(AQ163,ltSchlepper,SchKraftstoffVerb,FALSE))=TRUE,0,VLOOKUP(AQ163,ltSchlepper,SchKraftstoffVerb,FALSE)*IF(ISBLANK(AU163),1,AU163)*AS163)","v":0},{"$f":"BL163+BS163+BZ163+CG163","v":0},{"$f":"BI163+BP163+BW163+CD163","v":0},0,0,{"$f":"BM163+BT163+CA163+CH163","v":0},{"$f":"BN163+BU163+CB163+CI163","v":0},{"$f":"SUM(AX163:AZ163,BA163:BB163)","v":0},{"$f":"CK163+CO163+CS163+CW163","v":0},0,0,0,{"$f":"BG163+BC163","v":0},{"$f":"(IF(ISNA(VLOOKUP(Y163,ltSchlepper,Maschinen!$K$6,FALSE))=TRUE,0,VLOOKUP(Y163,ltSchlepper,Maschinen!$K$6,FALSE)*AA163))","v":0},{"$f":"(IF(ISNA(VLOOKUP(Y163,ltSchlepper,Maschinen!$L$6,FALSE))=TRUE,0,VLOOKUP(Y163,ltSchlepper,Maschinen!$L$6,FALSE)*AA163))","v":0},{"$f":"(IF(ISNA(VLOOKUP(Y163,ltSchlepper,Maschinen!$M$6,FALSE))=TRUE,0,VLOOKUP(Y163,ltSchlepper,Maschinen!$M$6,FALSE)*AA163))","v":0},{"$f":"(IF(ISNA(VLOOKUP(Y163,ltSchlepper,Maschinen!$N$6,FALSE))=TRUE,0,VLOOKUP(Y163,ltSchlepper,Maschinen!$N$6,FALSE)*AA163*IF(ISBLANK(AC163),1,AC163)))","v":0},{"$f":"(IF(ISNA(VLOOKUP(Y163,ltSchlepper,Maschinen!$O$6,FALSE))=TRUE,0,VLOOKUP(Y163,ltSchlepper,Maschinen!$O$6,FALSE)*AA163*IF(ISBLANK(AC163),1,AC163)))","v":0},{"$f":"(IF(ISNA(VLOOKUP(Y163,ltSchlepper,Maschinen!$P$6,FALSE))=TRUE,0,VLOOKUP(Y163,ltSchlepper,Maschinen!$P$6,FALSE)*AA163*IF(ISBLANK(AC163),1,AC163)))","v":0},0,{"$f":"(IF(ISNA(VLOOKUP(AE163,ltSchlepper,Maschinen!$K$6,FALSE))=TRUE,0,VLOOKUP(AE163,ltSchlepper,Maschinen!$K$6,FALSE)*AG163))","v":0},{"$f":"(IF(ISNA(VLOOKUP(AE163,ltSchlepper,Maschinen!$L$6,FALSE))=TRUE,0,VLOOKUP(AE163,ltSchlepper,Maschinen!$L$6,FALSE)*AG163))","v":0},{"$f":"(IF(ISNA(VLOOKUP(AE163,ltSchlepper,Maschinen!$M$6,FALSE))=TRUE,0,VLOOKUP(AE163,ltSchlepper,Maschinen!$M$6,FALSE)*AG163))","v":0},{"$f":"(IF(ISNA(VLOOKUP(AE163,ltSchlepper,Maschinen!$N$6,FALSE))=TRUE,0,VLOOKUP(AE163,ltSchlepper,Maschinen!$N$6,FALSE)*AG163*IF(ISBLANK(AI163),1,AI163)))","v":0},{"$f":"(IF(ISNA(VLOOKUP(AE163,ltSchlepper,Maschinen!$O$6,FALSE))=TRUE,0,VLOOKUP(AE163,ltSchlepper,Maschinen!$O$6,FALSE)*AG163*IF(ISBLANK(AI163),1,AI163)))","v":0},{"$f":"(IF(ISNA(VLOOKUP(AE163,ltSchlepper,Maschinen!$P$6,FALSE))=TRUE,0,VLOOKUP(AE163,ltSchlepper,Maschinen!$P$6,FALSE)*AG163*IF(ISBLANK(AI163),1,AI163)))","v":0},0,{"$f":"(IF(ISNA(VLOOKUP(AK163,ltSchlepper,Maschinen!$K$6,FALSE))=TRUE,0,VLOOKUP(AK163,ltSchlepper,Maschinen!$K$6,FALSE)*AM163))","v":0},{"$f":"(IF(ISNA(VLOOKUP(AK163,ltSchlepper,Maschinen!$L$6,FALSE))=TRUE,0,VLOOKUP(AK163,ltSchlepper,Maschinen!$L$6,FALSE)*AM163))","v":0},{"$f":"(IF(ISNA(VLOOKUP(AK163,ltSchlepper,Maschinen!$M$6,FALSE))=TRUE,0,VLOOKUP(AK163,ltSchlepper,Maschinen!$M$6,FALSE)*AM163))","v":0},{"$f":"(IF(ISNA(VLOOKUP(AK163,ltSchlepper,Maschinen!$N$6,FALSE))=TRUE,0,VLOOKUP(AK163,ltSchlepper,Maschinen!$N$6,FALSE)*AM163*IF(ISBLANK(AO163),1,AO163)))","v":0},{"$f":"(IF(ISNA(VLOOKUP(AK163,ltSchlepper,Maschinen!$O$6,FALSE))=TRUE,0,VLOOKUP(AK163,ltSchlepper,Maschinen!$O$6,FALSE)*AM163*IF(ISBLANK(AO163),1,AO163)))","v":0},{"$f":"(IF(ISNA(VLOOKUP(AK163,ltSchlepper,Maschinen!$P$6,FALSE))=TRUE,0,VLOOKUP(AK163,ltSchlepper,Maschinen!$P$6,FALSE)*AM163*IF(ISBLANK(AO163),1,AO163)))","v":0},0,{"$f":"(IF(ISNA(VLOOKUP(AQ163,ltSchlepper,Maschinen!$K$6,FALSE))=TRUE,0,VLOOKUP(AQ163,ltSchlepper,Maschinen!$K$6,FALSE)*AS163))","v":0},{"$f":"(IF(ISNA(VLOOKUP(AQ163,ltSchlepper,Maschinen!$L$6,FALSE))=TRUE,0,VLOOKUP(AQ163,ltSchlepper,Maschinen!$L$6,FALSE)*AS163))","v":0},{"$f":"(IF(ISNA(VLOOKUP(AQ163,ltSchlepper,Maschinen!$M$6,FALSE))=TRUE,0,VLOOKUP(AQ163,ltSchlepper,Maschinen!$M$6,FALSE)*AS163))","v":0},{"$f":"(IF(ISNA(VLOOKUP(AQ163,ltSchlepper,Maschinen!$N$6,FALSE))=TRUE,0,VLOOKUP(AQ163,ltSchlepper,Maschinen!$N$6,FALSE)*AS163*IF(ISBLANK(AU163),1,AU163)))","v":0},{"$f":"(IF(ISNA(VLOOKUP(AQ163,ltSchlepper,Maschinen!$O$6,FALSE))=TRUE,0,VLOOKUP(AQ163,ltSchlepper,Maschinen!$O$6,FALSE)*AS163*IF(ISBLANK(AU163),1,AU163)))","v":0},{"$f":"(IF(ISNA(VLOOKUP(AQ163,ltSchlepper,Maschinen!$P$6,FALSE))=TRUE,0,VLOOKUP(AQ163,ltSchlepper,Maschinen!$P$6,FALSE)*AS163*IF(ISBLANK(AU163),1,AU163)))","v":0},0,{"$f":"(IF(ISNA(VLOOKUP(Y163,ltSchlepper,Maschinen!$AA$6,FALSE))=TRUE,0,VLOOKUP(Y163,ltSchlepper,Maschinen!$AA$6,FALSE)*AA163))","v":0},{"$f":"(IF(ISNA(VLOOKUP(Y163,ltSchlepper,Maschinen!$AB$6,FALSE))=TRUE,0,VLOOKUP(Y163,ltSchlepper,Maschinen!$AB$6,FALSE)*AA163))","v":0},{"$f":"(IF(ISNA(VLOOKUP(Y163,ltSchlepper,Maschinen!$AC$6,FALSE))=TRUE,0,VLOOKUP(Y163,ltSchlepper,Maschinen!$AC$6,FALSE)*AA163))","v":0},0,{"$f":"(IF(ISNA(VLOOKUP(AE163,ltSchlepper,Maschinen!$AA$6,FALSE))=TRUE,0,VLOOKUP(AE163,ltSchlepper,Maschinen!$AA$6,FALSE)*AG163))","v":0},{"$f":"(IF(ISNA(VLOOKUP(AE163,ltSchlepper,Maschinen!$AB$6,FALSE))=TRUE,0,VLOOKUP(AE163,ltSchlepper,Maschinen!$AB$6,FALSE)*AG163))","v":0},{"$f":"(IF(ISNA(VLOOKUP(AE163,ltSchlepper,Maschinen!$AC$6,FALSE))=TRUE,0,VLOOKUP(AE163,ltSchlepper,Maschinen!$AC$6,FALSE)*AG163))","v":0},0,{"$f":"(IF(ISNA(VLOOKUP(AK163,ltSchlepper,Maschinen!$AA$6,FALSE))=TRUE,0,VLOOKUP(AK163,ltSchlepper,Maschinen!$AA$6,FALSE)*AM163))","v":0},{"$f":"(IF(ISNA(VLOOKUP(AK163,ltSchlepper,Maschinen!$AB$6,FALSE))=TRUE,0,VLOOKUP(AK163,ltSchlepper,Maschinen!$AB$6,FALSE)*AM163))","v":0},{"$f":"(IF(ISNA(VLOOKUP(AK163,ltSchlepper,Maschinen!$AC$6,FALSE))=TRUE,0,VLOOKUP(AK163,ltSchlepper,Maschinen!$AC$6,FALSE)*AM163))","v":0},0,{"$f":"(IF(ISNA(VLOOKUP(AQ163,ltSchlepper,Maschinen!$AA$6,FALSE))=TRUE,0,VLOOKUP(AQ163,ltSchlepper,Maschinen!$AA$6,FALSE)*AS163))","v":0},{"$f":"(IF(ISNA(VLOOKUP(AQ163,ltSchlepper,Maschinen!$AB$6,FALSE))=TRUE,0,VLOOKUP(AQ163,ltSchlepper,Maschinen!$AB$6,FALSE)*AS163))","v":0},{"$f":"(IF(ISNA(VLOOKUP(AQ163,ltSchlepper,Maschinen!$AC$6,FALSE))=TRUE,0,VLOOKUP(AQ163,ltSchlepper,Maschinen!$AC$6,FALSE)*AS163))","v":0},0]
[null,21926,null,null,null,null,null,null,{"$f":"BC164","v":0},{"$f":"H164+I164","v":0},{"$f":"F164+G164-J164","v":0},0.1,{"$f":"(H164+I164)*L164","v":0},{"$f":"M164*Interest","v":0},null,null,{"$f":"O164+P164","v":0},{"$f":"Q164*Lohnanspruch","v":0},{"$f":"J164+N164+R164","v":0},{"$f":"K164-N164-R164","v":0},{"$f":"BG164","v":0},{"$f":"H164+I164+N164+R164+U164","v":0},{"$f":"T164-U164","v":0},null,null,"",null,"",null,{"$f":"IF(ISNA(VLOOKUP(Y164,ltSchlepper,SchKraftstoffVerb,FALSE))=TRUE,0,VLOOKUP(Y164,ltSchlepper,SchKraftstoffVerb,FALSE)*IF(ISBLANK(AC164),1,AC164)*AA164)","v":0},null,"",null,"",null,{"$f":"IF(ISNA(VLOOKUP(AE164,ltSchlepper,SchKraftstoffVerb,FALSE))=TRUE,0,VLOOKUP(AE164,ltSchlepper,SchKraftstoffVerb,FALSE)*IF(ISBLANK(AI164),1,AI164)*AG164)","v":0},null,"",null,"",null,{"$f":"IF(ISNA(VLOOKUP(AK164,ltSchlepper,SchKraftstoffVerb,FALSE))=TRUE,0,VLOOKUP(AK164,ltSchlepper,SchKraftstoffVerb,FALSE)*IF(ISBLANK(AO164),1,AO164)*AM164)","v":0},null,"",null,"",null,{"$f":"IF(ISNA(VLOOKUP(AQ164,ltSchlepper,SchKraftstoffVerb,FALSE))=TRUE,0,VLOOKUP(AQ164,ltSchlepper,SchKraftstoffVerb,FALSE)*IF(ISBLANK(AU164),1,AU164)*AS164)","v":0},{"$f":"BL164+BS164+BZ164+CG164","v":0},0,0,0,{"$f":"BM164+BT164+CA164+CH164","v":0},{"$f":"BN164+BU164+CB164+CI164","v":0},{"$f":"SUM(AX164:AZ164,BA164:BB164)","v":0},0,0,0,0,{"$f":"BG164+BC164","v":0},{"$f":"(IF(ISNA(VLOOKUP(Y164,ltSchlepper,Maschinen!$K$6,FALSE))=TRUE,0,VLOOKUP(Y164,ltSchlepper,Maschinen!$K$6,FALSE)*AA164))","v":0},{"$f":"(IF(ISNA(VLOOKUP(Y164,ltSchlepper,Maschinen!$L$6,FALSE))=TRUE,0,VLOOKUP(Y164,ltSchlepper,Maschinen!$L$6,FALSE)*AA164))","v":0},{"$f":"(IF(ISNA(VLOOKUP(Y164,ltSchlepper,Maschinen!$M$6,FALSE))=TRUE,0,VLOOKUP(Y164,ltSchlepper,Maschinen!$M$6,FALSE)*AA164))","v":0},{"$f":"(IF(ISNA(VLOOKUP(Y164,ltSchlepper,Maschinen!$N$6,FALSE))=TRUE,0,VLOOKUP(Y164,ltSchlepper,Maschinen!$N$6,FALSE)*AA164*IF(ISBLANK(AC164),1,AC164)))","v":0},{"$f":"(IF(ISNA(VLOOKUP(Y164,ltSchlepper,Maschinen!$O$6,FALSE))=TRUE,0,VLOOKUP(Y164,ltSchlepper,Maschinen!$O$6,FALSE)*AA164*IF(ISBLANK(AC164),1,AC164)))","v":0},{"$f":"(IF(ISNA(VLOOKUP(Y164,ltSchlepper,Maschinen!$P$6,FALSE))=TRUE,0,VLOOKUP(Y164,ltSchlepper,Maschinen!$P$6,FALSE)*AA164*IF(ISBLANK(AC164),1,AC164)))","v":0},0,{"$f":"(IF(ISNA(VLOOKUP(AE164,ltSchlepper,Maschinen!$K$6,FALSE))=TRUE,0,VLOOKUP(AE164,ltSchlepper,Maschinen!$K$6,FALSE)*AG164))","v":0},{"$f":"(IF(ISNA(VLOOKUP(AE164,ltSchlepper,Maschinen!$L$6,FALSE))=TRUE,0,VLOOKUP(AE164,ltSchlepper,Maschinen!$L$6,FALSE)*AG164))","v":0},{"$f":"(IF(ISNA(VLOOKUP(AE164,ltSchlepper,Maschinen!$M$6,FALSE))=TRUE,0,VLOOKUP(AE164,ltSchlepper,Maschinen!$M$6,FALSE)*AG164))","v":0},{"$f":"(IF(ISNA(VLOOKUP(AE164,ltSchlepper,Maschinen!$N$6,FALSE))=TRUE,0,VLOOKUP(AE164,ltSchlepper,Maschinen!$N$6,FALSE)*AG164*IF(ISBLANK(AI164),1,AI164)))","v":0},{"$f":"(IF(ISNA(VLOOKUP(AE164,ltSchlepper,Maschinen!$O$6,FALSE))=TRUE,0,VLOOKUP(AE164,ltSchlepper,Maschinen!$O$6,FALSE)*AG164*IF(ISBLANK(AI164),1,AI164)))","v":0},{"$f":"(IF(ISNA(VLOOKUP(AE164,ltSchlepper,Maschinen!$P$6,FALSE))=TRUE,0,VLOOKUP(AE164,ltSchlepper,Maschinen!$P$6,FALSE)*AG164*IF(ISBLANK(AI164),1,AI164)))","v":0},0,{"$f":"(IF(ISNA(VLOOKUP(AK164,ltSchlepper,Maschinen!$K$6,FALSE))=TRUE,0,VLOOKUP(AK164,ltSchlepper,Maschinen!$K$6,FALSE)*AM164))","v":0},{"$f":"(IF(ISNA(VLOOKUP(AK164,ltSchlepper,Maschinen!$L$6,FALSE))=TRUE,0,VLOOKUP(AK164,ltSchlepper,Maschinen!$L$6,FALSE)*AM164))","v":0},{"$f":"(IF(ISNA(VLOOKUP(AK164,ltSchlepper,Maschinen!$M$6,FALSE))=TRUE,0,VLOOKUP(AK164,ltSchlepper,Maschinen!$M$6,FALSE)*AM164))","v":0},{"$f":"(IF(ISNA(VLOOKUP(AK164,ltSchlepper,Maschinen!$N$6,FALSE))=TRUE,0,VLOOKUP(AK164,ltSchlepper,Maschinen!$N$6,FALSE)*AM164*IF(ISBLANK(AO164),1,AO164)))","v":0},{"$f":"(IF(ISNA(VLOOKUP(AK164,ltSchlepper,Maschinen!$O$6,FALSE))=TRUE,0,VLOOKUP(AK164,ltSchlepper,Maschinen!$O$6,FALSE)*AM164*IF(ISBLANK(AO164),1,AO164)))","v":0},{"$f":"(IF(ISNA(VLOOKUP(AK164,ltSchlepper,Maschinen!$P$6,FALSE))=TRUE,0,VLOOKUP(AK164,ltSchlepper,Maschinen!$P$6,FALSE)*AM164*IF(ISBLANK(AO164),1,AO164)))","v":0},0,{"$f":"(IF(ISNA(VLOOKUP(AQ164,ltSchlepper,Maschinen!$K$6,FALSE))=TRUE,0,VLOOKUP(AQ164,ltSchlepper,Maschinen!$K$6,FALSE)*AS164))","v":0},{"$f":"(IF(ISNA(VLOOKUP(AQ164,ltSchlepper,Maschinen!$L$6,FALSE))=TRUE,0,VLOOKUP(AQ164,ltSchlepper,Maschinen!$L$6,FALSE)*AS164))","v":0},{"$f":"(IF(ISNA(VLOOKUP(AQ164,ltSchlepper,Maschinen!$M$6,FALSE))=TRUE,0,VLOOKUP(AQ164,ltSchlepper,Maschinen!$M$6,FALSE)*AS164))","v":0},{"$f":"(IF(ISNA(VLOOKUP(AQ164,ltSchlepper,Maschinen!$N$6,FALSE))=TRUE,0,VLOOKUP(AQ164,ltSchlepper,Maschinen!$N$6,FALSE)*AS164*IF(ISBLANK(AU164),1,AU164)))","v":0},{"$f":"(IF(ISNA(VLOOKUP(AQ164,ltSchlepper,Maschinen!$O$6,FALSE))=TRUE,0,VLOOKUP(AQ164,ltSchlepper,Maschinen!$O$6,FALSE)*AS164*IF(ISBLANK(AU164),1,AU164)))","v":0},{"$f":"(IF(ISNA(VLOOKUP(AQ164,ltSchlepper,Maschinen!$P$6,FALSE))=TRUE,0,VLOOKUP(AQ164,ltSchlepper,Maschinen!$P$6,FALSE)*AS164*IF(ISBLANK(AU164),1,AU164)))","v":0},0,{"$f":"(IF(ISNA(VLOOKUP(Y164,ltSchlepper,Maschinen!$AA$6,FALSE))=TRUE,0,VLOOKUP(Y164,ltSchlepper,Maschinen!$AA$6,FALSE)*AA164))","v":0},{"$f":"(IF(ISNA(VLOOKUP(Y164,ltSchlepper,Maschinen!$AB$6,FALSE))=TRUE,0,VLOOKUP(Y164,ltSchlepper,Maschinen!$AB$6,FALSE)*AA164))","v":0},{"$f":"(IF(ISNA(VLOOKUP(Y164,ltSchlepper,Maschinen!$AC$6,FALSE))=TRUE,0,VLOOKUP(Y164,ltSchlepper,Maschinen!$AC$6,FALSE)*AA164))","v":0},0,{"$f":"(IF(ISNA(VLOOKUP(AE164,ltSchlepper,Maschinen!$AA$6,FALSE))=TRUE,0,VLOOKUP(AE164,ltSchlepper,Maschinen!$AA$6,FALSE)*AG164))","v":0},{"$f":"(IF(ISNA(VLOOKUP(AE164,ltSchlepper,Maschinen!$AB$6,FALSE))=TRUE,0,VLOOKUP(AE164,ltSchlepper,Maschinen!$AB$6,FALSE)*AG164))","v":0},{"$f":"(IF(ISNA(VLOOKUP(AE164,ltSchlepper,Maschinen!$AC$6,FALSE))=TRUE,0,VLOOKUP(AE164,ltSchlepper,Maschinen!$AC$6,FALSE)*AG164))","v":0},0,{"$f":"(IF(ISNA(VLOOKUP(AK164,ltSchlepper,Maschinen!$AA$6,FALSE))=TRUE,0,VLOOKUP(AK164,ltSchlepper,Maschinen!$AA$6,FALSE)*AM164))","v":0},{"$f":"(IF(ISNA(VLOOKUP(AK164,ltSchlepper,Maschinen!$AB$6,FALSE))=TRUE,0,VLOOKUP(AK164,ltSchlepper,Maschinen!$AB$6,FALSE)*AM164))","v":0},{"$f":"(IF(ISNA(VLOOKUP(AK164,ltSchlepper,Maschinen!$AC$6,FALSE))=TRUE,0,VLOOKUP(AK164,ltSchlepper,Maschinen!$AC$6,FALSE)*AM164))","v":0},0,{"$f":"(IF(ISNA(VLOOKUP(AQ164,ltSchlepper,Maschinen!$AA$6,FALSE))=TRUE,0,VLOOKUP(AQ164,ltSchlepper,Maschinen!$AA$6,FALSE)*AS164))","v":0},{"$f":"(IF(ISNA(VLOOKUP(AQ164,ltSchlepper,Maschinen!$AB$6,FALSE))=TRUE,0,VLOOKUP(AQ164,ltSchlepper,Maschinen!$AB$6,FALSE)*AS164))","v":0},{"$f":"(IF(ISNA(VLOOKUP(AQ164,ltSchlepper,Maschinen!$AC$6,FALSE))=TRUE,0,VLOOKUP(AQ164,ltSchlepper,Maschinen!$AC$6,FALSE)*AS164))","v":0},0]
[null,21916,null,null,null,null,null,null,0,0,0,0.1,0,0,null,null,0,0,0,0,0,0,0,null,null,"",null,"",null,0,null,"",null,"",null,0,null,"",null,"",null,0,null,"",null,"",null,0,0,0,0,0,0,0,0,0,0,0,0,0,{"$f":"(IF(ISNA(VLOOKUP(Y165,ltSchlepper,Maschinen!$K$6,FALSE))=TRUE,0,VLOOKUP(Y165,ltSchlepper,Maschinen!$K$6,FALSE)*AA165))","v":0},{"$f":"(IF(ISNA(VLOOKUP(Y165,ltSchlepper,Maschinen!$L$6,FALSE))=TRUE,0,VLOOKUP(Y165,ltSchlepper,Maschinen!$L$6,FALSE)*AA165))","v":0},{"$f":"(IF(ISNA(VLOOKUP(Y165,ltSchlepper,Maschinen!$M$6,FALSE))=TRUE,0,VLOOKUP(Y165,ltSchlepper,Maschinen!$M$6,FALSE)*AA165))","v":0},{"$f":"(IF(ISNA(VLOOKUP(Y165,ltSchlepper,Maschinen!$N$6,FALSE))=TRUE,0,VLOOKUP(Y165,ltSchlepper,Maschinen!$N$6,FALSE)*AA165*IF(ISBLANK(AC165),1,AC165)))","v":0},{"$f":"(IF(ISNA(VLOOKUP(Y165,ltSchlepper,Maschinen!$O$6,FALSE))=TRUE,0,VLOOKUP(Y165,ltSchlepper,Maschinen!$O$6,FALSE)*AA165*IF(ISBLANK(AC165),1,AC165)))","v":0},{"$f":"(IF(ISNA(VLOOKUP(Y165,ltSchlepper,Maschinen!$P$6,FALSE))=TRUE,0,VLOOKUP(Y165,ltSchlepper,Maschinen!$P$6,FALSE)*AA165*IF(ISBLANK(AC165),1,AC165)))","v":0},0,{"$f":"(IF(ISNA(VLOOKUP(AE165,ltSchlepper,Maschinen!$K$6,FALSE))=TRUE,0,VLOOKUP(AE165,ltSchlepper,Maschinen!$K$6,FALSE)*AG165))","v":0},{"$f":"(IF(ISNA(VLOOKUP(AE165,ltSchlepper,Maschinen!$L$6,FALSE))=TRUE,0,VLOOKUP(AE165,ltSchlepper,Maschinen!$L$6,FALSE)*AG165))","v":0},{"$f":"(IF(ISNA(VLOOKUP(AE165,ltSchlepper,Maschinen!$M$6,FALSE))=TRUE,0,VLOOKUP(AE165,ltSchlepper,Maschinen!$M$6,FALSE)*AG165))","v":0},{"$f":"(IF(ISNA(VLOOKUP(AE165,ltSchlepper,Maschinen!$N$6,FALSE))=TRUE,0,VLOOKUP(AE165,ltSchlepper,Maschinen!$N$6,FALSE)*AG165*IF(ISBLANK(AI165),1,AI165)))","v":0},{"$f":"(IF(ISNA(VLOOKUP(AE165,ltSchlepper,Maschinen!$O$6,FALSE))=TRUE,0,VLOOKUP(AE165,ltSchlepper,Maschinen!$O$6,FALSE)*AG165*IF(ISBLANK(AI165),1,AI165)))","v":0},{"$f":"(IF(ISNA(VLOOKUP(AE165,ltSchlepper,Maschinen!$P$6,FALSE))=TRUE,0,VLOOKUP(AE165,ltSchlepper,Maschinen!$P$6,FALSE)*AG165*IF(ISBLANK(AI165),1,AI165)))","v":0},0,{"$f":"(IF(ISNA(VLOOKUP(AK165,ltSchlepper,Maschinen!$K$6,FALSE))=TRUE,0,VLOOKUP(AK165,ltSchlepper,Maschinen!$K$6,FALSE)*AM165))","v":0},{"$f":"(IF(ISNA(VLOOKUP(AK165,ltSchlepper,Maschinen!$L$6,FALSE))=TRUE,0,VLOOKUP(AK165,ltSchlepper,Maschinen!$L$6,FALSE)*AM165))","v":0},{"$f":"(IF(ISNA(VLOOKUP(AK165,ltSchlepper,Maschinen!$M$6,FALSE))=TRUE,0,VLOOKUP(AK165,ltSchlepper,Maschinen!$M$6,FALSE)*AM165))","v":0},{"$f":"(IF(ISNA(VLOOKUP(AK165,ltSchlepper,Maschinen!$N$6,FALSE))=TRUE,0,VLOOKUP(AK165,ltSchlepper,Maschinen!$N$6,FALSE)*AM165*IF(ISBLANK(AO165),1,AO165)))","v":0},{"$f":"(IF(ISNA(VLOOKUP(AK165,ltSchlepper,Maschinen!$O$6,FALSE))=TRUE,0,VLOOKUP(AK165,ltSchlepper,Maschinen!$O$6,FALSE)*AM165*IF(ISBLANK(AO165),1,AO165)))","v":0},{"$f":"(IF(ISNA(VLOOKUP(AK165,ltSchlepper,Maschinen!$P$6,FALSE))=TRUE,0,VLOOKUP(AK165,ltSchlepper,Maschinen!$P$6,FALSE)*AM165*IF(ISBLANK(AO165),1,AO165)))","v":0},0,{"$f":"(IF(ISNA(VLOOKUP(AQ165,ltSchlepper,Maschinen!$K$6,FALSE))=TRUE,0,VLOOKUP(AQ165,ltSchlepper,Maschinen!$K$6,FALSE)*AS165))","v":0},{"$f":"(IF(ISNA(VLOOKUP(AQ165,ltSchlepper,Maschinen!$L$6,FALSE))=TRUE,0,VLOOKUP(AQ165,ltSchlepper,Maschinen!$L$6,FALSE)*AS165))","v":0},{"$f":"(IF(ISNA(VLOOKUP(AQ165,ltSchlepper,Maschinen!$M$6,FALSE))=TRUE,0,VLOOKUP(AQ165,ltSchlepper,Maschinen!$M$6,FALSE)*AS165))","v":0},{"$f":"(IF(ISNA(VLOOKUP(AQ165,ltSchlepper,Maschinen!$N$6,FALSE))=TRUE,0,VLOOKUP(AQ165,ltSchlepper,Maschinen!$N$6,FALSE)*AS165*IF(ISBLANK(AU165),1,AU165)))","v":0},{"$f":"(IF(ISNA(VLOOKUP(AQ165,ltSchlepper,Maschinen!$O$6,FALSE))=TRUE,0,VLOOKUP(AQ165,ltSchlepper,Maschinen!$O$6,FALSE)*AS165*IF(ISBLANK(AU165),1,AU165)))","v":0},{"$f":"(IF(ISNA(VLOOKUP(AQ165,ltSchlepper,Maschinen!$P$6,FALSE))=TRUE,0,VLOOKUP(AQ165,ltSchlepper,Maschinen!$P$6,FALSE)*AS165*IF(ISBLANK(AU165),1,AU165)))","v":0},0,{"$f":"(IF(ISNA(VLOOKUP(Y165,ltSchlepper,Maschinen!$AA$6,FALSE))=TRUE,0,VLOOKUP(Y165,ltSchlepper,Maschinen!$AA$6,FALSE)*AA165))","v":0},{"$f":"(IF(ISNA(VLOOKUP(Y165,ltSchlepper,Maschinen!$AB$6,FALSE))=TRUE,0,VLOOKUP(Y165,ltSchlepper,Maschinen!$AB$6,FALSE)*AA165))","v":0},{"$f":"(IF(ISNA(VLOOKUP(Y165,ltSchlepper,Maschinen!$AC$6,FALSE))=TRUE,0,VLOOKUP(Y165,ltSchlepper,Maschinen!$AC$6,FALSE)*AA165))","v":0},0,{"$f":"(IF(ISNA(VLOOKUP(AE165,ltSchlepper,Maschinen!$AA$6,FALSE))=TRUE,0,VLOOKUP(AE165,ltSchlepper,Maschinen!$AA$6,FALSE)*AG165))","v":0},{"$f":"(IF(ISNA(VLOOKUP(AE165,ltSchlepper,Maschinen!$AB$6,FALSE))=TRUE,0,VLOOKUP(AE165,ltSchlepper,Maschinen!$AB$6,FALSE)*AG165))","v":0},{"$f":"(IF(ISNA(VLOOKUP(AE165,ltSchlepper,Maschinen!$AC$6,FALSE))=TRUE,0,VLOOKUP(AE165,ltSchlepper,Maschinen!$AC$6,FALSE)*AG165))","v":0},0,{"$f":"(IF(ISNA(VLOOKUP(AK165,ltSchlepper,Maschinen!$AA$6,FALSE))=TRUE,0,VLOOKUP(AK165,ltSchlepper,Maschinen!$AA$6,FALSE)*AM165))","v":0},{"$f":"(IF(ISNA(VLOOKUP(AK165,ltSchlepper,Maschinen!$AB$6,FALSE))=TRUE,0,VLOOKUP(AK165,ltSchlepper,Maschinen!$AB$6,FALSE)*AM165))","v":0},{"$f":"(IF(ISNA(VLOOKUP(AK165,ltSchlepper,Maschinen!$AC$6,FALSE))=TRUE,0,VLOOKUP(AK165,ltSchlepper,Maschinen!$AC$6,FALSE)*AM165))","v":0},0,{"$f":"(IF(ISNA(VLOOKUP(AQ165,ltSchlepper,Maschinen!$AA$6,FALSE))=TRUE,0,VLOOKUP(AQ165,ltSchlepper,Maschinen!$AA$6,FALSE)*AS165))","v":0},{"$f":"(IF(ISNA(VLOOKUP(AQ165,ltSchlepper,Maschinen!$AB$6,FALSE))=TRUE,0,VLOOKUP(AQ165,ltSchlepper,Maschinen!$AB$6,FALSE)*AS165))","v":0},{"$f":"(IF(ISNA(VLOOKUP(AQ165,ltSchlepper,Maschinen!$AC$6,FALSE))=TRUE,0,VLOOKUP(AQ165,ltSchlepper,Maschinen!$AC$6,FALSE)*AS165))","v":0},0]
[null,21917,null,null,null,null,null,null,0,0,0,0.1,0,0,null,null,0,0,0,0,0,0,0,null,null,"",null,"",null,0,null,"",null,"",null,0,null,"",null,"",null,0,null,"",null,"",null,0,0,0,0,0,0,0,0,0,0,0,0,0,{"$f":"(IF(ISNA(VLOOKUP(Y166,ltSchlepper,Maschinen!$K$6,FALSE))=TRUE,0,VLOOKUP(Y166,ltSchlepper,Maschinen!$K$6,FALSE)*AA166))","v":0},{"$f":"(IF(ISNA(VLOOKUP(Y166,ltSchlepper,Maschinen!$L$6,FALSE))=TRUE,0,VLOOKUP(Y166,ltSchlepper,Maschinen!$L$6,FALSE)*AA166))","v":0},{"$f":"(IF(ISNA(VLOOKUP(Y166,ltSchlepper,Maschinen!$M$6,FALSE))=TRUE,0,VLOOKUP(Y166,ltSchlepper,Maschinen!$M$6,FALSE)*AA166))","v":0},{"$f":"(IF(ISNA(VLOOKUP(Y166,ltSchlepper,Maschinen!$N$6,FALSE))=TRUE,0,VLOOKUP(Y166,ltSchlepper,Maschinen!$N$6,FALSE)*AA166*IF(ISBLANK(AC166),1,AC166)))","v":0},{"$f":"(IF(ISNA(VLOOKUP(Y166,ltSchlepper,Maschinen!$O$6,FALSE))=TRUE,0,VLOOKUP(Y166,ltSchlepper,Maschinen!$O$6,FALSE)*AA166*IF(ISBLANK(AC166),1,AC166)))","v":0},{"$f":"(IF(ISNA(VLOOKUP(Y166,ltSchlepper,Maschinen!$P$6,FALSE))=TRUE,0,VLOOKUP(Y166,ltSchlepper,Maschinen!$P$6,FALSE)*AA166*IF(ISBLANK(AC166),1,AC166)))","v":0},0,{"$f":"(IF(ISNA(VLOOKUP(AE166,ltSchlepper,Maschinen!$K$6,FALSE))=TRUE,0,VLOOKUP(AE166,ltSchlepper,Maschinen!$K$6,FALSE)*AG166))","v":0},{"$f":"(IF(ISNA(VLOOKUP(AE166,ltSchlepper,Maschinen!$L$6,FALSE))=TRUE,0,VLOOKUP(AE166,ltSchlepper,Maschinen!$L$6,FALSE)*AG166))","v":0},{"$f":"(IF(ISNA(VLOOKUP(AE166,ltSchlepper,Maschinen!$M$6,FALSE))=TRUE,0,VLOOKUP(AE166,ltSchlepper,Maschinen!$M$6,FALSE)*AG166))","v":0},{"$f":"(IF(ISNA(VLOOKUP(AE166,ltSchlepper,Maschinen!$N$6,FALSE))=TRUE,0,VLOOKUP(AE166,ltSchlepper,Maschinen!$N$6,FALSE)*AG166*IF(ISBLANK(AI166),1,AI166)))","v":0},{"$f":"(IF(ISNA(VLOOKUP(AE166,ltSchlepper,Maschinen!$O$6,FALSE))=TRUE,0,VLOOKUP(AE166,ltSchlepper,Maschinen!$O$6,FALSE)*AG166*IF(ISBLANK(AI166),1,AI166)))","v":0},{"$f":"(IF(ISNA(VLOOKUP(AE166,ltSchlepper,Maschinen!$P$6,FALSE))=TRUE,0,VLOOKUP(AE166,ltSchlepper,Maschinen!$P$6,FALSE)*AG166*IF(ISBLANK(AI166),1,AI166)))","v":0},0,{"$f":"(IF(ISNA(VLOOKUP(AK166,ltSchlepper,Maschinen!$K$6,FALSE))=TRUE,0,VLOOKUP(AK166,ltSchlepper,Maschinen!$K$6,FALSE)*AM166))","v":0},{"$f":"(IF(ISNA(VLOOKUP(AK166,ltSchlepper,Maschinen!$L$6,FALSE))=TRUE,0,VLOOKUP(AK166,ltSchlepper,Maschinen!$L$6,FALSE)*AM166))","v":0},{"$f":"(IF(ISNA(VLOOKUP(AK166,ltSchlepper,Maschinen!$M$6,FALSE))=TRUE,0,VLOOKUP(AK166,ltSchlepper,Maschinen!$M$6,FALSE)*AM166))","v":0},{"$f":"(IF(ISNA(VLOOKUP(AK166,ltSchlepper,Maschinen!$N$6,FALSE))=TRUE,0,VLOOKUP(AK166,ltSchlepper,Maschinen!$N$6,FALSE)*AM166*IF(ISBLANK(AO166),1,AO166)))","v":0},{"$f":"(IF(ISNA(VLOOKUP(AK166,ltSchlepper,Maschinen!$O$6,FALSE))=TRUE,0,VLOOKUP(AK166,ltSchlepper,Maschinen!$O$6,FALSE)*AM166*IF(ISBLANK(AO166),1,AO166)))","v":0},{"$f":"(IF(ISNA(VLOOKUP(AK166,ltSchlepper,Maschinen!$P$6,FALSE))=TRUE,0,VLOOKUP(AK166,ltSchlepper,Maschinen!$P$6,FALSE)*AM166*IF(ISBLANK(AO166),1,AO166)))","v":0},0,{"$f":"(IF(ISNA(VLOOKUP(AQ166,ltSchlepper,Maschinen!$K$6,FALSE))=TRUE,0,VLOOKUP(AQ166,ltSchlepper,Maschinen!$K$6,FALSE)*AS166))","v":0},{"$f":"(IF(ISNA(VLOOKUP(AQ166,ltSchlepper,Maschinen!$L$6,FALSE))=TRUE,0,VLOOKUP(AQ166,ltSchlepper,Maschinen!$L$6,FALSE)*AS166))","v":0},{"$f":"(IF(ISNA(VLOOKUP(AQ166,ltSchlepper,Maschinen!$M$6,FALSE))=TRUE,0,VLOOKUP(AQ166,ltSchlepper,Maschinen!$M$6,FALSE)*AS166))","v":0},{"$f":"(IF(ISNA(VLOOKUP(AQ166,ltSchlepper,Maschinen!$N$6,FALSE))=TRUE,0,VLOOKUP(AQ166,ltSchlepper,Maschinen!$N$6,FALSE)*AS166*IF(ISBLANK(AU166),1,AU166)))","v":0},{"$f":"(IF(ISNA(VLOOKUP(AQ166,ltSchlepper,Maschinen!$O$6,FALSE))=TRUE,0,VLOOKUP(AQ166,ltSchlepper,Maschinen!$O$6,FALSE)*AS166*IF(ISBLANK(AU166),1,AU166)))","v":0},{"$f":"(IF(ISNA(VLOOKUP(AQ166,ltSchlepper,Maschinen!$P$6,FALSE))=TRUE,0,VLOOKUP(AQ166,ltSchlepper,Maschinen!$P$6,FALSE)*AS166*IF(ISBLANK(AU166),1,AU166)))","v":0},0,{"$f":"(IF(ISNA(VLOOKUP(Y166,ltSchlepper,Maschinen!$AA$6,FALSE))=TRUE,0,VLOOKUP(Y166,ltSchlepper,Maschinen!$AA$6,FALSE)*AA166))","v":0},{"$f":"(IF(ISNA(VLOOKUP(Y166,ltSchlepper,Maschinen!$AB$6,FALSE))=TRUE,0,VLOOKUP(Y166,ltSchlepper,Maschinen!$AB$6,FALSE)*AA166))","v":0},{"$f":"(IF(ISNA(VLOOKUP(Y166,ltSchlepper,Maschinen!$AC$6,FALSE))=TRUE,0,VLOOKUP(Y166,ltSchlepper,Maschinen!$AC$6,FALSE)*AA166))","v":0},0,{"$f":"(IF(ISNA(VLOOKUP(AE166,ltSchlepper,Maschinen!$AA$6,FALSE))=TRUE,0,VLOOKUP(AE166,ltSchlepper,Maschinen!$AA$6,FALSE)*AG166))","v":0},{"$f":"(IF(ISNA(VLOOKUP(AE166,ltSchlepper,Maschinen!$AB$6,FALSE))=TRUE,0,VLOOKUP(AE166,ltSchlepper,Maschinen!$AB$6,FALSE)*AG166))","v":0},{"$f":"(IF(ISNA(VLOOKUP(AE166,ltSchlepper,Maschinen!$AC$6,FALSE))=TRUE,0,VLOOKUP(AE166,ltSchlepper,Maschinen!$AC$6,FALSE)*AG166))","v":0},0,{"$f":"(IF(ISNA(VLOOKUP(AK166,ltSchlepper,Maschinen!$AA$6,FALSE))=TRUE,0,VLOOKUP(AK166,ltSchlepper,Maschinen!$AA$6,FALSE)*AM166))","v":0},{"$f":"(IF(ISNA(VLOOKUP(AK166,ltSchlepper,Maschinen!$AB$6,FALSE))=TRUE,0,VLOOKUP(AK166,ltSchlepper,Maschinen!$AB$6,FALSE)*AM166))","v":0},{"$f":"(IF(ISNA(VLOOKUP(AK166,ltSchlepper,Maschinen!$AC$6,FALSE))=TRUE,0,VLOOKUP(AK166,ltSchlepper,Maschinen!$AC$6,FALSE)*AM166))","v":0},0,{"$f":"(IF(ISNA(VLOOKUP(AQ166,ltSchlepper,Maschinen!$AA$6,FALSE))=TRUE,0,VLOOKUP(AQ166,ltSchlepper,Maschinen!$AA$6,FALSE)*AS166))","v":0},{"$f":"(IF(ISNA(VLOOKUP(AQ166,ltSchlepper,Maschinen!$AB$6,FALSE))=TRUE,0,VLOOKUP(AQ166,ltSchlepper,Maschinen!$AB$6,FALSE)*AS166))","v":0},{"$f":"(IF(ISNA(VLOOKUP(AQ166,ltSchlepper,Maschinen!$AC$6,FALSE))=TRUE,0,VLOOKUP(AQ166,ltSchlepper,Maschinen!$AC$6,FALSE)*AS166))","v":0},0]
[null,21927,null,null,null,null,null,null,{"$f":"BC167","v":0},{"$f":"H167+I167","v":0},{"$f":"F167+G167-J167","v":0},0.1,{"$f":"(H167+I167)*L167","v":0},{"$f":"M167*Interest","v":0},null,null,{"$f":"O167+P167","v":0},{"$f":"Q167*Lohnanspruch","v":0},{"$f":"J167+N167+R167","v":0},{"$f":"K167-N167-R167","v":0},{"$f":"BG167","v":0},{"$f":"H167+I167+N167+R167+U167","v":0},{"$f":"T167-U167","v":0},null,null,{"$f":"IF(ISNA(VLOOKUP(Y167,ltSchlepper,2,FALSE))=TRUE,\"\",VLOOKUP(Y167,ltSchlepper,2,FALSE))","v":""},null,{"$f":"IF(ISNA(VLOOKUP(Y167,ltSchlepper,3,FALSE))=TRUE,\"\",VLOOKUP(Y167,ltSchlepper,3,FALSE))","v":""},null,{"$f":"IF(ISNA(VLOOKUP(Y167,ltSchlepper,SchKraftstoffVerb,FALSE))=TRUE,0,VLOOKUP(Y167,ltSchlepper,SchKraftstoffVerb,FALSE)*IF(ISBLANK(AC167),1,AC167)*AA167)","v":0},null,{"$f":"IF(ISNA(VLOOKUP(AE167,ltSchlepper,2,FALSE))=TRUE,\"\",VLOOKUP(AE167,ltSchlepper,2,FALSE))","v":""},null,{"$f":"IF(ISNA(VLOOKUP(AE167,ltSchlepper,3,FALSE))=TRUE,\"\",VLOOKUP(AE167,ltSchlepper,3,FALSE))","v":""},null,{"$f":"IF(ISNA(VLOOKUP(AE167,ltSchlepper,SchKraftstoffVerb,FALSE))=TRUE,0,VLOOKUP(AE167,ltSchlepper,SchKraftstoffVerb,FALSE)*IF(ISBLANK(AI167),1,AI167)*AG167)","v":0},null,{"$f":"IF(ISNA(VLOOKUP(AK167,ltSchlepper,2,FALSE))=TRUE,\"\",VLOOKUP(AK167,ltSchlepper,2,FALSE))","v":""},null,{"$f":"IF(ISNA(VLOOKUP(AK167,ltSchlepper,3,FALSE))=TRUE,\"\",VLOOKUP(AK167,ltSchlepper,3,FALSE))","v":""},null,{"$f":"IF(ISNA(VLOOKUP(AK167,ltSchlepper,SchKraftstoffVerb,FALSE))=TRUE,0,VLOOKUP(AK167,ltSchlepper,SchKraftstoffVerb,FALSE)*IF(ISBLANK(AO167),1,AO167)*AM167)","v":0},null,{"$f":"IF(ISNA(VLOOKUP(AQ167,ltSchlepper,2,FALSE))=TRUE,\"\",VLOOKUP(AQ167,ltSchlepper,2,FALSE))","v":""},null,{"$f":"IF(ISNA(VLOOKUP(AQ167,ltSchlepper,3,FALSE))=TRUE,\"\",VLOOKUP(AQ167,ltSchlepper,3,FALSE))","v":""},null,{"$f":"IF(ISNA(VLOOKUP(AQ167,ltSchlepper,SchKraftstoffVerb,FALSE))=TRUE,0,VLOOKUP(AQ167,ltSchlepper,SchKraftstoffVerb,FALSE)*IF(ISBLANK(AU167),1,AU167)*AS167)","v":0},{"$f":"BL167+BS167+BZ167+CG167","v":0},{"$f":"BI167+BP167+BW167+CD167","v":0},0,0,{"$f":"BM167+BT167+CA167+CH167","v":0},{"$f":"BN167+BU167+CB167+CI167","v":0},{"$f":"SUM(AX167:AZ167,BA167:BB167)","v":0},{"$f":"CK167+CO167+CS167+CW167","v":0},0,0,0,{"$f":"BG167+BC167","v":0},{"$f":"(IF(ISNA(VLOOKUP(Y167,ltSchlepper,Maschinen!$K$6,FALSE))=TRUE,0,VLOOKUP(Y167,ltSchlepper,Maschinen!$K$6,FALSE)*AA167))","v":0},{"$f":"(IF(ISNA(VLOOKUP(Y167,ltSchlepper,Maschinen!$L$6,FALSE))=TRUE,0,VLOOKUP(Y167,ltSchlepper,Maschinen!$L$6,FALSE)*AA167))","v":0},{"$f":"(IF(ISNA(VLOOKUP(Y167,ltSchlepper,Maschinen!$M$6,FALSE))=TRUE,0,VLOOKUP(Y167,ltSchlepper,Maschinen!$M$6,FALSE)*AA167))","v":0},{"$f":"(IF(ISNA(VLOOKUP(Y167,ltSchlepper,Maschinen!$N$6,FALSE))=TRUE,0,VLOOKUP(Y167,ltSchlepper,Maschinen!$N$6,FALSE)*AA167*IF(ISBLANK(AC167),1,AC167)))","v":0},{"$f":"(IF(ISNA(VLOOKUP(Y167,ltSchlepper,Maschinen!$O$6,FALSE))=TRUE,0,VLOOKUP(Y167,ltSchlepper,Maschinen!$O$6,FALSE)*AA167*IF(ISBLANK(AC167),1,AC167)))","v":0},{"$f":"(IF(ISNA(VLOOKUP(Y167,ltSchlepper,Maschinen!$P$6,FALSE))=TRUE,0,VLOOKUP(Y167,ltSchlepper,Maschinen!$P$6,FALSE)*AA167*IF(ISBLANK(AC167),1,AC167)))","v":0},{"$f":"SUM(BI167:BK167,BM167:BN167)","v":0},{"$f":"(IF(ISNA(VLOOKUP(AE167,ltSchlepper,Maschinen!$K$6,FALSE))=TRUE,0,VLOOKUP(AE167,ltSchlepper,Maschinen!$K$6,FALSE)*AG167))","v":0},{"$f":"(IF(ISNA(VLOOKUP(AE167,ltSchlepper,Maschinen!$L$6,FALSE))=TRUE,0,VLOOKUP(AE167,ltSchlepper,Maschinen!$L$6,FALSE)*AG167))","v":0},{"$f":"(IF(ISNA(VLOOKUP(AE167,ltSchlepper,Maschinen!$M$6,FALSE))=TRUE,0,VLOOKUP(AE167,ltSchlepper,Maschinen!$M$6,FALSE)*AG167))","v":0},{"$f":"(IF(ISNA(VLOOKUP(AE167,ltSchlepper,Maschinen!$N$6,FALSE))=TRUE,0,VLOOKUP(AE167,ltSchlepper,Maschinen!$N$6,FALSE)*AG167*IF(ISBLANK(AI167),1,AI167)))","v":0},{"$f":"(IF(ISNA(VLOOKUP(AE167,ltSchlepper,Maschinen!$O$6,FALSE))=TRUE,0,VLOOKUP(AE167,ltSchlepper,Maschinen!$O$6,FALSE)*AG167*IF(ISBLANK(AI167),1,AI167)))","v":0},{"$f":"(IF(ISNA(VLOOKUP(AE167,ltSchlepper,Maschinen!$P$6,FALSE))=TRUE,0,VLOOKUP(AE167,ltSchlepper,Maschinen!$P$6,FALSE)*AG167*IF(ISBLANK(AI167),1,AI167)))","v":0},{"$f":"SUM(BP167:BR167,BT167:BU167)","v":0},{"$f":"(IF(ISNA(VLOOKUP(AK167,ltSchlepper,Maschinen!$K$6,FALSE))=TRUE,0,VLOOKUP(AK167,ltSchlepper,Maschinen!$K$6,FALSE)*AM167))","v":0},{"$f":"(IF(ISNA(VLOOKUP(AK167,ltSchlepper,Maschinen!$L$6,FALSE))=TRUE,0,VLOOKUP(AK167,ltSchlepper,Maschinen!$L$6,FALSE)*AM167))","v":0},{"$f":"(IF(ISNA(VLOOKUP(AK167,ltSchlepper,Maschinen!$M$6,FALSE))=TRUE,0,VLOOKUP(AK167,ltSchlepper,Maschinen!$M$6,FALSE)*AM167))","v":0},{"$f":"(IF(ISNA(VLOOKUP(AK167,ltSchlepper,Maschinen!$N$6,FALSE))=TRUE,0,VLOOKUP(AK167,ltSchlepper,Maschinen!$N$6,FALSE)*AM167*IF(ISBLANK(AO167),1,AO167)))","v":0},{"$f":"(IF(ISNA(VLOOKUP(AK167,ltSchlepper,Maschinen!$O$6,FALSE))=TRUE,0,VLOOKUP(AK167,ltSchlepper,Maschinen!$O$6,FALSE)*AM167*IF(ISBLANK(AO167),1,AO167)))","v":0},{"$f":"(IF(ISNA(VLOOKUP(AK167,ltSchlepper,Maschinen!$P$6,FALSE))=TRUE,0,VLOOKUP(AK167,ltSchlepper,Maschinen!$P$6,FALSE)*AM167*IF(ISBLANK(AO167),1,AO167)))","v":0},{"$f":"SUM(BW167:BY167,CA167:CB167)","v":0},{"$f":"(IF(ISNA(VLOOKUP(AQ167,ltSchlepper,Maschinen!$K$6,FALSE))=TRUE,0,VLOOKUP(AQ167,ltSchlepper,Maschinen!$K$6,FALSE)*AS167))","v":0},{"$f":"(IF(ISNA(VLOOKUP(AQ167,ltSchlepper,Maschinen!$L$6,FALSE))=TRUE,0,VLOOKUP(AQ167,ltSchlepper,Maschinen!$L$6,FALSE)*AS167))","v":0},{"$f":"(IF(ISNA(VLOOKUP(AQ167,ltSchlepper,Maschinen!$M$6,FALSE))=TRUE,0,VLOOKUP(AQ167,ltSchlepper,Maschinen!$M$6,FALSE)*AS167))","v":0},{"$f":"(IF(ISNA(VLOOKUP(AQ167,ltSchlepper,Maschinen!$N$6,FALSE))=TRUE,0,VLOOKUP(AQ167,ltSchlepper,Maschinen!$N$6,FALSE)*AS167*IF(ISBLANK(AU167),1,AU167)))","v":0},{"$f":"(IF(ISNA(VLOOKUP(AQ167,ltSchlepper,Maschinen!$O$6,FALSE))=TRUE,0,VLOOKUP(AQ167,ltSchlepper,Maschinen!$O$6,FALSE)*AS167*IF(ISBLANK(AU167),1,AU167)))","v":0},{"$f":"(IF(ISNA(VLOOKUP(AQ167,ltSchlepper,Maschinen!$P$6,FALSE))=TRUE,0,VLOOKUP(AQ167,ltSchlepper,Maschinen!$P$6,FALSE)*AS167*IF(ISBLANK(AU167),1,AU167)))","v":0},{"$f":"SUM(CD167:CF167,CH167:CI167)","v":0},{"$f":"(IF(ISNA(VLOOKUP(Y167,ltSchlepper,Maschinen!$AA$6,FALSE))=TRUE,0,VLOOKUP(Y167,ltSchlepper,Maschinen!$AA$6,FALSE)*AA167))","v":0},{"$f":"(IF(ISNA(VLOOKUP(Y167,ltSchlepper,Maschinen!$AB$6,FALSE))=TRUE,0,VLOOKUP(Y167,ltSchlepper,Maschinen!$AB$6,FALSE)*AA167))","v":0},{"$f":"(IF(ISNA(VLOOKUP(Y167,ltSchlepper,Maschinen!$AC$6,FALSE))=TRUE,0,VLOOKUP(Y167,ltSchlepper,Maschinen!$AC$6,FALSE)*AA167))","v":0},{"$f":"SUM(CK167:CM167)","v":0},{"$f":"(IF(ISNA(VLOOKUP(AE167,ltSchlepper,Maschinen!$AA$6,FALSE))=TRUE,0,VLOOKUP(AE167,ltSchlepper,Maschinen!$AA$6,FALSE)*AG167))","v":0},{"$f":"(IF(ISNA(VLOOKUP(AE167,ltSchlepper,Maschinen!$AB$6,FALSE))=TRUE,0,VLOOKUP(AE167,ltSchlepper,Maschinen!$AB$6,FALSE)*AG167))","v":0},{"$f":"(IF(ISNA(VLOOKUP(AE167,ltSchlepper,Maschinen!$AC$6,FALSE))=TRUE,0,VLOOKUP(AE167,ltSchlepper,Maschinen!$AC$6,FALSE)*AG167))","v":0},{"$f":"SUM(CO167:CQ167)","v":0},{"$f":"(IF(ISNA(VLOOKUP(AK167,ltSchlepper,Maschinen!$AA$6,FALSE))=TRUE,0,VLOOKUP(AK167,ltSchlepper,Maschinen!$AA$6,FALSE)*AM167))","v":0},{"$f":"(IF(ISNA(VLOOKUP(AK167,ltSchlepper,Maschinen!$AB$6,FALSE))=TRUE,0,VLOOKUP(AK167,ltSchlepper,Maschinen!$AB$6,FALSE)*AM167))","v":0},{"$f":"(IF(ISNA(VLOOKUP(AK167,ltSchlepper,Maschinen!$AC$6,FALSE))=TRUE,0,VLOOKUP(AK167,ltSchlepper,Maschinen!$AC$6,FALSE)*AM167))","v":0},{"$f":"SUM(CS167:CU167)","v":0},{"$f":"(IF(ISNA(VLOOKUP(AQ167,ltSchlepper,Maschinen!$AA$6,FALSE))=TRUE,0,VLOOKUP(AQ167,ltSchlepper,Maschinen!$AA$6,FALSE)*AS167))","v":0},{"$f":"(IF(ISNA(VLOOKUP(AQ167,ltSchlepper,Maschinen!$AB$6,FALSE))=TRUE,0,VLOOKUP(AQ167,ltSchlepper,Maschinen!$AB$6,FALSE)*AS167))","v":0},{"$f":"(IF(ISNA(VLOOKUP(AQ167,ltSchlepper,Maschinen!$AC$6,FALSE))=TRUE,0,VLOOKUP(AQ167,ltSchlepper,Maschinen!$AC$6,FALSE)*AS167))","v":0},{"$f":"SUM(CW167:CY167)","v":0}]
[null,21928,null,null,null,null,null,null,{"$f":"BC168","v":0},{"$f":"H168+I168","v":0},{"$f":"F168+G168-J168","v":0},0.1,{"$f":"(H168+I168)*L168","v":0},{"$f":"M168*Interest","v":0},null,null,{"$f":"O168+P168","v":0},{"$f":"Q168*Lohnanspruch","v":0},{"$f":"J168+N168+R168","v":0},{"$f":"K168-N168-R168","v":0},{"$f":"BG168","v":0},{"$f":"H168+I168+N168+R168+U168","v":0},{"$f":"T168-U168","v":0},null,null,{"$f":"IF(ISNA(VLOOKUP(Y168,ltSchlepper,2,FALSE))=TRUE,\"\",VLOOKUP(Y168,ltSchlepper,2,FALSE))","v":""},null,{"$f":"IF(ISNA(VLOOKUP(Y168,ltSchlepper,3,FALSE))=TRUE,\"\",VLOOKUP(Y168,ltSchlepper,3,FALSE))","v":""},null,{"$f":"IF(ISNA(VLOOKUP(Y168,ltSchlepper,SchKraftstoffVerb,FALSE))=TRUE,0,VLOOKUP(Y168,ltSchlepper,SchKraftstoffVerb,FALSE)*IF(ISBLANK(AC168),1,AC168)*AA168)","v":0},null,{"$f":"IF(ISNA(VLOOKUP(AE168,ltSchlepper,2,FALSE))=TRUE,\"\",VLOOKUP(AE168,ltSchlepper,2,FALSE))","v":""},null,{"$f":"IF(ISNA(VLOOKUP(AE168,ltSchlepper,3,FALSE))=TRUE,\"\",VLOOKUP(AE168,ltSchlepper,3,FALSE))","v":""},null,{"$f":"IF(ISNA(VLOOKUP(AE168,ltSchlepper,SchKraftstoffVerb,FALSE))=TRUE,0,VLOOKUP(AE168,ltSchlepper,SchKraftstoffVerb,FALSE)*IF(ISBLANK(AI168),1,AI168)*AG168)","v":0},null,{"$f":"IF(ISNA(VLOOKUP(AK168,ltSchlepper,2,FALSE))=TRUE,\"\",VLOOKUP(AK168,ltSchlepper,2,FALSE))","v":""},null,{"$f":"IF(ISNA(VLOOKUP(AK168,ltSchlepper,3,FALSE))=TRUE,\"\",VLOOKUP(AK168,ltSchlepper,3,FALSE))","v":""},null,{"$f":"IF(ISNA(VLOOKUP(AK168,ltSchlepper,SchKraftstoffVerb,FALSE))=TRUE,0,VLOOKUP(AK168,ltSchlepper,SchKraftstoffVerb,FALSE)*IF(ISBLANK(AO168),1,AO168)*AM168)","v":0},null,{"$f":"IF(ISNA(VLOOKUP(AQ168,ltSchlepper,2,FALSE))=TRUE,\"\",VLOOKUP(AQ168,ltSchlepper,2,FALSE))","v":""},null,{"$f":"IF(ISNA(VLOOKUP(AQ168,ltSchlepper,3,FALSE))=TRUE,\"\",VLOOKUP(AQ168,ltSchlepper,3,FALSE))","v":""},null,{"$f":"IF(ISNA(VLOOKUP(AQ168,ltSchlepper,SchKraftstoffVerb,FALSE))=TRUE,0,VLOOKUP(AQ168,ltSchlepper,SchKraftstoffVerb,FALSE)*IF(ISBLANK(AU168),1,AU168)*AS168)","v":0},{"$f":"BL168+BS168+BZ168+CG168","v":0},0,0,0,{"$f":"BM168+BT168+CA168+CH168","v":0},{"$f":"BN168+BU168+CB168+CI168","v":0},{"$f":"SUM(AX168:AZ168,BA168:BB168)","v":0},0,0,0,0,{"$f":"BG168+BC168","v":0},{"$f":"(IF(ISNA(VLOOKUP(Y168,ltSchlepper,Maschinen!$K$6,FALSE))=TRUE,0,VLOOKUP(Y168,ltSchlepper,Maschinen!$K$6,FALSE)*AA168))","v":0},{"$f":"(IF(ISNA(VLOOKUP(Y168,ltSchlepper,Maschinen!$L$6,FALSE))=TRUE,0,VLOOKUP(Y168,ltSchlepper,Maschinen!$L$6,FALSE)*AA168))","v":0},{"$f":"(IF(ISNA(VLOOKUP(Y168,ltSchlepper,Maschinen!$M$6,FALSE))=TRUE,0,VLOOKUP(Y168,ltSchlepper,Maschinen!$M$6,FALSE)*AA168))","v":0},{"$f":"(IF(ISNA(VLOOKUP(Y168,ltSchlepper,Maschinen!$N$6,FALSE))=TRUE,0,VLOOKUP(Y168,ltSchlepper,Maschinen!$N$6,FALSE)*AA168*IF(ISBLANK(AC168),1,AC168)))","v":0},{"$f":"(IF(ISNA(VLOOKUP(Y168,ltSchlepper,Maschinen!$O$6,FALSE))=TRUE,0,VLOOKUP(Y168,ltSchlepper,Maschinen!$O$6,FALSE)*AA168*IF(ISBLANK(AC168),1,AC168)))","v":0},{"$f":"(IF(ISNA(VLOOKUP(Y168,ltSchlepper,Maschinen!$P$6,FALSE))=TRUE,0,VLOOKUP(Y168,ltSchlepper,Maschinen!$P$6,FALSE)*AA168*IF(ISBLANK(AC168),1,AC168)))","v":0},{"$f":"SUM(BI168:BK168,BM168:BN168)","v":0},{"$f":"(IF(ISNA(VLOOKUP(AE168,ltSchlepper,Maschinen!$K$6,FALSE))=TRUE,0,VLOOKUP(AE168,ltSchlepper,Maschinen!$K$6,FALSE)*AG168))","v":0},{"$f":"(IF(ISNA(VLOOKUP(AE168,ltSchlepper,Maschinen!$L$6,FALSE))=TRUE,0,VLOOKUP(AE168,ltSchlepper,Maschinen!$L$6,FALSE)*AG168))","v":0},{"$f":"(IF(ISNA(VLOOKUP(AE168,ltSchlepper,Maschinen!$M$6,FALSE))=TRUE,0,VLOOKUP(AE168,ltSchlepper,Maschinen!$M$6,FALSE)*AG168))","v":0},{"$f":"(IF(ISNA(VLOOKUP(AE168,ltSchlepper,Maschinen!$N$6,FALSE))=TRUE,0,VLOOKUP(AE168,ltSchlepper,Maschinen!$N$6,FALSE)*AG168*IF(ISBLANK(AI168),1,AI168)))","v":0},{"$f":"(IF(ISNA(VLOOKUP(AE168,ltSchlepper,Maschinen!$O$6,FALSE))=TRUE,0,VLOOKUP(AE168,ltSchlepper,Maschinen!$O$6,FALSE)*AG168*IF(ISBLANK(AI168),1,AI168)))","v":0},{"$f":"(IF(ISNA(VLOOKUP(AE168,ltSchlepper,Maschinen!$P$6,FALSE))=TRUE,0,VLOOKUP(AE168,ltSchlepper,Maschinen!$P$6,FALSE)*AG168*IF(ISBLANK(AI168),1,AI168)))","v":0},{"$f":"SUM(BP168:BR168,BT168:BU168)","v":0},{"$f":"(IF(ISNA(VLOOKUP(AK168,ltSchlepper,Maschinen!$K$6,FALSE))=TRUE,0,VLOOKUP(AK168,ltSchlepper,Maschinen!$K$6,FALSE)*AM168))","v":0},{"$f":"(IF(ISNA(VLOOKUP(AK168,ltSchlepper,Maschinen!$L$6,FALSE))=TRUE,0,VLOOKUP(AK168,ltSchlepper,Maschinen!$L$6,FALSE)*AM168))","v":0},{"$f":"(IF(ISNA(VLOOKUP(AK168,ltSchlepper,Maschinen!$M$6,FALSE))=TRUE,0,VLOOKUP(AK168,ltSchlepper,Maschinen!$M$6,FALSE)*AM168))","v":0},{"$f":"(IF(ISNA(VLOOKUP(AK168,ltSchlepper,Maschinen!$N$6,FALSE))=TRUE,0,VLOOKUP(AK168,ltSchlepper,Maschinen!$N$6,FALSE)*AM168*IF(ISBLANK(AO168),1,AO168)))","v":0},{"$f":"(IF(ISNA(VLOOKUP(AK168,ltSchlepper,Maschinen!$O$6,FALSE))=TRUE,0,VLOOKUP(AK168,ltSchlepper,Maschinen!$O$6,FALSE)*AM168*IF(ISBLANK(AO168),1,AO168)))","v":0},{"$f":"(IF(ISNA(VLOOKUP(AK168,ltSchlepper,Maschinen!$P$6,FALSE))=TRUE,0,VLOOKUP(AK168,ltSchlepper,Maschinen!$P$6,FALSE)*AM168*IF(ISBLANK(AO168),1,AO168)))","v":0},{"$f":"SUM(BW168:BY168,CA168:CB168)","v":0},{"$f":"(IF(ISNA(VLOOKUP(AQ168,ltSchlepper,Maschinen!$K$6,FALSE))=TRUE,0,VLOOKUP(AQ168,ltSchlepper,Maschinen!$K$6,FALSE)*AS168))","v":0},{"$f":"(IF(ISNA(VLOOKUP(AQ168,ltSchlepper,Maschinen!$L$6,FALSE))=TRUE,0,VLOOKUP(AQ168,ltSchlepper,Maschinen!$L$6,FALSE)*AS168))","v":0},{"$f":"(IF(ISNA(VLOOKUP(AQ168,ltSchlepper,Maschinen!$M$6,FALSE))=TRUE,0,VLOOKUP(AQ168,ltSchlepper,Maschinen!$M$6,FALSE)*AS168))","v":0},{"$f":"(IF(ISNA(VLOOKUP(AQ168,ltSchlepper,Maschinen!$N$6,FALSE))=TRUE,0,VLOOKUP(AQ168,ltSchlepper,Maschinen!$N$6,FALSE)*AS168*IF(ISBLANK(AU168),1,AU168)))","v":0},{"$f":"(IF(ISNA(VLOOKUP(AQ168,ltSchlepper,Maschinen!$O$6,FALSE))=TRUE,0,VLOOKUP(AQ168,ltSchlepper,Maschinen!$O$6,FALSE)*AS168*IF(ISBLANK(AU168),1,AU168)))","v":0},{"$f":"(IF(ISNA(VLOOKUP(AQ168,ltSchlepper,Maschinen!$P$6,FALSE))=TRUE,0,VLOOKUP(AQ168,ltSchlepper,Maschinen!$P$6,FALSE)*AS168*IF(ISBLANK(AU168),1,AU168)))","v":0},{"$f":"SUM(CD168:CF168,CH168:CI168)","v":0},{"$f":"(IF(ISNA(VLOOKUP(Y168,ltSchlepper,Maschinen!$AA$6,FALSE))=TRUE,0,VLOOKUP(Y168,ltSchlepper,Maschinen!$AA$6,FALSE)*AA168))","v":0},{"$f":"(IF(ISNA(VLOOKUP(Y168,ltSchlepper,Maschinen!$AB$6,FALSE))=TRUE,0,VLOOKUP(Y168,ltSchlepper,Maschinen!$AB$6,FALSE)*AA168))","v":0},{"$f":"(IF(ISNA(VLOOKUP(Y168,ltSchlepper,Maschinen!$AC$6,FALSE))=TRUE,0,VLOOKUP(Y168,ltSchlepper,Maschinen!$AC$6,FALSE)*AA168))","v":0},{"$f":"SUM(CK168:CM168)","v":0},{"$f":"(IF(ISNA(VLOOKUP(AE168,ltSchlepper,Maschinen!$AA$6,FALSE))=TRUE,0,VLOOKUP(AE168,ltSchlepper,Maschinen!$AA$6,FALSE)*AG168))","v":0},{"$f":"(IF(ISNA(VLOOKUP(AE168,ltSchlepper,Maschinen!$AB$6,FALSE))=TRUE,0,VLOOKUP(AE168,ltSchlepper,Maschinen!$AB$6,FALSE)*AG168))","v":0},{"$f":"(IF(ISNA(VLOOKUP(AE168,ltSchlepper,Maschinen!$AC$6,FALSE))=TRUE,0,VLOOKUP(AE168,ltSchlepper,Maschinen!$AC$6,FALSE)*AG168))","v":0},{"$f":"SUM(CO168:CQ168)","v":0},{"$f":"(IF(ISNA(VLOOKUP(AK168,ltSchlepper,Maschinen!$AA$6,FALSE))=TRUE,0,VLOOKUP(AK168,ltSchlepper,Maschinen!$AA$6,FALSE)*AM168))","v":0},{"$f":"(IF(ISNA(VLOOKUP(AK168,ltSchlepper,Maschinen!$AB$6,FALSE))=TRUE,0,VLOOKUP(AK168,ltSchlepper,Maschinen!$AB$6,FALSE)*AM168))","v":0},{"$f":"(IF(ISNA(VLOOKUP(AK168,ltSchlepper,Maschinen!$AC$6,FALSE))=TRUE,0,VLOOKUP(AK168,ltSchlepper,Maschinen!$AC$6,FALSE)*AM168))","v":0},{"$f":"SUM(CS168:CU168)","v":0},{"$f":"(IF(ISNA(VLOOKUP(AQ168,ltSchlepper,Maschinen!$AA$6,FALSE))=TRUE,0,VLOOKUP(AQ168,ltSchlepper,Maschinen!$AA$6,FALSE)*AS168))","v":0},{"$f":"(IF(ISNA(VLOOKUP(AQ168,ltSchlepper,Maschinen!$AB$6,FALSE))=TRUE,0,VLOOKUP(AQ168,ltSchlepper,Maschinen!$AB$6,FALSE)*AS168))","v":0},{"$f":"(IF(ISNA(VLOOKUP(AQ168,ltSchlepper,Maschinen!$AC$6,FALSE))=TRUE,0,VLOOKUP(AQ168,ltSchlepper,Maschinen!$AC$6,FALSE)*AS168))","v":0},{"$f":"SUM(CW168:CY168)","v":0}]
[null,21918,null,null,null,null,null,null,0,0,0,0.1,0,{"$f":"M169*Interest","v":0},null,null,0,{"$f":"Q169*Lohnanspruch","v":0},{"$f":"J169+N169+R169","v":0},{"$f":"K169-N169-R169","v":0},0,{"$f":"H169+I169+N169+R169+U169","v":0},0,null,null,"",null,"",null,0,null,"",null,"",null,0,null,"",null,"",null,0,null,"",null,"",null,0,{"$f":"BL169+BS169+BZ169+CG169","v":0},{"$f":"BI169+BP169+BW169+CD169","v":0},{"$f":"BJ169+BQ169+BX169+CE169","v":0},{"$f":"BK169+BR169+BY169+CF169","v":0},{"$f":"BM169+BT169+CA169+CH169","v":0},{"$f":"BN169+BU169+CB169+CI169","v":0},{"$f":"SUM(AX169:AZ169,BA169:BB169)","v":0},{"$f":"CK169+CO169+CS169+CW169","v":0},{"$f":"CL169+CP169+CT169+CX169","v":0},{"$f":"CM169+CQ169+CU169+CY169","v":0},{"$f":"CN169+CR169+CV169+CZ169","v":0},{"$f":"BG169+BC169","v":0},{"$f":"(IF(ISNA(VLOOKUP(Y169,ltSchlepper,Maschinen!$K$6,FALSE))=TRUE,0,VLOOKUP(Y169,ltSchlepper,Maschinen!$K$6,FALSE)*AA169))","v":0},{"$f":"(IF(ISNA(VLOOKUP(Y169,ltSchlepper,Maschinen!$L$6,FALSE))=TRUE,0,VLOOKUP(Y169,ltSchlepper,Maschinen!$L$6,FALSE)*AA169))","v":0},{"$f":"(IF(ISNA(VLOOKUP(Y169,ltSchlepper,Maschinen!$M$6,FALSE))=TRUE,0,VLOOKUP(Y169,ltSchlepper,Maschinen!$M$6,FALSE)*AA169))","v":0},{"$f":"(IF(ISNA(VLOOKUP(Y169,ltSchlepper,Maschinen!$N$6,FALSE))=TRUE,0,VLOOKUP(Y169,ltSchlepper,Maschinen!$N$6,FALSE)*AA169*IF(ISBLANK(AC169),1,AC169)))","v":0},{"$f":"(IF(ISNA(VLOOKUP(Y169,ltSchlepper,Maschinen!$O$6,FALSE))=TRUE,0,VLOOKUP(Y169,ltSchlepper,Maschinen!$O$6,FALSE)*AA169*IF(ISBLANK(AC169),1,AC169)))","v":0},{"$f":"(IF(ISNA(VLOOKUP(Y169,ltSchlepper,Maschinen!$P$6,FALSE))=TRUE,0,VLOOKUP(Y169,ltSchlepper,Maschinen!$P$6,FALSE)*AA169*IF(ISBLANK(AC169),1,AC169)))","v":0},0,{"$f":"(IF(ISNA(VLOOKUP(AE169,ltSchlepper,Maschinen!$K$6,FALSE))=TRUE,0,VLOOKUP(AE169,ltSchlepper,Maschinen!$K$6,FALSE)*AG169))","v":0},{"$f":"(IF(ISNA(VLOOKUP(AE169,ltSchlepper,Maschinen!$L$6,FALSE))=TRUE,0,VLOOKUP(AE169,ltSchlepper,Maschinen!$L$6,FALSE)*AG169))","v":0},{"$f":"(IF(ISNA(VLOOKUP(AE169,ltSchlepper,Maschinen!$M$6,FALSE))=TRUE,0,VLOOKUP(AE169,ltSchlepper,Maschinen!$M$6,FALSE)*AG169))","v":0},{"$f":"(IF(ISNA(VLOOKUP(AE169,ltSchlepper,Maschinen!$N$6,FALSE))=TRUE,0,VLOOKUP(AE169,ltSchlepper,Maschinen!$N$6,FALSE)*AG169*IF(ISBLANK(AI169),1,AI169)))","v":0},{"$f":"(IF(ISNA(VLOOKUP(AE169,ltSchlepper,Maschinen!$O$6,FALSE))=TRUE,0,VLOOKUP(AE169,ltSchlepper,Maschinen!$O$6,FALSE)*AG169*IF(ISBLANK(AI169),1,AI169)))","v":0},{"$f":"(IF(ISNA(VLOOKUP(AE169,ltSchlepper,Maschinen!$P$6,FALSE))=TRUE,0,VLOOKUP(AE169,ltSchlepper,Maschinen!$P$6,FALSE)*AG169*IF(ISBLANK(AI169),1,AI169)))","v":0},0,{"$f":"(IF(ISNA(VLOOKUP(AK169,ltSchlepper,Maschinen!$K$6,FALSE))=TRUE,0,VLOOKUP(AK169,ltSchlepper,Maschinen!$K$6,FALSE)*AM169))","v":0},{"$f":"(IF(ISNA(VLOOKUP(AK169,ltSchlepper,Maschinen!$L$6,FALSE))=TRUE,0,VLOOKUP(AK169,ltSchlepper,Maschinen!$L$6,FALSE)*AM169))","v":0},{"$f":"(IF(ISNA(VLOOKUP(AK169,ltSchlepper,Maschinen!$M$6,FALSE))=TRUE,0,VLOOKUP(AK169,ltSchlepper,Maschinen!$M$6,FALSE)*AM169))","v":0},{"$f":"(IF(ISNA(VLOOKUP(AK169,ltSchlepper,Maschinen!$N$6,FALSE))=TRUE,0,VLOOKUP(AK169,ltSchlepper,Maschinen!$N$6,FALSE)*AM169*IF(ISBLANK(AO169),1,AO169)))","v":0},{"$f":"(IF(ISNA(VLOOKUP(AK169,ltSchlepper,Maschinen!$O$6,FALSE))=TRUE,0,VLOOKUP(AK169,ltSchlepper,Maschinen!$O$6,FALSE)*AM169*IF(ISBLANK(AO169),1,AO169)))","v":0},{"$f":"(IF(ISNA(VLOOKUP(AK169,ltSchlepper,Maschinen!$P$6,FALSE))=TRUE,0,VLOOKUP(AK169,ltSchlepper,Maschinen!$P$6,FALSE)*AM169*IF(ISBLANK(AO169),1,AO169)))","v":0},0,{"$f":"(IF(ISNA(VLOOKUP(AQ169,ltSchlepper,Maschinen!$K$6,FALSE))=TRUE,0,VLOOKUP(AQ169,ltSchlepper,Maschinen!$K$6,FALSE)*AS169))","v":0},{"$f":"(IF(ISNA(VLOOKUP(AQ169,ltSchlepper,Maschinen!$L$6,FALSE))=TRUE,0,VLOOKUP(AQ169,ltSchlepper,Maschinen!$L$6,FALSE)*AS169))","v":0},{"$f":"(IF(ISNA(VLOOKUP(AQ169,ltSchlepper,Maschinen!$M$6,FALSE))=TRUE,0,VLOOKUP(AQ169,ltSchlepper,Maschinen!$M$6,FALSE)*AS169))","v":0},{"$f":"(IF(ISNA(VLOOKUP(AQ169,ltSchlepper,Maschinen!$N$6,FALSE))=TRUE,0,VLOOKUP(AQ169,ltSchlepper,Maschinen!$N$6,FALSE)*AS169*IF(ISBLANK(AU169),1,AU169)))","v":0},{"$f":"(IF(ISNA(VLOOKUP(AQ169,ltSchlepper,Maschinen!$O$6,FALSE))=TRUE,0,VLOOKUP(AQ169,ltSchlepper,Maschinen!$O$6,FALSE)*AS169*IF(ISBLANK(AU169),1,AU169)))","v":0},{"$f":"(IF(ISNA(VLOOKUP(AQ169,ltSchlepper,Maschinen!$P$6,FALSE))=TRUE,0,VLOOKUP(AQ169,ltSchlepper,Maschinen!$P$6,FALSE)*AS169*IF(ISBLANK(AU169),1,AU169)))","v":0},0,{"$f":"(IF(ISNA(VLOOKUP(Y169,ltSchlepper,Maschinen!$AA$6,FALSE))=TRUE,0,VLOOKUP(Y169,ltSchlepper,Maschinen!$AA$6,FALSE)*AA169))","v":0},{"$f":"(IF(ISNA(VLOOKUP(Y169,ltSchlepper,Maschinen!$AB$6,FALSE))=TRUE,0,VLOOKUP(Y169,ltSchlepper,Maschinen!$AB$6,FALSE)*AA169))","v":0},{"$f":"(IF(ISNA(VLOOKUP(Y169,ltSchlepper,Maschinen!$AC$6,FALSE))=TRUE,0,VLOOKUP(Y169,ltSchlepper,Maschinen!$AC$6,FALSE)*AA169))","v":0},0,{"$f":"(IF(ISNA(VLOOKUP(AE169,ltSchlepper,Maschinen!$AA$6,FALSE))=TRUE,0,VLOOKUP(AE169,ltSchlepper,Maschinen!$AA$6,FALSE)*AG169))","v":0},{"$f":"(IF(ISNA(VLOOKUP(AE169,ltSchlepper,Maschinen!$AB$6,FALSE))=TRUE,0,VLOOKUP(AE169,ltSchlepper,Maschinen!$AB$6,FALSE)*AG169))","v":0},{"$f":"(IF(ISNA(VLOOKUP(AE169,ltSchlepper,Maschinen!$AC$6,FALSE))=TRUE,0,VLOOKUP(AE169,ltSchlepper,Maschinen!$AC$6,FALSE)*AG169))","v":0},0,{"$f":"(IF(ISNA(VLOOKUP(AK169,ltSchlepper,Maschinen!$AA$6,FALSE))=TRUE,0,VLOOKUP(AK169,ltSchlepper,Maschinen!$AA$6,FALSE)*AM169))","v":0},{"$f":"(IF(ISNA(VLOOKUP(AK169,ltSchlepper,Maschinen!$AB$6,FALSE))=TRUE,0,VLOOKUP(AK169,ltSchlepper,Maschinen!$AB$6,FALSE)*AM169))","v":0},{"$f":"(IF(ISNA(VLOOKUP(AK169,ltSchlepper,Maschinen!$AC$6,FALSE))=TRUE,0,VLOOKUP(AK169,ltSchlepper,Maschinen!$AC$6,FALSE)*AM169))","v":0},0,{"$f":"(IF(ISNA(VLOOKUP(AQ169,ltSchlepper,Maschinen!$AA$6,FALSE))=TRUE,0,VLOOKUP(AQ169,ltSchlepper,Maschinen!$AA$6,FALSE)*AS169))","v":0},{"$f":"(IF(ISNA(VLOOKUP(AQ169,ltSchlepper,Maschinen!$AB$6,FALSE))=TRUE,0,VLOOKUP(AQ169,ltSchlepper,Maschinen!$AB$6,FALSE)*AS169))","v":0},{"$f":"(IF(ISNA(VLOOKUP(AQ169,ltSchlepper,Maschinen!$AC$6,FALSE))=TRUE,0,VLOOKUP(AQ169,ltSchlepper,Maschinen!$AC$6,FALSE)*AS169))","v":0},0]
[null,21919,null,null,null,null,null,null,0,0,0,0.1,0,0,null,null,0,0,0,0,0,0,0,null,null,"",null,"",null,{"$f":"IF(ISNA(VLOOKUP(Y170,ltSchlepper,SchKraftstoffVerb,FALSE))=TRUE,0,VLOOKUP(Y170,ltSchlepper,SchKraftstoffVerb,FALSE)*IF(ISBLANK(AC170),1,AC170)*AA170)","v":0},null,"",null,"",null,{"$f":"IF(ISNA(VLOOKUP(AE170,ltSchlepper,SchKraftstoffVerb,FALSE))=TRUE,0,VLOOKUP(AE170,ltSchlepper,SchKraftstoffVerb,FALSE)*IF(ISBLANK(AI170),1,AI170)*AG170)","v":0},null,"",null,"",null,{"$f":"IF(ISNA(VLOOKUP(AK170,ltSchlepper,SchKraftstoffVerb,FALSE))=TRUE,0,VLOOKUP(AK170,ltSchlepper,SchKraftstoffVerb,FALSE)*IF(ISBLANK(AO170),1,AO170)*AM170)","v":0},null,"",null,"",null,{"$f":"IF(ISNA(VLOOKUP(AQ170,ltSchlepper,SchKraftstoffVerb,FALSE))=TRUE,0,VLOOKUP(AQ170,ltSchlepper,SchKraftstoffVerb,FALSE)*IF(ISBLANK(AU170),1,AU170)*AS170)","v":0},0,0,0,0,0,0,0,0,0,0,0,0,{"$f":"(IF(ISNA(VLOOKUP(Y170,ltSchlepper,Maschinen!$K$6,FALSE))=TRUE,0,VLOOKUP(Y170,ltSchlepper,Maschinen!$K$6,FALSE)*AA170))","v":0},{"$f":"(IF(ISNA(VLOOKUP(Y170,ltSchlepper,Maschinen!$L$6,FALSE))=TRUE,0,VLOOKUP(Y170,ltSchlepper,Maschinen!$L$6,FALSE)*AA170))","v":0},{"$f":"(IF(ISNA(VLOOKUP(Y170,ltSchlepper,Maschinen!$M$6,FALSE))=TRUE,0,VLOOKUP(Y170,ltSchlepper,Maschinen!$M$6,FALSE)*AA170))","v":0},{"$f":"(IF(ISNA(VLOOKUP(Y170,ltSchlepper,Maschinen!$N$6,FALSE))=TRUE,0,VLOOKUP(Y170,ltSchlepper,Maschinen!$N$6,FALSE)*AA170*IF(ISBLANK(AC170),1,AC170)))","v":0},{"$f":"(IF(ISNA(VLOOKUP(Y170,ltSchlepper,Maschinen!$O$6,FALSE))=TRUE,0,VLOOKUP(Y170,ltSchlepper,Maschinen!$O$6,FALSE)*AA170*IF(ISBLANK(AC170),1,AC170)))","v":0},{"$f":"(IF(ISNA(VLOOKUP(Y170,ltSchlepper,Maschinen!$P$6,FALSE))=TRUE,0,VLOOKUP(Y170,ltSchlepper,Maschinen!$P$6,FALSE)*AA170*IF(ISBLANK(AC170),1,AC170)))","v":0},0,{"$f":"(IF(ISNA(VLOOKUP(AE170,ltSchlepper,Maschinen!$K$6,FALSE))=TRUE,0,VLOOKUP(AE170,ltSchlepper,Maschinen!$K$6,FALSE)*AG170))","v":0},{"$f":"(IF(ISNA(VLOOKUP(AE170,ltSchlepper,Maschinen!$L$6,FALSE))=TRUE,0,VLOOKUP(AE170,ltSchlepper,Maschinen!$L$6,FALSE)*AG170))","v":0},{"$f":"(IF(ISNA(VLOOKUP(AE170,ltSchlepper,Maschinen!$M$6,FALSE))=TRUE,0,VLOOKUP(AE170,ltSchlepper,Maschinen!$M$6,FALSE)*AG170))","v":0},{"$f":"(IF(ISNA(VLOOKUP(AE170,ltSchlepper,Maschinen!$N$6,FALSE))=TRUE,0,VLOOKUP(AE170,ltSchlepper,Maschinen!$N$6,FALSE)*AG170*IF(ISBLANK(AI170),1,AI170)))","v":0},{"$f":"(IF(ISNA(VLOOKUP(AE170,ltSchlepper,Maschinen!$O$6,FALSE))=TRUE,0,VLOOKUP(AE170,ltSchlepper,Maschinen!$O$6,FALSE)*AG170*IF(ISBLANK(AI170),1,AI170)))","v":0},{"$f":"(IF(ISNA(VLOOKUP(AE170,ltSchlepper,Maschinen!$P$6,FALSE))=TRUE,0,VLOOKUP(AE170,ltSchlepper,Maschinen!$P$6,FALSE)*AG170*IF(ISBLANK(AI170),1,AI170)))","v":0},0,{"$f":"(IF(ISNA(VLOOKUP(AK170,ltSchlepper,Maschinen!$K$6,FALSE))=TRUE,0,VLOOKUP(AK170,ltSchlepper,Maschinen!$K$6,FALSE)*AM170))","v":0},{"$f":"(IF(ISNA(VLOOKUP(AK170,ltSchlepper,Maschinen!$L$6,FALSE))=TRUE,0,VLOOKUP(AK170,ltSchlepper,Maschinen!$L$6,FALSE)*AM170))","v":0},{"$f":"(IF(ISNA(VLOOKUP(AK170,ltSchlepper,Maschinen!$M$6,FALSE))=TRUE,0,VLOOKUP(AK170,ltSchlepper,Maschinen!$M$6,FALSE)*AM170))","v":0},{"$f":"(IF(ISNA(VLOOKUP(AK170,ltSchlepper,Maschinen!$N$6,FALSE))=TRUE,0,VLOOKUP(AK170,ltSchlepper,Maschinen!$N$6,FALSE)*AM170*IF(ISBLANK(AO170),1,AO170)))","v":0},{"$f":"(IF(ISNA(VLOOKUP(AK170,ltSchlepper,Maschinen!$O$6,FALSE))=TRUE,0,VLOOKUP(AK170,ltSchlepper,Maschinen!$O$6,FALSE)*AM170*IF(ISBLANK(AO170),1,AO170)))","v":0},{"$f":"(IF(ISNA(VLOOKUP(AK170,ltSchlepper,Maschinen!$P$6,FALSE))=TRUE,0,VLOOKUP(AK170,ltSchlepper,Maschinen!$P$6,FALSE)*AM170*IF(ISBLANK(AO170),1,AO170)))","v":0},0,{"$f":"(IF(ISNA(VLOOKUP(AQ170,ltSchlepper,Maschinen!$K$6,FALSE))=TRUE,0,VLOOKUP(AQ170,ltSchlepper,Maschinen!$K$6,FALSE)*AS170))","v":0},{"$f":"(IF(ISNA(VLOOKUP(AQ170,ltSchlepper,Maschinen!$L$6,FALSE))=TRUE,0,VLOOKUP(AQ170,ltSchlepper,Maschinen!$L$6,FALSE)*AS170))","v":0},{"$f":"(IF(ISNA(VLOOKUP(AQ170,ltSchlepper,Maschinen!$M$6,FALSE))=TRUE,0,VLOOKUP(AQ170,ltSchlepper,Maschinen!$M$6,FALSE)*AS170))","v":0},{"$f":"(IF(ISNA(VLOOKUP(AQ170,ltSchlepper,Maschinen!$N$6,FALSE))=TRUE,0,VLOOKUP(AQ170,ltSchlepper,Maschinen!$N$6,FALSE)*AS170*IF(ISBLANK(AU170),1,AU170)))","v":0},{"$f":"(IF(ISNA(VLOOKUP(AQ170,ltSchlepper,Maschinen!$O$6,FALSE))=TRUE,0,VLOOKUP(AQ170,ltSchlepper,Maschinen!$O$6,FALSE)*AS170*IF(ISBLANK(AU170),1,AU170)))","v":0},{"$f":"(IF(ISNA(VLOOKUP(AQ170,ltSchlepper,Maschinen!$P$6,FALSE))=TRUE,0,VLOOKUP(AQ170,ltSchlepper,Maschinen!$P$6,FALSE)*AS170*IF(ISBLANK(AU170),1,AU170)))","v":0},0,{"$f":"(IF(ISNA(VLOOKUP(Y170,ltSchlepper,Maschinen!$AA$6,FALSE))=TRUE,0,VLOOKUP(Y170,ltSchlepper,Maschinen!$AA$6,FALSE)*AA170))","v":0},{"$f":"(IF(ISNA(VLOOKUP(Y170,ltSchlepper,Maschinen!$AB$6,FALSE))=TRUE,0,VLOOKUP(Y170,ltSchlepper,Maschinen!$AB$6,FALSE)*AA170))","v":0},{"$f":"(IF(ISNA(VLOOKUP(Y170,ltSchlepper,Maschinen!$AC$6,FALSE))=TRUE,0,VLOOKUP(Y170,ltSchlepper,Maschinen!$AC$6,FALSE)*AA170))","v":0},0,{"$f":"(IF(ISNA(VLOOKUP(AE170,ltSchlepper,Maschinen!$AA$6,FALSE))=TRUE,0,VLOOKUP(AE170,ltSchlepper,Maschinen!$AA$6,FALSE)*AG170))","v":0},{"$f":"(IF(ISNA(VLOOKUP(AE170,ltSchlepper,Maschinen!$AB$6,FALSE))=TRUE,0,VLOOKUP(AE170,ltSchlepper,Maschinen!$AB$6,FALSE)*AG170))","v":0},{"$f":"(IF(ISNA(VLOOKUP(AE170,ltSchlepper,Maschinen!$AC$6,FALSE))=TRUE,0,VLOOKUP(AE170,ltSchlepper,Maschinen!$AC$6,FALSE)*AG170))","v":0},0,{"$f":"(IF(ISNA(VLOOKUP(AK170,ltSchlepper,Maschinen!$AA$6,FALSE))=TRUE,0,VLOOKUP(AK170,ltSchlepper,Maschinen!$AA$6,FALSE)*AM170))","v":0},{"$f":"(IF(ISNA(VLOOKUP(AK170,ltSchlepper,Maschinen!$AB$6,FALSE))=TRUE,0,VLOOKUP(AK170,ltSchlepper,Maschinen!$AB$6,FALSE)*AM170))","v":0},{"$f":"(IF(ISNA(VLOOKUP(AK170,ltSchlepper,Maschinen!$AC$6,FALSE))=TRUE,0,VLOOKUP(AK170,ltSchlepper,Maschinen!$AC$6,FALSE)*AM170))","v":0},0,{"$f":"(IF(ISNA(VLOOKUP(AQ170,ltSchlepper,Maschinen!$AA$6,FALSE))=TRUE,0,VLOOKUP(AQ170,ltSchlepper,Maschinen!$AA$6,FALSE)*AS170))","v":0},{"$f":"(IF(ISNA(VLOOKUP(AQ170,ltSchlepper,Maschinen!$AB$6,FALSE))=TRUE,0,VLOOKUP(AQ170,ltSchlepper,Maschinen!$AB$6,FALSE)*AS170))","v":0},{"$f":"(IF(ISNA(VLOOKUP(AQ170,ltSchlepper,Maschinen!$AC$6,FALSE))=TRUE,0,VLOOKUP(AQ170,ltSchlepper,Maschinen!$AC$6,FALSE)*AS170))","v":0},0]
[null,21920,null,null,null,null,null,null,0,0,0,0.1,0,0,null,null,0,0,0,0,0,0,0,null,null,{"$f":"IF(ISNA(VLOOKUP(Y171,ltSchlepper,2,FALSE))=TRUE,\"\",VLOOKUP(Y171,ltSchlepper,2,FALSE))","v":""},null,"",null,0,null,"",null,"",null,0,null,"",null,"",null,0,null,"",null,"",null,0,0,0,0,0,0,0,0,0,0,0,0,0,{"$f":"(IF(ISNA(VLOOKUP(Y171,ltSchlepper,Maschinen!$K$6,FALSE))=TRUE,0,VLOOKUP(Y171,ltSchlepper,Maschinen!$K$6,FALSE)*AA171))","v":0},{"$f":"(IF(ISNA(VLOOKUP(Y171,ltSchlepper,Maschinen!$L$6,FALSE))=TRUE,0,VLOOKUP(Y171,ltSchlepper,Maschinen!$L$6,FALSE)*AA171))","v":0},{"$f":"(IF(ISNA(VLOOKUP(Y171,ltSchlepper,Maschinen!$M$6,FALSE))=TRUE,0,VLOOKUP(Y171,ltSchlepper,Maschinen!$M$6,FALSE)*AA171))","v":0},{"$f":"(IF(ISNA(VLOOKUP(Y171,ltSchlepper,Maschinen!$N$6,FALSE))=TRUE,0,VLOOKUP(Y171,ltSchlepper,Maschinen!$N$6,FALSE)*AA171*IF(ISBLANK(AC171),1,AC171)))","v":0},{"$f":"(IF(ISNA(VLOOKUP(Y171,ltSchlepper,Maschinen!$O$6,FALSE))=TRUE,0,VLOOKUP(Y171,ltSchlepper,Maschinen!$O$6,FALSE)*AA171*IF(ISBLANK(AC171),1,AC171)))","v":0},{"$f":"(IF(ISNA(VLOOKUP(Y171,ltSchlepper,Maschinen!$P$6,FALSE))=TRUE,0,VLOOKUP(Y171,ltSchlepper,Maschinen!$P$6,FALSE)*AA171*IF(ISBLANK(AC171),1,AC171)))","v":0},0,{"$f":"(IF(ISNA(VLOOKUP(AE171,ltSchlepper,Maschinen!$K$6,FALSE))=TRUE,0,VLOOKUP(AE171,ltSchlepper,Maschinen!$K$6,FALSE)*AG171))","v":0},{"$f":"(IF(ISNA(VLOOKUP(AE171,ltSchlepper,Maschinen!$L$6,FALSE))=TRUE,0,VLOOKUP(AE171,ltSchlepper,Maschinen!$L$6,FALSE)*AG171))","v":0},{"$f":"(IF(ISNA(VLOOKUP(AE171,ltSchlepper,Maschinen!$M$6,FALSE))=TRUE,0,VLOOKUP(AE171,ltSchlepper,Maschinen!$M$6,FALSE)*AG171))","v":0},{"$f":"(IF(ISNA(VLOOKUP(AE171,ltSchlepper,Maschinen!$N$6,FALSE))=TRUE,0,VLOOKUP(AE171,ltSchlepper,Maschinen!$N$6,FALSE)*AG171*IF(ISBLANK(AI171),1,AI171)))","v":0},{"$f":"(IF(ISNA(VLOOKUP(AE171,ltSchlepper,Maschinen!$O$6,FALSE))=TRUE,0,VLOOKUP(AE171,ltSchlepper,Maschinen!$O$6,FALSE)*AG171*IF(ISBLANK(AI171),1,AI171)))","v":0},{"$f":"(IF(ISNA(VLOOKUP(AE171,ltSchlepper,Maschinen!$P$6,FALSE))=TRUE,0,VLOOKUP(AE171,ltSchlepper,Maschinen!$P$6,FALSE)*AG171*IF(ISBLANK(AI171),1,AI171)))","v":0},0,{"$f":"(IF(ISNA(VLOOKUP(AK171,ltSchlepper,Maschinen!$K$6,FALSE))=TRUE,0,VLOOKUP(AK171,ltSchlepper,Maschinen!$K$6,FALSE)*AM171))","v":0},{"$f":"(IF(ISNA(VLOOKUP(AK171,ltSchlepper,Maschinen!$L$6,FALSE))=TRUE,0,VLOOKUP(AK171,ltSchlepper,Maschinen!$L$6,FALSE)*AM171))","v":0},{"$f":"(IF(ISNA(VLOOKUP(AK171,ltSchlepper,Maschinen!$M$6,FALSE))=TRUE,0,VLOOKUP(AK171,ltSchlepper,Maschinen!$M$6,FALSE)*AM171))","v":0},{"$f":"(IF(ISNA(VLOOKUP(AK171,ltSchlepper,Maschinen!$N$6,FALSE))=TRUE,0,VLOOKUP(AK171,ltSchlepper,Maschinen!$N$6,FALSE)*AM171*IF(ISBLANK(AO171),1,AO171)))","v":0},{"$f":"(IF(ISNA(VLOOKUP(AK171,ltSchlepper,Maschinen!$O$6,FALSE))=TRUE,0,VLOOKUP(AK171,ltSchlepper,Maschinen!$O$6,FALSE)*AM171*IF(ISBLANK(AO171),1,AO171)))","v":0},{"$f":"(IF(ISNA(VLOOKUP(AK171,ltSchlepper,Maschinen!$P$6,FALSE))=TRUE,0,VLOOKUP(AK171,ltSchlepper,Maschinen!$P$6,FALSE)*AM171*IF(ISBLANK(AO171),1,AO171)))","v":0},0,{"$f":"(IF(ISNA(VLOOKUP(AQ171,ltSchlepper,Maschinen!$K$6,FALSE))=TRUE,0,VLOOKUP(AQ171,ltSchlepper,Maschinen!$K$6,FALSE)*AS171))","v":0},{"$f":"(IF(ISNA(VLOOKUP(AQ171,ltSchlepper,Maschinen!$L$6,FALSE))=TRUE,0,VLOOKUP(AQ171,ltSchlepper,Maschinen!$L$6,FALSE)*AS171))","v":0},{"$f":"(IF(ISNA(VLOOKUP(AQ171,ltSchlepper,Maschinen!$M$6,FALSE))=TRUE,0,VLOOKUP(AQ171,ltSchlepper,Maschinen!$M$6,FALSE)*AS171))","v":0},{"$f":"(IF(ISNA(VLOOKUP(AQ171,ltSchlepper,Maschinen!$N$6,FALSE))=TRUE,0,VLOOKUP(AQ171,ltSchlepper,Maschinen!$N$6,FALSE)*AS171*IF(ISBLANK(AU171),1,AU171)))","v":0},{"$f":"(IF(ISNA(VLOOKUP(AQ171,ltSchlepper,Maschinen!$O$6,FALSE))=TRUE,0,VLOOKUP(AQ171,ltSchlepper,Maschinen!$O$6,FALSE)*AS171*IF(ISBLANK(AU171),1,AU171)))","v":0},{"$f":"(IF(ISNA(VLOOKUP(AQ171,ltSchlepper,Maschinen!$P$6,FALSE))=TRUE,0,VLOOKUP(AQ171,ltSchlepper,Maschinen!$P$6,FALSE)*AS171*IF(ISBLANK(AU171),1,AU171)))","v":0},0,{"$f":"(IF(ISNA(VLOOKUP(Y171,ltSchlepper,Maschinen!$AA$6,FALSE))=TRUE,0,VLOOKUP(Y171,ltSchlepper,Maschinen!$AA$6,FALSE)*AA171))","v":0},{"$f":"(IF(ISNA(VLOOKUP(Y171,ltSchlepper,Maschinen!$AB$6,FALSE))=TRUE,0,VLOOKUP(Y171,ltSchlepper,Maschinen!$AB$6,FALSE)*AA171))","v":0},{"$f":"(IF(ISNA(VLOOKUP(Y171,ltSchlepper,Maschinen!$AC$6,FALSE))=TRUE,0,VLOOKUP(Y171,ltSchlepper,Maschinen!$AC$6,FALSE)*AA171))","v":0},0,{"$f":"(IF(ISNA(VLOOKUP(AE171,ltSchlepper,Maschinen!$AA$6,FALSE))=TRUE,0,VLOOKUP(AE171,ltSchlepper,Maschinen!$AA$6,FALSE)*AG171))","v":0},{"$f":"(IF(ISNA(VLOOKUP(AE171,ltSchlepper,Maschinen!$AB$6,FALSE))=TRUE,0,VLOOKUP(AE171,ltSchlepper,Maschinen!$AB$6,FALSE)*AG171))","v":0},{"$f":"(IF(ISNA(VLOOKUP(AE171,ltSchlepper,Maschinen!$AC$6,FALSE))=TRUE,0,VLOOKUP(AE171,ltSchlepper,Maschinen!$AC$6,FALSE)*AG171))","v":0},0,{"$f":"(IF(ISNA(VLOOKUP(AK171,ltSchlepper,Maschinen!$AA$6,FALSE))=TRUE,0,VLOOKUP(AK171,ltSchlepper,Maschinen!$AA$6,FALSE)*AM171))","v":0},{"$f":"(IF(ISNA(VLOOKUP(AK171,ltSchlepper,Maschinen!$AB$6,FALSE))=TRUE,0,VLOOKUP(AK171,ltSchlepper,Maschinen!$AB$6,FALSE)*AM171))","v":0},{"$f":"(IF(ISNA(VLOOKUP(AK171,ltSchlepper,Maschinen!$AC$6,FALSE))=TRUE,0,VLOOKUP(AK171,ltSchlepper,Maschinen!$AC$6,FALSE)*AM171))","v":0},0,{"$f":"(IF(ISNA(VLOOKUP(AQ171,ltSchlepper,Maschinen!$AA$6,FALSE))=TRUE,0,VLOOKUP(AQ171,ltSchlepper,Maschinen!$AA$6,FALSE)*AS171))","v":0},{"$f":"(IF(ISNA(VLOOKUP(AQ171,ltSchlepper,Maschinen!$AB$6,FALSE))=TRUE,0,VLOOKUP(AQ171,ltSchlepper,Maschinen!$AB$6,FALSE)*AS171))","v":0},{"$f":"(IF(ISNA(VLOOKUP(AQ171,ltSchlepper,Maschinen!$AC$6,FALSE))=TRUE,0,VLOOKUP(AQ171,ltSchlepper,Maschinen!$AC$6,FALSE)*AS171))","v":0},0]
[null,null,"XXX",null,null,null,null,null,0,0,0,null,0,0,null,null,0,0,0,0,0,0,0,null,null,null,null,null,null,0,null,null,null,null,null,0,null,null,null,null,null,0,null,null,null,null,null,0,0,0,0,0,0,0,0,0,0,0,0,0,{"$f":"(IF(ISNA(VLOOKUP(Y172,ltSchlepper,Maschinen!$K$6,FALSE))=TRUE,0,VLOOKUP(Y172,ltSchlepper,Maschinen!$K$6,FALSE)*AA172))","v":0},{"$f":"(IF(ISNA(VLOOKUP(Y172,ltSchlepper,Maschinen!$L$6,FALSE))=TRUE,0,VLOOKUP(Y172,ltSchlepper,Maschinen!$L$6,FALSE)*AA172))","v":0},{"$f":"(IF(ISNA(VLOOKUP(Y172,ltSchlepper,Maschinen!$M$6,FALSE))=TRUE,0,VLOOKUP(Y172,ltSchlepper,Maschinen!$M$6,FALSE)*AA172))","v":0},{"$f":"(IF(ISNA(VLOOKUP(Y172,ltSchlepper,Maschinen!$N$6,FALSE))=TRUE,0,VLOOKUP(Y172,ltSchlepper,Maschinen!$N$6,FALSE)*AA172*IF(ISBLANK(AC172),1,AC172)))","v":0},{"$f":"(IF(ISNA(VLOOKUP(Y172,ltSchlepper,Maschinen!$O$6,FALSE))=TRUE,0,VLOOKUP(Y172,ltSchlepper,Maschinen!$O$6,FALSE)*AA172*IF(ISBLANK(AC172),1,AC172)))","v":0},{"$f":"(IF(ISNA(VLOOKUP(Y172,ltSchlepper,Maschinen!$P$6,FALSE))=TRUE,0,VLOOKUP(Y172,ltSchlepper,Maschinen!$P$6,FALSE)*AA172*IF(ISBLANK(AC172),1,AC172)))","v":0},0,{"$f":"(IF(ISNA(VLOOKUP(AE172,ltSchlepper,Maschinen!$K$6,FALSE))=TRUE,0,VLOOKUP(AE172,ltSchlepper,Maschinen!$K$6,FALSE)*AG172))","v":0},{"$f":"(IF(ISNA(VLOOKUP(AE172,ltSchlepper,Maschinen!$L$6,FALSE))=TRUE,0,VLOOKUP(AE172,ltSchlepper,Maschinen!$L$6,FALSE)*AG172))","v":0},{"$f":"(IF(ISNA(VLOOKUP(AE172,ltSchlepper,Maschinen!$M$6,FALSE))=TRUE,0,VLOOKUP(AE172,ltSchlepper,Maschinen!$M$6,FALSE)*AG172))","v":0},{"$f":"(IF(ISNA(VLOOKUP(AE172,ltSchlepper,Maschinen!$N$6,FALSE))=TRUE,0,VLOOKUP(AE172,ltSchlepper,Maschinen!$N$6,FALSE)*AG172*IF(ISBLANK(AI172),1,AI172)))","v":0},{"$f":"(IF(ISNA(VLOOKUP(AE172,ltSchlepper,Maschinen!$O$6,FALSE))=TRUE,0,VLOOKUP(AE172,ltSchlepper,Maschinen!$O$6,FALSE)*AG172*IF(ISBLANK(AI172),1,AI172)))","v":0},{"$f":"(IF(ISNA(VLOOKUP(AE172,ltSchlepper,Maschinen!$P$6,FALSE))=TRUE,0,VLOOKUP(AE172,ltSchlepper,Maschinen!$P$6,FALSE)*AG172*IF(ISBLANK(AI172),1,AI172)))","v":0},0,{"$f":"(IF(ISNA(VLOOKUP(AK172,ltSchlepper,Maschinen!$K$6,FALSE))=TRUE,0,VLOOKUP(AK172,ltSchlepper,Maschinen!$K$6,FALSE)*AM172))","v":0},{"$f":"(IF(ISNA(VLOOKUP(AK172,ltSchlepper,Maschinen!$L$6,FALSE))=TRUE,0,VLOOKUP(AK172,ltSchlepper,Maschinen!$L$6,FALSE)*AM172))","v":0},{"$f":"(IF(ISNA(VLOOKUP(AK172,ltSchlepper,Maschinen!$M$6,FALSE))=TRUE,0,VLOOKUP(AK172,ltSchlepper,Maschinen!$M$6,FALSE)*AM172))","v":0},{"$f":"(IF(ISNA(VLOOKUP(AK172,ltSchlepper,Maschinen!$N$6,FALSE))=TRUE,0,VLOOKUP(AK172,ltSchlepper,Maschinen!$N$6,FALSE)*AM172*IF(ISBLANK(AO172),1,AO172)))","v":0},{"$f":"(IF(ISNA(VLOOKUP(AK172,ltSchlepper,Maschinen!$O$6,FALSE))=TRUE,0,VLOOKUP(AK172,ltSchlepper,Maschinen!$O$6,FALSE)*AM172*IF(ISBLANK(AO172),1,AO172)))","v":0},{"$f":"(IF(ISNA(VLOOKUP(AK172,ltSchlepper,Maschinen!$P$6,FALSE))=TRUE,0,VLOOKUP(AK172,ltSchlepper,Maschinen!$P$6,FALSE)*AM172*IF(ISBLANK(AO172),1,AO172)))","v":0},0,{"$f":"(IF(ISNA(VLOOKUP(AQ172,ltSchlepper,Maschinen!$K$6,FALSE))=TRUE,0,VLOOKUP(AQ172,ltSchlepper,Maschinen!$K$6,FALSE)*AS172))","v":0},{"$f":"(IF(ISNA(VLOOKUP(AQ172,ltSchlepper,Maschinen!$L$6,FALSE))=TRUE,0,VLOOKUP(AQ172,ltSchlepper,Maschinen!$L$6,FALSE)*AS172))","v":0},{"$f":"(IF(ISNA(VLOOKUP(AQ172,ltSchlepper,Maschinen!$M$6,FALSE))=TRUE,0,VLOOKUP(AQ172,ltSchlepper,Maschinen!$M$6,FALSE)*AS172))","v":0},{"$f":"(IF(ISNA(VLOOKUP(AQ172,ltSchlepper,Maschinen!$N$6,FALSE))=TRUE,0,VLOOKUP(AQ172,ltSchlepper,Maschinen!$N$6,FALSE)*AS172*IF(ISBLANK(AU172),1,AU172)))","v":0},{"$f":"(IF(ISNA(VLOOKUP(AQ172,ltSchlepper,Maschinen!$O$6,FALSE))=TRUE,0,VLOOKUP(AQ172,ltSchlepper,Maschinen!$O$6,FALSE)*AS172*IF(ISBLANK(AU172),1,AU172)))","v":0},{"$f":"(IF(ISNA(VLOOKUP(AQ172,ltSchlepper,Maschinen!$P$6,FALSE))=TRUE,0,VLOOKUP(AQ172,ltSchlepper,Maschinen!$P$6,FALSE)*AS172*IF(ISBLANK(AU172),1,AU172)))","v":0},0,{"$f":"(IF(ISNA(VLOOKUP(Y172,ltSchlepper,Maschinen!$AA$6,FALSE))=TRUE,0,VLOOKUP(Y172,ltSchlepper,Maschinen!$AA$6,FALSE)*AA172))","v":0},{"$f":"(IF(ISNA(VLOOKUP(Y172,ltSchlepper,Maschinen!$AB$6,FALSE))=TRUE,0,VLOOKUP(Y172,ltSchlepper,Maschinen!$AB$6,FALSE)*AA172))","v":0},{"$f":"(IF(ISNA(VLOOKUP(Y172,ltSchlepper,Maschinen!$AC$6,FALSE))=TRUE,0,VLOOKUP(Y172,ltSchlepper,Maschinen!$AC$6,FALSE)*AA172))","v":0},0,{"$f":"(IF(ISNA(VLOOKUP(AE172,ltSchlepper,Maschinen!$AA$6,FALSE))=TRUE,0,VLOOKUP(AE172,ltSchlepper,Maschinen!$AA$6,FALSE)*AG172))","v":0},{"$f":"(IF(ISNA(VLOOKUP(AE172,ltSchlepper,Maschinen!$AB$6,FALSE))=TRUE,0,VLOOKUP(AE172,ltSchlepper,Maschinen!$AB$6,FALSE)*AG172))","v":0},{"$f":"(IF(ISNA(VLOOKUP(AE172,ltSchlepper,Maschinen!$AC$6,FALSE))=TRUE,0,VLOOKUP(AE172,ltSchlepper,Maschinen!$AC$6,FALSE)*AG172))","v":0},0,{"$f":"(IF(ISNA(VLOOKUP(AK172,ltSchlepper,Maschinen!$AA$6,FALSE))=TRUE,0,VLOOKUP(AK172,ltSchlepper,Maschinen!$AA$6,FALSE)*AM172))","v":0},{"$f":"(IF(ISNA(VLOOKUP(AK172,ltSchlepper,Maschinen!$AB$6,FALSE))=TRUE,0,VLOOKUP(AK172,ltSchlepper,Maschinen!$AB$6,FALSE)*AM172))","v":0},{"$f":"(IF(ISNA(VLOOKUP(AK172,ltSchlepper,Maschinen!$AC$6,FALSE))=TRUE,0,VLOOKUP(AK172,ltSchlepper,Maschinen!$AC$6,FALSE)*AM172))","v":0},0,{"$f":"(IF(ISNA(VLOOKUP(AQ172,ltSchlepper,Maschinen!$AA$6,FALSE))=TRUE,0,VLOOKUP(AQ172,ltSchlepper,Maschinen!$AA$6,FALSE)*AS172))","v":0},{"$f":"(IF(ISNA(VLOOKUP(AQ172,ltSchlepper,Maschinen!$AB$6,FALSE))=TRUE,0,VLOOKUP(AQ172,ltSchlepper,Maschinen!$AB$6,FALSE)*AS172))","v":0},{"$f":"(IF(ISNA(VLOOKUP(AQ172,ltSchlepper,Maschinen!$AC$6,FALSE))=TRUE,0,VLOOKUP(AQ172,ltSchlepper,Maschinen!$AC$6,FALSE)*AS172))","v":0},0]
[null,22111,null,null,null,null,null,null,0,0,0,0.1,0,0,null,null,0,0,0,0,0,0,0,null,null,{"$f":"IF(ISNA(VLOOKUP(Y173,ltSchlepper,2,FALSE))=TRUE,\"\",VLOOKUP(Y173,ltSchlepper,2,FALSE))","v":""},null,{"$f":"IF(ISNA(VLOOKUP(Y173,ltSchlepper,3,FALSE))=TRUE,\"\",VLOOKUP(Y173,ltSchlepper,3,FALSE))","v":""},null,0,null,{"$f":"IF(ISNA(VLOOKUP(AE173,ltSchlepper,2,FALSE))=TRUE,\"\",VLOOKUP(AE173,ltSchlepper,2,FALSE))","v":""},null,{"$f":"IF(ISNA(VLOOKUP(AE173,ltSchlepper,3,FALSE))=TRUE,\"\",VLOOKUP(AE173,ltSchlepper,3,FALSE))","v":""},null,0,null,{"$f":"IF(ISNA(VLOOKUP(AK173,ltSchlepper,2,FALSE))=TRUE,\"\",VLOOKUP(AK173,ltSchlepper,2,FALSE))","v":""},null,{"$f":"IF(ISNA(VLOOKUP(AK173,ltSchlepper,3,FALSE))=TRUE,\"\",VLOOKUP(AK173,ltSchlepper,3,FALSE))","v":""},null,0,null,{"$f":"IF(ISNA(VLOOKUP(AQ173,ltSchlepper,2,FALSE))=TRUE,\"\",VLOOKUP(AQ173,ltSchlepper,2,FALSE))","v":""},null,{"$f":"IF(ISNA(VLOOKUP(AQ173,ltSchlepper,3,FALSE))=TRUE,\"\",VLOOKUP(AQ173,ltSchlepper,3,FALSE))","v":""},null,0,0,0,0,0,0,0,0,0,0,0,0,0,{"$f":"(IF(ISNA(VLOOKUP(Y173,ltSchlepper,Maschinen!$K$6,FALSE))=TRUE,0,VLOOKUP(Y173,ltSchlepper,Maschinen!$K$6,FALSE)*AA173))","v":0},{"$f":"(IF(ISNA(VLOOKUP(Y173,ltSchlepper,Maschinen!$L$6,FALSE))=TRUE,0,VLOOKUP(Y173,ltSchlepper,Maschinen!$L$6,FALSE)*AA173))","v":0},{"$f":"(IF(ISNA(VLOOKUP(Y173,ltSchlepper,Maschinen!$M$6,FALSE))=TRUE,0,VLOOKUP(Y173,ltSchlepper,Maschinen!$M$6,FALSE)*AA173))","v":0},{"$f":"(IF(ISNA(VLOOKUP(Y173,ltSchlepper,Maschinen!$N$6,FALSE))=TRUE,0,VLOOKUP(Y173,ltSchlepper,Maschinen!$N$6,FALSE)*AA173*IF(ISBLANK(AC173),1,AC173)))","v":0},{"$f":"(IF(ISNA(VLOOKUP(Y173,ltSchlepper,Maschinen!$O$6,FALSE))=TRUE,0,VLOOKUP(Y173,ltSchlepper,Maschinen!$O$6,FALSE)*AA173*IF(ISBLANK(AC173),1,AC173)))","v":0},{"$f":"(IF(ISNA(VLOOKUP(Y173,ltSchlepper,Maschinen!$P$6,FALSE))=TRUE,0,VLOOKUP(Y173,ltSchlepper,Maschinen!$P$6,FALSE)*AA173*IF(ISBLANK(AC173),1,AC173)))","v":0},0,{"$f":"(IF(ISNA(VLOOKUP(AE173,ltSchlepper,Maschinen!$K$6,FALSE))=TRUE,0,VLOOKUP(AE173,ltSchlepper,Maschinen!$K$6,FALSE)*AG173))","v":0},{"$f":"(IF(ISNA(VLOOKUP(AE173,ltSchlepper,Maschinen!$L$6,FALSE))=TRUE,0,VLOOKUP(AE173,ltSchlepper,Maschinen!$L$6,FALSE)*AG173))","v":0},{"$f":"(IF(ISNA(VLOOKUP(AE173,ltSchlepper,Maschinen!$M$6,FALSE))=TRUE,0,VLOOKUP(AE173,ltSchlepper,Maschinen!$M$6,FALSE)*AG173))","v":0},{"$f":"(IF(ISNA(VLOOKUP(AE173,ltSchlepper,Maschinen!$N$6,FALSE))=TRUE,0,VLOOKUP(AE173,ltSchlepper,Maschinen!$N$6,FALSE)*AG173*IF(ISBLANK(AI173),1,AI173)))","v":0},{"$f":"(IF(ISNA(VLOOKUP(AE173,ltSchlepper,Maschinen!$O$6,FALSE))=TRUE,0,VLOOKUP(AE173,ltSchlepper,Maschinen!$O$6,FALSE)*AG173*IF(ISBLANK(AI173),1,AI173)))","v":0},{"$f":"(IF(ISNA(VLOOKUP(AE173,ltSchlepper,Maschinen!$P$6,FALSE))=TRUE,0,VLOOKUP(AE173,ltSchlepper,Maschinen!$P$6,FALSE)*AG173*IF(ISBLANK(AI173),1,AI173)))","v":0},0,{"$f":"(IF(ISNA(VLOOKUP(AK173,ltSchlepper,Maschinen!$K$6,FALSE))=TRUE,0,VLOOKUP(AK173,ltSchlepper,Maschinen!$K$6,FALSE)*AM173))","v":0},{"$f":"(IF(ISNA(VLOOKUP(AK173,ltSchlepper,Maschinen!$L$6,FALSE))=TRUE,0,VLOOKUP(AK173,ltSchlepper,Maschinen!$L$6,FALSE)*AM173))","v":0},{"$f":"(IF(ISNA(VLOOKUP(AK173,ltSchlepper,Maschinen!$M$6,FALSE))=TRUE,0,VLOOKUP(AK173,ltSchlepper,Maschinen!$M$6,FALSE)*AM173))","v":0},{"$f":"(IF(ISNA(VLOOKUP(AK173,ltSchlepper,Maschinen!$N$6,FALSE))=TRUE,0,VLOOKUP(AK173,ltSchlepper,Maschinen!$N$6,FALSE)*AM173*IF(ISBLANK(AO173),1,AO173)))","v":0},{"$f":"(IF(ISNA(VLOOKUP(AK173,ltSchlepper,Maschinen!$O$6,FALSE))=TRUE,0,VLOOKUP(AK173,ltSchlepper,Maschinen!$O$6,FALSE)*AM173*IF(ISBLANK(AO173),1,AO173)))","v":0},{"$f":"(IF(ISNA(VLOOKUP(AK173,ltSchlepper,Maschinen!$P$6,FALSE))=TRUE,0,VLOOKUP(AK173,ltSchlepper,Maschinen!$P$6,FALSE)*AM173*IF(ISBLANK(AO173),1,AO173)))","v":0},0,{"$f":"(IF(ISNA(VLOOKUP(AQ173,ltSchlepper,Maschinen!$K$6,FALSE))=TRUE,0,VLOOKUP(AQ173,ltSchlepper,Maschinen!$K$6,FALSE)*AS173))","v":0},{"$f":"(IF(ISNA(VLOOKUP(AQ173,ltSchlepper,Maschinen!$L$6,FALSE))=TRUE,0,VLOOKUP(AQ173,ltSchlepper,Maschinen!$L$6,FALSE)*AS173))","v":0},{"$f":"(IF(ISNA(VLOOKUP(AQ173,ltSchlepper,Maschinen!$M$6,FALSE))=TRUE,0,VLOOKUP(AQ173,ltSchlepper,Maschinen!$M$6,FALSE)*AS173))","v":0},{"$f":"(IF(ISNA(VLOOKUP(AQ173,ltSchlepper,Maschinen!$N$6,FALSE))=TRUE,0,VLOOKUP(AQ173,ltSchlepper,Maschinen!$N$6,FALSE)*AS173*IF(ISBLANK(AU173),1,AU173)))","v":0},{"$f":"(IF(ISNA(VLOOKUP(AQ173,ltSchlepper,Maschinen!$O$6,FALSE))=TRUE,0,VLOOKUP(AQ173,ltSchlepper,Maschinen!$O$6,FALSE)*AS173*IF(ISBLANK(AU173),1,AU173)))","v":0},{"$f":"(IF(ISNA(VLOOKUP(AQ173,ltSchlepper,Maschinen!$P$6,FALSE))=TRUE,0,VLOOKUP(AQ173,ltSchlepper,Maschinen!$P$6,FALSE)*AS173*IF(ISBLANK(AU173),1,AU173)))","v":0},0,{"$f":"(IF(ISNA(VLOOKUP(Y173,ltSchlepper,Maschinen!$AA$6,FALSE))=TRUE,0,VLOOKUP(Y173,ltSchlepper,Maschinen!$AA$6,FALSE)*AA173))","v":0},{"$f":"(IF(ISNA(VLOOKUP(Y173,ltSchlepper,Maschinen!$AB$6,FALSE))=TRUE,0,VLOOKUP(Y173,ltSchlepper,Maschinen!$AB$6,FALSE)*AA173))","v":0},{"$f":"(IF(ISNA(VLOOKUP(Y173,ltSchlepper,Maschinen!$AC$6,FALSE))=TRUE,0,VLOOKUP(Y173,ltSchlepper,Maschinen!$AC$6,FALSE)*AA173))","v":0},0,{"$f":"(IF(ISNA(VLOOKUP(AE173,ltSchlepper,Maschinen!$AA$6,FALSE))=TRUE,0,VLOOKUP(AE173,ltSchlepper,Maschinen!$AA$6,FALSE)*AG173))","v":0},{"$f":"(IF(ISNA(VLOOKUP(AE173,ltSchlepper,Maschinen!$AB$6,FALSE))=TRUE,0,VLOOKUP(AE173,ltSchlepper,Maschinen!$AB$6,FALSE)*AG173))","v":0},{"$f":"(IF(ISNA(VLOOKUP(AE173,ltSchlepper,Maschinen!$AC$6,FALSE))=TRUE,0,VLOOKUP(AE173,ltSchlepper,Maschinen!$AC$6,FALSE)*AG173))","v":0},0,{"$f":"(IF(ISNA(VLOOKUP(AK173,ltSchlepper,Maschinen!$AA$6,FALSE))=TRUE,0,VLOOKUP(AK173,ltSchlepper,Maschinen!$AA$6,FALSE)*AM173))","v":0},{"$f":"(IF(ISNA(VLOOKUP(AK173,ltSchlepper,Maschinen!$AB$6,FALSE))=TRUE,0,VLOOKUP(AK173,ltSchlepper,Maschinen!$AB$6,FALSE)*AM173))","v":0},{"$f":"(IF(ISNA(VLOOKUP(AK173,ltSchlepper,Maschinen!$AC$6,FALSE))=TRUE,0,VLOOKUP(AK173,ltSchlepper,Maschinen!$AC$6,FALSE)*AM173))","v":0},0,{"$f":"(IF(ISNA(VLOOKUP(AQ173,ltSchlepper,Maschinen!$AA$6,FALSE))=TRUE,0,VLOOKUP(AQ173,ltSchlepper,Maschinen!$AA$6,FALSE)*AS173))","v":0},{"$f":"(IF(ISNA(VLOOKUP(AQ173,ltSchlepper,Maschinen!$AB$6,FALSE))=TRUE,0,VLOOKUP(AQ173,ltSchlepper,Maschinen!$AB$6,FALSE)*AS173))","v":0},{"$f":"(IF(ISNA(VLOOKUP(AQ173,ltSchlepper,Maschinen!$AC$6,FALSE))=TRUE,0,VLOOKUP(AQ173,ltSchlepper,Maschinen!$AC$6,FALSE)*AS173))","v":0},0]
[null,22121,null,null,null,null,null,null,{"$f":"BC174","v":0},{"$f":"H174+I174","v":0},{"$f":"F174+G174-J174","v":0},0.1,{"$f":"(H174+I174)*L174","v":0},{"$f":"M174*Interest","v":0},null,null,{"$f":"O174+P174","v":0},{"$f":"Q174*Lohnanspruch","v":0},{"$f":"J174+N174+R174","v":0},{"$f":"K174-N174-R174","v":0},{"$f":"BG174","v":0},{"$f":"H174+I174+N174+R174+U174","v":0},{"$f":"T174-U174","v":0},null,null,"",null,{"$f":"IF(ISNA(VLOOKUP(Y174,ltSchlepper,3,FALSE))=TRUE,\"\",VLOOKUP(Y174,ltSchlepper,3,FALSE))","v":""},null,{"$f":"IF(ISNA(VLOOKUP(Y174,ltSchlepper,SchKraftstoffVerb,FALSE))=TRUE,0,VLOOKUP(Y174,ltSchlepper,SchKraftstoffVerb,FALSE)*IF(ISBLANK(AC174),1,AC174)*AA174)","v":0},null,{"$f":"IF(ISNA(VLOOKUP(AE174,ltSchlepper,2,FALSE))=TRUE,\"\",VLOOKUP(AE174,ltSchlepper,2,FALSE))","v":""},null,{"$f":"IF(ISNA(VLOOKUP(AE174,ltSchlepper,3,FALSE))=TRUE,\"\",VLOOKUP(AE174,ltSchlepper,3,FALSE))","v":""},null,{"$f":"IF(ISNA(VLOOKUP(AE174,ltSchlepper,SchKraftstoffVerb,FALSE))=TRUE,0,VLOOKUP(AE174,ltSchlepper,SchKraftstoffVerb,FALSE)*IF(ISBLANK(AI174),1,AI174)*AG174)","v":0},null,{"$f":"IF(ISNA(VLOOKUP(AK174,ltSchlepper,2,FALSE))=TRUE,\"\",VLOOKUP(AK174,ltSchlepper,2,FALSE))","v":""},null,{"$f":"IF(ISNA(VLOOKUP(AK174,ltSchlepper,3,FALSE))=TRUE,\"\",VLOOKUP(AK174,ltSchlepper,3,FALSE))","v":""},null,{"$f":"IF(ISNA(VLOOKUP(AK174,ltSchlepper,SchKraftstoffVerb,FALSE))=TRUE,0,VLOOKUP(AK174,ltSchlepper,SchKraftstoffVerb,FALSE)*IF(ISBLANK(AO174),1,AO174)*AM174)","v":0},null,{"$f":"IF(ISNA(VLOOKUP(AQ174,ltSchlepper,2,FALSE))=TRUE,\"\",VLOOKUP(AQ174,ltSchlepper,2,FALSE))","v":""},null,{"$f":"IF(ISNA(VLOOKUP(AQ174,ltSchlepper,3,FALSE))=TRUE,\"\",VLOOKUP(AQ174,ltSchlepper,3,FALSE))","v":""},null,{"$f":"IF(ISNA(VLOOKUP(AQ174,ltSchlepper,SchKraftstoffVerb,FALSE))=TRUE,0,VLOOKUP(AQ174,ltSchlepper,SchKraftstoffVerb,FALSE)*IF(ISBLANK(AU174),1,AU174)*AS174)","v":0},{"$f":"BL174+BS174+BZ174+CG174","v":0},{"$f":"BI174+BP174+BW174+CD174","v":0},{"$f":"BJ174+BQ174+BX174+CE174","v":0},{"$f":"BK174+BR174+BY174+CF174","v":0},{"$f":"BM174+BT174+CA174+CH174","v":0},{"$f":"BN174+BU174+CB174+CI174","v":0},{"$f":"SUM(AX174:AZ174,BA174:BB174)","v":0},{"$f":"CK174+CO174+CS174+CW174","v":0},{"$f":"CL174+CP174+CT174+CX174","v":0},{"$f":"CM174+CQ174+CU174+CY174","v":0},{"$f":"CN174+CR174+CV174+CZ174","v":0},{"$f":"BG174+BC174","v":0},{"$f":"(IF(ISNA(VLOOKUP(Y174,ltSchlepper,Maschinen!$K$6,FALSE))=TRUE,0,VLOOKUP(Y174,ltSchlepper,Maschinen!$K$6,FALSE)*AA174))","v":0},{"$f":"(IF(ISNA(VLOOKUP(Y174,ltSchlepper,Maschinen!$L$6,FALSE))=TRUE,0,VLOOKUP(Y174,ltSchlepper,Maschinen!$L$6,FALSE)*AA174))","v":0},{"$f":"(IF(ISNA(VLOOKUP(Y174,ltSchlepper,Maschinen!$M$6,FALSE))=TRUE,0,VLOOKUP(Y174,ltSchlepper,Maschinen!$M$6,FALSE)*AA174))","v":0},{"$f":"(IF(ISNA(VLOOKUP(Y174,ltSchlepper,Maschinen!$N$6,FALSE))=TRUE,0,VLOOKUP(Y174,ltSchlepper,Maschinen!$N$6,FALSE)*AA174*IF(ISBLANK(AC174),1,AC174)))","v":0},{"$f":"(IF(ISNA(VLOOKUP(Y174,ltSchlepper,Maschinen!$O$6,FALSE))=TRUE,0,VLOOKUP(Y174,ltSchlepper,Maschinen!$O$6,FALSE)*AA174*IF(ISBLANK(AC174),1,AC174)))","v":0},{"$f":"(IF(ISNA(VLOOKUP(Y174,ltSchlepper,Maschinen!$P$6,FALSE))=TRUE,0,VLOOKUP(Y174,ltSchlepper,Maschinen!$P$6,FALSE)*AA174*IF(ISBLANK(AC174),1,AC174)))","v":0},{"$f":"SUM(BI174:BK174,BM174:BN174)","v":0},{"$f":"(IF(ISNA(VLOOKUP(AE174,ltSchlepper,Maschinen!$K$6,FALSE))=TRUE,0,VLOOKUP(AE174,ltSchlepper,Maschinen!$K$6,FALSE)*AG174))","v":0},{"$f":"(IF(ISNA(VLOOKUP(AE174,ltSchlepper,Maschinen!$L$6,FALSE))=TRUE,0,VLOOKUP(AE174,ltSchlepper,Maschinen!$L$6,FALSE)*AG174))","v":0},{"$f":"(IF(ISNA(VLOOKUP(AE174,ltSchlepper,Maschinen!$M$6,FALSE))=TRUE,0,VLOOKUP(AE174,ltSchlepper,Maschinen!$M$6,FALSE)*AG174))","v":0},{"$f":"(IF(ISNA(VLOOKUP(AE174,ltSchlepper,Maschinen!$N$6,FALSE))=TRUE,0,VLOOKUP(AE174,ltSchlepper,Maschinen!$N$6,FALSE)*AG174*IF(ISBLANK(AI174),1,AI174)))","v":0},{"$f":"(IF(ISNA(VLOOKUP(AE174,ltSchlepper,Maschinen!$O$6,FALSE))=TRUE,0,VLOOKUP(AE174,ltSchlepper,Maschinen!$O$6,FALSE)*AG174*IF(ISBLANK(AI174),1,AI174)))","v":0},{"$f":"(IF(ISNA(VLOOKUP(AE174,ltSchlepper,Maschinen!$P$6,FALSE))=TRUE,0,VLOOKUP(AE174,ltSchlepper,Maschinen!$P$6,FALSE)*AG174*IF(ISBLANK(AI174),1,AI174)))","v":0},{"$f":"SUM(BP174:BR174,BT174:BU174)","v":0},{"$f":"(IF(ISNA(VLOOKUP(AK174,ltSchlepper,Maschinen!$K$6,FALSE))=TRUE,0,VLOOKUP(AK174,ltSchlepper,Maschinen!$K$6,FALSE)*AM174))","v":0},{"$f":"(IF(ISNA(VLOOKUP(AK174,ltSchlepper,Maschinen!$L$6,FALSE))=TRUE,0,VLOOKUP(AK174,ltSchlepper,Maschinen!$L$6,FALSE)*AM174))","v":0},{"$f":"(IF(ISNA(VLOOKUP(AK174,ltSchlepper,Maschinen!$M$6,FALSE))=TRUE,0,VLOOKUP(AK174,ltSchlepper,Maschinen!$M$6,FALSE)*AM174))","v":0},{"$f":"(IF(ISNA(VLOOKUP(AK174,ltSchlepper,Maschinen!$N$6,FALSE))=TRUE,0,VLOOKUP(AK174,ltSchlepper,Maschinen!$N$6,FALSE)*AM174*IF(ISBLANK(AO174),1,AO174)))","v":0},{"$f":"(IF(ISNA(VLOOKUP(AK174,ltSchlepper,Maschinen!$O$6,FALSE))=TRUE,0,VLOOKUP(AK174,ltSchlepper,Maschinen!$O$6,FALSE)*AM174*IF(ISBLANK(AO174),1,AO174)))","v":0},{"$f":"(IF(ISNA(VLOOKUP(AK174,ltSchlepper,Maschinen!$P$6,FALSE))=TRUE,0,VLOOKUP(AK174,ltSchlepper,Maschinen!$P$6,FALSE)*AM174*IF(ISBLANK(AO174),1,AO174)))","v":0},{"$f":"SUM(BW174:BY174,CA174:CB174)","v":0},{"$f":"(IF(ISNA(VLOOKUP(AQ174,ltSchlepper,Maschinen!$K$6,FALSE))=TRUE,0,VLOOKUP(AQ174,ltSchlepper,Maschinen!$K$6,FALSE)*AS174))","v":0},{"$f":"(IF(ISNA(VLOOKUP(AQ174,ltSchlepper,Maschinen!$L$6,FALSE))=TRUE,0,VLOOKUP(AQ174,ltSchlepper,Maschinen!$L$6,FALSE)*AS174))","v":0},{"$f":"(IF(ISNA(VLOOKUP(AQ174,ltSchlepper,Maschinen!$M$6,FALSE))=TRUE,0,VLOOKUP(AQ174,ltSchlepper,Maschinen!$M$6,FALSE)*AS174))","v":0},{"$f":"(IF(ISNA(VLOOKUP(AQ174,ltSchlepper,Maschinen!$N$6,FALSE))=TRUE,0,VLOOKUP(AQ174,ltSchlepper,Maschinen!$N$6,FALSE)*AS174*IF(ISBLANK(AU174),1,AU174)))","v":0},{"$f":"(IF(ISNA(VLOOKUP(AQ174,ltSchlepper,Maschinen!$O$6,FALSE))=TRUE,0,VLOOKUP(AQ174,ltSchlepper,Maschinen!$O$6,FALSE)*AS174*IF(ISBLANK(AU174),1,AU174)))","v":0},{"$f":"(IF(ISNA(VLOOKUP(AQ174,ltSchlepper,Maschinen!$P$6,FALSE))=TRUE,0,VLOOKUP(AQ174,ltSchlepper,Maschinen!$P$6,FALSE)*AS174*IF(ISBLANK(AU174),1,AU174)))","v":0},{"$f":"SUM(CD174:CF174,CH174:CI174)","v":0},{"$f":"(IF(ISNA(VLOOKUP(Y174,ltSchlepper,Maschinen!$AA$6,FALSE))=TRUE,0,VLOOKUP(Y174,ltSchlepper,Maschinen!$AA$6,FALSE)*AA174))","v":0},{"$f":"(IF(ISNA(VLOOKUP(Y174,ltSchlepper,Maschinen!$AB$6,FALSE))=TRUE,0,VLOOKUP(Y174,ltSchlepper,Maschinen!$AB$6,FALSE)*AA174))","v":0},{"$f":"(IF(ISNA(VLOOKUP(Y174,ltSchlepper,Maschinen!$AC$6,FALSE))=TRUE,0,VLOOKUP(Y174,ltSchlepper,Maschinen!$AC$6,FALSE)*AA174))","v":0},{"$f":"SUM(CK174:CM174)","v":0},{"$f":"(IF(ISNA(VLOOKUP(AE174,ltSchlepper,Maschinen!$AA$6,FALSE))=TRUE,0,VLOOKUP(AE174,ltSchlepper,Maschinen!$AA$6,FALSE)*AG174))","v":0},{"$f":"(IF(ISNA(VLOOKUP(AE174,ltSchlepper,Maschinen!$AB$6,FALSE))=TRUE,0,VLOOKUP(AE174,ltSchlepper,Maschinen!$AB$6,FALSE)*AG174))","v":0},{"$f":"(IF(ISNA(VLOOKUP(AE174,ltSchlepper,Maschinen!$AC$6,FALSE))=TRUE,0,VLOOKUP(AE174,ltSchlepper,Maschinen!$AC$6,FALSE)*AG174))","v":0},{"$f":"SUM(CO174:CQ174)","v":0},{"$f":"(IF(ISNA(VLOOKUP(AK174,ltSchlepper,Maschinen!$AA$6,FALSE))=TRUE,0,VLOOKUP(AK174,ltSchlepper,Maschinen!$AA$6,FALSE)*AM174))","v":0},{"$f":"(IF(ISNA(VLOOKUP(AK174,ltSchlepper,Maschinen!$AB$6,FALSE))=TRUE,0,VLOOKUP(AK174,ltSchlepper,Maschinen!$AB$6,FALSE)*AM174))","v":0},{"$f":"(IF(ISNA(VLOOKUP(AK174,ltSchlepper,Maschinen!$AC$6,FALSE))=TRUE,0,VLOOKUP(AK174,ltSchlepper,Maschinen!$AC$6,FALSE)*AM174))","v":0},{"$f":"SUM(CS174:CU174)","v":0},{"$f":"(IF(ISNA(VLOOKUP(AQ174,ltSchlepper,Maschinen!$AA$6,FALSE))=TRUE,0,VLOOKUP(AQ174,ltSchlepper,Maschinen!$AA$6,FALSE)*AS174))","v":0},{"$f":"(IF(ISNA(VLOOKUP(AQ174,ltSchlepper,Maschinen!$AB$6,FALSE))=TRUE,0,VLOOKUP(AQ174,ltSchlepper,Maschinen!$AB$6,FALSE)*AS174))","v":0},{"$f":"(IF(ISNA(VLOOKUP(AQ174,ltSchlepper,Maschinen!$AC$6,FALSE))=TRUE,0,VLOOKUP(AQ174,ltSchlepper,Maschinen!$AC$6,FALSE)*AS174))","v":0},{"$f":"SUM(CW174:CY174)","v":0}]
[null,22112,null,null,null,null,null,null,0,0,0,0.1,0,0,null,null,0,0,0,0,0,0,0,null,null,"",null,"",null,0,null,"",null,"",null,0,null,"",null,"",null,0,null,"",null,"",null,0,0,0,0,0,0,0,0,0,0,0,0,0,{"$f":"(IF(ISNA(VLOOKUP(Y175,ltSchlepper,Maschinen!$K$6,FALSE))=TRUE,0,VLOOKUP(Y175,ltSchlepper,Maschinen!$K$6,FALSE)*AA175))","v":0},{"$f":"(IF(ISNA(VLOOKUP(Y175,ltSchlepper,Maschinen!$L$6,FALSE))=TRUE,0,VLOOKUP(Y175,ltSchlepper,Maschinen!$L$6,FALSE)*AA175))","v":0},{"$f":"(IF(ISNA(VLOOKUP(Y175,ltSchlepper,Maschinen!$M$6,FALSE))=TRUE,0,VLOOKUP(Y175,ltSchlepper,Maschinen!$M$6,FALSE)*AA175))","v":0},{"$f":"(IF(ISNA(VLOOKUP(Y175,ltSchlepper,Maschinen!$N$6,FALSE))=TRUE,0,VLOOKUP(Y175,ltSchlepper,Maschinen!$N$6,FALSE)*AA175*IF(ISBLANK(AC175),1,AC175)))","v":0},{"$f":"(IF(ISNA(VLOOKUP(Y175,ltSchlepper,Maschinen!$O$6,FALSE))=TRUE,0,VLOOKUP(Y175,ltSchlepper,Maschinen!$O$6,FALSE)*AA175*IF(ISBLANK(AC175),1,AC175)))","v":0},{"$f":"(IF(ISNA(VLOOKUP(Y175,ltSchlepper,Maschinen!$P$6,FALSE))=TRUE,0,VLOOKUP(Y175,ltSchlepper,Maschinen!$P$6,FALSE)*AA175*IF(ISBLANK(AC175),1,AC175)))","v":0},0,{"$f":"(IF(ISNA(VLOOKUP(AE175,ltSchlepper,Maschinen!$K$6,FALSE))=TRUE,0,VLOOKUP(AE175,ltSchlepper,Maschinen!$K$6,FALSE)*AG175))","v":0},{"$f":"(IF(ISNA(VLOOKUP(AE175,ltSchlepper,Maschinen!$L$6,FALSE))=TRUE,0,VLOOKUP(AE175,ltSchlepper,Maschinen!$L$6,FALSE)*AG175))","v":0},{"$f":"(IF(ISNA(VLOOKUP(AE175,ltSchlepper,Maschinen!$M$6,FALSE))=TRUE,0,VLOOKUP(AE175,ltSchlepper,Maschinen!$M$6,FALSE)*AG175))","v":0},{"$f":"(IF(ISNA(VLOOKUP(AE175,ltSchlepper,Maschinen!$N$6,FALSE))=TRUE,0,VLOOKUP(AE175,ltSchlepper,Maschinen!$N$6,FALSE)*AG175*IF(ISBLANK(AI175),1,AI175)))","v":0},{"$f":"(IF(ISNA(VLOOKUP(AE175,ltSchlepper,Maschinen!$O$6,FALSE))=TRUE,0,VLOOKUP(AE175,ltSchlepper,Maschinen!$O$6,FALSE)*AG175*IF(ISBLANK(AI175),1,AI175)))","v":0},{"$f":"(IF(ISNA(VLOOKUP(AE175,ltSchlepper,Maschinen!$P$6,FALSE))=TRUE,0,VLOOKUP(AE175,ltSchlepper,Maschinen!$P$6,FALSE)*AG175*IF(ISBLANK(AI175),1,AI175)))","v":0},0,{"$f":"(IF(ISNA(VLOOKUP(AK175,ltSchlepper,Maschinen!$K$6,FALSE))=TRUE,0,VLOOKUP(AK175,ltSchlepper,Maschinen!$K$6,FALSE)*AM175))","v":0},{"$f":"(IF(ISNA(VLOOKUP(AK175,ltSchlepper,Maschinen!$L$6,FALSE))=TRUE,0,VLOOKUP(AK175,ltSchlepper,Maschinen!$L$6,FALSE)*AM175))","v":0},{"$f":"(IF(ISNA(VLOOKUP(AK175,ltSchlepper,Maschinen!$M$6,FALSE))=TRUE,0,VLOOKUP(AK175,ltSchlepper,Maschinen!$M$6,FALSE)*AM175))","v":0},{"$f":"(IF(ISNA(VLOOKUP(AK175,ltSchlepper,Maschinen!$N$6,FALSE))=TRUE,0,VLOOKUP(AK175,ltSchlepper,Maschinen!$N$6,FALSE)*AM175*IF(ISBLANK(AO175),1,AO175)))","v":0},{"$f":"(IF(ISNA(VLOOKUP(AK175,ltSchlepper,Maschinen!$O$6,FALSE))=TRUE,0,VLOOKUP(AK175,ltSchlepper,Maschinen!$O$6,FALSE)*AM175*IF(ISBLANK(AO175),1,AO175)))","v":0},{"$f":"(IF(ISNA(VLOOKUP(AK175,ltSchlepper,Maschinen!$P$6,FALSE))=TRUE,0,VLOOKUP(AK175,ltSchlepper,Maschinen!$P$6,FALSE)*AM175*IF(ISBLANK(AO175),1,AO175)))","v":0},0,{"$f":"(IF(ISNA(VLOOKUP(AQ175,ltSchlepper,Maschinen!$K$6,FALSE))=TRUE,0,VLOOKUP(AQ175,ltSchlepper,Maschinen!$K$6,FALSE)*AS175))","v":0},{"$f":"(IF(ISNA(VLOOKUP(AQ175,ltSchlepper,Maschinen!$L$6,FALSE))=TRUE,0,VLOOKUP(AQ175,ltSchlepper,Maschinen!$L$6,FALSE)*AS175))","v":0},{"$f":"(IF(ISNA(VLOOKUP(AQ175,ltSchlepper,Maschinen!$M$6,FALSE))=TRUE,0,VLOOKUP(AQ175,ltSchlepper,Maschinen!$M$6,FALSE)*AS175))","v":0},{"$f":"(IF(ISNA(VLOOKUP(AQ175,ltSchlepper,Maschinen!$N$6,FALSE))=TRUE,0,VLOOKUP(AQ175,ltSchlepper,Maschinen!$N$6,FALSE)*AS175*IF(ISBLANK(AU175),1,AU175)))","v":0},{"$f":"(IF(ISNA(VLOOKUP(AQ175,ltSchlepper,Maschinen!$O$6,FALSE))=TRUE,0,VLOOKUP(AQ175,ltSchlepper,Maschinen!$O$6,FALSE)*AS175*IF(ISBLANK(AU175),1,AU175)))","v":0},{"$f":"(IF(ISNA(VLOOKUP(AQ175,ltSchlepper,Maschinen!$P$6,FALSE))=TRUE,0,VLOOKUP(AQ175,ltSchlepper,Maschinen!$P$6,FALSE)*AS175*IF(ISBLANK(AU175),1,AU175)))","v":0},0,{"$f":"(IF(ISNA(VLOOKUP(Y175,ltSchlepper,Maschinen!$AA$6,FALSE))=TRUE,0,VLOOKUP(Y175,ltSchlepper,Maschinen!$AA$6,FALSE)*AA175))","v":0},{"$f":"(IF(ISNA(VLOOKUP(Y175,ltSchlepper,Maschinen!$AB$6,FALSE))=TRUE,0,VLOOKUP(Y175,ltSchlepper,Maschinen!$AB$6,FALSE)*AA175))","v":0},{"$f":"(IF(ISNA(VLOOKUP(Y175,ltSchlepper,Maschinen!$AC$6,FALSE))=TRUE,0,VLOOKUP(Y175,ltSchlepper,Maschinen!$AC$6,FALSE)*AA175))","v":0},0,{"$f":"(IF(ISNA(VLOOKUP(AE175,ltSchlepper,Maschinen!$AA$6,FALSE))=TRUE,0,VLOOKUP(AE175,ltSchlepper,Maschinen!$AA$6,FALSE)*AG175))","v":0},{"$f":"(IF(ISNA(VLOOKUP(AE175,ltSchlepper,Maschinen!$AB$6,FALSE))=TRUE,0,VLOOKUP(AE175,ltSchlepper,Maschinen!$AB$6,FALSE)*AG175))","v":0},{"$f":"(IF(ISNA(VLOOKUP(AE175,ltSchlepper,Maschinen!$AC$6,FALSE))=TRUE,0,VLOOKUP(AE175,ltSchlepper,Maschinen!$AC$6,FALSE)*AG175))","v":0},0,{"$f":"(IF(ISNA(VLOOKUP(AK175,ltSchlepper,Maschinen!$AA$6,FALSE))=TRUE,0,VLOOKUP(AK175,ltSchlepper,Maschinen!$AA$6,FALSE)*AM175))","v":0},{"$f":"(IF(ISNA(VLOOKUP(AK175,ltSchlepper,Maschinen!$AB$6,FALSE))=TRUE,0,VLOOKUP(AK175,ltSchlepper,Maschinen!$AB$6,FALSE)*AM175))","v":0},{"$f":"(IF(ISNA(VLOOKUP(AK175,ltSchlepper,Maschinen!$AC$6,FALSE))=TRUE,0,VLOOKUP(AK175,ltSchlepper,Maschinen!$AC$6,FALSE)*AM175))","v":0},0,{"$f":"(IF(ISNA(VLOOKUP(AQ175,ltSchlepper,Maschinen!$AA$6,FALSE))=TRUE,0,VLOOKUP(AQ175,ltSchlepper,Maschinen!$AA$6,FALSE)*AS175))","v":0},{"$f":"(IF(ISNA(VLOOKUP(AQ175,ltSchlepper,Maschinen!$AB$6,FALSE))=TRUE,0,VLOOKUP(AQ175,ltSchlepper,Maschinen!$AB$6,FALSE)*AS175))","v":0},{"$f":"(IF(ISNA(VLOOKUP(AQ175,ltSchlepper,Maschinen!$AC$6,FALSE))=TRUE,0,VLOOKUP(AQ175,ltSchlepper,Maschinen!$AC$6,FALSE)*AS175))","v":0},0]
[null,22122,null,null,null,null,null,null,{"$f":"BC176","v":0},{"$f":"H176+I176","v":0},{"$f":"F176+G176-J176","v":0},0.1,{"$f":"(H176+I176)*L176","v":0},{"$f":"M176*Interest","v":0},null,null,{"$f":"O176+P176","v":0},{"$f":"Q176*Lohnanspruch","v":0},{"$f":"J176+N176+R176","v":0},{"$f":"K176-N176-R176","v":0},{"$f":"BG176","v":0},{"$f":"H176+I176+N176+R176+U176","v":0},{"$f":"T176-U176","v":0},null,null,"",null,{"$f":"IF(ISNA(VLOOKUP(Y176,ltSchlepper,3,FALSE))=TRUE,\"\",VLOOKUP(Y176,ltSchlepper,3,FALSE))","v":""},null,{"$f":"IF(ISNA(VLOOKUP(Y176,ltSchlepper,SchKraftstoffVerb,FALSE))=TRUE,0,VLOOKUP(Y176,ltSchlepper,SchKraftstoffVerb,FALSE)*IF(ISBLANK(AC176),1,AC176)*AA176)","v":0},null,{"$f":"IF(ISNA(VLOOKUP(AE176,ltSchlepper,2,FALSE))=TRUE,\"\",VLOOKUP(AE176,ltSchlepper,2,FALSE))","v":""},null,{"$f":"IF(ISNA(VLOOKUP(AE176,ltSchlepper,3,FALSE))=TRUE,\"\",VLOOKUP(AE176,ltSchlepper,3,FALSE))","v":""},null,{"$f":"IF(ISNA(VLOOKUP(AE176,ltSchlepper,SchKraftstoffVerb,FALSE))=TRUE,0,VLOOKUP(AE176,ltSchlepper,SchKraftstoffVerb,FALSE)*IF(ISBLANK(AI176),1,AI176)*AG176)","v":0},null,{"$f":"IF(ISNA(VLOOKUP(AK176,ltSchlepper,2,FALSE))=TRUE,\"\",VLOOKUP(AK176,ltSchlepper,2,FALSE))","v":""},null,{"$f":"IF(ISNA(VLOOKUP(AK176,ltSchlepper,3,FALSE))=TRUE,\"\",VLOOKUP(AK176,ltSchlepper,3,FALSE))","v":""},null,{"$f":"IF(ISNA(VLOOKUP(AK176,ltSchlepper,SchKraftstoffVerb,FALSE))=TRUE,0,VLOOKUP(AK176,ltSchlepper,SchKraftstoffVerb,FALSE)*IF(ISBLANK(AO176),1,AO176)*AM176)","v":0},null,{"$f":"IF(ISNA(VLOOKUP(AQ176,ltSchlepper,2,FALSE))=TRUE,\"\",VLOOKUP(AQ176,ltSchlepper,2,FALSE))","v":""},null,{"$f":"IF(ISNA(VLOOKUP(AQ176,ltSchlepper,3,FALSE))=TRUE,\"\",VLOOKUP(AQ176,ltSchlepper,3,FALSE))","v":""},null,{"$f":"IF(ISNA(VLOOKUP(AQ176,ltSchlepper,SchKraftstoffVerb,FALSE))=TRUE,0,VLOOKUP(AQ176,ltSchlepper,SchKraftstoffVerb,FALSE)*IF(ISBLANK(AU176),1,AU176)*AS176)","v":0},{"$f":"BL176+BS176+BZ176+CG176","v":0},{"$f":"BI176+BP176+BW176+CD176","v":0},0,0,{"$f":"BM176+BT176+CA176+CH176","v":0},0,{"$f":"SUM(AX176:AZ176,BA176:BB176)","v":0},{"$f":"CK176+CO176+CS176+CW176","v":0},0,0,0,{"$f":"BG176+BC176","v":0},{"$f":"(IF(ISNA(VLOOKUP(Y176,ltSchlepper,Maschinen!$K$6,FALSE))=TRUE,0,VLOOKUP(Y176,ltSchlepper,Maschinen!$K$6,FALSE)*AA176))","v":0},{"$f":"(IF(ISNA(VLOOKUP(Y176,ltSchlepper,Maschinen!$L$6,FALSE))=TRUE,0,VLOOKUP(Y176,ltSchlepper,Maschinen!$L$6,FALSE)*AA176))","v":0},{"$f":"(IF(ISNA(VLOOKUP(Y176,ltSchlepper,Maschinen!$M$6,FALSE))=TRUE,0,VLOOKUP(Y176,ltSchlepper,Maschinen!$M$6,FALSE)*AA176))","v":0},{"$f":"(IF(ISNA(VLOOKUP(Y176,ltSchlepper,Maschinen!$N$6,FALSE))=TRUE,0,VLOOKUP(Y176,ltSchlepper,Maschinen!$N$6,FALSE)*AA176*IF(ISBLANK(AC176),1,AC176)))","v":0},{"$f":"(IF(ISNA(VLOOKUP(Y176,ltSchlepper,Maschinen!$O$6,FALSE))=TRUE,0,VLOOKUP(Y176,ltSchlepper,Maschinen!$O$6,FALSE)*AA176*IF(ISBLANK(AC176),1,AC176)))","v":0},{"$f":"(IF(ISNA(VLOOKUP(Y176,ltSchlepper,Maschinen!$P$6,FALSE))=TRUE,0,VLOOKUP(Y176,ltSchlepper,Maschinen!$P$6,FALSE)*AA176*IF(ISBLANK(AC176),1,AC176)))","v":0},{"$f":"SUM(BI176:BK176,BM176:BN176)","v":0},{"$f":"(IF(ISNA(VLOOKUP(AE176,ltSchlepper,Maschinen!$K$6,FALSE))=TRUE,0,VLOOKUP(AE176,ltSchlepper,Maschinen!$K$6,FALSE)*AG176))","v":0},{"$f":"(IF(ISNA(VLOOKUP(AE176,ltSchlepper,Maschinen!$L$6,FALSE))=TRUE,0,VLOOKUP(AE176,ltSchlepper,Maschinen!$L$6,FALSE)*AG176))","v":0},{"$f":"(IF(ISNA(VLOOKUP(AE176,ltSchlepper,Maschinen!$M$6,FALSE))=TRUE,0,VLOOKUP(AE176,ltSchlepper,Maschinen!$M$6,FALSE)*AG176))","v":0},{"$f":"(IF(ISNA(VLOOKUP(AE176,ltSchlepper,Maschinen!$N$6,FALSE))=TRUE,0,VLOOKUP(AE176,ltSchlepper,Maschinen!$N$6,FALSE)*AG176*IF(ISBLANK(AI176),1,AI176)))","v":0},{"$f":"(IF(ISNA(VLOOKUP(AE176,ltSchlepper,Maschinen!$O$6,FALSE))=TRUE,0,VLOOKUP(AE176,ltSchlepper,Maschinen!$O$6,FALSE)*AG176*IF(ISBLANK(AI176),1,AI176)))","v":0},{"$f":"(IF(ISNA(VLOOKUP(AE176,ltSchlepper,Maschinen!$P$6,FALSE))=TRUE,0,VLOOKUP(AE176,ltSchlepper,Maschinen!$P$6,FALSE)*AG176*IF(ISBLANK(AI176),1,AI176)))","v":0},{"$f":"SUM(BP176:BR176,BT176:BU176)","v":0},{"$f":"(IF(ISNA(VLOOKUP(AK176,ltSchlepper,Maschinen!$K$6,FALSE))=TRUE,0,VLOOKUP(AK176,ltSchlepper,Maschinen!$K$6,FALSE)*AM176))","v":0},{"$f":"(IF(ISNA(VLOOKUP(AK176,ltSchlepper,Maschinen!$L$6,FALSE))=TRUE,0,VLOOKUP(AK176,ltSchlepper,Maschinen!$L$6,FALSE)*AM176))","v":0},{"$f":"(IF(ISNA(VLOOKUP(AK176,ltSchlepper,Maschinen!$M$6,FALSE))=TRUE,0,VLOOKUP(AK176,ltSchlepper,Maschinen!$M$6,FALSE)*AM176))","v":0},{"$f":"(IF(ISNA(VLOOKUP(AK176,ltSchlepper,Maschinen!$N$6,FALSE))=TRUE,0,VLOOKUP(AK176,ltSchlepper,Maschinen!$N$6,FALSE)*AM176*IF(ISBLANK(AO176),1,AO176)))","v":0},{"$f":"(IF(ISNA(VLOOKUP(AK176,ltSchlepper,Maschinen!$O$6,FALSE))=TRUE,0,VLOOKUP(AK176,ltSchlepper,Maschinen!$O$6,FALSE)*AM176*IF(ISBLANK(AO176),1,AO176)))","v":0},{"$f":"(IF(ISNA(VLOOKUP(AK176,ltSchlepper,Maschinen!$P$6,FALSE))=TRUE,0,VLOOKUP(AK176,ltSchlepper,Maschinen!$P$6,FALSE)*AM176*IF(ISBLANK(AO176),1,AO176)))","v":0},{"$f":"SUM(BW176:BY176,CA176:CB176)","v":0},{"$f":"(IF(ISNA(VLOOKUP(AQ176,ltSchlepper,Maschinen!$K$6,FALSE))=TRUE,0,VLOOKUP(AQ176,ltSchlepper,Maschinen!$K$6,FALSE)*AS176))","v":0},{"$f":"(IF(ISNA(VLOOKUP(AQ176,ltSchlepper,Maschinen!$L$6,FALSE))=TRUE,0,VLOOKUP(AQ176,ltSchlepper,Maschinen!$L$6,FALSE)*AS176))","v":0},{"$f":"(IF(ISNA(VLOOKUP(AQ176,ltSchlepper,Maschinen!$M$6,FALSE))=TRUE,0,VLOOKUP(AQ176,ltSchlepper,Maschinen!$M$6,FALSE)*AS176))","v":0},{"$f":"(IF(ISNA(VLOOKUP(AQ176,ltSchlepper,Maschinen!$N$6,FALSE))=TRUE,0,VLOOKUP(AQ176,ltSchlepper,Maschinen!$N$6,FALSE)*AS176*IF(ISBLANK(AU176),1,AU176)))","v":0},{"$f":"(IF(ISNA(VLOOKUP(AQ176,ltSchlepper,Maschinen!$O$6,FALSE))=TRUE,0,VLOOKUP(AQ176,ltSchlepper,Maschinen!$O$6,FALSE)*AS176*IF(ISBLANK(AU176),1,AU176)))","v":0},{"$f":"(IF(ISNA(VLOOKUP(AQ176,ltSchlepper,Maschinen!$P$6,FALSE))=TRUE,0,VLOOKUP(AQ176,ltSchlepper,Maschinen!$P$6,FALSE)*AS176*IF(ISBLANK(AU176),1,AU176)))","v":0},{"$f":"SUM(CD176:CF176,CH176:CI176)","v":0},{"$f":"(IF(ISNA(VLOOKUP(Y176,ltSchlepper,Maschinen!$AA$6,FALSE))=TRUE,0,VLOOKUP(Y176,ltSchlepper,Maschinen!$AA$6,FALSE)*AA176))","v":0},{"$f":"(IF(ISNA(VLOOKUP(Y176,ltSchlepper,Maschinen!$AB$6,FALSE))=TRUE,0,VLOOKUP(Y176,ltSchlepper,Maschinen!$AB$6,FALSE)*AA176))","v":0},{"$f":"(IF(ISNA(VLOOKUP(Y176,ltSchlepper,Maschinen!$AC$6,FALSE))=TRUE,0,VLOOKUP(Y176,ltSchlepper,Maschinen!$AC$6,FALSE)*AA176))","v":0},{"$f":"SUM(CK176:CM176)","v":0},{"$f":"(IF(ISNA(VLOOKUP(AE176,ltSchlepper,Maschinen!$AA$6,FALSE))=TRUE,0,VLOOKUP(AE176,ltSchlepper,Maschinen!$AA$6,FALSE)*AG176))","v":0},{"$f":"(IF(ISNA(VLOOKUP(AE176,ltSchlepper,Maschinen!$AB$6,FALSE))=TRUE,0,VLOOKUP(AE176,ltSchlepper,Maschinen!$AB$6,FALSE)*AG176))","v":0},{"$f":"(IF(ISNA(VLOOKUP(AE176,ltSchlepper,Maschinen!$AC$6,FALSE))=TRUE,0,VLOOKUP(AE176,ltSchlepper,Maschinen!$AC$6,FALSE)*AG176))","v":0},{"$f":"SUM(CO176:CQ176)","v":0},{"$f":"(IF(ISNA(VLOOKUP(AK176,ltSchlepper,Maschinen!$AA$6,FALSE))=TRUE,0,VLOOKUP(AK176,ltSchlepper,Maschinen!$AA$6,FALSE)*AM176))","v":0},{"$f":"(IF(ISNA(VLOOKUP(AK176,ltSchlepper,Maschinen!$AB$6,FALSE))=TRUE,0,VLOOKUP(AK176,ltSchlepper,Maschinen!$AB$6,FALSE)*AM176))","v":0},{"$f":"(IF(ISNA(VLOOKUP(AK176,ltSchlepper,Maschinen!$AC$6,FALSE))=TRUE,0,VLOOKUP(AK176,ltSchlepper,Maschinen!$AC$6,FALSE)*AM176))","v":0},{"$f":"SUM(CS176:CU176)","v":0},{"$f":"(IF(ISNA(VLOOKUP(AQ176,ltSchlepper,Maschinen!$AA$6,FALSE))=TRUE,0,VLOOKUP(AQ176,ltSchlepper,Maschinen!$AA$6,FALSE)*AS176))","v":0},{"$f":"(IF(ISNA(VLOOKUP(AQ176,ltSchlepper,Maschinen!$AB$6,FALSE))=TRUE,0,VLOOKUP(AQ176,ltSchlepper,Maschinen!$AB$6,FALSE)*AS176))","v":0},{"$f":"(IF(ISNA(VLOOKUP(AQ176,ltSchlepper,Maschinen!$AC$6,FALSE))=TRUE,0,VLOOKUP(AQ176,ltSchlepper,Maschinen!$AC$6,FALSE)*AS176))","v":0},{"$f":"SUM(CW176:CY176)","v":0}]
[null,22123,null,null,null,null,null,null,{"$f":"BC177","v":0},{"$f":"H177+I177","v":0},{"$f":"F177+G177-J177","v":0},0.1,{"$f":"(H177+I177)*L177","v":0},{"$f":"M177*Interest","v":0},null,null,{"$f":"O177+P177","v":0},{"$f":"Q177*Lohnanspruch","v":0},{"$f":"J177+N177+R177","v":0},{"$f":"K177-N177-R177","v":0},{"$f":"BG177","v":0},{"$f":"H177+I177+N177+R177+U177","v":0},{"$f":"T177-U177","v":0},null,null,"",null,{"$f":"IF(ISNA(VLOOKUP(Y177,ltSchlepper,3,FALSE))=TRUE,\"\",VLOOKUP(Y177,ltSchlepper,3,FALSE))","v":""},null,{"$f":"IF(ISNA(VLOOKUP(Y177,ltSchlepper,SchKraftstoffVerb,FALSE))=TRUE,0,VLOOKUP(Y177,ltSchlepper,SchKraftstoffVerb,FALSE)*IF(ISBLANK(AC177),1,AC177)*AA177)","v":0},null,{"$f":"IF(ISNA(VLOOKUP(AE177,ltSchlepper,2,FALSE))=TRUE,\"\",VLOOKUP(AE177,ltSchlepper,2,FALSE))","v":""},null,{"$f":"IF(ISNA(VLOOKUP(AE177,ltSchlepper,3,FALSE))=TRUE,\"\",VLOOKUP(AE177,ltSchlepper,3,FALSE))","v":""},null,{"$f":"IF(ISNA(VLOOKUP(AE177,ltSchlepper,SchKraftstoffVerb,FALSE))=TRUE,0,VLOOKUP(AE177,ltSchlepper,SchKraftstoffVerb,FALSE)*IF(ISBLANK(AI177),1,AI177)*AG177)","v":0},null,{"$f":"IF(ISNA(VLOOKUP(AK177,ltSchlepper,2,FALSE))=TRUE,\"\",VLOOKUP(AK177,ltSchlepper,2,FALSE))","v":""},null,{"$f":"IF(ISNA(VLOOKUP(AK177,ltSchlepper,3,FALSE))=TRUE,\"\",VLOOKUP(AK177,ltSchlepper,3,FALSE))","v":""},null,{"$f":"IF(ISNA(VLOOKUP(AK177,ltSchlepper,SchKraftstoffVerb,FALSE))=TRUE,0,VLOOKUP(AK177,ltSchlepper,SchKraftstoffVerb,FALSE)*IF(ISBLANK(AO177),1,AO177)*AM177)","v":0},null,{"$f":"IF(ISNA(VLOOKUP(AQ177,ltSchlepper,2,FALSE))=TRUE,\"\",VLOOKUP(AQ177,ltSchlepper,2,FALSE))","v":""},null,{"$f":"IF(ISNA(VLOOKUP(AQ177,ltSchlepper,3,FALSE))=TRUE,\"\",VLOOKUP(AQ177,ltSchlepper,3,FALSE))","v":""},null,{"$f":"IF(ISNA(VLOOKUP(AQ177,ltSchlepper,SchKraftstoffVerb,FALSE))=TRUE,0,VLOOKUP(AQ177,ltSchlepper,SchKraftstoffVerb,FALSE)*IF(ISBLANK(AU177),1,AU177)*AS177)","v":0},{"$f":"BL177+BS177+BZ177+CG177","v":0},0,0,0,0,0,{"$f":"SUM(AX177:AZ177,BA177:BB177)","v":0},0,0,0,0,{"$f":"BG177+BC177","v":0},{"$f":"(IF(ISNA(VLOOKUP(Y177,ltSchlepper,Maschinen!$K$6,FALSE))=TRUE,0,VLOOKUP(Y177,ltSchlepper,Maschinen!$K$6,FALSE)*AA177))","v":0},{"$f":"(IF(ISNA(VLOOKUP(Y177,ltSchlepper,Maschinen!$L$6,FALSE))=TRUE,0,VLOOKUP(Y177,ltSchlepper,Maschinen!$L$6,FALSE)*AA177))","v":0},{"$f":"(IF(ISNA(VLOOKUP(Y177,ltSchlepper,Maschinen!$M$6,FALSE))=TRUE,0,VLOOKUP(Y177,ltSchlepper,Maschinen!$M$6,FALSE)*AA177))","v":0},{"$f":"(IF(ISNA(VLOOKUP(Y177,ltSchlepper,Maschinen!$N$6,FALSE))=TRUE,0,VLOOKUP(Y177,ltSchlepper,Maschinen!$N$6,FALSE)*AA177*IF(ISBLANK(AC177),1,AC177)))","v":0},{"$f":"(IF(ISNA(VLOOKUP(Y177,ltSchlepper,Maschinen!$O$6,FALSE))=TRUE,0,VLOOKUP(Y177,ltSchlepper,Maschinen!$O$6,FALSE)*AA177*IF(ISBLANK(AC177),1,AC177)))","v":0},{"$f":"(IF(ISNA(VLOOKUP(Y177,ltSchlepper,Maschinen!$P$6,FALSE))=TRUE,0,VLOOKUP(Y177,ltSchlepper,Maschinen!$P$6,FALSE)*AA177*IF(ISBLANK(AC177),1,AC177)))","v":0},{"$f":"SUM(BI177:BK177,BM177:BN177)","v":0},{"$f":"(IF(ISNA(VLOOKUP(AE177,ltSchlepper,Maschinen!$K$6,FALSE))=TRUE,0,VLOOKUP(AE177,ltSchlepper,Maschinen!$K$6,FALSE)*AG177))","v":0},{"$f":"(IF(ISNA(VLOOKUP(AE177,ltSchlepper,Maschinen!$L$6,FALSE))=TRUE,0,VLOOKUP(AE177,ltSchlepper,Maschinen!$L$6,FALSE)*AG177))","v":0},{"$f":"(IF(ISNA(VLOOKUP(AE177,ltSchlepper,Maschinen!$M$6,FALSE))=TRUE,0,VLOOKUP(AE177,ltSchlepper,Maschinen!$M$6,FALSE)*AG177))","v":0},{"$f":"(IF(ISNA(VLOOKUP(AE177,ltSchlepper,Maschinen!$N$6,FALSE))=TRUE,0,VLOOKUP(AE177,ltSchlepper,Maschinen!$N$6,FALSE)*AG177*IF(ISBLANK(AI177),1,AI177)))","v":0},{"$f":"(IF(ISNA(VLOOKUP(AE177,ltSchlepper,Maschinen!$O$6,FALSE))=TRUE,0,VLOOKUP(AE177,ltSchlepper,Maschinen!$O$6,FALSE)*AG177*IF(ISBLANK(AI177),1,AI177)))","v":0},{"$f":"(IF(ISNA(VLOOKUP(AE177,ltSchlepper,Maschinen!$P$6,FALSE))=TRUE,0,VLOOKUP(AE177,ltSchlepper,Maschinen!$P$6,FALSE)*AG177*IF(ISBLANK(AI177),1,AI177)))","v":0},{"$f":"SUM(BP177:BR177,BT177:BU177)","v":0},{"$f":"(IF(ISNA(VLOOKUP(AK177,ltSchlepper,Maschinen!$K$6,FALSE))=TRUE,0,VLOOKUP(AK177,ltSchlepper,Maschinen!$K$6,FALSE)*AM177))","v":0},{"$f":"(IF(ISNA(VLOOKUP(AK177,ltSchlepper,Maschinen!$L$6,FALSE))=TRUE,0,VLOOKUP(AK177,ltSchlepper,Maschinen!$L$6,FALSE)*AM177))","v":0},{"$f":"(IF(ISNA(VLOOKUP(AK177,ltSchlepper,Maschinen!$M$6,FALSE))=TRUE,0,VLOOKUP(AK177,ltSchlepper,Maschinen!$M$6,FALSE)*AM177))","v":0},{"$f":"(IF(ISNA(VLOOKUP(AK177,ltSchlepper,Maschinen!$N$6,FALSE))=TRUE,0,VLOOKUP(AK177,ltSchlepper,Maschinen!$N$6,FALSE)*AM177*IF(ISBLANK(AO177),1,AO177)))","v":0},{"$f":"(IF(ISNA(VLOOKUP(AK177,ltSchlepper,Maschinen!$O$6,FALSE))=TRUE,0,VLOOKUP(AK177,ltSchlepper,Maschinen!$O$6,FALSE)*AM177*IF(ISBLANK(AO177),1,AO177)))","v":0},{"$f":"(IF(ISNA(VLOOKUP(AK177,ltSchlepper,Maschinen!$P$6,FALSE))=TRUE,0,VLOOKUP(AK177,ltSchlepper,Maschinen!$P$6,FALSE)*AM177*IF(ISBLANK(AO177),1,AO177)))","v":0},{"$f":"SUM(BW177:BY177,CA177:CB177)","v":0},{"$f":"(IF(ISNA(VLOOKUP(AQ177,ltSchlepper,Maschinen!$K$6,FALSE))=TRUE,0,VLOOKUP(AQ177,ltSchlepper,Maschinen!$K$6,FALSE)*AS177))","v":0},{"$f":"(IF(ISNA(VLOOKUP(AQ177,ltSchlepper,Maschinen!$L$6,FALSE))=TRUE,0,VLOOKUP(AQ177,ltSchlepper,Maschinen!$L$6,FALSE)*AS177))","v":0},{"$f":"(IF(ISNA(VLOOKUP(AQ177,ltSchlepper,Maschinen!$M$6,FALSE))=TRUE,0,VLOOKUP(AQ177,ltSchlepper,Maschinen!$M$6,FALSE)*AS177))","v":0},{"$f":"(IF(ISNA(VLOOKUP(AQ177,ltSchlepper,Maschinen!$N$6,FALSE))=TRUE,0,VLOOKUP(AQ177,ltSchlepper,Maschinen!$N$6,FALSE)*AS177*IF(ISBLANK(AU177),1,AU177)))","v":0},{"$f":"(IF(ISNA(VLOOKUP(AQ177,ltSchlepper,Maschinen!$O$6,FALSE))=TRUE,0,VLOOKUP(AQ177,ltSchlepper,Maschinen!$O$6,FALSE)*AS177*IF(ISBLANK(AU177),1,AU177)))","v":0},{"$f":"(IF(ISNA(VLOOKUP(AQ177,ltSchlepper,Maschinen!$P$6,FALSE))=TRUE,0,VLOOKUP(AQ177,ltSchlepper,Maschinen!$P$6,FALSE)*AS177*IF(ISBLANK(AU177),1,AU177)))","v":0},{"$f":"SUM(CD177:CF177,CH177:CI177)","v":0},{"$f":"(IF(ISNA(VLOOKUP(Y177,ltSchlepper,Maschinen!$AA$6,FALSE))=TRUE,0,VLOOKUP(Y177,ltSchlepper,Maschinen!$AA$6,FALSE)*AA177))","v":0},{"$f":"(IF(ISNA(VLOOKUP(Y177,ltSchlepper,Maschinen!$AB$6,FALSE))=TRUE,0,VLOOKUP(Y177,ltSchlepper,Maschinen!$AB$6,FALSE)*AA177))","v":0},{"$f":"(IF(ISNA(VLOOKUP(Y177,ltSchlepper,Maschinen!$AC$6,FALSE))=TRUE,0,VLOOKUP(Y177,ltSchlepper,Maschinen!$AC$6,FALSE)*AA177))","v":0},{"$f":"SUM(CK177:CM177)","v":0},{"$f":"(IF(ISNA(VLOOKUP(AE177,ltSchlepper,Maschinen!$AA$6,FALSE))=TRUE,0,VLOOKUP(AE177,ltSchlepper,Maschinen!$AA$6,FALSE)*AG177))","v":0},{"$f":"(IF(ISNA(VLOOKUP(AE177,ltSchlepper,Maschinen!$AB$6,FALSE))=TRUE,0,VLOOKUP(AE177,ltSchlepper,Maschinen!$AB$6,FALSE)*AG177))","v":0},{"$f":"(IF(ISNA(VLOOKUP(AE177,ltSchlepper,Maschinen!$AC$6,FALSE))=TRUE,0,VLOOKUP(AE177,ltSchlepper,Maschinen!$AC$6,FALSE)*AG177))","v":0},{"$f":"SUM(CO177:CQ177)","v":0},{"$f":"(IF(ISNA(VLOOKUP(AK177,ltSchlepper,Maschinen!$AA$6,FALSE))=TRUE,0,VLOOKUP(AK177,ltSchlepper,Maschinen!$AA$6,FALSE)*AM177))","v":0},{"$f":"(IF(ISNA(VLOOKUP(AK177,ltSchlepper,Maschinen!$AB$6,FALSE))=TRUE,0,VLOOKUP(AK177,ltSchlepper,Maschinen!$AB$6,FALSE)*AM177))","v":0},{"$f":"(IF(ISNA(VLOOKUP(AK177,ltSchlepper,Maschinen!$AC$6,FALSE))=TRUE,0,VLOOKUP(AK177,ltSchlepper,Maschinen!$AC$6,FALSE)*AM177))","v":0},{"$f":"SUM(CS177:CU177)","v":0},{"$f":"(IF(ISNA(VLOOKUP(AQ177,ltSchlepper,Maschinen!$AA$6,FALSE))=TRUE,0,VLOOKUP(AQ177,ltSchlepper,Maschinen!$AA$6,FALSE)*AS177))","v":0},{"$f":"(IF(ISNA(VLOOKUP(AQ177,ltSchlepper,Maschinen!$AB$6,FALSE))=TRUE,0,VLOOKUP(AQ177,ltSchlepper,Maschinen!$AB$6,FALSE)*AS177))","v":0},{"$f":"(IF(ISNA(VLOOKUP(AQ177,ltSchlepper,Maschinen!$AC$6,FALSE))=TRUE,0,VLOOKUP(AQ177,ltSchlepper,Maschinen!$AC$6,FALSE)*AS177))","v":0},{"$f":"SUM(CW177:CY177)","v":0}]
[null,22124,null,null,null,null,null,null,{"$f":"BC178","v":0},{"$f":"H178+I178","v":0},{"$f":"F178+G178-J178","v":0},0.1,{"$f":"(H178+I178)*L178","v":0},{"$f":"M178*Interest","v":0},null,null,{"$f":"O178+P178","v":0},{"$f":"Q178*Lohnanspruch","v":0},{"$f":"J178+N178+R178","v":0},{"$f":"K178-N178-R178","v":0},{"$f":"BG178","v":0},{"$f":"H178+I178+N178+R178+U178","v":0},{"$f":"T178-U178","v":0},null,null,"",null,{"$f":"IF(ISNA(VLOOKUP(Y178,ltSchlepper,3,FALSE))=TRUE,\"\",VLOOKUP(Y178,ltSchlepper,3,FALSE))","v":""},null,{"$f":"IF(ISNA(VLOOKUP(Y178,ltSchlepper,SchKraftstoffVerb,FALSE))=TRUE,0,VLOOKUP(Y178,ltSchlepper,SchKraftstoffVerb,FALSE)*IF(ISBLANK(AC178),1,AC178)*AA178)","v":0},null,{"$f":"IF(ISNA(VLOOKUP(AE178,ltSchlepper,2,FALSE))=TRUE,\"\",VLOOKUP(AE178,ltSchlepper,2,FALSE))","v":""},null,{"$f":"IF(ISNA(VLOOKUP(AE178,ltSchlepper,3,FALSE))=TRUE,\"\",VLOOKUP(AE178,ltSchlepper,3,FALSE))","v":""},null,{"$f":"IF(ISNA(VLOOKUP(AE178,ltSchlepper,SchKraftstoffVerb,FALSE))=TRUE,0,VLOOKUP(AE178,ltSchlepper,SchKraftstoffVerb,FALSE)*IF(ISBLANK(AI178),1,AI178)*AG178)","v":0},null,{"$f":"IF(ISNA(VLOOKUP(AK178,ltSchlepper,2,FALSE))=TRUE,\"\",VLOOKUP(AK178,ltSchlepper,2,FALSE))","v":""},null,{"$f":"IF(ISNA(VLOOKUP(AK178,ltSchlepper,3,FALSE))=TRUE,\"\",VLOOKUP(AK178,ltSchlepper,3,FALSE))","v":""},null,{"$f":"IF(ISNA(VLOOKUP(AK178,ltSchlepper,SchKraftstoffVerb,FALSE))=TRUE,0,VLOOKUP(AK178,ltSchlepper,SchKraftstoffVerb,FALSE)*IF(ISBLANK(AO178),1,AO178)*AM178)","v":0},null,{"$f":"IF(ISNA(VLOOKUP(AQ178,ltSchlepper,2,FALSE))=TRUE,\"\",VLOOKUP(AQ178,ltSchlepper,2,FALSE))","v":""},null,{"$f":"IF(ISNA(VLOOKUP(AQ178,ltSchlepper,3,FALSE))=TRUE,\"\",VLOOKUP(AQ178,ltSchlepper,3,FALSE))","v":""},null,{"$f":"IF(ISNA(VLOOKUP(AQ178,ltSchlepper,SchKraftstoffVerb,FALSE))=TRUE,0,VLOOKUP(AQ178,ltSchlepper,SchKraftstoffVerb,FALSE)*IF(ISBLANK(AU178),1,AU178)*AS178)","v":0},{"$f":"BL178+BS178+BZ178+CG178","v":0},0,0,0,0,0,{"$f":"SUM(AX178:AZ178,BA178:BB178)","v":0},0,0,0,0,{"$f":"BG178+BC178","v":0},{"$f":"(IF(ISNA(VLOOKUP(Y178,ltSchlepper,Maschinen!$K$6,FALSE))=TRUE,0,VLOOKUP(Y178,ltSchlepper,Maschinen!$K$6,FALSE)*AA178))","v":0},{"$f":"(IF(ISNA(VLOOKUP(Y178,ltSchlepper,Maschinen!$L$6,FALSE))=TRUE,0,VLOOKUP(Y178,ltSchlepper,Maschinen!$L$6,FALSE)*AA178))","v":0},{"$f":"(IF(ISNA(VLOOKUP(Y178,ltSchlepper,Maschinen!$M$6,FALSE))=TRUE,0,VLOOKUP(Y178,ltSchlepper,Maschinen!$M$6,FALSE)*AA178))","v":0},{"$f":"(IF(ISNA(VLOOKUP(Y178,ltSchlepper,Maschinen!$N$6,FALSE))=TRUE,0,VLOOKUP(Y178,ltSchlepper,Maschinen!$N$6,FALSE)*AA178*IF(ISBLANK(AC178),1,AC178)))","v":0},{"$f":"(IF(ISNA(VLOOKUP(Y178,ltSchlepper,Maschinen!$O$6,FALSE))=TRUE,0,VLOOKUP(Y178,ltSchlepper,Maschinen!$O$6,FALSE)*AA178*IF(ISBLANK(AC178),1,AC178)))","v":0},{"$f":"(IF(ISNA(VLOOKUP(Y178,ltSchlepper,Maschinen!$P$6,FALSE))=TRUE,0,VLOOKUP(Y178,ltSchlepper,Maschinen!$P$6,FALSE)*AA178*IF(ISBLANK(AC178),1,AC178)))","v":0},{"$f":"SUM(BI178:BK178,BM178:BN178)","v":0},{"$f":"(IF(ISNA(VLOOKUP(AE178,ltSchlepper,Maschinen!$K$6,FALSE))=TRUE,0,VLOOKUP(AE178,ltSchlepper,Maschinen!$K$6,FALSE)*AG178))","v":0},{"$f":"(IF(ISNA(VLOOKUP(AE178,ltSchlepper,Maschinen!$L$6,FALSE))=TRUE,0,VLOOKUP(AE178,ltSchlepper,Maschinen!$L$6,FALSE)*AG178))","v":0},{"$f":"(IF(ISNA(VLOOKUP(AE178,ltSchlepper,Maschinen!$M$6,FALSE))=TRUE,0,VLOOKUP(AE178,ltSchlepper,Maschinen!$M$6,FALSE)*AG178))","v":0},{"$f":"(IF(ISNA(VLOOKUP(AE178,ltSchlepper,Maschinen!$N$6,FALSE))=TRUE,0,VLOOKUP(AE178,ltSchlepper,Maschinen!$N$6,FALSE)*AG178*IF(ISBLANK(AI178),1,AI178)))","v":0},{"$f":"(IF(ISNA(VLOOKUP(AE178,ltSchlepper,Maschinen!$O$6,FALSE))=TRUE,0,VLOOKUP(AE178,ltSchlepper,Maschinen!$O$6,FALSE)*AG178*IF(ISBLANK(AI178),1,AI178)))","v":0},{"$f":"(IF(ISNA(VLOOKUP(AE178,ltSchlepper,Maschinen!$P$6,FALSE))=TRUE,0,VLOOKUP(AE178,ltSchlepper,Maschinen!$P$6,FALSE)*AG178*IF(ISBLANK(AI178),1,AI178)))","v":0},{"$f":"SUM(BP178:BR178,BT178:BU178)","v":0},{"$f":"(IF(ISNA(VLOOKUP(AK178,ltSchlepper,Maschinen!$K$6,FALSE))=TRUE,0,VLOOKUP(AK178,ltSchlepper,Maschinen!$K$6,FALSE)*AM178))","v":0},{"$f":"(IF(ISNA(VLOOKUP(AK178,ltSchlepper,Maschinen!$L$6,FALSE))=TRUE,0,VLOOKUP(AK178,ltSchlepper,Maschinen!$L$6,FALSE)*AM178))","v":0},{"$f":"(IF(ISNA(VLOOKUP(AK178,ltSchlepper,Maschinen!$M$6,FALSE))=TRUE,0,VLOOKUP(AK178,ltSchlepper,Maschinen!$M$6,FALSE)*AM178))","v":0},{"$f":"(IF(ISNA(VLOOKUP(AK178,ltSchlepper,Maschinen!$N$6,FALSE))=TRUE,0,VLOOKUP(AK178,ltSchlepper,Maschinen!$N$6,FALSE)*AM178*IF(ISBLANK(AO178),1,AO178)))","v":0},{"$f":"(IF(ISNA(VLOOKUP(AK178,ltSchlepper,Maschinen!$O$6,FALSE))=TRUE,0,VLOOKUP(AK178,ltSchlepper,Maschinen!$O$6,FALSE)*AM178*IF(ISBLANK(AO178),1,AO178)))","v":0},{"$f":"(IF(ISNA(VLOOKUP(AK178,ltSchlepper,Maschinen!$P$6,FALSE))=TRUE,0,VLOOKUP(AK178,ltSchlepper,Maschinen!$P$6,FALSE)*AM178*IF(ISBLANK(AO178),1,AO178)))","v":0},{"$f":"SUM(BW178:BY178,CA178:CB178)","v":0},{"$f":"(IF(ISNA(VLOOKUP(AQ178,ltSchlepper,Maschinen!$K$6,FALSE))=TRUE,0,VLOOKUP(AQ178,ltSchlepper,Maschinen!$K$6,FALSE)*AS178))","v":0},{"$f":"(IF(ISNA(VLOOKUP(AQ178,ltSchlepper,Maschinen!$L$6,FALSE))=TRUE,0,VLOOKUP(AQ178,ltSchlepper,Maschinen!$L$6,FALSE)*AS178))","v":0},{"$f":"(IF(ISNA(VLOOKUP(AQ178,ltSchlepper,Maschinen!$M$6,FALSE))=TRUE,0,VLOOKUP(AQ178,ltSchlepper,Maschinen!$M$6,FALSE)*AS178))","v":0},{"$f":"(IF(ISNA(VLOOKUP(AQ178,ltSchlepper,Maschinen!$N$6,FALSE))=TRUE,0,VLOOKUP(AQ178,ltSchlepper,Maschinen!$N$6,FALSE)*AS178*IF(ISBLANK(AU178),1,AU178)))","v":0},{"$f":"(IF(ISNA(VLOOKUP(AQ178,ltSchlepper,Maschinen!$O$6,FALSE))=TRUE,0,VLOOKUP(AQ178,ltSchlepper,Maschinen!$O$6,FALSE)*AS178*IF(ISBLANK(AU178),1,AU178)))","v":0},{"$f":"(IF(ISNA(VLOOKUP(AQ178,ltSchlepper,Maschinen!$P$6,FALSE))=TRUE,0,VLOOKUP(AQ178,ltSchlepper,Maschinen!$P$6,FALSE)*AS178*IF(ISBLANK(AU178),1,AU178)))","v":0},{"$f":"SUM(CD178:CF178,CH178:CI178)","v":0},{"$f":"(IF(ISNA(VLOOKUP(Y178,ltSchlepper,Maschinen!$AA$6,FALSE))=TRUE,0,VLOOKUP(Y178,ltSchlepper,Maschinen!$AA$6,FALSE)*AA178))","v":0},{"$f":"(IF(ISNA(VLOOKUP(Y178,ltSchlepper,Maschinen!$AB$6,FALSE))=TRUE,0,VLOOKUP(Y178,ltSchlepper,Maschinen!$AB$6,FALSE)*AA178))","v":0},{"$f":"(IF(ISNA(VLOOKUP(Y178,ltSchlepper,Maschinen!$AC$6,FALSE))=TRUE,0,VLOOKUP(Y178,ltSchlepper,Maschinen!$AC$6,FALSE)*AA178))","v":0},{"$f":"SUM(CK178:CM178)","v":0},{"$f":"(IF(ISNA(VLOOKUP(AE178,ltSchlepper,Maschinen!$AA$6,FALSE))=TRUE,0,VLOOKUP(AE178,ltSchlepper,Maschinen!$AA$6,FALSE)*AG178))","v":0},{"$f":"(IF(ISNA(VLOOKUP(AE178,ltSchlepper,Maschinen!$AB$6,FALSE))=TRUE,0,VLOOKUP(AE178,ltSchlepper,Maschinen!$AB$6,FALSE)*AG178))","v":0},{"$f":"(IF(ISNA(VLOOKUP(AE178,ltSchlepper,Maschinen!$AC$6,FALSE))=TRUE,0,VLOOKUP(AE178,ltSchlepper,Maschinen!$AC$6,FALSE)*AG178))","v":0},{"$f":"SUM(CO178:CQ178)","v":0},{"$f":"(IF(ISNA(VLOOKUP(AK178,ltSchlepper,Maschinen!$AA$6,FALSE))=TRUE,0,VLOOKUP(AK178,ltSchlepper,Maschinen!$AA$6,FALSE)*AM178))","v":0},{"$f":"(IF(ISNA(VLOOKUP(AK178,ltSchlepper,Maschinen!$AB$6,FALSE))=TRUE,0,VLOOKUP(AK178,ltSchlepper,Maschinen!$AB$6,FALSE)*AM178))","v":0},{"$f":"(IF(ISNA(VLOOKUP(AK178,ltSchlepper,Maschinen!$AC$6,FALSE))=TRUE,0,VLOOKUP(AK178,ltSchlepper,Maschinen!$AC$6,FALSE)*AM178))","v":0},{"$f":"SUM(CS178:CU178)","v":0},{"$f":"(IF(ISNA(VLOOKUP(AQ178,ltSchlepper,Maschinen!$AA$6,FALSE))=TRUE,0,VLOOKUP(AQ178,ltSchlepper,Maschinen!$AA$6,FALSE)*AS178))","v":0},{"$f":"(IF(ISNA(VLOOKUP(AQ178,ltSchlepper,Maschinen!$AB$6,FALSE))=TRUE,0,VLOOKUP(AQ178,ltSchlepper,Maschinen!$AB$6,FALSE)*AS178))","v":0},{"$f":"(IF(ISNA(VLOOKUP(AQ178,ltSchlepper,Maschinen!$AC$6,FALSE))=TRUE,0,VLOOKUP(AQ178,ltSchlepper,Maschinen!$AC$6,FALSE)*AS178))","v":0},{"$f":"SUM(CW178:CY178)","v":0}]
[null,22114,null,null,null,null,null,null,0,0,0,0.1,0,0,null,null,0,0,0,0,0,0,0,null,null,"",null,"",null,0,null,"",null,"",null,0,null,"",null,"",null,0,null,"",null,"",null,0,0,0,0,0,0,0,0,0,0,0,0,0,{"$f":"(IF(ISNA(VLOOKUP(Y179,ltSchlepper,Maschinen!$K$6,FALSE))=TRUE,0,VLOOKUP(Y179,ltSchlepper,Maschinen!$K$6,FALSE)*AA179))","v":0},{"$f":"(IF(ISNA(VLOOKUP(Y179,ltSchlepper,Maschinen!$L$6,FALSE))=TRUE,0,VLOOKUP(Y179,ltSchlepper,Maschinen!$L$6,FALSE)*AA179))","v":0},{"$f":"(IF(ISNA(VLOOKUP(Y179,ltSchlepper,Maschinen!$M$6,FALSE))=TRUE,0,VLOOKUP(Y179,ltSchlepper,Maschinen!$M$6,FALSE)*AA179))","v":0},{"$f":"(IF(ISNA(VLOOKUP(Y179,ltSchlepper,Maschinen!$N$6,FALSE))=TRUE,0,VLOOKUP(Y179,ltSchlepper,Maschinen!$N$6,FALSE)*AA179*IF(ISBLANK(AC179),1,AC179)))","v":0},{"$f":"(IF(ISNA(VLOOKUP(Y179,ltSchlepper,Maschinen!$O$6,FALSE))=TRUE,0,VLOOKUP(Y179,ltSchlepper,Maschinen!$O$6,FALSE)*AA179*IF(ISBLANK(AC179),1,AC179)))","v":0},{"$f":"(IF(ISNA(VLOOKUP(Y179,ltSchlepper,Maschinen!$P$6,FALSE))=TRUE,0,VLOOKUP(Y179,ltSchlepper,Maschinen!$P$6,FALSE)*AA179*IF(ISBLANK(AC179),1,AC179)))","v":0},0,{"$f":"(IF(ISNA(VLOOKUP(AE179,ltSchlepper,Maschinen!$K$6,FALSE))=TRUE,0,VLOOKUP(AE179,ltSchlepper,Maschinen!$K$6,FALSE)*AG179))","v":0},{"$f":"(IF(ISNA(VLOOKUP(AE179,ltSchlepper,Maschinen!$L$6,FALSE))=TRUE,0,VLOOKUP(AE179,ltSchlepper,Maschinen!$L$6,FALSE)*AG179))","v":0},{"$f":"(IF(ISNA(VLOOKUP(AE179,ltSchlepper,Maschinen!$M$6,FALSE))=TRUE,0,VLOOKUP(AE179,ltSchlepper,Maschinen!$M$6,FALSE)*AG179))","v":0},{"$f":"(IF(ISNA(VLOOKUP(AE179,ltSchlepper,Maschinen!$N$6,FALSE))=TRUE,0,VLOOKUP(AE179,ltSchlepper,Maschinen!$N$6,FALSE)*AG179*IF(ISBLANK(AI179),1,AI179)))","v":0},{"$f":"(IF(ISNA(VLOOKUP(AE179,ltSchlepper,Maschinen!$O$6,FALSE))=TRUE,0,VLOOKUP(AE179,ltSchlepper,Maschinen!$O$6,FALSE)*AG179*IF(ISBLANK(AI179),1,AI179)))","v":0},{"$f":"(IF(ISNA(VLOOKUP(AE179,ltSchlepper,Maschinen!$P$6,FALSE))=TRUE,0,VLOOKUP(AE179,ltSchlepper,Maschinen!$P$6,FALSE)*AG179*IF(ISBLANK(AI179),1,AI179)))","v":0},0,{"$f":"(IF(ISNA(VLOOKUP(AK179,ltSchlepper,Maschinen!$K$6,FALSE))=TRUE,0,VLOOKUP(AK179,ltSchlepper,Maschinen!$K$6,FALSE)*AM179))","v":0},{"$f":"(IF(ISNA(VLOOKUP(AK179,ltSchlepper,Maschinen!$L$6,FALSE))=TRUE,0,VLOOKUP(AK179,ltSchlepper,Maschinen!$L$6,FALSE)*AM179))","v":0},{"$f":"(IF(ISNA(VLOOKUP(AK179,ltSchlepper,Maschinen!$M$6,FALSE))=TRUE,0,VLOOKUP(AK179,ltSchlepper,Maschinen!$M$6,FALSE)*AM179))","v":0},{"$f":"(IF(ISNA(VLOOKUP(AK179,ltSchlepper,Maschinen!$N$6,FALSE))=TRUE,0,VLOOKUP(AK179,ltSchlepper,Maschinen!$N$6,FALSE)*AM179*IF(ISBLANK(AO179),1,AO179)))","v":0},{"$f":"(IF(ISNA(VLOOKUP(AK179,ltSchlepper,Maschinen!$O$6,FALSE))=TRUE,0,VLOOKUP(AK179,ltSchlepper,Maschinen!$O$6,FALSE)*AM179*IF(ISBLANK(AO179),1,AO179)))","v":0},{"$f":"(IF(ISNA(VLOOKUP(AK179,ltSchlepper,Maschinen!$P$6,FALSE))=TRUE,0,VLOOKUP(AK179,ltSchlepper,Maschinen!$P$6,FALSE)*AM179*IF(ISBLANK(AO179),1,AO179)))","v":0},0,{"$f":"(IF(ISNA(VLOOKUP(AQ179,ltSchlepper,Maschinen!$K$6,FALSE))=TRUE,0,VLOOKUP(AQ179,ltSchlepper,Maschinen!$K$6,FALSE)*AS179))","v":0},{"$f":"(IF(ISNA(VLOOKUP(AQ179,ltSchlepper,Maschinen!$L$6,FALSE))=TRUE,0,VLOOKUP(AQ179,ltSchlepper,Maschinen!$L$6,FALSE)*AS179))","v":0},{"$f":"(IF(ISNA(VLOOKUP(AQ179,ltSchlepper,Maschinen!$M$6,FALSE))=TRUE,0,VLOOKUP(AQ179,ltSchlepper,Maschinen!$M$6,FALSE)*AS179))","v":0},{"$f":"(IF(ISNA(VLOOKUP(AQ179,ltSchlepper,Maschinen!$N$6,FALSE))=TRUE,0,VLOOKUP(AQ179,ltSchlepper,Maschinen!$N$6,FALSE)*AS179*IF(ISBLANK(AU179),1,AU179)))","v":0},{"$f":"(IF(ISNA(VLOOKUP(AQ179,ltSchlepper,Maschinen!$O$6,FALSE))=TRUE,0,VLOOKUP(AQ179,ltSchlepper,Maschinen!$O$6,FALSE)*AS179*IF(ISBLANK(AU179),1,AU179)))","v":0},{"$f":"(IF(ISNA(VLOOKUP(AQ179,ltSchlepper,Maschinen!$P$6,FALSE))=TRUE,0,VLOOKUP(AQ179,ltSchlepper,Maschinen!$P$6,FALSE)*AS179*IF(ISBLANK(AU179),1,AU179)))","v":0},0,{"$f":"(IF(ISNA(VLOOKUP(Y179,ltSchlepper,Maschinen!$AA$6,FALSE))=TRUE,0,VLOOKUP(Y179,ltSchlepper,Maschinen!$AA$6,FALSE)*AA179))","v":0},{"$f":"(IF(ISNA(VLOOKUP(Y179,ltSchlepper,Maschinen!$AB$6,FALSE))=TRUE,0,VLOOKUP(Y179,ltSchlepper,Maschinen!$AB$6,FALSE)*AA179))","v":0},{"$f":"(IF(ISNA(VLOOKUP(Y179,ltSchlepper,Maschinen!$AC$6,FALSE))=TRUE,0,VLOOKUP(Y179,ltSchlepper,Maschinen!$AC$6,FALSE)*AA179))","v":0},0,{"$f":"(IF(ISNA(VLOOKUP(AE179,ltSchlepper,Maschinen!$AA$6,FALSE))=TRUE,0,VLOOKUP(AE179,ltSchlepper,Maschinen!$AA$6,FALSE)*AG179))","v":0},{"$f":"(IF(ISNA(VLOOKUP(AE179,ltSchlepper,Maschinen!$AB$6,FALSE))=TRUE,0,VLOOKUP(AE179,ltSchlepper,Maschinen!$AB$6,FALSE)*AG179))","v":0},{"$f":"(IF(ISNA(VLOOKUP(AE179,ltSchlepper,Maschinen!$AC$6,FALSE))=TRUE,0,VLOOKUP(AE179,ltSchlepper,Maschinen!$AC$6,FALSE)*AG179))","v":0},0,{"$f":"(IF(ISNA(VLOOKUP(AK179,ltSchlepper,Maschinen!$AA$6,FALSE))=TRUE,0,VLOOKUP(AK179,ltSchlepper,Maschinen!$AA$6,FALSE)*AM179))","v":0},{"$f":"(IF(ISNA(VLOOKUP(AK179,ltSchlepper,Maschinen!$AB$6,FALSE))=TRUE,0,VLOOKUP(AK179,ltSchlepper,Maschinen!$AB$6,FALSE)*AM179))","v":0},{"$f":"(IF(ISNA(VLOOKUP(AK179,ltSchlepper,Maschinen!$AC$6,FALSE))=TRUE,0,VLOOKUP(AK179,ltSchlepper,Maschinen!$AC$6,FALSE)*AM179))","v":0},0,{"$f":"(IF(ISNA(VLOOKUP(AQ179,ltSchlepper,Maschinen!$AA$6,FALSE))=TRUE,0,VLOOKUP(AQ179,ltSchlepper,Maschinen!$AA$6,FALSE)*AS179))","v":0},{"$f":"(IF(ISNA(VLOOKUP(AQ179,ltSchlepper,Maschinen!$AB$6,FALSE))=TRUE,0,VLOOKUP(AQ179,ltSchlepper,Maschinen!$AB$6,FALSE)*AS179))","v":0},{"$f":"(IF(ISNA(VLOOKUP(AQ179,ltSchlepper,Maschinen!$AC$6,FALSE))=TRUE,0,VLOOKUP(AQ179,ltSchlepper,Maschinen!$AC$6,FALSE)*AS179))","v":0},0]
[null,22115,null,null,null,null,null,null,0,0,0,0.1,0,0,null,null,0,0,0,0,0,0,0,null,null,"",null,"",null,0,null,"",null,"",null,0,null,"",null,"",null,0,null,"",null,"",null,0,0,0,0,0,0,0,0,0,0,0,0,0,{"$f":"(IF(ISNA(VLOOKUP(Y180,ltSchlepper,Maschinen!$K$6,FALSE))=TRUE,0,VLOOKUP(Y180,ltSchlepper,Maschinen!$K$6,FALSE)*AA180))","v":0},{"$f":"(IF(ISNA(VLOOKUP(Y180,ltSchlepper,Maschinen!$L$6,FALSE))=TRUE,0,VLOOKUP(Y180,ltSchlepper,Maschinen!$L$6,FALSE)*AA180))","v":0},{"$f":"(IF(ISNA(VLOOKUP(Y180,ltSchlepper,Maschinen!$M$6,FALSE))=TRUE,0,VLOOKUP(Y180,ltSchlepper,Maschinen!$M$6,FALSE)*AA180))","v":0},{"$f":"(IF(ISNA(VLOOKUP(Y180,ltSchlepper,Maschinen!$N$6,FALSE))=TRUE,0,VLOOKUP(Y180,ltSchlepper,Maschinen!$N$6,FALSE)*AA180*IF(ISBLANK(AC180),1,AC180)))","v":0},{"$f":"(IF(ISNA(VLOOKUP(Y180,ltSchlepper,Maschinen!$O$6,FALSE))=TRUE,0,VLOOKUP(Y180,ltSchlepper,Maschinen!$O$6,FALSE)*AA180*IF(ISBLANK(AC180),1,AC180)))","v":0},{"$f":"(IF(ISNA(VLOOKUP(Y180,ltSchlepper,Maschinen!$P$6,FALSE))=TRUE,0,VLOOKUP(Y180,ltSchlepper,Maschinen!$P$6,FALSE)*AA180*IF(ISBLANK(AC180),1,AC180)))","v":0},0,{"$f":"(IF(ISNA(VLOOKUP(AE180,ltSchlepper,Maschinen!$K$6,FALSE))=TRUE,0,VLOOKUP(AE180,ltSchlepper,Maschinen!$K$6,FALSE)*AG180))","v":0},{"$f":"(IF(ISNA(VLOOKUP(AE180,ltSchlepper,Maschinen!$L$6,FALSE))=TRUE,0,VLOOKUP(AE180,ltSchlepper,Maschinen!$L$6,FALSE)*AG180))","v":0},{"$f":"(IF(ISNA(VLOOKUP(AE180,ltSchlepper,Maschinen!$M$6,FALSE))=TRUE,0,VLOOKUP(AE180,ltSchlepper,Maschinen!$M$6,FALSE)*AG180))","v":0},{"$f":"(IF(ISNA(VLOOKUP(AE180,ltSchlepper,Maschinen!$N$6,FALSE))=TRUE,0,VLOOKUP(AE180,ltSchlepper,Maschinen!$N$6,FALSE)*AG180*IF(ISBLANK(AI180),1,AI180)))","v":0},{"$f":"(IF(ISNA(VLOOKUP(AE180,ltSchlepper,Maschinen!$O$6,FALSE))=TRUE,0,VLOOKUP(AE180,ltSchlepper,Maschinen!$O$6,FALSE)*AG180*IF(ISBLANK(AI180),1,AI180)))","v":0},{"$f":"(IF(ISNA(VLOOKUP(AE180,ltSchlepper,Maschinen!$P$6,FALSE))=TRUE,0,VLOOKUP(AE180,ltSchlepper,Maschinen!$P$6,FALSE)*AG180*IF(ISBLANK(AI180),1,AI180)))","v":0},0,{"$f":"(IF(ISNA(VLOOKUP(AK180,ltSchlepper,Maschinen!$K$6,FALSE))=TRUE,0,VLOOKUP(AK180,ltSchlepper,Maschinen!$K$6,FALSE)*AM180))","v":0},{"$f":"(IF(ISNA(VLOOKUP(AK180,ltSchlepper,Maschinen!$L$6,FALSE))=TRUE,0,VLOOKUP(AK180,ltSchlepper,Maschinen!$L$6,FALSE)*AM180))","v":0},{"$f":"(IF(ISNA(VLOOKUP(AK180,ltSchlepper,Maschinen!$M$6,FALSE))=TRUE,0,VLOOKUP(AK180,ltSchlepper,Maschinen!$M$6,FALSE)*AM180))","v":0},{"$f":"(IF(ISNA(VLOOKUP(AK180,ltSchlepper,Maschinen!$N$6,FALSE))=TRUE,0,VLOOKUP(AK180,ltSchlepper,Maschinen!$N$6,FALSE)*AM180*IF(ISBLANK(AO180),1,AO180)))","v":0},{"$f":"(IF(ISNA(VLOOKUP(AK180,ltSchlepper,Maschinen!$O$6,FALSE))=TRUE,0,VLOOKUP(AK180,ltSchlepper,Maschinen!$O$6,FALSE)*AM180*IF(ISBLANK(AO180),1,AO180)))","v":0},{"$f":"(IF(ISNA(VLOOKUP(AK180,ltSchlepper,Maschinen!$P$6,FALSE))=TRUE,0,VLOOKUP(AK180,ltSchlepper,Maschinen!$P$6,FALSE)*AM180*IF(ISBLANK(AO180),1,AO180)))","v":0},0,{"$f":"(IF(ISNA(VLOOKUP(AQ180,ltSchlepper,Maschinen!$K$6,FALSE))=TRUE,0,VLOOKUP(AQ180,ltSchlepper,Maschinen!$K$6,FALSE)*AS180))","v":0},{"$f":"(IF(ISNA(VLOOKUP(AQ180,ltSchlepper,Maschinen!$L$6,FALSE))=TRUE,0,VLOOKUP(AQ180,ltSchlepper,Maschinen!$L$6,FALSE)*AS180))","v":0},{"$f":"(IF(ISNA(VLOOKUP(AQ180,ltSchlepper,Maschinen!$M$6,FALSE))=TRUE,0,VLOOKUP(AQ180,ltSchlepper,Maschinen!$M$6,FALSE)*AS180))","v":0},{"$f":"(IF(ISNA(VLOOKUP(AQ180,ltSchlepper,Maschinen!$N$6,FALSE))=TRUE,0,VLOOKUP(AQ180,ltSchlepper,Maschinen!$N$6,FALSE)*AS180*IF(ISBLANK(AU180),1,AU180)))","v":0},{"$f":"(IF(ISNA(VLOOKUP(AQ180,ltSchlepper,Maschinen!$O$6,FALSE))=TRUE,0,VLOOKUP(AQ180,ltSchlepper,Maschinen!$O$6,FALSE)*AS180*IF(ISBLANK(AU180),1,AU180)))","v":0},{"$f":"(IF(ISNA(VLOOKUP(AQ180,ltSchlepper,Maschinen!$P$6,FALSE))=TRUE,0,VLOOKUP(AQ180,ltSchlepper,Maschinen!$P$6,FALSE)*AS180*IF(ISBLANK(AU180),1,AU180)))","v":0},0,{"$f":"(IF(ISNA(VLOOKUP(Y180,ltSchlepper,Maschinen!$AA$6,FALSE))=TRUE,0,VLOOKUP(Y180,ltSchlepper,Maschinen!$AA$6,FALSE)*AA180))","v":0},{"$f":"(IF(ISNA(VLOOKUP(Y180,ltSchlepper,Maschinen!$AB$6,FALSE))=TRUE,0,VLOOKUP(Y180,ltSchlepper,Maschinen!$AB$6,FALSE)*AA180))","v":0},{"$f":"(IF(ISNA(VLOOKUP(Y180,ltSchlepper,Maschinen!$AC$6,FALSE))=TRUE,0,VLOOKUP(Y180,ltSchlepper,Maschinen!$AC$6,FALSE)*AA180))","v":0},{"$f":"SUM(CK180:CM180)","v":0},{"$f":"(IF(ISNA(VLOOKUP(AE180,ltSchlepper,Maschinen!$AA$6,FALSE))=TRUE,0,VLOOKUP(AE180,ltSchlepper,Maschinen!$AA$6,FALSE)*AG180))","v":0},{"$f":"(IF(ISNA(VLOOKUP(AE180,ltSchlepper,Maschinen!$AB$6,FALSE))=TRUE,0,VLOOKUP(AE180,ltSchlepper,Maschinen!$AB$6,FALSE)*AG180))","v":0},{"$f":"(IF(ISNA(VLOOKUP(AE180,ltSchlepper,Maschinen!$AC$6,FALSE))=TRUE,0,VLOOKUP(AE180,ltSchlepper,Maschinen!$AC$6,FALSE)*AG180))","v":0},{"$f":"SUM(CO180:CQ180)","v":0},{"$f":"(IF(ISNA(VLOOKUP(AK180,ltSchlepper,Maschinen!$AA$6,FALSE))=TRUE,0,VLOOKUP(AK180,ltSchlepper,Maschinen!$AA$6,FALSE)*AM180))","v":0},{"$f":"(IF(ISNA(VLOOKUP(AK180,ltSchlepper,Maschinen!$AB$6,FALSE))=TRUE,0,VLOOKUP(AK180,ltSchlepper,Maschinen!$AB$6,FALSE)*AM180))","v":0},{"$f":"(IF(ISNA(VLOOKUP(AK180,ltSchlepper,Maschinen!$AC$6,FALSE))=TRUE,0,VLOOKUP(AK180,ltSchlepper,Maschinen!$AC$6,FALSE)*AM180))","v":0},{"$f":"SUM(CS180:CU180)","v":0},{"$f":"(IF(ISNA(VLOOKUP(AQ180,ltSchlepper,Maschinen!$AA$6,FALSE))=TRUE,0,VLOOKUP(AQ180,ltSchlepper,Maschinen!$AA$6,FALSE)*AS180))","v":0},{"$f":"(IF(ISNA(VLOOKUP(AQ180,ltSchlepper,Maschinen!$AB$6,FALSE))=TRUE,0,VLOOKUP(AQ180,ltSchlepper,Maschinen!$AB$6,FALSE)*AS180))","v":0},{"$f":"(IF(ISNA(VLOOKUP(AQ180,ltSchlepper,Maschinen!$AC$6,FALSE))=TRUE,0,VLOOKUP(AQ180,ltSchlepper,Maschinen!$AC$6,FALSE)*AS180))","v":0},{"$f":"SUM(CW180:CY180)","v":0}]
[null,22116,null,null,null,null,null,null,0,0,0,0.1,0,0,null,null,0,0,0,0,0,0,0,null,null,"",null,{"$f":"IF(ISNA(VLOOKUP(Y181,ltSchlepper,3,FALSE))=TRUE,\"\",VLOOKUP(Y181,ltSchlepper,3,FALSE))","v":""},null,0,null,"",null,{"$f":"IF(ISNA(VLOOKUP(AE181,ltSchlepper,3,FALSE))=TRUE,\"\",VLOOKUP(AE181,ltSchlepper,3,FALSE))","v":""},null,0,null,"",null,{"$f":"IF(ISNA(VLOOKUP(AK181,ltSchlepper,3,FALSE))=TRUE,\"\",VLOOKUP(AK181,ltSchlepper,3,FALSE))","v":""},null,0,null,"",null,{"$f":"IF(ISNA(VLOOKUP(AQ181,ltSchlepper,3,FALSE))=TRUE,\"\",VLOOKUP(AQ181,ltSchlepper,3,FALSE))","v":""},null,0,0,0,0,0,0,0,0,0,0,0,0,0,{"$f":"(IF(ISNA(VLOOKUP(Y181,ltSchlepper,Maschinen!$K$6,FALSE))=TRUE,0,VLOOKUP(Y181,ltSchlepper,Maschinen!$K$6,FALSE)*AA181))","v":0},{"$f":"(IF(ISNA(VLOOKUP(Y181,ltSchlepper,Maschinen!$L$6,FALSE))=TRUE,0,VLOOKUP(Y181,ltSchlepper,Maschinen!$L$6,FALSE)*AA181))","v":0},{"$f":"(IF(ISNA(VLOOKUP(Y181,ltSchlepper,Maschinen!$M$6,FALSE))=TRUE,0,VLOOKUP(Y181,ltSchlepper,Maschinen!$M$6,FALSE)*AA181))","v":0},{"$f":"(IF(ISNA(VLOOKUP(Y181,ltSchlepper,Maschinen!$N$6,FALSE))=TRUE,0,VLOOKUP(Y181,ltSchlepper,Maschinen!$N$6,FALSE)*AA181*IF(ISBLANK(AC181),1,AC181)))","v":0},{"$f":"(IF(ISNA(VLOOKUP(Y181,ltSchlepper,Maschinen!$O$6,FALSE))=TRUE,0,VLOOKUP(Y181,ltSchlepper,Maschinen!$O$6,FALSE)*AA181*IF(ISBLANK(AC181),1,AC181)))","v":0},{"$f":"(IF(ISNA(VLOOKUP(Y181,ltSchlepper,Maschinen!$P$6,FALSE))=TRUE,0,VLOOKUP(Y181,ltSchlepper,Maschinen!$P$6,FALSE)*AA181*IF(ISBLANK(AC181),1,AC181)))","v":0},{"$f":"SUM(BI181:BK181,BM181:BN181)","v":0},{"$f":"(IF(ISNA(VLOOKUP(AE181,ltSchlepper,Maschinen!$K$6,FALSE))=TRUE,0,VLOOKUP(AE181,ltSchlepper,Maschinen!$K$6,FALSE)*AG181))","v":0},{"$f":"(IF(ISNA(VLOOKUP(AE181,ltSchlepper,Maschinen!$L$6,FALSE))=TRUE,0,VLOOKUP(AE181,ltSchlepper,Maschinen!$L$6,FALSE)*AG181))","v":0},{"$f":"(IF(ISNA(VLOOKUP(AE181,ltSchlepper,Maschinen!$M$6,FALSE))=TRUE,0,VLOOKUP(AE181,ltSchlepper,Maschinen!$M$6,FALSE)*AG181))","v":0},{"$f":"(IF(ISNA(VLOOKUP(AE181,ltSchlepper,Maschinen!$N$6,FALSE))=TRUE,0,VLOOKUP(AE181,ltSchlepper,Maschinen!$N$6,FALSE)*AG181*IF(ISBLANK(AI181),1,AI181)))","v":0},{"$f":"(IF(ISNA(VLOOKUP(AE181,ltSchlepper,Maschinen!$O$6,FALSE))=TRUE,0,VLOOKUP(AE181,ltSchlepper,Maschinen!$O$6,FALSE)*AG181*IF(ISBLANK(AI181),1,AI181)))","v":0},{"$f":"(IF(ISNA(VLOOKUP(AE181,ltSchlepper,Maschinen!$P$6,FALSE))=TRUE,0,VLOOKUP(AE181,ltSchlepper,Maschinen!$P$6,FALSE)*AG181*IF(ISBLANK(AI181),1,AI181)))","v":0},{"$f":"SUM(BP181:BR181,BT181:BU181)","v":0},{"$f":"(IF(ISNA(VLOOKUP(AK181,ltSchlepper,Maschinen!$K$6,FALSE))=TRUE,0,VLOOKUP(AK181,ltSchlepper,Maschinen!$K$6,FALSE)*AM181))","v":0},{"$f":"(IF(ISNA(VLOOKUP(AK181,ltSchlepper,Maschinen!$L$6,FALSE))=TRUE,0,VLOOKUP(AK181,ltSchlepper,Maschinen!$L$6,FALSE)*AM181))","v":0},{"$f":"(IF(ISNA(VLOOKUP(AK181,ltSchlepper,Maschinen!$M$6,FALSE))=TRUE,0,VLOOKUP(AK181,ltSchlepper,Maschinen!$M$6,FALSE)*AM181))","v":0},{"$f":"(IF(ISNA(VLOOKUP(AK181,ltSchlepper,Maschinen!$N$6,FALSE))=TRUE,0,VLOOKUP(AK181,ltSchlepper,Maschinen!$N$6,FALSE)*AM181*IF(ISBLANK(AO181),1,AO181)))","v":0},{"$f":"(IF(ISNA(VLOOKUP(AK181,ltSchlepper,Maschinen!$O$6,FALSE))=TRUE,0,VLOOKUP(AK181,ltSchlepper,Maschinen!$O$6,FALSE)*AM181*IF(ISBLANK(AO181),1,AO181)))","v":0},{"$f":"(IF(ISNA(VLOOKUP(AK181,ltSchlepper,Maschinen!$P$6,FALSE))=TRUE,0,VLOOKUP(AK181,ltSchlepper,Maschinen!$P$6,FALSE)*AM181*IF(ISBLANK(AO181),1,AO181)))","v":0},{"$f":"SUM(BW181:BY181,CA181:CB181)","v":0},{"$f":"(IF(ISNA(VLOOKUP(AQ181,ltSchlepper,Maschinen!$K$6,FALSE))=TRUE,0,VLOOKUP(AQ181,ltSchlepper,Maschinen!$K$6,FALSE)*AS181))","v":0},{"$f":"(IF(ISNA(VLOOKUP(AQ181,ltSchlepper,Maschinen!$L$6,FALSE))=TRUE,0,VLOOKUP(AQ181,ltSchlepper,Maschinen!$L$6,FALSE)*AS181))","v":0},{"$f":"(IF(ISNA(VLOOKUP(AQ181,ltSchlepper,Maschinen!$M$6,FALSE))=TRUE,0,VLOOKUP(AQ181,ltSchlepper,Maschinen!$M$6,FALSE)*AS181))","v":0},{"$f":"(IF(ISNA(VLOOKUP(AQ181,ltSchlepper,Maschinen!$N$6,FALSE))=TRUE,0,VLOOKUP(AQ181,ltSchlepper,Maschinen!$N$6,FALSE)*AS181*IF(ISBLANK(AU181),1,AU181)))","v":0},{"$f":"(IF(ISNA(VLOOKUP(AQ181,ltSchlepper,Maschinen!$O$6,FALSE))=TRUE,0,VLOOKUP(AQ181,ltSchlepper,Maschinen!$O$6,FALSE)*AS181*IF(ISBLANK(AU181),1,AU181)))","v":0},{"$f":"(IF(ISNA(VLOOKUP(AQ181,ltSchlepper,Maschinen!$P$6,FALSE))=TRUE,0,VLOOKUP(AQ181,ltSchlepper,Maschinen!$P$6,FALSE)*AS181*IF(ISBLANK(AU181),1,AU181)))","v":0},{"$f":"SUM(CD181:CF181,CH181:CI181)","v":0},{"$f":"(IF(ISNA(VLOOKUP(Y181,ltSchlepper,Maschinen!$AA$6,FALSE))=TRUE,0,VLOOKUP(Y181,ltSchlepper,Maschinen!$AA$6,FALSE)*AA181))","v":0},{"$f":"(IF(ISNA(VLOOKUP(Y181,ltSchlepper,Maschinen!$AB$6,FALSE))=TRUE,0,VLOOKUP(Y181,ltSchlepper,Maschinen!$AB$6,FALSE)*AA181))","v":0},{"$f":"(IF(ISNA(VLOOKUP(Y181,ltSchlepper,Maschinen!$AC$6,FALSE))=TRUE,0,VLOOKUP(Y181,ltSchlepper,Maschinen!$AC$6,FALSE)*AA181))","v":0},{"$f":"SUM(CK181:CM181)","v":0},{"$f":"(IF(ISNA(VLOOKUP(AE181,ltSchlepper,Maschinen!$AA$6,FALSE))=TRUE,0,VLOOKUP(AE181,ltSchlepper,Maschinen!$AA$6,FALSE)*AG181))","v":0},{"$f":"(IF(ISNA(VLOOKUP(AE181,ltSchlepper,Maschinen!$AB$6,FALSE))=TRUE,0,VLOOKUP(AE181,ltSchlepper,Maschinen!$AB$6,FALSE)*AG181))","v":0},{"$f":"(IF(ISNA(VLOOKUP(AE181,ltSchlepper,Maschinen!$AC$6,FALSE))=TRUE,0,VLOOKUP(AE181,ltSchlepper,Maschinen!$AC$6,FALSE)*AG181))","v":0},{"$f":"SUM(CO181:CQ181)","v":0},{"$f":"(IF(ISNA(VLOOKUP(AK181,ltSchlepper,Maschinen!$AA$6,FALSE))=TRUE,0,VLOOKUP(AK181,ltSchlepper,Maschinen!$AA$6,FALSE)*AM181))","v":0},{"$f":"(IF(ISNA(VLOOKUP(AK181,ltSchlepper,Maschinen!$AB$6,FALSE))=TRUE,0,VLOOKUP(AK181,ltSchlepper,Maschinen!$AB$6,FALSE)*AM181))","v":0},{"$f":"(IF(ISNA(VLOOKUP(AK181,ltSchlepper,Maschinen!$AC$6,FALSE))=TRUE,0,VLOOKUP(AK181,ltSchlepper,Maschinen!$AC$6,FALSE)*AM181))","v":0},{"$f":"SUM(CS181:CU181)","v":0},{"$f":"(IF(ISNA(VLOOKUP(AQ181,ltSchlepper,Maschinen!$AA$6,FALSE))=TRUE,0,VLOOKUP(AQ181,ltSchlepper,Maschinen!$AA$6,FALSE)*AS181))","v":0},{"$f":"(IF(ISNA(VLOOKUP(AQ181,ltSchlepper,Maschinen!$AB$6,FALSE))=TRUE,0,VLOOKUP(AQ181,ltSchlepper,Maschinen!$AB$6,FALSE)*AS181))","v":0},{"$f":"(IF(ISNA(VLOOKUP(AQ181,ltSchlepper,Maschinen!$AC$6,FALSE))=TRUE,0,VLOOKUP(AQ181,ltSchlepper,Maschinen!$AC$6,FALSE)*AS181))","v":0},{"$f":"SUM(CW181:CY181)","v":0}]
[null,22117,null,null,null,null,null,null,0,0,0,0.1,0,0,null,null,0,0,0,0,0,0,0,null,null,"",null,{"$f":"IF(ISNA(VLOOKUP(Y182,ltSchlepper,3,FALSE))=TRUE,\"\",VLOOKUP(Y182,ltSchlepper,3,FALSE))","v":""},null,0,null,"",null,{"$f":"IF(ISNA(VLOOKUP(AE182,ltSchlepper,3,FALSE))=TRUE,\"\",VLOOKUP(AE182,ltSchlepper,3,FALSE))","v":""},null,0,null,"",null,{"$f":"IF(ISNA(VLOOKUP(AK182,ltSchlepper,3,FALSE))=TRUE,\"\",VLOOKUP(AK182,ltSchlepper,3,FALSE))","v":""},null,0,null,"",null,{"$f":"IF(ISNA(VLOOKUP(AQ182,ltSchlepper,3,FALSE))=TRUE,\"\",VLOOKUP(AQ182,ltSchlepper,3,FALSE))","v":""},null,0,0,0,0,0,0,0,0,0,0,0,0,0,{"$f":"(IF(ISNA(VLOOKUP(Y182,ltSchlepper,Maschinen!$K$6,FALSE))=TRUE,0,VLOOKUP(Y182,ltSchlepper,Maschinen!$K$6,FALSE)*AA182))","v":0},{"$f":"(IF(ISNA(VLOOKUP(Y182,ltSchlepper,Maschinen!$L$6,FALSE))=TRUE,0,VLOOKUP(Y182,ltSchlepper,Maschinen!$L$6,FALSE)*AA182))","v":0},{"$f":"(IF(ISNA(VLOOKUP(Y182,ltSchlepper,Maschinen!$M$6,FALSE))=TRUE,0,VLOOKUP(Y182,ltSchlepper,Maschinen!$M$6,FALSE)*AA182))","v":0},{"$f":"(IF(ISNA(VLOOKUP(Y182,ltSchlepper,Maschinen!$N$6,FALSE))=TRUE,0,VLOOKUP(Y182,ltSchlepper,Maschinen!$N$6,FALSE)*AA182*IF(ISBLANK(AC182),1,AC182)))","v":0},{"$f":"(IF(ISNA(VLOOKUP(Y182,ltSchlepper,Maschinen!$O$6,FALSE))=TRUE,0,VLOOKUP(Y182,ltSchlepper,Maschinen!$O$6,FALSE)*AA182*IF(ISBLANK(AC182),1,AC182)))","v":0},{"$f":"(IF(ISNA(VLOOKUP(Y182,ltSchlepper,Maschinen!$P$6,FALSE))=TRUE,0,VLOOKUP(Y182,ltSchlepper,Maschinen!$P$6,FALSE)*AA182*IF(ISBLANK(AC182),1,AC182)))","v":0},{"$f":"SUM(BI182:BK182,BM182:BN182)","v":0},{"$f":"(IF(ISNA(VLOOKUP(AE182,ltSchlepper,Maschinen!$K$6,FALSE))=TRUE,0,VLOOKUP(AE182,ltSchlepper,Maschinen!$K$6,FALSE)*AG182))","v":0},{"$f":"(IF(ISNA(VLOOKUP(AE182,ltSchlepper,Maschinen!$L$6,FALSE))=TRUE,0,VLOOKUP(AE182,ltSchlepper,Maschinen!$L$6,FALSE)*AG182))","v":0},{"$f":"(IF(ISNA(VLOOKUP(AE182,ltSchlepper,Maschinen!$M$6,FALSE))=TRUE,0,VLOOKUP(AE182,ltSchlepper,Maschinen!$M$6,FALSE)*AG182))","v":0},{"$f":"(IF(ISNA(VLOOKUP(AE182,ltSchlepper,Maschinen!$N$6,FALSE))=TRUE,0,VLOOKUP(AE182,ltSchlepper,Maschinen!$N$6,FALSE)*AG182*IF(ISBLANK(AI182),1,AI182)))","v":0},{"$f":"(IF(ISNA(VLOOKUP(AE182,ltSchlepper,Maschinen!$O$6,FALSE))=TRUE,0,VLOOKUP(AE182,ltSchlepper,Maschinen!$O$6,FALSE)*AG182*IF(ISBLANK(AI182),1,AI182)))","v":0},{"$f":"(IF(ISNA(VLOOKUP(AE182,ltSchlepper,Maschinen!$P$6,FALSE))=TRUE,0,VLOOKUP(AE182,ltSchlepper,Maschinen!$P$6,FALSE)*AG182*IF(ISBLANK(AI182),1,AI182)))","v":0},{"$f":"SUM(BP182:BR182,BT182:BU182)","v":0},{"$f":"(IF(ISNA(VLOOKUP(AK182,ltSchlepper,Maschinen!$K$6,FALSE))=TRUE,0,VLOOKUP(AK182,ltSchlepper,Maschinen!$K$6,FALSE)*AM182))","v":0},{"$f":"(IF(ISNA(VLOOKUP(AK182,ltSchlepper,Maschinen!$L$6,FALSE))=TRUE,0,VLOOKUP(AK182,ltSchlepper,Maschinen!$L$6,FALSE)*AM182))","v":0},{"$f":"(IF(ISNA(VLOOKUP(AK182,ltSchlepper,Maschinen!$M$6,FALSE))=TRUE,0,VLOOKUP(AK182,ltSchlepper,Maschinen!$M$6,FALSE)*AM182))","v":0},{"$f":"(IF(ISNA(VLOOKUP(AK182,ltSchlepper,Maschinen!$N$6,FALSE))=TRUE,0,VLOOKUP(AK182,ltSchlepper,Maschinen!$N$6,FALSE)*AM182*IF(ISBLANK(AO182),1,AO182)))","v":0},{"$f":"(IF(ISNA(VLOOKUP(AK182,ltSchlepper,Maschinen!$O$6,FALSE))=TRUE,0,VLOOKUP(AK182,ltSchlepper,Maschinen!$O$6,FALSE)*AM182*IF(ISBLANK(AO182),1,AO182)))","v":0},{"$f":"(IF(ISNA(VLOOKUP(AK182,ltSchlepper,Maschinen!$P$6,FALSE))=TRUE,0,VLOOKUP(AK182,ltSchlepper,Maschinen!$P$6,FALSE)*AM182*IF(ISBLANK(AO182),1,AO182)))","v":0},{"$f":"SUM(BW182:BY182,CA182:CB182)","v":0},{"$f":"(IF(ISNA(VLOOKUP(AQ182,ltSchlepper,Maschinen!$K$6,FALSE))=TRUE,0,VLOOKUP(AQ182,ltSchlepper,Maschinen!$K$6,FALSE)*AS182))","v":0},{"$f":"(IF(ISNA(VLOOKUP(AQ182,ltSchlepper,Maschinen!$L$6,FALSE))=TRUE,0,VLOOKUP(AQ182,ltSchlepper,Maschinen!$L$6,FALSE)*AS182))","v":0},{"$f":"(IF(ISNA(VLOOKUP(AQ182,ltSchlepper,Maschinen!$M$6,FALSE))=TRUE,0,VLOOKUP(AQ182,ltSchlepper,Maschinen!$M$6,FALSE)*AS182))","v":0},{"$f":"(IF(ISNA(VLOOKUP(AQ182,ltSchlepper,Maschinen!$N$6,FALSE))=TRUE,0,VLOOKUP(AQ182,ltSchlepper,Maschinen!$N$6,FALSE)*AS182*IF(ISBLANK(AU182),1,AU182)))","v":0},{"$f":"(IF(ISNA(VLOOKUP(AQ182,ltSchlepper,Maschinen!$O$6,FALSE))=TRUE,0,VLOOKUP(AQ182,ltSchlepper,Maschinen!$O$6,FALSE)*AS182*IF(ISBLANK(AU182),1,AU182)))","v":0},{"$f":"(IF(ISNA(VLOOKUP(AQ182,ltSchlepper,Maschinen!$P$6,FALSE))=TRUE,0,VLOOKUP(AQ182,ltSchlepper,Maschinen!$P$6,FALSE)*AS182*IF(ISBLANK(AU182),1,AU182)))","v":0},{"$f":"SUM(CD182:CF182,CH182:CI182)","v":0},{"$f":"(IF(ISNA(VLOOKUP(Y182,ltSchlepper,Maschinen!$AA$6,FALSE))=TRUE,0,VLOOKUP(Y182,ltSchlepper,Maschinen!$AA$6,FALSE)*AA182))","v":0},{"$f":"(IF(ISNA(VLOOKUP(Y182,ltSchlepper,Maschinen!$AB$6,FALSE))=TRUE,0,VLOOKUP(Y182,ltSchlepper,Maschinen!$AB$6,FALSE)*AA182))","v":0},{"$f":"(IF(ISNA(VLOOKUP(Y182,ltSchlepper,Maschinen!$AC$6,FALSE))=TRUE,0,VLOOKUP(Y182,ltSchlepper,Maschinen!$AC$6,FALSE)*AA182))","v":0},{"$f":"SUM(CK182:CM182)","v":0},{"$f":"(IF(ISNA(VLOOKUP(AE182,ltSchlepper,Maschinen!$AA$6,FALSE))=TRUE,0,VLOOKUP(AE182,ltSchlepper,Maschinen!$AA$6,FALSE)*AG182))","v":0},{"$f":"(IF(ISNA(VLOOKUP(AE182,ltSchlepper,Maschinen!$AB$6,FALSE))=TRUE,0,VLOOKUP(AE182,ltSchlepper,Maschinen!$AB$6,FALSE)*AG182))","v":0},{"$f":"(IF(ISNA(VLOOKUP(AE182,ltSchlepper,Maschinen!$AC$6,FALSE))=TRUE,0,VLOOKUP(AE182,ltSchlepper,Maschinen!$AC$6,FALSE)*AG182))","v":0},{"$f":"SUM(CO182:CQ182)","v":0},{"$f":"(IF(ISNA(VLOOKUP(AK182,ltSchlepper,Maschinen!$AA$6,FALSE))=TRUE,0,VLOOKUP(AK182,ltSchlepper,Maschinen!$AA$6,FALSE)*AM182))","v":0},{"$f":"(IF(ISNA(VLOOKUP(AK182,ltSchlepper,Maschinen!$AB$6,FALSE))=TRUE,0,VLOOKUP(AK182,ltSchlepper,Maschinen!$AB$6,FALSE)*AM182))","v":0},{"$f":"(IF(ISNA(VLOOKUP(AK182,ltSchlepper,Maschinen!$AC$6,FALSE))=TRUE,0,VLOOKUP(AK182,ltSchlepper,Maschinen!$AC$6,FALSE)*AM182))","v":0},{"$f":"SUM(CS182:CU182)","v":0},{"$f":"(IF(ISNA(VLOOKUP(AQ182,ltSchlepper,Maschinen!$AA$6,FALSE))=TRUE,0,VLOOKUP(AQ182,ltSchlepper,Maschinen!$AA$6,FALSE)*AS182))","v":0},{"$f":"(IF(ISNA(VLOOKUP(AQ182,ltSchlepper,Maschinen!$AB$6,FALSE))=TRUE,0,VLOOKUP(AQ182,ltSchlepper,Maschinen!$AB$6,FALSE)*AS182))","v":0},{"$f":"(IF(ISNA(VLOOKUP(AQ182,ltSchlepper,Maschinen!$AC$6,FALSE))=TRUE,0,VLOOKUP(AQ182,ltSchlepper,Maschinen!$AC$6,FALSE)*AS182))","v":0},{"$f":"SUM(CW182:CY182)","v":0}]
[null,22118,null,null,null,null,null,null,0,0,0,0.1,0,0,null,null,0,0,0,0,0,0,0,null,null,"",null,"",null,0,null,"",null,"",null,0,null,"",null,"",null,0,null,"",null,"",null,0,0,0,0,0,0,0,0,0,0,0,0,0,{"$f":"(IF(ISNA(VLOOKUP(Y183,ltSchlepper,Maschinen!$K$6,FALSE))=TRUE,0,VLOOKUP(Y183,ltSchlepper,Maschinen!$K$6,FALSE)*AA183))","v":0},{"$f":"(IF(ISNA(VLOOKUP(Y183,ltSchlepper,Maschinen!$L$6,FALSE))=TRUE,0,VLOOKUP(Y183,ltSchlepper,Maschinen!$L$6,FALSE)*AA183))","v":0},{"$f":"(IF(ISNA(VLOOKUP(Y183,ltSchlepper,Maschinen!$M$6,FALSE))=TRUE,0,VLOOKUP(Y183,ltSchlepper,Maschinen!$M$6,FALSE)*AA183))","v":0},{"$f":"(IF(ISNA(VLOOKUP(Y183,ltSchlepper,Maschinen!$N$6,FALSE))=TRUE,0,VLOOKUP(Y183,ltSchlepper,Maschinen!$N$6,FALSE)*AA183*IF(ISBLANK(AC183),1,AC183)))","v":0},{"$f":"(IF(ISNA(VLOOKUP(Y183,ltSchlepper,Maschinen!$O$6,FALSE))=TRUE,0,VLOOKUP(Y183,ltSchlepper,Maschinen!$O$6,FALSE)*AA183*IF(ISBLANK(AC183),1,AC183)))","v":0},{"$f":"(IF(ISNA(VLOOKUP(Y183,ltSchlepper,Maschinen!$P$6,FALSE))=TRUE,0,VLOOKUP(Y183,ltSchlepper,Maschinen!$P$6,FALSE)*AA183*IF(ISBLANK(AC183),1,AC183)))","v":0},0,{"$f":"(IF(ISNA(VLOOKUP(AE183,ltSchlepper,Maschinen!$K$6,FALSE))=TRUE,0,VLOOKUP(AE183,ltSchlepper,Maschinen!$K$6,FALSE)*AG183))","v":0},{"$f":"(IF(ISNA(VLOOKUP(AE183,ltSchlepper,Maschinen!$L$6,FALSE))=TRUE,0,VLOOKUP(AE183,ltSchlepper,Maschinen!$L$6,FALSE)*AG183))","v":0},{"$f":"(IF(ISNA(VLOOKUP(AE183,ltSchlepper,Maschinen!$M$6,FALSE))=TRUE,0,VLOOKUP(AE183,ltSchlepper,Maschinen!$M$6,FALSE)*AG183))","v":0},{"$f":"(IF(ISNA(VLOOKUP(AE183,ltSchlepper,Maschinen!$N$6,FALSE))=TRUE,0,VLOOKUP(AE183,ltSchlepper,Maschinen!$N$6,FALSE)*AG183*IF(ISBLANK(AI183),1,AI183)))","v":0},{"$f":"(IF(ISNA(VLOOKUP(AE183,ltSchlepper,Maschinen!$O$6,FALSE))=TRUE,0,VLOOKUP(AE183,ltSchlepper,Maschinen!$O$6,FALSE)*AG183*IF(ISBLANK(AI183),1,AI183)))","v":0},{"$f":"(IF(ISNA(VLOOKUP(AE183,ltSchlepper,Maschinen!$P$6,FALSE))=TRUE,0,VLOOKUP(AE183,ltSchlepper,Maschinen!$P$6,FALSE)*AG183*IF(ISBLANK(AI183),1,AI183)))","v":0},0,{"$f":"(IF(ISNA(VLOOKUP(AK183,ltSchlepper,Maschinen!$K$6,FALSE))=TRUE,0,VLOOKUP(AK183,ltSchlepper,Maschinen!$K$6,FALSE)*AM183))","v":0},{"$f":"(IF(ISNA(VLOOKUP(AK183,ltSchlepper,Maschinen!$L$6,FALSE))=TRUE,0,VLOOKUP(AK183,ltSchlepper,Maschinen!$L$6,FALSE)*AM183))","v":0},{"$f":"(IF(ISNA(VLOOKUP(AK183,ltSchlepper,Maschinen!$M$6,FALSE))=TRUE,0,VLOOKUP(AK183,ltSchlepper,Maschinen!$M$6,FALSE)*AM183))","v":0},{"$f":"(IF(ISNA(VLOOKUP(AK183,ltSchlepper,Maschinen!$N$6,FALSE))=TRUE,0,VLOOKUP(AK183,ltSchlepper,Maschinen!$N$6,FALSE)*AM183*IF(ISBLANK(AO183),1,AO183)))","v":0},{"$f":"(IF(ISNA(VLOOKUP(AK183,ltSchlepper,Maschinen!$O$6,FALSE))=TRUE,0,VLOOKUP(AK183,ltSchlepper,Maschinen!$O$6,FALSE)*AM183*IF(ISBLANK(AO183),1,AO183)))","v":0},{"$f":"(IF(ISNA(VLOOKUP(AK183,ltSchlepper,Maschinen!$P$6,FALSE))=TRUE,0,VLOOKUP(AK183,ltSchlepper,Maschinen!$P$6,FALSE)*AM183*IF(ISBLANK(AO183),1,AO183)))","v":0},0,{"$f":"(IF(ISNA(VLOOKUP(AQ183,ltSchlepper,Maschinen!$K$6,FALSE))=TRUE,0,VLOOKUP(AQ183,ltSchlepper,Maschinen!$K$6,FALSE)*AS183))","v":0},{"$f":"(IF(ISNA(VLOOKUP(AQ183,ltSchlepper,Maschinen!$L$6,FALSE))=TRUE,0,VLOOKUP(AQ183,ltSchlepper,Maschinen!$L$6,FALSE)*AS183))","v":0},{"$f":"(IF(ISNA(VLOOKUP(AQ183,ltSchlepper,Maschinen!$M$6,FALSE))=TRUE,0,VLOOKUP(AQ183,ltSchlepper,Maschinen!$M$6,FALSE)*AS183))","v":0},{"$f":"(IF(ISNA(VLOOKUP(AQ183,ltSchlepper,Maschinen!$N$6,FALSE))=TRUE,0,VLOOKUP(AQ183,ltSchlepper,Maschinen!$N$6,FALSE)*AS183*IF(ISBLANK(AU183),1,AU183)))","v":0},{"$f":"(IF(ISNA(VLOOKUP(AQ183,ltSchlepper,Maschinen!$O$6,FALSE))=TRUE,0,VLOOKUP(AQ183,ltSchlepper,Maschinen!$O$6,FALSE)*AS183*IF(ISBLANK(AU183),1,AU183)))","v":0},{"$f":"(IF(ISNA(VLOOKUP(AQ183,ltSchlepper,Maschinen!$P$6,FALSE))=TRUE,0,VLOOKUP(AQ183,ltSchlepper,Maschinen!$P$6,FALSE)*AS183*IF(ISBLANK(AU183),1,AU183)))","v":0},0,{"$f":"(IF(ISNA(VLOOKUP(Y183,ltSchlepper,Maschinen!$AA$6,FALSE))=TRUE,0,VLOOKUP(Y183,ltSchlepper,Maschinen!$AA$6,FALSE)*AA183))","v":0},{"$f":"(IF(ISNA(VLOOKUP(Y183,ltSchlepper,Maschinen!$AB$6,FALSE))=TRUE,0,VLOOKUP(Y183,ltSchlepper,Maschinen!$AB$6,FALSE)*AA183))","v":0},{"$f":"(IF(ISNA(VLOOKUP(Y183,ltSchlepper,Maschinen!$AC$6,FALSE))=TRUE,0,VLOOKUP(Y183,ltSchlepper,Maschinen!$AC$6,FALSE)*AA183))","v":0},0,{"$f":"(IF(ISNA(VLOOKUP(AE183,ltSchlepper,Maschinen!$AA$6,FALSE))=TRUE,0,VLOOKUP(AE183,ltSchlepper,Maschinen!$AA$6,FALSE)*AG183))","v":0},{"$f":"(IF(ISNA(VLOOKUP(AE183,ltSchlepper,Maschinen!$AB$6,FALSE))=TRUE,0,VLOOKUP(AE183,ltSchlepper,Maschinen!$AB$6,FALSE)*AG183))","v":0},{"$f":"(IF(ISNA(VLOOKUP(AE183,ltSchlepper,Maschinen!$AC$6,FALSE))=TRUE,0,VLOOKUP(AE183,ltSchlepper,Maschinen!$AC$6,FALSE)*AG183))","v":0},0,{"$f":"(IF(ISNA(VLOOKUP(AK183,ltSchlepper,Maschinen!$AA$6,FALSE))=TRUE,0,VLOOKUP(AK183,ltSchlepper,Maschinen!$AA$6,FALSE)*AM183))","v":0},{"$f":"(IF(ISNA(VLOOKUP(AK183,ltSchlepper,Maschinen!$AB$6,FALSE))=TRUE,0,VLOOKUP(AK183,ltSchlepper,Maschinen!$AB$6,FALSE)*AM183))","v":0},{"$f":"(IF(ISNA(VLOOKUP(AK183,ltSchlepper,Maschinen!$AC$6,FALSE))=TRUE,0,VLOOKUP(AK183,ltSchlepper,Maschinen!$AC$6,FALSE)*AM183))","v":0},0,{"$f":"(IF(ISNA(VLOOKUP(AQ183,ltSchlepper,Maschinen!$AA$6,FALSE))=TRUE,0,VLOOKUP(AQ183,ltSchlepper,Maschinen!$AA$6,FALSE)*AS183))","v":0},{"$f":"(IF(ISNA(VLOOKUP(AQ183,ltSchlepper,Maschinen!$AB$6,FALSE))=TRUE,0,VLOOKUP(AQ183,ltSchlepper,Maschinen!$AB$6,FALSE)*AS183))","v":0},{"$f":"(IF(ISNA(VLOOKUP(AQ183,ltSchlepper,Maschinen!$AC$6,FALSE))=TRUE,0,VLOOKUP(AQ183,ltSchlepper,Maschinen!$AC$6,FALSE)*AS183))","v":0},0]
[null,22119,null,null,null,null,null,null,0,0,0,0.1,0,0,null,null,0,0,0,0,0,0,0,null,null,"",null,"",null,0,null,"",null,"",null,0,null,"",null,"",null,0,null,"",null,"",null,0,0,0,0,0,0,0,0,0,0,0,0,0,{"$f":"(IF(ISNA(VLOOKUP(Y184,ltSchlepper,Maschinen!$K$6,FALSE))=TRUE,0,VLOOKUP(Y184,ltSchlepper,Maschinen!$K$6,FALSE)*AA184))","v":0},{"$f":"(IF(ISNA(VLOOKUP(Y184,ltSchlepper,Maschinen!$L$6,FALSE))=TRUE,0,VLOOKUP(Y184,ltSchlepper,Maschinen!$L$6,FALSE)*AA184))","v":0},{"$f":"(IF(ISNA(VLOOKUP(Y184,ltSchlepper,Maschinen!$M$6,FALSE))=TRUE,0,VLOOKUP(Y184,ltSchlepper,Maschinen!$M$6,FALSE)*AA184))","v":0},{"$f":"(IF(ISNA(VLOOKUP(Y184,ltSchlepper,Maschinen!$N$6,FALSE))=TRUE,0,VLOOKUP(Y184,ltSchlepper,Maschinen!$N$6,FALSE)*AA184*IF(ISBLANK(AC184),1,AC184)))","v":0},{"$f":"(IF(ISNA(VLOOKUP(Y184,ltSchlepper,Maschinen!$O$6,FALSE))=TRUE,0,VLOOKUP(Y184,ltSchlepper,Maschinen!$O$6,FALSE)*AA184*IF(ISBLANK(AC184),1,AC184)))","v":0},{"$f":"(IF(ISNA(VLOOKUP(Y184,ltSchlepper,Maschinen!$P$6,FALSE))=TRUE,0,VLOOKUP(Y184,ltSchlepper,Maschinen!$P$6,FALSE)*AA184*IF(ISBLANK(AC184),1,AC184)))","v":0},0,{"$f":"(IF(ISNA(VLOOKUP(AE184,ltSchlepper,Maschinen!$K$6,FALSE))=TRUE,0,VLOOKUP(AE184,ltSchlepper,Maschinen!$K$6,FALSE)*AG184))","v":0},{"$f":"(IF(ISNA(VLOOKUP(AE184,ltSchlepper,Maschinen!$L$6,FALSE))=TRUE,0,VLOOKUP(AE184,ltSchlepper,Maschinen!$L$6,FALSE)*AG184))","v":0},{"$f":"(IF(ISNA(VLOOKUP(AE184,ltSchlepper,Maschinen!$M$6,FALSE))=TRUE,0,VLOOKUP(AE184,ltSchlepper,Maschinen!$M$6,FALSE)*AG184))","v":0},{"$f":"(IF(ISNA(VLOOKUP(AE184,ltSchlepper,Maschinen!$N$6,FALSE))=TRUE,0,VLOOKUP(AE184,ltSchlepper,Maschinen!$N$6,FALSE)*AG184*IF(ISBLANK(AI184),1,AI184)))","v":0},{"$f":"(IF(ISNA(VLOOKUP(AE184,ltSchlepper,Maschinen!$O$6,FALSE))=TRUE,0,VLOOKUP(AE184,ltSchlepper,Maschinen!$O$6,FALSE)*AG184*IF(ISBLANK(AI184),1,AI184)))","v":0},{"$f":"(IF(ISNA(VLOOKUP(AE184,ltSchlepper,Maschinen!$P$6,FALSE))=TRUE,0,VLOOKUP(AE184,ltSchlepper,Maschinen!$P$6,FALSE)*AG184*IF(ISBLANK(AI184),1,AI184)))","v":0},0,{"$f":"(IF(ISNA(VLOOKUP(AK184,ltSchlepper,Maschinen!$K$6,FALSE))=TRUE,0,VLOOKUP(AK184,ltSchlepper,Maschinen!$K$6,FALSE)*AM184))","v":0},{"$f":"(IF(ISNA(VLOOKUP(AK184,ltSchlepper,Maschinen!$L$6,FALSE))=TRUE,0,VLOOKUP(AK184,ltSchlepper,Maschinen!$L$6,FALSE)*AM184))","v":0},{"$f":"(IF(ISNA(VLOOKUP(AK184,ltSchlepper,Maschinen!$M$6,FALSE))=TRUE,0,VLOOKUP(AK184,ltSchlepper,Maschinen!$M$6,FALSE)*AM184))","v":0},{"$f":"(IF(ISNA(VLOOKUP(AK184,ltSchlepper,Maschinen!$N$6,FALSE))=TRUE,0,VLOOKUP(AK184,ltSchlepper,Maschinen!$N$6,FALSE)*AM184*IF(ISBLANK(AO184),1,AO184)))","v":0},{"$f":"(IF(ISNA(VLOOKUP(AK184,ltSchlepper,Maschinen!$O$6,FALSE))=TRUE,0,VLOOKUP(AK184,ltSchlepper,Maschinen!$O$6,FALSE)*AM184*IF(ISBLANK(AO184),1,AO184)))","v":0},{"$f":"(IF(ISNA(VLOOKUP(AK184,ltSchlepper,Maschinen!$P$6,FALSE))=TRUE,0,VLOOKUP(AK184,ltSchlepper,Maschinen!$P$6,FALSE)*AM184*IF(ISBLANK(AO184),1,AO184)))","v":0},0,{"$f":"(IF(ISNA(VLOOKUP(AQ184,ltSchlepper,Maschinen!$K$6,FALSE))=TRUE,0,VLOOKUP(AQ184,ltSchlepper,Maschinen!$K$6,FALSE)*AS184))","v":0},{"$f":"(IF(ISNA(VLOOKUP(AQ184,ltSchlepper,Maschinen!$L$6,FALSE))=TRUE,0,VLOOKUP(AQ184,ltSchlepper,Maschinen!$L$6,FALSE)*AS184))","v":0},{"$f":"(IF(ISNA(VLOOKUP(AQ184,ltSchlepper,Maschinen!$M$6,FALSE))=TRUE,0,VLOOKUP(AQ184,ltSchlepper,Maschinen!$M$6,FALSE)*AS184))","v":0},{"$f":"(IF(ISNA(VLOOKUP(AQ184,ltSchlepper,Maschinen!$N$6,FALSE))=TRUE,0,VLOOKUP(AQ184,ltSchlepper,Maschinen!$N$6,FALSE)*AS184*IF(ISBLANK(AU184),1,AU184)))","v":0},{"$f":"(IF(ISNA(VLOOKUP(AQ184,ltSchlepper,Maschinen!$O$6,FALSE))=TRUE,0,VLOOKUP(AQ184,ltSchlepper,Maschinen!$O$6,FALSE)*AS184*IF(ISBLANK(AU184),1,AU184)))","v":0},{"$f":"(IF(ISNA(VLOOKUP(AQ184,ltSchlepper,Maschinen!$P$6,FALSE))=TRUE,0,VLOOKUP(AQ184,ltSchlepper,Maschinen!$P$6,FALSE)*AS184*IF(ISBLANK(AU184),1,AU184)))","v":0},0,{"$f":"(IF(ISNA(VLOOKUP(Y184,ltSchlepper,Maschinen!$AA$6,FALSE))=TRUE,0,VLOOKUP(Y184,ltSchlepper,Maschinen!$AA$6,FALSE)*AA184))","v":0},{"$f":"(IF(ISNA(VLOOKUP(Y184,ltSchlepper,Maschinen!$AB$6,FALSE))=TRUE,0,VLOOKUP(Y184,ltSchlepper,Maschinen!$AB$6,FALSE)*AA184))","v":0},{"$f":"(IF(ISNA(VLOOKUP(Y184,ltSchlepper,Maschinen!$AC$6,FALSE))=TRUE,0,VLOOKUP(Y184,ltSchlepper,Maschinen!$AC$6,FALSE)*AA184))","v":0},0,{"$f":"(IF(ISNA(VLOOKUP(AE184,ltSchlepper,Maschinen!$AA$6,FALSE))=TRUE,0,VLOOKUP(AE184,ltSchlepper,Maschinen!$AA$6,FALSE)*AG184))","v":0},{"$f":"(IF(ISNA(VLOOKUP(AE184,ltSchlepper,Maschinen!$AB$6,FALSE))=TRUE,0,VLOOKUP(AE184,ltSchlepper,Maschinen!$AB$6,FALSE)*AG184))","v":0},{"$f":"(IF(ISNA(VLOOKUP(AE184,ltSchlepper,Maschinen!$AC$6,FALSE))=TRUE,0,VLOOKUP(AE184,ltSchlepper,Maschinen!$AC$6,FALSE)*AG184))","v":0},0,{"$f":"(IF(ISNA(VLOOKUP(AK184,ltSchlepper,Maschinen!$AA$6,FALSE))=TRUE,0,VLOOKUP(AK184,ltSchlepper,Maschinen!$AA$6,FALSE)*AM184))","v":0},{"$f":"(IF(ISNA(VLOOKUP(AK184,ltSchlepper,Maschinen!$AB$6,FALSE))=TRUE,0,VLOOKUP(AK184,ltSchlepper,Maschinen!$AB$6,FALSE)*AM184))","v":0},{"$f":"(IF(ISNA(VLOOKUP(AK184,ltSchlepper,Maschinen!$AC$6,FALSE))=TRUE,0,VLOOKUP(AK184,ltSchlepper,Maschinen!$AC$6,FALSE)*AM184))","v":0},0,{"$f":"(IF(ISNA(VLOOKUP(AQ184,ltSchlepper,Maschinen!$AA$6,FALSE))=TRUE,0,VLOOKUP(AQ184,ltSchlepper,Maschinen!$AA$6,FALSE)*AS184))","v":0},{"$f":"(IF(ISNA(VLOOKUP(AQ184,ltSchlepper,Maschinen!$AB$6,FALSE))=TRUE,0,VLOOKUP(AQ184,ltSchlepper,Maschinen!$AB$6,FALSE)*AS184))","v":0},{"$f":"(IF(ISNA(VLOOKUP(AQ184,ltSchlepper,Maschinen!$AC$6,FALSE))=TRUE,0,VLOOKUP(AQ184,ltSchlepper,Maschinen!$AC$6,FALSE)*AS184))","v":0},0]
[null,22120,null,null,null,null,null,null,0,0,0,0.1,0,0,null,null,0,0,0,0,0,0,0,null,null,"",null,"",null,0,null,"",null,"",null,0,null,"",null,"",null,0,null,"",null,"",null,0,0,0,0,0,0,0,0,0,0,0,0,0,{"$f":"(IF(ISNA(VLOOKUP(Y185,ltSchlepper,Maschinen!$K$6,FALSE))=TRUE,0,VLOOKUP(Y185,ltSchlepper,Maschinen!$K$6,FALSE)*AA185))","v":0},{"$f":"(IF(ISNA(VLOOKUP(Y185,ltSchlepper,Maschinen!$L$6,FALSE))=TRUE,0,VLOOKUP(Y185,ltSchlepper,Maschinen!$L$6,FALSE)*AA185))","v":0},{"$f":"(IF(ISNA(VLOOKUP(Y185,ltSchlepper,Maschinen!$M$6,FALSE))=TRUE,0,VLOOKUP(Y185,ltSchlepper,Maschinen!$M$6,FALSE)*AA185))","v":0},{"$f":"(IF(ISNA(VLOOKUP(Y185,ltSchlepper,Maschinen!$N$6,FALSE))=TRUE,0,VLOOKUP(Y185,ltSchlepper,Maschinen!$N$6,FALSE)*AA185*IF(ISBLANK(AC185),1,AC185)))","v":0},{"$f":"(IF(ISNA(VLOOKUP(Y185,ltSchlepper,Maschinen!$O$6,FALSE))=TRUE,0,VLOOKUP(Y185,ltSchlepper,Maschinen!$O$6,FALSE)*AA185*IF(ISBLANK(AC185),1,AC185)))","v":0},{"$f":"(IF(ISNA(VLOOKUP(Y185,ltSchlepper,Maschinen!$P$6,FALSE))=TRUE,0,VLOOKUP(Y185,ltSchlepper,Maschinen!$P$6,FALSE)*AA185*IF(ISBLANK(AC185),1,AC185)))","v":0},0,{"$f":"(IF(ISNA(VLOOKUP(AE185,ltSchlepper,Maschinen!$K$6,FALSE))=TRUE,0,VLOOKUP(AE185,ltSchlepper,Maschinen!$K$6,FALSE)*AG185))","v":0},{"$f":"(IF(ISNA(VLOOKUP(AE185,ltSchlepper,Maschinen!$L$6,FALSE))=TRUE,0,VLOOKUP(AE185,ltSchlepper,Maschinen!$L$6,FALSE)*AG185))","v":0},{"$f":"(IF(ISNA(VLOOKUP(AE185,ltSchlepper,Maschinen!$M$6,FALSE))=TRUE,0,VLOOKUP(AE185,ltSchlepper,Maschinen!$M$6,FALSE)*AG185))","v":0},{"$f":"(IF(ISNA(VLOOKUP(AE185,ltSchlepper,Maschinen!$N$6,FALSE))=TRUE,0,VLOOKUP(AE185,ltSchlepper,Maschinen!$N$6,FALSE)*AG185*IF(ISBLANK(AI185),1,AI185)))","v":0},{"$f":"(IF(ISNA(VLOOKUP(AE185,ltSchlepper,Maschinen!$O$6,FALSE))=TRUE,0,VLOOKUP(AE185,ltSchlepper,Maschinen!$O$6,FALSE)*AG185*IF(ISBLANK(AI185),1,AI185)))","v":0},{"$f":"(IF(ISNA(VLOOKUP(AE185,ltSchlepper,Maschinen!$P$6,FALSE))=TRUE,0,VLOOKUP(AE185,ltSchlepper,Maschinen!$P$6,FALSE)*AG185*IF(ISBLANK(AI185),1,AI185)))","v":0},0,{"$f":"(IF(ISNA(VLOOKUP(AK185,ltSchlepper,Maschinen!$K$6,FALSE))=TRUE,0,VLOOKUP(AK185,ltSchlepper,Maschinen!$K$6,FALSE)*AM185))","v":0},{"$f":"(IF(ISNA(VLOOKUP(AK185,ltSchlepper,Maschinen!$L$6,FALSE))=TRUE,0,VLOOKUP(AK185,ltSchlepper,Maschinen!$L$6,FALSE)*AM185))","v":0},{"$f":"(IF(ISNA(VLOOKUP(AK185,ltSchlepper,Maschinen!$M$6,FALSE))=TRUE,0,VLOOKUP(AK185,ltSchlepper,Maschinen!$M$6,FALSE)*AM185))","v":0},{"$f":"(IF(ISNA(VLOOKUP(AK185,ltSchlepper,Maschinen!$N$6,FALSE))=TRUE,0,VLOOKUP(AK185,ltSchlepper,Maschinen!$N$6,FALSE)*AM185*IF(ISBLANK(AO185),1,AO185)))","v":0},{"$f":"(IF(ISNA(VLOOKUP(AK185,ltSchlepper,Maschinen!$O$6,FALSE))=TRUE,0,VLOOKUP(AK185,ltSchlepper,Maschinen!$O$6,FALSE)*AM185*IF(ISBLANK(AO185),1,AO185)))","v":0},{"$f":"(IF(ISNA(VLOOKUP(AK185,ltSchlepper,Maschinen!$P$6,FALSE))=TRUE,0,VLOOKUP(AK185,ltSchlepper,Maschinen!$P$6,FALSE)*AM185*IF(ISBLANK(AO185),1,AO185)))","v":0},0,{"$f":"(IF(ISNA(VLOOKUP(AQ185,ltSchlepper,Maschinen!$K$6,FALSE))=TRUE,0,VLOOKUP(AQ185,ltSchlepper,Maschinen!$K$6,FALSE)*AS185))","v":0},{"$f":"(IF(ISNA(VLOOKUP(AQ185,ltSchlepper,Maschinen!$L$6,FALSE))=TRUE,0,VLOOKUP(AQ185,ltSchlepper,Maschinen!$L$6,FALSE)*AS185))","v":0},{"$f":"(IF(ISNA(VLOOKUP(AQ185,ltSchlepper,Maschinen!$M$6,FALSE))=TRUE,0,VLOOKUP(AQ185,ltSchlepper,Maschinen!$M$6,FALSE)*AS185))","v":0},{"$f":"(IF(ISNA(VLOOKUP(AQ185,ltSchlepper,Maschinen!$N$6,FALSE))=TRUE,0,VLOOKUP(AQ185,ltSchlepper,Maschinen!$N$6,FALSE)*AS185*IF(ISBLANK(AU185),1,AU185)))","v":0},{"$f":"(IF(ISNA(VLOOKUP(AQ185,ltSchlepper,Maschinen!$O$6,FALSE))=TRUE,0,VLOOKUP(AQ185,ltSchlepper,Maschinen!$O$6,FALSE)*AS185*IF(ISBLANK(AU185),1,AU185)))","v":0},{"$f":"(IF(ISNA(VLOOKUP(AQ185,ltSchlepper,Maschinen!$P$6,FALSE))=TRUE,0,VLOOKUP(AQ185,ltSchlepper,Maschinen!$P$6,FALSE)*AS185*IF(ISBLANK(AU185),1,AU185)))","v":0},0,{"$f":"(IF(ISNA(VLOOKUP(Y185,ltSchlepper,Maschinen!$AA$6,FALSE))=TRUE,0,VLOOKUP(Y185,ltSchlepper,Maschinen!$AA$6,FALSE)*AA185))","v":0},{"$f":"(IF(ISNA(VLOOKUP(Y185,ltSchlepper,Maschinen!$AB$6,FALSE))=TRUE,0,VLOOKUP(Y185,ltSchlepper,Maschinen!$AB$6,FALSE)*AA185))","v":0},{"$f":"(IF(ISNA(VLOOKUP(Y185,ltSchlepper,Maschinen!$AC$6,FALSE))=TRUE,0,VLOOKUP(Y185,ltSchlepper,Maschinen!$AC$6,FALSE)*AA185))","v":0},0,{"$f":"(IF(ISNA(VLOOKUP(AE185,ltSchlepper,Maschinen!$AA$6,FALSE))=TRUE,0,VLOOKUP(AE185,ltSchlepper,Maschinen!$AA$6,FALSE)*AG185))","v":0},{"$f":"(IF(ISNA(VLOOKUP(AE185,ltSchlepper,Maschinen!$AB$6,FALSE))=TRUE,0,VLOOKUP(AE185,ltSchlepper,Maschinen!$AB$6,FALSE)*AG185))","v":0},{"$f":"(IF(ISNA(VLOOKUP(AE185,ltSchlepper,Maschinen!$AC$6,FALSE))=TRUE,0,VLOOKUP(AE185,ltSchlepper,Maschinen!$AC$6,FALSE)*AG185))","v":0},0,{"$f":"(IF(ISNA(VLOOKUP(AK185,ltSchlepper,Maschinen!$AA$6,FALSE))=TRUE,0,VLOOKUP(AK185,ltSchlepper,Maschinen!$AA$6,FALSE)*AM185))","v":0},{"$f":"(IF(ISNA(VLOOKUP(AK185,ltSchlepper,Maschinen!$AB$6,FALSE))=TRUE,0,VLOOKUP(AK185,ltSchlepper,Maschinen!$AB$6,FALSE)*AM185))","v":0},{"$f":"(IF(ISNA(VLOOKUP(AK185,ltSchlepper,Maschinen!$AC$6,FALSE))=TRUE,0,VLOOKUP(AK185,ltSchlepper,Maschinen!$AC$6,FALSE)*AM185))","v":0},0,{"$f":"(IF(ISNA(VLOOKUP(AQ185,ltSchlepper,Maschinen!$AA$6,FALSE))=TRUE,0,VLOOKUP(AQ185,ltSchlepper,Maschinen!$AA$6,FALSE)*AS185))","v":0},{"$f":"(IF(ISNA(VLOOKUP(AQ185,ltSchlepper,Maschinen!$AB$6,FALSE))=TRUE,0,VLOOKUP(AQ185,ltSchlepper,Maschinen!$AB$6,FALSE)*AS185))","v":0},{"$f":"(IF(ISNA(VLOOKUP(AQ185,ltSchlepper,Maschinen!$AC$6,FALSE))=TRUE,0,VLOOKUP(AQ185,ltSchlepper,Maschinen!$AC$6,FALSE)*AS185))","v":0},0]
[null,null,"PAUSCHALEN Maschinen",null,null,null,null,null,0,0,0,null,0,0,null,null,0,0,0,0,0,0,0,null,null,null,null,null,null,0,null,null,null,null,null,0,null,null,null,null,null,0,null,null,null,null,null,0,0,0,0,0,0,0,0,0,0,0,0,0,{"$f":"(IF(ISNA(VLOOKUP(Y186,ltSchlepper,Maschinen!$K$6,FALSE))=TRUE,0,VLOOKUP(Y186,ltSchlepper,Maschinen!$K$6,FALSE)*AA186))","v":0},{"$f":"(IF(ISNA(VLOOKUP(Y186,ltSchlepper,Maschinen!$L$6,FALSE))=TRUE,0,VLOOKUP(Y186,ltSchlepper,Maschinen!$L$6,FALSE)*AA186))","v":0},{"$f":"(IF(ISNA(VLOOKUP(Y186,ltSchlepper,Maschinen!$M$6,FALSE))=TRUE,0,VLOOKUP(Y186,ltSchlepper,Maschinen!$M$6,FALSE)*AA186))","v":0},{"$f":"(IF(ISNA(VLOOKUP(Y186,ltSchlepper,Maschinen!$N$6,FALSE))=TRUE,0,VLOOKUP(Y186,ltSchlepper,Maschinen!$N$6,FALSE)*AA186*IF(ISBLANK(AC186),1,AC186)))","v":0},{"$f":"(IF(ISNA(VLOOKUP(Y186,ltSchlepper,Maschinen!$O$6,FALSE))=TRUE,0,VLOOKUP(Y186,ltSchlepper,Maschinen!$O$6,FALSE)*AA186*IF(ISBLANK(AC186),1,AC186)))","v":0},{"$f":"(IF(ISNA(VLOOKUP(Y186,ltSchlepper,Maschinen!$P$6,FALSE))=TRUE,0,VLOOKUP(Y186,ltSchlepper,Maschinen!$P$6,FALSE)*AA186*IF(ISBLANK(AC186),1,AC186)))","v":0},0,{"$f":"(IF(ISNA(VLOOKUP(AE186,ltSchlepper,Maschinen!$K$6,FALSE))=TRUE,0,VLOOKUP(AE186,ltSchlepper,Maschinen!$K$6,FALSE)*AG186))","v":0},{"$f":"(IF(ISNA(VLOOKUP(AE186,ltSchlepper,Maschinen!$L$6,FALSE))=TRUE,0,VLOOKUP(AE186,ltSchlepper,Maschinen!$L$6,FALSE)*AG186))","v":0},{"$f":"(IF(ISNA(VLOOKUP(AE186,ltSchlepper,Maschinen!$M$6,FALSE))=TRUE,0,VLOOKUP(AE186,ltSchlepper,Maschinen!$M$6,FALSE)*AG186))","v":0},{"$f":"(IF(ISNA(VLOOKUP(AE186,ltSchlepper,Maschinen!$N$6,FALSE))=TRUE,0,VLOOKUP(AE186,ltSchlepper,Maschinen!$N$6,FALSE)*AG186*IF(ISBLANK(AI186),1,AI186)))","v":0},{"$f":"(IF(ISNA(VLOOKUP(AE186,ltSchlepper,Maschinen!$O$6,FALSE))=TRUE,0,VLOOKUP(AE186,ltSchlepper,Maschinen!$O$6,FALSE)*AG186*IF(ISBLANK(AI186),1,AI186)))","v":0},{"$f":"(IF(ISNA(VLOOKUP(AE186,ltSchlepper,Maschinen!$P$6,FALSE))=TRUE,0,VLOOKUP(AE186,ltSchlepper,Maschinen!$P$6,FALSE)*AG186*IF(ISBLANK(AI186),1,AI186)))","v":0},0,{"$f":"(IF(ISNA(VLOOKUP(AK186,ltSchlepper,Maschinen!$K$6,FALSE))=TRUE,0,VLOOKUP(AK186,ltSchlepper,Maschinen!$K$6,FALSE)*AM186))","v":0},{"$f":"(IF(ISNA(VLOOKUP(AK186,ltSchlepper,Maschinen!$L$6,FALSE))=TRUE,0,VLOOKUP(AK186,ltSchlepper,Maschinen!$L$6,FALSE)*AM186))","v":0},{"$f":"(IF(ISNA(VLOOKUP(AK186,ltSchlepper,Maschinen!$M$6,FALSE))=TRUE,0,VLOOKUP(AK186,ltSchlepper,Maschinen!$M$6,FALSE)*AM186))","v":0},{"$f":"(IF(ISNA(VLOOKUP(AK186,ltSchlepper,Maschinen!$N$6,FALSE))=TRUE,0,VLOOKUP(AK186,ltSchlepper,Maschinen!$N$6,FALSE)*AM186*IF(ISBLANK(AO186),1,AO186)))","v":0},{"$f":"(IF(ISNA(VLOOKUP(AK186,ltSchlepper,Maschinen!$O$6,FALSE))=TRUE,0,VLOOKUP(AK186,ltSchlepper,Maschinen!$O$6,FALSE)*AM186*IF(ISBLANK(AO186),1,AO186)))","v":0},{"$f":"(IF(ISNA(VLOOKUP(AK186,ltSchlepper,Maschinen!$P$6,FALSE))=TRUE,0,VLOOKUP(AK186,ltSchlepper,Maschinen!$P$6,FALSE)*AM186*IF(ISBLANK(AO186),1,AO186)))","v":0},0,{"$f":"(IF(ISNA(VLOOKUP(AQ186,ltSchlepper,Maschinen!$K$6,FALSE))=TRUE,0,VLOOKUP(AQ186,ltSchlepper,Maschinen!$K$6,FALSE)*AS186))","v":0},{"$f":"(IF(ISNA(VLOOKUP(AQ186,ltSchlepper,Maschinen!$L$6,FALSE))=TRUE,0,VLOOKUP(AQ186,ltSchlepper,Maschinen!$L$6,FALSE)*AS186))","v":0},{"$f":"(IF(ISNA(VLOOKUP(AQ186,ltSchlepper,Maschinen!$M$6,FALSE))=TRUE,0,VLOOKUP(AQ186,ltSchlepper,Maschinen!$M$6,FALSE)*AS186))","v":0},{"$f":"(IF(ISNA(VLOOKUP(AQ186,ltSchlepper,Maschinen!$N$6,FALSE))=TRUE,0,VLOOKUP(AQ186,ltSchlepper,Maschinen!$N$6,FALSE)*AS186*IF(ISBLANK(AU186),1,AU186)))","v":0},{"$f":"(IF(ISNA(VLOOKUP(AQ186,ltSchlepper,Maschinen!$O$6,FALSE))=TRUE,0,VLOOKUP(AQ186,ltSchlepper,Maschinen!$O$6,FALSE)*AS186*IF(ISBLANK(AU186),1,AU186)))","v":0},{"$f":"(IF(ISNA(VLOOKUP(AQ186,ltSchlepper,Maschinen!$P$6,FALSE))=TRUE,0,VLOOKUP(AQ186,ltSchlepper,Maschinen!$P$6,FALSE)*AS186*IF(ISBLANK(AU186),1,AU186)))","v":0},0,{"$f":"(IF(ISNA(VLOOKUP(Y186,ltSchlepper,Maschinen!$AA$6,FALSE))=TRUE,0,VLOOKUP(Y186,ltSchlepper,Maschinen!$AA$6,FALSE)*AA186))","v":0},{"$f":"(IF(ISNA(VLOOKUP(Y186,ltSchlepper,Maschinen!$AB$6,FALSE))=TRUE,0,VLOOKUP(Y186,ltSchlepper,Maschinen!$AB$6,FALSE)*AA186))","v":0},{"$f":"(IF(ISNA(VLOOKUP(Y186,ltSchlepper,Maschinen!$AC$6,FALSE))=TRUE,0,VLOOKUP(Y186,ltSchlepper,Maschinen!$AC$6,FALSE)*AA186))","v":0},0,{"$f":"(IF(ISNA(VLOOKUP(AE186,ltSchlepper,Maschinen!$AA$6,FALSE))=TRUE,0,VLOOKUP(AE186,ltSchlepper,Maschinen!$AA$6,FALSE)*AG186))","v":0},{"$f":"(IF(ISNA(VLOOKUP(AE186,ltSchlepper,Maschinen!$AB$6,FALSE))=TRUE,0,VLOOKUP(AE186,ltSchlepper,Maschinen!$AB$6,FALSE)*AG186))","v":0},{"$f":"(IF(ISNA(VLOOKUP(AE186,ltSchlepper,Maschinen!$AC$6,FALSE))=TRUE,0,VLOOKUP(AE186,ltSchlepper,Maschinen!$AC$6,FALSE)*AG186))","v":0},0,{"$f":"(IF(ISNA(VLOOKUP(AK186,ltSchlepper,Maschinen!$AA$6,FALSE))=TRUE,0,VLOOKUP(AK186,ltSchlepper,Maschinen!$AA$6,FALSE)*AM186))","v":0},{"$f":"(IF(ISNA(VLOOKUP(AK186,ltSchlepper,Maschinen!$AB$6,FALSE))=TRUE,0,VLOOKUP(AK186,ltSchlepper,Maschinen!$AB$6,FALSE)*AM186))","v":0},{"$f":"(IF(ISNA(VLOOKUP(AK186,ltSchlepper,Maschinen!$AC$6,FALSE))=TRUE,0,VLOOKUP(AK186,ltSchlepper,Maschinen!$AC$6,FALSE)*AM186))","v":0},0,{"$f":"(IF(ISNA(VLOOKUP(AQ186,ltSchlepper,Maschinen!$AA$6,FALSE))=TRUE,0,VLOOKUP(AQ186,ltSchlepper,Maschinen!$AA$6,FALSE)*AS186))","v":0},{"$f":"(IF(ISNA(VLOOKUP(AQ186,ltSchlepper,Maschinen!$AB$6,FALSE))=TRUE,0,VLOOKUP(AQ186,ltSchlepper,Maschinen!$AB$6,FALSE)*AS186))","v":0},{"$f":"(IF(ISNA(VLOOKUP(AQ186,ltSchlepper,Maschinen!$AC$6,FALSE))=TRUE,0,VLOOKUP(AQ186,ltSchlepper,Maschinen!$AC$6,FALSE)*AS186))","v":0},0]
[null,29111,null,null,null,null,null,null,0,0,0,0.1,0,0,null,null,0,0,0,0,0,0,0,null,null,{"$f":"IF(ISNA(VLOOKUP(Y187,ltSchlepper,2,FALSE))=TRUE,\"\",VLOOKUP(Y187,ltSchlepper,2,FALSE))","v":""},null,{"$f":"IF(ISNA(VLOOKUP(Y187,ltSchlepper,3,FALSE))=TRUE,\"\",VLOOKUP(Y187,ltSchlepper,3,FALSE))","v":""},null,0,null,{"$f":"IF(ISNA(VLOOKUP(AE187,ltSchlepper,2,FALSE))=TRUE,\"\",VLOOKUP(AE187,ltSchlepper,2,FALSE))","v":""},null,{"$f":"IF(ISNA(VLOOKUP(AE187,ltSchlepper,3,FALSE))=TRUE,\"\",VLOOKUP(AE187,ltSchlepper,3,FALSE))","v":""},null,0,null,{"$f":"IF(ISNA(VLOOKUP(AK187,ltSchlepper,2,FALSE))=TRUE,\"\",VLOOKUP(AK187,ltSchlepper,2,FALSE))","v":""},null,{"$f":"IF(ISNA(VLOOKUP(AK187,ltSchlepper,3,FALSE))=TRUE,\"\",VLOOKUP(AK187,ltSchlepper,3,FALSE))","v":""},null,0,null,{"$f":"IF(ISNA(VLOOKUP(AQ187,ltSchlepper,2,FALSE))=TRUE,\"\",VLOOKUP(AQ187,ltSchlepper,2,FALSE))","v":""},null,{"$f":"IF(ISNA(VLOOKUP(AQ187,ltSchlepper,3,FALSE))=TRUE,\"\",VLOOKUP(AQ187,ltSchlepper,3,FALSE))","v":""},null,0,0,0,0,0,0,0,0,0,0,0,0,0,{"$f":"(IF(ISNA(VLOOKUP(Y187,ltSchlepper,Maschinen!$K$6,FALSE))=TRUE,0,VLOOKUP(Y187,ltSchlepper,Maschinen!$K$6,FALSE)*AA187))","v":0},{"$f":"(IF(ISNA(VLOOKUP(Y187,ltSchlepper,Maschinen!$L$6,FALSE))=TRUE,0,VLOOKUP(Y187,ltSchlepper,Maschinen!$L$6,FALSE)*AA187))","v":0},{"$f":"(IF(ISNA(VLOOKUP(Y187,ltSchlepper,Maschinen!$M$6,FALSE))=TRUE,0,VLOOKUP(Y187,ltSchlepper,Maschinen!$M$6,FALSE)*AA187))","v":0},{"$f":"(IF(ISNA(VLOOKUP(Y187,ltSchlepper,Maschinen!$N$6,FALSE))=TRUE,0,VLOOKUP(Y187,ltSchlepper,Maschinen!$N$6,FALSE)*AA187*IF(ISBLANK(AC187),1,AC187)))","v":0},{"$f":"(IF(ISNA(VLOOKUP(Y187,ltSchlepper,Maschinen!$O$6,FALSE))=TRUE,0,VLOOKUP(Y187,ltSchlepper,Maschinen!$O$6,FALSE)*AA187*IF(ISBLANK(AC187),1,AC187)))","v":0},{"$f":"(IF(ISNA(VLOOKUP(Y187,ltSchlepper,Maschinen!$P$6,FALSE))=TRUE,0,VLOOKUP(Y187,ltSchlepper,Maschinen!$P$6,FALSE)*AA187*IF(ISBLANK(AC187),1,AC187)))","v":0},0,{"$f":"(IF(ISNA(VLOOKUP(AE187,ltSchlepper,Maschinen!$K$6,FALSE))=TRUE,0,VLOOKUP(AE187,ltSchlepper,Maschinen!$K$6,FALSE)*AG187))","v":0},{"$f":"(IF(ISNA(VLOOKUP(AE187,ltSchlepper,Maschinen!$L$6,FALSE))=TRUE,0,VLOOKUP(AE187,ltSchlepper,Maschinen!$L$6,FALSE)*AG187))","v":0},{"$f":"(IF(ISNA(VLOOKUP(AE187,ltSchlepper,Maschinen!$M$6,FALSE))=TRUE,0,VLOOKUP(AE187,ltSchlepper,Maschinen!$M$6,FALSE)*AG187))","v":0},{"$f":"(IF(ISNA(VLOOKUP(AE187,ltSchlepper,Maschinen!$N$6,FALSE))=TRUE,0,VLOOKUP(AE187,ltSchlepper,Maschinen!$N$6,FALSE)*AG187*IF(ISBLANK(AI187),1,AI187)))","v":0},{"$f":"(IF(ISNA(VLOOKUP(AE187,ltSchlepper,Maschinen!$O$6,FALSE))=TRUE,0,VLOOKUP(AE187,ltSchlepper,Maschinen!$O$6,FALSE)*AG187*IF(ISBLANK(AI187),1,AI187)))","v":0},{"$f":"(IF(ISNA(VLOOKUP(AE187,ltSchlepper,Maschinen!$P$6,FALSE))=TRUE,0,VLOOKUP(AE187,ltSchlepper,Maschinen!$P$6,FALSE)*AG187*IF(ISBLANK(AI187),1,AI187)))","v":0},0,{"$f":"(IF(ISNA(VLOOKUP(AK187,ltSchlepper,Maschinen!$K$6,FALSE))=TRUE,0,VLOOKUP(AK187,ltSchlepper,Maschinen!$K$6,FALSE)*AM187))","v":0},{"$f":"(IF(ISNA(VLOOKUP(AK187,ltSchlepper,Maschinen!$L$6,FALSE))=TRUE,0,VLOOKUP(AK187,ltSchlepper,Maschinen!$L$6,FALSE)*AM187))","v":0},{"$f":"(IF(ISNA(VLOOKUP(AK187,ltSchlepper,Maschinen!$M$6,FALSE))=TRUE,0,VLOOKUP(AK187,ltSchlepper,Maschinen!$M$6,FALSE)*AM187))","v":0},{"$f":"(IF(ISNA(VLOOKUP(AK187,ltSchlepper,Maschinen!$N$6,FALSE))=TRUE,0,VLOOKUP(AK187,ltSchlepper,Maschinen!$N$6,FALSE)*AM187*IF(ISBLANK(AO187),1,AO187)))","v":0},{"$f":"(IF(ISNA(VLOOKUP(AK187,ltSchlepper,Maschinen!$O$6,FALSE))=TRUE,0,VLOOKUP(AK187,ltSchlepper,Maschinen!$O$6,FALSE)*AM187*IF(ISBLANK(AO187),1,AO187)))","v":0},{"$f":"(IF(ISNA(VLOOKUP(AK187,ltSchlepper,Maschinen!$P$6,FALSE))=TRUE,0,VLOOKUP(AK187,ltSchlepper,Maschinen!$P$6,FALSE)*AM187*IF(ISBLANK(AO187),1,AO187)))","v":0},0,{"$f":"(IF(ISNA(VLOOKUP(AQ187,ltSchlepper,Maschinen!$K$6,FALSE))=TRUE,0,VLOOKUP(AQ187,ltSchlepper,Maschinen!$K$6,FALSE)*AS187))","v":0},{"$f":"(IF(ISNA(VLOOKUP(AQ187,ltSchlepper,Maschinen!$L$6,FALSE))=TRUE,0,VLOOKUP(AQ187,ltSchlepper,Maschinen!$L$6,FALSE)*AS187))","v":0},{"$f":"(IF(ISNA(VLOOKUP(AQ187,ltSchlepper,Maschinen!$M$6,FALSE))=TRUE,0,VLOOKUP(AQ187,ltSchlepper,Maschinen!$M$6,FALSE)*AS187))","v":0},{"$f":"(IF(ISNA(VLOOKUP(AQ187,ltSchlepper,Maschinen!$N$6,FALSE))=TRUE,0,VLOOKUP(AQ187,ltSchlepper,Maschinen!$N$6,FALSE)*AS187*IF(ISBLANK(AU187),1,AU187)))","v":0},{"$f":"(IF(ISNA(VLOOKUP(AQ187,ltSchlepper,Maschinen!$O$6,FALSE))=TRUE,0,VLOOKUP(AQ187,ltSchlepper,Maschinen!$O$6,FALSE)*AS187*IF(ISBLANK(AU187),1,AU187)))","v":0},{"$f":"(IF(ISNA(VLOOKUP(AQ187,ltSchlepper,Maschinen!$P$6,FALSE))=TRUE,0,VLOOKUP(AQ187,ltSchlepper,Maschinen!$P$6,FALSE)*AS187*IF(ISBLANK(AU187),1,AU187)))","v":0},0,{"$f":"(IF(ISNA(VLOOKUP(Y187,ltSchlepper,Maschinen!$AA$6,FALSE))=TRUE,0,VLOOKUP(Y187,ltSchlepper,Maschinen!$AA$6,FALSE)*AA187))","v":0},{"$f":"(IF(ISNA(VLOOKUP(Y187,ltSchlepper,Maschinen!$AB$6,FALSE))=TRUE,0,VLOOKUP(Y187,ltSchlepper,Maschinen!$AB$6,FALSE)*AA187))","v":0},{"$f":"(IF(ISNA(VLOOKUP(Y187,ltSchlepper,Maschinen!$AC$6,FALSE))=TRUE,0,VLOOKUP(Y187,ltSchlepper,Maschinen!$AC$6,FALSE)*AA187))","v":0},0,{"$f":"(IF(ISNA(VLOOKUP(AE187,ltSchlepper,Maschinen!$AA$6,FALSE))=TRUE,0,VLOOKUP(AE187,ltSchlepper,Maschinen!$AA$6,FALSE)*AG187))","v":0},{"$f":"(IF(ISNA(VLOOKUP(AE187,ltSchlepper,Maschinen!$AB$6,FALSE))=TRUE,0,VLOOKUP(AE187,ltSchlepper,Maschinen!$AB$6,FALSE)*AG187))","v":0},{"$f":"(IF(ISNA(VLOOKUP(AE187,ltSchlepper,Maschinen!$AC$6,FALSE))=TRUE,0,VLOOKUP(AE187,ltSchlepper,Maschinen!$AC$6,FALSE)*AG187))","v":0},0,{"$f":"(IF(ISNA(VLOOKUP(AK187,ltSchlepper,Maschinen!$AA$6,FALSE))=TRUE,0,VLOOKUP(AK187,ltSchlepper,Maschinen!$AA$6,FALSE)*AM187))","v":0},{"$f":"(IF(ISNA(VLOOKUP(AK187,ltSchlepper,Maschinen!$AB$6,FALSE))=TRUE,0,VLOOKUP(AK187,ltSchlepper,Maschinen!$AB$6,FALSE)*AM187))","v":0},{"$f":"(IF(ISNA(VLOOKUP(AK187,ltSchlepper,Maschinen!$AC$6,FALSE))=TRUE,0,VLOOKUP(AK187,ltSchlepper,Maschinen!$AC$6,FALSE)*AM187))","v":0},0,{"$f":"(IF(ISNA(VLOOKUP(AQ187,ltSchlepper,Maschinen!$AA$6,FALSE))=TRUE,0,VLOOKUP(AQ187,ltSchlepper,Maschinen!$AA$6,FALSE)*AS187))","v":0},{"$f":"(IF(ISNA(VLOOKUP(AQ187,ltSchlepper,Maschinen!$AB$6,FALSE))=TRUE,0,VLOOKUP(AQ187,ltSchlepper,Maschinen!$AB$6,FALSE)*AS187))","v":0},{"$f":"(IF(ISNA(VLOOKUP(AQ187,ltSchlepper,Maschinen!$AC$6,FALSE))=TRUE,0,VLOOKUP(AQ187,ltSchlepper,Maschinen!$AC$6,FALSE)*AS187))","v":0},0]
[null,29112,null,null,null,null,null,null,0,0,0,0.1,0,0,null,null,0,0,0,0,0,0,0,null,null,"",null,"",null,0,null,"",null,"",null,0,null,"",null,"",null,0,null,"",null,"",null,0,0,0,0,0,0,0,0,0,0,0,0,0,{"$f":"(IF(ISNA(VLOOKUP(Y188,ltSchlepper,Maschinen!$K$6,FALSE))=TRUE,0,VLOOKUP(Y188,ltSchlepper,Maschinen!$K$6,FALSE)*AA188))","v":0},{"$f":"(IF(ISNA(VLOOKUP(Y188,ltSchlepper,Maschinen!$L$6,FALSE))=TRUE,0,VLOOKUP(Y188,ltSchlepper,Maschinen!$L$6,FALSE)*AA188))","v":0},{"$f":"(IF(ISNA(VLOOKUP(Y188,ltSchlepper,Maschinen!$M$6,FALSE))=TRUE,0,VLOOKUP(Y188,ltSchlepper,Maschinen!$M$6,FALSE)*AA188))","v":0},{"$f":"(IF(ISNA(VLOOKUP(Y188,ltSchlepper,Maschinen!$N$6,FALSE))=TRUE,0,VLOOKUP(Y188,ltSchlepper,Maschinen!$N$6,FALSE)*AA188*IF(ISBLANK(AC188),1,AC188)))","v":0},{"$f":"(IF(ISNA(VLOOKUP(Y188,ltSchlepper,Maschinen!$O$6,FALSE))=TRUE,0,VLOOKUP(Y188,ltSchlepper,Maschinen!$O$6,FALSE)*AA188*IF(ISBLANK(AC188),1,AC188)))","v":0},{"$f":"(IF(ISNA(VLOOKUP(Y188,ltSchlepper,Maschinen!$P$6,FALSE))=TRUE,0,VLOOKUP(Y188,ltSchlepper,Maschinen!$P$6,FALSE)*AA188*IF(ISBLANK(AC188),1,AC188)))","v":0},0,{"$f":"(IF(ISNA(VLOOKUP(AE188,ltSchlepper,Maschinen!$K$6,FALSE))=TRUE,0,VLOOKUP(AE188,ltSchlepper,Maschinen!$K$6,FALSE)*AG188))","v":0},{"$f":"(IF(ISNA(VLOOKUP(AE188,ltSchlepper,Maschinen!$L$6,FALSE))=TRUE,0,VLOOKUP(AE188,ltSchlepper,Maschinen!$L$6,FALSE)*AG188))","v":0},{"$f":"(IF(ISNA(VLOOKUP(AE188,ltSchlepper,Maschinen!$M$6,FALSE))=TRUE,0,VLOOKUP(AE188,ltSchlepper,Maschinen!$M$6,FALSE)*AG188))","v":0},{"$f":"(IF(ISNA(VLOOKUP(AE188,ltSchlepper,Maschinen!$N$6,FALSE))=TRUE,0,VLOOKUP(AE188,ltSchlepper,Maschinen!$N$6,FALSE)*AG188*IF(ISBLANK(AI188),1,AI188)))","v":0},{"$f":"(IF(ISNA(VLOOKUP(AE188,ltSchlepper,Maschinen!$O$6,FALSE))=TRUE,0,VLOOKUP(AE188,ltSchlepper,Maschinen!$O$6,FALSE)*AG188*IF(ISBLANK(AI188),1,AI188)))","v":0},{"$f":"(IF(ISNA(VLOOKUP(AE188,ltSchlepper,Maschinen!$P$6,FALSE))=TRUE,0,VLOOKUP(AE188,ltSchlepper,Maschinen!$P$6,FALSE)*AG188*IF(ISBLANK(AI188),1,AI188)))","v":0},0,{"$f":"(IF(ISNA(VLOOKUP(AK188,ltSchlepper,Maschinen!$K$6,FALSE))=TRUE,0,VLOOKUP(AK188,ltSchlepper,Maschinen!$K$6,FALSE)*AM188))","v":0},{"$f":"(IF(ISNA(VLOOKUP(AK188,ltSchlepper,Maschinen!$L$6,FALSE))=TRUE,0,VLOOKUP(AK188,ltSchlepper,Maschinen!$L$6,FALSE)*AM188))","v":0},{"$f":"(IF(ISNA(VLOOKUP(AK188,ltSchlepper,Maschinen!$M$6,FALSE))=TRUE,0,VLOOKUP(AK188,ltSchlepper,Maschinen!$M$6,FALSE)*AM188))","v":0},{"$f":"(IF(ISNA(VLOOKUP(AK188,ltSchlepper,Maschinen!$N$6,FALSE))=TRUE,0,VLOOKUP(AK188,ltSchlepper,Maschinen!$N$6,FALSE)*AM188*IF(ISBLANK(AO188),1,AO188)))","v":0},{"$f":"(IF(ISNA(VLOOKUP(AK188,ltSchlepper,Maschinen!$O$6,FALSE))=TRUE,0,VLOOKUP(AK188,ltSchlepper,Maschinen!$O$6,FALSE)*AM188*IF(ISBLANK(AO188),1,AO188)))","v":0},{"$f":"(IF(ISNA(VLOOKUP(AK188,ltSchlepper,Maschinen!$P$6,FALSE))=TRUE,0,VLOOKUP(AK188,ltSchlepper,Maschinen!$P$6,FALSE)*AM188*IF(ISBLANK(AO188),1,AO188)))","v":0},0,{"$f":"(IF(ISNA(VLOOKUP(AQ188,ltSchlepper,Maschinen!$K$6,FALSE))=TRUE,0,VLOOKUP(AQ188,ltSchlepper,Maschinen!$K$6,FALSE)*AS188))","v":0},{"$f":"(IF(ISNA(VLOOKUP(AQ188,ltSchlepper,Maschinen!$L$6,FALSE))=TRUE,0,VLOOKUP(AQ188,ltSchlepper,Maschinen!$L$6,FALSE)*AS188))","v":0},{"$f":"(IF(ISNA(VLOOKUP(AQ188,ltSchlepper,Maschinen!$M$6,FALSE))=TRUE,0,VLOOKUP(AQ188,ltSchlepper,Maschinen!$M$6,FALSE)*AS188))","v":0},{"$f":"(IF(ISNA(VLOOKUP(AQ188,ltSchlepper,Maschinen!$N$6,FALSE))=TRUE,0,VLOOKUP(AQ188,ltSchlepper,Maschinen!$N$6,FALSE)*AS188*IF(ISBLANK(AU188),1,AU188)))","v":0},{"$f":"(IF(ISNA(VLOOKUP(AQ188,ltSchlepper,Maschinen!$O$6,FALSE))=TRUE,0,VLOOKUP(AQ188,ltSchlepper,Maschinen!$O$6,FALSE)*AS188*IF(ISBLANK(AU188),1,AU188)))","v":0},{"$f":"(IF(ISNA(VLOOKUP(AQ188,ltSchlepper,Maschinen!$P$6,FALSE))=TRUE,0,VLOOKUP(AQ188,ltSchlepper,Maschinen!$P$6,FALSE)*AS188*IF(ISBLANK(AU188),1,AU188)))","v":0},0,{"$f":"(IF(ISNA(VLOOKUP(Y188,ltSchlepper,Maschinen!$AA$6,FALSE))=TRUE,0,VLOOKUP(Y188,ltSchlepper,Maschinen!$AA$6,FALSE)*AA188))","v":0},{"$f":"(IF(ISNA(VLOOKUP(Y188,ltSchlepper,Maschinen!$AB$6,FALSE))=TRUE,0,VLOOKUP(Y188,ltSchlepper,Maschinen!$AB$6,FALSE)*AA188))","v":0},{"$f":"(IF(ISNA(VLOOKUP(Y188,ltSchlepper,Maschinen!$AC$6,FALSE))=TRUE,0,VLOOKUP(Y188,ltSchlepper,Maschinen!$AC$6,FALSE)*AA188))","v":0},0,{"$f":"(IF(ISNA(VLOOKUP(AE188,ltSchlepper,Maschinen!$AA$6,FALSE))=TRUE,0,VLOOKUP(AE188,ltSchlepper,Maschinen!$AA$6,FALSE)*AG188))","v":0},{"$f":"(IF(ISNA(VLOOKUP(AE188,ltSchlepper,Maschinen!$AB$6,FALSE))=TRUE,0,VLOOKUP(AE188,ltSchlepper,Maschinen!$AB$6,FALSE)*AG188))","v":0},{"$f":"(IF(ISNA(VLOOKUP(AE188,ltSchlepper,Maschinen!$AC$6,FALSE))=TRUE,0,VLOOKUP(AE188,ltSchlepper,Maschinen!$AC$6,FALSE)*AG188))","v":0},0,{"$f":"(IF(ISNA(VLOOKUP(AK188,ltSchlepper,Maschinen!$AA$6,FALSE))=TRUE,0,VLOOKUP(AK188,ltSchlepper,Maschinen!$AA$6,FALSE)*AM188))","v":0},{"$f":"(IF(ISNA(VLOOKUP(AK188,ltSchlepper,Maschinen!$AB$6,FALSE))=TRUE,0,VLOOKUP(AK188,ltSchlepper,Maschinen!$AB$6,FALSE)*AM188))","v":0},{"$f":"(IF(ISNA(VLOOKUP(AK188,ltSchlepper,Maschinen!$AC$6,FALSE))=TRUE,0,VLOOKUP(AK188,ltSchlepper,Maschinen!$AC$6,FALSE)*AM188))","v":0},0,{"$f":"(IF(ISNA(VLOOKUP(AQ188,ltSchlepper,Maschinen!$AA$6,FALSE))=TRUE,0,VLOOKUP(AQ188,ltSchlepper,Maschinen!$AA$6,FALSE)*AS188))","v":0},{"$f":"(IF(ISNA(VLOOKUP(AQ188,ltSchlepper,Maschinen!$AB$6,FALSE))=TRUE,0,VLOOKUP(AQ188,ltSchlepper,Maschinen!$AB$6,FALSE)*AS188))","v":0},{"$f":"(IF(ISNA(VLOOKUP(AQ188,ltSchlepper,Maschinen!$AC$6,FALSE))=TRUE,0,VLOOKUP(AQ188,ltSchlepper,Maschinen!$AC$6,FALSE)*AS188))","v":0},0]
[null,29113,null,null,null,null,null,null,0,0,0,0.1,0,0,null,null,0,0,0,0,0,0,0,null,null,"",null,"",null,0,null,"",null,"",null,0,null,"",null,"",null,0,null,"",null,"",null,0,0,0,0,0,0,0,0,0,0,0,0,0,{"$f":"(IF(ISNA(VLOOKUP(Y189,ltSchlepper,Maschinen!$K$6,FALSE))=TRUE,0,VLOOKUP(Y189,ltSchlepper,Maschinen!$K$6,FALSE)*AA189))","v":0},{"$f":"(IF(ISNA(VLOOKUP(Y189,ltSchlepper,Maschinen!$L$6,FALSE))=TRUE,0,VLOOKUP(Y189,ltSchlepper,Maschinen!$L$6,FALSE)*AA189))","v":0},{"$f":"(IF(ISNA(VLOOKUP(Y189,ltSchlepper,Maschinen!$M$6,FALSE))=TRUE,0,VLOOKUP(Y189,ltSchlepper,Maschinen!$M$6,FALSE)*AA189))","v":0},{"$f":"(IF(ISNA(VLOOKUP(Y189,ltSchlepper,Maschinen!$N$6,FALSE))=TRUE,0,VLOOKUP(Y189,ltSchlepper,Maschinen!$N$6,FALSE)*AA189*IF(ISBLANK(AC189),1,AC189)))","v":0},{"$f":"(IF(ISNA(VLOOKUP(Y189,ltSchlepper,Maschinen!$O$6,FALSE))=TRUE,0,VLOOKUP(Y189,ltSchlepper,Maschinen!$O$6,FALSE)*AA189*IF(ISBLANK(AC189),1,AC189)))","v":0},{"$f":"(IF(ISNA(VLOOKUP(Y189,ltSchlepper,Maschinen!$P$6,FALSE))=TRUE,0,VLOOKUP(Y189,ltSchlepper,Maschinen!$P$6,FALSE)*AA189*IF(ISBLANK(AC189),1,AC189)))","v":0},{"$f":"SUM(BI189:BK189,BM189:BN189)","v":0},{"$f":"(IF(ISNA(VLOOKUP(AE189,ltSchlepper,Maschinen!$K$6,FALSE))=TRUE,0,VLOOKUP(AE189,ltSchlepper,Maschinen!$K$6,FALSE)*AG189))","v":0},{"$f":"(IF(ISNA(VLOOKUP(AE189,ltSchlepper,Maschinen!$L$6,FALSE))=TRUE,0,VLOOKUP(AE189,ltSchlepper,Maschinen!$L$6,FALSE)*AG189))","v":0},{"$f":"(IF(ISNA(VLOOKUP(AE189,ltSchlepper,Maschinen!$M$6,FALSE))=TRUE,0,VLOOKUP(AE189,ltSchlepper,Maschinen!$M$6,FALSE)*AG189))","v":0},{"$f":"(IF(ISNA(VLOOKUP(AE189,ltSchlepper,Maschinen!$N$6,FALSE))=TRUE,0,VLOOKUP(AE189,ltSchlepper,Maschinen!$N$6,FALSE)*AG189*IF(ISBLANK(AI189),1,AI189)))","v":0},{"$f":"(IF(ISNA(VLOOKUP(AE189,ltSchlepper,Maschinen!$O$6,FALSE))=TRUE,0,VLOOKUP(AE189,ltSchlepper,Maschinen!$O$6,FALSE)*AG189*IF(ISBLANK(AI189),1,AI189)))","v":0},{"$f":"(IF(ISNA(VLOOKUP(AE189,ltSchlepper,Maschinen!$P$6,FALSE))=TRUE,0,VLOOKUP(AE189,ltSchlepper,Maschinen!$P$6,FALSE)*AG189*IF(ISBLANK(AI189),1,AI189)))","v":0},{"$f":"SUM(BP189:BR189,BT189:BU189)","v":0},{"$f":"(IF(ISNA(VLOOKUP(AK189,ltSchlepper,Maschinen!$K$6,FALSE))=TRUE,0,VLOOKUP(AK189,ltSchlepper,Maschinen!$K$6,FALSE)*AM189))","v":0},{"$f":"(IF(ISNA(VLOOKUP(AK189,ltSchlepper,Maschinen!$L$6,FALSE))=TRUE,0,VLOOKUP(AK189,ltSchlepper,Maschinen!$L$6,FALSE)*AM189))","v":0},{"$f":"(IF(ISNA(VLOOKUP(AK189,ltSchlepper,Maschinen!$M$6,FALSE))=TRUE,0,VLOOKUP(AK189,ltSchlepper,Maschinen!$M$6,FALSE)*AM189))","v":0},{"$f":"(IF(ISNA(VLOOKUP(AK189,ltSchlepper,Maschinen!$N$6,FALSE))=TRUE,0,VLOOKUP(AK189,ltSchlepper,Maschinen!$N$6,FALSE)*AM189*IF(ISBLANK(AO189),1,AO189)))","v":0},{"$f":"(IF(ISNA(VLOOKUP(AK189,ltSchlepper,Maschinen!$O$6,FALSE))=TRUE,0,VLOOKUP(AK189,ltSchlepper,Maschinen!$O$6,FALSE)*AM189*IF(ISBLANK(AO189),1,AO189)))","v":0},{"$f":"(IF(ISNA(VLOOKUP(AK189,ltSchlepper,Maschinen!$P$6,FALSE))=TRUE,0,VLOOKUP(AK189,ltSchlepper,Maschinen!$P$6,FALSE)*AM189*IF(ISBLANK(AO189),1,AO189)))","v":0},{"$f":"SUM(BW189:BY189,CA189:CB189)","v":0},{"$f":"(IF(ISNA(VLOOKUP(AQ189,ltSchlepper,Maschinen!$K$6,FALSE))=TRUE,0,VLOOKUP(AQ189,ltSchlepper,Maschinen!$K$6,FALSE)*AS189))","v":0},{"$f":"(IF(ISNA(VLOOKUP(AQ189,ltSchlepper,Maschinen!$L$6,FALSE))=TRUE,0,VLOOKUP(AQ189,ltSchlepper,Maschinen!$L$6,FALSE)*AS189))","v":0},{"$f":"(IF(ISNA(VLOOKUP(AQ189,ltSchlepper,Maschinen!$M$6,FALSE))=TRUE,0,VLOOKUP(AQ189,ltSchlepper,Maschinen!$M$6,FALSE)*AS189))","v":0},{"$f":"(IF(ISNA(VLOOKUP(AQ189,ltSchlepper,Maschinen!$N$6,FALSE))=TRUE,0,VLOOKUP(AQ189,ltSchlepper,Maschinen!$N$6,FALSE)*AS189*IF(ISBLANK(AU189),1,AU189)))","v":0},{"$f":"(IF(ISNA(VLOOKUP(AQ189,ltSchlepper,Maschinen!$O$6,FALSE))=TRUE,0,VLOOKUP(AQ189,ltSchlepper,Maschinen!$O$6,FALSE)*AS189*IF(ISBLANK(AU189),1,AU189)))","v":0},{"$f":"(IF(ISNA(VLOOKUP(AQ189,ltSchlepper,Maschinen!$P$6,FALSE))=TRUE,0,VLOOKUP(AQ189,ltSchlepper,Maschinen!$P$6,FALSE)*AS189*IF(ISBLANK(AU189),1,AU189)))","v":0},{"$f":"SUM(CD189:CF189,CH189:CI189)","v":0},{"$f":"(IF(ISNA(VLOOKUP(Y189,ltSchlepper,Maschinen!$AA$6,FALSE))=TRUE,0,VLOOKUP(Y189,ltSchlepper,Maschinen!$AA$6,FALSE)*AA189))","v":0},{"$f":"(IF(ISNA(VLOOKUP(Y189,ltSchlepper,Maschinen!$AB$6,FALSE))=TRUE,0,VLOOKUP(Y189,ltSchlepper,Maschinen!$AB$6,FALSE)*AA189))","v":0},{"$f":"(IF(ISNA(VLOOKUP(Y189,ltSchlepper,Maschinen!$AC$6,FALSE))=TRUE,0,VLOOKUP(Y189,ltSchlepper,Maschinen!$AC$6,FALSE)*AA189))","v":0},0,{"$f":"(IF(ISNA(VLOOKUP(AE189,ltSchlepper,Maschinen!$AA$6,FALSE))=TRUE,0,VLOOKUP(AE189,ltSchlepper,Maschinen!$AA$6,FALSE)*AG189))","v":0},{"$f":"(IF(ISNA(VLOOKUP(AE189,ltSchlepper,Maschinen!$AB$6,FALSE))=TRUE,0,VLOOKUP(AE189,ltSchlepper,Maschinen!$AB$6,FALSE)*AG189))","v":0},{"$f":"(IF(ISNA(VLOOKUP(AE189,ltSchlepper,Maschinen!$AC$6,FALSE))=TRUE,0,VLOOKUP(AE189,ltSchlepper,Maschinen!$AC$6,FALSE)*AG189))","v":0},0,{"$f":"(IF(ISNA(VLOOKUP(AK189,ltSchlepper,Maschinen!$AA$6,FALSE))=TRUE,0,VLOOKUP(AK189,ltSchlepper,Maschinen!$AA$6,FALSE)*AM189))","v":0},{"$f":"(IF(ISNA(VLOOKUP(AK189,ltSchlepper,Maschinen!$AB$6,FALSE))=TRUE,0,VLOOKUP(AK189,ltSchlepper,Maschinen!$AB$6,FALSE)*AM189))","v":0},{"$f":"(IF(ISNA(VLOOKUP(AK189,ltSchlepper,Maschinen!$AC$6,FALSE))=TRUE,0,VLOOKUP(AK189,ltSchlepper,Maschinen!$AC$6,FALSE)*AM189))","v":0},0,{"$f":"(IF(ISNA(VLOOKUP(AQ189,ltSchlepper,Maschinen!$AA$6,FALSE))=TRUE,0,VLOOKUP(AQ189,ltSchlepper,Maschinen!$AA$6,FALSE)*AS189))","v":0},{"$f":"(IF(ISNA(VLOOKUP(AQ189,ltSchlepper,Maschinen!$AB$6,FALSE))=TRUE,0,VLOOKUP(AQ189,ltSchlepper,Maschinen!$AB$6,FALSE)*AS189))","v":0},{"$f":"(IF(ISNA(VLOOKUP(AQ189,ltSchlepper,Maschinen!$AC$6,FALSE))=TRUE,0,VLOOKUP(AQ189,ltSchlepper,Maschinen!$AC$6,FALSE)*AS189))","v":0},0]
[null,29114,null,null,null,null,null,null,0,0,0,0.1,0,0,null,null,0,0,0,0,0,0,0,null,null,"",null,"",null,0,null,"",null,"",null,0,null,"",null,"",null,0,null,"",null,"",null,0,0,0,0,0,0,0,0,0,0,0,0,0,{"$f":"(IF(ISNA(VLOOKUP(Y190,ltSchlepper,Maschinen!$K$6,FALSE))=TRUE,0,VLOOKUP(Y190,ltSchlepper,Maschinen!$K$6,FALSE)*AA190))","v":0},{"$f":"(IF(ISNA(VLOOKUP(Y190,ltSchlepper,Maschinen!$L$6,FALSE))=TRUE,0,VLOOKUP(Y190,ltSchlepper,Maschinen!$L$6,FALSE)*AA190))","v":0},{"$f":"(IF(ISNA(VLOOKUP(Y190,ltSchlepper,Maschinen!$M$6,FALSE))=TRUE,0,VLOOKUP(Y190,ltSchlepper,Maschinen!$M$6,FALSE)*AA190))","v":0},{"$f":"(IF(ISNA(VLOOKUP(Y190,ltSchlepper,Maschinen!$N$6,FALSE))=TRUE,0,VLOOKUP(Y190,ltSchlepper,Maschinen!$N$6,FALSE)*AA190*IF(ISBLANK(AC190),1,AC190)))","v":0},{"$f":"(IF(ISNA(VLOOKUP(Y190,ltSchlepper,Maschinen!$O$6,FALSE))=TRUE,0,VLOOKUP(Y190,ltSchlepper,Maschinen!$O$6,FALSE)*AA190*IF(ISBLANK(AC190),1,AC190)))","v":0},{"$f":"(IF(ISNA(VLOOKUP(Y190,ltSchlepper,Maschinen!$P$6,FALSE))=TRUE,0,VLOOKUP(Y190,ltSchlepper,Maschinen!$P$6,FALSE)*AA190*IF(ISBLANK(AC190),1,AC190)))","v":0},0,{"$f":"(IF(ISNA(VLOOKUP(AE190,ltSchlepper,Maschinen!$K$6,FALSE))=TRUE,0,VLOOKUP(AE190,ltSchlepper,Maschinen!$K$6,FALSE)*AG190))","v":0},{"$f":"(IF(ISNA(VLOOKUP(AE190,ltSchlepper,Maschinen!$L$6,FALSE))=TRUE,0,VLOOKUP(AE190,ltSchlepper,Maschinen!$L$6,FALSE)*AG190))","v":0},{"$f":"(IF(ISNA(VLOOKUP(AE190,ltSchlepper,Maschinen!$M$6,FALSE))=TRUE,0,VLOOKUP(AE190,ltSchlepper,Maschinen!$M$6,FALSE)*AG190))","v":0},{"$f":"(IF(ISNA(VLOOKUP(AE190,ltSchlepper,Maschinen!$N$6,FALSE))=TRUE,0,VLOOKUP(AE190,ltSchlepper,Maschinen!$N$6,FALSE)*AG190*IF(ISBLANK(AI190),1,AI190)))","v":0},{"$f":"(IF(ISNA(VLOOKUP(AE190,ltSchlepper,Maschinen!$O$6,FALSE))=TRUE,0,VLOOKUP(AE190,ltSchlepper,Maschinen!$O$6,FALSE)*AG190*IF(ISBLANK(AI190),1,AI190)))","v":0},{"$f":"(IF(ISNA(VLOOKUP(AE190,ltSchlepper,Maschinen!$P$6,FALSE))=TRUE,0,VLOOKUP(AE190,ltSchlepper,Maschinen!$P$6,FALSE)*AG190*IF(ISBLANK(AI190),1,AI190)))","v":0},0,{"$f":"(IF(ISNA(VLOOKUP(AK190,ltSchlepper,Maschinen!$K$6,FALSE))=TRUE,0,VLOOKUP(AK190,ltSchlepper,Maschinen!$K$6,FALSE)*AM190))","v":0},{"$f":"(IF(ISNA(VLOOKUP(AK190,ltSchlepper,Maschinen!$L$6,FALSE))=TRUE,0,VLOOKUP(AK190,ltSchlepper,Maschinen!$L$6,FALSE)*AM190))","v":0},{"$f":"(IF(ISNA(VLOOKUP(AK190,ltSchlepper,Maschinen!$M$6,FALSE))=TRUE,0,VLOOKUP(AK190,ltSchlepper,Maschinen!$M$6,FALSE)*AM190))","v":0},{"$f":"(IF(ISNA(VLOOKUP(AK190,ltSchlepper,Maschinen!$N$6,FALSE))=TRUE,0,VLOOKUP(AK190,ltSchlepper,Maschinen!$N$6,FALSE)*AM190*IF(ISBLANK(AO190),1,AO190)))","v":0},{"$f":"(IF(ISNA(VLOOKUP(AK190,ltSchlepper,Maschinen!$O$6,FALSE))=TRUE,0,VLOOKUP(AK190,ltSchlepper,Maschinen!$O$6,FALSE)*AM190*IF(ISBLANK(AO190),1,AO190)))","v":0},{"$f":"(IF(ISNA(VLOOKUP(AK190,ltSchlepper,Maschinen!$P$6,FALSE))=TRUE,0,VLOOKUP(AK190,ltSchlepper,Maschinen!$P$6,FALSE)*AM190*IF(ISBLANK(AO190),1,AO190)))","v":0},0,{"$f":"(IF(ISNA(VLOOKUP(AQ190,ltSchlepper,Maschinen!$K$6,FALSE))=TRUE,0,VLOOKUP(AQ190,ltSchlepper,Maschinen!$K$6,FALSE)*AS190))","v":0},{"$f":"(IF(ISNA(VLOOKUP(AQ190,ltSchlepper,Maschinen!$L$6,FALSE))=TRUE,0,VLOOKUP(AQ190,ltSchlepper,Maschinen!$L$6,FALSE)*AS190))","v":0},{"$f":"(IF(ISNA(VLOOKUP(AQ190,ltSchlepper,Maschinen!$M$6,FALSE))=TRUE,0,VLOOKUP(AQ190,ltSchlepper,Maschinen!$M$6,FALSE)*AS190))","v":0},{"$f":"(IF(ISNA(VLOOKUP(AQ190,ltSchlepper,Maschinen!$N$6,FALSE))=TRUE,0,VLOOKUP(AQ190,ltSchlepper,Maschinen!$N$6,FALSE)*AS190*IF(ISBLANK(AU190),1,AU190)))","v":0},{"$f":"(IF(ISNA(VLOOKUP(AQ190,ltSchlepper,Maschinen!$O$6,FALSE))=TRUE,0,VLOOKUP(AQ190,ltSchlepper,Maschinen!$O$6,FALSE)*AS190*IF(ISBLANK(AU190),1,AU190)))","v":0},{"$f":"(IF(ISNA(VLOOKUP(AQ190,ltSchlepper,Maschinen!$P$6,FALSE))=TRUE,0,VLOOKUP(AQ190,ltSchlepper,Maschinen!$P$6,FALSE)*AS190*IF(ISBLANK(AU190),1,AU190)))","v":0},0,{"$f":"(IF(ISNA(VLOOKUP(Y190,ltSchlepper,Maschinen!$AA$6,FALSE))=TRUE,0,VLOOKUP(Y190,ltSchlepper,Maschinen!$AA$6,FALSE)*AA190))","v":0},{"$f":"(IF(ISNA(VLOOKUP(Y190,ltSchlepper,Maschinen!$AB$6,FALSE))=TRUE,0,VLOOKUP(Y190,ltSchlepper,Maschinen!$AB$6,FALSE)*AA190))","v":0},{"$f":"(IF(ISNA(VLOOKUP(Y190,ltSchlepper,Maschinen!$AC$6,FALSE))=TRUE,0,VLOOKUP(Y190,ltSchlepper,Maschinen!$AC$6,FALSE)*AA190))","v":0},0,{"$f":"(IF(ISNA(VLOOKUP(AE190,ltSchlepper,Maschinen!$AA$6,FALSE))=TRUE,0,VLOOKUP(AE190,ltSchlepper,Maschinen!$AA$6,FALSE)*AG190))","v":0},{"$f":"(IF(ISNA(VLOOKUP(AE190,ltSchlepper,Maschinen!$AB$6,FALSE))=TRUE,0,VLOOKUP(AE190,ltSchlepper,Maschinen!$AB$6,FALSE)*AG190))","v":0},{"$f":"(IF(ISNA(VLOOKUP(AE190,ltSchlepper,Maschinen!$AC$6,FALSE))=TRUE,0,VLOOKUP(AE190,ltSchlepper,Maschinen!$AC$6,FALSE)*AG190))","v":0},0,{"$f":"(IF(ISNA(VLOOKUP(AK190,ltSchlepper,Maschinen!$AA$6,FALSE))=TRUE,0,VLOOKUP(AK190,ltSchlepper,Maschinen!$AA$6,FALSE)*AM190))","v":0},{"$f":"(IF(ISNA(VLOOKUP(AK190,ltSchlepper,Maschinen!$AB$6,FALSE))=TRUE,0,VLOOKUP(AK190,ltSchlepper,Maschinen!$AB$6,FALSE)*AM190))","v":0},{"$f":"(IF(ISNA(VLOOKUP(AK190,ltSchlepper,Maschinen!$AC$6,FALSE))=TRUE,0,VLOOKUP(AK190,ltSchlepper,Maschinen!$AC$6,FALSE)*AM190))","v":0},0,{"$f":"(IF(ISNA(VLOOKUP(AQ190,ltSchlepper,Maschinen!$AA$6,FALSE))=TRUE,0,VLOOKUP(AQ190,ltSchlepper,Maschinen!$AA$6,FALSE)*AS190))","v":0},{"$f":"(IF(ISNA(VLOOKUP(AQ190,ltSchlepper,Maschinen!$AB$6,FALSE))=TRUE,0,VLOOKUP(AQ190,ltSchlepper,Maschinen!$AB$6,FALSE)*AS190))","v":0},{"$f":"(IF(ISNA(VLOOKUP(AQ190,ltSchlepper,Maschinen!$AC$6,FALSE))=TRUE,0,VLOOKUP(AQ190,ltSchlepper,Maschinen!$AC$6,FALSE)*AS190))","v":0},0]
[null,29116,null,null,null,null,null,null,{"$f":"BC191","v":0},{"$f":"H191+I191","v":0},{"$f":"F191+G191-J191","v":0},0.1,{"$f":"(H191+I191)*L191","v":0},{"$f":"M191*Interest","v":0},null,null,{"$f":"O191+P191","v":0},{"$f":"Q191*Lohnanspruch","v":0},{"$f":"J191+N191+R191","v":0},{"$f":"K191-N191-R191","v":0},{"$f":"BG191","v":0},{"$f":"H191+I191+N191+R191+U191","v":0},{"$f":"T191-U191","v":0},null,null,"",null,{"$f":"IF(ISNA(VLOOKUP(Y191,ltSchlepper,3,FALSE))=TRUE,\"\",VLOOKUP(Y191,ltSchlepper,3,FALSE))","v":""},null,{"$f":"IF(ISNA(VLOOKUP(Y191,ltSchlepper,SchKraftstoffVerb,FALSE))=TRUE,0,VLOOKUP(Y191,ltSchlepper,SchKraftstoffVerb,FALSE)*IF(ISBLANK(AC191),1,AC191)*AA191)","v":0},null,{"$f":"IF(ISNA(VLOOKUP(AE191,ltSchlepper,2,FALSE))=TRUE,\"\",VLOOKUP(AE191,ltSchlepper,2,FALSE))","v":""},null,{"$f":"IF(ISNA(VLOOKUP(AE191,ltSchlepper,3,FALSE))=TRUE,\"\",VLOOKUP(AE191,ltSchlepper,3,FALSE))","v":""},null,{"$f":"IF(ISNA(VLOOKUP(AE191,ltSchlepper,SchKraftstoffVerb,FALSE))=TRUE,0,VLOOKUP(AE191,ltSchlepper,SchKraftstoffVerb,FALSE)*IF(ISBLANK(AI191),1,AI191)*AG191)","v":0},null,{"$f":"IF(ISNA(VLOOKUP(AK191,ltSchlepper,2,FALSE))=TRUE,\"\",VLOOKUP(AK191,ltSchlepper,2,FALSE))","v":""},null,{"$f":"IF(ISNA(VLOOKUP(AK191,ltSchlepper,3,FALSE))=TRUE,\"\",VLOOKUP(AK191,ltSchlepper,3,FALSE))","v":""},null,{"$f":"IF(ISNA(VLOOKUP(AK191,ltSchlepper,SchKraftstoffVerb,FALSE))=TRUE,0,VLOOKUP(AK191,ltSchlepper,SchKraftstoffVerb,FALSE)*IF(ISBLANK(AO191),1,AO191)*AM191)","v":0},null,{"$f":"IF(ISNA(VLOOKUP(AQ191,ltSchlepper,2,FALSE))=TRUE,\"\",VLOOKUP(AQ191,ltSchlepper,2,FALSE))","v":""},null,{"$f":"IF(ISNA(VLOOKUP(AQ191,ltSchlepper,3,FALSE))=TRUE,\"\",VLOOKUP(AQ191,ltSchlepper,3,FALSE))","v":""},null,{"$f":"IF(ISNA(VLOOKUP(AQ191,ltSchlepper,SchKraftstoffVerb,FALSE))=TRUE,0,VLOOKUP(AQ191,ltSchlepper,SchKraftstoffVerb,FALSE)*IF(ISBLANK(AU191),1,AU191)*AS191)","v":0},{"$f":"BL191+BS191+BZ191+CG191","v":0},{"$f":"BI191+BP191+BW191+CD191","v":0},{"$f":"BJ191+BQ191+BX191+CE191","v":0},{"$f":"BK191+BR191+BY191+CF191","v":0},{"$f":"BM191+BT191+CA191+CH191","v":0},{"$f":"BN191+BU191+CB191+CI191","v":0},{"$f":"SUM(AX191:AZ191,BA191:BB191)","v":0},{"$f":"CK191+CO191+CS191+CW191","v":0},{"$f":"CL191+CP191+CT191+CX191","v":0},{"$f":"CM191+CQ191+CU191+CY191","v":0},{"$f":"CN191+CR191+CV191+CZ191","v":0},{"$f":"BG191+BC191","v":0},{"$f":"(IF(ISNA(VLOOKUP(Y191,ltSchlepper,Maschinen!$K$6,FALSE))=TRUE,0,VLOOKUP(Y191,ltSchlepper,Maschinen!$K$6,FALSE)*AA191))","v":0},{"$f":"(IF(ISNA(VLOOKUP(Y191,ltSchlepper,Maschinen!$L$6,FALSE))=TRUE,0,VLOOKUP(Y191,ltSchlepper,Maschinen!$L$6,FALSE)*AA191))","v":0},{"$f":"(IF(ISNA(VLOOKUP(Y191,ltSchlepper,Maschinen!$M$6,FALSE))=TRUE,0,VLOOKUP(Y191,ltSchlepper,Maschinen!$M$6,FALSE)*AA191))","v":0},{"$f":"(IF(ISNA(VLOOKUP(Y191,ltSchlepper,Maschinen!$N$6,FALSE))=TRUE,0,VLOOKUP(Y191,ltSchlepper,Maschinen!$N$6,FALSE)*AA191*IF(ISBLANK(AC191),1,AC191)))","v":0},{"$f":"(IF(ISNA(VLOOKUP(Y191,ltSchlepper,Maschinen!$O$6,FALSE))=TRUE,0,VLOOKUP(Y191,ltSchlepper,Maschinen!$O$6,FALSE)*AA191*IF(ISBLANK(AC191),1,AC191)))","v":0},{"$f":"(IF(ISNA(VLOOKUP(Y191,ltSchlepper,Maschinen!$P$6,FALSE))=TRUE,0,VLOOKUP(Y191,ltSchlepper,Maschinen!$P$6,FALSE)*AA191*IF(ISBLANK(AC191),1,AC191)))","v":0},{"$f":"SUM(BI191:BK191,BM191:BN191)","v":0},{"$f":"(IF(ISNA(VLOOKUP(AE191,ltSchlepper,Maschinen!$K$6,FALSE))=TRUE,0,VLOOKUP(AE191,ltSchlepper,Maschinen!$K$6,FALSE)*AG191))","v":0},{"$f":"(IF(ISNA(VLOOKUP(AE191,ltSchlepper,Maschinen!$L$6,FALSE))=TRUE,0,VLOOKUP(AE191,ltSchlepper,Maschinen!$L$6,FALSE)*AG191))","v":0},{"$f":"(IF(ISNA(VLOOKUP(AE191,ltSchlepper,Maschinen!$M$6,FALSE))=TRUE,0,VLOOKUP(AE191,ltSchlepper,Maschinen!$M$6,FALSE)*AG191))","v":0},{"$f":"(IF(ISNA(VLOOKUP(AE191,ltSchlepper,Maschinen!$N$6,FALSE))=TRUE,0,VLOOKUP(AE191,ltSchlepper,Maschinen!$N$6,FALSE)*AG191*IF(ISBLANK(AI191),1,AI191)))","v":0},{"$f":"(IF(ISNA(VLOOKUP(AE191,ltSchlepper,Maschinen!$O$6,FALSE))=TRUE,0,VLOOKUP(AE191,ltSchlepper,Maschinen!$O$6,FALSE)*AG191*IF(ISBLANK(AI191),1,AI191)))","v":0},{"$f":"(IF(ISNA(VLOOKUP(AE191,ltSchlepper,Maschinen!$P$6,FALSE))=TRUE,0,VLOOKUP(AE191,ltSchlepper,Maschinen!$P$6,FALSE)*AG191*IF(ISBLANK(AI191),1,AI191)))","v":0},{"$f":"SUM(BP191:BR191,BT191:BU191)","v":0},{"$f":"(IF(ISNA(VLOOKUP(AK191,ltSchlepper,Maschinen!$K$6,FALSE))=TRUE,0,VLOOKUP(AK191,ltSchlepper,Maschinen!$K$6,FALSE)*AM191))","v":0},{"$f":"(IF(ISNA(VLOOKUP(AK191,ltSchlepper,Maschinen!$L$6,FALSE))=TRUE,0,VLOOKUP(AK191,ltSchlepper,Maschinen!$L$6,FALSE)*AM191))","v":0},{"$f":"(IF(ISNA(VLOOKUP(AK191,ltSchlepper,Maschinen!$M$6,FALSE))=TRUE,0,VLOOKUP(AK191,ltSchlepper,Maschinen!$M$6,FALSE)*AM191))","v":0},{"$f":"(IF(ISNA(VLOOKUP(AK191,ltSchlepper,Maschinen!$N$6,FALSE))=TRUE,0,VLOOKUP(AK191,ltSchlepper,Maschinen!$N$6,FALSE)*AM191*IF(ISBLANK(AO191),1,AO191)))","v":0},{"$f":"(IF(ISNA(VLOOKUP(AK191,ltSchlepper,Maschinen!$O$6,FALSE))=TRUE,0,VLOOKUP(AK191,ltSchlepper,Maschinen!$O$6,FALSE)*AM191*IF(ISBLANK(AO191),1,AO191)))","v":0},{"$f":"(IF(ISNA(VLOOKUP(AK191,ltSchlepper,Maschinen!$P$6,FALSE))=TRUE,0,VLOOKUP(AK191,ltSchlepper,Maschinen!$P$6,FALSE)*AM191*IF(ISBLANK(AO191),1,AO191)))","v":0},{"$f":"SUM(BW191:BY191,CA191:CB191)","v":0},{"$f":"(IF(ISNA(VLOOKUP(AQ191,ltSchlepper,Maschinen!$K$6,FALSE))=TRUE,0,VLOOKUP(AQ191,ltSchlepper,Maschinen!$K$6,FALSE)*AS191))","v":0},{"$f":"(IF(ISNA(VLOOKUP(AQ191,ltSchlepper,Maschinen!$L$6,FALSE))=TRUE,0,VLOOKUP(AQ191,ltSchlepper,Maschinen!$L$6,FALSE)*AS191))","v":0},{"$f":"(IF(ISNA(VLOOKUP(AQ191,ltSchlepper,Maschinen!$M$6,FALSE))=TRUE,0,VLOOKUP(AQ191,ltSchlepper,Maschinen!$M$6,FALSE)*AS191))","v":0},{"$f":"(IF(ISNA(VLOOKUP(AQ191,ltSchlepper,Maschinen!$N$6,FALSE))=TRUE,0,VLOOKUP(AQ191,ltSchlepper,Maschinen!$N$6,FALSE)*AS191*IF(ISBLANK(AU191),1,AU191)))","v":0},{"$f":"(IF(ISNA(VLOOKUP(AQ191,ltSchlepper,Maschinen!$O$6,FALSE))=TRUE,0,VLOOKUP(AQ191,ltSchlepper,Maschinen!$O$6,FALSE)*AS191*IF(ISBLANK(AU191),1,AU191)))","v":0},{"$f":"(IF(ISNA(VLOOKUP(AQ191,ltSchlepper,Maschinen!$P$6,FALSE))=TRUE,0,VLOOKUP(AQ191,ltSchlepper,Maschinen!$P$6,FALSE)*AS191*IF(ISBLANK(AU191),1,AU191)))","v":0},{"$f":"SUM(CD191:CF191,CH191:CI191)","v":0},{"$f":"(IF(ISNA(VLOOKUP(Y191,ltSchlepper,Maschinen!$AA$6,FALSE))=TRUE,0,VLOOKUP(Y191,ltSchlepper,Maschinen!$AA$6,FALSE)*AA191))","v":0},{"$f":"(IF(ISNA(VLOOKUP(Y191,ltSchlepper,Maschinen!$AB$6,FALSE))=TRUE,0,VLOOKUP(Y191,ltSchlepper,Maschinen!$AB$6,FALSE)*AA191))","v":0},{"$f":"(IF(ISNA(VLOOKUP(Y191,ltSchlepper,Maschinen!$AC$6,FALSE))=TRUE,0,VLOOKUP(Y191,ltSchlepper,Maschinen!$AC$6,FALSE)*AA191))","v":0},{"$f":"SUM(CK191:CM191)","v":0},{"$f":"(IF(ISNA(VLOOKUP(AE191,ltSchlepper,Maschinen!$AA$6,FALSE))=TRUE,0,VLOOKUP(AE191,ltSchlepper,Maschinen!$AA$6,FALSE)*AG191))","v":0},{"$f":"(IF(ISNA(VLOOKUP(AE191,ltSchlepper,Maschinen!$AB$6,FALSE))=TRUE,0,VLOOKUP(AE191,ltSchlepper,Maschinen!$AB$6,FALSE)*AG191))","v":0},{"$f":"(IF(ISNA(VLOOKUP(AE191,ltSchlepper,Maschinen!$AC$6,FALSE))=TRUE,0,VLOOKUP(AE191,ltSchlepper,Maschinen!$AC$6,FALSE)*AG191))","v":0},{"$f":"SUM(CO191:CQ191)","v":0},{"$f":"(IF(ISNA(VLOOKUP(AK191,ltSchlepper,Maschinen!$AA$6,FALSE))=TRUE,0,VLOOKUP(AK191,ltSchlepper,Maschinen!$AA$6,FALSE)*AM191))","v":0},{"$f":"(IF(ISNA(VLOOKUP(AK191,ltSchlepper,Maschinen!$AB$6,FALSE))=TRUE,0,VLOOKUP(AK191,ltSchlepper,Maschinen!$AB$6,FALSE)*AM191))","v":0},{"$f":"(IF(ISNA(VLOOKUP(AK191,ltSchlepper,Maschinen!$AC$6,FALSE))=TRUE,0,VLOOKUP(AK191,ltSchlepper,Maschinen!$AC$6,FALSE)*AM191))","v":0},{"$f":"SUM(CS191:CU191)","v":0},{"$f":"(IF(ISNA(VLOOKUP(AQ191,ltSchlepper,Maschinen!$AA$6,FALSE))=TRUE,0,VLOOKUP(AQ191,ltSchlepper,Maschinen!$AA$6,FALSE)*AS191))","v":0},{"$f":"(IF(ISNA(VLOOKUP(AQ191,ltSchlepper,Maschinen!$AB$6,FALSE))=TRUE,0,VLOOKUP(AQ191,ltSchlepper,Maschinen!$AB$6,FALSE)*AS191))","v":0},{"$f":"(IF(ISNA(VLOOKUP(AQ191,ltSchlepper,Maschinen!$AC$6,FALSE))=TRUE,0,VLOOKUP(AQ191,ltSchlepper,Maschinen!$AC$6,FALSE)*AS191))","v":0},{"$f":"SUM(CW191:CY191)","v":0}]
[null,29115,{"$f":"Z192","v":""},null,null,null,null,null,0,0,0,0.1,0,0,null,null,0,0,0,0,0,0,0,null,null,"",null,"",null,0,null,"",null,"",null,0,null,"",null,"",null,0,null,"",null,"",null,0,0,0,0,0,0,0,0,0,0,0,0,0,{"$f":"(IF(ISNA(VLOOKUP(Y192,ltSchlepper,Maschinen!$K$6,FALSE))=TRUE,0,VLOOKUP(Y192,ltSchlepper,Maschinen!$K$6,FALSE)*AA192))","v":0},{"$f":"(IF(ISNA(VLOOKUP(Y192,ltSchlepper,Maschinen!$L$6,FALSE))=TRUE,0,VLOOKUP(Y192,ltSchlepper,Maschinen!$L$6,FALSE)*AA192))","v":0},{"$f":"(IF(ISNA(VLOOKUP(Y192,ltSchlepper,Maschinen!$M$6,FALSE))=TRUE,0,VLOOKUP(Y192,ltSchlepper,Maschinen!$M$6,FALSE)*AA192))","v":0},{"$f":"(IF(ISNA(VLOOKUP(Y192,ltSchlepper,Maschinen!$N$6,FALSE))=TRUE,0,VLOOKUP(Y192,ltSchlepper,Maschinen!$N$6,FALSE)*AA192*IF(ISBLANK(AC192),1,AC192)))","v":0},{"$f":"(IF(ISNA(VLOOKUP(Y192,ltSchlepper,Maschinen!$O$6,FALSE))=TRUE,0,VLOOKUP(Y192,ltSchlepper,Maschinen!$O$6,FALSE)*AA192*IF(ISBLANK(AC192),1,AC192)))","v":0},{"$f":"(IF(ISNA(VLOOKUP(Y192,ltSchlepper,Maschinen!$P$6,FALSE))=TRUE,0,VLOOKUP(Y192,ltSchlepper,Maschinen!$P$6,FALSE)*AA192*IF(ISBLANK(AC192),1,AC192)))","v":0},0,{"$f":"(IF(ISNA(VLOOKUP(AE192,ltSchlepper,Maschinen!$K$6,FALSE))=TRUE,0,VLOOKUP(AE192,ltSchlepper,Maschinen!$K$6,FALSE)*AG192))","v":0},{"$f":"(IF(ISNA(VLOOKUP(AE192,ltSchlepper,Maschinen!$L$6,FALSE))=TRUE,0,VLOOKUP(AE192,ltSchlepper,Maschinen!$L$6,FALSE)*AG192))","v":0},{"$f":"(IF(ISNA(VLOOKUP(AE192,ltSchlepper,Maschinen!$M$6,FALSE))=TRUE,0,VLOOKUP(AE192,ltSchlepper,Maschinen!$M$6,FALSE)*AG192))","v":0},{"$f":"(IF(ISNA(VLOOKUP(AE192,ltSchlepper,Maschinen!$N$6,FALSE))=TRUE,0,VLOOKUP(AE192,ltSchlepper,Maschinen!$N$6,FALSE)*AG192*IF(ISBLANK(AI192),1,AI192)))","v":0},{"$f":"(IF(ISNA(VLOOKUP(AE192,ltSchlepper,Maschinen!$O$6,FALSE))=TRUE,0,VLOOKUP(AE192,ltSchlepper,Maschinen!$O$6,FALSE)*AG192*IF(ISBLANK(AI192),1,AI192)))","v":0},{"$f":"(IF(ISNA(VLOOKUP(AE192,ltSchlepper,Maschinen!$P$6,FALSE))=TRUE,0,VLOOKUP(AE192,ltSchlepper,Maschinen!$P$6,FALSE)*AG192*IF(ISBLANK(AI192),1,AI192)))","v":0},0,{"$f":"(IF(ISNA(VLOOKUP(AK192,ltSchlepper,Maschinen!$K$6,FALSE))=TRUE,0,VLOOKUP(AK192,ltSchlepper,Maschinen!$K$6,FALSE)*AM192))","v":0},{"$f":"(IF(ISNA(VLOOKUP(AK192,ltSchlepper,Maschinen!$L$6,FALSE))=TRUE,0,VLOOKUP(AK192,ltSchlepper,Maschinen!$L$6,FALSE)*AM192))","v":0},{"$f":"(IF(ISNA(VLOOKUP(AK192,ltSchlepper,Maschinen!$M$6,FALSE))=TRUE,0,VLOOKUP(AK192,ltSchlepper,Maschinen!$M$6,FALSE)*AM192))","v":0},{"$f":"(IF(ISNA(VLOOKUP(AK192,ltSchlepper,Maschinen!$N$6,FALSE))=TRUE,0,VLOOKUP(AK192,ltSchlepper,Maschinen!$N$6,FALSE)*AM192*IF(ISBLANK(AO192),1,AO192)))","v":0},{"$f":"(IF(ISNA(VLOOKUP(AK192,ltSchlepper,Maschinen!$O$6,FALSE))=TRUE,0,VLOOKUP(AK192,ltSchlepper,Maschinen!$O$6,FALSE)*AM192*IF(ISBLANK(AO192),1,AO192)))","v":0},{"$f":"(IF(ISNA(VLOOKUP(AK192,ltSchlepper,Maschinen!$P$6,FALSE))=TRUE,0,VLOOKUP(AK192,ltSchlepper,Maschinen!$P$6,FALSE)*AM192*IF(ISBLANK(AO192),1,AO192)))","v":0},0,{"$f":"(IF(ISNA(VLOOKUP(AQ192,ltSchlepper,Maschinen!$K$6,FALSE))=TRUE,0,VLOOKUP(AQ192,ltSchlepper,Maschinen!$K$6,FALSE)*AS192))","v":0},{"$f":"(IF(ISNA(VLOOKUP(AQ192,ltSchlepper,Maschinen!$L$6,FALSE))=TRUE,0,VLOOKUP(AQ192,ltSchlepper,Maschinen!$L$6,FALSE)*AS192))","v":0},{"$f":"(IF(ISNA(VLOOKUP(AQ192,ltSchlepper,Maschinen!$M$6,FALSE))=TRUE,0,VLOOKUP(AQ192,ltSchlepper,Maschinen!$M$6,FALSE)*AS192))","v":0},{"$f":"(IF(ISNA(VLOOKUP(AQ192,ltSchlepper,Maschinen!$N$6,FALSE))=TRUE,0,VLOOKUP(AQ192,ltSchlepper,Maschinen!$N$6,FALSE)*AS192*IF(ISBLANK(AU192),1,AU192)))","v":0},{"$f":"(IF(ISNA(VLOOKUP(AQ192,ltSchlepper,Maschinen!$O$6,FALSE))=TRUE,0,VLOOKUP(AQ192,ltSchlepper,Maschinen!$O$6,FALSE)*AS192*IF(ISBLANK(AU192),1,AU192)))","v":0},{"$f":"(IF(ISNA(VLOOKUP(AQ192,ltSchlepper,Maschinen!$P$6,FALSE))=TRUE,0,VLOOKUP(AQ192,ltSchlepper,Maschinen!$P$6,FALSE)*AS192*IF(ISBLANK(AU192),1,AU192)))","v":0},0,{"$f":"(IF(ISNA(VLOOKUP(Y192,ltSchlepper,Maschinen!$AA$6,FALSE))=TRUE,0,VLOOKUP(Y192,ltSchlepper,Maschinen!$AA$6,FALSE)*AA192))","v":0},{"$f":"(IF(ISNA(VLOOKUP(Y192,ltSchlepper,Maschinen!$AB$6,FALSE))=TRUE,0,VLOOKUP(Y192,ltSchlepper,Maschinen!$AB$6,FALSE)*AA192))","v":0},{"$f":"(IF(ISNA(VLOOKUP(Y192,ltSchlepper,Maschinen!$AC$6,FALSE))=TRUE,0,VLOOKUP(Y192,ltSchlepper,Maschinen!$AC$6,FALSE)*AA192))","v":0},0,{"$f":"(IF(ISNA(VLOOKUP(AE192,ltSchlepper,Maschinen!$AA$6,FALSE))=TRUE,0,VLOOKUP(AE192,ltSchlepper,Maschinen!$AA$6,FALSE)*AG192))","v":0},{"$f":"(IF(ISNA(VLOOKUP(AE192,ltSchlepper,Maschinen!$AB$6,FALSE))=TRUE,0,VLOOKUP(AE192,ltSchlepper,Maschinen!$AB$6,FALSE)*AG192))","v":0},{"$f":"(IF(ISNA(VLOOKUP(AE192,ltSchlepper,Maschinen!$AC$6,FALSE))=TRUE,0,VLOOKUP(AE192,ltSchlepper,Maschinen!$AC$6,FALSE)*AG192))","v":0},0,{"$f":"(IF(ISNA(VLOOKUP(AK192,ltSchlepper,Maschinen!$AA$6,FALSE))=TRUE,0,VLOOKUP(AK192,ltSchlepper,Maschinen!$AA$6,FALSE)*AM192))","v":0},{"$f":"(IF(ISNA(VLOOKUP(AK192,ltSchlepper,Maschinen!$AB$6,FALSE))=TRUE,0,VLOOKUP(AK192,ltSchlepper,Maschinen!$AB$6,FALSE)*AM192))","v":0},{"$f":"(IF(ISNA(VLOOKUP(AK192,ltSchlepper,Maschinen!$AC$6,FALSE))=TRUE,0,VLOOKUP(AK192,ltSchlepper,Maschinen!$AC$6,FALSE)*AM192))","v":0},0,{"$f":"(IF(ISNA(VLOOKUP(AQ192,ltSchlepper,Maschinen!$AA$6,FALSE))=TRUE,0,VLOOKUP(AQ192,ltSchlepper,Maschinen!$AA$6,FALSE)*AS192))","v":0},{"$f":"(IF(ISNA(VLOOKUP(AQ192,ltSchlepper,Maschinen!$AB$6,FALSE))=TRUE,0,VLOOKUP(AQ192,ltSchlepper,Maschinen!$AB$6,FALSE)*AS192))","v":0},{"$f":"(IF(ISNA(VLOOKUP(AQ192,ltSchlepper,Maschinen!$AC$6,FALSE))=TRUE,0,VLOOKUP(AQ192,ltSchlepper,Maschinen!$AC$6,FALSE)*AS192))","v":0},0]
[null,null,null,null,null,null,null,null,0,0,0,0.1,0,0,null,null,0,0,0,0,0,0,0,null,null,"",null,"",null,0,null,"",null,"",null,0,null,"",null,"",null,0,null,"",null,"",null,0,0,0,0,0,0,0,0,0,0,0,0,0,{"$f":"(IF(ISNA(VLOOKUP(Y193,ltSchlepper,Maschinen!$K$6,FALSE))=TRUE,0,VLOOKUP(Y193,ltSchlepper,Maschinen!$K$6,FALSE)*AA193))","v":0},{"$f":"(IF(ISNA(VLOOKUP(Y193,ltSchlepper,Maschinen!$L$6,FALSE))=TRUE,0,VLOOKUP(Y193,ltSchlepper,Maschinen!$L$6,FALSE)*AA193))","v":0},{"$f":"(IF(ISNA(VLOOKUP(Y193,ltSchlepper,Maschinen!$M$6,FALSE))=TRUE,0,VLOOKUP(Y193,ltSchlepper,Maschinen!$M$6,FALSE)*AA193))","v":0},{"$f":"(IF(ISNA(VLOOKUP(Y193,ltSchlepper,Maschinen!$N$6,FALSE))=TRUE,0,VLOOKUP(Y193,ltSchlepper,Maschinen!$N$6,FALSE)*AA193*IF(ISBLANK(AC193),1,AC193)))","v":0},{"$f":"(IF(ISNA(VLOOKUP(Y193,ltSchlepper,Maschinen!$O$6,FALSE))=TRUE,0,VLOOKUP(Y193,ltSchlepper,Maschinen!$O$6,FALSE)*AA193*IF(ISBLANK(AC193),1,AC193)))","v":0},{"$f":"(IF(ISNA(VLOOKUP(Y193,ltSchlepper,Maschinen!$P$6,FALSE))=TRUE,0,VLOOKUP(Y193,ltSchlepper,Maschinen!$P$6,FALSE)*AA193*IF(ISBLANK(AC193),1,AC193)))","v":0},0,{"$f":"(IF(ISNA(VLOOKUP(AE193,ltSchlepper,Maschinen!$K$6,FALSE))=TRUE,0,VLOOKUP(AE193,ltSchlepper,Maschinen!$K$6,FALSE)*AG193))","v":0},{"$f":"(IF(ISNA(VLOOKUP(AE193,ltSchlepper,Maschinen!$L$6,FALSE))=TRUE,0,VLOOKUP(AE193,ltSchlepper,Maschinen!$L$6,FALSE)*AG193))","v":0},{"$f":"(IF(ISNA(VLOOKUP(AE193,ltSchlepper,Maschinen!$M$6,FALSE))=TRUE,0,VLOOKUP(AE193,ltSchlepper,Maschinen!$M$6,FALSE)*AG193))","v":0},{"$f":"(IF(ISNA(VLOOKUP(AE193,ltSchlepper,Maschinen!$N$6,FALSE))=TRUE,0,VLOOKUP(AE193,ltSchlepper,Maschinen!$N$6,FALSE)*AG193*IF(ISBLANK(AI193),1,AI193)))","v":0},{"$f":"(IF(ISNA(VLOOKUP(AE193,ltSchlepper,Maschinen!$O$6,FALSE))=TRUE,0,VLOOKUP(AE193,ltSchlepper,Maschinen!$O$6,FALSE)*AG193*IF(ISBLANK(AI193),1,AI193)))","v":0},{"$f":"(IF(ISNA(VLOOKUP(AE193,ltSchlepper,Maschinen!$P$6,FALSE))=TRUE,0,VLOOKUP(AE193,ltSchlepper,Maschinen!$P$6,FALSE)*AG193*IF(ISBLANK(AI193),1,AI193)))","v":0},0,{"$f":"(IF(ISNA(VLOOKUP(AK193,ltSchlepper,Maschinen!$K$6,FALSE))=TRUE,0,VLOOKUP(AK193,ltSchlepper,Maschinen!$K$6,FALSE)*AM193))","v":0},{"$f":"(IF(ISNA(VLOOKUP(AK193,ltSchlepper,Maschinen!$L$6,FALSE))=TRUE,0,VLOOKUP(AK193,ltSchlepper,Maschinen!$L$6,FALSE)*AM193))","v":0},{"$f":"(IF(ISNA(VLOOKUP(AK193,ltSchlepper,Maschinen!$M$6,FALSE))=TRUE,0,VLOOKUP(AK193,ltSchlepper,Maschinen!$M$6,FALSE)*AM193))","v":0},{"$f":"(IF(ISNA(VLOOKUP(AK193,ltSchlepper,Maschinen!$N$6,FALSE))=TRUE,0,VLOOKUP(AK193,ltSchlepper,Maschinen!$N$6,FALSE)*AM193*IF(ISBLANK(AO193),1,AO193)))","v":0},{"$f":"(IF(ISNA(VLOOKUP(AK193,ltSchlepper,Maschinen!$O$6,FALSE))=TRUE,0,VLOOKUP(AK193,ltSchlepper,Maschinen!$O$6,FALSE)*AM193*IF(ISBLANK(AO193),1,AO193)))","v":0},{"$f":"(IF(ISNA(VLOOKUP(AK193,ltSchlepper,Maschinen!$P$6,FALSE))=TRUE,0,VLOOKUP(AK193,ltSchlepper,Maschinen!$P$6,FALSE)*AM193*IF(ISBLANK(AO193),1,AO193)))","v":0},0,{"$f":"(IF(ISNA(VLOOKUP(AQ193,ltSchlepper,Maschinen!$K$6,FALSE))=TRUE,0,VLOOKUP(AQ193,ltSchlepper,Maschinen!$K$6,FALSE)*AS193))","v":0},{"$f":"(IF(ISNA(VLOOKUP(AQ193,ltSchlepper,Maschinen!$L$6,FALSE))=TRUE,0,VLOOKUP(AQ193,ltSchlepper,Maschinen!$L$6,FALSE)*AS193))","v":0},{"$f":"(IF(ISNA(VLOOKUP(AQ193,ltSchlepper,Maschinen!$M$6,FALSE))=TRUE,0,VLOOKUP(AQ193,ltSchlepper,Maschinen!$M$6,FALSE)*AS193))","v":0},{"$f":"(IF(ISNA(VLOOKUP(AQ193,ltSchlepper,Maschinen!$N$6,FALSE))=TRUE,0,VLOOKUP(AQ193,ltSchlepper,Maschinen!$N$6,FALSE)*AS193*IF(ISBLANK(AU193),1,AU193)))","v":0},{"$f":"(IF(ISNA(VLOOKUP(AQ193,ltSchlepper,Maschinen!$O$6,FALSE))=TRUE,0,VLOOKUP(AQ193,ltSchlepper,Maschinen!$O$6,FALSE)*AS193*IF(ISBLANK(AU193),1,AU193)))","v":0},{"$f":"(IF(ISNA(VLOOKUP(AQ193,ltSchlepper,Maschinen!$P$6,FALSE))=TRUE,0,VLOOKUP(AQ193,ltSchlepper,Maschinen!$P$6,FALSE)*AS193*IF(ISBLANK(AU193),1,AU193)))","v":0},0,{"$f":"(IF(ISNA(VLOOKUP(Y193,ltSchlepper,Maschinen!$AA$6,FALSE))=TRUE,0,VLOOKUP(Y193,ltSchlepper,Maschinen!$AA$6,FALSE)*AA193))","v":0},{"$f":"(IF(ISNA(VLOOKUP(Y193,ltSchlepper,Maschinen!$AB$6,FALSE))=TRUE,0,VLOOKUP(Y193,ltSchlepper,Maschinen!$AB$6,FALSE)*AA193))","v":0},{"$f":"(IF(ISNA(VLOOKUP(Y193,ltSchlepper,Maschinen!$AC$6,FALSE))=TRUE,0,VLOOKUP(Y193,ltSchlepper,Maschinen!$AC$6,FALSE)*AA193))","v":0},0,{"$f":"(IF(ISNA(VLOOKUP(AE193,ltSchlepper,Maschinen!$AA$6,FALSE))=TRUE,0,VLOOKUP(AE193,ltSchlepper,Maschinen!$AA$6,FALSE)*AG193))","v":0},{"$f":"(IF(ISNA(VLOOKUP(AE193,ltSchlepper,Maschinen!$AB$6,FALSE))=TRUE,0,VLOOKUP(AE193,ltSchlepper,Maschinen!$AB$6,FALSE)*AG193))","v":0},{"$f":"(IF(ISNA(VLOOKUP(AE193,ltSchlepper,Maschinen!$AC$6,FALSE))=TRUE,0,VLOOKUP(AE193,ltSchlepper,Maschinen!$AC$6,FALSE)*AG193))","v":0},0,{"$f":"(IF(ISNA(VLOOKUP(AK193,ltSchlepper,Maschinen!$AA$6,FALSE))=TRUE,0,VLOOKUP(AK193,ltSchlepper,Maschinen!$AA$6,FALSE)*AM193))","v":0},{"$f":"(IF(ISNA(VLOOKUP(AK193,ltSchlepper,Maschinen!$AB$6,FALSE))=TRUE,0,VLOOKUP(AK193,ltSchlepper,Maschinen!$AB$6,FALSE)*AM193))","v":0},{"$f":"(IF(ISNA(VLOOKUP(AK193,ltSchlepper,Maschinen!$AC$6,FALSE))=TRUE,0,VLOOKUP(AK193,ltSchlepper,Maschinen!$AC$6,FALSE)*AM193))","v":0},0,{"$f":"(IF(ISNA(VLOOKUP(AQ193,ltSchlepper,Maschinen!$AA$6,FALSE))=TRUE,0,VLOOKUP(AQ193,ltSchlepper,Maschinen!$AA$6,FALSE)*AS193))","v":0},{"$f":"(IF(ISNA(VLOOKUP(AQ193,ltSchlepper,Maschinen!$AB$6,FALSE))=TRUE,0,VLOOKUP(AQ193,ltSchlepper,Maschinen!$AB$6,FALSE)*AS193))","v":0},{"$f":"(IF(ISNA(VLOOKUP(AQ193,ltSchlepper,Maschinen!$AC$6,FALSE))=TRUE,0,VLOOKUP(AQ193,ltSchlepper,Maschinen!$AC$6,FALSE)*AS193))","v":0},0]
[null,29151,"",null,null,null,null,null,0,0,0,0.1,0,0,null,null,0,0,0,0,0,0,0,null,null,"",null,"",null,0,null,"",null,"",null,0,null,"",null,"",null,0,null,"",null,"",null,0,0,0,0,0,0,0,0,0,0,0,0,0,{"$f":"(IF(ISNA(VLOOKUP(Y194,ltSchlepper,Maschinen!$K$6,FALSE))=TRUE,0,VLOOKUP(Y194,ltSchlepper,Maschinen!$K$6,FALSE)*AA194))","v":0},{"$f":"(IF(ISNA(VLOOKUP(Y194,ltSchlepper,Maschinen!$L$6,FALSE))=TRUE,0,VLOOKUP(Y194,ltSchlepper,Maschinen!$L$6,FALSE)*AA194))","v":0},{"$f":"(IF(ISNA(VLOOKUP(Y194,ltSchlepper,Maschinen!$M$6,FALSE))=TRUE,0,VLOOKUP(Y194,ltSchlepper,Maschinen!$M$6,FALSE)*AA194))","v":0},{"$f":"(IF(ISNA(VLOOKUP(Y194,ltSchlepper,Maschinen!$N$6,FALSE))=TRUE,0,VLOOKUP(Y194,ltSchlepper,Maschinen!$N$6,FALSE)*AA194*IF(ISBLANK(AC194),1,AC194)))","v":0},{"$f":"(IF(ISNA(VLOOKUP(Y194,ltSchlepper,Maschinen!$O$6,FALSE))=TRUE,0,VLOOKUP(Y194,ltSchlepper,Maschinen!$O$6,FALSE)*AA194*IF(ISBLANK(AC194),1,AC194)))","v":0},{"$f":"(IF(ISNA(VLOOKUP(Y194,ltSchlepper,Maschinen!$P$6,FALSE))=TRUE,0,VLOOKUP(Y194,ltSchlepper,Maschinen!$P$6,FALSE)*AA194*IF(ISBLANK(AC194),1,AC194)))","v":0},0,{"$f":"(IF(ISNA(VLOOKUP(AE194,ltSchlepper,Maschinen!$K$6,FALSE))=TRUE,0,VLOOKUP(AE194,ltSchlepper,Maschinen!$K$6,FALSE)*AG194))","v":0},{"$f":"(IF(ISNA(VLOOKUP(AE194,ltSchlepper,Maschinen!$L$6,FALSE))=TRUE,0,VLOOKUP(AE194,ltSchlepper,Maschinen!$L$6,FALSE)*AG194))","v":0},{"$f":"(IF(ISNA(VLOOKUP(AE194,ltSchlepper,Maschinen!$M$6,FALSE))=TRUE,0,VLOOKUP(AE194,ltSchlepper,Maschinen!$M$6,FALSE)*AG194))","v":0},{"$f":"(IF(ISNA(VLOOKUP(AE194,ltSchlepper,Maschinen!$N$6,FALSE))=TRUE,0,VLOOKUP(AE194,ltSchlepper,Maschinen!$N$6,FALSE)*AG194*IF(ISBLANK(AI194),1,AI194)))","v":0},{"$f":"(IF(ISNA(VLOOKUP(AE194,ltSchlepper,Maschinen!$O$6,FALSE))=TRUE,0,VLOOKUP(AE194,ltSchlepper,Maschinen!$O$6,FALSE)*AG194*IF(ISBLANK(AI194),1,AI194)))","v":0},{"$f":"(IF(ISNA(VLOOKUP(AE194,ltSchlepper,Maschinen!$P$6,FALSE))=TRUE,0,VLOOKUP(AE194,ltSchlepper,Maschinen!$P$6,FALSE)*AG194*IF(ISBLANK(AI194),1,AI194)))","v":0},0,{"$f":"(IF(ISNA(VLOOKUP(AK194,ltSchlepper,Maschinen!$K$6,FALSE))=TRUE,0,VLOOKUP(AK194,ltSchlepper,Maschinen!$K$6,FALSE)*AM194))","v":0},{"$f":"(IF(ISNA(VLOOKUP(AK194,ltSchlepper,Maschinen!$L$6,FALSE))=TRUE,0,VLOOKUP(AK194,ltSchlepper,Maschinen!$L$6,FALSE)*AM194))","v":0},{"$f":"(IF(ISNA(VLOOKUP(AK194,ltSchlepper,Maschinen!$M$6,FALSE))=TRUE,0,VLOOKUP(AK194,ltSchlepper,Maschinen!$M$6,FALSE)*AM194))","v":0},{"$f":"(IF(ISNA(VLOOKUP(AK194,ltSchlepper,Maschinen!$N$6,FALSE))=TRUE,0,VLOOKUP(AK194,ltSchlepper,Maschinen!$N$6,FALSE)*AM194*IF(ISBLANK(AO194),1,AO194)))","v":0},{"$f":"(IF(ISNA(VLOOKUP(AK194,ltSchlepper,Maschinen!$O$6,FALSE))=TRUE,0,VLOOKUP(AK194,ltSchlepper,Maschinen!$O$6,FALSE)*AM194*IF(ISBLANK(AO194),1,AO194)))","v":0},{"$f":"(IF(ISNA(VLOOKUP(AK194,ltSchlepper,Maschinen!$P$6,FALSE))=TRUE,0,VLOOKUP(AK194,ltSchlepper,Maschinen!$P$6,FALSE)*AM194*IF(ISBLANK(AO194),1,AO194)))","v":0},0,{"$f":"(IF(ISNA(VLOOKUP(AQ194,ltSchlepper,Maschinen!$K$6,FALSE))=TRUE,0,VLOOKUP(AQ194,ltSchlepper,Maschinen!$K$6,FALSE)*AS194))","v":0},{"$f":"(IF(ISNA(VLOOKUP(AQ194,ltSchlepper,Maschinen!$L$6,FALSE))=TRUE,0,VLOOKUP(AQ194,ltSchlepper,Maschinen!$L$6,FALSE)*AS194))","v":0},{"$f":"(IF(ISNA(VLOOKUP(AQ194,ltSchlepper,Maschinen!$M$6,FALSE))=TRUE,0,VLOOKUP(AQ194,ltSchlepper,Maschinen!$M$6,FALSE)*AS194))","v":0},{"$f":"(IF(ISNA(VLOOKUP(AQ194,ltSchlepper,Maschinen!$N$6,FALSE))=TRUE,0,VLOOKUP(AQ194,ltSchlepper,Maschinen!$N$6,FALSE)*AS194*IF(ISBLANK(AU194),1,AU194)))","v":0},{"$f":"(IF(ISNA(VLOOKUP(AQ194,ltSchlepper,Maschinen!$O$6,FALSE))=TRUE,0,VLOOKUP(AQ194,ltSchlepper,Maschinen!$O$6,FALSE)*AS194*IF(ISBLANK(AU194),1,AU194)))","v":0},{"$f":"(IF(ISNA(VLOOKUP(AQ194,ltSchlepper,Maschinen!$P$6,FALSE))=TRUE,0,VLOOKUP(AQ194,ltSchlepper,Maschinen!$P$6,FALSE)*AS194*IF(ISBLANK(AU194),1,AU194)))","v":0},0,{"$f":"(IF(ISNA(VLOOKUP(Y194,ltSchlepper,Maschinen!$AA$6,FALSE))=TRUE,0,VLOOKUP(Y194,ltSchlepper,Maschinen!$AA$6,FALSE)*AA194))","v":0},{"$f":"(IF(ISNA(VLOOKUP(Y194,ltSchlepper,Maschinen!$AB$6,FALSE))=TRUE,0,VLOOKUP(Y194,ltSchlepper,Maschinen!$AB$6,FALSE)*AA194))","v":0},{"$f":"(IF(ISNA(VLOOKUP(Y194,ltSchlepper,Maschinen!$AC$6,FALSE))=TRUE,0,VLOOKUP(Y194,ltSchlepper,Maschinen!$AC$6,FALSE)*AA194))","v":0},{"$f":"SUM(CK194:CM194)","v":0},{"$f":"(IF(ISNA(VLOOKUP(AE194,ltSchlepper,Maschinen!$AA$6,FALSE))=TRUE,0,VLOOKUP(AE194,ltSchlepper,Maschinen!$AA$6,FALSE)*AG194))","v":0},{"$f":"(IF(ISNA(VLOOKUP(AE194,ltSchlepper,Maschinen!$AB$6,FALSE))=TRUE,0,VLOOKUP(AE194,ltSchlepper,Maschinen!$AB$6,FALSE)*AG194))","v":0},{"$f":"(IF(ISNA(VLOOKUP(AE194,ltSchlepper,Maschinen!$AC$6,FALSE))=TRUE,0,VLOOKUP(AE194,ltSchlepper,Maschinen!$AC$6,FALSE)*AG194))","v":0},{"$f":"SUM(CO194:CQ194)","v":0},{"$f":"(IF(ISNA(VLOOKUP(AK194,ltSchlepper,Maschinen!$AA$6,FALSE))=TRUE,0,VLOOKUP(AK194,ltSchlepper,Maschinen!$AA$6,FALSE)*AM194))","v":0},{"$f":"(IF(ISNA(VLOOKUP(AK194,ltSchlepper,Maschinen!$AB$6,FALSE))=TRUE,0,VLOOKUP(AK194,ltSchlepper,Maschinen!$AB$6,FALSE)*AM194))","v":0},{"$f":"(IF(ISNA(VLOOKUP(AK194,ltSchlepper,Maschinen!$AC$6,FALSE))=TRUE,0,VLOOKUP(AK194,ltSchlepper,Maschinen!$AC$6,FALSE)*AM194))","v":0},{"$f":"SUM(CS194:CU194)","v":0},{"$f":"(IF(ISNA(VLOOKUP(AQ194,ltSchlepper,Maschinen!$AA$6,FALSE))=TRUE,0,VLOOKUP(AQ194,ltSchlepper,Maschinen!$AA$6,FALSE)*AS194))","v":0},{"$f":"(IF(ISNA(VLOOKUP(AQ194,ltSchlepper,Maschinen!$AB$6,FALSE))=TRUE,0,VLOOKUP(AQ194,ltSchlepper,Maschinen!$AB$6,FALSE)*AS194))","v":0},{"$f":"(IF(ISNA(VLOOKUP(AQ194,ltSchlepper,Maschinen!$AC$6,FALSE))=TRUE,0,VLOOKUP(AQ194,ltSchlepper,Maschinen!$AC$6,FALSE)*AS194))","v":0},{"$f":"SUM(CW194:CY194)","v":0}]
[null,29152,"",null,null,null,null,null,0,0,0,0.1,0,0,null,null,0,0,0,0,0,0,0,null,null,"",null,"",null,0,null,"",null,"",null,0,null,"",null,"",null,0,null,"",null,"",null,0,0,0,0,0,0,0,0,0,0,0,0,0,{"$f":"(IF(ISNA(VLOOKUP(Y195,ltSchlepper,Maschinen!$K$6,FALSE))=TRUE,0,VLOOKUP(Y195,ltSchlepper,Maschinen!$K$6,FALSE)*AA195))","v":0},{"$f":"(IF(ISNA(VLOOKUP(Y195,ltSchlepper,Maschinen!$L$6,FALSE))=TRUE,0,VLOOKUP(Y195,ltSchlepper,Maschinen!$L$6,FALSE)*AA195))","v":0},{"$f":"(IF(ISNA(VLOOKUP(Y195,ltSchlepper,Maschinen!$M$6,FALSE))=TRUE,0,VLOOKUP(Y195,ltSchlepper,Maschinen!$M$6,FALSE)*AA195))","v":0},{"$f":"(IF(ISNA(VLOOKUP(Y195,ltSchlepper,Maschinen!$N$6,FALSE))=TRUE,0,VLOOKUP(Y195,ltSchlepper,Maschinen!$N$6,FALSE)*AA195*IF(ISBLANK(AC195),1,AC195)))","v":0},{"$f":"(IF(ISNA(VLOOKUP(Y195,ltSchlepper,Maschinen!$O$6,FALSE))=TRUE,0,VLOOKUP(Y195,ltSchlepper,Maschinen!$O$6,FALSE)*AA195*IF(ISBLANK(AC195),1,AC195)))","v":0},{"$f":"(IF(ISNA(VLOOKUP(Y195,ltSchlepper,Maschinen!$P$6,FALSE))=TRUE,0,VLOOKUP(Y195,ltSchlepper,Maschinen!$P$6,FALSE)*AA195*IF(ISBLANK(AC195),1,AC195)))","v":0},0,{"$f":"(IF(ISNA(VLOOKUP(AE195,ltSchlepper,Maschinen!$K$6,FALSE))=TRUE,0,VLOOKUP(AE195,ltSchlepper,Maschinen!$K$6,FALSE)*AG195))","v":0},{"$f":"(IF(ISNA(VLOOKUP(AE195,ltSchlepper,Maschinen!$L$6,FALSE))=TRUE,0,VLOOKUP(AE195,ltSchlepper,Maschinen!$L$6,FALSE)*AG195))","v":0},{"$f":"(IF(ISNA(VLOOKUP(AE195,ltSchlepper,Maschinen!$M$6,FALSE))=TRUE,0,VLOOKUP(AE195,ltSchlepper,Maschinen!$M$6,FALSE)*AG195))","v":0},{"$f":"(IF(ISNA(VLOOKUP(AE195,ltSchlepper,Maschinen!$N$6,FALSE))=TRUE,0,VLOOKUP(AE195,ltSchlepper,Maschinen!$N$6,FALSE)*AG195*IF(ISBLANK(AI195),1,AI195)))","v":0},{"$f":"(IF(ISNA(VLOOKUP(AE195,ltSchlepper,Maschinen!$O$6,FALSE))=TRUE,0,VLOOKUP(AE195,ltSchlepper,Maschinen!$O$6,FALSE)*AG195*IF(ISBLANK(AI195),1,AI195)))","v":0},{"$f":"(IF(ISNA(VLOOKUP(AE195,ltSchlepper,Maschinen!$P$6,FALSE))=TRUE,0,VLOOKUP(AE195,ltSchlepper,Maschinen!$P$6,FALSE)*AG195*IF(ISBLANK(AI195),1,AI195)))","v":0},0,{"$f":"(IF(ISNA(VLOOKUP(AK195,ltSchlepper,Maschinen!$K$6,FALSE))=TRUE,0,VLOOKUP(AK195,ltSchlepper,Maschinen!$K$6,FALSE)*AM195))","v":0},{"$f":"(IF(ISNA(VLOOKUP(AK195,ltSchlepper,Maschinen!$L$6,FALSE))=TRUE,0,VLOOKUP(AK195,ltSchlepper,Maschinen!$L$6,FALSE)*AM195))","v":0},{"$f":"(IF(ISNA(VLOOKUP(AK195,ltSchlepper,Maschinen!$M$6,FALSE))=TRUE,0,VLOOKUP(AK195,ltSchlepper,Maschinen!$M$6,FALSE)*AM195))","v":0},{"$f":"(IF(ISNA(VLOOKUP(AK195,ltSchlepper,Maschinen!$N$6,FALSE))=TRUE,0,VLOOKUP(AK195,ltSchlepper,Maschinen!$N$6,FALSE)*AM195*IF(ISBLANK(AO195),1,AO195)))","v":0},{"$f":"(IF(ISNA(VLOOKUP(AK195,ltSchlepper,Maschinen!$O$6,FALSE))=TRUE,0,VLOOKUP(AK195,ltSchlepper,Maschinen!$O$6,FALSE)*AM195*IF(ISBLANK(AO195),1,AO195)))","v":0},{"$f":"(IF(ISNA(VLOOKUP(AK195,ltSchlepper,Maschinen!$P$6,FALSE))=TRUE,0,VLOOKUP(AK195,ltSchlepper,Maschinen!$P$6,FALSE)*AM195*IF(ISBLANK(AO195),1,AO195)))","v":0},0,{"$f":"(IF(ISNA(VLOOKUP(AQ195,ltSchlepper,Maschinen!$K$6,FALSE))=TRUE,0,VLOOKUP(AQ195,ltSchlepper,Maschinen!$K$6,FALSE)*AS195))","v":0},{"$f":"(IF(ISNA(VLOOKUP(AQ195,ltSchlepper,Maschinen!$L$6,FALSE))=TRUE,0,VLOOKUP(AQ195,ltSchlepper,Maschinen!$L$6,FALSE)*AS195))","v":0},{"$f":"(IF(ISNA(VLOOKUP(AQ195,ltSchlepper,Maschinen!$M$6,FALSE))=TRUE,0,VLOOKUP(AQ195,ltSchlepper,Maschinen!$M$6,FALSE)*AS195))","v":0},{"$f":"(IF(ISNA(VLOOKUP(AQ195,ltSchlepper,Maschinen!$N$6,FALSE))=TRUE,0,VLOOKUP(AQ195,ltSchlepper,Maschinen!$N$6,FALSE)*AS195*IF(ISBLANK(AU195),1,AU195)))","v":0},{"$f":"(IF(ISNA(VLOOKUP(AQ195,ltSchlepper,Maschinen!$O$6,FALSE))=TRUE,0,VLOOKUP(AQ195,ltSchlepper,Maschinen!$O$6,FALSE)*AS195*IF(ISBLANK(AU195),1,AU195)))","v":0},{"$f":"(IF(ISNA(VLOOKUP(AQ195,ltSchlepper,Maschinen!$P$6,FALSE))=TRUE,0,VLOOKUP(AQ195,ltSchlepper,Maschinen!$P$6,FALSE)*AS195*IF(ISBLANK(AU195),1,AU195)))","v":0},0,{"$f":"(IF(ISNA(VLOOKUP(Y195,ltSchlepper,Maschinen!$AA$6,FALSE))=TRUE,0,VLOOKUP(Y195,ltSchlepper,Maschinen!$AA$6,FALSE)*AA195))","v":0},{"$f":"(IF(ISNA(VLOOKUP(Y195,ltSchlepper,Maschinen!$AB$6,FALSE))=TRUE,0,VLOOKUP(Y195,ltSchlepper,Maschinen!$AB$6,FALSE)*AA195))","v":0},{"$f":"(IF(ISNA(VLOOKUP(Y195,ltSchlepper,Maschinen!$AC$6,FALSE))=TRUE,0,VLOOKUP(Y195,ltSchlepper,Maschinen!$AC$6,FALSE)*AA195))","v":0},0,{"$f":"(IF(ISNA(VLOOKUP(AE195,ltSchlepper,Maschinen!$AA$6,FALSE))=TRUE,0,VLOOKUP(AE195,ltSchlepper,Maschinen!$AA$6,FALSE)*AG195))","v":0},{"$f":"(IF(ISNA(VLOOKUP(AE195,ltSchlepper,Maschinen!$AB$6,FALSE))=TRUE,0,VLOOKUP(AE195,ltSchlepper,Maschinen!$AB$6,FALSE)*AG195))","v":0},{"$f":"(IF(ISNA(VLOOKUP(AE195,ltSchlepper,Maschinen!$AC$6,FALSE))=TRUE,0,VLOOKUP(AE195,ltSchlepper,Maschinen!$AC$6,FALSE)*AG195))","v":0},0,{"$f":"(IF(ISNA(VLOOKUP(AK195,ltSchlepper,Maschinen!$AA$6,FALSE))=TRUE,0,VLOOKUP(AK195,ltSchlepper,Maschinen!$AA$6,FALSE)*AM195))","v":0},{"$f":"(IF(ISNA(VLOOKUP(AK195,ltSchlepper,Maschinen!$AB$6,FALSE))=TRUE,0,VLOOKUP(AK195,ltSchlepper,Maschinen!$AB$6,FALSE)*AM195))","v":0},{"$f":"(IF(ISNA(VLOOKUP(AK195,ltSchlepper,Maschinen!$AC$6,FALSE))=TRUE,0,VLOOKUP(AK195,ltSchlepper,Maschinen!$AC$6,FALSE)*AM195))","v":0},0,{"$f":"(IF(ISNA(VLOOKUP(AQ195,ltSchlepper,Maschinen!$AA$6,FALSE))=TRUE,0,VLOOKUP(AQ195,ltSchlepper,Maschinen!$AA$6,FALSE)*AS195))","v":0},{"$f":"(IF(ISNA(VLOOKUP(AQ195,ltSchlepper,Maschinen!$AB$6,FALSE))=TRUE,0,VLOOKUP(AQ195,ltSchlepper,Maschinen!$AB$6,FALSE)*AS195))","v":0},{"$f":"(IF(ISNA(VLOOKUP(AQ195,ltSchlepper,Maschinen!$AC$6,FALSE))=TRUE,0,VLOOKUP(AQ195,ltSchlepper,Maschinen!$AC$6,FALSE)*AS195))","v":0},0]
[null,29153,"",null,null,null,null,null,0,0,0,0.1,0,0,null,null,0,0,0,0,0,0,0,null,null,"",null,"",null,0,null,"",null,"",null,0,null,"",null,"",null,0,null,"",null,"",null,0,0,0,0,0,0,0,0,0,0,0,0,0,{"$f":"(IF(ISNA(VLOOKUP(Y196,ltSchlepper,Maschinen!$K$6,FALSE))=TRUE,0,VLOOKUP(Y196,ltSchlepper,Maschinen!$K$6,FALSE)*AA196))","v":0},{"$f":"(IF(ISNA(VLOOKUP(Y196,ltSchlepper,Maschinen!$L$6,FALSE))=TRUE,0,VLOOKUP(Y196,ltSchlepper,Maschinen!$L$6,FALSE)*AA196))","v":0},{"$f":"(IF(ISNA(VLOOKUP(Y196,ltSchlepper,Maschinen!$M$6,FALSE))=TRUE,0,VLOOKUP(Y196,ltSchlepper,Maschinen!$M$6,FALSE)*AA196))","v":0},{"$f":"(IF(ISNA(VLOOKUP(Y196,ltSchlepper,Maschinen!$N$6,FALSE))=TRUE,0,VLOOKUP(Y196,ltSchlepper,Maschinen!$N$6,FALSE)*AA196*IF(ISBLANK(AC196),1,AC196)))","v":0},{"$f":"(IF(ISNA(VLOOKUP(Y196,ltSchlepper,Maschinen!$O$6,FALSE))=TRUE,0,VLOOKUP(Y196,ltSchlepper,Maschinen!$O$6,FALSE)*AA196*IF(ISBLANK(AC196),1,AC196)))","v":0},{"$f":"(IF(ISNA(VLOOKUP(Y196,ltSchlepper,Maschinen!$P$6,FALSE))=TRUE,0,VLOOKUP(Y196,ltSchlepper,Maschinen!$P$6,FALSE)*AA196*IF(ISBLANK(AC196),1,AC196)))","v":0},0,{"$f":"(IF(ISNA(VLOOKUP(AE196,ltSchlepper,Maschinen!$K$6,FALSE))=TRUE,0,VLOOKUP(AE196,ltSchlepper,Maschinen!$K$6,FALSE)*AG196))","v":0},{"$f":"(IF(ISNA(VLOOKUP(AE196,ltSchlepper,Maschinen!$L$6,FALSE))=TRUE,0,VLOOKUP(AE196,ltSchlepper,Maschinen!$L$6,FALSE)*AG196))","v":0},{"$f":"(IF(ISNA(VLOOKUP(AE196,ltSchlepper,Maschinen!$M$6,FALSE))=TRUE,0,VLOOKUP(AE196,ltSchlepper,Maschinen!$M$6,FALSE)*AG196))","v":0},{"$f":"(IF(ISNA(VLOOKUP(AE196,ltSchlepper,Maschinen!$N$6,FALSE))=TRUE,0,VLOOKUP(AE196,ltSchlepper,Maschinen!$N$6,FALSE)*AG196*IF(ISBLANK(AI196),1,AI196)))","v":0},{"$f":"(IF(ISNA(VLOOKUP(AE196,ltSchlepper,Maschinen!$O$6,FALSE))=TRUE,0,VLOOKUP(AE196,ltSchlepper,Maschinen!$O$6,FALSE)*AG196*IF(ISBLANK(AI196),1,AI196)))","v":0},{"$f":"(IF(ISNA(VLOOKUP(AE196,ltSchlepper,Maschinen!$P$6,FALSE))=TRUE,0,VLOOKUP(AE196,ltSchlepper,Maschinen!$P$6,FALSE)*AG196*IF(ISBLANK(AI196),1,AI196)))","v":0},0,{"$f":"(IF(ISNA(VLOOKUP(AK196,ltSchlepper,Maschinen!$K$6,FALSE))=TRUE,0,VLOOKUP(AK196,ltSchlepper,Maschinen!$K$6,FALSE)*AM196))","v":0},{"$f":"(IF(ISNA(VLOOKUP(AK196,ltSchlepper,Maschinen!$L$6,FALSE))=TRUE,0,VLOOKUP(AK196,ltSchlepper,Maschinen!$L$6,FALSE)*AM196))","v":0},{"$f":"(IF(ISNA(VLOOKUP(AK196,ltSchlepper,Maschinen!$M$6,FALSE))=TRUE,0,VLOOKUP(AK196,ltSchlepper,Maschinen!$M$6,FALSE)*AM196))","v":0},{"$f":"(IF(ISNA(VLOOKUP(AK196,ltSchlepper,Maschinen!$N$6,FALSE))=TRUE,0,VLOOKUP(AK196,ltSchlepper,Maschinen!$N$6,FALSE)*AM196*IF(ISBLANK(AO196),1,AO196)))","v":0},{"$f":"(IF(ISNA(VLOOKUP(AK196,ltSchlepper,Maschinen!$O$6,FALSE))=TRUE,0,VLOOKUP(AK196,ltSchlepper,Maschinen!$O$6,FALSE)*AM196*IF(ISBLANK(AO196),1,AO196)))","v":0},{"$f":"(IF(ISNA(VLOOKUP(AK196,ltSchlepper,Maschinen!$P$6,FALSE))=TRUE,0,VLOOKUP(AK196,ltSchlepper,Maschinen!$P$6,FALSE)*AM196*IF(ISBLANK(AO196),1,AO196)))","v":0},0,{"$f":"(IF(ISNA(VLOOKUP(AQ196,ltSchlepper,Maschinen!$K$6,FALSE))=TRUE,0,VLOOKUP(AQ196,ltSchlepper,Maschinen!$K$6,FALSE)*AS196))","v":0},{"$f":"(IF(ISNA(VLOOKUP(AQ196,ltSchlepper,Maschinen!$L$6,FALSE))=TRUE,0,VLOOKUP(AQ196,ltSchlepper,Maschinen!$L$6,FALSE)*AS196))","v":0},{"$f":"(IF(ISNA(VLOOKUP(AQ196,ltSchlepper,Maschinen!$M$6,FALSE))=TRUE,0,VLOOKUP(AQ196,ltSchlepper,Maschinen!$M$6,FALSE)*AS196))","v":0},{"$f":"(IF(ISNA(VLOOKUP(AQ196,ltSchlepper,Maschinen!$N$6,FALSE))=TRUE,0,VLOOKUP(AQ196,ltSchlepper,Maschinen!$N$6,FALSE)*AS196*IF(ISBLANK(AU196),1,AU196)))","v":0},{"$f":"(IF(ISNA(VLOOKUP(AQ196,ltSchlepper,Maschinen!$O$6,FALSE))=TRUE,0,VLOOKUP(AQ196,ltSchlepper,Maschinen!$O$6,FALSE)*AS196*IF(ISBLANK(AU196),1,AU196)))","v":0},{"$f":"(IF(ISNA(VLOOKUP(AQ196,ltSchlepper,Maschinen!$P$6,FALSE))=TRUE,0,VLOOKUP(AQ196,ltSchlepper,Maschinen!$P$6,FALSE)*AS196*IF(ISBLANK(AU196),1,AU196)))","v":0},0,{"$f":"(IF(ISNA(VLOOKUP(Y196,ltSchlepper,Maschinen!$AA$6,FALSE))=TRUE,0,VLOOKUP(Y196,ltSchlepper,Maschinen!$AA$6,FALSE)*AA196))","v":0},{"$f":"(IF(ISNA(VLOOKUP(Y196,ltSchlepper,Maschinen!$AB$6,FALSE))=TRUE,0,VLOOKUP(Y196,ltSchlepper,Maschinen!$AB$6,FALSE)*AA196))","v":0},{"$f":"(IF(ISNA(VLOOKUP(Y196,ltSchlepper,Maschinen!$AC$6,FALSE))=TRUE,0,VLOOKUP(Y196,ltSchlepper,Maschinen!$AC$6,FALSE)*AA196))","v":0},0,{"$f":"(IF(ISNA(VLOOKUP(AE196,ltSchlepper,Maschinen!$AA$6,FALSE))=TRUE,0,VLOOKUP(AE196,ltSchlepper,Maschinen!$AA$6,FALSE)*AG196))","v":0},{"$f":"(IF(ISNA(VLOOKUP(AE196,ltSchlepper,Maschinen!$AB$6,FALSE))=TRUE,0,VLOOKUP(AE196,ltSchlepper,Maschinen!$AB$6,FALSE)*AG196))","v":0},{"$f":"(IF(ISNA(VLOOKUP(AE196,ltSchlepper,Maschinen!$AC$6,FALSE))=TRUE,0,VLOOKUP(AE196,ltSchlepper,Maschinen!$AC$6,FALSE)*AG196))","v":0},0,{"$f":"(IF(ISNA(VLOOKUP(AK196,ltSchlepper,Maschinen!$AA$6,FALSE))=TRUE,0,VLOOKUP(AK196,ltSchlepper,Maschinen!$AA$6,FALSE)*AM196))","v":0},{"$f":"(IF(ISNA(VLOOKUP(AK196,ltSchlepper,Maschinen!$AB$6,FALSE))=TRUE,0,VLOOKUP(AK196,ltSchlepper,Maschinen!$AB$6,FALSE)*AM196))","v":0},{"$f":"(IF(ISNA(VLOOKUP(AK196,ltSchlepper,Maschinen!$AC$6,FALSE))=TRUE,0,VLOOKUP(AK196,ltSchlepper,Maschinen!$AC$6,FALSE)*AM196))","v":0},0,{"$f":"(IF(ISNA(VLOOKUP(AQ196,ltSchlepper,Maschinen!$AA$6,FALSE))=TRUE,0,VLOOKUP(AQ196,ltSchlepper,Maschinen!$AA$6,FALSE)*AS196))","v":0},{"$f":"(IF(ISNA(VLOOKUP(AQ196,ltSchlepper,Maschinen!$AB$6,FALSE))=TRUE,0,VLOOKUP(AQ196,ltSchlepper,Maschinen!$AB$6,FALSE)*AS196))","v":0},{"$f":"(IF(ISNA(VLOOKUP(AQ196,ltSchlepper,Maschinen!$AC$6,FALSE))=TRUE,0,VLOOKUP(AQ196,ltSchlepper,Maschinen!$AC$6,FALSE)*AS196))","v":0},0]
[null,29154,"",null,null,null,null,null,0,0,0,0.1,0,0,null,null,0,0,0,0,0,0,0,null,null,"",null,"",null,0,null,"",null,"",null,0,null,"",null,"",null,0,null,"",null,"",null,0,0,0,0,0,0,0,0,0,0,0,0,0,{"$f":"(IF(ISNA(VLOOKUP(Y197,ltSchlepper,Maschinen!$K$6,FALSE))=TRUE,0,VLOOKUP(Y197,ltSchlepper,Maschinen!$K$6,FALSE)*AA197))","v":0},{"$f":"(IF(ISNA(VLOOKUP(Y197,ltSchlepper,Maschinen!$L$6,FALSE))=TRUE,0,VLOOKUP(Y197,ltSchlepper,Maschinen!$L$6,FALSE)*AA197))","v":0},{"$f":"(IF(ISNA(VLOOKUP(Y197,ltSchlepper,Maschinen!$M$6,FALSE))=TRUE,0,VLOOKUP(Y197,ltSchlepper,Maschinen!$M$6,FALSE)*AA197))","v":0},{"$f":"(IF(ISNA(VLOOKUP(Y197,ltSchlepper,Maschinen!$N$6,FALSE))=TRUE,0,VLOOKUP(Y197,ltSchlepper,Maschinen!$N$6,FALSE)*AA197*IF(ISBLANK(AC197),1,AC197)))","v":0},{"$f":"(IF(ISNA(VLOOKUP(Y197,ltSchlepper,Maschinen!$O$6,FALSE))=TRUE,0,VLOOKUP(Y197,ltSchlepper,Maschinen!$O$6,FALSE)*AA197*IF(ISBLANK(AC197),1,AC197)))","v":0},{"$f":"(IF(ISNA(VLOOKUP(Y197,ltSchlepper,Maschinen!$P$6,FALSE))=TRUE,0,VLOOKUP(Y197,ltSchlepper,Maschinen!$P$6,FALSE)*AA197*IF(ISBLANK(AC197),1,AC197)))","v":0},0,{"$f":"(IF(ISNA(VLOOKUP(AE197,ltSchlepper,Maschinen!$K$6,FALSE))=TRUE,0,VLOOKUP(AE197,ltSchlepper,Maschinen!$K$6,FALSE)*AG197))","v":0},{"$f":"(IF(ISNA(VLOOKUP(AE197,ltSchlepper,Maschinen!$L$6,FALSE))=TRUE,0,VLOOKUP(AE197,ltSchlepper,Maschinen!$L$6,FALSE)*AG197))","v":0},{"$f":"(IF(ISNA(VLOOKUP(AE197,ltSchlepper,Maschinen!$M$6,FALSE))=TRUE,0,VLOOKUP(AE197,ltSchlepper,Maschinen!$M$6,FALSE)*AG197))","v":0},{"$f":"(IF(ISNA(VLOOKUP(AE197,ltSchlepper,Maschinen!$N$6,FALSE))=TRUE,0,VLOOKUP(AE197,ltSchlepper,Maschinen!$N$6,FALSE)*AG197*IF(ISBLANK(AI197),1,AI197)))","v":0},{"$f":"(IF(ISNA(VLOOKUP(AE197,ltSchlepper,Maschinen!$O$6,FALSE))=TRUE,0,VLOOKUP(AE197,ltSchlepper,Maschinen!$O$6,FALSE)*AG197*IF(ISBLANK(AI197),1,AI197)))","v":0},{"$f":"(IF(ISNA(VLOOKUP(AE197,ltSchlepper,Maschinen!$P$6,FALSE))=TRUE,0,VLOOKUP(AE197,ltSchlepper,Maschinen!$P$6,FALSE)*AG197*IF(ISBLANK(AI197),1,AI197)))","v":0},0,{"$f":"(IF(ISNA(VLOOKUP(AK197,ltSchlepper,Maschinen!$K$6,FALSE))=TRUE,0,VLOOKUP(AK197,ltSchlepper,Maschinen!$K$6,FALSE)*AM197))","v":0},{"$f":"(IF(ISNA(VLOOKUP(AK197,ltSchlepper,Maschinen!$L$6,FALSE))=TRUE,0,VLOOKUP(AK197,ltSchlepper,Maschinen!$L$6,FALSE)*AM197))","v":0},{"$f":"(IF(ISNA(VLOOKUP(AK197,ltSchlepper,Maschinen!$M$6,FALSE))=TRUE,0,VLOOKUP(AK197,ltSchlepper,Maschinen!$M$6,FALSE)*AM197))","v":0},{"$f":"(IF(ISNA(VLOOKUP(AK197,ltSchlepper,Maschinen!$N$6,FALSE))=TRUE,0,VLOOKUP(AK197,ltSchlepper,Maschinen!$N$6,FALSE)*AM197*IF(ISBLANK(AO197),1,AO197)))","v":0},{"$f":"(IF(ISNA(VLOOKUP(AK197,ltSchlepper,Maschinen!$O$6,FALSE))=TRUE,0,VLOOKUP(AK197,ltSchlepper,Maschinen!$O$6,FALSE)*AM197*IF(ISBLANK(AO197),1,AO197)))","v":0},{"$f":"(IF(ISNA(VLOOKUP(AK197,ltSchlepper,Maschinen!$P$6,FALSE))=TRUE,0,VLOOKUP(AK197,ltSchlepper,Maschinen!$P$6,FALSE)*AM197*IF(ISBLANK(AO197),1,AO197)))","v":0},0,{"$f":"(IF(ISNA(VLOOKUP(AQ197,ltSchlepper,Maschinen!$K$6,FALSE))=TRUE,0,VLOOKUP(AQ197,ltSchlepper,Maschinen!$K$6,FALSE)*AS197))","v":0},{"$f":"(IF(ISNA(VLOOKUP(AQ197,ltSchlepper,Maschinen!$L$6,FALSE))=TRUE,0,VLOOKUP(AQ197,ltSchlepper,Maschinen!$L$6,FALSE)*AS197))","v":0},{"$f":"(IF(ISNA(VLOOKUP(AQ197,ltSchlepper,Maschinen!$M$6,FALSE))=TRUE,0,VLOOKUP(AQ197,ltSchlepper,Maschinen!$M$6,FALSE)*AS197))","v":0},{"$f":"(IF(ISNA(VLOOKUP(AQ197,ltSchlepper,Maschinen!$N$6,FALSE))=TRUE,0,VLOOKUP(AQ197,ltSchlepper,Maschinen!$N$6,FALSE)*AS197*IF(ISBLANK(AU197),1,AU197)))","v":0},{"$f":"(IF(ISNA(VLOOKUP(AQ197,ltSchlepper,Maschinen!$O$6,FALSE))=TRUE,0,VLOOKUP(AQ197,ltSchlepper,Maschinen!$O$6,FALSE)*AS197*IF(ISBLANK(AU197),1,AU197)))","v":0},{"$f":"(IF(ISNA(VLOOKUP(AQ197,ltSchlepper,Maschinen!$P$6,FALSE))=TRUE,0,VLOOKUP(AQ197,ltSchlepper,Maschinen!$P$6,FALSE)*AS197*IF(ISBLANK(AU197),1,AU197)))","v":0},0,{"$f":"(IF(ISNA(VLOOKUP(Y197,ltSchlepper,Maschinen!$AA$6,FALSE))=TRUE,0,VLOOKUP(Y197,ltSchlepper,Maschinen!$AA$6,FALSE)*AA197))","v":0},{"$f":"(IF(ISNA(VLOOKUP(Y197,ltSchlepper,Maschinen!$AB$6,FALSE))=TRUE,0,VLOOKUP(Y197,ltSchlepper,Maschinen!$AB$6,FALSE)*AA197))","v":0},{"$f":"(IF(ISNA(VLOOKUP(Y197,ltSchlepper,Maschinen!$AC$6,FALSE))=TRUE,0,VLOOKUP(Y197,ltSchlepper,Maschinen!$AC$6,FALSE)*AA197))","v":0},0,{"$f":"(IF(ISNA(VLOOKUP(AE197,ltSchlepper,Maschinen!$AA$6,FALSE))=TRUE,0,VLOOKUP(AE197,ltSchlepper,Maschinen!$AA$6,FALSE)*AG197))","v":0},{"$f":"(IF(ISNA(VLOOKUP(AE197,ltSchlepper,Maschinen!$AB$6,FALSE))=TRUE,0,VLOOKUP(AE197,ltSchlepper,Maschinen!$AB$6,FALSE)*AG197))","v":0},{"$f":"(IF(ISNA(VLOOKUP(AE197,ltSchlepper,Maschinen!$AC$6,FALSE))=TRUE,0,VLOOKUP(AE197,ltSchlepper,Maschinen!$AC$6,FALSE)*AG197))","v":0},0,{"$f":"(IF(ISNA(VLOOKUP(AK197,ltSchlepper,Maschinen!$AA$6,FALSE))=TRUE,0,VLOOKUP(AK197,ltSchlepper,Maschinen!$AA$6,FALSE)*AM197))","v":0},{"$f":"(IF(ISNA(VLOOKUP(AK197,ltSchlepper,Maschinen!$AB$6,FALSE))=TRUE,0,VLOOKUP(AK197,ltSchlepper,Maschinen!$AB$6,FALSE)*AM197))","v":0},{"$f":"(IF(ISNA(VLOOKUP(AK197,ltSchlepper,Maschinen!$AC$6,FALSE))=TRUE,0,VLOOKUP(AK197,ltSchlepper,Maschinen!$AC$6,FALSE)*AM197))","v":0},0,{"$f":"(IF(ISNA(VLOOKUP(AQ197,ltSchlepper,Maschinen!$AA$6,FALSE))=TRUE,0,VLOOKUP(AQ197,ltSchlepper,Maschinen!$AA$6,FALSE)*AS197))","v":0},{"$f":"(IF(ISNA(VLOOKUP(AQ197,ltSchlepper,Maschinen!$AB$6,FALSE))=TRUE,0,VLOOKUP(AQ197,ltSchlepper,Maschinen!$AB$6,FALSE)*AS197))","v":0},{"$f":"(IF(ISNA(VLOOKUP(AQ197,ltSchlepper,Maschinen!$AC$6,FALSE))=TRUE,0,VLOOKUP(AQ197,ltSchlepper,Maschinen!$AC$6,FALSE)*AS197))","v":0},0]
[null,null,null,null,null,null,null,null,0,0,0,0.1,0,0,null,null,0,0,0,0,0,0,0,null,null,"",null,"",null,0,null,"",null,"",null,0,null,"",null,"",null,0,null,"",null,"",null,0,0,0,0,0,0,0,0,0,0,0,0,0,{"$f":"(IF(ISNA(VLOOKUP(Y198,ltSchlepper,Maschinen!$K$6,FALSE))=TRUE,0,VLOOKUP(Y198,ltSchlepper,Maschinen!$K$6,FALSE)*AA198))","v":0},{"$f":"(IF(ISNA(VLOOKUP(Y198,ltSchlepper,Maschinen!$L$6,FALSE))=TRUE,0,VLOOKUP(Y198,ltSchlepper,Maschinen!$L$6,FALSE)*AA198))","v":0},{"$f":"(IF(ISNA(VLOOKUP(Y198,ltSchlepper,Maschinen!$M$6,FALSE))=TRUE,0,VLOOKUP(Y198,ltSchlepper,Maschinen!$M$6,FALSE)*AA198))","v":0},{"$f":"(IF(ISNA(VLOOKUP(Y198,ltSchlepper,Maschinen!$N$6,FALSE))=TRUE,0,VLOOKUP(Y198,ltSchlepper,Maschinen!$N$6,FALSE)*AA198*IF(ISBLANK(AC198),1,AC198)))","v":0},{"$f":"(IF(ISNA(VLOOKUP(Y198,ltSchlepper,Maschinen!$O$6,FALSE))=TRUE,0,VLOOKUP(Y198,ltSchlepper,Maschinen!$O$6,FALSE)*AA198*IF(ISBLANK(AC198),1,AC198)))","v":0},{"$f":"(IF(ISNA(VLOOKUP(Y198,ltSchlepper,Maschinen!$P$6,FALSE))=TRUE,0,VLOOKUP(Y198,ltSchlepper,Maschinen!$P$6,FALSE)*AA198*IF(ISBLANK(AC198),1,AC198)))","v":0},0,{"$f":"(IF(ISNA(VLOOKUP(AE198,ltSchlepper,Maschinen!$K$6,FALSE))=TRUE,0,VLOOKUP(AE198,ltSchlepper,Maschinen!$K$6,FALSE)*AG198))","v":0},{"$f":"(IF(ISNA(VLOOKUP(AE198,ltSchlepper,Maschinen!$L$6,FALSE))=TRUE,0,VLOOKUP(AE198,ltSchlepper,Maschinen!$L$6,FALSE)*AG198))","v":0},{"$f":"(IF(ISNA(VLOOKUP(AE198,ltSchlepper,Maschinen!$M$6,FALSE))=TRUE,0,VLOOKUP(AE198,ltSchlepper,Maschinen!$M$6,FALSE)*AG198))","v":0},{"$f":"(IF(ISNA(VLOOKUP(AE198,ltSchlepper,Maschinen!$N$6,FALSE))=TRUE,0,VLOOKUP(AE198,ltSchlepper,Maschinen!$N$6,FALSE)*AG198*IF(ISBLANK(AI198),1,AI198)))","v":0},{"$f":"(IF(ISNA(VLOOKUP(AE198,ltSchlepper,Maschinen!$O$6,FALSE))=TRUE,0,VLOOKUP(AE198,ltSchlepper,Maschinen!$O$6,FALSE)*AG198*IF(ISBLANK(AI198),1,AI198)))","v":0},{"$f":"(IF(ISNA(VLOOKUP(AE198,ltSchlepper,Maschinen!$P$6,FALSE))=TRUE,0,VLOOKUP(AE198,ltSchlepper,Maschinen!$P$6,FALSE)*AG198*IF(ISBLANK(AI198),1,AI198)))","v":0},0,{"$f":"(IF(ISNA(VLOOKUP(AK198,ltSchlepper,Maschinen!$K$6,FALSE))=TRUE,0,VLOOKUP(AK198,ltSchlepper,Maschinen!$K$6,FALSE)*AM198))","v":0},{"$f":"(IF(ISNA(VLOOKUP(AK198,ltSchlepper,Maschinen!$L$6,FALSE))=TRUE,0,VLOOKUP(AK198,ltSchlepper,Maschinen!$L$6,FALSE)*AM198))","v":0},{"$f":"(IF(ISNA(VLOOKUP(AK198,ltSchlepper,Maschinen!$M$6,FALSE))=TRUE,0,VLOOKUP(AK198,ltSchlepper,Maschinen!$M$6,FALSE)*AM198))","v":0},{"$f":"(IF(ISNA(VLOOKUP(AK198,ltSchlepper,Maschinen!$N$6,FALSE))=TRUE,0,VLOOKUP(AK198,ltSchlepper,Maschinen!$N$6,FALSE)*AM198*IF(ISBLANK(AO198),1,AO198)))","v":0},{"$f":"(IF(ISNA(VLOOKUP(AK198,ltSchlepper,Maschinen!$O$6,FALSE))=TRUE,0,VLOOKUP(AK198,ltSchlepper,Maschinen!$O$6,FALSE)*AM198*IF(ISBLANK(AO198),1,AO198)))","v":0},{"$f":"(IF(ISNA(VLOOKUP(AK198,ltSchlepper,Maschinen!$P$6,FALSE))=TRUE,0,VLOOKUP(AK198,ltSchlepper,Maschinen!$P$6,FALSE)*AM198*IF(ISBLANK(AO198),1,AO198)))","v":0},0,{"$f":"(IF(ISNA(VLOOKUP(AQ198,ltSchlepper,Maschinen!$K$6,FALSE))=TRUE,0,VLOOKUP(AQ198,ltSchlepper,Maschinen!$K$6,FALSE)*AS198))","v":0},{"$f":"(IF(ISNA(VLOOKUP(AQ198,ltSchlepper,Maschinen!$L$6,FALSE))=TRUE,0,VLOOKUP(AQ198,ltSchlepper,Maschinen!$L$6,FALSE)*AS198))","v":0},{"$f":"(IF(ISNA(VLOOKUP(AQ198,ltSchlepper,Maschinen!$M$6,FALSE))=TRUE,0,VLOOKUP(AQ198,ltSchlepper,Maschinen!$M$6,FALSE)*AS198))","v":0},{"$f":"(IF(ISNA(VLOOKUP(AQ198,ltSchlepper,Maschinen!$N$6,FALSE))=TRUE,0,VLOOKUP(AQ198,ltSchlepper,Maschinen!$N$6,FALSE)*AS198*IF(ISBLANK(AU198),1,AU198)))","v":0},{"$f":"(IF(ISNA(VLOOKUP(AQ198,ltSchlepper,Maschinen!$O$6,FALSE))=TRUE,0,VLOOKUP(AQ198,ltSchlepper,Maschinen!$O$6,FALSE)*AS198*IF(ISBLANK(AU198),1,AU198)))","v":0},{"$f":"(IF(ISNA(VLOOKUP(AQ198,ltSchlepper,Maschinen!$P$6,FALSE))=TRUE,0,VLOOKUP(AQ198,ltSchlepper,Maschinen!$P$6,FALSE)*AS198*IF(ISBLANK(AU198),1,AU198)))","v":0},0,{"$f":"(IF(ISNA(VLOOKUP(Y198,ltSchlepper,Maschinen!$AA$6,FALSE))=TRUE,0,VLOOKUP(Y198,ltSchlepper,Maschinen!$AA$6,FALSE)*AA198))","v":0},{"$f":"(IF(ISNA(VLOOKUP(Y198,ltSchlepper,Maschinen!$AB$6,FALSE))=TRUE,0,VLOOKUP(Y198,ltSchlepper,Maschinen!$AB$6,FALSE)*AA198))","v":0},{"$f":"(IF(ISNA(VLOOKUP(Y198,ltSchlepper,Maschinen!$AC$6,FALSE))=TRUE,0,VLOOKUP(Y198,ltSchlepper,Maschinen!$AC$6,FALSE)*AA198))","v":0},0,{"$f":"(IF(ISNA(VLOOKUP(AE198,ltSchlepper,Maschinen!$AA$6,FALSE))=TRUE,0,VLOOKUP(AE198,ltSchlepper,Maschinen!$AA$6,FALSE)*AG198))","v":0},{"$f":"(IF(ISNA(VLOOKUP(AE198,ltSchlepper,Maschinen!$AB$6,FALSE))=TRUE,0,VLOOKUP(AE198,ltSchlepper,Maschinen!$AB$6,FALSE)*AG198))","v":0},{"$f":"(IF(ISNA(VLOOKUP(AE198,ltSchlepper,Maschinen!$AC$6,FALSE))=TRUE,0,VLOOKUP(AE198,ltSchlepper,Maschinen!$AC$6,FALSE)*AG198))","v":0},0,{"$f":"(IF(ISNA(VLOOKUP(AK198,ltSchlepper,Maschinen!$AA$6,FALSE))=TRUE,0,VLOOKUP(AK198,ltSchlepper,Maschinen!$AA$6,FALSE)*AM198))","v":0},{"$f":"(IF(ISNA(VLOOKUP(AK198,ltSchlepper,Maschinen!$AB$6,FALSE))=TRUE,0,VLOOKUP(AK198,ltSchlepper,Maschinen!$AB$6,FALSE)*AM198))","v":0},{"$f":"(IF(ISNA(VLOOKUP(AK198,ltSchlepper,Maschinen!$AC$6,FALSE))=TRUE,0,VLOOKUP(AK198,ltSchlepper,Maschinen!$AC$6,FALSE)*AM198))","v":0},0,{"$f":"(IF(ISNA(VLOOKUP(AQ198,ltSchlepper,Maschinen!$AA$6,FALSE))=TRUE,0,VLOOKUP(AQ198,ltSchlepper,Maschinen!$AA$6,FALSE)*AS198))","v":0},{"$f":"(IF(ISNA(VLOOKUP(AQ198,ltSchlepper,Maschinen!$AB$6,FALSE))=TRUE,0,VLOOKUP(AQ198,ltSchlepper,Maschinen!$AB$6,FALSE)*AS198))","v":0},{"$f":"(IF(ISNA(VLOOKUP(AQ198,ltSchlepper,Maschinen!$AC$6,FALSE))=TRUE,0,VLOOKUP(AQ198,ltSchlepper,Maschinen!$AC$6,FALSE)*AS198))","v":0},0]
[null,null,"PAUSCHALEN Arbeit",null,null,null,null,null,0,0,0,null,0,0,null,null,0,0,0,0,0,0,0,null,null,null,null,null,null,0,null,null,null,null,null,0,null,null,null,null,null,0,null,null,null,null,null,0,0,0,0,0,0,0,0,0,0,0,0,0,{"$f":"(IF(ISNA(VLOOKUP(Y199,ltSchlepper,Maschinen!$K$6,FALSE))=TRUE,0,VLOOKUP(Y199,ltSchlepper,Maschinen!$K$6,FALSE)*AA199))","v":0},{"$f":"(IF(ISNA(VLOOKUP(Y199,ltSchlepper,Maschinen!$L$6,FALSE))=TRUE,0,VLOOKUP(Y199,ltSchlepper,Maschinen!$L$6,FALSE)*AA199))","v":0},{"$f":"(IF(ISNA(VLOOKUP(Y199,ltSchlepper,Maschinen!$M$6,FALSE))=TRUE,0,VLOOKUP(Y199,ltSchlepper,Maschinen!$M$6,FALSE)*AA199))","v":0},{"$f":"(IF(ISNA(VLOOKUP(Y199,ltSchlepper,Maschinen!$N$6,FALSE))=TRUE,0,VLOOKUP(Y199,ltSchlepper,Maschinen!$N$6,FALSE)*AA199*IF(ISBLANK(AC199),1,AC199)))","v":0},{"$f":"(IF(ISNA(VLOOKUP(Y199,ltSchlepper,Maschinen!$O$6,FALSE))=TRUE,0,VLOOKUP(Y199,ltSchlepper,Maschinen!$O$6,FALSE)*AA199*IF(ISBLANK(AC199),1,AC199)))","v":0},{"$f":"(IF(ISNA(VLOOKUP(Y199,ltSchlepper,Maschinen!$P$6,FALSE))=TRUE,0,VLOOKUP(Y199,ltSchlepper,Maschinen!$P$6,FALSE)*AA199*IF(ISBLANK(AC199),1,AC199)))","v":0},0,{"$f":"(IF(ISNA(VLOOKUP(AE199,ltSchlepper,Maschinen!$K$6,FALSE))=TRUE,0,VLOOKUP(AE199,ltSchlepper,Maschinen!$K$6,FALSE)*AG199))","v":0},{"$f":"(IF(ISNA(VLOOKUP(AE199,ltSchlepper,Maschinen!$L$6,FALSE))=TRUE,0,VLOOKUP(AE199,ltSchlepper,Maschinen!$L$6,FALSE)*AG199))","v":0},{"$f":"(IF(ISNA(VLOOKUP(AE199,ltSchlepper,Maschinen!$M$6,FALSE))=TRUE,0,VLOOKUP(AE199,ltSchlepper,Maschinen!$M$6,FALSE)*AG199))","v":0},{"$f":"(IF(ISNA(VLOOKUP(AE199,ltSchlepper,Maschinen!$N$6,FALSE))=TRUE,0,VLOOKUP(AE199,ltSchlepper,Maschinen!$N$6,FALSE)*AG199*IF(ISBLANK(AI199),1,AI199)))","v":0},{"$f":"(IF(ISNA(VLOOKUP(AE199,ltSchlepper,Maschinen!$O$6,FALSE))=TRUE,0,VLOOKUP(AE199,ltSchlepper,Maschinen!$O$6,FALSE)*AG199*IF(ISBLANK(AI199),1,AI199)))","v":0},{"$f":"(IF(ISNA(VLOOKUP(AE199,ltSchlepper,Maschinen!$P$6,FALSE))=TRUE,0,VLOOKUP(AE199,ltSchlepper,Maschinen!$P$6,FALSE)*AG199*IF(ISBLANK(AI199),1,AI199)))","v":0},0,{"$f":"(IF(ISNA(VLOOKUP(AK199,ltSchlepper,Maschinen!$K$6,FALSE))=TRUE,0,VLOOKUP(AK199,ltSchlepper,Maschinen!$K$6,FALSE)*AM199))","v":0},{"$f":"(IF(ISNA(VLOOKUP(AK199,ltSchlepper,Maschinen!$L$6,FALSE))=TRUE,0,VLOOKUP(AK199,ltSchlepper,Maschinen!$L$6,FALSE)*AM199))","v":0},{"$f":"(IF(ISNA(VLOOKUP(AK199,ltSchlepper,Maschinen!$M$6,FALSE))=TRUE,0,VLOOKUP(AK199,ltSchlepper,Maschinen!$M$6,FALSE)*AM199))","v":0},{"$f":"(IF(ISNA(VLOOKUP(AK199,ltSchlepper,Maschinen!$N$6,FALSE))=TRUE,0,VLOOKUP(AK199,ltSchlepper,Maschinen!$N$6,FALSE)*AM199*IF(ISBLANK(AO199),1,AO199)))","v":0},{"$f":"(IF(ISNA(VLOOKUP(AK199,ltSchlepper,Maschinen!$O$6,FALSE))=TRUE,0,VLOOKUP(AK199,ltSchlepper,Maschinen!$O$6,FALSE)*AM199*IF(ISBLANK(AO199),1,AO199)))","v":0},{"$f":"(IF(ISNA(VLOOKUP(AK199,ltSchlepper,Maschinen!$P$6,FALSE))=TRUE,0,VLOOKUP(AK199,ltSchlepper,Maschinen!$P$6,FALSE)*AM199*IF(ISBLANK(AO199),1,AO199)))","v":0},0,{"$f":"(IF(ISNA(VLOOKUP(AQ199,ltSchlepper,Maschinen!$K$6,FALSE))=TRUE,0,VLOOKUP(AQ199,ltSchlepper,Maschinen!$K$6,FALSE)*AS199))","v":0},{"$f":"(IF(ISNA(VLOOKUP(AQ199,ltSchlepper,Maschinen!$L$6,FALSE))=TRUE,0,VLOOKUP(AQ199,ltSchlepper,Maschinen!$L$6,FALSE)*AS199))","v":0},{"$f":"(IF(ISNA(VLOOKUP(AQ199,ltSchlepper,Maschinen!$M$6,FALSE))=TRUE,0,VLOOKUP(AQ199,ltSchlepper,Maschinen!$M$6,FALSE)*AS199))","v":0},{"$f":"(IF(ISNA(VLOOKUP(AQ199,ltSchlepper,Maschinen!$N$6,FALSE))=TRUE,0,VLOOKUP(AQ199,ltSchlepper,Maschinen!$N$6,FALSE)*AS199*IF(ISBLANK(AU199),1,AU199)))","v":0},{"$f":"(IF(ISNA(VLOOKUP(AQ199,ltSchlepper,Maschinen!$O$6,FALSE))=TRUE,0,VLOOKUP(AQ199,ltSchlepper,Maschinen!$O$6,FALSE)*AS199*IF(ISBLANK(AU199),1,AU199)))","v":0},{"$f":"(IF(ISNA(VLOOKUP(AQ199,ltSchlepper,Maschinen!$P$6,FALSE))=TRUE,0,VLOOKUP(AQ199,ltSchlepper,Maschinen!$P$6,FALSE)*AS199*IF(ISBLANK(AU199),1,AU199)))","v":0},0,{"$f":"(IF(ISNA(VLOOKUP(Y199,ltSchlepper,Maschinen!$AA$6,FALSE))=TRUE,0,VLOOKUP(Y199,ltSchlepper,Maschinen!$AA$6,FALSE)*AA199))","v":0},{"$f":"(IF(ISNA(VLOOKUP(Y199,ltSchlepper,Maschinen!$AB$6,FALSE))=TRUE,0,VLOOKUP(Y199,ltSchlepper,Maschinen!$AB$6,FALSE)*AA199))","v":0},{"$f":"(IF(ISNA(VLOOKUP(Y199,ltSchlepper,Maschinen!$AC$6,FALSE))=TRUE,0,VLOOKUP(Y199,ltSchlepper,Maschinen!$AC$6,FALSE)*AA199))","v":0},0,{"$f":"(IF(ISNA(VLOOKUP(AE199,ltSchlepper,Maschinen!$AA$6,FALSE))=TRUE,0,VLOOKUP(AE199,ltSchlepper,Maschinen!$AA$6,FALSE)*AG199))","v":0},{"$f":"(IF(ISNA(VLOOKUP(AE199,ltSchlepper,Maschinen!$AB$6,FALSE))=TRUE,0,VLOOKUP(AE199,ltSchlepper,Maschinen!$AB$6,FALSE)*AG199))","v":0},{"$f":"(IF(ISNA(VLOOKUP(AE199,ltSchlepper,Maschinen!$AC$6,FALSE))=TRUE,0,VLOOKUP(AE199,ltSchlepper,Maschinen!$AC$6,FALSE)*AG199))","v":0},0,{"$f":"(IF(ISNA(VLOOKUP(AK199,ltSchlepper,Maschinen!$AA$6,FALSE))=TRUE,0,VLOOKUP(AK199,ltSchlepper,Maschinen!$AA$6,FALSE)*AM199))","v":0},{"$f":"(IF(ISNA(VLOOKUP(AK199,ltSchlepper,Maschinen!$AB$6,FALSE))=TRUE,0,VLOOKUP(AK199,ltSchlepper,Maschinen!$AB$6,FALSE)*AM199))","v":0},{"$f":"(IF(ISNA(VLOOKUP(AK199,ltSchlepper,Maschinen!$AC$6,FALSE))=TRUE,0,VLOOKUP(AK199,ltSchlepper,Maschinen!$AC$6,FALSE)*AM199))","v":0},0,{"$f":"(IF(ISNA(VLOOKUP(AQ199,ltSchlepper,Maschinen!$AA$6,FALSE))=TRUE,0,VLOOKUP(AQ199,ltSchlepper,Maschinen!$AA$6,FALSE)*AS199))","v":0},{"$f":"(IF(ISNA(VLOOKUP(AQ199,ltSchlepper,Maschinen!$AB$6,FALSE))=TRUE,0,VLOOKUP(AQ199,ltSchlepper,Maschinen!$AB$6,FALSE)*AS199))","v":0},{"$f":"(IF(ISNA(VLOOKUP(AQ199,ltSchlepper,Maschinen!$AC$6,FALSE))=TRUE,0,VLOOKUP(AQ199,ltSchlepper,Maschinen!$AC$6,FALSE)*AS199))","v":0},0]
[null,29211,null,null,null,null,null,null,0,0,0,0.1,0,0,null,null,0,0,0,0,0,0,0,null,null,{"$f":"IF(ISNA(VLOOKUP(Y200,ltSchlepper,2,FALSE))=TRUE,\"\",VLOOKUP(Y200,ltSchlepper,2,FALSE))","v":""},null,{"$f":"IF(ISNA(VLOOKUP(Y200,ltSchlepper,3,FALSE))=TRUE,\"\",VLOOKUP(Y200,ltSchlepper,3,FALSE))","v":""},null,0,null,{"$f":"IF(ISNA(VLOOKUP(AE200,ltSchlepper,2,FALSE))=TRUE,\"\",VLOOKUP(AE200,ltSchlepper,2,FALSE))","v":""},null,{"$f":"IF(ISNA(VLOOKUP(AE200,ltSchlepper,3,FALSE))=TRUE,\"\",VLOOKUP(AE200,ltSchlepper,3,FALSE))","v":""},null,0,null,{"$f":"IF(ISNA(VLOOKUP(AK200,ltSchlepper,2,FALSE))=TRUE,\"\",VLOOKUP(AK200,ltSchlepper,2,FALSE))","v":""},null,{"$f":"IF(ISNA(VLOOKUP(AK200,ltSchlepper,3,FALSE))=TRUE,\"\",VLOOKUP(AK200,ltSchlepper,3,FALSE))","v":""},null,0,null,{"$f":"IF(ISNA(VLOOKUP(AQ200,ltSchlepper,2,FALSE))=TRUE,\"\",VLOOKUP(AQ200,ltSchlepper,2,FALSE))","v":""},null,{"$f":"IF(ISNA(VLOOKUP(AQ200,ltSchlepper,3,FALSE))=TRUE,\"\",VLOOKUP(AQ200,ltSchlepper,3,FALSE))","v":""},null,0,0,0,0,0,0,0,0,0,0,0,0,0,{"$f":"(IF(ISNA(VLOOKUP(Y200,ltSchlepper,Maschinen!$K$6,FALSE))=TRUE,0,VLOOKUP(Y200,ltSchlepper,Maschinen!$K$6,FALSE)*AA200))","v":0},{"$f":"(IF(ISNA(VLOOKUP(Y200,ltSchlepper,Maschinen!$L$6,FALSE))=TRUE,0,VLOOKUP(Y200,ltSchlepper,Maschinen!$L$6,FALSE)*AA200))","v":0},{"$f":"(IF(ISNA(VLOOKUP(Y200,ltSchlepper,Maschinen!$M$6,FALSE))=TRUE,0,VLOOKUP(Y200,ltSchlepper,Maschinen!$M$6,FALSE)*AA200))","v":0},{"$f":"(IF(ISNA(VLOOKUP(Y200,ltSchlepper,Maschinen!$N$6,FALSE))=TRUE,0,VLOOKUP(Y200,ltSchlepper,Maschinen!$N$6,FALSE)*AA200*IF(ISBLANK(AC200),1,AC200)))","v":0},{"$f":"(IF(ISNA(VLOOKUP(Y200,ltSchlepper,Maschinen!$O$6,FALSE))=TRUE,0,VLOOKUP(Y200,ltSchlepper,Maschinen!$O$6,FALSE)*AA200*IF(ISBLANK(AC200),1,AC200)))","v":0},{"$f":"(IF(ISNA(VLOOKUP(Y200,ltSchlepper,Maschinen!$P$6,FALSE))=TRUE,0,VLOOKUP(Y200,ltSchlepper,Maschinen!$P$6,FALSE)*AA200*IF(ISBLANK(AC200),1,AC200)))","v":0},0,{"$f":"(IF(ISNA(VLOOKUP(AE200,ltSchlepper,Maschinen!$K$6,FALSE))=TRUE,0,VLOOKUP(AE200,ltSchlepper,Maschinen!$K$6,FALSE)*AG200))","v":0},{"$f":"(IF(ISNA(VLOOKUP(AE200,ltSchlepper,Maschinen!$L$6,FALSE))=TRUE,0,VLOOKUP(AE200,ltSchlepper,Maschinen!$L$6,FALSE)*AG200))","v":0},{"$f":"(IF(ISNA(VLOOKUP(AE200,ltSchlepper,Maschinen!$M$6,FALSE))=TRUE,0,VLOOKUP(AE200,ltSchlepper,Maschinen!$M$6,FALSE)*AG200))","v":0},{"$f":"(IF(ISNA(VLOOKUP(AE200,ltSchlepper,Maschinen!$N$6,FALSE))=TRUE,0,VLOOKUP(AE200,ltSchlepper,Maschinen!$N$6,FALSE)*AG200*IF(ISBLANK(AI200),1,AI200)))","v":0},{"$f":"(IF(ISNA(VLOOKUP(AE200,ltSchlepper,Maschinen!$O$6,FALSE))=TRUE,0,VLOOKUP(AE200,ltSchlepper,Maschinen!$O$6,FALSE)*AG200*IF(ISBLANK(AI200),1,AI200)))","v":0},{"$f":"(IF(ISNA(VLOOKUP(AE200,ltSchlepper,Maschinen!$P$6,FALSE))=TRUE,0,VLOOKUP(AE200,ltSchlepper,Maschinen!$P$6,FALSE)*AG200*IF(ISBLANK(AI200),1,AI200)))","v":0},0,{"$f":"(IF(ISNA(VLOOKUP(AK200,ltSchlepper,Maschinen!$K$6,FALSE))=TRUE,0,VLOOKUP(AK200,ltSchlepper,Maschinen!$K$6,FALSE)*AM200))","v":0},{"$f":"(IF(ISNA(VLOOKUP(AK200,ltSchlepper,Maschinen!$L$6,FALSE))=TRUE,0,VLOOKUP(AK200,ltSchlepper,Maschinen!$L$6,FALSE)*AM200))","v":0},{"$f":"(IF(ISNA(VLOOKUP(AK200,ltSchlepper,Maschinen!$M$6,FALSE))=TRUE,0,VLOOKUP(AK200,ltSchlepper,Maschinen!$M$6,FALSE)*AM200))","v":0},{"$f":"(IF(ISNA(VLOOKUP(AK200,ltSchlepper,Maschinen!$N$6,FALSE))=TRUE,0,VLOOKUP(AK200,ltSchlepper,Maschinen!$N$6,FALSE)*AM200*IF(ISBLANK(AO200),1,AO200)))","v":0},{"$f":"(IF(ISNA(VLOOKUP(AK200,ltSchlepper,Maschinen!$O$6,FALSE))=TRUE,0,VLOOKUP(AK200,ltSchlepper,Maschinen!$O$6,FALSE)*AM200*IF(ISBLANK(AO200),1,AO200)))","v":0},{"$f":"(IF(ISNA(VLOOKUP(AK200,ltSchlepper,Maschinen!$P$6,FALSE))=TRUE,0,VLOOKUP(AK200,ltSchlepper,Maschinen!$P$6,FALSE)*AM200*IF(ISBLANK(AO200),1,AO200)))","v":0},0,{"$f":"(IF(ISNA(VLOOKUP(AQ200,ltSchlepper,Maschinen!$K$6,FALSE))=TRUE,0,VLOOKUP(AQ200,ltSchlepper,Maschinen!$K$6,FALSE)*AS200))","v":0},{"$f":"(IF(ISNA(VLOOKUP(AQ200,ltSchlepper,Maschinen!$L$6,FALSE))=TRUE,0,VLOOKUP(AQ200,ltSchlepper,Maschinen!$L$6,FALSE)*AS200))","v":0},{"$f":"(IF(ISNA(VLOOKUP(AQ200,ltSchlepper,Maschinen!$M$6,FALSE))=TRUE,0,VLOOKUP(AQ200,ltSchlepper,Maschinen!$M$6,FALSE)*AS200))","v":0},{"$f":"(IF(ISNA(VLOOKUP(AQ200,ltSchlepper,Maschinen!$N$6,FALSE))=TRUE,0,VLOOKUP(AQ200,ltSchlepper,Maschinen!$N$6,FALSE)*AS200*IF(ISBLANK(AU200),1,AU200)))","v":0},{"$f":"(IF(ISNA(VLOOKUP(AQ200,ltSchlepper,Maschinen!$O$6,FALSE))=TRUE,0,VLOOKUP(AQ200,ltSchlepper,Maschinen!$O$6,FALSE)*AS200*IF(ISBLANK(AU200),1,AU200)))","v":0},{"$f":"(IF(ISNA(VLOOKUP(AQ200,ltSchlepper,Maschinen!$P$6,FALSE))=TRUE,0,VLOOKUP(AQ200,ltSchlepper,Maschinen!$P$6,FALSE)*AS200*IF(ISBLANK(AU200),1,AU200)))","v":0},0,{"$f":"(IF(ISNA(VLOOKUP(Y200,ltSchlepper,Maschinen!$AA$6,FALSE))=TRUE,0,VLOOKUP(Y200,ltSchlepper,Maschinen!$AA$6,FALSE)*AA200))","v":0},{"$f":"(IF(ISNA(VLOOKUP(Y200,ltSchlepper,Maschinen!$AB$6,FALSE))=TRUE,0,VLOOKUP(Y200,ltSchlepper,Maschinen!$AB$6,FALSE)*AA200))","v":0},{"$f":"(IF(ISNA(VLOOKUP(Y200,ltSchlepper,Maschinen!$AC$6,FALSE))=TRUE,0,VLOOKUP(Y200,ltSchlepper,Maschinen!$AC$6,FALSE)*AA200))","v":0},0,{"$f":"(IF(ISNA(VLOOKUP(AE200,ltSchlepper,Maschinen!$AA$6,FALSE))=TRUE,0,VLOOKUP(AE200,ltSchlepper,Maschinen!$AA$6,FALSE)*AG200))","v":0},{"$f":"(IF(ISNA(VLOOKUP(AE200,ltSchlepper,Maschinen!$AB$6,FALSE))=TRUE,0,VLOOKUP(AE200,ltSchlepper,Maschinen!$AB$6,FALSE)*AG200))","v":0},{"$f":"(IF(ISNA(VLOOKUP(AE200,ltSchlepper,Maschinen!$AC$6,FALSE))=TRUE,0,VLOOKUP(AE200,ltSchlepper,Maschinen!$AC$6,FALSE)*AG200))","v":0},0,{"$f":"(IF(ISNA(VLOOKUP(AK200,ltSchlepper,Maschinen!$AA$6,FALSE))=TRUE,0,VLOOKUP(AK200,ltSchlepper,Maschinen!$AA$6,FALSE)*AM200))","v":0},{"$f":"(IF(ISNA(VLOOKUP(AK200,ltSchlepper,Maschinen!$AB$6,FALSE))=TRUE,0,VLOOKUP(AK200,ltSchlepper,Maschinen!$AB$6,FALSE)*AM200))","v":0},{"$f":"(IF(ISNA(VLOOKUP(AK200,ltSchlepper,Maschinen!$AC$6,FALSE))=TRUE,0,VLOOKUP(AK200,ltSchlepper,Maschinen!$AC$6,FALSE)*AM200))","v":0},0,{"$f":"(IF(ISNA(VLOOKUP(AQ200,ltSchlepper,Maschinen!$AA$6,FALSE))=TRUE,0,VLOOKUP(AQ200,ltSchlepper,Maschinen!$AA$6,FALSE)*AS200))","v":0},{"$f":"(IF(ISNA(VLOOKUP(AQ200,ltSchlepper,Maschinen!$AB$6,FALSE))=TRUE,0,VLOOKUP(AQ200,ltSchlepper,Maschinen!$AB$6,FALSE)*AS200))","v":0},{"$f":"(IF(ISNA(VLOOKUP(AQ200,ltSchlepper,Maschinen!$AC$6,FALSE))=TRUE,0,VLOOKUP(AQ200,ltSchlepper,Maschinen!$AC$6,FALSE)*AS200))","v":0},0]
[null,29212,"Arbeit pauschal","Akh",null,null,null,null,0,0,0,0.1,0,0,null,null,0,0,0,0,0,0,0,null,null,"",null,"",null,0,null,{"$f":"IF(ISNA(VLOOKUP(AE201,ltSchlepper,2,FALSE))=TRUE,\"\",VLOOKUP(AE201,ltSchlepper,2,FALSE))","v":""},null,"",null,0,null,{"$f":"IF(ISNA(VLOOKUP(AK201,ltSchlepper,2,FALSE))=TRUE,\"\",VLOOKUP(AK201,ltSchlepper,2,FALSE))","v":""},null,"",null,0,null,{"$f":"IF(ISNA(VLOOKUP(AQ201,ltSchlepper,2,FALSE))=TRUE,\"\",VLOOKUP(AQ201,ltSchlepper,2,FALSE))","v":""},null,"",null,0,0,0,0,0,0,0,0,0,0,0,0,0,{"$f":"(IF(ISNA(VLOOKUP(Y201,ltSchlepper,Maschinen!$K$6,FALSE))=TRUE,0,VLOOKUP(Y201,ltSchlepper,Maschinen!$K$6,FALSE)*AA201))","v":0},{"$f":"(IF(ISNA(VLOOKUP(Y201,ltSchlepper,Maschinen!$L$6,FALSE))=TRUE,0,VLOOKUP(Y201,ltSchlepper,Maschinen!$L$6,FALSE)*AA201))","v":0},{"$f":"(IF(ISNA(VLOOKUP(Y201,ltSchlepper,Maschinen!$M$6,FALSE))=TRUE,0,VLOOKUP(Y201,ltSchlepper,Maschinen!$M$6,FALSE)*AA201))","v":0},{"$f":"(IF(ISNA(VLOOKUP(Y201,ltSchlepper,Maschinen!$N$6,FALSE))=TRUE,0,VLOOKUP(Y201,ltSchlepper,Maschinen!$N$6,FALSE)*AA201*IF(ISBLANK(AC201),1,AC201)))","v":0},{"$f":"(IF(ISNA(VLOOKUP(Y201,ltSchlepper,Maschinen!$O$6,FALSE))=TRUE,0,VLOOKUP(Y201,ltSchlepper,Maschinen!$O$6,FALSE)*AA201*IF(ISBLANK(AC201),1,AC201)))","v":0},{"$f":"(IF(ISNA(VLOOKUP(Y201,ltSchlepper,Maschinen!$P$6,FALSE))=TRUE,0,VLOOKUP(Y201,ltSchlepper,Maschinen!$P$6,FALSE)*AA201*IF(ISBLANK(AC201),1,AC201)))","v":0},{"$f":"SUM(BI201:BK201,BM201:BN201)","v":0},{"$f":"(IF(ISNA(VLOOKUP(AE201,ltSchlepper,Maschinen!$K$6,FALSE))=TRUE,0,VLOOKUP(AE201,ltSchlepper,Maschinen!$K$6,FALSE)*AG201))","v":0},{"$f":"(IF(ISNA(VLOOKUP(AE201,ltSchlepper,Maschinen!$L$6,FALSE))=TRUE,0,VLOOKUP(AE201,ltSchlepper,Maschinen!$L$6,FALSE)*AG201))","v":0},{"$f":"(IF(ISNA(VLOOKUP(AE201,ltSchlepper,Maschinen!$M$6,FALSE))=TRUE,0,VLOOKUP(AE201,ltSchlepper,Maschinen!$M$6,FALSE)*AG201))","v":0},{"$f":"(IF(ISNA(VLOOKUP(AE201,ltSchlepper,Maschinen!$N$6,FALSE))=TRUE,0,VLOOKUP(AE201,ltSchlepper,Maschinen!$N$6,FALSE)*AG201*IF(ISBLANK(AI201),1,AI201)))","v":0},{"$f":"(IF(ISNA(VLOOKUP(AE201,ltSchlepper,Maschinen!$O$6,FALSE))=TRUE,0,VLOOKUP(AE201,ltSchlepper,Maschinen!$O$6,FALSE)*AG201*IF(ISBLANK(AI201),1,AI201)))","v":0},{"$f":"(IF(ISNA(VLOOKUP(AE201,ltSchlepper,Maschinen!$P$6,FALSE))=TRUE,0,VLOOKUP(AE201,ltSchlepper,Maschinen!$P$6,FALSE)*AG201*IF(ISBLANK(AI201),1,AI201)))","v":0},{"$f":"SUM(BP201:BR201,BT201:BU201)","v":0},{"$f":"(IF(ISNA(VLOOKUP(AK201,ltSchlepper,Maschinen!$K$6,FALSE))=TRUE,0,VLOOKUP(AK201,ltSchlepper,Maschinen!$K$6,FALSE)*AM201))","v":0},{"$f":"(IF(ISNA(VLOOKUP(AK201,ltSchlepper,Maschinen!$L$6,FALSE))=TRUE,0,VLOOKUP(AK201,ltSchlepper,Maschinen!$L$6,FALSE)*AM201))","v":0},{"$f":"(IF(ISNA(VLOOKUP(AK201,ltSchlepper,Maschinen!$M$6,FALSE))=TRUE,0,VLOOKUP(AK201,ltSchlepper,Maschinen!$M$6,FALSE)*AM201))","v":0},{"$f":"(IF(ISNA(VLOOKUP(AK201,ltSchlepper,Maschinen!$N$6,FALSE))=TRUE,0,VLOOKUP(AK201,ltSchlepper,Maschinen!$N$6,FALSE)*AM201*IF(ISBLANK(AO201),1,AO201)))","v":0},{"$f":"(IF(ISNA(VLOOKUP(AK201,ltSchlepper,Maschinen!$O$6,FALSE))=TRUE,0,VLOOKUP(AK201,ltSchlepper,Maschinen!$O$6,FALSE)*AM201*IF(ISBLANK(AO201),1,AO201)))","v":0},{"$f":"(IF(ISNA(VLOOKUP(AK201,ltSchlepper,Maschinen!$P$6,FALSE))=TRUE,0,VLOOKUP(AK201,ltSchlepper,Maschinen!$P$6,FALSE)*AM201*IF(ISBLANK(AO201),1,AO201)))","v":0},{"$f":"SUM(BW201:BY201,CA201:CB201)","v":0},{"$f":"(IF(ISNA(VLOOKUP(AQ201,ltSchlepper,Maschinen!$K$6,FALSE))=TRUE,0,VLOOKUP(AQ201,ltSchlepper,Maschinen!$K$6,FALSE)*AS201))","v":0},{"$f":"(IF(ISNA(VLOOKUP(AQ201,ltSchlepper,Maschinen!$L$6,FALSE))=TRUE,0,VLOOKUP(AQ201,ltSchlepper,Maschinen!$L$6,FALSE)*AS201))","v":0},{"$f":"(IF(ISNA(VLOOKUP(AQ201,ltSchlepper,Maschinen!$M$6,FALSE))=TRUE,0,VLOOKUP(AQ201,ltSchlepper,Maschinen!$M$6,FALSE)*AS201))","v":0},{"$f":"(IF(ISNA(VLOOKUP(AQ201,ltSchlepper,Maschinen!$N$6,FALSE))=TRUE,0,VLOOKUP(AQ201,ltSchlepper,Maschinen!$N$6,FALSE)*AS201*IF(ISBLANK(AU201),1,AU201)))","v":0},{"$f":"(IF(ISNA(VLOOKUP(AQ201,ltSchlepper,Maschinen!$O$6,FALSE))=TRUE,0,VLOOKUP(AQ201,ltSchlepper,Maschinen!$O$6,FALSE)*AS201*IF(ISBLANK(AU201),1,AU201)))","v":0},{"$f":"(IF(ISNA(VLOOKUP(AQ201,ltSchlepper,Maschinen!$P$6,FALSE))=TRUE,0,VLOOKUP(AQ201,ltSchlepper,Maschinen!$P$6,FALSE)*AS201*IF(ISBLANK(AU201),1,AU201)))","v":0},{"$f":"SUM(CD201:CF201,CH201:CI201)","v":0},{"$f":"(IF(ISNA(VLOOKUP(Y201,ltSchlepper,Maschinen!$AA$6,FALSE))=TRUE,0,VLOOKUP(Y201,ltSchlepper,Maschinen!$AA$6,FALSE)*AA201))","v":0},{"$f":"(IF(ISNA(VLOOKUP(Y201,ltSchlepper,Maschinen!$AB$6,FALSE))=TRUE,0,VLOOKUP(Y201,ltSchlepper,Maschinen!$AB$6,FALSE)*AA201))","v":0},{"$f":"(IF(ISNA(VLOOKUP(Y201,ltSchlepper,Maschinen!$AC$6,FALSE))=TRUE,0,VLOOKUP(Y201,ltSchlepper,Maschinen!$AC$6,FALSE)*AA201))","v":0},0,{"$f":"(IF(ISNA(VLOOKUP(AE201,ltSchlepper,Maschinen!$AA$6,FALSE))=TRUE,0,VLOOKUP(AE201,ltSchlepper,Maschinen!$AA$6,FALSE)*AG201))","v":0},{"$f":"(IF(ISNA(VLOOKUP(AE201,ltSchlepper,Maschinen!$AB$6,FALSE))=TRUE,0,VLOOKUP(AE201,ltSchlepper,Maschinen!$AB$6,FALSE)*AG201))","v":0},{"$f":"(IF(ISNA(VLOOKUP(AE201,ltSchlepper,Maschinen!$AC$6,FALSE))=TRUE,0,VLOOKUP(AE201,ltSchlepper,Maschinen!$AC$6,FALSE)*AG201))","v":0},0,{"$f":"(IF(ISNA(VLOOKUP(AK201,ltSchlepper,Maschinen!$AA$6,FALSE))=TRUE,0,VLOOKUP(AK201,ltSchlepper,Maschinen!$AA$6,FALSE)*AM201))","v":0},{"$f":"(IF(ISNA(VLOOKUP(AK201,ltSchlepper,Maschinen!$AB$6,FALSE))=TRUE,0,VLOOKUP(AK201,ltSchlepper,Maschinen!$AB$6,FALSE)*AM201))","v":0},{"$f":"(IF(ISNA(VLOOKUP(AK201,ltSchlepper,Maschinen!$AC$6,FALSE))=TRUE,0,VLOOKUP(AK201,ltSchlepper,Maschinen!$AC$6,FALSE)*AM201))","v":0},0,{"$f":"(IF(ISNA(VLOOKUP(AQ201,ltSchlepper,Maschinen!$AA$6,FALSE))=TRUE,0,VLOOKUP(AQ201,ltSchlepper,Maschinen!$AA$6,FALSE)*AS201))","v":0},{"$f":"(IF(ISNA(VLOOKUP(AQ201,ltSchlepper,Maschinen!$AB$6,FALSE))=TRUE,0,VLOOKUP(AQ201,ltSchlepper,Maschinen!$AB$6,FALSE)*AS201))","v":0},{"$f":"(IF(ISNA(VLOOKUP(AQ201,ltSchlepper,Maschinen!$AC$6,FALSE))=TRUE,0,VLOOKUP(AQ201,ltSchlepper,Maschinen!$AC$6,FALSE)*AS201))","v":0},0]
[null,null,null,null,null,null,null,null,0,0,0,0.1,0,0,null,null,0,0,0,0,0,0,0,null,null,"",null,"",null,0,null,"",null,"",null,0,null,"",null,"",null,0,null,"",null,"",null,0,0,0,0,0,0,0,0,0,0,0,0,0,{"$f":"(IF(ISNA(VLOOKUP(Y202,ltSchlepper,Maschinen!$K$6,FALSE))=TRUE,0,VLOOKUP(Y202,ltSchlepper,Maschinen!$K$6,FALSE)*AA202))","v":0},{"$f":"(IF(ISNA(VLOOKUP(Y202,ltSchlepper,Maschinen!$L$6,FALSE))=TRUE,0,VLOOKUP(Y202,ltSchlepper,Maschinen!$L$6,FALSE)*AA202))","v":0},{"$f":"(IF(ISNA(VLOOKUP(Y202,ltSchlepper,Maschinen!$M$6,FALSE))=TRUE,0,VLOOKUP(Y202,ltSchlepper,Maschinen!$M$6,FALSE)*AA202))","v":0},{"$f":"(IF(ISNA(VLOOKUP(Y202,ltSchlepper,Maschinen!$N$6,FALSE))=TRUE,0,VLOOKUP(Y202,ltSchlepper,Maschinen!$N$6,FALSE)*AA202*IF(ISBLANK(AC202),1,AC202)))","v":0},{"$f":"(IF(ISNA(VLOOKUP(Y202,ltSchlepper,Maschinen!$O$6,FALSE))=TRUE,0,VLOOKUP(Y202,ltSchlepper,Maschinen!$O$6,FALSE)*AA202*IF(ISBLANK(AC202),1,AC202)))","v":0},{"$f":"(IF(ISNA(VLOOKUP(Y202,ltSchlepper,Maschinen!$P$6,FALSE))=TRUE,0,VLOOKUP(Y202,ltSchlepper,Maschinen!$P$6,FALSE)*AA202*IF(ISBLANK(AC202),1,AC202)))","v":0},0,{"$f":"(IF(ISNA(VLOOKUP(AE202,ltSchlepper,Maschinen!$K$6,FALSE))=TRUE,0,VLOOKUP(AE202,ltSchlepper,Maschinen!$K$6,FALSE)*AG202))","v":0},{"$f":"(IF(ISNA(VLOOKUP(AE202,ltSchlepper,Maschinen!$L$6,FALSE))=TRUE,0,VLOOKUP(AE202,ltSchlepper,Maschinen!$L$6,FALSE)*AG202))","v":0},{"$f":"(IF(ISNA(VLOOKUP(AE202,ltSchlepper,Maschinen!$M$6,FALSE))=TRUE,0,VLOOKUP(AE202,ltSchlepper,Maschinen!$M$6,FALSE)*AG202))","v":0},{"$f":"(IF(ISNA(VLOOKUP(AE202,ltSchlepper,Maschinen!$N$6,FALSE))=TRUE,0,VLOOKUP(AE202,ltSchlepper,Maschinen!$N$6,FALSE)*AG202*IF(ISBLANK(AI202),1,AI202)))","v":0},{"$f":"(IF(ISNA(VLOOKUP(AE202,ltSchlepper,Maschinen!$O$6,FALSE))=TRUE,0,VLOOKUP(AE202,ltSchlepper,Maschinen!$O$6,FALSE)*AG202*IF(ISBLANK(AI202),1,AI202)))","v":0},{"$f":"(IF(ISNA(VLOOKUP(AE202,ltSchlepper,Maschinen!$P$6,FALSE))=TRUE,0,VLOOKUP(AE202,ltSchlepper,Maschinen!$P$6,FALSE)*AG202*IF(ISBLANK(AI202),1,AI202)))","v":0},0,{"$f":"(IF(ISNA(VLOOKUP(AK202,ltSchlepper,Maschinen!$K$6,FALSE))=TRUE,0,VLOOKUP(AK202,ltSchlepper,Maschinen!$K$6,FALSE)*AM202))","v":0},{"$f":"(IF(ISNA(VLOOKUP(AK202,ltSchlepper,Maschinen!$L$6,FALSE))=TRUE,0,VLOOKUP(AK202,ltSchlepper,Maschinen!$L$6,FALSE)*AM202))","v":0},{"$f":"(IF(ISNA(VLOOKUP(AK202,ltSchlepper,Maschinen!$M$6,FALSE))=TRUE,0,VLOOKUP(AK202,ltSchlepper,Maschinen!$M$6,FALSE)*AM202))","v":0},{"$f":"(IF(ISNA(VLOOKUP(AK202,ltSchlepper,Maschinen!$N$6,FALSE))=TRUE,0,VLOOKUP(AK202,ltSchlepper,Maschinen!$N$6,FALSE)*AM202*IF(ISBLANK(AO202),1,AO202)))","v":0},{"$f":"(IF(ISNA(VLOOKUP(AK202,ltSchlepper,Maschinen!$O$6,FALSE))=TRUE,0,VLOOKUP(AK202,ltSchlepper,Maschinen!$O$6,FALSE)*AM202*IF(ISBLANK(AO202),1,AO202)))","v":0},{"$f":"(IF(ISNA(VLOOKUP(AK202,ltSchlepper,Maschinen!$P$6,FALSE))=TRUE,0,VLOOKUP(AK202,ltSchlepper,Maschinen!$P$6,FALSE)*AM202*IF(ISBLANK(AO202),1,AO202)))","v":0},0,{"$f":"(IF(ISNA(VLOOKUP(AQ202,ltSchlepper,Maschinen!$K$6,FALSE))=TRUE,0,VLOOKUP(AQ202,ltSchlepper,Maschinen!$K$6,FALSE)*AS202))","v":0},{"$f":"(IF(ISNA(VLOOKUP(AQ202,ltSchlepper,Maschinen!$L$6,FALSE))=TRUE,0,VLOOKUP(AQ202,ltSchlepper,Maschinen!$L$6,FALSE)*AS202))","v":0},{"$f":"(IF(ISNA(VLOOKUP(AQ202,ltSchlepper,Maschinen!$M$6,FALSE))=TRUE,0,VLOOKUP(AQ202,ltSchlepper,Maschinen!$M$6,FALSE)*AS202))","v":0},{"$f":"(IF(ISNA(VLOOKUP(AQ202,ltSchlepper,Maschinen!$N$6,FALSE))=TRUE,0,VLOOKUP(AQ202,ltSchlepper,Maschinen!$N$6,FALSE)*AS202*IF(ISBLANK(AU202),1,AU202)))","v":0},{"$f":"(IF(ISNA(VLOOKUP(AQ202,ltSchlepper,Maschinen!$O$6,FALSE))=TRUE,0,VLOOKUP(AQ202,ltSchlepper,Maschinen!$O$6,FALSE)*AS202*IF(ISBLANK(AU202),1,AU202)))","v":0},{"$f":"(IF(ISNA(VLOOKUP(AQ202,ltSchlepper,Maschinen!$P$6,FALSE))=TRUE,0,VLOOKUP(AQ202,ltSchlepper,Maschinen!$P$6,FALSE)*AS202*IF(ISBLANK(AU202),1,AU202)))","v":0},0,{"$f":"(IF(ISNA(VLOOKUP(Y202,ltSchlepper,Maschinen!$AA$6,FALSE))=TRUE,0,VLOOKUP(Y202,ltSchlepper,Maschinen!$AA$6,FALSE)*AA202))","v":0},{"$f":"(IF(ISNA(VLOOKUP(Y202,ltSchlepper,Maschinen!$AB$6,FALSE))=TRUE,0,VLOOKUP(Y202,ltSchlepper,Maschinen!$AB$6,FALSE)*AA202))","v":0},{"$f":"(IF(ISNA(VLOOKUP(Y202,ltSchlepper,Maschinen!$AC$6,FALSE))=TRUE,0,VLOOKUP(Y202,ltSchlepper,Maschinen!$AC$6,FALSE)*AA202))","v":0},0,{"$f":"(IF(ISNA(VLOOKUP(AE202,ltSchlepper,Maschinen!$AA$6,FALSE))=TRUE,0,VLOOKUP(AE202,ltSchlepper,Maschinen!$AA$6,FALSE)*AG202))","v":0},{"$f":"(IF(ISNA(VLOOKUP(AE202,ltSchlepper,Maschinen!$AB$6,FALSE))=TRUE,0,VLOOKUP(AE202,ltSchlepper,Maschinen!$AB$6,FALSE)*AG202))","v":0},{"$f":"(IF(ISNA(VLOOKUP(AE202,ltSchlepper,Maschinen!$AC$6,FALSE))=TRUE,0,VLOOKUP(AE202,ltSchlepper,Maschinen!$AC$6,FALSE)*AG202))","v":0},0,{"$f":"(IF(ISNA(VLOOKUP(AK202,ltSchlepper,Maschinen!$AA$6,FALSE))=TRUE,0,VLOOKUP(AK202,ltSchlepper,Maschinen!$AA$6,FALSE)*AM202))","v":0},{"$f":"(IF(ISNA(VLOOKUP(AK202,ltSchlepper,Maschinen!$AB$6,FALSE))=TRUE,0,VLOOKUP(AK202,ltSchlepper,Maschinen!$AB$6,FALSE)*AM202))","v":0},{"$f":"(IF(ISNA(VLOOKUP(AK202,ltSchlepper,Maschinen!$AC$6,FALSE))=TRUE,0,VLOOKUP(AK202,ltSchlepper,Maschinen!$AC$6,FALSE)*AM202))","v":0},0,{"$f":"(IF(ISNA(VLOOKUP(AQ202,ltSchlepper,Maschinen!$AA$6,FALSE))=TRUE,0,VLOOKUP(AQ202,ltSchlepper,Maschinen!$AA$6,FALSE)*AS202))","v":0},{"$f":"(IF(ISNA(VLOOKUP(AQ202,ltSchlepper,Maschinen!$AB$6,FALSE))=TRUE,0,VLOOKUP(AQ202,ltSchlepper,Maschinen!$AB$6,FALSE)*AS202))","v":0},{"$f":"(IF(ISNA(VLOOKUP(AQ202,ltSchlepper,Maschinen!$AC$6,FALSE))=TRUE,0,VLOOKUP(AQ202,ltSchlepper,Maschinen!$AC$6,FALSE)*AS202))","v":0},0]
[null,29251,"Arbeitskosten pauschal","€",null,null,null,1,0,1,-1,0.1,0.1,3.0000000000000001E-3,null,null,0,0,1.0029999999999999,-1.0029999999999999,0,1.0029999999999999,-1.0029999999999999,null,null,"",null,"",null,0,null,{"$f":"IF(ISNA(VLOOKUP(AE203,ltSchlepper,2,FALSE))=TRUE,\"\",VLOOKUP(AE203,ltSchlepper,2,FALSE))","v":""},null,"",null,0,null,{"$f":"IF(ISNA(VLOOKUP(AK203,ltSchlepper,2,FALSE))=TRUE,\"\",VLOOKUP(AK203,ltSchlepper,2,FALSE))","v":""},null,"",null,0,null,{"$f":"IF(ISNA(VLOOKUP(AQ203,ltSchlepper,2,FALSE))=TRUE,\"\",VLOOKUP(AQ203,ltSchlepper,2,FALSE))","v":""},null,"",null,0,0,0,0,0,0,0,0,0,0,0,0,0,{"$f":"(IF(ISNA(VLOOKUP(Y203,ltSchlepper,Maschinen!$K$6,FALSE))=TRUE,0,VLOOKUP(Y203,ltSchlepper,Maschinen!$K$6,FALSE)*AA203))","v":0},{"$f":"(IF(ISNA(VLOOKUP(Y203,ltSchlepper,Maschinen!$L$6,FALSE))=TRUE,0,VLOOKUP(Y203,ltSchlepper,Maschinen!$L$6,FALSE)*AA203))","v":0},{"$f":"(IF(ISNA(VLOOKUP(Y203,ltSchlepper,Maschinen!$M$6,FALSE))=TRUE,0,VLOOKUP(Y203,ltSchlepper,Maschinen!$M$6,FALSE)*AA203))","v":0},{"$f":"(IF(ISNA(VLOOKUP(Y203,ltSchlepper,Maschinen!$N$6,FALSE))=TRUE,0,VLOOKUP(Y203,ltSchlepper,Maschinen!$N$6,FALSE)*AA203*IF(ISBLANK(AC203),1,AC203)))","v":0},{"$f":"(IF(ISNA(VLOOKUP(Y203,ltSchlepper,Maschinen!$O$6,FALSE))=TRUE,0,VLOOKUP(Y203,ltSchlepper,Maschinen!$O$6,FALSE)*AA203*IF(ISBLANK(AC203),1,AC203)))","v":0},{"$f":"(IF(ISNA(VLOOKUP(Y203,ltSchlepper,Maschinen!$P$6,FALSE))=TRUE,0,VLOOKUP(Y203,ltSchlepper,Maschinen!$P$6,FALSE)*AA203*IF(ISBLANK(AC203),1,AC203)))","v":0},{"$f":"SUM(BI203:BK203,BM203:BN203)","v":0},{"$f":"(IF(ISNA(VLOOKUP(AE203,ltSchlepper,Maschinen!$K$6,FALSE))=TRUE,0,VLOOKUP(AE203,ltSchlepper,Maschinen!$K$6,FALSE)*AG203))","v":0},{"$f":"(IF(ISNA(VLOOKUP(AE203,ltSchlepper,Maschinen!$L$6,FALSE))=TRUE,0,VLOOKUP(AE203,ltSchlepper,Maschinen!$L$6,FALSE)*AG203))","v":0},{"$f":"(IF(ISNA(VLOOKUP(AE203,ltSchlepper,Maschinen!$M$6,FALSE))=TRUE,0,VLOOKUP(AE203,ltSchlepper,Maschinen!$M$6,FALSE)*AG203))","v":0},{"$f":"(IF(ISNA(VLOOKUP(AE203,ltSchlepper,Maschinen!$N$6,FALSE))=TRUE,0,VLOOKUP(AE203,ltSchlepper,Maschinen!$N$6,FALSE)*AG203*IF(ISBLANK(AI203),1,AI203)))","v":0},{"$f":"(IF(ISNA(VLOOKUP(AE203,ltSchlepper,Maschinen!$O$6,FALSE))=TRUE,0,VLOOKUP(AE203,ltSchlepper,Maschinen!$O$6,FALSE)*AG203*IF(ISBLANK(AI203),1,AI203)))","v":0},{"$f":"(IF(ISNA(VLOOKUP(AE203,ltSchlepper,Maschinen!$P$6,FALSE))=TRUE,0,VLOOKUP(AE203,ltSchlepper,Maschinen!$P$6,FALSE)*AG203*IF(ISBLANK(AI203),1,AI203)))","v":0},{"$f":"SUM(BP203:BR203,BT203:BU203)","v":0},{"$f":"(IF(ISNA(VLOOKUP(AK203,ltSchlepper,Maschinen!$K$6,FALSE))=TRUE,0,VLOOKUP(AK203,ltSchlepper,Maschinen!$K$6,FALSE)*AM203))","v":0},{"$f":"(IF(ISNA(VLOOKUP(AK203,ltSchlepper,Maschinen!$L$6,FALSE))=TRUE,0,VLOOKUP(AK203,ltSchlepper,Maschinen!$L$6,FALSE)*AM203))","v":0},{"$f":"(IF(ISNA(VLOOKUP(AK203,ltSchlepper,Maschinen!$M$6,FALSE))=TRUE,0,VLOOKUP(AK203,ltSchlepper,Maschinen!$M$6,FALSE)*AM203))","v":0},{"$f":"(IF(ISNA(VLOOKUP(AK203,ltSchlepper,Maschinen!$N$6,FALSE))=TRUE,0,VLOOKUP(AK203,ltSchlepper,Maschinen!$N$6,FALSE)*AM203*IF(ISBLANK(AO203),1,AO203)))","v":0},{"$f":"(IF(ISNA(VLOOKUP(AK203,ltSchlepper,Maschinen!$O$6,FALSE))=TRUE,0,VLOOKUP(AK203,ltSchlepper,Maschinen!$O$6,FALSE)*AM203*IF(ISBLANK(AO203),1,AO203)))","v":0},{"$f":"(IF(ISNA(VLOOKUP(AK203,ltSchlepper,Maschinen!$P$6,FALSE))=TRUE,0,VLOOKUP(AK203,ltSchlepper,Maschinen!$P$6,FALSE)*AM203*IF(ISBLANK(AO203),1,AO203)))","v":0},{"$f":"SUM(BW203:BY203,CA203:CB203)","v":0},{"$f":"(IF(ISNA(VLOOKUP(AQ203,ltSchlepper,Maschinen!$K$6,FALSE))=TRUE,0,VLOOKUP(AQ203,ltSchlepper,Maschinen!$K$6,FALSE)*AS203))","v":0},{"$f":"(IF(ISNA(VLOOKUP(AQ203,ltSchlepper,Maschinen!$L$6,FALSE))=TRUE,0,VLOOKUP(AQ203,ltSchlepper,Maschinen!$L$6,FALSE)*AS203))","v":0},{"$f":"(IF(ISNA(VLOOKUP(AQ203,ltSchlepper,Maschinen!$M$6,FALSE))=TRUE,0,VLOOKUP(AQ203,ltSchlepper,Maschinen!$M$6,FALSE)*AS203))","v":0},{"$f":"(IF(ISNA(VLOOKUP(AQ203,ltSchlepper,Maschinen!$N$6,FALSE))=TRUE,0,VLOOKUP(AQ203,ltSchlepper,Maschinen!$N$6,FALSE)*AS203*IF(ISBLANK(AU203),1,AU203)))","v":0},{"$f":"(IF(ISNA(VLOOKUP(AQ203,ltSchlepper,Maschinen!$O$6,FALSE))=TRUE,0,VLOOKUP(AQ203,ltSchlepper,Maschinen!$O$6,FALSE)*AS203*IF(ISBLANK(AU203),1,AU203)))","v":0},{"$f":"(IF(ISNA(VLOOKUP(AQ203,ltSchlepper,Maschinen!$P$6,FALSE))=TRUE,0,VLOOKUP(AQ203,ltSchlepper,Maschinen!$P$6,FALSE)*AS203*IF(ISBLANK(AU203),1,AU203)))","v":0},{"$f":"SUM(CD203:CF203,CH203:CI203)","v":0},{"$f":"(IF(ISNA(VLOOKUP(Y203,ltSchlepper,Maschinen!$AA$6,FALSE))=TRUE,0,VLOOKUP(Y203,ltSchlepper,Maschinen!$AA$6,FALSE)*AA203))","v":0},{"$f":"(IF(ISNA(VLOOKUP(Y203,ltSchlepper,Maschinen!$AB$6,FALSE))=TRUE,0,VLOOKUP(Y203,ltSchlepper,Maschinen!$AB$6,FALSE)*AA203))","v":0},{"$f":"(IF(ISNA(VLOOKUP(Y203,ltSchlepper,Maschinen!$AC$6,FALSE))=TRUE,0,VLOOKUP(Y203,ltSchlepper,Maschinen!$AC$6,FALSE)*AA203))","v":0},0,{"$f":"(IF(ISNA(VLOOKUP(AE203,ltSchlepper,Maschinen!$AA$6,FALSE))=TRUE,0,VLOOKUP(AE203,ltSchlepper,Maschinen!$AA$6,FALSE)*AG203))","v":0},{"$f":"(IF(ISNA(VLOOKUP(AE203,ltSchlepper,Maschinen!$AB$6,FALSE))=TRUE,0,VLOOKUP(AE203,ltSchlepper,Maschinen!$AB$6,FALSE)*AG203))","v":0},{"$f":"(IF(ISNA(VLOOKUP(AE203,ltSchlepper,Maschinen!$AC$6,FALSE))=TRUE,0,VLOOKUP(AE203,ltSchlepper,Maschinen!$AC$6,FALSE)*AG203))","v":0},0,{"$f":"(IF(ISNA(VLOOKUP(AK203,ltSchlepper,Maschinen!$AA$6,FALSE))=TRUE,0,VLOOKUP(AK203,ltSchlepper,Maschinen!$AA$6,FALSE)*AM203))","v":0},{"$f":"(IF(ISNA(VLOOKUP(AK203,ltSchlepper,Maschinen!$AB$6,FALSE))=TRUE,0,VLOOKUP(AK203,ltSchlepper,Maschinen!$AB$6,FALSE)*AM203))","v":0},{"$f":"(IF(ISNA(VLOOKUP(AK203,ltSchlepper,Maschinen!$AC$6,FALSE))=TRUE,0,VLOOKUP(AK203,ltSchlepper,Maschinen!$AC$6,FALSE)*AM203))","v":0},0,{"$f":"(IF(ISNA(VLOOKUP(AQ203,ltSchlepper,Maschinen!$AA$6,FALSE))=TRUE,0,VLOOKUP(AQ203,ltSchlepper,Maschinen!$AA$6,FALSE)*AS203))","v":0},{"$f":"(IF(ISNA(VLOOKUP(AQ203,ltSchlepper,Maschinen!$AB$6,FALSE))=TRUE,0,VLOOKUP(AQ203,ltSchlepper,Maschinen!$AB$6,FALSE)*AS203))","v":0},{"$f":"(IF(ISNA(VLOOKUP(AQ203,ltSchlepper,Maschinen!$AC$6,FALSE))=TRUE,0,VLOOKUP(AQ203,ltSchlepper,Maschinen!$AC$6,FALSE)*AS203))","v":0},0]
[null,29251,null,null,null,null,null,null,0,0,0,0.1,0,0,null,null,0,0,0,0,0,0,0,null,null,"",null,"",null,0,null,{"$f":"IF(ISNA(VLOOKUP(AE204,ltSchlepper,2,FALSE))=TRUE,\"\",VLOOKUP(AE204,ltSchlepper,2,FALSE))","v":""},null,"",null,0,null,{"$f":"IF(ISNA(VLOOKUP(AK204,ltSchlepper,2,FALSE))=TRUE,\"\",VLOOKUP(AK204,ltSchlepper,2,FALSE))","v":""},null,"",null,0,null,{"$f":"IF(ISNA(VLOOKUP(AQ204,ltSchlepper,2,FALSE))=TRUE,\"\",VLOOKUP(AQ204,ltSchlepper,2,FALSE))","v":""},null,"",null,0,0,0,0,0,0,0,0,0,0,0,0,0,{"$f":"(IF(ISNA(VLOOKUP(Y204,ltSchlepper,Maschinen!$K$6,FALSE))=TRUE,0,VLOOKUP(Y204,ltSchlepper,Maschinen!$K$6,FALSE)*AA204))","v":0},{"$f":"(IF(ISNA(VLOOKUP(Y204,ltSchlepper,Maschinen!$L$6,FALSE))=TRUE,0,VLOOKUP(Y204,ltSchlepper,Maschinen!$L$6,FALSE)*AA204))","v":0},{"$f":"(IF(ISNA(VLOOKUP(Y204,ltSchlepper,Maschinen!$M$6,FALSE))=TRUE,0,VLOOKUP(Y204,ltSchlepper,Maschinen!$M$6,FALSE)*AA204))","v":0},{"$f":"(IF(ISNA(VLOOKUP(Y204,ltSchlepper,Maschinen!$N$6,FALSE))=TRUE,0,VLOOKUP(Y204,ltSchlepper,Maschinen!$N$6,FALSE)*AA204*IF(ISBLANK(AC204),1,AC204)))","v":0},{"$f":"(IF(ISNA(VLOOKUP(Y204,ltSchlepper,Maschinen!$O$6,FALSE))=TRUE,0,VLOOKUP(Y204,ltSchlepper,Maschinen!$O$6,FALSE)*AA204*IF(ISBLANK(AC204),1,AC204)))","v":0},{"$f":"(IF(ISNA(VLOOKUP(Y204,ltSchlepper,Maschinen!$P$6,FALSE))=TRUE,0,VLOOKUP(Y204,ltSchlepper,Maschinen!$P$6,FALSE)*AA204*IF(ISBLANK(AC204),1,AC204)))","v":0},{"$f":"SUM(BI204:BK204,BM204:BN204)","v":0},{"$f":"(IF(ISNA(VLOOKUP(AE204,ltSchlepper,Maschinen!$K$6,FALSE))=TRUE,0,VLOOKUP(AE204,ltSchlepper,Maschinen!$K$6,FALSE)*AG204))","v":0},{"$f":"(IF(ISNA(VLOOKUP(AE204,ltSchlepper,Maschinen!$L$6,FALSE))=TRUE,0,VLOOKUP(AE204,ltSchlepper,Maschinen!$L$6,FALSE)*AG204))","v":0},{"$f":"(IF(ISNA(VLOOKUP(AE204,ltSchlepper,Maschinen!$M$6,FALSE))=TRUE,0,VLOOKUP(AE204,ltSchlepper,Maschinen!$M$6,FALSE)*AG204))","v":0},{"$f":"(IF(ISNA(VLOOKUP(AE204,ltSchlepper,Maschinen!$N$6,FALSE))=TRUE,0,VLOOKUP(AE204,ltSchlepper,Maschinen!$N$6,FALSE)*AG204*IF(ISBLANK(AI204),1,AI204)))","v":0},{"$f":"(IF(ISNA(VLOOKUP(AE204,ltSchlepper,Maschinen!$O$6,FALSE))=TRUE,0,VLOOKUP(AE204,ltSchlepper,Maschinen!$O$6,FALSE)*AG204*IF(ISBLANK(AI204),1,AI204)))","v":0},{"$f":"(IF(ISNA(VLOOKUP(AE204,ltSchlepper,Maschinen!$P$6,FALSE))=TRUE,0,VLOOKUP(AE204,ltSchlepper,Maschinen!$P$6,FALSE)*AG204*IF(ISBLANK(AI204),1,AI204)))","v":0},{"$f":"SUM(BP204:BR204,BT204:BU204)","v":0},{"$f":"(IF(ISNA(VLOOKUP(AK204,ltSchlepper,Maschinen!$K$6,FALSE))=TRUE,0,VLOOKUP(AK204,ltSchlepper,Maschinen!$K$6,FALSE)*AM204))","v":0},{"$f":"(IF(ISNA(VLOOKUP(AK204,ltSchlepper,Maschinen!$L$6,FALSE))=TRUE,0,VLOOKUP(AK204,ltSchlepper,Maschinen!$L$6,FALSE)*AM204))","v":0},{"$f":"(IF(ISNA(VLOOKUP(AK204,ltSchlepper,Maschinen!$M$6,FALSE))=TRUE,0,VLOOKUP(AK204,ltSchlepper,Maschinen!$M$6,FALSE)*AM204))","v":0},{"$f":"(IF(ISNA(VLOOKUP(AK204,ltSchlepper,Maschinen!$N$6,FALSE))=TRUE,0,VLOOKUP(AK204,ltSchlepper,Maschinen!$N$6,FALSE)*AM204*IF(ISBLANK(AO204),1,AO204)))","v":0},{"$f":"(IF(ISNA(VLOOKUP(AK204,ltSchlepper,Maschinen!$O$6,FALSE))=TRUE,0,VLOOKUP(AK204,ltSchlepper,Maschinen!$O$6,FALSE)*AM204*IF(ISBLANK(AO204),1,AO204)))","v":0},{"$f":"(IF(ISNA(VLOOKUP(AK204,ltSchlepper,Maschinen!$P$6,FALSE))=TRUE,0,VLOOKUP(AK204,ltSchlepper,Maschinen!$P$6,FALSE)*AM204*IF(ISBLANK(AO204),1,AO204)))","v":0},{"$f":"SUM(BW204:BY204,CA204:CB204)","v":0},{"$f":"(IF(ISNA(VLOOKUP(AQ204,ltSchlepper,Maschinen!$K$6,FALSE))=TRUE,0,VLOOKUP(AQ204,ltSchlepper,Maschinen!$K$6,FALSE)*AS204))","v":0},{"$f":"(IF(ISNA(VLOOKUP(AQ204,ltSchlepper,Maschinen!$L$6,FALSE))=TRUE,0,VLOOKUP(AQ204,ltSchlepper,Maschinen!$L$6,FALSE)*AS204))","v":0},{"$f":"(IF(ISNA(VLOOKUP(AQ204,ltSchlepper,Maschinen!$M$6,FALSE))=TRUE,0,VLOOKUP(AQ204,ltSchlepper,Maschinen!$M$6,FALSE)*AS204))","v":0},{"$f":"(IF(ISNA(VLOOKUP(AQ204,ltSchlepper,Maschinen!$N$6,FALSE))=TRUE,0,VLOOKUP(AQ204,ltSchlepper,Maschinen!$N$6,FALSE)*AS204*IF(ISBLANK(AU204),1,AU204)))","v":0},{"$f":"(IF(ISNA(VLOOKUP(AQ204,ltSchlepper,Maschinen!$O$6,FALSE))=TRUE,0,VLOOKUP(AQ204,ltSchlepper,Maschinen!$O$6,FALSE)*AS204*IF(ISBLANK(AU204),1,AU204)))","v":0},{"$f":"(IF(ISNA(VLOOKUP(AQ204,ltSchlepper,Maschinen!$P$6,FALSE))=TRUE,0,VLOOKUP(AQ204,ltSchlepper,Maschinen!$P$6,FALSE)*AS204*IF(ISBLANK(AU204),1,AU204)))","v":0},{"$f":"SUM(CD204:CF204,CH204:CI204)","v":0},{"$f":"(IF(ISNA(VLOOKUP(Y204,ltSchlepper,Maschinen!$AA$6,FALSE))=TRUE,0,VLOOKUP(Y204,ltSchlepper,Maschinen!$AA$6,FALSE)*AA204))","v":0},{"$f":"(IF(ISNA(VLOOKUP(Y204,ltSchlepper,Maschinen!$AB$6,FALSE))=TRUE,0,VLOOKUP(Y204,ltSchlepper,Maschinen!$AB$6,FALSE)*AA204))","v":0},{"$f":"(IF(ISNA(VLOOKUP(Y204,ltSchlepper,Maschinen!$AC$6,FALSE))=TRUE,0,VLOOKUP(Y204,ltSchlepper,Maschinen!$AC$6,FALSE)*AA204))","v":0},0,{"$f":"(IF(ISNA(VLOOKUP(AE204,ltSchlepper,Maschinen!$AA$6,FALSE))=TRUE,0,VLOOKUP(AE204,ltSchlepper,Maschinen!$AA$6,FALSE)*AG204))","v":0},{"$f":"(IF(ISNA(VLOOKUP(AE204,ltSchlepper,Maschinen!$AB$6,FALSE))=TRUE,0,VLOOKUP(AE204,ltSchlepper,Maschinen!$AB$6,FALSE)*AG204))","v":0},{"$f":"(IF(ISNA(VLOOKUP(AE204,ltSchlepper,Maschinen!$AC$6,FALSE))=TRUE,0,VLOOKUP(AE204,ltSchlepper,Maschinen!$AC$6,FALSE)*AG204))","v":0},0,{"$f":"(IF(ISNA(VLOOKUP(AK204,ltSchlepper,Maschinen!$AA$6,FALSE))=TRUE,0,VLOOKUP(AK204,ltSchlepper,Maschinen!$AA$6,FALSE)*AM204))","v":0},{"$f":"(IF(ISNA(VLOOKUP(AK204,ltSchlepper,Maschinen!$AB$6,FALSE))=TRUE,0,VLOOKUP(AK204,ltSchlepper,Maschinen!$AB$6,FALSE)*AM204))","v":0},{"$f":"(IF(ISNA(VLOOKUP(AK204,ltSchlepper,Maschinen!$AC$6,FALSE))=TRUE,0,VLOOKUP(AK204,ltSchlepper,Maschinen!$AC$6,FALSE)*AM204))","v":0},0,{"$f":"(IF(ISNA(VLOOKUP(AQ204,ltSchlepper,Maschinen!$AA$6,FALSE))=TRUE,0,VLOOKUP(AQ204,ltSchlepper,Maschinen!$AA$6,FALSE)*AS204))","v":0},{"$f":"(IF(ISNA(VLOOKUP(AQ204,ltSchlepper,Maschinen!$AB$6,FALSE))=TRUE,0,VLOOKUP(AQ204,ltSchlepper,Maschinen!$AB$6,FALSE)*AS204))","v":0},{"$f":"(IF(ISNA(VLOOKUP(AQ204,ltSchlepper,Maschinen!$AC$6,FALSE))=TRUE,0,VLOOKUP(AQ204,ltSchlepper,Maschinen!$AC$6,FALSE)*AS204))","v":0},0]
[null,null,"",null,null,null,null,null,0,0,0,0.1,0,{"$f":"M205*Interest","v":0},null,null,0,{"$f":"Q205*Lohnanspruch","v":0},{"$f":"J205+N205+R205","v":0},0,0,{"$f":"H205+I205+N205+R205+U205","v":0},0,null,null,"",null,"",null,0,null,"",null,"",null,0,null,"",null,"",null,0,null,"",null,"",null,0,0,0,0,0,0,0,{"$f":"SUM(AX205:AZ205,BA205:BB205)","v":0},0,0,0,0,{"$f":"BG205+BC205","v":0},{"$f":"(IF(ISNA(VLOOKUP(Y205,ltSchlepper,Maschinen!$K$6,FALSE))=TRUE,0,VLOOKUP(Y205,ltSchlepper,Maschinen!$K$6,FALSE)*AA205))","v":0},{"$f":"(IF(ISNA(VLOOKUP(Y205,ltSchlepper,Maschinen!$L$6,FALSE))=TRUE,0,VLOOKUP(Y205,ltSchlepper,Maschinen!$L$6,FALSE)*AA205))","v":0},{"$f":"(IF(ISNA(VLOOKUP(Y205,ltSchlepper,Maschinen!$M$6,FALSE))=TRUE,0,VLOOKUP(Y205,ltSchlepper,Maschinen!$M$6,FALSE)*AA205))","v":0},{"$f":"(IF(ISNA(VLOOKUP(Y205,ltSchlepper,Maschinen!$N$6,FALSE))=TRUE,0,VLOOKUP(Y205,ltSchlepper,Maschinen!$N$6,FALSE)*AA205*IF(ISBLANK(AC205),1,AC205)))","v":0},{"$f":"(IF(ISNA(VLOOKUP(Y205,ltSchlepper,Maschinen!$O$6,FALSE))=TRUE,0,VLOOKUP(Y205,ltSchlepper,Maschinen!$O$6,FALSE)*AA205*IF(ISBLANK(AC205),1,AC205)))","v":0},{"$f":"(IF(ISNA(VLOOKUP(Y205,ltSchlepper,Maschinen!$P$6,FALSE))=TRUE,0,VLOOKUP(Y205,ltSchlepper,Maschinen!$P$6,FALSE)*AA205*IF(ISBLANK(AC205),1,AC205)))","v":0},0,{"$f":"(IF(ISNA(VLOOKUP(AE205,ltSchlepper,Maschinen!$K$6,FALSE))=TRUE,0,VLOOKUP(AE205,ltSchlepper,Maschinen!$K$6,FALSE)*AG205))","v":0},{"$f":"(IF(ISNA(VLOOKUP(AE205,ltSchlepper,Maschinen!$L$6,FALSE))=TRUE,0,VLOOKUP(AE205,ltSchlepper,Maschinen!$L$6,FALSE)*AG205))","v":0},{"$f":"(IF(ISNA(VLOOKUP(AE205,ltSchlepper,Maschinen!$M$6,FALSE))=TRUE,0,VLOOKUP(AE205,ltSchlepper,Maschinen!$M$6,FALSE)*AG205))","v":0},{"$f":"(IF(ISNA(VLOOKUP(AE205,ltSchlepper,Maschinen!$N$6,FALSE))=TRUE,0,VLOOKUP(AE205,ltSchlepper,Maschinen!$N$6,FALSE)*AG205*IF(ISBLANK(AI205),1,AI205)))","v":0},{"$f":"(IF(ISNA(VLOOKUP(AE205,ltSchlepper,Maschinen!$O$6,FALSE))=TRUE,0,VLOOKUP(AE205,ltSchlepper,Maschinen!$O$6,FALSE)*AG205*IF(ISBLANK(AI205),1,AI205)))","v":0},{"$f":"(IF(ISNA(VLOOKUP(AE205,ltSchlepper,Maschinen!$P$6,FALSE))=TRUE,0,VLOOKUP(AE205,ltSchlepper,Maschinen!$P$6,FALSE)*AG205*IF(ISBLANK(AI205),1,AI205)))","v":0},0,{"$f":"(IF(ISNA(VLOOKUP(AK205,ltSchlepper,Maschinen!$K$6,FALSE))=TRUE,0,VLOOKUP(AK205,ltSchlepper,Maschinen!$K$6,FALSE)*AM205))","v":0},{"$f":"(IF(ISNA(VLOOKUP(AK205,ltSchlepper,Maschinen!$L$6,FALSE))=TRUE,0,VLOOKUP(AK205,ltSchlepper,Maschinen!$L$6,FALSE)*AM205))","v":0},{"$f":"(IF(ISNA(VLOOKUP(AK205,ltSchlepper,Maschinen!$M$6,FALSE))=TRUE,0,VLOOKUP(AK205,ltSchlepper,Maschinen!$M$6,FALSE)*AM205))","v":0},{"$f":"(IF(ISNA(VLOOKUP(AK205,ltSchlepper,Maschinen!$N$6,FALSE))=TRUE,0,VLOOKUP(AK205,ltSchlepper,Maschinen!$N$6,FALSE)*AM205*IF(ISBLANK(AO205),1,AO205)))","v":0},{"$f":"(IF(ISNA(VLOOKUP(AK205,ltSchlepper,Maschinen!$O$6,FALSE))=TRUE,0,VLOOKUP(AK205,ltSchlepper,Maschinen!$O$6,FALSE)*AM205*IF(ISBLANK(AO205),1,AO205)))","v":0},{"$f":"(IF(ISNA(VLOOKUP(AK205,ltSchlepper,Maschinen!$P$6,FALSE))=TRUE,0,VLOOKUP(AK205,ltSchlepper,Maschinen!$P$6,FALSE)*AM205*IF(ISBLANK(AO205),1,AO205)))","v":0},0,{"$f":"(IF(ISNA(VLOOKUP(AQ205,ltSchlepper,Maschinen!$K$6,FALSE))=TRUE,0,VLOOKUP(AQ205,ltSchlepper,Maschinen!$K$6,FALSE)*AS205))","v":0},{"$f":"(IF(ISNA(VLOOKUP(AQ205,ltSchlepper,Maschinen!$L$6,FALSE))=TRUE,0,VLOOKUP(AQ205,ltSchlepper,Maschinen!$L$6,FALSE)*AS205))","v":0},{"$f":"(IF(ISNA(VLOOKUP(AQ205,ltSchlepper,Maschinen!$M$6,FALSE))=TRUE,0,VLOOKUP(AQ205,ltSchlepper,Maschinen!$M$6,FALSE)*AS205))","v":0},{"$f":"(IF(ISNA(VLOOKUP(AQ205,ltSchlepper,Maschinen!$N$6,FALSE))=TRUE,0,VLOOKUP(AQ205,ltSchlepper,Maschinen!$N$6,FALSE)*AS205*IF(ISBLANK(AU205),1,AU205)))","v":0},{"$f":"(IF(ISNA(VLOOKUP(AQ205,ltSchlepper,Maschinen!$O$6,FALSE))=TRUE,0,VLOOKUP(AQ205,ltSchlepper,Maschinen!$O$6,FALSE)*AS205*IF(ISBLANK(AU205),1,AU205)))","v":0},{"$f":"(IF(ISNA(VLOOKUP(AQ205,ltSchlepper,Maschinen!$P$6,FALSE))=TRUE,0,VLOOKUP(AQ205,ltSchlepper,Maschinen!$P$6,FALSE)*AS205*IF(ISBLANK(AU205),1,AU205)))","v":0},0,{"$f":"(IF(ISNA(VLOOKUP(Y205,ltSchlepper,Maschinen!$AA$6,FALSE))=TRUE,0,VLOOKUP(Y205,ltSchlepper,Maschinen!$AA$6,FALSE)*AA205))","v":0},{"$f":"(IF(ISNA(VLOOKUP(Y205,ltSchlepper,Maschinen!$AB$6,FALSE))=TRUE,0,VLOOKUP(Y205,ltSchlepper,Maschinen!$AB$6,FALSE)*AA205))","v":0},{"$f":"(IF(ISNA(VLOOKUP(Y205,ltSchlepper,Maschinen!$AC$6,FALSE))=TRUE,0,VLOOKUP(Y205,ltSchlepper,Maschinen!$AC$6,FALSE)*AA205))","v":0},0,{"$f":"(IF(ISNA(VLOOKUP(AE205,ltSchlepper,Maschinen!$AA$6,FALSE))=TRUE,0,VLOOKUP(AE205,ltSchlepper,Maschinen!$AA$6,FALSE)*AG205))","v":0},{"$f":"(IF(ISNA(VLOOKUP(AE205,ltSchlepper,Maschinen!$AB$6,FALSE))=TRUE,0,VLOOKUP(AE205,ltSchlepper,Maschinen!$AB$6,FALSE)*AG205))","v":0},{"$f":"(IF(ISNA(VLOOKUP(AE205,ltSchlepper,Maschinen!$AC$6,FALSE))=TRUE,0,VLOOKUP(AE205,ltSchlepper,Maschinen!$AC$6,FALSE)*AG205))","v":0},0,{"$f":"(IF(ISNA(VLOOKUP(AK205,ltSchlepper,Maschinen!$AA$6,FALSE))=TRUE,0,VLOOKUP(AK205,ltSchlepper,Maschinen!$AA$6,FALSE)*AM205))","v":0},{"$f":"(IF(ISNA(VLOOKUP(AK205,ltSchlepper,Maschinen!$AB$6,FALSE))=TRUE,0,VLOOKUP(AK205,ltSchlepper,Maschinen!$AB$6,FALSE)*AM205))","v":0},{"$f":"(IF(ISNA(VLOOKUP(AK205,ltSchlepper,Maschinen!$AC$6,FALSE))=TRUE,0,VLOOKUP(AK205,ltSchlepper,Maschinen!$AC$6,FALSE)*AM205))","v":0},0,{"$f":"(IF(ISNA(VLOOKUP(AQ205,ltSchlepper,Maschinen!$AA$6,FALSE))=TRUE,0,VLOOKUP(AQ205,ltSchlepper,Maschinen!$AA$6,FALSE)*AS205))","v":0},{"$f":"(IF(ISNA(VLOOKUP(AQ205,ltSchlepper,Maschinen!$AB$6,FALSE))=TRUE,0,VLOOKUP(AQ205,ltSchlepper,Maschinen!$AB$6,FALSE)*AS205))","v":0},{"$f":"(IF(ISNA(VLOOKUP(AQ205,ltSchlepper,Maschinen!$AC$6,FALSE))=TRUE,0,VLOOKUP(AQ205,ltSchlepper,Maschinen!$AC$6,FALSE)*AS205))","v":0},0]
[null,"Code-Nummern >29250 sind für Arbeitskosten reserviert !!"]

{"sheet":"Planung","index":4,"n_rows":415,"n_cols":76,"rows_kept":415,"cut":false,"hidden":false,"merged":[[139,26,139,27],[140,26,140,27],[141,14,141,15],[141,24,141,25],[142,24,142,25],[141,12,141,13],[137,14,137,15],[138,14,138,15],[139,14,139,15],[140,14,140,15],[142,12,142,13],[138,24,138,25],[139,24,139,25],[140,24,140,25],[70,14,70,16],[56,14,56,16],[57,14,57,16],[58,14,58,16],[135,14,135,15],[137,12,137,13],[138,12,138,13],[139,12,139,13],[140,12,140,13],[3,2,4,3],[214,12,214,13],[61,30,61,31],[62,30,62,31],[63,30,63,31],[64,30,64,31],[65,30,65,31],[66,30,66,31],[56,19,71,19],[134,22,134,23],[63,14,63,16],[64,14,64,16],[65,14,65,16],[55,1,56,3],[59,14,59,16],[60,14,60,16],[61,14,61,16],[62,14,62,16],[134,14,134,15],[3,1,4,1],[66,14,66,16],[67,14,67,16],[68,14,68,16],[69,14,69,16],[132,22,132,23],[133,22,133,23],[132,24,132,25],[133,24,133,25],[132,26,132,27],[55,30,55,31],[56,30,56,31],[57,30,57,31],[58,30,58,31],[59,30,59,31],[60,30,60,31],[71,30,71,31],[359,2,360,3],[339,1,340,3],[268,1,269,3],[288,2,289,3],[359,1,360,1],[142,14,142,15],[210,14,210,15],[211,14,211,15],[200,12,200,13],[201,12,201,13],[288,1,289,1],[218,1,219,1],[146,1,147,1],[74,1,75,1],[127,1,128,3],[198,1,199,3],[218,2,219,3],[74,2,75,3],[146,2,147,3],[67,30,67,31],[68,30,68,31],[69,30,69,31],[70,30,70,31],[137,26,137,27],[131,26,131,27],[133,26,133,27],[135,12,135,13],[136,12,136,13],[128,12,128,13],[133,12,133,13],[71,14,71,16],[130,12,130,13],[131,12,131,13],[132,12,132,13],[129,12,129,13],[134,12,134,13],[130,14,130,15],[131,14,131,15],[132,14,132,15],[133,14,133,15],[136,14,136,15],[131,24,131,25],[131,22,131,23],[137,22,137,23],[138,22,138,23],[135,22,135,23],[136,22,136,23],[200,26,200,27],[201,26,201,27],[201,22,201,23],[134,26,134,27],[135,26,135,27],[136,26,136,27],[141,26,141,27],[136,24,136,25],[137,24,137,25],[134,24,134,25],[135,24,135,25],[199,26,199,27],[142,26,142,27],[199,22,199,23],[200,22,200,23],[140,22,140,23],[141,22,141,23],[142,22,142,23],[139,22,139,23],[138,26,138,27],[202,26,202,27],[208,22,208,23],[204,22,204,23],[205,22,205,23],[206,22,206,23],[207,22,207,23],[207,24,207,25],[208,24,208,25],[203,22,203,23],[208,26,208,27],[202,22,202,23],[202,12,202,13],[213,12,213,13],[201,14,201,15],[202,14,202,15],[203,14,203,15],[204,14,204,15],[213,14,213,15],[206,12,206,13],[209,22,209,23],[210,22,210,23],[211,22,211,23],[212,12,212,13],[212,14,212,15],[212,22,212,23],[209,12,209,13],[210,12,210,13],[211,12,211,13],[209,14,209,15],[203,12,203,13],[204,12,204,13],[205,12,205,13],[205,14,205,15],[206,14,206,15],[207,14,207,15],[208,14,208,15],[207,12,207,13],[208,12,208,13],[199,24,199,25],[200,24,200,25],[201,24,201,25],[202,24,202,25],[203,24,203,25],[204,24,204,25],[205,24,205,25],[206,24,206,25],[214,14,214,15],[209,24,209,25],[210,24,210,25],[211,24,211,25],[212,24,212,25],[213,24,213,25],[214,24,214,25],[214,26,214,27],[213,22,213,23],[214,22,214,23],[203,26,203,27],[204,26,204,27],[205,26,205,27],[206,26,206,27],[207,26,207,27],[210,26,210,27],[209,26,209,27],[269,26,269,27],[270,26,270,27],[269,22,269,23],[269,24,269,25],[270,22,270,23],[213,26,213,27],[274,22,274,23],[274,24,274,25],[274,26,274,27],[272,14,272,15],[211,26,211,27],[212,26,212,27],[271,26,271,27],[272,26,272,27],[273,22,273,23],[273,24,273,25],[273,26,273,27],[281,12,281,13],[270,24,270,25],[271,22,271,23],[271,24,271,25],[272,22,272,23],[272,24,272,25],[276,22,276,23],[276,24,276,25],[274,12,274,13],[271,14,271,15],[277,12,277,13],[278,12,278,13],[279,12,279,13],[280,12,280,13],[270,12,270,13],[271,12,271,13],[275,12,275,13],[276,12,276,13],[272,12,272,13],[273,12,273,13],[278,22,278,23],[278,26,278,27],[278,14,278,15],[280,14,280,15],[280,22,280,23],[280,24,280,25],[278,24,278,25],[273,14,273,15],[274,14,274,15],[275,24,275,25],[275,26,275,27],[276,26,276,27],[277,26,277,27],[275,14,275,15],[276,14,276,15],[277,14,277,15],[277,22,277,23],[277,24,277,25],[275,22,275,23],[281,22,281,23],[281,24,281,25],[281,26,281,27],[281,14,281,15],[280,26,280,27],[279,22,279,23],[279,24,279,25],[279,26,279,27],[279,14,279,15],[340,26,340,27],[341,12,341,13],[341,22,341,23],[341,24,341,25],[341,26,341,27],[282,22,282,23],[340,22,340,23],[340,24,340,25],[282,24,282,25],[282,26,282,27],[282,12,282,13],[283,12,283,13],[284,12,284,13],[283,14,283,15],[284,14,284,15],[282,14,282,15],[283,26,283,27],[284,22,284,23],[284,24,284,25],[284,26,284,27],[283,22,283,23],[283,24,283,25],[346,14,346,15],[346,22,346,23],[346,24,346,25],[347,26,347,27],[348,26,348,27],[349,12,349,13],[349,14,349,15],[349,22,349,23],[349,24,349,25],[349,26,349,27],[348,12,348,13],[348,14,348,15],[348,22,348,23],[342,12,342,13],[342,14,342,15],[342,22,342,23],[342,24,342,25],[342,26,342,27],[343,12,343,13],[343,14,343,15],[343,22,343,23],[343,24,343,25],[343,26,343,27],[344,26,344,27],[345,12,345,13],[345,14,345,15],[345,22,345,23],[345,24,345,25],[400,14,400,15],[350,22,350,23],[352,12,352,13],[352,14,352,15],[352,22,352,23],[344,12,344,13],[344,14,344,15],[344,22,344,23],[344,24,344,25],[347,24,347,25],[348,24,348,25],[355,22,355,23],[353,24,353,25],[345,26,345,27],[346,26,346,27],[347,12,347,13],[347,14,347,15],[347,22,347,23],[346,12,346,13],[410,12,410,13],[355,12,355,13],[355,14,355,15],[408,14,408,15],[406,14,406,15],[403,14,403,15],[412,14,412,15],[413,14,413,15],[411,14,411,15],[410,14,410,15],[407,12,407,13],[409,14,409,15],[411,12,411,13],[412,12,412,13],[413,12,413,13],[408,12,408,13],[401,14,401,15],[402,14,402,15],[409,12,409,13],[353,12,353,13],[353,14,353,15],[353,22,353,23],[402,12,402,13],[403,12,403,13],[404,12,404,13],[404,14,404,15],[405,14,405,15],[403,22,403,23],[405,12,405,13],[406,12,406,13],[407,14,407,15],[353,26,353,27],[354,12,354,13],[354,14,354,15],[354,22,354,23],[354,24,354,25],[354,26,354,27],[352,26,352,27],[350,12,350,13],[350,14,350,15],[350,24,350,25],[350,26,350,27],[351,12,351,13],[351,14,351,15],[351,22,351,23],[351,24,351,25],[351,26,351,27],[352,24,352,25],[355,24,355,25],[355,26,355,27],[399,12,399,13],[406,22,406,23],[406,24,406,25],[406,26,406,27],[400,12,400,13],[401,12,401,13],[400,22,400,23],[400,24,400,25],[403,24,403,25],[403,26,403,27],[404,22,404,23],[404,24,404,25],[404,26,404,27],[397,1,398,3],[398,22,398,23],[398,24,398,25],[398,26,398,27],[402,22,402,23],[402,24,402,25],[402,26,402,27],[400,26,400,27],[401,22,401,23],[401,24,401,25],[401,26,401,27],[399,22,399,23],[399,24,399,25],[399,26,399,27],[413,22,413,23],[413,24,413,25],[413,26,413,27],[411,22,411,23],[411,24,411,25],[411,26,411,27],[408,26,408,27],[409,22,409,23],[409,24,409,25],[410,22,410,23],[410,24,410,25],[410,26,410,27],[405,22,405,23],[405,24,405,25],[405,26,405,27],[409,26,409,27],[412,22,412,23],[412,24,412,25],[412,26,412,27],[408,22,408,23],[408,24,408,25],[407,22,407,23],[407,24,407,25],[407,26,407,27]]}
[null,"Spaltenindex",{"$f":"MKEinh","v":3},{"$f":"MKAGang","v":2},"Einsatzumfang nach Halbmonaten (in den Einheiten des jeweiligen Arbeitsverfahrens)",null,null,null,null,null,null,null,null,null,null,null,null,null,null,null,null,null,null,null,null,null,null,null,{"$f":"Arbeitsverfahren!$K$5","v":10},{"$f":"Arbeitsverfahren!$K$5","v":10},{"$f":"Arbeitsverfahren!M5","v":12},{"$f":"Arbeitsverfahren!Q5","v":16},null,{"$f":"Arbeitsverfahren!F5","v":5},{"$f":"Arbeitsverfahren!G5","v":6},{"$f":"Arbeitsverfahren!H5","v":7},{"$f":"Arbeitsverfahren!AX5","v":49},{"$f":"Arbeitsverfahren!AY5","v":50},{"$f":"Arbeitsverfahren!AZ5","v":51},{"$f":"Arbeitsverfahren!BA5","v":52},{"$f":"Arbeitsverfahren!BB5","v":53},{"$f":"Arbeitsverfahren!I5","v":8},{"$f":"Arbeitsverfahren!K5","v":10},{"$f":"Arbeitsverfahren!Q5","v":16},{"$f":"Arbeitsverfahren!Y5","v":24},{"$f":"AS1+1","v":25},{"$f":"AS1+3","v":27},{"$f":"AS1+2","v":26},{"$f":"AV1","v":26},{"$f":"AS1+4","v":28},{"$f":"AS1+5","v":29},{"$f":"AY1","v":29},{"$f":"Arbeitsverfahren!AE5","v":30},{"$f":"BA1+1","v":31},{"$f":"BA1+3","v":33},{"$f":"BA1+2","v":32},{"$f":"BD1","v":32},{"$f":"BA1+4","v":34},{"$f":"BA1+5","v":35},{"$f":"BG1","v":35},{"$f":"Arbeitsverfahren!AK5","v":36},{"$f":"BI1+1","v":37},{"$f":"BI1+3","v":39},{"$f":"BI1+2","v":38},{"$f":"BL1","v":38},{"$f":"BI1+4","v":40},{"$f":"BI1+5","v":41},{"$f":"BO1","v":41},{"$f":"Arbeitsverfahren!AQ5","v":42},{"$f":"BQ1+1","v":43},{"$f":"BQ1+3","v":45},{"$f":"BQ1+2","v":44},{"$f":"BT1","v":44},{"$f":"BQ1+4","v":46},{"$f":"BQ1+5","v":47},{"$f":"BW1","v":47}]
[null,"Verfahren Umfang","VerfahrenEinheit","Verfahren Bezeichnung","01a","01b","02a","02b","03a","03b","04a","04b","05a","05b","06a","06b","07a","07b","08a","08b","09a","09b","10a","10b","11a","11b","12a","12b","DB\nje Einheit","DB\ninsgesamt","UV\ninsgesamt","AKh\ninsgesamt",null,"Haupt-\nleistung insg","Neben-\nleistung insg","VarKo-Material insg","VarMaKo\nReparatur","VarMaKo\nHilfsmittel","VarMaKo\nVerrechnPr","VarMaKo\nDiesel","VarMaKo\nSchmieröl","VarMaKo\ninsgesamt","VarKo insgsamt","AKh\nje Einheit","Masch1\nCode","Masch1\nBezeichnung","Masch1\nEinheit","Masch1\nUmf/ArbGang","Masch1\nUmf insg","Masch1\nDieselFaktor","Masch1\nDiesel/ArbGa","Masch1\nDiesel insg","Masch2\nCode","Masch2\nBezeichnung","Masch2\nEinheit","Masch2\nUmf/ArbGang","Masch2\nUmf insg","Masch2\nDieselFaktor","Masch2\nDiesel/ArbGa","Masch2\nDiesel insg","Masch3\nCode","Masch3\nBezeichnung","Masch3\nEinheit","Masch3\nUmf/ArbGang","Masch3\nUmf insg","Masch3\nDieselFaktor","Masch3\nDiesel/ArbGa","Masch3\nDiesel insg","Masch4\nCode","Masch4\nBezeichnung","Masch4\nEinheit","Masch4\nUmf/ArbGang","Masch4\nUmf insg","Masch4\nDieselFaktor","Masch4\nDiesel/ArbGa","Masch4\nDiesel insg"]
[]
[null,"Plan 0:","IST-Betrieb",null,"Einsatzumfang nach Halbmonaten (in den Einheiten des jeweiligen Arbeitsverfahrens)",null,null,null,null,null,null,null,null,null,null,null,null,null,null,null,null,null,null,null,null,null,null,null,"Deckungs-",null,"Umlauf-","AKh",null,"Leistung",null,"VarKo","Variable Kosten der Maschinen",null,null,null,null,null,"VarKo","AKh","Maschine 1",null,null,null,null,null,null,null,"Maschine 2",null,null,null,null,null,null,null,"Maschine 3",null,null,null,null,null,null,null,"Maschine 4"]
[null,null,null,null,"Jan",null,"Feb",null,"Mrz",null,"Apr",null,"Mai",null,"Jun",null,"Jul",null,"Aug",null,"Sep",null,"Okt",null,"Nov",null,"Dez",null,"beitrag",null,"vermögen","im Jahr",null,"Haupt","Neben","Material","Rep.-","Sonst.","Verrechn-","Diesel-","Schmier-","VK Masch","Ins-","Bedarf","Code","Bezeich-","Arbeits-","Umfang je","Umfang","Dieselverbrauch",null,null,"Code","Bezeich-","Arbeits-","Umfang je","Umfang","Dieselverbrauch",null,null,"Code","Bezeich-","Arbeits-","Umfang je","Umfang","Dieselverbrauch",null,null,"Code","Bezeich-","Arbeits-","Umfang je","Umfang","Dieselverbrauch"]
[null,"Arbeitsverfahren",null,null,"01a","01b","02a","02b","03a","03b","04a","04b","05a","05b","06a","06b","07a","07b","08a","08b","09a","09b","10a","10b","11a","11b","12a","12b","je Einh.","insges.","insges.","insges.",null,"insges.","insges.","insges.","kost.","(Hilfsm.)","preis","kosten","öl-Kost.","insges.","gesamt","je Einh."," ","nung","Einheit","ArbGang","insges.","Verbr.-","Liter je","Liter"," ","nung","Einheit","ArbGang","insges.","Verbr.-","Liter je","Liter"," ","nung","Einheit","ArbGang","insges.","Verbr.-","Liter je","Liter"," ","nung","Einheit","ArbGang","insges.","Verbr.-","Liter je","Liter"]
[null,"Umfang","Einheit","Bezeichnung",null,null,null,null,null,null,null,null,null,null,null,null,null,null,null,null,null,null,null,null,null,null,null,null,{"$f":"Curr&\"/J\"","v":"€/J"},{"$f":"Curr&\"/J\"","v":"€/J"},{"$f":"Curr&\"/J\"","v":"€/J"},"AKh/J",null,{"$f":"Curr&\"/J\"","v":"€/J"},"€/J","€/J","€/J","€/J","€/J","€/J","€/J","€/J","€/J","AKh/J",null,null,null,"Einh.","Einh.","Faktor","ArbGang","insges",null,null,null,"Einh.","Einh.","Faktor","ArbGang","insges",null,null,null,"Einh.","Einh.","Faktor","ArbGang","insges",null,null,null,"Einh.","Einh.","Faktor","ArbGang","insges"]
[null,{"$f":"+SUM(E8:AB8)","v":0},{"$f":"IF(OR($A8=0,C$1=0),0,VLOOKUP($A8,ltPflArbGang,C$1,FALSE))","v":0},{"$f":"IF(OR($A8=0,D$1=0),0,VLOOKUP($A8,ltPflArbGang,D$1,FALSE))","v":0},null,null,null,null,null,null,null,null,null,null,null,null,null,null,null,null,null,null,null,null,null,null,null,null,{"$f":"IF(OR($A8=0,AC$1=0),0,VLOOKUP($A8,ltPflArbGang,AC$1,FALSE))","v":0},{"$f":"IF(OR($A8=0,AD$1=0),0,VLOOKUP($A8,ltPflArbGang,AD$1,FALSE)*$B8)","v":0},0,0,null,{"$f":"IF(OR($A8=0,AH$1=0),0,VLOOKUP($A8,ltPflArbGang,AH$1,FALSE)*$B8)","v":0},0,0,0,0,0,0,0,0,{"$f":"AP8+AJ8","v":0},{"$f":"IF(OR($A8=0,AR$1=0),0,VLOOKUP($A8,ltPflArbGang,AR$1,FALSE))","v":0},0,0,0,0,{"$f":"IF(OR($A8=0,AW$1=0),0,VLOOKUP($A8,ltPflArbGang,AW$1,FALSE)*$B8)","v":0},{"$f":"IF(OR($A8=0,AX$1=0),0,VLOOKUP($A8,ltPflArbGang,AX$1,FALSE))","v":0},0,{"$f":"IF(OR($A8=0,AZ$1=0),0,VLOOKUP($A8,ltPflArbGang,AZ$1,FALSE)*$B8)","v":0},{"$f":"IF(OR($A8=0,BA$1=0),0,VLOOKUP($A8,ltPflArbGang,BA$1,FALSE))","v":0},0,0,0,{"$f":"IF(OR($A8=0,BE$1=0),0,VLOOKUP($A8,ltPflArbGang,BE$1,FALSE)*$B8)","v":0},{"$f":"IF(OR($A8=0,BF$1=0),0,VLOOKUP($A8,ltPflArbGang,BF$1,FALSE))","v":0},0,{"$f":"IF(OR($A8=0,BH$1=0),0,VLOOKUP($A8,ltPflArbGang,BH$1,FALSE)*$B8)","v":0},{"$f":"IF(OR($A8=0,BI$1=0),0,VLOOKUP($A8,ltPflArbGang,BI$1,FALSE))","v":0},0,0,0,{"$f":"IF(OR($A8=0,BM$1=0),0,VLOOKUP($A8,ltPflArbGang,BM$1,FALSE)*$B8)","v":0},{"$f":"IF(OR($A8=0,BN$1=0),0,VLOOKUP($A8,ltPflArbGang,BN$1,FALSE))","v":0},0,{"$f":"IF(OR($A8=0,BP$1=0),0,VLOOKUP($A8,ltPflArbGang,BP$1,FALSE)*$B8)","v":0},{"$f":"IF(OR($A8=0,BQ$1=0),0,VLOOKUP($A8,ltPflArbGang,BQ$1,FALSE))","v":0},0,0,0,{"$f":"IF(OR($A8=0,BU$1=0),0,VLOOKUP($A8,ltPflArbGang,BU$1,FALSE)*$B8)","v":0},{"$f":"IF(OR($A8=0,BV$1=0),0,VLOOKUP($A8,ltPflArbGang,BV$1,FALSE))","v":0},0,{"$f":"IF(OR($A8=0,BX$1=0),0,VLOOKUP($A8,ltPflArbGang,BX$1,FALSE)*$B8)","v":0}]
[null,{"$f":"+SUM(E9:AB9)","v":0},0,0,null,null,null,null,null,null,null,null,null,null,null,null,null,null,null,null,null,null,null,null,null,null,null,null,0,0,0,0,null,0,0,0,0,0,0,0,0,0,0,0,0,0,0,0,0,0,0,0,0,0,0,0,0,0,0,0,0,0,0,0,0,0,0,0,0,0,0,0,0,0,0,0]
[null,0,0,0,null,null,null,null,null,null,null,null,null,null,null,null,null,null,null,null,null,null,null,null,null,null,null,null,0,0,0,0,null,0,0,0,0,0,0,0,0,0,0,0,0,0,0,0,0,0,0,0,0,0,0,0,0,0,0,0,0,0,0,0,0,0,0,0,0,0,0,0,0,0,0,0]
[null,0,0,0,null,null,null,null,null,null,null,null,null,null,null,null,null,null,null,null,null,null,null,null,null,null,null,null,0,0,0,0,null,0,0,0,0,0,0,0,0,0,0,0,0,0,0,0,0,0,0,0,0,0,0,0,0,0,0,0,0,0,0,0,0,0,0,0,0,0,0,0,0,0,0,0]
[null,0,0,{"$f":"IF(OR($A12=0,D$1=0),0,VLOOKUP($A12,ltPflArbGang,D$1,FALSE))","v":0},null,null,null,null,null,null,null,null,null,null,null,null,null,null,null,null,null,null,null,null,null,null,null,null,0,0,0,0,null,0,0,0,0,0,0,0,0,0,0,0,0,0,0,0,0,0,0,0,0,0,0,0,0,0,0,0,0,0,0,0,0,0,0,0,0,0,0,0,0,0,0,0]
[null,0,0,{"$f":"IF(OR($A13=0,D$1=0),0,VLOOKUP($A13,ltPflArbGang,D$1,FALSE))","v":0},null,null,null,null,null,null,null,null,null,null,null,null,null,null,null,null,null,null,null,null,null,null,null,null,0,0,0,0,null,0,0,0,0,0,0,0,0,0,0,0,0,0,0,0,0,0,0,0,0,0,0,0,0,0,0,0,0,0,0,0,0,0,0,0,0,0,0,0,0,0,0,0]
[null,0,0,0,null,null,null,null,null,null,null,null,null,null,null,null,null,null,null,null,null,null,null,null,null,null,null,null,0,0,0,0,null,0,0,0,0,0,0,0,0,0,0,0,0,0,0,0,0,0,0,0,0,0,0,0,0,0,0,0,0,0,0,0,0,0,0,0,0,0,0,0,0,0,0,0]
[null,0,0,0,null,null,null,null,null,null,null,null,null,null,null,null,null,null,null,null,null,null,null,null,null,null,null,null,0,0,0,0,null,0,0,0,0,0,0,0,0,0,0,0,0,0,0,0,0,0,0,0,0,0,0,0,0,0,0,0,0,0,0,0,0,0,0,0,0,0,0,0,0,0,0,0]
[null,0,0,0,null,null,null,null,null,null,null,null,null,null,null,null,null,null,null,null,null,null,null,null,null,null,null,null,0,0,0,0,null,0,0,0,0,0,0,0,0,0,0,0,0,0,0,0,0,0,0,0,0,0,0,0,0,0,0,0,0,0,0,0,0,0,0,0,0,0,0,0,0,0,0,0]
[null,0,0,0,null,null,null,null,null,null,null,null,null,null,null,null,null,null,null,null,null,null,null,null,null,null,null,null,0,0,0,0,null,0,0,0,0,0,0,0,0,0,0,0,0,0,0,0,0,0,0,0,0,0,0,0,0,0,0,0,0,0,0,0,0,0,0,0,0,0,0,0,0,0,0,0]
[null,0,0,0,null,null,null,null,null,null,null,null,null,null,null,null,null,null,null,null,null,null,null,null,null,null,null,null,0,0,0,0,null,0,0,0,0,0,0,0,0,0,0,0,0,0,0,0,0,0,0,0,0,0,0,0,0,0,0,0,0,0,0,0,0,0,0,0,0,0,0,0,0,0,0,0]
[null,0,0,0,null,null,null,null,null,null,null,null,null,null,null,null,null,null,null,null,null,null,null,null,null,null,null,null,0,0,0,0,null,0,0,0,0,0,0,0,0,0,0,0,0,0,0,0,0,0,0,0,0,0,0,0,0,0,0,0,0,0,0,0,0,0,0,0,0,0,0,0,0,0,0,0]
[null,0,0,0,null,null,null,null,null,null,null,null,null,null,null,null,null,null,null,null,null,null,null,null,null,null,null,null,0,0,0,0,null,0,0,0,0,0,0,0,0,0,0,0,0,0,0,0,0,0,0,0,0,0,0,0,0,0,0,0,0,0,0,0,0,0,0,0,0,0,0,0,0,0,0,0]
[null,0,0,0,null,null,null,null,null,null,null,null,null,null,null,null,null,null,null,null,null,null,null,null,null,null,null,null,0,0,0,0,null,{"$f":"IF(OR($A21=0,AH$1=0),0,VLOOKUP($A21,ltPflArbGang,AH$1,FALSE)*$B21)","v":0},0,0,0,0,0,0,0,0,0,{"$f":"IF(OR($A21=0,AR$1=0),0,VLOOKUP($A21,ltPflArbGang,AR$1,FALSE))","v":0},0,0,0,0,0,0,0,0,0,0,0,0,0,0,0,0,0,0,0,0,0,0,0,0,0,0,0,0,0,0,0,0]
[null,0,0,0,null,null,null,null,null,null,null,null,null,null,null,null,null,null,null,null,null,null,null,null,null,null,null,null,0,0,0,0,null,0,0,0,0,0,0,0,0,0,{"$f":"AP22+AJ22","v":0},0,0,0,0,0,0,0,0,0,0,0,0,0,0,0,0,0,0,0,0,0,0,0,0,0,0,0,0,0,0,0,0,0]
[null,0,0,0,null,null,null,null,null,null,null,null,null,null,null,null,null,null,null,null,null,null,null,null,null,null,null,null,0,0,0,0,null,0,0,0,0,0,0,0,0,0,0,0,0,0,0,0,0,0,0,0,0,0,0,0,0,0,0,0,0,0,0,0,0,0,0,0,0,0,0,0,0,0,0,0]
[null,0,0,0,null,null,null,null,null,null,null,null,null,null,null,null,null,null,null,null,null,null,null,null,null,null,null,null,0,0,0,0,null,0,0,0,0,0,0,{"$f":"IF(OR($A24=0,AN$1=0),0,VLOOKUP($A24,ltPflArbGang,AN$1,FALSE)*$B24)","v":0},0,0,0,0,0,0,0,0,0,0,0,0,0,0,0,0,0,0,0,0,0,0,0,0,0,0,0,0,0,0,0,0,0,0,0,0]
[null,0,0,0,null,null,null,null,null,null,null,null,null,null,null,null,null,null,null,null,null,null,null,null,null,null,null,null,0,0,0,0,null,0,0,0,0,0,0,0,0,0,0,0,0,0,0,0,0,0,0,0,0,0,0,0,0,0,0,0,0,0,0,0,0,0,0,0,0,0,0,0,0,0,0,0]
[null,0,0,0,null,null,null,null,null,null,null,null,null,null,null,null,null,null,null,null,null,null,null,null,null,null,null,null,0,0,0,0,null,0,0,0,0,0,0,0,0,0,0,0,0,0,0,0,0,0,0,0,0,0,0,0,0,0,0,0,0,0,0,0,0,0,0,0,0,0,0,0,0,0,0,0]
[null,0,0,0,null,null,null,null,null,null,null,null,null,null,null,null,null,null,null,null,null,null,null,null,null,null,null,null,0,0,0,0,null,{"$f":"IF(OR($A27=0,AH$1=0),0,VLOOKUP($A27,ltPflArbGang,AH$1,FALSE)*$B27)","v":0},0,0,0,0,0,0,0,0,0,{"$f":"IF(OR($A27=0,AR$1=0),0,VLOOKUP($A27,ltPflArbGang,AR$1,FALSE))","v":0},0,0,0,0,0,0,0,0,{"$f":"IF(OR($A27=0,BA$1=0),0,VLOOKUP($A27,ltPflArbGang,BA$1,FALSE))","v":0},0,0,0,0,0,0,0,{"$f":"IF(OR($A27=0,BI$1=0),0,VLOOKUP($A27,ltPflArbGang,BI$1,FALSE))","v":0},0,0,0,0,0,0,0,{"$f":"IF(OR($A27=0,BQ$1=0),0,VLOOKUP($A27,ltPflArbGang,BQ$1,FALSE))","v":0},0,0,0,0,0,0,0]
[null,0,0,0,null,null,null,null,null,null,null,null,null,null,null,null,null,null,null,null,null,null,null,null,null,null,null,null,0,0,0,0,null,0,0,0,0,0,0,0,0,0,0,0,0,0,0,0,0,0,0,0,0,0,0,0,0,0,0,0,0,0,0,0,0,0,0,0,0,0,0,0,0,0,0,0]
[null,0,0,0,null,null,null,null,null,null,null,null,null,null,null,null,null,null,null,null,null,null,null,null,null,null,null,null,0,0,0,0,null,{"$f":"IF(OR($A29=0,AH$1=0),0,VLOOKUP($A29,ltPflArbGang,AH$1,FALSE)*$B29)","v":0},0,0,0,0,0,0,0,0,0,{"$f":"IF(OR($A29=0,AR$1=0),0,VLOOKUP($A29,ltPflArbGang,AR$1,FALSE))","v":0},0,0,0,0,0,0,0,0,{"$f":"IF(OR($A29=0,BA$1=0),0,VLOOKUP($A29,ltPflArbGang,BA$1,FALSE))","v":0},0,0,0,0,0,0,0,{"$f":"IF(OR($A29=0,BI$1=0),0,VLOOKUP($A29,ltPflArbGang,BI$1,FALSE))","v":0},0,0,0,0,0,0,0,{"$f":"IF(OR($A29=0,BQ$1=0),0,VLOOKUP($A29,ltPflArbGang,BQ$1,FALSE))","v":0},0,0,0,0,0,0,0]
[null,0,0,0,null,null,null,null,null,null,null,null,null,null,null,null,null,null,null,null,null,null,null,null,null,null,null,null,0,0,0,0,null,{"$f":"IF(OR($A30=0,AH$1=0),0,VLOOKUP($A30,ltPflArbGang,AH$1,FALSE)*$B30)","v":0},0,0,0,0,0,0,0,0,0,0,0,0,0,0,0,0,0,0,0,0,0,0,0,0,0,0,0,0,0,0,0,0,0,0,0,0,0,0,0,0,0,0]
[null,0,0,0,null,null,null,null,null,null,null,null,null,null,null,null,null,null,null,null,null,null,null,null,null,null,null,null,0,0,0,0,null,0,0,0,0,0,0,0,0,0,0,0,0,0,0,0,0,0,0,0,0,0,0,0,0,0,0,0,0,0,0,0,0,0,0,0,0,0,0,0,0,0,0,0]
[null,0,0,0,null,null,null,null,null,null,null,null,null,null,null,null,null,null,null,null,null,null,null,null,null,null,null,null,0,0,0,0,null,{"$f":"IF(OR($A32=0,AH$1=0),0,VLOOKUP($A32,ltPflArbGang,AH$1,FALSE)*$B32)","v":0},0,0,0,0,0,0,0,0,{"$f":"AP32+AJ32","v":0},{"$f":"IF(OR($A32=0,AR$1=0),0,VLOOKUP($A32,ltPflArbGang,AR$1,FALSE))","v":0},{"$f":"IF(OR($A32=0,AS$1=0),0,VLOOKUP($A32,ltPflArbGang,AS$1,FALSE))","v":0},{"$f":"IF(OR($A32=0,AT$1=0),0,VLOOKUP($A32,ltPflArbGang,AT$1,FALSE))","v":0},{"$f":"IF(OR($A32=0,AU$1=0),0,VLOOKUP($A32,ltPflArbGang,AU$1,FALSE))","v":0},{"$f":"IF(OR($A32=0,AV$1=0),0,VLOOKUP($A32,ltPflArbGang,AV$1,FALSE))","v":0},0,0,0,0,{"$f":"IF(OR($A32=0,BA$1=0),0,VLOOKUP($A32,ltPflArbGang,BA$1,FALSE))","v":0},{"$f":"IF(OR($A32=0,BB$1=0),0,VLOOKUP($A32,ltPflArbGang,BB$1,FALSE))","v":0},{"$f":"IF(OR($A32=0,BC$1=0),0,VLOOKUP($A32,ltPflArbGang,BC$1,FALSE))","v":0},{"$f":"IF(OR($A32=0,BD$1=0),0,VLOOKUP($A32,ltPflArbGang,BD$1,FALSE))","v":0},0,0,0,0,{"$f":"IF(OR($A32=0,BI$1=0),0,VLOOKUP($A32,ltPflArbGang,BI$1,FALSE))","v":0},{"$f":"IF(OR($A32=0,BJ$1=0),0,VLOOKUP($A32,ltPflArbGang,BJ$1,FALSE))","v":0},{"$f":"IF(OR($A32=0,BK$1=0),0,VLOOKUP($A32,ltPflArbGang,BK$1,FALSE))","v":0},{"$f":"IF(OR($A32=0,BL$1=0),0,VLOOKUP($A32,ltPflArbGang,BL$1,FALSE))","v":0},0,0,0,0,{"$f":"IF(OR($A32=0,BQ$1=0),0,VLOOKUP($A32,ltPflArbGang,BQ$1,FALSE))","v":0},{"$f":"IF(OR($A32=0,BR$1=0),0,VLOOKUP($A32,ltPflArbGang,BR$1,FALSE))","v":0},{"$f":"IF(OR($A32=0,BS$1=0),0,VLOOKUP($A32,ltPflArbGang,BS$1,FALSE))","v":0},{"$f":"IF(OR($A32=0,BT$1=0),0,VLOOKUP($A32,ltPflArbGang,BT$1,FALSE))","v":0},0,0,0,0]
[null,0,0,0,null,null,null,null,null,null,null,null,null,null,null,null,null,null,null,null,null,null,null,null,null,null,null,null,0,0,0,0,null,{"$f":"IF(OR($A33=0,AH$1=0),0,VLOOKUP($A33,ltPflArbGang,AH$1,FALSE)*$B33)","v":0},0,0,0,0,0,0,0,0,0,0,0,0,0,0,0,0,0,0,0,0,0,0,0,0,0,0,0,0,0,0,0,0,0,0,0,0,0,0,0,0,0,0]
[null,0,0,0,null,null,null,null,null,null,null,null,null,null,null,null,null,null,null,null,null,null,null,null,null,null,null,null,0,0,0,0,null,0,0,0,0,0,0,0,0,0,0,0,0,0,0,0,0,0,0,0,0,0,0,0,0,0,0,0,0,0,0,0,0,0,0,0,0,0,0,0,0,0,0,0]
[null,0,0,0,null,null,null,null,null,null,null,null,null,null,null,null,null,null,null,null,null,null,null,null,null,null,null,null,0,0,0,0,null,0,0,0,0,0,0,0,0,0,0,0,0,0,0,0,0,0,0,0,0,0,0,0,0,0,0,0,0,0,0,0,0,0,0,0,0,0,0,0,0,0,0,0]
[null,0,0,0,null,null,null,null,null,null,null,null,null,null,null,null,null,null,null,null,null,null,null,null,null,null,null,null,0,0,0,0,null,0,0,0,0,0,0,0,0,0,0,0,0,0,0,0,0,0,0,0,0,0,0,0,0,0,0,0,0,0,0,0,0,0,0,0,0,0,0,0,0,0,0,0]
[null,0,0,0,null,null,null,null,null,null,null,null,null,null,null,null,null,null,null,null,null,null,null,null,null,null,null,null,0,0,0,0,null,0,0,0,0,0,0,0,0,0,0,0,0,0,0,0,0,0,0,0,0,0,0,0,0,0,0,0,0,0,0,0,0,0,0,0,0,0,0,0,0,0,0,0]
[null,0,0,0,null,null,null,null,null,null,null,null,null,null,null,null,null,null,null,null,null,null,null,null,null,null,null,null,0,0,0,0,null,0,0,0,0,0,0,0,0,0,{"$f":"AP38+AJ38","v":0},0,0,0,0,0,0,0,0,0,0,0,0,0,0,0,0,0,0,0,0,0,0,0,0,0,0,0,0,0,0,0,0,0]
[null,0,0,0,null,null,null,null,null,null,null,null,null,null,null,null,null,null,null,null,null,null,null,null,null,null,null,null,0,0,0,0,null,{"$f":"IF(OR($A39=0,AH$1=0),0,VLOOKUP($A39,ltPflArbGang,AH$1,FALSE)*$B39)","v":0},0,0,0,0,0,0,0,0,{"$f":"AP39+AJ39","v":0},0,0,0,0,0,0,0,0,0,0,0,0,0,0,0,0,0,0,0,0,0,0,0,0,0,0,0,0,0,0,0,0,0]
[null,0,0,0,null,null,null,null,null,null,null,null,null,null,null,null,null,null,null,null,null,null,null,null,null,null,null,null,0,0,0,0,null,{"$f":"IF(OR($A40=0,AH$1=0),0,VLOOKUP($A40,ltPflArbGang,AH$1,FALSE)*$B40)","v":0},0,0,0,0,0,0,0,0,{"$f":"AP40+AJ40","v":0},0,0,0,0,0,0,0,0,0,0,0,0,0,0,0,0,0,0,0,0,0,0,0,0,0,0,0,0,0,0,0,0,0]
[null,0,0,0,null,null,null,null,null,null,null,null,null,null,null,null,null,null,null,null,null,null,null,null,null,null,null,null,0,0,0,0,null,0,0,0,0,0,0,0,0,0,{"$f":"AP41+AJ41","v":0},0,0,0,0,0,0,0,0,0,0,0,0,0,0,0,0,0,0,0,0,0,0,0,0,0,0,0,0,0,0,0,0,0]
[null,0,{"$f":"IF(OR($A42=0,C$1=0),0,VLOOKUP($A42,ltPflArbGang,C$1,FALSE))","v":0},{"$f":"IF(OR($A42=0,D$1=0),0,VLOOKUP($A42,ltPflArbGang,D$1,FALSE))","v":0},null,null,null,null,null,null,null,null,null,null,null,null,null,null,null,null,null,null,null,null,null,null,null,null,{"$f":"IF(OR($A42=0,AC$1=0),0,VLOOKUP($A42,ltPflArbGang,AC$1,FALSE))","v":0},{"$f":"IF(OR($A42=0,AD$1=0),0,VLOOKUP($A42,ltPflArbGang,AD$1,FALSE)*$B42)","v":0},{"$f":"IF(OR($A42=0,AE$1=0),0,VLOOKUP($A42,ltPflArbGang,AE$1,FALSE)*$B42)","v":0},{"$f":"IF(OR($A42=0,AF$1=0),0,VLOOKUP($A42,ltPflArbGang,AF$1,FALSE)*$B42)","v":0},null,{"$f":"IF(OR($A42=0,AH$1=0),0,VLOOKUP($A42,ltPflArbGang,AH$1,FALSE)*$B42)","v":0},0,0,0,0,0,0,0,0,{"$f":"AP42+AJ42","v":0},{"$f":"IF(OR($A42=0,AR$1=0),0,VLOOKUP($A42,ltPflArbGang,AR$1,FALSE))","v":0},{"$f":"IF(OR($A42=0,AS$1=0),0,VLOOKUP($A42,ltPflArbGang,AS$1,FALSE))","v":0},{"$f":"IF(OR($A42=0,AT$1=0),0,VLOOKUP($A42,ltPflArbGang,AT$1,FALSE))","v":0},{"$f":"IF(OR($A42=0,AU$1=0),0,VLOOKUP($A42,ltPflArbGang,AU$1,FALSE))","v":0},{"$f":"IF(OR($A42=0,AV$1=0),0,VLOOKUP($A42,ltPflArbGang,AV$1,FALSE))","v":0},{"$f":"IF(OR($A42=0,AW$1=0),0,VLOOKUP($A42,ltPflArbGang,AW$1,FALSE)*$B42)","v":0},{"$f":"IF(OR($A42=0,AX$1=0),0,VLOOKUP($A42,ltPflArbGang,AX$1,FALSE))","v":0},{"$f":"IF(OR($A42=0,AY$1=0),0,VLOOKUP($A42,ltPflArbGang,AY$1,FALSE))","v":0},{"$f":"IF(OR($A42=0,AZ$1=0),0,VLOOKUP($A42,ltPflArbGang,AZ$1,FALSE)*$B42)","v":0},{"$f":"IF(OR($A42=0,BA$1=0),0,VLOOKUP($A42,ltPflArbGang,BA$1,FALSE))","v":0},{"$f":"IF(OR($A42=0,BB$1=0),0,VLOOKUP($A42,ltPflArbGang,BB$1,FALSE))","v":0},{"$f":"IF(OR($A42=0,BC$1=0),0,VLOOKUP($A42,ltPflArbGang,BC$1,FALSE))","v":0},{"$f":"IF(OR($A42=0,BD$1=0),0,VLOOKUP($A42,ltPflArbGang,BD$1,FALSE))","v":0},{"$f":"IF(OR($A42=0,BE$1=0),0,VLOOKUP($A42,ltPflArbGang,BE$1,FALSE)*$B42)","v":0},{"$f":"IF(OR($A42=0,BF$1=0),0,VLOOKUP($A42,ltPflArbGang,BF$1,FALSE))","v":0},{"$f":"IF(OR($A42=0,BG$1=0),0,VLOOKUP($A42,ltPflArbGang,BG$1,FALSE))","v":0},{"$f":"IF(OR($A42=0,BH$1=0),0,VLOOKUP($A42,ltPflArbGang,BH$1,FALSE)*$B42)","v":0},{"$f":"IF(OR($A42=0,BI$1=0),0,VLOOKUP($A42,ltPflArbGang,BI$1,FALSE))","v":0},{"$f":"IF(OR($A42=0,BJ$1=0),0,VLOOKUP($A42,ltPflArbGang,BJ$1,FALSE))","v":0},{"$f":"IF(OR($A42=0,BK$1=0),0,VLOOKUP($A42,ltPflArbGang,BK$1,FALSE))","v":0},{"$f":"IF(OR($A42=0,BL$1=0),0,VLOOKUP($A42,ltPflArbGang,BL$1,FALSE))","v":0},{"$f":"IF(OR($A42=0,BM$1=0),0,VLOOKUP($A42,ltPflArbGang,BM$1,FALSE)*$B42)","v":0},{"$f":"IF(OR($A42=0,BN$1=0),0,VLOOKUP($A42,ltPflArbGang,BN$1,FALSE))","v":0},{"$f":"IF(OR($A42=0,BO$1=0),0,VLOOKUP($A42,ltPflArbGang,BO$1,FALSE))","v":0},{"$f":"IF(OR($A42=0,BP$1=0),0,VLOOKUP($A42,ltPflArbGang,BP$1,FALSE)*$B42)","v":0},{"$f":"IF(OR($A42=0,BQ$1=0),0,VLOOKUP($A42,ltPflArbGang,BQ$1,FALSE))","v":0},{"$f":"IF(OR($A42=0,BR$1=0),0,VLOOKUP($A42,ltPflArbGang,BR$1,FALSE))","v":0},{"$f":"IF(OR($A42=0,BS$1=0),0,VLOOKUP($A42,ltPflArbGang,BS$1,FALSE))","v":0},{"$f":"IF(OR($A42=0,BT$1=0),0,VLOOKUP($A42,ltPflArbGang,BT$1,FALSE))","v":0},{"$f":"IF(OR($A42=0,BU$1=0),0,VLOOKUP($A42,ltPflArbGang,BU$1,FALSE)*$B42)","v":0},{"$f":"IF(OR($A42=0,BV$1=0),0,VLOOKUP($A42,ltPflArbGang,BV$1,FALSE))","v":0},{"$f":"IF(OR($A42=0,BW$1=0),0,VLOOKUP($A42,ltPflArbGang,BW$1,FALSE))","v":0},{"$f":"IF(OR($A42=0,BX$1=0),0,VLOOKUP($A42,ltPflArbGang,BX$1,FALSE)*$B42)","v":0}]
[null,"Summe",null,null,null,null,null,null,null,null,null,null,null,null,null,null,null,null,null,null,null,null,null,null,null,null,null,null,"-",{"$f":"SUM(AD8:AD42)","v":0},{"$f":"SUM(AE8:AE42)","v":0},{"$f":"SUM(AF8:AF42)","v":0},null,{"$f":"SUM(AH8:AH42)","v":0},0,0,0,0,0,0,0,0,0,null,null,null,null,null,null,null,null,{"$f":"SUM(AZ8:AZ42)","v":0},null,null,null,null,null,null,null,{"$f":"SUM(BH8:BH42)","v":0},null,null,null,null,null,null,null,{"$f":"SUM(BP8:BP42)","v":0},null,null,null,null,null,null,null,{"$f":"SUM(BX8:BX42)","v":0}]
[]
[]
[]
[null,{"$f":"SUM(E47:AB47)","v":0},"AKh","Arbeitseinsatz",{"$f":"SUMPRODUCT(($AR$8:$AR$42)*(E$8:E$42))","v":0},0,0,0,0,0,0,0,0,0,0,0,0,0,0,0,0,0,0,0,0,0,0,0]
[null,0,"Liter","Dieselverbrauch",{"$f":"SUMPRODUCT(($AY$8:$AY$42)*(E$8:E$42))+SUMPRODUCT(($BG$8:$BG$42)*(E$8:E$42))+SUMPRODUCT(($BO$8:$BO$42)*(E$8:E$42))+SUMPRODUCT(($BW$8:$BW$42)*(E$8:E$42))","v":0},0,0,0,0,0,0,0,0,0,0,0,0,0,0,0,0,0,0,0,0,0,0,0]
[null,null,{"$f":"IF(ISNA(VLOOKUP($A49,ltSchlepper,3,FALSE))=TRUE,\"\",VLOOKUP($A49,ltSchlepper,3,FALSE))","v":""},{"$f":"IF(ISNA(VLOOKUP($A49,ltSchlepper,2,FALSE))=TRUE,\"\",VLOOKUP($A49,ltSchlepper,2,FALSE))","v":""},{"$f":"SUMPRODUCT(($AS$8:$AS$42=$A49)*($AV$8:$AV$42)*(E$8:E$42))+SUMPRODUCT(($BA$8:$BA$42=$A49)*($BD$8:$BD$42)*(E$8:E$42))+SUMPRODUCT(($BI$8:$BI$42=$A49)*($BL$8:$BL$42)*(E$8:E$42))+SUMPRODUCT(($BQ$8:$BQ$42=$A49)*($BT$8:$BT$42)*(E$8:E$42))","v":0},0,0,0,0,0,0,0,0,0,{"$f":"SUMPRODUCT(($AS$8:$AS$42=$A49)*($AV$8:$AV$42)*(O$8:O$42))+SUMPRODUCT(($BA$8:$BA$42=$A49)*($BD$8:$BD$42)*(O$8:O$42))+SUMPRODUCT(($BI$8:$BI$42=$A49)*($BL$8:$BL$42)*(O$8:O$42))+SUMPRODUCT(($BQ$8:$BQ$42=$A49)*($BT$8:$BT$42)*(O$8:O$42))","v":0},0,0,0,0,0,0,0,0,0,0,0,0,0]
[null,0,"","",0,0,0,0,0,0,0,0,0,0,0,0,0,0,0,0,0,0,0,0,0,0,0,0]
[null,0,"","",0,0,0,0,0,0,0,0,0,0,0,0,0,0,0,0,0,0,0,0,0,0,0,0]
[null,0,"","",0,0,0,0,0,0,0,0,0,0,0,0,0,0,0,0,0,0,0,0,0,0,0,0]
[null,0,"","",0,0,0,0,0,0,0,0,0,0,0,0,0,0,0,0,0,0,0,0,0,0,0,0]
[null,0,"","",0,0,0,0,0,0,0,0,0,0,0,0,0,0,0,0,0,0,0,0,0,0,0,0]
[]
[null,{"$f":"SelAss!$AD$70","v":""},null,null,"Approximative Ermittlung grundlegender Erfolgsgrößen für das Gesamt-Unternehmen",null,null,null,null,null,null,null,null,null,null,null,null,null,null,"Approximative Ermittlung der Fest- und Gemeinkosten im Ist-Betrieb",null,null,null,null,null,null,null,null,null,null,{"$f":"Curr&\"/Jahr\"","v":"€/Jahr"}]
[null,null,null,null,null,"Gesamtdeckungsbeitrag",null,null,null,null,null,null,null,null,{"$f":"AD43","v":0},null,null,{"$f":"Curr","v":"€"},null,"soweit nicht ereits in den DBs berücksichtigt !!"," Gebäude",null,null,"Abschreibungen"]
[null,null,null,null,"–","Approx. Fest- und Gemeinkosten",null,null,null,null,null,null,null,null,{"$f":"-AE72","v":0},null,null,{"$f":"Curr","v":"€"},null,null,null,null,null,"Sonstige Festkosten (Unterhalt, etc)"]
[null,null,null,null,"+","ggf. sonstiges Erträge soweit nicht in DBs",null,null,null,null,null,null,null,null,null,null,null,"€",null,null," Maschinen",null,null,"Abschreibungen"]
[null,null,null,null,"+","in DBs bereits abgezogene Löhne",null,null,null,null,null,null,null,null,null,null,null,"€",null,null,null,null,null,"Sonstige Festkosten (Versicher. etc)"]
[null,null,null,null,"=","Betriebseinkommen",null,null,null,null,null,null,null,null,{"$f":"SUM(O56:O60)","v":0},null,null,"€",null,null," Rechte",null,null,"Abschreibungen für Rechte"]
[null,null,null,null,"–","in DBs bereits abgezogene Löhne",null,null,null,null,null,null,null,null,{"$f":"-O60","v":0},null,null,"€",null,null," Variable",null,null,"Lohnunternehmer, Maschinenmiete"]
[null,null,null,null,"–","sonst. Löhne mit Nebenkosten (soweit nicht ber. in DBs abgez.)",null,null,null,null,null,null,null,null,null,null,null,"€",null,null," Gemeinkosten",null,null,"Maschinenunterhaltung, Reparaturen"]
[null,null,null,null,"–","Zinsaufwand für Darlehen",null,null,null,null,null,null,null,null,null,null,null,"€",null,null,null,null,null,"Treib- und Schmierstoffe"]
[null,null,null,null,"+","Zinsertrag aus Finanzanlagevermögen",null,null,null,null,null,null,null,null,null,null,null,"€",null,null,null,null,null,"Strom, Heizstoffe, Wasser"]
[null,null,null,null,"–","Aufwand für Mieten und Pachten",null,null,null,null,null,null,null,null,null,null,null,"€",null,null," Sonstige",null,null,"Versicherungen, BG"]
[null,null,null,null,"+","Ertrag  aus Mieten und Pachten",null,null,null,null,null,null,null,null,null,null,null,"€",null,null," Fest- und",null,null,"Betriebssteuern und Lasten"]
[null,null,null,null,"±","Saldo sonstiger Ertrag / Aufwand",null,null,null,null,null,null,null,null,null,null,null,"€",null,null," Gemeinkosten",null,null,"Buchführung und Betriebsberatung"]
[null,null,null,null,"=","Betriebsw. Gewinn (vor Steuern)",null,null,null,null,null,null,null,null,{"$f":"SUM(O61:O68)","v":0},null,null,"€",null,null,null,null,null,"Verbandsbeiträge"]
[null,null,null,null,"–","Lohnanspruch für nicht-entlohnte AK",null,null,null,null,null,null,null,null,null,null,null,"€",null,null,null,null,null,"Bürobedarf, Fachliteratur, Telefon, etc."]
[null,null,null,null,"–","Zinsanspruch für Eigenkapital (inkl. Grund u. Boden)",null,null,null,null,null,null,null,null,null,null,null,"€",null,null," Sonstiges:"]
[null,null,null,null,"=","Unternehmergewinn",null,null,null,null,null,null,null,null,{"$f":"SUM(O69:O71)","v":0},null,null,"€",null,null," Summe",null,null,null,null,null,null,null,null,null,{"$f":"SUM(AE57:AE71)","v":0}]
[]
[]
[null,"Plan 1:","Optimierter IST-Betrieb",null,"Einsatzumfang nach Halbmonaten (in den Einheiten des jeweiligen Arbeitsverfahrens)",null,null,null,null,null,null,null,null,null,null,null,null,null,null,null,null,null,null,null,null,null,null,null,"Deckungs-",null,"Umlauf-","AKh",null,"Leistung",null,"VarKo","Variable Kosten der Maschinen",null,null,null,null,null,"VarKo","AKh","Maschine 1",null,null,null,null,null,null,null,"Maschine 2",null,null,null,null,null,null,null,"Maschine 3",null,null,null,null,null,null,null,"Maschine 4"]
[null,null,null,null,"Jan",null,"Feb",null,"Mrz",null,"Apr",null,"Mai",null,"Jun",null,"Jul",null,"Aug",null,"Sep",null,"Okt",null,"Nov",null,"Dez",null,"beitrag",null,"vermögen","im Jahr",null,"Haupt","Neben","Material","Rep.-","Sonst.","Verrechn-","Diesel-","Schmier-","VK Masch","Ins-","Bedarf","Code","Bezeich-","Arbeits-","Umfang je","Umfang","Dieselverbrauch",null,null,"Code","Bezeich-","Arbeits-","Umfang je","Umfang","Dieselverbrauch",null,null,"Code","Bezeich-","Arbeits-","Umfang je","Umfang","Dieselverbrauch",null,null,"Code","Bezeich-","Arbeits-","Umfang je","Umfang","Dieselverbrauch"]
[null,"Arbeitsverfahren",null,null,"01a","01b","02a","02b","03a","03b","04a","04b","05a","05b","06a","06b","07a","07b","08a","08b","09a","09b","10a","10b","11a","11b","12a","12b","je Einh.","insges.","insges.","insges.",null,"insges.","insges.","insges.","kost.","(Hilfsm.)","preis","kosten","öl-Kost.","insges.","gesamt","je Einh."," ","nung","Einheit","ArbGang","insges.","Verbr.-","Liter je","Liter"," ","nung","Einheit","ArbGang","insges.","Verbr.-","Liter je","Liter"," ","nung","Einheit","ArbGang","insges.","Verbr.-","Liter je","Liter"," ","nung","Einheit","ArbGang","insges.","Verbr.-","Liter je","Liter"]
[null,"Umfang","Einheit","Bezeichnung",null,null,null,null,null,null,null,null,null,null,null,null,null,null,null,null,null,null,null,null,null,null,null,null,{"$f":"Curr&\"/J\"","v":"€/J"},{"$f":"Curr&\"/J\"","v":"€/J"},{"$f":"Curr&\"/J\"","v":"€/J"},"AKh/J",null,{"$f":"Curr&\"/J\"","v":"€/J"},"€/J","€/J","€/J","€/J","€/J","€/J","€/J","€/J","€/J","AKh/J",null,null,null,"Einh.","Einh.","Faktor","ArbGang","insges",null,null,null,"Einh.","Einh.","Faktor","ArbGang","insges",null,null,null,"Einh.","Einh.","Faktor","ArbGang","insges",null,null,null,"Einh.","Einh.","Faktor","ArbGang","insges"]
[null,{"$f":"SUM(E79:AB79)","v":0},{"$f":"IF(OR($A79=0,C$1=0),0,VLOOKUP($A79,ltPflArbGang,C$1,FALSE))","v":0},0,null,null,null,null,null,null,null,null,null,null,null,null,null,null,null,null,null,null,null,null,null,null,null,null,{"$f":"IF(OR($A79=0,AC$1=0),0,VLOOKUP($A79,ltPflArbGang,AC$1,FALSE))","v":0},{"$f":"IF(OR($A79=0,AD$1=0),0,VLOOKUP($A79,ltPflArbGang,AD$1,FALSE)*$B79)","v":0},0,0,null,{"$f":"IF(OR($A79=0,AH$1=0),0,VLOOKUP($A79,ltPflArbGang,AH$1,FALSE)*$B79)","v":0},0,0,0,0,0,0,0,0,{"$f":"AP79+AJ79","v":0},{"$f":"IF(OR($A79=0,AR$1=0),0,VLOOKUP($A79,ltPflArbGang,AR$1,FALSE))","v":0},0,0,0,0,{"$f":"IF(OR($A79=0,AW$1=0),0,VLOOKUP($A79,ltPflArbGang,AW$1,FALSE)*$B79)","v":0},{"$f":"IF(OR($A79=0,AX$1=0),0,VLOOKUP($A79,ltPflArbGang,AX$1,FALSE))","v":0},0,{"$f":"IF(OR($A79=0,AZ$1=0),0,VLOOKUP($A79,ltPflArbGang,AZ$1,FALSE)*$B79)","v":0},{"$f":"IF(OR($A79=0,BA$1=0),0,VLOOKUP($A79,ltPflArbGang,BA$1,FALSE))","v":0},0,0,0,{"$f":"IF(OR($A79=0,BE$1=0),0,VLOOKUP($A79,ltPflArbGang,BE$1,FALSE)*$B79)","v":0},{"$f":"IF(OR($A79=0,BF$1=0),0,VLOOKUP($A79,ltPflArbGang,BF$1,FALSE))","v":0},0,{"$f":"IF(OR($A79=0,BH$1=0),0,VLOOKUP($A79,ltPflArbGang,BH$1,FALSE)*$B79)","v":0},{"$f":"IF(OR($A79=0,BI$1=0),0,VLOOKUP($A79,ltPflArbGang,BI$1,FALSE))","v":0},0,0,0,{"$f":"IF(OR($A79=0,BM$1=0),0,VLOOKUP($A79,ltPflArbGang,BM$1,FALSE)*$B79)","v":0},{"$f":"IF(OR($A79=0,BN$1=0),0,VLOOKUP($A79,ltPflArbGang,BN$1,FALSE))","v":0},0,{"$f":"IF(OR($A79=0,BP$1=0),0,VLOOKUP($A79,ltPflArbGang,BP$1,FALSE)*$B79)","v":0},{"$f":"IF(OR($A79=0,BQ$1=0),0,VLOOKUP($A79,ltPflArbGang,BQ$1,FALSE))","v":0},0,0,0,{"$f":"IF(OR($A79=0,BU$1=0),0,VLOOKUP($A79,ltPflArbGang,BU$1,FALSE)*$B79)","v":0},{"$f":"IF(OR($A79=0,BV$1=0),0,VLOOKUP($A79,ltPflArbGang,BV$1,FALSE))","v":0},0,{"$f":"IF(OR($A79=0,BX$1=0),0,VLOOKUP($A79,ltPflArbGang,BX$1,FALSE)*$B79)","v":0}]
[null,0,0,0,null,null,null,null,null,null,null,null,null,null,null,null,null,null,null,null,null,null,null,null,null,null,null,null,0,0,0,0,null,{"$f":"IF(OR($A80=0,AH$1=0),0,VLOOKUP($A80,ltPflArbGang,AH$1,FALSE)*$B80)","v":0},0,0,0,0,0,0,0,0,0,0,0,0,0,0,0,0,0,0,0,0,0,0,0,0,0,0,0,0,0,0,0,0,0,0,0,0,0,0,0,0,0,0]
[null,0,0,0,null,null,null,null,null,null,null,null,null,null,null,null,null,null,null,null,null,null,null,null,null,null,null,null,0,0,0,0,null,0,0,0,0,0,0,0,0,0,0,0,0,0,0,0,0,0,0,0,0,0,0,0,0,0,0,0,0,0,0,0,0,0,0,0,0,0,0,0,0,0,0,0]
[null,0,0,0,null,null,null,null,null,null,null,null,null,null,null,null,null,null,null,null,null,null,null,null,null,null,null,null,0,0,0,0,null,0,0,0,0,0,0,0,0,0,0,0,0,0,0,0,0,0,0,0,0,0,0,0,0,0,0,0,0,0,0,0,0,0,0,0,0,0,0,0,0,0,0,0]
[null,0,0,0,null,null,null,null,null,null,null,null,null,null,null,null,null,null,null,null,null,null,null,null,null,null,null,null,0,0,0,0,null,0,0,0,0,0,0,0,0,0,0,0,0,0,0,0,0,0,0,0,0,0,0,0,0,0,0,0,0,0,0,0,0,0,0,0,0,0,0,0,0,0,0,0]
[null,0,0,0,null,null,null,null,null,null,null,null,null,null,null,null,null,null,null,null,null,null,null,null,null,null,null,null,0,0,0,0,null,0,0,0,0,0,0,0,0,0,0,0,0,0,0,0,0,0,0,0,0,0,0,0,0,0,0,0,0,0,0,0,0,0,0,0,0,0,0,0,0,0,0,0]
[null,0,0,0,null,null,null,null,null,null,null,null,null,null,null,null,null,null,null,null,null,null,null,null,null,null,null,null,0,0,0,0,null,0,0,0,0,0,0,0,0,0,0,0,0,0,0,0,0,0,0,0,0,0,0,0,0,0,0,0,0,0,0,0,0,0,0,0,0,0,0,0,0,0,0,0]
[null,0,0,0,null,null,null,null,null,null,null,null,null,null,null,null,null,null,null,null,null,null,null,null,null,null,null,null,0,0,0,0,null,0,0,0,0,0,0,0,0,0,0,0,0,0,0,0,0,0,0,0,0,0,0,0,0,0,0,0,0,0,0,0,0,0,0,0,0,0,0,0,0,0,0,0]
[null,0,0,0,null,null,null,null,null,null,null,null,null,null,null,null,null,null,null,null,null,null,null,null,null,null,null,null,0,0,0,0,null,0,0,0,0,0,0,0,0,0,0,0,0,0,0,0,0,0,0,0,0,0,0,0,0,0,0,0,0,0,0,0,0,0,0,0,0,0,0,0,0,0,0,0]
[null,0,0,0,null,null,null,null,null,null,null,null,null,null,null,null,null,null,null,null,null,null,null,null,null,null,null,null,0,0,0,0,null,0,0,0,0,0,0,0,0,0,0,0,0,0,0,0,0,0,0,0,0,0,0,0,0,0,0,0,0,0,0,0,0,0,0,0,0,0,0,0,0,0,0,0]
[null,0,0,0,null,null,null,null,null,null,null,null,null,null,null,null,null,null,null,null,null,null,null,null,null,null,null,null,0,0,0,0,null,0,0,0,0,0,0,0,0,0,0,0,0,0,0,0,0,0,0,0,0,0,0,0,0,0,0,0,0,0,0,0,0,0,0,0,0,0,0,0,0,0,0,0]
[null,0,0,0,null,null,null,null,null,null,null,null,null,null,null,null,null,null,null,null,null,null,null,null,null,null,null,null,0,0,0,0,null,0,0,0,0,0,0,0,0,0,0,0,0,0,0,0,0,0,0,0,0,0,0,0,0,0,0,0,0,0,0,0,0,0,0,0,0,0,0,0,0,0,0,0]
[null,0,0,0,null,null,null,null,null,null,null,null,null,null,null,null,null,null,null,null,null,null,null,null,null,null,null,null,0,0,0,0,null,{"$f":"IF(OR($A91=0,AH$1=0),0,VLOOKUP($A91,ltPflArbGang,AH$1,FALSE)*$B91)","v":0},0,0,{"$f":"IF(OR($A91=0,AK$1=0),0,VLOOKUP($A91,ltPflArbGang,AK$1,FALSE)*$B91)","v":0},0,0,0,0,0,0,0,0,0,0,0,0,0,0,0,0,0,0,0,0,0,0,0,0,0,0,0,0,0,0,0,0,0,0,0,0,0,0,0]
[null,0,0,0,null,null,null,null,null,null,null,null,null,null,null,null,null,null,null,null,null,null,null,null,null,null,null,null,0,0,0,0,null,0,0,0,0,0,0,0,0,0,0,0,0,0,0,0,0,0,0,0,0,0,0,0,0,0,0,0,0,0,0,0,0,0,0,0,0,0,0,0,0,0,0,0]
[null,0,0,0,null,null,null,null,null,null,null,null,null,null,null,null,null,null,null,null,null,null,null,null,null,null,null,null,0,0,0,0,null,0,0,0,0,0,0,0,0,0,0,0,0,0,0,0,0,0,0,0,0,0,0,0,0,0,0,0,0,0,0,0,0,0,0,0,0,0,0,0,0,0,0,0]
[null,0,0,0,null,null,null,null,null,null,null,null,null,null,null,null,null,null,null,null,null,null,null,null,null,null,null,null,0,0,0,0,null,0,0,0,0,0,0,0,0,0,0,0,0,0,0,0,0,0,0,0,0,0,0,0,0,0,0,0,0,0,0,0,0,0,0,0,0,0,0,0,0,0,0,0]
[null,0,0,0,null,null,null,null,null,null,null,null,null,null,null,null,null,null,null,null,null,null,null,null,null,null,null,null,0,0,0,0,null,0,0,0,0,0,0,0,0,0,0,0,0,0,0,0,0,0,0,0,0,0,0,0,0,0,0,0,0,0,0,0,0,0,0,0,0,0,0,0,0,0,0,0]
[null,0,0,0,null,null,null,null,null,null,null,null,null,null,null,null,null,null,null,null,null,null,null,null,null,null,null,null,0,0,0,0,null,0,0,0,0,0,0,0,0,0,0,0,0,0,0,0,0,0,0,0,0,0,0,0,0,0,0,0,0,0,0,0,0,0,0,0,0,0,0,0,0,0,0,0]
[null,0,0,0,null,null,null,null,null,null,null,null,null,null,null,null,null,null,null,null,null,null,null,null,null,null,null,null,0,0,0,0,null,0,0,0,0,0,0,0,0,0,{"$f":"AP97+AJ97","v":0},0,0,0,0,0,0,0,0,0,0,0,0,0,0,0,0,0,0,0,0,0,0,0,0,0,0,0,0,0,0,0,0,0]
[null,0,0,0,null,null,null,null,null,null,null,null,null,null,null,null,null,null,null,null,null,null,null,null,null,null,null,null,0,0,0,0,null,0,0,0,0,0,0,0,0,0,0,0,0,0,0,0,0,0,0,0,0,0,0,0,0,0,0,0,0,0,0,0,0,0,0,0,0,0,0,0,0,0,0,0]
[null,0,0,0,null,null,null,null,null,null,null,null,null,null,null,null,null,null,null,null,null,null,null,null,null,null,null,null,0,0,0,0,null,0,0,0,0,0,0,0,0,0,0,0,0,0,0,0,0,0,0,0,0,0,0,0,0,0,0,0,0,0,0,0,0,0,0,0,0,0,0,0,0,0,0,0]
[null,0,0,0,null,null,null,null,null,null,null,null,null,null,null,null,null,null,null,null,null,null,null,null,null,null,null,null,0,0,0,0,null,0,0,0,0,0,0,0,0,0,0,0,0,0,0,0,0,0,0,0,0,0,0,0,0,0,0,0,0,0,0,0,0,0,0,0,0,0,0,0,0,0,0,0]
[null,0,0,0,null,null,null,null,null,null,null,null,null,null,null,null,null,null,null,null,null,null,null,null,null,null,null,null,0,0,0,0,null,0,0,0,0,0,0,0,0,0,0,0,0,0,0,0,0,0,0,0,0,0,0,0,0,0,0,0,0,0,0,0,0,0,0,0,0,0,0,0,0,0,0,0]
[null,0,0,0,null,null,null,null,null,null,null,null,null,null,null,null,null,null,null,null,null,null,null,null,null,null,null,null,0,0,0,0,null,0,0,0,0,0,0,0,0,0,0,0,0,0,0,0,0,0,0,0,0,0,0,0,0,0,0,0,0,0,0,0,0,0,0,0,0,0,0,0,0,0,0,0]
[null,0,0,0,null,null,null,null,null,null,null,null,null,null,null,null,null,null,null,null,null,null,null,null,null,null,null,null,0,0,0,0,null,0,0,0,0,0,0,0,0,0,0,0,0,0,0,0,0,0,0,0,0,0,0,0,0,0,0,0,0,0,0,0,0,0,0,0,0,0,0,0,0,0,0,0]
[null,0,0,0,null,null,null,null,null,null,null,null,null,null,null,null,null,null,null,null,null,null,null,null,null,null,null,null,0,0,0,0,null,{"$f":"IF(OR($A104=0,AH$1=0),0,VLOOKUP($A104,ltPflArbGang,AH$1,FALSE)*$B104)","v":0},0,0,0,0,0,0,0,0,0,{"$f":"IF(OR($A104=0,AR$1=0),0,VLOOKUP($A104,ltPflArbGang,AR$1,FALSE))","v":0},0,0,0,0,0,0,0,0,0,0,0,0,0,0,0,0,0,0,0,0,0,0,0,0,0,0,0,0,0,0,0,0]
[null,{"$f":"SUM(E105:AB105)","v":0},0,0,null,null,null,null,null,null,null,null,null,null,null,null,null,null,null,null,null,null,null,null,null,null,null,null,0,0,0,0,null,0,0,0,0,0,0,0,0,0,0,0,0,0,0,0,0,0,0,0,0,0,0,0,0,0,0,0,0,0,0,0,0,0,0,0,0,0,0,0,0,0,0,0]
[null,0,0,0,null,null,null,null,null,null,null,null,null,null,null,null,null,null,null,null,null,null,null,null,null,null,null,null,0,0,0,0,null,0,0,0,0,0,0,0,0,0,0,0,0,0,0,0,0,0,0,0,0,0,0,0,0,0,0,0,0,0,0,0,0,0,0,0,0,0,0,0,0,0,0,0]
[null,0,0,0,null,null,null,null,null,null,null,null,null,null,null,null,null,null,null,null,null,null,null,null,null,null,null,null,0,0,0,0,null,0,0,0,0,0,0,0,0,0,0,0,0,0,0,0,0,0,0,0,0,0,0,0,0,0,0,0,0,0,0,0,0,0,0,0,0,0,0,0,0,0,0,0]
[null,0,0,0,null,null,null,null,null,null,null,null,null,null,null,null,null,null,null,null,null,null,null,null,null,null,null,null,0,0,0,0,null,0,0,0,0,0,0,0,0,0,0,0,0,0,0,0,0,0,0,0,0,0,0,0,0,0,0,0,0,0,0,0,0,0,0,0,0,0,0,0,0,0,0,0]
[null,0,0,0,null,null,null,null,null,null,null,null,null,null,null,null,null,null,null,null,null,null,null,null,null,null,null,null,0,0,0,0,null,0,0,0,0,0,0,0,0,0,0,0,0,0,0,0,0,0,0,0,0,0,0,0,0,0,0,0,0,0,0,0,0,0,0,0,0,0,0,0,0,0,0,0]
[null,0,0,0,null,null,null,null,null,null,null,null,null,null,null,null,null,null,null,null,null,null,null,null,null,null,null,null,0,0,0,0,null,0,0,0,0,0,0,0,0,0,0,0,0,0,0,0,0,0,0,0,0,0,0,0,0,0,0,0,0,0,0,0,0,0,0,0,0,0,0,0,0,0,0,0]
[null,0,0,0,null,null,null,null,null,null,null,null,null,null,null,null,null,null,null,null,null,null,null,null,null,null,null,null,0,0,0,0,null,0,0,0,0,0,0,0,0,0,0,0,0,0,0,0,0,0,0,0,0,0,0,0,0,0,0,0,0,0,0,0,0,0,0,0,0,0,0,0,0,0,0,0]
[null,0,0,0,null,null,null,null,null,null,null,null,null,null,null,null,null,null,null,null,null,null,null,null,null,null,null,null,0,0,0,0,null,0,0,0,0,0,0,0,0,0,0,0,0,0,0,0,0,0,0,0,0,0,0,0,0,0,0,0,0,0,0,0,0,0,0,0,0,0,0,0,0,0,0,0]
[null,0,0,0,null,null,null,null,null,null,null,null,null,null,null,null,null,null,null,null,null,null,null,null,null,null,null,null,0,0,0,0,null,0,0,0,0,0,0,0,0,0,0,0,0,0,0,0,0,0,0,0,0,0,0,0,0,0,0,0,0,0,0,0,0,0,0,0,0,0,0,0,0,0,0,0]
[null,0,0,0,null,null,null,null,null,null,null,null,null,null,null,null,null,null,null,null,null,null,null,null,null,null,null,null,0,0,0,0,null,0,0,0,0,0,0,0,0,0,0,0,0,0,0,0,0,0,0,0,0,0,0,0,0,0,0,0,0,0,0,0,0,0,0,0,0,0,0,0,0,0,0,0]
[null,"Summe",null,null,null,null,null,null,null,null,null,null,null,null,null,null,null,null,null,null,null,null,null,null,null,null,null,null,"-",{"$f":"SUM(AD79:AD114)","v":0},{"$f":"SUM(AE79:AE114)","v":0},{"$f":"SUM(AF79:AF114)","v":0},null,{"$f":"SUM(AH79:AH114)","v":0},0,0,0,0,0,0,0,0,0,null,null,null,null,null,null,null,null,{"$f":"SUM(AZ79:AZ114)","v":0},null,null,null,null,null,null,null,{"$f":"SUM(BH79:BH114)","v":0},null,null,null,null,null,null,null,{"$f":"SUM(BP79:BP114)","v":0},null,null,null,null,null,null,null,{"$f":"SUM(BX79:BX114)","v":0}]
[null,"Saldo zu:",{"$f":"Plan0","v":"Plan 0:"},{"$f":"C4","v":"IST-Betrieb"},null,null,null,null,null,null,null,null,null,null,null,null,null,null,null,null,null,null,null,null,null,null,null,null,"-",{"$f":"AD115-AD$43","v":0},{"$f":"AE115-AE$43","v":0},{"$f":"AF115-AF$43","v":0},null,{"$f":"AH115-AH$43","v":0},0,0,0,0,0,0,0,0,0,null,null,null,null,null,null,null,null,{"$f":"AZ115-AZ$43","v":0},null,null,null,null,null,null,null,{"$f":"BH115-BH$43","v":0},null,null,null,null,null,null,null,{"$f":"BP115-BP$43","v":0},null,null,null,null,null,null,null,{"$f":"BX115-BX$43","v":0}]
[]
[null,null,null,null,null,null,null,null,null,null,null,null,null,null,null,null,null,null,null,null,null,null,null,null,null,null,null,null,"Saldo zu Ist:"]
[null,{"$f":"SUM(E119:AB119)","v":0},"AKh","Arbeitseinsatz",{"$f":"SUMPRODUCT(($AR$79:$AR$114)*(E$79:E$114))","v":0},0,0,0,0,0,0,0,0,0,0,0,0,0,0,0,0,0,0,0,0,0,0,0,{"$f":"$B119-$B$47","v":0}]
[null,0,"Liter","Dieselverbrauch",{"$f":"SUMPRODUCT(($AY$79:$AY$114)*(E$79:E$114))+SUMPRODUCT(($BG$79:$BG$114)*(E$79:E$114))+SUMPRODUCT(($BO$79:$BO$114)*(E$79:E$114))+SUMPRODUCT(($BW$79:$BW$114)*(E$79:E$114))","v":0},0,0,0,0,0,0,0,0,0,0,0,0,0,0,0,0,0,0,0,0,0,0,0,{"$f":"$B120-$B$48","v":0}]
[null,0,{"$f":"IF(ISNA(VLOOKUP($A121,ltSchlepper,3,FALSE))=TRUE,\"\",VLOOKUP($A121,ltSchlepper,3,FALSE))","v":""},{"$f":"IF(ISNA(VLOOKUP($A121,ltSchlepper,2,FALSE))=TRUE,\"\",VLOOKUP($A121,ltSchlepper,2,FALSE))","v":""},{"$f":"SUMPRODUCT(($AS$79:$AS$114=$A121)*($AV$79:$AV$114)*(E$79:E$114))+SUMPRODUCT(($BA$79:$BA$114=$A121)*($BD$79:$BD$114)*(E$79:E$114))+SUMPRODUCT(($BI$79:$BI$114=$A121)*($BL$79:$BL$114)*(E$79:E$114))+SUMPRODUCT(($BQ$79:$BQ$114=$A121)*($BT$79:$BT$114)*(E$79:E$114))","v":0},0,0,0,0,0,0,0,0,0,{"$f":"SUMPRODUCT(($AS$79:$AS$114=$A121)*($AV$79:$AV$114)*(O$79:O$114))+SUMPRODUCT(($BA$79:$BA$114=$A121)*($BD$79:$BD$114)*(O$79:O$114))+SUMPRODUCT(($BI$79:$BI$114=$A121)*($BL$79:$BL$114)*(O$79:O$114))+SUMPRODUCT(($BQ$79:$BQ$114=$A121)*($BT$79:$BT$114)*(O$79:O$114))","v":0},0,0,0,0,0,0,0,0,0,0,0,0,0,{"$f":"IF(ISNA(VLOOKUP($A121,Plan0MaTab,2,0)),\"nicht verfügb\",$B121-VLOOKUP($A121,Plan0MaTab,2,0))","v":"nicht verfügb"}]
[null,0,"","",0,0,0,0,0,0,0,0,0,0,0,0,0,0,0,0,0,0,0,0,0,0,0,0,"nicht verfügb"]
[null,0,"","",0,0,0,0,0,0,0,0,0,0,0,0,0,0,0,0,0,0,0,0,0,0,0,0,"nicht verfügb"]
[null,0,"","",0,0,0,0,0,0,0,0,0,0,0,0,0,0,0,0,0,0,0,0,0,0,0,0,"nicht verfügb"]
[null,0,"","",0,0,0,0,0,0,0,0,0,0,0,0,0,0,0,0,0,0,0,0,0,0,0,0,"nicht verfügb"]
[null,0,"","",0,0,0,0,0,0,0,0,0,0,0,0,0,0,0,0,0,0,0,0,0,0,0,0,"nicht verfügb"]
[]
[null,{"$f":"SelAss!$AD$72","v":"Arbeitseinsatz"},null,null,"Ermittlung des Vergleichs-Deckungsbeitrags ",null,null,null,null,null,null,null,null,null,null,null,null,null,"Notwendige zusätzliche Investitionen in Anlagevermögen und Rechte"]
[null,null,null,null,"(sowie Grenz-Unternehmergewinn und Grenz-Kapitalverzinsung)",null,null,null,null,null,null,null,{"$f":"Curr&\"/Jahr\"","v":"€/Jahr"},null,null,null,null,null,"Investitionen",null,null,null,"Anschaff.-",null,"Restwert",null,"Nutz.-",null,"Sonstig.","AfA","Sonst.","Ø  AV"]
[null,null,null,null,null,"Gesamtdeckungsbeitrag",null,null,null,null,null,null,{"$f":"AD115","v":0},null,"Diff. zu IST-Betrieb",null,null,null,null,null,null,null,"Kost.(A)",null,"(R)",null,"dauer (N)",null,"*)","(A-R) / N",null,"(A+R) / 2"]
[null,null,null,null,"±","Änderung Zinsanspr. für UV",null,null,null,null,0.03,null,{"$f":"-O131*K131","v":0},null,{"$f":"IF(AE115=0,0,AE116)","v":0},null,{"$f":"Curr","v":"€"},null,null,null,null,null,{"$f":"Curr","v":"€"},null,{"$f":"Curr","v":"€"},null,"Jahre",null,"% von A",{"$f":"Curr","v":"€"},{"$f":"Curr","v":"€"},{"$f":"Curr","v":"€"}]
[null,null,null,null,"±","Änderung Lohnansatz FamAK",null,null,null,null,0,{"$f":"Curr&\"/h\"","v":"€/h"},{"$f":"-O132*K132","v":0},null,null,null,"AKh",null,null,null,null,null,null,null,null,null,null,null,null,{"$f":"IF(AA132=0,0,(W132-Y132)/AA132)","v":0},{"$f":"W132*AC132","v":0},{"$f":"(W132+Y132)/2","v":0}]
[null,null,null,null,"±","Änderung Löhne Fremd-AK **)",null,null,null,null,25,{"$f":"Curr&\"/h\"","v":"€/h"},{"$f":"-O133*K133","v":0},null,{"$f":"IF(AF115=0,0,AF116-O132)","v":0},null,"AKh",null,null,null,null,null,null,null,null,null,null,null,null,0,0,0]
[null,null,null,null,"±","Änderung Abschreibungen für Anlagevermögen",null,null,null,null,null,null,{"$f":"-AD143","v":0},null,{"$f":"-M134","v":0},null,{"$f":"Curr","v":"€"},null,null,null,null,null,null,null,null,null,null,null,null,0,0,0]
[null,null,null,null,"±","Änderung  Zinsanspruch f. AV",null,null,null,null,0.03,null,{"$f":"-O135*K135","v":0},null,{"$f":"AF143","v":0},null,"€",null,null,null,null,null,null,null,null,null,null,null,null,0,0,0]
[null,null,null,null,"±","Änderung  Sonstiges für Anlagevermögen",null,null,null,null,null,null,{"$f":"-AE143","v":0},null,{"$f":"-M136","v":0},null,"€",null,null,null,null,null,null,null,null,null,null,null,null,0,0,0]
[null,null,null,null,"±","Änderung  sonstige Fest- und Gemeinkosten",null,null,null,null,null,null,{"$f":"O137","v":0},null,null,null,"€",null,null,null,null,null,null,null,null,null,null,null,null,0,0,0]
[null,null,null,null,"±",null,null,null,null,null,null,null,{"$f":"O138","v":0},null,null,null,"€",null,null,null,null,null,null,null,null,null,null,null,null,0,0,0]
[null,null,null,null,"±",null,null,null,null,null,null,null,{"$f":"O139","v":0},null,null,null,"€",null,null,null,null,null,null,null,null,null,null,null,null,0,0,0]
[null,null,null,null,"=","Vergleichsdeckungsbeitrag (VDB)",null,null,null,null,null,null,{"$f":"M130+SUM(M131:M139)","v":0},null,null,null,null,null,null,null,null,null,null,null,null,null,null,null,null,0,0,0]
[null,null,null,null,"–","Gesamtdeckungsbeitrag",null,null,null,{"$f":"Plan0","v":"Plan 0:"},{"$f":"C4","v":"IST-Betrieb"},null,{"$f":"$O$57","v":0},null,null,null,null,null,null,null,null,null,null,null,null,null,null,null,null,0,0,0]
[null,null,null,null,"=","Änderung VDB gegenüber ",null,null,null,{"$f":"J141","v":"Plan 0:"},{"$f":"K141","v":"IST-Betrieb"},null,{"$f":"IF(M130=0,0,M140-M141)","v":0},null,">>   relativ:",null,{"$f":"IF(M141=0,0,M142/M141)","v":0},null,null,null,null,null,null,null,null,null,null,null,null,0,0,0]
[null,null,null,null,null,"Verzinsung des zus. einges. Kapitals",null,null,null,null,null,null,{"$f":"IF(M130=0,0,M142-M135-M131)","v":0},null,{"$f":"O135+O131","v":0},null,{"$f":"IF(O143>0,M143/O143,0)","v":0},null,"Gesamt",null,null,null,{"$f":"SUM(W132:W142)","v":0},null,{"$f":"SUM(Y132:Y142)","v":0},null,"-",null,"-",{"$f":"SUM(AD132:AD142)","v":0},{"$f":"SUM(AE132:AE142)","v":0},{"$f":"SUM(AF132:AF142)","v":0}]
[null,null,null,null,"**) soweit nicht bereits in DBs enthalten",null,null,null,null,null,null,null,null,null,null,null,null,null,"*) Unterhalt, Versicherung, etc."]
[]
[]
[null,"Plan 2:","Strohmühle kaufen",null,"Einsatzumfang nach Halbmonaten (in den Einheiten des jeweiligen Arbeitsverfahrens)",null,null,null,null,null,null,null,null,null,null,null,null,null,null,null,null,null,null,null,null,null,null,null,"Deckungs-",null,"Umlauf-","AKh",null,"Leistung",null,"VarKo","Variable Kosten der Maschinen",null,null,null,null,null,"VarKo","AKh","Maschine 1",null,null,null,null,null,null,null,"Maschine 2",null,null,null,null,null,null,null,"Maschine 3",null,null,null,null,null,null,null,"Maschine 4"]
[null,null,null,null,"Jan",null,"Feb",null,"Mrz",null,"Apr",null,"Mai",null,"Jun",null,"Jul",null,"Aug",null,"Sep",null,"Okt",null,"Nov",null,"Dez",null,"beitrag",null,"vermögen","im Jahr",null,"Haupt","Neben","Material","Rep.-","Sonst.","Verrechn-","Diesel-","Schmier-","VK Masch","Ins-","Bedarf","Code","Bezeich-","Arbeits-","Umfang je","Umfang","Dieselverbrauch",null,null,"Code","Bezeich-","Arbeits-","Umfang je","Umfang","Dieselverbrauch",null,null,"Code","Bezeich-","Arbeits-","Umfang je","Umfang","Dieselverbrauch",null,null,"Code","Bezeich-","Arbeits-","Umfang je","Umfang","Dieselverbrauch"]
[null,"Arbeitsverfahren",null,null,"01a","01b","02a","02b","03a","03b","04a","04b","05a","05b","06a","06b","07a","07b","08a","08b","09a","09b","10a","10b","11a","11b","12a","12b","je Einh.","insges.","insges.","insges.",null,"insges.","insges.","insges.","kost.","(Hilfsm.)","preis","kosten","öl-Kost.","insges.","gesamt","je Einh."," ","nung","Einheit","ArbGang","insges.","Verbr.-","Liter je","Liter"," ","nung","Einheit","ArbGang","insges.","Verbr.-","Liter je","Liter"," ","nung","Einheit","ArbGang","insges.","Verbr.-","Liter je","Liter"," ","nung","Einheit","ArbGang","insges.","Verbr.-","Liter je","Liter"]
[null,"Umfang","Einheit","Bezeichnung",null,null,null,null,null,null,null,null,null,null,null,null,null,null,null,null,null,null,null,null,null,null,null,null,{"$f":"Curr&\"/J\"","v":"€/J"},{"$f":"Curr&\"/J\"","v":"€/J"},{"$f":"Curr&\"/J\"","v":"€/J"},"AKh/J",null,{"$f":"Curr&\"/J\"","v":"€/J"},"€/J","€/J","€/J","€/J","€/J","€/J","€/J","€/J","€/J","AKh/J",null,null,null,"Einh.","Einh.","Faktor","ArbGang","insges",null,null,null,"Einh.","Einh.","Faktor","ArbGang","insges",null,null,null,"Einh.","Einh.","Faktor","ArbGang","insges",null,null,null,"Einh.","Einh.","Faktor","ArbGang","insges"]
[null,{"$f":"SUM(E151:AB151)","v":0},{"$f":"IF(OR($A151=0,C$1=0),0,VLOOKUP($A151,ltPflArbGang,C$1,FALSE))","v":0},0,null,null,null,null,null,null,null,null,null,null,null,null,null,null,null,null,null,null,null,null,null,null,null,null,{"$f":"IF(OR($A151=0,AC$1=0),0,VLOOKUP($A151,ltPflArbGang,AC$1,FALSE))","v":0},{"$f":"IF(OR($A151=0,AD$1=0),0,VLOOKUP($A151,ltPflArbGang,AD$1,FALSE)*$B151)","v":0},0,0,null,{"$f":"IF(OR($A151=0,AH$1=0),0,VLOOKUP($A151,ltPflArbGang,AH$1,FALSE)*$B151)","v":0},0,0,0,0,0,0,0,0,{"$f":"AP151+AJ151","v":0},{"$f":"IF(OR($A151=0,AR$1=0),0,VLOOKUP($A151,ltPflArbGang,AR$1,FALSE))","v":0},0,0,0,0,{"$f":"IF(OR($A151=0,AW$1=0),0,VLOOKUP($A151,ltPflArbGang,AW$1,FALSE)*$B151)","v":0},{"$f":"IF(OR($A151=0,AX$1=0),0,VLOOKUP($A151,ltPflArbGang,AX$1,FALSE))","v":0},0,{"$f":"IF(OR($A151=0,AZ$1=0),0,VLOOKUP($A151,ltPflArbGang,AZ$1,FALSE)*$B151)","v":0},{"$f":"IF(OR($A151=0,BA$1=0),0,VLOOKUP($A151,ltPflArbGang,BA$1,FALSE))","v":0},0,0,0,{"$f":"IF(OR($A151=0,BE$1=0),0,VLOOKUP($A151,ltPflArbGang,BE$1,FALSE)*$B151)","v":0},{"$f":"IF(OR($A151=0,BF$1=0),0,VLOOKUP($A151,ltPflArbGang,BF$1,FALSE))","v":0},0,{"$f":"IF(OR($A151=0,BH$1=0),0,VLOOKUP($A151,ltPflArbGang,BH$1,FALSE)*$B151)","v":0},{"$f":"IF(OR($A151=0,BI$1=0),0,VLOOKUP($A151,ltPflArbGang,BI$1,FALSE))","v":0},0,0,0,{"$f":"IF(OR($A151=0,BM$1=0),0,VLOOKUP($A151,ltPflArbGang,BM$1,FALSE)*$B151)","v":0},{"$f":"IF(OR($A151=0,BN$1=0),0,VLOOKUP($A151,ltPflArbGang,BN$1,FALSE))","v":0},0,{"$f":"IF(OR($A151=0,BP$1=0),0,VLOOKUP($A151,ltPflArbGang,BP$1,FALSE)*$B151)","v":0},{"$f":"IF(OR($A151=0,BQ$1=0),0,VLOOKUP($A151,ltPflArbGang,BQ$1,FALSE))","v":0},0,0,0,{"$f":"IF(OR($A151=0,BU$1=0),0,VLOOKUP($A151,ltPflArbGang,BU$1,FALSE)*$B151)","v":0},{"$f":"IF(OR($A151=0,BV$1=0),0,VLOOKUP($A151,ltPflArbGang,BV$1,FALSE))","v":0},0,{"$f":"IF(OR($A151=0,BX$1=0),0,VLOOKUP($A151,ltPflArbGang,BX$1,FALSE)*$B151)","v":0}]
[null,{"$f":"SUM(E152:AB152)","v":0},0,0,null,null,null,null,null,null,null,null,null,null,null,null,null,null,null,null,null,null,null,null,null,null,null,null,0,0,0,0,null,{"$f":"IF(OR($A152=0,AH$1=0),0,VLOOKUP($A152,ltPflArbGang,AH$1,FALSE)*$B152)","v":0},0,0,0,0,0,0,0,0,0,0,0,0,0,0,0,0,0,0,0,0,0,0,0,0,0,0,0,0,0,0,0,0,0,0,0,0,0,0,0,0,0,0]
[null,0,0,0,null,null,null,null,null,null,null,null,null,null,null,null,null,null,null,null,null,null,null,null,null,null,null,null,0,0,0,0,null,{"$f":"IF(OR($A153=0,AH$1=0),0,VLOOKUP($A153,ltPflArbGang,AH$1,FALSE)*$B153)","v":0},0,0,0,0,0,0,0,0,0,0,0,0,0,0,0,0,0,0,0,0,0,0,0,0,0,0,0,0,0,0,0,0,0,0,0,0,0,0,0,0,0,0]
[null,0,{"$f":"IF(OR($A154=0,C$1=0),0,VLOOKUP($A154,ltPflArbGang,C$1,FALSE))","v":0},0,null,null,null,null,null,null,null,null,null,null,null,null,null,null,null,null,null,null,null,null,null,null,null,null,0,0,0,0,null,{"$f":"IF(OR($A154=0,AH$1=0),0,VLOOKUP($A154,ltPflArbGang,AH$1,FALSE)*$B154)","v":0},0,0,{"$f":"IF(OR($A154=0,AK$1=0),0,VLOOKUP($A154,ltPflArbGang,AK$1,FALSE)*$B154)","v":0},0,0,0,0,0,{"$f":"AP154+AJ154","v":0},{"$f":"IF(OR($A154=0,AR$1=0),0,VLOOKUP($A154,ltPflArbGang,AR$1,FALSE))","v":0},0,0,0,0,0,0,0,0,{"$f":"IF(OR($A154=0,BA$1=0),0,VLOOKUP($A154,ltPflArbGang,BA$1,FALSE))","v":0},0,0,0,0,0,0,0,{"$f":"IF(OR($A154=0,BI$1=0),0,VLOOKUP($A154,ltPflArbGang,BI$1,FALSE))","v":0},0,0,0,0,0,0,0,{"$f":"IF(OR($A154=0,BQ$1=0),0,VLOOKUP($A154,ltPflArbGang,BQ$1,FALSE))","v":0},0,0,0,0,0,0,0]
[null,0,0,0,null,null,null,null,null,null,null,null,null,null,null,null,null,null,null,null,null,null,null,null,null,null,null,null,0,0,0,0,null,0,0,0,0,0,0,0,0,0,0,0,0,0,0,0,0,0,0,0,0,0,0,0,0,0,0,0,0,0,0,0,0,0,0,0,0,0,0,0,0,0,0,0]
[null,0,0,0,null,null,null,null,null,null,null,null,null,null,null,null,null,null,null,null,null,null,null,null,null,null,null,null,0,0,0,0,null,0,0,0,0,0,0,0,0,0,0,0,0,0,0,0,0,0,0,0,0,0,0,0,0,0,0,0,0,0,0,0,0,0,0,0,0,0,0,0,0,0,0,0]
[null,0,0,0,null,null,null,null,null,null,null,null,null,null,null,null,null,null,null,null,null,null,null,null,null,null,null,null,0,0,0,0,null,0,0,0,0,0,0,0,0,0,0,0,0,0,0,0,0,0,0,0,0,0,0,0,0,0,0,0,0,0,0,0,0,0,0,0,0,0,0,0,0,0,0,0]
[null,0,0,0,null,null,null,null,null,null,null,null,null,null,null,null,null,null,null,null,null,null,null,null,null,null,null,null,0,0,0,0,null,{"$f":"IF(OR($A158=0,AH$1=0),0,VLOOKUP($A158,ltPflArbGang,AH$1,FALSE)*$B158)","v":0},0,0,0,0,0,0,0,0,0,0,0,0,0,0,0,0,0,0,0,0,0,0,0,0,0,0,0,0,0,0,0,0,0,0,0,0,0,0,0,0,0,0]
[null,0,0,0,null,null,null,null,null,null,null,null,null,null,null,null,null,null,null,null,null,null,null,null,null,null,null,null,0,0,0,0,null,0,0,0,0,0,0,0,0,0,0,0,0,0,0,0,0,0,0,0,0,0,0,0,0,0,0,0,0,0,0,0,0,0,0,0,0,0,0,0,0,0,0,0]
[null,0,0,0,null,null,null,null,null,null,null,null,null,null,null,null,null,null,null,null,null,null,null,null,null,null,null,null,0,0,0,0,null,0,0,0,0,0,0,0,0,0,0,{"$f":"IF(OR($A160=0,AR$1=0),0,VLOOKUP($A160,ltPflArbGang,AR$1,FALSE))","v":0},0,0,0,0,0,0,0,0,0,0,0,0,0,0,0,0,0,0,0,0,0,0,0,0,0,0,0,0,0,0,0,0]
[null,0,0,0,null,null,null,null,null,null,null,null,null,null,null,null,null,null,null,null,null,null,null,null,null,null,null,null,0,0,0,0,null,0,0,0,0,0,0,0,0,0,{"$f":"AP161+AJ161","v":0},0,0,0,0,0,0,0,0,0,{"$f":"IF(OR($A161=0,BA$1=0),0,VLOOKUP($A161,ltPflArbGang,BA$1,FALSE))","v":0},0,0,{"$f":"IF(OR($A161=0,BD$1=0),0,VLOOKUP($A161,ltPflArbGang,BD$1,FALSE))","v":0},0,0,0,0,{"$f":"IF(OR($A161=0,BI$1=0),0,VLOOKUP($A161,ltPflArbGang,BI$1,FALSE))","v":0},0,0,{"$f":"IF(OR($A161=0,BL$1=0),0,VLOOKUP($A161,ltPflArbGang,BL$1,FALSE))","v":0},0,0,0,0,{"$f":"IF(OR($A161=0,BQ$1=0),0,VLOOKUP($A161,ltPflArbGang,BQ$1,FALSE))","v":0},0,0,{"$f":"IF(OR($A161=0,BT$1=0),0,VLOOKUP($A161,ltPflArbGang,BT$1,FALSE))","v":0},0,0,0,0]
[null,0,0,0,null,null,null,null,null,null,null,null,null,null,null,null,null,null,null,null,null,null,null,null,null,null,null,null,0,0,0,0,null,0,0,0,0,0,0,0,0,0,0,0,0,0,0,0,0,0,0,0,0,0,0,{"$f":"IF(OR($A162=0,BD$1=0),0,VLOOKUP($A162,ltPflArbGang,BD$1,FALSE))","v":0},0,0,0,0,0,0,0,{"$f":"IF(OR($A162=0,BL$1=0),0,VLOOKUP($A162,ltPflArbGang,BL$1,FALSE))","v":0},0,0,0,0,0,0,0,{"$f":"IF(OR($A162=0,BT$1=0),0,VLOOKUP($A162,ltPflArbGang,BT$1,FALSE))","v":0},0,0,0,0]
[null,0,0,0,null,null,null,null,null,null,null,null,null,null,null,null,null,null,null,null,null,null,null,null,null,null,null,null,0,0,0,0,null,0,0,0,0,0,0,0,0,0,0,0,0,0,0,0,0,0,0,0,0,0,0,{"$f":"IF(OR($A163=0,BD$1=0),0,VLOOKUP($A163,ltPflArbGang,BD$1,FALSE))","v":0},0,0,0,0,0,0,0,{"$f":"IF(OR($A163=0,BL$1=0),0,VLOOKUP($A163,ltPflArbGang,BL$1,FALSE))","v":0},0,0,0,0,0,0,0,{"$f":"IF(OR($A163=0,BT$1=0),0,VLOOKUP($A163,ltPflArbGang,BT$1,FALSE))","v":0},0,0,0,0]
[null,0,0,0,null,null,null,null,null,null,null,null,null,null,null,null,null,null,null,null,null,null,null,null,null,null,null,null,0,0,0,0,null,0,0,0,0,0,0,0,0,0,0,0,0,0,0,0,0,0,0,0,0,0,0,0,0,0,0,0,0,0,0,0,0,0,0,0,0,0,0,0,0,0,0,0]
[null,0,0,0,null,null,null,null,null,null,null,null,null,null,null,null,null,null,null,null,null,null,null,null,null,null,null,null,0,0,0,0,null,0,0,0,0,0,0,0,0,0,0,0,0,0,0,0,0,0,0,0,0,0,0,0,0,0,0,0,0,0,0,0,0,0,0,0,0,0,0,0,0,0,0,0]
[null,0,0,0,null,null,null,null,null,null,null,null,null,null,null,null,null,null,null,null,null,null,null,null,null,null,null,null,0,0,0,0,null,{"$f":"IF(OR($A166=0,AH$1=0),0,VLOOKUP($A166,ltPflArbGang,AH$1,FALSE)*$B166)","v":0},0,0,0,0,0,0,0,0,0,0,0,0,0,0,0,0,0,0,0,0,0,0,0,0,0,0,0,0,0,0,0,0,0,0,0,0,0,0,0,0,0,0]
[null,0,0,0,null,null,null,null,null,null,null,null,null,null,null,null,null,null,null,null,null,null,null,null,null,null,null,null,0,0,0,0,null,{"$f":"IF(OR($A167=0,AH$1=0),0,VLOOKUP($A167,ltPflArbGang,AH$1,FALSE)*$B167)","v":0},0,0,0,0,0,0,0,0,0,0,0,0,0,0,0,0,0,0,0,0,0,0,0,0,0,0,0,0,0,0,0,0,0,0,0,0,0,0,0,0,0,0]
[null,0,0,0,null,null,null,null,null,null,null,null,null,null,null,null,null,null,null,null,null,null,null,null,null,null,null,null,0,0,0,0,null,{"$f":"IF(OR($A168=0,AH$1=0),0,VLOOKUP($A168,ltPflArbGang,AH$1,FALSE)*$B168)","v":0},0,0,0,0,0,0,0,0,0,0,0,0,0,0,0,0,0,0,0,0,0,0,0,0,0,0,0,0,0,0,0,0,0,0,0,0,0,0,0,0,0,0]
[null,0,0,0,null,null,null,null,null,null,null,null,null,null,null,null,null,null,null,null,null,null,null,null,null,null,null,null,0,0,0,0,null,0,0,0,0,0,0,0,0,0,0,0,0,0,0,0,0,0,0,0,0,0,0,0,0,0,0,0,0,0,0,0,0,0,0,0,0,0,0,0,0,0,0,0]
[null,0,0,0,null,null,null,null,null,null,null,null,null,null,null,null,null,null,null,null,null,null,null,null,null,null,null,null,0,0,0,0,null,0,0,0,0,0,0,0,0,0,0,0,0,0,0,0,0,0,0,0,0,0,0,0,0,0,0,0,0,0,0,0,0,0,0,0,0,0,0,0,0,0,0,0]
[null,0,0,0,null,null,null,null,null,null,null,null,null,null,null,null,null,null,null,null,null,null,null,null,null,null,null,null,0,0,0,0,null,0,0,0,0,0,0,0,0,0,0,0,0,0,0,0,0,0,0,0,0,0,0,0,0,0,0,0,0,0,0,0,0,0,0,0,0,0,0,0,0,0,0,0]
[null,0,0,0,null,null,null,null,null,null,null,null,null,null,null,null,null,null,null,null,null,null,null,null,null,null,null,null,0,0,0,0,null,0,0,0,0,0,0,0,0,0,0,0,0,0,0,0,0,0,0,0,0,0,0,0,0,0,0,0,0,0,0,0,0,0,0,0,0,0,0,0,0,0,0,0]
[null,0,0,0,null,null,null,null,null,null,null,null,null,null,null,null,null,null,null,null,null,null,null,null,null,null,null,null,0,0,0,0,null,0,0,0,0,0,0,0,0,0,0,0,0,0,0,0,0,0,0,0,0,0,0,0,0,0,0,0,0,0,0,0,0,0,0,0,0,0,0,0,0,0,0,0]
[null,0,0,0,null,null,null,null,null,null,null,null,null,null,null,null,null,null,null,null,null,null,null,null,null,null,null,null,0,0,0,0,null,0,0,0,0,0,0,0,0,0,0,0,0,0,0,0,0,0,0,0,0,0,0,0,0,0,0,0,0,0,0,0,0,0,0,0,0,0,0,0,0,0,0,0]
[null,0,0,0,null,null,null,null,null,null,null,null,null,null,null,null,null,null,null,null,null,null,null,null,null,null,null,null,0,0,0,0,null,{"$f":"IF(OR($A175=0,AH$1=0),0,VLOOKUP($A175,ltPflArbGang,AH$1,FALSE)*$B175)","v":0},0,0,0,0,0,0,0,0,0,{"$f":"IF(OR($A175=0,AR$1=0),0,VLOOKUP($A175,ltPflArbGang,AR$1,FALSE))","v":0},0,0,0,0,0,0,0,0,0,0,0,0,0,0,0,0,0,0,0,0,0,0,0,0,0,0,0,0,0,0,0,0]
[null,0,0,0,null,null,null,null,null,null,null,null,null,null,null,null,null,null,null,null,null,null,null,null,null,null,null,null,0,0,0,0,null,0,0,0,0,0,0,0,0,0,0,0,0,0,0,0,0,0,0,0,0,0,0,0,0,0,0,0,0,0,0,0,0,0,0,0,0,0,0,0,0,0,0,0]
[null,0,0,0,null,null,null,null,null,null,null,null,null,null,null,null,null,null,null,null,null,null,null,null,null,null,null,null,0,0,0,0,null,0,0,0,0,0,0,0,0,0,0,0,0,0,0,0,0,0,0,0,0,0,0,0,0,0,0,0,0,0,0,0,0,0,0,0,0,0,0,0,0,0,0,0]
[null,0,0,0,null,null,null,null,null,null,null,null,null,null,null,null,null,null,null,null,null,null,null,null,null,null,null,null,0,0,0,0,null,0,0,0,0,0,0,0,0,0,0,0,0,0,0,0,0,0,0,0,0,0,0,0,0,0,0,0,0,0,0,0,0,0,0,0,0,0,0,0,0,0,0,0]
[null,0,0,0,null,null,null,null,null,null,null,null,null,null,null,null,null,null,null,null,null,null,null,null,null,null,null,null,0,0,0,0,null,0,0,0,0,0,0,0,0,0,0,0,0,0,0,0,0,0,0,0,0,0,0,0,0,0,0,0,0,0,0,0,0,0,0,0,0,0,0,0,0,0,0,0]
[null,0,0,0,null,null,null,null,null,null,null,null,null,null,null,null,null,null,null,null,null,null,null,null,null,null,null,null,0,0,0,0,null,0,0,0,0,0,0,0,0,0,0,0,0,0,0,0,0,0,0,0,0,0,0,0,0,0,0,0,0,0,0,0,0,0,0,0,0,0,0,0,0,0,0,0]
[null,0,0,0,null,null,null,null,null,null,null,null,null,null,null,null,null,null,null,null,null,null,null,null,null,null,null,null,0,0,0,0,null,0,0,0,0,0,0,0,0,0,0,0,0,0,0,0,0,0,0,0,0,0,0,0,0,0,0,0,0,0,0,0,0,0,0,0,0,0,0,0,0,0,0,0]
[null,0,0,0,null,null,null,null,null,null,null,null,null,null,null,null,null,null,null,null,null,null,null,null,null,null,null,null,0,0,0,0,null,0,0,0,0,0,0,0,0,0,0,0,0,0,0,0,0,0,0,0,0,0,0,0,0,0,0,0,0,0,0,0,0,0,0,0,0,0,0,0,0,0,0,0]
[null,0,0,0,null,null,null,null,null,null,null,null,null,null,null,null,null,null,null,null,null,null,null,null,null,null,null,null,0,0,0,0,null,0,0,0,0,0,0,0,0,0,0,0,0,0,0,0,0,0,0,0,0,0,0,0,0,0,0,0,0,0,0,0,0,0,0,0,0,0,0,0,0,0,0,0]
[null,0,0,0,null,null,null,null,null,null,null,null,null,null,null,null,null,null,null,null,null,null,null,null,null,null,null,null,0,0,0,0,null,0,0,0,0,0,0,0,0,0,0,0,0,0,0,0,0,0,0,0,0,0,0,0,0,0,0,0,0,0,0,0,0,0,0,0,0,0,0,0,0,0,0,0]
[null,0,0,0,null,null,null,null,null,null,null,null,null,null,null,null,null,null,null,null,null,null,null,null,null,null,null,null,0,0,0,0,null,0,0,0,0,0,0,0,0,0,0,0,0,0,0,0,0,0,0,0,0,0,0,0,0,0,0,0,0,0,0,0,0,0,0,0,0,0,0,0,0,0,0,0]
[null,"Summe",null,null,null,null,null,null,null,null,null,null,null,null,null,null,null,null,null,null,null,null,null,null,null,null,null,null,"-",{"$f":"SUM(AD151:AD185)","v":0},{"$f":"SUM(AE151:AE185)","v":0},{"$f":"SUM(AF151:AF185)","v":0},null,{"$f":"SUM(AH151:AH185)","v":0},0,0,0,0,0,0,0,0,0,null,null,null,null,null,null,null,null,{"$f":"SUM(AZ151:AZ185)","v":0},null,null,null,null,null,null,null,{"$f":"SUM(BH151:BH185)","v":0},null,null,null,null,null,null,null,{"$f":"SUM(BP151:BP185)","v":0},null,null,null,null,null,null,null,{"$f":"SUM(BX151:BX185)","v":0}]
[null,"Saldo zu:",{"$f":"Plan0","v":"Plan 0:"},{"$f":"$C$4","v":"IST-Betrieb"},null,null,null,null,null,null,null,null,null,null,null,null,null,null,null,null,null,null,null,null,null,null,null,null,"-",{"$f":"AD186-AD$43","v":0},{"$f":"AE186-AE$43","v":0},{"$f":"AF186-AF$43","v":0},null,{"$f":"AH186-AH$43","v":0},0,0,0,0,0,0,0,0,0,null,null,null,null,null,null,null,null,{"$f":"AZ186-AZ$43","v":0},null,null,null,null,null,null,null,{"$f":"BH186-BH$43","v":0},null,null,null,null,null,null,null,{"$f":"BP186-BP$43","v":0},null,null,null,null,null,null,null,{"$f":"BX186-BX$43","v":0}]
[null,"Saldo zu:",{"$f":"Plan1","v":"Plan 1:"},{"$f":"$C$75","v":"Optimierter IST-Betrieb"},null,null,null,null,null,null,null,null,null,null,null,null,null,null,null,null,null,null,null,null,null,null,null,null,"-",{"$f":"AD186-AD$115","v":0},{"$f":"AE186-AE$115","v":0},{"$f":"AF186-AF$115","v":0},null,{"$f":"AH186-AH$115","v":0},0,0,0,0,0,0,0,0,0,null,null,null,null,null,null,null,null,{"$f":"AZ186-AZ$115","v":0},null,null,null,null,null,null,null,{"$f":"BH186-BH$115","v":0},null,null,null,null,null,null,null,{"$f":"BP186-BP$115","v":0},null,null,null,null,null,null,null,{"$f":"BX186-BX$115","v":0}]
[null,null,null,null,null,null,null,null,null,null,null,null,null,null,null,null,null,null,null,null,null,null,null,null,null,null,null,"Saldo zu:",{"$f":"C187","v":"Plan 0:"},{"$f":"C188","v":"Plan 1:"}]
[null,{"$f":"SUM(E190:AB190)","v":0},"AKh","Arbeitseinsatz",{"$f":"SUMPRODUCT(($AR$151:$AR$185)*(E$151:E$185))","v":0},0,0,0,0,0,0,0,0,0,0,0,0,0,0,0,0,0,0,0,0,0,0,0,{"$f":"$B190-$B$47","v":0},{"$f":"$B190-$B119","v":0}]
[null,0,"Liter","Dieselverbrauch",{"$f":"SUMPRODUCT(($AY$151:$AY$185)*(E$151:E$185))+SUMPRODUCT(($BG$151:$BG$185)*(E$151:E$185))+SUMPRODUCT(($BO$151:$BO$185)*(E$151:E$185))+SUMPRODUCT(($BW$151:$BW$185)*(E$151:E$185))","v":0},0,0,0,0,0,0,0,0,0,0,0,0,0,0,0,0,0,0,0,0,0,0,0,{"$f":"$B191-$B$48","v":0},{"$f":"$B191-$B120","v":0}]
[null,0,{"$f":"IF(ISNA(VLOOKUP($A192,ltSchlepper,3,FALSE))=TRUE,\"\",VLOOKUP($A192,ltSchlepper,3,FALSE))","v":""},{"$f":"IF(ISNA(VLOOKUP($A192,ltSchlepper,2,FALSE))=TRUE,\"\",VLOOKUP($A192,ltSchlepper,2,FALSE))","v":""},{"$f":"SUMPRODUCT(($AS$151:$AS$185=$A192)*($AV$151:$AV$185)*(E$151:E$185))+SUMPRODUCT(($BA$151:$BA$185=$A192)*($BD$151:$BD$185)*(E$151:E$185))+SUMPRODUCT(($BI$151:$BI$185=$A192)*($BL$151:$BL$185)*(E$151:E$185))+SUMPRODUCT(($BQ$151:$BQ$185=$A192)*($BT$151:$BT$185)*(E$151:E$185))","v":0},0,0,0,0,0,0,0,0,0,{"$f":"SUMPRODUCT(($AS$151:$AS$185=$A192)*($AV$151:$AV$185)*(O$151:O$185))+SUMPRODUCT(($BA$151:$BA$185=$A192)*($BD$151:$BD$185)*(O$151:O$185))+SUMPRODUCT(($BI$151:$BI$185=$A192)*($BL$151:$BL$185)*(O$151:O$185))+SUMPRODUCT(($BQ$151:$BQ$185=$A192)*($BT$151:$BT$185)*(O$151:O$185))","v":0},0,0,0,0,0,0,0,0,0,0,0,0,0,{"$f":"IF(ISNA(VLOOKUP($A192,Plan0MaTab,2,0)),\"nicht verfügb\",$B192-VLOOKUP($A192,Plan0MaTab,2,0))","v":"nicht verfügb"},{"$f":"IF(ISNA(VLOOKUP($A192,Plan1MaTab,2,0)),\"nicht verfügb\",$B192-VLOOKUP($A192,Plan1MaTab,2,0))","v":"nicht verfügb"}]
[null,0,"","",0,0,0,0,0,0,0,0,0,0,0,0,0,0,0,0,0,0,0,0,0,0,0,0,"nicht verfügb","nicht verfügb"]
[null,0,"","",0,0,0,0,0,0,0,0,0,0,0,0,0,0,0,0,0,0,0,0,0,0,0,0,"nicht verfügb","nicht verfügb"]
[null,0,"","",0,0,0,0,0,0,0,0,0,0,0,0,0,0,0,0,0,0,0,0,0,0,0,0,"nicht verfügb","nicht verfügb"]
[null,0,"","",0,0,0,0,0,0,0,0,0,0,0,0,0,0,0,0,0,0,0,0,0,0,0,0,"nicht verfügb","nicht verfügb"]
[null,0,"","",0,0,0,0,0,0,0,0,0,0,0,0,0,0,0,0,0,0,0,0,0,0,0,0,"nicht verfügb","nicht verfügb"]
[]
[null,{"$f":"SelAss!$AD$74","v":"Arbeitseinsatz"},null,null,"Ermittlung des Vergleichs-Deckungsbeitrags ",null,null,null,null,null,null,null,null,null,null,null,null,null,"Notwendige zusätzliche Investitionen in Anlagevermögen und Rechte"]
[null,null,null,null,"(sowie Grenz-Unternehmergewinn und Grenz-Kapitalverzinsung)",null,null,null,null,null,null,null,null,null,null,null,null,null,"Investitionen",null,null,null,"Anschaff.-",null,"Restwert",null,"Nutz.-",null,"Sonstig.","AfA","Sonst.","Ø  AV"]
[null,null,null,null,null,"Gesamtdeckungsbeitrag",null,null,null,null,null,null,{"$f":"AD186","v":0},null,"Diff. zu IST-Betrieb",null,null,null,null,null,null,null,"Kost.(A)",null,"(R)",null,"dauer (N)",null,"*)","(A-R) / N",null,"(A+R) / 2"]
[null,null,null,null,"±","Änderung Zinsanspr. für UV",null,null,null,null,0.03,null,{"$f":"-O202*K202","v":0},null,{"$f":"IF(AE186=0,0,AE187)","v":0},null,{"$f":"Curr","v":"€"},null,null,null,null,null,{"$f":"Curr","v":"€"},null,{"$f":"Curr","v":"€"},null,"Jahre",null,"% von A",{"$f":"Curr","v":"€"},{"$f":"Curr","v":"€"},{"$f":"Curr","v":"€"}]
[null,null,null,null,"±","Änderung Lohnansatz FamAK",null,null,null,null,0,{"$f":"Curr&\"/h\"","v":"€/h"},{"$f":"-O203*K203","v":0},null,null,null,"AKh",null,"Strohmühle",null,null,null,100000,null,35000,null,10,null,0.01,{"$f":"IF(AA203=0,0,(W203-Y203)/AA203)","v":6500},{"$f":"W203*AC203","v":1000},{"$f":"(W203+Y203)/2","v":67500}]
[null,null,null,null,"±","Änderung Löhne Fremd-AK **)",null,null,null,null,25,{"$f":"Curr&\"/h\"","v":"€/h"},{"$f":"-O204*K204","v":0},null,{"$f":"IF(AF186=0,0,AF187-O203)","v":0},null,"AKh",null,null,null,null,null,null,null,null,null,null,null,null,0,0,0]
[null,null,null,null,"±","Änderung Abschreibungen für Anlagevermögen",null,null,null,null,null,null,{"$f":"-AD215","v":-6500},null,{"$f":"-M205","v":6500},null,{"$f":"Curr","v":"€"},null,null,null,null,null,null,null,null,null,null,null,null,0,0,0]
[null,null,null,null,"±","Änderung  Zinsanspruch f. AV",null,null,null,null,0.03,null,{"$f":"-O206*K206","v":-2025},null,{"$f":"AF215","v":67500},null,"€",null,null,null,null,null,null,null,null,null,null,null,null,0,0,0]
[null,null,null,null,"±","Änderung  Sonstiges für Anlagevermögen",null,null,null,null,null,null,{"$f":"-AE215","v":-1000},null,{"$f":"-M207","v":1000},null,"€",null,null,null,null,null,null,null,null,null,null,null,null,0,0,0]
[null,null,null,null,"±","Änderung  sonstige Fest- und Gemeinkosten",null,null,null,null,null,null,{"$f":"O208","v":0},null,null,null,"€",null,null,null,null,null,null,null,null,null,null,null,null,0,0,0]
[null,null,null,null,"±",null,null,null,null,null,null,null,{"$f":"O209","v":0},null,null,null,"€",null,null,null,null,null,null,null,null,null,null,null,null,0,0,0]
[null,null,null,null,"±",null,null,null,null,null,null,null,{"$f":"O210","v":0},null,null,null,"€",null,null,null,null,null,null,null,null,null,null,null,null,0,0,0]
[null,null,null,null,"=","Vergleichsdeckungsbeitrag (VDB)",null,null,null,null,null,null,{"$f":"M201+SUM(M202:M210)","v":-9525},null,null,null,null,null,null,null,null,null,null,null,null,null,null,null,null,0,0,0]
[null,null,null,null,"Grenz-Unternehmergewinn gegenüber:",null,null,null,null,null,null,{"$f":"Plan0","v":"Plan 0:"},{"$f":"IF(M201=0,0,M211-$O$57)","v":0},null,">>>>   relativ:",null,{"$f":"IF($O$57=0,0,M212/$O$57)","v":0},null,null,null,null,null,null,null,null,null,null,null,null,0,0,0]
[null,null,null,null,"(= Änderungdes VDB)",null,null,null,null,null,null,{"$f":"C188","v":"Plan 1:"},{"$f":"IF(M201=0,0,M211-$M$140)","v":0},null,">>>>   relativ:",null,{"$f":"IF($M$140=0,0,M213/$M$140)","v":0},null,null,null,null,null,null,null,null,null,null,null,null,0,0,0]
[null,null,null,null,"Verzinsung des zus. einges. Kapitals  gegenüber:",null,null,null,null,null,null,{"$f":"L212","v":"Plan 0:"},{"$f":"M212-M206-M202","v":2025},null,{"$f":"O206+O202","v":67500},null,{"$f":"IF(O214>0,M214/O214,0)","v":0.03},null,null,null,null,null,null,null,null,null,null,null,null,0,0,0]
[null,null,null,null,null,null,null,null,null,null,null,{"$f":"L213","v":"Plan 1:"},{"$f":"IF(M201=0,0,M213+((-M202+$M$131)+(-M206+$M$135)))","v":0},null,{"$f":"O214-$O$143","v":67500},null,{"$f":"IF(O215>0,M215/O215,0)","v":0},null,"Gesamt",null,null,null,{"$f":"SUM(W203:W214)","v":100000},null,{"$f":"SUM(Y203:Y214)","v":35000},null,null,null,null,{"$f":"SUM(AD203:AD214)","v":6500},{"$f":"SUM(AE203:AE214)","v":1000},{"$f":"SUM(AF203:AF214)","v":67500}]
[null,null,null,null,"* soweit nicht bereits in DBs enthalten",null,null,null,null,null,null,null,null,null,null,null,null,null,"*) Unterhalt, Versicherung, etc."]
[]
[]
[null,"Plan 3:","Transportgeschäft LKW´s ",null,"Einsatzumfang nach Halbmonaten (in den Einheiten des jeweiligen Arbeitsverfahrens)",null,null,null,null,null,null,null,null,null,null,null,null,null,null,null,null,null,null,null,null,null,null,null,"Deckungs-",null,"Umlauf-","AKh",null,"Leistung",null,"VarKo","Variable Kosten der Maschinen",null,null,null,null,null,"VarKo","AKh","Maschine 1",null,null,null,null,null,null,null,"Maschine 2",null,null,null,null,null,null,null,"Maschine 3",null,null,null,null,null,null,null,"Maschine 4"]
[null,null,null,null,"Jan",null,"Feb",null,"Mrz",null,"Apr",null,"Mai",null,"Jun",null,"Jul",null,"Aug",null,"Sep",null,"Okt",null,"Nov",null,"Dez",null,"beitrag",null,"vermögen","im Jahr",null,"Haupt","Neben","Material","Rep.-","Sonst.","Verrechn-","Diesel-","Schmier-","VK Masch","Ins-","Bedarf","Code","Bezeich-","Arbeits-","Umfang je","Umfang","Dieselverbrauch",null,null,"Code","Bezeich-","Arbeits-","Umfang je","Umfang","Dieselverbrauch",null,null,"Code","Bezeich-","Arbeits-","Umfang je","Umfang","Dieselverbrauch",null,null,"Code","Bezeich-","Arbeits-","Umfang je","Umfang","Dieselverbrauch"]
[null,"Arbeitsverfahren",null,null,"01a","01b","02a","02b","03a","03b","04a","04b","05a","05b","06a","06b","07a","07b","08a","08b","09a","09b","10a","10b","11a","11b","12a","12b","je Einh.","insges.","insges.","insges.",null,"insges.","insges.","insges.","kost.","(Hilfsm.)","preis","kosten","öl-Kost.","insges.","gesamt","je Einh."," ","nung","Einheit","ArbGang","insges.","Verbr.-","Liter je","Liter"," ","nung","Einheit","ArbGang","insges.","Verbr.-","Liter je","Liter"," ","nung","Einheit","ArbGang","insges.","Verbr.-","Liter je","Liter"," ","nung","Einheit","ArbGang","insges.","Verbr.-","Liter je","Liter"]
[null,"Umfang","Einheit","Bezeichnung",null,null,null,null,null,null,null,null,null,null,null,null,null,null,null,null,null,null,null,null,null,null,null,null,{"$f":"Curr&\"/J\"","v":"€/J"},{"$f":"Curr&\"/J\"","v":"€/J"},{"$f":"Curr&\"/J\"","v":"€/J"},"AKh/J",null,{"$f":"Curr&\"/J\"","v":"€/J"},"€/J","€/J","€/J","€/J","€/J","€/J","€/J","€/J","€/J","AKh/J",null,null,null,"Einh.","Einh.","Faktor","ArbGang","insges",null,null,null,"Einh.","Einh.","Faktor","ArbGang","insges",null,null,null,"Einh.","Einh.","Faktor","ArbGang","insges",null,null,null,"Einh.","Einh.","Faktor","ArbGang","insges"]
[null,{"$f":"+SUM(E223:AB223)","v":0},{"$f":"IF(OR($A223=0,C$1=0),0,VLOOKUP($A223,ltPflArbGang,C$1,FALSE))","v":0},0,null,null,null,null,null,null,null,null,null,null,null,null,null,null,null,null,null,null,null,null,null,null,null,null,{"$f":"IF(OR($A223=0,AC$1=0),0,VLOOKUP($A223,ltPflArbGang,AC$1,FALSE))","v":0},{"$f":"IF(OR($A223=0,AD$1=0),0,VLOOKUP($A223,ltPflArbGang,AD$1,FALSE)*$B223)","v":0},0,0,null,{"$f":"IF(OR($A223=0,AH$1=0),0,VLOOKUP($A223,ltPflArbGang,AH$1,FALSE)*$B223)","v":0},0,0,0,0,0,0,0,0,{"$f":"AP223+AJ223","v":0},{"$f":"IF(OR($A223=0,AR$1=0),0,VLOOKUP($A223,ltPflArbGang,AR$1,FALSE))","v":0},0,0,0,0,{"$f":"IF(OR($A223=0,AW$1=0),0,VLOOKUP($A223,ltPflArbGang,AW$1,FALSE)*$B223)","v":0},{"$f":"IF(OR($A223=0,AX$1=0),0,VLOOKUP($A223,ltPflArbGang,AX$1,FALSE))","v":0},0,{"$f":"IF(OR($A223=0,AZ$1=0),0,VLOOKUP($A223,ltPflArbGang,AZ$1,FALSE)*$B223)","v":0},{"$f":"IF(OR($A223=0,BA$1=0),0,VLOOKUP($A223,ltPflArbGang,BA$1,FALSE))","v":0},0,0,0,{"$f":"IF(OR($A223=0,BE$1=0),0,VLOOKUP($A223,ltPflArbGang,BE$1,FALSE)*$B223)","v":0},{"$f":"IF(OR($A223=0,BF$1=0),0,VLOOKUP($A223,ltPflArbGang,BF$1,FALSE))","v":0},0,{"$f":"IF(OR($A223=0,BH$1=0),0,VLOOKUP($A223,ltPflArbGang,BH$1,FALSE)*$B223)","v":0},{"$f":"IF(OR($A223=0,BI$1=0),0,VLOOKUP($A223,ltPflArbGang,BI$1,FALSE))","v":0},0,0,0,{"$f":"IF(OR($A223=0,BM$1=0),0,VLOOKUP($A223,ltPflArbGang,BM$1,FALSE)*$B223)","v":0},{"$f":"IF(OR($A223=0,BN$1=0),0,VLOOKUP($A223,ltPflArbGang,BN$1,FALSE))","v":0},0,{"$f":"IF(OR($A223=0,BP$1=0),0,VLOOKUP($A223,ltPflArbGang,BP$1,FALSE)*$B223)","v":0},{"$f":"IF(OR($A223=0,BQ$1=0),0,VLOOKUP($A223,ltPflArbGang,BQ$1,FALSE))","v":0},0,0,0,{"$f":"IF(OR($A223=0,BU$1=0),0,VLOOKUP($A223,ltPflArbGang,BU$1,FALSE)*$B223)","v":0},{"$f":"IF(OR($A223=0,BV$1=0),0,VLOOKUP($A223,ltPflArbGang,BV$1,FALSE))","v":0},0,{"$f":"IF(OR($A223=0,BX$1=0),0,VLOOKUP($A223,ltPflArbGang,BX$1,FALSE)*$B223)","v":0}]
[null,{"$f":"+SUM(E224:AB224)","v":0},0,0,null,null,null,null,null,null,null,null,null,null,null,null,null,null,null,null,null,null,null,null,null,null,null,null,0,0,0,0,null,{"$f":"IF(OR($A224=0,AH$1=0),0,VLOOKUP($A224,ltPflArbGang,AH$1,FALSE)*$B224)","v":0},0,0,0,0,0,0,0,0,0,{"$f":"IF(OR($A224=0,AR$1=0),0,VLOOKUP($A224,ltPflArbGang,AR$1,FALSE))","v":0},0,0,0,0,0,0,0,0,{"$f":"IF(OR($A224=0,BA$1=0),0,VLOOKUP($A224,ltPflArbGang,BA$1,FALSE))","v":0},0,0,0,0,0,0,0,{"$f":"IF(OR($A224=0,BI$1=0),0,VLOOKUP($A224,ltPflArbGang,BI$1,FALSE))","v":0},0,0,0,0,0,0,0,{"$f":"IF(OR($A224=0,BQ$1=0),0,VLOOKUP($A224,ltPflArbGang,BQ$1,FALSE))","v":0},0,0,0,0,0,0,0]
[null,0,0,0,null,null,null,null,null,null,null,null,null,null,null,null,null,null,null,null,null,null,null,null,null,null,null,null,0,0,0,0,null,0,0,0,0,0,0,0,0,0,{"$f":"AP225+AJ225","v":0},0,0,0,0,0,0,0,0,0,0,0,0,0,0,0,0,0,0,0,0,0,0,0,0,0,0,0,0,0,0,0,0,0]
[null,0,0,0,null,null,null,null,null,null,null,null,null,null,null,null,null,null,null,null,null,null,null,null,null,null,null,null,0,0,0,0,null,{"$f":"IF(OR($A226=0,AH$1=0),0,VLOOKUP($A226,ltPflArbGang,AH$1,FALSE)*$B226)","v":0},0,0,0,0,0,0,0,0,0,0,0,0,0,0,0,0,0,0,0,0,0,0,0,0,0,0,0,0,0,0,0,0,0,0,0,0,0,0,0,0,0,0]
[null,0,0,0,null,null,null,null,null,null,null,null,null,null,null,null,null,null,null,null,null,null,null,null,null,null,null,null,0,0,0,0,null,{"$f":"IF(OR($A227=0,AH$1=0),0,VLOOKUP($A227,ltPflArbGang,AH$1,FALSE)*$B227)","v":0},0,0,0,0,0,0,0,0,{"$f":"AP227+AJ227","v":0},0,0,0,0,0,0,0,0,0,0,0,0,0,0,0,0,0,0,0,0,0,0,0,0,0,0,0,0,0,0,0,0,0]
[null,0,{"$f":"IF(OR($A228=0,C$1=0),0,VLOOKUP($A228,ltPflArbGang,C$1,FALSE))","v":0},0,null,null,null,null,null,null,null,null,null,null,null,null,null,null,null,null,null,null,null,null,null,null,null,null,0,0,0,0,null,{"$f":"IF(OR($A228=0,AH$1=0),0,VLOOKUP($A228,ltPflArbGang,AH$1,FALSE)*$B228)","v":0},0,0,{"$f":"IF(OR($A228=0,AK$1=0),0,VLOOKUP($A228,ltPflArbGang,AK$1,FALSE)*$B228)","v":0},0,0,0,0,0,0,0,0,0,0,0,0,0,0,0,0,0,0,0,0,0,0,0,0,0,0,0,0,0,0,0,0,0,0,0,0,0,0,0]
[null,0,0,0,null,null,null,null,null,null,null,null,null,null,null,null,null,null,null,null,null,null,null,null,null,null,null,null,0,0,0,0,null,0,0,0,0,0,0,0,0,0,0,0,0,0,0,0,0,0,0,0,0,0,0,0,0,0,0,0,0,0,0,0,0,0,0,0,0,0,0,0,0,0,0,0]
[null,0,0,0,null,null,null,null,null,null,null,null,null,null,null,null,null,null,null,null,null,null,null,null,null,null,null,null,0,0,0,0,null,0,0,0,0,0,0,0,0,0,0,0,0,0,0,0,0,0,0,0,0,0,0,0,0,0,0,0,0,0,0,0,0,0,0,0,0,0,0,0,0,0,0,0]
[null,0,0,0,null,null,null,null,null,null,null,null,null,null,null,null,null,null,null,null,null,null,null,null,null,null,null,null,0,0,0,0,null,0,0,0,0,0,0,0,0,0,0,0,0,0,0,0,0,0,0,0,0,0,0,0,0,0,0,0,0,0,0,0,0,0,0,0,0,0,0,0,0,0,0,0]
[null,0,0,0,null,null,null,null,null,null,null,null,null,null,null,null,null,null,null,null,null,null,null,null,null,null,null,null,0,0,0,0,null,0,0,0,0,0,0,0,0,0,0,0,0,0,0,0,0,0,0,0,0,0,0,0,0,0,0,0,0,0,0,0,0,0,0,0,0,0,0,0,0,0,0,0]
[null,0,0,0,null,null,null,null,null,null,null,null,null,null,null,null,null,null,null,null,null,null,null,null,null,null,null,null,0,0,0,0,null,0,0,0,0,0,0,0,0,0,0,0,0,0,0,0,0,0,0,0,0,0,0,0,0,0,0,0,0,0,0,0,0,0,0,0,0,0,0,0,0,0,0,0]
[null,0,0,0,null,null,null,null,null,null,null,null,null,null,null,null,null,null,null,null,null,null,null,null,null,null,null,null,0,0,0,0,null,0,0,0,{"$f":"IF(OR($A234=0,AK$1=0),0,VLOOKUP($A234,ltPflArbGang,AK$1,FALSE)*$B234)","v":0},0,0,0,0,0,0,0,0,0,0,0,0,0,0,0,0,0,0,0,0,0,0,0,0,0,0,0,0,0,0,0,0,0,0,0,0,0,0,0]
[null,0,0,0,null,null,null,null,null,null,null,null,null,null,null,null,null,null,null,null,null,null,null,null,null,null,null,null,0,0,0,0,null,0,0,0,0,0,0,0,0,0,{"$f":"AP235+AJ235","v":0},0,0,0,0,0,0,0,0,0,0,0,0,0,0,0,0,0,0,0,0,0,0,0,0,0,0,0,0,0,0,0,0,0]
[null,0,0,0,null,null,null,null,null,null,null,null,null,null,null,null,null,null,null,null,null,null,null,null,null,null,null,null,0,0,0,0,null,0,0,0,0,0,0,0,0,0,0,0,0,0,0,0,0,0,0,0,0,0,0,0,0,0,0,0,0,0,0,0,0,0,0,0,0,0,0,0,0,0,0,0]
[null,0,0,0,null,null,null,null,null,null,null,null,null,null,null,null,null,null,null,null,null,null,null,null,null,null,null,null,0,0,0,0,null,0,0,0,0,0,0,0,0,0,0,0,0,0,0,0,0,0,0,0,0,0,0,0,0,0,0,0,0,0,0,0,0,0,0,0,0,0,0,0,0,0,0,0]
[null,0,0,0,null,null,null,null,null,null,null,null,null,null,null,null,null,null,null,null,null,null,null,null,null,null,null,null,0,0,0,0,null,0,0,0,0,0,0,0,0,0,0,0,0,0,0,0,0,0,0,0,0,0,0,0,0,0,0,0,0,0,0,0,0,0,0,0,0,0,0,0,0,0,0,0]
[null,0,0,0,null,null,null,null,null,null,null,null,null,null,null,null,null,null,null,null,null,null,null,null,null,null,null,null,0,0,0,0,null,0,0,0,0,0,0,0,0,0,0,0,0,0,0,0,0,0,0,0,0,0,0,0,0,0,0,0,0,0,0,0,0,0,0,0,0,0,0,0,0,0,0,0]
[null,0,0,0,null,null,null,null,null,null,null,null,null,null,null,null,null,null,null,null,null,null,null,null,null,null,null,null,0,0,0,0,null,0,0,0,0,0,0,0,0,0,0,0,0,0,0,0,0,0,0,0,0,0,0,0,0,0,0,0,0,0,0,0,0,0,0,0,0,0,0,0,0,0,0,0]
[null,0,0,0,null,null,null,null,null,null,null,null,null,null,null,null,null,null,null,null,null,null,null,null,null,null,null,null,0,0,0,0,null,0,0,0,0,0,0,0,0,0,0,0,0,0,0,0,0,0,0,0,0,0,0,0,0,0,0,0,0,0,0,0,0,0,0,0,0,0,0,0,0,0,0,0]
[null,0,0,0,null,null,null,null,null,null,null,null,null,null,null,null,null,null,null,null,null,null,null,null,null,null,null,null,0,0,0,0,null,0,0,0,0,0,0,0,0,0,0,0,0,0,0,0,0,0,0,0,0,0,0,0,0,0,0,0,0,0,0,0,0,0,0,0,0,0,0,0,0,0,0,0]
[null,0,0,0,null,null,null,null,null,null,null,null,null,null,null,null,null,null,null,null,null,null,null,null,null,null,null,null,0,0,0,0,null,0,0,0,0,0,0,0,0,0,0,0,0,0,0,0,0,0,0,0,0,0,0,0,0,0,0,0,0,0,0,0,0,0,0,0,0,0,0,0,0,0,0,0]
[null,0,0,0,null,null,null,null,null,null,null,null,null,null,null,null,null,null,null,null,null,null,null,null,null,null,null,null,0,0,0,0,null,0,0,0,0,0,0,0,0,0,0,0,0,0,0,0,0,0,0,0,0,0,0,0,0,0,0,0,0,0,0,0,0,0,0,0,0,0,0,0,0,0,0,0]
[null,0,0,0,null,null,null,null,null,null,null,null,null,null,null,null,null,null,null,null,null,null,null,null,null,null,null,null,0,0,0,0,null,{"$f":"IF(OR($A245=0,AH$1=0),0,VLOOKUP($A245,ltPflArbGang,AH$1,FALSE)*$B245)","v":0},0,0,0,0,0,0,0,0,0,{"$f":"IF(OR($A245=0,AR$1=0),0,VLOOKUP($A245,ltPflArbGang,AR$1,FALSE))","v":0},0,0,0,0,0,0,0,0,0,0,0,0,0,0,0,0,0,0,0,0,0,0,0,0,0,0,0,0,0,0,0,0]
[null,0,0,0,null,null,null,null,null,null,null,null,null,null,null,null,null,null,null,null,null,null,null,null,null,null,null,null,0,0,0,0,null,0,0,0,0,0,0,0,0,0,0,0,0,0,0,0,0,0,0,0,0,0,0,0,0,0,0,0,0,0,0,0,0,0,0,0,0,0,0,0,0,0,0,0]
[null,0,0,0,null,null,null,null,null,null,null,null,null,null,null,null,null,null,null,null,null,null,null,null,null,null,null,null,0,0,0,0,null,0,0,0,0,0,0,0,0,0,0,0,0,0,0,0,0,0,0,0,0,0,0,0,0,0,0,0,0,0,0,0,0,0,0,0,0,0,0,0,0,0,0,0]
[null,0,0,0,null,null,null,null,null,null,null,null,null,null,null,null,null,null,null,null,null,null,null,null,null,null,null,null,0,0,0,0,null,0,0,0,0,0,0,0,0,0,0,0,0,0,0,0,0,0,0,0,0,0,0,0,0,0,0,0,0,0,0,0,0,0,0,0,0,0,0,0,0,0,0,0]
[null,0,0,0,null,null,null,null,null,null,null,null,null,null,null,null,null,null,null,null,null,null,null,null,null,null,null,null,0,0,0,0,null,0,0,0,0,0,0,0,0,0,0,0,0,0,0,0,0,0,0,0,0,0,0,0,0,0,0,0,0,0,0,0,0,0,0,0,0,0,0,0,0,0,0,0]
[null,0,0,0,null,null,null,null,null,null,null,null,null,null,null,null,null,null,null,null,null,null,null,null,null,null,null,null,0,0,0,0,null,0,0,0,0,0,0,0,0,0,0,0,0,0,0,0,0,0,0,0,0,0,0,0,0,0,0,0,0,0,0,0,0,0,0,0,0,0,0,0,0,0,0,0]
[null,0,0,0,null,null,null,null,null,null,null,null,null,null,null,null,null,null,null,null,null,null,null,null,null,null,null,null,0,0,0,0,null,0,0,0,0,0,0,0,0,0,0,0,0,0,0,0,0,0,0,0,0,0,0,0,0,0,0,0,0,0,0,0,0,0,0,0,0,0,0,0,0,0,0,0]
[null,0,0,0,null,null,null,null,null,null,null,null,null,null,null,null,null,null,null,null,null,null,null,null,null,null,null,null,0,0,0,0,null,0,0,0,0,0,0,0,0,0,0,0,0,0,0,0,0,0,0,0,0,0,0,0,0,0,0,0,0,0,0,0,0,0,0,0,0,0,0,0,0,0,0,0]
[null,0,0,0,null,null,null,null,null,null,null,null,null,null,null,null,null,null,null,null,null,null,null,null,null,null,null,null,0,0,0,0,null,0,0,0,0,0,0,0,0,0,0,0,0,0,0,0,0,0,0,0,0,0,0,0,0,0,0,0,0,0,0,0,0,0,0,0,0,0,0,0,0,0,0,0]
[null,0,0,0,null,null,null,null,null,null,null,null,null,null,null,null,null,null,null,null,null,null,null,null,null,null,null,null,0,0,0,0,null,0,0,0,0,0,0,0,0,0,0,0,0,0,0,0,0,0,0,0,0,0,0,0,0,0,0,0,0,0,0,0,0,0,0,0,0,0,0,0,0,0,0,0]
[null,0,0,0,null,null,null,null,null,null,null,null,null,null,null,null,null,null,null,null,null,null,null,null,null,null,null,null,0,0,0,0,null,0,0,0,0,0,0,0,0,0,0,0,0,0,0,0,0,0,0,0,0,0,0,0,0,0,0,0,0,0,0,0,0,0,0,0,0,0,0,0,0,0,0,0]
[null,"Summe",null,null,null,null,null,null,null,null,null,null,null,null,null,null,null,null,null,null,null,null,null,null,null,null,null,null,"-",{"$f":"SUM(AD223:AD255)","v":0},{"$f":"SUM(AE223:AE255)","v":0},{"$f":"SUM(AF223:AF255)","v":0},null,{"$f":"SUM(AH223:AH255)","v":0},0,0,0,0,0,0,0,0,0,null,null,null,null,null,null,null,null,{"$f":"SUM(AZ223:AZ255)","v":0},null,null,null,null,null,null,null,{"$f":"SUM(BH223:BH255)","v":0},null,null,null,null,null,null,null,{"$f":"SUM(BP223:BP255)","v":0},null,null,null,null,null,null,null,{"$f":"SUM(BX223:BX255)","v":0}]
[null,"Saldo zu:",{"$f":"Plan0","v":"Plan 0:"},{"$f":"$C$4","v":"IST-Betrieb"},null,null,null,null,null,null,null,null,null,null,null,null,null,null,null,null,null,null,null,null,null,null,null,null,"-",{"$f":"AD256-AD$43","v":0},{"$f":"AE256-AE$43","v":0},{"$f":"AF256-AF$43","v":0},null,{"$f":"AH256-AH$43","v":0},0,0,0,0,0,0,0,0,0,null,null,null,null,null,null,null,null,{"$f":"AZ256-AZ$43","v":0},null,null,null,null,null,null,null,{"$f":"BH256-BH$43","v":0},null,null,null,null,null,null,null,{"$f":"BP256-BP$43","v":0},null,null,null,null,null,null,null,{"$f":"BX256-BX$43","v":0}]
[null,"Saldo zu:",{"$f":"Plan1","v":"Plan 1:"},{"$f":"$C$75","v":"Optimierter IST-Betrieb"},null,null,null,null,null,null,null,null,null,null,null,null,null,null,null,null,null,null,null,null,null,null,null,null,"-",{"$f":"AD256-AD$115","v":0},{"$f":"AE256-AE$115","v":0},{"$f":"AF256-AF$115","v":0},null,{"$f":"AH256-AH$115","v":0},0,0,0,0,0,0,0,0,0,null,null,null,null,null,null,null,null,{"$f":"AZ256-AZ$115","v":0},null,null,null,null,null,null,null,{"$f":"BH256-BH$115","v":0},null,null,null,null,null,null,null,{"$f":"BP256-BP$115","v":0},null,null,null,null,null,null,null,{"$f":"BX256-BX$115","v":0}]
[null,null,null,null,null,null,null,null,null,null,null,null,null,null,null,null,null,null,null,null,null,null,null,null,null,null,null,"Saldo zu:",{"$f":"C257","v":"Plan 0:"},{"$f":"C258","v":"Plan 1:"}]
[null,{"$f":"SUM(E260:AB260)","v":0},"AKh","Arbeitseinsatz",{"$f":"SUMPRODUCT(($AR$223:$AR$255)*(E$223:E$255))","v":0},0,0,0,0,0,0,0,0,0,0,0,0,0,0,0,0,0,0,0,0,0,0,0,{"$f":"$B260-$B$47","v":0},{"$f":"$B260-$B191","v":0}]
[null,0,"Liter","Dieselverbrauch",{"$f":"SUMPRODUCT(($AY$223:$AY$255)*(E$223:E$255))+SUMPRODUCT(($BG$223:$BG$255)*(E$223:E$255))+SUMPRODUCT(($BO$223:$BO$255)*(E$223:E$255))+SUMPRODUCT(($BW$223:$BW$255)*(E$223:E$255))","v":0},0,0,0,0,0,0,0,0,0,0,0,0,0,0,0,0,0,0,0,0,0,0,0,{"$f":"$B261-$B$48","v":0},{"$f":"$B261-$B192","v":0}]
[null,0,{"$f":"IF(ISNA(VLOOKUP($A262,ltSchlepper,3,FALSE))=TRUE,\"\",VLOOKUP($A262,ltSchlepper,3,FALSE))","v":""},{"$f":"IF(ISNA(VLOOKUP($A262,ltSchlepper,2,FALSE))=TRUE,\"\",VLOOKUP($A262,ltSchlepper,2,FALSE))","v":""},{"$f":"SUMPRODUCT(($AS$223:$AS$255=$A262)*($AV$223:$AV$255)*(E$223:E$255))+SUMPRODUCT(($BA$223:$BA$255=$A262)*($BD$223:$BD$255)*(E$223:E$255))+SUMPRODUCT(($BI$223:$BI$255=$A262)*($BL$223:$BL$255)*(E$223:E$255))+SUMPRODUCT(($BQ$223:$BQ$255=$A262)*($BT$223:$BT$255)*(E$223:E$255))","v":0},0,0,0,0,0,0,0,0,0,{"$f":"SUMPRODUCT(($AS$223:$AS$255=$A262)*($AV$223:$AV$255)*(O$223:O$255))+SUMPRODUCT(($BA$223:$BA$255=$A262)*($BD$223:$BD$255)*(O$223:O$255))+SUMPRODUCT(($BI$223:$BI$255=$A262)*($BL$223:$BL$255)*(O$223:O$255))+SUMPRODUCT(($BQ$223:$BQ$255=$A262)*($BT$223:$BT$255)*(O$223:O$255))","v":0},0,0,0,0,0,0,0,0,0,0,0,0,0,{"$f":"IF(ISNA(VLOOKUP($A262,Plan0MaTab,2,0)),\"nicht verfügb\",$B262-VLOOKUP($A262,Plan0MaTab,2,0))","v":"nicht verfügb"},{"$f":"IF(ISNA(VLOOKUP($A262,Plan1MaTab,2,0)),\"nicht verfügb\",$B262-VLOOKUP($A262,Plan1MaTab,2,0))","v":"nicht verfügb"}]
[null,0,"","",0,0,0,0,0,0,0,0,0,0,0,0,0,0,0,0,0,0,0,0,0,0,0,0,"nicht verfügb","nicht verfügb"]
[null,0,"","",0,0,0,0,0,0,0,0,0,0,0,0,0,0,0,0,0,0,0,0,0,0,0,0,"nicht verfügb","nicht verfügb"]
[null,0,"","",0,0,0,0,0,0,0,0,0,0,0,0,0,0,0,0,0,0,0,0,0,0,0,0,"nicht verfügb","nicht verfügb"]
[null,0,"","",0,0,0,0,0,0,0,0,0,0,0,0,0,0,0,0,0,0,0,0,0,0,0,0,"nicht verfügb","nicht verfügb"]
[null,0,"","",0,0,0,0,0,0,0,0,0,0,0,0,0,0,0,0,0,0,0,0,0,0,0,0,"nicht verfügb","nicht verfügb"]
[]
[null,{"$f":"SelAss!$AD$76","v":"Arbeitseinsatz"},null,null,"Ermittlung des Vergleichs-Deckungsbeitrags ",null,null,null,null,null,null,null,null,null,null,null,null,null,"Notwendige zusätzliche Investitionen in Anlagevermögen und Rechte"]
[null,null,null,null,"(sowie Grenz-Unternehmergewinn und Grenz-Kapitalverzinsung)",null,null,null,null,null,null,null,null,null,null,null,null,null,"Investitionen",null,null,null,"Anschaff.-",null,"Restwert",null,"Nutz.-",null,"Sonstig.","AfA","Sonst.","Ø  AV"]
[null,null,null,null,null,"Gesamtdeckungsbeitrag",null,null,null,null,null,null,{"$f":"AD256","v":0},null,"Diff. zu IST-Betrieb",null,null,null,null,null,null,null,"Kost.(A)",null,"(R)",null,"dauer (N)",null,"*)","(A-R) / N",null,"(A+R) / 2"]
[null,null,null,null,"±","Änderung Zinsanspr. für UV",null,null,null,null,0.03,null,{"$f":"-O272*K272","v":0},null,{"$f":"IF(AE256=0,0,AE257)","v":0},null,{"$f":"Curr","v":"€"},null,null,null,null,null,{"$f":"Curr","v":"€"},null,{"$f":"Curr","v":"€"},null,"Jahre",null,"% von A",{"$f":"Curr","v":"€"},{"$f":"Curr","v":"€"},{"$f":"Curr","v":"€"}]
[null,null,null,null,"±","Änderung Lohnansatz FamAK",null,null,null,null,0,{"$f":"Curr&\"/h\"","v":"€/h"},{"$f":"-O273*K273","v":0},null,null,null,"AKh",null,"LKW´s",null,null,2,40000,null,10000,null,8,null,0.01,{"$f":"IF(AA273=0,0,(W273-Y273)/AA273)","v":3750},{"$f":"W273*AC273","v":400},{"$f":"(W273+Y273)/2","v":25000}]
[null,null,null,null,"±","Änderung Löhne Fremd-AK **)",null,null,null,null,25,{"$f":"Curr&\"/h\"","v":"€/h"},{"$f":"-O274*K274","v":0},null,{"$f":"IF(AF256=0,0,AF257-O273)","v":0},null,"AKh",null,"Tiefbett",null,null,null,20000,null,7000,null,8,null,0.01,1625,200,13500]
[null,null,null,null,"±","Änderung Abschreibungen für Anlagevermögen",null,null,null,null,null,null,{"$f":"-AD285","v":-7875},null,{"$f":"-M275","v":7875},null,{"$f":"Curr","v":"€"},null,"Sattelauflieger",null,null,2,30000,null,10000,null,8,null,0.01,2500,300,20000]
[null,null,null,null,"±","Änderung  Zinsanspruch f. AV",null,null,null,null,0.03,null,{"$f":"-O276*K276","v":-1755},null,{"$f":"AF285","v":58500},null,"€",null,null,null,null,null,null,null,null,null,null,null,null,0,0,0]
[null,null,null,null,"±","Änderung  Sonstiges für Anlagevermögen",null,null,null,null,null,null,{"$f":"-AE285","v":-900},null,{"$f":"-M277","v":900},null,"€",null,null,null,null,null,null,null,null,null,null,null,null,0,0,0]
[null,null,null,null,"±","Änderung  sonstige Fest- und Gemeinkosten",null,null,null,null,null,null,{"$f":"O278","v":0},null,null,null,"€",null,null,null,null,null,null,null,null,null,null,null,null,0,0,0]
[null,null,null,null,"±",null,null,null,null,null,null,null,{"$f":"O279","v":0},null,null,null,"€",null,null,null,null,null,null,null,null,null,null,null,null,0,0,0]
[null,null,null,null,"±",null,null,null,null,null,null,null,{"$f":"O280","v":0},null,null,null,"€",null,null,null,null,null,null,null,null,null,null,null,null,0,0,0]
[null,null,null,null,"=","Vergleichsdeckungsbeitrag (VDB)",null,null,null,null,null,null,{"$f":"M271+SUM(M272:M280)","v":-10530},null,null,null,null,null,null,null,null,null,null,null,null,null,null,null,null,0,0,0]
[null,null,null,null,"Grenz-Unternehmergewinn gegenüber:",null,null,null,null,null,null,{"$f":"Plan0","v":"Plan 0:"},{"$f":"IF(M271=0,0,M281-$O$57)","v":0},null,">>>>   relativ:",null,{"$f":"IF($O$57=0,0,M282/$O$57)","v":0},null,null,null,null,null,null,null,null,null,null,null,null,0,0,0]
[null,null,null,null,"(= Änderungdes VDB)",null,null,null,null,null,null,{"$f":"C258","v":"Plan 1:"},{"$f":"IF(M271=0,0,M281-$M$140)","v":0},null,">>>>   relativ:",null,{"$f":"IF($M$140=0,0,M283/$M$140)","v":0},null,null,null,null,null,null,null,null,null,null,null,null,0,0,0]
[null,null,null,null,"Verzinsung des zus. einges. Kapitals  gegenüber:",null,null,null,null,null,null,{"$f":"L282","v":"Plan 0:"},{"$f":"M282-M276-M272","v":1755},null,{"$f":"O276+O272","v":58500},null,{"$f":"IF(O284>0,M284/O284,0)","v":0.03},null,null,null,null,null,null,null,null,null,null,null,null,0,0,0]
[null,null,null,null,null,null,null,null,null,null,null,{"$f":"L283","v":"Plan 1:"},{"$f":"IF(M271=0,0,M283+((-M272+$M$131)+(-M276+$M$135)))","v":0},null,{"$f":"O284-$O$143","v":58500},null,{"$f":"IF(O285>0,M285/O285,0)","v":0},null,"Gesamt",null,null,null,{"$f":"SUM(W273:W284)","v":90000},null,{"$f":"SUM(Y273:Y284)","v":27000},null,null,null,null,{"$f":"SUM(AD273:AD284)","v":7875},{"$f":"SUM(AE273:AE284)","v":900},{"$f":"SUM(AF273:AF284)","v":58500}]
[null,null,null,null,"* soweit nicht bereits in DBs enthalten",null,null,null,null,null,null,null,null,null,null,null,null,null,"*) Unterhalt, Versicherung, etc."]
[]
[]
[null,"Plan 4:","Reduzierung Häckseln",null,"Einsatzumfang nach Halbmonaten (in den Einheiten des jeweiligen Arbeitsverfahrens)",null,null,null,null,null,null,null,null,null,null,null,null,null,null,null,null,null,null,null,null,null,null,null,"Deckungs-",null,"Umlauf-","AKh",null,"Leistung",null,"VarKo","Variable Kosten der Maschinen",null,null,null,null,null,"VarKo","AKh","Maschine 1",null,null,null,null,null,null,null,"Maschine 2",null,null,null,null,null,null,null,"Maschine 3",null,null,null,null,null,null,null,"Maschine 4"]
[null,null,null,null,"Jan",null,"Feb",null,"Mrz",null,"Apr",null,"Mai",null,"Jun",null,"Jul",null,"Aug",null,"Sep",null,"Okt",null,"Nov",null,"Dez",null,"beitrag",null,"vermögen","im Jahr",null,"Haupt","Neben","Material","Rep.-","Sonst.","Verrechn-","Diesel-","Schmier-","VK Masch","Ins-","Bedarf","Code","Bezeich-","Arbeits-","Umfang je","Umfang","Dieselverbrauch",null,null,"Code","Bezeich-","Arbeits-","Umfang je","Umfang","Dieselverbrauch",null,null,"Code","Bezeich-","Arbeits-","Umfang je","Umfang","Dieselverbrauch",null,null,"Code","Bezeich-","Arbeits-","Umfang je","Umfang","Dieselverbrauch"]
[null,"Arbeitsverfahren",null,null,"01a","01b","02a","02b","03a","03b","04a","04b","05a","05b","06a","06b","07a","07b","08a","08b","09a","09b","10a","10b","11a","11b","12a","12b","je Einh.","insges.","insges.","insges.",null,"insges.","insges.","insges.","kost.","(Hilfsm.)","preis","kosten","öl-Kost.","insges.","gesamt","je Einh."," ","nung","Einheit","ArbGang","insges.","Verbr.-","Liter je","Liter"," ","nung","Einheit","ArbGang","insges.","Verbr.-","Liter je","Liter"," ","nung","Einheit","ArbGang","insges.","Verbr.-","Liter je","Liter"," ","nung","Einheit","ArbGang","insges.","Verbr.-","Liter je","Liter"]
[null,"Umfang","Einheit","Bezeichnung",null,null,null,null,null,null,null,null,null,null,null,null,null,null,null,null,null,null,null,null,null,null,null,null,{"$f":"Curr&\"/J\"","v":"€/J"},{"$f":"Curr&\"/J\"","v":"€/J"},{"$f":"Curr&\"/J\"","v":"€/J"},"AKh/J",null,{"$f":"Curr&\"/J\"","v":"€/J"},"€/J","€/J","€/J","€/J","€/J","€/J","€/J","€/J","€/J","AKh/J",null,null,null,"Einh.","Einh.","Faktor","ArbGang","insges",null,null,null,"Einh.","Einh.","Faktor","ArbGang","insges",null,null,null,"Einh.","Einh.","Faktor","ArbGang","insges",null,null,null,"Einh.","Einh.","Faktor","ArbGang","insges"]
[null,{"$f":"+SUM(E293:AB293)","v":0},{"$f":"IF(OR($A293=0,C$1=0),0,VLOOKUP($A293,ltPflArbGang,C$1,FALSE))","v":0},0,null,null,null,null,null,null,null,null,null,null,null,null,null,null,null,null,null,null,null,null,null,null,null,null,{"$f":"IF(OR($A293=0,AC$1=0),0,VLOOKUP($A293,ltPflArbGang,AC$1,FALSE))","v":0},{"$f":"IF(OR($A293=0,AD$1=0),0,VLOOKUP($A293,ltPflArbGang,AD$1,FALSE)*$B293)","v":0},0,0,null,{"$f":"IF(OR($A293=0,AH$1=0),0,VLOOKUP($A293,ltPflArbGang,AH$1,FALSE)*$B293)","v":0},0,0,0,0,0,0,0,0,{"$f":"AP293+AJ293","v":0},{"$f":"IF(OR($A293=0,AR$1=0),0,VLOOKUP($A293,ltPflArbGang,AR$1,FALSE))","v":0},0,0,0,0,{"$f":"IF(OR($A293=0,AW$1=0),0,VLOOKUP($A293,ltPflArbGang,AW$1,FALSE)*$B293)","v":0},{"$f":"IF(OR($A293=0,AX$1=0),0,VLOOKUP($A293,ltPflArbGang,AX$1,FALSE))","v":0},0,{"$f":"IF(OR($A293=0,AZ$1=0),0,VLOOKUP($A293,ltPflArbGang,AZ$1,FALSE)*$B293)","v":0},{"$f":"IF(OR($A293=0,BA$1=0),0,VLOOKUP($A293,ltPflArbGang,BA$1,FALSE))","v":0},0,0,0,{"$f":"IF(OR($A293=0,BE$1=0),0,VLOOKUP($A293,ltPflArbGang,BE$1,FALSE)*$B293)","v":0},{"$f":"IF(OR($A293=0,BF$1=0),0,VLOOKUP($A293,ltPflArbGang,BF$1,FALSE))","v":0},0,{"$f":"IF(OR($A293=0,BH$1=0),0,VLOOKUP($A293,ltPflArbGang,BH$1,FALSE)*$B293)","v":0},{"$f":"IF(OR($A293=0,BI$1=0),0,VLOOKUP($A293,ltPflArbGang,BI$1,FALSE))","v":0},0,0,0,{"$f":"IF(OR($A293=0,BM$1=0),0,VLOOKUP($A293,ltPflArbGang,BM$1,FALSE)*$B293)","v":0},{"$f":"IF(OR($A293=0,BN$1=0),0,VLOOKUP($A293,ltPflArbGang,BN$1,FALSE))","v":0},0,{"$f":"IF(OR($A293=0,BP$1=0),0,VLOOKUP($A293,ltPflArbGang,BP$1,FALSE)*$B293)","v":0},{"$f":"IF(OR($A293=0,BQ$1=0),0,VLOOKUP($A293,ltPflArbGang,BQ$1,FALSE))","v":0},0,0,0,{"$f":"IF(OR($A293=0,BU$1=0),0,VLOOKUP($A293,ltPflArbGang,BU$1,FALSE)*$B293)","v":0},{"$f":"IF(OR($A293=0,BV$1=0),0,VLOOKUP($A293,ltPflArbGang,BV$1,FALSE))","v":0},0,{"$f":"IF(OR($A293=0,BX$1=0),0,VLOOKUP($A293,ltPflArbGang,BX$1,FALSE)*$B293)","v":0}]
[null,{"$f":"+SUM(E294:AB294)","v":0},0,0,null,null,null,null,null,null,null,null,null,null,null,null,null,null,null,null,null,null,null,null,null,null,null,null,0,0,0,0,null,{"$f":"IF(OR($A294=0,AH$1=0),0,VLOOKUP($A294,ltPflArbGang,AH$1,FALSE)*$B294)","v":0},0,0,0,0,0,0,0,0,0,0,0,0,0,0,0,0,0,0,0,0,0,0,0,0,0,0,0,0,0,0,0,0,0,0,0,0,0,0,0,0,0,0]
[null,0,0,0,null,null,null,null,null,null,null,null,null,null,null,null,null,null,null,null,null,null,null,null,null,null,null,null,0,0,0,0,null,{"$f":"IF(OR($A295=0,AH$1=0),0,VLOOKUP($A295,ltPflArbGang,AH$1,FALSE)*$B295)","v":0},0,0,{"$f":"IF(OR($A295=0,AK$1=0),0,VLOOKUP($A295,ltPflArbGang,AK$1,FALSE)*$B295)","v":0},0,0,0,0,0,0,0,0,0,0,0,0,0,0,0,0,0,0,0,0,0,0,0,0,0,0,0,0,0,0,0,0,0,0,0,0,0,0,0]
[null,0,0,0,null,null,null,null,null,null,null,null,null,null,null,null,null,null,null,null,null,null,null,null,null,null,null,null,0,0,0,0,null,{"$f":"IF(OR($A296=0,AH$1=0),0,VLOOKUP($A296,ltPflArbGang,AH$1,FALSE)*$B296)","v":0},0,0,0,0,0,0,0,0,{"$f":"AP296+AJ296","v":0},0,0,0,0,0,0,0,0,0,0,0,0,0,0,0,0,0,0,0,0,0,0,0,0,0,0,0,0,0,0,0,0,0]
[null,0,0,0,null,null,null,null,null,null,null,null,null,null,null,null,null,null,null,null,null,null,null,null,null,null,null,null,0,0,0,0,null,{"$f":"IF(OR($A297=0,AH$1=0),0,VLOOKUP($A297,ltPflArbGang,AH$1,FALSE)*$B297)","v":0},0,0,0,0,0,0,0,0,{"$f":"AP297+AJ297","v":0},0,0,0,0,0,0,0,0,0,0,0,0,0,0,0,0,0,0,0,0,0,0,0,0,0,0,0,0,0,0,0,0,0]
[null,0,0,0,null,null,null,null,null,null,null,null,null,null,null,null,null,null,null,null,null,null,null,null,null,null,null,null,0,0,0,0,null,{"$f":"IF(OR($A298=0,AH$1=0),0,VLOOKUP($A298,ltPflArbGang,AH$1,FALSE)*$B298)","v":0},0,0,0,0,0,0,0,0,0,0,0,0,0,0,0,0,0,0,0,0,0,0,0,0,0,0,0,0,0,0,0,0,0,0,0,0,0,0,0,0,0,0]
[null,0,0,0,null,null,null,null,null,null,null,null,null,null,null,null,null,null,null,null,null,null,null,null,null,null,null,null,0,0,0,0,null,0,0,0,0,0,0,0,0,0,0,0,0,0,0,0,0,0,0,0,0,0,0,0,0,0,0,0,0,0,0,0,0,0,0,0,0,0,0,0,0,0,0,0]
[null,0,0,0,null,null,null,null,null,null,null,null,null,null,null,null,null,null,null,null,null,null,null,null,null,null,null,null,0,0,0,0,null,0,0,0,0,0,0,0,0,0,0,0,0,0,0,0,0,0,0,0,0,0,0,0,0,0,0,0,0,0,0,0,0,0,0,0,0,0,0,0,0,0,0,0]
[null,0,0,0,null,null,null,null,null,null,null,null,null,null,null,null,null,null,null,null,null,null,null,null,null,null,null,null,0,0,0,0,null,0,0,0,0,0,0,0,0,0,0,0,0,0,0,0,0,0,0,0,0,0,0,0,0,0,0,0,0,0,0,0,0,0,0,0,0,0,0,0,0,0,0,0]
[null,0,0,0,null,null,null,null,null,null,null,null,null,null,null,null,null,null,null,null,null,null,null,null,null,null,null,null,0,0,0,0,null,0,0,0,0,0,0,0,0,0,0,0,0,0,0,0,0,0,0,0,0,0,0,0,0,0,0,0,0,0,0,0,0,0,0,0,0,0,0,0,0,0,0,0]
[null,0,0,0,null,null,null,null,null,null,null,null,null,null,null,null,null,null,null,null,null,null,null,null,null,null,null,null,0,0,0,0,null,0,0,0,0,0,0,0,0,0,0,0,0,0,0,0,0,0,0,0,0,0,0,0,0,0,0,0,0,0,0,0,0,0,0,0,0,0,0,0,0,0,0,0]
[null,0,0,0,null,null,null,null,null,null,null,null,null,null,null,null,null,null,null,null,null,null,null,null,null,null,null,null,0,0,0,0,null,{"$f":"IF(OR($A304=0,AH$1=0),0,VLOOKUP($A304,ltPflArbGang,AH$1,FALSE)*$B304)","v":0},0,0,0,0,0,0,0,0,0,0,0,0,0,0,0,0,0,0,0,0,0,0,0,0,0,0,0,0,0,0,0,0,0,0,0,0,0,0,0,0,0,0]
[null,0,0,0,null,null,null,null,null,null,null,null,null,null,null,null,null,null,null,null,null,null,null,null,null,null,null,null,0,0,0,0,null,0,0,0,0,0,0,0,0,0,0,0,0,0,0,0,0,0,0,0,0,0,0,0,0,0,0,0,0,0,0,0,0,0,0,0,0,0,0,0,0,0,0,0]
[null,0,0,0,null,null,null,null,null,null,null,null,null,null,null,null,null,null,null,null,null,null,null,null,null,null,null,null,0,0,0,0,null,0,0,0,0,0,0,0,0,0,0,0,0,0,0,0,0,0,0,0,0,0,0,0,0,0,0,0,0,0,0,0,0,0,0,0,0,0,0,0,0,0,0,0]
[null,0,0,0,null,null,null,null,null,null,null,null,null,null,null,null,null,null,null,null,null,null,null,null,null,null,null,null,0,0,0,0,null,0,0,0,0,0,0,0,0,0,0,0,0,0,0,0,0,0,0,0,0,0,0,0,0,0,0,0,0,0,0,0,0,0,0,0,0,0,0,0,0,0,0,0]
[null,0,0,0,null,null,null,null,null,null,null,null,null,null,null,null,null,null,null,null,null,null,null,null,null,null,null,null,0,0,0,0,null,0,0,0,0,0,0,0,0,0,0,0,0,0,0,0,0,0,0,0,0,0,0,0,0,0,0,0,0,0,0,0,0,0,0,0,0,0,0,0,0,0,0,0]
[null,0,0,0,null,null,null,null,null,null,null,null,null,null,null,null,null,null,null,null,null,null,null,null,null,null,null,null,0,0,0,0,null,0,0,0,0,0,0,0,0,0,0,0,0,0,0,0,0,0,0,0,0,0,0,0,0,0,0,0,0,0,0,0,0,0,0,0,0,0,0,0,0,0,0,0]
[null,0,{"$f":"IF(OR($A310=0,C$1=0),0,VLOOKUP($A310,ltPflArbGang,C$1,FALSE))","v":0},0,null,null,null,null,null,null,null,null,null,null,null,null,null,null,null,null,null,null,null,null,null,null,null,null,0,0,0,0,null,0,0,0,0,0,0,0,0,0,0,0,0,0,0,0,0,0,0,0,0,0,0,0,0,0,0,0,0,0,0,0,0,0,0,0,0,0,0,0,0,0,0,0]
[null,0,0,0,null,null,null,null,null,null,null,null,null,null,null,null,null,null,null,null,null,null,null,null,null,null,null,null,0,0,0,0,null,0,0,0,0,0,0,0,0,0,0,0,0,0,0,0,0,0,0,0,0,0,0,0,0,0,0,0,0,0,0,0,0,0,0,0,0,0,0,0,0,0,0,0]
[null,0,0,0,null,null,null,null,null,null,null,null,null,null,null,null,null,null,null,null,null,null,null,null,null,null,null,null,0,0,0,0,null,0,0,0,0,0,0,0,0,0,0,0,0,0,0,0,0,0,0,0,0,0,0,0,0,0,0,0,0,0,0,0,0,0,0,0,0,0,0,0,0,0,0,0]
[null,0,0,0,null,null,null,null,null,null,null,null,null,null,null,null,null,null,null,null,null,null,null,null,null,null,null,null,0,0,0,0,null,0,0,0,0,0,0,0,0,0,0,0,0,0,0,0,0,0,0,0,0,0,0,0,0,0,0,0,0,0,0,0,0,0,0,0,0,0,0,0,0,0,0,0]
[null,0,0,0,null,null,null,null,null,null,null,null,null,null,null,null,null,null,null,null,null,null,null,null,null,null,null,null,0,0,0,0,null,0,0,0,0,0,0,0,0,0,0,0,0,0,0,0,0,0,0,0,0,0,0,0,0,0,0,0,0,0,0,0,0,0,0,0,0,0,0,0,0,0,0,0]
[null,0,0,0,null,null,null,null,null,null,null,null,null,null,null,null,null,null,null,null,null,null,null,null,null,null,null,null,0,0,0,0,null,0,0,0,0,0,0,0,0,0,0,0,0,0,0,0,0,0,0,0,0,0,0,0,0,0,0,0,0,0,0,0,0,0,0,0,0,0,0,0,0,0,0,0]
[null,0,0,0,null,null,null,null,null,null,null,null,null,null,null,null,null,null,null,null,null,null,null,null,null,null,null,null,0,0,0,0,null,{"$f":"IF(OR($A316=0,AH$1=0),0,VLOOKUP($A316,ltPflArbGang,AH$1,FALSE)*$B316)","v":0},0,0,0,0,0,0,0,0,0,{"$f":"IF(OR($A316=0,AR$1=0),0,VLOOKUP($A316,ltPflArbGang,AR$1,FALSE))","v":0},0,0,0,0,0,0,0,0,0,0,0,0,0,0,0,0,0,0,0,0,0,0,0,0,0,0,0,0,0,0,0,0]
[null,0,0,0,null,null,null,null,null,null,null,null,null,null,null,null,null,null,null,null,null,null,null,null,null,null,null,null,0,0,0,0,null,0,0,0,0,0,0,0,0,0,0,0,0,0,0,0,0,0,0,0,0,0,0,0,0,0,0,0,0,0,0,0,0,0,0,0,0,0,0,0,0,0,0,0]
[null,0,0,0,null,null,null,null,null,null,null,null,null,null,null,null,null,null,null,null,null,null,null,null,null,null,null,null,0,0,0,0,null,0,0,0,0,0,0,0,0,0,0,0,0,0,0,0,0,0,0,0,0,0,0,0,0,0,0,0,0,0,0,0,0,0,0,0,0,0,0,0,0,0,0,0]
[null,0,0,0,null,null,null,null,null,null,null,null,null,null,null,null,null,null,null,null,null,null,null,null,null,null,null,null,0,0,0,0,null,0,0,0,0,0,0,0,0,0,0,0,0,0,0,0,0,0,0,0,0,0,0,0,0,0,0,0,0,0,0,0,0,0,0,0,0,0,0,0,0,0,0,0]
[null,0,0,0,null,null,null,null,null,null,null,null,null,null,null,null,null,null,null,null,null,null,null,null,null,null,null,null,0,0,0,0,null,0,0,0,0,0,0,0,0,0,{"$f":"AP320+AJ320","v":0},0,0,0,0,0,0,0,0,0,0,0,0,0,0,0,0,0,0,0,0,0,0,0,0,0,0,0,0,0,0,0,0,0]
[null,0,0,0,null,null,null,null,null,null,null,null,null,null,null,null,null,null,null,null,null,null,null,null,null,null,null,null,0,0,0,0,null,0,0,0,0,0,0,0,0,0,0,0,0,0,0,0,0,0,0,0,0,0,0,0,0,0,0,0,0,0,0,0,0,0,0,0,0,0,0,0,0,0,0,0]
[null,0,0,0,null,null,null,null,null,null,null,null,null,null,null,null,null,null,null,null,null,null,null,null,null,null,null,null,0,0,0,0,null,0,0,0,0,0,0,0,0,0,0,0,0,0,0,0,0,0,0,0,0,0,0,0,0,0,0,0,0,0,0,0,0,0,0,0,0,0,0,0,0,0,0,0]
[null,0,0,0,null,null,null,null,null,null,null,null,null,null,null,null,null,null,null,null,null,null,null,null,null,null,null,null,0,0,0,0,null,0,0,0,0,0,0,0,0,0,0,0,0,0,0,0,0,0,0,0,0,0,0,0,0,0,0,0,0,0,0,0,0,0,0,0,0,0,0,0,0,0,0,0]
[null,0,0,0,null,null,null,null,null,null,null,null,null,null,null,null,null,null,null,null,null,null,null,null,null,null,null,null,0,0,0,0,null,0,0,0,0,0,0,0,0,0,0,0,0,0,0,0,0,0,0,0,0,0,0,0,0,0,0,0,0,0,0,0,0,0,0,0,0,0,0,0,0,0,0,0]
[null,0,0,0,null,null,null,null,null,null,null,null,null,null,null,null,null,null,null,null,null,null,null,null,null,null,null,null,0,0,0,0,null,0,0,0,0,0,0,0,0,0,0,0,0,0,0,0,0,0,0,0,0,0,0,0,0,0,0,0,0,0,0,0,0,0,0,0,0,0,0,0,0,0,0,0]
[null,0,0,0,null,null,null,null,null,null,null,null,null,null,null,null,null,null,null,null,null,null,null,null,null,null,null,null,0,0,0,0,null,0,0,0,0,0,0,0,0,0,0,0,0,0,0,0,0,0,0,0,0,0,0,0,0,0,0,0,0,0,0,0,0,0,0,0,0,0,0,0,0,0,0,0]
[null,"Summe",null,null,null,null,null,null,null,null,null,null,null,null,null,null,null,null,null,null,null,null,null,null,null,null,null,null,"-",{"$f":"SUM(AD293:AD326)","v":0},{"$f":"SUM(AE293:AE326)","v":0},{"$f":"SUM(AF293:AF326)","v":0},null,{"$f":"SUM(AH293:AH326)","v":0},0,0,0,0,0,0,0,0,0,null,null,null,null,null,null,null,null,{"$f":"SUM(AZ293:AZ326)","v":0},null,null,null,null,null,null,null,{"$f":"SUM(BH293:BH326)","v":0},null,null,null,null,null,null,null,{"$f":"SUM(BP293:BP326)","v":0},null,null,null,null,null,null,null,{"$f":"SUM(BX293:BX326)","v":0}]
[null,"Saldo zu:",{"$f":"Plan0","v":"Plan 0:"},{"$f":"$C$4","v":"IST-Betrieb"},null,null,null,null,null,null,null,null,null,null,null,null,null,null,null,null,null,null,null,null,null,null,null,null,"-",{"$f":"AD327-AD$43","v":0},{"$f":"AE327-AE$43","v":0},{"$f":"AF327-AF$43","v":0},null,{"$f":"AH327-AH$43","v":0},0,0,0,0,0,0,0,0,0,null,null,null,null,null,null,null,null,{"$f":"AZ327-AZ$43","v":0},null,null,null,null,null,null,null,{"$f":"BH327-BH$43","v":0},null,null,null,null,null,null,null,{"$f":"BP327-BP$43","v":0},null,null,null,null,null,null,null,{"$f":"BX327-BX$43","v":0}]
[null,"Saldo zu:",{"$f":"Plan1","v":"Plan 1:"},{"$f":"$C$75","v":"Optimierter IST-Betrieb"},null,null,null,null,null,null,null,null,null,null,null,null,null,null,null,null,null,null,null,null,null,null,null,null,"-",{"$f":"AD327-AD$115","v":0},{"$f":"AE327-AE$115","v":0},{"$f":"AF327-AF$115","v":0},null,{"$f":"AH327-AH$115","v":0},0,0,0,0,0,0,0,0,0,null,null,null,null,null,null,null,null,{"$f":"AZ327-AZ$115","v":0},null,null,null,null,null,null,null,{"$f":"BH327-BH$115","v":0},null,null,null,null,null,null,null,{"$f":"BP327-BP$115","v":0},null,null,null,null,null,null,null,{"$f":"BX327-BX$115","v":0}]
[null,null,null,null,null,null,null,null,null,null,null,null,null,null,null,null,null,null,null,null,null,null,null,null,null,null,null,"Saldo zu:",{"$f":"C328","v":"Plan 0:"},{"$f":"C329","v":"Plan 1:"}]
[null,{"$f":"SUM(E331:AB331)","v":0},"AKh","Arbeitseinsatz",{"$f":"SUMPRODUCT(($AR$293:$AR$326)*(E$293:E$326))","v":0},0,0,0,0,0,0,0,0,0,0,0,0,0,0,0,0,0,0,0,0,0,0,0,{"$f":"$B331-$B$47","v":0},{"$f":"$B331-$B261","v":0}]
[null,0,"Liter","Dieselverbrauch",{"$f":"SUMPRODUCT(($AY$293:$AY$326)*(E$293:E$326))+SUMPRODUCT(($BG$293:$BG$326)*(E$293:E$326))+SUMPRODUCT(($BO$293:$BO$326)*(E$293:E$326))+SUMPRODUCT(($BW$293:$BW$326)*(E$293:E$326))","v":0},0,0,0,0,0,0,0,0,0,0,0,0,0,0,0,0,0,0,0,0,0,0,0,{"$f":"$B332-$B$48","v":0},{"$f":"$B332-$B262","v":0}]
[null,0,{"$f":"IF(ISNA(VLOOKUP($A333,ltSchlepper,3,FALSE))=TRUE,\"\",VLOOKUP($A333,ltSchlepper,3,FALSE))","v":""},{"$f":"IF(ISNA(VLOOKUP($A333,ltSchlepper,2,FALSE))=TRUE,\"\",VLOOKUP($A333,ltSchlepper,2,FALSE))","v":""},{"$f":"SUMPRODUCT(($AS$293:$AS$326=$A333)*($AV$293:$AV$326)*(E$293:E$326))+SUMPRODUCT(($BA$293:$BA$326=$A333)*($BD$293:$BD$326)*(E$293:E$326))+SUMPRODUCT(($BI$293:$BI$326=$A333)*($BL$293:$BL$326)*(E$293:E$326))+SUMPRODUCT(($BQ$293:$BQ$326=$A333)*($BT$293:$BT$326)*(E$293:E$326))","v":0},0,0,0,0,0,0,0,0,0,{"$f":"SUMPRODUCT(($AS$293:$AS$326=$A333)*($AV$293:$AV$326)*(O$293:O$326))+SUMPRODUCT(($BA$293:$BA$326=$A333)*($BD$293:$BD$326)*(O$293:O$326))+SUMPRODUCT(($BI$293:$BI$326=$A333)*($BL$293:$BL$326)*(O$293:O$326))+SUMPRODUCT(($BQ$293:$BQ$326=$A333)*($BT$293:$BT$326)*(O$293:O$326))","v":0},0,0,0,0,0,0,0,0,0,0,0,0,0,{"$f":"IF(ISNA(VLOOKUP($A333,Plan0MaTab,2,0)),\"nicht verfügb\",$B333-VLOOKUP($A333,Plan0MaTab,2,0))","v":"nicht verfügb"},{"$f":"IF(ISNA(VLOOKUP($A333,Plan1MaTab,2,0)),\"nicht verfügb\",$B333-VLOOKUP($A333,Plan1MaTab,2,0))","v":"nicht verfügb"}]
[null,0,"","",0,0,0,0,0,0,0,0,0,0,0,0,0,0,0,0,0,0,0,0,0,0,0,0,"nicht verfügb","nicht verfügb"]
[null,0,"","",0,0,0,0,0,0,0,0,0,0,0,0,0,0,0,0,0,0,0,0,0,0,0,0,"nicht verfügb","nicht verfügb"]
[null,0,"","",0,0,0,0,0,0,0,0,0,0,0,0,0,0,0,0,0,0,0,0,0,0,0,0,"nicht verfügb","nicht verfügb"]
[null,0,"","",0,0,0,0,0,0,0,0,0,0,0,0,0,0,0,0,0,0,0,0,0,0,0,0,"nicht verfügb","nicht verfügb"]
[null,0,"","",0,0,0,0,0,0,0,0,0,0,0,0,0,0,0,0,0,0,0,0,0,0,0,0,"nicht verfügb","nicht verfügb"]
[]
[null,{"$f":"SelAss!$AD$78","v":"Arbeitseinsatz"},null,null,"Ermittlung des Vergleichs-Deckungsbeitrags ",null,null,null,null,null,null,null,null,null,null,null,null,null,"Notwendige zusätzliche Investitionen in Anlagevermögen und Rechte"]
[null,null,null,null,"(sowie Grenz-Unternehmergewinn und Grenz-Kapitalverzinsung)",null,null,null,null,null,null,null,null,null,null,null,null,null,"Investitionen",null,null,null,"Anschaff.-",null,"Restwert",null,"Nutz.-",null,"Sonstig.","AfA","Sonst.","Ø  AV"]
[null,null,null,null,null,"Gesamtdeckungsbeitrag",null,null,null,null,null,null,{"$f":"AD327","v":0},null,"Diff. zu IST-Betrieb",null,null,null,null,null,null,null,"Kost.(A)",null,"(R)",null,"dauer (N)",null,"*)","(A-R) / N",null,"(A+R) / 2"]
[null,null,null,null,"±","Änderung Zinsanspr. für UV",null,null,null,null,0.03,null,{"$f":"-O343*K343","v":0},null,{"$f":"IF(AE327=0,0,AE328)","v":0},null,{"$f":"Curr","v":"€"},null,"REINVESTITION",null,null,null,{"$f":"Curr","v":"€"},null,{"$f":"Curr","v":"€"},null,"Jahre",null,"% von A",{"$f":"Curr","v":"€"},{"$f":"Curr","v":"€"},{"$f":"Curr","v":"€"}]
[null,null,null,null,"±","Änderung Lohnansatz FamAK",null,null,null,null,0,{"$f":"Curr&\"/h\"","v":"€/h"},{"$f":"-O344*K344","v":0},null,null,null,"AKh",null,"Claas Jaguar 980",null,null,null,-120000,null,-50000,null,5,null,0.01,{"$f":"IF(AA344=0,0,(W344-Y344)/AA344)","v":-14000},{"$f":"W344*AC344","v":-1200},{"$f":"(W344+Y344)/2","v":-85000}]
[null,null,null,null,"±","Änderung Löhne Fremd-AK **)",null,null,null,null,25,{"$f":"Curr&\"/h\"","v":"€/h"},{"$f":"-O345*K345","v":0},null,{"$f":"IF(AF327=0,0,AF328-O344)","v":0},null,"AKh",null,"Claas Orbis 900",null,null,null,-45000,null,-25000,null,5,null,0.01,-4000,-450,-35000]
[null,null,null,null,"±","Änderung Abschreibungen für Anlagevermögen",null,null,null,null,null,null,{"$f":"-AD356","v":18000},null,{"$f":"-M346","v":-18000},null,{"$f":"Curr","v":"€"},null,null,null,null,null,null,null,null,null,null,null,null,0,0,0]
[null,null,null,null,"±","Änderung  Zinsanspruch f. AV",null,null,null,null,0.03,null,{"$f":"-O347*K347","v":3600},null,{"$f":"AF356","v":-120000},null,"€",null,null,null,null,null,null,null,null,null,null,null,null,0,0,0]
[null,null,null,null,"±","Änderung  Sonstiges für Anlagevermögen",null,null,null,null,null,null,{"$f":"-AE356","v":1650},null,{"$f":"-M348","v":-1650},null,"€",null,null,null,null,null,null,null,null,null,null,null,null,0,0,0]
[null,null,null,null,"±","Änderung  sonstige Fest- und Gemeinkosten",null,null,null,null,null,null,{"$f":"O349","v":0},null,null,null,"€",null,null,null,null,null,null,null,null,null,null,null,null,0,0,0]
[null,null,null,null,"±",null,null,null,null,null,null,null,{"$f":"O350","v":0},null,null,null,"€",null,null,null,null,null,null,null,null,null,null,null,null,0,0,0]
[null,null,null,null,"±",null,null,null,null,null,null,null,{"$f":"O351","v":0},null,null,null,"€",null,null,null,null,null,null,null,null,null,null,null,null,0,0,0]
[null,null,null,null,"=","Vergleichsdeckungsbeitrag (VDB)",null,null,null,null,null,null,{"$f":"M342+SUM(M343:M351)","v":23250},null,null,null,null,null,null,null,null,null,null,null,null,null,null,null,null,0,0,0]
[null,null,null,null,"Grenz-Unternehmergewinn gegenüber:",null,null,null,null,null,null,{"$f":"Plan0","v":"Plan 0:"},{"$f":"IF(M342=0,0,M352-$O$57)","v":0},null,">>>>   relativ:",null,{"$f":"IF($O$57=0,0,M353/$O$57)","v":0},null,null,null,null,null,null,null,null,null,null,null,null,0,0,0]
[null,null,null,null,"(= Änderungdes VDB)",null,null,null,null,null,null,{"$f":"C329","v":"Plan 1:"},{"$f":"IF(M342=0,0,M352-$M$140)","v":0},null,">>>>   relativ:",null,{"$f":"IF($M$140=0,0,M354/$M$140)","v":0},null,null,null,null,null,null,null,null,null,null,null,null,0,0,0]
[null,null,null,null,"Verzinsung des zus. einges. Kapitals  gegenüber:",null,null,null,null,null,null,{"$f":"L353","v":"Plan 0:"},{"$f":"M353-M347-M343","v":-3600},null,{"$f":"O347+O343","v":-120000},null,{"$f":"IF(O355>0,M355/O355,0)","v":0},null,null,null,null,null,null,null,null,null,null,null,null,0,0,0]
[null,null,null,null,null,null,null,null,null,null,null,{"$f":"L354","v":"Plan 1:"},{"$f":"IF(M342=0,0,M354+((-M343+$M$131)+(-M347+$M$135)))","v":0},null,{"$f":"O355-$O$143","v":-120000},null,{"$f":"IF(O356>0,M356/O356,0)","v":0},null,"Gesamt",null,null,null,{"$f":"SUM(W344:W355)","v":-165000},null,{"$f":"SUM(Y344:Y355)","v":-75000},null,null,null,null,{"$f":"SUM(AD344:AD355)","v":-18000},{"$f":"SUM(AE344:AE355)","v":-1650},{"$f":"SUM(AF344:AF355)","v":-120000}]
[null,null,null,null,"* soweit nicht bereits in DBs enthalten",null,null,null,null,null,null,null,null,null,null,null,null,null,"*) Unterhalt, Versicherung, etc."]
[]
[]
[null,"Plan 5:","Text…",null,"Einsatzumfang nach Halbmonaten (in den Einheiten des jeweiligen Arbeitsverfahrens)",null,null,null,null,null,null,null,null,null,null,null,null,null,null,null,null,null,null,null,null,null,null,null,"Deckungs-",null,"Umlauf-","AKh",null,"Leistung",null,"VarKo","Variable Kosten der Maschinen",null,null,null,null,null,"VarKo","AKh","Maschine 1",null,null,null,null,null,null,null,"Maschine 2",null,null,null,null,null,null,null,"Maschine 3",null,null,null,null,null,null,null,"Maschine 4"]
[null,null,null,null,"Jan",null,"Feb",null,"Mrz",null,"Apr",null,"Mai",null,"Jun",null,"Jul",null,"Aug",null,"Sep",null,"Okt",null,"Nov",null,"Dez",null,"beitrag",null,"vermögen","im Jahr",null,"Haupt","Neben","Material","Rep.-","Sonst.","Verrechn-","Diesel-","Schmier-","VK Masch","Ins-","Bedarf","Code","Bezeich-","Arbeits-","Umfang je","Umfang","Dieselverbrauch",null,null,"Code","Bezeich-","Arbeits-","Umfang je","Umfang","Dieselverbrauch",null,null,"Code","Bezeich-","Arbeits-","Umfang je","Umfang","Dieselverbrauch",null,null,"Code","Bezeich-","Arbeits-","Umfang je","Umfang","Dieselverbrauch"]
[null,"Arbeitsverfahren",null,null,"01a","01b","02a","02b","03a","03b","04a","04b","05a","05b","06a","06b","07a","07b","08a","08b","09a","09b","10a","10b","11a","11b","12a","12b","je Einh.","insges.","insges.","insges.",null,"insges.","insges.","insges.","kost.","(Hilfsm.)","preis","kosten","öl-Kost.","insges.","gesamt","je Einh."," ","nung","Einheit","ArbGang","insges.","Verbr.-","Liter je","Liter"," ","nung","Einheit","ArbGang","insges.","Verbr.-","Liter je","Liter"," ","nung","Einheit","ArbGang","insges.","Verbr.-","Liter je","Liter"," ","nung","Einheit","ArbGang","insges.","Verbr.-","Liter je","Liter"]
[null,"Umfang","Einheit","Bezeichnung",null,null,null,null,null,null,null,null,null,null,null,null,null,null,null,null,null,null,null,null,null,null,null,null,{"$f":"Curr&\"/J\"","v":"€/J"},{"$f":"Curr&\"/J\"","v":"€/J"},{"$f":"Curr&\"/J\"","v":"€/J"},"AKh/J",null,{"$f":"Curr&\"/J\"","v":"€/J"},"€/J","€/J","€/J","€/J","€/J","€/J","€/J","€/J","€/J","AKh/J",null,null,null,"Einh.","Einh.","Faktor","ArbGang","insges",null,null,null,"Einh.","Einh.","Faktor","ArbGang","insges",null,null,null,"Einh.","Einh.","Faktor","ArbGang","insges",null,null,null,"Einh.","Einh.","Faktor","ArbGang","insges"]
[null,{"$f":"SUM(E364:AB364)","v":0},{"$f":"IF(OR($A364=0,C$1=0),0,VLOOKUP($A364,ltPflArbGang,C$1,FALSE))","v":0},0,null,null,null,null,null,null,null,null,null,null,null,null,null,null,null,null,null,null,null,null,null,null,null,null,{"$f":"IF(OR($A364=0,AC$1=0),0,VLOOKUP($A364,ltPflArbGang,AC$1,FALSE))","v":0},{"$f":"IF(OR($A364=0,AD$1=0),0,VLOOKUP($A364,ltPflArbGang,AD$1,FALSE)*$B364)","v":0},0,0,null,{"$f":"IF(OR($A364=0,AH$1=0),0,VLOOKUP($A364,ltPflArbGang,AH$1,FALSE)*$B364)","v":0},0,0,0,0,0,0,0,0,{"$f":"AP364+AJ364","v":0},{"$f":"IF(OR($A364=0,AR$1=0),0,VLOOKUP($A364,ltPflArbGang,AR$1,FALSE))","v":0},0,0,0,0,{"$f":"IF(OR($A364=0,AW$1=0),0,VLOOKUP($A364,ltPflArbGang,AW$1,FALSE)*$B364)","v":0},{"$f":"IF(OR($A364=0,AX$1=0),0,VLOOKUP($A364,ltPflArbGang,AX$1,FALSE))","v":0},0,{"$f":"IF(OR($A364=0,AZ$1=0),0,VLOOKUP($A364,ltPflArbGang,AZ$1,FALSE)*$B364)","v":0},{"$f":"IF(OR($A364=0,BA$1=0),0,VLOOKUP($A364,ltPflArbGang,BA$1,FALSE))","v":0},0,0,0,{"$f":"IF(OR($A364=0,BE$1=0),0,VLOOKUP($A364,ltPflArbGang,BE$1,FALSE)*$B364)","v":0},{"$f":"IF(OR($A364=0,BF$1=0),0,VLOOKUP($A364,ltPflArbGang,BF$1,FALSE))","v":0},0,{"$f":"IF(OR($A364=0,BH$1=0),0,VLOOKUP($A364,ltPflArbGang,BH$1,FALSE)*$B364)","v":0},{"$f":"IF(OR($A364=0,BI$1=0),0,VLOOKUP($A364,ltPflArbGang,BI$1,FALSE))","v":0},0,0,0,{"$f":"IF(OR($A364=0,BM$1=0),0,VLOOKUP($A364,ltPflArbGang,BM$1,FALSE)*$B364)","v":0},{"$f":"IF(OR($A364=0,BN$1=0),0,VLOOKUP($A364,ltPflArbGang,BN$1,FALSE))","v":0},0,{"$f":"IF(OR($A364=0,BP$1=0),0,VLOOKUP($A364,ltPflArbGang,BP$1,FALSE)*$B364)","v":0},{"$f":"IF(OR($A364=0,BQ$1=0),0,VLOOKUP($A364,ltPflArbGang,BQ$1,FALSE))","v":0},0,0,0,{"$f":"IF(OR($A364=0,BU$1=0),0,VLOOKUP($A364,ltPflArbGang,BU$1,FALSE)*$B364)","v":0},{"$f":"IF(OR($A364=0,BV$1=0),0,VLOOKUP($A364,ltPflArbGang,BV$1,FALSE))","v":0},0,{"$f":"IF(OR($A364=0,BX$1=0),0,VLOOKUP($A364,ltPflArbGang,BX$1,FALSE)*$B364)","v":0}]
[null,0,0,0,null,null,null,null,null,null,null,null,null,null,null,null,null,null,null,null,null,null,null,null,null,null,null,null,0,0,0,0,null,0,0,0,0,0,0,0,0,0,0,0,0,0,0,0,0,0,0,0,0,0,0,0,0,0,0,0,0,0,0,0,0,0,0,0,0,0,0,0,0,0,0,0]
[null,0,0,0,null,null,null,null,null,null,null,null,null,null,null,null,null,null,null,null,null,null,null,null,null,null,null,null,0,0,0,0,null,0,0,0,0,0,0,0,0,0,0,0,0,0,0,0,0,0,0,0,0,0,0,0,0,0,0,0,0,0,0,0,0,0,0,0,0,0,0,0,0,0,0,0]
[null,0,0,0,null,null,null,null,null,null,null,null,null,null,null,null,null,null,null,null,null,null,null,null,null,null,null,null,0,0,0,0,null,0,0,0,0,0,0,0,0,0,0,0,0,0,0,0,0,0,0,0,0,0,0,0,0,0,0,0,0,0,0,0,0,0,0,0,0,0,0,0,0,0,0,0]
[null,0,0,0,null,null,null,null,null,null,null,null,null,null,null,null,null,null,null,null,null,null,null,null,null,null,null,null,0,0,0,0,null,0,0,0,0,0,0,0,0,0,0,0,0,0,0,0,0,0,0,0,0,0,0,0,0,0,0,0,0,0,0,0,0,0,0,0,0,0,0,0,0,0,0,0]
[null,0,0,0,null,null,null,null,null,null,null,null,null,null,null,null,null,null,null,null,null,null,null,null,null,null,null,null,0,0,0,0,null,0,0,0,0,0,0,0,0,0,0,0,0,0,0,0,0,0,0,0,0,0,0,0,0,0,0,0,0,0,0,0,0,0,0,0,0,0,0,0,0,0,0,0]
[null,0,0,0,null,null,null,null,null,null,null,null,null,null,null,null,null,null,null,null,null,null,null,null,null,null,null,null,0,0,0,0,null,0,0,0,0,0,0,0,0,0,0,0,0,0,0,0,0,0,0,0,0,0,0,0,0,0,0,0,0,0,0,0,0,0,0,0,0,0,0,0,0,0,0,0]
[null,0,0,0,null,null,null,null,null,null,null,null,null,null,null,null,null,null,null,null,null,null,null,null,null,null,null,null,0,0,0,0,null,0,0,0,0,0,0,0,0,0,0,0,0,0,0,0,0,0,0,0,0,0,0,0,0,0,0,0,0,0,0,0,0,0,0,0,0,0,0,0,0,0,0,0]
[null,{"$f":"SUM(E372:AB372)","v":0},0,0,null,null,null,null,null,null,null,null,null,null,null,null,null,null,null,null,null,null,null,null,null,null,null,null,0,0,0,0,null,0,0,0,0,0,0,0,0,0,{"$f":"AP372+AJ372","v":0},0,0,0,0,0,0,0,0,0,0,0,0,0,0,0,0,0,0,0,0,0,0,0,0,0,0,0,0,0,0,0,0,0]
[null,{"$f":"SUM(E373:AB373)","v":0},0,0,null,null,null,null,null,null,null,null,null,null,null,null,null,null,null,null,null,null,null,null,null,null,null,null,0,0,0,0,null,0,0,0,0,0,0,0,0,0,{"$f":"AP373+AJ373","v":0},0,0,0,0,0,0,0,0,0,0,0,0,0,0,0,0,0,0,0,0,0,0,0,0,0,0,0,0,0,0,0,0,0]
[null,0,0,0,null,null,null,null,null,null,null,null,null,null,null,null,null,null,null,null,null,null,null,null,null,null,null,null,0,0,0,0,null,{"$f":"IF(OR($A374=0,AH$1=0),0,VLOOKUP($A374,ltPflArbGang,AH$1,FALSE)*$B374)","v":0},0,0,0,0,0,0,0,0,0,{"$f":"IF(OR($A374=0,AR$1=0),0,VLOOKUP($A374,ltPflArbGang,AR$1,FALSE))","v":0},0,0,0,0,0,0,0,0,0,0,0,0,0,0,0,0,0,0,0,0,0,0,0,0,0,0,0,0,0,0,0,0]
[null,0,0,0,null,null,null,null,null,null,null,null,null,null,null,null,null,null,null,null,null,null,null,null,null,null,null,null,0,0,0,0,null,0,0,0,0,0,0,0,0,0,0,0,0,0,0,0,0,0,0,0,0,0,0,0,0,0,0,0,0,0,0,0,0,0,0,0,0,0,0,0,0,0,0,0]
[null,0,0,0,null,null,null,null,null,null,null,null,null,null,null,null,null,null,null,null,null,null,null,null,null,null,null,null,0,0,0,0,null,0,0,0,0,0,0,0,0,0,0,0,0,0,0,0,0,0,0,0,0,0,0,0,0,0,0,0,0,0,0,0,0,0,0,0,0,0,0,0,0,0,0,0]
[null,0,0,0,null,null,null,null,null,null,null,null,null,null,null,null,null,null,null,null,null,null,null,null,null,null,null,null,0,0,0,0,null,0,0,0,0,0,0,0,0,0,0,0,0,0,0,0,0,0,0,0,0,0,0,0,0,0,0,0,0,0,0,0,0,0,0,0,0,0,0,0,0,0,0,0]
[null,0,0,0,null,null,null,null,null,null,null,null,null,null,null,null,null,null,null,null,null,null,null,null,null,null,null,null,0,0,0,0,null,0,0,0,0,0,0,0,0,0,0,0,0,0,0,0,0,0,0,0,0,0,0,0,0,0,0,0,0,0,0,0,0,0,0,0,0,0,0,0,0,0,0,0]
[null,0,0,0,null,null,null,null,null,null,null,null,null,null,null,null,null,null,null,null,null,null,null,null,null,null,null,null,0,0,0,0,null,0,0,0,0,0,0,0,0,0,0,0,0,0,0,0,0,0,0,0,0,0,0,0,0,0,0,0,0,0,0,0,0,0,0,0,0,0,0,0,0,0,0,0]
[null,0,0,0,null,null,null,null,null,null,null,null,null,null,null,null,null,null,null,null,null,null,null,null,null,null,null,null,0,0,0,0,null,0,0,0,0,0,0,0,0,0,0,0,0,0,0,0,0,0,0,0,0,0,0,0,0,0,0,0,0,0,0,0,0,0,0,0,0,0,0,0,0,0,0,0]
[null,0,0,0,null,null,null,null,null,null,null,null,null,null,null,null,null,null,null,null,null,null,null,null,null,null,null,null,0,0,0,0,null,0,0,0,0,0,0,0,0,0,0,0,0,0,0,0,0,0,0,0,0,0,0,0,0,0,0,0,0,0,0,0,0,0,0,0,0,0,0,0,0,0,0,0]
[null,0,0,0,null,null,null,null,null,null,null,null,null,null,null,null,null,null,null,null,null,null,null,null,null,null,null,null,0,0,0,0,null,0,0,0,0,0,0,0,0,0,0,0,0,0,0,0,0,0,0,0,0,0,0,0,0,0,0,0,0,0,0,0,0,0,0,0,0,0,0,0,0,0,0,0]
[null,0,0,0,null,null,null,null,null,null,null,null,null,null,null,null,null,null,null,null,null,null,null,null,null,null,null,null,0,0,0,0,null,0,0,0,0,0,0,0,0,0,0,0,0,0,0,0,0,0,0,0,0,0,0,0,0,0,0,0,0,0,0,0,0,0,0,0,0,0,0,0,0,0,0,0]
[null,0,0,0,null,null,null,null,null,null,null,null,null,null,null,null,null,null,null,null,null,null,null,null,null,null,null,null,0,0,0,0,null,0,0,0,0,0,0,0,0,0,0,0,0,0,0,0,0,0,0,0,0,0,0,0,0,0,0,0,0,0,0,0,0,0,0,0,0,0,0,0,0,0,0,0]
[null,"Summe",null,null,null,null,null,null,null,null,null,null,null,null,null,null,null,null,null,null,null,null,null,null,null,null,null,null,"-",{"$f":"SUM(AD364:AD384)","v":0},{"$f":"SUM(AE364:AE384)","v":0},{"$f":"SUM(AF364:AF384)","v":0},null,{"$f":"SUM(AH364:AH384)","v":0},0,0,0,0,0,0,0,0,0,null,null,null,null,null,null,null,null,{"$f":"SUM(AZ364:AZ384)","v":0},null,null,null,null,null,null,null,{"$f":"SUM(BH364:BH384)","v":0},null,null,null,null,null,null,null,{"$f":"SUM(BP364:BP384)","v":0},null,null,null,null,null,null,null,{"$f":"SUM(BX364:BX384)","v":0}]
[null,"Saldo zu:",{"$f":"Plan0","v":"Plan 0:"},{"$f":"$C$4","v":"IST-Betrieb"},null,null,null,null,null,null,null,null,null,null,null,null,null,null,null,null,null,null,null,null,null,null,null,null,"-",{"$f":"AD385-AD$43","v":0},{"$f":"AE385-AE$43","v":0},{"$f":"AF385-AF$43","v":0},null,{"$f":"AH385-AH$43","v":0},0,0,0,0,0,0,0,0,0,null,null,null,null,null,null,null,null,{"$f":"AZ385-AZ$43","v":0},null,null,null,null,null,null,null,{"$f":"BH385-BH$43","v":0},null,null,null,null,null,null,null,{"$f":"BP385-BP$43","v":0},null,null,null,null,null,null,null,{"$f":"BX385-BX$43","v":0}]
[null,"Saldo zu:",{"$f":"Plan1","v":"Plan 1:"},{"$f":"$C$75","v":"Optimierter IST-Betrieb"},null,null,null,null,null,null,null,null,null,null,null,null,null,null,null,null,null,null,null,null,null,null,null,null,"-",{"$f":"AD385-AD$115","v":0},{"$f":"AE385-AE$115","v":0},{"$f":"AF385-AF$115","v":0},null,{"$f":"AH385-AH$115","v":0},0,0,0,0,0,0,0,0,0,null,null,null,null,null,null,null,null,{"$f":"AZ385-AZ$115","v":0},null,null,null,null,null,null,null,{"$f":"BH385-BH$115","v":0},null,null,null,null,null,null,null,{"$f":"BP385-BP$115","v":0},null,null,null,null,null,null,null,{"$f":"BX385-BX$115","v":0}]
[null,null,null,null,null,null,null,null,null,null,null,null,null,null,null,null,null,null,null,null,null,null,null,null,null,null,null,"Saldo zu:",{"$f":"C386","v":"Plan 0:"},{"$f":"C387","v":"Plan 1:"}]
[null,{"$f":"SUM(E389:AB389)","v":0},"AKh","Arbeitseinsatz",{"$f":"SUMPRODUCT(($AR$364:$AR$384)*(E$364:E$384))","v":0},0,0,0,0,0,0,0,0,0,0,0,0,0,0,0,0,0,0,0,0,0,0,0,{"$f":"$B389-$B$47","v":0},{"$f":"$B389-$B332","v":0}]
[null,0,"Liter","Dieselverbrauch",{"$f":"SUMPRODUCT(($AY$364:$AY$384)*(E$364:E$384))+SUMPRODUCT(($BG$364:$BG$384)*(E$364:E$384))+SUMPRODUCT(($BO$364:$BO$384)*(E$364:E$384))+SUMPRODUCT(($BW$364:$BW$384)*(E$364:E$384))","v":0},0,0,0,0,0,0,0,0,0,0,0,0,0,0,0,0,0,0,0,0,0,0,0,{"$f":"$B390-$B$48","v":0},{"$f":"$B390-$B333","v":0}]
[null,0,{"$f":"IF(ISNA(VLOOKUP($A391,ltSchlepper,3,FALSE))=TRUE,\"\",VLOOKUP($A391,ltSchlepper,3,FALSE))","v":""},{"$f":"IF(ISNA(VLOOKUP($A391,ltSchlepper,2,FALSE))=TRUE,\"\",VLOOKUP($A391,ltSchlepper,2,FALSE))","v":""},{"$f":"SUMPRODUCT(($AS$364:$AS$384=$A391)*($AV$364:$AV$384)*(E$364:E$384))+SUMPRODUCT(($BA$364:$BA$384=$A391)*($BD$364:$BD$384)*(E$364:E$384))+SUMPRODUCT(($BI$364:$BI$384=$A391)*($BL$364:$BL$384)*(E$364:E$384))+SUMPRODUCT(($BQ$364:$BQ$384=$A391)*($BT$364:$BT$384)*(E$364:E$384))","v":0},0,0,0,0,0,0,0,0,0,{"$f":"SUMPRODUCT(($AS$364:$AS$384=$A391)*($AV$364:$AV$384)*(O$364:O$384))+SUMPRODUCT(($BA$364:$BA$384=$A391)*($BD$364:$BD$384)*(O$364:O$384))+SUMPRODUCT(($BI$364:$BI$384=$A391)*($BL$364:$BL$384)*(O$364:O$384))+SUMPRODUCT(($BQ$364:$BQ$384=$A391)*($BT$364:$BT$384)*(O$364:O$384))","v":0},0,0,0,0,0,0,0,0,0,0,0,0,0,{"$f":"IF(ISNA(VLOOKUP($A391,Plan0MaTab,2,0)),\"nicht verfügb\",$B391-VLOOKUP($A391,Plan0MaTab,2,0))","v":"nicht verfügb"},{"$f":"IF(ISNA(VLOOKUP($A391,Plan1MaTab,2,0)),\"nicht verfügb\",$B391-VLOOKUP($A391,Plan1MaTab,2,0))","v":"nicht verfügb"}]
[null,0,"","",0,0,0,0,0,0,0,0,0,0,0,0,0,0,0,0,0,0,0,0,0,0,0,0,"nicht verfügb","nicht verfügb"]
[null,0,"","",0,0,0,0,0,0,0,0,0,0,0,0,0,0,0,0,0,0,0,0,0,0,0,0,"nicht verfügb","nicht verfügb"]
[null,0,"","",0,0,0,0,0,0,0,0,0,0,0,0,0,0,0,0,0,0,0,0,0,0,0,0,"nicht verfügb","nicht verfügb"]
[null,0,"","",0,0,0,0,0,0,0,0,0,0,0,0,0,0,0,0,0,0,0,0,0,0,0,0,"nicht verfügb","nicht verfügb"]
[null,0,"","",0,0,0,0,0,0,0,0,0,0,0,0,0,0,0,0,0,0,0,0,0,0,0,0,"nicht verfügb","nicht verfügb"]
[]
[null,{"$f":"SelAss!$AD$80","v":"Arbeitseinsatz"},null,null,"Ermittlung des Vergleichs-Deckungsbeitrags ",null,null,null,null,null,null,null,null,null,null,null,null,null,"Notwendige zusätzliche Investitionen in Anlagevermögen und Rechte"]
[null,null,null,null,"(sowie Grenz-Unternehmergewinn und Grenz-Kapitalverzinsung)",null,null,null,null,null,null,null,null,null,null,null,null,null,"Investitionen",null,null,null,"Anschaff.-",null,"Restwert",null,"Nutz.-","Sonstig.",null,"AfA","Sonst.","Ø  AV"]
[null,null,null,null,null,"Gesamtdeckungsbeitrag",null,null,null,null,null,null,{"$f":"AD385","v":0},null,"Diff. zu IST-Betrieb",null,null,null,null,null,null,null,"Kost.(A)",null,"(R)",null,"dauer (N)","*)",null,"(A-R) / N",null,"(A+R) / 2"]
[null,null,null,null,"±","Änderung Zinsanspr. für UV",null,null,null,null,0.03,null,{"$f":"-O401*K401","v":0},null,{"$f":"IF(AE385=0,0,AE386)","v":0},null,{"$f":"Curr","v":"€"},null,null,null,null,null,{"$f":"Curr","v":"€"},null,{"$f":"Curr","v":"€"},null,"Jahre",null,"% von A",{"$f":"Curr","v":"€"},{"$f":"Curr","v":"€"},{"$f":"Curr","v":"€"}]
[null,null,null,null,"±","Änderung Lohnansatz FamAK",null,null,null,null,0,{"$f":"Curr&\"/h\"","v":"€/h"},{"$f":"-O402*K402","v":0},null,null,null,"AKh",null,null,null,null,null,null,null,null,null,null,null,null,{"$f":"IF(AA402=0,0,(W402-Y402)/AA402)","v":0},{"$f":"W402*AC402","v":0},{"$f":"(W402+Y402)/2","v":0}]
[null,null,null,null,"±","Änderung Löhne Fremd-AK **)",null,null,null,null,25,{"$f":"Curr&\"/h\"","v":"€/h"},{"$f":"-O403*K403","v":0},null,{"$f":"IF(AF385=0,0,AF386-O402)","v":0},null,"AKh",null,null,null,null,null,null,null,null,null,null,null,null,0,0,0]
[null,null,null,null,"±","Änderung Abschreibungen für Anlagevermögen",null,null,null,null,null,null,{"$f":"-AD414","v":0},null,{"$f":"-M404","v":0},null,{"$f":"Curr","v":"€"},null,null,null,null,null,null,null,null,null,null,null,null,0,0,0]
[null,null,null,null,"±","Änderung  Zinsanspruch f. AV",null,null,null,null,0.03,null,{"$f":"-O405*K405","v":0},null,{"$f":"AF414","v":0},null,"€",null,null,null,null,null,null,null,null,null,null,null,null,0,0,0]
[null,null,null,null,"±","Änderung  Sonstiges für Anlagevermögen",null,null,null,null,null,null,{"$f":"-AE414","v":0},null,{"$f":"-M406","v":0},null,"€",null,null,null,null,null,null,null,null,null,null,null,null,0,0,0]
[null,null,null,null,"±","Änderung  sonstige Fest- und Gemeinkosten",null,null,null,null,null,null,{"$f":"O407","v":0},null,null,null,"€",null,null,null,null,null,null,null,null,null,null,null,null,0,0,0]
[null,null,null,null,"±",null,null,null,null,null,null,null,{"$f":"O408","v":0},null,null,null,"€",null,null,null,null,null,null,null,null,null,null,null,null,0,0,0]
[null,null,null,null,"±",null,null,null,null,null,null,null,{"$f":"O409","v":0},null,null,null,"€",null,null,null,null,null,null,null,null,null,null,null,null,0,0,0]
[null,null,null,null,"=","Vergleichsdeckungsbeitrag (VDB)",null,null,null,null,null,null,{"$f":"M400+SUM(M401:M409)","v":0},null,null,null,null,null,null,null,null,null,null,null,null,null,null,null,null,0,0,0]
[null,null,null,null,"Grenz-Unternehmergewinn gegenüber:",null,null,null,null,null,null,{"$f":"Plan0","v":"Plan 0:"},{"$f":"IF(M400=0,0,M410-$O$57)","v":0},null,">>>>   relativ:",null,{"$f":"IF($O$57=0,0,M411/$O$57)","v":0},null,null,null,null,null,null,null,null,null,null,null,null,0,0,0]
[null,null,null,null,"(= Änderungdes VDB)",null,null,null,null,null,null,{"$f":"C387","v":"Plan 1:"},{"$f":"IF(M400=0,0,M410-$M$140)","v":0},null,">>>>   relativ:",null,{"$f":"IF($M$140=0,0,M412/$M$140)","v":0},null,null,null,null,null,null,null,null,null,null,null,null,0,0,0]
[null,null,null,null,"Verzinsung des zus. einges. Kapitals  gegenüber:",null,null,null,null,null,null,{"$f":"L411","v":"Plan 0:"},{"$f":"M411-M405-M401","v":0},null,{"$f":"O405+O401","v":0},null,{"$f":"IF(O413>0,M413/O413,0)","v":0},null,null,null,null,null,null,null,null,null,null,null,null,0,0,0]
[null,null,null,null,null,null,null,null,null,null,null,{"$f":"L412","v":"Plan 1:"},{"$f":"IF(M400=0,0,M412+((-M401+$M$131)+(-M405+$M$135)))","v":0},null,{"$f":"O413-$O$143","v":0},null,{"$f":"IF(O414>0,M414/O414,0)","v":0},null,"Gesamt",null,null,null,{"$f":"SUM(W402:W413)","v":0},null,{"$f":"SUM(Y402:Y413)","v":0},null,null,null,null,{"$f":"SUM(AD402:AD413)","v":0},{"$f":"SUM(AE402:AE413)","v":0},{"$f":"SUM(AF402:AF413)","v":0}]
[null,null,null,null,"* soweit nicht bereits in DBs enthalten",null,null,null,null,null,null,null,null,null,null,null,null,null,"*) Unterhalt, Versicherung, etc."]

{"sheet":"GrenzUG","index":5,"n_rows":58,"n_cols":12,"rows_kept":58,"cut":false,"hidden":false,"merged":[[7,2,13,2]]}
[]
[null,"Grenz-Unternehmergewinn und Grenz-Faktorentlohnung der Planvarianten"]
[]
[null,"Grenz-UG"]
[]
[null,null,null,null,null,null,{"$f":"Planung!$B$4","v":"Plan 0:"},{"$f":"Planung!$B$75","v":"Plan 1:"},{"$f":"Planung!$B$147","v":"Plan 2:"},{"$f":"Planung!$B$219","v":"Plan 3:"},{"$f":"Planung!$B$289","v":"Plan 4:"},{"$f":"Planung!$B$360","v":"Plan 5:"}]
[null,null,null,"Gesamt-DB",null,{"$f":"Curr","v":"€"},{"$f":"Planung!$O$57","v":0},{"$f":"Planung!M130","v":0},{"$f":"Planung!M201","v":0},{"$f":"Planung!M271","v":0},{"$f":"Planung!M342","v":0},{"$f":"Planung!M400","v":0}]
[null,null,"± Veränderung von:","Zinsanspr. für V&UV",null,"€","-",{"$f":"Planung!M131","v":0},{"$f":"Planung!M202","v":0},{"$f":"Planung!M272","v":0},{"$f":"Planung!M343","v":0},{"$f":"Planung!M401","v":0}]
[null,null,null,"Lohnansatz FamAK",null,"€","-",{"$f":"Planung!M132","v":0},{"$f":"Planung!M203","v":0},{"$f":"Planung!M273","v":0},{"$f":"Planung!M344","v":0},{"$f":"Planung!M402","v":0}]
[null,null,null,"Löhne Fremd-AK",null,"€","-",{"$f":"Planung!M133","v":0},{"$f":"Planung!M204","v":0},{"$f":"Planung!M274","v":0},{"$f":"Planung!M345","v":0},{"$f":"Planung!M403","v":0}]
[null,null,null,"Abschreib.","f. Anlageverm.","€","-",{"$f":"Planung!M134","v":0},{"$f":"Planung!M205","v":-6500},{"$f":"Planung!M275","v":-7875},{"$f":"Planung!M346","v":18000},{"$f":"Planung!M404","v":0}]
[null,null,null,"Zinsanspr.","f. Anlageverm.","€","-",{"$f":"Planung!M135","v":0},{"$f":"Planung!M206","v":-2025},{"$f":"Planung!M276","v":-1755},{"$f":"Planung!M347","v":3600},{"$f":"Planung!M405","v":0}]
[null,null,null,"Sonstiges","f. Anlageverm.","€","-",{"$f":"Planung!M136","v":0},{"$f":"Planung!M207","v":-1000},{"$f":"Planung!M277","v":-900},{"$f":"Planung!M348","v":1650},{"$f":"Planung!M406","v":0}]
[null,null,null,"sonst. Fest- und Gemeinkosten",null,"€","-",{"$f":"Planung!M140-Planung!M130-SUM(H8:H13)","v":0},{"$f":"Planung!M211-Planung!M201-SUM(I8:I13)","v":0},{"$f":"Planung!M281-Planung!M271-SUM(J8:J13)","v":0},{"$f":"Planung!M352-Planung!M342-SUM(K8:K13)","v":0},{"$f":"Planung!M410-Planung!M400-SUM(L8:L13)","v":0}]
[null,null,"=","Vergleichs-DB",null,"€",{"$f":"Planung!$O$57","v":0},{"$f":"Planung!M140","v":0},{"$f":"Planung!M211","v":-9525},{"$f":"Planung!M281","v":-10530},{"$f":"Planung!M352","v":23250},{"$f":"Planung!M410","v":0}]
[null,null,"=>","Grenz-UG zu",{"$f":"Planung!Plan0","v":"Plan 0:"},"€","-",{"$f":"H15-$G15","v":0},{"$f":"I15-$G15","v":-9525},{"$f":"J15-$G15","v":-10530},{"$f":"K15-$G15","v":23250},{"$f":"L15-$G15","v":0}]
[null,null,"=>","Grenz-UG zu",{"$f":"Planung!Plan1","v":"Plan 1:"},"€","-","-",{"$f":"I15-$H15","v":-9525},{"$f":"J15-$H15","v":-10530},{"$f":"K15-$H15","v":23250},{"$f":"L15-$H15","v":0}]
[]
[]
[]
[null,"Kapital"]
[]
[null,null,"Entlohnung des zus. eingesetzten Kapitals",null,null,null,{"$f":"Planung!$B$4","v":"Plan 0:"},{"$f":"Planung!$B$75","v":"Plan 1:"},{"$f":"Planung!$B$147","v":"Plan 2:"},{"$f":"Planung!$B$219","v":"Plan 3:"},{"$f":"Planung!$B$289","v":"Plan 4:"},{"$f":"Planung!$B$360","v":"Plan 5:"}]
[]
[null,null,"Umlaufvermögen insgesamt",null,null,{"$f":"IF(ISNA(HLOOKUP($V25,PlanVergleich,1,0)),\"\",HLOOKUP($V25,PlanVergleich,ROW(#REF!)-ROW(PlanVergleich)+1,0))","v":""},{"$f":"Planung!AE43","v":0},{"$f":"Planung!AE115","v":0},{"$f":"Planung!AE186","v":0},{"$f":"Planung!AE256","v":0},{"$f":"Planung!AE327","v":0},{"$f":"Planung!AE385","v":0}]
[null,null,"Anlagevermögen insgesamt",null,null,{"$f":"Curr","v":"€"},"  - - - - - - - - - - - - - - - - -   nicht bekannt   - - - - - - - - - - - - - - - - -"]
[]
[null,null,{"$f":"\"Vergleich zu \"&Planung!Plan0","v":"Vergleich zu Plan 0:"}]
[null,null,null,"Ertrag f. zus. einges. Kapital",null,{"$f":"Curr","v":"€"},"-",{"$f":"H$16-H$12-H$8","v":0},{"$f":"I$16-I$12-I$8","v":-7500},{"$f":"J$16-J$12-J$8","v":-8775},{"$f":"K$16-K$12-K$8","v":19650},{"$f":"L$16-L$12-L$8","v":0}]
[null,null,null,"Änderung Umlaufvermögen",null,{"$f":"Curr","v":"€"},"-",{"$f":"IF(H25=0,0,H25-$G25)","v":0},{"$f":"IF(I25=0,0,I25-$G25)","v":0},{"$f":"IF(J25=0,0,J25-$G25)","v":0},{"$f":"IF(K25=0,0,K25-$G25)","v":0},{"$f":"IF(L25=0,0,L25-$G25)","v":0}]
[null,null,"/","+ Änderung Anlageverm.",null,{"$f":"Curr","v":"€"},"-",{"$f":"Planung!O135","v":0},{"$f":"Planung!O206","v":67500},{"$f":"Planung!O276","v":58500},{"$f":"Planung!O347","v":-120000},{"$f":"Planung!O405","v":0}]
[null,null,null,"= Änderung Vermögen insg.",null,{"$f":"Curr","v":"€"},"-",{"$f":"H31+H30","v":0},{"$f":"I31+I30","v":67500},{"$f":"J31+J30","v":58500},{"$f":"K31+K30","v":-120000},{"$f":"L31+L30","v":0}]
[null,null,"=","Verzinsung des zus. eingesetzten Kapitals",null,null,"-",{"$f":"IF(H32=0,\"- \",H29/H32)","v":"- "},{"$f":"IF(I32=0,\"- \",I29/I32)","v":-0.1111111111111111},{"$f":"IF(J32=0,\"- \",J29/J32)","v":-0.15},{"$f":"IF(K32=0,\"- \",K29/K32)","v":-0.16375000000000001},{"$f":"IF(L32=0,\"- \",L29/L32)","v":"- "}]
[]
[null,null,{"$f":"\"Vergleich zu \"&Planung!Plan1","v":"Vergleich zu Plan 1:"}]
[null,null,null,"Ertrag f. zus. einges. Kapital",null,{"$f":"Curr","v":"€"},"-","-",{"$f":"I$17-(I$8-$H$8)-(I$12-$H$12)","v":-7500},{"$f":"J$17-(J$8-$H$8)-(J$12-$H$12)","v":-8775},{"$f":"K$17-(K$8-$H$8)-(K$12-$H$12)","v":19650},{"$f":"L$17-(L$8-$H$8)-(L$12-$H$12)","v":0}]
[null,null,null,"Änderung Umlauf&Viehverm.",null,{"$f":"Curr","v":"€"},"-","-",{"$f":"IF(I25=0,0,I25-$H25)","v":0},{"$f":"IF(J25=0,0,J25-$H25)","v":0},{"$f":"IF(K25=0,0,K25-$H25)","v":0},{"$f":"IF(L25=0,0,L25-$H25)","v":0}]
[null,null,"/","+ Änderung Anlageverm.",null,{"$f":"Curr","v":"€"},"-","-",{"$f":"I31-$H31","v":67500},{"$f":"J31-$H31","v":58500},{"$f":"K31-$H31","v":-120000},{"$f":"L31-$H31","v":0}]
[null,null,null,"= Änderung Vermögen insg.",null,{"$f":"Curr","v":"€"},"-","-",{"$f":"I38+I37","v":67500},{"$f":"J38+J37","v":58500},{"$f":"K38+K37","v":-120000},{"$f":"L38+L37","v":0}]
[null,null,"=","Verzinsung des zus. eingesetzten Kapitals",null,null,"-","-",{"$f":"IF(I39=0,\"- \",I36/I39)","v":-0.1111111111111111},{"$f":"IF(J39=0,\"- \",J36/J39)","v":-0.15},{"$f":"IF(K39=0,\"- \",K36/K39)","v":-0.16375000000000001},{"$f":"IF(L39=0,\"- \",L36/L39)","v":"- "}]
[]
[]
[]
[null,"Arbeit"]
[]
[null,null,"Entlohnung der zus. eingesetzten Arbeit",null,null,null,{"$f":"Planung!$B$4","v":"Plan 0:"},{"$f":"Planung!$B$75","v":"Plan 1:"},{"$f":"Planung!$B$147","v":"Plan 2:"},{"$f":"Planung!$B$219","v":"Plan 3:"},{"$f":"Planung!$B$289","v":"Plan 4:"},{"$f":"Planung!$B$360","v":"Plan 5:"}]
[]
[null,null,"Gesamt-Umfang in den Plänen",null,null,"AKh",{"$f":"Planung!AF43","v":0},{"$f":"Planung!AF115","v":0},{"$f":"Planung!AF186","v":0},{"$f":"Planung!AF256","v":0},{"$f":"Planung!AF327","v":0},{"$f":"Planung!AF385","v":0}]
[]
[null,null,{"$f":"\"Vergleich zu \"&Planung!Plan0","v":"Vergleich zu Plan 0:"}]
[null,null,null,"Ertrag für zus. Arbeit",null,{"$f":"Curr","v":"€"},"-",{"$f":"H$16-H$10-H$9","v":0},{"$f":"I$16-I$10-I$9","v":-9525},{"$f":"J$16-J$10-J$9","v":-10530},{"$f":"K$16-K$10-K$9","v":23250},{"$f":"L$16-L$10-L$9","v":0}]
[null,null,"/","Änderung Arbeitseinsatz",null,{"$f":"F48","v":"AKh"},"-",{"$f":"IF(H48=0,0,H48-$G48)","v":0},{"$f":"IF(I48=0,0,I48-$G48)","v":0},{"$f":"IF(J48=0,0,J48-$G48)","v":0},{"$f":"IF(K48=0,0,K48-$G48)","v":0},{"$f":"IF(L48=0,0,L48-$G48)","v":0}]
[null,null,"=","Entlohnung der zus. Arbeit",null,{"$f":"F51&\"/\"&F52","v":"€/AKh"},"-",{"$f":"IF(H52=0,\"- \",H51/H52)","v":"- "},{"$f":"IF(I52=0,\"- \",I51/I52)","v":"- "},{"$f":"IF(J52=0,\"- \",J51/J52)","v":"- "},{"$f":"IF(K52=0,\"- \",K51/K52)","v":"- "},{"$f":"IF(L52=0,\"- \",L51/L52)","v":"- "}]
[]
[null,null,{"$f":"\"Vergleich zu \"&Planung!Plan1","v":"Vergleich zu Plan 1:"}]
[null,null,null,"Ertrag für zus. Arbeit",null,{"$f":"Curr","v":"€"},"-","-",{"$f":"I$17-(I$9-$H$9)-(I$10-$H$10)","v":-9525},{"$f":"J$17-(J$9-$H$9)-(J$10-$H$10)","v":-10530},{"$f":"K$17-(K$9-$H$9)-(K$10-$H$10)","v":23250},{"$f":"L$17-(L$9-$H$9)-(L$10-$H$10)","v":0}]
[null,null,"/","Änderung Arbeitseinsatz",null,{"$f":"F48","v":"AKh"},"-","-",{"$f":"IF(I48=0,0,I48-$H48)","v":0},{"$f":"IF(J48=0,0,J48-$H48)","v":0},{"$f":"IF(K48=0,0,K48-$H48)","v":0},{"$f":"IF(L48=0,0,L48-$H48)","v":0}]
[null,null,"=","Entlohnung der zus. Arbeit",null,{"$f":"F56&\"/\"&F57","v":"€/AKh"},"-","-",{"$f":"IF(I57=0,\"- \",I56/I57)","v":"- "},{"$f":"IF(J57=0,\"- \",J56/J57)","v":"- "},{"$f":"IF(K57=0,\"- \",K56/K57)","v":"- "},{"$f":"IF(L57=0,\"- \",L56/L57)","v":"- "}]

{"sheet":"AKh","index":6,"n_rows":68,"n_cols":156,"rows_kept":68,"cut":false,"hidden":false,"merged":[]}
[]
[null,"Arbeitseinsatz nach Halbmonaten in den einzelnen Planvarianten"]
[]
[null,"Plan-","Arbeits-Einsatz nach Halbmonaten (in AKh)",null,null,null,null,null,null,null,null,null,null,null,null,null,null,null,null,null,null,null,null,null,null,null,"Ein-"]
[null,"vari-","Jan",null,"Feb",null,"Mrz",null,"Apr",null,"Mai",null,"Jun",null,"Jul",null,"Aug",null,"Sep",null,"Okt",null,"Nov",null,"Dez",null,"satz"]
[null,"ante","01a","01b","02a","02b","03a","03b","04a","04b","05a","05b","06a","06b","07a","07b","08a","08b","09a","09b","10a","10b","11a","11b","12a","12b","insg."]
[null,"Plan 0",{"$f":"SUMPRODUCT((Planung!$AR$8:$AR$42)*(Planung!E$8:E$42))","v":0},{"$f":"SUMPRODUCT((Planung!$AR$8:$AR$42)*(Planung!F$8:F$42))","v":0},{"$f":"SUMPRODUCT((Planung!$AR$8:$AR$42)*(Planung!G$8:G$42))","v":0},{"$f":"SUMPRODUCT((Planung!$AR$8:$AR$42)*(Planung!H$8:H$42))","v":0},{"$f":"SUMPRODUCT((Planung!$AR$8:$AR$42)*(Planung!I$8:I$42))","v":0},{"$f":"SUMPRODUCT((Planung!$AR$8:$AR$42)*(Planung!J$8:J$42))","v":0},{"$f":"SUMPRODUCT((Planung!$AR$8:$AR$42)*(Planung!K$8:K$42))","v":0},{"$f":"SUMPRODUCT((Planung!$AR$8:$AR$42)*(Planung!L$8:L$42))","v":0},{"$f":"SUMPRODUCT((Planung!$AR$8:$AR$42)*(Planung!M$8:M$42))","v":0},{"$f":"SUMPRODUCT((Planung!$AR$8:$AR$42)*(Planung!N$8:N$42))","v":0},{"$f":"SUMPRODUCT((Planung!$AR$8:$AR$42)*(Planung!O$8:O$42))","v":0},{"$f":"SUMPRODUCT((Planung!$AR$8:$AR$42)*(Planung!P$8:P$42))","v":0},{"$f":"SUMPRODUCT((Planung!$AR$8:$AR$42)*(Planung!Q$8:Q$42))","v":0},{"$f":"SUMPRODUCT((Planung!$AR$8:$AR$42)*(Planung!R$8:R$42))","v":0},{"$f":"SUMPRODUCT((Planung!$AR$8:$AR$42)*(Planung!S$8:S$42))","v":0},{"$f":"SUMPRODUCT((Planung!$AR$8:$AR$42)*(Planung!T$8:T$42))","v":0},{"$f":"SUMPRODUCT((Planung!$AR$8:$AR$42)*(Planung!U$8:U$42))","v":0},{"$f":"SUMPRODUCT((Planung!$AR$8:$AR$42)*(Planung!V$8:V$42))","v":0},{"$f":"SUMPRODUCT((Planung!$AR$8:$AR$42)*(Planung!W$8:W$42))","v":0},{"$f":"SUMPRODUCT((Planung!$AR$8:$AR$42)*(Planung!X$8:X$42))","v":0},{"$f":"SUMPRODUCT((Planung!$AR$8:$AR$42)*(Planung!Y$8:Y$42))","v":0},{"$f":"SUMPRODUCT((Planung!$AR$8:$AR$42)*(Planung!Z$8:Z$42))","v":0},{"$f":"SUMPRODUCT((Planung!$AR$8:$AR$42)*(Planung!AA$8:AA$42))","v":0},{"$f":"SUMPRODUCT((Planung!$AR$8:$AR$42)*(Planung!AB$8:AB$42))","v":0},{"$f":"SUM(C7:Z7)","v":0}]
[null,"Plan 1",{"$f":"SUMPRODUCT((Planung!$AR$79:$AR$114)*(Planung!E$79:E$114))","v":0},{"$f":"SUMPRODUCT((Planung!$AR$79:$AR$114)*(Planung!F$79:F$114))","v":0},{"$f":"SUMPRODUCT((Planung!$AR$79:$AR$114)*(Planung!G$79:G$114))","v":0},{"$f":"SUMPRODUCT((Planung!$AR$79:$AR$114)*(Planung!H$79:H$114))","v":0},{"$f":"SUMPRODUCT((Planung!$AR$79:$AR$114)*(Planung!I$79:I$114))","v":0},{"$f":"SUMPRODUCT((Planung!$AR$79:$AR$114)*(Planung!J$79:J$114))","v":0},{"$f":"SUMPRODUCT((Planung!$AR$79:$AR$114)*(Planung!K$79:K$114))","v":0},{"$f":"SUMPRODUCT((Planung!$AR$79:$AR$114)*(Planung!L$79:L$114))","v":0},{"$f":"SUMPRODUCT((Planung!$AR$79:$AR$114)*(Planung!M$79:M$114))","v":0},{"$f":"SUMPRODUCT((Planung!$AR$79:$AR$114)*(Planung!N$79:N$114))","v":0},{"$f":"SUMPRODUCT((Planung!$AR$79:$AR$114)*(Planung!O$79:O$114))","v":0},{"$f":"SUMPRODUCT((Planung!$AR$79:$AR$114)*(Planung!P$79:P$114))","v":0},{"$f":"SUMPRODUCT((Planung!$AR$79:$AR$114)*(Planung!Q$79:Q$114))","v":0},{"$f":"SUMPRODUCT((Planung!$AR$79:$AR$114)*(Planung!R$79:R$114))","v":0},{"$f":"SUMPRODUCT((Planung!$AR$79:$AR$114)*(Planung!S$79:S$114))","v":0},{"$f":"SUMPRODUCT((Planung!$AR$79:$AR$114)*(Planung!T$79:T$114))","v":0},{"$f":"SUMPRODUCT((Planung!$AR$79:$AR$114)*(Planung!U$79:U$114))","v":0},{"$f":"SUMPRODUCT((Planung!$AR$79:$AR$114)*(Planung!V$79:V$114))","v":0},{"$f":"SUMPRODUCT((Planung!$AR$79:$AR$114)*(Planung!W$79:W$114))","v":0},{"$f":"SUMPRODUCT((Planung!$AR$79:$AR$114)*(Planung!X$79:X$114))","v":0},{"$f":"SUMPRODUCT((Planung!$AR$79:$AR$114)*(Planung!Y$79:Y$114))","v":0},{"$f":"SUMPRODUCT((Planung!$AR$79:$AR$114)*(Planung!Z$79:Z$114))","v":0},{"$f":"SUMPRODUCT((Planung!$AR$79:$AR$114)*(Planung!AA$79:AA$114))","v":0},{"$f":"SUMPRODUCT((Planung!$AR$79:$AR$114)*(Planung!AB$79:AB$114))","v":0},0]
[null,"Plan 2",{"$f":"SUMPRODUCT((Planung!$AR$151:$AR$185)*(Planung!E$151:E$185))","v":0},{"$f":"SUMPRODUCT((Planung!$AR$151:$AR$185)*(Planung!F$151:F$185))","v":0},{"$f":"SUMPRODUCT((Planung!$AR$151:$AR$185)*(Planung!G$151:G$185))","v":0},{"$f":"SUMPRODUCT((Planung!$AR$151:$AR$185)*(Planung!H$151:H$185))","v":0},{"$f":"SUMPRODUCT((Planung!$AR$151:$AR$185)*(Planung!I$151:I$185))","v":0},{"$f":"SUMPRODUCT((Planung!$AR$151:$AR$185)*(Planung!J$151:J$185))","v":0},{"$f":"SUMPRODUCT((Planung!$AR$151:$AR$185)*(Planung!K$151:K$185))","v":0},{"$f":"SUMPRODUCT((Planung!$AR$151:$AR$185)*(Planung!L$151:L$185))","v":0},{"$f":"SUMPRODUCT((Planung!$AR$151:$AR$185)*(Planung!M$151:M$185))","v":0},{"$f":"SUMPRODUCT((Planung!$AR$151:$AR$185)*(Planung!N$151:N$185))","v":0},{"$f":"SUMPRODUCT((Planung!$AR$151:$AR$185)*(Planung!O$151:O$185))","v":0},{"$f":"SUMPRODUCT((Planung!$AR$151:$AR$185)*(Planung!P$151:P$185))","v":0},{"$f":"SUMPRODUCT((Planung!$AR$151:$AR$185)*(Planung!Q$151:Q$185))","v":0},{"$f":"SUMPRODUCT((Planung!$AR$151:$AR$185)*(Planung!R$151:R$185))","v":0},{"$f":"SUMPRODUCT((Planung!$AR$151:$AR$185)*(Planung!S$151:S$185))","v":0},{"$f":"SUMPRODUCT((Planung!$AR$151:$AR$185)*(Planung!T$151:T$185))","v":0},{"$f":"SUMPRODUCT((Planung!$AR$151:$AR$185)*(Planung!U$151:U$185))","v":0},{"$f":"SUMPRODUCT((Planung!$AR$151:$AR$185)*(Planung!V$151:V$185))","v":0},{"$f":"SUMPRODUCT((Planung!$AR$151:$AR$185)*(Planung!W$151:W$185))","v":0},{"$f":"SUMPRODUCT((Planung!$AR$151:$AR$185)*(Planung!X$151:X$185))","v":0},{"$f":"SUMPRODUCT((Planung!$AR$151:$AR$185)*(Planung!Y$151:Y$185))","v":0},{"$f":"SUMPRODUCT((Planung!$AR$151:$AR$185)*(Planung!Z$151:Z$185))","v":0},{"$f":"SUMPRODUCT((Planung!$AR$151:$AR$185)*(Planung!AA$151:AA$185))","v":0},{"$f":"SUMPRODUCT((Planung!$AR$151:$AR$185)*(Planung!AB$151:AB$185))","v":0},0]
[null,"Plan 3",{"$f":"SUMPRODUCT((Planung!$AR$223:$AR$255)*(Planung!E$223:E$255))","v":0},{"$f":"SUMPRODUCT((Planung!$AR$223:$AR$255)*(Planung!F$223:F$255))","v":0},{"$f":"SUMPRODUCT((Planung!$AR$223:$AR$255)*(Planung!G$223:G$255))","v":0},{"$f":"SUMPRODUCT((Planung!$AR$223:$AR$255)*(Planung!H$223:H$255))","v":0},{"$f":"SUMPRODUCT((Planung!$AR$223:$AR$255)*(Planung!I$223:I$255))","v":0},{"$f":"SUMPRODUCT((Planung!$AR$223:$AR$255)*(Planung!J$223:J$255))","v":0},{"$f":"SUMPRODUCT((Planung!$AR$223:$AR$255)*(Planung!K$223:K$255))","v":0},{"$f":"SUMPRODUCT((Planung!$AR$223:$AR$255)*(Planung!L$223:L$255))","v":0},{"$f":"SUMPRODUCT((Planung!$AR$223:$AR$255)*(Planung!M$223:M$255))","v":0},{"$f":"SUMPRODUCT((Planung!$AR$223:$AR$255)*(Planung!N$223:N$255))","v":0},{"$f":"SUMPRODUCT((Planung!$AR$223:$AR$255)*(Planung!O$223:O$255))","v":0},{"$f":"SUMPRODUCT((Planung!$AR$223:$AR$255)*(Planung!P$223:P$255))","v":0},{"$f":"SUMPRODUCT((Planung!$AR$223:$AR$255)*(Planung!Q$223:Q$255))","v":0},{"$f":"SUMPRODUCT((Planung!$AR$223:$AR$255)*(Planung!R$223:R$255))","v":0},{"$f":"SUMPRODUCT((Planung!$AR$223:$AR$255)*(Planung!S$223:S$255))","v":0},{"$f":"SUMPRODUCT((Planung!$AR$223:$AR$255)*(Planung!T$223:T$255))","v":0},{"$f":"SUMPRODUCT((Planung!$AR$223:$AR$255)*(Planung!U$223:U$255))","v":0},{"$f":"SUMPRODUCT((Planung!$AR$223:$AR$255)*(Planung!V$223:V$255))","v":0},{"$f":"SUMPRODUCT((Planung!$AR$223:$AR$255)*(Planung!W$223:W$255))","v":0},{"$f":"SUMPRODUCT((Planung!$AR$223:$AR$255)*(Planung!X$223:X$255))","v":0},{"$f":"SUMPRODUCT((Planung!$AR$223:$AR$255)*(Planung!Y$223:Y$255))","v":0},{"$f":"SUMPRODUCT((Planung!$AR$223:$AR$255)*(Planung!Z$223:Z$255))","v":0},{"$f":"SUMPRODUCT((Planung!$AR$223:$AR$255)*(Planung!AA$223:AA$255))","v":0},{"$f":"SUMPRODUCT((Planung!$AR$223:$AR$255)*(Planung!AB$223:AB$255))","v":0},0]
[null,"Plan 4",{"$f":"SUMPRODUCT((Planung!$AR$293:$AR$326)*(Planung!E$293:E$326))","v":0},{"$f":"SUMPRODUCT((Planung!$AR$293:$AR$326)*(Planung!F$293:F$326))","v":0},{"$f":"SUMPRODUCT((Planung!$AR$293:$AR$326)*(Planung!G$293:G$326))","v":0},{"$f":"SUMPRODUCT((Planung!$AR$293:$AR$326)*(Planung!H$293:H$326))","v":0},{"$f":"SUMPRODUCT((Planung!$AR$293:$AR$326)*(Planung!I$293:I$326))","v":0},{"$f":"SUMPRODUCT((Planung!$AR$293:$AR$326)*(Planung!J$293:J$326))","v":0},{"$f":"SUMPRODUCT((Planung!$AR$293:$AR$326)*(Planung!K$293:K$326))","v":0},{"$f":"SUMPRODUCT((Planung!$AR$293:$AR$326)*(Planung!L$293:L$326))","v":0},{"$f":"SUMPRODUCT((Planung!$AR$293:$AR$326)*(Planung!M$293:M$326))","v":0},{"$f":"SUMPRODUCT((Planung!$AR$293:$AR$326)*(Planung!N$293:N$326))","v":0},{"$f":"SUMPRODUCT((Planung!$AR$293:$AR$326)*(Planung!O$293:O$326))","v":0},{"$f":"SUMPRODUCT((Planung!$AR$293:$AR$326)*(Planung!P$293:P$326))","v":0},{"$f":"SUMPRODUCT((Planung!$AR$293:$AR$326)*(Planung!Q$293:Q$326))","v":0},{"$f":"SUMPRODUCT((Planung!$AR$293:$AR$326)*(Planung!R$293:R$326))","v":0},{"$f":"SUMPRODUCT((Planung!$AR$293:$AR$326)*(Planung!S$293:S$326))","v":0},{"$f":"SUMPRODUCT((Planung!$AR$293:$AR$326)*(Planung!T$293:T$326))","v":0},{"$f":"SUMPRODUCT((Planung!$AR$293:$AR$326)*(Planung!U$293:U$326))","v":0},{"$f":"SUMPRODUCT((Planung!$AR$293:$AR$326)*(Planung!V$293:V$326))","v":0},{"$f":"SUMPRODUCT((Planung!$AR$293:$AR$326)*(Planung!W$293:W$326))","v":0},{"$f":"SUMPRODUCT((Planung!$AR$293:$AR$326)*(Planung!X$293:X$326))","v":0},{"$f":"SUMPRODUCT((Planung!$AR$293:$AR$326)*(Planung!Y$293:Y$326))","v":0},{"$f":"SUMPRODUCT((Planung!$AR$293:$AR$326)*(Planung!Z$293:Z$326))","v":0},{"$f":"SUMPRODUCT((Planung!$AR$293:$AR$326)*(Planung!AA$293:AA$326))","v":0},{"$f":"SUMPRODUCT((Planung!$AR$293:$AR$326)*(Planung!AB$293:AB$326))","v":0},0]
[null,"Plan 5",{"$f":"SUMPRODUCT((Planung!$AR$364:$AR$384)*(Planung!E$364:E$384))","v":0},{"$f":"SUMPRODUCT((Planung!$AR$364:$AR$384)*(Planung!F$364:F$384))","v":0},{"$f":"SUMPRODUCT((Planung!$AR$364:$AR$384)*(Planung!G$364:G$384))","v":0},{"$f":"SUMPRODUCT((Planung!$AR$364:$AR$384)*(Planung!H$364:H$384))","v":0},{"$f":"SUMPRODUCT((Planung!$AR$364:$AR$384)*(Planung!I$364:I$384))","v":0},{"$f":"SUMPRODUCT((Planung!$AR$364:$AR$384)*(Planung!J$364:J$384))","v":0},{"$f":"SUMPRODUCT((Planung!$AR$364:$AR$384)*(Planung!K$364:K$384))","v":0},{"$f":"SUMPRODUCT((Planung!$AR$364:$AR$384)*(Planung!L$364:L$384))","v":0},{"$f":"SUMPRODUCT((Planung!$AR$364:$AR$384)*(Planung!M$364:M$384))","v":0},{"$f":"SUMPRODUCT((Planung!$AR$364:$AR$384)*(Planung!N$364:N$384))","v":0},{"$f":"SUMPRODUCT((Planung!$AR$364:$AR$384)*(Planung!O$364:O$384))","v":0},{"$f":"SUMPRODUCT((Planung!$AR$364:$AR$384)*(Planung!P$364:P$384))","v":0},{"$f":"SUMPRODUCT((Planung!$AR$364:$AR$384)*(Planung!Q$364:Q$384))","v":0},{"$f":"SUMPRODUCT((Planung!$AR$364:$AR$384)*(Planung!R$364:R$384))","v":0},{"$f":"SUMPRODUCT((Planung!$AR$364:$AR$384)*(Planung!S$364:S$384))","v":0},{"$f":"SUMPRODUCT((Planung!$AR$364:$AR$384)*(Planung!T$364:T$384))","v":0},{"$f":"SUMPRODUCT((Planung!$AR$364:$AR$384)*(Planung!U$364:U$384))","v":0},{"$f":"SUMPRODUCT((Planung!$AR$364:$AR$384)*(Planung!V$364:V$384))","v":0},{"$f":"SUMPRODUCT((Planung!$AR$364:$AR$384)*(Planung!W$364:W$384))","v":0},{"$f":"SUMPRODUCT((Planung!$AR$364:$AR$384)*(Planung!X$364:X$384))","v":0},{"$f":"SUMPRODUCT((Planung!$AR$364:$AR$384)*(Planung!Y$364:Y$384))","v":0},{"$f":"SUMPRODUCT((Planung!$AR$364:$AR$384)*(Planung!Z$364:Z$384))","v":0},{"$f":"SUMPRODUCT((Planung!$AR$364:$AR$384)*(Planung!AA$364:AA$384))","v":0},{"$f":"SUMPRODUCT((Planung!$AR$364:$AR$384)*(Planung!AB$364:AB$384))","v":0},0]
[]
[]
[null,null,null,"Plan 0",null,null,null,"Plan 1",null,null,null,"Plan 2",null,null,null,"Plan 3",null,null,null,"Plan 4",null,null,null,"Plan 5"]
[null,null,null,{"$f":"Planung!C4","v":"IST-Betrieb"},null,null,null,{"$f":"Planung!C75","v":"Optimierter IST-Betrieb"},null,null,null,{"$f":"Planung!C147","v":"Strohmühle kaufen"},null,null,null,{"$f":"Planung!C219","v":"Transportgeschäft LKW´s "},null,null,null,{"$f":"Planung!C289","v":"Reduzierung Häckseln"},null,null,null,{"$f":"Planung!C360","v":"Text…"}]
[]
[]
[]
[]
[]
[]
[]
[]
[]
[]
[]
[]
[]
[]
[]
[]
[]
[]
[]
[]
[]
[]
[]
[]
[]
[]
[]
[]
[]
[]
[]
[]
[]
[]
[]
[]
[null,"Wertetabelle für das Diagramm:"]
[]
[null,null,"Plan 0",null,null,null,null,null,null,null,null,null,null,null,null,null,null,null,null,null,null,null,null,null,null,null,null,null,"Plan 1",null,null,null,null,null,null,null,null,null,null,null,null,null,null,null,null,null,null,null,null,null,null,null,null,null,"Plan 2",null,null,null,null,null,null,null,null,null,null,null,null,null,null,null,null,null,null,null,null,null,null,null,null,null,"Plan 3",null,null,null,null,null,null,null,null,null,null,null,null,null,null,null,null,null,null,null,null,null,null,null,null,null,"Plan 4",null,null,null,null,null,null,null,null,null,null,null,null,null,null,null,null,null,null,null,null,null,null,null,null,null,"Plan 5"]
[null,null,"01a","01b","02a","02b","03a","03b","04a","04b","05a","05b","06a","06b","07a","07b","08a","08b","09a","09b","10a","10b","11a","11b","12a","12b","-","-","01a","01b","02a","02b","03a","03b","04a","04b","05a","05b","06a","06b","07a","07b","08a","08b","09a","09b","10a","10b","11a","11b","12a","12b","-","-","01a","01b","02a","02b","03a","03b","04a","04b","05a","05b","06a","06b","07a","07b","08a","08b","09a","09b","10a","10b","11a","11b","12a","12b","-","-","01a","01b","02a","02b","03a","03b","04a","04b","05a","05b","06a","06b","07a","07b","08a","08b","09a","09b","10a","10b","11a","11b","12a","12b","-","-","01a","01b","02a","02b","03a","03b","04a","04b","05a","05b","06a","06b","07a","07b","08a","08b","09a","09b","10a","10b","11a","11b","12a","12b","-","-","01a","01b","02a","02b","03a","03b","04a","04b","05a","05b","06a","06b","07a","07b","08a","08b","09a","09b","10a","10b","11a","11b","12a","12b"]
[null,"Jan",{"$f":"C7","v":0},{"$f":"D7","v":0},null,null,null,null,null,null,null,null,null,null,null,null,null,null,null,null,null,null,null,null,null,null,null,null,{"$f":"C8","v":0},{"$f":"D8","v":0},null,null,null,null,null,null,null,null,null,null,null,null,null,null,null,null,null,null,null,null,null,null,null,null,{"$f":"C9","v":0},{"$f":"D9","v":0},null,null,null,null,null,null,null,null,null,null,null,null,null,null,null,null,null,null,null,null,null,null,null,null,{"$f":"C10","v":0},{"$f":"D10","v":0},null,null,null,null,null,null,null,null,null,null,null,null,null,null,null,null,null,null,null,null,null,null,null,null,{"$f":"C11","v":0},{"$f":"D11","v":0},null,null,null,null,null,null,null,null,null,null,null,null,null,null,null,null,null,null,null,null,null,null,null,null,{"$f":"C12","v":0},{"$f":"D12","v":0}]
[null,"Feb",null,null,{"$f":"E7","v":0},{"$f":"F7","v":0},null,null,null,null,null,null,null,null,null,null,null,null,null,null,null,null,null,null,null,null,null,null,null,null,{"$f":"E8","v":0},{"$f":"F8","v":0},null,null,null,null,null,null,null,null,null,null,null,null,null,null,null,null,null,null,null,null,null,null,null,null,{"$f":"E9","v":0},{"$f":"F9","v":0},null,null,null,null,null,null,null,null,null,null,null,null,null,null,null,null,null,null,null,null,null,null,null,null,{"$f":"E10","v":0},{"$f":"F10","v":0},null,null,null,null,null,null,null,null,null,null,null,null,null,null,null,null,null,null,null,null,null,null,null,null,{"$f":"E11","v":0},{"$f":"F11","v":0},null,null,null,null,null,null,null,null,null,null,null,null,null,null,null,null,null,null,null,null,null,null,null,null,{"$f":"E12","v":0},{"$f":"F12","v":0}]
[null,"Mrz",null,null,null,null,{"$f":"G7","v":0},{"$f":"H7","v":0},null,null,null,null,null,null,null,null,null,null,null,null,null,null,null,null,null,null,null,null,null,null,null,null,{"$f":"G8","v":0},{"$f":"H8","v":0},null,null,null,null,null,null,null,null,null,null,null,null,null,null,null,null,null,null,null,null,null,null,null,null,{"$f":"G9","v":0},{"$f":"H9","v":0},null,null,null,null,null,null,null,null,null,null,null,null,null,null,null,null,null,null,null,null,null,null,null,null,{"$f":"G10","v":0},{"$f":"H10","v":0},null,null,null,null,null,null,null,null,null,null,null,null,null,null,null,null,null,null,null,null,null,null,null,null,{"$f":"G11","v":0},{"$f":"H11","v":0},null,null,null,null,null,null,null,null,null,null,null,null,null,null,null,null,null,null,null,null,null,null,null,null,{"$f":"G12","v":0},{"$f":"H12","v":0}]
[null,"Apr",null,null,null,null,null,null,{"$f":"I7","v":0},{"$f":"J7","v":0},null,null,null,null,null,null,null,null,null,null,null,null,null,null,null,null,null,null,null,null,null,null,null,null,{"$f":"I8","v":0},{"$f":"J8","v":0},null,null,null,null,null,null,null,null,null,null,null,null,null,null,null,null,null,null,null,null,null,null,null,null,{"$f":"I9","v":0},{"$f":"J9","v":0},null,null,null,null,null,null,null,null,null,null,null,null,null,null,null,null,null,null,null,null,null,null,null,null,{"$f":"I10","v":0},{"$f":"J10","v":0},null,null,null,null,null,null,null,null,null,null,null,null,null,null,null,null,null,null,null,null,null,null,null,null,{"$f":"I11","v":0},{"$f":"J11","v":0},null,null,null,null,null,null,null,null,null,null,null,null,null,null,null,null,null,null,null,null,null,null,null,null,{"$f":"I12","v":0},{"$f":"J12","v":0}]
[null,"Mai",null,null,null,null,null,null,null,null,{"$f":"K7","v":0},{"$f":"L7","v":0},null,null,null,null,null,null,null,null,null,null,null,null,null,null,null,null,null,null,null,null,null,null,null,null,{"$f":"K8","v":0},{"$f":"L8","v":0},null,null,null,null,null,null,null,null,null,null,null,null,null,null,null,null,null,null,null,null,null,null,null,null,{"$f":"K9","v":0},{"$f":"L9","v":0},null,null,null,null,null,null,null,null,null,null,null,null,null,null,null,null,null,null,null,null,null,null,null,null,{"$f":"K10","v":0},{"$f":"L10","v":0},null,null,null,null,null,null,null,null,null,null,null,null,null,null,null,null,null,null,null,null,null,null,null,null,{"$f":"K11","v":0},{"$f":"L11","v":0},null,null,null,null,null,null,null,null,null,null,null,null,null,null,null,null,null,null,null,null,null,null,null,null,{"$f":"K12","v":0},{"$f":"L12","v":0}]
[null,"Jun",null,null,null,null,null,null,null,null,null,null,{"$f":"M7","v":0},{"$f":"N7","v":0},null,null,null,null,null,null,null,null,null,null,null,null,null,null,null,null,null,null,null,null,null,null,null,null,{"$f":"M8","v":0},{"$f":"N8","v":0},null,null,null,null,null,null,null,null,null,null,null,null,null,null,null,null,null,null,null,null,null,null,null,null,{"$f":"M9","v":0},{"$f":"N9","v":0},null,null,null,null,null,null,null,null,null,null,null,null,null,null,null,null,null,null,null,null,null,null,null,null,{"$f":"M10","v":0},{"$f":"N10","v":0},null,null,null,null,null,null,null,null,null,null,null,null,null,null,null,null,null,null,null,null,null,null,null,null,{"$f":"M11","v":0},{"$f":"N11","v":0},null,null,null,null,null,null,null,null,null,null,null,null,null,null,null,null,null,null,null,null,null,null,null,null,{"$f":"M12","v":0},{"$f":"N12","v":0}]
[null,"Jul",null,null,null,null,null,null,null,null,null,null,null,null,{"$f":"O7","v":0},{"$f":"P7","v":0},null,null,null,null,null,null,null,null,null,null,null,null,null,null,null,null,null,null,null,null,null,null,null,null,{"$f":"O8","v":0},{"$f":"P8","v":0},null,null,null,null,null,null,null,null,null,null,null,null,null,null,null,null,null,null,null,null,null,null,null,null,{"$f":"O9","v":0},{"$f":"P9","v":0},null,null,null,null,null,null,null,null,null,null,null,null,null,null,null,null,null,null,null,null,null,null,null,null,{"$f":"O10","v":0},{"$f":"P10","v":0},null,null,null,null,null,null,null,null,null,null,null,null,null,null,null,null,null,null,null,null,null,null,null,null,{"$f":"O11","v":0},{"$f":"P11","v":0},null,null,null,null,null,null,null,null,null,null,null,null,null,null,null,null,null,null,null,null,null,null,null,null,{"$f":"O12","v":0},{"$f":"P12","v":0}]
[null,"Aug",null,null,null,null,null,null,null,null,null,null,null,null,null,null,{"$f":"Q7","v":0},{"$f":"R7","v":0},null,null,null,null,null,null,null,null,null,null,null,null,null,null,null,null,null,null,null,null,null,null,null,null,{"$f":"Q8","v":0},{"$f":"R8","v":0},null,null,null,null,null,null,null,null,null,null,null,null,null,null,null,null,null,null,null,null,null,null,null,null,{"$f":"Q9","v":0},{"$f":"R9","v":0},null,null,null,null,null,null,null,null,null,null,null,null,null,null,null,null,null,null,null,null,null,null,null,null,{"$f":"Q10","v":0},{"$f":"R10","v":0},null,null,null,null,null,null,null,null,null,null,null,null,null,null,null,null,null,null,null,null,null,null,null,null,{"$f":"Q11","v":0},{"$f":"R11","v":0},null,null,null,null,null,null,null,null,null,null,null,null,null,null,null,null,null,null,null,null,null,null,null,null,{"$f":"Q12","v":0},{"$f":"R12","v":0}]
[null,"Sep",null,null,null,null,null,null,null,null,null,null,null,null,null,null,null,null,{"$f":"S7","v":0},{"$f":"T7","v":0},null,null,null,null,null,null,null,null,null,null,null,null,null,null,null,null,null,null,null,null,null,null,null,null,{"$f":"S8","v":0},{"$f":"T8","v":0},null,null,null,null,null,null,null,null,null,null,null,null,null,null,null,null,null,null,null,null,null,null,null,null,{"$f":"S9","v":0},{"$f":"T9","v":0},null,null,null,null,null,null,null,null,null,null,null,null,null,null,null,null,null,null,null,null,null,null,null,null,{"$f":"S10","v":0},{"$f":"T10","v":0},null,null,null,null,null,null,null,null,null,null,null,null,null,null,null,null,null,null,null,null,null,null,null,null,{"$f":"S11","v":0},{"$f":"T11","v":0},null,null,null,null,null,null,null,null,null,null,null,null,null,null,null,null,null,null,null,null,null,null,null,null,{"$f":"S12","v":0},{"$f":"T12","v":0}]
[null,"Okt",null,null,null,null,null,null,null,null,null,null,null,null,null,null,null,null,null,null,{"$f":"U7","v":0},{"$f":"V7","v":0},null,null,null,null,null,null,null,null,null,null,null,null,null,null,null,null,null,null,null,null,null,null,null,null,{"$f":"U8","v":0},{"$f":"V8","v":0},null,null,null,null,null,null,null,null,null,null,null,null,null,null,null,null,null,null,null,null,null,null,null,null,{"$f":"U9","v":0},{"$f":"V9","v":0},null,null,null,null,null,null,null,null,null,null,null,null,null,null,null,null,null,null,null,null,null,null,null,null,{"$f":"U10","v":0},{"$f":"V10","v":0},null,null,null,null,null,null,null,null,null,null,null,null,null,null,null,null,null,null,null,null,null,null,null,null,{"$f":"U11","v":0},{"$f":"V11","v":0},null,null,null,null,null,null,null,null,null,null,null,null,null,null,null,null,null,null,null,null,null,null,null,null,{"$f":"U12","v":0},{"$f":"V12","v":0}]
[null,"Nov",null,null,null,null,null,null,null,null,null,null,null,null,null,null,null,null,null,null,null,null,{"$f":"W7","v":0},{"$f":"X7","v":0},null,null,null,null,null,null,null,null,null,null,null,null,null,null,null,null,null,null,null,null,null,null,null,null,{"$f":"W8","v":0},{"$f":"X8","v":0},null,null,null,null,null,null,null,null,null,null,null,null,null,null,null,null,null,null,null,null,null,null,null,null,{"$f":"W9","v":0},{"$f":"X9","v":0},null,null,null,null,null,null,null,null,null,null,null,null,null,null,null,null,null,null,null,null,null,null,null,null,{"$f":"W10","v":0},{"$f":"X10","v":0},null,null,null,null,null,null,null,null,null,null,null,null,null,null,null,null,null,null,null,null,null,null,null,null,{"$f":"W11","v":0},{"$f":"X11","v":0},null,null,null,null,null,null,null,null,null,null,null,null,null,null,null,null,null,null,null,null,null,null,null,null,{"$f":"W12","v":0},{"$f":"X12","v":0}]
[null,"Dez",null,null,null,null,null,null,null,null,null,null,null,null,null,null,null,null,null,null,null,null,null,null,{"$f":"Y7","v":0},{"$f":"Z7","v":0},null,null,null,null,null,null,null,null,null,null,null,null,null,null,null,null,null,null,null,null,null,null,null,null,{"$f":"Y8","v":0},{"$f":"Z8","v":0},null,null,null,null,null,null,null,null,null,null,null,null,null,null,null,null,null,null,null,null,null,null,null,null,{"$f":"Y9","v":0},{"$f":"Z9","v":0},null,null,null,null,null,null,null,null,null,null,null,null,null,null,null,null,null,null,null,null,null,null,null,null,{"$f":"Y10","v":0},{"$f":"Z10","v":0},null,null,null,null,null,null,null,null,null,null,null,null,null,null,null,null,null,null,null,null,null,null,null,null,{"$f":"Y11","v":0},{"$f":"Z11","v":0},null,null,null,null,null,null,null,null,null,null,null,null,null,null,null,null,null,null,null,null,null,null,null,null,{"$f":"Y12","v":0},{"$f":"Z12","v":0}]

{"sheet":"Diesel","index":7,"n_rows":68,"n_cols":156,"rows_kept":68,"cut":false,"hidden":false,"merged":[]}
[]
[null,"Dieselverbrauch nach Halbmonaten in den einzelnen Planvarianten"]
[]
[null,"Plan-","Dieselverbrauch nach Halbmonaten (in Liter)",null,null,null,null,null,null,null,null,null,null,null,null,null,null,null,null,null,null,null,null,null,null,null,"Ein-"]
[null,"vari-","Jan",null,"Feb",null,"Mrz",null,"Apr",null,"Mai",null,"Jun",null,"Jul",null,"Aug",null,"Sep",null,"Okt",null,"Nov",null,"Dez",null,"satz"]
[null,"ante","01a","01b","02a","02b","03a","03b","04a","04b","05a","05b","06a","06b","07a","07b","08a","08b","09a","09b","10a","10b","11a","11b","12a","12b","insg."]
[null,"Plan 0",{"$f":"SUMPRODUCT((Planung!$AY$8:$AY$42)*(Planung!E$8:E$42))+SUMPRODUCT((Planung!$BG$8:$BG$42)*(Planung!E$8:E$42))+SUMPRODUCT((Planung!$BO$8:$BO$42)*(Planung!E$8:E$42))+SUMPRODUCT((Planung!$BW$8:$BW$42)*(Planung!E$8:E$42))","v":0},{"$f":"SUMPRODUCT((Planung!$AY$8:$AY$42)*(Planung!F$8:F$42))+SUMPRODUCT((Planung!$BG$8:$BG$42)*(Planung!F$8:F$42))+SUMPRODUCT((Planung!$BO$8:$BO$42)*(Planung!F$8:F$42))+SUMPRODUCT((Planung!$BW$8:$BW$42)*(Planung!F$8:F$42))","v":0},{"$f":"SUMPRODUCT((Planung!$AY$8:$AY$42)*(Planung!G$8:G$42))+SUMPRODUCT((Planung!$BG$8:$BG$42)*(Planung!G$8:G$42))+SUMPRODUCT((Planung!$BO$8:$BO$42)*(Planung!G$8:G$42))+SUMPRODUCT((Planung!$BW$8:$BW$42)*(Planung!G$8:G$42))","v":0},{"$f":"SUMPRODUCT((Planung!$AY$8:$AY$42)*(Planung!H$8:H$42))+SUMPRODUCT((Planung!$BG$8:$BG$42)*(Planung!H$8:H$42))+SUMPRODUCT((Planung!$BO$8:$BO$42)*(Planung!H$8:H$42))+SUMPRODUCT((Planung!$BW$8:$BW$42)*(Planung!H$8:H$42))","v":0},{"$f":"SUMPRODUCT((Planung!$AY$8:$AY$42)*(Planung!I$8:I$42))+SUMPRODUCT((Planung!$BG$8:$BG$42)*(Planung!I$8:I$42))+SUMPRODUCT((Planung!$BO$8:$BO$42)*(Planung!I$8:I$42))+SUMPRODUCT((Planung!$BW$8:$BW$42)*(Planung!I$8:I$42))","v":0},{"$f":"SUMPRODUCT((Planung!$AY$8:$AY$42)*(Planung!J$8:J$42))+SUMPRODUCT((Planung!$BG$8:$BG$42)*(Planung!J$8:J$42))+SUMPRODUCT((Planung!$BO$8:$BO$42)*(Planung!J$8:J$42))+SUMPRODUCT((Planung!$BW$8:$BW$42)*(Planung!J$8:J$42))","v":0},{"$f":"SUMPRODUCT((Planung!$AY$8:$AY$42)*(Planung!K$8:K$42))+SUMPRODUCT((Planung!$BG$8:$BG$42)*(Planung!K$8:K$42))+SUMPRODUCT((Planung!$BO$8:$BO$42)*(Planung!K$8:K$42))+SUMPRODUCT((Planung!$BW$8:$BW$42)*(Planung!K$8:K$42))","v":0},{"$f":"SUMPRODUCT((Planung!$AY$8:$AY$42)*(Planung!L$8:L$42))+SUMPRODUCT((Planung!$BG$8:$BG$42)*(Planung!L$8:L$42))+SUMPRODUCT((Planung!$BO$8:$BO$42)*(Planung!L$8:L$42))+SUMPRODUCT((Planung!$BW$8:$BW$42)*(Planung!L$8:L$42))","v":0},{"$f":"SUMPRODUCT((Planung!$AY$8:$AY$42)*(Planung!M$8:M$42))+SUMPRODUCT((Planung!$BG$8:$BG$42)*(Planung!M$8:M$42))+SUMPRODUCT((Planung!$BO$8:$BO$42)*(Planung!M$8:M$42))+SUMPRODUCT((Planung!$BW$8:$BW$42)*(Planung!M$8:M$42))","v":0},{"$f":"SUMPRODUCT((Planung!$AY$8:$AY$42)*(Planung!N$8:N$42))+SUMPRODUCT((Planung!$BG$8:$BG$42)*(Planung!N$8:N$42))+SUMPRODUCT((Planung!$BO$8:$BO$42)*(Planung!N$8:N$42))+SUMPRODUCT((Planung!$BW$8:$BW$42)*(Planung!N$8:N$42))","v":0},{"$f":"SUMPRODUCT((Planung!$AY$8:$AY$42)*(Planung!O$8:O$42))+SUMPRODUCT((Planung!$BG$8:$BG$42)*(Planung!O$8:O$42))+SUMPRODUCT((Planung!$BO$8:$BO$42)*(Planung!O$8:O$42))+SUMPRODUCT((Planung!$BW$8:$BW$42)*(Planung!O$8:O$42))","v":0},{"$f":"SUMPRODUCT((Planung!$AY$8:$AY$42)*(Planung!P$8:P$42))+SUMPRODUCT((Planung!$BG$8:$BG$42)*(Planung!P$8:P$42))+SUMPRODUCT((Planung!$BO$8:$BO$42)*(Planung!P$8:P$42))+SUMPRODUCT((Planung!$BW$8:$BW$42)*(Planung!P$8:P$42))","v":0},{"$f":"SUMPRODUCT((Planung!$AY$8:$AY$42)*(Planung!Q$8:Q$42))+SUMPRODUCT((Planung!$BG$8:$BG$42)*(Planung!Q$8:Q$42))+SUMPRODUCT((Planung!$BO$8:$BO$42)*(Planung!Q$8:Q$42))+SUMPRODUCT((Planung!$BW$8:$BW$42)*(Planung!Q$8:Q$42))","v":0},{"$f":"SUMPRODUCT((Planung!$AY$8:$AY$42)*(Planung!R$8:R$42))+SUMPRODUCT((Planung!$BG$8:$BG$42)*(Planung!R$8:R$42))+SUMPRODUCT((Planung!$BO$8:$BO$42)*(Planung!R$8:R$42))+SUMPRODUCT((Planung!$BW$8:$BW$42)*(Planung!R$8:R$42))","v":0},{"$f":"SUMPRODUCT((Planung!$AY$8:$AY$42)*(Planung!S$8:S$42))+SUMPRODUCT((Planung!$BG$8:$BG$42)*(Planung!S$8:S$42))+SUMPRODUCT((Planung!$BO$8:$BO$42)*(Planung!S$8:S$42))+SUMPRODUCT((Planung!$BW$8:$BW$42)*(Planung!S$8:S$42))","v":0},{"$f":"SUMPRODUCT((Planung!$AY$8:$AY$42)*(Planung!T$8:T$42))+SUMPRODUCT((Planung!$BG$8:$BG$42)*(Planung!T$8:T$42))+SUMPRODUCT((Planung!$BO$8:$BO$42)*(Planung!T$8:T$42))+SUMPRODUCT((Planung!$BW$8:$BW$42)*(Planung!T$8:T$42))","v":0},{"$f":"SUMPRODUCT((Planung!$AY$8:$AY$42)*(Planung!U$8:U$42))+SUMPRODUCT((Planung!$BG$8:$BG$42)*(Planung!U$8:U$42))+SUMPRODUCT((Planung!$BO$8:$BO$42)*(Planung!U$8:U$42))+SUMPRODUCT((Planung!$BW$8:$BW$42)*(Planung!U$8:U$42))","v":0},{"$f":"SUMPRODUCT((Planung!$AY$8:$AY$42)*(Planung!V$8:V$42))+SUMPRODUCT((Planung!$BG$8:$BG$42)*(Planung!V$8:V$42))+SUMPRODUCT((Planung!$BO$8:$BO$42)*(Planung!V$8:V$42))+SUMPRODUCT((Planung!$BW$8:$BW$42)*(Planung!V$8:V$42))","v":0},{"$f":"SUMPRODUCT((Planung!$AY$8:$AY$42)*(Planung!W$8:W$42))+SUMPRODUCT((Planung!$BG$8:$BG$42)*(Planung!W$8:W$42))+SUMPRODUCT((Planung!$BO$8:$BO$42)*(Planung!W$8:W$42))+SUMPRODUCT((Planung!$BW$8:$BW$42)*(Planung!W$8:W$42))","v":0},{"$f":"SUMPRODUCT((Planung!$AY$8:$AY$42)*(Planung!X$8:X$42))+SUMPRODUCT((Planung!$BG$8:$BG$42)*(Planung!X$8:X$42))+SUMPRODUCT((Planung!$BO$8:$BO$42)*(Planung!X$8:X$42))+SUMPRODUCT((Planung!$BW$8:$BW$42)*(Planung!X$8:X$42))","v":0},{"$f":"SUMPRODUCT((Planung!$AY$8:$AY$42)*(Planung!Y$8:Y$42))+SUMPRODUCT((Planung!$BG$8:$BG$42)*(Planung!Y$8:Y$42))+SUMPRODUCT((Planung!$BO$8:$BO$42)*(Planung!Y$8:Y$42))+SUMPRODUCT((Planung!$BW$8:$BW$42)*(Planung!Y$8:Y$42))","v":0},{"$f":"SUMPRODUCT((Planung!$AY$8:$AY$42)*(Planung!Z$8:Z$42))+SUMPRODUCT((Planung!$BG$8:$BG$42)*(Planung!Z$8:Z$42))+SUMPRODUCT((Planung!$BO$8:$BO$42)*(Planung!Z$8:Z$42))+SUMPRODUCT((Planung!$BW$8:$BW$42)*(Planung!Z$8:Z$42))","v":0},{"$f":"SUMPRODUCT((Planung!$AY$8:$AY$42)*(Planung!AA$8:AA$42))+SUMPRODUCT((Planung!$BG$8:$BG$42)*(Planung!AA$8:AA$42))+SUMPRODUCT((Planung!$BO$8:$BO$42)*(Planung!AA$8:AA$42))+SUMPRODUCT((Planung!$BW$8:$BW$42)*(Planung!AA$8:AA$42))","v":0},{"$f":"SUMPRODUCT((Planung!$AY$8:$AY$42)*(Planung!AB$8:AB$42))+SUMPRODUCT((Planung!$BG$8:$BG$42)*(Planung!AB$8:AB$42))+SUMPRODUCT((Planung!$BO$8:$BO$42)*(Planung!AB$8:AB$42))+SUMPRODUCT((Planung!$BW$8:$BW$42)*(Planung!AB$8:AB$42))","v":0},{"$f":"SUM(C7:Z7)","v":0}]
[null,"Plan 1",{"$f":"SUMPRODUCT((Planung!$AY$79:$AY$114)*(Planung!E$79:E$114))+SUMPRODUCT((Planung!$BG$79:$BG$114)*(Planung!E$79:E$114))+SUMPRODUCT((Planung!$BO$79:$BO$114)*(Planung!E$79:E$114))+SUMPRODUCT((Planung!$BW$79:$BW$114)*(Planung!E$79:E$114))","v":0},{"$f":"SUMPRODUCT((Planung!$AY$79:$AY$114)*(Planung!F$79:F$114))+SUMPRODUCT((Planung!$BG$79:$BG$114)*(Planung!F$79:F$114))+SUMPRODUCT((Planung!$BO$79:$BO$114)*(Planung!F$79:F$114))+SUMPRODUCT((Planung!$BW$79:$BW$114)*(Planung!F$79:F$114))","v":0},{"$f":"SUMPRODUCT((Planung!$AY$79:$AY$114)*(Planung!G$79:G$114))+SUMPRODUCT((Planung!$BG$79:$BG$114)*(Planung!G$79:G$114))+SUMPRODUCT((Planung!$BO$79:$BO$114)*(Planung!G$79:G$114))+SUMPRODUCT((Planung!$BW$79:$BW$114)*(Planung!G$79:G$114))","v":0},{"$f":"SUMPRODUCT((Planung!$AY$79:$AY$114)*(Planung!H$79:H$114))+SUMPRODUCT((Planung!$BG$79:$BG$114)*(Planung!H$79:H$114))+SUMPRODUCT((Planung!$BO$79:$BO$114)*(Planung!H$79:H$114))+SUMPRODUCT((Planung!$BW$79:$BW$114)*(Planung!H$79:H$114))","v":0},{"$f":"SUMPRODUCT((Planung!$AY$79:$AY$114)*(Planung!I$79:I$114))+SUMPRODUCT((Planung!$BG$79:$BG$114)*(Planung!I$79:I$114))+SUMPRODUCT((Planung!$BO$79:$BO$114)*(Planung!I$79:I$114))+SUMPRODUCT((Planung!$BW$79:$BW$114)*(Planung!I$79:I$114))","v":0},{"$f":"SUMPRODUCT((Planung!$AY$79:$AY$114)*(Planung!J$79:J$114))+SUMPRODUCT((Planung!$BG$79:$BG$114)*(Planung!J$79:J$114))+SUMPRODUCT((Planung!$BO$79:$BO$114)*(Planung!J$79:J$114))+SUMPRODUCT((Planung!$BW$79:$BW$114)*(Planung!J$79:J$114))","v":0},{"$f":"SUMPRODUCT((Planung!$AY$79:$AY$114)*(Planung!K$79:K$114))+SUMPRODUCT((Planung!$BG$79:$BG$114)*(Planung!K$79:K$114))+SUMPRODUCT((Planung!$BO$79:$BO$114)*(Planung!K$79:K$114))+SUMPRODUCT((Planung!$BW$79:$BW$114)*(Planung!K$79:K$114))","v":0},{"$f":"SUMPRODUCT((Planung!$AY$79:$AY$114)*(Planung!L$79:L$114))+SUMPRODUCT((Planung!$BG$79:$BG$114)*(Planung!L$79:L$114))+SUMPRODUCT((Planung!$BO$79:$BO$114)*(Planung!L$79:L$114))+SUMPRODUCT((Planung!$BW$79:$BW$114)*(Planung!L$79:L$114))","v":0},{"$f":"SUMPRODUCT((Planung!$AY$79:$AY$114)*(Planung!M$79:M$114))+SUMPRODUCT((Planung!$BG$79:$BG$114)*(Planung!M$79:M$114))+SUMPRODUCT((Planung!$BO$79:$BO$114)*(Planung!M$79:M$114))+SUMPRODUCT((Planung!$BW$79:$BW$114)*(Planung!M$79:M$114))","v":0},{"$f":"SUMPRODUCT((Planung!$AY$79:$AY$114)*(Planung!N$79:N$114))+SUMPRODUCT((Planung!$BG$79:$BG$114)*(Planung!N$79:N$114))+SUMPRODUCT((Planung!$BO$79:$BO$114)*(Planung!N$79:N$114))+SUMPRODUCT((Planung!$BW$79:$BW$114)*(Planung!N$79:N$114))","v":0},{"$f":"SUMPRODUCT((Planung!$AY$79:$AY$114)*(Planung!O$79:O$114))+SUMPRODUCT((Planung!$BG$79:$BG$114)*(Planung!O$79:O$114))+SUMPRODUCT((Planung!$BO$79:$BO$114)*(Planung!O$79:O$114))+SUMPRODUCT((Planung!$BW$79:$BW$114)*(Planung!O$79:O$114))","v":0},{"$f":"SUMPRODUCT((Planung!$AY$79:$AY$114)*(Planung!P$79:P$114))+SUMPRODUCT((Planung!$BG$79:$BG$114)*(Planung!P$79:P$114))+SUMPRODUCT((Planung!$BO$79:$BO$114)*(Planung!P$79:P$114))+SUMPRODUCT((Planung!$BW$79:$BW$114)*(Planung!P$79:P$114))","v":0},{"$f":"SUMPRODUCT((Planung!$AY$79:$AY$114)*(Planung!Q$79:Q$114))+SUMPRODUCT((Planung!$BG$79:$BG$114)*(Planung!Q$79:Q$114))+SUMPRODUCT((Planung!$BO$79:$BO$114)*(Planung!Q$79:Q$114))+SUMPRODUCT((Planung!$BW$79:$BW$114)*(Planung!Q$79:Q$114))","v":0},{"$f":"SUMPRODUCT((Planung!$AY$79:$AY$114)*(Planung!R$79:R$114))+SUMPRODUCT((Planung!$BG$79:$BG$114)*(Planung!R$79:R$114))+SUMPRODUCT((Planung!$BO$79:$BO$114)*(Planung!R$79:R$114))+SUMPRODUCT((Planung!$BW$79:$BW$114)*(Planung!R$79:R$114))","v":0},{"$f":"SUMPRODUCT((Planung!$AY$79:$AY$114)*(Planung!S$79:S$114))+SUMPRODUCT((Planung!$BG$79:$BG$114)*(Planung!S$79:S$114))+SUMPRODUCT((Planung!$BO$79:$BO$114)*(Planung!S$79:S$114))+SUMPRODUCT((Planung!$BW$79:$BW$114)*(Planung!S$79:S$114))","v":0},{"$f":"SUMPRODUCT((Planung!$AY$79:$AY$114)*(Planung!T$79:T$114))+SUMPRODUCT((Planung!$BG$79:$BG$114)*(Planung!T$79:T$114))+SUMPRODUCT((Planung!$BO$79:$BO$114)*(Planung!T$79:T$114))+SUMPRODUCT((Planung!$BW$79:$BW$114)*(Planung!T$79:T$114))","v":0},{"$f":"SUMPRODUCT((Planung!$AY$79:$AY$114)*(Planung!U$79:U$114))+SUMPRODUCT((Planung!$BG$79:$BG$114)*(Planung!U$79:U$114))+SUMPRODUCT((Planung!$BO$79:$BO$114)*(Planung!U$79:U$114))+SUMPRODUCT((Planung!$BW$79:$BW$114)*(Planung!U$79:U$114))","v":0},{"$f":"SUMPRODUCT((Planung!$AY$79:$AY$114)*(Planung!V$79:V$114))+SUMPRODUCT((Planung!$BG$79:$BG$114)*(Planung!V$79:V$114))+SUMPRODUCT((Planung!$BO$79:$BO$114)*(Planung!V$79:V$114))+SUMPRODUCT((Planung!$BW$79:$BW$114)*(Planung!V$79:V$114))","v":0},{"$f":"SUMPRODUCT((Planung!$AY$79:$AY$114)*(Planung!W$79:W$114))+SUMPRODUCT((Planung!$BG$79:$BG$114)*(Planung!W$79:W$114))+SUMPRODUCT((Planung!$BO$79:$BO$114)*(Planung!W$79:W$114))+SUMPRODUCT((Planung!$BW$79:$BW$114)*(Planung!W$79:W$114))","v":0},{"$f":"SUMPRODUCT((Planung!$AY$79:$AY$114)*(Planung!X$79:X$114))+SUMPRODUCT((Planung!$BG$79:$BG$114)*(Planung!X$79:X$114))+SUMPRODUCT((Planung!$BO$79:$BO$114)*(Planung!X$79:X$114))+SUMPRODUCT((Planung!$BW$79:$BW$114)*(Planung!X$79:X$114))","v":0},{"$f":"SUMPRODUCT((Planung!$AY$79:$AY$114)*(Planung!Y$79:Y$114))+SUMPRODUCT((Planung!$BG$79:$BG$114)*(Planung!Y$79:Y$114))+SUMPRODUCT((Planung!$BO$79:$BO$114)*(Planung!Y$79:Y$114))+SUMPRODUCT((Planung!$BW$79:$BW$114)*(Planung!Y$79:Y$114))","v":0},{"$f":"SUMPRODUCT((Planung!$AY$79:$AY$114)*(Planung!Z$79:Z$114))+SUMPRODUCT((Planung!$BG$79:$BG$114)*(Planung!Z$79:Z$114))+SUMPRODUCT((Planung!$BO$79:$BO$114)*(Planung!Z$79:Z$114))+SUMPRODUCT((Planung!$BW$79:$BW$114)*(Planung!Z$79:Z$114))","v":0},{"$f":"SUMPRODUCT((Planung!$AY$79:$AY$114)*(Planung!AA$79:AA$114))+SUMPRODUCT((Planung!$BG$79:$BG$114)*(Planung!AA$79:AA$114))+SUMPRODUCT((Planung!$BO$79:$BO$114)*(Planung!AA$79:AA$114))+SUMPRODUCT((Planung!$BW$79:$BW$114)*(Planung!AA$79:AA$114))","v":0},{"$f":"SUMPRODUCT((Planung!$AY$79:$AY$114)*(Planung!AB$79:AB$114))+SUMPRODUCT((Planung!$BG$79:$BG$114)*(Planung!AB$79:AB$114))+SUMPRODUCT((Planung!$BO$79:$BO$114)*(Planung!AB$79:AB$114))+SUMPRODUCT((Planung!$BW$79:$BW$114)*(Planung!AB$79:AB$114))","v":0},0]
[null,"Plan 2",{"$f":"SUMPRODUCT((Planung!$AY$151:$AY$185)*(Planung!E$151:E$185))+SUMPRODUCT((Planung!$BG$151:$BG$185)*(Planung!E$151:E$185))+SUMPRODUCT((Planung!$BO$151:$BO$185)*(Planung!E$151:E$185))+SUMPRODUCT((Planung!$BW$151:$BW$185)*(Planung!E$151:E$185))","v":0},{"$f":"SUMPRODUCT((Planung!$AY$151:$AY$185)*(Planung!F$151:F$185))+SUMPRODUCT((Planung!$BG$151:$BG$185)*(Planung!F$151:F$185))+SUMPRODUCT((Planung!$BO$151:$BO$185)*(Planung!F$151:F$185))+SUMPRODUCT((Planung!$BW$151:$BW$185)*(Planung!F$151:F$185))","v":0},{"$f":"SUMPRODUCT((Planung!$AY$151:$AY$185)*(Planung!G$151:G$185))+SUMPRODUCT((Planung!$BG$151:$BG$185)*(Planung!G$151:G$185))+SUMPRODUCT((Planung!$BO$151:$BO$185)*(Planung!G$151:G$185))+SUMPRODUCT((Planung!$BW$151:$BW$185)*(Planung!G$151:G$185))","v":0},{"$f":"SUMPRODUCT((Planung!$AY$151:$AY$185)*(Planung!H$151:H$185))+SUMPRODUCT((Planung!$BG$151:$BG$185)*(Planung!H$151:H$185))+SUMPRODUCT((Planung!$BO$151:$BO$185)*(Planung!H$151:H$185))+SUMPRODUCT((Planung!$BW$151:$BW$185)*(Planung!H$151:H$185))","v":0},{"$f":"SUMPRODUCT((Planung!$AY$151:$AY$185)*(Planung!I$151:I$185))+SUMPRODUCT((Planung!$BG$151:$BG$185)*(Planung!I$151:I$185))+SUMPRODUCT((Planung!$BO$151:$BO$185)*(Planung!I$151:I$185))+SUMPRODUCT((Planung!$BW$151:$BW$185)*(Planung!I$151:I$185))","v":0},{"$f":"SUMPRODUCT((Planung!$AY$151:$AY$185)*(Planung!J$151:J$185))+SUMPRODUCT((Planung!$BG$151:$BG$185)*(Planung!J$151:J$185))+SUMPRODUCT((Planung!$BO$151:$BO$185)*(Planung!J$151:J$185))+SUMPRODUCT((Planung!$BW$151:$BW$185)*(Planung!J$151:J$185))","v":0},{"$f":"SUMPRODUCT((Planung!$AY$151:$AY$185)*(Planung!K$151:K$185))+SUMPRODUCT((Planung!$BG$151:$BG$185)*(Planung!K$151:K$185))+SUMPRODUCT((Planung!$BO$151:$BO$185)*(Planung!K$151:K$185))+SUMPRODUCT((Planung!$BW$151:$BW$185)*(Planung!K$151:K$185))","v":0},{"$f":"SUMPRODUCT((Planung!$AY$151:$AY$185)*(Planung!L$151:L$185))+SUMPRODUCT((Planung!$BG$151:$BG$185)*(Planung!L$151:L$185))+SUMPRODUCT((Planung!$BO$151:$BO$185)*(Planung!L$151:L$185))+SUMPRODUCT((Planung!$BW$151:$BW$185)*(Planung!L$151:L$185))","v":0},{"$f":"SUMPRODUCT((Planung!$AY$151:$AY$185)*(Planung!M$151:M$185))+SUMPRODUCT((Planung!$BG$151:$BG$185)*(Planung!M$151:M$185))+SUMPRODUCT((Planung!$BO$151:$BO$185)*(Planung!M$151:M$185))+SUMPRODUCT((Planung!$BW$151:$BW$185)*(Planung!M$151:M$185))","v":0},{"$f":"SUMPRODUCT((Planung!$AY$151:$AY$185)*(Planung!N$151:N$185))+SUMPRODUCT((Planung!$BG$151:$BG$185)*(Planung!N$151:N$185))+SUMPRODUCT((Planung!$BO$151:$BO$185)*(Planung!N$151:N$185))+SUMPRODUCT((Planung!$BW$151:$BW$185)*(Planung!N$151:N$185))","v":0},{"$f":"SUMPRODUCT((Planung!$AY$151:$AY$185)*(Planung!O$151:O$185))+SUMPRODUCT((Planung!$BG$151:$BG$185)*(Planung!O$151:O$185))+SUMPRODUCT((Planung!$BO$151:$BO$185)*(Planung!O$151:O$185))+SUMPRODUCT((Planung!$BW$151:$BW$185)*(Planung!O$151:O$185))","v":0},{"$f":"SUMPRODUCT((Planung!$AY$151:$AY$185)*(Planung!P$151:P$185))+SUMPRODUCT((Planung!$BG$151:$BG$185)*(Planung!P$151:P$185))+SUMPRODUCT((Planung!$BO$151:$BO$185)*(Planung!P$151:P$185))+SUMPRODUCT((Planung!$BW$151:$BW$185)*(Planung!P$151:P$185))","v":0},{"$f":"SUMPRODUCT((Planung!$AY$151:$AY$185)*(Planung!Q$151:Q$185))+SUMPRODUCT((Planung!$BG$151:$BG$185)*(Planung!Q$151:Q$185))+SUMPRODUCT((Planung!$BO$151:$BO$185)*(Planung!Q$151:Q$185))+SUMPRODUCT((Planung!$BW$151:$BW$185)*(Planung!Q$151:Q$185))","v":0},{"$f":"SUMPRODUCT((Planung!$AY$151:$AY$185)*(Planung!R$151:R$185))+SUMPRODUCT((Planung!$BG$151:$BG$185)*(Planung!R$151:R$185))+SUMPRODUCT((Planung!$BO$151:$BO$185)*(Planung!R$151:R$185))+SUMPRODUCT((Planung!$BW$151:$BW$185)*(Planung!R$151:R$185))","v":0},{"$f":"SUMPRODUCT((Planung!$AY$151:$AY$185)*(Planung!S$151:S$185))+SUMPRODUCT((Planung!$BG$151:$BG$185)*(Planung!S$151:S$185))+SUMPRODUCT((Planung!$BO$151:$BO$185)*(Planung!S$151:S$185))+SUMPRODUCT((Planung!$BW$151:$BW$185)*(Planung!S$151:S$185))","v":0},{"$f":"SUMPRODUCT((Planung!$AY$151:$AY$185)*(Planung!T$151:T$185))+SUMPRODUCT((Planung!$BG$151:$BG$185)*(Planung!T$151:T$185))+SUMPRODUCT((Planung!$BO$151:$BO$185)*(Planung!T$151:T$185))+SUMPRODUCT((Planung!$BW$151:$BW$185)*(Planung!T$151:T$185))","v":0},{"$f":"SUMPRODUCT((Planung!$AY$151:$AY$185)*(Planung!U$151:U$185))+SUMPRODUCT((Planung!$BG$151:$BG$185)*(Planung!U$151:U$185))+SUMPRODUCT((Planung!$BO$151:$BO$185)*(Planung!U$151:U$185))+SUMPRODUCT((Planung!$BW$151:$BW$185)*(Planung!U$151:U$185))","v":0},{"$f":"SUMPRODUCT((Planung!$AY$151:$AY$185)*(Planung!V$151:V$185))+SUMPRODUCT((Planung!$BG$151:$BG$185)*(Planung!V$151:V$185))+SUMPRODUCT((Planung!$BO$151:$BO$185)*(Planung!V$151:V$185))+SUMPRODUCT((Planung!$BW$151:$BW$185)*(Planung!V$151:V$185))","v":0},{"$f":"SUMPRODUCT((Planung!$AY$151:$AY$185)*(Planung!W$151:W$185))+SUMPRODUCT((Planung!$BG$151:$BG$185)*(Planung!W$151:W$185))+SUMPRODUCT((Planung!$BO$151:$BO$185)*(Planung!W$151:W$185))+SUMPRODUCT((Planung!$BW$151:$BW$185)*(Planung!W$151:W$185))","v":0},{"$f":"SUMPRODUCT((Planung!$AY$151:$AY$185)*(Planung!X$151:X$185))+SUMPRODUCT((Planung!$BG$151:$BG$185)*(Planung!X$151:X$185))+SUMPRODUCT((Planung!$BO$151:$BO$185)*(Planung!X$151:X$185))+SUMPRODUCT((Planung!$BW$151:$BW$185)*(Planung!X$151:X$185))","v":0},{"$f":"SUMPRODUCT((Planung!$AY$151:$AY$185)*(Planung!Y$151:Y$185))+SUMPRODUCT((Planung!$BG$151:$BG$185)*(Planung!Y$151:Y$185))+SUMPRODUCT((Planung!$BO$151:$BO$185)*(Planung!Y$151:Y$185))+SUMPRODUCT((Planung!$BW$151:$BW$185)*(Planung!Y$151:Y$185))","v":0},{"$f":"SUMPRODUCT((Planung!$AY$151:$AY$185)*(Planung!Z$151:Z$185))+SUMPRODUCT((Planung!$BG$151:$BG$185)*(Planung!Z$151:Z$185))+SUMPRODUCT((Planung!$BO$151:$BO$185)*(Planung!Z$151:Z$185))+SUMPRODUCT((Planung!$BW$151:$BW$185)*(Planung!Z$151:Z$185))","v":0},{"$f":"SUMPRODUCT((Planung!$AY$151:$AY$185)*(Planung!AA$151:AA$185))+SUMPRODUCT((Planung!$BG$151:$BG$185)*(Planung!AA$151:AA$185))+SUMPRODUCT((Planung!$BO$151:$BO$185)*(Planung!AA$151:AA$185))+SUMPRODUCT((Planung!$BW$151:$BW$185)*(Planung!AA$151:AA$185))","v":0},{"$f":"SUMPRODUCT((Planung!$AY$151:$AY$185)*(Planung!AB$151:AB$185))+SUMPRODUCT((Planung!$BG$151:$BG$185)*(Planung!AB$151:AB$185))+SUMPRODUCT((Planung!$BO$151:$BO$185)*(Planung!AB$151:AB$185))+SUMPRODUCT((Planung!$BW$151:$BW$185)*(Planung!AB$151:AB$185))","v":0},0]
[null,"Plan 3",{"$f":"SUMPRODUCT((Planung!$AY$223:$AY$255)*(Planung!E$223:E$255))+SUMPRODUCT((Planung!$BG$223:$BG$255)*(Planung!E$223:E$255))+SUMPRODUCT((Planung!$BO$223:$BO$255)*(Planung!E$223:E$255))+SUMPRODUCT((Planung!$BW$223:$BW$255)*(Planung!E$223:E$255))","v":0},{"$f":"SUMPRODUCT((Planung!$AY$223:$AY$255)*(Planung!F$223:F$255))+SUMPRODUCT((Planung!$BG$223:$BG$255)*(Planung!F$223:F$255))+SUMPRODUCT((Planung!$BO$223:$BO$255)*(Planung!F$223:F$255))+SUMPRODUCT((Planung!$BW$223:$BW$255)*(Planung!F$223:F$255))","v":0},{"$f":"SUMPRODUCT((Planung!$AY$223:$AY$255)*(Planung!G$223:G$255))+SUMPRODUCT((Planung!$BG$223:$BG$255)*(Planung!G$223:G$255))+SUMPRODUCT((Planung!$BO$223:$BO$255)*(Planung!G$223:G$255))+SUMPRODUCT((Planung!$BW$223:$BW$255)*(Planung!G$223:G$255))","v":0},{"$f":"SUMPRODUCT((Planung!$AY$223:$AY$255)*(Planung!H$223:H$255))+SUMPRODUCT((Planung!$BG$223:$BG$255)*(Planung!H$223:H$255))+SUMPRODUCT((Planung!$BO$223:$BO$255)*(Planung!H$223:H$255))+SUMPRODUCT((Planung!$BW$223:$BW$255)*(Planung!H$223:H$255))","v":0},{"$f":"SUMPRODUCT((Planung!$AY$223:$AY$255)*(Planung!I$223:I$255))+SUMPRODUCT((Planung!$BG$223:$BG$255)*(Planung!I$223:I$255))+SUMPRODUCT((Planung!$BO$223:$BO$255)*(Planung!I$223:I$255))+SUMPRODUCT((Planung!$BW$223:$BW$255)*(Planung!I$223:I$255))","v":0},{"$f":"SUMPRODUCT((Planung!$AY$223:$AY$255)*(Planung!J$223:J$255))+SUMPRODUCT((Planung!$BG$223:$BG$255)*(Planung!J$223:J$255))+SUMPRODUCT((Planung!$BO$223:$BO$255)*(Planung!J$223:J$255))+SUMPRODUCT((Planung!$BW$223:$BW$255)*(Planung!J$223:J$255))","v":0},{"$f":"SUMPRODUCT((Planung!$AY$223:$AY$255)*(Planung!K$223:K$255))+SUMPRODUCT((Planung!$BG$223:$BG$255)*(Planung!K$223:K$255))+SUMPRODUCT((Planung!$BO$223:$BO$255)*(Planung!K$223:K$255))+SUMPRODUCT((Planung!$BW$223:$BW$255)*(Planung!K$223:K$255))","v":0},{"$f":"SUMPRODUCT((Planung!$AY$223:$AY$255)*(Planung!L$223:L$255))+SUMPRODUCT((Planung!$BG$223:$BG$255)*(Planung!L$223:L$255))+SUMPRODUCT((Planung!$BO$223:$BO$255)*(Planung!L$223:L$255))+SUMPRODUCT((Planung!$BW$223:$BW$255)*(Planung!L$223:L$255))","v":0},{"$f":"SUMPRODUCT((Planung!$AY$223:$AY$255)*(Planung!M$223:M$255))+SUMPRODUCT((Planung!$BG$223:$BG$255)*(Planung!M$223:M$255))+SUMPRODUCT((Planung!$BO$223:$BO$255)*(Planung!M$223:M$255))+SUMPRODUCT((Planung!$BW$223:$BW$255)*(Planung!M$223:M$255))","v":0},{"$f":"SUMPRODUCT((Planung!$AY$223:$AY$255)*(Planung!N$223:N$255))+SUMPRODUCT((Planung!$BG$223:$BG$255)*(Planung!N$223:N$255))+SUMPRODUCT((Planung!$BO$223:$BO$255)*(Planung!N$223:N$255))+SUMPRODUCT((Planung!$BW$223:$BW$255)*(Planung!N$223:N$255))","v":0},{"$f":"SUMPRODUCT((Planung!$AY$223:$AY$255)*(Planung!O$223:O$255))+SUMPRODUCT((Planung!$BG$223:$BG$255)*(Planung!O$223:O$255))+SUMPRODUCT((Planung!$BO$223:$BO$255)*(Planung!O$223:O$255))+SUMPRODUCT((Planung!$BW$223:$BW$255)*(Planung!O$223:O$255))","v":0},{"$f":"SUMPRODUCT((Planung!$AY$223:$AY$255)*(Planung!P$223:P$255))+SUMPRODUCT((Planung!$BG$223:$BG$255)*(Planung!P$223:P$255))+SUMPRODUCT((Planung!$BO$223:$BO$255)*(Planung!P$223:P$255))+SUMPRODUCT((Planung!$BW$223:$BW$255)*(Planung!P$223:P$255))","v":0},{"$f":"SUMPRODUCT((Planung!$AY$223:$AY$255)*(Planung!Q$223:Q$255))+SUMPRODUCT((Planung!$BG$223:$BG$255)*(Planung!Q$223:Q$255))+SUMPRODUCT((Planung!$BO$223:$BO$255)*(Planung!Q$223:Q$255))+SUMPRODUCT((Planung!$BW$223:$BW$255)*(Planung!Q$223:Q$255))","v":0},{"$f":"SUMPRODUCT((Planung!$AY$223:$AY$255)*(Planung!R$223:R$255))+SUMPRODUCT((Planung!$BG$223:$BG$255)*(Planung!R$223:R$255))+SUMPRODUCT((Planung!$BO$223:$BO$255)*(Planung!R$223:R$255))+SUMPRODUCT((Planung!$BW$223:$BW$255)*(Planung!R$223:R$255))","v":0},{"$f":"SUMPRODUCT((Planung!$AY$223:$AY$255)*(Planung!S$223:S$255))+SUMPRODUCT((Planung!$BG$223:$BG$255)*(Planung!S$223:S$255))+SUMPRODUCT((Planung!$BO$223:$BO$255)*(Planung!S$223:S$255))+SUMPRODUCT((Planung!$BW$223:$BW$255)*(Planung!S$223:S$255))","v":0},{"$f":"SUMPRODUCT((Planung!$AY$223:$AY$255)*(Planung!T$223:T$255))+SUMPRODUCT((Planung!$BG$223:$BG$255)*(Planung!T$223:T$255))+SUMPRODUCT((Planung!$BO$223:$BO$255)*(Planung!T$223:T$255))+SUMPRODUCT((Planung!$BW$223:$BW$255)*(Planung!T$223:T$255))","v":0},{"$f":"SUMPRODUCT((Planung!$AY$223:$AY$255)*(Planung!U$223:U$255))+SUMPRODUCT((Planung!$BG$223:$BG$255)*(Planung!U$223:U$255))+SUMPRODUCT((Planung!$BO$223:$BO$255)*(Planung!U$223:U$255))+SUMPRODUCT((Planung!$BW$223:$BW$255)*(Planung!U$223:U$255))","v":0},{"$f":"SUMPRODUCT((Planung!$AY$223:$AY$255)*(Planung!V$223:V$255))+SUMPRODUCT((Planung!$BG$223:$BG$255)*(Planung!V$223:V$255))+SUMPRODUCT((Planung!$BO$223:$BO$255)*(Planung!V$223:V$255))+SUMPRODUCT((Planung!$BW$223:$BW$255)*(Planung!V$223:V$255))","v":0},{"$f":"SUMPRODUCT((Planung!$AY$223:$AY$255)*(Planung!W$223:W$255))+SUMPRODUCT((Planung!$BG$223:$BG$255)*(Planung!W$223:W$255))+SUMPRODUCT((Planung!$BO$223:$BO$255)*(Planung!W$223:W$255))+SUMPRODUCT((Planung!$BW$223:$BW$255)*(Planung!W$223:W$255))","v":0},{"$f":"SUMPRODUCT((Planung!$AY$223:$AY$255)*(Planung!X$223:X$255))+SUMPRODUCT((Planung!$BG$223:$BG$255)*(Planung!X$223:X$255))+SUMPRODUCT((Planung!$BO$223:$BO$255)*(Planung!X$223:X$255))+SUMPRODUCT((Planung!$BW$223:$BW$255)*(Planung!X$223:X$255))","v":0},{"$f":"SUMPRODUCT((Planung!$AY$223:$AY$255)*(Planung!Y$223:Y$255))+SUMPRODUCT((Planung!$BG$223:$BG$255)*(Planung!Y$223:Y$255))+SUMPRODUCT((Planung!$BO$223:$BO$255)*(Planung!Y$223:Y$255))+SUMPRODUCT((Planung!$BW$223:$BW$255)*(Planung!Y$223:Y$255))","v":0},{"$f":"SUMPRODUCT((Planung!$AY$223:$AY$255)*(Planung!Z$223:Z$255))+SUMPRODUCT((Planung!$BG$223:$BG$255)*(Planung!Z$223:Z$255))+SUMPRODUCT((Planung!$BO$223:$BO$255)*(Planung!Z$223:Z$255))+SUMPRODUCT((Planung!$BW$223:$BW$255)*(Planung!Z$223:Z$255))","v":0},{"$f":"SUMPRODUCT((Planung!$AY$223:$AY$255)*(Planung!AA$223:AA$255))+SUMPRODUCT((Planung!$BG$223:$BG$255)*(Planung!AA$223:AA$255))+SUMPRODUCT((Planung!$BO$223:$BO$255)*(Planung!AA$223:AA$255))+SUMPRODUCT((Planung!$BW$223:$BW$255)*(Planung!AA$223:AA$255))","v":0},{"$f":"SUMPRODUCT((Planung!$AY$223:$AY$255)*(Planung!AB$223:AB$255))+SUMPRODUCT((Planung!$BG$223:$BG$255)*(Planung!AB$223:AB$255))+SUMPRODUCT((Planung!$BO$223:$BO$255)*(Planung!AB$223:AB$255))+SUMPRODUCT((Planung!$BW$223:$BW$255)*(Planung!AB$223:AB$255))","v":0},0]
[null,"Plan 4",{"$f":"SUMPRODUCT((Planung!$AY$293:$AY$326)*(Planung!E$293:E$326))+SUMPRODUCT((Planung!$BG$293:$BG$326)*(Planung!E$293:E$326))+SUMPRODUCT((Planung!$BO$293:$BO$326)*(Planung!E$293:E$326))+SUMPRODUCT((Planung!$BW$293:$BW$326)*(Planung!E$293:E$326))","v":0},{"$f":"SUMPRODUCT((Planung!$AY$293:$AY$326)*(Planung!F$293:F$326))+SUMPRODUCT((Planung!$BG$293:$BG$326)*(Planung!F$293:F$326))+SUMPRODUCT((Planung!$BO$293:$BO$326)*(Planung!F$293:F$326))+SUMPRODUCT((Planung!$BW$293:$BW$326)*(Planung!F$293:F$326))","v":0},{"$f":"SUMPRODUCT((Planung!$AY$293:$AY$326)*(Planung!G$293:G$326))+SUMPRODUCT((Planung!$BG$293:$BG$326)*(Planung!G$293:G$326))+SUMPRODUCT((Planung!$BO$293:$BO$326)*(Planung!G$293:G$326))+SUMPRODUCT((Planung!$BW$293:$BW$326)*(Planung!G$293:G$326))","v":0},{"$f":"SUMPRODUCT((Planung!$AY$293:$AY$326)*(Planung!H$293:H$326))+SUMPRODUCT((Planung!$BG$293:$BG$326)*(Planung!H$293:H$326))+SUMPRODUCT((Planung!$BO$293:$BO$326)*(Planung!H$293:H$326))+SUMPRODUCT((Planung!$BW$293:$BW$326)*(Planung!H$293:H$326))","v":0},{"$f":"SUMPRODUCT((Planung!$AY$293:$AY$326)*(Planung!I$293:I$326))+SUMPRODUCT((Planung!$BG$293:$BG$326)*(Planung!I$293:I$326))+SUMPRODUCT((Planung!$BO$293:$BO$326)*(Planung!I$293:I$326))+SUMPRODUCT((Planung!$BW$293:$BW$326)*(Planung!I$293:I$326))","v":0},{"$f":"SUMPRODUCT((Planung!$AY$293:$AY$326)*(Planung!J$293:J$326))+SUMPRODUCT((Planung!$BG$293:$BG$326)*(Planung!J$293:J$326))+SUMPRODUCT((Planung!$BO$293:$BO$326)*(Planung!J$293:J$326))+SUMPRODUCT((Planung!$BW$293:$BW$326)*(Planung!J$293:J$326))","v":0},{"$f":"SUMPRODUCT((Planung!$AY$293:$AY$326)*(Planung!K$293:K$326))+SUMPRODUCT((Planung!$BG$293:$BG$326)*(Planung!K$293:K$326))+SUMPRODUCT((Planung!$BO$293:$BO$326)*(Planung!K$293:K$326))+SUMPRODUCT((Planung!$BW$293:$BW$326)*(Planung!K$293:K$326))","v":0},{"$f":"SUMPRODUCT((Planung!$AY$293:$AY$326)*(Planung!L$293:L$326))+SUMPRODUCT((Planung!$BG$293:$BG$326)*(Planung!L$293:L$326))+SUMPRODUCT((Planung!$BO$293:$BO$326)*(Planung!L$293:L$326))+SUMPRODUCT((Planung!$BW$293:$BW$326)*(Planung!L$293:L$326))","v":0},{"$f":"SUMPRODUCT((Planung!$AY$293:$AY$326)*(Planung!M$293:M$326))+SUMPRODUCT((Planung!$BG$293:$BG$326)*(Planung!M$293:M$326))+SUMPRODUCT((Planung!$BO$293:$BO$326)*(Planung!M$293:M$326))+SUMPRODUCT((Planung!$BW$293:$BW$326)*(Planung!M$293:M$326))","v":0},{"$f":"SUMPRODUCT((Planung!$AY$293:$AY$326)*(Planung!N$293:N$326))+SUMPRODUCT((Planung!$BG$293:$BG$326)*(Planung!N$293:N$326))+SUMPRODUCT((Planung!$BO$293:$BO$326)*(Planung!N$293:N$326))+SUMPRODUCT((Planung!$BW$293:$BW$326)*(Planung!N$293:N$326))","v":0},{"$f":"SUMPRODUCT((Planung!$AY$293:$AY$326)*(Planung!O$293:O$326))+SUMPRODUCT((Planung!$BG$293:$BG$326)*(Planung!O$293:O$326))+SUMPRODUCT((Planung!$BO$293:$BO$326)*(Planung!O$293:O$326))+SUMPRODUCT((Planung!$BW$293:$BW$326)*(Planung!O$293:O$326))","v":0},{"$f":"SUMPRODUCT((Planung!$AY$293:$AY$326)*(Planung!P$293:P$326))+SUMPRODUCT((Planung!$BG$293:$BG$326)*(Planung!P$293:P$326))+SUMPRODUCT((Planung!$BO$293:$BO$326)*(Planung!P$293:P$326))+SUMPRODUCT((Planung!$BW$293:$BW$326)*(Planung!P$293:P$326))","v":0},{"$f":"SUMPRODUCT((Planung!$AY$293:$AY$326)*(Planung!Q$293:Q$326))+SUMPRODUCT((Planung!$BG$293:$BG$326)*(Planung!Q$293:Q$326))+SUMPRODUCT((Planung!$BO$293:$BO$326)*(Planung!Q$293:Q$326))+SUMPRODUCT((Planung!$BW$293:$BW$326)*(Planung!Q$293:Q$326))","v":0},{"$f":"SUMPRODUCT((Planung!$AY$293:$AY$326)*(Planung!R$293:R$326))+SUMPRODUCT((Planung!$BG$293:$BG$326)*(Planung!R$293:R$326))+SUMPRODUCT((Planung!$BO$293:$BO$326)*(Planung!R$293:R$326))+SUMPRODUCT((Planung!$BW$293:$BW$326)*(Planung!R$293:R$326))","v":0},{"$f":"SUMPRODUCT((Planung!$AY$293:$AY$326)*(Planung!S$293:S$326))+SUMPRODUCT((Planung!$BG$293:$BG$326)*(Planung!S$293:S$326))+SUMPRODUCT((Planung!$BO$293:$BO$326)*(Planung!S$293:S$326))+SUMPRODUCT((Planung!$BW$293:$BW$326)*(Planung!S$293:S$326))","v":0},{"$f":"SUMPRODUCT((Planung!$AY$293:$AY$326)*(Planung!T$293:T$326))+SUMPRODUCT((Planung!$BG$293:$BG$326)*(Planung!T$293:T$326))+SUMPRODUCT((Planung!$BO$293:$BO$326)*(Planung!T$293:T$326))+SUMPRODUCT((Planung!$BW$293:$BW$326)*(Planung!T$293:T$326))","v":0},{"$f":"SUMPRODUCT((Planung!$AY$293:$AY$326)*(Planung!U$293:U$326))+SUMPRODUCT((Planung!$BG$293:$BG$326)*(Planung!U$293:U$326))+SUMPRODUCT((Planung!$BO$293:$BO$326)*(Planung!U$293:U$326))+SUMPRODUCT((Planung!$BW$293:$BW$326)*(Planung!U$293:U$326))","v":0},{"$f":"SUMPRODUCT((Planung!$AY$293:$AY$326)*(Planung!V$293:V$326))+SUMPRODUCT((Planung!$BG$293:$BG$326)*(Planung!V$293:V$326))+SUMPRODUCT((Planung!$BO$293:$BO$326)*(Planung!V$293:V$326))+SUMPRODUCT((Planung!$BW$293:$BW$326)*(Planung!V$293:V$326))","v":0},{"$f":"SUMPRODUCT((Planung!$AY$293:$AY$326)*(Planung!W$293:W$326))+SUMPRODUCT((Planung!$BG$293:$BG$326)*(Planung!W$293:W$326))+SUMPRODUCT((Planung!$BO$293:$BO$326)*(Planung!W$293:W$326))+SUMPRODUCT((Planung!$BW$293:$BW$326)*(Planung!W$293:W$326))","v":0},{"$f":"SUMPRODUCT((Planung!$AY$293:$AY$326)*(Planung!X$293:X$326))+SUMPRODUCT((Planung!$BG$293:$BG$326)*(Planung!X$293:X$326))+SUMPRODUCT((Planung!$BO$293:$BO$326)*(Planung!X$293:X$326))+SUMPRODUCT((Planung!$BW$293:$BW$326)*(Planung!X$293:X$326))","v":0},{"$f":"SUMPRODUCT((Planung!$AY$293:$AY$326)*(Planung!Y$293:Y$326))+SUMPRODUCT((Planung!$BG$293:$BG$326)*(Planung!Y$293:Y$326))+SUMPRODUCT((Planung!$BO$293:$BO$326)*(Planung!Y$293:Y$326))+SUMPRODUCT((Planung!$BW$293:$BW$326)*(Planung!Y$293:Y$326))","v":0},{"$f":"SUMPRODUCT((Planung!$AY$293:$AY$326)*(Planung!Z$293:Z$326))+SUMPRODUCT((Planung!$BG$293:$BG$326)*(Planung!Z$293:Z$326))+SUMPRODUCT((Planung!$BO$293:$BO$326)*(Planung!Z$293:Z$326))+SUMPRODUCT((Planung!$BW$293:$BW$326)*(Planung!Z$293:Z$326))","v":0},{"$f":"SUMPRODUCT((Planung!$AY$293:$AY$326)*(Planung!AA$293:AA$326))+SUMPRODUCT((Planung!$BG$293:$BG$326)*(Planung!AA$293:AA$326))+SUMPRODUCT((Planung!$BO$293:$BO$326)*(Planung!AA$293:AA$326))+SUMPRODUCT((Planung!$BW$293:$BW$326)*(Planung!AA$293:AA$326))","v":0},{"$f":"SUMPRODUCT((Planung!$AY$293:$AY$326)*(Planung!AB$293:AB$326))+SUMPRODUCT((Planung!$BG$293:$BG$326)*(Planung!AB$293:AB$326))+SUMPRODUCT((Planung!$BO$293:$BO$326)*(Planung!AB$293:AB$326))+SUMPRODUCT((Planung!$BW$293:$BW$326)*(Planung!AB$293:AB$326))","v":0},0]
[null,"Plan 5",{"$f":"SUMPRODUCT((Planung!$AY$364:$AY$384)*(Planung!E$364:E$384))+SUMPRODUCT((Planung!$BG$364:$BG$384)*(Planung!E$364:E$384))+SUMPRODUCT((Planung!$BO$364:$BO$384)*(Planung!E$364:E$384))+SUMPRODUCT((Planung!$BW$364:$BW$384)*(Planung!E$364:E$384))","v":0},{"$f":"SUMPRODUCT((Planung!$AY$364:$AY$384)*(Planung!F$364:F$384))+SUMPRODUCT((Planung!$BG$364:$BG$384)*(Planung!F$364:F$384))+SUMPRODUCT((Planung!$BO$364:$BO$384)*(Planung!F$364:F$384))+SUMPRODUCT((Planung!$BW$364:$BW$384)*(Planung!F$364:F$384))","v":0},{"$f":"SUMPRODUCT((Planung!$AY$364:$AY$384)*(Planung!G$364:G$384))+SUMPRODUCT((Planung!$BG$364:$BG$384)*(Planung!G$364:G$384))+SUMPRODUCT((Planung!$BO$364:$BO$384)*(Planung!G$364:G$384))+SUMPRODUCT((Planung!$BW$364:$BW$384)*(Planung!G$364:G$384))","v":0},{"$f":"SUMPRODUCT((Planung!$AY$364:$AY$384)*(Planung!H$364:H$384))+SUMPRODUCT((Planung!$BG$364:$BG$384)*(Planung!H$364:H$384))+SUMPRODUCT((Planung!$BO$364:$BO$384)*(Planung!H$364:H$384))+SUMPRODUCT((Planung!$BW$364:$BW$384)*(Planung!H$364:H$384))","v":0},{"$f":"SUMPRODUCT((Planung!$AY$364:$AY$384)*(Planung!I$364:I$384))+SUMPRODUCT((Planung!$BG$364:$BG$384)*(Planung!I$364:I$384))+SUMPRODUCT((Planung!$BO$364:$BO$384)*(Planung!I$364:I$384))+SUMPRODUCT((Planung!$BW$364:$BW$384)*(Planung!I$364:I$384))","v":0},{"$f":"SUMPRODUCT((Planung!$AY$364:$AY$384)*(Planung!J$364:J$384))+SUMPRODUCT((Planung!$BG$364:$BG$384)*(Planung!J$364:J$384))+SUMPRODUCT((Planung!$BO$364:$BO$384)*(Planung!J$364:J$384))+SUMPRODUCT((Planung!$BW$364:$BW$384)*(Planung!J$364:J$384))","v":0},{"$f":"SUMPRODUCT((Planung!$AY$364:$AY$384)*(Planung!K$364:K$384))+SUMPRODUCT((Planung!$BG$364:$BG$384)*(Planung!K$364:K$384))+SUMPRODUCT((Planung!$BO$364:$BO$384)*(Planung!K$364:K$384))+SUMPRODUCT((Planung!$BW$364:$BW$384)*(Planung!K$364:K$384))","v":0},{"$f":"SUMPRODUCT((Planung!$AY$364:$AY$384)*(Planung!L$364:L$384))+SUMPRODUCT((Planung!$BG$364:$BG$384)*(Planung!L$364:L$384))+SUMPRODUCT((Planung!$BO$364:$BO$384)*(Planung!L$364:L$384))+SUMPRODUCT((Planung!$BW$364:$BW$384)*(Planung!L$364:L$384))","v":0},{"$f":"SUMPRODUCT((Planung!$AY$364:$AY$384)*(Planung!M$364:M$384))+SUMPRODUCT((Planung!$BG$364:$BG$384)*(Planung!M$364:M$384))+SUMPRODUCT((Planung!$BO$364:$BO$384)*(Planung!M$364:M$384))+SUMPRODUCT((Planung!$BW$364:$BW$384)*(Planung!M$364:M$384))","v":0},{"$f":"SUMPRODUCT((Planung!$AY$364:$AY$384)*(Planung!N$364:N$384))+SUMPRODUCT((Planung!$BG$364:$BG$384)*(Planung!N$364:N$384))+SUMPRODUCT((Planung!$BO$364:$BO$384)*(Planung!N$364:N$384))+SUMPRODUCT((Planung!$BW$364:$BW$384)*(Planung!N$364:N$384))","v":0},{"$f":"SUMPRODUCT((Planung!$AY$364:$AY$384)*(Planung!O$364:O$384))+SUMPRODUCT((Planung!$BG$364:$BG$384)*(Planung!O$364:O$384))+SUMPRODUCT((Planung!$BO$364:$BO$384)*(Planung!O$364:O$384))+SUMPRODUCT((Planung!$BW$364:$BW$384)*(Planung!O$364:O$384))","v":0},{"$f":"SUMPRODUCT((Planung!$AY$364:$AY$384)*(Planung!P$364:P$384))+SUMPRODUCT((Planung!$BG$364:$BG$384)*(Planung!P$364:P$384))+SUMPRODUCT((Planung!$BO$364:$BO$384)*(Planung!P$364:P$384))+SUMPRODUCT((Planung!$BW$364:$BW$384)*(Planung!P$364:P$384))","v":0},{"$f":"SUMPRODUCT((Planung!$AY$364:$AY$384)*(Planung!Q$364:Q$384))+SUMPRODUCT((Planung!$BG$364:$BG$384)*(Planung!Q$364:Q$384))+SUMPRODUCT((Planung!$BO$364:$BO$384)*(Planung!Q$364:Q$384))+SUMPRODUCT((Planung!$BW$364:$BW$384)*(Planung!Q$364:Q$384))","v":0},{"$f":"SUMPRODUCT((Planung!$AY$364:$AY$384)*(Planung!R$364:R$384))+SUMPRODUCT((Planung!$BG$364:$BG$384)*(Planung!R$364:R$384))+SUMPRODUCT((Planung!$BO$364:$BO$384)*(Planung!R$364:R$384))+SUMPRODUCT((Planung!$BW$364:$BW$384)*(Planung!R$364:R$384))","v":0},{"$f":"SUMPRODUCT((Planung!$AY$364:$AY$384)*(Planung!S$364:S$384))+SUMPRODUCT((Planung!$BG$364:$BG$384)*(Planung!S$364:S$384))+SUMPRODUCT((Planung!$BO$364:$BO$384)*(Planung!S$364:S$384))+SUMPRODUCT((Planung!$BW$364:$BW$384)*(Planung!S$364:S$384))","v":0},{"$f":"SUMPRODUCT((Planung!$AY$364:$AY$384)*(Planung!T$364:T$384))+SUMPRODUCT((Planung!$BG$364:$BG$384)*(Planung!T$364:T$384))+SUMPRODUCT((Planung!$BO$364:$BO$384)*(Planung!T$364:T$384))+SUMPRODUCT((Planung!$BW$364:$BW$384)*(Planung!T$364:T$384))","v":0},{"$f":"SUMPRODUCT((Planung!$AY$364:$AY$384)*(Planung!U$364:U$384))+SUMPRODUCT((Planung!$BG$364:$BG$384)*(Planung!U$364:U$384))+SUMPRODUCT((Planung!$BO$364:$BO$384)*(Planung!U$364:U$384))+SUMPRODUCT((Planung!$BW$364:$BW$384)*(Planung!U$364:U$384))","v":0},{"$f":"SUMPRODUCT((Planung!$AY$364:$AY$384)*(Planung!V$364:V$384))+SUMPRODUCT((Planung!$BG$364:$BG$384)*(Planung!V$364:V$384))+SUMPRODUCT((Planung!$BO$364:$BO$384)*(Planung!V$364:V$384))+SUMPRODUCT((Planung!$BW$364:$BW$384)*(Planung!V$364:V$384))","v":0},{"$f":"SUMPRODUCT((Planung!$AY$364:$AY$384)*(Planung!W$364:W$384))+SUMPRODUCT((Planung!$BG$364:$BG$384)*(Planung!W$364:W$384))+SUMPRODUCT((Planung!$BO$364:$BO$384)*(Planung!W$364:W$384))+SUMPRODUCT((Planung!$BW$364:$BW$384)*(Planung!W$364:W$384))","v":0},{"$f":"SUMPRODUCT((Planung!$AY$364:$AY$384)*(Planung!X$364:X$384))+SUMPRODUCT((Planung!$BG$364:$BG$384)*(Planung!X$364:X$384))+SUMPRODUCT((Planung!$BO$364:$BO$384)*(Planung!X$364:X$384))+SUMPRODUCT((Planung!$BW$364:$BW$384)*(Planung!X$364:X$384))","v":0},{"$f":"SUMPRODUCT((Planung!$AY$364:$AY$384)*(Planung!Y$364:Y$384))+SUMPRODUCT((Planung!$BG$364:$BG$384)*(Planung!Y$364:Y$384))+SUMPRODUCT((Planung!$BO$364:$BO$384)*(Planung!Y$364:Y$384))+SUMPRODUCT((Planung!$BW$364:$BW$384)*(Planung!Y$364:Y$384))","v":0},{"$f":"SUMPRODUCT((Planung!$AY$364:$AY$384)*(Planung!Z$364:Z$384))+SUMPRODUCT((Planung!$BG$364:$BG$384)*(Planung!Z$364:Z$384))+SUMPRODUCT((Planung!$BO$364:$BO$384)*(Planung!Z$364:Z$384))+SUMPRODUCT((Planung!$BW$364:$BW$384)*(Planung!Z$364:Z$384))","v":0},{"$f":"SUMPRODUCT((Planung!$AY$364:$AY$384)*(Planung!AA$364:AA$384))+SUMPRODUCT((Planung!$BG$364:$BG$384)*(Planung!AA$364:AA$384))+SUMPRODUCT((Planung!$BO$364:$BO$384)*(Planung!AA$364:AA$384))+SUMPRODUCT((Planung!$BW$364:$BW$384)*(Planung!AA$364:AA$384))","v":0},{"$f":"SUMPRODUCT((Planung!$AY$364:$AY$384)*(Planung!AB$364:AB$384))+SUMPRODUCT((Planung!$BG$364:$BG$384)*(Planung!AB$364:AB$384))+SUMPRODUCT((Planung!$BO$364:$BO$384)*(Planung!AB$364:AB$384))+SUMPRODUCT((Planung!$BW$364:$BW$384)*(Planung!AB$364:AB$384))","v":0},0]
[]
[]
[null,null,null,"Plan 0",null,null,null,"Plan 1",null,null,null,"Plan 2",null,null,null,"Plan 3",null,null,null,"Plan 4",null,null,null,"Plan 5"]
[null,null,null,{"$f":"Planung!C4","v":"IST-Betrieb"},null,null,null,{"$f":"Planung!C75","v":"Optimierter IST-Betrieb"},null,null,null,{"$f":"Planung!C147","v":"Strohmühle kaufen"},null,null,null,{"$f":"Planung!C219","v":"Transportgeschäft LKW´s "},null,null,null,{"$f":"Planung!C289","v":"Reduzierung Häckseln"},null,null,null,{"$f":"Planung!C360","v":"Text…"}]
[]
[]
[]
[]
[]
[]
[]
[]
[]
[]
[]
[]
[]
[]
[]
[]
[]
[]
[]
[]
[]
[]
[]
[]
[]
[]
[]
[]
[]
[]
[]
[]
[]
[]
[]
[]
[null,"Wertetabelle für das Diagramm:"]
[]
[null,null,"Plan 0",null,null,null,null,null,null,null,null,null,null,null,null,null,null,null,null,null,null,null,null,null,null,null,null,null,"Plan 1",null,null,null,null,null,null,null,null,null,null,null,null,null,null,null,null,null,null,null,null,null,null,null,null,null,"Plan 2",null,null,null,null,null,null,null,null,null,null,null,null,null,null,null,null,null,null,null,null,null,null,null,null,null,"Plan 3",null,null,null,null,null,null,null,null,null,null,null,null,null,null,null,null,null,null,null,null,null,null,null,null,null,"Plan 4",null,null,null,null,null,null,null,null,null,null,null,null,null,null,null,null,null,null,null,null,null,null,null,null,null,"Plan 5"]
[null,null,"01a","01b","02a","02b","03a","03b","04a","04b","05a","05b","06a","06b","07a","07b","08a","08b","09a","09b","10a","10b","11a","11b","12a","12b","-","-","01a","01b","02a","02b","03a","03b","04a","04b","05a","05b","06a","06b","07a","07b","08a","08b","09a","09b","10a","10b","11a","11b","12a","12b","-","-","01a","01b","02a","02b","03a","03b","04a","04b","05a","05b","06a","06b","07a","07b","08a","08b","09a","09b","10a","10b","11a","11b","12a","12b","-","-","01a","01b","02a","02b","03a","03b","04a","04b","05a","05b","06a","06b","07a","07b","08a","08b","09a","09b","10a","10b","11a","11b","12a","12b","-","-","01a","01b","02a","02b","03a","03b","04a","04b","05a","05b","06a","06b","07a","07b","08a","08b","09a","09b","10a","10b","11a","11b","12a","12b","-","-","01a","01b","02a","02b","03a","03b","04a","04b","05a","05b","06a","06b","07a","07b","08a","08b","09a","09b","10a","10b","11a","11b","12a","12b"]
[null,"Jan",{"$f":"C7","v":0},{"$f":"D7","v":0},null,null,null,null,null,null,null,null,null,null,null,null,null,null,null,null,null,null,null,null,null,null,null,null,{"$f":"C8","v":0},{"$f":"D8","v":0},null,null,null,null,null,null,null,null,null,null,null,null,null,null,null,null,null,null,null,null,null,null,null,null,{"$f":"C9","v":0},{"$f":"D9","v":0},null,null,null,null,null,null,null,null,null,null,null,null,null,null,null,null,null,null,null,null,null,null,null,null,{"$f":"C10","v":0},{"$f":"D10","v":0},null,null,null,null,null,null,null,null,null,null,null,null,null,null,null,null,null,null,null,null,null,null,null,null,{"$f":"C11","v":0},{"$f":"D11","v":0},null,null,null,null,null,null,null,null,null,null,null,null,null,null,null,null,null,null,null,null,null,null,null,null,{"$f":"C12","v":0},{"$f":"D12","v":0}]
[null,"Feb",null,null,{"$f":"E7","v":0},{"$f":"F7","v":0},null,null,null,null,null,null,null,null,null,null,null,null,null,null,null,null,null,null,null,null,null,null,null,null,{"$f":"E8","v":0},{"$f":"F8","v":0},null,null,null,null,null,null,null,null,null,null,null,null,null,null,null,null,null,null,null,null,null,null,null,null,{"$f":"E9","v":0},{"$f":"F9","v":0},null,null,null,null,null,null,null,null,null,null,null,null,null,null,null,null,null,null,null,null,null,null,null,null,{"$f":"E10","v":0},{"$f":"F10","v":0},null,null,null,null,null,null,null,null,null,null,null,null,null,null,null,null,null,null,null,null,null,null,null,null,{"$f":"E11","v":0},{"$f":"F11","v":0},null,null,null,null,null,null,null,null,null,null,null,null,null,null,null,null,null,null,null,null,null,null,null,null,{"$f":"E12","v":0},{"$f":"F12","v":0}]
[null,"Mrz",null,null,null,null,{"$f":"G7","v":0},{"$f":"H7","v":0},null,null,null,null,null,null,null,null,null,null,null,null,null,null,null,null,null,null,null,null,null,null,null,null,{"$f":"G8","v":0},{"$f":"H8","v":0},null,null,null,null,null,null,null,null,null,null,null,null,null,null,null,null,null,null,null,null,null,null,null,null,{"$f":"G9","v":0},{"$f":"H9","v":0},null,null,null,null,null,null,null,null,null,null,null,null,null,null,null,null,null,null,null,null,null,null,null,null,{"$f":"G10","v":0},{"$f":"H10","v":0},null,null,null,null,null,null,null,null,null,null,null,null,null,null,null,null,null,null,null,null,null,null,null,null,{"$f":"G11","v":0},{"$f":"H11","v":0},null,null,null,null,null,null,null,null,null,null,null,null,null,null,null,null,null,null,null,null,null,null,null,null,{"$f":"G12","v":0},{"$f":"H12","v":0}]
[null,"Apr",null,null,null,null,null,null,{"$f":"I7","v":0},{"$f":"J7","v":0},null,null,null,null,null,null,null,null,null,null,null,null,null,null,null,null,null,null,null,null,null,null,null,null,{"$f":"I8","v":0},{"$f":"J8","v":0},null,null,null,null,null,null,null,null,null,null,null,null,null,null,null,null,null,null,null,null,null,null,null,null,{"$f":"I9","v":0},{"$f":"J9","v":0},null,null,null,null,null,null,null,null,null,null,null,null,null,null,null,null,null,null,null,null,null,null,null,null,{"$f":"I10","v":0},{"$f":"J10","v":0},null,null,null,null,null,null,null,null,null,null,null,null,null,null,null,null,null,null,null,null,null,null,null,null,{"$f":"I11","v":0},{"$f":"J11","v":0},null,null,null,null,null,null,null,null,null,null,null,null,null,null,null,null,null,null,null,null,null,null,null,null,{"$f":"I12","v":0},{"$f":"J12","v":0}]
[null,"Mai",null,null,null,null,null,null,null,null,{"$f":"K7","v":0},{"$f":"L7","v":0},null,null,null,null,null,null,null,null,null,null,null,null,null,null,null,null,null,null,null,null,null,null,null,null,{"$f":"K8","v":0},{"$f":"L8","v":0},null,null,null,null,null,null,null,null,null,null,null,null,null,null,null,null,null,null,null,null,null,null,null,null,{"$f":"K9","v":0},{"$f":"L9","v":0},null,null,null,null,null,null,null,null,null,null,null,null,null,null,null,null,null,null,null,null,null,null,null,null,{"$f":"K10","v":0},{"$f":"L10","v":0},null,null,null,null,null,null,null,null,null,null,null,null,null,null,null,null,null,null,null,null,null,null,null,null,{"$f":"K11","v":0},{"$f":"L11","v":0},null,null,null,null,null,null,null,null,null,null,null,null,null,null,null,null,null,null,null,null,null,null,null,null,{"$f":"K12","v":0},{"$f":"L12","v":0}]
[null,"Jun",null,null,null,null,null,null,null,null,null,null,{"$f":"M7","v":0},{"$f":"N7","v":0},null,null,null,null,null,null,null,null,null,null,null,null,null,null,null,null,null,null,null,null,null,null,null,null,{"$f":"M8","v":0},{"$f":"N8","v":0},null,null,null,null,null,null,null,null,null,null,null,null,null,null,null,null,null,null,null,null,null,null,null,null,{"$f":"M9","v":0},{"$f":"N9","v":0},null,null,null,null,null,null,null,null,null,null,null,null,null,null,null,null,null,null,null,null,null,null,null,null,{"$f":"M10","v":0},{"$f":"N10","v":0},null,null,null,null,null,null,null,null,null,null,null,null,null,null,null,null,null,null,null,null,null,null,null,null,{"$f":"M11","v":0},{"$f":"N11","v":0},null,null,null,null,null,null,null,null,null,null,null,null,null,null,null,null,null,null,null,null,null,null,null,null,{"$f":"M12","v":0},{"$f":"N12","v":0}]
[null,"Jul",null,null,null,null,null,null,null,null,null,null,null,null,{"$f":"O7","v":0},{"$f":"P7","v":0},null,null,null,null,null,null,null,null,null,null,null,null,null,null,null,null,null,null,null,null,null,null,null,null,{"$f":"O8","v":0},{"$f":"P8","v":0},null,null,null,null,null,null,null,null,null,null,null,null,null,null,null,null,null,null,null,null,null,null,null,null,{"$f":"O9","v":0},{"$f":"P9","v":0},null,null,null,null,null,null,null,null,null,null,null,null,null,null,null,null,null,null,null,null,null,null,null,null,{"$f":"O10","v":0},{"$f":"P10","v":0},null,null,null,null,null,null,null,null,null,null,null,null,null,null,null,null,null,null,null,null,null,null,null,null,{"$f":"O11","v":0},{"$f":"P11","v":0},null,null,null,null,null,null,null,null,null,null,null,null,null,null,null,null,null,null,null,null,null,null,null,null,{"$f":"O12","v":0},{"$f":"P12","v":0}]
[null,"Aug",null,null,null,null,null,null,null,null,null,null,null,null,null,null,{"$f":"Q7","v":0},{"$f":"R7","v":0},null,null,null,null,null,null,null,null,null,null,null,null,null,null,null,null,null,null,null,null,null,null,null,null,{"$f":"Q8","v":0},{"$f":"R8","v":0},null,null,null,null,null,null,null,null,null,null,null,null,null,null,null,null,null,null,null,null,null,null,null,null,{"$f":"Q9","v":0},{"$f":"R9","v":0},null,null,null,null,null,null,null,null,null,null,null,null,null,null,null,null,null,null,null,null,null,null,null,null,{"$f":"Q10","v":0},{"$f":"R10","v":0},null,null,null,null,null,null,null,null,null,null,null,null,null,null,null,null,null,null,null,null,null,null,null,null,{"$f":"Q11","v":0},{"$f":"R11","v":0},null,null,null,null,null,null,null,null,null,null,null,null,null,null,null,null,null,null,null,null,null,null,null,null,{"$f":"Q12","v":0},{"$f":"R12","v":0}]
[null,"Sep",null,null,null,null,null,null,null,null,null,null,null,null,null,null,null,null,{"$f":"S7","v":0},{"$f":"T7","v":0},null,null,null,null,null,null,null,null,null,null,null,null,null,null,null,null,null,null,null,null,null,null,null,null,{"$f":"S8","v":0},{"$f":"T8","v":0},null,null,null,null,null,null,null,null,null,null,null,null,null,null,null,null,null,null,null,null,null,null,null,null,{"$f":"S9","v":0},{"$f":"T9","v":0},null,null,null,null,null,null,null,null,null,null,null,null,null,null,null,null,null,null,null,null,null,null,null,null,{"$f":"S10","v":0},{"$f":"T10","v":0},null,null,null,null,null,null,null,null,null,null,null,null,null,null,null,null,null,null,null,null,null,null,null,null,{"$f":"S11","v":0},{"$f":"T11","v":0},null,null,null,null,null,null,null,null,null,null,null,null,null,null,null,null,null,null,null,null,null,null,null,null,{"$f":"S12","v":0},{"$f":"T12","v":0}]
[null,"Okt",null,null,null,null,null,null,null,null,null,null,null,null,null,null,null,null,null,null,{"$f":"U7","v":0},{"$f":"V7","v":0},null,null,null,null,null,null,null,null,null,null,null,null,null,null,null,null,null,null,null,null,null,null,null,null,{"$f":"U8","v":0},{"$f":"V8","v":0},null,null,null,null,null,null,null,null,null,null,null,null,null,null,null,null,null,null,null,null,null,null,null,null,{"$f":"U9","v":0},{"$f":"V9","v":0},null,null,null,null,null,null,null,null,null,null,null,null,null,null,null,null,null,null,null,null,null,null,null,null,{"$f":"U10","v":0},{"$f":"V10","v":0},null,null,null,null,null,null,null,null,null,null,null,null,null,null,null,null,null,null,null,null,null,null,null,null,{"$f":"U11","v":0},{"$f":"V11","v":0},null,null,null,null,null,null,null,null,null,null,null,null,null,null,null,null,null,null,null,null,null,null,null,null,{"$f":"U12","v":0},{"$f":"V12","v":0}]
[null,"Nov",null,null,null,null,null,null,null,null,null,null,null,null,null,null,null,null,null,null,null,null,{"$f":"W7","v":0},{"$f":"X7","v":0},null,null,null,null,null,null,null,null,null,null,null,null,null,null,null,null,null,null,null,null,null,null,null,null,{"$f":"W8","v":0},{"$f":"X8","v":0},null,null,null,null,null,null,null,null,null,null,null,null,null,null,null,null,null,null,null,null,null,null,null,null,{"$f":"W9","v":0},{"$f":"X9","v":0},null,null,null,null,null,null,null,null,null,null,null,null,null,null,null,null,null,null,null,null,null,null,null,null,{"$f":"W10","v":0},{"$f":"X10","v":0},null,null,null,null,null,null,null,null,null,null,null,null,null,null,null,null,null,null,null,null,null,null,null,null,{"$f":"W11","v":0},{"$f":"X11","v":0},null,null,null,null,null,null,null,null,null,null,null,null,null,null,null,null,null,null,null,null,null,null,null,null,{"$f":"W12","v":0},{"$f":"X12","v":0}]
[null,"Dez",null,null,null,null,null,null,null,null,null,null,null,null,null,null,null,null,null,null,null,null,null,null,{"$f":"Y7","v":0},{"$f":"Z7","v":0},null,null,null,null,null,null,null,null,null,null,null,null,null,null,null,null,null,null,null,null,null,null,null,null,{"$f":"Y8","v":0},{"$f":"Z8","v":0},null,null,null,null,null,null,null,null,null,null,null,null,null,null,null,null,null,null,null,null,null,null,null,null,{"$f":"Y9","v":0},{"$f":"Z9","v":0},null,null,null,null,null,null,null,null,null,null,null,null,null,null,null,null,null,null,null,null,null,null,null,null,{"$f":"Y10","v":0},{"$f":"Z10","v":0},null,null,null,null,null,null,null,null,null,null,null,null,null,null,null,null,null,null,null,null,null,null,null,null,{"$f":"Y11","v":0},{"$f":"Z11","v":0},null,null,null,null,null,null,null,null,null,null,null,null,null,null,null,null,null,null,null,null,null,null,null,null,{"$f":"Y12","v":0},{"$f":"Z12","v":0}]

{"sheet":"Maschine-Detail","index":8,"n_rows":73,"n_cols":156,"rows_kept":73,"cut":false,"hidden":false,"merged":[]}
[]
[null,"Einsatzbilanz und Kostenkalkulation für Maschine:",null,null,null,null,null,null,null,null,11919,{"$f":"IF(ISNA(VLOOKUP($K2,ltSchlepper,2,FALSE))=TRUE,\"\",VLOOKUP($K2,ltSchlepper,2,FALSE))","v":0},null,null,null,null,null,null,null,null,null,null,null,null,"Leistungs-Einheit:",{"$f":"IF(ISNA(VLOOKUP($K2,ltSchlepper,3,FALSE))=TRUE,\"\",VLOOKUP($K2,ltSchlepper,3,FALSE))","v":0}]
[]
[null,"Plan-",{"$f":"\"Einsatzumfang nach Halbmonaten (in \"&$Z$2&\" )\"","v":"Einsatzumfang nach Halbmonaten (in 0 )"},null,null,null,null,null,null,null,null,null,null,null,null,null,null,null,null,null,null,null,null,null,null,null,"Ein-"]
[null,"vari-","Jan",null,"Feb",null,"Mrz",null,"Apr",null,"Mai",null,"Jun",null,"Jul",null,"Aug",null,"Sep",null,"Okt",null,"Nov",null,"Dez",null,"satz"]
[null,"ante","01a","01b","02a","02b","03a","03b","04a","04b","05a","05b","06a","06b","07a","07b","08a","08b","09a","09b","10a","10b","11a","11b","12a","12b","insg."]
[null,"Plan 0",{"$f":"SUMPRODUCT((Planung!$AS$8:$AS$42=$K2)*(Planung!$AV$8:$AV$42)*(Planung!E$8:E$42))+SUMPRODUCT((Planung!$BA$8:$BA$42=$K2)*(Planung!$BD$8:$BD$42)*(Planung!E$8:E$42))+SUMPRODUCT((Planung!$BI$8:$BI$42=$K2)*(Planung!$BL$8:$BL$42)*(Planung!E$8:E$42))+SUMPRODUCT((Planung!$BQ$8:$BQ$42=$K2)*(Planung!$BT$8:$BT$42)*(Planung!E$8:E$42))","v":0},{"$f":"SUMPRODUCT((Planung!$AS$8:$AS$42=$K2)*(Planung!$AV$8:$AV$42)*(Planung!F$8:F$42))+SUMPRODUCT((Planung!$BA$8:$BA$42=$K2)*(Planung!$BD$8:$BD$42)*(Planung!F$8:F$42))+SUMPRODUCT((Planung!$BI$8:$BI$42=$K2)*(Planung!$BL$8:$BL$42)*(Planung!F$8:F$42))+SUMPRODUCT((Planung!$BQ$8:$BQ$42=$K2)*(Planung!$BT$8:$BT$42)*(Planung!F$8:F$42))","v":0},{"$f":"SUMPRODUCT((Planung!$AS$8:$AS$42=$K2)*(Planung!$AV$8:$AV$42)*(Planung!G$8:G$42))+SUMPRODUCT((Planung!$BA$8:$BA$42=$K2)*(Planung!$BD$8:$BD$42)*(Planung!G$8:G$42))+SUMPRODUCT((Planung!$BI$8:$BI$42=$K2)*(Planung!$BL$8:$BL$42)*(Planung!G$8:G$42))+SUMPRODUCT((Planung!$BQ$8:$BQ$42=$K2)*(Planung!$BT$8:$BT$42)*(Planung!G$8:G$42))","v":0},{"$f":"SUMPRODUCT((Planung!$AS$8:$AS$42=$K2)*(Planung!$AV$8:$AV$42)*(Planung!H$8:H$42))+SUMPRODUCT((Planung!$BA$8:$BA$42=$K2)*(Planung!$BD$8:$BD$42)*(Planung!H$8:H$42))+SUMPRODUCT((Planung!$BI$8:$BI$42=$K2)*(Planung!$BL$8:$BL$42)*(Planung!H$8:H$42))+SUMPRODUCT((Planung!$BQ$8:$BQ$42=$K2)*(Planung!$BT$8:$BT$42)*(Planung!H$8:H$42))","v":0},{"$f":"SUMPRODUCT((Planung!$AS$8:$AS$42=$K2)*(Planung!$AV$8:$AV$42)*(Planung!I$8:I$42))+SUMPRODUCT((Planung!$BA$8:$BA$42=$K2)*(Planung!$BD$8:$BD$42)*(Planung!I$8:I$42))+SUMPRODUCT((Planung!$BI$8:$BI$42=$K2)*(Planung!$BL$8:$BL$42)*(Planung!I$8:I$42))+SUMPRODUCT((Planung!$BQ$8:$BQ$42=$K2)*(Planung!$BT$8:$BT$42)*(Planung!I$8:I$42))","v":0},{"$f":"SUMPRODUCT((Planung!$AS$8:$AS$42=$K2)*(Planung!$AV$8:$AV$42)*(Planung!J$8:J$42))+SUMPRODUCT((Planung!$BA$8:$BA$42=$K2)*(Planung!$BD$8:$BD$42)*(Planung!J$8:J$42))+SUMPRODUCT((Planung!$BI$8:$BI$42=$K2)*(Planung!$BL$8:$BL$42)*(Planung!J$8:J$42))+SUMPRODUCT((Planung!$BQ$8:$BQ$42=$K2)*(Planung!$BT$8:$BT$42)*(Planung!J$8:J$42))","v":0},{"$f":"SUMPRODUCT((Planung!$AS$8:$AS$42=$K2)*(Planung!$AV$8:$AV$42)*(Planung!K$8:K$42))+SUMPRODUCT((Planung!$BA$8:$BA$42=$K2)*(Planung!$BD$8:$BD$42)*(Planung!K$8:K$42))+SUMPRODUCT((Planung!$BI$8:$BI$42=$K2)*(Planung!$BL$8:$BL$42)*(Planung!K$8:K$42))+SUMPRODUCT((Planung!$BQ$8:$BQ$42=$K2)*(Planung!$BT$8:$BT$42)*(Planung!K$8:K$42))","v":0},{"$f":"SUMPRODUCT((Planung!$AS$8:$AS$42=$K2)*(Planung!$AV$8:$AV$42)*(Planung!L$8:L$42))+SUMPRODUCT((Planung!$BA$8:$BA$42=$K2)*(Planung!$BD$8:$BD$42)*(Planung!L$8:L$42))+SUMPRODUCT((Planung!$BI$8:$BI$42=$K2)*(Planung!$BL$8:$BL$42)*(Planung!L$8:L$42))+SUMPRODUCT((Planung!$BQ$8:$BQ$42=$K2)*(Planung!$BT$8:$BT$42)*(Planung!L$8:L$42))","v":0},{"$f":"SUMPRODUCT((Planung!$AS$8:$AS$42=$K2)*(Planung!$AV$8:$AV$42)*(Planung!M$8:M$42))+SUMPRODUCT((Planung!$BA$8:$BA$42=$K2)*(Planung!$BD$8:$BD$42)*(Planung!M$8:M$42))+SUMPRODUCT((Planung!$BI$8:$BI$42=$K2)*(Planung!$BL$8:$BL$42)*(Planung!M$8:M$42))+SUMPRODUCT((Planung!$BQ$8:$BQ$42=$K2)*(Planung!$BT$8:$BT$42)*(Planung!M$8:M$42))","v":0},{"$f":"SUMPRODUCT((Planung!$AS$8:$AS$42=$K2)*(Planung!$AV$8:$AV$42)*(Planung!N$8:N$42))+SUMPRODUCT((Planung!$BA$8:$BA$42=$K2)*(Planung!$BD$8:$BD$42)*(Planung!N$8:N$42))+SUMPRODUCT((Planung!$BI$8:$BI$42=$K2)*(Planung!$BL$8:$BL$42)*(Planung!N$8:N$42))+SUMPRODUCT((Planung!$BQ$8:$BQ$42=$K2)*(Planung!$BT$8:$BT$42)*(Planung!N$8:N$42))","v":0},{"$f":"SUMPRODUCT((Planung!$AS$8:$AS$42=$K2)*(Planung!$AV$8:$AV$42)*(Planung!O$8:O$42))+SUMPRODUCT((Planung!$BA$8:$BA$42=$K2)*(Planung!$BD$8:$BD$42)*(Planung!O$8:O$42))+SUMPRODUCT((Planung!$BI$8:$BI$42=$K2)*(Planung!$BL$8:$BL$42)*(Planung!O$8:O$42))+SUMPRODUCT((Planung!$BQ$8:$BQ$42=$K2)*(Planung!$BT$8:$BT$42)*(Planung!O$8:O$42))","v":0},{"$f":"SUMPRODUCT((Planung!$AS$8:$AS$42=$K2)*(Planung!$AV$8:$AV$42)*(Planung!P$8:P$42))+SUMPRODUCT((Planung!$BA$8:$BA$42=$K2)*(Planung!$BD$8:$BD$42)*(Planung!P$8:P$42))+SUMPRODUCT((Planung!$BI$8:$BI$42=$K2)*(Planung!$BL$8:$BL$42)*(Planung!P$8:P$42))+SUMPRODUCT((Planung!$BQ$8:$BQ$42=$K2)*(Planung!$BT$8:$BT$42)*(Planung!P$8:P$42))","v":0},{"$f":"SUMPRODUCT((Planung!$AS$8:$AS$42=$K2)*(Planung!$AV$8:$AV$42)*(Planung!Q$8:Q$42))+SUMPRODUCT((Planung!$BA$8:$BA$42=$K2)*(Planung!$BD$8:$BD$42)*(Planung!Q$8:Q$42))+SUMPRODUCT((Planung!$BI$8:$BI$42=$K2)*(Planung!$BL$8:$BL$42)*(Planung!Q$8:Q$42))+SUMPRODUCT((Planung!$BQ$8:$BQ$42=$K2)*(Planung!$BT$8:$BT$42)*(Planung!Q$8:Q$42))","v":0},{"$f":"SUMPRODUCT((Planung!$AS$8:$AS$42=$K2)*(Planung!$AV$8:$AV$42)*(Planung!R$8:R$42))+SUMPRODUCT((Planung!$BA$8:$BA$42=$K2)*(Planung!$BD$8:$BD$42)*(Planung!R$8:R$42))+SUMPRODUCT((Planung!$BI$8:$BI$42=$K2)*(Planung!$BL$8:$BL$42)*(Planung!R$8:R$42))+SUMPRODUCT((Planung!$BQ$8:$BQ$42=$K2)*(Planung!$BT$8:$BT$42)*(Planung!R$8:R$42))","v":0},{"$f":"SUMPRODUCT((Planung!$AS$8:$AS$42=$K2)*(Planung!$AV$8:$AV$42)*(Planung!S$8:S$42))+SUMPRODUCT((Planung!$BA$8:$BA$42=$K2)*(Planung!$BD$8:$BD$42)*(Planung!S$8:S$42))+SUMPRODUCT((Planung!$BI$8:$BI$42=$K2)*(Planung!$BL$8:$BL$42)*(Planung!S$8:S$42))+SUMPRODUCT((Planung!$BQ$8:$BQ$42=$K2)*(Planung!$BT$8:$BT$42)*(Planung!S$8:S$42))","v":0},{"$f":"SUMPRODUCT((Planung!$AS$8:$AS$42=$K2)*(Planung!$AV$8:$AV$42)*(Planung!T$8:T$42))+SUMPRODUCT((Planung!$BA$8:$BA$42=$K2)*(Planung!$BD$8:$BD$42)*(Planung!T$8:T$42))+SUMPRODUCT((Planung!$BI$8:$BI$42=$K2)*(Planung!$BL$8:$BL$42)*(Planung!T$8:T$42))+SUMPRODUCT((Planung!$BQ$8:$BQ$42=$K2)*(Planung!$BT$8:$BT$42)*(Planung!T$8:T$42))","v":0},{"$f":"SUMPRODUCT((Planung!$AS$8:$AS$42=$K2)*(Planung!$AV$8:$AV$42)*(Planung!U$8:U$42))+SUMPRODUCT((Planung!$BA$8:$BA$42=$K2)*(Planung!$BD$8:$BD$42)*(Planung!U$8:U$42))+SUMPRODUCT((Planung!$BI$8:$BI$42=$K2)*(Planung!$BL$8:$BL$42)*(Planung!U$8:U$42))+SUMPRODUCT((Planung!$BQ$8:$BQ$42=$K2)*(Planung!$BT$8:$BT$42)*(Planung!U$8:U$42))","v":0},{"$f":"SUMPRODUCT((Planung!$AS$8:$AS$42=$K2)*(Planung!$AV$8:$AV$42)*(Planung!V$8:V$42))+SUMPRODUCT((Planung!$BA$8:$BA$42=$K2)*(Planung!$BD$8:$BD$42)*(Planung!V$8:V$42))+SUMPRODUCT((Planung!$BI$8:$BI$42=$K2)*(Planung!$BL$8:$BL$42)*(Planung!V$8:V$42))+SUMPRODUCT((Planung!$BQ$8:$BQ$42=$K2)*(Planung!$BT$8:$BT$42)*(Planung!V$8:V$42))","v":0},{"$f":"SUMPRODUCT((Planung!$AS$8:$AS$42=$K2)*(Planung!$AV$8:$AV$42)*(Planung!W$8:W$42))+SUMPRODUCT((Planung!$BA$8:$BA$42=$K2)*(Planung!$BD$8:$BD$42)*(Planung!W$8:W$42))+SUMPRODUCT((Planung!$BI$8:$BI$42=$K2)*(Planung!$BL$8:$BL$42)*(Planung!W$8:W$42))+SUMPRODUCT((Planung!$BQ$8:$BQ$42=$K2)*(Planung!$BT$8:$BT$42)*(Planung!W$8:W$42))","v":0},{"$f":"SUMPRODUCT((Planung!$AS$8:$AS$42=$K2)*(Planung!$AV$8:$AV$42)*(Planung!X$8:X$42))+SUMPRODUCT((Planung!$BA$8:$BA$42=$K2)*(Planung!$BD$8:$BD$42)*(Planung!X$8:X$42))+SUMPRODUCT((Planung!$BI$8:$BI$42=$K2)*(Planung!$BL$8:$BL$42)*(Planung!X$8:X$42))+SUMPRODUCT((Planung!$BQ$8:$BQ$42=$K2)*(Planung!$BT$8:$BT$42)*(Planung!X$8:X$42))","v":0},{"$f":"SUMPRODUCT((Planung!$AS$8:$AS$42=$K2)*(Planung!$AV$8:$AV$42)*(Planung!Y$8:Y$42))+SUMPRODUCT((Planung!$BA$8:$BA$42=$K2)*(Planung!$BD$8:$BD$42)*(Planung!Y$8:Y$42))+SUMPRODUCT((Planung!$BI$8:$BI$42=$K2)*(Planung!$BL$8:$BL$42)*(Planung!Y$8:Y$42))+SUMPRODUCT((Planung!$BQ$8:$BQ$42=$K2)*(Planung!$BT$8:$BT$42)*(Planung!Y$8:Y$42))","v":0},{"$f":"SUMPRODUCT((Planung!$AS$8:$AS$42=$K2)*(Planung!$AV$8:$AV$42)*(Planung!Z$8:Z$42))+SUMPRODUCT((Planung!$BA$8:$BA$42=$K2)*(Planung!$BD$8:$BD$42)*(Planung!Z$8:Z$42))+SUMPRODUCT((Planung!$BI$8:$BI$42=$K2)*(Planung!$BL$8:$BL$42)*(Planung!Z$8:Z$42))+SUMPRODUCT((Planung!$BQ$8:$BQ$42=$K2)*(Planung!$BT$8:$BT$42)*(Planung!Z$8:Z$42))","v":0},{"$f":"SUMPRODUCT((Planung!$AS$8:$AS$42=$K2)*(Planung!$AV$8:$AV$42)*(Planung!AA$8:AA$42))+SUMPRODUCT((Planung!$BA$8:$BA$42=$K2)*(Planung!$BD$8:$BD$42)*(Planung!AA$8:AA$42))+SUMPRODUCT((Planung!$BI$8:$BI$42=$K2)*(Planung!$BL$8:$BL$42)*(Planung!AA$8:AA$42))+SUMPRODUCT((Planung!$BQ$8:$BQ$42=$K2)*(Planung!$BT$8:$BT$42)*(Planung!AA$8:AA$42))","v":0},{"$f":"SUMPRODUCT((Planung!$AS$8:$AS$42=$K2)*(Planung!$AV$8:$AV$42)*(Planung!AB$8:AB$42))+SUMPRODUCT((Planung!$BA$8:$BA$42=$K2)*(Planung!$BD$8:$BD$42)*(Planung!AB$8:AB$42))+SUMPRODUCT((Planung!$BI$8:$BI$42=$K2)*(Planung!$BL$8:$BL$42)*(Planung!AB$8:AB$42))+SUMPRODUCT((Planung!$BQ$8:$BQ$42=$K2)*(Planung!$BT$8:$BT$42)*(Planung!AB$8:AB$42))","v":0},{"$f":"SUM(C7:Z7)","v":0}]
[null,"Plan 1",{"$f":"SUMPRODUCT((Planung!$AS$79:$AS$114=$K2)*(Planung!$AV$79:$AV$114)*(Planung!E$79:E$114))+SUMPRODUCT((Planung!$BA$79:$BA$114=$K2)*(Planung!$BD$79:$BD$114)*(Planung!E$79:E$114))+SUMPRODUCT((Planung!$BI$79:$BI$114=$K2)*(Planung!$BL$79:$BL$114)*(Planung!E$79:E$114))+SUMPRODUCT((Planung!$BQ$79:$BQ$114=$K2)*(Planung!$BT$79:$BT$114)*(Planung!E$79:E$114))","v":0},{"$f":"SUMPRODUCT((Planung!$AS$79:$AS$114=$K2)*(Planung!$AV$79:$AV$114)*(Planung!F$79:F$114))+SUMPRODUCT((Planung!$BA$79:$BA$114=$K2)*(Planung!$BD$79:$BD$114)*(Planung!F$79:F$114))+SUMPRODUCT((Planung!$BI$79:$BI$114=$K2)*(Planung!$BL$79:$BL$114)*(Planung!F$79:F$114))+SUMPRODUCT((Planung!$BQ$79:$BQ$114=$K2)*(Planung!$BT$79:$BT$114)*(Planung!F$79:F$114))","v":0},{"$f":"SUMPRODUCT((Planung!$AS$79:$AS$114=$K2)*(Planung!$AV$79:$AV$114)*(Planung!G$79:G$114))+SUMPRODUCT((Planung!$BA$79:$BA$114=$K2)*(Planung!$BD$79:$BD$114)*(Planung!G$79:G$114))+SUMPRODUCT((Planung!$BI$79:$BI$114=$K2)*(Planung!$BL$79:$BL$114)*(Planung!G$79:G$114))+SUMPRODUCT((Planung!$BQ$79:$BQ$114=$K2)*(Planung!$BT$79:$BT$114)*(Planung!G$79:G$114))","v":0},{"$f":"SUMPRODUCT((Planung!$AS$79:$AS$114=$K2)*(Planung!$AV$79:$AV$114)*(Planung!H$79:H$114))+SUMPRODUCT((Planung!$BA$79:$BA$114=$K2)*(Planung!$BD$79:$BD$114)*(Planung!H$79:H$114))+SUMPRODUCT((Planung!$BI$79:$BI$114=$K2)*(Planung!$BL$79:$BL$114)*(Planung!H$79:H$114))+SUMPRODUCT((Planung!$BQ$79:$BQ$114=$K2)*(Planung!$BT$79:$BT$114)*(Planung!H$79:H$114))","v":0},{"$f":"SUMPRODUCT((Planung!$AS$79:$AS$114=$K2)*(Planung!$AV$79:$AV$114)*(Planung!I$79:I$114))+SUMPRODUCT((Planung!$BA$79:$BA$114=$K2)*(Planung!$BD$79:$BD$114)*(Planung!I$79:I$114))+SUMPRODUCT((Planung!$BI$79:$BI$114=$K2)*(Planung!$BL$79:$BL$114)*(Planung!I$79:I$114))+SUMPRODUCT((Planung!$BQ$79:$BQ$114=$K2)*(Planung!$BT$79:$BT$114)*(Planung!I$79:I$114))","v":0},{"$f":"SUMPRODUCT((Planung!$AS$79:$AS$114=$K2)*(Planung!$AV$79:$AV$114)*(Planung!J$79:J$114))+SUMPRODUCT((Planung!$BA$79:$BA$114=$K2)*(Planung!$BD$79:$BD$114)*(Planung!J$79:J$114))+SUMPRODUCT((Planung!$BI$79:$BI$114=$K2)*(Planung!$BL$79:$BL$114)*(Planung!J$79:J$114))+SUMPRODUCT((Planung!$BQ$79:$BQ$114=$K2)*(Planung!$BT$79:$BT$114)*(Planung!J$79:J$114))","v":0},{"$f":"SUMPRODUCT((Planung!$AS$79:$AS$114=$K2)*(Planung!$AV$79:$AV$114)*(Planung!K$79:K$114))+SUMPRODUCT((Planung!$BA$79:$BA$114=$K2)*(Planung!$BD$79:$BD$114)*(Planung!K$79:K$114))+SUMPRODUCT((Planung!$BI$79:$BI$114=$K2)*(Planung!$BL$79:$BL$114)*(Planung!K$79:K$114))+SUMPRODUCT((Planung!$BQ$79:$BQ$114=$K2)*(Planung!$BT$79:$BT$114)*(Planung!K$79:K$114))","v":0},{"$f":"SUMPRODUCT((Planung!$AS$79:$AS$114=$K2)*(Planung!$AV$79:$AV$114)*(Planung!L$79:L$114))+SUMPRODUCT((Planung!$BA$79:$BA$114=$K2)*(Planung!$BD$79:$BD$114)*(Planung!L$79:L$114))+SUMPRODUCT((Planung!$BI$79:$BI$114=$K2)*(Planung!$BL$79:$BL$114)*(Planung!L$79:L$114))+SUMPRODUCT((Planung!$BQ$79:$BQ$114=$K2)*(Planung!$BT$79:$BT$114)*(Planung!L$79:L$114))","v":0},{"$f":"SUMPRODUCT((Planung!$AS$79:$AS$114=$K2)*(Planung!$AV$79:$AV$114)*(Planung!M$79:M$114))+SUMPRODUCT((Planung!$BA$79:$BA$114=$K2)*(Planung!$BD$79:$BD$114)*(Planung!M$79:M$114))+SUMPRODUCT((Planung!$BI$79:$BI$114=$K2)*(Planung!$BL$79:$BL$114)*(Planung!M$79:M$114))+SUMPRODUCT((Planung!$BQ$79:$BQ$114=$K2)*(Planung!$BT$79:$BT$114)*(Planung!M$79:M$114))","v":0},{"$f":"SUMPRODUCT((Planung!$AS$79:$AS$114=$K2)*(Planung!$AV$79:$AV$114)*(Planung!N$79:N$114))+SUMPRODUCT((Planung!$BA$79:$BA$114=$K2)*(Planung!$BD$79:$BD$114)*(Planung!N$79:N$114))+SUMPRODUCT((Planung!$BI$79:$BI$114=$K2)*(Planung!$BL$79:$BL$114)*(Planung!N$79:N$114))+SUMPRODUCT((Planung!$BQ$79:$BQ$114=$K2)*(Planung!$BT$79:$BT$114)*(Planung!N$79:N$114))","v":0},{"$f":"SUMPRODUCT((Planung!$AS$79:$AS$114=$K2)*(Planung!$AV$79:$AV$114)*(Planung!O$79:O$114))+SUMPRODUCT((Planung!$BA$79:$BA$114=$K2)*(Planung!$BD$79:$BD$114)*(Planung!O$79:O$114))+SUMPRODUCT((Planung!$BI$79:$BI$114=$K2)*(Planung!$BL$79:$BL$114)*(Planung!O$79:O$114))+SUMPRODUCT((Planung!$BQ$79:$BQ$114=$K2)*(Planung!$BT$79:$BT$114)*(Planung!O$79:O$114))","v":0},{"$f":"SUMPRODUCT((Planung!$AS$79:$AS$114=$K2)*(Planung!$AV$79:$AV$114)*(Planung!P$79:P$114))+SUMPRODUCT((Planung!$BA$79:$BA$114=$K2)*(Planung!$BD$79:$BD$114)*(Planung!P$79:P$114))+SUMPRODUCT((Planung!$BI$79:$BI$114=$K2)*(Planung!$BL$79:$BL$114)*(Planung!P$79:P$114))+SUMPRODUCT((Planung!$BQ$79:$BQ$114=$K2)*(Planung!$BT$79:$BT$114)*(Planung!P$79:P$114))","v":0},{"$f":"SUMPRODUCT((Planung!$AS$79:$AS$114=$K2)*(Planung!$AV$79:$AV$114)*(Planung!Q$79:Q$114))+SUMPRODUCT((Planung!$BA$79:$BA$114=$K2)*(Planung!$BD$79:$BD$114)*(Planung!Q$79:Q$114))+SUMPRODUCT((Planung!$BI$79:$BI$114=$K2)*(Planung!$BL$79:$BL$114)*(Planung!Q$79:Q$114))+SUMPRODUCT((Planung!$BQ$79:$BQ$114=$K2)*(Planung!$BT$79:$BT$114)*(Planung!Q$79:Q$114))","v":0},{"$f":"SUMPRODUCT((Planung!$AS$79:$AS$114=$K2)*(Planung!$AV$79:$AV$114)*(Planung!R$79:R$114))+SUMPRODUCT((Planung!$BA$79:$BA$114=$K2)*(Planung!$BD$79:$BD$114)*(Planung!R$79:R$114))+SUMPRODUCT((Planung!$BI$79:$BI$114=$K2)*(Planung!$BL$79:$BL$114)*(Planung!R$79:R$114))+SUMPRODUCT((Planung!$BQ$79:$BQ$114=$K2)*(Planung!$BT$79:$BT$114)*(Planung!R$79:R$114))","v":0},{"$f":"SUMPRODUCT((Planung!$AS$79:$AS$114=$K2)*(Planung!$AV$79:$AV$114)*(Planung!S$79:S$114))+SUMPRODUCT((Planung!$BA$79:$BA$114=$K2)*(Planung!$BD$79:$BD$114)*(Planung!S$79:S$114))+SUMPRODUCT((Planung!$BI$79:$BI$114=$K2)*(Planung!$BL$79:$BL$114)*(Planung!S$79:S$114))+SUMPRODUCT((Planung!$BQ$79:$BQ$114=$K2)*(Planung!$BT$79:$BT$114)*(Planung!S$79:S$114))","v":0},{"$f":"SUMPRODUCT((Planung!$AS$79:$AS$114=$K2)*(Planung!$AV$79:$AV$114)*(Planung!T$79:T$114))+SUMPRODUCT((Planung!$BA$79:$BA$114=$K2)*(Planung!$BD$79:$BD$114)*(Planung!T$79:T$114))+SUMPRODUCT((Planung!$BI$79:$BI$114=$K2)*(Planung!$BL$79:$BL$114)*(Planung!T$79:T$114))+SUMPRODUCT((Planung!$BQ$79:$BQ$114=$K2)*(Planung!$BT$79:$BT$114)*(Planung!T$79:T$114))","v":0},{"$f":"SUMPRODUCT((Planung!$AS$79:$AS$114=$K2)*(Planung!$AV$79:$AV$114)*(Planung!U$79:U$114))+SUMPRODUCT((Planung!$BA$79:$BA$114=$K2)*(Planung!$BD$79:$BD$114)*(Planung!U$79:U$114))+SUMPRODUCT((Planung!$BI$79:$BI$114=$K2)*(Planung!$BL$79:$BL$114)*(Planung!U$79:U$114))+SUMPRODUCT((Planung!$BQ$79:$BQ$114=$K2)*(Planung!$BT$79:$BT$114)*(Planung!U$79:U$114))","v":0},{"$f":"SUMPRODUCT((Planung!$AS$79:$AS$114=$K2)*(Planung!$AV$79:$AV$114)*(Planung!V$79:V$114))+SUMPRODUCT((Planung!$BA$79:$BA$114=$K2)*(Planung!$BD$79:$BD$114)*(Planung!V$79:V$114))+SUMPRODUCT((Planung!$BI$79:$BI$114=$K2)*(Planung!$BL$79:$BL$114)*(Planung!V$79:V$114))+SUMPRODUCT((Planung!$BQ$79:$BQ$114=$K2)*(Planung!$BT$79:$BT$114)*(Planung!V$79:V$114))","v":0},{"$f":"SUMPRODUCT((Planung!$AS$79:$AS$114=$K2)*(Planung!$AV$79:$AV$114)*(Planung!W$79:W$114))+SUMPRODUCT((Planung!$BA$79:$BA$114=$K2)*(Planung!$BD$79:$BD$114)*(Planung!W$79:W$114))+SUMPRODUCT((Planung!$BI$79:$BI$114=$K2)*(Planung!$BL$79:$BL$114)*(Planung!W$79:W$114))+SUMPRODUCT((Planung!$BQ$79:$BQ$114=$K2)*(Planung!$BT$79:$BT$114)*(Planung!W$79:W$114))","v":0},{"$f":"SUMPRODUCT((Planung!$AS$79:$AS$114=$K2)*(Planung!$AV$79:$AV$114)*(Planung!X$79:X$114))+SUMPRODUCT((Planung!$BA$79:$BA$114=$K2)*(Planung!$BD$79:$BD$114)*(Planung!X$79:X$114))+SUMPRODUCT((Planung!$BI$79:$BI$114=$K2)*(Planung!$BL$79:$BL$114)*(Planung!X$79:X$114))+SUMPRODUCT((Planung!$BQ$79:$BQ$114=$K2)*(Planung!$BT$79:$BT$114)*(Planung!X$79:X$114))","v":0},{"$f":"SUMPRODUCT((Planung!$AS$79:$AS$114=$K2)*(Planung!$AV$79:$AV$114)*(Planung!Y$79:Y$114))+SUMPRODUCT((Planung!$BA$79:$BA$114=$K2)*(Planung!$BD$79:$BD$114)*(Planung!Y$79:Y$114))+SUMPRODUCT((Planung!$BI$79:$BI$114=$K2)*(Planung!$BL$79:$BL$114)*(Planung!Y$79:Y$114))+SUMPRODUCT((Planung!$BQ$79:$BQ$114=$K2)*(Planung!$BT$79:$BT$114)*(Planung!Y$79:Y$114))","v":0},{"$f":"SUMPRODUCT((Planung!$AS$79:$AS$114=$K2)*(Planung!$AV$79:$AV$114)*(Planung!Z$79:Z$114))+SUMPRODUCT((Planung!$BA$79:$BA$114=$K2)*(Planung!$BD$79:$BD$114)*(Planung!Z$79:Z$114))+SUMPRODUCT((Planung!$BI$79:$BI$114=$K2)*(Planung!$BL$79:$BL$114)*(Planung!Z$79:Z$114))+SUMPRODUCT((Planung!$BQ$79:$BQ$114=$K2)*(Planung!$BT$79:$BT$114)*(Planung!Z$79:Z$114))","v":0},{"$f":"SUMPRODUCT((Planung!$AS$79:$AS$114=$K2)*(Planung!$AV$79:$AV$114)*(Planung!AA$79:AA$114))+SUMPRODUCT((Planung!$BA$79:$BA$114=$K2)*(Planung!$BD$79:$BD$114)*(Planung!AA$79:AA$114))+SUMPRODUCT((Planung!$BI$79:$BI$114=$K2)*(Planung!$BL$79:$BL$114)*(Planung!AA$79:AA$114))+SUMPRODUCT((Planung!$BQ$79:$BQ$114=$K2)*(Planung!$BT$79:$BT$114)*(Planung!AA$79:AA$114))","v":0},{"$f":"SUMPRODUCT((Planung!$AS$79:$AS$114=$K2)*(Planung!$AV$79:$AV$114)*(Planung!AB$79:AB$114))+SUMPRODUCT((Planung!$BA$79:$BA$114=$K2)*(Planung!$BD$79:$BD$114)*(Planung!AB$79:AB$114))+SUMPRODUCT((Planung!$BI$79:$BI$114=$K2)*(Planung!$BL$79:$BL$114)*(Planung!AB$79:AB$114))+SUMPRODUCT((Planung!$BQ$79:$BQ$114=$K2)*(Planung!$BT$79:$BT$114)*(Planung!AB$79:AB$114))","v":0},0]
[null,"Plan 2",{"$f":"SUMPRODUCT((Planung!$AS$151:$AS$185=$K2)*(Planung!$AV$151:$AV$185)*(Planung!E$151:E$185))+SUMPRODUCT((Planung!$BA$151:$BA$185=$K2)*(Planung!$BD$151:$BD$185)*(Planung!E$151:E$185))+SUMPRODUCT((Planung!$BI$151:$BI$185=$K2)*(Planung!$BL$151:$BL$185)*(Planung!E$151:E$185))+SUMPRODUCT((Planung!$BQ$151:$BQ$185=$K2)*(Planung!$BT$151:$BT$185)*(Planung!E$151:E$185))","v":0},{"$f":"SUMPRODUCT((Planung!$AS$151:$AS$185=$K2)*(Planung!$AV$151:$AV$185)*(Planung!F$151:F$185))+SUMPRODUCT((Planung!$BA$151:$BA$185=$K2)*(Planung!$BD$151:$BD$185)*(Planung!F$151:F$185))+SUMPRODUCT((Planung!$BI$151:$BI$185=$K2)*(Planung!$BL$151:$BL$185)*(Planung!F$151:F$185))+SUMPRODUCT((Planung!$BQ$151:$BQ$185=$K2)*(Planung!$BT$151:$BT$185)*(Planung!F$151:F$185))","v":0},{"$f":"SUMPRODUCT((Planung!$AS$151:$AS$185=$K2)*(Planung!$AV$151:$AV$185)*(Planung!G$151:G$185))+SUMPRODUCT((Planung!$BA$151:$BA$185=$K2)*(Planung!$BD$151:$BD$185)*(Planung!G$151:G$185))+SUMPRODUCT((Planung!$BI$151:$BI$185=$K2)*(Planung!$BL$151:$BL$185)*(Planung!G$151:G$185))+SUMPRODUCT((Planung!$BQ$151:$BQ$185=$K2)*(Planung!$BT$151:$BT$185)*(Planung!G$151:G$185))","v":0},{"$f":"SUMPRODUCT((Planung!$AS$151:$AS$185=$K2)*(Planung!$AV$151:$AV$185)*(Planung!H$151:H$185))+SUMPRODUCT((Planung!$BA$151:$BA$185=$K2)*(Planung!$BD$151:$BD$185)*(Planung!H$151:H$185))+SUMPRODUCT((Planung!$BI$151:$BI$185=$K2)*(Planung!$BL$151:$BL$185)*(Planung!H$151:H$185))+SUMPRODUCT((Planung!$BQ$151:$BQ$185=$K2)*(Planung!$BT$151:$BT$185)*(Planung!H$151:H$185))","v":0},{"$f":"SUMPRODUCT((Planung!$AS$151:$AS$185=$K2)*(Planung!$AV$151:$AV$185)*(Planung!I$151:I$185))+SUMPRODUCT((Planung!$BA$151:$BA$185=$K2)*(Planung!$BD$151:$BD$185)*(Planung!I$151:I$185))+SUMPRODUCT((Planung!$BI$151:$BI$185=$K2)*(Planung!$BL$151:$BL$185)*(Planung!I$151:I$185))+SUMPRODUCT((Planung!$BQ$151:$BQ$185=$K2)*(Planung!$BT$151:$BT$185)*(Planung!I$151:I$185))","v":0},{"$f":"SUMPRODUCT((Planung!$AS$151:$AS$185=$K2)*(Planung!$AV$151:$AV$185)*(Planung!J$151:J$185))+SUMPRODUCT((Planung!$BA$151:$BA$185=$K2)*(Planung!$BD$151:$BD$185)*(Planung!J$151:J$185))+SUMPRODUCT((Planung!$BI$151:$BI$185=$K2)*(Planung!$BL$151:$BL$185)*(Planung!J$151:J$185))+SUMPRODUCT((Planung!$BQ$151:$BQ$185=$K2)*(Planung!$BT$151:$BT$185)*(Planung!J$151:J$185))","v":0},{"$f":"SUMPRODUCT((Planung!$AS$151:$AS$185=$K2)*(Planung!$AV$151:$AV$185)*(Planung!K$151:K$185))+SUMPRODUCT((Planung!$BA$151:$BA$185=$K2)*(Planung!$BD$151:$BD$185)*(Planung!K$151:K$185))+SUMPRODUCT((Planung!$BI$151:$BI$185=$K2)*(Planung!$BL$151:$BL$185)*(Planung!K$151:K$185))+SUMPRODUCT((Planung!$BQ$151:$BQ$185=$K2)*(Planung!$BT$151:$BT$185)*(Planung!K$151:K$185))","v":0},{"$f":"SUMPRODUCT((Planung!$AS$151:$AS$185=$K2)*(Planung!$AV$151:$AV$185)*(Planung!L$151:L$185))+SUMPRODUCT((Planung!$BA$151:$BA$185=$K2)*(Planung!$BD$151:$BD$185)*(Planung!L$151:L$185))+SUMPRODUCT((Planung!$BI$151:$BI$185=$K2)*(Planung!$BL$151:$BL$185)*(Planung!L$151:L$185))+SUMPRODUCT((Planung!$BQ$151:$BQ$185=$K2)*(Planung!$BT$151:$BT$185)*(Planung!L$151:L$185))","v":0},{"$f":"SUMPRODUCT((Planung!$AS$151:$AS$185=$K2)*(Planung!$AV$151:$AV$185)*(Planung!M$151:M$185))+SUMPRODUCT((Planung!$BA$151:$BA$185=$K2)*(Planung!$BD$151:$BD$185)*(Planung!M$151:M$185))+SUMPRODUCT((Planung!$BI$151:$BI$185=$K2)*(Planung!$BL$151:$BL$185)*(Planung!M$151:M$185))+SUMPRODUCT((Planung!$BQ$151:$BQ$185=$K2)*(Planung!$BT$151:$BT$185)*(Planung!M$151:M$185))","v":0},{"$f":"SUMPRODUCT((Planung!$AS$151:$AS$185=$K2)*(Planung!$AV$151:$AV$185)*(Planung!N$151:N$185))+SUMPRODUCT((Planung!$BA$151:$BA$185=$K2)*(Planung!$BD$151:$BD$185)*(Planung!N$151:N$185))+SUMPRODUCT((Planung!$BI$151:$BI$185=$K2)*(Planung!$BL$151:$BL$185)*(Planung!N$151:N$185))+SUMPRODUCT((Planung!$BQ$151:$BQ$185=$K2)*(Planung!$BT$151:$BT$185)*(Planung!N$151:N$185))","v":0},{"$f":"SUMPRODUCT((Planung!$AS$151:$AS$185=$K2)*(Planung!$AV$151:$AV$185)*(Planung!O$151:O$185))+SUMPRODUCT((Planung!$BA$151:$BA$185=$K2)*(Planung!$BD$151:$BD$185)*(Planung!O$151:O$185))+SUMPRODUCT((Planung!$BI$151:$BI$185=$K2)*(Planung!$BL$151:$BL$185)*(Planung!O$151:O$185))+SUMPRODUCT((Planung!$BQ$151:$BQ$185=$K2)*(Planung!$BT$151:$BT$185)*(Planung!O$151:O$185))","v":0},{"$f":"SUMPRODUCT((Planung!$AS$151:$AS$185=$K2)*(Planung!$AV$151:$AV$185)*(Planung!P$151:P$185))+SUMPRODUCT((Planung!$BA$151:$BA$185=$K2)*(Planung!$BD$151:$BD$185)*(Planung!P$151:P$185))+SUMPRODUCT((Planung!$BI$151:$BI$185=$K2)*(Planung!$BL$151:$BL$185)*(Planung!P$151:P$185))+SUMPRODUCT((Planung!$BQ$151:$BQ$185=$K2)*(Planung!$BT$151:$BT$185)*(Planung!P$151:P$185))","v":0},{"$f":"SUMPRODUCT((Planung!$AS$151:$AS$185=$K2)*(Planung!$AV$151:$AV$185)*(Planung!Q$151:Q$185))+SUMPRODUCT((Planung!$BA$151:$BA$185=$K2)*(Planung!$BD$151:$BD$185)*(Planung!Q$151:Q$185))+SUMPRODUCT((Planung!$BI$151:$BI$185=$K2)*(Planung!$BL$151:$BL$185)*(Planung!Q$151:Q$185))+SUMPRODUCT((Planung!$BQ$151:$BQ$185=$K2)*(Planung!$BT$151:$BT$185)*(Planung!Q$151:Q$185))","v":0},{"$f":"SUMPRODUCT((Planung!$AS$151:$AS$185=$K2)*(Planung!$AV$151:$AV$185)*(Planung!R$151:R$185))+SUMPRODUCT((Planung!$BA$151:$BA$185=$K2)*(Planung!$BD$151:$BD$185)*(Planung!R$151:R$185))+SUMPRODUCT((Planung!$BI$151:$BI$185=$K2)*(Planung!$BL$151:$BL$185)*(Planung!R$151:R$185))+SUMPRODUCT((Planung!$BQ$151:$BQ$185=$K2)*(Planung!$BT$151:$BT$185)*(Planung!R$151:R$185))","v":0},{"$f":"SUMPRODUCT((Planung!$AS$151:$AS$185=$K2)*(Planung!$AV$151:$AV$185)*(Planung!S$151:S$185))+SUMPRODUCT((Planung!$BA$151:$BA$185=$K2)*(Planung!$BD$151:$BD$185)*(Planung!S$151:S$185))+SUMPRODUCT((Planung!$BI$151:$BI$185=$K2)*(Planung!$BL$151:$BL$185)*(Planung!S$151:S$185))+SUMPRODUCT((Planung!$BQ$151:$BQ$185=$K2)*(Planung!$BT$151:$BT$185)*(Planung!S$151:S$185))","v":0},{"$f":"SUMPRODUCT((Planung!$AS$151:$AS$185=$K2)*(Planung!$AV$151:$AV$185)*(Planung!T$151:T$185))+SUMPRODUCT((Planung!$BA$151:$BA$185=$K2)*(Planung!$BD$151:$BD$185)*(Planung!T$151:T$185))+SUMPRODUCT((Planung!$BI$151:$BI$185=$K2)*(Planung!$BL$151:$BL$185)*(Planung!T$151:T$185))+SUMPRODUCT((Planung!$BQ$151:$BQ$185=$K2)*(Planung!$BT$151:$BT$185)*(Planung!T$151:T$185))","v":0},{"$f":"SUMPRODUCT((Planung!$AS$151:$AS$185=$K2)*(Planung!$AV$151:$AV$185)*(Planung!U$151:U$185))+SUMPRODUCT((Planung!$BA$151:$BA$185=$K2)*(Planung!$BD$151:$BD$185)*(Planung!U$151:U$185))+SUMPRODUCT((Planung!$BI$151:$BI$185=$K2)*(Planung!$BL$151:$BL$185)*(Planung!U$151:U$185))+SUMPRODUCT((Planung!$BQ$151:$BQ$185=$K2)*(Planung!$BT$151:$BT$185)*(Planung!U$151:U$185))","v":0},{"$f":"SUMPRODUCT((Planung!$AS$151:$AS$185=$K2)*(Planung!$AV$151:$AV$185)*(Planung!V$151:V$185))+SUMPRODUCT((Planung!$BA$151:$BA$185=$K2)*(Planung!$BD$151:$BD$185)*(Planung!V$151:V$185))+SUMPRODUCT((Planung!$BI$151:$BI$185=$K2)*(Planung!$BL$151:$BL$185)*(Planung!V$151:V$185))+SUMPRODUCT((Planung!$BQ$151:$BQ$185=$K2)*(Planung!$BT$151:$BT$185)*(Planung!V$151:V$185))","v":0},{"$f":"SUMPRODUCT((Planung!$AS$151:$AS$185=$K2)*(Planung!$AV$151:$AV$185)*(Planung!W$151:W$185))+SUMPRODUCT((Planung!$BA$151:$BA$185=$K2)*(Planung!$BD$151:$BD$185)*(Planung!W$151:W$185))+SUMPRODUCT((Planung!$BI$151:$BI$185=$K2)*(Planung!$BL$151:$BL$185)*(Planung!W$151:W$185))+SUMPRODUCT((Planung!$BQ$151:$BQ$185=$K2)*(Planung!$BT$151:$BT$185)*(Planung!W$151:W$185))","v":0},{"$f":"SUMPRODUCT((Planung!$AS$151:$AS$185=$K2)*(Planung!$AV$151:$AV$185)*(Planung!X$151:X$185))+SUMPRODUCT((Planung!$BA$151:$BA$185=$K2)*(Planung!$BD$151:$BD$185)*(Planung!X$151:X$185))+SUMPRODUCT((Planung!$BI$151:$BI$185=$K2)*(Planung!$BL$151:$BL$185)*(Planung!X$151:X$185))+SUMPRODUCT((Planung!$BQ$151:$BQ$185=$K2)*(Planung!$BT$151:$BT$185)*(Planung!X$151:X$185))","v":0},{"$f":"SUMPRODUCT((Planung!$AS$151:$AS$185=$K2)*(Planung!$AV$151:$AV$185)*(Planung!Y$151:Y$185))+SUMPRODUCT((Planung!$BA$151:$BA$185=$K2)*(Planung!$BD$151:$BD$185)*(Planung!Y$151:Y$185))+SUMPRODUCT((Planung!$BI$151:$BI$185=$K2)*(Planung!$BL$151:$BL$185)*(Planung!Y$151:Y$185))+SUMPRODUCT((Planung!$BQ$151:$BQ$185=$K2)*(Planung!$BT$151:$BT$185)*(Planung!Y$151:Y$185))","v":0},{"$f":"SUMPRODUCT((Planung!$AS$151:$AS$185=$K2)*(Planung!$AV$151:$AV$185)*(Planung!Z$151:Z$185))+SUMPRODUCT((Planung!$BA$151:$BA$185=$K2)*(Planung!$BD$151:$BD$185)*(Planung!Z$151:Z$185))+SUMPRODUCT((Planung!$BI$151:$BI$185=$K2)*(Planung!$BL$151:$BL$185)*(Planung!Z$151:Z$185))+SUMPRODUCT((Planung!$BQ$151:$BQ$185=$K2)*(Planung!$BT$151:$BT$185)*(Planung!Z$151:Z$185))","v":0},{"$f":"SUMPRODUCT((Planung!$AS$151:$AS$185=$K2)*(Planung!$AV$151:$AV$185)*(Planung!AA$151:AA$185))+SUMPRODUCT((Planung!$BA$151:$BA$185=$K2)*(Planung!$BD$151:$BD$185)*(Planung!AA$151:AA$185))+SUMPRODUCT((Planung!$BI$151:$BI$185=$K2)*(Planung!$BL$151:$BL$185)*(Planung!AA$151:AA$185))+SUMPRODUCT((Planung!$BQ$151:$BQ$185=$K2)*(Planung!$BT$151:$BT$185)*(Planung!AA$151:AA$185))","v":0},{"$f":"SUMPRODUCT((Planung!$AS$151:$AS$185=$K2)*(Planung!$AV$151:$AV$185)*(Planung!AB$151:AB$185))+SUMPRODUCT((Planung!$BA$151:$BA$185=$K2)*(Planung!$BD$151:$BD$185)*(Planung!AB$151:AB$185))+SUMPRODUCT((Planung!$BI$151:$BI$185=$K2)*(Planung!$BL$151:$BL$185)*(Planung!AB$151:AB$185))+SUMPRODUCT((Planung!$BQ$151:$BQ$185=$K2)*(Planung!$BT$151:$BT$185)*(Planung!AB$151:AB$185))","v":0},0]
[null,"Plan 3",{"$f":"SUMPRODUCT((Planung!$AS$223:$AS$255=$K2)*(Planung!$AV$223:$AV$255)*(Planung!E$223:E$255))+SUMPRODUCT((Planung!$BA$223:$BA$255=$K2)*(Planung!$BD$223:$BD$255)*(Planung!E$223:E$255))+SUMPRODUCT((Planung!$BI$223:$BI$255=$K2)*(Planung!$BL$223:$BL$255)*(Planung!E$223:E$255))+SUMPRODUCT((Planung!$BQ$223:$BQ$255=$K2)*(Planung!$BT$223:$BT$255)*(Planung!E$223:E$255))","v":0},{"$f":"SUMPRODUCT((Planung!$AS$223:$AS$255=$K2)*(Planung!$AV$223:$AV$255)*(Planung!F$223:F$255))+SUMPRODUCT((Planung!$BA$223:$BA$255=$K2)*(Planung!$BD$223:$BD$255)*(Planung!F$223:F$255))+SUMPRODUCT((Planung!$BI$223:$BI$255=$K2)*(Planung!$BL$223:$BL$255)*(Planung!F$223:F$255))+SUMPRODUCT((Planung!$BQ$223:$BQ$255=$K2)*(Planung!$BT$223:$BT$255)*(Planung!F$223:F$255))","v":0},{"$f":"SUMPRODUCT((Planung!$AS$223:$AS$255=$K2)*(Planung!$AV$223:$AV$255)*(Planung!G$223:G$255))+SUMPRODUCT((Planung!$BA$223:$BA$255=$K2)*(Planung!$BD$223:$BD$255)*(Planung!G$223:G$255))+SUMPRODUCT((Planung!$BI$223:$BI$255=$K2)*(Planung!$BL$223:$BL$255)*(Planung!G$223:G$255))+SUMPRODUCT((Planung!$BQ$223:$BQ$255=$K2)*(Planung!$BT$223:$BT$255)*(Planung!G$223:G$255))","v":0},{"$f":"SUMPRODUCT((Planung!$AS$223:$AS$255=$K2)*(Planung!$AV$223:$AV$255)*(Planung!H$223:H$255))+SUMPRODUCT((Planung!$BA$223:$BA$255=$K2)*(Planung!$BD$223:$BD$255)*(Planung!H$223:H$255))+SUMPRODUCT((Planung!$BI$223:$BI$255=$K2)*(Planung!$BL$223:$BL$255)*(Planung!H$223:H$255))+SUMPRODUCT((Planung!$BQ$223:$BQ$255=$K2)*(Planung!$BT$223:$BT$255)*(Planung!H$223:H$255))","v":0},{"$f":"SUMPRODUCT((Planung!$AS$223:$AS$255=$K2)*(Planung!$AV$223:$AV$255)*(Planung!I$223:I$255))+SUMPRODUCT((Planung!$BA$223:$BA$255=$K2)*(Planung!$BD$223:$BD$255)*(Planung!I$223:I$255))+SUMPRODUCT((Planung!$BI$223:$BI$255=$K2)*(Planung!$BL$223:$BL$255)*(Planung!I$223:I$255))+SUMPRODUCT((Planung!$BQ$223:$BQ$255=$K2)*(Planung!$BT$223:$BT$255)*(Planung!I$223:I$255))","v":0},{"$f":"SUMPRODUCT((Planung!$AS$223:$AS$255=$K2)*(Planung!$AV$223:$AV$255)*(Planung!J$223:J$255))+SUMPRODUCT((Planung!$BA$223:$BA$255=$K2)*(Planung!$BD$223:$BD$255)*(Planung!J$223:J$255))+SUMPRODUCT((Planung!$BI$223:$BI$255=$K2)*(Planung!$BL$223:$BL$255)*(Planung!J$223:J$255))+SUMPRODUCT((Planung!$BQ$223:$BQ$255=$K2)*(Planung!$BT$223:$BT$255)*(Planung!J$223:J$255))","v":0},{"$f":"SUMPRODUCT((Planung!$AS$223:$AS$255=$K2)*(Planung!$AV$223:$AV$255)*(Planung!K$223:K$255))+SUMPRODUCT((Planung!$BA$223:$BA$255=$K2)*(Planung!$BD$223:$BD$255)*(Planung!K$223:K$255))+SUMPRODUCT((Planung!$BI$223:$BI$255=$K2)*(Planung!$BL$223:$BL$255)*(Planung!K$223:K$255))+SUMPRODUCT((Planung!$BQ$223:$BQ$255=$K2)*(Planung!$BT$223:$BT$255)*(Planung!K$223:K$255))","v":0},{"$f":"SUMPRODUCT((Planung!$AS$223:$AS$255=$K2)*(Planung!$AV$223:$AV$255)*(Planung!L$223:L$255))+SUMPRODUCT((Planung!$BA$223:$BA$255=$K2)*(Planung!$BD$223:$BD$255)*(Planung!L$223:L$255))+SUMPRODUCT((Planung!$BI$223:$BI$255=$K2)*(Planung!$BL$223:$BL$255)*(Planung!L$223:L$255))+SUMPRODUCT((Planung!$BQ$223:$BQ$255=$K2)*(Planung!$BT$223:$BT$255)*(Planung!L$223:L$255))","v":0},{"$f":"SUMPRODUCT((Planung!$AS$223:$AS$255=$K2)*(Planung!$AV$223:$AV$255)*(Planung!M$223:M$255))+SUMPRODUCT((Planung!$BA$223:$BA$255=$K2)*(Planung!$BD$223:$BD$255)*(Planung!M$223:M$255))+SUMPRODUCT((Planung!$BI$223:$BI$255=$K2)*(Planung!$BL$223:$BL$255)*(Planung!M$223:M$255))+SUMPRODUCT((Planung!$BQ$223:$BQ$255=$K2)*(Planung!$BT$223:$BT$255)*(Planung!M$223:M$255))","v":0},{"$f":"SUMPRODUCT((Planung!$AS$223:$AS$255=$K2)*(Planung!$AV$223:$AV$255)*(Planung!N$223:N$255))+SUMPRODUCT((Planung!$BA$223:$BA$255=$K2)*(Planung!$BD$223:$BD$255)*(Planung!N$223:N$255))+SUMPRODUCT((Planung!$BI$223:$BI$255=$K2)*(Planung!$BL$223:$BL$255)*(Planung!N$223:N$255))+SUMPRODUCT((Planung!$BQ$223:$BQ$255=$K2)*(Planung!$BT$223:$BT$255)*(Planung!N$223:N$255))","v":0},{"$f":"SUMPRODUCT((Planung!$AS$223:$AS$255=$K2)*(Planung!$AV$223:$AV$255)*(Planung!O$223:O$255))+SUMPRODUCT((Planung!$BA$223:$BA$255=$K2)*(Planung!$BD$223:$BD$255)*(Planung!O$223:O$255))+SUMPRODUCT((Planung!$BI$223:$BI$255=$K2)*(Planung!$BL$223:$BL$255)*(Planung!O$223:O$255))+SUMPRODUCT((Planung!$BQ$223:$BQ$255=$K2)*(Planung!$BT$223:$BT$255)*(Planung!O$223:O$255))","v":0},{"$f":"SUMPRODUCT((Planung!$AS$223:$AS$255=$K2)*(Planung!$AV$223:$AV$255)*(Planung!P$223:P$255))+SUMPRODUCT((Planung!$BA$223:$BA$255=$K2)*(Planung!$BD$223:$BD$255)*(Planung!P$223:P$255))+SUMPRODUCT((Planung!$BI$223:$BI$255=$K2)*(Planung!$BL$223:$BL$255)*(Planung!P$223:P$255))+SUMPRODUCT((Planung!$BQ$223:$BQ$255=$K2)*(Planung!$BT$223:$BT$255)*(Planung!P$223:P$255))","v":0},{"$f":"SUMPRODUCT((Planung!$AS$223:$AS$255=$K2)*(Planung!$AV$223:$AV$255)*(Planung!Q$223:Q$255))+SUMPRODUCT((Planung!$BA$223:$BA$255=$K2)*(Planung!$BD$223:$BD$255)*(Planung!Q$223:Q$255))+SUMPRODUCT((Planung!$BI$223:$BI$255=$K2)*(Planung!$BL$223:$BL$255)*(Planung!Q$223:Q$255))+SUMPRODUCT((Planung!$BQ$223:$BQ$255=$K2)*(Planung!$BT$223:$BT$255)*(Planung!Q$223:Q$255))","v":0},{"$f":"SUMPRODUCT((Planung!$AS$223:$AS$255=$K2)*(Planung!$AV$223:$AV$255)*(Planung!R$223:R$255))+SUMPRODUCT((Planung!$BA$223:$BA$255=$K2)*(Planung!$BD$223:$BD$255)*(Planung!R$223:R$255))+SUMPRODUCT((Planung!$BI$223:$BI$255=$K2)*(Planung!$BL$223:$BL$255)*(Planung!R$223:R$255))+SUMPRODUCT((Planung!$BQ$223:$BQ$255=$K2)*(Planung!$BT$223:$BT$255)*(Planung!R$223:R$255))","v":0},{"$f":"SUMPRODUCT((Planung!$AS$223:$AS$255=$K2)*(Planung!$AV$223:$AV$255)*(Planung!S$223:S$255))+SUMPRODUCT((Planung!$BA$223:$BA$255=$K2)*(Planung!$BD$223:$BD$255)*(Planung!S$223:S$255))+SUMPRODUCT((Planung!$BI$223:$BI$255=$K2)*(Planung!$BL$223:$BL$255)*(Planung!S$223:S$255))+SUMPRODUCT((Planung!$BQ$223:$BQ$255=$K2)*(Planung!$BT$223:$BT$255)*(Planung!S$223:S$255))","v":0},{"$f":"SUMPRODUCT((Planung!$AS$223:$AS$255=$K2)*(Planung!$AV$223:$AV$255)*(Planung!T$223:T$255))+SUMPRODUCT((Planung!$BA$223:$BA$255=$K2)*(Planung!$BD$223:$BD$255)*(Planung!T$223:T$255))+SUMPRODUCT((Planung!$BI$223:$BI$255=$K2)*(Planung!$BL$223:$BL$255)*(Planung!T$223:T$255))+SUMPRODUCT((Planung!$BQ$223:$BQ$255=$K2)*(Planung!$BT$223:$BT$255)*(Planung!T$223:T$255))","v":0},{"$f":"SUMPRODUCT((Planung!$AS$223:$AS$255=$K2)*(Planung!$AV$223:$AV$255)*(Planung!U$223:U$255))+SUMPRODUCT((Planung!$BA$223:$BA$255=$K2)*(Planung!$BD$223:$BD$255)*(Planung!U$223:U$255))+SUMPRODUCT((Planung!$BI$223:$BI$255=$K2)*(Planung!$BL$223:$BL$255)*(Planung!U$223:U$255))+SUMPRODUCT((Planung!$BQ$223:$BQ$255=$K2)*(Planung!$BT$223:$BT$255)*(Planung!U$223:U$255))","v":0},{"$f":"SUMPRODUCT((Planung!$AS$223:$AS$255=$K2)*(Planung!$AV$223:$AV$255)*(Planung!V$223:V$255))+SUMPRODUCT((Planung!$BA$223:$BA$255=$K2)*(Planung!$BD$223:$BD$255)*(Planung!V$223:V$255))+SUMPRODUCT((Planung!$BI$223:$BI$255=$K2)*(Planung!$BL$223:$BL$255)*(Planung!V$223:V$255))+SUMPRODUCT((Planung!$BQ$223:$BQ$255=$K2)*(Planung!$BT$223:$BT$255)*(Planung!V$223:V$255))","v":0},{"$f":"SUMPRODUCT((Planung!$AS$223:$AS$255=$K2)*(Planung!$AV$223:$AV$255)*(Planung!W$223:W$255))+SUMPRODUCT((Planung!$BA$223:$BA$255=$K2)*(Planung!$BD$223:$BD$255)*(Planung!W$223:W$255))+SUMPRODUCT((Planung!$BI$223:$BI$255=$K2)*(Planung!$BL$223:$BL$255)*(Planung!W$223:W$255))+SUMPRODUCT((Planung!$BQ$223:$BQ$255=$K2)*(Planung!$BT$223:$BT$255)*(Planung!W$223:W$255))","v":0},{"$f":"SUMPRODUCT((Planung!$AS$223:$AS$255=$K2)*(Planung!$AV$223:$AV$255)*(Planung!X$223:X$255))+SUMPRODUCT((Planung!$BA$223:$BA$255=$K2)*(Planung!$BD$223:$BD$255)*(Planung!X$223:X$255))+SUMPRODUCT((Planung!$BI$223:$BI$255=$K2)*(Planung!$BL$223:$BL$255)*(Planung!X$223:X$255))+SUMPRODUCT((Planung!$BQ$223:$BQ$255=$K2)*(Planung!$BT$223:$BT$255)*(Planung!X$223:X$255))","v":0},{"$f":"SUMPRODUCT((Planung!$AS$223:$AS$255=$K2)*(Planung!$AV$223:$AV$255)*(Planung!Y$223:Y$255))+SUMPRODUCT((Planung!$BA$223:$BA$255=$K2)*(Planung!$BD$223:$BD$255)*(Planung!Y$223:Y$255))+SUMPRODUCT((Planung!$BI$223:$BI$255=$K2)*(Planung!$BL$223:$BL$255)*(Planung!Y$223:Y$255))+SUMPRODUCT((Planung!$BQ$223:$BQ$255=$K2)*(Planung!$BT$223:$BT$255)*(Planung!Y$223:Y$255))","v":0},{"$f":"SUMPRODUCT((Planung!$AS$223:$AS$255=$K2)*(Planung!$AV$223:$AV$255)*(Planung!Z$223:Z$255))+SUMPRODUCT((Planung!$BA$223:$BA$255=$K2)*(Planung!$BD$223:$BD$255)*(Planung!Z$223:Z$255))+SUMPRODUCT((Planung!$BI$223:$BI$255=$K2)*(Planung!$BL$223:$BL$255)*(Planung!Z$223:Z$255))+SUMPRODUCT((Planung!$BQ$223:$BQ$255=$K2)*(Planung!$BT$223:$BT$255)*(Planung!Z$223:Z$255))","v":0},{"$f":"SUMPRODUCT((Planung!$AS$223:$AS$255=$K2)*(Planung!$AV$223:$AV$255)*(Planung!AA$223:AA$255))+SUMPRODUCT((Planung!$BA$223:$BA$255=$K2)*(Planung!$BD$223:$BD$255)*(Planung!AA$223:AA$255))+SUMPRODUCT((Planung!$BI$223:$BI$255=$K2)*(Planung!$BL$223:$BL$255)*(Planung!AA$223:AA$255))+SUMPRODUCT((Planung!$BQ$223:$BQ$255=$K2)*(Planung!$BT$223:$BT$255)*(Planung!AA$223:AA$255))","v":0},{"$f":"SUMPRODUCT((Planung!$AS$223:$AS$255=$K2)*(Planung!$AV$223:$AV$255)*(Planung!AB$223:AB$255))+SUMPRODUCT((Planung!$BA$223:$BA$255=$K2)*(Planung!$BD$223:$BD$255)*(Planung!AB$223:AB$255))+SUMPRODUCT((Planung!$BI$223:$BI$255=$K2)*(Planung!$BL$223:$BL$255)*(Planung!AB$223:AB$255))+SUMPRODUCT((Planung!$BQ$223:$BQ$255=$K2)*(Planung!$BT$223:$BT$255)*(Planung!AB$223:AB$255))","v":0},0]
[null,"Plan 4",{"$f":"SUMPRODUCT((Planung!$AS$293:$AS$326=$K$2)*(Planung!$AV$293:$AV$326)*(Planung!E$293:E$326))+SUMPRODUCT((Planung!$BA$293:$BA$326=$K$2)*(Planung!$BD$293:$BD$326)*(Planung!E$293:E$326))+SUMPRODUCT((Planung!$BI$293:$BI$326=$K$2)*(Planung!$BL$293:$BL$326)*(Planung!E$293:E$326))+SUMPRODUCT((Planung!$BQ$293:$BQ$326=$K$2)*(Planung!$BT$293:$BT$326)*(Planung!E$293:E$326))","v":0},{"$f":"SUMPRODUCT((Planung!$AS$223:$AS$255=$K2)*(Planung!$AV$223:$AV$255)*(Planung!F$223:F$255))+SUMPRODUCT((Planung!$BA$223:$BA$255=$K2)*(Planung!$BD$223:$BD$255)*(Planung!F$223:F$255))+SUMPRODUCT((Planung!$BI$223:$BI$255=$K2)*(Planung!$BL$223:$BL$255)*(Planung!F$223:F$255))+SUMPRODUCT((Planung!$BQ$223:$BQ$255=$K2)*(Planung!$BT$223:$BT$255)*(Planung!F$223:F$255))","v":0},{"$f":"SUMPRODUCT((Planung!$AS$223:$AS$255=$K2)*(Planung!$AV$223:$AV$255)*(Planung!G$223:G$255))+SUMPRODUCT((Planung!$BA$223:$BA$255=$K2)*(Planung!$BD$223:$BD$255)*(Planung!G$223:G$255))+SUMPRODUCT((Planung!$BI$223:$BI$255=$K2)*(Planung!$BL$223:$BL$255)*(Planung!G$223:G$255))+SUMPRODUCT((Planung!$BQ$223:$BQ$255=$K2)*(Planung!$BT$223:$BT$255)*(Planung!G$223:G$255))","v":0},{"$f":"SUMPRODUCT((Planung!$AS$223:$AS$255=$K2)*(Planung!$AV$223:$AV$255)*(Planung!H$223:H$255))+SUMPRODUCT((Planung!$BA$223:$BA$255=$K2)*(Planung!$BD$223:$BD$255)*(Planung!H$223:H$255))+SUMPRODUCT((Planung!$BI$223:$BI$255=$K2)*(Planung!$BL$223:$BL$255)*(Planung!H$223:H$255))+SUMPRODUCT((Planung!$BQ$223:$BQ$255=$K2)*(Planung!$BT$223:$BT$255)*(Planung!H$223:H$255))","v":0},{"$f":"SUMPRODUCT((Planung!$AS$223:$AS$255=$K2)*(Planung!$AV$223:$AV$255)*(Planung!I$223:I$255))+SUMPRODUCT((Planung!$BA$223:$BA$255=$K2)*(Planung!$BD$223:$BD$255)*(Planung!I$223:I$255))+SUMPRODUCT((Planung!$BI$223:$BI$255=$K2)*(Planung!$BL$223:$BL$255)*(Planung!I$223:I$255))+SUMPRODUCT((Planung!$BQ$223:$BQ$255=$K2)*(Planung!$BT$223:$BT$255)*(Planung!I$223:I$255))","v":0},{"$f":"SUMPRODUCT((Planung!$AS$223:$AS$255=$K2)*(Planung!$AV$223:$AV$255)*(Planung!J$223:J$255))+SUMPRODUCT((Planung!$BA$223:$BA$255=$K2)*(Planung!$BD$223:$BD$255)*(Planung!J$223:J$255))+SUMPRODUCT((Planung!$BI$223:$BI$255=$K2)*(Planung!$BL$223:$BL$255)*(Planung!J$223:J$255))+SUMPRODUCT((Planung!$BQ$223:$BQ$255=$K2)*(Planung!$BT$223:$BT$255)*(Planung!J$223:J$255))","v":0},{"$f":"SUMPRODUCT((Planung!$AS$223:$AS$255=$K2)*(Planung!$AV$223:$AV$255)*(Planung!K$223:K$255))+SUMPRODUCT((Planung!$BA$223:$BA$255=$K2)*(Planung!$BD$223:$BD$255)*(Planung!K$223:K$255))+SUMPRODUCT((Planung!$BI$223:$BI$255=$K2)*(Planung!$BL$223:$BL$255)*(Planung!K$223:K$255))+SUMPRODUCT((Planung!$BQ$223:$BQ$255=$K2)*(Planung!$BT$223:$BT$255)*(Planung!K$223:K$255))","v":0},{"$f":"(SUMPRODUCT((Planung!$AS$223:$AS$255=$K2)*(Planung!$AV$223:$AV$255)*(Planung!L$223:L$255))+SUMPRODUCT((Planung!$BA$223:$BA$255=$K2)*(Planung!$BD$223:$BD$255)*(Planung!L$223:L$255))+SUMPRODUCT((Planung!$BI$223:$BI$255=$K2)*(Planung!$BL$223:$BL$255)*(Planung!L$223:L$255))+SUMPRODUCT((Planung!$BQ$223:$BQ$255=$K2)*(Planung!$BT$223:$BT$255)*(Planung!L$223:L$255)))/2","v":0},{"$f":"SUMPRODUCT((Planung!$AS$223:$AS$255=$K2)*(Planung!$AV$223:$AV$255)*(Planung!M$223:M$255))+SUMPRODUCT((Planung!$BA$223:$BA$255=$K2)*(Planung!$BD$223:$BD$255)*(Planung!M$223:M$255))+SUMPRODUCT((Planung!$BI$223:$BI$255=$K2)*(Planung!$BL$223:$BL$255)*(Planung!M$223:M$255))+SUMPRODUCT((Planung!$BQ$223:$BQ$255=$K2)*(Planung!$BT$223:$BT$255)*(Planung!M$223:M$255))","v":0},{"$f":"SUMPRODUCT((Planung!$AS$223:$AS$255=$K2)*(Planung!$AV$223:$AV$255)*(Planung!N$223:N$255))+SUMPRODUCT((Planung!$BA$223:$BA$255=$K2)*(Planung!$BD$223:$BD$255)*(Planung!N$223:N$255))+SUMPRODUCT((Planung!$BI$223:$BI$255=$K2)*(Planung!$BL$223:$BL$255)*(Planung!N$223:N$255))+SUMPRODUCT((Planung!$BQ$223:$BQ$255=$K2)*(Planung!$BT$223:$BT$255)*(Planung!N$223:N$255))","v":0},{"$f":"SUMPRODUCT((Planung!$AS$223:$AS$255=$K2)*(Planung!$AV$223:$AV$255)*(Planung!O$223:O$255))+SUMPRODUCT((Planung!$BA$223:$BA$255=$K2)*(Planung!$BD$223:$BD$255)*(Planung!O$223:O$255))+SUMPRODUCT((Planung!$BI$223:$BI$255=$K2)*(Planung!$BL$223:$BL$255)*(Planung!O$223:O$255))+SUMPRODUCT((Planung!$BQ$223:$BQ$255=$K2)*(Planung!$BT$223:$BT$255)*(Planung!O$223:O$255))","v":0},{"$f":"SUMPRODUCT((Planung!$AS$223:$AS$255=$K2)*(Planung!$AV$223:$AV$255)*(Planung!P$223:P$255))+SUMPRODUCT((Planung!$BA$223:$BA$255=$K2)*(Planung!$BD$223:$BD$255)*(Planung!P$223:P$255))+SUMPRODUCT((Planung!$BI$223:$BI$255=$K2)*(Planung!$BL$223:$BL$255)*(Planung!P$223:P$255))+SUMPRODUCT((Planung!$BQ$223:$BQ$255=$K2)*(Planung!$BT$223:$BT$255)*(Planung!P$223:P$255))","v":0},{"$f":"(SUMPRODUCT((Planung!$AS$223:$AS$255=$K2)*(Planung!$AV$223:$AV$255)*(Planung!Q$223:Q$255))+SUMPRODUCT((Planung!$BA$223:$BA$255=$K2)*(Planung!$BD$223:$BD$255)*(Planung!Q$223:Q$255))+SUMPRODUCT((Planung!$BI$223:$BI$255=$K2)*(Planung!$BL$223:$BL$255)*(Planung!Q$223:Q$255))+SUMPRODUCT((Planung!$BQ$223:$BQ$255=$K2)*(Planung!$BT$223:$BT$255)*(Planung!Q$223:Q$255)))/2","v":0},{"$f":"(SUMPRODUCT((Planung!$AS$223:$AS$255=$K2)*(Planung!$AV$223:$AV$255)*(Planung!R$223:R$255))+SUMPRODUCT((Planung!$BA$223:$BA$255=$K2)*(Planung!$BD$223:$BD$255)*(Planung!R$223:R$255))+SUMPRODUCT((Planung!$BI$223:$BI$255=$K2)*(Planung!$BL$223:$BL$255)*(Planung!R$223:R$255))+SUMPRODUCT((Planung!$BQ$223:$BQ$255=$K2)*(Planung!$BT$223:$BT$255)*(Planung!R$223:R$255)))/2","v":0},{"$f":"(SUMPRODUCT((Planung!$AS$223:$AS$255=$K2)*(Planung!$AV$223:$AV$255)*(Planung!S$223:S$255))+SUMPRODUCT((Planung!$BA$223:$BA$255=$K2)*(Planung!$BD$223:$BD$255)*(Planung!S$223:S$255))+SUMPRODUCT((Planung!$BI$223:$BI$255=$K2)*(Planung!$BL$223:$BL$255)*(Planung!S$223:S$255))+SUMPRODUCT((Planung!$BQ$223:$BQ$255=$K2)*(Planung!$BT$223:$BT$255)*(Planung!S$223:S$255)))/2","v":0},{"$f":"(SUMPRODUCT((Planung!$AS$223:$AS$255=$K2)*(Planung!$AV$223:$AV$255)*(Planung!T$223:T$255))+SUMPRODUCT((Planung!$BA$223:$BA$255=$K2)*(Planung!$BD$223:$BD$255)*(Planung!T$223:T$255))+SUMPRODUCT((Planung!$BI$223:$BI$255=$K2)*(Planung!$BL$223:$BL$255)*(Planung!T$223:T$255))+SUMPRODUCT((Planung!$BQ$223:$BQ$255=$K2)*(Planung!$BT$223:$BT$255)*(Planung!T$223:T$255)))/2","v":0},{"$f":"SUMPRODUCT((Planung!$AS$223:$AS$255=$K2)*(Planung!$AV$223:$AV$255)*(Planung!U$223:U$255))+SUMPRODUCT((Planung!$BA$223:$BA$255=$K2)*(Planung!$BD$223:$BD$255)*(Planung!U$223:U$255))+SUMPRODUCT((Planung!$BI$223:$BI$255=$K2)*(Planung!$BL$223:$BL$255)*(Planung!U$223:U$255))+SUMPRODUCT((Planung!$BQ$223:$BQ$255=$K2)*(Planung!$BT$223:$BT$255)*(Planung!U$223:U$255))","v":0},{"$f":"SUMPRODUCT((Planung!$AS$223:$AS$255=$K2)*(Planung!$AV$223:$AV$255)*(Planung!V$223:V$255))+SUMPRODUCT((Planung!$BA$223:$BA$255=$K2)*(Planung!$BD$223:$BD$255)*(Planung!V$223:V$255))+SUMPRODUCT((Planung!$BI$223:$BI$255=$K2)*(Planung!$BL$223:$BL$255)*(Planung!V$223:V$255))+SUMPRODUCT((Planung!$BQ$223:$BQ$255=$K2)*(Planung!$BT$223:$BT$255)*(Planung!V$223:V$255))","v":0},{"$f":"SUMPRODUCT((Planung!$AS$223:$AS$255=$K2)*(Planung!$AV$223:$AV$255)*(Planung!W$223:W$255))+SUMPRODUCT((Planung!$BA$223:$BA$255=$K2)*(Planung!$BD$223:$BD$255)*(Planung!W$223:W$255))+SUMPRODUCT((Planung!$BI$223:$BI$255=$K2)*(Planung!$BL$223:$BL$255)*(Planung!W$223:W$255))+SUMPRODUCT((Planung!$BQ$223:$BQ$255=$K2)*(Planung!$BT$223:$BT$255)*(Planung!W$223:W$255))","v":0},{"$f":"SUMPRODUCT((Planung!$AS$223:$AS$255=$K2)*(Planung!$AV$223:$AV$255)*(Planung!X$223:X$255))+SUMPRODUCT((Planung!$BA$223:$BA$255=$K2)*(Planung!$BD$223:$BD$255)*(Planung!X$223:X$255))+SUMPRODUCT((Planung!$BI$223:$BI$255=$K2)*(Planung!$BL$223:$BL$255)*(Planung!X$223:X$255))+SUMPRODUCT((Planung!$BQ$223:$BQ$255=$K2)*(Planung!$BT$223:$BT$255)*(Planung!X$223:X$255))","v":0},{"$f":"SUMPRODUCT((Planung!$AS$223:$AS$255=$K2)*(Planung!$AV$223:$AV$255)*(Planung!Y$223:Y$255))+SUMPRODUCT((Planung!$BA$223:$BA$255=$K2)*(Planung!$BD$223:$BD$255)*(Planung!Y$223:Y$255))+SUMPRODUCT((Planung!$BI$223:$BI$255=$K2)*(Planung!$BL$223:$BL$255)*(Planung!Y$223:Y$255))+SUMPRODUCT((Planung!$BQ$223:$BQ$255=$K2)*(Planung!$BT$223:$BT$255)*(Planung!Y$223:Y$255))","v":0},{"$f":"SUMPRODUCT((Planung!$AS$223:$AS$255=$K2)*(Planung!$AV$223:$AV$255)*(Planung!Z$223:Z$255))+SUMPRODUCT((Planung!$BA$223:$BA$255=$K2)*(Planung!$BD$223:$BD$255)*(Planung!Z$223:Z$255))+SUMPRODUCT((Planung!$BI$223:$BI$255=$K2)*(Planung!$BL$223:$BL$255)*(Planung!Z$223:Z$255))+SUMPRODUCT((Planung!$BQ$223:$BQ$255=$K2)*(Planung!$BT$223:$BT$255)*(Planung!Z$223:Z$255))","v":0},{"$f":"SUMPRODUCT((Planung!$AS$223:$AS$255=$K2)*(Planung!$AV$223:$AV$255)*(Planung!AA$223:AA$255))+SUMPRODUCT((Planung!$BA$223:$BA$255=$K2)*(Planung!$BD$223:$BD$255)*(Planung!AA$223:AA$255))+SUMPRODUCT((Planung!$BI$223:$BI$255=$K2)*(Planung!$BL$223:$BL$255)*(Planung!AA$223:AA$255))+SUMPRODUCT((Planung!$BQ$223:$BQ$255=$K2)*(Planung!$BT$223:$BT$255)*(Planung!AA$223:AA$255))","v":0},{"$f":"SUMPRODUCT((Planung!$AS$223:$AS$255=$K2)*(Planung!$AV$223:$AV$255)*(Planung!AB$223:AB$255))+SUMPRODUCT((Planung!$BA$223:$BA$255=$K2)*(Planung!$BD$223:$BD$255)*(Planung!AB$223:AB$255))+SUMPRODUCT((Planung!$BI$223:$BI$255=$K2)*(Planung!$BL$223:$BL$255)*(Planung!AB$223:AB$255))+SUMPRODUCT((Planung!$BQ$223:$BQ$255=$K2)*(Planung!$BT$223:$BT$255)*(Planung!AB$223:AB$255))","v":0},0]
[null,"Plan 5",{"$f":"SUMPRODUCT((Planung!$AS$364:$AS$384=$K$2)*(Planung!$AV$364:$AV$384)*(Planung!E$364:E$384))+SUMPRODUCT((Planung!$BA$364:$BA$384=$K$2)*(Planung!$BD$364:$BD$384)*(Planung!E$364:E$384))+SUMPRODUCT((Planung!$BI$364:$BI$384=$K$2)*(Planung!$BL$364:$BL$384)*(Planung!E$364:E$384))+SUMPRODUCT((Planung!$BQ$364:$BQ$384=$K$2)*(Planung!$BT$364:$BT$384)*(Planung!E$364:E$384))","v":0},{"$f":"SUMPRODUCT((Planung!$AS$364:$AS$384=$K$2)*(Planung!$AV$364:$AV$384)*(Planung!F$364:F$384))+SUMPRODUCT((Planung!$BA$364:$BA$384=$K$2)*(Planung!$BD$364:$BD$384)*(Planung!F$364:F$384))+SUMPRODUCT((Planung!$BI$364:$BI$384=$K$2)*(Planung!$BL$364:$BL$384)*(Planung!F$364:F$384))+SUMPRODUCT((Planung!$BQ$364:$BQ$384=$K$2)*(Planung!$BT$364:$BT$384)*(Planung!F$364:F$384))","v":0},{"$f":"SUMPRODUCT((Planung!$AS$364:$AS$384=$K$2)*(Planung!$AV$364:$AV$384)*(Planung!G$364:G$384))+SUMPRODUCT((Planung!$BA$364:$BA$384=$K$2)*(Planung!$BD$364:$BD$384)*(Planung!G$364:G$384))+SUMPRODUCT((Planung!$BI$364:$BI$384=$K$2)*(Planung!$BL$364:$BL$384)*(Planung!G$364:G$384))+SUMPRODUCT((Planung!$BQ$364:$BQ$384=$K$2)*(Planung!$BT$364:$BT$384)*(Planung!G$364:G$384))","v":0},{"$f":"SUMPRODUCT((Planung!$AS$364:$AS$384=$K$2)*(Planung!$AV$364:$AV$384)*(Planung!H$364:H$384))+SUMPRODUCT((Planung!$BA$364:$BA$384=$K$2)*(Planung!$BD$364:$BD$384)*(Planung!H$364:H$384))+SUMPRODUCT((Planung!$BI$364:$BI$384=$K$2)*(Planung!$BL$364:$BL$384)*(Planung!H$364:H$384))+SUMPRODUCT((Planung!$BQ$364:$BQ$384=$K$2)*(Planung!$BT$364:$BT$384)*(Planung!H$364:H$384))","v":0},{"$f":"SUMPRODUCT((Planung!$AS$364:$AS$384=$K$2)*(Planung!$AV$364:$AV$384)*(Planung!I$364:I$384))+SUMPRODUCT((Planung!$BA$364:$BA$384=$K$2)*(Planung!$BD$364:$BD$384)*(Planung!I$364:I$384))+SUMPRODUCT((Planung!$BI$364:$BI$384=$K$2)*(Planung!$BL$364:$BL$384)*(Planung!I$364:I$384))+SUMPRODUCT((Planung!$BQ$364:$BQ$384=$K$2)*(Planung!$BT$364:$BT$384)*(Planung!I$364:I$384))","v":0},{"$f":"SUMPRODUCT((Planung!$AS$364:$AS$384=$K$2)*(Planung!$AV$364:$AV$384)*(Planung!J$364:J$384))+SUMPRODUCT((Planung!$BA$364:$BA$384=$K$2)*(Planung!$BD$364:$BD$384)*(Planung!J$364:J$384))+SUMPRODUCT((Planung!$BI$364:$BI$384=$K$2)*(Planung!$BL$364:$BL$384)*(Planung!J$364:J$384))+SUMPRODUCT((Planung!$BQ$364:$BQ$384=$K$2)*(Planung!$BT$364:$BT$384)*(Planung!J$364:J$384))","v":0},{"$f":"SUMPRODUCT((Planung!$AS$364:$AS$384=$K$2)*(Planung!$AV$364:$AV$384)*(Planung!K$364:K$384))+SUMPRODUCT((Planung!$BA$364:$BA$384=$K$2)*(Planung!$BD$364:$BD$384)*(Planung!K$364:K$384))+SUMPRODUCT((Planung!$BI$364:$BI$384=$K$2)*(Planung!$BL$364:$BL$384)*(Planung!K$364:K$384))+SUMPRODUCT((Planung!$BQ$364:$BQ$384=$K$2)*(Planung!$BT$364:$BT$384)*(Planung!K$364:K$384))","v":0},{"$f":"SUMPRODUCT((Planung!$AS$364:$AS$384=$K$2)*(Planung!$AV$364:$AV$384)*(Planung!L$364:L$384))+SUMPRODUCT((Planung!$BA$364:$BA$384=$K$2)*(Planung!$BD$364:$BD$384)*(Planung!L$364:L$384))+SUMPRODUCT((Planung!$BI$364:$BI$384=$K$2)*(Planung!$BL$364:$BL$384)*(Planung!L$364:L$384))+SUMPRODUCT((Planung!$BQ$364:$BQ$384=$K$2)*(Planung!$BT$364:$BT$384)*(Planung!L$364:L$384))","v":0},{"$f":"SUMPRODUCT((Planung!$AS$364:$AS$384=$K$2)*(Planung!$AV$364:$AV$384)*(Planung!M$364:M$384))+SUMPRODUCT((Planung!$BA$364:$BA$384=$K$2)*(Planung!$BD$364:$BD$384)*(Planung!M$364:M$384))+SUMPRODUCT((Planung!$BI$364:$BI$384=$K$2)*(Planung!$BL$364:$BL$384)*(Planung!M$364:M$384))+SUMPRODUCT((Planung!$BQ$364:$BQ$384=$K$2)*(Planung!$BT$364:$BT$384)*(Planung!M$364:M$384))","v":0},{"$f":"SUMPRODUCT((Planung!$AS$364:$AS$384=$K$2)*(Planung!$AV$364:$AV$384)*(Planung!N$364:N$384))+SUMPRODUCT((Planung!$BA$364:$BA$384=$K$2)*(Planung!$BD$364:$BD$384)*(Planung!N$364:N$384))+SUMPRODUCT((Planung!$BI$364:$BI$384=$K$2)*(Planung!$BL$364:$BL$384)*(Planung!N$364:N$384))+SUMPRODUCT((Planung!$BQ$364:$BQ$384=$K$2)*(Planung!$BT$364:$BT$384)*(Planung!N$364:N$384))","v":0},{"$f":"SUMPRODUCT((Planung!$AS$364:$AS$384=$K$2)*(Planung!$AV$364:$AV$384)*(Planung!O$364:O$384))+SUMPRODUCT((Planung!$BA$364:$BA$384=$K$2)*(Planung!$BD$364:$BD$384)*(Planung!O$364:O$384))+SUMPRODUCT((Planung!$BI$364:$BI$384=$K$2)*(Planung!$BL$364:$BL$384)*(Planung!O$364:O$384))+SUMPRODUCT((Planung!$BQ$364:$BQ$384=$K$2)*(Planung!$BT$364:$BT$384)*(Planung!O$364:O$384))","v":0},{"$f":"SUMPRODUCT((Planung!$AS$364:$AS$384=$K$2)*(Planung!$AV$364:$AV$384)*(Planung!P$364:P$384))+SUMPRODUCT((Planung!$BA$364:$BA$384=$K$2)*(Planung!$BD$364:$BD$384)*(Planung!P$364:P$384))+SUMPRODUCT((Planung!$BI$364:$BI$384=$K$2)*(Planung!$BL$364:$BL$384)*(Planung!P$364:P$384))+SUMPRODUCT((Planung!$BQ$364:$BQ$384=$K$2)*(Planung!$BT$364:$BT$384)*(Planung!P$364:P$384))","v":0},{"$f":"SUMPRODUCT((Planung!$AS$364:$AS$384=$K$2)*(Planung!$AV$364:$AV$384)*(Planung!Q$364:Q$384))+SUMPRODUCT((Planung!$BA$364:$BA$384=$K$2)*(Planung!$BD$364:$BD$384)*(Planung!Q$364:Q$384))+SUMPRODUCT((Planung!$BI$364:$BI$384=$K$2)*(Planung!$BL$364:$BL$384)*(Planung!Q$364:Q$384))+SUMPRODUCT((Planung!$BQ$364:$BQ$384=$K$2)*(Planung!$BT$364:$BT$384)*(Planung!Q$364:Q$384))","v":0},{"$f":"SUMPRODUCT((Planung!$AS$364:$AS$384=$K$2)*(Planung!$AV$364:$AV$384)*(Planung!R$364:R$384))+SUMPRODUCT((Planung!$BA$364:$BA$384=$K$2)*(Planung!$BD$364:$BD$384)*(Planung!R$364:R$384))+SUMPRODUCT((Planung!$BI$364:$BI$384=$K$2)*(Planung!$BL$364:$BL$384)*(Planung!R$364:R$384))+SUMPRODUCT((Planung!$BQ$364:$BQ$384=$K$2)*(Planung!$BT$364:$BT$384)*(Planung!R$364:R$384))","v":0},{"$f":"SUMPRODUCT((Planung!$AS$364:$AS$384=$K$2)*(Planung!$AV$364:$AV$384)*(Planung!S$364:S$384))+SUMPRODUCT((Planung!$BA$364:$BA$384=$K$2)*(Planung!$BD$364:$BD$384)*(Planung!S$364:S$384))+SUMPRODUCT((Planung!$BI$364:$BI$384=$K$2)*(Planung!$BL$364:$BL$384)*(Planung!S$364:S$384))+SUMPRODUCT((Planung!$BQ$364:$BQ$384=$K$2)*(Planung!$BT$364:$BT$384)*(Planung!S$364:S$384))","v":0},{"$f":"SUMPRODUCT((Planung!$AS$364:$AS$384=$K$2)*(Planung!$AV$364:$AV$384)*(Planung!T$364:T$384))+SUMPRODUCT((Planung!$BA$364:$BA$384=$K$2)*(Planung!$BD$364:$BD$384)*(Planung!T$364:T$384))+SUMPRODUCT((Planung!$BI$364:$BI$384=$K$2)*(Planung!$BL$364:$BL$384)*(Planung!T$364:T$384))+SUMPRODUCT((Planung!$BQ$364:$BQ$384=$K$2)*(Planung!$BT$364:$BT$384)*(Planung!T$364:T$384))","v":0},{"$f":"SUMPRODUCT((Planung!$AS$364:$AS$384=$K$2)*(Planung!$AV$364:$AV$384)*(Planung!U$364:U$384))+SUMPRODUCT((Planung!$BA$364:$BA$384=$K$2)*(Planung!$BD$364:$BD$384)*(Planung!U$364:U$384))+SUMPRODUCT((Planung!$BI$364:$BI$384=$K$2)*(Planung!$BL$364:$BL$384)*(Planung!U$364:U$384))+SUMPRODUCT((Planung!$BQ$364:$BQ$384=$K$2)*(Planung!$BT$364:$BT$384)*(Planung!U$364:U$384))","v":0},{"$f":"SUMPRODUCT((Planung!$AS$364:$AS$384=$K$2)*(Planung!$AV$364:$AV$384)*(Planung!V$364:V$384))+SUMPRODUCT((Planung!$BA$364:$BA$384=$K$2)*(Planung!$BD$364:$BD$384)*(Planung!V$364:V$384))+SUMPRODUCT((Planung!$BI$364:$BI$384=$K$2)*(Planung!$BL$364:$BL$384)*(Planung!V$364:V$384))+SUMPRODUCT((Planung!$BQ$364:$BQ$384=$K$2)*(Planung!$BT$364:$BT$384)*(Planung!V$364:V$384))","v":0},{"$f":"SUMPRODUCT((Planung!$AS$364:$AS$384=$K$2)*(Planung!$AV$364:$AV$384)*(Planung!W$364:W$384))+SUMPRODUCT((Planung!$BA$364:$BA$384=$K$2)*(Planung!$BD$364:$BD$384)*(Planung!W$364:W$384))+SUMPRODUCT((Planung!$BI$364:$BI$384=$K$2)*(Planung!$BL$364:$BL$384)*(Planung!W$364:W$384))+SUMPRODUCT((Planung!$BQ$364:$BQ$384=$K$2)*(Planung!$BT$364:$BT$384)*(Planung!W$364:W$384))","v":0},{"$f":"SUMPRODUCT((Planung!$AS$364:$AS$384=$K$2)*(Planung!$AV$364:$AV$384)*(Planung!X$364:X$384))+SUMPRODUCT((Planung!$BA$364:$BA$384=$K$2)*(Planung!$BD$364:$BD$384)*(Planung!X$364:X$384))+SUMPRODUCT((Planung!$BI$364:$BI$384=$K$2)*(Planung!$BL$364:$BL$384)*(Planung!X$364:X$384))+SUMPRODUCT((Planung!$BQ$364:$BQ$384=$K$2)*(Planung!$BT$364:$BT$384)*(Planung!X$364:X$384))","v":0},{"$f":"SUMPRODUCT((Planung!$AS$364:$AS$384=$K$2)*(Planung!$AV$364:$AV$384)*(Planung!Y$364:Y$384))+SUMPRODUCT((Planung!$BA$364:$BA$384=$K$2)*(Planung!$BD$364:$BD$384)*(Planung!Y$364:Y$384))+SUMPRODUCT((Planung!$BI$364:$BI$384=$K$2)*(Planung!$BL$364:$BL$384)*(Planung!Y$364:Y$384))+SUMPRODUCT((Planung!$BQ$364:$BQ$384=$K$2)*(Planung!$BT$364:$BT$384)*(Planung!Y$364:Y$384))","v":0},{"$f":"SUMPRODUCT((Planung!$AS$364:$AS$384=$K$2)*(Planung!$AV$364:$AV$384)*(Planung!Z$364:Z$384))+SUMPRODUCT((Planung!$BA$364:$BA$384=$K$2)*(Planung!$BD$364:$BD$384)*(Planung!Z$364:Z$384))+SUMPRODUCT((Planung!$BI$364:$BI$384=$K$2)*(Planung!$BL$364:$BL$384)*(Planung!Z$364:Z$384))+SUMPRODUCT((Planung!$BQ$364:$BQ$384=$K$2)*(Planung!$BT$364:$BT$384)*(Planung!Z$364:Z$384))","v":0},{"$f":"SUMPRODUCT((Planung!$AS$364:$AS$384=$K$2)*(Planung!$AV$364:$AV$384)*(Planung!AA$364:AA$384))+SUMPRODUCT((Planung!$BA$364:$BA$384=$K$2)*(Planung!$BD$364:$BD$384)*(Planung!AA$364:AA$384))+SUMPRODUCT((Planung!$BI$364:$BI$384=$K$2)*(Planung!$BL$364:$BL$384)*(Planung!AA$364:AA$384))+SUMPRODUCT((Planung!$BQ$364:$BQ$384=$K$2)*(Planung!$BT$364:$BT$384)*(Planung!AA$364:AA$384))","v":0},{"$f":"SUMPRODUCT((Planung!$AS$364:$AS$384=$K$2)*(Planung!$AV$364:$AV$384)*(Planung!AB$364:AB$384))+SUMPRODUCT((Planung!$BA$364:$BA$384=$K$2)*(Planung!$BD$364:$BD$384)*(Planung!AB$364:AB$384))+SUMPRODUCT((Planung!$BI$364:$BI$384=$K$2)*(Planung!$BL$364:$BL$384)*(Planung!AB$364:AB$384))+SUMPRODUCT((Planung!$BQ$364:$BQ$384=$K$2)*(Planung!$BT$364:$BT$384)*(Planung!AB$364:AB$384))","v":0},0]
[]
[]
[null,null,null,"Plan 0",null,null,null,"Plan 1",null,null,null,"Plan 2",null,null,null,"Plan 3",null,null,null,"Plan 4",null,null,null,"Plan 5"]
[null,null,null,{"$f":"Planung!C4","v":"IST-Betrieb"},null,null,null,{"$f":"Planung!C75","v":"Optimierter IST-Betrieb"},null,null,null,{"$f":"Planung!C147","v":"Strohmühle kaufen"},null,null,null,{"$f":"Planung!C219","v":"Transportgeschäft LKW´s "},null,null,null,{"$f":"Planung!C289","v":"Reduzierung Häckseln"},null,null,null,{"$f":"Planung!C360","v":"Text…"}]
[]
[]
[]
[]
[]
[]
[]
[]
[]
[]
[]
[]
[]
[]
[]
[null,"Plan-","Basisdaten",null,null,null,null,"Feste Kosten je Jahr",null,null,"Auslastung",null,null,null,null,"Feste Kosten je Einheit",null,null,null,"Variable Kosten je Einheit",null,null,null,null,null,null,"Masch."]
[null,"vari-","Ansch.-","Rest-","Sonst.","Normative",null,"bei normativer Nutzung",null,null,"AfA-","Einsatz","Anzahl","Auslastung",null,"Kosten",null,null,"Festko.","Rep.-","Hilfsmitt.,","Fremd-","Diesel",null,"Motoröl-","Var.Ko","kosten"]
[null,"ante","preis","wert","FestKo","Nutz.-dauer",null,"AfA","ZA f.AV","Sonst.","Schw.","aller Ma.","Ma-","je Maschine",null,"AfA","ZA f.AV","Sonst.","insges.","kost.","Material","mechan.","Verbr.","Kosten","Kosten","insges.","insges."]
[null,null,{"$f":"Curr","v":"€"},{"$f":"Curr","v":"€"},{"$f":"Curr&\"/a\"","v":"€/a"},"Jahre","Einh.",{"$f":"Curr&\"/a\"","v":"€/a"},{"$f":"Curr&\"/a\"","v":"€/a"},{"$f":"Curr&\"/a\"","v":"€/a"},"Einh/J","Einh/J","schinen","Einh/J","%",{"$f":"Curr&\"/Einh\"","v":"€/Einh"},{"$f":"Curr&\"/Einh\"","v":"€/Einh"},{"$f":"Curr&\"/Einh\"","v":"€/Einh"},{"$f":"Curr&\"/Einh.\"","v":"€/Einh."},{"$f":"Curr&\"/Einh\"","v":"€/Einh"},{"$f":"Curr&\"/Einh\"","v":"€/Einh"},{"$f":"Curr&\"/Einh\"","v":"€/Einh"},"l/Einh.",{"$f":"Curr&\"/Einh\"","v":"€/Einh"},{"$f":"Curr&\"/Einh\"","v":"€/Einh"},{"$f":"Curr&\"/Einh.\"","v":"€/Einh."},{"$f":"Curr&\"/Einh\"","v":"€/Einh"}]
[null,"Pausch",{"$f":"IF(ISNA(VLOOKUP($K2,ltSchlepper,Maschinen!R$6,0)),0,VLOOKUP($K2,ltSchlepper,Maschinen!R$6,0))","v":0},{"$f":"IF(ISNA(VLOOKUP($K2,ltSchlepper,Maschinen!S$6,0)),0,VLOOKUP($K2,ltSchlepper,Maschinen!S$6,0))","v":0},{"$f":"IF(ISNA(VLOOKUP($K2,ltSchlepper,Maschinen!T$6,0)),0,VLOOKUP($K2,ltSchlepper,Maschinen!T$6,0))","v":0},{"$f":"IF(ISNA(VLOOKUP($K2,ltSchlepper,Maschinen!U$6,0)),0,VLOOKUP($K2,ltSchlepper,Maschinen!U$6,0))","v":0},{"$f":"IF(ISNA(VLOOKUP($K2,ltSchlepper,Maschinen!V$6,0)),0,VLOOKUP($K2,ltSchlepper,Maschinen!V$6,0))","v":0},{"$f":"IF(F36=0,0,(C36-D36)/F36)","v":0},{"$f":"(C36+D36)/2*Interest","v":0},{"$f":"E36","v":0},{"$f":"IF(ISNA(VLOOKUP($K2,ltSchlepper,Maschinen!X$6,0)),0,VLOOKUP($K2,ltSchlepper,Maschinen!X$6,0))","v":0},"-","-",{"$f":"O36*K36","v":0},{"$f":"AuslastPauschTr","v":0.8},{"$f":"IF(OR(F36=0,K36=0,O36=0),0,IF(O36>1,(C36-D36)/G36,((C36-D36)/F36)/N36))","v":0},{"$f":"IF(OR(K36=0,O36=0),0,((C36+D36)/2*Interest)/N36)","v":0},{"$f":"IF(N36=0,0,E36/N36)","v":0},{"$f":"SUM(P36:R36)","v":0},{"$f":"IF(ISNA(VLOOKUP($K2,ltSchlepper,Maschinen!K$6,0)),0,VLOOKUP($K2,ltSchlepper,Maschinen!K$6,0))","v":0},{"$f":"IF(ISNA(VLOOKUP($K2,ltSchlepper,Maschinen!L$6,0)),0,VLOOKUP($K2,ltSchlepper,Maschinen!L$6,0))","v":0},{"$f":"IF(ISNA(VLOOKUP($K2,ltSchlepper,Maschinen!M$6,0)),0,VLOOKUP($K2,ltSchlepper,Maschinen!M$6,0))","v":0},{"$f":"IF(ISNA(VLOOKUP($K2,ltSchlepper,Maschinen!N$6,0)),0,VLOOKUP($K2,ltSchlepper,Maschinen!N$6,0))","v":0},{"$f":"W36*PreisDiesel","v":0},{"$f":"W36*AnteilOel*PreisOel","v":0},{"$f":"SUM(T36:Y36)","v":0},{"$f":"IF(N36=0,\"\",S36+Z36)","v":""}]
[null,"Individ.",{"$f":"C36","v":0},0,0,0,0,{"$f":"IF(F37=0,0,(C37-D37)/F37)","v":0},{"$f":"(C37+D37)/2*Interest","v":0},{"$f":"E37","v":0},{"$f":"K36","v":0},"-","-",1000,{"$f":"N37/$K$36","v":{"$error":"#DIV/0!"}},{"$f":"IF(OR(F37=0,K37=0,O37=0),0,IF(O37>1,(C37-D37)/G37,((C37-D37)/F37)/N37))","v":{"$error":"#DIV/0!"}},{"$f":"IF(OR(K37=0,O37=0),0,((C37+D37)/2*Interest)/N37)","v":{"$error":"#DIV/0!"}},{"$f":"IF(N37=0,0,E37/N37)","v":0},{"$f":"SUM(P37:R37)","v":{"$error":"#DIV/0!"}},{"$f":"T36","v":0},0,0,0,{"$f":"W37*PreisDiesel","v":0},{"$f":"W37*AnteilOel*PreisOel","v":0},{"$f":"SUM(T37:Y37)","v":0},{"$f":"IF(N37=0,\"\",S37+Z37)","v":{"$error":"#DIV/0!"}}]
[null,"Plan 0",0,0,0,0,0,{"$f":"IF(F38=0,0,(C38-D38)/F38)","v":0},{"$f":"(C38+D38)/2*Interest","v":0},{"$f":"E38","v":0},0,{"$f":"AA7","v":0},{"$f":"IF(L38=0,0,IF(VLOOKUP(MaschVergleichCode,ltSchlepper,Maschinen!$E$6,0)=0,1,VLOOKUP(MaschVergleichCode,ltSchlepper,Maschinen!$E$6,0)))","v":0},{"$f":"IF(M38=0,0,L38/M38)","v":0},{"$error":"#DIV/0!"},{"$f":"IF(OR(F38=0,K38=0,O38=0),0,IF(O38>1,(C38-D38)/G38,((C38-D38)/F38)/N38))","v":{"$error":"#DIV/0!"}},{"$f":"IF(OR(K38=0,O38=0),0,((C38+D38)/2*Interest)/N38)","v":{"$error":"#DIV/0!"}},{"$f":"IF(N38=0,0,E38/N38)","v":0},{"$f":"SUM(P38:R38)","v":{"$error":"#DIV/0!"}},0,0,0,0,{"$f":"W38*PreisDiesel","v":0},{"$f":"W38*AnteilOel*PreisOel","v":0},{"$f":"SUM(T38:Y38)","v":0},""]
[null,"Plan 1",0,0,0,0,0,{"$f":"IF(F39=0,0,(C39-D39)/F39)","v":0},{"$f":"(C39+D39)/2*Interest","v":0},{"$f":"E39","v":0},0,0,{"$f":"IF(L39=0,0,IF(VLOOKUP(MaschVergleichCode,ltSchlepper,Maschinen!$F$6,0)=0,1,VLOOKUP(MaschVergleichCode,ltSchlepper,Maschinen!$F$6,0)))","v":0},0,{"$error":"#DIV/0!"},{"$f":"IF(OR(F39=0,K39=0,O39=0),0,IF(O39>1,(C39-D39)/G39,((C39-D39)/F39)/N39))","v":{"$error":"#DIV/0!"}},{"$f":"IF(OR(K39=0,O39=0),0,((C39+D39)/2*Interest)/N39)","v":{"$error":"#DIV/0!"}},{"$f":"IF(N39=0,0,E39/N39)","v":0},{"$f":"SUM(P39:R39)","v":{"$error":"#DIV/0!"}},0,0,0,0,{"$f":"W39*PreisDiesel","v":0},{"$f":"W39*AnteilOel*PreisOel","v":0},{"$f":"SUM(T39:Y39)","v":0},""]
[null,"Plan 2",{"$f":"C39","v":0},0,0,0,0,0,0,0,0,0,{"$f":"IF(L40=0,0,IF(VLOOKUP(MaschVergleichCode,ltSchlepper,Maschinen!$G$6,0)=0,1,VLOOKUP(MaschVergleichCode,ltSchlepper,Maschinen!$G$6,0)))","v":0},0,{"$error":"#DIV/0!"},{"$error":"#DIV/0!"},{"$error":"#DIV/0!"},0,{"$error":"#DIV/0!"},{"$f":"T39","v":0},0,0,0,0,0,0,""]
[null,"Plan 3",0,0,0,0,0,0,0,0,0,0,{"$f":"IF(L41=0,0,IF(VLOOKUP(MaschVergleichCode,ltSchlepper,Maschinen!$H$6,0)=0,1,VLOOKUP(MaschVergleichCode,ltSchlepper,Maschinen!$H$6,0)))","v":0},0,{"$error":"#DIV/0!"},{"$error":"#DIV/0!"},{"$error":"#DIV/0!"},0,{"$error":"#DIV/0!"},0,0,0,0,0,0,0,""]
[null,"Plan 4",0,0,0,0,0,0,0,0,0,0,{"$f":"IF(L42=0,0,IF(VLOOKUP(MaschVergleichCode,ltSchlepper,Maschinen!$I$6,0)=0,1,VLOOKUP(MaschVergleichCode,ltSchlepper,Maschinen!$I$6,0)))","v":0},0,{"$error":"#DIV/0!"},{"$error":"#DIV/0!"},{"$error":"#DIV/0!"},0,{"$error":"#DIV/0!"},0,0,0,0,0,0,0,""]
[null,"Plan 5",0,0,0,0,0,0,0,0,0,0,{"$f":"IF(L43=0,0,IF(VLOOKUP(MaschVergleichCode,ltSchlepper,Maschinen!$J$6,0)=0,1,VLOOKUP(MaschVergleichCode,ltSchlepper,Maschinen!$J$6,0)))","v":0},0,{"$error":"#DIV/0!"},{"$error":"#DIV/0!"},{"$error":"#DIV/0!"},0,{"$error":"#DIV/0!"},0,0,0,0,0,0,0,""]
[]
[]
[]
[]
[]
[]
[]
[]
[]
[]
[]
[]
[]
[]
[null,"Wertetabelle für das Diagramm:"]
[]
[null,null,"Plan 0",null,null,null,null,null,null,null,null,null,null,null,null,null,null,null,null,null,null,null,null,null,null,null,null,null,"Plan 1",null,null,null,null,null,null,null,null,null,null,null,null,null,null,null,null,null,null,null,null,null,null,null,null,null,"Plan 2",null,null,null,null,null,null,null,null,null,null,null,null,null,null,null,null,null,null,null,null,null,null,null,null,null,"Plan 3",null,null,null,null,null,null,null,null,null,null,null,null,null,null,null,null,null,null,null,null,null,null,null,null,null,"Plan 4",null,null,null,null,null,null,null,null,null,null,null,null,null,null,null,null,null,null,null,null,null,null,null,null,null,"Plan 5"]
[null,null,"01a","01b","02a","02b","03a","03b","04a","04b","05a","05b","06a","06b","07a","07b","08a","08b","09a","09b","10a","10b","11a","11b","12a","12b","-","-","01a","01b","02a","02b","03a","03b","04a","04b","05a","05b","06a","06b","07a","07b","08a","08b","09a","09b","10a","10b","11a","11b","12a","12b","-","-","01a","01b","02a","02b","03a","03b","04a","04b","05a","05b","06a","06b","07a","07b","08a","08b","09a","09b","10a","10b","11a","11b","12a","12b","-","-","01a","01b","02a","02b","03a","03b","04a","04b","05a","05b","06a","06b","07a","07b","08a","08b","09a","09b","10a","10b","11a","11b","12a","12b","-","-","01a","01b","02a","02b","03a","03b","04a","04b","05a","05b","06a","06b","07a","07b","08a","08b","09a","09b","10a","10b","11a","11b","12a","12b","-","-","01a","01b","02a","02b","03a","03b","04a","04b","05a","05b","06a","06b","07a","07b","08a","08b","09a","09b","10a","10b","11a","11b","12a","12b"]
[null,"Jan",{"$f":"C7","v":0},{"$f":"D7","v":0},null,null,null,null,null,null,null,null,null,null,null,null,null,null,null,null,null,null,null,null,null,null,null,null,{"$f":"C8","v":0},{"$f":"D8","v":0},null,null,null,null,null,null,null,null,null,null,null,null,null,null,null,null,null,null,null,null,null,null,null,null,{"$f":"C9","v":0},{"$f":"D9","v":0},null,null,null,null,null,null,null,null,null,null,null,null,null,null,null,null,null,null,null,null,null,null,null,null,{"$f":"C10","v":0},{"$f":"D10","v":0},null,null,null,null,null,null,null,null,null,null,null,null,null,null,null,null,null,null,null,null,null,null,null,null,{"$f":"C11","v":0},{"$f":"D11","v":0},null,null,null,null,null,null,null,null,null,null,null,null,null,null,null,null,null,null,null,null,null,null,null,null,{"$f":"C12","v":0},{"$f":"D12","v":0}]
[null,"Feb",null,null,{"$f":"E7","v":0},{"$f":"F7","v":0},null,null,null,null,null,null,null,null,null,null,null,null,null,null,null,null,null,null,null,null,null,null,null,null,{"$f":"E8","v":0},{"$f":"F8","v":0},null,null,null,null,null,null,null,null,null,null,null,null,null,null,null,null,null,null,null,null,null,null,null,null,{"$f":"E9","v":0},{"$f":"F9","v":0},null,null,null,null,null,null,null,null,null,null,null,null,null,null,null,null,null,null,null,null,null,null,null,null,{"$f":"E10","v":0},{"$f":"F10","v":0},null,null,null,null,null,null,null,null,null,null,null,null,null,null,null,null,null,null,null,null,null,null,null,null,{"$f":"E11","v":0},{"$f":"F11","v":0},null,null,null,null,null,null,null,null,null,null,null,null,null,null,null,null,null,null,null,null,null,null,null,null,{"$f":"E12","v":0},{"$f":"F12","v":0}]
[null,"Mrz",null,null,null,null,{"$f":"G7","v":0},{"$f":"H7","v":0},null,null,null,null,null,null,null,null,null,null,null,null,null,null,null,null,null,null,null,null,null,null,null,null,{"$f":"G8","v":0},{"$f":"H8","v":0},null,null,null,null,null,null,null,null,null,null,null,null,null,null,null,null,null,null,null,null,null,null,null,null,{"$f":"G9","v":0},{"$f":"H9","v":0},null,null,null,null,null,null,null,null,null,null,null,null,null,null,null,null,null,null,null,null,null,null,null,null,{"$f":"G10","v":0},{"$f":"H10","v":0},null,null,null,null,null,null,null,null,null,null,null,null,null,null,null,null,null,null,null,null,null,null,null,null,{"$f":"G11","v":0},{"$f":"H11","v":0},null,null,null,null,null,null,null,null,null,null,null,null,null,null,null,null,null,null,null,null,null,null,null,null,{"$f":"G12","v":0},{"$f":"H12","v":0}]
[null,"Apr",null,null,null,null,null,null,{"$f":"I7","v":0},{"$f":"J7","v":0},null,null,null,null,null,null,null,null,null,null,null,null,null,null,null,null,null,null,null,null,null,null,null,null,{"$f":"I8","v":0},{"$f":"J8","v":0},null,null,null,null,null,null,null,null,null,null,null,null,null,null,null,null,null,null,null,null,null,null,null,null,{"$f":"I9","v":0},{"$f":"J9","v":0},null,null,null,null,null,null,null,null,null,null,null,null,null,null,null,null,null,null,null,null,null,null,null,null,{"$f":"I10","v":0},{"$f":"J10","v":0},null,null,null,null,null,null,null,null,null,null,null,null,null,null,null,null,null,null,null,null,null,null,null,null,{"$f":"I11","v":0},{"$f":"J11","v":0},null,null,null,null,null,null,null,null,null,null,null,null,null,null,null,null,null,null,null,null,null,null,null,null,{"$f":"I12","v":0},{"$f":"J12","v":0}]
[null,"Mai",null,null,null,null,null,null,null,null,{"$f":"K7","v":0},{"$f":"L7","v":0},null,null,null,null,null,null,null,null,null,null,null,null,null,null,null,null,null,null,null,null,null,null,null,null,{"$f":"K8","v":0},{"$f":"L8","v":0},null,null,null,null,null,null,null,null,null,null,null,null,null,null,null,null,null,null,null,null,null,null,null,null,{"$f":"K9","v":0},{"$f":"L9","v":0},null,null,null,null,null,null,null,null,null,null,null,null,null,null,null,null,null,null,null,null,null,null,null,null,{"$f":"K10","v":0},{"$f":"L10","v":0},null,null,null,null,null,null,null,null,null,null,null,null,null,null,null,null,null,null,null,null,null,null,null,null,{"$f":"K11","v":0},{"$f":"L11","v":0},null,null,null,null,null,null,null,null,null,null,null,null,null,null,null,null,null,null,null,null,null,null,null,null,{"$f":"K12","v":0},{"$f":"L12","v":0}]
[null,"Jun",null,null,null,null,null,null,null,null,null,null,{"$f":"M7","v":0},{"$f":"N7","v":0},null,null,null,null,null,null,null,null,null,null,null,null,null,null,null,null,null,null,null,null,null,null,null,null,{"$f":"M8","v":0},{"$f":"N8","v":0},null,null,null,null,null,null,null,null,null,null,null,null,null,null,null,null,null,null,null,null,null,null,null,null,{"$f":"M9","v":0},{"$f":"N9","v":0},null,null,null,null,null,null,null,null,null,null,null,null,null,null,null,null,null,null,null,null,null,null,null,null,{"$f":"M10","v":0},{"$f":"N10","v":0},null,null,null,null,null,null,null,null,null,null,null,null,null,null,null,null,null,null,null,null,null,null,null,null,{"$f":"M11","v":0},{"$f":"N11","v":0},null,null,null,null,null,null,null,null,null,null,null,null,null,null,null,null,null,null,null,null,null,null,null,null,{"$f":"M12","v":0},{"$f":"N12","v":0}]
[null,"Jul",null,null,null,null,null,null,null,null,null,null,null,null,{"$f":"O7","v":0},{"$f":"P7","v":0},null,null,null,null,null,null,null,null,null,null,null,null,null,null,null,null,null,null,null,null,null,null,null,null,{"$f":"O8","v":0},{"$f":"P8","v":0},null,null,null,null,null,null,null,null,null,null,null,null,null,null,null,null,null,null,null,null,null,null,null,null,{"$f":"O9","v":0},{"$f":"P9","v":0},null,null,null,null,null,null,null,null,null,null,null,null,null,null,null,null,null,null,null,null,null,null,null,null,{"$f":"O10","v":0},{"$f":"P10","v":0},null,null,null,null,null,null,null,null,null,null,null,null,null,null,null,null,null,null,null,null,null,null,null,null,{"$f":"O11","v":0},{"$f":"P11","v":0},null,null,null,null,null,null,null,null,null,null,null,null,null,null,null,null,null,null,null,null,null,null,null,null,{"$f":"O12","v":0},{"$f":"P12","v":0}]
[null,"Aug",null,null,null,null,null,null,null,null,null,null,null,null,null,null,{"$f":"Q7","v":0},{"$f":"R7","v":0},null,null,null,null,null,null,null,null,null,null,null,null,null,null,null,null,null,null,null,null,null,null,null,null,{"$f":"Q8","v":0},{"$f":"R8","v":0},null,null,null,null,null,null,null,null,null,null,null,null,null,null,null,null,null,null,null,null,null,null,null,null,{"$f":"Q9","v":0},{"$f":"R9","v":0},null,null,null,null,null,null,null,null,null,null,null,null,null,null,null,null,null,null,null,null,null,null,null,null,{"$f":"Q10","v":0},{"$f":"R10","v":0},null,null,null,null,null,null,null,null,null,null,null,null,null,null,null,null,null,null,null,null,null,null,null,null,{"$f":"Q11","v":0},{"$f":"R11","v":0},null,null,null,null,null,null,null,null,null,null,null,null,null,null,null,null,null,null,null,null,null,null,null,null,{"$f":"Q12","v":0},{"$f":"R12","v":0}]
[null,"Sep",null,null,null,null,null,null,null,null,null,null,null,null,null,null,null,null,{"$f":"S7","v":0},{"$f":"T7","v":0},null,null,null,null,null,null,null,null,null,null,null,null,null,null,null,null,null,null,null,null,null,null,null,null,{"$f":"S8","v":0},{"$f":"T8","v":0},null,null,null,null,null,null,null,null,null,null,null,null,null,null,null,null,null,null,null,null,null,null,null,null,{"$f":"S9","v":0},{"$f":"T9","v":0},null,null,null,null,null,null,null,null,null,null,null,null,null,null,null,null,null,null,null,null,null,null,null,null,{"$f":"S10","v":0},{"$f":"T10","v":0},null,null,null,null,null,null,null,null,null,null,null,null,null,null,null,null,null,null,null,null,null,null,null,null,{"$f":"S11","v":0},{"$f":"T11","v":0},null,null,null,null,null,null,null,null,null,null,null,null,null,null,null,null,null,null,null,null,null,null,null,null,{"$f":"S12","v":0},{"$f":"T12","v":0}]
[null,"Okt",null,null,null,null,null,null,null,null,null,null,null,null,null,null,null,null,null,null,{"$f":"U7","v":0},{"$f":"V7","v":0},null,null,null,null,null,null,null,null,null,null,null,null,null,null,null,null,null,null,null,null,null,null,null,null,{"$f":"U8","v":0},{"$f":"V8","v":0},null,null,null,null,null,null,null,null,null,null,null,null,null,null,null,null,null,null,null,null,null,null,null,null,{"$f":"U9","v":0},{"$f":"V9","v":0},null,null,null,null,null,null,null,null,null,null,null,null,null,null,null,null,null,null,null,null,null,null,null,null,{"$f":"U10","v":0},{"$f":"V10","v":0},null,null,null,null,null,null,null,null,null,null,null,null,null,null,null,null,null,null,null,null,null,null,null,null,{"$f":"U11","v":0},{"$f":"V11","v":0},null,null,null,null,null,null,null,null,null,null,null,null,null,null,null,null,null,null,null,null,null,null,null,null,{"$f":"U12","v":0},{"$f":"V12","v":0}]
[null,"Nov",null,null,null,null,null,null,null,null,null,null,null,null,null,null,null,null,null,null,null,null,{"$f":"W7","v":0},{"$f":"X7","v":0},null,null,null,null,null,null,null,null,null,null,null,null,null,null,null,null,null,null,null,null,null,null,null,null,{"$f":"W8","v":0},{"$f":"X8","v":0},null,null,null,null,null,null,null,null,null,null,null,null,null,null,null,null,null,null,null,null,null,null,null,null,{"$f":"W9","v":0},{"$f":"X9","v":0},null,null,null,null,null,null,null,null,null,null,null,null,null,null,null,null,null,null,null,null,null,null,null,null,{"$f":"W10","v":0},{"$f":"X10","v":0},null,null,null,null,null,null,null,null,null,null,null,null,null,null,null,null,null,null,null,null,null,null,null,null,{"$f":"W11","v":0},{"$f":"X11","v":0},null,null,null,null,null,null,null,null,null,null,null,null,null,null,null,null,null,null,null,null,null,null,null,null,{"$f":"W12","v":0},{"$f":"X12","v":0}]
[null,"Dez",null,null,null,null,null,null,null,null,null,null,null,null,null,null,null,null,null,null,null,null,null,null,{"$f":"Y7","v":0},{"$f":"Z7","v":0},null,null,null,null,null,null,null,null,null,null,null,null,null,null,null,null,null,null,null,null,null,null,null,null,{"$f":"Y8","v":0},{"$f":"Z8","v":0},null,null,null,null,null,null,null,null,null,null,null,null,null,null,null,null,null,null,null,null,null,null,null,null,{"$f":"Y9","v":0},{"$f":"Z9","v":0},null,null,null,null,null,null,null,null,null,null,null,null,null,null,null,null,null,null,null,null,null,null,null,null,{"$f":"Y10","v":0},{"$f":"Z10","v":0},null,null,null,null,null,null,null,null,null,null,null,null,null,null,null,null,null,null,null,null,null,null,null,null,{"$f":"Y11","v":0},{"$f":"Z11","v":0},null,null,null,null,null,null,null,null,null,null,null,null,null,null,null,null,null,null,null,null,null,null,null,null,{"$f":"Y12","v":0},{"$f":"Z12","v":0}]

{"sheet":"AV-Detail","index":9,"n_rows":44,"n_cols":49,"rows_kept":44,"cut":false,"hidden":false,"merged":[]}
[]
[null,null,"Code:","Arbeitsverfahren:",null,null,null,null,null,"Einheit:",null,"Anmerkungen:",null,null,null,null,null,null,null,null,null,null,null,null,null,null,"Spalte"]
[null,null,21111,{"$f":"VLOOKUP(detCode,ltPflArbGang,$AA3,0)","v":"*Häckselguttransport S2 20t/h"},null,null,null,null,null,{"$f":"VLOOKUP(detCode,ltPflArbGang,$AB3,0)","v":"h"},null,{"$f":"VLOOKUP(detCode,ltPflArbGang,$AC3,0)","v":"Entfernung ca. 1 Fuhre pro h"},null,null,null,null,null,null,null,null,null,null,null,null,null,null,{"$f":"avBez","v":2},{"$f":"avEinh","v":3},{"$f":"avBem","v":4}]
[]
[null,"Leistung:"]
[null,null,"Hauptleistung",{"$f":"VLOOKUP(detCode,ltPflArbGang,$AA6,0)","v":65},{"$f":"Curr&\"/\"&detEinh","v":"€/h"},null,"i.d.R der Verrechnungspreis für das Arbeitsverfahren",null,null,null,null,null,null,null,null,null,null,null,null,null,null,null,null,null,null,null,{"$f":"avLeistHaupt","v":5}]
[null,null,"Nebenleistung",{"$f":"VLOOKUP(detCode,ltPflArbGang,$AA7,0)","v":0},{"$f":"Curr&\"/\"&detEinh","v":"€/h"},null,"z.B. Betrag für separat berechnetes mitgeliefertes Material",null,null,null,null,null,null,null,null,null,null,null,null,null,null,null,null,null,null,null,{"$f":"avLeistNeben","v":6}]
[null,null,"Insgesamt",{"$f":"SUM(D6:D7)","v":65},{"$f":"Curr&\"/\"&detEinh","v":"€/h"}]
[null,null,null,null,null,null,"Maschine",null,null,null,null,"Einsatz-Umfang je",null,"Reparat.","Sonst.","Verrechn","DieselVerbr.","Diesel","Öl"]
[null,"Variable Kosten",null,null,null,null,"Code","Bezeichnung",null,null,null,{"$f":"detEinh","v":"h"},null,{"$f":"Curr&\"/\"&detEinh","v":"€/h"},"€/h","€/h",{"$f":"\"l / \"&detEinh","v":"l / h"},"€/h","€/h"]
[null,null,"Maschine 1",{"$f":"VLOOKUP(detCode,ltPflArbGang,$AA11,0)","v":21.96752},{"$f":"Curr&\"/\"&detEinh","v":"€/h"},null,{"$f":"VLOOKUP(detCode,ltPflArbGang,AB11,0)","v":11220},"*S2 Allradschlepper 102kW/139PS stufenlos",null,null,null,{"$f":"VLOOKUP(detCode,ltPflArbGang,AD11,0)","v":1},"h",7.4,0,0,14.879999999999999,14.135999999999999,0.43152000000000001,null,null,null,null,null,null,null,{"$f":"avM1VarKo","v":66},{"$f":"Arbeitsverfahren!Y5","v":24},{"$f":"Arbeitsverfahren!Z5","v":25},{"$f":"Arbeitsverfahren!AA5","v":26},{"$f":"Arbeitsverfahren!AB5","v":27},{"$f":"Arbeitsverfahren!BI5","v":60},{"$f":"Arbeitsverfahren!BJ5","v":61},{"$f":"Arbeitsverfahren!BK5","v":62},{"$f":"Arbeitsverfahren!BL5","v":63},{"$f":"Arbeitsverfahren!BM5","v":64},{"$f":"Arbeitsverfahren!BN5","v":65}]
[null,null,"Maschine 2",{"$f":"VLOOKUP(detCode,ltPflArbGang,$AA12,0)","v":4},{"$f":"Curr&\"/\"&detEinh","v":"€/h"},null,11419,"*W1 Häckseltransportwagen 33m³",null,null,null,20,"t",4,0,0,0,0,0,null,null,null,null,null,null,null,{"$f":"avM2VarKo","v":73},{"$f":"Arbeitsverfahren!AE5","v":30},{"$f":"Arbeitsverfahren!AF5","v":31},{"$f":"Arbeitsverfahren!AG5","v":32},{"$f":"Arbeitsverfahren!AH5","v":33},{"$f":"Arbeitsverfahren!BP5","v":67},{"$f":"Arbeitsverfahren!BQ5","v":68},{"$f":"Arbeitsverfahren!BR5","v":69},{"$f":"Arbeitsverfahren!BS5","v":70},{"$f":"Arbeitsverfahren!BT5","v":71},{"$f":"Arbeitsverfahren!BU5","v":72}]
[null,null,"Maschine 3",{"$f":"VLOOKUP(detCode,ltPflArbGang,$AA13,0)","v":0},{"$f":"Curr&\"/\"&detEinh","v":"€/h"},null,0,"",null,null,null,0,"",0,0,0,0,0,0,null,null,null,null,null,null,null,{"$f":"avM3VarKo","v":80},{"$f":"Arbeitsverfahren!AK5","v":36},{"$f":"Arbeitsverfahren!AL5","v":37},{"$f":"Arbeitsverfahren!AM5","v":38},{"$f":"Arbeitsverfahren!AN5","v":39},{"$f":"Arbeitsverfahren!BW5","v":74},{"$f":"Arbeitsverfahren!BX5","v":75},{"$f":"Arbeitsverfahren!BY5","v":76},{"$f":"Arbeitsverfahren!BZ5","v":77},{"$f":"Arbeitsverfahren!CA5","v":78},{"$f":"Arbeitsverfahren!CB5","v":79}]
[null,null,"Maschine 4",{"$f":"VLOOKUP(detCode,ltPflArbGang,$AA14,0)","v":0},{"$f":"Curr&\"/\"&detEinh","v":"€/h"},null,0,"",null,null,null,0,"",0,0,0,0,0,0,null,null,null,null,null,null,null,{"$f":"avM4VarKo","v":87},{"$f":"Arbeitsverfahren!AQ5","v":42},{"$f":"Arbeitsverfahren!AR5","v":43},{"$f":"Arbeitsverfahren!AS5","v":44},{"$f":"Arbeitsverfahren!AT5","v":45},{"$f":"Arbeitsverfahren!CD5","v":81},{"$f":"Arbeitsverfahren!CE5","v":82},{"$f":"Arbeitsverfahren!CF5","v":83},{"$f":"Arbeitsverfahren!CG5","v":84},{"$f":"Arbeitsverfahren!CH5","v":85},{"$f":"Arbeitsverfahren!CI5","v":86}]
[null,null,"Maschinen insg.",{"$f":"SUM(D11:D14)","v":25.96752},{"$f":"Curr&\"/\"&detEinh","v":"€/h"},null,null,null,null,null,null,null,null,{"$f":"SUM(N11:N14)","v":11.4},0,0,14.879999999999999,14.135999999999999,0.43152000000000001]
[]
[null,null,"Material",{"$f":"VLOOKUP(detCode,ltPflArbGang,$AA17,0)","v":0},{"$f":"Curr&\"/\"&detEinh","v":"€/h"},null,"z.B. für mitgeliefertes Saaatgut, Düngemittel, Spritzmittel, etc.",null,null,null,null,null,null,null,null,null,null,null,null,null,null,null,null,null,null,null,{"$f":"avVKMaterial","v":7}]
[]
[null,"Var. Kosten insg.",null,{"$f":"D15+D17","v":25.96752},{"$f":"Curr&\"/\"&detEinh","v":"€/h"}]
[null,"Deckungsbeitrag",null,{"$f":"D8-D19","v":39.03248},{"$f":"Curr&\"/\"&detEinh","v":"€/h"}]
[]
[null,"Umlaufvermögen",null,null,null,null,"Zinsfuß",null,"Kapitalbedarf",null,null,"Wobei gilt:"]
[null,null,"Zinsanspruch",{"$f":"VLOOKUP(detCode,ltPflArbGang,$AA23,0)","v":7.790256000000001E-2},{"$f":"Curr&\"/\"&detEinh","v":"€/h"},null,{"$f":"Interest*100","v":3},"%     ×",{"$f":"VLOOKUP(detCode,ltPflArbGang,AB23,0)","v":2.5967520000000004},{"$f":"Curr&\"/\"&detEinh","v":"€/h"},null,"Kapitalbedarf f.UV =",null,{"$f":"VLOOKUP(detCode,ltPflArbGang,AC23,0)","v":0.1},"der variablen Kosten",null,null,null,null,null,null,null,null,null,null,null,{"$f":"avUVZA","v":13},{"$f":"avUVEinsatz","v":12},{"$f":"avUVSatz","v":11}]
[]
[null,"Arbeitseinsatz",null,null,null,null,"Std-Satz",null,"AKh-Bedarf",null,null,"Wobei gilt:"]
[null,null,"Lohnanspruch",{"$f":"VLOOKUP(detCode,ltPflArbGang,$AA26,0)","v":26.25},{"$f":"Curr&\"/\"&detEinh","v":"€/h"},null,{"$f":"Lohnanspruch","v":25},{"$f":"Curr&\"/AKh  ×\"","v":"€/AKh  ×"},{"$f":"N26+Q26","v":1.05},{"$f":"\"AKh/\"&detEinh","v":"AKh/h"},null,"AKh-Bedarf     =",null,{"$f":"VLOOKUP(detCode,ltPflArbGang,AB26,0)","v":1},{"$f":"\"AKh/\"&detEinh&\" Kernarbeit +\"","v":"AKh/h Kernarbeit +"},null,{"$f":"VLOOKUP(detCode,ltPflArbGang,AC26,0)","v":0.05},{"$f":"\"AKh/\"&detEinh&\" Rüstzeit\"","v":"AKh/h Rüstzeit"},null,null,null,null,null,null,null,null,{"$f":"avAKhLohn","v":17},{"$f":"avAKhArb","v":14},{"$f":"avAKhRust","v":15}]
[]
[null,"Var. Kosten II",null,{"$f":"D19+D23+D26","v":52.295422559999999},{"$f":"Curr&\"/\"&detEinh","v":"€/h"},null,"Grunddaten der Maschinen",null,null,null,null,null,null,null,null,"Festkosten je Einh.d.Arb.Verf.",null,null,"Anlage-"]
[null,"DB II",null,{"$f":"D8-D28","v":12.704577440000001},{"$f":"Curr&\"/\"&detEinh","v":"€/h"},null,"Ansch.-","Rest-","Sonst.","Normative",null,null,"AfA-","Auslastung",null,"AfA","ZA für","Sonstige","vermögen"]
[null,null,null,null,null,null,"preis","wert","FK","Nutzungsdauer",null,null,"Schw.","(Tatsächl. Einsatz)",null,null,"AV","(Vers,etc.)","im Ø"]
[null,"Feste Kosten (AfA, ZA f. AV, Sonst.)",null,null,null,null,{"$f":"Curr","v":"€"},{"$f":"Curr","v":"€"},{"$f":"Curr&\"/a\"","v":"€/a"},"Jahre","Leistungseinheiten",null,"Einh/J","Einh/J","%",{"$f":"Curr&\"/\"&detEinh","v":"€/h"},{"$f":"Curr&\"/\"&detEinh","v":"€/h"},{"$f":"Curr&\"/\"&detEinh","v":"€/h"},{"$f":"Curr&\"/\"&detEinh","v":"€/h"},null,null,null,null,null,null,null,null,"Spalte in Verfahrensliste",null,null,null,null,null,null,"Spalte in Maschinenliste"]
[null,null,"Maschine 1",{"$f":"VLOOKUP(detCode,ltPflArbGang,$AA32,0)","v":0},{"$f":"Curr&\"/\"&detEinh","v":"€/h"},null,{"$f":"IF(ISNA(VLOOKUP($AT32,ltMaschListe,AI32,0)),0,VLOOKUP($AT32,ltMaschListe,AI32,0))","v":115000},23000,430,12,10000,{"$f":"M11","v":"h"},{"$f":"IF(ISNA(VLOOKUP($AT32,ltMaschListe,AO32,0)),0,VLOOKUP($AT32,ltMaschListe,AO32,0))","v":833.33333333333337},0,0,{"$f":"VLOOKUP(detCode,ltPflArbGang,AF32,0)","v":0},0,0,{"$f":"IF(Interest=0,0,Q32/Interest)","v":0},null,null,null,null,null,null,null,{"$f":"Arbeitsverfahren!CN5","v":91},{"$f":"AB11","v":24},25,26,27,{"$f":"Arbeitsverfahren!CK5","v":88},{"$f":"Arbeitsverfahren!CL5","v":89},{"$f":"Arbeitsverfahren!CM5","v":90},{"$f":"Maschinen!R6","v":17},{"$f":"Maschinen!S6","v":18},{"$f":"Maschinen!T6","v":19},{"$f":"Maschinen!U6","v":20},{"$f":"Maschinen!V6","v":21},null,{"$f":"Maschinen!X6","v":23},{"$f":"Maschinen!Y6","v":24},{"$f":"Maschinen!Z6","v":25},null,null,{"$f":"VLOOKUP(detCode,ltPflArbGang,AB32,0)","v":11220},"*S2 Allradschlepper 102kW/139PS stufenlos",1,"h"]
[null,null,"Maschine 2",{"$f":"VLOOKUP(detCode,ltPflArbGang,$AA33,0)","v":0},{"$f":"Curr&\"/\"&detEinh","v":"€/h"},null,39000,7800,0,10,100000,{"$f":"M12","v":"t"},10000,0,0,0,0,0,{"$f":"IF(Interest=0,0,Q33/Interest)","v":0},null,null,null,null,null,null,null,{"$f":"Arbeitsverfahren!CR5","v":95},30,31,32,33,{"$f":"Arbeitsverfahren!CO5","v":92},{"$f":"Arbeitsverfahren!CP5","v":93},{"$f":"Arbeitsverfahren!CQ5","v":94},{"$f":"AI32","v":17},18,19,20,21,null,{"$f":"AO32","v":23},24,25,null,null,11419,"*W1 Häckseltransportwagen 33m³",20,"t"]
[null,null,"Maschine 3",{"$f":"VLOOKUP(detCode,ltPflArbGang,$AA34,0)","v":0},{"$f":"Curr&\"/\"&detEinh","v":"€/h"},null,0,0,0,0,0,{"$f":"M13","v":""},0,0,0,0,0,0,{"$f":"IF(Interest=0,0,Q34/Interest)","v":0},null,null,null,null,null,null,null,{"$f":"Arbeitsverfahren!CV5","v":99},36,37,38,39,{"$f":"Arbeitsverfahren!CS5","v":96},{"$f":"Arbeitsverfahren!CT5","v":97},{"$f":"Arbeitsverfahren!CU5","v":98},17,18,19,20,21,null,23,24,25,null,null,0,"",0,""]
[null,null,"Maschine 4",{"$f":"VLOOKUP(detCode,ltPflArbGang,$AA35,0)","v":0},{"$f":"Curr&\"/\"&detEinh","v":"€/h"},null,0,0,0,0,0,{"$f":"M14","v":""},0,0,0,0,0,0,{"$f":"IF(Interest=0,0,Q35/Interest)","v":0},null,null,null,null,null,null,null,{"$f":"Arbeitsverfahren!CZ5","v":103},42,43,44,45,{"$f":"Arbeitsverfahren!CW5","v":100},{"$f":"Arbeitsverfahren!CX5","v":101},{"$f":"Arbeitsverfahren!CY5","v":102},17,18,19,20,21,null,23,24,25,null,null,0,"",0,""]
[null,null,"Maschinen insg.",{"$f":"SUM(D32:D35)","v":0},{"$f":"Curr&\"/\"&detEinh","v":"€/h"},null,null,null,null,null,null,null,null,null,null,{"$f":"SUM(P32:P35)","v":0},{"$f":"SUM(Q32:Q35)","v":0},{"$f":"SUM(R32:R35)","v":0},{"$f":"SUM(S32:S35)","v":0}]
[null,null,null,null,null,null,"Die Festkosten (AfA, ZA für AnlVerm, Sonst.) beziehen sich auf die Angaben zu den oben ausgewiesenen Maschinen und sind damit,"]
[null,"Gesamtkosten",null,{"$f":"D28+D36","v":52.295422559999999},{"$f":"Curr&\"/\"&detEinh","v":"€/h"},null,"ebenso wie die Gesamtkosten und der Untenehmergewinn, abhängig von der veranschlagten Auslastung der Maschinen."]
[null,"Untern.Gewinn",null,{"$f":"D8-D38","v":12.704577440000001},{"$f":"Curr&\"/\"&detEinh","v":"€/h"},null,"Sinnvolle Ergebnisse können deshalb nur bei realitätsnahen Auslastungswerten errechnet werden."]
[]
[null,"Mindestpreis zur Deckung der …",null,null,null,null,"Faktorentgelt (langfristig)"]
[null,"-","var. Kosten",{"$f":"D19-D7","v":25.96752},{"$f":"Curr&\"/\"&detEinh","v":"€/h"},null,null,null,null,"Untern.-Gewinn",null,"Faktorkosten",null,"Faktoreinsatz",null,"Faktorentgelt"]
[null,"-","var. Kosten II",{"$f":"D28-D7","v":52.295422559999999},{"$f":"Curr&\"/\"&detEinh","v":"€/h"},null,"Arbeitsentlohnung",null,"(",{"$f":"D39","v":12.704577440000001},{"$f":"Curr&\"/\"&detEinh&\"     +\"","v":"€/h     +"},{"$f":"D26","v":26.25},{"$f":"Curr&\"/\"&detEinh&\"  )    /\"","v":"€/h  )    /"},{"$f":"I26","v":1.05},{"$f":"\"AKh/\"&detEinh&\"   =\"","v":"AKh/h   ="},{"$f":"(J43+L43)/N43","v":37.099597561904758},{"$f":"Curr&\"/AKh\"","v":"€/AKh"}]
[null,"-","Gesamtkosten",{"$f":"D38-D7","v":52.295422559999999},{"$f":"Curr&\"/\"&detEinh","v":"€/h"},null,"Kapitalverzinsung",null,"(",{"$f":"D39","v":12.704577440000001},{"$f":"Curr&\"/\"&detEinh&\"     +\"","v":"€/h     +"},{"$f":"D23+Q36","v":7.790256000000001E-2},{"$f":"Curr&\"/\"&detEinh&\"  )    /\"","v":"€/h  )    /"},{"$f":"I23+S36","v":2.5967520000000004},{"$f":"Curr&\"/\"&detEinh&\"     =\"","v":"€/h     ="},{"$f":"(J44+L44)/N44*100","v":492.24877847403218},"%"]

{"sheet":"SelAss","index":10,"n_rows":81,"n_cols":30,"rows_kept":81,"cut":false,"hidden":false,"merged":[]}
[null,"Inhalt des Selection Assistant",null,null,null,null,null,null,"Backup der Schaltflächensymbole"]
[]
[null,"Texteintrag","Bereichsnamen"]
[null,"in DropDown-Liste","der gesamten","der Bezeichnungs-"]
[null,"des Assistenten","Tabelle","spalte d. Tabelle",null,null,null,"RowInsTabs"]
[null,"Bilanzen","ltBilanz","ltBilanzL",null,null,null,"ltBilanz","in diesen Tabellen "]
[null,"Biogas-Substrate","ltBgSubstrate","ltBgSubstrateL",null,null,null,"ltBgSubstrate","ist das Einfügen von"]
[null,"Dienstleistungen","ltDienstleist","ltDienstleistL",null,null,null,"ltDienstleist","Zeilen erlaubt"]
[null,"Futtermittel","ltFuMittel","ltFuMittelL",null,null,null,"ltFuMittel"]
[null,"Gebäude","ltGebaude","ltGebaudeL",null,null,null,"ltGebaude"]
[null,"Maschinen & Geräte","ltGerate","ltGerateL",null,null,null,"ltGerate"]
[null,"Mechanisierung & Arbeit","ltPflArbGang","ltPflArbGangL",null,null,null,"ltFeldfrucht"]
[null,"Nährstoff-Entzug","ltFeldfrucht","ltFeldfruchtL",null,null,null,"ltPflArbGang"]
[null,"Pflanzenschutzmittel","ltPSMittel","ltPSMittelL",null,null,null,"ltPSMittel"]
[null,"Pflanzliche Produkte","ltPflanzProdukt","ltPflanzProduktL",null,null,null,"ltPflanzProdukt"]
[null,"Prämien","ltPramien","ltPramienL",null,null,null,"ltPramien"]
[null,"Produktionsverfahren","ltZusPV","ltZusPVL",null,null,null,"ltZusPV"," hier nicht!!"]
[null,"Saatgut","ltSaatgut","ltSaatgutL",null,null,null,"ltSaatgut"]
[null,"Schlepper","ltSchlepper","ltSchlepperL",null,null,null,"ltSchlepper"]
[null,null,null,null,null,null,null,"ltAggreg"]
[]
[null,"PlanList","Datenspalte"]
[null,"Pauschal",1]
[null,"Individuell",3]
[null,"Plan 0",5]
[null,"Plan 1",6]
[null,"Plan 2",7]
[null,"Plan 3",8]
[null,"Plan 4",9]
[null,"Plan 5",10]
[null,"ListFillRange für das DropDown"]
[null,"links oben auf Planungsblättern"]
[]
[null,"AuslastPlanSel","AuslastSel"]
[null,3,{"$f":"INDEX(C23:C30,AuslastPlanSel)","v":5}]
[]
[]
[]
[]
[null,1,"SelAssCursor (-1=Up, 0=None, 1=Down)"]
[]
[null,628.79999999999995,"ApplH (Application.Height)"]
[null,1162.8,"ApplW (Application.Width)"]
[]
[]
[null,null,"GoBackSheet"]
[]
[]
[null,0,"MaKoSwitch: 1 = On, 0 = Off"]
[null,null,"MaKoFunct"]
[]
[null,"90","MaKoAuslastPausch"]
[]
[null,1,"wbProtSwitch: 1 = On, 0 = Off"]
[]
[null,true,"FreezePanesSwitch: WAHR = On, FALSCH = Off"]
[]
[]
[null,"ColCodeRef"]
[null,15,"Farbcode für ActiveRow"]
[]
[null,"FmtBak:   Kopierzeile für die Formate der jeweils aktiven Zeile"]
[]
[]
[]
[]
[null,"Wertetabelle für die Auslastungsdiagramme der einzelnen Planvarianten"]
[null,"Zeile","Plan",null,{"$f":"COLUMNS(Planung!$A$49:E$54)","v":5},{"$f":"E68+1","v":6},7,8,9,10,11,12,13,14,15,16,17,18,19,20,21,22,23,24,25,26,27,28,{"$f":"COLUMNS(Planung!$A$49:C$54)","v":3},{"$f":"COLUMNS(Planung!$A$49:D$54)","v":4}]
[null,"Code","Faktor","Legende","01a","01b","02a","02b","03a","03b","04a","04b","05a","05b","06a","06b","07a","07b","08a","08b","09a","09b","10a","10b","11a","11b","12a","12b","Einheit","Bezeichnung"]
[null,3,0,"Einsatz",{"$f":"IF($B70=0,0,INDEX(Plan0MaTab,Plan0MaTabDiaCode,E$68))","v":0},0,0,0,0,0,0,0,0,0,0,0,0,0,0,0,0,0,0,0,0,0,0,0,{"$f":"IF($B70=0,\"\",INDEX(Plan0MaTab,Plan0MaTabDiaCode,AC$68))","v":""},{"$f":"IF($B70=0,\"\",INDEX(Plan0MaTab,Plan0MaTabDiaCode,AD$68))","v":""}]
[null,{"$f":"IF($B70=0,\"\",INDEX(Plan0MaTab,Plan0MaTabDiaCode,1))","v":0},{"$f":"IF($B71=0,\"\",IF(VLOOKUP($B71,ltSchlepper,Maschinen!E$6,0)=0,1,VLOOKUP($B71,ltSchlepper,Maschinen!E$6,0)))","v":""},{"$f":"IF($B71=0,\"\",\"Kapazität\")","v":""},{"$f":"IF($B71=0,\"\",VLOOKUP($B71,ltSchlepper,Maschinen!AR$6,0)*$C71)","v":""},{"$f":"IF($B71=0,\"\",VLOOKUP($B71,ltSchlepper,Maschinen!AS$6,0)*$C71)","v":""},{"$f":"IF($B71=0,\"\",VLOOKUP($B71,ltSchlepper,Maschinen!AT$6,0)*$C71)","v":""},{"$f":"IF($B71=0,\"\",VLOOKUP($B71,ltSchlepper,Maschinen!AU$6,0)*$C71)","v":""},{"$f":"IF($B71=0,\"\",VLOOKUP($B71,ltSchlepper,Maschinen!AV$6,0)*$C71)","v":""},{"$f":"IF($B71=0,\"\",VLOOKUP($B71,ltSchlepper,Maschinen!AW$6,0)*$C71)","v":""},{"$f":"IF($B71=0,\"\",VLOOKUP($B71,ltSchlepper,Maschinen!AX$6,0)*$C71)","v":""},{"$f":"IF($B71=0,\"\",VLOOKUP($B71,ltSchlepper,Maschinen!AY$6,0)*$C71)","v":""},{"$f":"IF($B71=0,\"\",VLOOKUP($B71,ltSchlepper,Maschinen!AZ$6,0)*$C71)","v":""},{"$f":"IF($B71=0,\"\",VLOOKUP($B71,ltSchlepper,Maschinen!BA$6,0)*$C71)","v":""},{"$f":"IF($B71=0,\"\",VLOOKUP($B71,ltSchlepper,Maschinen!BB$6,0)*$C71)","v":""},{"$f":"IF($B71=0,\"\",VLOOKUP($B71,ltSchlepper,Maschinen!BC$6,0)*$C71)","v":""},{"$f":"IF($B71=0,\"\",VLOOKUP($B71,ltSchlepper,Maschinen!BD$6,0)*$C71)","v":""},{"$f":"IF($B71=0,\"\",VLOOKUP($B71,ltSchlepper,Maschinen!BE$6,0)*$C71)","v":""},{"$f":"IF($B71=0,\"\",VLOOKUP($B71,ltSchlepper,Maschinen!BF$6,0)*$C71)","v":""},{"$f":"IF($B71=0,\"\",VLOOKUP($B71,ltSchlepper,Maschinen!BG$6,0)*$C71)","v":""},{"$f":"IF($B71=0,\"\",VLOOKUP($B71,ltSchlepper,Maschinen!BH$6,0)*$C71)","v":""},{"$f":"IF($B71=0,\"\",VLOOKUP($B71,ltSchlepper,Maschinen!BI$6,0)*$C71)","v":""},{"$f":"IF($B71=0,\"\",VLOOKUP($B71,ltSchlepper,Maschinen!BJ$6,0)*$C71)","v":""},{"$f":"IF($B71=0,\"\",VLOOKUP($B71,ltSchlepper,Maschinen!BK$6,0)*$C71)","v":""},{"$f":"IF($B71=0,\"\",VLOOKUP($B71,ltSchlepper,Maschinen!BL$6,0)*$C71)","v":""},{"$f":"IF($B71=0,\"\",VLOOKUP($B71,ltSchlepper,Maschinen!BM$6,0)*$C71)","v":""},{"$f":"IF($B71=0,\"\",VLOOKUP($B71,ltSchlepper,Maschinen!BN$6,0)*$C71)","v":""},{"$f":"IF($B71=0,\"\",VLOOKUP($B71,ltSchlepper,Maschinen!BO$6,0)*$C71)","v":""},{"$f":"AC70","v":""},{"$f":"AD70","v":""}]
[null,1,1,"Einsatz",{"$f":"IF($B72=0,0,INDEX(Plan1MaTab,Plan1MaTabDiaCode,E$68))","v":0},0,0,0,0,0,0,0,0,0,0,0,0,0,0,0,0,0,0,0,0,0,0,0,{"$f":"IF($B72=0,\"\",INDEX(Plan1MaTab,Plan1MaTabDiaCode,AC$68))","v":"AKh"},{"$f":"IF($B72=0,\"\",INDEX(Plan1MaTab,Plan1MaTabDiaCode,AD$68))","v":"Arbeitseinsatz"}]
[null,{"$f":"IF($B72=0,\"\",INDEX(Plan1MaTab,Plan1MaTabDiaCode,1))","v":0},{"$f":"IF($B73=0,\"\",IF(VLOOKUP($B73,ltSchlepper,Maschinen!F$6,0)=0,1,VLOOKUP($B73,ltSchlepper,Maschinen!F$6,0)))","v":""},{"$f":"IF($B73=0,\"\",\"Kapazität\")","v":""},{"$f":"IF($B73=0,\"\",VLOOKUP($B73,ltSchlepper,Maschinen!AR$6,0)*$C73)","v":""},{"$f":"IF($B73=0,\"\",VLOOKUP($B73,ltSchlepper,Maschinen!AS$6,0)*$C73)","v":""},{"$f":"IF($B73=0,\"\",VLOOKUP($B73,ltSchlepper,Maschinen!AT$6,0)*$C73)","v":""},{"$f":"IF($B73=0,\"\",VLOOKUP($B73,ltSchlepper,Maschinen!AU$6,0)*$C73)","v":""},{"$f":"IF($B73=0,\"\",VLOOKUP($B73,ltSchlepper,Maschinen!AV$6,0)*$C73)","v":""},{"$f":"IF($B73=0,\"\",VLOOKUP($B73,ltSchlepper,Maschinen!AW$6,0)*$C73)","v":""},{"$f":"IF($B73=0,\"\",VLOOKUP($B73,ltSchlepper,Maschinen!AX$6,0)*$C73)","v":""},{"$f":"IF($B73=0,\"\",VLOOKUP($B73,ltSchlepper,Maschinen!AY$6,0)*$C73)","v":""},{"$f":"IF($B73=0,\"\",VLOOKUP($B73,ltSchlepper,Maschinen!AZ$6,0)*$C73)","v":""},{"$f":"IF($B73=0,\"\",VLOOKUP($B73,ltSchlepper,Maschinen!BA$6,0)*$C73)","v":""},{"$f":"IF($B73=0,\"\",VLOOKUP($B73,ltSchlepper,Maschinen!BB$6,0)*$C73)","v":""},{"$f":"IF($B73=0,\"\",VLOOKUP($B73,ltSchlepper,Maschinen!BC$6,0)*$C73)","v":""},{"$f":"IF($B73=0,\"\",VLOOKUP($B73,ltSchlepper,Maschinen!BD$6,0)*$C73)","v":""},{"$f":"IF($B73=0,\"\",VLOOKUP($B73,ltSchlepper,Maschinen!BE$6,0)*$C73)","v":""},{"$f":"IF($B73=0,\"\",VLOOKUP($B73,ltSchlepper,Maschinen!BF$6,0)*$C73)","v":""},{"$f":"IF($B73=0,\"\",VLOOKUP($B73,ltSchlepper,Maschinen!BG$6,0)*$C73)","v":""},{"$f":"IF($B73=0,\"\",VLOOKUP($B73,ltSchlepper,Maschinen!BH$6,0)*$C73)","v":""},{"$f":"IF($B73=0,\"\",VLOOKUP($B73,ltSchlepper,Maschinen!BI$6,0)*$C73)","v":""},{"$f":"IF($B73=0,\"\",VLOOKUP($B73,ltSchlepper,Maschinen!BJ$6,0)*$C73)","v":""},{"$f":"IF($B73=0,\"\",VLOOKUP($B73,ltSchlepper,Maschinen!BK$6,0)*$C73)","v":""},{"$f":"IF($B73=0,\"\",VLOOKUP($B73,ltSchlepper,Maschinen!BL$6,0)*$C73)","v":""},{"$f":"IF($B73=0,\"\",VLOOKUP($B73,ltSchlepper,Maschinen!BM$6,0)*$C73)","v":""},{"$f":"IF($B73=0,\"\",VLOOKUP($B73,ltSchlepper,Maschinen!BN$6,0)*$C73)","v":""},{"$f":"IF($B73=0,\"\",VLOOKUP($B73,ltSchlepper,Maschinen!BO$6,0)*$C73)","v":""},{"$f":"AC72","v":"AKh"},{"$f":"AD72","v":"Arbeitseinsatz"}]
[null,1,2,"Einsatz",{"$f":"IF($B74=0,0,INDEX(Plan2MaTab,Plan2MaTabDiaCode,E$68))","v":0},0,0,0,0,0,0,0,0,0,0,0,0,0,0,0,0,0,0,0,0,0,0,0,{"$f":"IF($B74=0,\"\",INDEX(Plan2MaTab,Plan2MaTabDiaCode,AC$68))","v":"AKh"},{"$f":"IF($B74=0,\"\",INDEX(Plan2MaTab,Plan2MaTabDiaCode,AD$68))","v":"Arbeitseinsatz"}]
[null,{"$f":"IF($B74=0,\"\",INDEX(Plan2MaTab,Plan2MaTabDiaCode,1))","v":0},{"$f":"IF($B75=0,\"\",IF(VLOOKUP($B75,ltSchlepper,Maschinen!G$6,0)=0,1,VLOOKUP($B75,ltSchlepper,Maschinen!G$6,0)))","v":""},{"$f":"IF($B75=0,\"\",\"Kapazität\")","v":""},{"$f":"IF($B75=0,\"\",VLOOKUP($B75,ltSchlepper,Maschinen!AR$6,0)*$C75)","v":""},{"$f":"IF($B75=0,\"\",VLOOKUP($B75,ltSchlepper,Maschinen!AS$6,0)*$C75)","v":""},{"$f":"IF($B75=0,\"\",VLOOKUP($B75,ltSchlepper,Maschinen!AT$6,0)*$C75)","v":""},{"$f":"IF($B75=0,\"\",VLOOKUP($B75,ltSchlepper,Maschinen!AU$6,0)*$C75)","v":""},{"$f":"IF($B75=0,\"\",VLOOKUP($B75,ltSchlepper,Maschinen!AV$6,0)*$C75)","v":""},{"$f":"IF($B75=0,\"\",VLOOKUP($B75,ltSchlepper,Maschinen!AW$6,0)*$C75)","v":""},{"$f":"IF($B75=0,\"\",VLOOKUP($B75,ltSchlepper,Maschinen!AX$6,0)*$C75)","v":""},{"$f":"IF($B75=0,\"\",VLOOKUP($B75,ltSchlepper,Maschinen!AY$6,0)*$C75)","v":""},{"$f":"IF($B75=0,\"\",VLOOKUP($B75,ltSchlepper,Maschinen!AZ$6,0)*$C75)","v":""},{"$f":"IF($B75=0,\"\",VLOOKUP($B75,ltSchlepper,Maschinen!BA$6,0)*$C75)","v":""},{"$f":"IF($B75=0,\"\",VLOOKUP($B75,ltSchlepper,Maschinen!BB$6,0)*$C75)","v":""},{"$f":"IF($B75=0,\"\",VLOOKUP($B75,ltSchlepper,Maschinen!BC$6,0)*$C75)","v":""},{"$f":"IF($B75=0,\"\",VLOOKUP($B75,ltSchlepper,Maschinen!BD$6,0)*$C75)","v":""},{"$f":"IF($B75=0,\"\",VLOOKUP($B75,ltSchlepper,Maschinen!BE$6,0)*$C75)","v":""},{"$f":"IF($B75=0,\"\",VLOOKUP($B75,ltSchlepper,Maschinen!BF$6,0)*$C75)","v":""},{"$f":"IF($B75=0,\"\",VLOOKUP($B75,ltSchlepper,Maschinen!BG$6,0)*$C75)","v":""},{"$f":"IF($B75=0,\"\",VLOOKUP($B75,ltSchlepper,Maschinen!BH$6,0)*$C75)","v":""},{"$f":"IF($B75=0,\"\",VLOOKUP($B75,ltSchlepper,Maschinen!BI$6,0)*$C75)","v":""},{"$f":"IF($B75=0,\"\",VLOOKUP($B75,ltSchlepper,Maschinen!BJ$6,0)*$C75)","v":""},{"$f":"IF($B75=0,\"\",VLOOKUP($B75,ltSchlepper,Maschinen!BK$6,0)*$C75)","v":""},{"$f":"IF($B75=0,\"\",VLOOKUP($B75,ltSchlepper,Maschinen!BL$6,0)*$C75)","v":""},{"$f":"IF($B75=0,\"\",VLOOKUP($B75,ltSchlepper,Maschinen!BM$6,0)*$C75)","v":""},{"$f":"IF($B75=0,\"\",VLOOKUP($B75,ltSchlepper,Maschinen!BN$6,0)*$C75)","v":""},{"$f":"IF($B75=0,\"\",VLOOKUP($B75,ltSchlepper,Maschinen!BO$6,0)*$C75)","v":""},{"$f":"AC74","v":"AKh"},{"$f":"AD74","v":"Arbeitseinsatz"}]
[null,1,3,"Einsatz",{"$f":"IF($B76=0,0,INDEX(Plan3MaTab,Plan3MaTabDiaCode,E$68))","v":0},0,0,0,0,0,0,0,0,0,0,0,0,0,0,0,0,0,0,0,0,0,0,0,{"$f":"IF($B76=0,\"\",INDEX(Plan3MaTab,Plan3MaTabDiaCode,AC$68))","v":"AKh"},{"$f":"IF($B76=0,\"\",INDEX(Plan3MaTab,Plan3MaTabDiaCode,AD$68))","v":"Arbeitseinsatz"}]
[null,{"$f":"IF($B76=0,\"\",INDEX(Plan2MaTab,Plan3MaTabDiaCode,1))","v":0},{"$f":"IF($B77=0,\"\",IF(VLOOKUP($B77,ltSchlepper,Maschinen!H$6,0)=0,1,VLOOKUP($B77,ltSchlepper,Maschinen!H$6,0)))","v":""},{"$f":"IF($B77=0,\"\",\"Kapazität\")","v":""},{"$f":"IF($B77=0,\"\",VLOOKUP($B77,ltSchlepper,Maschinen!AR$6,0)*$C77)","v":""},{"$f":"IF($B77=0,\"\",VLOOKUP($B77,ltSchlepper,Maschinen!AS$6,0)*$C77)","v":""},{"$f":"IF($B77=0,\"\",VLOOKUP($B77,ltSchlepper,Maschinen!AT$6,0)*$C77)","v":""},{"$f":"IF($B77=0,\"\",VLOOKUP($B77,ltSchlepper,Maschinen!AU$6,0)*$C77)","v":""},{"$f":"IF($B77=0,\"\",VLOOKUP($B77,ltSchlepper,Maschinen!AV$6,0)*$C77)","v":""},{"$f":"IF($B77=0,\"\",VLOOKUP($B77,ltSchlepper,Maschinen!AW$6,0)*$C77)","v":""},{"$f":"IF($B77=0,\"\",VLOOKUP($B77,ltSchlepper,Maschinen!AX$6,0)*$C77)","v":""},{"$f":"IF($B77=0,\"\",VLOOKUP($B77,ltSchlepper,Maschinen!AY$6,0)*$C77)","v":""},{"$f":"IF($B77=0,\"\",VLOOKUP($B77,ltSchlepper,Maschinen!AZ$6,0)*$C77)","v":""},{"$f":"IF($B77=0,\"\",VLOOKUP($B77,ltSchlepper,Maschinen!BA$6,0)*$C77)","v":""},{"$f":"IF($B77=0,\"\",VLOOKUP($B77,ltSchlepper,Maschinen!BB$6,0)*$C77)","v":""},{"$f":"IF($B77=0,\"\",VLOOKUP($B77,ltSchlepper,Maschinen!BC$6,0)*$C77)","v":""},{"$f":"IF($B77=0,\"\",VLOOKUP($B77,ltSchlepper,Maschinen!BD$6,0)*$C77)","v":""},{"$f":"IF($B77=0,\"\",VLOOKUP($B77,ltSchlepper,Maschinen!BE$6,0)*$C77)","v":""},{"$f":"IF($B77=0,\"\",VLOOKUP($B77,ltSchlepper,Maschinen!BF$6,0)*$C77)","v":""},{"$f":"IF($B77=0,\"\",VLOOKUP($B77,ltSchlepper,Maschinen!BG$6,0)*$C77)","v":""},{"$f":"IF($B77=0,\"\",VLOOKUP($B77,ltSchlepper,Maschinen!BH$6,0)*$C77)","v":""},{"$f":"IF($B77=0,\"\",VLOOKUP($B77,ltSchlepper,Maschinen!BI$6,0)*$C77)","v":""},{"$f":"IF($B77=0,\"\",VLOOKUP($B77,ltSchlepper,Maschinen!BJ$6,0)*$C77)","v":""},{"$f":"IF($B77=0,\"\",VLOOKUP($B77,ltSchlepper,Maschinen!BK$6,0)*$C77)","v":""},{"$f":"IF($B77=0,\"\",VLOOKUP($B77,ltSchlepper,Maschinen!BL$6,0)*$C77)","v":""},{"$f":"IF($B77=0,\"\",VLOOKUP($B77,ltSchlepper,Maschinen!BM$6,0)*$C77)","v":""},{"$f":"IF($B77=0,\"\",VLOOKUP($B77,ltSchlepper,Maschinen!BN$6,0)*$C77)","v":""},{"$f":"IF($B77=0,\"\",VLOOKUP($B77,ltSchlepper,Maschinen!BO$6,0)*$C77)","v":""},{"$f":"AC76","v":"AKh"},{"$f":"AD76","v":"Arbeitseinsatz"}]
[null,1,4,"Einsatz",{"$f":"IF($B78=0,0,INDEX(Plan4MaTab,Plan4MaTabDiaCode,E$68))","v":0},0,0,0,0,0,0,0,0,0,0,0,0,0,0,0,0,0,0,0,0,0,0,0,{"$f":"IF($B78=0,\"\",INDEX(Plan4MaTab,Plan4MaTabDiaCode,AC$68))","v":"AKh"},{"$f":"IF($B78=0,\"\",INDEX(Plan4MaTab,Plan4MaTabDiaCode,AD$68))","v":"Arbeitseinsatz"}]
[null,{"$f":"IF($B78=0,\"\",INDEX(Plan2MaTab,Plan4MaTabDiaCode,1))","v":0},{"$f":"IF($B79=0,\"\",IF(VLOOKUP($B79,ltSchlepper,Maschinen!I$6,0)=0,1,VLOOKUP($B79,ltSchlepper,Maschinen!I$6,0)))","v":""},{"$f":"IF($B79=0,\"\",\"Kapazität\")","v":""},{"$f":"IF($B79=0,\"\",VLOOKUP($B79,ltSchlepper,Maschinen!AR$6,0)*$C79)","v":""},{"$f":"IF($B79=0,\"\",VLOOKUP($B79,ltSchlepper,Maschinen!AS$6,0)*$C79)","v":""},{"$f":"IF($B79=0,\"\",VLOOKUP($B79,ltSchlepper,Maschinen!AT$6,0)*$C79)","v":""},{"$f":"IF($B79=0,\"\",VLOOKUP($B79,ltSchlepper,Maschinen!AU$6,0)*$C79)","v":""},{"$f":"IF($B79=0,\"\",VLOOKUP($B79,ltSchlepper,Maschinen!AV$6,0)*$C79)","v":""},{"$f":"IF($B79=0,\"\",VLOOKUP($B79,ltSchlepper,Maschinen!AW$6,0)*$C79)","v":""},{"$f":"IF($B79=0,\"\",VLOOKUP($B79,ltSchlepper,Maschinen!AX$6,0)*$C79)","v":""},{"$f":"IF($B79=0,\"\",VLOOKUP($B79,ltSchlepper,Maschinen!AY$6,0)*$C79)","v":""},{"$f":"IF($B79=0,\"\",VLOOKUP($B79,ltSchlepper,Maschinen!AZ$6,0)*$C79)","v":""},{"$f":"IF($B79=0,\"\",VLOOKUP($B79,ltSchlepper,Maschinen!BA$6,0)*$C79)","v":""},{"$f":"IF($B79=0,\"\",VLOOKUP($B79,ltSchlepper,Maschinen!BB$6,0)*$C79)","v":""},{"$f":"IF($B79=0,\"\",VLOOKUP($B79,ltSchlepper,Maschinen!BC$6,0)*$C79)","v":""},{"$f":"IF($B79=0,\"\",VLOOKUP($B79,ltSchlepper,Maschinen!BD$6,0)*$C79)","v":""},{"$f":"IF($B79=0,\"\",VLOOKUP($B79,ltSchlepper,Maschinen!BE$6,0)*$C79)","v":""},{"$f":"IF($B79=0,\"\",VLOOKUP($B79,ltSchlepper,Maschinen!BF$6,0)*$C79)","v":""},{"$f":"IF($B79=0,\"\",VLOOKUP($B79,ltSchlepper,Maschinen!BG$6,0)*$C79)","v":""},{"$f":"IF($B79=0,\"\",VLOOKUP($B79,ltSchlepper,Maschinen!BH$6,0)*$C79)","v":""},{"$f":"IF($B79=0,\"\",VLOOKUP($B79,ltSchlepper,Maschinen!BI$6,0)*$C79)","v":""},{"$f":"IF($B79=0,\"\",VLOOKUP($B79,ltSchlepper,Maschinen!BJ$6,0)*$C79)","v":""},{"$f":"IF($B79=0,\"\",VLOOKUP($B79,ltSchlepper,Maschinen!BK$6,0)*$C79)","v":""},{"$f":"IF($B79=0,\"\",VLOOKUP($B79,ltSchlepper,Maschinen!BL$6,0)*$C79)","v":""},{"$f":"IF($B79=0,\"\",VLOOKUP($B79,ltSchlepper,Maschinen!BM$6,0)*$C79)","v":""},{"$f":"IF($B79=0,\"\",VLOOKUP($B79,ltSchlepper,Maschinen!BN$6,0)*$C79)","v":""},{"$f":"IF($B79=0,\"\",VLOOKUP($B79,ltSchlepper,Maschinen!BO$6,0)*$C79)","v":""},{"$f":"AC78","v":"AKh"},{"$f":"AD78","v":"Arbeitseinsatz"}]
[null,1,5,"Einsatz",{"$f":"IF($B80=0,0,INDEX(Plan5MaTab,Plan5MaTabDiaCode,E$68))","v":0},0,0,0,0,0,0,0,0,0,0,0,0,0,0,0,0,0,0,0,0,0,0,0,{"$f":"IF($B80=0,\"\",INDEX(Plan5MaTab,Plan5MaTabDiaCode,AC$68))","v":"AKh"},{"$f":"IF($B80=0,\"\",INDEX(Plan5MaTab,Plan5MaTabDiaCode,AD$68))","v":"Arbeitseinsatz"}]
[null,{"$f":"IF($B80=0,\"\",INDEX(Plan2MaTab,Plan4MaTabDiaCode,1))","v":0},{"$f":"IF($B81=0,\"\",IF(VLOOKUP($B81,ltSchlepper,Maschinen!J$6,0)=0,1,VLOOKUP($B81,ltSchlepper,Maschinen!J$6,0)))","v":""},{"$f":"IF($B81=0,\"\",\"Kapazität\")","v":""},{"$f":"IF($B81=0,\"\",VLOOKUP($B81,ltSchlepper,Maschinen!AR$6,0)*$C81)","v":""},{"$f":"IF($B81=0,\"\",VLOOKUP($B81,ltSchlepper,Maschinen!AS$6,0)*$C81)","v":""},{"$f":"IF($B81=0,\"\",VLOOKUP($B81,ltSchlepper,Maschinen!AT$6,0)*$C81)","v":""},{"$f":"IF($B81=0,\"\",VLOOKUP($B81,ltSchlepper,Maschinen!AU$6,0)*$C81)","v":""},{"$f":"IF($B81=0,\"\",VLOOKUP($B81,ltSchlepper,Maschinen!AV$6,0)*$C81)","v":""},{"$f":"IF($B81=0,\"\",VLOOKUP($B81,ltSchlepper,Maschinen!AW$6,0)*$C81)","v":""},{"$f":"IF($B81=0,\"\",VLOOKUP($B81,ltSchlepper,Maschinen!AX$6,0)*$C81)","v":""},{"$f":"IF($B81=0,\"\",VLOOKUP($B81,ltSchlepper,Maschinen!AY$6,0)*$C81)","v":""},{"$f":"IF($B81=0,\"\",VLOOKUP($B81,ltSchlepper,Maschinen!AZ$6,0)*$C81)","v":""},{"$f":"IF($B81=0,\"\",VLOOKUP($B81,ltSchlepper,Maschinen!BA$6,0)*$C81)","v":""},{"$f":"IF($B81=0,\"\",VLOOKUP($B81,ltSchlepper,Maschinen!BB$6,0)*$C81)","v":""},{"$f":"IF($B81=0,\"\",VLOOKUP($B81,ltSchlepper,Maschinen!BC$6,0)*$C81)","v":""},{"$f":"IF($B81=0,\"\",VLOOKUP($B81,ltSchlepper,Maschinen!BD$6,0)*$C81)","v":""},{"$f":"IF($B81=0,\"\",VLOOKUP($B81,ltSchlepper,Maschinen!BE$6,0)*$C81)","v":""},{"$f":"IF($B81=0,\"\",VLOOKUP($B81,ltSchlepper,Maschinen!BF$6,0)*$C81)","v":""},{"$f":"IF($B81=0,\"\",VLOOKUP($B81,ltSchlepper,Maschinen!BG$6,0)*$C81)","v":""},{"$f":"IF($B81=0,\"\",VLOOKUP($B81,ltSchlepper,Maschinen!BH$6,0)*$C81)","v":""},{"$f":"IF($B81=0,\"\",VLOOKUP($B81,ltSchlepper,Maschinen!BI$6,0)*$C81)","v":""},{"$f":"IF($B81=0,\"\",VLOOKUP($B81,ltSchlepper,Maschinen!BJ$6,0)*$C81)","v":""},{"$f":"IF($B81=0,\"\",VLOOKUP($B81,ltSchlepper,Maschinen!BK$6,0)*$C81)","v":""},{"$f":"IF($B81=0,\"\",VLOOKUP($B81,ltSchlepper,Maschinen!BL$6,0)*$C81)","v":""},{"$f":"IF($B81=0,\"\",VLOOKUP($B81,ltSchlepper,Maschinen!BM$6,0)*$C81)","v":""},{"$f":"IF($B81=0,\"\",VLOOKUP($B81,ltSchlepper,Maschinen!BN$6,0)*$C81)","v":""},{"$f":"IF($B81=0,\"\",VLOOKUP($B81,ltSchlepper,Maschinen!BO$6,0)*$C81)","v":""},{"$f":"AC80","v":"AKh"},{"$f":"AD80","v":"Arbeitseinsatz"}]

{"sheet":"intMsgBox","index":11,"n_rows":51,"n_cols":11,"rows_kept":51,"cut":false,"hidden":false,"merged":[]}
[null,"Variable","Text",null,"ListeMsgBox","ID","Caption","Msg","Left","Right","Bemerkung"]
[null,"MsgBoxVar1","Var1",null,null,1001,"Fehler!","Ein Fehler ist aufgetreten!"]
[null,"MsgBoxVar2","Var2",null,null,1002,"Fehler!","Aktion nicht möglich!"]
[null,"MsgBoxVar3","Var3"," 168 × 300",null,1003,"Achtung!","Aktion nicht möglich!\n\nVerwenden Sie zum Einfügen und Löschen von Spalten den Bilanz-Assistenten (Menü MAX)!\n\nEinfügen und Löschen von Zeilen ist nur in den grün markierten Bereichen möglich (per Rechts-Maus-Klick)!"]
[null,"MsgBoxVar4","Var4",null,null,1004]
[null,"MsgBoxVar5","Var5",null,null,1005]
[null,null,null,null,null,1006]
[null,null,null,null,null,1007]
[null,"BoxAnsw",2,null,null,1008]
[null,"Antworten: (Strings)",null,null,null,1009,"Achtung!","Diese Zeile kann nicht dupliziert werden!"]
[null,"1 =","OK-Schaltfläche",null,null,1010,"Achtung!","Zeile kann nicht eingefügt werden, da in der vorherigen Zeile kein numerischer Code zu finden ist!"]
[null,"2 =","Linke Schaltfläche",null,null,1011,"Bitte bestätigen!","Zeile wirklich löschen ?","Ja","Nein"]
[null,"3 =","Rechte Schaltfläche",null,null,1012,"Achtung!","Löschen nicht möglich!\nDie jeweils erste und die letzten Zeile eines Bereichs können nicht gelöscht werden!"]
[null,null,null,null,null,1013,"Achtung!","Bitte eine tiefere Zeile wählen!"]
[null,null,null,null,null,1014,"Bitte bestätigen!","Dieser Befehl löscht alle grüne Eingabezellen des markierten Bereichs\n\nWollen Sie fortfahren (OK) oder Abbrechen?","OK","Abbrechen"]
[null,"Im Formular ist anzupassen:",null,null,null,1015,"Achtung!","Für die ausgewählten Produktionsverfahren wurden keine Einträge gefunden!"]
[null," - Font aller Elemente",null,null,null,1016,"Achtung!","Es konnten keine Daten für die Mechanisierungs-Analyse gefunden werden!"]
[null," - ggf. OK-Schaltfläche",null,null,null,1017,"Sorry…","Um für die in der Aggregation enthaltenen Pflanzenbau-Verfahren die Maschinenkosten-Tabellen zu erstellen, wählen Sie bitte mit Hilfe der Schaltfläche <Produktionsverfahren auswählen> die betroffenen Verfahren zunächst der Reihe nach aus und klicken dann jeweils auf die Schaltfläche <ErstelleMechanisierungstabelle>."]
[null,null,null,null,null,1018,"Aktion erfolgreich!","Die Festkosten-Tabellen wurden in einer neuen Datei erstellt.\nWenn Sie die Tabellen später noch benötigen, dann speichern Sie diese Datei bitte ab!\n\nDie Anzeige wechselt nun zurück zur MAX-Datei.\n\nDie Datei mit den Mechanisierungstabellen bleibt im Hintergrund weiter geöffnet.\nÜber das Menü <Fenster> können Sie zwischen allen offenen Dateien hin- und herwechseln."]
[null,null,null,null,null,1019,null,"Keine Gebäude und baulichen Anlagen"]
[null,"Einbinden der Variablen:",null,null,null,1020]
[null," =\"Text und \"&MsgBoxVar1&\" und so weiter\"",null,null,null,1021]
[null,null,null,null,null,1022]
[null,null,null,null,null,1023]
[null,"Zeilenumbruch in Textformeln:",null,null,null,1024]
[null," =\"Erster Absatz\"&ZEICHEN(13)&\"Zweiter Absatz\"",null,null,null,1025]
[null,null,null,null,null,1026]
[null,null,null,null,null,1027]
[null,null,null,null,null,1028]
[null,null,null,null,null,1029]
[null,null,null,null,null,1030,"Fehler!","Das Einfügen eines neuen, leeren Blattes war nicht erfolgreich!\nVersuchen Sie es mit einem anderen Blattnamen oder an einer anderen Stelle!"]
[null,null,null,null,null,1031,"Hinweis","Das gewählte Blatt ist im Moment ausgeblendet.\nNach dem Umbenennen bleibt es weiterhin ausgeblendet."]
[null,null,null,null,null,1032,"Fehler!","Das Umbenennen des Blattes war nicht erfolgreich!\nVersuchen Sie es mit einem anderen Namen!"]
[null,null,null,null,null,1033,"Hinweis","Das gewählte Blatt ist im Moment ausgeblendet.\nAuch die Kopie des Blattes wird ebenso ausgeblendet sein."]
[null,null,null,null,null,1034,"Aktion erfolgreich!",{"$f":"\"Die Zusammenstellung der Produktionsverfahren wurde um die neuen Deckungsbeiträge erweitert!\"&\"\nSie finden sie in den Zeilen:  \"&MsgBoxVar1&\" bis \"&MsgBoxVar2&\"\nin der Tabelle:  \"&MsgBoxVar3","v":"Die Zusammenstellung der Produktionsverfahren wurde um die neuen Deckungsbeiträge erweitert!\nSie finden sie in den Zeilen:  Var1 bis Var2\nin der Tabelle:  Var3"}]
[null,null,null,null,null,1035,"Fehler!","Kopieren war nicht erfolgreich!\nVersuchen Sie es mit einem anderen Namen!"]
[null,null,null,null,null,1036,"Bitte bestätigen!",{"$f":"\"Das Blatt  [ \"&MsgBoxVar1 &\"]\nist im Moment ausgeblendet.\n\nSind Sie sicher, dass Sie das Blatt löschen wollen ?\"","v":"Das Blatt  [ Var1]\nist im Moment ausgeblendet.\n\nSind Sie sicher, dass Sie das Blatt löschen wollen ?"},"Blatt löschen","Blatt NICHT löschen"]
[null,null,null,null,null,1037,"Bitte bestätigen!",{"$f":"\"Sind Sie sicher, dass Sie das Blatt  \n[ \"&MsgBoxVar1 &\"]\nlöschen wollen?\n\nSie können Blätter auch einfach ausblenden anstatt sie zu löschen (Arbeitsblatt-Manager: Ein-/Ausblenden)\"","v":"Sind Sie sicher, dass Sie das Blatt  \n[ Var1]\nlöschen wollen?\n\nSie können Blätter auch einfach ausblenden anstatt sie zu löschen (Arbeitsblatt-Manager: Ein-/Ausblenden)"},"Blatt löschen","Blatt NICHT löschen"]
[null,null,null,null,null,1038,"Aktion erfolgreich!",{"$f":"\"Die Zusammenstellung der Produktionsverfahren wurde um die dem Blatt\n[ \"&MsgBoxVar1&\" ]\nzugeordneten Zeilen reduziert!\"","v":"Die Zusammenstellung der Produktionsverfahren wurde um die dem Blatt\n[ Var1 ]\nzugeordneten Zeilen reduziert!"}]
[null,null,null,null,null,1039,"Aktion erfolgreich!",{"$f":"\"Das Blatt\n[ \"&MsgBoxVar1&\" ]\nwurde gelöscht!\"","v":"Das Blatt\n[ Var1 ]\nwurde gelöscht!"}]
[null,null,null,null,null,1040,"Fehler!",{"$f":"\"Beim löschen des Blattes  [ \"&MsgBoxVar1&\" ] \nist ein Fehler aufgetreten!\n\nBitte prüfen Sie, ob das Blatt gelöscht ist\nund gegebenenfalls damit verknüpften Zeilen in der\nZusammenstellung der Produktionsverfahren gelöscht wurden!\"","v":"Beim löschen des Blattes  [ Var1 ] \nist ein Fehler aufgetreten!\n\nBitte prüfen Sie, ob das Blatt gelöscht ist\nund gegebenenfalls damit verknüpften Zeilen in der\nZusammenstellung der Produktionsverfahren gelöscht wurden!"}]
[null,null,null,null,null,1041,"Fehler!",{"$f":"\"Der Cursor befindet sich im Bereich \n[ \"&MsgBoxVar1&\" ] \n\nIm Auswahl-Assistenten vorgewählt ist jedoch die Liste \n[ \"&MsgBoxVar2&\" ]  \n\nEine Auswahl ist daher nicht möglich!\"","v":"Der Cursor befindet sich im Bereich \n[ Var1 ] \n\nIm Auswahl-Assistenten vorgewählt ist jedoch die Liste \n[ Var2 ]  \n\nEine Auswahl ist daher nicht möglich!"}]
[null,null,null,null,null,1042,"Achtung!","Bitte wählen Sie eine Operation aus!\n(Umbenennen, Kopieren oder Löschen)"]
[null,null,null,null,null,1043,"Bitte bestätigen!","Spalte wirklich löschen ?","Ja","Nein"]
[null,null,null,null,null,1044,"Stopp !!!","\nDiese Aktion ist für das ausgewählte Blatt nicht möglich!"]
[null,null,null,null,null,1045,"Bestätigung!","\n\nDruckauftrag an Drucker senden?","Ja","Nein"]
[null,null,null,null,null,1046,"Achtung!","\nBitte erst ein oder mehrere Blätter in der Liste markieren, um diese zu verschieben!"]
[null,null,null,null,null,1047,"Achtung!","\nDieses Blatt können Sie nicht löschen!\nVon jedem der unterschiedlichen Kalkulationsformular-Typen muss immer mindestens eines vorhanden bleiben.\nWenn Sie das Blatt nicht benötigen können Sie auch einfach ausblenden (Arbeitsblatt-Manager: Ein-/Ausblenden)"]
[null,null,null,null,null,1048]
[null,null,null,null,null,1049]
[null,null,null,null,null,1050]